{"text_format":"1","workbook":"xlsx","n_sheets":16,"sheets":["SolCotizacion","ANS Centro de Contacto","Anexo Tecnico","ResumenCotizacion","Cotizacion","Cuadro Totales","ListaProveedores","tempProveedores","Listas","ListasAutomaticas","Parametros","ServiciosLote1","ServiciosLote2","CSV","temp","Precios"],"not_rendered":{"charts":0,"images":8,"macros":1,"external_links":0,"defined_names":14,"comments":0,"pivot_tables":0},"unopened":[],"bounds":{"document_bytes":16777216,"sheet_cells":100000,"rows_first":2000,"rows_last":500,"rows_between":2000,"halvings":0,"cell_chars":16384,"cell_head_chars":4096},"cells_cut":0,"cells_raw":0,"read":"whole","date_system":"1900"}

{"sheet":"SolCotizacion","index":0,"n_rows":91,"n_cols":16,"rows_kept":91,"cut":false,"hidden":false,"merged":[[3,1,3,10],[0,1,0,10],[83,2,83,5],[11,1,11,3],[17,1,17,3],[1,1,1,10],[5,4,5,6],[7,4,7,6],[9,4,9,6],[11,4,11,6],[14,1,14,10],[5,9,5,10],[11,9,11,10],[80,1,80,10],[23,1,23,13],[21,1,21,3],[7,9,7,10],[9,9,9,10],[85,2,85,5],[86,2,86,5],[87,2,87,5],[84,2,84,5],[82,1,82,6]]}
[null,"SOLICITUD DE COTIZACIÓN"]
[null,"Servicios BPO III"]
[null,null,"Versión: 2","2025-02-17"]
[null,"Información de la Entidad Compradora"]
[]
[null,"Nombre de la Entidad",null,null,"SECRETARÍA GENERAL - ALCALDÍA MAYOR DE BOGOTÁ",null,null,"NIT",null,899999061]
[]
[null,"Dirección de la Entidad",null,null,"Cra 8 10 65",null,null,"Correo de contacto",null,"ecusba@alcaldiabogota.gov.co"]
[]
[null,"Municipio",null,null,"Bogotá D.C.",null,null,"Teléfono de contacto",null,3813000]
[]
[null,"Nombre funcionario Comprador",null,null,"ENRIQUE CUSBA GARCÍA ",null,null,"Número RFI",null,193460]
[]
[]
[null,"Solicitud de Cotización"]
[]
[]
[null,"Segmento",null,null,"Lote 1"]
[]
[null,"Cantidad de filas:"]
[]
[null,1]
[]
[null,"Paquete de Servicios"]
[null,"Item","Cod. Matriz","Servicio","Característica 1","Característica 2","Característica 3","Característica 4","Característica 5","Característica 6","Capacidad","Unidad de Facturación","Cantidad en Tiempo","Unidad x Cantidad"]
[null,1,"IT-BPO-1-1",{"$f":"+IFERROR(IF($E$18=\"Lote 1\",VLOOKUP($C26,ServiciosLote1!$B:$U,COLUMN(D$25)-2,FALSE),\n           IF($E$18=\"Lote 2\",VLOOKUP($C26,ServiciosLote2!$B:$U,COLUMN(D$25)-2,FALSE),\"\")\n          ),\"\")","v":"Troncal SIP "},{"$f":"+IFERROR(IF($E$18=\"Lote 1\",VLOOKUP($C26,ServiciosLote1!$B:$U,COLUMN(E$25)-2,FALSE),\n           IF($E$18=\"Lote 2\",VLOOKUP($C26,ServiciosLote2!$B:$U,COLUMN(E$25)-2,FALSE),\"\")\n          ),\"\")","v":"NA"},{"$f":"+IFERROR(IF($E$18=\"Lote 1\",VLOOKUP($C26,ServiciosLote1!$B:$U,COLUMN(F$25)-2,FALSE),\n           IF($E$18=\"Lote 2\",VLOOKUP($C26,ServiciosLote2!$B:$U,COLUMN(F$25)-2,FALSE),\"\")\n          ),\"\")","v":"NA"},{"$f":"+IFERROR(IF($E$18=\"Lote 1\",VLOOKUP($C26,ServiciosLote1!$B:$U,COLUMN(G$25)-2,FALSE),\n           IF($E$18=\"Lote 2\",VLOOKUP($C26,ServiciosLote2!$B:$U,COLUMN(G$25)-2,FALSE),\"\")\n          ),\"\")","v":"NA"},{"$f":"+IFERROR(IF($E$18=\"Lote 1\",VLOOKUP($C26,ServiciosLote1!$B:$U,COLUMN(H$25)-2,FALSE),\n           IF($E$18=\"Lote 2\",VLOOKUP($C26,ServiciosLote2!$B:$U,COLUMN(H$25)-2,FALSE),\"\")\n          ),\"\")","v":"NA"},{"$f":"+IFERROR(IF($E$18=\"Lote 1\",VLOOKUP($C26,ServiciosLote1!$B:$U,COLUMN(I$25)-2,FALSE),\n           IF($E$18=\"Lote 2\",VLOOKUP($C26,ServiciosLote2!$B:$U,COLUMN(I$25)-2,FALSE),\"\")\n          ),\"\")","v":"NA"},{"$f":"+IFERROR(IF($E$18=\"Lote 1\",VLOOKUP($C26,ServiciosLote1!$B:$U,COLUMN(J$25)-2,FALSE),\n           IF($E$18=\"Lote 2\",VLOOKUP($C26,ServiciosLote2!$B:$U,COLUMN(J$25)-2,FALSE),\"\")\n          ),\"\")","v":"NA"},110,{"$f":"+IFERROR(IF($E$18=\"Lote 1\",VLOOKUP($C26,ServiciosLote1!$B:$U,9,FALSE),\n           IF($E$18=\"Lote 2\",VLOOKUP($C26,ServiciosLote2!$B:$U,9,FALSE),\"\")\n          ),\"\")","v":"Mes"},28,"Mes",{"$f":"C26&\" - \"&D26&\"_\"&E26&\"_\"&F26&\"_\"&G26&\"_\"&H26&\"_\"&I26&\"_\"&J26&\" - \"&K26&\" \"&L26","v":"IT-BPO-1-1 - Troncal SIP _NA_NA_NA_NA_NA_NA - 110 Mes"}]
[null,2,"IT-BPO-2-1",{"$f":"+IFERROR(IF($E$18=\"Lote 1\",VLOOKUP($C27,ServiciosLote1!$B:$U,COLUMN(D$25)-2,FALSE),\n           IF($E$18=\"Lote 2\",VLOOKUP($C27,ServiciosLote2!$B:$U,COLUMN(D$25)-2,FALSE),\"\")\n          ),\"\")","v":"Minuto IVR (Interactive Voice Response) - Enrutador"},{"$f":"+IFERROR(IF($E$18=\"Lote 1\",VLOOKUP($C27,ServiciosLote1!$B:$U,COLUMN(E$25)-2,FALSE),\n           IF($E$18=\"Lote 2\",VLOOKUP($C27,ServiciosLote2!$B:$U,COLUMN(E$25)-2,FALSE),\"\")\n          ),\"\")","v":"NA"},{"$f":"+IFERROR(IF($E$18=\"Lote 1\",VLOOKUP($C27,ServiciosLote1!$B:$U,COLUMN(F$25)-2,FALSE),\n           IF($E$18=\"Lote 2\",VLOOKUP($C27,ServiciosLote2!$B:$U,COLUMN(F$25)-2,FALSE),\"\")\n          ),\"\")","v":"NA"},{"$f":"+IFERROR(IF($E$18=\"Lote 1\",VLOOKUP($C27,ServiciosLote1!$B:$U,COLUMN(G$25)-2,FALSE),\n           IF($E$18=\"Lote 2\",VLOOKUP($C27,ServiciosLote2!$B:$U,COLUMN(G$25)-2,FALSE),\"\")\n          ),\"\")","v":"NA"},{"$f":"+IFERROR(IF($E$18=\"Lote 1\",VLOOKUP($C27,ServiciosLote1!$B:$U,COLUMN(H$25)-2,FALSE),\n           IF($E$18=\"Lote 2\",VLOOKUP($C27,ServiciosLote2!$B:$U,COLUMN(H$25)-2,FALSE),\"\")\n          ),\"\")","v":"NA"},{"$f":"+IFERROR(IF($E$18=\"Lote 1\",VLOOKUP($C27,ServiciosLote1!$B:$U,COLUMN(I$25)-2,FALSE),\n           IF($E$18=\"Lote 2\",VLOOKUP($C27,ServiciosLote2!$B:$U,COLUMN(I$25)-2,FALSE),\"\")\n          ),\"\")","v":"NA"},{"$f":"+IFERROR(IF($E$18=\"Lote 1\",VLOOKUP($C27,ServiciosLote1!$B:$U,COLUMN(J$25)-2,FALSE),\n           IF($E$18=\"Lote 2\",VLOOKUP($C27,ServiciosLote2!$B:$U,COLUMN(J$25)-2,FALSE),\"\")\n          ),\"\")","v":"NA"},110000,{"$f":"+IFERROR(IF($E$18=\"Lote 1\",VLOOKUP($C27,ServiciosLote1!$B:$U,9,FALSE),\n           IF($E$18=\"Lote 2\",VLOOKUP($C27,ServiciosLote2!$B:$U,9,FALSE),\"\")\n          ),\"\")","v":"Minuto"},4,"Mes","IT-BPO-2-1 - Minuto IVR (Interactive Voice Response) - Enrutador_NA_NA_NA_NA_NA_NA - 110000 Minuto"]
[null,3,"IT-BPO-3-1",{"$f":"+IFERROR(IF($E$18=\"Lote 1\",VLOOKUP($C28,ServiciosLote1!$B:$U,COLUMN(D$25)-2,FALSE),\n           IF($E$18=\"Lote 2\",VLOOKUP($C28,ServiciosLote2!$B:$U,COLUMN(D$25)-2,FALSE),\"\")\n          ),\"\")","v":"Minuto IVR (Interactive Voice Response) - Audiotexto        "},{"$f":"+IFERROR(IF($E$18=\"Lote 1\",VLOOKUP($C28,ServiciosLote1!$B:$U,COLUMN(E$25)-2,FALSE),\n           IF($E$18=\"Lote 2\",VLOOKUP($C28,ServiciosLote2!$B:$U,COLUMN(E$25)-2,FALSE),\"\")\n          ),\"\")","v":"NA"},{"$f":"+IFERROR(IF($E$18=\"Lote 1\",VLOOKUP($C28,ServiciosLote1!$B:$U,COLUMN(F$25)-2,FALSE),\n           IF($E$18=\"Lote 2\",VLOOKUP($C28,ServiciosLote2!$B:$U,COLUMN(F$25)-2,FALSE),\"\")\n          ),\"\")","v":"NA"},{"$f":"+IFERROR(IF($E$18=\"Lote 1\",VLOOKUP($C28,ServiciosLote1!$B:$U,COLUMN(G$25)-2,FALSE),\n           IF($E$18=\"Lote 2\",VLOOKUP($C28,ServiciosLote2!$B:$U,COLUMN(G$25)-2,FALSE),\"\")\n          ),\"\")","v":"NA"},{"$f":"+IFERROR(IF($E$18=\"Lote 1\",VLOOKUP($C28,ServiciosLote1!$B:$U,COLUMN(H$25)-2,FALSE),\n           IF($E$18=\"Lote 2\",VLOOKUP($C28,ServiciosLote2!$B:$U,COLUMN(H$25)-2,FALSE),\"\")\n          ),\"\")","v":"NA"},{"$f":"+IFERROR(IF($E$18=\"Lote 1\",VLOOKUP($C28,ServiciosLote1!$B:$U,COLUMN(I$25)-2,FALSE),\n           IF($E$18=\"Lote 2\",VLOOKUP($C28,ServiciosLote2!$B:$U,COLUMN(I$25)-2,FALSE),\"\")\n          ),\"\")","v":"NA"},{"$f":"+IFERROR(IF($E$18=\"Lote 1\",VLOOKUP($C28,ServiciosLote1!$B:$U,COLUMN(J$25)-2,FALSE),\n           IF($E$18=\"Lote 2\",VLOOKUP($C28,ServiciosLote2!$B:$U,COLUMN(J$25)-2,FALSE),\"\")\n          ),\"\")","v":"NA"},110000,{"$f":"+IFERROR(IF($E$18=\"Lote 1\",VLOOKUP($C28,ServiciosLote1!$B:$U,9,FALSE),\n           IF($E$18=\"Lote 2\",VLOOKUP($C28,ServiciosLote2!$B:$U,9,FALSE),\"\")\n          ),\"\")","v":"Minuto"},24,"Mes","IT-BPO-3-1 - Minuto IVR (Interactive Voice Response) - Audiotexto        _NA_NA_NA_NA_NA_NA - 110000 Minuto"]
[null,4,"IT-BPO-4-1",{"$f":"+IFERROR(IF($E$18=\"Lote 1\",VLOOKUP($C29,ServiciosLote1!$B:$U,COLUMN(D$25)-2,FALSE),\n           IF($E$18=\"Lote 2\",VLOOKUP($C29,ServiciosLote2!$B:$U,COLUMN(D$25)-2,FALSE),\"\")\n          ),\"\")","v":"Minuto IVR (Interactive Voice Response) Transaccional        "},{"$f":"+IFERROR(IF($E$18=\"Lote 1\",VLOOKUP($C29,ServiciosLote1!$B:$U,COLUMN(E$25)-2,FALSE),\n           IF($E$18=\"Lote 2\",VLOOKUP($C29,ServiciosLote2!$B:$U,COLUMN(E$25)-2,FALSE),\"\")\n          ),\"\")","v":"NA"},{"$f":"+IFERROR(IF($E$18=\"Lote 1\",VLOOKUP($C29,ServiciosLote1!$B:$U,COLUMN(F$25)-2,FALSE),\n           IF($E$18=\"Lote 2\",VLOOKUP($C29,ServiciosLote2!$B:$U,COLUMN(F$25)-2,FALSE),\"\")\n          ),\"\")","v":"NA"},{"$f":"+IFERROR(IF($E$18=\"Lote 1\",VLOOKUP($C29,ServiciosLote1!$B:$U,COLUMN(G$25)-2,FALSE),\n           IF($E$18=\"Lote 2\",VLOOKUP($C29,ServiciosLote2!$B:$U,COLUMN(G$25)-2,FALSE),\"\")\n          ),\"\")","v":"NA"},{"$f":"+IFERROR(IF($E$18=\"Lote 1\",VLOOKUP($C29,ServiciosLote1!$B:$U,COLUMN(H$25)-2,FALSE),\n           IF($E$18=\"Lote 2\",VLOOKUP($C29,ServiciosLote2!$B:$U,COLUMN(H$25)-2,FALSE),\"\")\n          ),\"\")","v":"NA"},{"$f":"+IFERROR(IF($E$18=\"Lote 1\",VLOOKUP($C29,ServiciosLote1!$B:$U,COLUMN(I$25)-2,FALSE),\n           IF($E$18=\"Lote 2\",VLOOKUP($C29,ServiciosLote2!$B:$U,COLUMN(I$25)-2,FALSE),\"\")\n          ),\"\")","v":"NA"},{"$f":"+IFERROR(IF($E$18=\"Lote 1\",VLOOKUP($C29,ServiciosLote1!$B:$U,COLUMN(J$25)-2,FALSE),\n           IF($E$18=\"Lote 2\",VLOOKUP($C29,ServiciosLote2!$B:$U,COLUMN(J$25)-2,FALSE),\"\")\n          ),\"\")","v":"NA"},110000,{"$f":"+IFERROR(IF($E$18=\"Lote 1\",VLOOKUP($C29,ServiciosLote1!$B:$U,9,FALSE),\n           IF($E$18=\"Lote 2\",VLOOKUP($C29,ServiciosLote2!$B:$U,9,FALSE),\"\")\n          ),\"\")","v":"Minuto"},12,"Mes","IT-BPO-4-1 - Minuto IVR (Interactive Voice Response) Transaccional        _NA_NA_NA_NA_NA_NA - 110000 Minuto"]
[null,5,"IT-BPO-6-2",{"$f":"+IFERROR(IF($E$18=\"Lote 1\",VLOOKUP($C30,ServiciosLote1!$B:$U,COLUMN(D$25)-2,FALSE),\n           IF($E$18=\"Lote 2\",VLOOKUP($C30,ServiciosLote2!$B:$U,COLUMN(D$25)-2,FALSE),\"\")\n          ),\"\")","v":"Grabación anuncios IVR (Interactive Voice Response) Respuesta de Voz Interactiva        "},{"$f":"+IFERROR(IF($E$18=\"Lote 1\",VLOOKUP($C30,ServiciosLote1!$B:$U,COLUMN(E$25)-2,FALSE),\n           IF($E$18=\"Lote 2\",VLOOKUP($C30,ServiciosLote2!$B:$U,COLUMN(E$25)-2,FALSE),\"\")\n          ),\"\")","v":"Voz sintética "},{"$f":"+IFERROR(IF($E$18=\"Lote 1\",VLOOKUP($C30,ServiciosLote1!$B:$U,COLUMN(F$25)-2,FALSE),\n           IF($E$18=\"Lote 2\",VLOOKUP($C30,ServiciosLote2!$B:$U,COLUMN(F$25)-2,FALSE),\"\")\n          ),\"\")","v":"NA"},{"$f":"+IFERROR(IF($E$18=\"Lote 1\",VLOOKUP($C30,ServiciosLote1!$B:$U,COLUMN(G$25)-2,FALSE),\n           IF($E$18=\"Lote 2\",VLOOKUP($C30,ServiciosLote2!$B:$U,COLUMN(G$25)-2,FALSE),\"\")\n          ),\"\")","v":"NA"},{"$f":"+IFERROR(IF($E$18=\"Lote 1\",VLOOKUP($C30,ServiciosLote1!$B:$U,COLUMN(H$25)-2,FALSE),\n           IF($E$18=\"Lote 2\",VLOOKUP($C30,ServiciosLote2!$B:$U,COLUMN(H$25)-2,FALSE),\"\")\n          ),\"\")","v":"NA"},{"$f":"+IFERROR(IF($E$18=\"Lote 1\",VLOOKUP($C30,ServiciosLote1!$B:$U,COLUMN(I$25)-2,FALSE),\n           IF($E$18=\"Lote 2\",VLOOKUP($C30,ServiciosLote2!$B:$U,COLUMN(I$25)-2,FALSE),\"\")\n          ),\"\")","v":"NA"},{"$f":"+IFERROR(IF($E$18=\"Lote 1\",VLOOKUP($C30,ServiciosLote1!$B:$U,COLUMN(J$25)-2,FALSE),\n           IF($E$18=\"Lote 2\",VLOOKUP($C30,ServiciosLote2!$B:$U,COLUMN(J$25)-2,FALSE),\"\")\n          ),\"\")","v":"NA"},2,{"$f":"+IFERROR(IF($E$18=\"Lote 1\",VLOOKUP($C30,ServiciosLote1!$B:$U,9,FALSE),\n           IF($E$18=\"Lote 2\",VLOOKUP($C30,ServiciosLote2!$B:$U,9,FALSE),\"\")\n          ),\"\")","v":"Anuncio"},28,"Mes","IT-BPO-6-2 - Grabación anuncios IVR (Interactive Voice Response) Respuesta de Voz Interactiva        _Voz sintética _NA_NA_NA_NA_NA - 2 Anuncio"]
[null,6,"IT-BPO-7-6",{"$f":"+IFERROR(IF($E$18=\"Lote 1\",VLOOKUP($C31,ServiciosLote1!$B:$U,COLUMN(D$25)-2,FALSE),\n           IF($E$18=\"Lote 2\",VLOOKUP($C31,ServiciosLote2!$B:$U,COLUMN(D$25)-2,FALSE),\"\")\n          ),\"\")","v":"Minutos de conexión outbound/Inbound"},{"$f":"+IFERROR(IF($E$18=\"Lote 1\",VLOOKUP($C31,ServiciosLote1!$B:$U,COLUMN(E$25)-2,FALSE),\n           IF($E$18=\"Lote 2\",VLOOKUP($C31,ServiciosLote2!$B:$U,COLUMN(E$25)-2,FALSE),\"\")\n          ),\"\")","v":"Outbound de fijo a celular "},{"$f":"+IFERROR(IF($E$18=\"Lote 1\",VLOOKUP($C31,ServiciosLote1!$B:$U,COLUMN(F$25)-2,FALSE),\n           IF($E$18=\"Lote 2\",VLOOKUP($C31,ServiciosLote2!$B:$U,COLUMN(F$25)-2,FALSE),\"\")\n          ),\"\")","v":"NA"},{"$f":"+IFERROR(IF($E$18=\"Lote 1\",VLOOKUP($C31,ServiciosLote1!$B:$U,COLUMN(G$25)-2,FALSE),\n           IF($E$18=\"Lote 2\",VLOOKUP($C31,ServiciosLote2!$B:$U,COLUMN(G$25)-2,FALSE),\"\")\n          ),\"\")","v":"NA"},{"$f":"+IFERROR(IF($E$18=\"Lote 1\",VLOOKUP($C31,ServiciosLote1!$B:$U,COLUMN(H$25)-2,FALSE),\n           IF($E$18=\"Lote 2\",VLOOKUP($C31,ServiciosLote2!$B:$U,COLUMN(H$25)-2,FALSE),\"\")\n          ),\"\")","v":"NA"},{"$f":"+IFERROR(IF($E$18=\"Lote 1\",VLOOKUP($C31,ServiciosLote1!$B:$U,COLUMN(I$25)-2,FALSE),\n           IF($E$18=\"Lote 2\",VLOOKUP($C31,ServiciosLote2!$B:$U,COLUMN(I$25)-2,FALSE),\"\")\n          ),\"\")","v":"NA"},{"$f":"+IFERROR(IF($E$18=\"Lote 1\",VLOOKUP($C31,ServiciosLote1!$B:$U,COLUMN(J$25)-2,FALSE),\n           IF($E$18=\"Lote 2\",VLOOKUP($C31,ServiciosLote2!$B:$U,COLUMN(J$25)-2,FALSE),\"\")\n          ),\"\")","v":"NA"},72000,{"$f":"+IFERROR(IF($E$18=\"Lote 1\",VLOOKUP($C31,ServiciosLote1!$B:$U,9,FALSE),\n           IF($E$18=\"Lote 2\",VLOOKUP($C31,ServiciosLote2!$B:$U,9,FALSE),\"\")\n          ),\"\")","v":"Minuto"},28,"Mes","IT-BPO-7-6 - Minutos de conexión outbound/Inbound_Outbound de fijo a celular _NA_NA_NA_NA_NA - 72000 Minuto"]
[null,7,"IT-BPO-8-1",{"$f":"+IFERROR(IF($E$18=\"Lote 1\",VLOOKUP($C32,ServiciosLote1!$B:$U,COLUMN(D$25)-2,FALSE),\n           IF($E$18=\"Lote 2\",VLOOKUP($C32,ServiciosLote2!$B:$U,COLUMN(D$25)-2,FALSE),\"\")\n          ),\"\")","v":"Transferencia de llamadas"},{"$f":"+IFERROR(IF($E$18=\"Lote 1\",VLOOKUP($C32,ServiciosLote1!$B:$U,COLUMN(E$25)-2,FALSE),\n           IF($E$18=\"Lote 2\",VLOOKUP($C32,ServiciosLote2!$B:$U,COLUMN(E$25)-2,FALSE),\"\")\n          ),\"\")","v":"NA"},{"$f":"+IFERROR(IF($E$18=\"Lote 1\",VLOOKUP($C32,ServiciosLote1!$B:$U,COLUMN(F$25)-2,FALSE),\n           IF($E$18=\"Lote 2\",VLOOKUP($C32,ServiciosLote2!$B:$U,COLUMN(F$25)-2,FALSE),\"\")\n          ),\"\")","v":"NA"},{"$f":"+IFERROR(IF($E$18=\"Lote 1\",VLOOKUP($C32,ServiciosLote1!$B:$U,COLUMN(G$25)-2,FALSE),\n           IF($E$18=\"Lote 2\",VLOOKUP($C32,ServiciosLote2!$B:$U,COLUMN(G$25)-2,FALSE),\"\")\n          ),\"\")","v":"NA"},{"$f":"+IFERROR(IF($E$18=\"Lote 1\",VLOOKUP($C32,ServiciosLote1!$B:$U,COLUMN(H$25)-2,FALSE),\n           IF($E$18=\"Lote 2\",VLOOKUP($C32,ServiciosLote2!$B:$U,COLUMN(H$25)-2,FALSE),\"\")\n          ),\"\")","v":"NA"},{"$f":"+IFERROR(IF($E$18=\"Lote 1\",VLOOKUP($C32,ServiciosLote1!$B:$U,COLUMN(I$25)-2,FALSE),\n           IF($E$18=\"Lote 2\",VLOOKUP($C32,ServiciosLote2!$B:$U,COLUMN(I$25)-2,FALSE),\"\")\n          ),\"\")","v":"NA"},{"$f":"+IFERROR(IF($E$18=\"Lote 1\",VLOOKUP($C32,ServiciosLote1!$B:$U,COLUMN(J$25)-2,FALSE),\n           IF($E$18=\"Lote 2\",VLOOKUP($C32,ServiciosLote2!$B:$U,COLUMN(J$25)-2,FALSE),\"\")\n          ),\"\")","v":"NA"},400,{"$f":"+IFERROR(IF($E$18=\"Lote 1\",VLOOKUP($C32,ServiciosLote1!$B:$U,9,FALSE),\n           IF($E$18=\"Lote 2\",VLOOKUP($C32,ServiciosLote2!$B:$U,9,FALSE),\"\")\n          ),\"\")","v":"Transferencia"},28,"Mes","IT-BPO-8-1 - Transferencia de llamadas_NA_NA_NA_NA_NA_NA - 400 Transferencia"]
[null,8,"IT-BPO-11-1",{"$f":"+IFERROR(IF($E$18=\"Lote 1\",VLOOKUP($C33,ServiciosLote1!$B:$U,COLUMN(D$25)-2,FALSE),\n           IF($E$18=\"Lote 2\",VLOOKUP($C33,ServiciosLote2!$B:$U,COLUMN(D$25)-2,FALSE),\"\")\n          ),\"\")","v":"Clic to call"},{"$f":"+IFERROR(IF($E$18=\"Lote 1\",VLOOKUP($C33,ServiciosLote1!$B:$U,COLUMN(E$25)-2,FALSE),\n           IF($E$18=\"Lote 2\",VLOOKUP($C33,ServiciosLote2!$B:$U,COLUMN(E$25)-2,FALSE),\"\")\n          ),\"\")","v":"NA"},{"$f":"+IFERROR(IF($E$18=\"Lote 1\",VLOOKUP($C33,ServiciosLote1!$B:$U,COLUMN(F$25)-2,FALSE),\n           IF($E$18=\"Lote 2\",VLOOKUP($C33,ServiciosLote2!$B:$U,COLUMN(F$25)-2,FALSE),\"\")\n          ),\"\")","v":"NA"},{"$f":"+IFERROR(IF($E$18=\"Lote 1\",VLOOKUP($C33,ServiciosLote1!$B:$U,COLUMN(G$25)-2,FALSE),\n           IF($E$18=\"Lote 2\",VLOOKUP($C33,ServiciosLote2!$B:$U,COLUMN(G$25)-2,FALSE),\"\")\n          ),\"\")","v":"NA"},{"$f":"+IFERROR(IF($E$18=\"Lote 1\",VLOOKUP($C33,ServiciosLote1!$B:$U,COLUMN(H$25)-2,FALSE),\n           IF($E$18=\"Lote 2\",VLOOKUP($C33,ServiciosLote2!$B:$U,COLUMN(H$25)-2,FALSE),\"\")\n          ),\"\")","v":"NA"},{"$f":"+IFERROR(IF($E$18=\"Lote 1\",VLOOKUP($C33,ServiciosLote1!$B:$U,COLUMN(I$25)-2,FALSE),\n           IF($E$18=\"Lote 2\",VLOOKUP($C33,ServiciosLote2!$B:$U,COLUMN(I$25)-2,FALSE),\"\")\n          ),\"\")","v":"NA"},{"$f":"+IFERROR(IF($E$18=\"Lote 1\",VLOOKUP($C33,ServiciosLote1!$B:$U,COLUMN(J$25)-2,FALSE),\n           IF($E$18=\"Lote 2\",VLOOKUP($C33,ServiciosLote2!$B:$U,COLUMN(J$25)-2,FALSE),\"\")\n          ),\"\")","v":"NA"},2,{"$f":"+IFERROR(IF($E$18=\"Lote 1\",VLOOKUP($C33,ServiciosLote1!$B:$U,9,FALSE),\n           IF($E$18=\"Lote 2\",VLOOKUP($C33,ServiciosLote2!$B:$U,9,FALSE),\"\")\n          ),\"\")","v":"Licencia Mes"},28,"Mes","IT-BPO-11-1 - Clic to call_NA_NA_NA_NA_NA_NA - 2 Licencia Mes"]
[null,9,"IT-BPO-12-1",{"$f":"+IFERROR(IF($E$18=\"Lote 1\",VLOOKUP($C34,ServiciosLote1!$B:$U,COLUMN(D$25)-2,FALSE),\n           IF($E$18=\"Lote 2\",VLOOKUP($C34,ServiciosLote2!$B:$U,COLUMN(D$25)-2,FALSE),\"\")\n          ),\"\")","v":"Web Callback "},{"$f":"+IFERROR(IF($E$18=\"Lote 1\",VLOOKUP($C34,ServiciosLote1!$B:$U,COLUMN(E$25)-2,FALSE),\n           IF($E$18=\"Lote 2\",VLOOKUP($C34,ServiciosLote2!$B:$U,COLUMN(E$25)-2,FALSE),\"\")\n          ),\"\")","v":"NA"},{"$f":"+IFERROR(IF($E$18=\"Lote 1\",VLOOKUP($C34,ServiciosLote1!$B:$U,COLUMN(F$25)-2,FALSE),\n           IF($E$18=\"Lote 2\",VLOOKUP($C34,ServiciosLote2!$B:$U,COLUMN(F$25)-2,FALSE),\"\")\n          ),\"\")","v":"NA"},{"$f":"+IFERROR(IF($E$18=\"Lote 1\",VLOOKUP($C34,ServiciosLote1!$B:$U,COLUMN(G$25)-2,FALSE),\n           IF($E$18=\"Lote 2\",VLOOKUP($C34,ServiciosLote2!$B:$U,COLUMN(G$25)-2,FALSE),\"\")\n          ),\"\")","v":"NA"},{"$f":"+IFERROR(IF($E$18=\"Lote 1\",VLOOKUP($C34,ServiciosLote1!$B:$U,COLUMN(H$25)-2,FALSE),\n           IF($E$18=\"Lote 2\",VLOOKUP($C34,ServiciosLote2!$B:$U,COLUMN(H$25)-2,FALSE),\"\")\n          ),\"\")","v":"NA"},{"$f":"+IFERROR(IF($E$18=\"Lote 1\",VLOOKUP($C34,ServiciosLote1!$B:$U,COLUMN(I$25)-2,FALSE),\n           IF($E$18=\"Lote 2\",VLOOKUP($C34,ServiciosLote2!$B:$U,COLUMN(I$25)-2,FALSE),\"\")\n          ),\"\")","v":"NA"},{"$f":"+IFERROR(IF($E$18=\"Lote 1\",VLOOKUP($C34,ServiciosLote1!$B:$U,COLUMN(J$25)-2,FALSE),\n           IF($E$18=\"Lote 2\",VLOOKUP($C34,ServiciosLote2!$B:$U,COLUMN(J$25)-2,FALSE),\"\")\n          ),\"\")","v":"NA"},2,{"$f":"+IFERROR(IF($E$18=\"Lote 1\",VLOOKUP($C34,ServiciosLote1!$B:$U,9,FALSE),\n           IF($E$18=\"Lote 2\",VLOOKUP($C34,ServiciosLote2!$B:$U,9,FALSE),\"\")\n          ),\"\")","v":"Licencia Mes"},28,"Mes","IT-BPO-12-1 - Web Callback _NA_NA_NA_NA_NA_NA - 2 Licencia Mes"]
[null,10,"IT-BPO-13-1",{"$f":"+IFERROR(IF($E$18=\"Lote 1\",VLOOKUP($C35,ServiciosLote1!$B:$U,COLUMN(D$25)-2,FALSE),\n           IF($E$18=\"Lote 2\",VLOOKUP($C35,ServiciosLote2!$B:$U,COLUMN(D$25)-2,FALSE),\"\")\n          ),\"\")","v":"Mailing"},{"$f":"+IFERROR(IF($E$18=\"Lote 1\",VLOOKUP($C35,ServiciosLote1!$B:$U,COLUMN(E$25)-2,FALSE),\n           IF($E$18=\"Lote 2\",VLOOKUP($C35,ServiciosLote2!$B:$U,COLUMN(E$25)-2,FALSE),\"\")\n          ),\"\")","v":"NA"},{"$f":"+IFERROR(IF($E$18=\"Lote 1\",VLOOKUP($C35,ServiciosLote1!$B:$U,COLUMN(F$25)-2,FALSE),\n           IF($E$18=\"Lote 2\",VLOOKUP($C35,ServiciosLote2!$B:$U,COLUMN(F$25)-2,FALSE),\"\")\n          ),\"\")","v":"NA"},{"$f":"+IFERROR(IF($E$18=\"Lote 1\",VLOOKUP($C35,ServiciosLote1!$B:$U,COLUMN(G$25)-2,FALSE),\n           IF($E$18=\"Lote 2\",VLOOKUP($C35,ServiciosLote2!$B:$U,COLUMN(G$25)-2,FALSE),\"\")\n          ),\"\")","v":"NA"},{"$f":"+IFERROR(IF($E$18=\"Lote 1\",VLOOKUP($C35,ServiciosLote1!$B:$U,COLUMN(H$25)-2,FALSE),\n           IF($E$18=\"Lote 2\",VLOOKUP($C35,ServiciosLote2!$B:$U,COLUMN(H$25)-2,FALSE),\"\")\n          ),\"\")","v":"NA"},{"$f":"+IFERROR(IF($E$18=\"Lote 1\",VLOOKUP($C35,ServiciosLote1!$B:$U,COLUMN(I$25)-2,FALSE),\n           IF($E$18=\"Lote 2\",VLOOKUP($C35,ServiciosLote2!$B:$U,COLUMN(I$25)-2,FALSE),\"\")\n          ),\"\")","v":"NA"},{"$f":"+IFERROR(IF($E$18=\"Lote 1\",VLOOKUP($C35,ServiciosLote1!$B:$U,COLUMN(J$25)-2,FALSE),\n           IF($E$18=\"Lote 2\",VLOOKUP($C35,ServiciosLote2!$B:$U,COLUMN(J$25)-2,FALSE),\"\")\n          ),\"\")","v":"NA"},127000,{"$f":"+IFERROR(IF($E$18=\"Lote 1\",VLOOKUP($C35,ServiciosLote1!$B:$U,9,FALSE),\n           IF($E$18=\"Lote 2\",VLOOKUP($C35,ServiciosLote2!$B:$U,9,FALSE),\"\")\n          ),\"\")","v":"Correo"},28,"Mes","IT-BPO-13-1 - Mailing_NA_NA_NA_NA_NA_NA - 127000 Correo"]
[null,11,"IT-BPO-16-1",{"$f":"+IFERROR(IF($E$18=\"Lote 1\",VLOOKUP($C36,ServiciosLote1!$B:$U,COLUMN(D$25)-2,FALSE),\n           IF($E$18=\"Lote 2\",VLOOKUP($C36,ServiciosLote2!$B:$U,COLUMN(D$25)-2,FALSE),\"\")\n          ),\"\")","v":"Mensaje SMS (Short Message Service) "},{"$f":"+IFERROR(IF($E$18=\"Lote 1\",VLOOKUP($C36,ServiciosLote1!$B:$U,COLUMN(E$25)-2,FALSE),\n           IF($E$18=\"Lote 2\",VLOOKUP($C36,ServiciosLote2!$B:$U,COLUMN(E$25)-2,FALSE),\"\")\n          ),\"\")","v":"SMS en una vía"},{"$f":"+IFERROR(IF($E$18=\"Lote 1\",VLOOKUP($C36,ServiciosLote1!$B:$U,COLUMN(F$25)-2,FALSE),\n           IF($E$18=\"Lote 2\",VLOOKUP($C36,ServiciosLote2!$B:$U,COLUMN(F$25)-2,FALSE),\"\")\n          ),\"\")","v":"NA"},{"$f":"+IFERROR(IF($E$18=\"Lote 1\",VLOOKUP($C36,ServiciosLote1!$B:$U,COLUMN(G$25)-2,FALSE),\n           IF($E$18=\"Lote 2\",VLOOKUP($C36,ServiciosLote2!$B:$U,COLUMN(G$25)-2,FALSE),\"\")\n          ),\"\")","v":"NA"},{"$f":"+IFERROR(IF($E$18=\"Lote 1\",VLOOKUP($C36,ServiciosLote1!$B:$U,COLUMN(H$25)-2,FALSE),\n           IF($E$18=\"Lote 2\",VLOOKUP($C36,ServiciosLote2!$B:$U,COLUMN(H$25)-2,FALSE),\"\")\n          ),\"\")","v":"NA"},{"$f":"+IFERROR(IF($E$18=\"Lote 1\",VLOOKUP($C36,ServiciosLote1!$B:$U,COLUMN(I$25)-2,FALSE),\n           IF($E$18=\"Lote 2\",VLOOKUP($C36,ServiciosLote2!$B:$U,COLUMN(I$25)-2,FALSE),\"\")\n          ),\"\")","v":"NA"},{"$f":"+IFERROR(IF($E$18=\"Lote 1\",VLOOKUP($C36,ServiciosLote1!$B:$U,COLUMN(J$25)-2,FALSE),\n           IF($E$18=\"Lote 2\",VLOOKUP($C36,ServiciosLote2!$B:$U,COLUMN(J$25)-2,FALSE),\"\")\n          ),\"\")","v":"NA"},10900,{"$f":"+IFERROR(IF($E$18=\"Lote 1\",VLOOKUP($C36,ServiciosLote1!$B:$U,9,FALSE),\n           IF($E$18=\"Lote 2\",VLOOKUP($C36,ServiciosLote2!$B:$U,9,FALSE),\"\")\n          ),\"\")","v":"Mensaje SMS"},28,"Mes","IT-BPO-16-1 - Mensaje SMS (Short Message Service) _SMS en una vía_NA_NA_NA_NA_NA - 10900 Mensaje SMS"]
[null,12,"IT-BPO-21-1",{"$f":"+IFERROR(IF($E$18=\"Lote 1\",VLOOKUP($C37,ServiciosLote1!$B:$U,COLUMN(D$25)-2,FALSE),\n           IF($E$18=\"Lote 2\",VLOOKUP($C37,ServiciosLote2!$B:$U,COLUMN(D$25)-2,FALSE),\"\")\n          ),\"\")","v":"Chatbot Smart"},{"$f":"+IFERROR(IF($E$18=\"Lote 1\",VLOOKUP($C37,ServiciosLote1!$B:$U,COLUMN(E$25)-2,FALSE),\n           IF($E$18=\"Lote 2\",VLOOKUP($C37,ServiciosLote2!$B:$U,COLUMN(E$25)-2,FALSE),\"\")\n          ),\"\")","v":"NA"},{"$f":"+IFERROR(IF($E$18=\"Lote 1\",VLOOKUP($C37,ServiciosLote1!$B:$U,COLUMN(F$25)-2,FALSE),\n           IF($E$18=\"Lote 2\",VLOOKUP($C37,ServiciosLote2!$B:$U,COLUMN(F$25)-2,FALSE),\"\")\n          ),\"\")","v":"NA"},{"$f":"+IFERROR(IF($E$18=\"Lote 1\",VLOOKUP($C37,ServiciosLote1!$B:$U,COLUMN(G$25)-2,FALSE),\n           IF($E$18=\"Lote 2\",VLOOKUP($C37,ServiciosLote2!$B:$U,COLUMN(G$25)-2,FALSE),\"\")\n          ),\"\")","v":"NA"},{"$f":"+IFERROR(IF($E$18=\"Lote 1\",VLOOKUP($C37,ServiciosLote1!$B:$U,COLUMN(H$25)-2,FALSE),\n           IF($E$18=\"Lote 2\",VLOOKUP($C37,ServiciosLote2!$B:$U,COLUMN(H$25)-2,FALSE),\"\")\n          ),\"\")","v":"NA"},{"$f":"+IFERROR(IF($E$18=\"Lote 1\",VLOOKUP($C37,ServiciosLote1!$B:$U,COLUMN(I$25)-2,FALSE),\n           IF($E$18=\"Lote 2\",VLOOKUP($C37,ServiciosLote2!$B:$U,COLUMN(I$25)-2,FALSE),\"\")\n          ),\"\")","v":"NA"},{"$f":"+IFERROR(IF($E$18=\"Lote 1\",VLOOKUP($C37,ServiciosLote1!$B:$U,COLUMN(J$25)-2,FALSE),\n           IF($E$18=\"Lote 2\",VLOOKUP($C37,ServiciosLote2!$B:$U,COLUMN(J$25)-2,FALSE),\"\")\n          ),\"\")","v":"NA"},12200,{"$f":"+IFERROR(IF($E$18=\"Lote 1\",VLOOKUP($C37,ServiciosLote1!$B:$U,9,FALSE),\n           IF($E$18=\"Lote 2\",VLOOKUP($C37,ServiciosLote2!$B:$U,9,FALSE),\"\")\n          ),\"\")","v":"Respuesta Chatbot Smart"},25,"Mes","IT-BPO-21-1 - Chatbot Smart_NA_NA_NA_NA_NA_NA - 12200 Respuesta Chatbot Smart"]
[null,13,"IT-BPO-22-1",{"$f":"+IFERROR(IF($E$18=\"Lote 1\",VLOOKUP($C38,ServiciosLote1!$B:$U,COLUMN(D$25)-2,FALSE),\n           IF($E$18=\"Lote 2\",VLOOKUP($C38,ServiciosLote2!$B:$U,COLUMN(D$25)-2,FALSE),\"\")\n          ),\"\")","v":"Voicebot Smart"},{"$f":"+IFERROR(IF($E$18=\"Lote 1\",VLOOKUP($C38,ServiciosLote1!$B:$U,COLUMN(E$25)-2,FALSE),\n           IF($E$18=\"Lote 2\",VLOOKUP($C38,ServiciosLote2!$B:$U,COLUMN(E$25)-2,FALSE),\"\")\n          ),\"\")","v":"NA"},{"$f":"+IFERROR(IF($E$18=\"Lote 1\",VLOOKUP($C38,ServiciosLote1!$B:$U,COLUMN(F$25)-2,FALSE),\n           IF($E$18=\"Lote 2\",VLOOKUP($C38,ServiciosLote2!$B:$U,COLUMN(F$25)-2,FALSE),\"\")\n          ),\"\")","v":"NA"},{"$f":"+IFERROR(IF($E$18=\"Lote 1\",VLOOKUP($C38,ServiciosLote1!$B:$U,COLUMN(G$25)-2,FALSE),\n           IF($E$18=\"Lote 2\",VLOOKUP($C38,ServiciosLote2!$B:$U,COLUMN(G$25)-2,FALSE),\"\")\n          ),\"\")","v":"NA"},{"$f":"+IFERROR(IF($E$18=\"Lote 1\",VLOOKUP($C38,ServiciosLote1!$B:$U,COLUMN(H$25)-2,FALSE),\n           IF($E$18=\"Lote 2\",VLOOKUP($C38,ServiciosLote2!$B:$U,COLUMN(H$25)-2,FALSE),\"\")\n          ),\"\")","v":"NA"},{"$f":"+IFERROR(IF($E$18=\"Lote 1\",VLOOKUP($C38,ServiciosLote1!$B:$U,COLUMN(I$25)-2,FALSE),\n           IF($E$18=\"Lote 2\",VLOOKUP($C38,ServiciosLote2!$B:$U,COLUMN(I$25)-2,FALSE),\"\")\n          ),\"\")","v":"NA"},{"$f":"+IFERROR(IF($E$18=\"Lote 1\",VLOOKUP($C38,ServiciosLote1!$B:$U,COLUMN(J$25)-2,FALSE),\n           IF($E$18=\"Lote 2\",VLOOKUP($C38,ServiciosLote2!$B:$U,COLUMN(J$25)-2,FALSE),\"\")\n          ),\"\")","v":"NA"},2700000,{"$f":"+IFERROR(IF($E$18=\"Lote 1\",VLOOKUP($C38,ServiciosLote1!$B:$U,9,FALSE),\n           IF($E$18=\"Lote 2\",VLOOKUP($C38,ServiciosLote2!$B:$U,9,FALSE),\"\")\n          ),\"\")","v":"Minuto Voicebot Smart"},25,"Mes","IT-BPO-22-1 - Voicebot Smart_NA_NA_NA_NA_NA_NA - 2700000 Minuto Voicebot Smart"]
[null,14,"IT-BPO-23-1",{"$f":"+IFERROR(IF($E$18=\"Lote 1\",VLOOKUP($C39,ServiciosLote1!$B:$U,COLUMN(D$25)-2,FALSE),\n           IF($E$18=\"Lote 2\",VLOOKUP($C39,ServiciosLote2!$B:$U,COLUMN(D$25)-2,FALSE),\"\")\n          ),\"\")","v":"Hora desarrollo para Integraciones y canales digitales"},{"$f":"+IFERROR(IF($E$18=\"Lote 1\",VLOOKUP($C39,ServiciosLote1!$B:$U,COLUMN(E$25)-2,FALSE),\n           IF($E$18=\"Lote 2\",VLOOKUP($C39,ServiciosLote2!$B:$U,COLUMN(E$25)-2,FALSE),\"\")\n          ),\"\")","v":"NA"},{"$f":"+IFERROR(IF($E$18=\"Lote 1\",VLOOKUP($C39,ServiciosLote1!$B:$U,COLUMN(F$25)-2,FALSE),\n           IF($E$18=\"Lote 2\",VLOOKUP($C39,ServiciosLote2!$B:$U,COLUMN(F$25)-2,FALSE),\"\")\n          ),\"\")","v":"NA"},{"$f":"+IFERROR(IF($E$18=\"Lote 1\",VLOOKUP($C39,ServiciosLote1!$B:$U,COLUMN(G$25)-2,FALSE),\n           IF($E$18=\"Lote 2\",VLOOKUP($C39,ServiciosLote2!$B:$U,COLUMN(G$25)-2,FALSE),\"\")\n          ),\"\")","v":"NA"},{"$f":"+IFERROR(IF($E$18=\"Lote 1\",VLOOKUP($C39,ServiciosLote1!$B:$U,COLUMN(H$25)-2,FALSE),\n           IF($E$18=\"Lote 2\",VLOOKUP($C39,ServiciosLote2!$B:$U,COLUMN(H$25)-2,FALSE),\"\")\n          ),\"\")","v":"NA"},{"$f":"+IFERROR(IF($E$18=\"Lote 1\",VLOOKUP($C39,ServiciosLote1!$B:$U,COLUMN(I$25)-2,FALSE),\n           IF($E$18=\"Lote 2\",VLOOKUP($C39,ServiciosLote2!$B:$U,COLUMN(I$25)-2,FALSE),\"\")\n          ),\"\")","v":"NA"},{"$f":"+IFERROR(IF($E$18=\"Lote 1\",VLOOKUP($C39,ServiciosLote1!$B:$U,COLUMN(J$25)-2,FALSE),\n           IF($E$18=\"Lote 2\",VLOOKUP($C39,ServiciosLote2!$B:$U,COLUMN(J$25)-2,FALSE),\"\")\n          ),\"\")","v":"NA"},125,{"$f":"+IFERROR(IF($E$18=\"Lote 1\",VLOOKUP($C39,ServiciosLote1!$B:$U,9,FALSE),\n           IF($E$18=\"Lote 2\",VLOOKUP($C39,ServiciosLote2!$B:$U,9,FALSE),\"\")\n          ),\"\")","v":"Hora desarrollo para Integraciones y canales digitales"},28,"Mes","IT-BPO-23-1 - Hora desarrollo para Integraciones y canales digitales_NA_NA_NA_NA_NA_NA - 125 Hora desarrollo para Integraciones y canales digitales"]
[null,15,"IT-BPO-24-1",{"$f":"+IFERROR(IF($E$18=\"Lote 1\",VLOOKUP($C40,ServiciosLote1!$B:$U,COLUMN(D$25)-2,FALSE),\n           IF($E$18=\"Lote 2\",VLOOKUP($C40,ServiciosLote2!$B:$U,COLUMN(D$25)-2,FALSE),\"\")\n          ),\"\")","v":"Analytics"},{"$f":"+IFERROR(IF($E$18=\"Lote 1\",VLOOKUP($C40,ServiciosLote1!$B:$U,COLUMN(E$25)-2,FALSE),\n           IF($E$18=\"Lote 2\",VLOOKUP($C40,ServiciosLote2!$B:$U,COLUMN(E$25)-2,FALSE),\"\")\n          ),\"\")","v":"NA"},{"$f":"+IFERROR(IF($E$18=\"Lote 1\",VLOOKUP($C40,ServiciosLote1!$B:$U,COLUMN(F$25)-2,FALSE),\n           IF($E$18=\"Lote 2\",VLOOKUP($C40,ServiciosLote2!$B:$U,COLUMN(F$25)-2,FALSE),\"\")\n          ),\"\")","v":"NA"},{"$f":"+IFERROR(IF($E$18=\"Lote 1\",VLOOKUP($C40,ServiciosLote1!$B:$U,COLUMN(G$25)-2,FALSE),\n           IF($E$18=\"Lote 2\",VLOOKUP($C40,ServiciosLote2!$B:$U,COLUMN(G$25)-2,FALSE),\"\")\n          ),\"\")","v":"NA"},{"$f":"+IFERROR(IF($E$18=\"Lote 1\",VLOOKUP($C40,ServiciosLote1!$B:$U,COLUMN(H$25)-2,FALSE),\n           IF($E$18=\"Lote 2\",VLOOKUP($C40,ServiciosLote2!$B:$U,COLUMN(H$25)-2,FALSE),\"\")\n          ),\"\")","v":"NA"},{"$f":"+IFERROR(IF($E$18=\"Lote 1\",VLOOKUP($C40,ServiciosLote1!$B:$U,COLUMN(I$25)-2,FALSE),\n           IF($E$18=\"Lote 2\",VLOOKUP($C40,ServiciosLote2!$B:$U,COLUMN(I$25)-2,FALSE),\"\")\n          ),\"\")","v":"NA"},{"$f":"+IFERROR(IF($E$18=\"Lote 1\",VLOOKUP($C40,ServiciosLote1!$B:$U,COLUMN(J$25)-2,FALSE),\n           IF($E$18=\"Lote 2\",VLOOKUP($C40,ServiciosLote2!$B:$U,COLUMN(J$25)-2,FALSE),\"\")\n          ),\"\")","v":"NA"},2,{"$f":"+IFERROR(IF($E$18=\"Lote 1\",VLOOKUP($C40,ServiciosLote1!$B:$U,9,FALSE),\n           IF($E$18=\"Lote 2\",VLOOKUP($C40,ServiciosLote2!$B:$U,9,FALSE),\"\")\n          ),\"\")","v":"Licencia Mes"},28,"Mes","IT-BPO-24-1 - Analytics_NA_NA_NA_NA_NA_NA - 2 Licencia Mes"]
[null,16,"IT-BPO-25-1",{"$f":"+IFERROR(IF($E$18=\"Lote 1\",VLOOKUP($C41,ServiciosLote1!$B:$U,COLUMN(D$25)-2,FALSE),\n           IF($E$18=\"Lote 2\",VLOOKUP($C41,ServiciosLote2!$B:$U,COLUMN(D$25)-2,FALSE),\"\")\n          ),\"\")","v":"Agente en Sitio "},{"$f":"+IFERROR(IF($E$18=\"Lote 1\",VLOOKUP($C41,ServiciosLote1!$B:$U,COLUMN(E$25)-2,FALSE),\n           IF($E$18=\"Lote 2\",VLOOKUP($C41,ServiciosLote2!$B:$U,COLUMN(E$25)-2,FALSE),\"\")\n          ),\"\")","v":"Agente general"},{"$f":"+IFERROR(IF($E$18=\"Lote 1\",VLOOKUP($C41,ServiciosLote1!$B:$U,COLUMN(F$25)-2,FALSE),\n           IF($E$18=\"Lote 2\",VLOOKUP($C41,ServiciosLote2!$B:$U,COLUMN(F$25)-2,FALSE),\"\")\n          ),\"\")","v":"Jornada Ordinaria"},{"$f":"+IFERROR(IF($E$18=\"Lote 1\",VLOOKUP($C41,ServiciosLote1!$B:$U,COLUMN(G$25)-2,FALSE),\n           IF($E$18=\"Lote 2\",VLOOKUP($C41,ServiciosLote2!$B:$U,COLUMN(G$25)-2,FALSE),\"\")\n          ),\"\")","v":"En sitio"},{"$f":"+IFERROR(IF($E$18=\"Lote 1\",VLOOKUP($C41,ServiciosLote1!$B:$U,COLUMN(H$25)-2,FALSE),\n           IF($E$18=\"Lote 2\",VLOOKUP($C41,ServiciosLote2!$B:$U,COLUMN(H$25)-2,FALSE),\"\")\n          ),\"\")","v":"Oro"},{"$f":"+IFERROR(IF($E$18=\"Lote 1\",VLOOKUP($C41,ServiciosLote1!$B:$U,COLUMN(I$25)-2,FALSE),\n           IF($E$18=\"Lote 2\",VLOOKUP($C41,ServiciosLote2!$B:$U,COLUMN(I$25)-2,FALSE),\"\")\n          ),\"\")","v":"NA"},{"$f":"+IFERROR(IF($E$18=\"Lote 1\",VLOOKUP($C41,ServiciosLote1!$B:$U,COLUMN(J$25)-2,FALSE),\n           IF($E$18=\"Lote 2\",VLOOKUP($C41,ServiciosLote2!$B:$U,COLUMN(J$25)-2,FALSE),\"\")\n          ),\"\")","v":"NA"},66,{"$f":"+IFERROR(IF($E$18=\"Lote 1\",VLOOKUP($C41,ServiciosLote1!$B:$U,9,FALSE),\n           IF($E$18=\"Lote 2\",VLOOKUP($C41,ServiciosLote2!$B:$U,9,FALSE),\"\")\n          ),\"\")","v":"Mes"},3,"Mes","IT-BPO-25-1 - Agente en Sitio _Agente general_Jornada Ordinaria_En sitio_Oro_NA_NA - 66 Mes"]
[null,17,"IT-BPO-25-1",{"$f":"+IFERROR(IF($E$18=\"Lote 1\",VLOOKUP($C42,ServiciosLote1!$B:$U,COLUMN(D$25)-2,FALSE),\n           IF($E$18=\"Lote 2\",VLOOKUP($C42,ServiciosLote2!$B:$U,COLUMN(D$25)-2,FALSE),\"\")\n          ),\"\")","v":"Agente en Sitio "},{"$f":"+IFERROR(IF($E$18=\"Lote 1\",VLOOKUP($C42,ServiciosLote1!$B:$U,COLUMN(E$25)-2,FALSE),\n           IF($E$18=\"Lote 2\",VLOOKUP($C42,ServiciosLote2!$B:$U,COLUMN(E$25)-2,FALSE),\"\")\n          ),\"\")","v":"Agente general"},{"$f":"+IFERROR(IF($E$18=\"Lote 1\",VLOOKUP($C42,ServiciosLote1!$B:$U,COLUMN(F$25)-2,FALSE),\n           IF($E$18=\"Lote 2\",VLOOKUP($C42,ServiciosLote2!$B:$U,COLUMN(F$25)-2,FALSE),\"\")\n          ),\"\")","v":"Jornada Ordinaria"},{"$f":"+IFERROR(IF($E$18=\"Lote 1\",VLOOKUP($C42,ServiciosLote1!$B:$U,COLUMN(G$25)-2,FALSE),\n           IF($E$18=\"Lote 2\",VLOOKUP($C42,ServiciosLote2!$B:$U,COLUMN(G$25)-2,FALSE),\"\")\n          ),\"\")","v":"En sitio"},{"$f":"+IFERROR(IF($E$18=\"Lote 1\",VLOOKUP($C42,ServiciosLote1!$B:$U,COLUMN(H$25)-2,FALSE),\n           IF($E$18=\"Lote 2\",VLOOKUP($C42,ServiciosLote2!$B:$U,COLUMN(H$25)-2,FALSE),\"\")\n          ),\"\")","v":"Oro"},{"$f":"+IFERROR(IF($E$18=\"Lote 1\",VLOOKUP($C42,ServiciosLote1!$B:$U,COLUMN(I$25)-2,FALSE),\n           IF($E$18=\"Lote 2\",VLOOKUP($C42,ServiciosLote2!$B:$U,COLUMN(I$25)-2,FALSE),\"\")\n          ),\"\")","v":"NA"},{"$f":"+IFERROR(IF($E$18=\"Lote 1\",VLOOKUP($C42,ServiciosLote1!$B:$U,COLUMN(J$25)-2,FALSE),\n           IF($E$18=\"Lote 2\",VLOOKUP($C42,ServiciosLote2!$B:$U,COLUMN(J$25)-2,FALSE),\"\")\n          ),\"\")","v":"NA"},51,{"$f":"+IFERROR(IF($E$18=\"Lote 1\",VLOOKUP($C42,ServiciosLote1!$B:$U,9,FALSE),\n           IF($E$18=\"Lote 2\",VLOOKUP($C42,ServiciosLote2!$B:$U,9,FALSE),\"\")\n          ),\"\")","v":"Mes"},6,"Mes","IT-BPO-25-1 - Agente en Sitio _Agente general_Jornada Ordinaria_En sitio_Oro_NA_NA - 51 Mes"]
[null,18,"IT-BPO-25-1",{"$f":"+IFERROR(IF($E$18=\"Lote 1\",VLOOKUP($C43,ServiciosLote1!$B:$U,COLUMN(D$25)-2,FALSE),\n           IF($E$18=\"Lote 2\",VLOOKUP($C43,ServiciosLote2!$B:$U,COLUMN(D$25)-2,FALSE),\"\")\n          ),\"\")","v":"Agente en Sitio "},{"$f":"+IFERROR(IF($E$18=\"Lote 1\",VLOOKUP($C43,ServiciosLote1!$B:$U,COLUMN(E$25)-2,FALSE),\n           IF($E$18=\"Lote 2\",VLOOKUP($C43,ServiciosLote2!$B:$U,COLUMN(E$25)-2,FALSE),\"\")\n          ),\"\")","v":"Agente general"},{"$f":"+IFERROR(IF($E$18=\"Lote 1\",VLOOKUP($C43,ServiciosLote1!$B:$U,COLUMN(F$25)-2,FALSE),\n           IF($E$18=\"Lote 2\",VLOOKUP($C43,ServiciosLote2!$B:$U,COLUMN(F$25)-2,FALSE),\"\")\n          ),\"\")","v":"Jornada Ordinaria"},{"$f":"+IFERROR(IF($E$18=\"Lote 1\",VLOOKUP($C43,ServiciosLote1!$B:$U,COLUMN(G$25)-2,FALSE),\n           IF($E$18=\"Lote 2\",VLOOKUP($C43,ServiciosLote2!$B:$U,COLUMN(G$25)-2,FALSE),\"\")\n          ),\"\")","v":"En sitio"},{"$f":"+IFERROR(IF($E$18=\"Lote 1\",VLOOKUP($C43,ServiciosLote1!$B:$U,COLUMN(H$25)-2,FALSE),\n           IF($E$18=\"Lote 2\",VLOOKUP($C43,ServiciosLote2!$B:$U,COLUMN(H$25)-2,FALSE),\"\")\n          ),\"\")","v":"Oro"},{"$f":"+IFERROR(IF($E$18=\"Lote 1\",VLOOKUP($C43,ServiciosLote1!$B:$U,COLUMN(I$25)-2,FALSE),\n           IF($E$18=\"Lote 2\",VLOOKUP($C43,ServiciosLote2!$B:$U,COLUMN(I$25)-2,FALSE),\"\")\n          ),\"\")","v":"NA"},{"$f":"+IFERROR(IF($E$18=\"Lote 1\",VLOOKUP($C43,ServiciosLote1!$B:$U,COLUMN(J$25)-2,FALSE),\n           IF($E$18=\"Lote 2\",VLOOKUP($C43,ServiciosLote2!$B:$U,COLUMN(J$25)-2,FALSE),\"\")\n          ),\"\")","v":"NA"},39,{"$f":"+IFERROR(IF($E$18=\"Lote 1\",VLOOKUP($C43,ServiciosLote1!$B:$U,9,FALSE),\n           IF($E$18=\"Lote 2\",VLOOKUP($C43,ServiciosLote2!$B:$U,9,FALSE),\"\")\n          ),\"\")","v":"Mes"},6,"Mes","IT-BPO-25-1 - Agente en Sitio _Agente general_Jornada Ordinaria_En sitio_Oro_NA_NA - 39 Mes"]
[null,19,"IT-BPO-25-1",{"$f":"+IFERROR(IF($E$18=\"Lote 1\",VLOOKUP($C44,ServiciosLote1!$B:$U,COLUMN(D$25)-2,FALSE),\n           IF($E$18=\"Lote 2\",VLOOKUP($C44,ServiciosLote2!$B:$U,COLUMN(D$25)-2,FALSE),\"\")\n          ),\"\")","v":"Agente en Sitio "},{"$f":"+IFERROR(IF($E$18=\"Lote 1\",VLOOKUP($C44,ServiciosLote1!$B:$U,COLUMN(E$25)-2,FALSE),\n           IF($E$18=\"Lote 2\",VLOOKUP($C44,ServiciosLote2!$B:$U,COLUMN(E$25)-2,FALSE),\"\")\n          ),\"\")","v":"Agente general"},{"$f":"+IFERROR(IF($E$18=\"Lote 1\",VLOOKUP($C44,ServiciosLote1!$B:$U,COLUMN(F$25)-2,FALSE),\n           IF($E$18=\"Lote 2\",VLOOKUP($C44,ServiciosLote2!$B:$U,COLUMN(F$25)-2,FALSE),\"\")\n          ),\"\")","v":"Jornada Ordinaria"},{"$f":"+IFERROR(IF($E$18=\"Lote 1\",VLOOKUP($C44,ServiciosLote1!$B:$U,COLUMN(G$25)-2,FALSE),\n           IF($E$18=\"Lote 2\",VLOOKUP($C44,ServiciosLote2!$B:$U,COLUMN(G$25)-2,FALSE),\"\")\n          ),\"\")","v":"En sitio"},{"$f":"+IFERROR(IF($E$18=\"Lote 1\",VLOOKUP($C44,ServiciosLote1!$B:$U,COLUMN(H$25)-2,FALSE),\n           IF($E$18=\"Lote 2\",VLOOKUP($C44,ServiciosLote2!$B:$U,COLUMN(H$25)-2,FALSE),\"\")\n          ),\"\")","v":"Oro"},{"$f":"+IFERROR(IF($E$18=\"Lote 1\",VLOOKUP($C44,ServiciosLote1!$B:$U,COLUMN(I$25)-2,FALSE),\n           IF($E$18=\"Lote 2\",VLOOKUP($C44,ServiciosLote2!$B:$U,COLUMN(I$25)-2,FALSE),\"\")\n          ),\"\")","v":"NA"},{"$f":"+IFERROR(IF($E$18=\"Lote 1\",VLOOKUP($C44,ServiciosLote1!$B:$U,COLUMN(J$25)-2,FALSE),\n           IF($E$18=\"Lote 2\",VLOOKUP($C44,ServiciosLote2!$B:$U,COLUMN(J$25)-2,FALSE),\"\")\n          ),\"\")","v":"NA"},25,{"$f":"+IFERROR(IF($E$18=\"Lote 1\",VLOOKUP($C44,ServiciosLote1!$B:$U,9,FALSE),\n           IF($E$18=\"Lote 2\",VLOOKUP($C44,ServiciosLote2!$B:$U,9,FALSE),\"\")\n          ),\"\")","v":"Mes"},13,"Mes","IT-BPO-25-1 - Agente en Sitio _Agente general_Jornada Ordinaria_En sitio_Oro_NA_NA - 25 Mes"]
[null,20,"IT-BPO-25-4",{"$f":"+IFERROR(IF($E$18=\"Lote 1\",VLOOKUP($C45,ServiciosLote1!$B:$U,COLUMN(D$25)-2,FALSE),\n           IF($E$18=\"Lote 2\",VLOOKUP($C45,ServiciosLote2!$B:$U,COLUMN(D$25)-2,FALSE),\"\")\n          ),\"\")","v":"Agente en Sitio "},{"$f":"+IFERROR(IF($E$18=\"Lote 1\",VLOOKUP($C45,ServiciosLote1!$B:$U,COLUMN(E$25)-2,FALSE),\n           IF($E$18=\"Lote 2\",VLOOKUP($C45,ServiciosLote2!$B:$U,COLUMN(E$25)-2,FALSE),\"\")\n          ),\"\")","v":"Agente general"},{"$f":"+IFERROR(IF($E$18=\"Lote 1\",VLOOKUP($C45,ServiciosLote1!$B:$U,COLUMN(F$25)-2,FALSE),\n           IF($E$18=\"Lote 2\",VLOOKUP($C45,ServiciosLote2!$B:$U,COLUMN(F$25)-2,FALSE),\"\")\n          ),\"\")","v":"Hora extra dominical y festivo"},{"$f":"+IFERROR(IF($E$18=\"Lote 1\",VLOOKUP($C45,ServiciosLote1!$B:$U,COLUMN(G$25)-2,FALSE),\n           IF($E$18=\"Lote 2\",VLOOKUP($C45,ServiciosLote2!$B:$U,COLUMN(G$25)-2,FALSE),\"\")\n          ),\"\")","v":"En sitio"},{"$f":"+IFERROR(IF($E$18=\"Lote 1\",VLOOKUP($C45,ServiciosLote1!$B:$U,COLUMN(H$25)-2,FALSE),\n           IF($E$18=\"Lote 2\",VLOOKUP($C45,ServiciosLote2!$B:$U,COLUMN(H$25)-2,FALSE),\"\")\n          ),\"\")","v":"Oro"},{"$f":"+IFERROR(IF($E$18=\"Lote 1\",VLOOKUP($C45,ServiciosLote1!$B:$U,COLUMN(I$25)-2,FALSE),\n           IF($E$18=\"Lote 2\",VLOOKUP($C45,ServiciosLote2!$B:$U,COLUMN(I$25)-2,FALSE),\"\")\n          ),\"\")","v":"NA"},{"$f":"+IFERROR(IF($E$18=\"Lote 1\",VLOOKUP($C45,ServiciosLote1!$B:$U,COLUMN(J$25)-2,FALSE),\n           IF($E$18=\"Lote 2\",VLOOKUP($C45,ServiciosLote2!$B:$U,COLUMN(J$25)-2,FALSE),\"\")\n          ),\"\")","v":"NA"},1000,{"$f":"+IFERROR(IF($E$18=\"Lote 1\",VLOOKUP($C45,ServiciosLote1!$B:$U,9,FALSE),\n           IF($E$18=\"Lote 2\",VLOOKUP($C45,ServiciosLote2!$B:$U,9,FALSE),\"\")\n          ),\"\")","v":"Hora"},3,"Mes","IT-BPO-25-4 - Agente en Sitio _Agente general_Hora extra dominical y festivo_En sitio_Oro_NA_NA - 1000 Hora"]
[null,21,"IT-BPO-25-4",{"$f":"+IFERROR(IF($E$18=\"Lote 1\",VLOOKUP($C46,ServiciosLote1!$B:$U,COLUMN(D$25)-2,FALSE),\n           IF($E$18=\"Lote 2\",VLOOKUP($C46,ServiciosLote2!$B:$U,COLUMN(D$25)-2,FALSE),\"\")\n          ),\"\")","v":"Agente en Sitio "},{"$f":"+IFERROR(IF($E$18=\"Lote 1\",VLOOKUP($C46,ServiciosLote1!$B:$U,COLUMN(E$25)-2,FALSE),\n           IF($E$18=\"Lote 2\",VLOOKUP($C46,ServiciosLote2!$B:$U,COLUMN(E$25)-2,FALSE),\"\")\n          ),\"\")","v":"Agente general"},{"$f":"+IFERROR(IF($E$18=\"Lote 1\",VLOOKUP($C46,ServiciosLote1!$B:$U,COLUMN(F$25)-2,FALSE),\n           IF($E$18=\"Lote 2\",VLOOKUP($C46,ServiciosLote2!$B:$U,COLUMN(F$25)-2,FALSE),\"\")\n          ),\"\")","v":"Hora extra dominical y festivo"},{"$f":"+IFERROR(IF($E$18=\"Lote 1\",VLOOKUP($C46,ServiciosLote1!$B:$U,COLUMN(G$25)-2,FALSE),\n           IF($E$18=\"Lote 2\",VLOOKUP($C46,ServiciosLote2!$B:$U,COLUMN(G$25)-2,FALSE),\"\")\n          ),\"\")","v":"En sitio"},{"$f":"+IFERROR(IF($E$18=\"Lote 1\",VLOOKUP($C46,ServiciosLote1!$B:$U,COLUMN(H$25)-2,FALSE),\n           IF($E$18=\"Lote 2\",VLOOKUP($C46,ServiciosLote2!$B:$U,COLUMN(H$25)-2,FALSE),\"\")\n          ),\"\")","v":"Oro"},{"$f":"+IFERROR(IF($E$18=\"Lote 1\",VLOOKUP($C46,ServiciosLote1!$B:$U,COLUMN(I$25)-2,FALSE),\n           IF($E$18=\"Lote 2\",VLOOKUP($C46,ServiciosLote2!$B:$U,COLUMN(I$25)-2,FALSE),\"\")\n          ),\"\")","v":"NA"},{"$f":"+IFERROR(IF($E$18=\"Lote 1\",VLOOKUP($C46,ServiciosLote1!$B:$U,COLUMN(J$25)-2,FALSE),\n           IF($E$18=\"Lote 2\",VLOOKUP($C46,ServiciosLote2!$B:$U,COLUMN(J$25)-2,FALSE),\"\")\n          ),\"\")","v":"NA"},500,{"$f":"+IFERROR(IF($E$18=\"Lote 1\",VLOOKUP($C46,ServiciosLote1!$B:$U,9,FALSE),\n           IF($E$18=\"Lote 2\",VLOOKUP($C46,ServiciosLote2!$B:$U,9,FALSE),\"\")\n          ),\"\")","v":"Hora"},6,"Mes","IT-BPO-25-4 - Agente en Sitio _Agente general_Hora extra dominical y festivo_En sitio_Oro_NA_NA - 500 Hora"]
[null,22,"IT-BPO-25-4",{"$f":"+IFERROR(IF($E$18=\"Lote 1\",VLOOKUP($C47,ServiciosLote1!$B:$U,COLUMN(D$25)-2,FALSE),\n           IF($E$18=\"Lote 2\",VLOOKUP($C47,ServiciosLote2!$B:$U,COLUMN(D$25)-2,FALSE),\"\")\n          ),\"\")","v":"Agente en Sitio "},{"$f":"+IFERROR(IF($E$18=\"Lote 1\",VLOOKUP($C47,ServiciosLote1!$B:$U,COLUMN(E$25)-2,FALSE),\n           IF($E$18=\"Lote 2\",VLOOKUP($C47,ServiciosLote2!$B:$U,COLUMN(E$25)-2,FALSE),\"\")\n          ),\"\")","v":"Agente general"},{"$f":"+IFERROR(IF($E$18=\"Lote 1\",VLOOKUP($C47,ServiciosLote1!$B:$U,COLUMN(F$25)-2,FALSE),\n           IF($E$18=\"Lote 2\",VLOOKUP($C47,ServiciosLote2!$B:$U,COLUMN(F$25)-2,FALSE),\"\")\n          ),\"\")","v":"Hora extra dominical y festivo"},{"$f":"+IFERROR(IF($E$18=\"Lote 1\",VLOOKUP($C47,ServiciosLote1!$B:$U,COLUMN(G$25)-2,FALSE),\n           IF($E$18=\"Lote 2\",VLOOKUP($C47,ServiciosLote2!$B:$U,COLUMN(G$25)-2,FALSE),\"\")\n          ),\"\")","v":"En sitio"},{"$f":"+IFERROR(IF($E$18=\"Lote 1\",VLOOKUP($C47,ServiciosLote1!$B:$U,COLUMN(H$25)-2,FALSE),\n           IF($E$18=\"Lote 2\",VLOOKUP($C47,ServiciosLote2!$B:$U,COLUMN(H$25)-2,FALSE),\"\")\n          ),\"\")","v":"Oro"},{"$f":"+IFERROR(IF($E$18=\"Lote 1\",VLOOKUP($C47,ServiciosLote1!$B:$U,COLUMN(I$25)-2,FALSE),\n           IF($E$18=\"Lote 2\",VLOOKUP($C47,ServiciosLote2!$B:$U,COLUMN(I$25)-2,FALSE),\"\")\n          ),\"\")","v":"NA"},{"$f":"+IFERROR(IF($E$18=\"Lote 1\",VLOOKUP($C47,ServiciosLote1!$B:$U,COLUMN(J$25)-2,FALSE),\n           IF($E$18=\"Lote 2\",VLOOKUP($C47,ServiciosLote2!$B:$U,COLUMN(J$25)-2,FALSE),\"\")\n          ),\"\")","v":"NA"},500,{"$f":"+IFERROR(IF($E$18=\"Lote 1\",VLOOKUP($C47,ServiciosLote1!$B:$U,9,FALSE),\n           IF($E$18=\"Lote 2\",VLOOKUP($C47,ServiciosLote2!$B:$U,9,FALSE),\"\")\n          ),\"\")","v":"Hora"},6,"Mes","IT-BPO-25-4 - Agente en Sitio _Agente general_Hora extra dominical y festivo_En sitio_Oro_NA_NA - 500 Hora"]
[null,23,"IT-BPO-25-4",{"$f":"+IFERROR(IF($E$18=\"Lote 1\",VLOOKUP($C48,ServiciosLote1!$B:$U,COLUMN(D$25)-2,FALSE),\n           IF($E$18=\"Lote 2\",VLOOKUP($C48,ServiciosLote2!$B:$U,COLUMN(D$25)-2,FALSE),\"\")\n          ),\"\")","v":"Agente en Sitio "},{"$f":"+IFERROR(IF($E$18=\"Lote 1\",VLOOKUP($C48,ServiciosLote1!$B:$U,COLUMN(E$25)-2,FALSE),\n           IF($E$18=\"Lote 2\",VLOOKUP($C48,ServiciosLote2!$B:$U,COLUMN(E$25)-2,FALSE),\"\")\n          ),\"\")","v":"Agente general"},{"$f":"+IFERROR(IF($E$18=\"Lote 1\",VLOOKUP($C48,ServiciosLote1!$B:$U,COLUMN(F$25)-2,FALSE),\n           IF($E$18=\"Lote 2\",VLOOKUP($C48,ServiciosLote2!$B:$U,COLUMN(F$25)-2,FALSE),\"\")\n          ),\"\")","v":"Hora extra dominical y festivo"},{"$f":"+IFERROR(IF($E$18=\"Lote 1\",VLOOKUP($C48,ServiciosLote1!$B:$U,COLUMN(G$25)-2,FALSE),\n           IF($E$18=\"Lote 2\",VLOOKUP($C48,ServiciosLote2!$B:$U,COLUMN(G$25)-2,FALSE),\"\")\n          ),\"\")","v":"En sitio"},{"$f":"+IFERROR(IF($E$18=\"Lote 1\",VLOOKUP($C48,ServiciosLote1!$B:$U,COLUMN(H$25)-2,FALSE),\n           IF($E$18=\"Lote 2\",VLOOKUP($C48,ServiciosLote2!$B:$U,COLUMN(H$25)-2,FALSE),\"\")\n          ),\"\")","v":"Oro"},{"$f":"+IFERROR(IF($E$18=\"Lote 1\",VLOOKUP($C48,ServiciosLote1!$B:$U,COLUMN(I$25)-2,FALSE),\n           IF($E$18=\"Lote 2\",VLOOKUP($C48,ServiciosLote2!$B:$U,COLUMN(I$25)-2,FALSE),\"\")\n          ),\"\")","v":"NA"},{"$f":"+IFERROR(IF($E$18=\"Lote 1\",VLOOKUP($C48,ServiciosLote1!$B:$U,COLUMN(J$25)-2,FALSE),\n           IF($E$18=\"Lote 2\",VLOOKUP($C48,ServiciosLote2!$B:$U,COLUMN(J$25)-2,FALSE),\"\")\n          ),\"\")","v":"NA"},500,{"$f":"+IFERROR(IF($E$18=\"Lote 1\",VLOOKUP($C48,ServiciosLote1!$B:$U,9,FALSE),\n           IF($E$18=\"Lote 2\",VLOOKUP($C48,ServiciosLote2!$B:$U,9,FALSE),\"\")\n          ),\"\")","v":"Hora"},13,"Mes","IT-BPO-25-4 - Agente en Sitio _Agente general_Hora extra dominical y festivo_En sitio_Oro_NA_NA - 500 Hora"]
[null,24,"IT-BPO-25-5",{"$f":"+IFERROR(IF($E$18=\"Lote 1\",VLOOKUP($C49,ServiciosLote1!$B:$U,COLUMN(D$25)-2,FALSE),\n           IF($E$18=\"Lote 2\",VLOOKUP($C49,ServiciosLote2!$B:$U,COLUMN(D$25)-2,FALSE),\"\")\n          ),\"\")","v":"Agente en Sitio "},{"$f":"+IFERROR(IF($E$18=\"Lote 1\",VLOOKUP($C49,ServiciosLote1!$B:$U,COLUMN(E$25)-2,FALSE),\n           IF($E$18=\"Lote 2\",VLOOKUP($C49,ServiciosLote2!$B:$U,COLUMN(E$25)-2,FALSE),\"\")\n          ),\"\")","v":"Agente general"},{"$f":"+IFERROR(IF($E$18=\"Lote 1\",VLOOKUP($C49,ServiciosLote1!$B:$U,COLUMN(F$25)-2,FALSE),\n           IF($E$18=\"Lote 2\",VLOOKUP($C49,ServiciosLote2!$B:$U,COLUMN(F$25)-2,FALSE),\"\")\n          ),\"\")","v":"Servicio 7x24"},{"$f":"+IFERROR(IF($E$18=\"Lote 1\",VLOOKUP($C49,ServiciosLote1!$B:$U,COLUMN(G$25)-2,FALSE),\n           IF($E$18=\"Lote 2\",VLOOKUP($C49,ServiciosLote2!$B:$U,COLUMN(G$25)-2,FALSE),\"\")\n          ),\"\")","v":"En sitio"},{"$f":"+IFERROR(IF($E$18=\"Lote 1\",VLOOKUP($C49,ServiciosLote1!$B:$U,COLUMN(H$25)-2,FALSE),\n           IF($E$18=\"Lote 2\",VLOOKUP($C49,ServiciosLote2!$B:$U,COLUMN(H$25)-2,FALSE),\"\")\n          ),\"\")","v":"Oro"},{"$f":"+IFERROR(IF($E$18=\"Lote 1\",VLOOKUP($C49,ServiciosLote1!$B:$U,COLUMN(I$25)-2,FALSE),\n           IF($E$18=\"Lote 2\",VLOOKUP($C49,ServiciosLote2!$B:$U,COLUMN(I$25)-2,FALSE),\"\")\n          ),\"\")","v":"NA"},{"$f":"+IFERROR(IF($E$18=\"Lote 1\",VLOOKUP($C49,ServiciosLote1!$B:$U,COLUMN(J$25)-2,FALSE),\n           IF($E$18=\"Lote 2\",VLOOKUP($C49,ServiciosLote2!$B:$U,COLUMN(J$25)-2,FALSE),\"\")\n          ),\"\")","v":"NA"},1,{"$f":"+IFERROR(IF($E$18=\"Lote 1\",VLOOKUP($C49,ServiciosLote1!$B:$U,9,FALSE),\n           IF($E$18=\"Lote 2\",VLOOKUP($C49,ServiciosLote2!$B:$U,9,FALSE),\"\")\n          ),\"\")","v":"Mes 7x24"},28,"Mes","IT-BPO-25-5 - Agente en Sitio _Agente general_Servicio 7x24_En sitio_Oro_NA_NA - 1 Mes 7x24"]
[null,25,"IT-BPO-25-11",{"$f":"+IFERROR(IF($E$18=\"Lote 1\",VLOOKUP($C50,ServiciosLote1!$B:$U,COLUMN(D$25)-2,FALSE),\n           IF($E$18=\"Lote 2\",VLOOKUP($C50,ServiciosLote2!$B:$U,COLUMN(D$25)-2,FALSE),\"\")\n          ),\"\")","v":"Agente en Sitio "},{"$f":"+IFERROR(IF($E$18=\"Lote 1\",VLOOKUP($C50,ServiciosLote1!$B:$U,COLUMN(E$25)-2,FALSE),\n           IF($E$18=\"Lote 2\",VLOOKUP($C50,ServiciosLote2!$B:$U,COLUMN(E$25)-2,FALSE),\"\")\n          ),\"\")","v":"Agente técnico"},{"$f":"+IFERROR(IF($E$18=\"Lote 1\",VLOOKUP($C50,ServiciosLote1!$B:$U,COLUMN(F$25)-2,FALSE),\n           IF($E$18=\"Lote 2\",VLOOKUP($C50,ServiciosLote2!$B:$U,COLUMN(F$25)-2,FALSE),\"\")\n          ),\"\")","v":"Jornada Ordinaria"},{"$f":"+IFERROR(IF($E$18=\"Lote 1\",VLOOKUP($C50,ServiciosLote1!$B:$U,COLUMN(G$25)-2,FALSE),\n           IF($E$18=\"Lote 2\",VLOOKUP($C50,ServiciosLote2!$B:$U,COLUMN(G$25)-2,FALSE),\"\")\n          ),\"\")","v":"En sitio"},{"$f":"+IFERROR(IF($E$18=\"Lote 1\",VLOOKUP($C50,ServiciosLote1!$B:$U,COLUMN(H$25)-2,FALSE),\n           IF($E$18=\"Lote 2\",VLOOKUP($C50,ServiciosLote2!$B:$U,COLUMN(H$25)-2,FALSE),\"\")\n          ),\"\")","v":"Oro"},{"$f":"+IFERROR(IF($E$18=\"Lote 1\",VLOOKUP($C50,ServiciosLote1!$B:$U,COLUMN(I$25)-2,FALSE),\n           IF($E$18=\"Lote 2\",VLOOKUP($C50,ServiciosLote2!$B:$U,COLUMN(I$25)-2,FALSE),\"\")\n          ),\"\")","v":"NA"},{"$f":"+IFERROR(IF($E$18=\"Lote 1\",VLOOKUP($C50,ServiciosLote1!$B:$U,COLUMN(J$25)-2,FALSE),\n           IF($E$18=\"Lote 2\",VLOOKUP($C50,ServiciosLote2!$B:$U,COLUMN(J$25)-2,FALSE),\"\")\n          ),\"\")","v":"NA"},1,{"$f":"+IFERROR(IF($E$18=\"Lote 1\",VLOOKUP($C50,ServiciosLote1!$B:$U,9,FALSE),\n           IF($E$18=\"Lote 2\",VLOOKUP($C50,ServiciosLote2!$B:$U,9,FALSE),\"\")\n          ),\"\")","v":"Mes"},28,"Mes","IT-BPO-25-11 - Agente en Sitio _Agente técnico_Jornada Ordinaria_En sitio_Oro_NA_NA - 1 Mes"]
[null,26,"IT-BPO-25-51",{"$f":"+IFERROR(IF($E$18=\"Lote 1\",VLOOKUP($C51,ServiciosLote1!$B:$U,COLUMN(D$25)-2,FALSE),\n           IF($E$18=\"Lote 2\",VLOOKUP($C51,ServiciosLote2!$B:$U,COLUMN(D$25)-2,FALSE),\"\")\n          ),\"\")","v":"Agente en Sitio "},{"$f":"+IFERROR(IF($E$18=\"Lote 1\",VLOOKUP($C51,ServiciosLote1!$B:$U,COLUMN(E$25)-2,FALSE),\n           IF($E$18=\"Lote 2\",VLOOKUP($C51,ServiciosLote2!$B:$U,COLUMN(E$25)-2,FALSE),\"\")\n          ),\"\")","v":"Agente profesional"},{"$f":"+IFERROR(IF($E$18=\"Lote 1\",VLOOKUP($C51,ServiciosLote1!$B:$U,COLUMN(F$25)-2,FALSE),\n           IF($E$18=\"Lote 2\",VLOOKUP($C51,ServiciosLote2!$B:$U,COLUMN(F$25)-2,FALSE),\"\")\n          ),\"\")","v":"Ciencias sociales, humanas y afines"},{"$f":"+IFERROR(IF($E$18=\"Lote 1\",VLOOKUP($C51,ServiciosLote1!$B:$U,COLUMN(G$25)-2,FALSE),\n           IF($E$18=\"Lote 2\",VLOOKUP($C51,ServiciosLote2!$B:$U,COLUMN(G$25)-2,FALSE),\"\")\n          ),\"\")","v":"Jornada Ordinaria"},{"$f":"+IFERROR(IF($E$18=\"Lote 1\",VLOOKUP($C51,ServiciosLote1!$B:$U,COLUMN(H$25)-2,FALSE),\n           IF($E$18=\"Lote 2\",VLOOKUP($C51,ServiciosLote2!$B:$U,COLUMN(H$25)-2,FALSE),\"\")\n          ),\"\")","v":"En sitio"},{"$f":"+IFERROR(IF($E$18=\"Lote 1\",VLOOKUP($C51,ServiciosLote1!$B:$U,COLUMN(I$25)-2,FALSE),\n           IF($E$18=\"Lote 2\",VLOOKUP($C51,ServiciosLote2!$B:$U,COLUMN(I$25)-2,FALSE),\"\")\n          ),\"\")","v":"Oro"},{"$f":"+IFERROR(IF($E$18=\"Lote 1\",VLOOKUP($C51,ServiciosLote1!$B:$U,COLUMN(J$25)-2,FALSE),\n           IF($E$18=\"Lote 2\",VLOOKUP($C51,ServiciosLote2!$B:$U,COLUMN(J$25)-2,FALSE),\"\")\n          ),\"\")","v":"NA"},1,{"$f":"+IFERROR(IF($E$18=\"Lote 1\",VLOOKUP($C51,ServiciosLote1!$B:$U,9,FALSE),\n           IF($E$18=\"Lote 2\",VLOOKUP($C51,ServiciosLote2!$B:$U,9,FALSE),\"\")\n          ),\"\")","v":"Mes"},28,"Mes","IT-BPO-25-51 - Agente en Sitio _Agente profesional_Ciencias sociales, humanas y afines_Jornada Ordinaria_En sitio_Oro_NA - 1 Mes"]
[null,27,"IT-BPO-26-31",{"$f":"+IFERROR(IF($E$18=\"Lote 1\",VLOOKUP($C52,ServiciosLote1!$B:$U,COLUMN(D$25)-2,FALSE),\n           IF($E$18=\"Lote 2\",VLOOKUP($C52,ServiciosLote2!$B:$U,COLUMN(D$25)-2,FALSE),\"\")\n          ),\"\")","v":"Agente en la Entidad Compradora o Back Office"},{"$f":"+IFERROR(IF($E$18=\"Lote 1\",VLOOKUP($C52,ServiciosLote1!$B:$U,COLUMN(E$25)-2,FALSE),\n           IF($E$18=\"Lote 2\",VLOOKUP($C52,ServiciosLote2!$B:$U,COLUMN(E$25)-2,FALSE),\"\")\n          ),\"\")","v":"Agente técnico"},{"$f":"+IFERROR(IF($E$18=\"Lote 1\",VLOOKUP($C52,ServiciosLote1!$B:$U,COLUMN(F$25)-2,FALSE),\n           IF($E$18=\"Lote 2\",VLOOKUP($C52,ServiciosLote2!$B:$U,COLUMN(F$25)-2,FALSE),\"\")\n          ),\"\")","v":"Jornada Ordinaria"},{"$f":"+IFERROR(IF($E$18=\"Lote 1\",VLOOKUP($C52,ServiciosLote1!$B:$U,COLUMN(G$25)-2,FALSE),\n           IF($E$18=\"Lote 2\",VLOOKUP($C52,ServiciosLote2!$B:$U,COLUMN(G$25)-2,FALSE),\"\")\n          ),\"\")","v":"Oro"},{"$f":"+IFERROR(IF($E$18=\"Lote 1\",VLOOKUP($C52,ServiciosLote1!$B:$U,COLUMN(H$25)-2,FALSE),\n           IF($E$18=\"Lote 2\",VLOOKUP($C52,ServiciosLote2!$B:$U,COLUMN(H$25)-2,FALSE),\"\")\n          ),\"\")","v":"Zona 1"},{"$f":"+IFERROR(IF($E$18=\"Lote 1\",VLOOKUP($C52,ServiciosLote1!$B:$U,COLUMN(I$25)-2,FALSE),\n           IF($E$18=\"Lote 2\",VLOOKUP($C52,ServiciosLote2!$B:$U,COLUMN(I$25)-2,FALSE),\"\")\n          ),\"\")","v":"NA"},{"$f":"+IFERROR(IF($E$18=\"Lote 1\",VLOOKUP($C52,ServiciosLote1!$B:$U,COLUMN(J$25)-2,FALSE),\n           IF($E$18=\"Lote 2\",VLOOKUP($C52,ServiciosLote2!$B:$U,COLUMN(J$25)-2,FALSE),\"\")\n          ),\"\")","v":"NA"},2,{"$f":"+IFERROR(IF($E$18=\"Lote 1\",VLOOKUP($C52,ServiciosLote1!$B:$U,9,FALSE),\n           IF($E$18=\"Lote 2\",VLOOKUP($C52,ServiciosLote2!$B:$U,9,FALSE),\"\")\n          ),\"\")","v":"Mes"},28,"Mes","IT-BPO-26-31 - Agente en la Entidad Compradora o Back Office_Agente técnico_Jornada Ordinaria_Oro_Zona 1_NA_NA - 2 Mes"]
[null,28,"IT-BPO-26-61",{"$f":"+IFERROR(IF($E$18=\"Lote 1\",VLOOKUP($C53,ServiciosLote1!$B:$U,COLUMN(D$25)-2,FALSE),\n           IF($E$18=\"Lote 2\",VLOOKUP($C53,ServiciosLote2!$B:$U,COLUMN(D$25)-2,FALSE),\"\")\n          ),\"\")","v":"Agente en la Entidad Compradora o Back Office"},{"$f":"+IFERROR(IF($E$18=\"Lote 1\",VLOOKUP($C53,ServiciosLote1!$B:$U,COLUMN(E$25)-2,FALSE),\n           IF($E$18=\"Lote 2\",VLOOKUP($C53,ServiciosLote2!$B:$U,COLUMN(E$25)-2,FALSE),\"\")\n          ),\"\")","v":"Agente profesional"},{"$f":"+IFERROR(IF($E$18=\"Lote 1\",VLOOKUP($C53,ServiciosLote1!$B:$U,COLUMN(F$25)-2,FALSE),\n           IF($E$18=\"Lote 2\",VLOOKUP($C53,ServiciosLote2!$B:$U,COLUMN(F$25)-2,FALSE),\"\")\n          ),\"\")","v":"Economía, administración, contaduría y afines"},{"$f":"+IFERROR(IF($E$18=\"Lote 1\",VLOOKUP($C53,ServiciosLote1!$B:$U,COLUMN(G$25)-2,FALSE),\n           IF($E$18=\"Lote 2\",VLOOKUP($C53,ServiciosLote2!$B:$U,COLUMN(G$25)-2,FALSE),\"\")\n          ),\"\")","v":"Jornada Ordinaria"},{"$f":"+IFERROR(IF($E$18=\"Lote 1\",VLOOKUP($C53,ServiciosLote1!$B:$U,COLUMN(H$25)-2,FALSE),\n           IF($E$18=\"Lote 2\",VLOOKUP($C53,ServiciosLote2!$B:$U,COLUMN(H$25)-2,FALSE),\"\")\n          ),\"\")","v":"Oro"},{"$f":"+IFERROR(IF($E$18=\"Lote 1\",VLOOKUP($C53,ServiciosLote1!$B:$U,COLUMN(I$25)-2,FALSE),\n           IF($E$18=\"Lote 2\",VLOOKUP($C53,ServiciosLote2!$B:$U,COLUMN(I$25)-2,FALSE),\"\")\n          ),\"\")","v":"Zona 1"},{"$f":"+IFERROR(IF($E$18=\"Lote 1\",VLOOKUP($C53,ServiciosLote1!$B:$U,COLUMN(J$25)-2,FALSE),\n           IF($E$18=\"Lote 2\",VLOOKUP($C53,ServiciosLote2!$B:$U,COLUMN(J$25)-2,FALSE),\"\")\n          ),\"\")","v":"NA"},2,{"$f":"+IFERROR(IF($E$18=\"Lote 1\",VLOOKUP($C53,ServiciosLote1!$B:$U,9,FALSE),\n           IF($E$18=\"Lote 2\",VLOOKUP($C53,ServiciosLote2!$B:$U,9,FALSE),\"\")\n          ),\"\")","v":"Mes"},28,"Mes","IT-BPO-26-61 - Agente en la Entidad Compradora o Back Office_Agente profesional_Economía, administración, contaduría y afines_Jornada Ordinaria_Oro_Zona 1_NA - 2 Mes"]
[null,29,"IT-BPO-29-41",{"$f":"+IFERROR(IF($E$18=\"Lote 1\",VLOOKUP($C54,ServiciosLote1!$B:$U,COLUMN(D$25)-2,FALSE),\n           IF($E$18=\"Lote 2\",VLOOKUP($C54,ServiciosLote2!$B:$U,COLUMN(D$25)-2,FALSE),\"\")\n          ),\"\")","v":"Agente con dominio en lenguaje de señas colombiana (Videollamada)"},{"$f":"+IFERROR(IF($E$18=\"Lote 1\",VLOOKUP($C54,ServiciosLote1!$B:$U,COLUMN(E$25)-2,FALSE),\n           IF($E$18=\"Lote 2\",VLOOKUP($C54,ServiciosLote2!$B:$U,COLUMN(E$25)-2,FALSE),\"\")\n          ),\"\")","v":"Agente técnico"},{"$f":"+IFERROR(IF($E$18=\"Lote 1\",VLOOKUP($C54,ServiciosLote1!$B:$U,COLUMN(F$25)-2,FALSE),\n           IF($E$18=\"Lote 2\",VLOOKUP($C54,ServiciosLote2!$B:$U,COLUMN(F$25)-2,FALSE),\"\")\n          ),\"\")","v":"En Sitio"},{"$f":"+IFERROR(IF($E$18=\"Lote 1\",VLOOKUP($C54,ServiciosLote1!$B:$U,COLUMN(G$25)-2,FALSE),\n           IF($E$18=\"Lote 2\",VLOOKUP($C54,ServiciosLote2!$B:$U,COLUMN(G$25)-2,FALSE),\"\")\n          ),\"\")","v":"Jornada Ordinaria"},{"$f":"+IFERROR(IF($E$18=\"Lote 1\",VLOOKUP($C54,ServiciosLote1!$B:$U,COLUMN(H$25)-2,FALSE),\n           IF($E$18=\"Lote 2\",VLOOKUP($C54,ServiciosLote2!$B:$U,COLUMN(H$25)-2,FALSE),\"\")\n          ),\"\")","v":"Oro"},{"$f":"+IFERROR(IF($E$18=\"Lote 1\",VLOOKUP($C54,ServiciosLote1!$B:$U,COLUMN(I$25)-2,FALSE),\n           IF($E$18=\"Lote 2\",VLOOKUP($C54,ServiciosLote2!$B:$U,COLUMN(I$25)-2,FALSE),\"\")\n          ),\"\")","v":"NA"},{"$f":"+IFERROR(IF($E$18=\"Lote 1\",VLOOKUP($C54,ServiciosLote1!$B:$U,COLUMN(J$25)-2,FALSE),\n           IF($E$18=\"Lote 2\",VLOOKUP($C54,ServiciosLote2!$B:$U,COLUMN(J$25)-2,FALSE),\"\")\n          ),\"\")","v":"NA"},1,{"$f":"+IFERROR(IF($E$18=\"Lote 1\",VLOOKUP($C54,ServiciosLote1!$B:$U,9,FALSE),\n           IF($E$18=\"Lote 2\",VLOOKUP($C54,ServiciosLote2!$B:$U,9,FALSE),\"\")\n          ),\"\")","v":"Mes"},28,"Mes","IT-BPO-29-41 - Agente con dominio en lenguaje de señas colombiana (Videollamada)_Agente técnico_En Sitio_Jornada Ordinaria_Oro_NA_NA - 1 Mes"]
[null,30,"IT-BPO-33-1",{"$f":"+IFERROR(IF($E$18=\"Lote 1\",VLOOKUP($C55,ServiciosLote1!$B:$U,COLUMN(D$25)-2,FALSE),\n           IF($E$18=\"Lote 2\",VLOOKUP($C55,ServiciosLote2!$B:$U,COLUMN(D$25)-2,FALSE),\"\")\n          ),\"\")","v":"Agente Minero de Datos"},{"$f":"+IFERROR(IF($E$18=\"Lote 1\",VLOOKUP($C55,ServiciosLote1!$B:$U,COLUMN(E$25)-2,FALSE),\n           IF($E$18=\"Lote 2\",VLOOKUP($C55,ServiciosLote2!$B:$U,COLUMN(E$25)-2,FALSE),\"\")\n          ),\"\")","v":"Agente profesional"},{"$f":"+IFERROR(IF($E$18=\"Lote 1\",VLOOKUP($C55,ServiciosLote1!$B:$U,COLUMN(F$25)-2,FALSE),\n           IF($E$18=\"Lote 2\",VLOOKUP($C55,ServiciosLote2!$B:$U,COLUMN(F$25)-2,FALSE),\"\")\n          ),\"\")","v":"Jornada Ordinaria "},{"$f":"+IFERROR(IF($E$18=\"Lote 1\",VLOOKUP($C55,ServiciosLote1!$B:$U,COLUMN(G$25)-2,FALSE),\n           IF($E$18=\"Lote 2\",VLOOKUP($C55,ServiciosLote2!$B:$U,COLUMN(G$25)-2,FALSE),\"\")\n          ),\"\")","v":"NA"},{"$f":"+IFERROR(IF($E$18=\"Lote 1\",VLOOKUP($C55,ServiciosLote1!$B:$U,COLUMN(H$25)-2,FALSE),\n           IF($E$18=\"Lote 2\",VLOOKUP($C55,ServiciosLote2!$B:$U,COLUMN(H$25)-2,FALSE),\"\")\n          ),\"\")","v":"NA"},{"$f":"+IFERROR(IF($E$18=\"Lote 1\",VLOOKUP($C55,ServiciosLote1!$B:$U,COLUMN(I$25)-2,FALSE),\n           IF($E$18=\"Lote 2\",VLOOKUP($C55,ServiciosLote2!$B:$U,COLUMN(I$25)-2,FALSE),\"\")\n          ),\"\")","v":"NA"},{"$f":"+IFERROR(IF($E$18=\"Lote 1\",VLOOKUP($C55,ServiciosLote1!$B:$U,COLUMN(J$25)-2,FALSE),\n           IF($E$18=\"Lote 2\",VLOOKUP($C55,ServiciosLote2!$B:$U,COLUMN(J$25)-2,FALSE),\"\")\n          ),\"\")","v":"NA"},2,{"$f":"+IFERROR(IF($E$18=\"Lote 1\",VLOOKUP($C55,ServiciosLote1!$B:$U,9,FALSE),\n           IF($E$18=\"Lote 2\",VLOOKUP($C55,ServiciosLote2!$B:$U,9,FALSE),\"\")\n          ),\"\")","v":"Mes"},28,"Mes","IT-BPO-33-1 - Agente Minero de Datos_Agente profesional_Jornada Ordinaria _NA_NA_NA_NA - 2 Mes"]
[null,31,"IT-BPO-35-1",{"$f":"+IFERROR(IF($E$18=\"Lote 1\",VLOOKUP($C56,ServiciosLote1!$B:$U,COLUMN(D$25)-2,FALSE),\n           IF($E$18=\"Lote 2\",VLOOKUP($C56,ServiciosLote2!$B:$U,COLUMN(D$25)-2,FALSE),\"\")\n          ),\"\")","v":"Coordinador Nacional"},{"$f":"+IFERROR(IF($E$18=\"Lote 1\",VLOOKUP($C56,ServiciosLote1!$B:$U,COLUMN(E$25)-2,FALSE),\n           IF($E$18=\"Lote 2\",VLOOKUP($C56,ServiciosLote2!$B:$U,COLUMN(E$25)-2,FALSE),\"\")\n          ),\"\")","v":"Jornada Ordinaria"},{"$f":"+IFERROR(IF($E$18=\"Lote 1\",VLOOKUP($C56,ServiciosLote1!$B:$U,COLUMN(F$25)-2,FALSE),\n           IF($E$18=\"Lote 2\",VLOOKUP($C56,ServiciosLote2!$B:$U,COLUMN(F$25)-2,FALSE),\"\")\n          ),\"\")","v":"Zona 1"},{"$f":"+IFERROR(IF($E$18=\"Lote 1\",VLOOKUP($C56,ServiciosLote1!$B:$U,COLUMN(G$25)-2,FALSE),\n           IF($E$18=\"Lote 2\",VLOOKUP($C56,ServiciosLote2!$B:$U,COLUMN(G$25)-2,FALSE),\"\")\n          ),\"\")","v":"Con herramienta"},{"$f":"+IFERROR(IF($E$18=\"Lote 1\",VLOOKUP($C56,ServiciosLote1!$B:$U,COLUMN(H$25)-2,FALSE),\n           IF($E$18=\"Lote 2\",VLOOKUP($C56,ServiciosLote2!$B:$U,COLUMN(H$25)-2,FALSE),\"\")\n          ),\"\")","v":"NA"},{"$f":"+IFERROR(IF($E$18=\"Lote 1\",VLOOKUP($C56,ServiciosLote1!$B:$U,COLUMN(I$25)-2,FALSE),\n           IF($E$18=\"Lote 2\",VLOOKUP($C56,ServiciosLote2!$B:$U,COLUMN(I$25)-2,FALSE),\"\")\n          ),\"\")","v":"NA"},{"$f":"+IFERROR(IF($E$18=\"Lote 1\",VLOOKUP($C56,ServiciosLote1!$B:$U,COLUMN(J$25)-2,FALSE),\n           IF($E$18=\"Lote 2\",VLOOKUP($C56,ServiciosLote2!$B:$U,COLUMN(J$25)-2,FALSE),\"\")\n          ),\"\")","v":"NA"},1,{"$f":"+IFERROR(IF($E$18=\"Lote 1\",VLOOKUP($C56,ServiciosLote1!$B:$U,9,FALSE),\n           IF($E$18=\"Lote 2\",VLOOKUP($C56,ServiciosLote2!$B:$U,9,FALSE),\"\")\n          ),\"\")","v":"Mes"},28,"Mes","IT-BPO-35-1 - Coordinador Nacional_Jornada Ordinaria_Zona 1_Con herramienta_NA_NA_NA - 1 Mes"]
[null,32,"IT-BPO-37-8",{"$f":"+IFERROR(IF($E$18=\"Lote 1\",VLOOKUP($C57,ServiciosLote1!$B:$U,COLUMN(D$25)-2,FALSE),\n           IF($E$18=\"Lote 2\",VLOOKUP($C57,ServiciosLote2!$B:$U,COLUMN(D$25)-2,FALSE),\"\")\n          ),\"\")","v":"Supervisor Servicios BPO"},{"$f":"+IFERROR(IF($E$18=\"Lote 1\",VLOOKUP($C57,ServiciosLote1!$B:$U,COLUMN(E$25)-2,FALSE),\n           IF($E$18=\"Lote 2\",VLOOKUP($C57,ServiciosLote2!$B:$U,COLUMN(E$25)-2,FALSE),\"\")\n          ),\"\")","v":"Jornada Ordinaria"},{"$f":"+IFERROR(IF($E$18=\"Lote 1\",VLOOKUP($C57,ServiciosLote1!$B:$U,COLUMN(F$25)-2,FALSE),\n           IF($E$18=\"Lote 2\",VLOOKUP($C57,ServiciosLote2!$B:$U,COLUMN(F$25)-2,FALSE),\"\")\n          ),\"\")","v":"Detallada"},{"$f":"+IFERROR(IF($E$18=\"Lote 1\",VLOOKUP($C57,ServiciosLote1!$B:$U,COLUMN(G$25)-2,FALSE),\n           IF($E$18=\"Lote 2\",VLOOKUP($C57,ServiciosLote2!$B:$U,COLUMN(G$25)-2,FALSE),\"\")\n          ),\"\")","v":"Con herramienta"},{"$f":"+IFERROR(IF($E$18=\"Lote 1\",VLOOKUP($C57,ServiciosLote1!$B:$U,COLUMN(H$25)-2,FALSE),\n           IF($E$18=\"Lote 2\",VLOOKUP($C57,ServiciosLote2!$B:$U,COLUMN(H$25)-2,FALSE),\"\")\n          ),\"\")","v":"NA"},{"$f":"+IFERROR(IF($E$18=\"Lote 1\",VLOOKUP($C57,ServiciosLote1!$B:$U,COLUMN(I$25)-2,FALSE),\n           IF($E$18=\"Lote 2\",VLOOKUP($C57,ServiciosLote2!$B:$U,COLUMN(I$25)-2,FALSE),\"\")\n          ),\"\")","v":"NA"},{"$f":"+IFERROR(IF($E$18=\"Lote 1\",VLOOKUP($C57,ServiciosLote1!$B:$U,COLUMN(J$25)-2,FALSE),\n           IF($E$18=\"Lote 2\",VLOOKUP($C57,ServiciosLote2!$B:$U,COLUMN(J$25)-2,FALSE),\"\")\n          ),\"\")","v":"NA"},4,{"$f":"+IFERROR(IF($E$18=\"Lote 1\",VLOOKUP($C57,ServiciosLote1!$B:$U,9,FALSE),\n           IF($E$18=\"Lote 2\",VLOOKUP($C57,ServiciosLote2!$B:$U,9,FALSE),\"\")\n          ),\"\")","v":"Mes"},3,"Mes","IT-BPO-37-8 - Supervisor Servicios BPO_Jornada Ordinaria_Detallada_Con herramienta_NA_NA_NA - 4 Mes"]
[null,33,"IT-BPO-37-8",{"$f":"+IFERROR(IF($E$18=\"Lote 1\",VLOOKUP($C58,ServiciosLote1!$B:$U,COLUMN(D$25)-2,FALSE),\n           IF($E$18=\"Lote 2\",VLOOKUP($C58,ServiciosLote2!$B:$U,COLUMN(D$25)-2,FALSE),\"\")\n          ),\"\")","v":"Supervisor Servicios BPO"},{"$f":"+IFERROR(IF($E$18=\"Lote 1\",VLOOKUP($C58,ServiciosLote1!$B:$U,COLUMN(E$25)-2,FALSE),\n           IF($E$18=\"Lote 2\",VLOOKUP($C58,ServiciosLote2!$B:$U,COLUMN(E$25)-2,FALSE),\"\")\n          ),\"\")","v":"Jornada Ordinaria"},{"$f":"+IFERROR(IF($E$18=\"Lote 1\",VLOOKUP($C58,ServiciosLote1!$B:$U,COLUMN(F$25)-2,FALSE),\n           IF($E$18=\"Lote 2\",VLOOKUP($C58,ServiciosLote2!$B:$U,COLUMN(F$25)-2,FALSE),\"\")\n          ),\"\")","v":"Detallada"},{"$f":"+IFERROR(IF($E$18=\"Lote 1\",VLOOKUP($C58,ServiciosLote1!$B:$U,COLUMN(G$25)-2,FALSE),\n           IF($E$18=\"Lote 2\",VLOOKUP($C58,ServiciosLote2!$B:$U,COLUMN(G$25)-2,FALSE),\"\")\n          ),\"\")","v":"Con herramienta"},{"$f":"+IFERROR(IF($E$18=\"Lote 1\",VLOOKUP($C58,ServiciosLote1!$B:$U,COLUMN(H$25)-2,FALSE),\n           IF($E$18=\"Lote 2\",VLOOKUP($C58,ServiciosLote2!$B:$U,COLUMN(H$25)-2,FALSE),\"\")\n          ),\"\")","v":"NA"},{"$f":"+IFERROR(IF($E$18=\"Lote 1\",VLOOKUP($C58,ServiciosLote1!$B:$U,COLUMN(I$25)-2,FALSE),\n           IF($E$18=\"Lote 2\",VLOOKUP($C58,ServiciosLote2!$B:$U,COLUMN(I$25)-2,FALSE),\"\")\n          ),\"\")","v":"NA"},{"$f":"+IFERROR(IF($E$18=\"Lote 1\",VLOOKUP($C58,ServiciosLote1!$B:$U,COLUMN(J$25)-2,FALSE),\n           IF($E$18=\"Lote 2\",VLOOKUP($C58,ServiciosLote2!$B:$U,COLUMN(J$25)-2,FALSE),\"\")\n          ),\"\")","v":"NA"},3,{"$f":"+IFERROR(IF($E$18=\"Lote 1\",VLOOKUP($C58,ServiciosLote1!$B:$U,9,FALSE),\n           IF($E$18=\"Lote 2\",VLOOKUP($C58,ServiciosLote2!$B:$U,9,FALSE),\"\")\n          ),\"\")","v":"Mes"},4,"Mes",{"$f":"C58&\" - \"&D58&\"_\"&E58&\"_\"&F58&\"_\"&G58&\"_\"&H58&\"_\"&I58&\"_\"&J58&\" - \"&K58&\" \"&L58","v":"IT-BPO-37-8 - Supervisor Servicios BPO_Jornada Ordinaria_Detallada_Con herramienta_NA_NA_NA - 3 Mes"}]
[null,34,"IT-BPO-37-8",{"$f":"+IFERROR(IF($E$18=\"Lote 1\",VLOOKUP($C59,ServiciosLote1!$B:$U,COLUMN(D$25)-2,FALSE),\n           IF($E$18=\"Lote 2\",VLOOKUP($C59,ServiciosLote2!$B:$U,COLUMN(D$25)-2,FALSE),\"\")\n          ),\"\")","v":"Supervisor Servicios BPO"},{"$f":"+IFERROR(IF($E$18=\"Lote 1\",VLOOKUP($C59,ServiciosLote1!$B:$U,COLUMN(E$25)-2,FALSE),\n           IF($E$18=\"Lote 2\",VLOOKUP($C59,ServiciosLote2!$B:$U,COLUMN(E$25)-2,FALSE),\"\")\n          ),\"\")","v":"Jornada Ordinaria"},{"$f":"+IFERROR(IF($E$18=\"Lote 1\",VLOOKUP($C59,ServiciosLote1!$B:$U,COLUMN(F$25)-2,FALSE),\n           IF($E$18=\"Lote 2\",VLOOKUP($C59,ServiciosLote2!$B:$U,COLUMN(F$25)-2,FALSE),\"\")\n          ),\"\")","v":"Detallada"},{"$f":"+IFERROR(IF($E$18=\"Lote 1\",VLOOKUP($C59,ServiciosLote1!$B:$U,COLUMN(G$25)-2,FALSE),\n           IF($E$18=\"Lote 2\",VLOOKUP($C59,ServiciosLote2!$B:$U,COLUMN(G$25)-2,FALSE),\"\")\n          ),\"\")","v":"Con herramienta"},{"$f":"+IFERROR(IF($E$18=\"Lote 1\",VLOOKUP($C59,ServiciosLote1!$B:$U,COLUMN(H$25)-2,FALSE),\n           IF($E$18=\"Lote 2\",VLOOKUP($C59,ServiciosLote2!$B:$U,COLUMN(H$25)-2,FALSE),\"\")\n          ),\"\")","v":"NA"},{"$f":"+IFERROR(IF($E$18=\"Lote 1\",VLOOKUP($C59,ServiciosLote1!$B:$U,COLUMN(I$25)-2,FALSE),\n           IF($E$18=\"Lote 2\",VLOOKUP($C59,ServiciosLote2!$B:$U,COLUMN(I$25)-2,FALSE),\"\")\n          ),\"\")","v":"NA"},{"$f":"+IFERROR(IF($E$18=\"Lote 1\",VLOOKUP($C59,ServiciosLote1!$B:$U,COLUMN(J$25)-2,FALSE),\n           IF($E$18=\"Lote 2\",VLOOKUP($C59,ServiciosLote2!$B:$U,COLUMN(J$25)-2,FALSE),\"\")\n          ),\"\")","v":"NA"},2,{"$f":"+IFERROR(IF($E$18=\"Lote 1\",VLOOKUP($C59,ServiciosLote1!$B:$U,9,FALSE),\n           IF($E$18=\"Lote 2\",VLOOKUP($C59,ServiciosLote2!$B:$U,9,FALSE),\"\")\n          ),\"\")","v":"Mes"},21,"Mes","IT-BPO-37-8 - Supervisor Servicios BPO_Jornada Ordinaria_Detallada_Con herramienta_NA_NA_NA - 2 Mes"]
[null,35,"IT-BPO-38-1",{"$f":"+IFERROR(IF($E$18=\"Lote 1\",VLOOKUP($C60,ServiciosLote1!$B:$U,COLUMN(D$25)-2,FALSE),\n           IF($E$18=\"Lote 2\",VLOOKUP($C60,ServiciosLote2!$B:$U,COLUMN(D$25)-2,FALSE),\"\")\n          ),\"\")","v":"Líder de calidad"},{"$f":"+IFERROR(IF($E$18=\"Lote 1\",VLOOKUP($C60,ServiciosLote1!$B:$U,COLUMN(E$25)-2,FALSE),\n           IF($E$18=\"Lote 2\",VLOOKUP($C60,ServiciosLote2!$B:$U,COLUMN(E$25)-2,FALSE),\"\")\n          ),\"\")","v":"Jornada Ordinaria"},{"$f":"+IFERROR(IF($E$18=\"Lote 1\",VLOOKUP($C60,ServiciosLote1!$B:$U,COLUMN(F$25)-2,FALSE),\n           IF($E$18=\"Lote 2\",VLOOKUP($C60,ServiciosLote2!$B:$U,COLUMN(F$25)-2,FALSE),\"\")\n          ),\"\")","v":"Detallada"},{"$f":"+IFERROR(IF($E$18=\"Lote 1\",VLOOKUP($C60,ServiciosLote1!$B:$U,COLUMN(G$25)-2,FALSE),\n           IF($E$18=\"Lote 2\",VLOOKUP($C60,ServiciosLote2!$B:$U,COLUMN(G$25)-2,FALSE),\"\")\n          ),\"\")","v":"Con herramienta"},{"$f":"+IFERROR(IF($E$18=\"Lote 1\",VLOOKUP($C60,ServiciosLote1!$B:$U,COLUMN(H$25)-2,FALSE),\n           IF($E$18=\"Lote 2\",VLOOKUP($C60,ServiciosLote2!$B:$U,COLUMN(H$25)-2,FALSE),\"\")\n          ),\"\")","v":"NA"},{"$f":"+IFERROR(IF($E$18=\"Lote 1\",VLOOKUP($C60,ServiciosLote1!$B:$U,COLUMN(I$25)-2,FALSE),\n           IF($E$18=\"Lote 2\",VLOOKUP($C60,ServiciosLote2!$B:$U,COLUMN(I$25)-2,FALSE),\"\")\n          ),\"\")","v":"NA"},{"$f":"+IFERROR(IF($E$18=\"Lote 1\",VLOOKUP($C60,ServiciosLote1!$B:$U,COLUMN(J$25)-2,FALSE),\n           IF($E$18=\"Lote 2\",VLOOKUP($C60,ServiciosLote2!$B:$U,COLUMN(J$25)-2,FALSE),\"\")\n          ),\"\")","v":"NA"},4,{"$f":"+IFERROR(IF($E$18=\"Lote 1\",VLOOKUP($C60,ServiciosLote1!$B:$U,9,FALSE),\n           IF($E$18=\"Lote 2\",VLOOKUP($C60,ServiciosLote2!$B:$U,9,FALSE),\"\")\n          ),\"\")","v":"Mes"},3,"Mes","IT-BPO-38-1 - Líder de calidad_Jornada Ordinaria_Detallada_Con herramienta_NA_NA_NA - 4 Mes"]
[null,36,"IT-BPO-38-1",{"$f":"+IFERROR(IF($E$18=\"Lote 1\",VLOOKUP($C61,ServiciosLote1!$B:$U,COLUMN(D$25)-2,FALSE),\n           IF($E$18=\"Lote 2\",VLOOKUP($C61,ServiciosLote2!$B:$U,COLUMN(D$25)-2,FALSE),\"\")\n          ),\"\")","v":"Líder de calidad"},{"$f":"+IFERROR(IF($E$18=\"Lote 1\",VLOOKUP($C61,ServiciosLote1!$B:$U,COLUMN(E$25)-2,FALSE),\n           IF($E$18=\"Lote 2\",VLOOKUP($C61,ServiciosLote2!$B:$U,COLUMN(E$25)-2,FALSE),\"\")\n          ),\"\")","v":"Jornada Ordinaria"},{"$f":"+IFERROR(IF($E$18=\"Lote 1\",VLOOKUP($C61,ServiciosLote1!$B:$U,COLUMN(F$25)-2,FALSE),\n           IF($E$18=\"Lote 2\",VLOOKUP($C61,ServiciosLote2!$B:$U,COLUMN(F$25)-2,FALSE),\"\")\n          ),\"\")","v":"Detallada"},{"$f":"+IFERROR(IF($E$18=\"Lote 1\",VLOOKUP($C61,ServiciosLote1!$B:$U,COLUMN(G$25)-2,FALSE),\n           IF($E$18=\"Lote 2\",VLOOKUP($C61,ServiciosLote2!$B:$U,COLUMN(G$25)-2,FALSE),\"\")\n          ),\"\")","v":"Con herramienta"},{"$f":"+IFERROR(IF($E$18=\"Lote 1\",VLOOKUP($C61,ServiciosLote1!$B:$U,COLUMN(H$25)-2,FALSE),\n           IF($E$18=\"Lote 2\",VLOOKUP($C61,ServiciosLote2!$B:$U,COLUMN(H$25)-2,FALSE),\"\")\n          ),\"\")","v":"NA"},{"$f":"+IFERROR(IF($E$18=\"Lote 1\",VLOOKUP($C61,ServiciosLote1!$B:$U,COLUMN(I$25)-2,FALSE),\n           IF($E$18=\"Lote 2\",VLOOKUP($C61,ServiciosLote2!$B:$U,COLUMN(I$25)-2,FALSE),\"\")\n          ),\"\")","v":"NA"},{"$f":"+IFERROR(IF($E$18=\"Lote 1\",VLOOKUP($C61,ServiciosLote1!$B:$U,COLUMN(J$25)-2,FALSE),\n           IF($E$18=\"Lote 2\",VLOOKUP($C61,ServiciosLote2!$B:$U,COLUMN(J$25)-2,FALSE),\"\")\n          ),\"\")","v":"NA"},3,{"$f":"+IFERROR(IF($E$18=\"Lote 1\",VLOOKUP($C61,ServiciosLote1!$B:$U,9,FALSE),\n           IF($E$18=\"Lote 2\",VLOOKUP($C61,ServiciosLote2!$B:$U,9,FALSE),\"\")\n          ),\"\")","v":"Mes"},4,"Mes","IT-BPO-38-1 - Líder de calidad_Jornada Ordinaria_Detallada_Con herramienta_NA_NA_NA - 3 Mes"]
[null,37,"IT-BPO-38-1",{"$f":"+IFERROR(IF($E$18=\"Lote 1\",VLOOKUP($C62,ServiciosLote1!$B:$U,COLUMN(D$25)-2,FALSE),\n           IF($E$18=\"Lote 2\",VLOOKUP($C62,ServiciosLote2!$B:$U,COLUMN(D$25)-2,FALSE),\"\")\n          ),\"\")","v":"Líder de calidad"},{"$f":"+IFERROR(IF($E$18=\"Lote 1\",VLOOKUP($C62,ServiciosLote1!$B:$U,COLUMN(E$25)-2,FALSE),\n           IF($E$18=\"Lote 2\",VLOOKUP($C62,ServiciosLote2!$B:$U,COLUMN(E$25)-2,FALSE),\"\")\n          ),\"\")","v":"Jornada Ordinaria"},{"$f":"+IFERROR(IF($E$18=\"Lote 1\",VLOOKUP($C62,ServiciosLote1!$B:$U,COLUMN(F$25)-2,FALSE),\n           IF($E$18=\"Lote 2\",VLOOKUP($C62,ServiciosLote2!$B:$U,COLUMN(F$25)-2,FALSE),\"\")\n          ),\"\")","v":"Detallada"},{"$f":"+IFERROR(IF($E$18=\"Lote 1\",VLOOKUP($C62,ServiciosLote1!$B:$U,COLUMN(G$25)-2,FALSE),\n           IF($E$18=\"Lote 2\",VLOOKUP($C62,ServiciosLote2!$B:$U,COLUMN(G$25)-2,FALSE),\"\")\n          ),\"\")","v":"Con herramienta"},{"$f":"+IFERROR(IF($E$18=\"Lote 1\",VLOOKUP($C62,ServiciosLote1!$B:$U,COLUMN(H$25)-2,FALSE),\n           IF($E$18=\"Lote 2\",VLOOKUP($C62,ServiciosLote2!$B:$U,COLUMN(H$25)-2,FALSE),\"\")\n          ),\"\")","v":"NA"},{"$f":"+IFERROR(IF($E$18=\"Lote 1\",VLOOKUP($C62,ServiciosLote1!$B:$U,COLUMN(I$25)-2,FALSE),\n           IF($E$18=\"Lote 2\",VLOOKUP($C62,ServiciosLote2!$B:$U,COLUMN(I$25)-2,FALSE),\"\")\n          ),\"\")","v":"NA"},{"$f":"+IFERROR(IF($E$18=\"Lote 1\",VLOOKUP($C62,ServiciosLote1!$B:$U,COLUMN(J$25)-2,FALSE),\n           IF($E$18=\"Lote 2\",VLOOKUP($C62,ServiciosLote2!$B:$U,COLUMN(J$25)-2,FALSE),\"\")\n          ),\"\")","v":"NA"},2,{"$f":"+IFERROR(IF($E$18=\"Lote 1\",VLOOKUP($C62,ServiciosLote1!$B:$U,9,FALSE),\n           IF($E$18=\"Lote 2\",VLOOKUP($C62,ServiciosLote2!$B:$U,9,FALSE),\"\")\n          ),\"\")","v":"Mes"},21,"Mes","IT-BPO-38-1 - Líder de calidad_Jornada Ordinaria_Detallada_Con herramienta_NA_NA_NA - 2 Mes"]
[null,38,"IT-BPO-39-1",{"$f":"+IFERROR(IF($E$18=\"Lote 1\",VLOOKUP($C63,ServiciosLote1!$B:$U,COLUMN(D$25)-2,FALSE),\n           IF($E$18=\"Lote 2\",VLOOKUP($C63,ServiciosLote2!$B:$U,COLUMN(D$25)-2,FALSE),\"\")\n          ),\"\")","v":"Formador"},{"$f":"+IFERROR(IF($E$18=\"Lote 1\",VLOOKUP($C63,ServiciosLote1!$B:$U,COLUMN(E$25)-2,FALSE),\n           IF($E$18=\"Lote 2\",VLOOKUP($C63,ServiciosLote2!$B:$U,COLUMN(E$25)-2,FALSE),\"\")\n          ),\"\")","v":"Jornada Ordinaria"},{"$f":"+IFERROR(IF($E$18=\"Lote 1\",VLOOKUP($C63,ServiciosLote1!$B:$U,COLUMN(F$25)-2,FALSE),\n           IF($E$18=\"Lote 2\",VLOOKUP($C63,ServiciosLote2!$B:$U,COLUMN(F$25)-2,FALSE),\"\")\n          ),\"\")","v":"NA"},{"$f":"+IFERROR(IF($E$18=\"Lote 1\",VLOOKUP($C63,ServiciosLote1!$B:$U,COLUMN(G$25)-2,FALSE),\n           IF($E$18=\"Lote 2\",VLOOKUP($C63,ServiciosLote2!$B:$U,COLUMN(G$25)-2,FALSE),\"\")\n          ),\"\")","v":"NA"},{"$f":"+IFERROR(IF($E$18=\"Lote 1\",VLOOKUP($C63,ServiciosLote1!$B:$U,COLUMN(H$25)-2,FALSE),\n           IF($E$18=\"Lote 2\",VLOOKUP($C63,ServiciosLote2!$B:$U,COLUMN(H$25)-2,FALSE),\"\")\n          ),\"\")","v":"NA"},{"$f":"+IFERROR(IF($E$18=\"Lote 1\",VLOOKUP($C63,ServiciosLote1!$B:$U,COLUMN(I$25)-2,FALSE),\n           IF($E$18=\"Lote 2\",VLOOKUP($C63,ServiciosLote2!$B:$U,COLUMN(I$25)-2,FALSE),\"\")\n          ),\"\")","v":"NA"},{"$f":"+IFERROR(IF($E$18=\"Lote 1\",VLOOKUP($C63,ServiciosLote1!$B:$U,COLUMN(J$25)-2,FALSE),\n           IF($E$18=\"Lote 2\",VLOOKUP($C63,ServiciosLote2!$B:$U,COLUMN(J$25)-2,FALSE),\"\")\n          ),\"\")","v":"NA"},3,{"$f":"+IFERROR(IF($E$18=\"Lote 1\",VLOOKUP($C63,ServiciosLote1!$B:$U,9,FALSE),\n           IF($E$18=\"Lote 2\",VLOOKUP($C63,ServiciosLote2!$B:$U,9,FALSE),\"\")\n          ),\"\")","v":"Mes"},3,"Mes","IT-BPO-39-1 - Formador_Jornada Ordinaria_NA_NA_NA_NA_NA - 3 Mes"]
[null,39,"IT-BPO-39-1",{"$f":"+IFERROR(IF($E$18=\"Lote 1\",VLOOKUP($C64,ServiciosLote1!$B:$U,COLUMN(D$25)-2,FALSE),\n           IF($E$18=\"Lote 2\",VLOOKUP($C64,ServiciosLote2!$B:$U,COLUMN(D$25)-2,FALSE),\"\")\n          ),\"\")","v":"Formador"},{"$f":"+IFERROR(IF($E$18=\"Lote 1\",VLOOKUP($C64,ServiciosLote1!$B:$U,COLUMN(E$25)-2,FALSE),\n           IF($E$18=\"Lote 2\",VLOOKUP($C64,ServiciosLote2!$B:$U,COLUMN(E$25)-2,FALSE),\"\")\n          ),\"\")","v":"Jornada Ordinaria"},{"$f":"+IFERROR(IF($E$18=\"Lote 1\",VLOOKUP($C64,ServiciosLote1!$B:$U,COLUMN(F$25)-2,FALSE),\n           IF($E$18=\"Lote 2\",VLOOKUP($C64,ServiciosLote2!$B:$U,COLUMN(F$25)-2,FALSE),\"\")\n          ),\"\")","v":"NA"},{"$f":"+IFERROR(IF($E$18=\"Lote 1\",VLOOKUP($C64,ServiciosLote1!$B:$U,COLUMN(G$25)-2,FALSE),\n           IF($E$18=\"Lote 2\",VLOOKUP($C64,ServiciosLote2!$B:$U,COLUMN(G$25)-2,FALSE),\"\")\n          ),\"\")","v":"NA"},{"$f":"+IFERROR(IF($E$18=\"Lote 1\",VLOOKUP($C64,ServiciosLote1!$B:$U,COLUMN(H$25)-2,FALSE),\n           IF($E$18=\"Lote 2\",VLOOKUP($C64,ServiciosLote2!$B:$U,COLUMN(H$25)-2,FALSE),\"\")\n          ),\"\")","v":"NA"},{"$f":"+IFERROR(IF($E$18=\"Lote 1\",VLOOKUP($C64,ServiciosLote1!$B:$U,COLUMN(I$25)-2,FALSE),\n           IF($E$18=\"Lote 2\",VLOOKUP($C64,ServiciosLote2!$B:$U,COLUMN(I$25)-2,FALSE),\"\")\n          ),\"\")","v":"NA"},{"$f":"+IFERROR(IF($E$18=\"Lote 1\",VLOOKUP($C64,ServiciosLote1!$B:$U,COLUMN(J$25)-2,FALSE),\n           IF($E$18=\"Lote 2\",VLOOKUP($C64,ServiciosLote2!$B:$U,COLUMN(J$25)-2,FALSE),\"\")\n          ),\"\")","v":"NA"},2,{"$f":"+IFERROR(IF($E$18=\"Lote 1\",VLOOKUP($C64,ServiciosLote1!$B:$U,9,FALSE),\n           IF($E$18=\"Lote 2\",VLOOKUP($C64,ServiciosLote2!$B:$U,9,FALSE),\"\")\n          ),\"\")","v":"Mes"},25,"Mes","IT-BPO-39-1 - Formador_Jornada Ordinaria_NA_NA_NA_NA_NA - 2 Mes"]
[null,40,"IT-BPO-47-1",{"$f":"+IFERROR(IF($E$18=\"Lote 1\",VLOOKUP($C65,ServiciosLote1!$B:$U,COLUMN(D$25)-2,FALSE),\n           IF($E$18=\"Lote 2\",VLOOKUP($C65,ServiciosLote2!$B:$U,COLUMN(D$25)-2,FALSE),\"\")\n          ),\"\")","v":"Plataforma de Centro de Contacto para Agente "},{"$f":"+IFERROR(IF($E$18=\"Lote 1\",VLOOKUP($C65,ServiciosLote1!$B:$U,COLUMN(E$25)-2,FALSE),\n           IF($E$18=\"Lote 2\",VLOOKUP($C65,ServiciosLote2!$B:$U,COLUMN(E$25)-2,FALSE),\"\")\n          ),\"\")","v":"Omnicanal"},{"$f":"+IFERROR(IF($E$18=\"Lote 1\",VLOOKUP($C65,ServiciosLote1!$B:$U,COLUMN(F$25)-2,FALSE),\n           IF($E$18=\"Lote 2\",VLOOKUP($C65,ServiciosLote2!$B:$U,COLUMN(F$25)-2,FALSE),\"\")\n          ),\"\")","v":"NA"},{"$f":"+IFERROR(IF($E$18=\"Lote 1\",VLOOKUP($C65,ServiciosLote1!$B:$U,COLUMN(G$25)-2,FALSE),\n           IF($E$18=\"Lote 2\",VLOOKUP($C65,ServiciosLote2!$B:$U,COLUMN(G$25)-2,FALSE),\"\")\n          ),\"\")","v":"NA"},{"$f":"+IFERROR(IF($E$18=\"Lote 1\",VLOOKUP($C65,ServiciosLote1!$B:$U,COLUMN(H$25)-2,FALSE),\n           IF($E$18=\"Lote 2\",VLOOKUP($C65,ServiciosLote2!$B:$U,COLUMN(H$25)-2,FALSE),\"\")\n          ),\"\")","v":"NA"},{"$f":"+IFERROR(IF($E$18=\"Lote 1\",VLOOKUP($C65,ServiciosLote1!$B:$U,COLUMN(I$25)-2,FALSE),\n           IF($E$18=\"Lote 2\",VLOOKUP($C65,ServiciosLote2!$B:$U,COLUMN(I$25)-2,FALSE),\"\")\n          ),\"\")","v":"NA"},{"$f":"+IFERROR(IF($E$18=\"Lote 1\",VLOOKUP($C65,ServiciosLote1!$B:$U,COLUMN(J$25)-2,FALSE),\n           IF($E$18=\"Lote 2\",VLOOKUP($C65,ServiciosLote2!$B:$U,COLUMN(J$25)-2,FALSE),\"\")\n          ),\"\")","v":"NA"},72,{"$f":"+IFERROR(IF($E$18=\"Lote 1\",VLOOKUP($C65,ServiciosLote1!$B:$U,9,FALSE),\n           IF($E$18=\"Lote 2\",VLOOKUP($C65,ServiciosLote2!$B:$U,9,FALSE),\"\")\n          ),\"\")","v":"Licencia por posición"},3,"Mes","IT-BPO-47-1 - Plataforma de Centro de Contacto para Agente _Omnicanal_NA_NA_NA_NA_NA - 72 Licencia por posición"]
[null,41,"IT-BPO-47-1",{"$f":"+IFERROR(IF($E$18=\"Lote 1\",VLOOKUP($C66,ServiciosLote1!$B:$U,COLUMN(D$25)-2,FALSE),\n           IF($E$18=\"Lote 2\",VLOOKUP($C66,ServiciosLote2!$B:$U,COLUMN(D$25)-2,FALSE),\"\")\n          ),\"\")","v":"Plataforma de Centro de Contacto para Agente "},{"$f":"+IFERROR(IF($E$18=\"Lote 1\",VLOOKUP($C66,ServiciosLote1!$B:$U,COLUMN(E$25)-2,FALSE),\n           IF($E$18=\"Lote 2\",VLOOKUP($C66,ServiciosLote2!$B:$U,COLUMN(E$25)-2,FALSE),\"\")\n          ),\"\")","v":"Omnicanal"},{"$f":"+IFERROR(IF($E$18=\"Lote 1\",VLOOKUP($C66,ServiciosLote1!$B:$U,COLUMN(F$25)-2,FALSE),\n           IF($E$18=\"Lote 2\",VLOOKUP($C66,ServiciosLote2!$B:$U,COLUMN(F$25)-2,FALSE),\"\")\n          ),\"\")","v":"NA"},{"$f":"+IFERROR(IF($E$18=\"Lote 1\",VLOOKUP($C66,ServiciosLote1!$B:$U,COLUMN(G$25)-2,FALSE),\n           IF($E$18=\"Lote 2\",VLOOKUP($C66,ServiciosLote2!$B:$U,COLUMN(G$25)-2,FALSE),\"\")\n          ),\"\")","v":"NA"},{"$f":"+IFERROR(IF($E$18=\"Lote 1\",VLOOKUP($C66,ServiciosLote1!$B:$U,COLUMN(H$25)-2,FALSE),\n           IF($E$18=\"Lote 2\",VLOOKUP($C66,ServiciosLote2!$B:$U,COLUMN(H$25)-2,FALSE),\"\")\n          ),\"\")","v":"NA"},{"$f":"+IFERROR(IF($E$18=\"Lote 1\",VLOOKUP($C66,ServiciosLote1!$B:$U,COLUMN(I$25)-2,FALSE),\n           IF($E$18=\"Lote 2\",VLOOKUP($C66,ServiciosLote2!$B:$U,COLUMN(I$25)-2,FALSE),\"\")\n          ),\"\")","v":"NA"},{"$f":"+IFERROR(IF($E$18=\"Lote 1\",VLOOKUP($C66,ServiciosLote1!$B:$U,COLUMN(J$25)-2,FALSE),\n           IF($E$18=\"Lote 2\",VLOOKUP($C66,ServiciosLote2!$B:$U,COLUMN(J$25)-2,FALSE),\"\")\n          ),\"\")","v":"NA"},56,{"$f":"+IFERROR(IF($E$18=\"Lote 1\",VLOOKUP($C66,ServiciosLote1!$B:$U,9,FALSE),\n           IF($E$18=\"Lote 2\",VLOOKUP($C66,ServiciosLote2!$B:$U,9,FALSE),\"\")\n          ),\"\")","v":"Licencia por posición"},6,"Mes","IT-BPO-47-1 - Plataforma de Centro de Contacto para Agente _Omnicanal_NA_NA_NA_NA_NA - 56 Licencia por posición"]
[null,42,"IT-BPO-47-1",{"$f":"+IFERROR(IF($E$18=\"Lote 1\",VLOOKUP($C67,ServiciosLote1!$B:$U,COLUMN(D$25)-2,FALSE),\n           IF($E$18=\"Lote 2\",VLOOKUP($C67,ServiciosLote2!$B:$U,COLUMN(D$25)-2,FALSE),\"\")\n          ),\"\")","v":"Plataforma de Centro de Contacto para Agente "},{"$f":"+IFERROR(IF($E$18=\"Lote 1\",VLOOKUP($C67,ServiciosLote1!$B:$U,COLUMN(E$25)-2,FALSE),\n           IF($E$18=\"Lote 2\",VLOOKUP($C67,ServiciosLote2!$B:$U,COLUMN(E$25)-2,FALSE),\"\")\n          ),\"\")","v":"Omnicanal"},{"$f":"+IFERROR(IF($E$18=\"Lote 1\",VLOOKUP($C67,ServiciosLote1!$B:$U,COLUMN(F$25)-2,FALSE),\n           IF($E$18=\"Lote 2\",VLOOKUP($C67,ServiciosLote2!$B:$U,COLUMN(F$25)-2,FALSE),\"\")\n          ),\"\")","v":"NA"},{"$f":"+IFERROR(IF($E$18=\"Lote 1\",VLOOKUP($C67,ServiciosLote1!$B:$U,COLUMN(G$25)-2,FALSE),\n           IF($E$18=\"Lote 2\",VLOOKUP($C67,ServiciosLote2!$B:$U,COLUMN(G$25)-2,FALSE),\"\")\n          ),\"\")","v":"NA"},{"$f":"+IFERROR(IF($E$18=\"Lote 1\",VLOOKUP($C67,ServiciosLote1!$B:$U,COLUMN(H$25)-2,FALSE),\n           IF($E$18=\"Lote 2\",VLOOKUP($C67,ServiciosLote2!$B:$U,COLUMN(H$25)-2,FALSE),\"\")\n          ),\"\")","v":"NA"},{"$f":"+IFERROR(IF($E$18=\"Lote 1\",VLOOKUP($C67,ServiciosLote1!$B:$U,COLUMN(I$25)-2,FALSE),\n           IF($E$18=\"Lote 2\",VLOOKUP($C67,ServiciosLote2!$B:$U,COLUMN(I$25)-2,FALSE),\"\")\n          ),\"\")","v":"NA"},{"$f":"+IFERROR(IF($E$18=\"Lote 1\",VLOOKUP($C67,ServiciosLote1!$B:$U,COLUMN(J$25)-2,FALSE),\n           IF($E$18=\"Lote 2\",VLOOKUP($C67,ServiciosLote2!$B:$U,COLUMN(J$25)-2,FALSE),\"\")\n          ),\"\")","v":"NA"},44,{"$f":"+IFERROR(IF($E$18=\"Lote 1\",VLOOKUP($C67,ServiciosLote1!$B:$U,9,FALSE),\n           IF($E$18=\"Lote 2\",VLOOKUP($C67,ServiciosLote2!$B:$U,9,FALSE),\"\")\n          ),\"\")","v":"Licencia por posición"},6,"Mes","IT-BPO-47-1 - Plataforma de Centro de Contacto para Agente _Omnicanal_NA_NA_NA_NA_NA - 44 Licencia por posición"]
[null,43,"IT-BPO-47-1",{"$f":"+IFERROR(IF($E$18=\"Lote 1\",VLOOKUP($C68,ServiciosLote1!$B:$U,COLUMN(D$25)-2,FALSE),\n           IF($E$18=\"Lote 2\",VLOOKUP($C68,ServiciosLote2!$B:$U,COLUMN(D$25)-2,FALSE),\"\")\n          ),\"\")","v":"Plataforma de Centro de Contacto para Agente "},{"$f":"+IFERROR(IF($E$18=\"Lote 1\",VLOOKUP($C68,ServiciosLote1!$B:$U,COLUMN(E$25)-2,FALSE),\n           IF($E$18=\"Lote 2\",VLOOKUP($C68,ServiciosLote2!$B:$U,COLUMN(E$25)-2,FALSE),\"\")\n          ),\"\")","v":"Omnicanal"},{"$f":"+IFERROR(IF($E$18=\"Lote 1\",VLOOKUP($C68,ServiciosLote1!$B:$U,COLUMN(F$25)-2,FALSE),\n           IF($E$18=\"Lote 2\",VLOOKUP($C68,ServiciosLote2!$B:$U,COLUMN(F$25)-2,FALSE),\"\")\n          ),\"\")","v":"NA"},{"$f":"+IFERROR(IF($E$18=\"Lote 1\",VLOOKUP($C68,ServiciosLote1!$B:$U,COLUMN(G$25)-2,FALSE),\n           IF($E$18=\"Lote 2\",VLOOKUP($C68,ServiciosLote2!$B:$U,COLUMN(G$25)-2,FALSE),\"\")\n          ),\"\")","v":"NA"},{"$f":"+IFERROR(IF($E$18=\"Lote 1\",VLOOKUP($C68,ServiciosLote1!$B:$U,COLUMN(H$25)-2,FALSE),\n           IF($E$18=\"Lote 2\",VLOOKUP($C68,ServiciosLote2!$B:$U,COLUMN(H$25)-2,FALSE),\"\")\n          ),\"\")","v":"NA"},{"$f":"+IFERROR(IF($E$18=\"Lote 1\",VLOOKUP($C68,ServiciosLote1!$B:$U,COLUMN(I$25)-2,FALSE),\n           IF($E$18=\"Lote 2\",VLOOKUP($C68,ServiciosLote2!$B:$U,COLUMN(I$25)-2,FALSE),\"\")\n          ),\"\")","v":"NA"},{"$f":"+IFERROR(IF($E$18=\"Lote 1\",VLOOKUP($C68,ServiciosLote1!$B:$U,COLUMN(J$25)-2,FALSE),\n           IF($E$18=\"Lote 2\",VLOOKUP($C68,ServiciosLote2!$B:$U,COLUMN(J$25)-2,FALSE),\"\")\n          ),\"\")","v":"NA"},30,{"$f":"+IFERROR(IF($E$18=\"Lote 1\",VLOOKUP($C68,ServiciosLote1!$B:$U,9,FALSE),\n           IF($E$18=\"Lote 2\",VLOOKUP($C68,ServiciosLote2!$B:$U,9,FALSE),\"\")\n          ),\"\")","v":"Licencia por posición"},13,"Mes","IT-BPO-47-1 - Plataforma de Centro de Contacto para Agente _Omnicanal_NA_NA_NA_NA_NA - 30 Licencia por posición"]
[null,44,"IT-BPO-48-1",{"$f":"+IFERROR(IF($E$18=\"Lote 1\",VLOOKUP($C69,ServiciosLote1!$B:$U,COLUMN(D$25)-2,FALSE),\n           IF($E$18=\"Lote 2\",VLOOKUP($C69,ServiciosLote2!$B:$U,COLUMN(D$25)-2,FALSE),\"\")\n          ),\"\")","v":"Hora desarrollo"},{"$f":"+IFERROR(IF($E$18=\"Lote 1\",VLOOKUP($C69,ServiciosLote1!$B:$U,COLUMN(E$25)-2,FALSE),\n           IF($E$18=\"Lote 2\",VLOOKUP($C69,ServiciosLote2!$B:$U,COLUMN(E$25)-2,FALSE),\"\")\n          ),\"\")","v":"NA"},{"$f":"+IFERROR(IF($E$18=\"Lote 1\",VLOOKUP($C69,ServiciosLote1!$B:$U,COLUMN(F$25)-2,FALSE),\n           IF($E$18=\"Lote 2\",VLOOKUP($C69,ServiciosLote2!$B:$U,COLUMN(F$25)-2,FALSE),\"\")\n          ),\"\")","v":"NA"},{"$f":"+IFERROR(IF($E$18=\"Lote 1\",VLOOKUP($C69,ServiciosLote1!$B:$U,COLUMN(G$25)-2,FALSE),\n           IF($E$18=\"Lote 2\",VLOOKUP($C69,ServiciosLote2!$B:$U,COLUMN(G$25)-2,FALSE),\"\")\n          ),\"\")","v":"NA"},{"$f":"+IFERROR(IF($E$18=\"Lote 1\",VLOOKUP($C69,ServiciosLote1!$B:$U,COLUMN(H$25)-2,FALSE),\n           IF($E$18=\"Lote 2\",VLOOKUP($C69,ServiciosLote2!$B:$U,COLUMN(H$25)-2,FALSE),\"\")\n          ),\"\")","v":"NA"},{"$f":"+IFERROR(IF($E$18=\"Lote 1\",VLOOKUP($C69,ServiciosLote1!$B:$U,COLUMN(I$25)-2,FALSE),\n           IF($E$18=\"Lote 2\",VLOOKUP($C69,ServiciosLote2!$B:$U,COLUMN(I$25)-2,FALSE),\"\")\n          ),\"\")","v":"NA"},{"$f":"+IFERROR(IF($E$18=\"Lote 1\",VLOOKUP($C69,ServiciosLote1!$B:$U,COLUMN(J$25)-2,FALSE),\n           IF($E$18=\"Lote 2\",VLOOKUP($C69,ServiciosLote2!$B:$U,COLUMN(J$25)-2,FALSE),\"\")\n          ),\"\")","v":"NA"},125,{"$f":"+IFERROR(IF($E$18=\"Lote 1\",VLOOKUP($C69,ServiciosLote1!$B:$U,9,FALSE),\n           IF($E$18=\"Lote 2\",VLOOKUP($C69,ServiciosLote2!$B:$U,9,FALSE),\"\")\n          ),\"\")","v":"Hora desarrollo"},28,"Mes","IT-BPO-48-1 - Hora desarrollo_NA_NA_NA_NA_NA_NA - 125 Hora desarrollo"]
[null,45,"IT-BPO-49-1",{"$f":"+IFERROR(IF($E$18=\"Lote 1\",VLOOKUP($C70,ServiciosLote1!$B:$U,COLUMN(D$25)-2,FALSE),\n           IF($E$18=\"Lote 2\",VLOOKUP($C70,ServiciosLote2!$B:$U,COLUMN(D$25)-2,FALSE),\"\")\n          ),\"\")","v":"Puesto de trabajo en el Call Center sin Agente"},{"$f":"+IFERROR(IF($E$18=\"Lote 1\",VLOOKUP($C70,ServiciosLote1!$B:$U,COLUMN(E$25)-2,FALSE),\n           IF($E$18=\"Lote 2\",VLOOKUP($C70,ServiciosLote2!$B:$U,COLUMN(E$25)-2,FALSE),\"\")\n          ),\"\")","v":"NA"},{"$f":"+IFERROR(IF($E$18=\"Lote 1\",VLOOKUP($C70,ServiciosLote1!$B:$U,COLUMN(F$25)-2,FALSE),\n           IF($E$18=\"Lote 2\",VLOOKUP($C70,ServiciosLote2!$B:$U,COLUMN(F$25)-2,FALSE),\"\")\n          ),\"\")","v":"NA"},{"$f":"+IFERROR(IF($E$18=\"Lote 1\",VLOOKUP($C70,ServiciosLote1!$B:$U,COLUMN(G$25)-2,FALSE),\n           IF($E$18=\"Lote 2\",VLOOKUP($C70,ServiciosLote2!$B:$U,COLUMN(G$25)-2,FALSE),\"\")\n          ),\"\")","v":"NA"},{"$f":"+IFERROR(IF($E$18=\"Lote 1\",VLOOKUP($C70,ServiciosLote1!$B:$U,COLUMN(H$25)-2,FALSE),\n           IF($E$18=\"Lote 2\",VLOOKUP($C70,ServiciosLote2!$B:$U,COLUMN(H$25)-2,FALSE),\"\")\n          ),\"\")","v":"NA"},{"$f":"+IFERROR(IF($E$18=\"Lote 1\",VLOOKUP($C70,ServiciosLote1!$B:$U,COLUMN(I$25)-2,FALSE),\n           IF($E$18=\"Lote 2\",VLOOKUP($C70,ServiciosLote2!$B:$U,COLUMN(I$25)-2,FALSE),\"\")\n          ),\"\")","v":"NA"},{"$f":"+IFERROR(IF($E$18=\"Lote 1\",VLOOKUP($C70,ServiciosLote1!$B:$U,COLUMN(J$25)-2,FALSE),\n           IF($E$18=\"Lote 2\",VLOOKUP($C70,ServiciosLote2!$B:$U,COLUMN(J$25)-2,FALSE),\"\")\n          ),\"\")","v":"NA"},1,{"$f":"+IFERROR(IF($E$18=\"Lote 1\",VLOOKUP($C70,ServiciosLote1!$B:$U,9,FALSE),\n           IF($E$18=\"Lote 2\",VLOOKUP($C70,ServiciosLote2!$B:$U,9,FALSE),\"\")\n          ),\"\")","v":"Puesto de trabajo"},28,"Mes","IT-BPO-49-1 - Puesto de trabajo en el Call Center sin Agente_NA_NA_NA_NA_NA_NA - 1 Puesto de trabajo"]
[null,46,"IT-BPO-52-1",{"$f":"+IFERROR(IF($E$18=\"Lote 1\",VLOOKUP($C71,ServiciosLote1!$B:$U,COLUMN(D$25)-2,FALSE),\n           IF($E$18=\"Lote 2\",VLOOKUP($C71,ServiciosLote2!$B:$U,COLUMN(D$25)-2,FALSE),\"\")\n          ),\"\")","v":"Enlace Dedicado entre puntos "},{"$f":"+IFERROR(IF($E$18=\"Lote 1\",VLOOKUP($C71,ServiciosLote1!$B:$U,COLUMN(E$25)-2,FALSE),\n           IF($E$18=\"Lote 2\",VLOOKUP($C71,ServiciosLote2!$B:$U,COLUMN(E$25)-2,FALSE),\"\")\n          ),\"\")","v":"10Mbps"},{"$f":"+IFERROR(IF($E$18=\"Lote 1\",VLOOKUP($C71,ServiciosLote1!$B:$U,COLUMN(F$25)-2,FALSE),\n           IF($E$18=\"Lote 2\",VLOOKUP($C71,ServiciosLote2!$B:$U,COLUMN(F$25)-2,FALSE),\"\")\n          ),\"\")","v":"Zona 1"},{"$f":"+IFERROR(IF($E$18=\"Lote 1\",VLOOKUP($C71,ServiciosLote1!$B:$U,COLUMN(G$25)-2,FALSE),\n           IF($E$18=\"Lote 2\",VLOOKUP($C71,ServiciosLote2!$B:$U,COLUMN(G$25)-2,FALSE),\"\")\n          ),\"\")","v":"NA"},{"$f":"+IFERROR(IF($E$18=\"Lote 1\",VLOOKUP($C71,ServiciosLote1!$B:$U,COLUMN(H$25)-2,FALSE),\n           IF($E$18=\"Lote 2\",VLOOKUP($C71,ServiciosLote2!$B:$U,COLUMN(H$25)-2,FALSE),\"\")\n          ),\"\")","v":"NA"},{"$f":"+IFERROR(IF($E$18=\"Lote 1\",VLOOKUP($C71,ServiciosLote1!$B:$U,COLUMN(I$25)-2,FALSE),\n           IF($E$18=\"Lote 2\",VLOOKUP($C71,ServiciosLote2!$B:$U,COLUMN(I$25)-2,FALSE),\"\")\n          ),\"\")","v":"NA"},{"$f":"+IFERROR(IF($E$18=\"Lote 1\",VLOOKUP($C71,ServiciosLote1!$B:$U,COLUMN(J$25)-2,FALSE),\n           IF($E$18=\"Lote 2\",VLOOKUP($C71,ServiciosLote2!$B:$U,COLUMN(J$25)-2,FALSE),\"\")\n          ),\"\")","v":"NA"},1,{"$f":"+IFERROR(IF($E$18=\"Lote 1\",VLOOKUP($C71,ServiciosLote1!$B:$U,9,FALSE),\n           IF($E$18=\"Lote 2\",VLOOKUP($C71,ServiciosLote2!$B:$U,9,FALSE),\"\")\n          ),\"\")","v":"Mes"},28,"Mes","IT-BPO-52-1 - Enlace Dedicado entre puntos _10Mbps_Zona 1_NA_NA_NA_NA - 1 Mes"]
[null,47,"IT-BPO-52-19",{"$f":"+IFERROR(IF($E$18=\"Lote 1\",VLOOKUP($C72,ServiciosLote1!$B:$U,COLUMN(D$25)-2,FALSE),\n           IF($E$18=\"Lote 2\",VLOOKUP($C72,ServiciosLote2!$B:$U,COLUMN(D$25)-2,FALSE),\"\")\n          ),\"\")","v":"Enlace Dedicado a Internet"},{"$f":"+IFERROR(IF($E$18=\"Lote 1\",VLOOKUP($C72,ServiciosLote1!$B:$U,COLUMN(E$25)-2,FALSE),\n           IF($E$18=\"Lote 2\",VLOOKUP($C72,ServiciosLote2!$B:$U,COLUMN(E$25)-2,FALSE),\"\")\n          ),\"\")","v":"1Gbps"},{"$f":"+IFERROR(IF($E$18=\"Lote 1\",VLOOKUP($C72,ServiciosLote1!$B:$U,COLUMN(F$25)-2,FALSE),\n           IF($E$18=\"Lote 2\",VLOOKUP($C72,ServiciosLote2!$B:$U,COLUMN(F$25)-2,FALSE),\"\")\n          ),\"\")","v":"Zona 1"},{"$f":"+IFERROR(IF($E$18=\"Lote 1\",VLOOKUP($C72,ServiciosLote1!$B:$U,COLUMN(G$25)-2,FALSE),\n           IF($E$18=\"Lote 2\",VLOOKUP($C72,ServiciosLote2!$B:$U,COLUMN(G$25)-2,FALSE),\"\")\n          ),\"\")","v":"NA"},{"$f":"+IFERROR(IF($E$18=\"Lote 1\",VLOOKUP($C72,ServiciosLote1!$B:$U,COLUMN(H$25)-2,FALSE),\n           IF($E$18=\"Lote 2\",VLOOKUP($C72,ServiciosLote2!$B:$U,COLUMN(H$25)-2,FALSE),\"\")\n          ),\"\")","v":"NA"},{"$f":"+IFERROR(IF($E$18=\"Lote 1\",VLOOKUP($C72,ServiciosLote1!$B:$U,COLUMN(I$25)-2,FALSE),\n           IF($E$18=\"Lote 2\",VLOOKUP($C72,ServiciosLote2!$B:$U,COLUMN(I$25)-2,FALSE),\"\")\n          ),\"\")","v":"NA"},{"$f":"+IFERROR(IF($E$18=\"Lote 1\",VLOOKUP($C72,ServiciosLote1!$B:$U,COLUMN(J$25)-2,FALSE),\n           IF($E$18=\"Lote 2\",VLOOKUP($C72,ServiciosLote2!$B:$U,COLUMN(J$25)-2,FALSE),\"\")\n          ),\"\")","v":"NA"},1,{"$f":"+IFERROR(IF($E$18=\"Lote 1\",VLOOKUP($C72,ServiciosLote1!$B:$U,9,FALSE),\n           IF($E$18=\"Lote 2\",VLOOKUP($C72,ServiciosLote2!$B:$U,9,FALSE),\"\")\n          ),\"\")","v":"Mes"},28,"Mes","IT-BPO-52-19 - Enlace Dedicado a Internet_1Gbps_Zona 1_NA_NA_NA_NA - 1 Mes"]
[null,48,"IT-BPO-62-43",{"$f":"+IFERROR(IF($E$18=\"Lote 1\",VLOOKUP($C73,ServiciosLote1!$B:$U,COLUMN(D$25)-2,FALSE),\n           IF($E$18=\"Lote 2\",VLOOKUP($C73,ServiciosLote2!$B:$U,COLUMN(D$25)-2,FALSE),\"\")\n          ),\"\")","v":"Componentes complemento Puesto de Trabajo"},{"$f":"+IFERROR(IF($E$18=\"Lote 1\",VLOOKUP($C73,ServiciosLote1!$B:$U,COLUMN(E$25)-2,FALSE),\n           IF($E$18=\"Lote 2\",VLOOKUP($C73,ServiciosLote2!$B:$U,COLUMN(E$25)-2,FALSE),\"\")\n          ),\"\")","v":"Licenciamiento de ofimatica"},{"$f":"+IFERROR(IF($E$18=\"Lote 1\",VLOOKUP($C73,ServiciosLote1!$B:$U,COLUMN(F$25)-2,FALSE),\n           IF($E$18=\"Lote 2\",VLOOKUP($C73,ServiciosLote2!$B:$U,COLUMN(F$25)-2,FALSE),\"\")\n          ),\"\")","v":"NA"},{"$f":"+IFERROR(IF($E$18=\"Lote 1\",VLOOKUP($C73,ServiciosLote1!$B:$U,COLUMN(G$25)-2,FALSE),\n           IF($E$18=\"Lote 2\",VLOOKUP($C73,ServiciosLote2!$B:$U,COLUMN(G$25)-2,FALSE),\"\")\n          ),\"\")","v":"NA"},{"$f":"+IFERROR(IF($E$18=\"Lote 1\",VLOOKUP($C73,ServiciosLote1!$B:$U,COLUMN(H$25)-2,FALSE),\n           IF($E$18=\"Lote 2\",VLOOKUP($C73,ServiciosLote2!$B:$U,COLUMN(H$25)-2,FALSE),\"\")\n          ),\"\")","v":"NA"},{"$f":"+IFERROR(IF($E$18=\"Lote 1\",VLOOKUP($C73,ServiciosLote1!$B:$U,COLUMN(I$25)-2,FALSE),\n           IF($E$18=\"Lote 2\",VLOOKUP($C73,ServiciosLote2!$B:$U,COLUMN(I$25)-2,FALSE),\"\")\n          ),\"\")","v":"NA"},{"$f":"+IFERROR(IF($E$18=\"Lote 1\",VLOOKUP($C73,ServiciosLote1!$B:$U,COLUMN(J$25)-2,FALSE),\n           IF($E$18=\"Lote 2\",VLOOKUP($C73,ServiciosLote2!$B:$U,COLUMN(J$25)-2,FALSE),\"\")\n          ),\"\")","v":"NA"},12,{"$f":"+IFERROR(IF($E$18=\"Lote 1\",VLOOKUP($C73,ServiciosLote1!$B:$U,9,FALSE),\n           IF($E$18=\"Lote 2\",VLOOKUP($C73,ServiciosLote2!$B:$U,9,FALSE),\"\")\n          ),\"\")","v":"Licencia Mes"},3,"Mes","IT-BPO-62-43 - Componentes complemento Puesto de Trabajo_Licenciamiento de ofimatica_NA_NA_NA_NA_NA - 12 Licencia Mes"]
[null,49,"IT-BPO-62-43",{"$f":"+IFERROR(IF($E$18=\"Lote 1\",VLOOKUP($C74,ServiciosLote1!$B:$U,COLUMN(D$25)-2,FALSE),\n           IF($E$18=\"Lote 2\",VLOOKUP($C74,ServiciosLote2!$B:$U,COLUMN(D$25)-2,FALSE),\"\")\n          ),\"\")","v":"Componentes complemento Puesto de Trabajo"},{"$f":"+IFERROR(IF($E$18=\"Lote 1\",VLOOKUP($C74,ServiciosLote1!$B:$U,COLUMN(E$25)-2,FALSE),\n           IF($E$18=\"Lote 2\",VLOOKUP($C74,ServiciosLote2!$B:$U,COLUMN(E$25)-2,FALSE),\"\")\n          ),\"\")","v":"Licenciamiento de ofimatica"},{"$f":"+IFERROR(IF($E$18=\"Lote 1\",VLOOKUP($C74,ServiciosLote1!$B:$U,COLUMN(F$25)-2,FALSE),\n           IF($E$18=\"Lote 2\",VLOOKUP($C74,ServiciosLote2!$B:$U,COLUMN(F$25)-2,FALSE),\"\")\n          ),\"\")","v":"NA"},{"$f":"+IFERROR(IF($E$18=\"Lote 1\",VLOOKUP($C74,ServiciosLote1!$B:$U,COLUMN(G$25)-2,FALSE),\n           IF($E$18=\"Lote 2\",VLOOKUP($C74,ServiciosLote2!$B:$U,COLUMN(G$25)-2,FALSE),\"\")\n          ),\"\")","v":"NA"},{"$f":"+IFERROR(IF($E$18=\"Lote 1\",VLOOKUP($C74,ServiciosLote1!$B:$U,COLUMN(H$25)-2,FALSE),\n           IF($E$18=\"Lote 2\",VLOOKUP($C74,ServiciosLote2!$B:$U,COLUMN(H$25)-2,FALSE),\"\")\n          ),\"\")","v":"NA"},{"$f":"+IFERROR(IF($E$18=\"Lote 1\",VLOOKUP($C74,ServiciosLote1!$B:$U,COLUMN(I$25)-2,FALSE),\n           IF($E$18=\"Lote 2\",VLOOKUP($C74,ServiciosLote2!$B:$U,COLUMN(I$25)-2,FALSE),\"\")\n          ),\"\")","v":"NA"},{"$f":"+IFERROR(IF($E$18=\"Lote 1\",VLOOKUP($C74,ServiciosLote1!$B:$U,COLUMN(J$25)-2,FALSE),\n           IF($E$18=\"Lote 2\",VLOOKUP($C74,ServiciosLote2!$B:$U,COLUMN(J$25)-2,FALSE),\"\")\n          ),\"\")","v":"NA"},9,{"$f":"+IFERROR(IF($E$18=\"Lote 1\",VLOOKUP($C74,ServiciosLote1!$B:$U,9,FALSE),\n           IF($E$18=\"Lote 2\",VLOOKUP($C74,ServiciosLote2!$B:$U,9,FALSE),\"\")\n          ),\"\")","v":"Licencia Mes"},4,"Mes","IT-BPO-62-43 - Componentes complemento Puesto de Trabajo_Licenciamiento de ofimatica_NA_NA_NA_NA_NA - 9 Licencia Mes"]
[null,50,"IT-BPO-62-43",{"$f":"+IFERROR(IF($E$18=\"Lote 1\",VLOOKUP($C75,ServiciosLote1!$B:$U,COLUMN(D$25)-2,FALSE),\n           IF($E$18=\"Lote 2\",VLOOKUP($C75,ServiciosLote2!$B:$U,COLUMN(D$25)-2,FALSE),\"\")\n          ),\"\")","v":"Componentes complemento Puesto de Trabajo"},{"$f":"+IFERROR(IF($E$18=\"Lote 1\",VLOOKUP($C75,ServiciosLote1!$B:$U,COLUMN(E$25)-2,FALSE),\n           IF($E$18=\"Lote 2\",VLOOKUP($C75,ServiciosLote2!$B:$U,COLUMN(E$25)-2,FALSE),\"\")\n          ),\"\")","v":"Licenciamiento de ofimatica"},{"$f":"+IFERROR(IF($E$18=\"Lote 1\",VLOOKUP($C75,ServiciosLote1!$B:$U,COLUMN(F$25)-2,FALSE),\n           IF($E$18=\"Lote 2\",VLOOKUP($C75,ServiciosLote2!$B:$U,COLUMN(F$25)-2,FALSE),\"\")\n          ),\"\")","v":"NA"},{"$f":"+IFERROR(IF($E$18=\"Lote 1\",VLOOKUP($C75,ServiciosLote1!$B:$U,COLUMN(G$25)-2,FALSE),\n           IF($E$18=\"Lote 2\",VLOOKUP($C75,ServiciosLote2!$B:$U,COLUMN(G$25)-2,FALSE),\"\")\n          ),\"\")","v":"NA"},{"$f":"+IFERROR(IF($E$18=\"Lote 1\",VLOOKUP($C75,ServiciosLote1!$B:$U,COLUMN(H$25)-2,FALSE),\n           IF($E$18=\"Lote 2\",VLOOKUP($C75,ServiciosLote2!$B:$U,COLUMN(H$25)-2,FALSE),\"\")\n          ),\"\")","v":"NA"},{"$f":"+IFERROR(IF($E$18=\"Lote 1\",VLOOKUP($C75,ServiciosLote1!$B:$U,COLUMN(I$25)-2,FALSE),\n           IF($E$18=\"Lote 2\",VLOOKUP($C75,ServiciosLote2!$B:$U,COLUMN(I$25)-2,FALSE),\"\")\n          ),\"\")","v":"NA"},{"$f":"+IFERROR(IF($E$18=\"Lote 1\",VLOOKUP($C75,ServiciosLote1!$B:$U,COLUMN(J$25)-2,FALSE),\n           IF($E$18=\"Lote 2\",VLOOKUP($C75,ServiciosLote2!$B:$U,COLUMN(J$25)-2,FALSE),\"\")\n          ),\"\")","v":"NA"},7,{"$f":"+IFERROR(IF($E$18=\"Lote 1\",VLOOKUP($C75,ServiciosLote1!$B:$U,9,FALSE),\n           IF($E$18=\"Lote 2\",VLOOKUP($C75,ServiciosLote2!$B:$U,9,FALSE),\"\")\n          ),\"\")","v":"Licencia Mes"},21,"Mes","IT-BPO-62-43 - Componentes complemento Puesto de Trabajo_Licenciamiento de ofimatica_NA_NA_NA_NA_NA - 7 Licencia Mes"]
[null,51,"IT-BPO-63-1",{"$f":"+IFERROR(IF($E$18=\"Lote 1\",VLOOKUP($C76,ServiciosLote1!$B:$U,COLUMN(D$25)-2,FALSE),\n           IF($E$18=\"Lote 2\",VLOOKUP($C76,ServiciosLote2!$B:$U,COLUMN(D$25)-2,FALSE),\"\")\n          ),\"\")","v":"Licencia RPA – Robotic Process Automation"},{"$f":"+IFERROR(IF($E$18=\"Lote 1\",VLOOKUP($C76,ServiciosLote1!$B:$U,COLUMN(E$25)-2,FALSE),\n           IF($E$18=\"Lote 2\",VLOOKUP($C76,ServiciosLote2!$B:$U,COLUMN(E$25)-2,FALSE),\"\")\n          ),\"\")","v":"NA"},{"$f":"+IFERROR(IF($E$18=\"Lote 1\",VLOOKUP($C76,ServiciosLote1!$B:$U,COLUMN(F$25)-2,FALSE),\n           IF($E$18=\"Lote 2\",VLOOKUP($C76,ServiciosLote2!$B:$U,COLUMN(F$25)-2,FALSE),\"\")\n          ),\"\")","v":"NA"},{"$f":"+IFERROR(IF($E$18=\"Lote 1\",VLOOKUP($C76,ServiciosLote1!$B:$U,COLUMN(G$25)-2,FALSE),\n           IF($E$18=\"Lote 2\",VLOOKUP($C76,ServiciosLote2!$B:$U,COLUMN(G$25)-2,FALSE),\"\")\n          ),\"\")","v":"NA"},{"$f":"+IFERROR(IF($E$18=\"Lote 1\",VLOOKUP($C76,ServiciosLote1!$B:$U,COLUMN(H$25)-2,FALSE),\n           IF($E$18=\"Lote 2\",VLOOKUP($C76,ServiciosLote2!$B:$U,COLUMN(H$25)-2,FALSE),\"\")\n          ),\"\")","v":"NA"},{"$f":"+IFERROR(IF($E$18=\"Lote 1\",VLOOKUP($C76,ServiciosLote1!$B:$U,COLUMN(I$25)-2,FALSE),\n           IF($E$18=\"Lote 2\",VLOOKUP($C76,ServiciosLote2!$B:$U,COLUMN(I$25)-2,FALSE),\"\")\n          ),\"\")","v":"NA"},{"$f":"+IFERROR(IF($E$18=\"Lote 1\",VLOOKUP($C76,ServiciosLote1!$B:$U,COLUMN(J$25)-2,FALSE),\n           IF($E$18=\"Lote 2\",VLOOKUP($C76,ServiciosLote2!$B:$U,COLUMN(J$25)-2,FALSE),\"\")\n          ),\"\")","v":"NA"},2,{"$f":"+IFERROR(IF($E$18=\"Lote 1\",VLOOKUP($C76,ServiciosLote1!$B:$U,9,FALSE),\n           IF($E$18=\"Lote 2\",VLOOKUP($C76,ServiciosLote2!$B:$U,9,FALSE),\"\")\n          ),\"\")","v":"Licencia Mes"},25,"Mes","IT-BPO-63-1 - Licencia RPA – Robotic Process Automation_NA_NA_NA_NA_NA_NA - 2 Licencia Mes"]
[null,52,"IT-BPO-67-1",{"$f":"+IFERROR(IF($E$18=\"Lote 1\",VLOOKUP($C77,ServiciosLote1!$B:$U,COLUMN(D$25)-2,FALSE),\n           IF($E$18=\"Lote 2\",VLOOKUP($C77,ServiciosLote2!$B:$U,COLUMN(D$25)-2,FALSE),\"\")\n          ),\"\")","v":"Speech Analytics"},{"$f":"+IFERROR(IF($E$18=\"Lote 1\",VLOOKUP($C77,ServiciosLote1!$B:$U,COLUMN(E$25)-2,FALSE),\n           IF($E$18=\"Lote 2\",VLOOKUP($C77,ServiciosLote2!$B:$U,COLUMN(E$25)-2,FALSE),\"\")\n          ),\"\")","v":"NA"},{"$f":"+IFERROR(IF($E$18=\"Lote 1\",VLOOKUP($C77,ServiciosLote1!$B:$U,COLUMN(F$25)-2,FALSE),\n           IF($E$18=\"Lote 2\",VLOOKUP($C77,ServiciosLote2!$B:$U,COLUMN(F$25)-2,FALSE),\"\")\n          ),\"\")","v":"NA"},{"$f":"+IFERROR(IF($E$18=\"Lote 1\",VLOOKUP($C77,ServiciosLote1!$B:$U,COLUMN(G$25)-2,FALSE),\n           IF($E$18=\"Lote 2\",VLOOKUP($C77,ServiciosLote2!$B:$U,COLUMN(G$25)-2,FALSE),\"\")\n          ),\"\")","v":"NA"},{"$f":"+IFERROR(IF($E$18=\"Lote 1\",VLOOKUP($C77,ServiciosLote1!$B:$U,COLUMN(H$25)-2,FALSE),\n           IF($E$18=\"Lote 2\",VLOOKUP($C77,ServiciosLote2!$B:$U,COLUMN(H$25)-2,FALSE),\"\")\n          ),\"\")","v":"NA"},{"$f":"+IFERROR(IF($E$18=\"Lote 1\",VLOOKUP($C77,ServiciosLote1!$B:$U,COLUMN(I$25)-2,FALSE),\n           IF($E$18=\"Lote 2\",VLOOKUP($C77,ServiciosLote2!$B:$U,COLUMN(I$25)-2,FALSE),\"\")\n          ),\"\")","v":"NA"},{"$f":"+IFERROR(IF($E$18=\"Lote 1\",VLOOKUP($C77,ServiciosLote1!$B:$U,COLUMN(J$25)-2,FALSE),\n           IF($E$18=\"Lote 2\",VLOOKUP($C77,ServiciosLote2!$B:$U,COLUMN(J$25)-2,FALSE),\"\")\n          ),\"\")","v":"NA"},416,{"$f":"+IFERROR(IF($E$18=\"Lote 1\",VLOOKUP($C77,ServiciosLote1!$B:$U,9,FALSE),\n           IF($E$18=\"Lote 2\",VLOOKUP($C77,ServiciosLote2!$B:$U,9,FALSE),\"\")\n          ),\"\")","v":"Hora"},28,"Mes","IT-BPO-67-1 - Speech Analytics_NA_NA_NA_NA_NA_NA - 416 Hora"]
[null,"1. Si requiere agregue o elimine filas"]
[]
[]
[null,"Gravamenes adicionales*"]
[]
[null,"Gravamenes adicionales (estampillas)"]
[null,"No","Descripción",null,null,null,"Porcentaje"]
[null,1,"PROADULTO MAYOR ",null,null,null,0.02,"","","","","","","","",""]
[null,2,"PROCULTURA",null,null,null,5.0000000000000001E-3]
[null,3,"UNIVERSIDAD DISTRITAL FRANCISCO JOSE DE CALDAS  ",null,null,null,1.0999999999999999E-2]
[null,4,"IMPUESTO AL TIMBRE ",null,null,null,0.01]
[null,null,null,null,null,"Total porcentaje:",{"$f":"SUM(G85:G88)","v":4.6000000000000006E-2}]
[null,null,null,"Filas a agregar o eliminar Gravamenes:"]
[null,null,null,1]

{"sheet":"ANS Centro de Contacto","index":1,"n_rows":29,"n_cols":2,"rows_kept":29,"cut":false,"hidden":false,"merged":[[5,0,5,1],[0,0,0,1],[1,0,1,1],[4,0,4,1]]}
["ANS CENTRO DE CONTACTO"]
[{"$f":"+SolCotizacion!$B$2","v":"Servicios BPO III"}]
[{"$f":"+SolCotizacion!$C$3","v":"Versión: 2"},{"$f":"+SolCotizacion!$D$3","v":"2025-02-17"}]
[]
["La Entidad Compradora puede definir hasta 5 indicadores."]
["Escoja los ANS que quiere medir durante la ejecución de la Orden de Compra"]
[null,"Puntualidad en tiempos de aprovisionamiento. Penaliza el tiempo que tarda el Proveedor en aprovisionar el recurso humano y los recursos tecnológicos, Servicios BPO e integración de todos los servicios definidos por zona"]
[null,"Disponibilidad de los Servicios BPO. RTO (Tiempo para volver a operar después de un incidente – Recovery Time Objective)"]
[null,"Nivel de servicio para atención por voz (La selección de este indicador excluye el de tiempo de atención para voz)."]
[null,"Tiempo de atención canales: Telefónico o voz (La selección de este indicador excluye el de nivel de servicio para el canal voz)."]
[null,"Tiempo de atención canales: Chat y Web (Web callback, clic to call)"]
[null,"Tiempo de atención: Videollamada"]
[null,"Tiempo de atención canales: Correo electrónico. Porcentaje antes de 5 horas hábiles: “a”"]
[null,"Quejas sobre los servicios BPO: \"QUEJA\""]
[null,"Nivel de satisfacción de los Servicios BPO: “s”"]
[null,"Rotación de Recurso Humano: \"rotación\""]
[null,"TMO (Tiempo Medio de Operación)."]
[null,"Eficacia: Telefónico o Voz, Chat, Correo Electrónico, Web (Web callback, clic to call)"]
[null,"Ocupación de Agentes en los canales de atención: Telefónico o Voz, Chat, Correo Electrónico, Web (Web callback, clic to call). Para transacciones entrantes."]
[null,"Ocupación de Agentes en los canales de atención: Telefónico o Voz, Chat, Correo Electrónico, Web (Web callback, clic to call). Para transacciones salientes."]
[null,"Precisión error crítico de usuario: “ecu”"]
[null,"Precisión error crítico de negocio: “ecn”"]
[null,"Auditoría efectuada por la Entidad Compradora a la medida de Precisión Error Critico de usuario: \"ae\""]
[null,"Evaluación de conocimiento Agentes: \"eca.\""]
[null,"Incluir de acuerdo con la necesidad de la Entidad Compradora"]
[null,"Incluir de acuerdo con la necesidad de la Entidad Compradora"]
[null,"Incluir de acuerdo con la necesidad de la Entidad Compradora"]
[null,"Incluir de acuerdo con la necesidad de la Entidad Compradora"]
[null,"Incluir de acuerdo con la necesidad de la Entidad Compradora"]

{"sheet":"Anexo Tecnico","index":2,"n_rows":74,"n_cols":3,"rows_kept":74,"cut":false,"hidden":false,"merged":[[10,1,10,2],[0,0,0,2],[8,1,8,2],[9,1,9,2],[2,0,2,2],[4,0,4,2],[1,0,1,2],[3,0,3,2],[5,1,5,2],[6,1,6,2],[7,1,7,2]]}
["ANEXO"]
["Con el objetivo de complementar el entendimiento sobre la solicitud de Servicios de Centos de Contacto , por favor diligencie la totalidad de la información que se pide a continuación."]
[]
["Tenga en cuenta que esta información es de utilidad para que el Proveedor pueda cotizar de la manera más precisa posible los servicios solicitados, por lo cual la exactitud y completitud es muy importante."]
[]
["Entidad solicitante"]
["Nit"]
["Contacto técnico"]
["Correo contacto técnico"]
["Teléfono contacto técnico"]
["\nCondiciones particulares establecidas en el RFI"]
[]
[]
["Requerimiento adicional","Descripción ","INFORMACION SUMINISTRADA POR LA ENTIDAD COMPRADORA"]
["Redireccionamiento a otros Centros de Contacto","[Si requiere / No requiere]"]
["Imagen Institucional en el Centro de Contacto","[Si requiere / No requiere] La Entidad Compradora Requiere que se disponga de la imagen institucional en las instalaciones del Centro de Contacto"]
["Area de gestión del Servicio","[Si requiere / No requiere] La Entidad Compradora requiere que se disponga de una area exclusiva para la ubicación de su personal en las instalaciones del Centro de Contacto"]
["Visita técnica","[Si requiere / No requiere] Se debe realizar visita técnica a la Entidad Compradora dado que los servicios adquiridos son in-house"]
["Información adicional de canales","La Entidad Compradora entregar la siguiente información que amplia los flujos de entrada y salida de los diferentes canales, según la operación de los ultimos seis (6) meses"]
["Traslado de Líneas teléfonicas","[Si requiere / No requiere] La Entidad Compradora indica si requiere el traslado de líneas teléfonicas , para lo cual suministra la información de las mismas"]
["TMO","La Entidad Compradora indica los TMO establecidos para la prestación del servicio"]
["item","Servicio a contratar","Especificación"]
[{"$f":"SolCotizacion!B26","v":1},{"$f":"SolCotizacion!O26","v":"IT-BPO-1-1 - Troncal SIP _NA_NA_NA_NA_NA_NA - 110 Mes"}]
[{"$f":"SolCotizacion!B27","v":2},{"$f":"SolCotizacion!O27","v":"IT-BPO-2-1 - Minuto IVR (Interactive Voice Response) - Enrutador_NA_NA_NA_NA_NA_NA - 110000 Minuto"}]
[{"$f":"SolCotizacion!B28","v":3},{"$f":"SolCotizacion!O28","v":"IT-BPO-3-1 - Minuto IVR (Interactive Voice Response) - Audiotexto        _NA_NA_NA_NA_NA_NA - 110000 Minuto"}]
[{"$f":"SolCotizacion!B29","v":4},{"$f":"SolCotizacion!O29","v":"IT-BPO-4-1 - Minuto IVR (Interactive Voice Response) Transaccional        _NA_NA_NA_NA_NA_NA - 110000 Minuto"}]
[{"$f":"SolCotizacion!B30","v":5},{"$f":"SolCotizacion!O30","v":"IT-BPO-6-2 - Grabación anuncios IVR (Interactive Voice Response) Respuesta de Voz Interactiva        _Voz sintética _NA_NA_NA_NA_NA - 2 Anuncio"}]
[{"$f":"SolCotizacion!B31","v":6},{"$f":"SolCotizacion!O31","v":"IT-BPO-7-6 - Minutos de conexión outbound/Inbound_Outbound de fijo a celular _NA_NA_NA_NA_NA - 72000 Minuto"}]
[{"$f":"SolCotizacion!B32","v":7},{"$f":"SolCotizacion!O32","v":"IT-BPO-8-1 - Transferencia de llamadas_NA_NA_NA_NA_NA_NA - 400 Transferencia"}]
[{"$f":"SolCotizacion!B33","v":8},{"$f":"SolCotizacion!O33","v":"IT-BPO-11-1 - Clic to call_NA_NA_NA_NA_NA_NA - 2 Licencia Mes"}]
[{"$f":"SolCotizacion!B34","v":9},{"$f":"SolCotizacion!O34","v":"IT-BPO-12-1 - Web Callback _NA_NA_NA_NA_NA_NA - 2 Licencia Mes"}]
[{"$f":"SolCotizacion!B35","v":10},{"$f":"SolCotizacion!O35","v":"IT-BPO-13-1 - Mailing_NA_NA_NA_NA_NA_NA - 127000 Correo"}]
[{"$f":"SolCotizacion!B36","v":11},{"$f":"SolCotizacion!O36","v":"IT-BPO-16-1 - Mensaje SMS (Short Message Service) _SMS en una vía_NA_NA_NA_NA_NA - 10900 Mensaje SMS"}]
[{"$f":"SolCotizacion!B37","v":12},{"$f":"SolCotizacion!O37","v":"IT-BPO-21-1 - Chatbot Smart_NA_NA_NA_NA_NA_NA - 12200 Respuesta Chatbot Smart"}]
[{"$f":"SolCotizacion!B38","v":13},{"$f":"SolCotizacion!O38","v":"IT-BPO-22-1 - Voicebot Smart_NA_NA_NA_NA_NA_NA - 2700000 Minuto Voicebot Smart"}]
[{"$f":"SolCotizacion!B39","v":14},{"$f":"SolCotizacion!O39","v":"IT-BPO-23-1 - Hora desarrollo para Integraciones y canales digitales_NA_NA_NA_NA_NA_NA - 125 Hora desarrollo para Integraciones y canales digitales"}]
[{"$f":"SolCotizacion!B40","v":15},{"$f":"SolCotizacion!O40","v":"IT-BPO-24-1 - Analytics_NA_NA_NA_NA_NA_NA - 2 Licencia Mes"}]
[{"$f":"SolCotizacion!B41","v":16},{"$f":"SolCotizacion!O41","v":"IT-BPO-25-1 - Agente en Sitio _Agente general_Jornada Ordinaria_En sitio_Oro_NA_NA - 66 Mes"}]
[{"$f":"SolCotizacion!B42","v":17},{"$f":"SolCotizacion!O42","v":"IT-BPO-25-1 - Agente en Sitio _Agente general_Jornada Ordinaria_En sitio_Oro_NA_NA - 51 Mes"}]
[{"$f":"SolCotizacion!B43","v":18},{"$f":"SolCotizacion!O43","v":"IT-BPO-25-1 - Agente en Sitio _Agente general_Jornada Ordinaria_En sitio_Oro_NA_NA - 39 Mes"}]
[{"$f":"SolCotizacion!B44","v":19},{"$f":"SolCotizacion!O44","v":"IT-BPO-25-1 - Agente en Sitio _Agente general_Jornada Ordinaria_En sitio_Oro_NA_NA - 25 Mes"}]
[{"$f":"SolCotizacion!B45","v":20},{"$f":"SolCotizacion!O45","v":"IT-BPO-25-4 - Agente en Sitio _Agente general_Hora extra dominical y festivo_En sitio_Oro_NA_NA - 1000 Hora"}]
[{"$f":"SolCotizacion!B46","v":21},{"$f":"SolCotizacion!O46","v":"IT-BPO-25-4 - Agente en Sitio _Agente general_Hora extra dominical y festivo_En sitio_Oro_NA_NA - 500 Hora"}]
[{"$f":"SolCotizacion!B47","v":22},{"$f":"SolCotizacion!O47","v":"IT-BPO-25-4 - Agente en Sitio _Agente general_Hora extra dominical y festivo_En sitio_Oro_NA_NA - 500 Hora"}]
[{"$f":"SolCotizacion!B48","v":23},{"$f":"SolCotizacion!O48","v":"IT-BPO-25-4 - Agente en Sitio _Agente general_Hora extra dominical y festivo_En sitio_Oro_NA_NA - 500 Hora"}]
[{"$f":"SolCotizacion!B49","v":24},{"$f":"SolCotizacion!O49","v":"IT-BPO-25-5 - Agente en Sitio _Agente general_Servicio 7x24_En sitio_Oro_NA_NA - 1 Mes 7x24"}]
[{"$f":"SolCotizacion!B50","v":25},{"$f":"SolCotizacion!O50","v":"IT-BPO-25-11 - Agente en Sitio _Agente técnico_Jornada Ordinaria_En sitio_Oro_NA_NA - 1 Mes"}]
[{"$f":"SolCotizacion!B51","v":26},{"$f":"SolCotizacion!O51","v":"IT-BPO-25-51 - Agente en Sitio _Agente profesional_Ciencias sociales, humanas y afines_Jornada Ordinaria_En sitio_Oro_NA - 1 Mes"}]
[{"$f":"SolCotizacion!B52","v":27},{"$f":"SolCotizacion!O52","v":"IT-BPO-26-31 - Agente en la Entidad Compradora o Back Office_Agente técnico_Jornada Ordinaria_Oro_Zona 1_NA_NA - 2 Mes"}]
[{"$f":"SolCotizacion!B53","v":28},{"$f":"SolCotizacion!O53","v":"IT-BPO-26-61 - Agente en la Entidad Compradora o Back Office_Agente profesional_Economía, administración, contaduría y afines_Jornada Ordinaria_Oro_Zona 1_NA - 2 Mes"}]
[{"$f":"SolCotizacion!B54","v":29},{"$f":"SolCotizacion!O54","v":"IT-BPO-29-41 - Agente con dominio en lenguaje de señas colombiana (Videollamada)_Agente técnico_En Sitio_Jornada Ordinaria_Oro_NA_NA - 1 Mes"}]
[{"$f":"SolCotizacion!B55","v":30},{"$f":"SolCotizacion!O55","v":"IT-BPO-33-1 - Agente Minero de Datos_Agente profesional_Jornada Ordinaria _NA_NA_NA_NA - 2 Mes"}]
[{"$f":"SolCotizacion!B56","v":31},{"$f":"SolCotizacion!O56","v":"IT-BPO-35-1 - Coordinador Nacional_Jornada Ordinaria_Zona 1_Con herramienta_NA_NA_NA - 1 Mes"}]
[{"$f":"SolCotizacion!B57","v":32},{"$f":"SolCotizacion!O57","v":"IT-BPO-37-8 - Supervisor Servicios BPO_Jornada Ordinaria_Detallada_Con herramienta_NA_NA_NA - 4 Mes"}]
[{"$f":"SolCotizacion!B58","v":33},{"$f":"SolCotizacion!O58","v":"IT-BPO-37-8 - Supervisor Servicios BPO_Jornada Ordinaria_Detallada_Con herramienta_NA_NA_NA - 3 Mes"}]
[{"$f":"SolCotizacion!B59","v":34},{"$f":"SolCotizacion!O59","v":"IT-BPO-37-8 - Supervisor Servicios BPO_Jornada Ordinaria_Detallada_Con herramienta_NA_NA_NA - 2 Mes"}]
[{"$f":"SolCotizacion!B60","v":35},{"$f":"SolCotizacion!O60","v":"IT-BPO-38-1 - Líder de calidad_Jornada Ordinaria_Detallada_Con herramienta_NA_NA_NA - 4 Mes"}]
[{"$f":"SolCotizacion!B61","v":36},{"$f":"SolCotizacion!O61","v":"IT-BPO-38-1 - Líder de calidad_Jornada Ordinaria_Detallada_Con herramienta_NA_NA_NA - 3 Mes"}]
[{"$f":"SolCotizacion!B62","v":37},{"$f":"SolCotizacion!O62","v":"IT-BPO-38-1 - Líder de calidad_Jornada Ordinaria_Detallada_Con herramienta_NA_NA_NA - 2 Mes"}]
[{"$f":"SolCotizacion!B63","v":38},{"$f":"SolCotizacion!O63","v":"IT-BPO-39-1 - Formador_Jornada Ordinaria_NA_NA_NA_NA_NA - 3 Mes"}]
[{"$f":"SolCotizacion!B64","v":39},{"$f":"SolCotizacion!O64","v":"IT-BPO-39-1 - Formador_Jornada Ordinaria_NA_NA_NA_NA_NA - 2 Mes"}]
[{"$f":"SolCotizacion!B65","v":40},{"$f":"SolCotizacion!O65","v":"IT-BPO-47-1 - Plataforma de Centro de Contacto para Agente _Omnicanal_NA_NA_NA_NA_NA - 72 Licencia por posición"}]
[{"$f":"SolCotizacion!B66","v":41},{"$f":"SolCotizacion!O66","v":"IT-BPO-47-1 - Plataforma de Centro de Contacto para Agente _Omnicanal_NA_NA_NA_NA_NA - 56 Licencia por posición"}]
[{"$f":"SolCotizacion!B67","v":42},{"$f":"SolCotizacion!O67","v":"IT-BPO-47-1 - Plataforma de Centro de Contacto para Agente _Omnicanal_NA_NA_NA_NA_NA - 44 Licencia por posición"}]
[{"$f":"SolCotizacion!B68","v":43},{"$f":"SolCotizacion!O68","v":"IT-BPO-47-1 - Plataforma de Centro de Contacto para Agente _Omnicanal_NA_NA_NA_NA_NA - 30 Licencia por posición"}]
[{"$f":"SolCotizacion!B69","v":44},{"$f":"SolCotizacion!O69","v":"IT-BPO-48-1 - Hora desarrollo_NA_NA_NA_NA_NA_NA - 125 Hora desarrollo"}]
[{"$f":"SolCotizacion!B70","v":45},{"$f":"SolCotizacion!O70","v":"IT-BPO-49-1 - Puesto de trabajo en el Call Center sin Agente_NA_NA_NA_NA_NA_NA - 1 Puesto de trabajo"}]
[{"$f":"SolCotizacion!B71","v":46},{"$f":"SolCotizacion!O71","v":"IT-BPO-52-1 - Enlace Dedicado entre puntos _10Mbps_Zona 1_NA_NA_NA_NA - 1 Mes"}]
[{"$f":"SolCotizacion!B72","v":47},{"$f":"SolCotizacion!O72","v":"IT-BPO-52-19 - Enlace Dedicado a Internet_1Gbps_Zona 1_NA_NA_NA_NA - 1 Mes"}]
[{"$f":"SolCotizacion!B73","v":48},{"$f":"SolCotizacion!O73","v":"IT-BPO-62-43 - Componentes complemento Puesto de Trabajo_Licenciamiento de ofimatica_NA_NA_NA_NA_NA - 12 Licencia Mes"}]
[{"$f":"SolCotizacion!B74","v":49},{"$f":"SolCotizacion!O74","v":"IT-BPO-62-43 - Componentes complemento Puesto de Trabajo_Licenciamiento de ofimatica_NA_NA_NA_NA_NA - 9 Licencia Mes"}]
[{"$f":"SolCotizacion!B75","v":50},{"$f":"SolCotizacion!O75","v":"IT-BPO-62-43 - Componentes complemento Puesto de Trabajo_Licenciamiento de ofimatica_NA_NA_NA_NA_NA - 7 Licencia Mes"}]
[{"$f":"SolCotizacion!B76","v":51},{"$f":"SolCotizacion!O76","v":"IT-BPO-63-1 - Licencia RPA – Robotic Process Automation_NA_NA_NA_NA_NA_NA - 2 Licencia Mes"}]
[{"$f":"SolCotizacion!B77","v":52},{"$f":"SolCotizacion!O77","v":"IT-BPO-67-1 - Speech Analytics_NA_NA_NA_NA_NA_NA - 416 Hora"}]

{"sheet":"ResumenCotizacion","index":3,"n_rows":91,"n_cols":19,"rows_kept":91,"cut":false,"hidden":false,"merged":[[23,14,23,17],[23,1,23,13],[11,9,11,10],[21,1,21,3],[0,1,0,10],[1,1,1,10],[5,4,5,6],[7,4,7,6],[9,4,9,6],[11,1,11,3],[11,4,11,6],[3,1,3,10],[5,9,5,10],[7,9,7,10],[9,9,9,10],[85,2,85,5],[86,2,86,5],[87,2,87,5],[14,1,14,10],[17,1,17,3],[84,2,84,5],[80,1,80,10],[82,1,82,6],[83,2,83,5]]}
[null,"RESUMEN DE COTIZACIÓN"]
[null,{"$f":"+SolCotizacion!B2","v":"Servicios BPO III"}]
[null,null,{"$f":"+SolCotizacion!$C$3","v":"Versión: 2"},{"$f":"+SolCotizacion!$D$3","v":"2025-02-17"}]
[null,"Información de la Entidad Compradora"]
[]
[null,"Nombre de la Entidad",null,null,{"$f":"SolCotizacion!E6","v":"SECRETARÍA GENERAL - ALCALDÍA MAYOR DE BOGOTÁ"},null,null,"NIT",null,{"$f":"SolCotizacion!J6","v":899999061}]
[]
[null,"Dirección de la Entidad",null,null,{"$f":"SolCotizacion!E8","v":"Cra 8 10 65"},null,null,"Correo de contacto",null,{"$f":"SolCotizacion!J8","v":"ecusba@alcaldiabogota.gov.co"}]
[]
[null,"Municipio",null,null,{"$f":"SolCotizacion!E10","v":"Bogotá D.C."},null,null,"Teléfono de contacto",null,{"$f":"SolCotizacion!J10","v":3813000}]
[]
[null,"Nombre funcionario Comprador",null,null,{"$f":"SolCotizacion!E12","v":"ENRIQUE CUSBA GARCÍA "},null,null,"Número RFI",null,{"$f":"+SolCotizacion!$J$12","v":193460}]
[]
[]
[null,"Resumen de Cotización"]
[]
[]
[null,"Segmento",null,null,{"$f":"SolCotizacion!E18","v":"Lote 1"}]
[]
[null,"Cantidad de filas:"]
[]
[null,{"$f":"SolCotizacion!B22","v":1}]
[]
[null,"Paquete de Servicios",null,null,null,null,null,null,null,null,null,null,null,null,"Valores"]
[null,"Item","Cod. Matriz","Servicio","Característica 1","Característica 2","Característica 3","Característica 4","Característica 5","Característica 6","Capacidad","Unidad de Facturación","Cantidad en Tiempo","Unidad x Cantidad","Valor Unitario","Valor Unitario + Gravamenes","Valor X Capacidad","Precio Total"]
[null,1,"IT-BPO-1-1","Troncal SIP ","NA","NA","NA","NA","NA","NA",110,"Mes",28,"Mes",{"$f":"VLOOKUP(C26,temp!$B:$AC,28,0)","v":45721.54},{"$f":"ROUND(O26/(1-(VLOOKUP(\"Total porcentaje:\",$F:$G,2,0))),2)","v":47926.14},{"$f":"ROUND(P26*K26,2)","v":5271875.4000000004},{"$f":"ROUND(Q26*M26,2)","v":147612511.19999999},{"$f":"B26&\" - \"&C26&\"-\"&D26&\"_\"&E26&\"_\"&F26&\"_\"&G26&\"_\"&H26&\"_\"&I26&\"_\"&J26&\" - \"&K26&\" \"&L26","v":"1 - IT-BPO-1-1-Troncal SIP _NA_NA_NA_NA_NA_NA - 110 Mes"}]
[null,2,"IT-BPO-2-1","Minuto IVR (Interactive Voice Response) - Enrutador","NA","NA","NA","NA","NA","NA",110000,"Minuto",4,"Mes",{"$f":"VLOOKUP(C27,temp!$B:$AC,28,0)","v":45.86},{"$f":"ROUND(O27/(1-(VLOOKUP(\"Total porcentaje:\",$F:$G,2,0))),2)","v":48.07},{"$f":"ROUND(P27*K27,2)","v":5287700},{"$f":"ROUND(Q27*M27,2)","v":21150800},{"$f":"B27&\" - \"&C27&\"-\"&D27&\"_\"&E27&\"_\"&F27&\"_\"&G27&\"_\"&H27&\"_\"&I27&\"_\"&J27&\" - \"&K27&\" \"&L27","v":"2 - IT-BPO-2-1-Minuto IVR (Interactive Voice Response) - Enrutador_NA_NA_NA_NA_NA_NA - 110000 Minuto"}]
[null,3,"IT-BPO-3-1","Minuto IVR (Interactive Voice Response) - Audiotexto        ","NA","NA","NA","NA","NA","NA",110000,"Minuto",24,"Mes",{"$f":"VLOOKUP(C28,temp!$B:$AC,28,0)","v":45.86},48.07,5287700,126904800,"3 - IT-BPO-3-1-Minuto IVR (Interactive Voice Response) - Audiotexto        _NA_NA_NA_NA_NA_NA - 110000 Minuto"]
[null,4,"IT-BPO-4-1","Minuto IVR (Interactive Voice Response) Transaccional        ","NA","NA","NA","NA","NA","NA",110000,"Minuto",12,"Mes",{"$f":"VLOOKUP(C29,temp!$B:$AC,28,0)","v":112.46},117.88,12966800,155601600,"4 - IT-BPO-4-1-Minuto IVR (Interactive Voice Response) Transaccional        _NA_NA_NA_NA_NA_NA - 110000 Minuto"]
[null,5,"IT-BPO-6-2","Grabación anuncios IVR (Interactive Voice Response) Respuesta de Voz Interactiva        ","Voz sintética ","NA","NA","NA","NA","NA",2,"Anuncio",28,"Mes",{"$f":"VLOOKUP(C30,temp!$B:$AC,28,0)","v":40461.54},42412.52,84825.04,2375101.12,"5 - IT-BPO-6-2-Grabación anuncios IVR (Interactive Voice Response) Respuesta de Voz Interactiva        _Voz sintética _NA_NA_NA_NA_NA - 2 Anuncio"]
[null,6,"IT-BPO-7-6","Minutos de conexión outbound/Inbound","Outbound de fijo a celular ","NA","NA","NA","NA","NA",72000,"Minuto",28,"Mes",{"$f":"VLOOKUP(C31,temp!$B:$AC,28,0)","v":49.9},52.31,3766320,105456960,"6 - IT-BPO-7-6-Minutos de conexión outbound/Inbound_Outbound de fijo a celular _NA_NA_NA_NA_NA - 72000 Minuto"]
[null,7,"IT-BPO-8-1","Transferencia de llamadas","NA","NA","NA","NA","NA","NA",400,"Transferencia",28,"Mes",{"$f":"VLOOKUP(C32,temp!$B:$AC,28,0)","v":26.97},28.27,11308,316624,"7 - IT-BPO-8-1-Transferencia de llamadas_NA_NA_NA_NA_NA_NA - 400 Transferencia"]
[null,8,"IT-BPO-11-1","Clic to call","NA","NA","NA","NA","NA","NA",2,"Licencia Mes",28,"Mes",{"$f":"VLOOKUP(C33,temp!$B:$AC,28,0)","v":124956.02},130981.15,261962.3,7334944.4000000004,"8 - IT-BPO-11-1-Clic to call_NA_NA_NA_NA_NA_NA - 2 Licencia Mes"]
[null,9,"IT-BPO-12-1","Web Callback ","NA","NA","NA","NA","NA","NA",2,"Licencia Mes",28,"Mes",{"$f":"VLOOKUP(C34,temp!$B:$AC,28,0)","v":124956.02},130981.15,261962.3,7334944.4000000004,"9 - IT-BPO-12-1-Web Callback _NA_NA_NA_NA_NA_NA - 2 Licencia Mes"]
[null,10,"IT-BPO-13-1","Mailing","NA","NA","NA","NA","NA","NA",127000,"Correo",28,"Mes",{"$f":"VLOOKUP(C35,temp!$B:$AC,28,0)","v":1.62},1.7,215900,6045200,"10 - IT-BPO-13-1-Mailing_NA_NA_NA_NA_NA_NA - 127000 Correo"]
[null,11,"IT-BPO-16-1","Mensaje SMS (Short Message Service) ","SMS en una vía","NA","NA","NA","NA","NA",10900,"Mensaje SMS",28,"Mes",{"$f":"VLOOKUP(C36,temp!$B:$AC,28,0)","v":5.39},5.65,61585,1724380,"11 - IT-BPO-16-1-Mensaje SMS (Short Message Service) _SMS en una vía_NA_NA_NA_NA_NA - 10900 Mensaje SMS"]
[null,12,"IT-BPO-21-1","Chatbot Smart","NA","NA","NA","NA","NA","NA",12200,"Respuesta Chatbot Smart",25,"Mes",{"$f":"VLOOKUP(C37,temp!$B:$AC,28,0)","v":62.48},65.489999999999995,798978,19974450,"12 - IT-BPO-21-1-Chatbot Smart_NA_NA_NA_NA_NA_NA - 12200 Respuesta Chatbot Smart"]
[null,13,"IT-BPO-22-1","Voicebot Smart","NA","NA","NA","NA","NA","NA",2700000,"Minuto Voicebot Smart",25,"Mes",{"$f":"VLOOKUP(C38,temp!$B:$AC,28,0)","v":46.22},48.45,130815000,3270375000,"13 - IT-BPO-22-1-Voicebot Smart_NA_NA_NA_NA_NA_NA - 2700000 Minuto Voicebot Smart"]
[null,14,"IT-BPO-23-1","Hora desarrollo para Integraciones y canales digitales","NA","NA","NA","NA","NA","NA",125,"Hora desarrollo para Integraciones y canales digitales",28,"Mes",{"$f":"VLOOKUP(C39,temp!$B:$AC,28,0)","v":87666.67},91893.78,11486722.5,321628230,"14 - IT-BPO-23-1-Hora desarrollo para Integraciones y canales digitales_NA_NA_NA_NA_NA_NA - 125 Hora desarrollo para Integraciones y canales digitales"]
[null,15,"IT-BPO-24-1","Analytics","NA","NA","NA","NA","NA","NA",2,"Licencia Mes",28,"Mes",{"$f":"VLOOKUP(C40,temp!$B:$AC,28,0)","v":124956.02},130981.15,261962.3,7334944.4000000004,"15 - IT-BPO-24-1-Analytics_NA_NA_NA_NA_NA_NA - 2 Licencia Mes"]
[null,16,"IT-BPO-25-1","Agente en Sitio ","Agente general","Jornada Ordinaria","En sitio","Oro","NA","NA",66,"Mes",3,"Mes",{"$f":"VLOOKUP(C41,temp!$B:$AC,28,0)","v":4965358.74},5204778.55,343515384.30000001,1030546152.9,"16 - IT-BPO-25-1-Agente en Sitio _Agente general_Jornada Ordinaria_En sitio_Oro_NA_NA - 66 Mes"]
[null,17,"IT-BPO-25-1","Agente en Sitio ","Agente general","Jornada Ordinaria","En sitio","Oro","NA","NA",51,"Mes",6,"Mes",{"$f":"VLOOKUP(C42,temp!$B:$AC,28,0)","v":4965358.74},5204778.55,265443706.05000001,1592662236.3,"17 - IT-BPO-25-1-Agente en Sitio _Agente general_Jornada Ordinaria_En sitio_Oro_NA_NA - 51 Mes"]
[null,18,"IT-BPO-25-1","Agente en Sitio ","Agente general","Jornada Ordinaria","En sitio","Oro","NA","NA",39,"Mes",6,"Mes",{"$f":"VLOOKUP(C43,temp!$B:$AC,28,0)","v":4965358.74},5204778.55,202986363.44999999,1217918180.7,"18 - IT-BPO-25-1-Agente en Sitio _Agente general_Jornada Ordinaria_En sitio_Oro_NA_NA - 39 Mes"]
[null,19,"IT-BPO-25-1","Agente en Sitio ","Agente general","Jornada Ordinaria","En sitio","Oro","NA","NA",25,"Mes",13,"Mes",{"$f":"VLOOKUP(C44,temp!$B:$AC,28,0)","v":4965358.74},5204778.55,130119463.75,1691553028.75,"19 - IT-BPO-25-1-Agente en Sitio _Agente general_Jornada Ordinaria_En sitio_Oro_NA_NA - 25 Mes"]
[null,20,"IT-BPO-25-4","Agente en Sitio ","Agente general","Hora extra dominical y festivo","En sitio","Oro","NA","NA",1000,"Hora",3,"Mes",{"$f":"VLOOKUP(C45,temp!$B:$AC,28,0)","v":36250.81},37998.75,37998750,113996250,"20 - IT-BPO-25-4-Agente en Sitio _Agente general_Hora extra dominical y festivo_En sitio_Oro_NA_NA - 1000 Hora"]
[null,21,"IT-BPO-25-4","Agente en Sitio ","Agente general","Hora extra dominical y festivo","En sitio","Oro","NA","NA",500,"Hora",6,"Mes",{"$f":"VLOOKUP(C46,temp!$B:$AC,28,0)","v":36250.81},37998.75,18999375,113996250,"21 - IT-BPO-25-4-Agente en Sitio _Agente general_Hora extra dominical y festivo_En sitio_Oro_NA_NA - 500 Hora"]
[null,22,"IT-BPO-25-4","Agente en Sitio ","Agente general","Hora extra dominical y festivo","En sitio","Oro","NA","NA",500,"Hora",6,"Mes",{"$f":"VLOOKUP(C47,temp!$B:$AC,28,0)","v":36250.81},37998.75,18999375,113996250,"22 - IT-BPO-25-4-Agente en Sitio _Agente general_Hora extra dominical y festivo_En sitio_Oro_NA_NA - 500 Hora"]
[null,23,"IT-BPO-25-4","Agente en Sitio ","Agente general","Hora extra dominical y festivo","En sitio","Oro","NA","NA",500,"Hora",13,"Mes",{"$f":"VLOOKUP(C48,temp!$B:$AC,28,0)","v":36250.81},37998.75,18999375,246991875,"23 - IT-BPO-25-4-Agente en Sitio _Agente general_Hora extra dominical y festivo_En sitio_Oro_NA_NA - 500 Hora"]
[null,24,"IT-BPO-25-5","Agente en Sitio ","Agente general","Servicio 7x24","En sitio","Oro","NA","NA",1,"Mes 7x24",28,"Mes",{"$f":"VLOOKUP(C49,temp!$B:$AC,28,0)","v":20023632.82},20989132.940000001,20989132.940000001,587695722.32000005,"24 - IT-BPO-25-5-Agente en Sitio _Agente general_Servicio 7x24_En sitio_Oro_NA_NA - 1 Mes 7x24"]
[null,25,"IT-BPO-25-11","Agente en Sitio ","Agente técnico","Jornada Ordinaria","En sitio","Oro","NA","NA",1,"Mes",28,"Mes",{"$f":"VLOOKUP(C50,temp!$B:$AC,28,0)","v":6258051.0800000001},6559801.9699999997,6559801.9699999997,183674455.16,"25 - IT-BPO-25-11-Agente en Sitio _Agente técnico_Jornada Ordinaria_En sitio_Oro_NA_NA - 1 Mes"]
[null,26,"IT-BPO-25-51","Agente en Sitio ","Agente profesional","Ciencias sociales, humanas y afines","Jornada Ordinaria","En sitio","Oro","NA",1,"Mes",28,"Mes",{"$f":"VLOOKUP(C51,temp!$B:$AC,28,0)","v":11580912.970000001},12139321.77,12139321.77,339901009.56,"26 - IT-BPO-25-51-Agente en Sitio _Agente profesional_Ciencias sociales, humanas y afines_Jornada Ordinaria_En sitio_Oro_NA - 1 Mes"]
[null,27,"IT-BPO-26-31","Agente en la Entidad Compradora o Back Office","Agente técnico","Jornada Ordinaria","Oro","Zona 1","NA","NA",2,"Mes",28,"Mes",{"$f":"VLOOKUP(C52,temp!$B:$AC,28,0)","v":5322861.8899999997},5579519.7999999998,11159039.6,312453108.80000001,"27 - IT-BPO-26-31-Agente en la Entidad Compradora o Back Office_Agente técnico_Jornada Ordinaria_Oro_Zona 1_NA_NA - 2 Mes"]
[null,28,"IT-BPO-26-61","Agente en la Entidad Compradora o Back Office","Agente profesional","Economía, administración, contaduría y afines","Jornada Ordinaria","Oro","Zona 1","NA",2,"Mes",28,"Mes",{"$f":"VLOOKUP(C53,temp!$B:$AC,28,0)","v":10645723.779999999},11159039.6,22318079.199999999,624906217.60000002,"28 - IT-BPO-26-61-Agente en la Entidad Compradora o Back Office_Agente profesional_Economía, administración, contaduría y afines_Jornada Ordinaria_Oro_Zona 1_NA - 2 Mes"]
[null,29,"IT-BPO-29-41","Agente con dominio en lenguaje de señas colombiana (Videollamada)","Agente técnico","En Sitio","Jornada Ordinaria","Oro","NA","NA",1,"Mes",28,"Mes",{"$f":"VLOOKUP(C54,temp!$B:$AC,28,0)","v":6790337.2699999996},7117753.9500000002,7117753.9500000002,199297110.59999999,"29 - IT-BPO-29-41-Agente con dominio en lenguaje de señas colombiana (Videollamada)_Agente técnico_En Sitio_Jornada Ordinaria_Oro_NA_NA - 1 Mes"]
[null,30,"IT-BPO-33-1","Agente Minero de Datos","Agente profesional","Jornada Ordinaria ","NA","NA","NA","NA",2,"Mes",28,"Mes",{"$f":"VLOOKUP(C55,temp!$B:$AC,28,0)","v":10823291.35},11345169.130000001,22690338.260000002,635329471.27999997,"30 - IT-BPO-33-1-Agente Minero de Datos_Agente profesional_Jornada Ordinaria _NA_NA_NA_NA - 2 Mes"]
[null,31,"IT-BPO-35-1","Coordinador Nacional","Jornada Ordinaria","Zona 1","Con herramienta","NA","NA","NA",1,"Mes",28,"Mes",{"$f":"VLOOKUP(C56,temp!$B:$AC,28,0)","v":18090148.32},18962419.620000001,18962419.620000001,530947749.36000001,"31 - IT-BPO-35-1-Coordinador Nacional_Jornada Ordinaria_Zona 1_Con herramienta_NA_NA_NA - 1 Mes"]
[null,32,"IT-BPO-37-8","Supervisor Servicios BPO","Jornada Ordinaria","Detallada","Con herramienta","NA","NA","NA",4,"Mes",3,"Mes",{"$f":"VLOOKUP(C57,temp!$B:$AC,28,0)","v":10241908.789999999},10735753.449999999,42943013.799999997,128829041.40000001,"32 - IT-BPO-37-8-Supervisor Servicios BPO_Jornada Ordinaria_Detallada_Con herramienta_NA_NA_NA - 4 Mes"]
[null,33,"IT-BPO-37-8","Supervisor Servicios BPO","Jornada Ordinaria","Detallada","Con herramienta","NA","NA","NA",3,"Mes",4,"Mes",{"$f":"VLOOKUP(C58,temp!$B:$AC,28,0)","v":10241908.789999999},10735753.449999999,32207260.350000001,128829041.40000001,"33 - IT-BPO-37-8-Supervisor Servicios BPO_Jornada Ordinaria_Detallada_Con herramienta_NA_NA_NA - 3 Mes"]
[null,34,"IT-BPO-37-8","Supervisor Servicios BPO","Jornada Ordinaria","Detallada","Con herramienta","NA","NA","NA",2,"Mes",21,"Mes",{"$f":"VLOOKUP(C59,temp!$B:$AC,28,0)","v":10241908.789999999},10735753.449999999,21471506.899999999,450901644.89999998,"34 - IT-BPO-37-8-Supervisor Servicios BPO_Jornada Ordinaria_Detallada_Con herramienta_NA_NA_NA - 2 Mes"]
[null,35,"IT-BPO-38-1","Líder de calidad","Jornada Ordinaria","Detallada","Con herramienta","NA","NA","NA",4,"Mes",3,"Mes",{"$f":"VLOOKUP(C60,temp!$B:$AC,28,0)","v":9473765.6300000008},9930571.9399999995,39722287.759999998,119166863.28,"35 - IT-BPO-38-1-Líder de calidad_Jornada Ordinaria_Detallada_Con herramienta_NA_NA_NA - 4 Mes"]
[null,36,"IT-BPO-38-1","Líder de calidad","Jornada Ordinaria","Detallada","Con herramienta","NA","NA","NA",3,"Mes",4,"Mes",{"$f":"VLOOKUP(C61,temp!$B:$AC,28,0)","v":9473765.6300000008},9930571.9399999995,29791715.82,119166863.28,"36 - IT-BPO-38-1-Líder de calidad_Jornada Ordinaria_Detallada_Con herramienta_NA_NA_NA - 3 Mes"]
[null,37,"IT-BPO-38-1","Líder de calidad","Jornada Ordinaria","Detallada","Con herramienta","NA","NA","NA",2,"Mes",21,"Mes",{"$f":"VLOOKUP(C62,temp!$B:$AC,28,0)","v":9473765.6300000008},9930571.9399999995,19861143.879999999,417084021.48000002,"37 - IT-BPO-38-1-Líder de calidad_Jornada Ordinaria_Detallada_Con herramienta_NA_NA_NA - 2 Mes"]
[null,38,"IT-BPO-39-1","Formador","Jornada Ordinaria","NA","NA","NA","NA","NA",3,"Mes",3,"Mes",{"$f":"VLOOKUP(C63,temp!$B:$AC,28,0)","v":8242853.8200000003},8640307.9900000002,25920923.969999999,77762771.909999996,"38 - IT-BPO-39-1-Formador_Jornada Ordinaria_NA_NA_NA_NA_NA - 3 Mes"]
[null,39,"IT-BPO-39-1","Formador","Jornada Ordinaria","NA","NA","NA","NA","NA",2,"Mes",25,"Mes",{"$f":"VLOOKUP(C64,temp!$B:$AC,28,0)","v":8242853.8200000003},8640307.9900000002,17280615.98,432015399.5,"39 - IT-BPO-39-1-Formador_Jornada Ordinaria_NA_NA_NA_NA_NA - 2 Mes"]
[null,40,"IT-BPO-47-1","Plataforma de Centro de Contacto para Agente ","Omnicanal","NA","NA","NA","NA","NA",72,"Licencia por posición",3,"Mes",{"$f":"VLOOKUP(C65,temp!$B:$AC,28,0)","v":213561.39},223858.9,16117840.800000001,48353522.399999999,"40 - IT-BPO-47-1-Plataforma de Centro de Contacto para Agente _Omnicanal_NA_NA_NA_NA_NA - 72 Licencia por posición"]
[null,41,"IT-BPO-47-1","Plataforma de Centro de Contacto para Agente ","Omnicanal","NA","NA","NA","NA","NA",56,"Licencia por posición",6,"Mes",{"$f":"VLOOKUP(C66,temp!$B:$AC,28,0)","v":213561.39},223858.9,12536098.4,75216590.400000006,"41 - IT-BPO-47-1-Plataforma de Centro de Contacto para Agente _Omnicanal_NA_NA_NA_NA_NA - 56 Licencia por posición"]
[null,42,"IT-BPO-47-1","Plataforma de Centro de Contacto para Agente ","Omnicanal","NA","NA","NA","NA","NA",44,"Licencia por posición",6,"Mes",{"$f":"VLOOKUP(C67,temp!$B:$AC,28,0)","v":213561.39},223858.9,9849791.5999999996,59098749.600000001,"42 - IT-BPO-47-1-Plataforma de Centro de Contacto para Agente _Omnicanal_NA_NA_NA_NA_NA - 44 Licencia por posición"]
[null,43,"IT-BPO-47-1","Plataforma de Centro de Contacto para Agente ","Omnicanal","NA","NA","NA","NA","NA",30,"Licencia por posición",13,"Mes",{"$f":"VLOOKUP(C68,temp!$B:$AC,28,0)","v":213561.39},223858.9,6715767,87304971,"43 - IT-BPO-47-1-Plataforma de Centro de Contacto para Agente _Omnicanal_NA_NA_NA_NA_NA - 30 Licencia por posición"]
[null,44,"IT-BPO-48-1","Hora desarrollo","NA","NA","NA","NA","NA","NA",125,"Hora desarrollo",28,"Mes",{"$f":"VLOOKUP(C69,temp!$B:$AC,28,0)","v":87666.67},91893.78,11486722.5,321628230,"44 - IT-BPO-48-1-Hora desarrollo_NA_NA_NA_NA_NA_NA - 125 Hora desarrollo"]
[null,45,"IT-BPO-49-1","Puesto de trabajo en el Call Center sin Agente","NA","NA","NA","NA","NA","NA",1,"Puesto de trabajo",28,"Mes",{"$f":"VLOOKUP(C70,temp!$B:$AC,28,0)","v":1109282},1162769.3899999999,1162769.3899999999,32557542.920000002,"45 - IT-BPO-49-1-Puesto de trabajo en el Call Center sin Agente_NA_NA_NA_NA_NA_NA - 1 Puesto de trabajo"]
[null,46,"IT-BPO-52-1","Enlace Dedicado entre puntos ","10Mbps","Zona 1","NA","NA","NA","NA",1,"Mes",28,"Mes",{"$f":"VLOOKUP(C71,temp!$B:$AC,28,0)","v":6980297.5700000003},7316873.7599999998,7316873.7599999998,204872465.28,"46 - IT-BPO-52-1-Enlace Dedicado entre puntos _10Mbps_Zona 1_NA_NA_NA_NA - 1 Mes"]
[null,47,"IT-BPO-52-19","Enlace Dedicado a Internet","1Gbps","Zona 1","NA","NA","NA","NA",1,"Mes",28,"Mes",{"$f":"VLOOKUP(C72,temp!$B:$AC,28,0)","v":29279061.690000001},30690840.350000001,30690840.350000001,859343529.79999995,"47 - IT-BPO-52-19-Enlace Dedicado a Internet_1Gbps_Zona 1_NA_NA_NA_NA - 1 Mes"]
[null,48,"IT-BPO-62-43","Componentes complemento Puesto de Trabajo","Licenciamiento de ofimatica","NA","NA","NA","NA","NA",12,"Licencia Mes",3,"Mes",{"$f":"VLOOKUP(C73,temp!$B:$AC,28,0)","v":69003.11},72330.3,867963.6,2603890.7999999998,"48 - IT-BPO-62-43-Componentes complemento Puesto de Trabajo_Licenciamiento de ofimatica_NA_NA_NA_NA_NA - 12 Licencia Mes"]
[null,49,"IT-BPO-62-43","Componentes complemento Puesto de Trabajo","Licenciamiento de ofimatica","NA","NA","NA","NA","NA",9,"Licencia Mes",4,"Mes",{"$f":"VLOOKUP(C74,temp!$B:$AC,28,0)","v":69003.11},72330.3,650972.69999999995,2603890.7999999998,"49 - IT-BPO-62-43-Componentes complemento Puesto de Trabajo_Licenciamiento de ofimatica_NA_NA_NA_NA_NA - 9 Licencia Mes"]
[null,50,"IT-BPO-62-43","Componentes complemento Puesto de Trabajo","Licenciamiento de ofimatica","NA","NA","NA","NA","NA",7,"Licencia Mes",21,"Mes",{"$f":"VLOOKUP(C75,temp!$B:$AC,28,0)","v":69003.11},72330.3,506312.1,10632554.1,"50 - IT-BPO-62-43-Componentes complemento Puesto de Trabajo_Licenciamiento de ofimatica_NA_NA_NA_NA_NA - 7 Licencia Mes"]
[null,51,"IT-BPO-63-1","Licencia RPA – Robotic Process Automation","NA","NA","NA","NA","NA","NA",2,"Licencia Mes",25,"Mes",{"$f":"VLOOKUP(C76,temp!$B:$AC,28,0)","v":268655.44},281609.48,563218.96,14080474,"51 - IT-BPO-63-1-Licencia RPA – Robotic Process Automation_NA_NA_NA_NA_NA_NA - 2 Licencia Mes"]
[null,52,"IT-BPO-67-1","Speech Analytics","NA","NA","NA","NA","NA","NA",416,"Hora",28,"Mes",{"$f":"VLOOKUP(C77,temp!$B:$AC,28,0)","v":7497.36},7858.87,3269289.92,91540117.760000005,"52 - IT-BPO-67-1-Speech Analytics_NA_NA_NA_NA_NA_NA - 416 Hora"]
[null,"1. Si requiere agregue o elimine filas",null,null,null,null,null,null,null,null,null,null,null,null,null,null,"Sub Total",{"$f":"SUM(R$26:R77)","v":17420627733.859997}]
[null,null,null,null,null,null,null,null,null,null,null,null,null,null,null,null,"IVA",{"$f":"ROUND(R78*19%,2)","v":3309919269.4299998}]
[null,null,null,null,null,null,null,null,null,null,null,null,null,null,null,null,"Valor Total",{"$f":"ROUND(SUM(R78:R79),2)","v":20730547003.290001}]
[null,"Gravamenes adicionales*"]
[]
[null,"Gravamenes adicionales (estampillas)"]
[null,"No","Descripción",null,null,null,"Porcentaje"]
[null,1,"PROADULTO MAYOR ",null,null,null,0.02]
[null,2,"PROCULTURA",null,null,null,5.0000000000000001E-3]
[null,3,"UNIVERSIDAD DISTRITAL FRANCISCO JOSE DE CALDAS  ",null,null,null,1.0999999999999999E-2]
[null,4,"IMPUESTO AL TIMBRE ",null,null,null,0.01]
[null,null,null,null,null,"Total porcentaje:",4.6000000000000006E-2]
[null,null,null,"Filas a agregar o eliminar Gravamenes:"]
[null,null,null,1]

{"sheet":"Cotizacion","index":4,"n_rows":91,"n_cols":20,"rows_kept":91,"cut":false,"hidden":false,"merged":[[17,1,17,3],[17,6,17,7],[17,8,17,10],[0,1,0,10],[21,1,21,3],[1,1,1,10],[5,4,5,6],[7,4,7,6],[9,4,9,6],[11,1,11,3],[11,4,11,6],[3,1,3,10],[5,9,5,10],[7,9,7,10],[9,9,9,10],[11,9,11,10],[14,1,14,10],[85,2,85,5],[86,2,86,5],[87,2,87,5],[23,14,23,19],[23,1,23,13],[83,2,83,5],[84,2,84,5],[80,1,80,10],[82,1,82,6]]}
[null,"COTIZACIÓN"]
[null,{"$f":"+SolCotizacion!B2","v":"Servicios BPO III"}]
[null,null,{"$f":"+SolCotizacion!$C$3","v":"Versión: 2"},{"$f":"+SolCotizacion!$D$3","v":"2025-02-17"}]
[null,"Información de la Entidad Compradora"]
[]
[null,"Nombre de la Entidad",null,null,{"$f":"SolCotizacion!E6","v":"SECRETARÍA GENERAL - ALCALDÍA MAYOR DE BOGOTÁ"},null,null,"NIT",null,{"$f":"SolCotizacion!J6","v":899999061}]
[]
[null,"Dirección de la Entidad",null,null,{"$f":"SolCotizacion!E8","v":"Cra 8 10 65"},null,null,"Correo de contacto",null,{"$f":"SolCotizacion!J8","v":"ecusba@alcaldiabogota.gov.co"}]
[]
[null,"Municipio",null,null,{"$f":"SolCotizacion!E10","v":"Bogotá D.C."},null,null,"Teléfono de contacto",null,{"$f":"SolCotizacion!J10","v":3813000}]
[]
[null,"Nombre funcionario Comprador",null,null,{"$f":"SolCotizacion!E12","v":"ENRIQUE CUSBA GARCÍA "},null,null,"Número RFI",null,{"$f":"+SolCotizacion!$J$12","v":193460}]
[]
[]
[null,"Cotización"]
[]
[]
[null,"Segmento",null,null,{"$f":"SolCotizacion!E18","v":"Lote 1"},null,"Proveedor"]
[]
[null,"Cantidad de filas:"]
[]
[null,{"$f":"SolCotizacion!B22","v":1}]
[]
[null,"Paquete de Servicios",null,null,null,null,null,null,null,null,null,null,null,null,"Valores"]
[null,"Item","Cod. Matriz","Servicio","Característica 1","Característica 2","Característica 3","Característica 4","Característica 5","Característica 6","Capacidad","Unidad de Facturación","Cantidad en Tiempo","Unidad x Cantidad","Valor Unitario","Valor Unitario + Gravamenes","Descuento adicional","Precio con Descuento","Valor X Capacidad","Precio Total"]
[null,1,"IT-BPO-1-1","Troncal SIP ","NA","NA","NA","NA","NA","NA",110,"Mes",28,"Mes",{"$f":"VLOOKUP($C26,temp!$B:$AB,MATCH(Cotizacion!$I$18,temp!$B$1:$AB$1,0),0)","v":{"$error":"#N/A"}},{"$f":"ROUND(O26/(1-(VLOOKUP(\"Total porcentaje:\",$F:$H,2,0))),2)","v":{"$error":"#N/A"}},null,{"$f":"ROUND(P26*(1-Q26),2)","v":{"$error":"#N/A"}},{"$f":"ROUND(R26*K26,2)","v":{"$error":"#N/A"}},{"$f":"ROUND(S26*M26,2)","v":{"$error":"#N/A"}}]
[null,2,"IT-BPO-2-1","Minuto IVR (Interactive Voice Response) - Enrutador","NA","NA","NA","NA","NA","NA",110000,"Minuto",4,"Mes",{"$f":"VLOOKUP($C27,temp!$B:$AB,MATCH(Cotizacion!$I$18,temp!$B$1:$AB$1,0),0)","v":{"$error":"#N/A"}},{"$f":"ROUND(O27/(1-(VLOOKUP(\"Total porcentaje:\",$F:$H,2,0))),2)","v":{"$error":"#N/A"}},null,{"$f":"ROUND(P27*(1-Q27),2)","v":{"$error":"#N/A"}},{"$f":"ROUND(R27*K27,2)","v":{"$error":"#N/A"}},{"$f":"ROUND(S27*M27,2)","v":{"$error":"#N/A"}}]
[null,3,"IT-BPO-3-1","Minuto IVR (Interactive Voice Response) - Audiotexto        ","NA","NA","NA","NA","NA","NA",110000,"Minuto",24,"Mes",{"$f":"VLOOKUP($C28,temp!$B:$AB,MATCH(Cotizacion!$I$18,temp!$B$1:$AB$1,0),0)","v":{"$error":"#N/A"}},{"$error":"#N/A"},null,{"$error":"#N/A"},{"$error":"#N/A"},{"$error":"#N/A"}]
[null,4,"IT-BPO-4-1","Minuto IVR (Interactive Voice Response) Transaccional        ","NA","NA","NA","NA","NA","NA",110000,"Minuto",12,"Mes",{"$f":"VLOOKUP($C29,temp!$B:$AB,MATCH(Cotizacion!$I$18,temp!$B$1:$AB$1,0),0)","v":{"$error":"#N/A"}},{"$error":"#N/A"},null,{"$error":"#N/A"},{"$error":"#N/A"},{"$error":"#N/A"}]
[null,5,"IT-BPO-6-2","Grabación anuncios IVR (Interactive Voice Response) Respuesta de Voz Interactiva        ","Voz sintética ","NA","NA","NA","NA","NA",2,"Anuncio",28,"Mes",{"$f":"VLOOKUP($C30,temp!$B:$AB,MATCH(Cotizacion!$I$18,temp!$B$1:$AB$1,0),0)","v":{"$error":"#N/A"}},{"$error":"#N/A"},null,{"$error":"#N/A"},{"$error":"#N/A"},{"$error":"#N/A"}]
[null,6,"IT-BPO-7-6","Minutos de conexión outbound/Inbound","Outbound de fijo a celular ","NA","NA","NA","NA","NA",72000,"Minuto",28,"Mes",{"$f":"VLOOKUP($C31,temp!$B:$AB,MATCH(Cotizacion!$I$18,temp!$B$1:$AB$1,0),0)","v":{"$error":"#N/A"}},{"$error":"#N/A"},null,{"$error":"#N/A"},{"$error":"#N/A"},{"$error":"#N/A"}]
[null,7,"IT-BPO-8-1","Transferencia de llamadas","NA","NA","NA","NA","NA","NA",400,"Transferencia",28,"Mes",{"$f":"VLOOKUP($C32,temp!$B:$AB,MATCH(Cotizacion!$I$18,temp!$B$1:$AB$1,0),0)","v":{"$error":"#N/A"}},{"$error":"#N/A"},null,{"$error":"#N/A"},{"$error":"#N/A"},{"$error":"#N/A"}]
[null,8,"IT-BPO-11-1","Clic to call","NA","NA","NA","NA","NA","NA",2,"Licencia Mes",28,"Mes",{"$f":"VLOOKUP($C33,temp!$B:$AB,MATCH(Cotizacion!$I$18,temp!$B$1:$AB$1,0),0)","v":{"$error":"#N/A"}},{"$error":"#N/A"},null,{"$error":"#N/A"},{"$error":"#N/A"},{"$error":"#N/A"}]
[null,9,"IT-BPO-12-1","Web Callback ","NA","NA","NA","NA","NA","NA",2,"Licencia Mes",28,"Mes",{"$f":"VLOOKUP($C34,temp!$B:$AB,MATCH(Cotizacion!$I$18,temp!$B$1:$AB$1,0),0)","v":{"$error":"#N/A"}},{"$error":"#N/A"},null,{"$error":"#N/A"},{"$error":"#N/A"},{"$error":"#N/A"}]
[null,10,"IT-BPO-13-1","Mailing","NA","NA","NA","NA","NA","NA",127000,"Correo",28,"Mes",{"$f":"VLOOKUP($C35,temp!$B:$AB,MATCH(Cotizacion!$I$18,temp!$B$1:$AB$1,0),0)","v":{"$error":"#N/A"}},{"$error":"#N/A"},null,{"$error":"#N/A"},{"$error":"#N/A"},{"$error":"#N/A"}]
[null,11,"IT-BPO-16-1","Mensaje SMS (Short Message Service) ","SMS en una vía","NA","NA","NA","NA","NA",10900,"Mensaje SMS",28,"Mes",{"$f":"VLOOKUP($C36,temp!$B:$AB,MATCH(Cotizacion!$I$18,temp!$B$1:$AB$1,0),0)","v":{"$error":"#N/A"}},{"$error":"#N/A"},null,{"$error":"#N/A"},{"$error":"#N/A"},{"$error":"#N/A"}]
[null,12,"IT-BPO-21-1","Chatbot Smart","NA","NA","NA","NA","NA","NA",12200,"Respuesta Chatbot Smart",25,"Mes",{"$f":"VLOOKUP($C37,temp!$B:$AB,MATCH(Cotizacion!$I$18,temp!$B$1:$AB$1,0),0)","v":{"$error":"#N/A"}},{"$error":"#N/A"},null,{"$error":"#N/A"},{"$error":"#N/A"},{"$error":"#N/A"}]
[null,13,"IT-BPO-22-1","Voicebot Smart","NA","NA","NA","NA","NA","NA",2700000,"Minuto Voicebot Smart",25,"Mes",{"$f":"VLOOKUP($C38,temp!$B:$AB,MATCH(Cotizacion!$I$18,temp!$B$1:$AB$1,0),0)","v":{"$error":"#N/A"}},{"$error":"#N/A"},null,{"$error":"#N/A"},{"$error":"#N/A"},{"$error":"#N/A"}]
[null,14,"IT-BPO-23-1","Hora desarrollo para Integraciones y canales digitales","NA","NA","NA","NA","NA","NA",125,"Hora desarrollo para Integraciones y canales digitales",28,"Mes",{"$f":"VLOOKUP($C39,temp!$B:$AB,MATCH(Cotizacion!$I$18,temp!$B$1:$AB$1,0),0)","v":{"$error":"#N/A"}},{"$error":"#N/A"},null,{"$error":"#N/A"},{"$error":"#N/A"},{"$error":"#N/A"}]
[null,15,"IT-BPO-24-1","Analytics","NA","NA","NA","NA","NA","NA",2,"Licencia Mes",28,"Mes",{"$f":"VLOOKUP($C40,temp!$B:$AB,MATCH(Cotizacion!$I$18,temp!$B$1:$AB$1,0),0)","v":{"$error":"#N/A"}},{"$error":"#N/A"},null,{"$error":"#N/A"},{"$error":"#N/A"},{"$error":"#N/A"}]
[null,16,"IT-BPO-25-1","Agente en Sitio ","Agente general","Jornada Ordinaria","En sitio","Oro","NA","NA",66,"Mes",3,"Mes",{"$f":"VLOOKUP($C41,temp!$B:$AB,MATCH(Cotizacion!$I$18,temp!$B$1:$AB$1,0),0)","v":{"$error":"#N/A"}},{"$error":"#N/A"},null,{"$error":"#N/A"},{"$error":"#N/A"},{"$error":"#N/A"}]
[null,17,"IT-BPO-25-1","Agente en Sitio ","Agente general","Jornada Ordinaria","En sitio","Oro","NA","NA",51,"Mes",6,"Mes",{"$f":"VLOOKUP($C42,temp!$B:$AB,MATCH(Cotizacion!$I$18,temp!$B$1:$AB$1,0),0)","v":{"$error":"#N/A"}},{"$error":"#N/A"},null,{"$error":"#N/A"},{"$error":"#N/A"},{"$error":"#N/A"}]
[null,18,"IT-BPO-25-1","Agente en Sitio ","Agente general","Jornada Ordinaria","En sitio","Oro","NA","NA",39,"Mes",6,"Mes",{"$f":"VLOOKUP($C43,temp!$B:$AB,MATCH(Cotizacion!$I$18,temp!$B$1:$AB$1,0),0)","v":{"$error":"#N/A"}},{"$error":"#N/A"},null,{"$error":"#N/A"},{"$error":"#N/A"},{"$error":"#N/A"}]
[null,19,"IT-BPO-25-1","Agente en Sitio ","Agente general","Jornada Ordinaria","En sitio","Oro","NA","NA",25,"Mes",13,"Mes",{"$f":"VLOOKUP($C44,temp!$B:$AB,MATCH(Cotizacion!$I$18,temp!$B$1:$AB$1,0),0)","v":{"$error":"#N/A"}},{"$error":"#N/A"},null,{"$error":"#N/A"},{"$error":"#N/A"},{"$error":"#N/A"}]
[null,20,"IT-BPO-25-4","Agente en Sitio ","Agente general","Hora extra dominical y festivo","En sitio","Oro","NA","NA",1000,"Hora",3,"Mes",{"$f":"VLOOKUP($C45,temp!$B:$AB,MATCH(Cotizacion!$I$18,temp!$B$1:$AB$1,0),0)","v":{"$error":"#N/A"}},{"$error":"#N/A"},null,{"$error":"#N/A"},{"$error":"#N/A"},{"$error":"#N/A"}]
[null,21,"IT-BPO-25-4","Agente en Sitio ","Agente general","Hora extra dominical y festivo","En sitio","Oro","NA","NA",500,"Hora",6,"Mes",{"$f":"VLOOKUP($C46,temp!$B:$AB,MATCH(Cotizacion!$I$18,temp!$B$1:$AB$1,0),0)","v":{"$error":"#N/A"}},{"$error":"#N/A"},null,{"$error":"#N/A"},{"$error":"#N/A"},{"$error":"#N/A"}]
[null,22,"IT-BPO-25-4","Agente en Sitio ","Agente general","Hora extra dominical y festivo","En sitio","Oro","NA","NA",500,"Hora",6,"Mes",{"$f":"VLOOKUP($C47,temp!$B:$AB,MATCH(Cotizacion!$I$18,temp!$B$1:$AB$1,0),0)","v":{"$error":"#N/A"}},{"$error":"#N/A"},null,{"$error":"#N/A"},{"$error":"#N/A"},{"$error":"#N/A"}]
[null,23,"IT-BPO-25-4","Agente en Sitio ","Agente general","Hora extra dominical y festivo","En sitio","Oro","NA","NA",500,"Hora",13,"Mes",{"$f":"VLOOKUP($C48,temp!$B:$AB,MATCH(Cotizacion!$I$18,temp!$B$1:$AB$1,0),0)","v":{"$error":"#N/A"}},{"$error":"#N/A"},null,{"$error":"#N/A"},{"$error":"#N/A"},{"$error":"#N/A"}]
[null,24,"IT-BPO-25-5","Agente en Sitio ","Agente general","Servicio 7x24","En sitio","Oro","NA","NA",1,"Mes 7x24",28,"Mes",{"$f":"VLOOKUP($C49,temp!$B:$AB,MATCH(Cotizacion!$I$18,temp!$B$1:$AB$1,0),0)","v":{"$error":"#N/A"}},{"$error":"#N/A"},null,{"$error":"#N/A"},{"$error":"#N/A"},{"$error":"#N/A"}]
[null,25,"IT-BPO-25-11","Agente en Sitio ","Agente técnico","Jornada Ordinaria","En sitio","Oro","NA","NA",1,"Mes",28,"Mes",{"$f":"VLOOKUP($C50,temp!$B:$AB,MATCH(Cotizacion!$I$18,temp!$B$1:$AB$1,0),0)","v":{"$error":"#N/A"}},{"$error":"#N/A"},null,{"$error":"#N/A"},{"$error":"#N/A"},{"$error":"#N/A"}]
[null,26,"IT-BPO-25-51","Agente en Sitio ","Agente profesional","Ciencias sociales, humanas y afines","Jornada Ordinaria","En sitio","Oro","NA",1,"Mes",28,"Mes",{"$f":"VLOOKUP($C51,temp!$B:$AB,MATCH(Cotizacion!$I$18,temp!$B$1:$AB$1,0),0)","v":{"$error":"#N/A"}},{"$error":"#N/A"},null,{"$error":"#N/A"},{"$error":"#N/A"},{"$error":"#N/A"}]
[null,27,"IT-BPO-26-31","Agente en la Entidad Compradora o Back Office","Agente técnico","Jornada Ordinaria","Oro","Zona 1","NA","NA",2,"Mes",28,"Mes",{"$f":"VLOOKUP($C52,temp!$B:$AB,MATCH(Cotizacion!$I$18,temp!$B$1:$AB$1,0),0)","v":{"$error":"#N/A"}},{"$error":"#N/A"},null,{"$error":"#N/A"},{"$error":"#N/A"},{"$error":"#N/A"}]
[null,28,"IT-BPO-26-61","Agente en la Entidad Compradora o Back Office","Agente profesional","Economía, administración, contaduría y afines","Jornada Ordinaria","Oro","Zona 1","NA",2,"Mes",28,"Mes",{"$f":"VLOOKUP($C53,temp!$B:$AB,MATCH(Cotizacion!$I$18,temp!$B$1:$AB$1,0),0)","v":{"$error":"#N/A"}},{"$error":"#N/A"},null,{"$error":"#N/A"},{"$error":"#N/A"},{"$error":"#N/A"}]
[null,29,"IT-BPO-29-41","Agente con dominio en lenguaje de señas colombiana (Videollamada)","Agente técnico","En Sitio","Jornada Ordinaria","Oro","NA","NA",1,"Mes",28,"Mes",{"$f":"VLOOKUP($C54,temp!$B:$AB,MATCH(Cotizacion!$I$18,temp!$B$1:$AB$1,0),0)","v":{"$error":"#N/A"}},{"$error":"#N/A"},null,{"$error":"#N/A"},{"$error":"#N/A"},{"$error":"#N/A"}]
[null,30,"IT-BPO-33-1","Agente Minero de Datos","Agente profesional","Jornada Ordinaria ","NA","NA","NA","NA",2,"Mes",28,"Mes",{"$f":"VLOOKUP($C55,temp!$B:$AB,MATCH(Cotizacion!$I$18,temp!$B$1:$AB$1,0),0)","v":{"$error":"#N/A"}},{"$error":"#N/A"},null,{"$error":"#N/A"},{"$error":"#N/A"},{"$error":"#N/A"}]
[null,31,"IT-BPO-35-1","Coordinador Nacional","Jornada Ordinaria","Zona 1","Con herramienta","NA","NA","NA",1,"Mes",28,"Mes",{"$f":"VLOOKUP($C56,temp!$B:$AB,MATCH(Cotizacion!$I$18,temp!$B$1:$AB$1,0),0)","v":{"$error":"#N/A"}},{"$error":"#N/A"},null,{"$error":"#N/A"},{"$error":"#N/A"},{"$error":"#N/A"}]
[null,32,"IT-BPO-37-8","Supervisor Servicios BPO","Jornada Ordinaria","Detallada","Con herramienta","NA","NA","NA",4,"Mes",3,"Mes",{"$f":"VLOOKUP($C57,temp!$B:$AB,MATCH(Cotizacion!$I$18,temp!$B$1:$AB$1,0),0)","v":{"$error":"#N/A"}},{"$error":"#N/A"},null,{"$error":"#N/A"},{"$error":"#N/A"},{"$error":"#N/A"}]
[null,33,"IT-BPO-37-8","Supervisor Servicios BPO","Jornada Ordinaria","Detallada","Con herramienta","NA","NA","NA",3,"Mes",4,"Mes",{"$f":"VLOOKUP($C58,temp!$B:$AB,MATCH(Cotizacion!$I$18,temp!$B$1:$AB$1,0),0)","v":{"$error":"#N/A"}},{"$error":"#N/A"},null,{"$error":"#N/A"},{"$error":"#N/A"},{"$error":"#N/A"}]
[null,34,"IT-BPO-37-8","Supervisor Servicios BPO","Jornada Ordinaria","Detallada","Con herramienta","NA","NA","NA",2,"Mes",21,"Mes",{"$f":"VLOOKUP($C59,temp!$B:$AB,MATCH(Cotizacion!$I$18,temp!$B$1:$AB$1,0),0)","v":{"$error":"#N/A"}},{"$error":"#N/A"},null,{"$error":"#N/A"},{"$error":"#N/A"},{"$error":"#N/A"}]
[null,35,"IT-BPO-38-1","Líder de calidad","Jornada Ordinaria","Detallada","Con herramienta","NA","NA","NA",4,"Mes",3,"Mes",{"$f":"VLOOKUP($C60,temp!$B:$AB,MATCH(Cotizacion!$I$18,temp!$B$1:$AB$1,0),0)","v":{"$error":"#N/A"}},{"$error":"#N/A"},null,{"$error":"#N/A"},{"$error":"#N/A"},{"$error":"#N/A"}]
[null,36,"IT-BPO-38-1","Líder de calidad","Jornada Ordinaria","Detallada","Con herramienta","NA","NA","NA",3,"Mes",4,"Mes",{"$f":"VLOOKUP($C61,temp!$B:$AB,MATCH(Cotizacion!$I$18,temp!$B$1:$AB$1,0),0)","v":{"$error":"#N/A"}},{"$error":"#N/A"},null,{"$error":"#N/A"},{"$error":"#N/A"},{"$error":"#N/A"}]
[null,37,"IT-BPO-38-1","Líder de calidad","Jornada Ordinaria","Detallada","Con herramienta","NA","NA","NA",2,"Mes",21,"Mes",{"$f":"VLOOKUP($C62,temp!$B:$AB,MATCH(Cotizacion!$I$18,temp!$B$1:$AB$1,0),0)","v":{"$error":"#N/A"}},{"$error":"#N/A"},null,{"$error":"#N/A"},{"$error":"#N/A"},{"$error":"#N/A"}]
[null,38,"IT-BPO-39-1","Formador","Jornada Ordinaria","NA","NA","NA","NA","NA",3,"Mes",3,"Mes",{"$f":"VLOOKUP($C63,temp!$B:$AB,MATCH(Cotizacion!$I$18,temp!$B$1:$AB$1,0),0)","v":{"$error":"#N/A"}},{"$error":"#N/A"},null,{"$error":"#N/A"},{"$error":"#N/A"},{"$error":"#N/A"}]
[null,39,"IT-BPO-39-1","Formador","Jornada Ordinaria","NA","NA","NA","NA","NA",2,"Mes",25,"Mes",{"$f":"VLOOKUP($C64,temp!$B:$AB,MATCH(Cotizacion!$I$18,temp!$B$1:$AB$1,0),0)","v":{"$error":"#N/A"}},{"$error":"#N/A"},null,{"$error":"#N/A"},{"$error":"#N/A"},{"$error":"#N/A"}]
[null,40,"IT-BPO-47-1","Plataforma de Centro de Contacto para Agente ","Omnicanal","NA","NA","NA","NA","NA",72,"Licencia por posición",3,"Mes",{"$f":"VLOOKUP($C65,temp!$B:$AB,MATCH(Cotizacion!$I$18,temp!$B$1:$AB$1,0),0)","v":{"$error":"#N/A"}},{"$error":"#N/A"},null,{"$error":"#N/A"},{"$error":"#N/A"},{"$error":"#N/A"}]
[null,41,"IT-BPO-47-1","Plataforma de Centro de Contacto para Agente ","Omnicanal","NA","NA","NA","NA","NA",56,"Licencia por posición",6,"Mes",{"$f":"VLOOKUP($C66,temp!$B:$AB,MATCH(Cotizacion!$I$18,temp!$B$1:$AB$1,0),0)","v":{"$error":"#N/A"}},{"$error":"#N/A"},null,{"$error":"#N/A"},{"$error":"#N/A"},{"$error":"#N/A"}]
[null,42,"IT-BPO-47-1","Plataforma de Centro de Contacto para Agente ","Omnicanal","NA","NA","NA","NA","NA",44,"Licencia por posición",6,"Mes",{"$f":"VLOOKUP($C67,temp!$B:$AB,MATCH(Cotizacion!$I$18,temp!$B$1:$AB$1,0),0)","v":{"$error":"#N/A"}},{"$error":"#N/A"},null,{"$error":"#N/A"},{"$error":"#N/A"},{"$error":"#N/A"}]
[null,43,"IT-BPO-47-1","Plataforma de Centro de Contacto para Agente ","Omnicanal","NA","NA","NA","NA","NA",30,"Licencia por posición",13,"Mes",{"$f":"VLOOKUP($C68,temp!$B:$AB,MATCH(Cotizacion!$I$18,temp!$B$1:$AB$1,0),0)","v":{"$error":"#N/A"}},{"$error":"#N/A"},null,{"$error":"#N/A"},{"$error":"#N/A"},{"$error":"#N/A"}]
[null,44,"IT-BPO-48-1","Hora desarrollo","NA","NA","NA","NA","NA","NA",125,"Hora desarrollo",28,"Mes",{"$f":"VLOOKUP($C69,temp!$B:$AB,MATCH(Cotizacion!$I$18,temp!$B$1:$AB$1,0),0)","v":{"$error":"#N/A"}},{"$error":"#N/A"},null,{"$error":"#N/A"},{"$error":"#N/A"},{"$error":"#N/A"}]
[null,45,"IT-BPO-49-1","Puesto de trabajo en el Call Center sin Agente","NA","NA","NA","NA","NA","NA",1,"Puesto de trabajo",28,"Mes",{"$f":"VLOOKUP($C70,temp!$B:$AB,MATCH(Cotizacion!$I$18,temp!$B$1:$AB$1,0),0)","v":{"$error":"#N/A"}},{"$error":"#N/A"},null,{"$error":"#N/A"},{"$error":"#N/A"},{"$error":"#N/A"}]
[null,46,"IT-BPO-52-1","Enlace Dedicado entre puntos ","10Mbps","Zona 1","NA","NA","NA","NA",1,"Mes",28,"Mes",{"$f":"VLOOKUP($C71,temp!$B:$AB,MATCH(Cotizacion!$I$18,temp!$B$1:$AB$1,0),0)","v":{"$error":"#N/A"}},{"$error":"#N/A"},null,{"$error":"#N/A"},{"$error":"#N/A"},{"$error":"#N/A"}]
[null,47,"IT-BPO-52-19","Enlace Dedicado a Internet","1Gbps","Zona 1","NA","NA","NA","NA",1,"Mes",28,"Mes",{"$f":"VLOOKUP($C72,temp!$B:$AB,MATCH(Cotizacion!$I$18,temp!$B$1:$AB$1,0),0)","v":{"$error":"#N/A"}},{"$error":"#N/A"},null,{"$error":"#N/A"},{"$error":"#N/A"},{"$error":"#N/A"}]
[null,48,"IT-BPO-62-43","Componentes complemento Puesto de Trabajo","Licenciamiento de ofimatica","NA","NA","NA","NA","NA",12,"Licencia Mes",3,"Mes",{"$f":"VLOOKUP($C73,temp!$B:$AB,MATCH(Cotizacion!$I$18,temp!$B$1:$AB$1,0),0)","v":{"$error":"#N/A"}},{"$error":"#N/A"},null,{"$error":"#N/A"},{"$error":"#N/A"},{"$error":"#N/A"}]
[null,49,"IT-BPO-62-43","Componentes complemento Puesto de Trabajo","Licenciamiento de ofimatica","NA","NA","NA","NA","NA",9,"Licencia Mes",4,"Mes",{"$f":"VLOOKUP($C74,temp!$B:$AB,MATCH(Cotizacion!$I$18,temp!$B$1:$AB$1,0),0)","v":{"$error":"#N/A"}},{"$error":"#N/A"},null,{"$error":"#N/A"},{"$error":"#N/A"},{"$error":"#N/A"}]
[null,50,"IT-BPO-62-43","Componentes complemento Puesto de Trabajo","Licenciamiento de ofimatica","NA","NA","NA","NA","NA",7,"Licencia Mes",21,"Mes",{"$f":"VLOOKUP($C75,temp!$B:$AB,MATCH(Cotizacion!$I$18,temp!$B$1:$AB$1,0),0)","v":{"$error":"#N/A"}},{"$error":"#N/A"},null,{"$error":"#N/A"},{"$error":"#N/A"},{"$error":"#N/A"}]
[null,51,"IT-BPO-63-1","Licencia RPA – Robotic Process Automation","NA","NA","NA","NA","NA","NA",2,"Licencia Mes",25,"Mes",{"$f":"VLOOKUP($C76,temp!$B:$AB,MATCH(Cotizacion!$I$18,temp!$B$1:$AB$1,0),0)","v":{"$error":"#N/A"}},{"$error":"#N/A"},null,{"$error":"#N/A"},{"$error":"#N/A"},{"$error":"#N/A"}]
[null,52,"IT-BPO-67-1","Speech Analytics","NA","NA","NA","NA","NA","NA",416,"Hora",28,"Mes",{"$f":"VLOOKUP($C77,temp!$B:$AB,MATCH(Cotizacion!$I$18,temp!$B$1:$AB$1,0),0)","v":{"$error":"#N/A"}},{"$error":"#N/A"},null,{"$error":"#N/A"},{"$error":"#N/A"},{"$error":"#N/A"}]
[null,"1. Si requiere agregue o elimine filas",null,null,null,null,null,null,null,null,null,null,null,null,null,null,null,null,"Sub Total",{"$f":"SUM(T$26:T77)","v":{"$error":"#N/A"}}]
[null,null,null,null,null,null,null,null,null,null,null,null,null,null,null,null,null,null,"IVA",{"$f":"ROUND(T78*19%,2)","v":{"$error":"#N/A"}}]
[null,null,null,null,null,null,null,null,null,null,null,null,null,null,null,null,null,null,"Valor Total",{"$f":"ROUND(SUM(T78:T79),2)","v":{"$error":"#N/A"}}]
[null,"Gravamenes adicionales*"]
[]
[null,"Gravamenes adicionales (estampillas)"]
[null,"No","Descripción",null,null,null,"Porcentaje"]
[null,1,"PROADULTO MAYOR ",null,null,null,0.02]
[null,2,"PROCULTURA",null,null,null,5.0000000000000001E-3]
[null,3,"UNIVERSIDAD DISTRITAL FRANCISCO JOSE DE CALDAS  ",null,null,null,1.0999999999999999E-2]
[null,4,"IMPUESTO AL TIMBRE ",null,null,null,0.01]
[null,null,null,null,null,"Total porcentaje:",4.6000000000000006E-2]
[null,null,null,"Filas a agregar o eliminar Gravamenes:"]
[null,null,null,1]

{"sheet":"Cuadro Totales","index":5,"n_rows":13,"n_cols":6,"rows_kept":13,"cut":false,"hidden":true,"merged":[[0,0,0,3],[7,0,7,5]]}
["Valores"]
["Valor Unitario","Valor Unitario + Gravamenes","Valor X Capacidad","Precio Total"]
[]
[null,null,"Sub Total"]
[null,null,"IVA",{"$f":"ROUND(D4*19%,2)","v":0}]
[null,null,"Valor Total",{"$f":"ROUND(SUM(D4:D5),2)","v":0}]
[]
["Valores"]
["Valor Unitario","Valor Unitario + Gravamenes","Descuento adicional","Precio con Descuento","Valor X Capacidad","Precio Total"]
[]
[null,null,null,null,"Sub Total"]
[null,null,null,null,"IVA",{"$f":"ROUND(F11*19%,2)","v":0}]
[null,null,null,null,"Valor Total",{"$f":"ROUND(SUM(F11:F12),2)","v":0}]

{"sheet":"ListaProveedores","index":6,"n_rows":9,"n_cols":2,"rows_kept":9,"cut":false,"hidden":true,"merged":[]}
["ProveedorLote2","ProveedorLote1"]
["LEON & ASOCIADOS","EMTELCO"]
["INNOVA TECH IT S.A.S","BPM CONSULTING"]
["RST ASOCIADOS SAS","C&C SERVICES S.A.S"]
[null,"OUTSOURCING S.A.S BIC"]
[null,"UT ACUERDO MARCO ASD-IQ 2024"]
[null,"COS"]
[null,"CONALCREDITOS - CONALCENTER BPO"]
[null,"MILLENIUM BPO"]

{"sheet":"tempProveedores","index":7,"n_rows":8,"n_cols":1,"rows_kept":8,"cut":false,"hidden":true,"merged":[]}
["EMTELCO"]
["BPM CONSULTING"]
["C&C SERVICES S.A.S"]
["OUTSOURCING S.A.S BIC"]
["UT ACUERDO MARCO ASD-IQ 2024"]
["COS"]
["CONALCREDITOS - CONALCENTER BPO"]
["MILLENIUM BPO"]

{"sheet":"Listas","index":8,"n_rows":3,"n_cols":1,"rows_kept":3,"cut":false,"hidden":true,"merged":[]}
["TipoServicio"]
["Lote 1"]
["Lote 2"]

{"sheet":"ListasAutomaticas","index":9,"n_rows":69,"n_cols":27,"rows_kept":69,"cut":false,"hidden":true,"merged":[]}
["TipoServicio","Lote1","Lote2","1ModAgentes","1Caracteristica","1Nivel","1Caracteristica4","1Caracteristica5","1Caracteristica6","2Caracteristica4","2Caracteristica5","2Caracteristica6","4ModAgentes","4Caracteristica","4Nivel","5ModAgentes","5Caracteristica","5Nivel","6ModAgentes","6Caracteristica","6Nivel","7ModAgentes","7Caracteristica","7Nivel","7Caracteristica4","7Caracteristica5","7Caracteristica6"]
["Lote 1","Agente Bilingüe","Agente Bilingüe","Agente especializado","Agronomía, veterinaria y afines","En las instalaciones de la Entidad Compradora ","Hora extra diurna","Oro","NA","Oro","Zona 1","NA","API","NA","NA","API","NA","NA","API","NA","NA","API","Alemania","NA","NA","NA","NA"]
["Lote 2","Agente con dominio en lenguaje de señas colombiana (Videollamada)","Agente con dominio en lenguaje de señas colombiana (Videollamada)","Agente general","Bellas artes y afines","En Sitio","Hora extra dominical y festivo","Plata",null,"Plata","Zona 2",null,"conversación iniciada por el usuario",null,null,"conversación iniciada por el usuario",null,null,"conversación iniciada por el usuario",null,null,"conversación iniciada por el usuario","Arabia Saudí"]
[null,"Agente en la Entidad Compradora o Back Office","Agente en la Entidad Compradora o Back Office","Agente profesional","Ciencias de la educación y afines","Front office con herramienta","Hora extra nocturna ","Platino",null,"Platino","Zona 3",null,"conversación iniciada por la empresa (Entidad)",null,null,"conversación iniciada por la empresa (Entidad)",null,null,"conversación iniciada por la empresa (Entidad)",null,null,"conversación iniciada por la empresa (Entidad)","Argentina"]
[null,"Agente en Sitio ","Agente en Sitio ","Agente técnico","Ciencias de la salud y afines","Front office sin herramienta","Jornada Ordinaria",null,null,null,null,null,"setup ",null,null,"setup ",null,null,"setup ",null,null,"setup ","Brasil"]
[null,"Agente Front Office","Agente Front Office",null,"Ciencias sociales, humanas y afines",null,"Servicio 7x24",null,null,null,null,null,"usuario activo ",null,null,"usuario activo ",null,null,"usuario activo ",null,null,"usuario activo ","Chile"]
[null,"Agente Front Office sin herramienta","Agente Front Office sin herramienta",null,"Economía, administración, contaduría y afines",null,null,null,null,null,null,null,null,null,null,null,null,null,null,null,null,null,"Colombia"]
[null,"Agente Minero de Datos","Agente Minero de Datos",null,"Ingeniería, arquitectura, urbanismo y afines",null,null,null,null,null,null,null,null,null,null,null,null,null,null,null,null,null,"Egipto"]
[null,"Agente para atención con Videollamada","Agente para atención con Videollamada",null,"Matemáticas, ciencias naturales y afines",null,null,null,null,null,null,null,null,null,null,null,null,null,null,null,null,null,"Emiratos Árabes Unidos"]
[null,"Agente para gestión de redes sociales","Agente para gestión de redes sociales",null,null,null,null,null,null,null,null,null,null,null,null,null,null,null,null,null,null,null,"España"]
[null,"Agente Profesional con experiencia adicional","Agente Profesional con experiencia adicional",null,null,null,null,null,null,null,null,null,null,null,null,null,null,null,null,null,null,null,"Francia"]
[null,"Alimentación","Alimentación",null,null,null,null,null,null,null,null,null,null,null,null,null,null,null,null,null,null,null,"India"]
[null,"Alojamiento","Alojamiento",null,null,null,null,null,null,null,null,null,null,null,null,null,null,null,null,null,null,null,"Indonesia"]
[null,"Analytics","Cabina de contacto telefónico",null,null,null,null,null,null,null,null,null,null,null,null,null,null,null,null,null,null,null,"Israel"]
[null,"Cabina de contacto telefónico","Carné Institucional",null,null,null,null,null,null,null,null,null,null,null,null,null,null,null,null,null,null,null,"Italia"]
[null,"Carné Institucional","Cerramiento área de trabajo en Centro de Contacto",null,null,null,null,null,null,null,null,null,null,null,null,null,null,null,null,null,null,null,"Malasia"]
[null,"Cerramiento área de trabajo en Centro de Contacto","Clic to call",null,null,null,null,null,null,null,null,null,null,null,null,null,null,null,null,null,null,null,"México"]
[null,"Chatbot dumb","Componentes complemento Puesto de Trabajo",null,null,null,null,null,null,null,null,null,null,null,null,null,null,null,null,null,null,null,"Nigeria"]
[null,"Chatbot Smart","Coordinador Nacional",null,null,null,null,null,null,null,null,null,null,null,null,null,null,null,null,null,null,null,"Norteamérica*"]
[null,"Clic to call","Digiturno Avanzado",null,null,null,null,null,null,null,null,null,null,null,null,null,null,null,null,null,null,null,"Otros*"]
[null,"Componentes complemento Puesto de Trabajo","Digiturno Básico",null,null,null,null,null,null,null,null,null,null,null,null,null,null,null,null,null,null,null,"Países Bajos"]
[null,"Coordinador Nacional","Distintivo Institucional",null,null,null,null,null,null,null,null,null,null,null,null,null,null,null,null,null,null,null,"Pakistán"]
[null,"Digiturno Avanzado","Enlace Dedicado a Internet",null,null,null,null,null,null,null,null,null,null,null,null,null,null,null,null,null,null,null,"Perú"]
[null,"Digiturno Básico","Enlace Dedicado entre puntos",null,null,null,null,null,null,null,null,null,null,null,null,null,null,null,null,null,null,null,"Reino Unido"]
[null,"Distintivo Institucional","Estudio de Seguridad por Agente",null,null,null,null,null,null,null,null,null,null,null,null,null,null,null,null,null,null,null,"Resto de África*"]
[null,"Enlace Dedicado a Internet","Formador",null,null,null,null,null,null,null,null,null,null,null,null,null,null,null,null,null,null,null,"Resto de Asia-Pacífico*"]
[null,"Enlace Dedicado entre puntos","Gerente de proyecto",null,null,null,null,null,null,null,null,null,null,null,null,null,null,null,null,null,null,null,"Resto de Europa Central y Oriental*"]
[null,"Estudio de Seguridad por Agente","Grabación anuncios IVR (Interactive Voice Response) Respuesta de Voz Interactiva",null,null,null,null,null,null,null,null,null,null,null,null,null,null,null,null,null,null,null,"Resto de Europa Occidental*"]
[null,"Formador","Grabación pantalla",null,null,null,null,null,null,null,null,null,null,null,null,null,null,null,null,null,null,null,"Resto de Latinoamérica*"]
[null,"Gerente de proyecto","Hora desarrollo",null,null,null,null,null,null,null,null,null,null,null,null,null,null,null,null,null,null,null,"Resto de Oriente Medio*"]
[null,"Grabación anuncios IVR (Interactive Voice Response) Respuesta de Voz Interactiva","Licencia RDP-CAL",null,null,null,null,null,null,null,null,null,null,null,null,null,null,null,null,null,null,null,"Rusia"]
[null,"Grabación pantalla","Líder de calidad",null,null,null,null,null,null,null,null,null,null,null,null,null,null,null,null,null,null,null,"Sudáfrica"]
[null,"Hora desarrollo","Mailing",null,null,null,null,null,null,null,null,null,null,null,null,null,null,null,null,null,null,null,"Turquía"]
[null,"Hora desarrollo para Integraciones y canales digitales","Mensaje SMS (Short Message Service)"]
[null,"Licencia RDP-CAL","Mensajes de voz o audio"]
[null,"Licencia RPA – Robotic Process Automation","Minuto IVR (Interactive Voice Response) - Audiotexto"]
[null,"Líder de calidad","Minuto IVR (Interactive Voice Response) - Enrutador"]
[null,"Mailing","Minuto IVR (Interactive Voice Response) Transaccional"]
[null,"Mensaje SMS (Short Message Service)","Minuto IVR con reconocimiento de Voz"]
[null,"Mensajes de voz o audio","Minuto Virtual Hold"]
[null,"Minuto IVR (Interactive Voice Response) - Audiotexto","Minutos de conexión outbound/Inbound"]
[null,"Minuto IVR (Interactive Voice Response) - Enrutador","Plataforma de Centro de Contacto para Agente "]
[null,"Minuto IVR (Interactive Voice Response) Transaccional","Profesional de operación zonal en campo"]
[null,"Minuto IVR con reconocimiento de Voz","Puesto de trabajo en el Call Center sin Agente"]
[null,"Minuto Virtual Hold","Puesto de trabajo móvil sin Agente"]
[null,"Minutos de conexión outbound/Inbound","Quiosco virtual de auto consulta"]
[null,"Plataforma de Centro de Contacto para Agente ","Servicio de interprete - Traductor"]
[null,"Profesional de operación zonal en campo","Servidor de Aplicaciones y Componentes"]
[null,"Puesto de trabajo en el Call Center sin Agente","Sesión formación o capacitación"]
[null,"Puesto de trabajo móvil sin Agente","SMS como CHAT"]
[null,"Quiosco virtual de auto consulta","SMS con Landing Page"]
[null,"Servicio de interprete - Traductor","Software de gestión de operaciones de TI"]
[null,"Servidor de Aplicaciones y Componentes","Supervisor Servicios BPO"]
[null,"Sesión formación o capacitación","Transferencia de chat"]
[null,"SMS como CHAT","Transferencia de llamadas"]
[null,"SMS con Landing Page","Transporte"]
[null,"Software de gestión de operaciones de TI","Troncal SIP"]
[null,"Supervisor Servicios BPO","USSD (Unstructured Supplementary Service Data)"]
[null,"Transferencia de chat","Validación de identidad en centrales de riesgo"]
[null,"Transferencia de llamadas","Validación de información dactiloscópica y biométrica"]
[null,"Transporte","VPN (Virtual Private Network) - Red Privada Virtual sobre Internet"]
[null,"Troncal SIP","Web Callback"]
[null,"USSD (Unstructured Supplementary Service Data)","WhatsApp for Business API"]
[null,"Validación de identidad en centrales de riesgo"]
[null,"Validación de información dactiloscópica y biométrica"]
[null,"Voicebot Smart"]
[null,"VPN (Virtual Private Network) - Red Privada Virtual sobre Internet"]
[null,"Web Callback"]
[null,"WhatsApp for Business API"]

{"sheet":"Parametros","index":10,"n_rows":1,"n_cols":2,"rows_kept":1,"cut":false,"hidden":true,"merged":[]}
["Limite de filas",240]

{"sheet":"ServiciosLote1","index":11,"n_rows":6196,"n_cols":21,"rows_kept":4500,"cut":true,"hidden":true,"merged":[],"bounds":{"rows_first":2000,"rows_last":500,"rows_between":2000,"halvings":0}}
["concatenar","Código del servicio","Nombre del servicio","Caracteristica 1","Caracteristica 2","Caracteristica 3","Caracteristica 4","Caracteristica 5","Caracteristica 6","Unidad de facturación","EMTELCO","BPM CONSULTING","C&C SERVICES S.A.S","OUTSOURCING S.A.S BIC","UT ACUERDO MARCO ASD-IQ 2024","COS","CONALCREDITOS - CONALCENTER BPO","MILLENIUM BPO",null,null,"INCREMENTO"]
[{"$f":"SUBSTITUTE(C2&D2&E2&F2&G2&H2&I2,\" \",\"\")","v":"TroncalSIPNANANANANANA"},"IT-BPO-1-1","Troncal SIP ","NA","NA","NA","NA","NA","NA","Mes",50586.47,138933.43,2065392.65,53263.81,410313.63,45086.62,45721.54,52223.07,null,null,"IPC"]
["MinutoIVR(InteractiveVoiceResponse)-EnrutadorNANANANANANA","IT-BPO-2-1","Minuto IVR (Interactive Voice Response) - Enrutador","NA","NA","NA","NA","NA","NA","Minuto",22.09,18.940000000000001,176.74,11.57,10.92,5.26,45.86,9.57,null,null,"IPC"]
["MinutoIVR(InteractiveVoiceResponse)-AudiotextoNANANANANANA","IT-BPO-3-1","Minuto IVR (Interactive Voice Response) - Audiotexto        ","NA","NA","NA","NA","NA","NA","Minuto",54.7,37.869999999999997,176.74,11.57,34.96,23.14,45.86,9.57,null,null,"IPC"]
["MinutoIVR(InteractiveVoiceResponse)TransaccionalNANANANANANA","IT-BPO-4-1","Minuto IVR (Interactive Voice Response) Transaccional        ","NA","NA","NA","NA","NA","NA","Minuto",22.09,126.24,177.79,26.3,79.91,45.24,112.46,9.57,null,null,"IPC"]
["MinutoIVRconreconocimientodeVozNANANANANANA","IT-BPO-5-1","Minuto IVR con reconocimiento de Voz","NA","NA","NA","NA","NA","NA","Minuto",85.21,2525.85,2516.38,514.42999999999995,1152.6400000000001,286.14,5.39,9.57,null,null,"IPC"]
["MinutoIVRMixtoNANANANANANA","IT-BPO-15-1","Minuto IVR Mixto","NA","NA","NA","NA","NA","NA","Minuto",368.2,2778.33,5032.7700000000004,644.88,1081.67,331.38,112.46,9.57,null,null,"IPC"]
["GrabaciónanunciosIVR(InteractiveVoiceResponse)RespuestadeVozInteractivaVozprofesionalNANANANANA","IT-BPO-6-1","Grabación anuncios IVR (Interactive Voice Response) Respuesta de Voz Interactiva        ","Voz profesional ","NA","NA","NA","NA","NA","Anuncio",134.66,189454.68,323174.40000000002,466060.2,131868.97,4508572.18,54380.31,107725.85,null,null,"IPC"]
["GrabaciónanunciosIVR(InteractiveVoiceResponse)RespuestadeVozInteractivaVozsintéticaNANANANANA","IT-BPO-6-2","Grabación anuncios IVR (Interactive Voice Response) Respuesta de Voz Interactiva        ","Voz sintética ","NA","NA","NA","NA","NA","Anuncio",167.27,101042.5,347412.47999999998,1171.93,50791.61,901714.44,40461.54,6185.76,null,null,"IPC"]
["Minutosdeconexiónoutbound/InboundOutbounddefijoa01-8000NANANANANA","IT-BPO-7-1","Minutos de conexión outbound/Inbound","Outbound de fijo a 01-8000","NA","NA","NA","NA","NA","Minuto",148.11000000000001,378.72,267.20999999999998,130.44999999999999,211.91,164.11,49.9,23.04,null,null,"IPC"]
["Minutosdeconexiónoutbound/InboundOutbounddesdecelulara01-8000NANANANANA","IT-BPO-7-2","Minutos de conexión outbound/Inbound","Outbound desde celular a 01-8000 ","NA","NA","NA","NA","NA","Minuto",148.11000000000001,504.96,548.09,292.45999999999998,353.5,289.3,49.9,23.04,null,null,"IPC"]
["Minutosdeconexiónoutbound/InboundOutboundentrefijosenciudadesprincipalesNANANANANA","IT-BPO-7-3","Minutos de conexión outbound/Inbound","Outbound entre fijos en ciudades principales ","NA","NA","NA","NA","NA","Minuto",21.45,100.99,267.20999999999998,146.22999999999999,73.099999999999994,41.03,49.9,29.67,null,null,"IPC"]
["Minutosdeconexiónoutbound/InboundOutboundentrefijosenelrestodelterritorionacionalNANANANANA","IT-BPO-7-4","Minutos de conexión outbound/Inbound","Outbound entre fijos en el resto del territorio nacional","NA","NA","NA","NA","NA","Minuto",21.45,189.36,1016.23,199.88,116.25,41.03,49.9,29.67,null,null,"IPC"]
["Minutosdeconexiónoutbound/InboundOutbounddefijoalargadistancianacionalNANANANANA","IT-BPO-7-5","Minutos de conexión outbound/Inbound","Outbound de fijo a larga distancia nacional","NA","NA","NA","NA","NA","Minuto",21.45,189.36,1016.23,31.56,117.93,41.03,49.9,32.72,null,null,"IPC"]
["Minutosdeconexiónoutbound/InboundOutbounddefijoacelularNANANANANA","IT-BPO-7-6","Minutos de conexión outbound/Inbound","Outbound de fijo a celular ","NA","NA","NA","NA","NA","Minuto",21.45,63.12,733.24,31.56,106.08,41.03,49.9,29.67,null,null,"IPC"]
["Minutosdeconexiónoutbound/InboundInternacionalOutboundafijosymóvilesenEstadosUnidos,CanadáyPuertoRicoNANANANANA","IT-BPO-7-7","Minutos de conexión outbound/Inbound","Internacional Outbound a fijos y móviles en Estados Unidos, Canadá y Puerto Rico","NA","NA","NA","NA","NA","Minuto",135.09,504.96,967.84,798.47,547.78,131.5,49.9,81.64,null,null,"IPC"]
["Minutosdeconexiónoutbound/InboundInternacionalOutboundafijosymóvilesenEuropa,Asia,OceaníaNANANANANA","IT-BPO-7-8","Minutos de conexión outbound/Inbound","Internacional Outbound a fijos y móviles en Europa, Asia, Oceanía ","NA","NA","NA","NA","NA","Minuto",779.02,2525.85,3522.1,798.47,1158.78,2254.44,49.9,248.9,null,null,"IPC"]
["Minutosdeconexiónoutbound/InboundInternacionalOutboundafijosymóvileselrestodeAméricaNANANANANA","IT-BPO-7-9","Minutos de conexión outbound/Inbound","Internacional Outbound a fijos y móviles el resto de América","NA","NA","NA","NA","NA","Minuto",297.2,2525.85,3075,798.47,750.87,1677.94,49.9,360.2,null,null,"IPC"]
["Minutosdeconexiónoutbound/InboundInternacionalOutboundafijosymóvilesyalrestodelmundoNANANANANA","IT-BPO-7-10","Minutos de conexión outbound/Inbound","Internacional Outbound a fijos y móviles y al resto del mundo","NA","NA","NA","NA","NA","Minuto",4336.41,5051.7,20080.580000000002,798.47,3451.3,3719.87,43.73,2464.94,null,null,"IPC"]
["Minutosdeconexiónoutbound/InboundInbounddefijoa018000NANANANANA","IT-BPO-7-11","Minutos de conexión outbound/Inbound","Inbound de fijo a 018000","NA","NA","NA","NA","NA","Minuto",148.11000000000001,504.96,319.81,130.44999999999999,247.13,164.11,49.9,356.52,null,null,"IPC"]
["Minutosdeconexiónoutbound/InboundInbounddecelulara018000NANANANANA","IT-BPO-7-12","Minutos de conexión outbound/Inbound","Inbound de celular a 018000","NA","NA","NA","NA","NA","Minuto",148.11000000000001,694.32,1424.41,292.45999999999998,514.28,289.3,49.9,356.52,null,null,"IPC"]
["TransferenciadellamadasNANANANANANA","IT-BPO-8-1","Transferencia de llamadas","NA","NA","NA","NA","NA","NA","Transferencia",53.57,56.81,73.64,10.52,58.49,250.38,26.97,39.659999999999997,null,null,"IPC"]
["MensajesdevozoaudioNANANANANANA","IT-BPO-9-1","Mensajes de voz o audio       ","NA","NA","NA","NA","NA","NA","Minuto ",83.79,151.49,2675.24,46.29,116.64,82.06,26.97,23.04,null,null,"IPC"]
["MinutoVirtualHoldNANANANANANA","IT-BPO-10-1","Minuto Virtual Hold","NA","NA","NA","NA","NA","NA","Minuto",124.99,126.24,2524.8000000000002,14.73,152.94,150.44,26.97,5.47,null,null,"IPC"]
["ClictocallNANANANANANA","IT-BPO-11-1","Clic to call","NA","NA","NA","NA","NA","NA","Licencia Mes",254894.34,442060.92,2254287.67,131828.22,437291.78,231440,124956.02,521371.2,null,null,"IPC"]
["WebCallbackNANANANANANA","IT-BPO-12-1","Web Callback ","NA","NA","NA","NA","NA","NA","Licencia Mes",337483.7,442060.92,2254287.67,127295.16,442160.99,231440,124956.02,521371.2,null,null,"IPC"]
["MailingNANANANANANA","IT-BPO-13-1","Mailing","NA","NA","NA","NA","NA","NA","Correo",4.21,37.869999999999997,1079.3499999999999,5.26,8.15,3.16,1.62,5.47,null,null,"IPC"]
["WhatsAppforBusinessAPIsetupNANANANANA","IT-BPO-14-1","WhatsApp for Business API","setup ","NA","NA","NA","NA","NA","setup",5137561.93,2778668.64,13830379.949999999,2003550.83,3178056.42,429817.74,637134.36,7894852.3499999996,null,null,"IPC"]
["WhatsAppforBusinessAPIAPINANANANANA","IT-BPO-14-2","WhatsApp for Business API","API","NA","NA","NA","NA","NA","Mes",494004.04,1515637.44,2433239.1800000002,961315.5,1703070.26,1124137.74,108149.65,7648869.8200000003,null,null,"IPC"]
["WhatsAppforBusinessAPIconversacióniniciadaporlaempresa(Entidad)ArgentinamarketingNANANA","IT-BPO-14-3","WhatsApp for Business API","conversación iniciada por la empresa (Entidad)","Argentina","marketing","NA","NA","NA","Conversación",366.1,406.07,1506.46,353.47,529.26,531.26,507.75,147.91,null,null,"IPC"]
["WhatsAppforBusinessAPIconversacióniniciadaporlaempresa(Entidad)BrasilmarketingNANANA","IT-BPO-14-4","WhatsApp for Business API","conversación iniciada por la empresa (Entidad)","Brasil","marketing","NA","NA","NA","Conversación",370.3,411.33,1523.3,357.68,535.26,538.62,513.5,147.91,null,null,"IPC"]
["WhatsAppforBusinessAPIconversacióniniciadaporlaempresa(Entidad)ChilemarketingNANANA","IT-BPO-14-5","WhatsApp for Business API","conversación iniciada por la empresa (Entidad)","Chile","marketing","NA","NA","NA","Conversación",526,584.91,2167.12,509.17,761.35,764.8,730.28,147.91,null,null,"IPC"]
["WhatsAppforBusinessAPIconversacióniniciadaporlaempresa(Entidad)ColombiamarketingNANANA","IT-BPO-14-6","WhatsApp for Business API","conversación iniciada por la empresa (Entidad)","Colombia","marketing","NA","NA","NA","Conversación",74.69,408.18,307.18,71.540000000000006,107.05,108.36,102.93,147.91,null,null,"IPC"]
["WhatsAppforBusinessAPIconversacióniniciadaporlaempresa(Entidad)EgiptomarketingNANANA","IT-BPO-14-7","WhatsApp for Business API","conversación iniciada por la empresa (Entidad)","Egipto","marketing","NA","NA","NA","Conversación",634.36,705.89,2610.0100000000002,614.37,918.93,922.6,881.51,147.91,null,null,"IPC"]
["WhatsAppforBusinessAPIconversacióniniciadaporlaempresa(Entidad)FranciamarketingNANANA","IT-BPO-14-8","WhatsApp for Business API","conversación iniciada por la empresa (Entidad)","Francia","marketing","NA","NA","NA","Conversación",846.86,941.54,3484.22,819.51,1226.3800000000001,1231.8900000000001,1176.5,147.91,null,null,"IPC"]
["WhatsAppforBusinessAPIconversacióniniciadaporlaempresa(Entidad)AlemaniamarketingNANANA","IT-BPO-14-9","WhatsApp for Business API","conversación iniciada por la empresa (Entidad)","Alemania","marketing","NA","NA","NA","Conversación",806.88,897.36,3320.11,781.64,1169,1174.03,1121.3,147.91,null,null,"IPC"]
["WhatsAppforBusinessAPIconversacióniniciadaporlaempresa(Entidad)IndiamarketingNANANA","IT-BPO-14-10","WhatsApp for Business API","conversación iniciada por la empresa (Entidad)","India","marketing","NA","NA","NA","Conversación",58.91,105.2,243.01,61.02,91.64,86.26,87.98,147.91,null,null,"IPC"]
["WhatsAppforBusinessAPIconversacióniniciadaporlaempresa(Entidad)IndonesiamarketingNANANA","IT-BPO-14-11","WhatsApp for Business API","conversación iniciada por la empresa (Entidad)","Indonesia","marketing","NA","NA","NA","Conversación",243.01,270.36,1000.45,235.65,351.99,353.47,337.54,147.91,null,null,"IPC"]
["WhatsAppforBusinessAPIconversacióniniciadaporlaempresa(Entidad)IsraelmarketingNANANA","IT-BPO-14-12","WhatsApp for Business API","conversación iniciada por la empresa (Entidad)","Israel","marketing","NA","NA","NA","Conversación",209.35,232.49,859.48,201.98,302.31,304.02999999999997,289.81,147.91,null,null,"IPC"]
["WhatsAppforBusinessAPIconversacióniniciadaporlaempresa(Entidad)ItaliamarketingNANANA","IT-BPO-14-13","WhatsApp for Business API","conversación iniciada por la empresa (Entidad)","Italia","marketing","NA","NA","NA","Conversación",409.23,454.46,1684.25,395.55,591.78,594.38,567.54999999999995,147.91,null,null,"IPC"]
["WhatsAppforBusinessAPIconversacióniniciadaporlaempresa(Entidad)MalasiamarketingNANANA","IT-BPO-14-14","WhatsApp for Business API","conversación iniciada por la empresa (Entidad)","Malasia","marketing","NA","NA","NA","Conversación",509.17,565.98,2095.58,492.34,736.52,739.56,706.71,147.91,null,null,"IPC"]
["WhatsAppforBusinessAPIconversacióniniciadaporlaempresa(Entidad)MéxicomarketingNANANA","IT-BPO-14-15","WhatsApp for Business API","conversación iniciada por la empresa (Entidad)","México","marketing","NA","NA","NA","Conversación",257.74,287.2,1060.42,249.32,373.4,375.56,358.24,147.91,null,null,"IPC"]
["WhatsAppforBusinessAPIconversacióniniciadaporlaempresa(Entidad)PaísesBajosmarketingNANANA","IT-BPO-14-16","WhatsApp for Business API","conversación iniciada por la empresa (Entidad)","Países Bajos","marketing","NA","NA","NA","Conversación",944.7,1049.9000000000001,3887.14,914.19,1367.69,1372.86,1311.63,147.91,null,null,"IPC"]
["WhatsAppforBusinessAPIconversacióniniciadaporlaempresa(Entidad)NigeriamarketingNANANA","IT-BPO-14-17","WhatsApp for Business API","conversación iniciada por la empresa (Entidad)","Nigeria","marketing","NA","NA","NA","Conversación",305.08,339.8,1258.19,295.61,441.91,443.94,423.79,147.91,null,null,"IPC"]
["WhatsAppforBusinessAPIconversacióniniciadaporlaempresa(Entidad)PakistánmarketingNANANA","IT-BPO-14-18","WhatsApp for Business API","conversación iniciada por la empresa (Entidad)","Pakistán","marketing","NA","NA","NA","Conversación",279.83,311.39,1151.94,270.36,405.08,407.12,388.72,147.91,null,null,"IPC"]
["WhatsAppforBusinessAPIconversacióniniciadaporlaempresa(Entidad)PerúmarketingNANANA","IT-BPO-14-19","WhatsApp for Business API","conversación iniciada por la empresa (Entidad)","Perú","marketing","NA","NA","NA","Conversación",415.54,461.83,1712.66,402.92,602.05999999999995,604.9,577.33000000000004,147.91,null,null,"IPC"]
["WhatsAppforBusinessAPIconversacióniniciadaporlaempresa(Entidad)RusiamarketingNANANA","IT-BPO-14-20","WhatsApp for Business API","conversación iniciada por la empresa (Entidad)","Rusia","marketing","NA","NA","NA","Conversación",474.45,527.04999999999995,1954.62,459.72,686.84,690.11,658.98,147.91,null,null,"IPC"]
["WhatsAppforBusinessAPIconversacióniniciadaporlaempresa(Entidad)ArabiaSaudímarketingNANANA","IT-BPO-14-21","WhatsApp for Business API","conversación iniciada por la empresa (Entidad)","Arabia Saudí","marketing","NA","NA","NA","Conversación",240.91,298.77,990.98,260.89999999999998,389.67,349.26,373.77,147.91,null,null,"IPC"]
["WhatsAppforBusinessAPIconversacióniniciadaporlaempresa(Entidad)SudáfricamarketingNANANA","IT-BPO-14-22","WhatsApp for Business API","conversación iniciada por la empresa (Entidad)","Sudáfrica","marketing","NA","NA","NA","Conversación",224.08,249.32,924.71,216.71,324.58,326.12,311.08999999999997,147.91,null,null,"IPC"]
["WhatsAppforBusinessAPIconversacióniniciadaporlaempresa(Entidad)EspañamarketingNANANA","IT-BPO-14-23","WhatsApp for Business API","conversación iniciada por la empresa (Entidad)","España","marketing","NA","NA","NA","Conversación",363.99,403.97,1500.15,352.42,526.69000000000005,529.16,505.45,147.91,null,null,"IPC"]
["WhatsAppforBusinessAPIconversacióniniciadaporlaempresa(Entidad)TurquíamarketingNANANA","IT-BPO-14-24","WhatsApp for Business API","conversación iniciada por la empresa (Entidad)","Turquía","marketing","NA","NA","NA","Conversación",65.22,71.540000000000006,267.20999999999998,62.07,93.34,94.68,89.7,147.91,null,null,"IPC"]
["WhatsAppforBusinessAPIconversacióniniciadaporlaempresa(Entidad)EmiratosÁrabesUnidosmarketingNANANA","IT-BPO-14-25","WhatsApp for Business API","conversación iniciada por la empresa (Entidad)","Emiratos Árabes Unidos","marketing","NA","NA","NA","Conversación",201.98,252.48,830.03,219.87,328.87,292.45999999999998,315.69,147.91,null,null,"IPC"]
["WhatsAppforBusinessAPIconversacióniniciadaporlaempresa(Entidad)ReinoUnidomarketingNANANA","IT-BPO-14-26","WhatsApp for Business API","conversación iniciada por la empresa (Entidad)","Reino Unido","marketing","NA","NA","NA","Conversación",417.64,348.21,1717.92,302.98,453.04,607,434.72,147.91,null,null,"IPC"]
["WhatsAppforBusinessAPIconversacióniniciadaporlaempresa(Entidad)Norteamérica*marketingNANANA","IT-BPO-14-27","WhatsApp for Business API","conversación iniciada por la empresa (Entidad)","Norteamérica*","marketing","NA","NA","NA","Conversación",148.33000000000001,164.11,610.16,143.07,214.1,215.66,205.28,147.91,null,null,"IPC"]
["WhatsAppforBusinessAPIconversacióniniciadaporlaempresa(Entidad)RestodeÁfrica*marketingNANANA","IT-BPO-14-28","WhatsApp for Business API","conversación iniciada por la empresa (Entidad)","Resto de África*","marketing","NA","NA","NA","Conversación",133.6,148.33000000000001,550.20000000000005,128.34,192.69,194.62,184.58,147.91,null,null,"IPC"]
["WhatsAppforBusinessAPIconversacióniniciadaporlaempresa(Entidad)RestodeAsia-Pacífico*marketingNANANA","IT-BPO-14-29","WhatsApp for Business API","conversación iniciada por la empresa (Entidad)","Resto de Asia-Pacífico*","marketing","NA","NA","NA","Conversación",433.42,481.82,1782.09,418.7,626.9,630.15,601.48,147.91,null,null,"IPC"]
["WhatsAppforBusinessAPIconversacióniniciadaporlaempresa(Entidad)RestodeEuropaCentralyOriental*marketingNANANA","IT-BPO-14-30","WhatsApp for Business API","conversación iniciada por la empresa (Entidad)","Resto de Europa Central y Oriental*","marketing","NA","NA","NA","Conversación",509.17,565.98,2095.58,492.34,736.52,739.56,706.71,147.91,null,null,"IPC"]
["WhatsAppforBusinessAPIconversacióniniciadaporlaempresa(Entidad)RestodeLatinoamérica*marketingNANANA","IT-BPO-14-31","WhatsApp for Business API","conversación iniciada por la empresa (Entidad)","Resto de Latinoamérica*","marketing","NA","NA","NA","Conversación",437.63,487.08,1803.13,423.96,633.75,636.46,607.79999999999995,147.91,null,null,"IPC"]
["WhatsAppforBusinessAPIconversacióniniciadaporlaempresa(Entidad)RestodeOrienteMedio*marketingNANANA","IT-BPO-14-32","WhatsApp for Business API","conversación iniciada por la empresa (Entidad)","Resto de Oriente Medio*","marketing","NA","NA","NA","Conversación",201.98,224.08,833.18,195.67,292.04000000000002,293.51,280.04000000000002,147.91,null,null,"IPC"]
["WhatsAppforBusinessAPIconversacióniniciadaporlaempresa(Entidad)RestodeEuropaOccidental*marketingNANANA","IT-BPO-14-33","WhatsApp for Business API","conversación iniciada por la empresa (Entidad)","Resto de Europa Occidental*","marketing","NA","NA","NA","Conversación",350.32,389.24,1441.24,338.74,507,509.17,486.47,147.91,null,null,"IPC"]
["WhatsAppforBusinessAPIconversacióniniciadaporlaempresa(Entidad)Otros*marketingNANANA","IT-BPO-14-34","WhatsApp for Business API","conversación iniciada por la empresa (Entidad)","Otros*","marketing","NA","NA","NA","Conversación",357.68,397.66,1471.75,346.11,517.27,519.69000000000005,496.25,147.91,null,null,"IPC"]
["WhatsAppforBusinessAPIconversacióniniciadaporlaempresa(Entidad)ArgentinaUtilidadNANANA","IT-BPO-14-35","WhatsApp for Business API","conversación iniciada por la empresa (Entidad)","Argentina","Utilidad","NA","NA","NA","Conversación",201.98,224.08,830.03,194.62,529.26,351.37,507.75,147.91,null,null,"IPC"]
["WhatsAppforBusinessAPIconversacióniniciadaporlaempresa(Entidad)BrasilUtilidadNANANA","IT-BPO-14-36","WhatsApp for Business API","conversación iniciada por la empresa (Entidad)","Brasil","Utilidad","NA","NA","NA","Conversación",47.34,52.6,197.78,46.29,535.26,300.87,513.5,147.91,null,null,"IPC"]
["WhatsAppforBusinessAPIconversacióniniciadaporlaempresa(Entidad)ChileUtilidadNANANA","IT-BPO-14-37","WhatsApp for Business API","conversación iniciada por la empresa (Entidad)","Chile","Utilidad","NA","NA","NA","Conversación",118.88,131.5,489.18,114.67,761.35,503.91,730.28,147.91,null,null,"IPC"]
["WhatsAppforBusinessAPIconversacióniniciadaporlaempresa(Entidad)ColombiaUtilidadNANANA","IT-BPO-14-38","WhatsApp for Business API","conversación iniciada por la empresa (Entidad)","Colombia","Utilidad","NA","NA","NA","Conversación",2.1,408.18,8.42,3.16,107.05,73.64,102.93,147.91,null,null,"IPC"]
[{"$f":"SUBSTITUTE(C66&D66&E66&F66&G66&H66&I66,\" \",\"\")","v":"WhatsAppforBusinessAPIconversacióniniciadaporlaempresa(Entidad)EgiptoUtilidadNANANA"},"IT-BPO-14-39","WhatsApp for Business API","conversación iniciada por la empresa (Entidad)","Egipto","Utilidad","NA","NA","NA","Conversación",31.56,34.72,129.4,29.46,918.93,591.22,881.51,147.91,null,null,"IPC"]
["WhatsAppforBusinessAPIconversacióniniciadaporlaempresa(Entidad)FranciaUtilidadNANANA","IT-BPO-14-40","WhatsApp for Business API","conversación iniciada por la empresa (Entidad)","Francia","Utilidad","NA","NA","NA","Conversación",177.79,197.78,732.19,171.48,1226.3800000000001,660.66,1176.5,147.91,null,null,"IPC"]
["WhatsAppforBusinessAPIconversacióniniciadaporlaempresa(Entidad)AlemaniaUtilidadNANANA","IT-BPO-14-41","WhatsApp for Business API","conversación iniciada por la empresa (Entidad)","Alemania","Utilidad","NA","NA","NA","Conversación",326.12,361.89,1341.3,314.55,1169,734.3,1121.3,147.91,null,null,"IPC"]
["WhatsAppforBusinessAPIconversacióniniciadaporlaempresa(Entidad)IndiaUtilidadNANANA","IT-BPO-14-42","WhatsApp for Business API","conversación iniciada por la empresa (Entidad)","India","Utilidad","NA","NA","NA","Conversación",8.42,105.2,38.92,8.42,91.64,36.82,87.98,147.91,null,null,"IPC"]
["WhatsAppforBusinessAPIconversacióniniciadaporlaempresa(Entidad)IndonesiaUtilidadNANANA","IT-BPO-14-43","WhatsApp for Business API","conversación iniciada por la empresa (Entidad)","Indonesia","Utilidad","NA","NA","NA","Conversación",118.88,131.5,489.18,114.67,351.99,172.53,337.54,147.91,null,null,"IPC"]
["WhatsAppforBusinessAPIconversacióniniciadaporlaempresa(Entidad)IsraelUtilidadNANANA","IT-BPO-14-44","WhatsApp for Business API","conversación iniciada por la empresa (Entidad)","Israel","Utilidad","NA","NA","NA","Conversación",31.56,34.72,132.55000000000001,30.51,302.31,162.01,289.81,147.91,null,null,"IPC"]
["WhatsAppforBusinessAPIconversacióniniciadaporlaempresa(Entidad)ItaliaUtilidadNANANA","IT-BPO-14-45","WhatsApp for Business API","conversación iniciada por la empresa (Entidad)","Italia","Utilidad","NA","NA","NA","Conversación",177.79,197.78,732.19,171.48,591.78,361.89,567.54999999999995,147.91,null,null,"IPC"]
["WhatsAppforBusinessAPIconversacióniniciadaporlaempresa(Entidad)MalasiaUtilidadNANANA","IT-BPO-14-46","WhatsApp for Business API","conversación iniciada por la empresa (Entidad)","Malasia","Utilidad","NA","NA","NA","Conversación",83.11,92.58,345.06,79.95,736.52,172.53,706.71,147.91,null,null,"IPC"]
["WhatsAppforBusinessAPIconversacióniniciadaporlaempresa(Entidad)MéxicoUtilidadNANANA","IT-BPO-14-47","WhatsApp for Business API","conversación iniciada por la empresa (Entidad)","México","Utilidad","NA","NA","NA","Conversación",59.96,66.28,247.22,56.81,373.4,229.34,358.24,147.91,null,null,"IPC"]
["WhatsAppforBusinessAPIconversacióniniciadaporlaempresa(Entidad)PaísesBajosUtilidadNANANA","IT-BPO-14-48","WhatsApp for Business API","conversación iniciada por la empresa (Entidad)","Países Bajos","Utilidad","NA","NA","NA","Conversación",295.61,329.28,1220.32,286.14,1367.69,688.01,1311.63,147.91,null,null,"IPC"]
["WhatsAppforBusinessAPIconversacióniniciadaporlaempresa(Entidad)NigeriaUtilidadNANANA","IT-BPO-14-49","WhatsApp for Business API","conversación iniciada por la empresa (Entidad)","Nigeria","Utilidad","NA","NA","NA","Conversación",39.979999999999997,44.18,167.27,37.869999999999997,441.91,274.57,423.79,147.91,null,null,"IPC"]
["WhatsAppforBusinessAPIconversacióniniciadaporlaempresa(Entidad)PakistánUtilidadNANANA","IT-BPO-14-50","WhatsApp for Business API","conversación iniciada por la empresa (Entidad)","Pakistán","Utilidad","NA","NA","NA","Conversación",32.61,35.770000000000003,136.76,30.51,405.08,217.76,388.72,147.91,null,null,"IPC"]
["WhatsAppforBusinessAPIconversacióniniciadaporlaempresa(Entidad)PerúUtilidadNANANA","IT-BPO-14-51","WhatsApp for Business API","conversación iniciada por la empresa (Entidad)","Perú","Utilidad","NA","NA","NA","Conversación",118.88,131.5,489.18,114.67,602.05999999999995,360.84,577.33000000000004,147.91,null,null,"IPC"]
["WhatsAppforBusinessAPIconversacióniniciadaporlaempresa(Entidad)RusiaUtilidadNANANA","IT-BPO-14-52","WhatsApp for Business API","conversación iniciada por la empresa (Entidad)","Rusia","Utilidad","NA","NA","NA","Conversación",236.7,263,974.15,229.34,686.84,410.28,658.98,147.91,null,null,"IPC"]
["WhatsAppforBusinessAPIconversacióniniciadaporlaempresa(Entidad)ArabiaSaudíUtilidadNANANA","IT-BPO-14-53","WhatsApp for Business API","conversación iniciada por la empresa (Entidad)","Arabia Saudí","Utilidad","NA","NA","NA","Conversación",68.38,75.739999999999995,284.04000000000002,66.28,389.67,217.76,373.77,147.91,null,null,"IPC"]
["WhatsAppforBusinessAPIconversacióniniciadaporlaempresa(Entidad)SudáfricaUtilidadNANANA","IT-BPO-14-54","WhatsApp for Business API","conversación iniciada por la empresa (Entidad)","Sudáfrica","Utilidad","NA","NA","NA","Conversación",45.24,50.5,186.2,43.13,324.58,172.53,311.08999999999997,147.91,null,null,"IPC"]
["WhatsAppforBusinessAPIconversacióniniciadaporlaempresa(Entidad)EspañaUtilidadNANANA","IT-BPO-14-55","WhatsApp for Business API","conversación iniciada por la empresa (Entidad)","España","Utilidad","NA","NA","NA","Conversación",118.88,131.5,489.18,114.67,526.69000000000005,327.17,505.45,147.91,null,null,"IPC"]
["WhatsAppforBusinessAPIconversacióniniciadaporlaempresa(Entidad)TurquíaUtilidadNANANA","IT-BPO-14-56","WhatsApp for Business API","conversación iniciada por la empresa (Entidad)","Turquía","Utilidad","NA","NA","NA","Conversación",31.56,34.72,132.55000000000001,30.51,93.34,81,89.7,147.91,null,null,"IPC"]
["WhatsAppforBusinessAPIconversacióniniciadaporlaempresa(Entidad)EmiratosÁrabesUnidosUtilidadNANANA","IT-BPO-14-57","WhatsApp for Business API","conversación iniciada por la empresa (Entidad)","Emiratos Árabes Unidos","Utilidad","NA","NA","NA","Conversación",93.63,103.1,385.03,89.42,328.87,170.42,315.69,147.91,null,null,"IPC"]
["WhatsAppforBusinessAPIconversacióniniciadaporlaempresa(Entidad)ReinoUnidoUtilidadNANANA","IT-BPO-14-58","WhatsApp for Business API","conversación iniciada por la empresa (Entidad)","Reino Unido","Utilidad","NA","NA","NA","Conversación",130.44999999999999,145.18,536.52,126.24,453.04,341.9,434.72,147.91,null,null,"IPC"]
["WhatsAppforBusinessAPIconversacióniniciadaporlaempresa(Entidad)Norteamérica*UtilidadNANANA","IT-BPO-14-59","WhatsApp for Business API","conversación iniciada por la empresa (Entidad)","Norteamérica*","Utilidad","NA","NA","NA","Conversación",24.2,26.3,99.94,23.14,214.1,129.4,205.28,147.91,null,null,"IPC"]
["WhatsAppforBusinessAPIconversacióniniciadaporlaempresa(Entidad)RestodeÁfrica*UtilidadNANANA","IT-BPO-14-60","WhatsApp for Business API","conversación iniciada por la empresa (Entidad)","Resto de África*","Utilidad","NA","NA","NA","Conversación",36.82,26.3,151.49,34.72,192.69,137.81,184.58,147.91,null,null,"IPC"]
["WhatsAppforBusinessAPIconversacióniniciadaporlaempresa(Entidad)RestodeAsia-Pacífico*UtilidadNANANA","IT-BPO-14-61","WhatsApp for Business API","conversación iniciada por la empresa (Entidad)","Resto de Asia-Pacífico*","Utilidad","NA","NA","NA","Conversación",93.63,103.1,385.03,89.42,626.9,406.07,601.48,147.91,null,null,"IPC"]
["WhatsAppforBusinessAPIconversacióniniciadaporlaempresa(Entidad)RestodeEuropaCentralyOriental*UtilidadNANANA","IT-BPO-14-62","WhatsApp for Business API","conversación iniciada por la empresa (Entidad)","Resto de Europa Central y Oriental*","Utilidad","NA","NA","NA","Conversación",209.35,232.49,859.48,201.98,736.52,532.30999999999995,706.71,147.91,null,null,"IPC"]
["WhatsAppforBusinessAPIconversacióniniciadaporlaempresa(Entidad)RestodeLatinoamérica*UtilidadNANANA","IT-BPO-14-63","WhatsApp for Business API","conversación iniciada por la empresa (Entidad)","Resto de Latinoamérica*","Utilidad","NA","NA","NA","Conversación",67.33,74.69,277.73,65.22,633.75,425.01,607.79999999999995,147.91,null,null,"IPC"]
["WhatsAppforBusinessAPIconversacióniniciadaporlaempresa(Entidad)RestodeOrienteMedio*UtilidadNANANA","IT-BPO-14-64","WhatsApp for Business API","conversación iniciada por la empresa (Entidad)","Resto de Oriente Medio*","Utilidad","NA","NA","NA","Conversación",93.63,103.1,385.03,89.42,292.04000000000002,170.42,280.04000000000002,147.91,null,null,"IPC"]
["WhatsAppforBusinessAPIconversacióniniciadaporlaempresa(Entidad)RestodeEuropaOccidental*UtilidadNANANA","IT-BPO-14-65","WhatsApp for Business API","conversación iniciada por la empresa (Entidad)","Resto de Europa Occidental*","Utilidad","NA","NA","NA","Conversación",177.79,197.78,732.19,171.48,507,361.89,486.47,147.91,null,null,"IPC"]
["WhatsAppforBusinessAPIconversacióniniciadaporlaempresa(Entidad)Otros*UtilidadNANANA","IT-BPO-14-66","WhatsApp for Business API","conversación iniciada por la empresa (Entidad)","Otros*","Utilidad","NA","NA","NA","Conversación",46.29,50.5,190.41,44.18,517.27,290.35000000000002,496.25,147.91,null,null,"IPC"]
["WhatsAppforBusinessAPIconversacióniniciadaporlaempresa(Entidad)ArgentinaAutenticaciónNANANA","IT-BPO-14-67","WhatsApp for Business API","conversación iniciada por la empresa (Entidad)","Argentina","Autenticación","NA","NA","NA","Conversación",217.76,240.91,896.3,210.4,529.26,315.60000000000002,507.75,147.91,null,null,"IPC"]
["WhatsAppforBusinessAPIconversacióniniciadaporlaempresa(Entidad)BrasilAutenticaciónNANANA","IT-BPO-14-68","WhatsApp for Business API","conversación iniciada por la empresa (Entidad)","Brasil","Autenticación","NA","NA","NA","Conversación",186.2,207.24,769.01,179.89,535.26,271.42,513.5,147.91,null,null,"IPC"]
["WhatsAppforBusinessAPIconversacióniniciadaporlaempresa(Entidad)ChileAutenticaciónNANANA","IT-BPO-14-69","WhatsApp for Business API","conversación iniciada por la empresa (Entidad)","Chile","Autenticación","NA","NA","NA","Conversación",312.44,346.11,1284.49,301.92,761.35,453.41,730.28,147.91,null,null,"IPC"]
["WhatsAppforBusinessAPIconversacióniniciadaporlaempresa(Entidad)ColombiaAutenticaciónNANANA","IT-BPO-14-70","WhatsApp for Business API","conversación iniciada por la empresa (Entidad)","Colombia","Autenticación","NA","NA","NA","Conversación",46.29,408.18,190.41,44.18,107.05,66.28,102.93,147.91,null,null,"IPC"]
["WhatsAppforBusinessAPIconversacióniniciadaporlaempresa(Entidad)EgiptoAutenticaciónNANANA","IT-BPO-14-71","WhatsApp for Business API","conversación iniciada por la empresa (Entidad)","Egipto","Autenticación","NA","NA","NA","Conversación",366.1,406.07,1506.46,353.47,918.93,531.26,881.51,147.91,null,null,"IPC"]
["WhatsAppforBusinessAPIconversacióniniciadaporlaempresa(Entidad)FranciaAutenticaciónNANANA","IT-BPO-14-72","WhatsApp for Business API","conversación iniciada por la empresa (Entidad)","Francia","Autenticación","NA","NA","NA","Conversación",409.23,454.46,1684.25,395.55,1226.3800000000001,594.38,1176.5,147.91,null,null,"IPC"]
["WhatsAppforBusinessAPIconversacióniniciadaporlaempresa(Entidad)AlemaniaAutenticaciónNANANA","IT-BPO-14-73","WhatsApp for Business API","conversación iniciada por la empresa (Entidad)","Alemania","Autenticación","NA","NA","NA","Conversación",454.46,504.96,1869.4,439.74,1169,660.66,1121.3,147.91,null,null,"IPC"]
["WhatsAppforBusinessAPIconversacióniniciadaporlaempresa(Entidad)IndiaAutenticaciónNANANA","IT-BPO-14-74","WhatsApp for Business API","conversación iniciada por la empresa (Entidad)","India","Autenticación","NA","NA","NA","Conversación",8.42,105.2,38.92,8.42,91.64,86.26,87.98,147.91,null,null,"IPC"]
["WhatsAppforBusinessAPIconversacióniniciadaporlaempresa(Entidad)IndonesiaAutenticaciónNANANA","IT-BPO-14-75","WhatsApp for Business API","conversación iniciada por la empresa (Entidad)","Indonesia","Autenticación","NA","NA","NA","Conversación",177.79,197.78,732.19,171.48,351.99,258.79000000000002,337.54,147.91,null,null,"IPC"]
["WhatsAppforBusinessAPIconversacióniniciadaporlaempresa(Entidad)IsraelAutenticaciónNANANA","IT-BPO-14-76","WhatsApp for Business API","conversación iniciada por la empresa (Entidad)","Israel","Autenticación","NA","NA","NA","Conversación",99.94,111.51,415.54,96.78,302.31,146.22999999999999,289.81,147.91,null,null,"IPC"]
["WhatsAppforBusinessAPIconversacióniniciadaporlaempresa(Entidad)ItaliaAutenticaciónNANANA","IT-BPO-14-77","WhatsApp for Business API","conversación iniciada por la empresa (Entidad)","Italia","Autenticación","NA","NA","NA","Conversación",224.08,248.27,924.71,216.71,591.78,325.07,567.54999999999995,147.91,null,null,"IPC"]
["WhatsAppforBusinessAPIconversacióniniciadaporlaempresa(Entidad)MalasiaAutenticaciónNANANA","IT-BPO-14-78","WhatsApp for Business API","conversación iniciada por la empresa (Entidad)","Malasia","Autenticación","NA","NA","NA","Conversación",107.3,118.88,441.84,103.1,736.52,155.69999999999999,706.71,147.91,null,null,"IPC"]
["WhatsAppforBusinessAPIconversacióniniciadaporlaempresa(Entidad)MéxicoAutenticaciónNANANA","IT-BPO-14-79","WhatsApp for Business API","conversación iniciada por la empresa (Entidad)","México","Autenticación","NA","NA","NA","Conversación",142.02000000000001,156.75,583.86,136.76,373.4,206.19,358.24,147.91,null,null,"IPC"]
["WhatsAppforBusinessAPIconversacióniniciadaporlaempresa(Entidad)PaísesBajosAutenticaciónNANANA","IT-BPO-14-80","WhatsApp for Business API","conversación iniciada por la empresa (Entidad)","Países Bajos","Autenticación","NA","NA","NA","Conversación",426.06,473.4,1755.79,412.38,1367.69,619.63,1311.63,147.91,null,null,"IPC"]
["WhatsAppforBusinessAPIconversacióniniciadaporlaempresa(Entidad)NigeriaAutenticaciónNANANA","IT-BPO-14-81","WhatsApp for Business API","conversación iniciada por la empresa (Entidad)","Nigeria","Autenticación","NA","NA","NA","Conversación",170.42,188.31,701.68,164.11,441.91,247.22,423.79,147.91,null,null,"IPC"]
["WhatsAppforBusinessAPIconversacióniniciadaporlaempresa(Entidad)PakistánAutenticaciónNANANA","IT-BPO-14-82","WhatsApp for Business API","conversación iniciada por la empresa (Entidad)","Pakistán","Autenticación","NA","NA","NA","Conversación",135.71,150.44,556.51,130.44999999999999,405.08,196.72,388.72,147.91,null,null,"IPC"]
["WhatsAppforBusinessAPIconversacióniniciadaporlaempresa(Entidad)PerúAutenticaciónNANANA","IT-BPO-14-83","WhatsApp for Business API","conversación iniciada por la empresa (Entidad)","Perú","Autenticación","NA","NA","NA","Conversación",223.02,248.27,920.5,215.66,602.05999999999995,324.02,577.33000000000004,147.91,null,null,"IPC"]
["WhatsAppforBusinessAPIconversacióniniciadaporlaempresa(Entidad)RusiaAutenticaciónNANANA","IT-BPO-14-84","WhatsApp for Business API","conversación iniciada por la empresa (Entidad)","Rusia","Autenticación","NA","NA","NA","Conversación",254.58,281.94,1045.69,245.12,686.84,369.25,658.98,147.91,null,null,"IPC"]
["WhatsAppforBusinessAPIconversacióniniciadaporlaempresa(Entidad)ArabiaSaudíAutenticaciónNANANA","IT-BPO-14-85","WhatsApp for Business API","conversación iniciada por la empresa (Entidad)","Arabia Saudí","Autenticación","NA","NA","NA","Conversación",133.6,148.33000000000001,554.4,129.4,389.67,194.62,373.77,147.91,null,null,"IPC"]
["WhatsAppforBusinessAPIconversacióniniciadaporlaempresa(Entidad)SudáfricaAutenticaciónNANANA","IT-BPO-14-86","WhatsApp for Business API","conversación iniciada por la empresa (Entidad)","Sudáfrica","Autenticación","NA","NA","NA","Conversación",107.3,118.88,441.84,103.1,324.58,155.69999999999999,311.08999999999997,147.91,null,null,"IPC"]
["WhatsAppforBusinessAPIconversacióniniciadaporlaempresa(Entidad)EspañaAutenticaciónNANANA","IT-BPO-14-87","WhatsApp for Business API","conversación iniciada por la empresa (Entidad)","España","Autenticación","NA","NA","NA","Conversación",203.04,225.13,835.29,195.67,526.69000000000005,294.56,505.45,147.91,null,null,"IPC"]
["WhatsAppforBusinessAPIconversacióniniciadaporlaempresa(Entidad)TurquíaAutenticaciónNANANA","IT-BPO-14-88","WhatsApp for Business API","conversación iniciada por la empresa (Entidad)","Turquía","Autenticación","NA","NA","NA","Conversación",49.44,54.7,203.04,47.34,93.34,71.540000000000006,89.7,147.91,null,null,"IPC"]
["WhatsAppforBusinessAPIconversacióniniciadaporlaempresa(Entidad)EmiratosÁrabesUnidosAutenticaciónNANANA","IT-BPO-14-89","WhatsApp for Business API","conversación iniciada por la empresa (Entidad)","Emiratos Árabes Unidos","Autenticación","NA","NA","NA","Conversación",106.25,116.77,435.53,102.04,328.87,153.59,315.69,147.91,null,null,"IPC"]
["WhatsAppforBusinessAPIconversacióniniciadaporlaempresa(Entidad)ReinoUnidoAutenticaciónNANANA","IT-BPO-14-90","WhatsApp for Business API","conversación iniciada por la empresa (Entidad)","Reino Unido","Autenticación","NA","NA","NA","Conversación",212.5,235.65,873.16,205.14,453.04,308.24,434.72,147.91,null,null,"IPC"]
["WhatsAppforBusinessAPIconversacióniniciadaporlaempresa(Entidad)Norteamérica*AutenticaciónNANANA","IT-BPO-14-91","WhatsApp for Business API","conversación iniciada por la empresa (Entidad)","Norteamérica*","Autenticación","NA","NA","NA","Conversación",79.95,88.37,331.38,76.8,214.1,116.77,205.28,147.91,null,null,"IPC"]
["WhatsAppforBusinessAPIconversacióniniciadaporlaempresa(Entidad)RestodeÁfrica*AutenticaciónNANANA","IT-BPO-14-92","WhatsApp for Business API","conversación iniciada por la empresa (Entidad)","Resto de África*","Autenticación","NA","NA","NA","Conversación",85.21,94.68,354.52,82.06,192.69,124.14,184.58,147.91,null,null,"IPC"]
["WhatsAppforBusinessAPIconversacióniniciadaporlaempresa(Entidad)RestodeAsia-Pacífico*AutenticaciónNANANA","IT-BPO-14-93","WhatsApp for Business API","conversación iniciada por la empresa (Entidad)","Resto de Asia-Pacífico*","Autenticación","NA","NA","NA","Conversación",251.43,279.83,1035.17,243.01,626.9,366.1,601.48,147.91,null,null,"IPC"]
["WhatsAppforBusinessAPIconversacióniniciadaporlaempresa(Entidad)RestodeEuropaCentralyOriental*AutenticaciónNANANA","IT-BPO-14-94","WhatsApp for Business API","conversación iniciada por la empresa (Entidad)","Resto de Europa Central y Oriental*","Autenticación","NA","NA","NA","Conversación",329.28,366.1,1358.13,318.76,736.52,479.71,706.71,147.91,null,null,"IPC"]
["WhatsAppforBusinessAPIconversacióniniciadaporlaempresa(Entidad)RestodeLatinoamérica*AutenticaciónNANANA","IT-BPO-14-95","WhatsApp for Business API","conversación iniciada por la empresa (Entidad)","Resto de Latinoamérica*","Autenticación","NA","NA","NA","Conversación",264.05,292.45999999999998,1085.6600000000001,254.58,633.75,382.93,607.79999999999995,147.91,null,null,"IPC"]
["WhatsAppforBusinessAPIconversacióniniciadaporlaempresa(Entidad)RestodeOrienteMedio*AutenticaciónNANANA","IT-BPO-14-96","WhatsApp for Business API","conversación iniciada por la empresa (Entidad)","Resto de Oriente Medio*","Autenticación","NA","NA","NA","Conversación",106.25,116.77,435.53,102.04,292.04000000000002,153.59,280.04000000000002,147.91,null,null,"IPC"]
["WhatsAppforBusinessAPIconversacióniniciadaporlaempresa(Entidad)RestodeEuropaOccidental*AutenticaciónNANANA","IT-BPO-14-97","WhatsApp for Business API","conversación iniciada por la empresa (Entidad)","Resto de Europa Occidental*","Autenticación","NA","NA","NA","Conversación",224.08,248.27,924.71,216.71,507,325.07,486.47,147.91,null,null,"IPC"]
["WhatsAppforBusinessAPIconversacióniniciadaporlaempresa(Entidad)Otros*AutenticaciónNANANA","IT-BPO-14-98","WhatsApp for Business API","conversación iniciada por la empresa (Entidad)","Otros*","Autenticación","NA","NA","NA","Conversación",179.89,199.88,742.71,173.58,517.27,261.95,496.25,147.91,null,null,"IPC"]
["WhatsAppforBusinessAPIconversacióniniciadaporelclienteArgentinaServicioNANANA","IT-BPO-14-99","WhatsApp for Business API","conversación iniciada por el cliente","Argentina","Servicio","NA","NA","NA","Conversación",187.26,279.83,773.22,180.94,270.63,272.47000000000003,507.75,71.010000000000005,null,null,"IPC"]
["WhatsAppforBusinessAPIconversacióniniciadaporelclienteBrasilServicioNANANA","IT-BPO-14-100","WhatsApp for Business API","conversación iniciada por el cliente","Brasil","Servicio","NA","NA","NA","Conversación",177.79,265.10000000000002,732.19,171.48,256.92,258.79000000000002,513.5,71.010000000000005,null,null,"IPC"]
["WhatsAppforBusinessAPIconversacióniniciadaporelclienteChileServicioNANANA","IT-BPO-14-101","WhatsApp for Business API","conversación iniciada por el cliente","Chile","Servicio","NA","NA","NA","Conversación",269.31,401.86,1106.7,259.83999999999997,388.81,390.29,730.28,71.010000000000005,null,null,"IPC"]
["WhatsAppforBusinessAPIconversacióniniciadaporelclienteColombiaServicioNANANA","IT-BPO-14-102","WhatsApp for Business API","conversación iniciada por el cliente","Colombia","Servicio","NA","NA","NA","Conversación",35.770000000000003,408.18,150.44,34.72,51.38,52.6,102.93,71.010000000000005,null,null,"IPC"]
[{"$f":"SUBSTITUTE(C130&D130&E130&F130&G130&H130&I130,\" \",\"\")","v":"WhatsAppforBusinessAPIconversacióniniciadaporelclienteEgiptoServicioNANANA"},"IT-BPO-14-103","WhatsApp for Business API","conversación iniciada por el cliente","Egipto","Servicio","NA","NA","NA","Conversación",380.82,569.13,1569.58,369.25,551.53,554.4,881.51,71.010000000000005,null,null,"IPC"]
["WhatsAppforBusinessAPIconversacióniniciadaporelclienteFranciaServicioNANANA","IT-BPO-14-104","WhatsApp for Business API","conversación iniciada por el cliente","Francia","Servicio","NA","NA","NA","Conversación",508.12,759.54,2091.38,492.34,735.65,739.56,1176.5,71.010000000000005,null,null,"IPC"]
["WhatsAppforBusinessAPIconversacióniniciadaporelclienteAlemaniaServicioNANANA","IT-BPO-14-105","WhatsApp for Business API","conversación iniciada por el cliente","Alemania","Servicio","NA","NA","NA","Conversación",484.97,723.78,1994.59,469.19,701.4,704.84,1121.3,71.010000000000005,null,null,"IPC"]
["WhatsAppforBusinessAPIconversacióniniciadaporelclienteIndiaServicioNANANA","IT-BPO-14-106","WhatsApp for Business API","conversación iniciada por el cliente","India","Servicio","NA","NA","NA","Conversación",24.2,105.2,99.94,23.14,34.25,34.72,87.98,71.010000000000005,null,null,"IPC"]
["WhatsAppforBusinessAPIconversacióniniciadaporelclienteIndonesiaServicioNANANA","IT-BPO-14-107","WhatsApp for Business API","conversación iniciada por el cliente","Indonesia","Servicio","NA","NA","NA","Conversación",112.56,168.32,466.04,108.36,162.72,164.11,337.54,71.010000000000005,null,null,"IPC"]
["WhatsAppforBusinessAPIconversacióniniciadaporelclienteIsraelServicioNANANA","IT-BPO-14-108","WhatsApp for Business API","conversación iniciada por el cliente","Israel","Servicio","NA","NA","NA","Conversación",107.3,158.85,441.84,103.1,154.15,155.69999999999999,289.81,71.010000000000005,null,null,"IPC"]
["WhatsAppforBusinessAPIconversacióniniciadaporelclienteItaliaServicioNANANA","IT-BPO-14-109","WhatsApp for Business API","conversación iniciada por el cliente","Italia","Servicio","NA","NA","NA","Conversación",228.28,340.85,939.44,220.92,330.57,332.43,567.54999999999995,71.010000000000005,null,null,"IPC"]
["WhatsAppforBusinessAPIconversacióniniciadaporelclienteMalasiaServicioNANANA","IT-BPO-14-110","WhatsApp for Business API","conversación iniciada por el cliente","Malasia","Servicio","NA","NA","NA","Conversación",130.44999999999999,194.62,536.52,126.24,188.41,189.36,706.71,71.010000000000005,null,null,"IPC"]
["WhatsAppforBusinessAPIconversacióniniciadaporelclienteMéxicoServicioNANANA","IT-BPO-14-111","WhatsApp for Business API","conversación iniciada por el cliente","México","Servicio","NA","NA","NA","Conversación",62.07,92.58,257.74,59.96,89.92,91.52,358.24,71.010000000000005,null,null,"IPC"]
["WhatsAppforBusinessAPIconversacióniniciadaporelclientePaísesBajosServicioNANANA","IT-BPO-14-112","WhatsApp for Business API","conversación iniciada por el cliente","Países Bajos","Servicio","NA","NA","NA","Conversación",527.04999999999995,787.95,2169.2199999999998,510.22,763.07,765.86,1311.63,71.010000000000005,null,null,"IPC"]
["WhatsAppforBusinessAPIconversacióniniciadaporelclienteNigeriaServicioNANANA","IT-BPO-14-113","WhatsApp for Business API","conversación iniciada por el cliente","Nigeria","Servicio","NA","NA","NA","Conversación",184.1,274.57,756.39,177.79,265.48,267.20999999999998,423.79,71.010000000000005,null,null,"IPC"]
["WhatsAppforBusinessAPIconversacióniniciadaporelclientePakistánServicioNANANA","IT-BPO-14-114","WhatsApp for Business API","conversación iniciada por el cliente","Pakistán","Servicio","NA","NA","NA","Conversación",84.16,125.19,349.26,81,121.61,123.08,388.72,71.010000000000005,null,null,"IPC"]
["WhatsAppforBusinessAPIconversacióniniciadaporelclientePerúServicioNANANA","IT-BPO-14-115","WhatsApp for Business API","conversación iniciada por el cliente","Perú","Servicio","NA","NA","NA","Conversación",106.25,157.80000000000001,439.74,102.04,153.30000000000001,154.63999999999999,577.33000000000004,71.010000000000005,null,null,"IPC"]
["WhatsAppforBusinessAPIconversacióniniciadaporelclienteRusiaServicioNANANA","IT-BPO-14-116","WhatsApp for Business API","conversación iniciada por el cliente","Rusia","Servicio","NA","NA","NA","Conversación",235.65,351.37,969.94,228.28,340.85,341.9,658.98,71.010000000000005,null,null,"IPC"]
["WhatsAppforBusinessAPIconversacióniniciadaporelclienteArabiaSaudíServicioNANANA","IT-BPO-14-117","WhatsApp for Business API","conversación iniciada por el cliente","Arabia Saudí","Servicio","NA","NA","NA","Conversación",115.72,172.53,476.56,111.51,167.01,168.32,373.77,71.010000000000005,null,null,"IPC"]
["WhatsAppforBusinessAPIconversacióniniciadaporelclienteSudáfricaServicioNANANA","IT-BPO-14-118","WhatsApp for Business API","conversación iniciada por el cliente","Sudáfrica","Servicio","NA","NA","NA","Conversación",99.94,148.33000000000001,411.33,95.73,143.88,145.18,311.08999999999997,71.010000000000005,null,null,"IPC"]
["WhatsAppforBusinessAPIconversacióniniciadaporelclienteEspañaServicioNANANA","IT-BPO-14-119","WhatsApp for Business API","conversación iniciada por el cliente","España","Servicio","NA","NA","NA","Conversación",218.82,326.12,900.51,211.45,316.02,317.7,505.45,71.010000000000005,null,null,"IPC"]
["WhatsAppforBusinessAPIconversacióniniciadaporelclienteTurquíaServicioNANANA","IT-BPO-14-120","WhatsApp for Business API","conversación iniciada por el cliente","Turquía","Servicio","NA","NA","NA","Conversación",17.88,26.3,75.739999999999995,16.829999999999998,25.69,26.3,89.7,71.010000000000005,null,null,"IPC"]
["WhatsAppforBusinessAPIconversacióniniciadaporelclienteEmiratosÁrabesUnidosServicioNANANA","IT-BPO-14-121","WhatsApp for Business API","conversación iniciada por el cliente","Emiratos Árabes Unidos","Servicio","NA","NA","NA","Conversación",112.56,168.32,466.04,108.36,162.72,164.11,315.69,71.010000000000005,null,null,"IPC"]
["WhatsAppforBusinessAPIconversacióniniciadaporelclienteReinoUnidoServicioNANANA","IT-BPO-14-122","WhatsApp for Business API","conversación iniciada por el cliente","Reino Unido","Servicio","NA","NA","NA","Conversación",229.34,342.95,947.85,221.97,332.28,333.48,434.72,71.010000000000005,null,null,"IPC"]
["WhatsAppforBusinessAPIconversacióniniciadaporelclienteNorteamérica*ServicioNANANA","IT-BPO-14-123","WhatsApp for Business API","conversación iniciada por el cliente","Norteamérica*","Servicio","NA","NA","NA","Conversación",52.6,77.849999999999994,216.71,50.5,75.37,75.739999999999995,205.28,71.010000000000005,null,null,"IPC"]
["WhatsAppforBusinessAPIconversacióniniciadaporelclienteRestodeÁfrica*ServicioNANANA","IT-BPO-14-124","WhatsApp for Business API","conversación iniciada por el cliente","Resto de África*","Servicio","NA","NA","NA","Conversación",214.61,320.86,886.84,208.3,310.88,312.44,184.58,71.010000000000005,null,null,"IPC"]
["WhatsAppforBusinessAPIconversacióniniciadaporelclienteRestodeAsia-Pacífico*ServicioNANANA","IT-BPO-14-125","WhatsApp for Business API","conversación iniciada por el cliente","Resto de Asia-Pacífico*","Servicio","NA","NA","NA","Conversación",132.55000000000001,197.78,545.99,128.34,191.83,192.52,601.48,71.010000000000005,null,null,"IPC"]
["WhatsAppforBusinessAPIconversacióniniciadaporelclienteRestodeEuropaCentralyOriental*ServicioNANANA","IT-BPO-14-126","WhatsApp for Business API","conversación iniciada por el cliente","Resto de Europa Central y Oriental*","Servicio","NA","NA","NA","Conversación",148.33000000000001,220.92,610.16,143.07,214.1,215.66,706.71,71.010000000000005,null,null,"IPC"]
["WhatsAppforBusinessAPIconversacióniniciadaporelclienteRestodeLatinoamérica*ServicioNANANA","IT-BPO-14-127","WhatsApp for Business API","conversación iniciada por el cliente","Resto de Latinoamérica*","Servicio","NA","NA","NA","Conversación",250.38,373.46,1030.96,241.96,362.27,363.99,607.79999999999995,71.010000000000005,null,null,"IPC"]
["WhatsAppforBusinessAPIconversacióniniciadaporelclienteRestodeOrienteMedio*ServicioNANANA","IT-BPO-14-128","WhatsApp for Business API","conversación iniciada por el cliente","Resto de Oriente Medio*","Servicio","NA","NA","NA","Conversación",129.4,320.86,532.30999999999995,125.19,186.7,187.26,280.04000000000002,71.010000000000005,null,null,"IPC"]
["WhatsAppforBusinessAPIconversacióniniciadaporelclienteRestodeEuropaOccidental*ServicioNANANA","IT-BPO-14-129","WhatsApp for Business API","conversación iniciada por el cliente","Resto de Europa Occidental*","Servicio","NA","NA","NA","Conversación",235.65,351.37,967.84,227.23,340,341.9,486.47,71.010000000000005,null,null,"IPC"]
["WhatsAppforBusinessAPIconversacióniniciadaporelclienteOtros*ServicioNANANA","IT-BPO-14-130","WhatsApp for Business API","conversación iniciada por el cliente","Otros*","Servicio","NA","NA","NA","Conversación",86.26,324.02,354.52,83.11,124.18,125.19,496.25,71.010000000000005,null,null,"IPC"]
["MensajeSMS(ShortMessageService)SMSenunavíaNANANANANA","IT-BPO-16-1","Mensaje SMS (Short Message Service) ","SMS en una vía","NA","NA","NA","NA","NA","Mensaje SMS",4.21,18.940000000000001,600.69000000000005,5.26,12.01,4.21,5.39,9.4700000000000006,null,null,"IPC"]
["MensajeSMS(ShortMessageService)SMSendoblevíaNANANANANA","IT-BPO-16-2","Mensaje SMS (Short Message Service) ","SMS en doble vía","NA","NA","NA","NA","NA","Mensaje SMS",5.26,31.56,1079.3499999999999,10.52,22.77,5.26,10.79,18.940000000000001,null,null,"IPC"]
["MensajeSMS(ShortMessageService)SMSalexteriorunavíaEstadosUnidosNANANANA","IT-BPO-16-3","Mensaje SMS (Short Message Service) ","SMS al exterior una vía","Estados Unidos","NA","NA","NA","NA","Mensaje SMS",336.64,2525.85,1090.92,66.28,919.4,71.540000000000006,103.85,72.900000000000006,null,null,"IPC"]
["MensajeSMS(ShortMessageService)SMSalexteriorunavíaCanadáyPuertoRicoNANANANA","IT-BPO-16-4","Mensaje SMS (Short Message Service) ","SMS al exterior una vía","Canadá y Puerto Rico","NA","NA","NA","NA","Mensaje SMS",336.64,2525.85,1090.92,106.25,181.99,116.77,252.21,87.11,null,null,"IPC"]
["MensajeSMS(ShortMessageService)SMSalexteriorunavíaEuropaNANANANA","IT-BPO-16-5","Mensaje SMS (Short Message Service) ","SMS al exterior una vía","Europa","NA","NA","NA","NA","Mensaje SMS",336.64,2525.85,1090.92,266.16000000000003,798.09,1874.66,782.26,1047.1600000000001,null,null,"IPC"]
["MensajeSMS(ShortMessageService)SMSalexteriorunavíaAsiaNANANANA","IT-BPO-16-6","Mensaje SMS (Short Message Service) ","SMS al exterior una vía","Asia","NA","NA","NA","NA","Mensaje SMS",336.64,2525.85,1090.92,332.43,985.77,3376.92,876.67,1047.1600000000001,null,null,"IPC"]
["MensajeSMS(ShortMessageService)SMSalexteriorunavíaOceaníayelrestodeAméricaNANANANA","IT-BPO-16-7","Mensaje SMS (Short Message Service) ","SMS al exterior una vía","Oceanía y el resto de América","NA","NA","NA","NA","Mensaje SMS",336.64,2525.85,1090.92,466.04,587.66999999999996,2114.52,4720.51,1047.1600000000001,null,null,"IPC"]
["MensajeSMS(ShortMessageService)SMSalexteriorunavíarestodelmundoNANANANA","IT-BPO-16-8","Mensaje SMS (Short Message Service) ","SMS al exterior una vía","resto del mundo","NA","NA","NA","NA","Mensaje SMS",336.64,3158.1,1090.92,732.19,2551.39,1803.13,4720.51,1047.1600000000001,null,null,"IPC"]
["SMSconLandingPageNANANANANANA","IT-BPO-17-1","SMS con Landing Page","NA","NA","NA","NA","NA","NA","Mensaje SMS",38.92,50.5,600.69000000000005,8.42,36.25,29.46,5.39,11.89,null,null,"IPC"]
["SMScomoCHATAgenteGeneralJornadaOrdinariaNANANANA","IT-BPO-18-1","SMS como CHAT        ","Agente General","Jornada Ordinaria","NA","NA","NA","NA","Mes",5585393.5199999996,5730809.5199999996,7359268.3399999999,5773493.7199999997,6632267.71,8807005.0700000003,4462552.5,5539458.71,null,null,"SMMLV"]
["SMScomoCHATAgenteGeneralServicio7x24NANANANA","IT-BPO-18-2","SMS como CHAT        ","Agente General","Servicio 7x24","NA","NA","NA","NA","Mes 7x24",5585393.5199999996,21015668.149999999,32353229.16,23342988.809999999,23043600.82,42138249.899999999,20561262.579999998,20138279.690000001,null,null,"SMMLV"]
["SMScomoCHATAgentetécnicoJornadaOrdinariaNANANANA","IT-BPO-18-3","SMS como CHAT        ","Agente técnico","Jornada Ordinaria","NA","NA","NA","NA","Mes",6790331.5199999996,6984115.8600000003,8655217.2599999998,7020186.2599999998,7943897.7400000002,10624477.310000001,5755244.8399999999,6657600,null,null,"SMMLV"]
["SMScomoCHATAgentetécnicoServicio7x24NANANANA","IT-BPO-18-4","SMS como CHAT        ","Agente técnico","Servicio 7x24","NA","NA","NA","NA","Mes 7x24",6790331.5199999996,26028893.510000002,39984836.039999999,27810663.27,28501362.48,52547287.049999997,26799767.5,25351700.170000002,null,null,"SMMLV"]
["SMScomoCHATAgenteProfesionalJornadaOrdinariaNANANANA","IT-BPO-18-5","SMS como CHAT        ","Agente Profesional","Jornada Ordinaria","NA","NA","NA","NA","Mes",9009073.0800000001,9225166.9499999993,10890321.41,9249381.7799999993,11429496.960000001,17438406.079999998,8416675.7799999993,8631504.5999999996,null,null,"SMMLV"]
["SMScomoCHATAgenteProfesionalServicio7x24NANANANA","IT-BPO-18-6","SMS como CHAT        ","Agente Profesional","Servicio 7x24","NA","NA","NA","NA","Mes 7x24",9009073.0800000001,34993102.25,53681843.93,38283317.729999997,45324673.109999999,91903629.230000004,39643774.960000001,34555183.600000001,null,null,"SMMLV"]
["SMScomoCHATAgenteEspecializadoJornadaOrdinariaNANANANA","IT-BPO-18-7","SMS como CHAT        ","Agente Especializado","Jornada Ordinaria","NA","NA","NA","NA","Mes",11490693.48,11731779.630000001,13837242.35,11742766.859999999,14890386.199999999,21073349.460000001,11078106.73,10867787.07,null,null,"SMMLV"]
["SMScomoCHATAgenteEspecializadoServicio7x24NANANANA","IT-BPO-18-8","SMS como CHAT        ","Agente Especializado","Servicio 7x24","NA","NA","NA","NA","Mes 7x24",11490693.48,45019552.969999999,69049502.069999993,49997125.130000003,58682152.719999999,112721692.58,52487782.43,44982024.359999999,null,null,"SMMLV"]
["TransferenciadechatNANANANANANA","IT-BPO-19-1","Transferencia de chat","NA","NA","NA","NA","NA","NA","Transferencia",1343.4,631.20000000000005,23425.94,932.07,697.89,451.31,45.86,336.64,null,null,"IPC"]
["ChatbotdumbNANANANANANA","IT-BPO-20-1","Chatbot dumb","NA","NA","NA","NA","NA","NA","Respuesta Chatbot dumb",36.82,757.44,1597.99,605.95000000000005,319.33,61.02,62.48,484.97,null,null,"IPC"]
["ChatbotSmartNANANANANANA","IT-BPO-21-1","Chatbot Smart","NA","NA","NA","NA","NA","NA","Respuesta Chatbot Smart",68.38,1074.0899999999999,3413.74,1262.4000000000001,472.21,120.98,62.48,823.82,null,null,"IPC"]
["VoicebotSmartNANANANANANA","IT-BPO-22-1","Voicebot Smart","NA","NA","NA","NA","NA","NA","Minuto Voicebot Smart",368.2,1515.93,5513.53,830.03,1137.52,391.34,46.22,1385.69,null,null,"IPC"]
["HoradesarrolloparaIntegracionesycanalesdigitalesNANANANANANA","IT-BPO-23-1","Hora desarrollo para Integraciones y canales digitales","NA","NA","NA","NA","NA","NA","Hora desarrollo para Integraciones y canales digitales",126658.7,353648.74,656449.05000000005,87288.65,477018.88,264503.31,87666.67,91031.98,null,null,"IPC"]
["AnalyticsNANANANANANA","IT-BPO-24-1","Analytics","NA","NA","NA","NA","NA","NA","Licencia Mes",272161.87,757818.72,11884780.640000001,115713.69,229849.71,198377.74,124956.02,198407.2,null,null,"IPC"]
["AgenteenSitio AgentegeneralJornadaOrdinariaEnsitioOroNANA","IT-BPO-25-1","Agente en Sitio ","Agente general","Jornada Ordinaria","En sitio","Oro","NA","NA","Mes",5275604.88,5270679.57,8976091.6799999997,5664921.1799999997,7158459.4400000004,6688011.4400000004,4965358.74,5539458.71,null,null,"SMMLV"]
["AgenteenSitio AgentegeneralHoraextradiurnaEnsitioOroNANA","IT-BPO-25-2","Agente en Sitio ","Agente general","Hora extra diurna","En sitio","Oro","NA","NA","Hora",31402.41,24478.73,48784.44,22854.84,30652.43,39809.82,25893.439999999999,20929.28,null,null,"SMMLV"]
["AgenteenSitio AgentegeneralHoraextranocturna EnsitioOroNANA","IT-BPO-25-3","Agente en Sitio ","Agente general","Hora extra nocturna ","En sitio","Oro","NA","NA","Hora",43963.37,34270.22,68297.34,31467.02,41108.71,55734.41,36250.81,29301.11,null,null,"SMMLV"]
["AgenteenSitio AgentegeneralHoraextradominicalyfestivoEnsitioOroNANA","IT-BPO-25-4","Agente en Sitio ","Agente general","Hora extra dominical y festivo","En sitio","Oro","NA","NA","Hora",50243.86,48957.45,78053.789999999994,35773.65,48125.36,79619.64,36250.81,33486.959999999999,null,null,"SMMLV"]
["AgenteenSitio AgentegeneralServicio7x24EnsitioOroNANA","IT-BPO-25-5","Agente en Sitio ","Agente general","Servicio 7x24","En sitio","Oro","NA","NA","Mes 7x24",22259160,19763457.899999999,35904363.439999998,23234416.280000001,25620917.84,37405079.549999997,20023632.82,20138279.690000001,null,null,"SMMLV"]
["AgenteenSitio AgentegeneralJornadaOrdinariaEnsitioPlatinoNANA","IT-BPO-25-6","Agente en Sitio ","Agente general","Jornada Ordinaria","En sitio","Platino","NA","NA","Mes",5539385.1200000001,5315377.47,8285623.0099999998,5664921.1799999997,7146357.5899999999,6786872.4199999999,4965358.74,5625469.6399999997,null,null,"SMMLV"]
["AgenteenSitio AgentegeneralHoraextradiurnaEnsitioPlatinoNANA","IT-BPO-25-7","Agente en Sitio ","Agente general","Hora extra diurna","En sitio","Platino","NA","NA","Hora",32972.53,24478.73,45031.88,22854.84,31185.47,40398.93,25893.439999999999,21386.880000000001,null,null,"SMMLV"]
["AgenteenSitio AgentegeneralHoraextranocturna EnsitioPlatinoNANA","IT-BPO-25-8","Agente en Sitio ","Agente general","Hora extra nocturna ","En sitio","Platino","NA","NA","Hora",46161.54,34270.22,63044.63,31467.02,41832.03,56557.85,36250.81,29941.57,null,null,"SMMLV"]
["AgenteenSitio AgentegeneralHoraextradominicalyfestivoEnsitioPlatinoNANA","IT-BPO-25-9","Agente en Sitio ","Agente general","Hora extra dominical y festivo","En sitio","Platino","NA","NA","Hora",52756.05,48957.45,72049.91,35773.65,48944.01,80796.77,36250.81,34218.97,null,null,"SMMLV"]
["AgenteenSitio AgentegeneralServicio7x24EnsitioPlatinoNANA","IT-BPO-25-10","Agente en Sitio ","Agente general","Servicio 7x24","En sitio","Platino","NA","NA","Mes 7x24",23372118,19891636.41,33142489.829999998,23234416.280000001,24073320.140000001,37957999.799999997,20023632.82,20539312.050000001,null,null,"SMMLV"]
["AgenteenSitio AgentetécnicoJornadaOrdinariaEnsitioOroNANA","IT-BPO-25-11","Agente en Sitio ","Agente técnico","Jornada Ordinaria","En sitio","Oro","NA","NA","Mes",6480358.9199999999,6523985.9100000001,10733037.800000001,6911613.7199999997,8834809.4100000001,8505482.5800000001,6258051.0800000001,6657600,null,null,"SMMLV"]
["AgenteenSitio AgentetécnicoHoraextradiurnaEnsitioOroNANA","IT-BPO-25-12","Agente en Sitio ","Agente técnico","Hora extra diurna","En sitio","Oro","NA","NA","Hora",38573.57,32638.67,58332.84,29348.19,38575.040000000001,50628.42,34524.58,26876.880000000001,null,null,"SMMLV"]
["AgenteenSitio AgentetécnicoHoraextranocturna EnsitioOroNANA","IT-BPO-25-13","Agente en Sitio ","Agente técnico","Hora extra nocturna ","En sitio","Oro","NA","NA","Hora",54002.99,45693.26,81665.100000000006,40557.71,52020.14,70879.350000000006,48334.41,37627.589999999997,null,null,"SMMLV"]
[{"$f":"SUBSTITUTE(C194&D194&E194&F194&G194&H194&I194,\" \",\"\")","v":"AgenteenSitio AgentetécnicoHoraextradominicalyfestivoEnsitioOroNANA"},"IT-BPO-25-14","Agente en Sitio ","Agente técnico","Hora extra dominical y festivo","En sitio","Oro","NA","NA","Hora",61717.7,65276.24,93331.23,46163.01,58239.92,101255.75,48334.41,43003.06,null,null,"SMMLV"]
["AgenteenSitio AgentetécnicoServicio7x24EnsitioOroNANA","IT-BPO-25-15","Agente en Sitio ","Agente técnico","Servicio 7x24","En sitio","Oro","NA","NA","Mes 7x24",28282930.199999999,24776683.260000002,42932145.710000001,27708552.329999998,32317719.329999998,47814111.229999997,26445636.550000001,25351700.170000002,null,null,"SMMLV"]
["AgenteenSitio AgentetécnicoJornadaOrdinariaEnsitioPlatinoNANA","IT-BPO-25-16","Agente en Sitio ","Agente técnico","Jornada Ordinaria","En sitio","Platino","NA","NA","Mes",6804376.8700000001,6568683.8099999996,9907418.75,6911613.7199999997,8565214.9000000004,8631210.4800000004,6258051.0800000001,6743610.8300000001,null,null,"SMMLV"]
["AgenteenSitio AgentetécnicoHoraextradiurnaEnsitioPlatinoNANA","IT-BPO-25-17","Agente en Sitio ","Agente técnico","Hora extra diurna","En sitio","Platino","NA","NA","Hora",40502.239999999998,32638.67,53846.63,29348.19,39253.81,51376.31,34524.58,27334.38,null,null,"SMMLV"]
["AgenteenSitio AgentetécnicoHoraextranocturna EnsitioPlatinoNANA","IT-BPO-25-18","Agente en Sitio ","Agente técnico","Hora extra nocturna ","En sitio","Platino","NA","NA","Hora",56703.14,45693.26,75383.09,40557.71,52944.03,71927.27,48334.41,38268.17,null,null,"SMMLV"]
["AgenteenSitio AgentetécnicoHoraextradominicalyfestivoEnsitioPlatinoNANA","IT-BPO-25-19","Agente en Sitio ","Agente técnico","Hora extra dominical y festivo","En sitio","Platino","NA","NA","Hora",64803.59,65276.24,86152.41,46163.01,62412.04,102752.61,48334.41,43735.07,null,null,"SMMLV"]
["AgenteenSitio AgentetécnicoServicio7x24EnsitioPlatinoNANA","IT-BPO-25-20","Agente en Sitio ","Agente técnico","Servicio 7x24","En sitio","Platino","NA","NA","Mes 7x24",29697076.710000001,24904861.77,39629672.789999999,27708552.329999998,33179698.16,48520900.880000003,26445636.550000001,25752732.530000001,null,null,"SMMLV"]
["AgenteenSitio AgentegeneralJornadaOrdinariaTeletrabajoOroNANA","IT-BPO-25-21","Agente en Sitio ","Agente general","Jornada Ordinaria","Teletrabajo","Oro","NA","NA","Mes",5021372.16,5132640.59,8548658.4299999997,5238647.54,8232228.3499999996,7139271.8899999997,4284984.93,5539458.71,null,null,"SMMLV"]
["AgenteenSitio AgentegeneralHoraextradiurnaTeletrabajoOroNANA","IT-BPO-25-22","Agente en Sitio ","Agente general","Hora extra diurna","Teletrabajo","Oro","NA","NA","Hora",29889.119999999999,24478.73,46461.95,22854.84,35250.29,42495.86,25893.439999999999,20929.28,null,null,"SMMLV"]
["AgenteenSitio AgentegeneralHoraextranocturna TeletrabajoOroNANA","IT-BPO-25-23","Agente en Sitio ","Agente general","Hora extra nocturna ","Teletrabajo","Oro","NA","NA","Hora",41844.769999999997,34270.22,65045.19,31467.02,47275.02,59494.64,36250.81,29301.11,null,null,"SMMLV"]
["AgenteenSitio AgentegeneralHoraextradominicalyfestivoTeletrabajoOroNANA","IT-BPO-25-24","Agente en Sitio ","Agente general","Hora extra dominical y festivo","Teletrabajo","Oro","NA","NA","Hora",47822.59,48957.45,74337.36,35773.65,55344.17,84991.71,36250.81,33486.959999999999,null,null,"SMMLV"]
["AgenteenSitio AgentegeneralServicio7x24TeletrabajoOroNANA","IT-BPO-25-25","Agente en Sitio ","Agente general","Servicio 7x24","Teletrabajo","Oro","NA","NA","Mes 7x24",22004375.399999999,19763457.899999999,34194631.530000001,22664887.07,29464055.510000002,39589287,19520826.57,20138279.690000001,null,null,"SMMLV"]
["AgenteenSitio AgentegeneralJornadaOrdinariaTeletrabajoPlatinoNANA","IT-BPO-25-26","Agente en Sitio ","Agente general","Jornada Ordinaria","Teletrabajo","Platino","NA","NA","Mes",5272440.7699999996,5170765.2,7891069.3200000003,5238647.54,8218311.2300000004,7244803.6100000003,4284984.93,5625469.6399999997,null,null,"SMMLV"]
["AgenteenSitio AgentegeneralHoraextradiurnaTeletrabajoPlatinoNANA","IT-BPO-25-27","Agente en Sitio ","Agente general","Hora extra diurna","Teletrabajo","Platino","NA","NA","Hora",31383.58,24478.73,42887.87,22854.84,35863.300000000003,43124.39,25893.439999999999,21386.880000000001,null,null,"SMMLV"]
["AgenteenSitio AgentegeneralHoraextranocturna TeletrabajoPlatinoNANA","IT-BPO-25-28","Agente en Sitio ","Agente general","Hora extra nocturna ","Teletrabajo","Platino","NA","NA","Hora",43937.01,34270.22,60042.14,31467.02,48106.83,60373.919999999998,36250.81,29941.57,null,null,"SMMLV"]
["AgenteenSitio AgentegeneralHoraextradominicalyfestivoTeletrabajoPlatinoNANA","IT-BPO-25-29","Agente en Sitio ","Agente general","Hora extra dominical y festivo","Teletrabajo","Platino","NA","NA","Hora",50213.72,48957.45,68618.179999999993,35773.65,56285.62,86247.679999999993,36250.81,34218.97,null,null,"SMMLV"]
["AgenteenSitio AgentegeneralServicio7x24TeletrabajoPlatinoNANA","IT-BPO-25-30","Agente en Sitio ","Agente general","Servicio 7x24","Teletrabajo","Platino","NA","NA","Mes 7x24",23104594.170000002,19891636.41,31564276.190000001,22664887.07,27684318.149999999,40174498.799999997,19520826.57,20539312.050000001,null,null,"SMMLV"]
["AgenteenSitio AgentetécnicoJornadaOrdinariaTeletrabajoOroNANA","IT-BPO-25-31","Agente en Sitio ","Agente técnico","Jornada Ordinaria","Teletrabajo","Oro","NA","NA","Mes",6226126.2000000002,6385946.9299999997,10221939.98,6485340.0800000001,11485252.24,8831944.7899999991,5577677.2699999996,6657600,null,null,"SMMLV"]
["AgenteenSitio AgentetécnicoHoraextradiurnaTeletrabajoOroNANA","IT-BPO-25-32","Agente en Sitio ","Agente técnico","Hora extra diurna","Teletrabajo","Oro","NA","NA","Hora",37060.28,32638.67,55555.92,29348.19,50147.56,52572.05,34524.58,26876.880000000001,null,null,"SMMLV"]
["AgenteenSitio AgentetécnicoHoraextranocturna TeletrabajoOroNANA","IT-BPO-25-33","Agente en Sitio ","Agente técnico","Hora extra nocturna ","Teletrabajo","Oro","NA","NA","Hora",51884.39,45693.26,77776.759999999995,40557.71,67626.179999999993,73600.429999999993,48334.41,37627.589999999997,null,null,"SMMLV"]
["AgenteenSitio AgentetécnicoHoraextradominicalyfestivoTeletrabajoOroNANA","IT-BPO-25-34","Agente en Sitio ","Agente técnico","Hora extra dominical y festivo","Teletrabajo","Oro","NA","NA","Hora",59296.44,65276.24,88887.72,46163.01,75711.89,105143,48334.41,43003.06,null,null,"SMMLV"]
["AgenteenSitio AgentetécnicoServicio7x24TeletrabajoOroNANA","IT-BPO-25-35","Agente en Sitio ","Agente técnico","Servicio 7x24","Teletrabajo","Oro","NA","NA","Mes 7x24",28028145.600000001,24776683.260000002,40887757.710000001,28892414.870000001,42013035.119999997,49350297.68,25942830.309999999,25351700.170000002,null,null,"SMMLV"]
["AgenteenSitio AgentetécnicoJornadaOrdinariaTeletrabajoPlatinoNANA","IT-BPO-25-36","Agente en Sitio ","Agente técnico","Jornada Ordinaria","Teletrabajo","Platino","NA","NA","Mes",6537432.5099999998,6424071.54,9435636.9000000004,6485340.0800000001,11134779.369999999,8962498.3499999996,5577677.2699999996,6743610.8300000001,null,null,"SMMLV"]
["AgenteenSitio AgentetécnicoHoraextradiurnaTeletrabajoPlatinoNANA","IT-BPO-25-37","Agente en Sitio ","Agente técnico","Hora extra diurna","Teletrabajo","Platino","NA","NA","Hora",38913.29,32638.67,51281.04,29348.19,51029.95,53348.4,34524.58,27334.38,null,null,"SMMLV"]
["AgenteenSitio AgentetécnicoHoraextranocturna TeletrabajoPlatinoNANA","IT-BPO-25-38","Agente en Sitio ","Agente técnico","Hora extra nocturna ","Teletrabajo","Platino","NA","NA","Hora",54478.6,45693.26,71794.77,40557.71,68827.23,74687.759999999995,48334.41,38268.17,null,null,"SMMLV"]
["AgenteenSitio AgentetécnicoHoraextradominicalyfestivoTeletrabajoPlatinoNANA","IT-BPO-25-39","Agente en Sitio ","Agente técnico","Hora extra dominical y festivo","Teletrabajo","Platino","NA","NA","Hora",62261.26,65276.24,82049.45,46163.01,81135.67,106696.8,48334.41,43735.07,null,null,"SMMLV"]
["AgenteenSitio AgentetécnicoServicio7x24TeletrabajoPlatinoNANA","IT-BPO-25-40","Agente en Sitio ","Agente técnico","Servicio 7x24","Teletrabajo","Platino","NA","NA","Mes 7x24",29429552.879999999,24904861.77,37742546.509999998,28892414.870000001,43133607.600000001,50079792.149999999,25942830.309999999,25752732.530000001,null,null,"SMMLV"]
["AgenteenSitio AgenteprofesionalEconomía,administración,contaduríayafinesJornadaOrdinariaEnsitioOroNA","IT-BPO-25-41","Agente en Sitio ","Agente profesional","Economía, administración, contaduría y afines","Jornada Ordinaria","En sitio","Oro","NA","Mes",8699284.4399999995,8765037,14050758.59,9140809.25,11430336.289999999,11684467.970000001,11580912.970000001,8631504.5999999996,null,null,"SMMLV"]
["AgenteenSitio AgenteprofesionalEconomía,administración,contaduríayafinesHoraextradiurnaEnsitioOroNA","IT-BPO-25-42","Agente en Sitio ","Agente profesional","Economía, administración, contaduría y afines","Hora extra diurna","En sitio","Oro","NA","Hora",51781.46,48957.45,76364.210000000006,40958.480000000003,53426.080000000002,69551.12,69049.16,37376.400000000001,null,null,"SMMLV"]
["AgenteenSitio AgenteprofesionalEconomía,administración,contaduríayafinesHoraextranocturna EnsitioOroNA","IT-BPO-25-43","Agente en Sitio ","Agente profesional","Economía, administración, contaduría y afines","Hora extra nocturna ","En sitio","Oro","NA","Hora",72494.039999999994,68540.429999999993,106908.14,56811.89,70287.929999999993,97370.69,74573.100000000006,52326.87,null,null,"SMMLV"]
["AgenteenSitio AgenteprofesionalEconomía,administración,contaduríayafinesHoraextradominicalyfestivoEnsitioOroNA","IT-BPO-25-44","Agente en Sitio ","Agente profesional","Economía, administración, contaduría y afines","Hora extra dominical y festivo","En sitio","Oro","NA","Hora",82850.33,97914.9,122181.2,64738.59,86897.78,139101.14000000001,110478.66,59802.22,null,null,"SMMLV"]
["AgenteenSitio AgenteprofesionalEconomía,administración,contaduríayafinesServicio7x24EnsitioOroNA","IT-BPO-25-45","Agente en Sitio ","Agente profesional","Economía, administración, contaduría y afines","Servicio 7x24","En sitio","Oro","NA","Mes 7x24",39376638,33740890.909999996,56203029.960000001,38181206.789999999,43764375.890000001,66352384.579999998,52133651.479999997,34555183.600000001,null,null,"SMMLV"]
["AgenteenSitio AgenteprofesionalEconomía,administración,contaduríayafinesJornadaOrdinariaEnsitioPlatinoNA","IT-BPO-25-46","Agente en Sitio ","Agente profesional","Economía, administración, contaduría y afines","Jornada Ordinaria","En sitio","Platino","NA","Mes",9134248.6600000001,8809736,12969931.17,9140809.25,11353622.949999999,11857186.699999999,11580912.970000001,8717515.4199999999,null,null,"SMMLV"]
["AgenteenSitio AgenteprofesionalEconomía,administración,contaduríayafinesHoraextradiurnaEnsitioPlatinoNA","IT-BPO-25-47","Agente en Sitio ","Agente profesional","Economía, administración, contaduría y afines","Hora extra diurna","En sitio","Platino","NA","Hora",54370.53,48957.45,70489.53,40958.480000000003,54362.16,70579.320000000007,69049.16,37833.89,null,null,"SMMLV"]
["AgenteenSitio AgenteprofesionalEconomía,administración,contaduríayafinesHoraextranocturna EnsitioPlatinoNA","IT-BPO-25-48","Agente en Sitio ","Agente profesional","Economía, administración, contaduría y afines","Hora extra nocturna ","En sitio","Platino","NA","Hora",76118.740000000005,68540.429999999993,98684.69,56811.89,71352.490000000005,98810.61,74573.100000000006,52967.45,null,null,"SMMLV"]
["AgenteenSitio AgenteprofesionalEconomía,administración,contaduríayafinesHoraextradominicalyfestivoEnsitioPlatinoNA","IT-BPO-25-49","Agente en Sitio ","Agente profesional","Economía, administración, contaduría y afines","Hora extra dominical y festivo","En sitio","Platino","NA","Hora",86992.84,97914.9,112782.81,64738.59,88345.77,141157.54999999999,110478.66,60534.23,null,null,"SMMLV"]
["AgenteenSitio AgenteprofesionalEconomía,administración,contaduríayafinesServicio7x24EnsitioPlatinoNA","IT-BPO-25-50","Agente en Sitio ","Agente profesional","Economía, administración, contaduría y afines","Servicio 7x24","En sitio","Platino","NA","Mes 7x24",41345469.899999999,33869070.509999998,51879719.210000001,38181206.789999999,44927775.359999999,67333203.450000003,52133651.479999997,34956215.859999999,null,null,"SMMLV"]
["AgenteenSitio AgenteprofesionalCienciassociales,humanasyafinesJornadaOrdinariaEnsitioOroNA","IT-BPO-25-51","Agente en Sitio ","Agente profesional","Ciencias sociales, humanas y afines","Jornada Ordinaria","En sitio","Oro","NA","Mes",8699284.4399999995,8765037,14050758.59,9140809.25,11430336.289999999,11684467.970000001,11580912.970000001,8631504.5999999996,null,null,"SMMLV"]
["AgenteenSitio AgenteprofesionalCienciassociales,humanasyafinesHoraextradiurnaEnsitioOroNA","IT-BPO-25-52","Agente en Sitio ","Agente profesional","Ciencias sociales, humanas y afines","Hora extra diurna","En sitio","Oro","NA","Hora",51781.46,48957.45,76364.210000000006,40958.480000000003,53426.080000000002,69551.12,69049.16,37376.400000000001,null,null,"SMMLV"]
["AgenteenSitio AgenteprofesionalCienciassociales,humanasyafinesHoraextranocturna EnsitioOroNA","IT-BPO-25-53","Agente en Sitio ","Agente profesional","Ciencias sociales, humanas y afines","Hora extra nocturna ","En sitio","Oro","NA","Hora",72494.039999999994,68540.429999999993,106908.14,56811.89,70287.929999999993,97370.69,74573.100000000006,52326.87,null,null,"SMMLV"]
["AgenteenSitio AgenteprofesionalCienciassociales,humanasyafinesHoraextradominicalyfestivoEnsitioOroNA","IT-BPO-25-54","Agente en Sitio ","Agente profesional","Ciencias sociales, humanas y afines","Hora extra dominical y festivo","En sitio","Oro","NA","Hora",82850.33,97914.9,122181.2,64738.59,86897.78,139101.14000000001,110478.66,59802.22,null,null,"SMMLV"]
["AgenteenSitio AgenteprofesionalCienciassociales,humanasyafinesServicio7x24EnsitioOroNA","IT-BPO-25-55","Agente en Sitio ","Agente profesional","Ciencias sociales, humanas y afines","Servicio 7x24","En sitio","Oro","NA","Mes 7x24",39376638,33740890.909999996,56203029.960000001,38181206.789999999,43764375.890000001,66352384.579999998,52133651.479999997,34555183.600000001,null,null,"SMMLV"]
["AgenteenSitio AgenteprofesionalCienciassociales,humanasyafinesJornadaOrdinariaEnsitioPlatinoNA","IT-BPO-25-56","Agente en Sitio ","Agente profesional","Ciencias sociales, humanas y afines","Jornada Ordinaria","En sitio","Platino","NA","Mes",9134248.6600000001,8809736,12969931.17,9140809.25,11353622.949999999,11857186.699999999,11580912.970000001,8717515.4199999999,null,null,"SMMLV"]
["AgenteenSitio AgenteprofesionalCienciassociales,humanasyafinesHoraextradiurnaEnsitioPlatinoNA","IT-BPO-25-57","Agente en Sitio ","Agente profesional","Ciencias sociales, humanas y afines","Hora extra diurna","En sitio","Platino","NA","Hora",54370.53,48957.45,70489.53,40958.480000000003,54362.16,70579.320000000007,69049.16,37833.89,null,null,"SMMLV"]
["AgenteenSitio AgenteprofesionalCienciassociales,humanasyafinesHoraextranocturna EnsitioPlatinoNA","IT-BPO-25-58","Agente en Sitio ","Agente profesional","Ciencias sociales, humanas y afines","Hora extra nocturna ","En sitio","Platino","NA","Hora",76118.740000000005,68540.429999999993,98684.69,56811.89,71352.490000000005,98810.61,74573.100000000006,52967.45,null,null,"SMMLV"]
["AgenteenSitio AgenteprofesionalCienciassociales,humanasyafinesHoraextradominicalyfestivoEnsitioPlatinoNA","IT-BPO-25-59","Agente en Sitio ","Agente profesional","Ciencias sociales, humanas y afines","Hora extra dominical y festivo","En sitio","Platino","NA","Hora",86992.84,97914.9,112782.81,64738.59,88345.77,141157.54999999999,110478.66,60534.23,null,null,"SMMLV"]
["AgenteenSitio AgenteprofesionalCienciassociales,humanasyafinesServicio7x24EnsitioPlatinoNA","IT-BPO-25-60","Agente en Sitio ","Agente profesional","Ciencias sociales, humanas y afines","Servicio 7x24","En sitio","Platino","NA","Mes 7x24",41345469.899999999,33869070.509999998,51879719.210000001,38181206.789999999,44927775.359999999,67333203.450000003,52133651.479999997,34956215.859999999,null,null,"SMMLV"]
["AgenteenSitio AgenteprofesionalIngeniería,arquitectura,urbanismoyafinesJornadaOrdinariaEnsitioOroNA","IT-BPO-25-61","Agente en Sitio ","Agente profesional","Ingeniería, arquitectura, urbanismo y afines","Jornada Ordinaria","En sitio","Oro","NA","Mes",8699284.4399999995,8765037,14050758.59,9140809.25,11430336.289999999,11684467.970000001,11580912.970000001,8631504.5999999996,null,null,"SMMLV"]
["AgenteenSitio AgenteprofesionalIngeniería,arquitectura,urbanismoyafinesHoraextradiurnaEnsitioOroNA","IT-BPO-25-62","Agente en Sitio ","Agente profesional","Ingeniería, arquitectura, urbanismo y afines","Hora extra diurna","En sitio","Oro","NA","Hora",51781.46,48957.45,76364.210000000006,40958.480000000003,53426.080000000002,69551.12,69049.16,37376.400000000001,null,null,"SMMLV"]
["AgenteenSitio AgenteprofesionalIngeniería,arquitectura,urbanismoyafinesHoraextranocturna EnsitioOroNA","IT-BPO-25-63","Agente en Sitio ","Agente profesional","Ingeniería, arquitectura, urbanismo y afines","Hora extra nocturna ","En sitio","Oro","NA","Hora",72494.039999999994,68540.429999999993,106908.14,56811.89,70287.929999999993,97370.69,74573.100000000006,52326.87,null,null,"SMMLV"]
["AgenteenSitio AgenteprofesionalIngeniería,arquitectura,urbanismoyafinesHoraextradominicalyfestivoEnsitioOroNA","IT-BPO-25-64","Agente en Sitio ","Agente profesional","Ingeniería, arquitectura, urbanismo y afines","Hora extra dominical y festivo","En sitio","Oro","NA","Hora",82850.33,97914.9,122181.2,64738.59,86897.78,139101.14000000001,110478.66,59802.22,null,null,"SMMLV"]
["AgenteenSitio AgenteprofesionalIngeniería,arquitectura,urbanismoyafinesServicio7x24EnsitioOroNA","IT-BPO-25-65","Agente en Sitio ","Agente profesional","Ingeniería, arquitectura, urbanismo y afines","Servicio 7x24","En sitio","Oro","NA","Mes 7x24",39376638,33740890.909999996,56203029.960000001,38181206.789999999,43764375.890000001,66352384.579999998,52133651.479999997,34555183.600000001,null,null,"SMMLV"]
["AgenteenSitio AgenteprofesionalIngeniería,arquitectura,urbanismoyafinesJornadaOrdinariaEnsitioPlatinoNA","IT-BPO-25-66","Agente en Sitio ","Agente profesional","Ingeniería, arquitectura, urbanismo y afines","Jornada Ordinaria","En sitio","Platino","NA","Mes",9134248.6600000001,8809736,12969931.17,9140809.25,11353622.949999999,11857186.699999999,11580912.970000001,8717515.4199999999,null,null,"SMMLV"]
["AgenteenSitio AgenteprofesionalIngeniería,arquitectura,urbanismoyafinesHoraextradiurnaEnsitioPlatinoNA","IT-BPO-25-67","Agente en Sitio ","Agente profesional","Ingeniería, arquitectura, urbanismo y afines","Hora extra diurna","En sitio","Platino","NA","Hora",54370.53,48957.45,70489.53,40958.480000000003,54362.16,70579.320000000007,69049.16,37833.89,null,null,"SMMLV"]
["AgenteenSitio AgenteprofesionalIngeniería,arquitectura,urbanismoyafinesHoraextranocturna EnsitioPlatinoNA","IT-BPO-25-68","Agente en Sitio ","Agente profesional","Ingeniería, arquitectura, urbanismo y afines","Hora extra nocturna ","En sitio","Platino","NA","Hora",76118.740000000005,68540.429999999993,98684.69,56811.89,71352.490000000005,98810.61,74573.100000000006,52967.45,null,null,"SMMLV"]
["AgenteenSitio AgenteprofesionalIngeniería,arquitectura,urbanismoyafinesHoraextradominicalyfestivoEnsitioPlatinoNA","IT-BPO-25-69","Agente en Sitio ","Agente profesional","Ingeniería, arquitectura, urbanismo y afines","Hora extra dominical y festivo","En sitio","Platino","NA","Hora",86992.84,97914.9,112782.81,64738.59,88345.77,141157.54999999999,110478.66,60534.23,null,null,"SMMLV"]
["AgenteenSitio AgenteprofesionalIngeniería,arquitectura,urbanismoyafinesServicio7x24EnsitioPlatinoNA","IT-BPO-25-70","Agente en Sitio ","Agente profesional","Ingeniería, arquitectura, urbanismo y afines","Servicio 7x24","En sitio","Platino","NA","Mes 7x24",41345469.899999999,33869070.509999998,51879719.210000001,38181206.789999999,44927775.359999999,67333203.450000003,52133651.479999997,34956215.859999999,null,null,"SMMLV"]
["AgenteenSitio AgenteprofesionalBellasartesyafinesJornadaOrdinariaEnsitioOroNA","IT-BPO-25-71","Agente en Sitio ","Agente profesional","Bellas artes y afines","Jornada Ordinaria","En sitio","Oro","NA","Mes",8699284.4399999995,8765037,14050758.59,9140809.25,11430336.289999999,11684467.970000001,11580912.970000001,8631504.5999999996,null,null,"SMMLV"]
["AgenteenSitio AgenteprofesionalBellasartesyafinesHoraextradiurnaEnsitioOroNA","IT-BPO-25-72","Agente en Sitio ","Agente profesional","Bellas artes y afines","Hora extra diurna","En sitio","Oro","NA","Hora",51781.46,48957.45,76364.210000000006,40958.480000000003,53426.080000000002,69551.12,69049.16,37376.400000000001,null,null,"SMMLV"]
["AgenteenSitio AgenteprofesionalBellasartesyafinesHoraextranocturna EnsitioOroNA","IT-BPO-25-73","Agente en Sitio ","Agente profesional","Bellas artes y afines","Hora extra nocturna ","En sitio","Oro","NA","Hora",72494.039999999994,68540.429999999993,106908.14,56811.89,70287.929999999993,97370.69,74573.100000000006,52326.87,null,null,"SMMLV"]
["AgenteenSitio AgenteprofesionalBellasartesyafinesHoraextradominicalyfestivoEnsitioOroNA","IT-BPO-25-74","Agente en Sitio ","Agente profesional","Bellas artes y afines","Hora extra dominical y festivo","En sitio","Oro","NA","Hora",82850.33,97914.9,122181.2,64738.59,86897.78,139101.14000000001,110478.66,59802.22,null,null,"SMMLV"]
["AgenteenSitio AgenteprofesionalBellasartesyafinesServicio7x24EnsitioOroNA","IT-BPO-25-75","Agente en Sitio ","Agente profesional","Bellas artes y afines","Servicio 7x24","En sitio","Oro","NA","Mes 7x24",39376638,33740890.909999996,56203029.960000001,38181206.789999999,43764375.890000001,66352384.579999998,52133651.479999997,34555183.600000001,null,null,"SMMLV"]
["AgenteenSitio AgenteprofesionalBellasartesyafinesJornadaOrdinariaEnsitioPlatinoNA","IT-BPO-25-76","Agente en Sitio ","Agente profesional","Bellas artes y afines","Jornada Ordinaria","En sitio","Platino","NA","Mes",9134248.6600000001,8809736,12969931.17,9140809.25,11353622.949999999,11857186.699999999,11580912.970000001,8717515.4199999999,null,null,"SMMLV"]
["AgenteenSitio AgenteprofesionalBellasartesyafinesHoraextradiurnaEnsitioPlatinoNA","IT-BPO-25-77","Agente en Sitio ","Agente profesional","Bellas artes y afines","Hora extra diurna","En sitio","Platino","NA","Hora",54370.53,48957.45,70489.53,40958.480000000003,54362.16,70579.320000000007,69049.16,37833.89,null,null,"SMMLV"]
[{"$f":"SUBSTITUTE(C258&D258&E258&F258&G258&H258&I258,\" \",\"\")","v":"AgenteenSitio AgenteprofesionalBellasartesyafinesHoraextranocturna EnsitioPlatinoNA"},"IT-BPO-25-78","Agente en Sitio ","Agente profesional","Bellas artes y afines","Hora extra nocturna ","En sitio","Platino","NA","Hora",76118.740000000005,68540.429999999993,98684.69,56811.89,71352.490000000005,98810.61,74573.100000000006,52967.45,null,null,"SMMLV"]
["AgenteenSitio AgenteprofesionalBellasartesyafinesHoraextradominicalyfestivoEnsitioPlatinoNA","IT-BPO-25-79","Agente en Sitio ","Agente profesional","Bellas artes y afines","Hora extra dominical y festivo","En sitio","Platino","NA","Hora",86992.84,97914.9,112782.81,64738.59,88345.77,141157.54999999999,110478.66,60534.23,null,null,"SMMLV"]
["AgenteenSitio AgenteprofesionalBellasartesyafinesServicio7x24EnsitioPlatinoNA","IT-BPO-25-80","Agente en Sitio ","Agente profesional","Bellas artes y afines","Servicio 7x24","En sitio","Platino","NA","Mes 7x24",41345469.899999999,33869070.509999998,51879719.210000001,38181206.789999999,44927775.359999999,67333203.450000003,52133651.479999997,34956215.859999999,null,null,"SMMLV"]
["AgenteenSitio AgenteprofesionalMatemáticas,cienciasnaturalesyafinesJornadaOrdinariaEnsitioOroNA","IT-BPO-25-81","Agente en Sitio ","Agente profesional","Matemáticas, ciencias naturales y afines","Jornada Ordinaria","En sitio","Oro","NA","Mes",8699284.4399999995,8765037,14050758.59,9140809.25,11194327.93,11684467.970000001,11580912.970000001,8631504.5999999996,null,null,"SMMLV"]
["AgenteenSitio AgenteprofesionalMatemáticas,cienciasnaturalesyafinesHoraextradiurnaEnsitioOroNA","IT-BPO-25-82","Agente en Sitio ","Agente profesional","Matemáticas, ciencias naturales y afines","Hora extra diurna","En sitio","Oro","NA","Hora",51781.46,48957.45,76364.210000000006,40958.480000000003,55313.21,69551.12,69049.16,37376.400000000001,null,null,"SMMLV"]
["AgenteenSitio AgenteprofesionalMatemáticas,cienciasnaturalesyafinesHoraextranocturna EnsitioOroNA","IT-BPO-25-83","Agente en Sitio ","Agente profesional","Matemáticas, ciencias naturales y afines","Hora extra nocturna ","En sitio","Oro","NA","Hora",72494.039999999994,68540.429999999993,106908.14,56811.89,76772.86,97370.69,74573.100000000006,52326.87,null,null,"SMMLV"]
["AgenteenSitio AgenteprofesionalMatemáticas,cienciasnaturalesyafinesHoraextradominicalyfestivoEnsitioOroNA","IT-BPO-25-84","Agente en Sitio ","Agente profesional","Matemáticas, ciencias naturales y afines","Hora extra dominical y festivo","En sitio","Oro","NA","Hora",82850.33,97914.9,122181.2,64738.59,85468.14,139101.14000000001,110478.66,59802.22,null,null,"SMMLV"]
["AgenteenSitio AgenteprofesionalMatemáticas,cienciasnaturalesyafinesServicio7x24EnsitioOroNA","IT-BPO-25-85","Agente en Sitio ","Agente profesional","Matemáticas, ciencias naturales y afines","Servicio 7x24","En sitio","Oro","NA","Mes 7x24",39376638,33740890.909999996,56203029.960000001,38181206.789999999,36652362.399999999,66352384.579999998,52133651.479999997,34555183.600000001,null,null,"SMMLV"]
["AgenteenSitio AgenteprofesionalMatemáticas,cienciasnaturalesyafinesJornadaOrdinariaEnsitioPlatinoNA","IT-BPO-25-86","Agente en Sitio ","Agente profesional","Matemáticas, ciencias naturales y afines","Jornada Ordinaria","En sitio","Platino","NA","Mes",9134248.6600000001,8809736,12969931.17,9140809.25,11353622.949999999,11857186.699999999,11580912.970000001,8717515.4199999999,null,null,"SMMLV"]
["AgenteenSitio AgenteprofesionalMatemáticas,cienciasnaturalesyafinesHoraextradiurnaEnsitioPlatinoNA","IT-BPO-25-87","Agente en Sitio ","Agente profesional","Matemáticas, ciencias naturales y afines","Hora extra diurna","En sitio","Platino","NA","Hora",54370.53,48957.45,70489.53,40958.480000000003,54362.16,70579.320000000007,69049.16,37833.89,null,null,"SMMLV"]
["AgenteenSitio AgenteprofesionalMatemáticas,cienciasnaturalesyafinesHoraextranocturna EnsitioPlatinoNA","IT-BPO-25-88","Agente en Sitio ","Agente profesional","Matemáticas, ciencias naturales y afines","Hora extra nocturna ","En sitio","Platino","NA","Hora",76118.740000000005,68540.429999999993,98684.69,56811.89,71352.490000000005,98810.61,74573.100000000006,52967.45,null,null,"SMMLV"]
["AgenteenSitio AgenteprofesionalMatemáticas,cienciasnaturalesyafinesHoraextradominicalyfestivoEnsitioPlatinoNA","IT-BPO-25-89","Agente en Sitio ","Agente profesional","Matemáticas, ciencias naturales y afines","Hora extra dominical y festivo","En sitio","Platino","NA","Hora",86992.84,97914.9,112782.81,64738.59,88345.77,141157.54999999999,110478.66,60534.23,null,null,"SMMLV"]
["AgenteenSitio AgenteprofesionalMatemáticas,cienciasnaturalesyafinesServicio7x24EnsitioPlatinoNA","IT-BPO-25-90","Agente en Sitio ","Agente profesional","Matemáticas, ciencias naturales y afines","Servicio 7x24","En sitio","Platino","NA","Mes 7x24",41345469.899999999,33869070.509999998,51879719.210000001,38181206.789999999,44927775.359999999,67333203.450000003,52133651.479999997,34956215.859999999,null,null,"SMMLV"]
["AgenteenSitio AgenteprofesionalCienciasdelasaludyafinesJornadaOrdinariaEnsitioOroNA","IT-BPO-25-91","Agente en Sitio ","Agente profesional","Ciencias de la salud y afines","Jornada Ordinaria","En sitio","Oro","NA","Mes",11180720.880000001,11271649.68,17830571.57,12264874.91,14751925.640000001,15319411.35,11580912.970000001,10867787.07,null,null,"SMMLV"]
["AgenteenSitio AgenteprofesionalCienciasdelasaludyafinesHoraextradiurnaEnsitioOroNA","IT-BPO-25-92","Agente en Sitio ","Agente profesional","Ciencias de la salud y afines","Hora extra diurna","En sitio","Oro","NA","Hora",66551.91,65276.24,96906.41,66931.88,74330.95,91187.22,69049.16,49271.5,null,null,"SMMLV"]
["AgenteenSitio AgenteprofesionalCienciasdelasaludyafinesHoraextranocturna EnsitioOroNA","IT-BPO-25-93","Agente en Sitio ","Agente profesional","Ciencias de la salud y afines","Hora extra nocturna ","En sitio","Oro","NA","Hora",93172.67,91386.51,135668.31,93174.65,97515.51,127662.77,74573.100000000006,68980.070000000007,null,null,"SMMLV"]
["AgenteenSitio AgenteprofesionalCienciasdelasaludyafinesHoraextradominicalyfestivoEnsitioOroNA","IT-BPO-25-94","Agente en Sitio ","Agente profesional","Ciencias de la salud y afines","Hora extra dominical y festivo","En sitio","Oro","NA","Hora",106483.06,130552.47,155049.81,106296.03,115647.67999999999,182374.44,110478.66,78834.42,null,null,"SMMLV"]
["AgenteenSitio AgenteprofesionalCienciasdelasaludyafinesServicio7x24EnsitioOroNA","IT-BPO-25-95","Agente en Sitio ","Agente profesional","Ciencias de la salud y afines","Servicio 7x24","En sitio","Oro","NA","Mes 7x24",51784740,43767341.630000003,71322285.170000002,56870336.100000001,61335295.399999999,87170453.400000006,52133651.479999997,44982024.359999999,null,null,"SMMLV"]
["AgenteenSitio AgenteprofesionalCienciasdelasaludyafinesJornadaOrdinariaEnsitioPlatinoNA","IT-BPO-25-96","Agente en Sitio ","Agente profesional","Ciencias de la salud y afines","Jornada Ordinaria","En sitio","Platino","NA","Mes",11739756.92,11316348.68,16458989.9,12264874.91,15206063.960000001,15545862.83,11580912.970000001,10953798.01,null,null,"SMMLV"]
["AgenteenSitio AgenteprofesionalCienciasdelasaludyafinesHoraextradiurnaEnsitioPlatinoNA","IT-BPO-25-97","Agente en Sitio ","Agente profesional","Ciencias de la salud y afines","Hora extra diurna","En sitio","Platino","NA","Hora",69879.509999999995,65276.24,89452.74,66931.88,76229.97,92535.17,69049.16,49728.99,null,null,"SMMLV"]
["AgenteenSitio AgenteprofesionalCienciasdelasaludyafinesHoraextranocturna EnsitioPlatinoNA","IT-BPO-25-98","Agente en Sitio ","Agente profesional","Ciencias de la salud y afines","Hora extra nocturna ","En sitio","Platino","NA","Hora",97831.31,91386.51,125231.87,93174.65,99686.58,129549.45,74573.100000000006,69620.649999999994,null,null,"SMMLV"]
["AgenteenSitio AgenteprofesionalCienciasdelasaludyafinesHoraextradominicalyfestivoEnsitioPlatinoNA","IT-BPO-25-99","Agente en Sitio ","Agente profesional","Ciencias de la salud y afines","Hora extra dominical y festivo","En sitio","Platino","NA","Hora",111807.21,130552.47,143121.98000000001,106296.03,118077.31,185070.33,110478.66,79566.42,null,null,"SMMLV"]
["AgenteenSitio AgenteprofesionalCienciasdelasaludyafinesServicio7x24EnsitioPlatinoNA","IT-BPO-25-100","Agente en Sitio ","Agente profesional","Ciencias de la salud y afines","Servicio 7x24","En sitio","Platino","NA","Mes 7x24",54373977,43895521.229999997,65835955.200000003,56870336.100000001,62790016.170000002,88459005.599999994,52133651.479999997,45383056.719999999,null,null,"SMMLV"]
["AgenteenSitio AgenteprofesionalAgronomía,veterinariayafinesJornadaOrdinariaEnsitioOroNA","IT-BPO-25-101","Agente en Sitio ","Agente profesional","Agronomía, veterinaria y afines","Jornada Ordinaria","En sitio","Oro","NA","Mes",8699284.4399999995,8765037,14050758.59,9140809.25,11430336.289999999,11684467.970000001,11580912.970000001,8631504.5999999996,null,null,"SMMLV"]
["AgenteenSitio AgenteprofesionalAgronomía,veterinariayafinesHoraextradiurnaEnsitioOroNA","IT-BPO-25-102","Agente en Sitio ","Agente profesional","Agronomía, veterinaria y afines","Hora extra diurna","En sitio","Oro","NA","Hora",51781.46,48957.45,76364.210000000006,40958.480000000003,53426.080000000002,69551.12,69049.16,37376.400000000001,null,null,"SMMLV"]
["AgenteenSitio AgenteprofesionalAgronomía,veterinariayafinesHoraextranocturna EnsitioOroNA","IT-BPO-25-103","Agente en Sitio ","Agente profesional","Agronomía, veterinaria y afines","Hora extra nocturna ","En sitio","Oro","NA","Hora",72494.039999999994,68540.429999999993,106908.14,56811.89,70287.929999999993,97370.69,74573.100000000006,52326.87,null,null,"SMMLV"]
["AgenteenSitio AgenteprofesionalAgronomía,veterinariayafinesHoraextradominicalyfestivoEnsitioOroNA","IT-BPO-25-104","Agente en Sitio ","Agente profesional","Agronomía, veterinaria y afines","Hora extra dominical y festivo","En sitio","Oro","NA","Hora",82850.33,97914.9,122181.2,64738.59,86897.78,139101.14000000001,110478.66,59802.22,null,null,"SMMLV"]
["AgenteenSitio AgenteprofesionalAgronomía,veterinariayafinesServicio7x24EnsitioOroNA","IT-BPO-25-105","Agente en Sitio ","Agente profesional","Agronomía, veterinaria y afines","Servicio 7x24","En sitio","Oro","NA","Mes 7x24",39376638,33740890.909999996,56203029.960000001,38181206.789999999,43764375.890000001,66352384.579999998,52133651.479999997,34555183.600000001,null,null,"SMMLV"]
["AgenteenSitio AgenteprofesionalAgronomía,veterinariayafinesJornadaOrdinariaEnsitioPlatinoNA","IT-BPO-25-106","Agente en Sitio ","Agente profesional","Agronomía, veterinaria y afines","Jornada Ordinaria","En sitio","Platino","NA","Mes",9134248.6600000001,8809736,12969931.17,9140809.25,11353622.949999999,11857186.699999999,11580912.970000001,8717515.4199999999,null,null,"SMMLV"]
["AgenteenSitio AgenteprofesionalAgronomía,veterinariayafinesHoraextradiurnaEnsitioPlatinoNA","IT-BPO-25-107","Agente en Sitio ","Agente profesional","Agronomía, veterinaria y afines","Hora extra diurna","En sitio","Platino","NA","Hora",54370.53,48957.45,70489.53,40958.480000000003,54362.16,70579.320000000007,69049.16,37833.89,null,null,"SMMLV"]
["AgenteenSitio AgenteprofesionalAgronomía,veterinariayafinesHoraextranocturna EnsitioPlatinoNA","IT-BPO-25-108","Agente en Sitio ","Agente profesional","Agronomía, veterinaria y afines","Hora extra nocturna ","En sitio","Platino","NA","Hora",76118.740000000005,68540.429999999993,98684.69,56811.89,71352.490000000005,98810.61,74573.100000000006,52967.45,null,null,"SMMLV"]
["AgenteenSitio AgenteprofesionalAgronomía,veterinariayafinesHoraextradominicalyfestivoEnsitioPlatinoNA","IT-BPO-25-109","Agente en Sitio ","Agente profesional","Agronomía, veterinaria y afines","Hora extra dominical y festivo","En sitio","Platino","NA","Hora",86992.84,97914.9,112782.81,64738.59,88345.77,141157.54999999999,110478.66,60534.23,null,null,"SMMLV"]
["AgenteenSitio AgenteprofesionalAgronomía,veterinariayafinesServicio7x24EnsitioPlatinoNA","IT-BPO-25-110","Agente en Sitio ","Agente profesional","Agronomía, veterinaria y afines","Servicio 7x24","En sitio","Platino","NA","Mes 7x24",41345469.899999999,33869070.509999998,51879719.210000001,38181206.789999999,44927775.359999999,67333203.450000003,52133651.479999997,34956215.859999999,null,null,"SMMLV"]
["AgenteenSitio AgenteprofesionalCienciasdelaeducaciónyafinesJornadaOrdinariaEnsitioOroNA","IT-BPO-25-111","Agente en Sitio ","Agente profesional","Ciencias de la educación y afines","Jornada Ordinaria","En sitio","Oro","NA","Mes",8699284.4399999995,8765037,14050758.59,9140809.25,11194327.93,11684467.970000001,11580912.970000001,8631504.5999999996,null,null,"SMMLV"]
["AgenteenSitio AgenteprofesionalCienciasdelaeducaciónyafinesHoraextradiurnaEnsitioOroNA","IT-BPO-25-112","Agente en Sitio ","Agente profesional","Ciencias de la educación y afines","Hora extra diurna","En sitio","Oro","NA","Hora",51781.46,48957.45,76364.210000000006,40958.480000000003,48893.23,69551.12,69049.16,37376.400000000001,null,null,"SMMLV"]
["AgenteenSitio AgenteprofesionalCienciasdelaeducaciónyafinesHoraextranocturna EnsitioOroNA","IT-BPO-25-113","Agente en Sitio ","Agente profesional","Ciencias de la educación y afines","Hora extra nocturna ","En sitio","Oro","NA","Hora",72494.039999999994,68540.429999999993,106908.14,56811.89,64324.45,97370.69,74573.100000000006,52326.87,null,null,"SMMLV"]
["AgenteenSitio AgenteprofesionalCienciasdelaeducaciónyafinesHoraextradominicalyfestivoEnsitioOroNA","IT-BPO-25-114","Agente en Sitio ","Agente profesional","Ciencias de la educación y afines","Hora extra dominical y festivo","En sitio","Oro","NA","Hora",82850.33,97914.9,122181.2,64738.59,79525.06,139101.14000000001,110478.66,59802.22,null,null,"SMMLV"]
["AgenteenSitio AgenteprofesionalCienciasdelaeducaciónyafinesServicio7x24EnsitioOroNA","IT-BPO-25-115","Agente en Sitio ","Agente profesional","Ciencias de la educación y afines","Servicio 7x24","En sitio","Oro","NA","Mes 7x24",39376638,33740890.909999996,56203029.960000001,38181206.789999999,40051254.920000002,66352384.579999998,52133651.479999997,34555183.600000001,null,null,"SMMLV"]
["AgenteenSitio AgenteprofesionalCienciasdelaeducaciónyafinesJornadaOrdinariaEnsitioPlatinoNA","IT-BPO-25-116","Agente en Sitio ","Agente profesional","Ciencias de la educación y afines","Jornada Ordinaria","En sitio","Platino","NA","Mes",9134248.6600000001,8809736,12969931.17,9140809.25,11194327.93,11857186.699999999,11580912.970000001,8717515.4199999999,null,null,"SMMLV"]
["AgenteenSitio AgenteprofesionalCienciasdelaeducaciónyafinesHoraextradiurnaEnsitioPlatinoNA","IT-BPO-25-117","Agente en Sitio ","Agente profesional","Ciencias de la educación y afines","Hora extra diurna","En sitio","Platino","NA","Hora",54370.53,48957.45,70489.53,40958.480000000003,49749.89,70579.320000000007,69049.16,37833.89,null,null,"SMMLV"]
["AgenteenSitio AgenteprofesionalCienciasdelaeducaciónyafinesHoraextranocturna EnsitioPlatinoNA","IT-BPO-25-118","Agente en Sitio ","Agente profesional","Ciencias de la educación y afines","Hora extra nocturna ","En sitio","Platino","NA","Hora",76118.740000000005,68540.429999999993,98684.69,56811.89,65298.7,98810.61,74573.100000000006,52967.45,null,null,"SMMLV"]
["AgenteenSitio AgenteprofesionalCienciasdelaeducaciónyafinesHoraextradominicalyfestivoEnsitioPlatinoNA","IT-BPO-25-119","Agente en Sitio ","Agente profesional","Ciencias de la educación y afines","Hora extra dominical y festivo","En sitio","Platino","NA","Hora",86992.84,97914.9,112782.81,64738.59,80850.210000000006,141157.54999999999,110478.66,60534.23,null,null,"SMMLV"]
["AgenteenSitio AgenteprofesionalCienciasdelaeducaciónyafinesServicio7x24EnsitioPlatinoNA","IT-BPO-25-120","Agente en Sitio ","Agente profesional","Ciencias de la educación y afines","Servicio 7x24","En sitio","Platino","NA","Mes 7x24",41345469.899999999,33869070.509999998,51879719.210000001,38181206.789999999,41115947.549999997,67333203.450000003,52133651.479999997,34956215.859999999,null,null,"SMMLV"]
["AgenteenSitio AgenteespecializadoEconomía,administración,contaduríayafinesJornadaOrdinariaEnsitioOroNA","IT-BPO-25-121","Agente en Sitio ","Agente especializado","Economía, administración, contaduría y afines","Jornada Ordinaria","En sitio","Oro","NA","Mes",11180720.880000001,11271649.68,17830571.57,11634194.33,14751925.640000001,15319411.35,14242343.92,10867787.07,null,null,"SMMLV"]
["AgenteenSitio AgenteespecializadoEconomía,administración,contaduríayafinesHoraextradiurnaEnsitioOroNA","IT-BPO-25-122","Agente en Sitio ","Agente especializado","Economía, administración, contaduría y afines","Hora extra diurna","En sitio","Oro","NA","Hora",66551.91,65276.24,96906.41,53945.18,61797.57,91187.22,86311.45,49271.5,null,null,"SMMLV"]
["AgenteenSitio AgenteespecializadoEconomía,administración,contaduríayafinesHoraextranocturna EnsitioOroNA","IT-BPO-25-123","Agente en Sitio ","Agente especializado","Economía, administración, contaduría y afines","Hora extra nocturna ","En sitio","Oro","NA","Hora",93172.67,91386.51,135668.31,74993.27,84550.55,127662.77,93216.37,68980.070000000007,null,null,"SMMLV"]
["AgenteenSitio AgenteespecializadoEconomía,administración,contaduríayafinesHoraextradominicalyfestivoEnsitioOroNA","IT-BPO-25-124","Agente en Sitio ","Agente especializado","Economía, administración, contaduría y afines","Hora extra dominical y festivo","En sitio","Oro","NA","Hora",106483.06,130552.47,155049.81,85517.31,104671.25,182374.44,138098.32999999999,78834.42,null,null,"SMMLV"]
["AgenteenSitio AgenteespecializadoEconomía,administración,contaduríayafinesServicio7x24EnsitioOroNA","IT-BPO-25-125","Agente en Sitio ","Agente especializado","Economía, administración, contaduría y afines","Servicio 7x24","En sitio","Oro","NA","Mes 7x24",51784740,43767341.630000003,71322285.170000002,49895014.189999998,50109409.039999999,87170453.400000006,64977658.939999998,44982024.359999999,null,null,"SMMLV"]
["AgenteenSitio AgenteespecializadoEconomía,administración,contaduríayafinesJornadaOrdinariaEnsitioPlatinoNA","IT-BPO-25-126","Agente en Sitio ","Agente especializado","Economía, administración, contaduría y afines","Jornada Ordinaria","En sitio","Platino","NA","Mes",11739756.92,11316348.68,16458989.9,11634194.33,14751925.640000001,15545862.83,14242343.92,10953798.01,null,null,"SMMLV"]
["AgenteenSitio AgenteespecializadoEconomía,administración,contaduríayafinesHoraextradiurnaEnsitioPlatinoNA","IT-BPO-25-127","Agente en Sitio ","Agente especializado","Economía, administración, contaduría y afines","Hora extra diurna","En sitio","Platino","NA","Hora",69879.509999999995,65276.24,89452.74,53945.18,62732.32,92535.17,86311.45,49728.99,null,null,"SMMLV"]
["AgenteenSitio AgenteespecializadoEconomía,administración,contaduríayafinesHoraextranocturna EnsitioPlatinoNA","IT-BPO-25-128","Agente en Sitio ","Agente especializado","Economía, administración, contaduría y afines","Hora extra nocturna ","En sitio","Platino","NA","Hora",97831.31,91386.51,125231.87,74993.27,85829.57,129549.45,93216.37,69620.649999999994,null,null,"SMMLV"]
["AgenteenSitio AgenteespecializadoEconomía,administración,contaduríayafinesHoraextradominicalyfestivoEnsitioPlatinoNA","IT-BPO-25-129","Agente en Sitio ","Agente especializado","Economía, administración, contaduría y afines","Hora extra dominical y festivo","En sitio","Platino","NA","Hora",111807.21,130552.47,143121.98000000001,85517.31,106412.33,185070.33,138098.32999999999,79566.42,null,null,"SMMLV"]
["AgenteenSitio AgenteespecializadoEconomía,administración,contaduríayafinesServicio7x24EnsitioPlatinoNA","IT-BPO-25-130","Agente en Sitio ","Agente especializado","Economía, administración, contaduría y afines","Servicio 7x24","En sitio","Platino","NA","Mes 7x24",54373977,43895521.229999997,65835955.200000003,49895014.189999998,53332301.270000003,88459005.599999994,64977658.939999998,45383056.719999999,null,null,"SMMLV"]
["AgenteenSitio AgenteespecializadoCienciassociales,humanasyafinesJornadaOrdinariaEnsitioOroNA","IT-BPO-25-131","Agente en Sitio ","Agente especializado","Ciencias sociales, humanas y afines","Jornada Ordinaria","En sitio","Oro","NA","Mes",11180720.880000001,11271649.68,17830571.57,11634194.33,14751925.640000001,15319411.35,14242343.92,10867787.07,null,null,"SMMLV"]
["AgenteenSitio AgenteespecializadoCienciassociales,humanasyafinesHoraextradiurnaEnsitioOroNA","IT-BPO-25-132","Agente en Sitio ","Agente especializado","Ciencias sociales, humanas y afines","Hora extra diurna","En sitio","Oro","NA","Hora",66551.91,65276.24,96906.41,53945.18,61797.57,91187.22,86311.45,49271.5,null,null,"SMMLV"]
["AgenteenSitio AgenteespecializadoCienciassociales,humanasyafinesHoraextranocturna EnsitioOroNA","IT-BPO-25-133","Agente en Sitio ","Agente especializado","Ciencias sociales, humanas y afines","Hora extra nocturna ","En sitio","Oro","NA","Hora",93172.67,91386.51,135668.31,74993.27,84550.55,127662.77,93216.37,68980.070000000007,null,null,"SMMLV"]
["AgenteenSitio AgenteespecializadoCienciassociales,humanasyafinesHoraextradominicalyfestivoEnsitioOroNA","IT-BPO-25-134","Agente en Sitio ","Agente especializado","Ciencias sociales, humanas y afines","Hora extra dominical y festivo","En sitio","Oro","NA","Hora",106483.06,130552.47,155049.81,85517.31,104671.25,182374.44,138098.32999999999,78834.42,null,null,"SMMLV"]
["AgenteenSitio AgenteespecializadoCienciassociales,humanasyafinesServicio7x24EnsitioOroNA","IT-BPO-25-135","Agente en Sitio ","Agente especializado","Ciencias sociales, humanas y afines","Servicio 7x24","En sitio","Oro","NA","Mes 7x24",51784740,43767341.630000003,71322285.170000002,49895014.189999998,50109409.039999999,87170453.400000006,64977658.939999998,44982024.359999999,null,null,"SMMLV"]
["AgenteenSitio AgenteespecializadoCienciassociales,humanasyafinesJornadaOrdinariaEnsitioPlatinoNA","IT-BPO-25-136","Agente en Sitio ","Agente especializado","Ciencias sociales, humanas y afines","Jornada Ordinaria","En sitio","Platino","NA","Mes",11739756.92,11316348.68,16458989.9,11634194.33,14751925.640000001,15545862.83,14242343.92,10953798.01,null,null,"SMMLV"]
["AgenteenSitio AgenteespecializadoCienciassociales,humanasyafinesHoraextradiurnaEnsitioPlatinoNA","IT-BPO-25-137","Agente en Sitio ","Agente especializado","Ciencias sociales, humanas y afines","Hora extra diurna","En sitio","Platino","NA","Hora",69879.509999999995,65276.24,89452.74,53945.18,62732.32,92535.17,86311.45,49728.99,null,null,"SMMLV"]
["AgenteenSitio AgenteespecializadoCienciassociales,humanasyafinesHoraextranocturna EnsitioPlatinoNA","IT-BPO-25-138","Agente en Sitio ","Agente especializado","Ciencias sociales, humanas y afines","Hora extra nocturna ","En sitio","Platino","NA","Hora",97831.31,91386.51,125231.87,74993.27,85829.57,129549.45,93216.37,69620.649999999994,null,null,"SMMLV"]
["AgenteenSitio AgenteespecializadoCienciassociales,humanasyafinesHoraextradominicalyfestivoEnsitioPlatinoNA","IT-BPO-25-139","Agente en Sitio ","Agente especializado","Ciencias sociales, humanas y afines","Hora extra dominical y festivo","En sitio","Platino","NA","Hora",111807.21,130552.47,143121.98000000001,85517.31,106412.33,185070.33,138098.32999999999,79566.42,null,null,"SMMLV"]
["AgenteenSitio AgenteespecializadoCienciassociales,humanasyafinesServicio7x24EnsitioPlatinoNA","IT-BPO-25-140","Agente en Sitio ","Agente especializado","Ciencias sociales, humanas y afines","Servicio 7x24","En sitio","Platino","NA","Mes 7x24",54373977,43895521.229999997,65835955.200000003,49895014.189999998,53332301.270000003,88459005.599999994,64977658.939999998,45383056.719999999,null,null,"SMMLV"]
["AgenteenSitio AgenteespecializadoIngeniería,arquitectura,urbanismoyafinesJornadaOrdinariaEnsitioOroNA","IT-BPO-25-141","Agente en Sitio ","Agente especializado","Ingeniería, arquitectura, urbanismo y afines","Jornada Ordinaria","En sitio","Oro","NA","Mes",11180720.880000001,11271649.68,17830571.57,11634194.33,14751925.640000001,15319411.35,14242343.92,10867787.07,null,null,"SMMLV"]
[{"$f":"SUBSTITUTE(C322&D322&E322&F322&G322&H322&I322,\" \",\"\")","v":"AgenteenSitio AgenteespecializadoIngeniería,arquitectura,urbanismoyafinesHoraextradiurnaEnsitioOroNA"},"IT-BPO-25-142","Agente en Sitio ","Agente especializado","Ingeniería, arquitectura, urbanismo y afines","Hora extra diurna","En sitio","Oro","NA","Hora",66551.91,65276.24,96906.41,53945.18,61797.57,91187.22,86311.45,49271.5,null,null,"SMMLV"]
["AgenteenSitio AgenteespecializadoIngeniería,arquitectura,urbanismoyafinesHoraextranocturna EnsitioOroNA","IT-BPO-25-143","Agente en Sitio ","Agente especializado","Ingeniería, arquitectura, urbanismo y afines","Hora extra nocturna ","En sitio","Oro","NA","Hora",93172.67,91386.51,135668.31,74993.27,84550.55,127662.77,93216.37,68980.070000000007,null,null,"SMMLV"]
["AgenteenSitio AgenteespecializadoIngeniería,arquitectura,urbanismoyafinesHoraextradominicalyfestivoEnsitioOroNA","IT-BPO-25-144","Agente en Sitio ","Agente especializado","Ingeniería, arquitectura, urbanismo y afines","Hora extra dominical y festivo","En sitio","Oro","NA","Hora",106483.06,130552.47,155049.81,85517.31,104671.25,182374.44,138098.32999999999,78834.42,null,null,"SMMLV"]
["AgenteenSitio AgenteespecializadoIngeniería,arquitectura,urbanismoyafinesServicio7x24EnsitioOroNA","IT-BPO-25-145","Agente en Sitio ","Agente especializado","Ingeniería, arquitectura, urbanismo y afines","Servicio 7x24","En sitio","Oro","NA","Mes 7x24",51784740,43767341.630000003,71322285.170000002,49895014.189999998,50109409.039999999,87170453.400000006,64977658.939999998,44982024.359999999,null,null,"SMMLV"]
["AgenteenSitio AgenteespecializadoIngeniería,arquitectura,urbanismoyafinesJornadaOrdinariaEnsitioPlatinoNA","IT-BPO-25-146","Agente en Sitio ","Agente especializado","Ingeniería, arquitectura, urbanismo y afines","Jornada Ordinaria","En sitio","Platino","NA","Mes",11739756.92,11316348.68,16458989.9,11634194.33,14751925.640000001,15545862.83,14242343.92,10953798.01,null,null,"SMMLV"]
["AgenteenSitio AgenteespecializadoIngeniería,arquitectura,urbanismoyafinesHoraextradiurnaEnsitioPlatinoNA","IT-BPO-25-147","Agente en Sitio ","Agente especializado","Ingeniería, arquitectura, urbanismo y afines","Hora extra diurna","En sitio","Platino","NA","Hora",69879.509999999995,65276.24,89452.74,53945.18,68548.179999999993,92535.17,86311.45,49728.99,null,null,"SMMLV"]
["AgenteenSitio AgenteespecializadoIngeniería,arquitectura,urbanismoyafinesHoraextranocturna EnsitioPlatinoNA","IT-BPO-25-148","Agente en Sitio ","Agente especializado","Ingeniería, arquitectura, urbanismo y afines","Hora extra nocturna ","En sitio","Platino","NA","Hora",97831.31,91386.51,125231.87,74993.27,93786.76,129549.45,93216.37,69620.649999999994,null,null,"SMMLV"]
["AgenteenSitio AgenteespecializadoIngeniería,arquitectura,urbanismoyafinesHoraextradominicalyfestivoEnsitioPlatinoNA","IT-BPO-25-149","Agente en Sitio ","Agente especializado","Ingeniería, arquitectura, urbanismo y afines","Hora extra dominical y festivo","En sitio","Platino","NA","Hora",111807.21,130552.47,143121.98000000001,85517.31,116277.73,185070.33,138098.32999999999,79566.42,null,null,"SMMLV"]
["AgenteenSitio AgenteespecializadoIngeniería,arquitectura,urbanismoyafinesServicio7x24EnsitioPlatinoNA","IT-BPO-25-150","Agente en Sitio ","Agente especializado","Ingeniería, arquitectura, urbanismo y afines","Servicio 7x24","En sitio","Platino","NA","Mes 7x24",54373977,43895521.229999997,65835955.200000003,49895014.189999998,58276697.82,88459005.599999994,64977658.939999998,45383056.719999999,null,null,"SMMLV"]
["AgenteenSitio AgenteespecializadoBellasartesyafinesJornadaOrdinariaEnsitioOroNA","IT-BPO-25-151","Agente en Sitio ","Agente especializado","Bellas artes y afines","Jornada Ordinaria","En sitio","Oro","NA","Mes",11180720.880000001,11271649.68,17830571.57,11634194.33,14751925.640000001,15319411.35,14242343.92,10867787.07,null,null,"SMMLV"]
["AgenteenSitio AgenteespecializadoBellasartesyafinesHoraextradiurnaEnsitioOroNA","IT-BPO-25-152","Agente en Sitio ","Agente especializado","Bellas artes y afines","Hora extra diurna","En sitio","Oro","NA","Hora",66551.91,65276.24,96906.41,53945.18,67526.78,91187.22,86311.45,49271.5,null,null,"SMMLV"]
["AgenteenSitio AgenteespecializadoBellasartesyafinesHoraextranocturna EnsitioOroNA","IT-BPO-25-153","Agente en Sitio ","Agente especializado","Bellas artes y afines","Hora extra nocturna ","En sitio","Oro","NA","Hora",93172.67,91386.51,135668.31,74993.27,92389.16,127662.77,93216.37,68980.070000000007,null,null,"SMMLV"]
["AgenteenSitio AgenteespecializadoBellasartesyafinesHoraextradominicalyfestivoEnsitioOroNA","IT-BPO-25-154","Agente en Sitio ","Agente especializado","Bellas artes y afines","Hora extra dominical y festivo","En sitio","Oro","NA","Hora",106483.06,130552.47,155049.81,85517.31,114375.24,182374.44,138098.32999999999,78834.42,null,null,"SMMLV"]
["AgenteenSitio AgenteespecializadoBellasartesyafinesServicio7x24EnsitioOroNA","IT-BPO-25-155","Agente en Sitio ","Agente especializado","Bellas artes y afines","Servicio 7x24","En sitio","Oro","NA","Mes 7x24",51784740,43767341.630000003,71322285.170000002,49895014.189999998,54755013.740000002,87170453.400000006,64977658.939999998,44982024.359999999,null,null,"SMMLV"]
["AgenteenSitio AgenteespecializadoBellasartesyafinesJornadaOrdinariaEnsitioPlatinoNA","IT-BPO-25-156","Agente en Sitio ","Agente especializado","Bellas artes y afines","Jornada Ordinaria","En sitio","Platino","NA","Mes",11739756.92,11316348.68,16458989.9,11634194.33,14751925.640000001,15545862.83,14242343.92,10953798.01,null,null,"SMMLV"]
["AgenteenSitio AgenteespecializadoBellasartesyafinesHoraextradiurnaEnsitioPlatinoNA","IT-BPO-25-157","Agente en Sitio ","Agente especializado","Bellas artes y afines","Hora extra diurna","En sitio","Platino","NA","Hora",69879.509999999995,65276.24,89452.74,53945.18,68548.179999999993,92535.17,86311.45,49728.99,null,null,"SMMLV"]
["AgenteenSitio AgenteespecializadoBellasartesyafinesHoraextranocturna EnsitioPlatinoNA","IT-BPO-25-158","Agente en Sitio ","Agente especializado","Bellas artes y afines","Hora extra nocturna ","En sitio","Platino","NA","Hora",97831.31,91386.51,125231.87,74993.27,93786.76,129549.45,93216.37,69620.649999999994,null,null,"SMMLV"]
["AgenteenSitio AgenteespecializadoBellasartesyafinesHoraextradominicalyfestivoEnsitioPlatinoNA","IT-BPO-25-159","Agente en Sitio ","Agente especializado","Bellas artes y afines","Hora extra dominical y festivo","En sitio","Platino","NA","Hora",111807.21,130552.47,143121.98000000001,85517.31,116277.73,185070.33,138098.32999999999,79566.42,null,null,"SMMLV"]
["AgenteenSitio AgenteespecializadoBellasartesyafinesServicio7x24EnsitioPlatinoNA","IT-BPO-25-160","Agente en Sitio ","Agente especializado","Bellas artes y afines","Servicio 7x24","En sitio","Platino","NA","Mes 7x24",54373977,43895521.229999997,65835955.200000003,49895014.189999998,58276697.82,88459005.599999994,64977658.939999998,45383056.719999999,null,null,"SMMLV"]
["AgenteenSitio AgenteespecializadoMatemáticas,cienciasnaturalesyafinesJornadaOrdinariaEnsitioOroNA","IT-BPO-25-161","Agente en Sitio ","Agente especializado","Matemáticas, ciencias naturales y afines","Jornada Ordinaria","En sitio","Oro","NA","Mes",11180720.880000001,11271649.68,17830571.57,11634194.33,14751925.640000001,15319411.35,14242343.92,10867787.07,null,null,"SMMLV"]
["AgenteenSitio AgenteespecializadoMatemáticas,cienciasnaturalesyafinesHoraextradiurnaEnsitioOroNA","IT-BPO-25-162","Agente en Sitio ","Agente especializado","Matemáticas, ciencias naturales y afines","Hora extra diurna","En sitio","Oro","NA","Hora",66551.91,65276.24,96906.41,53945.18,67526.78,91187.22,86311.45,49271.5,null,null,"SMMLV"]
["AgenteenSitio AgenteespecializadoMatemáticas,cienciasnaturalesyafinesHoraextranocturna EnsitioOroNA","IT-BPO-25-163","Agente en Sitio ","Agente especializado","Matemáticas, ciencias naturales y afines","Hora extra nocturna ","En sitio","Oro","NA","Hora",93172.67,91386.51,135668.31,74993.27,92389.16,127662.77,93216.37,68980.070000000007,null,null,"SMMLV"]
["AgenteenSitio AgenteespecializadoMatemáticas,cienciasnaturalesyafinesHoraextradominicalyfestivoEnsitioOroNA","IT-BPO-25-164","Agente en Sitio ","Agente especializado","Matemáticas, ciencias naturales y afines","Hora extra dominical y festivo","En sitio","Oro","NA","Hora",106483.06,130552.47,155049.81,85517.31,114375.24,182374.44,138098.32999999999,78834.42,null,null,"SMMLV"]
["AgenteenSitio AgenteespecializadoMatemáticas,cienciasnaturalesyafinesServicio7x24EnsitioOroNA","IT-BPO-25-165","Agente en Sitio ","Agente especializado","Matemáticas, ciencias naturales y afines","Servicio 7x24","En sitio","Oro","NA","Mes 7x24",51784740,43767341.630000003,71322285.170000002,49895014.189999998,54755013.740000002,87170453.400000006,64977658.939999998,44982024.359999999,null,null,"SMMLV"]
["AgenteenSitio AgenteespecializadoMatemáticas,cienciasnaturalesyafinesJornadaOrdinariaEnsitioPlatinoNA","IT-BPO-25-166","Agente en Sitio ","Agente especializado","Matemáticas, ciencias naturales y afines","Jornada Ordinaria","En sitio","Platino","NA","Mes",11739756.92,11316348.68,16458989.9,11634194.33,14751925.640000001,15545862.83,14242343.92,10953798.01,null,null,"SMMLV"]
["AgenteenSitio AgenteespecializadoMatemáticas,cienciasnaturalesyafinesHoraextradiurnaEnsitioPlatinoNA","IT-BPO-25-167","Agente en Sitio ","Agente especializado","Matemáticas, ciencias naturales y afines","Hora extra diurna","En sitio","Platino","NA","Hora",69879.509999999995,65276.24,89452.74,53945.18,68548.179999999993,92535.17,86311.45,49728.99,null,null,"SMMLV"]
["AgenteenSitio AgenteespecializadoMatemáticas,cienciasnaturalesyafinesHoraextranocturna EnsitioPlatinoNA","IT-BPO-25-168","Agente en Sitio ","Agente especializado","Matemáticas, ciencias naturales y afines","Hora extra nocturna ","En sitio","Platino","NA","Hora",97831.31,91386.51,125231.87,74993.27,93786.76,129549.45,93216.37,69620.649999999994,null,null,"SMMLV"]
["AgenteenSitio AgenteespecializadoMatemáticas,cienciasnaturalesyafinesHoraextradominicalyfestivoEnsitioPlatinoNA","IT-BPO-25-169","Agente en Sitio ","Agente especializado","Matemáticas, ciencias naturales y afines","Hora extra dominical y festivo","En sitio","Platino","NA","Hora",111807.21,130552.47,143121.98000000001,85517.31,116277.73,185070.33,138098.32999999999,79566.42,null,null,"SMMLV"]
["AgenteenSitio AgenteespecializadoMatemáticas,cienciasnaturalesyafinesServicio7x24EnsitioPlatinoNA","IT-BPO-25-170","Agente en Sitio ","Agente especializado","Matemáticas, ciencias naturales y afines","Servicio 7x24","En sitio","Platino","NA","Mes 7x24",54373977,43895521.229999997,65835955.200000003,49895014.189999998,58276697.82,88459005.599999994,64977658.939999998,45383056.719999999,null,null,"SMMLV"]
["AgenteenSitio AgenteespecializadoCienciasdelasaludyafinesJornadaOrdinariaEnsitioOroNA","IT-BPO-25-171","Agente en Sitio ","Agente especializado","Ciencias de la salud y afines","Jornada Ordinaria","En sitio","Oro","NA","Mes",13662341.279999999,13778262.359999999,21610385.640000001,16594145.75,18309523.359999999,18954355.829999998,14242343.92,13104069.66,null,null,"SMMLV"]
["AgenteenSitio AgenteespecializadoCienciasdelasaludyafinesHoraextradiurnaEnsitioOroNA","IT-BPO-25-172","Agente en Sitio ","Agente especializado","Ciencias de la salud y afines","Hora extra diurna","En sitio","Oro","NA","Hora",81323.460000000006,81595.02,117448.61,80654.42,93889.36,112824.42,86311.45,61166.59,null,null,"SMMLV"]
["AgenteenSitio AgenteespecializadoCienciasdelasaludyafinesHoraextranocturna EnsitioOroNA","IT-BPO-25-173","Agente en Sitio ","Agente especializado","Ciencias de la salud y afines","Hora extra nocturna ","En sitio","Oro","NA","Hora",113852.84,114233.69,164428.49,112456.5,123326.38,157953.75,93216.37,85633.27,null,null,"SMMLV"]
["AgenteenSitio AgenteespecializadoCienciasdelasaludyafinesHoraextradominicalyfestivoEnsitioOroNA","IT-BPO-25-174","Agente en Sitio ","Agente especializado","Ciencias de la salud y afines","Hora extra dominical y festivo","En sitio","Oro","NA","Hora",130117.54,163191.14000000001,187917.33,128358.09,146303.79999999999,225647.75,138098.32999999999,97866.61,null,null,"SMMLV"]
["AgenteenSitio AgenteespecializadoCienciasdelasaludyafinesServicio7x24EnsitioOroNA","IT-BPO-25-175","Agente en Sitio ","Agente especializado","Ciencias de la salud y afines","Servicio 7x24","En sitio","Oro","NA","Mes 7x24",64192842,53793792.350000001,86441539.280000001,78496076.930000007,77666641.689999998,107988522.23,64977658.939999998,55408865.219999999,null,null,"SMMLV"]
["AgenteenSitio AgenteespecializadoCienciasdelasaludyafinesJornadaOrdinariaEnsitioPlatinoNA","IT-BPO-25-176","Agente en Sitio ","Agente especializado","Ciencias de la salud y afines","Jornada Ordinaria","En sitio","Platino","NA","Mes",14345458.34,13822961.359999999,19948047.530000001,16594145.75,18309523.359999999,19234537.859999999,14242343.92,13190080.48,null,null,"SMMLV"]
["AgenteenSitio AgenteespecializadoCienciasdelasaludyafinesHoraextradiurnaEnsitioPlatinoNA","IT-BPO-25-177","Agente en Sitio ","Agente especializado","Ciencias de la salud y afines","Hora extra diurna","En sitio","Platino","NA","Hora",85389.63,81595.02,108413.75999999999,80654.42,89507.97,114492.11,86311.45,61624.08,null,null,"SMMLV"]
["AgenteenSitio AgenteespecializadoCienciasdelasaludyafinesHoraextranocturna EnsitioPlatinoNA","IT-BPO-25-178","Agente en Sitio ","Agente especializado","Ciencias de la salud y afines","Hora extra nocturna ","En sitio","Platino","NA","Hora",119545.49,114233.69,151780.14000000001,112456.5,117028.31,160288.29,93216.37,86273.74,null,null,"SMMLV"]
["AgenteenSitio AgenteespecializadoCienciasdelasaludyafinesHoraextradominicalyfestivoEnsitioPlatinoNA","IT-BPO-25-179","Agente en Sitio ","Agente especializado","Ciencias de la salud y afines","Hora extra dominical y festivo","En sitio","Platino","NA","Hora",136623.41,163191.14000000001,173462.24,128358.09,149320.76999999999,228983.12,138098.32999999999,98598.62,null,null,"SMMLV"]
["AgenteenSitio AgenteespecializadoCienciasdelasaludyafinesServicio7x24EnsitioPlatinoNA","IT-BPO-25-180","Agente en Sitio ","Agente especializado","Ciencias de la salud y afines","Servicio 7x24","En sitio","Platino","NA","Mes 7x24",67402484.099999994,53921971.950000003,79792190.099999994,78496076.930000007,81089013.879999995,109584802.28,64977658.939999998,55809897.590000004,null,null,"SMMLV"]
["AgenteenSitio AgenteespecializadoAgronomía,veterinariayafinesJornadaOrdinariaEnsitioOroNA","IT-BPO-25-181","Agente en Sitio ","Agente especializado","Agronomía, veterinaria y afines","Jornada Ordinaria","En sitio","Oro","NA","Mes",11180720.880000001,11271649.68,17830571.57,11634194.33,14751925.640000001,15319411.35,14242343.92,10867787.07,null,null,"SMMLV"]
["AgenteenSitio AgenteespecializadoAgronomía,veterinariayafinesHoraextradiurnaEnsitioOroNA","IT-BPO-25-182","Agente en Sitio ","Agente especializado","Agronomía, veterinaria y afines","Hora extra diurna","En sitio","Oro","NA","Hora",66551.91,65276.24,96906.41,53945.18,67526.78,91187.22,86311.45,49271.5,null,null,"SMMLV"]
["AgenteenSitio AgenteespecializadoAgronomía,veterinariayafinesHoraextranocturna EnsitioOroNA","IT-BPO-25-183","Agente en Sitio ","Agente especializado","Agronomía, veterinaria y afines","Hora extra nocturna ","En sitio","Oro","NA","Hora",93172.67,91386.51,135668.31,74993.27,92389.16,127662.77,93216.37,68980.070000000007,null,null,"SMMLV"]
["AgenteenSitio AgenteespecializadoAgronomía,veterinariayafinesHoraextradominicalyfestivoEnsitioOroNA","IT-BPO-25-184","Agente en Sitio ","Agente especializado","Agronomía, veterinaria y afines","Hora extra dominical y festivo","En sitio","Oro","NA","Hora",106483.06,130552.47,155049.81,85517.31,114375.24,182374.44,138098.32999999999,78834.42,null,null,"SMMLV"]
["AgenteenSitio AgenteespecializadoAgronomía,veterinariayafinesServicio7x24EnsitioOroNA","IT-BPO-25-185","Agente en Sitio ","Agente especializado","Agronomía, veterinaria y afines","Servicio 7x24","En sitio","Oro","NA","Mes 7x24",51784740,43767341.630000003,71322285.170000002,49895014.189999998,54755013.740000002,87170453.400000006,64977658.939999998,44982024.359999999,null,null,"SMMLV"]
["AgenteenSitio AgenteespecializadoAgronomía,veterinariayafinesJornadaOrdinariaEnsitioPlatinoNA","IT-BPO-25-186","Agente en Sitio ","Agente especializado","Agronomía, veterinaria y afines","Jornada Ordinaria","En sitio","Platino","NA","Mes",11739756.92,11316348.68,16458989.9,11634194.33,14751925.640000001,15545862.83,14242343.92,10953798.01,null,null,"SMMLV"]
["AgenteenSitio AgenteespecializadoAgronomía,veterinariayafinesHoraextradiurnaEnsitioPlatinoNA","IT-BPO-25-187","Agente en Sitio ","Agente especializado","Agronomía, veterinaria y afines","Hora extra diurna","En sitio","Platino","NA","Hora",69879.509999999995,65276.24,89452.74,53945.18,68548.179999999993,92535.17,86311.45,49728.99,null,null,"SMMLV"]
["AgenteenSitio AgenteespecializadoAgronomía,veterinariayafinesHoraextranocturna EnsitioPlatinoNA","IT-BPO-25-188","Agente en Sitio ","Agente especializado","Agronomía, veterinaria y afines","Hora extra nocturna ","En sitio","Platino","NA","Hora",97831.31,91386.51,125231.87,74993.27,93786.76,129549.45,93216.37,69620.649999999994,null,null,"SMMLV"]
["AgenteenSitio AgenteespecializadoAgronomía,veterinariayafinesHoraextradominicalyfestivoEnsitioPlatinoNA","IT-BPO-25-189","Agente en Sitio ","Agente especializado","Agronomía, veterinaria y afines","Hora extra dominical y festivo","En sitio","Platino","NA","Hora",111807.21,130552.47,143121.98000000001,85517.31,116277.73,185070.33,138098.32999999999,79566.42,null,null,"SMMLV"]
["AgenteenSitio AgenteespecializadoAgronomía,veterinariayafinesServicio7x24EnsitioPlatinoNA","IT-BPO-25-190","Agente en Sitio ","Agente especializado","Agronomía, veterinaria y afines","Servicio 7x24","En sitio","Platino","NA","Mes 7x24",54373977,43895521.229999997,65835955.200000003,49895014.189999998,58276697.82,88459005.599999994,64977658.939999998,45383056.719999999,null,null,"SMMLV"]
["AgenteenSitio AgenteespecializadoCienciasdelaeducaciónyafinesJornadaOrdinariaEnsitioOroNA","IT-BPO-25-191","Agente en Sitio ","Agente especializado","Ciencias de la educación y afines","Jornada Ordinaria","En sitio","Oro","NA","Mes",11180720.880000001,11271649.68,17830571.57,11634194.33,14918126.550000001,15319411.35,14242343.92,10867787.07,null,null,"SMMLV"]
["AgenteenSitio AgenteespecializadoCienciasdelaeducaciónyafinesHoraextradiurnaEnsitioOroNA","IT-BPO-25-192","Agente en Sitio ","Agente especializado","Ciencias de la educación y afines","Hora extra diurna","En sitio","Oro","NA","Hora",66551.91,65276.24,96906.41,53945.18,72848.149999999994,91187.22,86311.45,49271.5,null,null,"SMMLV"]
["AgenteenSitio AgenteespecializadoCienciasdelaeducaciónyafinesHoraextranocturna EnsitioOroNA","IT-BPO-25-193","Agente en Sitio ","Agente especializado","Ciencias de la educación y afines","Hora extra nocturna ","En sitio","Oro","NA","Hora",93172.67,91386.51,135668.31,74993.27,95971.47,127662.77,93216.37,68980.070000000007,null,null,"SMMLV"]
["AgenteenSitio AgenteespecializadoCienciasdelaeducaciónyafinesHoraextradominicalyfestivoEnsitioOroNA","IT-BPO-25-194","Agente en Sitio ","Agente especializado","Ciencias de la educación y afines","Hora extra dominical y festivo","En sitio","Oro","NA","Hora",106483.06,130552.47,155049.81,85517.31,119288.35,182374.44,138098.32999999999,78834.42,null,null,"SMMLV"]
["AgenteenSitio AgenteespecializadoCienciasdelaeducaciónyafinesServicio7x24EnsitioOroNA","IT-BPO-25-195","Agente en Sitio ","Agente especializado","Ciencias de la educación y afines","Servicio 7x24","En sitio","Oro","NA","Mes 7x24",51784740,43767341.630000003,71322285.170000002,49895014.189999998,57701202.479999997,87170453.400000006,64977658.939999998,44982024.359999999,null,null,"SMMLV"]
["AgenteenSitio AgenteespecializadoCienciasdelaeducaciónyafinesJornadaOrdinariaEnsitioPlatinoNA","IT-BPO-25-196","Agente en Sitio ","Agente especializado","Ciencias de la educación y afines","Jornada Ordinaria","En sitio","Platino","NA","Mes",11739756.92,11316348.68,16458989.9,11634194.33,14985131.619999999,15545862.83,14242343.92,10953798.01,null,null,"SMMLV"]
["AgenteenSitio AgenteespecializadoCienciasdelaeducaciónyafinesHoraextradiurnaEnsitioPlatinoNA","IT-BPO-25-197","Agente en Sitio ","Agente especializado","Ciencias de la educación y afines","Hora extra diurna","En sitio","Platino","NA","Hora",69879.509999999995,65276.24,89452.74,53945.18,71182.350000000006,92535.17,86311.45,49728.99,null,null,"SMMLV"]
["AgenteenSitio AgenteespecializadoCienciasdelaeducaciónyafinesHoraextranocturna EnsitioPlatinoNA","IT-BPO-25-198","Agente en Sitio ","Agente especializado","Ciencias de la educación y afines","Hora extra nocturna ","En sitio","Platino","NA","Hora",97831.31,91386.51,125231.87,74993.27,97474.4,129549.45,93216.37,69620.649999999994,null,null,"SMMLV"]
["AgenteenSitio AgenteespecializadoCienciasdelaeducaciónyafinesHoraextradominicalyfestivoEnsitioPlatinoNA","IT-BPO-25-199","Agente en Sitio ","Agente especializado","Ciencias de la educación y afines","Hora extra dominical y festivo","En sitio","Platino","NA","Hora",111807.21,130552.47,143121.98000000001,85517.31,121335.17,185070.33,138098.32999999999,79566.42,null,null,"SMMLV"]
["AgenteenSitio AgenteespecializadoCienciasdelaeducaciónyafinesServicio7x24EnsitioPlatinoNA","IT-BPO-25-200","Agente en Sitio ","Agente especializado","Ciencias de la educación y afines","Servicio 7x24","En sitio","Platino","NA","Mes 7x24",54373977,43895521.229999997,65835955.200000003,49895014.189999998,61082424.909999996,88459005.599999994,64977658.939999998,45383056.719999999,null,null,"SMMLV"]
["AgenteenSitio AgenteprofesionalEconomía,administración,contaduríayafinesJornadaOrdinariaTeletrabajoOroNA","IT-BPO-25-201","Agente en Sitio ","Agente profesional","Economía, administración, contaduría y afines","Jornada Ordinaria","Teletrabajo","Oro","NA","Mes",8445051.7200000007,8626998.0199999996,13381674.17,8714535.5999999996,16573987.619999999,11792640.83,10900539.16,8631504.5999999996,null,null,"SMMLV"]
["AgenteenSitio AgenteprofesionalEconomía,administración,contaduríayafinesHoraextradiurnaTeletrabajoOroNA","IT-BPO-25-202","Agente en Sitio ","Agente profesional","Economía, administración, contaduría y afines","Hora extra diurna","Teletrabajo","Oro","NA","Hora",50268.17,48957.45,72727.710000000006,40958.480000000003,77467.81,70194.98,69049.16,37376.400000000001,null,null,"SMMLV"]
["AgenteenSitio AgenteprofesionalEconomía,administración,contaduríayafinesHoraextranocturna TeletrabajoOroNA","IT-BPO-25-203","Agente en Sitio ","Agente profesional","Economía, administración, contaduría y afines","Hora extra nocturna ","Teletrabajo","Oro","NA","Hora",70375.429999999993,68540.429999999993,101817.48,56811.89,101917.5,98272.97,74573.100000000006,52326.87,null,null,"SMMLV"]
["AgenteenSitio AgenteprofesionalEconomía,administración,contaduríayafinesHoraextradominicalyfestivoTeletrabajoOroNA","IT-BPO-25-204","Agente en Sitio ","Agente profesional","Economía, administración, contaduría y afines","Hora extra dominical y festivo","Teletrabajo","Oro","NA","Hora",80429.06,97914.9,116363.46,64738.59,126001.77,140388.85999999999,110478.66,59802.22,null,null,"SMMLV"]
["AgenteenSitio AgenteprofesionalEconomía,administración,contaduríayafinesServicio7x24TeletrabajoOroNA","IT-BPO-25-205","Agente en Sitio ","Agente profesional","Economía, administración, contaduría y afines","Servicio 7x24","Teletrabajo","Oro","NA","Mes 7x24",39122773.200000003,33740890.909999996,53526695.57,37645572.210000001,63458345.049999997,66749070.229999997,51630845.229999997,34555183.600000001,null,null,"SMMLV"]
[{"$f":"SUBSTITUTE(C386&D386&E386&F386&G386&H386&I386,\" \",\"\")","v":"AgenteenSitio AgenteprofesionalEconomía,administración,contaduríayafinesJornadaOrdinariaTeletrabajoPlatinoNA"},"IT-BPO-25-206","Agente en Sitio ","Agente profesional","Economía, administración, contaduría y afines","Jornada Ordinaria","Teletrabajo","Platino","NA","Mes",8867304.3100000005,8665123.7300000004,12352315.039999999,8714535.5999999996,16462753.27,11966959.35,10900539.16,8717515.4199999999,null,null,"SMMLV"]
["AgenteenSitio AgenteprofesionalEconomía,administración,contaduríayafinesHoraextradiurnaTeletrabajoPlatinoNA","IT-BPO-25-207","Agente en Sitio ","Agente profesional","Economía, administración, contaduría y afines","Hora extra diurna","Teletrabajo","Platino","NA","Hora",52781.57,48957.45,67133.36,40958.480000000003,78825.14,71231.94,69049.16,37833.89,null,null,"SMMLV"]
["AgenteenSitio AgenteprofesionalEconomía,administración,contaduríayafinesHoraextranocturna TeletrabajoPlatinoNA","IT-BPO-25-208","Agente en Sitio ","Agente profesional","Economía, administración, contaduría y afines","Hora extra nocturna ","Teletrabajo","Platino","NA","Hora",73894.2,68540.429999999993,93986.04,56811.89,103461.12,99724.94,74573.100000000006,52967.45,null,null,"SMMLV"]
["AgenteenSitio AgenteprofesionalEconomía,administración,contaduríayafinesHoraextradominicalyfestivoTeletrabajoPlatinoNA","IT-BPO-25-209","Agente en Sitio ","Agente profesional","Economía, administración, contaduría y afines","Hora extra dominical y festivo","Teletrabajo","Platino","NA","Hora",84450.52,97914.9,107411.84,64738.59,128101.37,142463.88,110478.66,60534.23,null,null,"SMMLV"]
["AgenteenSitio AgenteprofesionalEconomía,administración,contaduríayafinesServicio7x24TeletrabajoPlatinoNA","IT-BPO-25-210","Agente en Sitio ","Agente profesional","Economía, administración, contaduría y afines","Servicio 7x24","Teletrabajo","Platino","NA","Mes 7x24",41078911.859999999,33869070.509999998,49409256.859999999,37645572.210000001,65145274.280000001,67735752.829999998,51630845.229999997,34956215.859999999,null,null,"SMMLV"]
["AgenteenSitio AgenteprofesionalCienciassociales,humanasyafinesJornadaOrdinariaTeletrabajoOroNA","IT-BPO-25-211","Agente en Sitio ","Agente profesional","Ciencias sociales, humanas y afines","Jornada Ordinaria","Teletrabajo","Oro","NA","Mes",8445051.7200000007,8626998.0199999996,13381674.17,8714535.5999999996,16573987.619999999,11792640.83,10900539.16,8631504.5999999996,null,null,"SMMLV"]
["AgenteenSitio AgenteprofesionalCienciassociales,humanasyafinesHoraextradiurnaTeletrabajoOroNA","IT-BPO-25-212","Agente en Sitio ","Agente profesional","Ciencias sociales, humanas y afines","Hora extra diurna","Teletrabajo","Oro","NA","Hora",50268.17,48957.45,72727.710000000006,40958.480000000003,77467.81,70194.98,69049.16,37376.400000000001,null,null,"SMMLV"]
["AgenteenSitio AgenteprofesionalCienciassociales,humanasyafinesHoraextranocturna TeletrabajoOroNA","IT-BPO-25-213","Agente en Sitio ","Agente profesional","Ciencias sociales, humanas y afines","Hora extra nocturna ","Teletrabajo","Oro","NA","Hora",70375.429999999993,68540.429999999993,101817.48,56811.89,101917.5,98272.97,74573.100000000006,52326.87,null,null,"SMMLV"]
["AgenteenSitio AgenteprofesionalCienciassociales,humanasyafinesHoraextradominicalyfestivoTeletrabajoOroNA","IT-BPO-25-214","Agente en Sitio ","Agente profesional","Ciencias sociales, humanas y afines","Hora extra dominical y festivo","Teletrabajo","Oro","NA","Hora",80429.06,97914.9,116363.46,64738.59,126001.77,140388.85999999999,110478.66,59802.22,null,null,"SMMLV"]
["AgenteenSitio AgenteprofesionalCienciassociales,humanasyafinesServicio7x24TeletrabajoOroNA","IT-BPO-25-215","Agente en Sitio ","Agente profesional","Ciencias sociales, humanas y afines","Servicio 7x24","Teletrabajo","Oro","NA","Mes 7x24",39122773.200000003,33740890.909999996,53526695.57,37645572.210000001,63458345.049999997,66749070.229999997,51630845.229999997,34555183.600000001,null,null,"SMMLV"]
["AgenteenSitio AgenteprofesionalCienciassociales,humanasyafinesJornadaOrdinariaTeletrabajoPlatinoNA","IT-BPO-25-216","Agente en Sitio ","Agente profesional","Ciencias sociales, humanas y afines","Jornada Ordinaria","Teletrabajo","Platino","NA","Mes",8867304.3100000005,8665123.7300000004,12352315.039999999,8714535.5999999996,16462753.27,11966959.35,10900539.16,8717515.4199999999,null,null,"SMMLV"]
["AgenteenSitio AgenteprofesionalCienciassociales,humanasyafinesHoraextradiurnaTeletrabajoPlatinoNA","IT-BPO-25-217","Agente en Sitio ","Agente profesional","Ciencias sociales, humanas y afines","Hora extra diurna","Teletrabajo","Platino","NA","Hora",52781.57,48957.45,67133.36,40958.480000000003,78825.14,71231.94,69049.16,37833.89,null,null,"SMMLV"]
["AgenteenSitio AgenteprofesionalCienciassociales,humanasyafinesHoraextranocturna TeletrabajoPlatinoNA","IT-BPO-25-218","Agente en Sitio ","Agente profesional","Ciencias sociales, humanas y afines","Hora extra nocturna ","Teletrabajo","Platino","NA","Hora",73894.2,68540.429999999993,93986.04,56811.89,103461.12,99724.94,74573.100000000006,52967.45,null,null,"SMMLV"]
["AgenteenSitio AgenteprofesionalCienciassociales,humanasyafinesHoraextradominicalyfestivoTeletrabajoPlatinoNA","IT-BPO-25-219","Agente en Sitio ","Agente profesional","Ciencias sociales, humanas y afines","Hora extra dominical y festivo","Teletrabajo","Platino","NA","Hora",84450.52,97914.9,107411.84,64738.59,128101.37,142463.88,110478.66,60534.23,null,null,"SMMLV"]
["AgenteenSitio AgenteprofesionalCienciassociales,humanasyafinesServicio7x24TeletrabajoPlatinoNA","IT-BPO-25-220","Agente en Sitio ","Agente profesional","Ciencias sociales, humanas y afines","Servicio 7x24","Teletrabajo","Platino","NA","Mes 7x24",41078911.859999999,33869070.509999998,49409256.859999999,37645572.210000001,65145274.280000001,67735752.829999998,51630845.229999997,34956215.859999999,null,null,"SMMLV"]
["AgenteenSitio AgenteprofesionalIngeniería,arquitectura,urbanismoyafinesJornadaOrdinariaTeletrabajoOroNA","IT-BPO-25-221","Agente en Sitio ","Agente profesional","Ingeniería, arquitectura, urbanismo y afines","Jornada Ordinaria","Teletrabajo","Oro","NA","Mes",8445051.7200000007,8626998.0199999996,13381674.17,8714535.5999999996,16573987.619999999,11792640.83,10900539.16,8631504.5999999996,null,null,"SMMLV"]
["AgenteenSitio AgenteprofesionalIngeniería,arquitectura,urbanismoyafinesHoraextradiurnaTeletrabajoOroNA","IT-BPO-25-222","Agente en Sitio ","Agente profesional","Ingeniería, arquitectura, urbanismo y afines","Hora extra diurna","Teletrabajo","Oro","NA","Hora",50268.17,48957.45,72727.710000000006,40958.480000000003,77467.81,70194.98,69049.16,37376.400000000001,null,null,"SMMLV"]
["AgenteenSitio AgenteprofesionalIngeniería,arquitectura,urbanismoyafinesHoraextranocturna TeletrabajoOroNA","IT-BPO-25-223","Agente en Sitio ","Agente profesional","Ingeniería, arquitectura, urbanismo y afines","Hora extra nocturna ","Teletrabajo","Oro","NA","Hora",70375.429999999993,68540.429999999993,101817.48,56811.89,101917.5,98272.97,74573.100000000006,52326.87,null,null,"SMMLV"]
["AgenteenSitio AgenteprofesionalIngeniería,arquitectura,urbanismoyafinesHoraextradominicalyfestivoTeletrabajoOroNA","IT-BPO-25-224","Agente en Sitio ","Agente profesional","Ingeniería, arquitectura, urbanismo y afines","Hora extra dominical y festivo","Teletrabajo","Oro","NA","Hora",80429.06,97914.9,116363.46,64738.59,126001.77,140388.85999999999,110478.66,59802.22,null,null,"SMMLV"]
["AgenteenSitio AgenteprofesionalIngeniería,arquitectura,urbanismoyafinesServicio7x24TeletrabajoOroNA","IT-BPO-25-225","Agente en Sitio ","Agente profesional","Ingeniería, arquitectura, urbanismo y afines","Servicio 7x24","Teletrabajo","Oro","NA","Mes 7x24",39122773.200000003,33740890.909999996,53526695.57,37645572.210000001,63458345.049999997,66749070.229999997,51630845.229999997,34555183.600000001,null,null,"SMMLV"]
["AgenteenSitio AgenteprofesionalIngeniería,arquitectura,urbanismoyafinesJornadaOrdinariaTeletrabajoPlatinoNA","IT-BPO-25-226","Agente en Sitio ","Agente profesional","Ingeniería, arquitectura, urbanismo y afines","Jornada Ordinaria","Teletrabajo","Platino","NA","Mes",8867304.3100000005,8665123.7300000004,12352315.039999999,8714535.5999999996,16462753.27,11966959.35,10900539.16,8717515.4199999999,null,null,"SMMLV"]
["AgenteenSitio AgenteprofesionalIngeniería,arquitectura,urbanismoyafinesHoraextradiurnaTeletrabajoPlatinoNA","IT-BPO-25-227","Agente en Sitio ","Agente profesional","Ingeniería, arquitectura, urbanismo y afines","Hora extra diurna","Teletrabajo","Platino","NA","Hora",52781.57,48957.45,67133.36,40958.480000000003,78825.14,71231.94,69049.16,37833.89,null,null,"SMMLV"]
["AgenteenSitio AgenteprofesionalIngeniería,arquitectura,urbanismoyafinesHoraextranocturna TeletrabajoPlatinoNA","IT-BPO-25-228","Agente en Sitio ","Agente profesional","Ingeniería, arquitectura, urbanismo y afines","Hora extra nocturna ","Teletrabajo","Platino","NA","Hora",73894.2,68540.429999999993,93986.04,56811.89,103461.12,99724.94,74573.100000000006,52967.45,null,null,"SMMLV"]
["AgenteenSitio AgenteprofesionalIngeniería,arquitectura,urbanismoyafinesHoraextradominicalyfestivoTeletrabajoPlatinoNA","IT-BPO-25-229","Agente en Sitio ","Agente profesional","Ingeniería, arquitectura, urbanismo y afines","Hora extra dominical y festivo","Teletrabajo","Platino","NA","Hora",84450.52,97914.9,107411.84,64738.59,128101.37,142463.88,110478.66,60534.23,null,null,"SMMLV"]
["AgenteenSitio AgenteprofesionalIngeniería,arquitectura,urbanismoyafinesServicio7x24TeletrabajoPlatinoNA","IT-BPO-25-230","Agente en Sitio ","Agente profesional","Ingeniería, arquitectura, urbanismo y afines","Servicio 7x24","Teletrabajo","Platino","NA","Mes 7x24",41078911.859999999,33869070.509999998,49409256.859999999,37645572.210000001,65145274.280000001,67735752.829999998,51630845.229999997,34956215.859999999,null,null,"SMMLV"]
["AgenteenSitio AgenteprofesionalBellasartesyafinesJornadaOrdinariaTeletrabajoOroNA","IT-BPO-25-231","Agente en Sitio ","Agente profesional","Bellas artes y afines","Jornada Ordinaria","Teletrabajo","Oro","NA","Mes",8445051.7200000007,8626998.0199999996,13381674.17,8714535.5999999996,16573987.619999999,11792640.83,10900539.16,8631504.5999999996,null,null,"SMMLV"]
["AgenteenSitio AgenteprofesionalBellasartesyafinesHoraextradiurnaTeletrabajoOroNA","IT-BPO-25-232","Agente en Sitio ","Agente profesional","Bellas artes y afines","Hora extra diurna","Teletrabajo","Oro","NA","Hora",50268.17,48957.45,72727.710000000006,40958.480000000003,77467.81,70194.98,69049.16,37376.400000000001,null,null,"SMMLV"]
["AgenteenSitio AgenteprofesionalBellasartesyafinesHoraextranocturna TeletrabajoOroNA","IT-BPO-25-233","Agente en Sitio ","Agente profesional","Bellas artes y afines","Hora extra nocturna ","Teletrabajo","Oro","NA","Hora",70375.429999999993,68540.429999999993,101817.48,56811.89,101917.5,98272.97,74573.100000000006,52326.87,null,null,"SMMLV"]
["AgenteenSitio AgenteprofesionalBellasartesyafinesHoraextradominicalyfestivoTeletrabajoOroNA","IT-BPO-25-234","Agente en Sitio ","Agente profesional","Bellas artes y afines","Hora extra dominical y festivo","Teletrabajo","Oro","NA","Hora",80429.06,97914.9,116363.46,64738.59,126001.77,140388.85999999999,110478.66,59802.22,null,null,"SMMLV"]
["AgenteenSitio AgenteprofesionalBellasartesyafinesServicio7x24TeletrabajoOroNA","IT-BPO-25-235","Agente en Sitio ","Agente profesional","Bellas artes y afines","Servicio 7x24","Teletrabajo","Oro","NA","Mes 7x24",39122773.200000003,33740890.909999996,53526695.57,37645572.210000001,63458345.049999997,66749070.229999997,51630845.229999997,34555183.600000001,null,null,"SMMLV"]
["AgenteenSitio AgenteprofesionalBellasartesyafinesJornadaOrdinariaTeletrabajoPlatinoNA","IT-BPO-25-236","Agente en Sitio ","Agente profesional","Bellas artes y afines","Jornada Ordinaria","Teletrabajo","Platino","NA","Mes",8867304.3100000005,8665123.7300000004,12352315.039999999,8714535.5999999996,16462753.27,11966959.35,10900539.16,8717515.4199999999,null,null,"SMMLV"]
["AgenteenSitio AgenteprofesionalBellasartesyafinesHoraextradiurnaTeletrabajoPlatinoNA","IT-BPO-25-237","Agente en Sitio ","Agente profesional","Bellas artes y afines","Hora extra diurna","Teletrabajo","Platino","NA","Hora",52781.57,48957.45,67133.36,40958.480000000003,78825.14,71231.94,69049.16,37833.89,null,null,"SMMLV"]
["AgenteenSitio AgenteprofesionalBellasartesyafinesHoraextranocturna TeletrabajoPlatinoNA","IT-BPO-25-238","Agente en Sitio ","Agente profesional","Bellas artes y afines","Hora extra nocturna ","Teletrabajo","Platino","NA","Hora",73894.2,68540.429999999993,93986.04,56811.89,103461.12,99724.94,74573.100000000006,52967.45,null,null,"SMMLV"]
["AgenteenSitio AgenteprofesionalBellasartesyafinesHoraextradominicalyfestivoTeletrabajoPlatinoNA","IT-BPO-25-239","Agente en Sitio ","Agente profesional","Bellas artes y afines","Hora extra dominical y festivo","Teletrabajo","Platino","NA","Hora",84450.52,97914.9,107411.84,64738.59,128101.37,142463.88,110478.66,60534.23,null,null,"SMMLV"]
["AgenteenSitio AgenteprofesionalBellasartesyafinesServicio7x24TeletrabajoPlatinoNA","IT-BPO-25-240","Agente en Sitio ","Agente profesional","Bellas artes y afines","Servicio 7x24","Teletrabajo","Platino","NA","Mes 7x24",41078911.859999999,33869070.509999998,49409256.859999999,37645572.210000001,65145274.280000001,67735752.829999998,51630845.229999997,34956215.859999999,null,null,"SMMLV"]
["AgenteenSitio AgenteprofesionalMatemáticas,cienciasnaturalesyafinesJornadaOrdinariaTeletrabajoOroNA","IT-BPO-25-241","Agente en Sitio ","Agente profesional","Matemáticas, ciencias naturales y afines","Jornada Ordinaria","Teletrabajo","Oro","NA","Mes",8445051.7200000007,8626998.0199999996,13381674.17,8714535.5999999996,14276769.380000001,11792640.83,10900539.16,8631504.5999999996,null,null,"SMMLV"]
["AgenteenSitio AgenteprofesionalMatemáticas,cienciasnaturalesyafinesHoraextradiurnaTeletrabajoOroNA","IT-BPO-25-242","Agente en Sitio ","Agente profesional","Matemáticas, ciencias naturales y afines","Hora extra diurna","Teletrabajo","Oro","NA","Hora",50268.17,48957.45,72727.710000000006,40958.480000000003,80204.160000000003,70194.98,69049.16,37376.400000000001,null,null,"SMMLV"]
["AgenteenSitio AgenteprofesionalMatemáticas,cienciasnaturalesyafinesHoraextranocturna TeletrabajoOroNA","IT-BPO-25-243","Agente en Sitio ","Agente profesional","Matemáticas, ciencias naturales y afines","Hora extra nocturna ","Teletrabajo","Oro","NA","Hora",70375.429999999993,68540.429999999993,101817.48,56811.89,111320.66,98272.97,74573.100000000006,52326.87,null,null,"SMMLV"]
["AgenteenSitio AgenteprofesionalMatemáticas,cienciasnaturalesyafinesHoraextradominicalyfestivoTeletrabajoOroNA","IT-BPO-25-244","Agente en Sitio ","Agente profesional","Matemáticas, ciencias naturales y afines","Hora extra dominical y festivo","Teletrabajo","Oro","NA","Hora",80429.06,97914.9,116363.46,64738.59,123928.82,140388.85999999999,110478.66,59802.22,null,null,"SMMLV"]
["AgenteenSitio AgenteprofesionalMatemáticas,cienciasnaturalesyafinesServicio7x24TeletrabajoOroNA","IT-BPO-25-245","Agente en Sitio ","Agente profesional","Matemáticas, ciencias naturales y afines","Servicio 7x24","Teletrabajo","Oro","NA","Mes 7x24",39122773.200000003,33740890.909999996,53526695.57,37645572.210000001,53145925.479999997,66749070.229999997,51630845.229999997,34555183.600000001,null,null,"SMMLV"]
["AgenteenSitio AgenteprofesionalMatemáticas,cienciasnaturalesyafinesJornadaOrdinariaTeletrabajoPlatinoNA","IT-BPO-25-246","Agente en Sitio ","Agente profesional","Matemáticas, ciencias naturales y afines","Jornada Ordinaria","Teletrabajo","Platino","NA","Mes",8867304.3100000005,8665123.7300000004,12352315.039999999,8714535.5999999996,16462753.27,11966959.35,10900539.16,8717515.4199999999,null,null,"SMMLV"]
["AgenteenSitio AgenteprofesionalMatemáticas,cienciasnaturalesyafinesHoraextradiurnaTeletrabajoPlatinoNA","IT-BPO-25-247","Agente en Sitio ","Agente profesional","Matemáticas, ciencias naturales y afines","Hora extra diurna","Teletrabajo","Platino","NA","Hora",52781.57,48957.45,67133.36,40958.480000000003,78825.14,71231.94,69049.16,37833.89,null,null,"SMMLV"]
["AgenteenSitio AgenteprofesionalMatemáticas,cienciasnaturalesyafinesHoraextranocturna TeletrabajoPlatinoNA","IT-BPO-25-248","Agente en Sitio ","Agente profesional","Matemáticas, ciencias naturales y afines","Hora extra nocturna ","Teletrabajo","Platino","NA","Hora",73894.2,68540.429999999993,93986.04,56811.89,103461.12,99724.94,74573.100000000006,52967.45,null,null,"SMMLV"]
["AgenteenSitio AgenteprofesionalMatemáticas,cienciasnaturalesyafinesHoraextradominicalyfestivoTeletrabajoPlatinoNA","IT-BPO-25-249","Agente en Sitio ","Agente profesional","Matemáticas, ciencias naturales y afines","Hora extra dominical y festivo","Teletrabajo","Platino","NA","Hora",84450.52,97914.9,107411.84,64738.59,128101.37,142463.88,110478.66,60534.23,null,null,"SMMLV"]
["AgenteenSitio AgenteprofesionalMatemáticas,cienciasnaturalesyafinesServicio7x24TeletrabajoPlatinoNA","IT-BPO-25-250","Agente en Sitio ","Agente profesional","Matemáticas, ciencias naturales y afines","Servicio 7x24","Teletrabajo","Platino","NA","Mes 7x24",41078911.859999999,33869070.509999998,49409256.859999999,37645572.210000001,65145274.280000001,67735752.829999998,51630845.229999997,34956215.859999999,null,null,"SMMLV"]
["AgenteenSitio AgenteprofesionalCienciasdelasaludyafinesJornadaOrdinariaTeletrabajoOroNA","IT-BPO-25-251","Agente en Sitio ","Agente profesional","Ciencias de la salud y afines","Jornada Ordinaria","Teletrabajo","Oro","NA","Mes",10926672.119999999,11133610.699999999,16981497.620000001,13701306.859999999,20994826.800000001,15177986.630000001,10900539.16,10867787.07,null,null,"SMMLV"]
["AgenteenSitio AgenteprofesionalCienciasdelasaludyafinesHoraextradiurnaTeletrabajoOroNA","IT-BPO-25-252","Agente en Sitio ","Agente profesional","Ciencias de la salud y afines","Hora extra diurna","Teletrabajo","Oro","NA","Hora",65039.72,65276.24,92292.08,66931.88,107779.89,90345.17,69049.16,49271.5,null,null,"SMMLV"]
["AgenteenSitio AgenteprofesionalCienciasdelasaludyafinesHoraextranocturna TeletrabajoOroNA","IT-BPO-25-253","Agente en Sitio ","Agente profesional","Ciencias de la salud y afines","Hora extra nocturna ","Teletrabajo","Oro","NA","Hora",91055.6,91386.51,129207.81,93174.65,141397.49,126483.45,74573.100000000006,68980.070000000007,null,null,"SMMLV"]
["AgenteenSitio AgenteprofesionalCienciasdelasaludyafinesHoraextradominicalyfestivoTeletrabajoOroNA","IT-BPO-25-254","Agente en Sitio ","Agente profesional","Ciencias de la salud y afines","Hora extra dominical y festivo","Teletrabajo","Oro","NA","Hora",104063.54,130552.47,147666.23000000001,106296.03,167689.14000000001,180690.33,110478.66,78834.42,null,null,"SMMLV"]
["AgenteenSitio AgenteprofesionalCienciasdelasaludyafinesServicio7x24TeletrabajoOroNA","IT-BPO-25-255","Agente en Sitio ","Agente profesional","Ciencias de la salud y afines","Servicio 7x24","Teletrabajo","Oro","NA","Mes 7x24",51530875.200000003,43767341.630000003,67925984.989999995,56375899.799999997,88936178.319999993,86271086.099999994,51630845.229999997,44982024.359999999,null,null,"SMMLV"]
["AgenteenSitio AgenteprofesionalCienciasdelasaludyafinesJornadaOrdinariaTeletrabajoPlatinoNA","IT-BPO-25-256","Agente en Sitio ","Agente profesional","Ciencias de la salud y afines","Jornada Ordinaria","Teletrabajo","Platino","NA","Mes",11473005.73,11171736.41,15675228.32,13701306.859999999,22048792.73,15402347.75,10900539.16,10953798.01,null,null,"SMMLV"]
["AgenteenSitio AgenteprofesionalCienciasdelasaludyafinesHoraextradiurnaTeletrabajoPlatinoNA","IT-BPO-25-257","Agente en Sitio ","Agente profesional","Ciencias de la salud y afines","Hora extra diurna","Teletrabajo","Platino","NA","Hora",68291.7,65276.24,85193.19,66931.88,110533.45,91681.07,69049.16,49728.99,null,null,"SMMLV"]
["AgenteenSitio AgenteprofesionalCienciasdelasaludyafinesHoraextranocturna TeletrabajoPlatinoNA","IT-BPO-25-258","Agente en Sitio ","Agente profesional","Ciencias de la salud y afines","Hora extra nocturna ","Teletrabajo","Platino","NA","Hora",95608.38,91386.51,119268.5,93174.65,144545.54,128353.71,74573.100000000006,69620.649999999994,null,null,"SMMLV"]
["AgenteenSitio AgenteprofesionalCienciasdelasaludyafinesHoraextradominicalyfestivoTeletrabajoPlatinoNA","IT-BPO-25-259","Agente en Sitio ","Agente profesional","Ciencias de la salud y afines","Hora extra dominical y festivo","Teletrabajo","Platino","NA","Hora",109266.72,130552.47,136307.79,106296.03,171212.11,183362.13,110478.66,79566.42,null,null,"SMMLV"]
["AgenteenSitio AgenteprofesionalCienciasdelasaludyafinesServicio7x24TeletrabajoPlatinoNA","IT-BPO-25-260","Agente en Sitio ","Agente profesional","Ciencias de la salud y afines","Servicio 7x24","Teletrabajo","Platino","NA","Mes 7x24",54107418.960000001,43895521.229999997,62700908.880000003,56375899.799999997,91045523.439999998,87546345,51630845.229999997,45383056.719999999,null,null,"SMMLV"]
["AgenteenSitio AgenteprofesionalAgronomía,veterinariayafinesJornadaOrdinariaTeletrabajoOroNA","IT-BPO-25-261","Agente en Sitio ","Agente profesional","Agronomía, veterinaria y afines","Jornada Ordinaria","Teletrabajo","Oro","NA","Mes",8445051.7200000007,8626998.0199999996,13381674.17,8714535.5999999996,16573987.619999999,11792640.83,10900539.16,8631504.5999999996,null,null,"SMMLV"]
["AgenteenSitio AgenteprofesionalAgronomía,veterinariayafinesHoraextradiurnaTeletrabajoOroNA","IT-BPO-25-262","Agente en Sitio ","Agente profesional","Agronomía, veterinaria y afines","Hora extra diurna","Teletrabajo","Oro","NA","Hora",50268.17,48957.45,72727.710000000006,40958.480000000003,77467.81,70194.98,69049.16,37376.400000000001,null,null,"SMMLV"]
["AgenteenSitio AgenteprofesionalAgronomía,veterinariayafinesHoraextranocturna TeletrabajoOroNA","IT-BPO-25-263","Agente en Sitio ","Agente profesional","Agronomía, veterinaria y afines","Hora extra nocturna ","Teletrabajo","Oro","NA","Hora",70375.429999999993,68540.429999999993,101817.48,56811.89,101917.5,98272.97,74573.100000000006,52326.87,null,null,"SMMLV"]
["AgenteenSitio AgenteprofesionalAgronomía,veterinariayafinesHoraextradominicalyfestivoTeletrabajoOroNA","IT-BPO-25-264","Agente en Sitio ","Agente profesional","Agronomía, veterinaria y afines","Hora extra dominical y festivo","Teletrabajo","Oro","NA","Hora",80429.06,97914.9,116363.46,64738.59,126001.77,140388.85999999999,110478.66,59802.22,null,null,"SMMLV"]
["AgenteenSitio AgenteprofesionalAgronomía,veterinariayafinesServicio7x24TeletrabajoOroNA","IT-BPO-25-265","Agente en Sitio ","Agente profesional","Agronomía, veterinaria y afines","Servicio 7x24","Teletrabajo","Oro","NA","Mes 7x24",39122773.200000003,33740890.909999996,53526695.57,37645572.210000001,63458345.049999997,66749070.229999997,51630845.229999997,34555183.600000001,null,null,"SMMLV"]
["AgenteenSitio AgenteprofesionalAgronomía,veterinariayafinesJornadaOrdinariaTeletrabajoPlatinoNA","IT-BPO-25-266","Agente en Sitio ","Agente profesional","Agronomía, veterinaria y afines","Jornada Ordinaria","Teletrabajo","Platino","NA","Mes",8867304.3100000005,8665123.7300000004,12352315.039999999,8714535.5999999996,16462753.27,11966959.35,10900539.16,8717515.4199999999,null,null,"SMMLV"]
["AgenteenSitio AgenteprofesionalAgronomía,veterinariayafinesHoraextradiurnaTeletrabajoPlatinoNA","IT-BPO-25-267","Agente en Sitio ","Agente profesional","Agronomía, veterinaria y afines","Hora extra diurna","Teletrabajo","Platino","NA","Hora",52781.57,48957.45,67133.36,40958.480000000003,78825.14,71231.94,69049.16,37833.89,null,null,"SMMLV"]
["AgenteenSitio AgenteprofesionalAgronomía,veterinariayafinesHoraextranocturna TeletrabajoPlatinoNA","IT-BPO-25-268","Agente en Sitio ","Agente profesional","Agronomía, veterinaria y afines","Hora extra nocturna ","Teletrabajo","Platino","NA","Hora",73894.2,68540.429999999993,93986.04,56811.89,103461.12,99724.94,74573.100000000006,52967.45,null,null,"SMMLV"]
["AgenteenSitio AgenteprofesionalAgronomía,veterinariayafinesHoraextradominicalyfestivoTeletrabajoPlatinoNA","IT-BPO-25-269","Agente en Sitio ","Agente profesional","Agronomía, veterinaria y afines","Hora extra dominical y festivo","Teletrabajo","Platino","NA","Hora",84450.52,97914.9,107411.84,64738.59,128101.37,142463.88,110478.66,60534.23,null,null,"SMMLV"]
[{"$f":"SUBSTITUTE(C450&D450&E450&F450&G450&H450&I450,\" \",\"\")","v":"AgenteenSitio AgenteprofesionalAgronomía,veterinariayafinesServicio7x24TeletrabajoPlatinoNA"},"IT-BPO-25-270","Agente en Sitio ","Agente profesional","Agronomía, veterinaria y afines","Servicio 7x24","Teletrabajo","Platino","NA","Mes 7x24",41078911.859999999,33869070.509999998,49409256.859999999,37645572.210000001,65145274.280000001,67735752.829999998,51630845.229999997,34956215.859999999,null,null,"SMMLV"]
["AgenteenSitio AgenteprofesionalCienciasdelaeducaciónyafinesJornadaOrdinariaTeletrabajoOroNA","IT-BPO-25-271","Agente en Sitio ","Agente profesional","Ciencias de la educación y afines","Jornada Ordinaria","Teletrabajo","Oro","NA","Mes",8445051.7200000007,8626998.0199999996,13381674.17,8714535.5999999996,15167793.199999999,11792640.83,10900539.16,8631504.5999999996,null,null,"SMMLV"]
["AgenteenSitio AgenteprofesionalCienciasdelaeducaciónyafinesHoraextradiurnaTeletrabajoOroNA","IT-BPO-25-272","Agente en Sitio ","Agente profesional","Ciencias de la educación y afines","Hora extra diurna","Teletrabajo","Oro","NA","Hora",50268.17,48957.45,72727.710000000006,40958.480000000003,70895.17,70194.98,69049.16,37376.400000000001,null,null,"SMMLV"]
["AgenteenSitio AgenteprofesionalCienciasdelaeducaciónyafinesHoraextranocturna TeletrabajoOroNA","IT-BPO-25-273","Agente en Sitio ","Agente profesional","Ciencias de la educación y afines","Hora extra nocturna ","Teletrabajo","Oro","NA","Hora",70375.429999999993,68540.429999999993,101817.48,56811.89,93270.46,98272.97,74573.100000000006,52326.87,null,null,"SMMLV"]
["AgenteenSitio AgenteprofesionalCienciasdelaeducaciónyafinesHoraextradominicalyfestivoTeletrabajoOroNA","IT-BPO-25-274","Agente en Sitio ","Agente profesional","Ciencias de la educación y afines","Hora extra dominical y festivo","Teletrabajo","Oro","NA","Hora",80429.06,97914.9,116363.46,64738.59,115311.35,140388.85999999999,110478.66,59802.22,null,null,"SMMLV"]
["AgenteenSitio AgenteprofesionalCienciasdelaeducaciónyafinesServicio7x24TeletrabajoOroNA","IT-BPO-25-275","Agente en Sitio ","Agente profesional","Ciencias de la educación y afines","Servicio 7x24","Teletrabajo","Oro","NA","Mes 7x24",39122773.200000003,33740890.909999996,53526695.57,37645572.210000001,58074319.630000003,66749070.229999997,51630845.229999997,34555183.600000001,null,null,"SMMLV"]
["AgenteenSitio AgenteprofesionalCienciasdelaeducaciónyafinesJornadaOrdinariaTeletrabajoPlatinoNA","IT-BPO-25-276","Agente en Sitio ","Agente profesional","Ciencias de la educación y afines","Jornada Ordinaria","Teletrabajo","Platino","NA","Mes",8867304.3100000005,8665123.7300000004,12352315.039999999,8714535.5999999996,15065996.35,11966959.35,10900539.16,8717515.4199999999,null,null,"SMMLV"]
["AgenteenSitio AgenteprofesionalCienciasdelaeducaciónyafinesHoraextradiurnaTeletrabajoPlatinoNA","IT-BPO-25-277","Agente en Sitio ","Agente profesional","Ciencias de la educación y afines","Hora extra diurna","Teletrabajo","Platino","NA","Hora",52781.57,48957.45,67133.36,40958.480000000003,72137.34,71231.94,69049.16,37833.89,null,null,"SMMLV"]
["AgenteenSitio AgenteprofesionalCienciasdelaeducaciónyafinesHoraextranocturna TeletrabajoPlatinoNA","IT-BPO-25-278","Agente en Sitio ","Agente profesional","Ciencias de la educación y afines","Hora extra nocturna ","Teletrabajo","Platino","NA","Hora",73894.2,68540.429999999993,93986.04,56811.89,94683.12,99724.94,74573.100000000006,52967.45,null,null,"SMMLV"]
["AgenteenSitio AgenteprofesionalCienciasdelaeducaciónyafinesHoraextradominicalyfestivoTeletrabajoPlatinoNA","IT-BPO-25-279","Agente en Sitio ","Agente profesional","Ciencias de la educación y afines","Hora extra dominical y festivo","Teletrabajo","Platino","NA","Hora",84450.52,97914.9,107411.84,64738.59,117232.8,142463.88,110478.66,60534.23,null,null,"SMMLV"]
["AgenteenSitio AgenteprofesionalCienciasdelaeducaciónyafinesServicio7x24TeletrabajoPlatinoNA","IT-BPO-25-280","Agente en Sitio ","Agente profesional","Ciencias de la educación y afines","Servicio 7x24","Teletrabajo","Platino","NA","Mes 7x24",41078911.859999999,33869070.509999998,49409256.859999999,37645572.210000001,59618123.950000003,67735752.829999998,51630845.229999997,34956215.859999999,null,null,"SMMLV"]
["AgenteenSitio AgenteespecializadoEconomía,administración,contaduríayafinesJornadaOrdinariaTeletrabajoOroNA","IT-BPO-25-281","Agente en Sitio ","Agente especializado","Economía, administración, contaduría y afines","Jornada Ordinaria","Teletrabajo","Oro","NA","Mes",10926672.119999999,11133610.699999999,16981497.620000001,11207921.779999999,18793647.239999998,15177986.630000001,13561970.1,10867787.07,null,null,"SMMLV"]
["AgenteenSitio AgenteespecializadoEconomía,administración,contaduríayafinesHoraextradiurnaTeletrabajoOroNA","IT-BPO-25-282","Agente en Sitio ","Agente especializado","Economía, administración, contaduría y afines","Hora extra diurna","Teletrabajo","Oro","NA","Hora",65039.72,65276.24,92292.08,53945.18,89606.48,90345.17,86311.45,49271.5,null,null,"SMMLV"]
["AgenteenSitio AgenteespecializadoEconomía,administración,contaduríayafinesHoraextranocturna TeletrabajoOroNA","IT-BPO-25-283","Agente en Sitio ","Agente especializado","Economía, administración, contaduría y afines","Hora extra nocturna ","Teletrabajo","Oro","NA","Hora",91055.6,91386.51,129207.81,74993.27,122598.28,126483.45,93216.37,68980.070000000007,null,null,"SMMLV"]
["AgenteenSitio AgenteespecializadoEconomía,administración,contaduríayafinesHoraextradominicalyfestivoTeletrabajoOroNA","IT-BPO-25-284","Agente en Sitio ","Agente especializado","Economía, administración, contaduría y afines","Hora extra dominical y festivo","Teletrabajo","Oro","NA","Hora",104063.54,130552.47,147666.23000000001,85517.31,151773.31,180690.33,138098.32999999999,78834.42,null,null,"SMMLV"]
["AgenteenSitio AgenteespecializadoEconomía,administración,contaduríayafinesServicio7x24TeletrabajoOroNA","IT-BPO-25-285","Agente en Sitio ","Agente especializado","Economía, administración, contaduría y afines","Servicio 7x24","Teletrabajo","Oro","NA","Mes 7x24",51530875.200000003,43767341.630000003,67925984.989999995,49359380.700000003,72658643.120000005,86271086.099999994,64474852.700000003,44982024.359999999,null,null,"SMMLV"]
["AgenteenSitio AgenteespecializadoEconomía,administración,contaduríayafinesJornadaOrdinariaTeletrabajoPlatinoNA","IT-BPO-25-286","Agente en Sitio ","Agente especializado","Economía, administración, contaduría y afines","Jornada Ordinaria","Teletrabajo","Platino","NA","Mes",11473005.73,11171736.41,15675228.32,11207921.779999999,19115231.98,15402347.75,13561970.1,10953798.01,null,null,"SMMLV"]
["AgenteenSitio AgenteespecializadoEconomía,administración,contaduríayafinesHoraextradiurnaTeletrabajoPlatinoNA","IT-BPO-25-287","Agente en Sitio ","Agente especializado","Economía, administración, contaduría y afines","Hora extra diurna","Teletrabajo","Platino","NA","Hora",68291.7,65276.24,85193.19,53945.18,90961.87,91681.07,86311.45,49728.99,null,null,"SMMLV"]
["AgenteenSitio AgenteespecializadoEconomía,administración,contaduríayafinesHoraextranocturna TeletrabajoPlatinoNA","IT-BPO-25-288","Agente en Sitio ","Agente especializado","Economía, administración, contaduría y afines","Hora extra nocturna ","Teletrabajo","Platino","NA","Hora",95608.38,91386.51,119268.5,74993.27,124452.88,128353.71,93216.37,69620.649999999994,null,null,"SMMLV"]
["AgenteenSitio AgenteespecializadoEconomía,administración,contaduríayafinesHoraextradominicalyfestivoTeletrabajoPlatinoNA","IT-BPO-25-289","Agente en Sitio ","Agente especializado","Economía, administración, contaduría y afines","Hora extra dominical y festivo","Teletrabajo","Platino","NA","Hora",109266.72,130552.47,136307.79,85517.31,154297.87,183362.13,138098.32999999999,79566.42,null,null,"SMMLV"]
["AgenteenSitio AgenteespecializadoEconomía,administración,contaduríayafinesServicio7x24TeletrabajoPlatinoNA","IT-BPO-25-290","Agente en Sitio ","Agente especializado","Economía, administración, contaduría y afines","Servicio 7x24","Teletrabajo","Platino","NA","Mes 7x24",54107418.960000001,43895521.229999997,62700908.880000003,49359380.700000003,77331836.829999998,87546345,64474852.700000003,45383056.719999999,null,null,"SMMLV"]
["AgenteenSitio AgenteespecializadoCienciassociales,humanasyafinesJornadaOrdinariaTeletrabajoOroNA","IT-BPO-25-291","Agente en Sitio ","Agente especializado","Ciencias sociales, humanas y afines","Jornada Ordinaria","Teletrabajo","Oro","NA","Mes",10926672.119999999,11133610.699999999,16981497.620000001,11207921.779999999,18793647.239999998,15177986.630000001,13561970.1,10867787.07,null,null,"SMMLV"]
["AgenteenSitio AgenteespecializadoCienciassociales,humanasyafinesHoraextradiurnaTeletrabajoOroNA","IT-BPO-25-292","Agente en Sitio ","Agente especializado","Ciencias sociales, humanas y afines","Hora extra diurna","Teletrabajo","Oro","NA","Hora",65039.72,65276.24,92292.08,53945.18,89606.48,90345.17,86311.45,49271.5,null,null,"SMMLV"]
["AgenteenSitio AgenteespecializadoCienciassociales,humanasyafinesHoraextranocturna TeletrabajoOroNA","IT-BPO-25-293","Agente en Sitio ","Agente especializado","Ciencias sociales, humanas y afines","Hora extra nocturna ","Teletrabajo","Oro","NA","Hora",91055.6,91386.51,129207.81,74993.27,122598.28,126483.45,93216.37,68980.070000000007,null,null,"SMMLV"]
["AgenteenSitio AgenteespecializadoCienciassociales,humanasyafinesHoraextradominicalyfestivoTeletrabajoOroNA","IT-BPO-25-294","Agente en Sitio ","Agente especializado","Ciencias sociales, humanas y afines","Hora extra dominical y festivo","Teletrabajo","Oro","NA","Hora",104063.54,130552.47,147666.23000000001,85517.31,151773.31,180690.33,138098.32999999999,78834.42,null,null,"SMMLV"]
["AgenteenSitio AgenteespecializadoCienciassociales,humanasyafinesServicio7x24TeletrabajoOroNA","IT-BPO-25-295","Agente en Sitio ","Agente especializado","Ciencias sociales, humanas y afines","Servicio 7x24","Teletrabajo","Oro","NA","Mes 7x24",51530875.200000003,43767341.630000003,67925984.989999995,49359380.700000003,72658643.120000005,86271086.099999994,64474852.700000003,44982024.359999999,null,null,"SMMLV"]
["AgenteenSitio AgenteespecializadoCienciassociales,humanasyafinesJornadaOrdinariaTeletrabajoPlatinoNA","IT-BPO-25-296","Agente en Sitio ","Agente especializado","Ciencias sociales, humanas y afines","Jornada Ordinaria","Teletrabajo","Platino","NA","Mes",11473005.73,11171736.41,15675228.32,11207921.779999999,19115231.98,15402347.75,13561970.1,10953798.01,null,null,"SMMLV"]
["AgenteenSitio AgenteespecializadoCienciassociales,humanasyafinesHoraextradiurnaTeletrabajoPlatinoNA","IT-BPO-25-297","Agente en Sitio ","Agente especializado","Ciencias sociales, humanas y afines","Hora extra diurna","Teletrabajo","Platino","NA","Hora",68291.7,65276.24,85193.19,53945.18,90961.87,91681.07,86311.45,49728.99,null,null,"SMMLV"]
["AgenteenSitio AgenteespecializadoCienciassociales,humanasyafinesHoraextranocturna TeletrabajoPlatinoNA","IT-BPO-25-298","Agente en Sitio ","Agente especializado","Ciencias sociales, humanas y afines","Hora extra nocturna ","Teletrabajo","Platino","NA","Hora",95608.38,91386.51,119268.5,74993.27,124452.88,128353.71,93216.37,69620.649999999994,null,null,"SMMLV"]
["AgenteenSitio AgenteespecializadoCienciassociales,humanasyafinesHoraextradominicalyfestivoTeletrabajoPlatinoNA","IT-BPO-25-299","Agente en Sitio ","Agente especializado","Ciencias sociales, humanas y afines","Hora extra dominical y festivo","Teletrabajo","Platino","NA","Hora",109266.72,130552.47,136307.79,85517.31,154297.87,183362.13,138098.32999999999,79566.42,null,null,"SMMLV"]
["AgenteenSitio AgenteespecializadoCienciassociales,humanasyafinesServicio7x24TeletrabajoPlatinoNA","IT-BPO-25-300","Agente en Sitio ","Agente especializado","Ciencias sociales, humanas y afines","Servicio 7x24","Teletrabajo","Platino","NA","Mes 7x24",54107418.960000001,43895521.229999997,62700908.880000003,49359380.700000003,77331836.829999998,87546345,64474852.700000003,45383056.719999999,null,null,"SMMLV"]
["AgenteenSitio AgenteespecializadoIngeniería,arquitectura,urbanismoyafinesJornadaOrdinariaTeletrabajoOroNA","IT-BPO-25-301","Agente en Sitio ","Agente especializado","Ingeniería, arquitectura, urbanismo y afines","Jornada Ordinaria","Teletrabajo","Oro","NA","Mes",10926672.119999999,11133610.699999999,16981497.620000001,11207921.779999999,18793647.239999998,15177986.630000001,13561970.1,10867787.07,null,null,"SMMLV"]
["AgenteenSitio AgenteespecializadoIngeniería,arquitectura,urbanismoyafinesHoraextradiurnaTeletrabajoOroNA","IT-BPO-25-302","Agente en Sitio ","Agente especializado","Ingeniería, arquitectura, urbanismo y afines","Hora extra diurna","Teletrabajo","Oro","NA","Hora",65039.72,65276.24,92292.08,53945.18,89606.48,90345.17,86311.45,49271.5,null,null,"SMMLV"]
["AgenteenSitio AgenteespecializadoIngeniería,arquitectura,urbanismoyafinesHoraextranocturna TeletrabajoOroNA","IT-BPO-25-303","Agente en Sitio ","Agente especializado","Ingeniería, arquitectura, urbanismo y afines","Hora extra nocturna ","Teletrabajo","Oro","NA","Hora",91055.6,91386.51,129207.81,74993.27,122598.28,126483.45,93216.37,68980.070000000007,null,null,"SMMLV"]
["AgenteenSitio AgenteespecializadoIngeniería,arquitectura,urbanismoyafinesHoraextradominicalyfestivoTeletrabajoOroNA","IT-BPO-25-304","Agente en Sitio ","Agente especializado","Ingeniería, arquitectura, urbanismo y afines","Hora extra dominical y festivo","Teletrabajo","Oro","NA","Hora",104063.54,130552.47,147666.23000000001,85517.31,151773.31,180690.33,138098.32999999999,78834.42,null,null,"SMMLV"]
["AgenteenSitio AgenteespecializadoIngeniería,arquitectura,urbanismoyafinesServicio7x24TeletrabajoOroNA","IT-BPO-25-305","Agente en Sitio ","Agente especializado","Ingeniería, arquitectura, urbanismo y afines","Servicio 7x24","Teletrabajo","Oro","NA","Mes 7x24",51530875.200000003,43767341.630000003,67925984.989999995,49359380.700000003,72658643.120000005,86271086.099999994,64474852.700000003,44982024.359999999,null,null,"SMMLV"]
["AgenteenSitio AgenteespecializadoIngeniería,arquitectura,urbanismoyafinesJornadaOrdinariaTeletrabajoPlatinoNA","IT-BPO-25-306","Agente en Sitio ","Agente especializado","Ingeniería, arquitectura, urbanismo y afines","Jornada Ordinaria","Teletrabajo","Platino","NA","Mes",11473005.73,11171736.41,15675228.32,11207921.779999999,20887390.41,15402347.75,13561970.1,10953798.01,null,null,"SMMLV"]
["AgenteenSitio AgenteespecializadoIngeniería,arquitectura,urbanismoyafinesHoraextradiurnaTeletrabajoPlatinoNA","IT-BPO-25-307","Agente en Sitio ","Agente especializado","Ingeniería, arquitectura, urbanismo y afines","Hora extra diurna","Teletrabajo","Platino","NA","Hora",68291.7,65276.24,85193.19,53945.18,99394.87,91681.07,86311.45,49728.99,null,null,"SMMLV"]
["AgenteenSitio AgenteespecializadoIngeniería,arquitectura,urbanismoyafinesHoraextranocturna TeletrabajoPlatinoNA","IT-BPO-25-308","Agente en Sitio ","Agente especializado","Ingeniería, arquitectura, urbanismo y afines","Hora extra nocturna ","Teletrabajo","Platino","NA","Hora",95608.38,91386.51,119268.5,74993.27,135990.81,128353.71,93216.37,69620.649999999994,null,null,"SMMLV"]
["AgenteenSitio AgenteespecializadoIngeniería,arquitectura,urbanismoyafinesHoraextradominicalyfestivoTeletrabajoPlatinoNA","IT-BPO-25-309","Agente en Sitio ","Agente especializado","Ingeniería, arquitectura, urbanismo y afines","Hora extra dominical y festivo","Teletrabajo","Platino","NA","Hora",109266.72,130552.47,136307.79,85517.31,168602.71,183362.13,138098.32999999999,79566.42,null,null,"SMMLV"]
["AgenteenSitio AgenteespecializadoIngeniería,arquitectura,urbanismoyafinesServicio7x24TeletrabajoPlatinoNA","IT-BPO-25-310","Agente en Sitio ","Agente especializado","Ingeniería, arquitectura, urbanismo y afines","Servicio 7x24","Teletrabajo","Platino","NA","Mes 7x24",54107418.960000001,43895521.229999997,62700908.880000003,49359380.700000003,84501211.829999998,87546345,64474852.700000003,45383056.719999999,null,null,"SMMLV"]
["AgenteenSitio AgenteespecializadoBellasartesyafinesJornadaOrdinariaTeletrabajoOroNA","IT-BPO-25-311","Agente en Sitio ","Agente especializado","Bellas artes y afines","Jornada Ordinaria","Teletrabajo","Oro","NA","Mes",10926672.119999999,11133610.699999999,16981497.620000001,11207921.779999999,20535991.789999999,15177986.630000001,13561970.1,10867787.07,null,null,"SMMLV"]
["AgenteenSitio AgenteespecializadoBellasartesyafinesHoraextradiurnaTeletrabajoOroNA","IT-BPO-25-312","Agente en Sitio ","Agente especializado","Bellas artes y afines","Hora extra diurna","Teletrabajo","Oro","NA","Hora",65039.72,65276.24,92292.08,53945.18,97913.83,90345.17,86311.45,49271.5,null,null,"SMMLV"]
["AgenteenSitio AgenteespecializadoBellasartesyafinesHoraextranocturna TeletrabajoOroNA","IT-BPO-25-313","Agente en Sitio ","Agente especializado","Bellas artes y afines","Hora extra nocturna ","Teletrabajo","Oro","NA","Hora",91055.6,91386.51,129207.81,74993.27,133964.26999999999,126483.45,93216.37,68980.070000000007,null,null,"SMMLV"]
["AgenteenSitio AgenteespecializadoBellasartesyafinesHoraextradominicalyfestivoTeletrabajoOroNA","IT-BPO-25-314","Agente en Sitio ","Agente especializado","Bellas artes y afines","Hora extra dominical y festivo","Teletrabajo","Oro","NA","Hora",104063.54,130552.47,147666.23000000001,85517.31,165844.1,180690.33,138098.32999999999,78834.42,null,null,"SMMLV"]
["AgenteenSitio AgenteespecializadoBellasartesyafinesServicio7x24TeletrabajoOroNA","IT-BPO-25-315","Agente en Sitio ","Agente especializado","Bellas artes y afines","Servicio 7x24","Teletrabajo","Oro","NA","Mes 7x24",51530875.200000003,43767341.630000003,67925984.989999995,49359380.700000003,79394769.920000002,86271086.099999994,64474852.700000003,44982024.359999999,null,null,"SMMLV"]
["AgenteenSitio AgenteespecializadoBellasartesyafinesJornadaOrdinariaTeletrabajoPlatinoNA","IT-BPO-25-316","Agente en Sitio ","Agente especializado","Bellas artes y afines","Jornada Ordinaria","Teletrabajo","Platino","NA","Mes",11473005.73,11171736.41,15675228.32,11207921.779999999,20887390.41,15402347.75,13561970.1,10953798.01,null,null,"SMMLV"]
["AgenteenSitio AgenteespecializadoBellasartesyafinesHoraextradiurnaTeletrabajoPlatinoNA","IT-BPO-25-317","Agente en Sitio ","Agente especializado","Bellas artes y afines","Hora extra diurna","Teletrabajo","Platino","NA","Hora",68291.7,65276.24,85193.19,53945.18,99394.87,91681.07,86311.45,49728.99,null,null,"SMMLV"]
["AgenteenSitio AgenteespecializadoBellasartesyafinesHoraextranocturna TeletrabajoPlatinoNA","IT-BPO-25-318","Agente en Sitio ","Agente especializado","Bellas artes y afines","Hora extra nocturna ","Teletrabajo","Platino","NA","Hora",95608.38,91386.51,119268.5,74993.27,135990.81,128353.71,93216.37,69620.649999999994,null,null,"SMMLV"]
["AgenteenSitio AgenteespecializadoBellasartesyafinesHoraextradominicalyfestivoTeletrabajoPlatinoNA","IT-BPO-25-319","Agente en Sitio ","Agente especializado","Bellas artes y afines","Hora extra dominical y festivo","Teletrabajo","Platino","NA","Hora",109266.72,130552.47,136307.79,85517.31,168602.71,183362.13,138098.32999999999,79566.42,null,null,"SMMLV"]
["AgenteenSitio AgenteespecializadoBellasartesyafinesServicio7x24TeletrabajoPlatinoNA","IT-BPO-25-320","Agente en Sitio ","Agente especializado","Bellas artes y afines","Servicio 7x24","Teletrabajo","Platino","NA","Mes 7x24",54107418.960000001,43895521.229999997,62700908.880000003,49359380.700000003,84501211.829999998,87546345,64474852.700000003,45383056.719999999,null,null,"SMMLV"]
["AgenteenSitio AgenteespecializadoMatemáticas,cienciasnaturalesyafinesJornadaOrdinariaTeletrabajoOroNA","IT-BPO-25-321","Agente en Sitio ","Agente especializado","Matemáticas, ciencias naturales y afines","Jornada Ordinaria","Teletrabajo","Oro","NA","Mes",10926672.119999999,11133610.699999999,16981497.620000001,11207921.779999999,20535991.789999999,15177986.630000001,13561970.1,10867787.07,null,null,"SMMLV"]
["AgenteenSitio AgenteespecializadoMatemáticas,cienciasnaturalesyafinesHoraextradiurnaTeletrabajoOroNA","IT-BPO-25-322","Agente en Sitio ","Agente especializado","Matemáticas, ciencias naturales y afines","Hora extra diurna","Teletrabajo","Oro","NA","Hora",65039.72,65276.24,92292.08,53945.18,97913.83,90345.17,86311.45,49271.5,null,null,"SMMLV"]
["AgenteenSitio AgenteespecializadoMatemáticas,cienciasnaturalesyafinesHoraextranocturna TeletrabajoOroNA","IT-BPO-25-323","Agente en Sitio ","Agente especializado","Matemáticas, ciencias naturales y afines","Hora extra nocturna ","Teletrabajo","Oro","NA","Hora",91055.6,91386.51,129207.81,74993.27,133964.26999999999,126483.45,93216.37,68980.070000000007,null,null,"SMMLV"]
["AgenteenSitio AgenteespecializadoMatemáticas,cienciasnaturalesyafinesHoraextradominicalyfestivoTeletrabajoOroNA","IT-BPO-25-324","Agente en Sitio ","Agente especializado","Matemáticas, ciencias naturales y afines","Hora extra dominical y festivo","Teletrabajo","Oro","NA","Hora",104063.54,130552.47,147666.23000000001,85517.31,165844.1,180690.33,138098.32999999999,78834.42,null,null,"SMMLV"]
["AgenteenSitio AgenteespecializadoMatemáticas,cienciasnaturalesyafinesServicio7x24TeletrabajoOroNA","IT-BPO-25-325","Agente en Sitio ","Agente especializado","Matemáticas, ciencias naturales y afines","Servicio 7x24","Teletrabajo","Oro","NA","Mes 7x24",51530875.200000003,43767341.630000003,67925984.989999995,49359380.700000003,79394769.920000002,86271086.099999994,64474852.700000003,44982024.359999999,null,null,"SMMLV"]
["AgenteenSitio AgenteespecializadoMatemáticas,cienciasnaturalesyafinesJornadaOrdinariaTeletrabajoPlatinoNA","IT-BPO-25-326","Agente en Sitio ","Agente especializado","Matemáticas, ciencias naturales y afines","Jornada Ordinaria","Teletrabajo","Platino","NA","Mes",11473005.73,11171736.41,15675228.32,11207921.779999999,20887390.41,15402347.75,13561970.1,10953798.01,null,null,"SMMLV"]
["AgenteenSitio AgenteespecializadoMatemáticas,cienciasnaturalesyafinesHoraextradiurnaTeletrabajoPlatinoNA","IT-BPO-25-327","Agente en Sitio ","Agente especializado","Matemáticas, ciencias naturales y afines","Hora extra diurna","Teletrabajo","Platino","NA","Hora",68291.7,65276.24,85193.19,53945.18,99394.87,91681.07,86311.45,49728.99,null,null,"SMMLV"]
["AgenteenSitio AgenteespecializadoMatemáticas,cienciasnaturalesyafinesHoraextranocturna TeletrabajoPlatinoNA","IT-BPO-25-328","Agente en Sitio ","Agente especializado","Matemáticas, ciencias naturales y afines","Hora extra nocturna ","Teletrabajo","Platino","NA","Hora",95608.38,91386.51,119268.5,74993.27,135990.81,128353.71,93216.37,69620.649999999994,null,null,"SMMLV"]
["AgenteenSitio AgenteespecializadoMatemáticas,cienciasnaturalesyafinesHoraextradominicalyfestivoTeletrabajoPlatinoNA","IT-BPO-25-329","Agente en Sitio ","Agente especializado","Matemáticas, ciencias naturales y afines","Hora extra dominical y festivo","Teletrabajo","Platino","NA","Hora",109266.72,130552.47,136307.79,85517.31,168602.71,183362.13,138098.32999999999,79566.42,null,null,"SMMLV"]
["AgenteenSitio AgenteespecializadoMatemáticas,cienciasnaturalesyafinesServicio7x24TeletrabajoPlatinoNA","IT-BPO-25-330","Agente en Sitio ","Agente especializado","Matemáticas, ciencias naturales y afines","Servicio 7x24","Teletrabajo","Platino","NA","Mes 7x24",54107418.960000001,43895521.229999997,62700908.880000003,49359380.700000003,84501211.829999998,87546345,64474852.700000003,45383056.719999999,null,null,"SMMLV"]
["AgenteenSitio AgenteespecializadoCienciasdelasaludyafinesJornadaOrdinariaTeletrabajoOroNA","IT-BPO-25-331","Agente en Sitio ","Agente especializado","Ciencias de la salud y afines","Jornada Ordinaria","Teletrabajo","Oro","NA","Mes",13408108.560000001,13640223.380000001,20581318.879999999,16224076.26,25714251.350000001,18563333.52,13561970.1,13104069.66,null,null,"SMMLV"]
["AgenteenSitio AgenteespecializadoCienciasdelasaludyafinesHoraextradiurnaTeletrabajoOroNA","IT-BPO-25-332","Agente en Sitio ","Agente especializado","Ciencias de la salud y afines","Hora extra diurna","Teletrabajo","Oro","NA","Hora",79810.17,81595.02,111855.35,80654.42,136139.57,110496.45,86311.45,61166.59,null,null,"SMMLV"]
["AgenteenSitio AgenteespecializadoCienciasdelasaludyafinesHoraextranocturna TeletrabajoOroNA","IT-BPO-25-333","Agente en Sitio ","Agente especializado","Ciencias de la salud y afines","Hora extra nocturna ","Teletrabajo","Oro","NA","Hora",111734.24,114233.69,156598.14000000001,112456.5,178823.25,154695.03,93216.37,85633.27,null,null,"SMMLV"]
[{"$f":"SUBSTITUTE(C514&D514&E514&F514&G514&H514&I514,\" \",\"\")","v":"AgenteenSitio AgenteespecializadoCienciasdelasaludyafinesHoraextradominicalyfestivoTeletrabajoOroNA"},"IT-BPO-25-334","Agente en Sitio ","Agente especializado","Ciencias de la salud y afines","Hora extra dominical y festivo","Teletrabajo","Oro","NA","Hora",127696.27,163191.14000000001,178968.99,128358.09,212140.51,220992.9,138098.32999999999,97866.61,null,null,"SMMLV"]
["AgenteenSitio AgenteespecializadoCienciasdelasaludyafinesServicio7x24TeletrabajoOroNA","IT-BPO-25-335","Agente en Sitio ","Agente especializado","Ciencias de la salud y afines","Servicio 7x24","Teletrabajo","Oro","NA","Mes 7x24",63938057.399999999,53793792.350000001,82325275.5,78001639.530000001,112616630.45,105793107.45,64474852.700000003,55408865.219999999,null,null,"SMMLV"]
["AgenteenSitio AgenteespecializadoCienciasdelasaludyafinesJornadaOrdinariaTeletrabajoPlatinoNA","IT-BPO-25-336","Agente en Sitio ","Agente especializado","Ciencias de la salud y afines","Jornada Ordinaria","Teletrabajo","Platino","NA","Mes",14078513.99,13678349.09,18998141.600000001,16224076.26,25817827.66,18837736.140000001,13561970.1,13190080.48,null,null,"SMMLV"]
["AgenteenSitio AgenteespecializadoCienciasdelasaludyafinesHoraextradiurnaTeletrabajoPlatinoNA","IT-BPO-25-337","Agente en Sitio ","Agente especializado","Ciencias de la salud y afines","Hora extra diurna","Teletrabajo","Platino","NA","Hora",83800.679999999993,81595.02,103251.93,80654.42,129786.56,112130.19,86311.45,61624.08,null,null,"SMMLV"]
["AgenteenSitio AgenteespecializadoCienciasdelasaludyafinesHoraextranocturna TeletrabajoPlatinoNA","IT-BPO-25-338","Agente en Sitio ","Agente especializado","Ciencias de la salud y afines","Hora extra nocturna ","Teletrabajo","Platino","NA","Hora",117320.95,114233.69,144552.04999999999,112456.5,169691.06,156981.39000000001,93216.37,86273.74,null,null,"SMMLV"]
["AgenteenSitio AgenteespecializadoCienciasdelasaludyafinesHoraextradominicalyfestivoTeletrabajoPlatinoNA","IT-BPO-25-339","Agente en Sitio ","Agente especializado","Ciencias de la salud y afines","Hora extra dominical y festivo","Teletrabajo","Platino","NA","Hora",134081.09,163191.14000000001,165201.56,128358.09,216515.12,224259.29,138098.32999999999,98598.62,null,null,"SMMLV"]
["AgenteenSitio AgenteespecializadoCienciasdelasaludyafinesServicio7x24TeletrabajoPlatinoNA","IT-BPO-25-340","Agente en Sitio ","Agente especializado","Ciencias de la salud y afines","Servicio 7x24","Teletrabajo","Platino","NA","Mes 7x24",67134960.269999996,53921971.950000003,75992562,78001639.530000001,117579070.12,107356937.18000001,64474852.700000003,55809897.590000004,null,null,"SMMLV"]
["AgenteenSitio AgenteespecializadoAgronomía,veterinariayafinesJornadaOrdinariaTeletrabajoOroNA","IT-BPO-25-341","Agente en Sitio ","Agente especializado","Agronomía, veterinaria y afines","Jornada Ordinaria","Teletrabajo","Oro","NA","Mes",10926672.119999999,11133610.699999999,16981497.620000001,11207921.779999999,20535991.789999999,15177986.630000001,13561970.1,10867787.07,null,null,"SMMLV"]
["AgenteenSitio AgenteespecializadoAgronomía,veterinariayafinesHoraextradiurnaTeletrabajoOroNA","IT-BPO-25-342","Agente en Sitio ","Agente especializado","Agronomía, veterinaria y afines","Hora extra diurna","Teletrabajo","Oro","NA","Hora",65039.72,65276.24,92292.08,53945.18,97913.83,90345.17,86311.45,49271.5,null,null,"SMMLV"]
["AgenteenSitio AgenteespecializadoAgronomía,veterinariayafinesHoraextranocturna TeletrabajoOroNA","IT-BPO-25-343","Agente en Sitio ","Agente especializado","Agronomía, veterinaria y afines","Hora extra nocturna ","Teletrabajo","Oro","NA","Hora",91055.6,91386.51,129207.81,74993.27,133964.26999999999,126483.45,93216.37,68980.070000000007,null,null,"SMMLV"]
["AgenteenSitio AgenteespecializadoAgronomía,veterinariayafinesHoraextradominicalyfestivoTeletrabajoOroNA","IT-BPO-25-344","Agente en Sitio ","Agente especializado","Agronomía, veterinaria y afines","Hora extra dominical y festivo","Teletrabajo","Oro","NA","Hora",104063.54,130552.47,147666.23000000001,85517.31,165844.1,180690.33,138098.32999999999,78834.42,null,null,"SMMLV"]
["AgenteenSitio AgenteespecializadoAgronomía,veterinariayafinesServicio7x24TeletrabajoOroNA","IT-BPO-25-345","Agente en Sitio ","Agente especializado","Agronomía, veterinaria y afines","Servicio 7x24","Teletrabajo","Oro","NA","Mes 7x24",51530875.200000003,43767341.630000003,67925984.989999995,49359380.700000003,79394769.920000002,86271086.099999994,64474852.700000003,44982024.359999999,null,null,"SMMLV"]
["AgenteenSitio AgenteespecializadoAgronomía,veterinariayafinesJornadaOrdinariaTeletrabajoPlatinoNA","IT-BPO-25-346","Agente en Sitio ","Agente especializado","Agronomía, veterinaria y afines","Jornada Ordinaria","Teletrabajo","Platino","NA","Mes",11473005.73,11171736.41,15675228.32,11207921.779999999,20887390.41,15402347.75,13561970.1,10953798.01,null,null,"SMMLV"]
["AgenteenSitio AgenteespecializadoAgronomía,veterinariayafinesHoraextradiurnaTeletrabajoPlatinoNA","IT-BPO-25-347","Agente en Sitio ","Agente especializado","Agronomía, veterinaria y afines","Hora extra diurna","Teletrabajo","Platino","NA","Hora",68291.7,65276.24,85193.19,53945.18,99394.87,91681.07,86311.45,49728.99,null,null,"SMMLV"]
["AgenteenSitio AgenteespecializadoAgronomía,veterinariayafinesHoraextranocturna TeletrabajoPlatinoNA","IT-BPO-25-348","Agente en Sitio ","Agente especializado","Agronomía, veterinaria y afines","Hora extra nocturna ","Teletrabajo","Platino","NA","Hora",95608.38,91386.51,119268.5,74993.27,135990.81,128353.71,93216.37,69620.649999999994,null,null,"SMMLV"]
["AgenteenSitio AgenteespecializadoAgronomía,veterinariayafinesHoraextradominicalyfestivoTeletrabajoPlatinoNA","IT-BPO-25-349","Agente en Sitio ","Agente especializado","Agronomía, veterinaria y afines","Hora extra dominical y festivo","Teletrabajo","Platino","NA","Hora",109266.72,130552.47,136307.79,85517.31,168602.71,183362.13,138098.32999999999,79566.42,null,null,"SMMLV"]
["AgenteenSitio AgenteespecializadoAgronomía,veterinariayafinesServicio7x24TeletrabajoPlatinoNA","IT-BPO-25-350","Agente en Sitio ","Agente especializado","Agronomía, veterinaria y afines","Servicio 7x24","Teletrabajo","Platino","NA","Mes 7x24",54107418.960000001,43895521.229999997,62700908.880000003,49359380.700000003,84501211.829999998,87546345,64474852.700000003,45383056.719999999,null,null,"SMMLV"]
["AgenteenSitio AgenteespecializadoCienciasdelaeducaciónyafinesJornadaOrdinariaTeletrabajoOroNA","IT-BPO-25-351","Agente en Sitio ","Agente especializado","Ciencias de la educación y afines","Jornada Ordinaria","Teletrabajo","Oro","NA","Mes",10926672.119999999,11133610.699999999,16981497.620000001,11207921.779999999,21631283.489999998,15177986.630000001,13561970.1,10867787.07,null,null,"SMMLV"]
["AgenteenSitio AgenteespecializadoCienciasdelaeducaciónyafinesHoraextradiurnaTeletrabajoOroNA","IT-BPO-25-352","Agente en Sitio ","Agente especializado","Ciencias de la educación y afines","Hora extra diurna","Teletrabajo","Oro","NA","Hora",65039.72,65276.24,92292.08,53945.18,105629.81,90345.17,86311.45,49271.5,null,null,"SMMLV"]
["AgenteenSitio AgenteespecializadoCienciasdelaeducaciónyafinesHoraextranocturna TeletrabajoOroNA","IT-BPO-25-353","Agente en Sitio ","Agente especializado","Ciencias de la educación y afines","Hora extra nocturna ","Teletrabajo","Oro","NA","Hora",91055.6,91386.51,129207.81,74993.27,139158.64000000001,126483.45,93216.37,68980.070000000007,null,null,"SMMLV"]
["AgenteenSitio AgenteespecializadoCienciasdelaeducaciónyafinesHoraextradominicalyfestivoTeletrabajoOroNA","IT-BPO-25-354","Agente en Sitio ","Agente especializado","Ciencias de la educación y afines","Hora extra dominical y festivo","Teletrabajo","Oro","NA","Hora",104063.54,130552.47,147666.23000000001,85517.31,172968.11,180690.33,138098.32999999999,78834.42,null,null,"SMMLV"]
["AgenteenSitio AgenteespecializadoCienciasdelaeducaciónyafinesServicio7x24TeletrabajoOroNA","IT-BPO-25-355","Agente en Sitio ","Agente especializado","Ciencias de la educación y afines","Servicio 7x24","Teletrabajo","Oro","NA","Mes 7x24",51530875.200000003,43767341.630000003,67925984.989999995,49359380.700000003,83666743.590000004,86271086.099999994,64474852.700000003,44982024.359999999,null,null,"SMMLV"]
["AgenteenSitio AgenteespecializadoCienciasdelaeducaciónyafinesJornadaOrdinariaTeletrabajoPlatinoNA","IT-BPO-25-356","Agente en Sitio ","Agente especializado","Ciencias de la educación y afines","Jornada Ordinaria","Teletrabajo","Platino","NA","Mes",11473005.73,11171736.41,15675228.32,11207921.779999999,21728440.850000001,15402347.75,13561970.1,10953798.01,null,null,"SMMLV"]
["AgenteenSitio AgenteespecializadoCienciasdelaeducaciónyafinesHoraextradiurnaTeletrabajoPlatinoNA","IT-BPO-25-357","Agente en Sitio ","Agente especializado","Ciencias de la educación y afines","Hora extra diurna","Teletrabajo","Platino","NA","Hora",68291.7,65276.24,85193.19,53945.18,103214.39999999999,91681.07,86311.45,49728.99,null,null,"SMMLV"]
["AgenteenSitio AgenteespecializadoCienciasdelaeducaciónyafinesHoraextranocturna TeletrabajoPlatinoNA","IT-BPO-25-358","Agente en Sitio ","Agente especializado","Ciencias de la educación y afines","Hora extra nocturna ","Teletrabajo","Platino","NA","Hora",95608.38,91386.51,119268.5,74993.27,141337.88,128353.71,93216.37,69620.649999999994,null,null,"SMMLV"]
["AgenteenSitio AgenteespecializadoCienciasdelaeducaciónyafinesHoraextradominicalyfestivoTeletrabajoPlatinoNA","IT-BPO-25-359","Agente en Sitio ","Agente especializado","Ciencias de la educación y afines","Hora extra dominical y festivo","Teletrabajo","Platino","NA","Hora",109266.72,130552.47,136307.79,85517.31,175935.99,183362.13,138098.32999999999,79566.42,null,null,"SMMLV"]
["AgenteenSitio AgenteespecializadoCienciasdelaeducaciónyafinesServicio7x24TeletrabajoPlatinoNA","IT-BPO-25-360","Agente en Sitio ","Agente especializado","Ciencias de la educación y afines","Servicio 7x24","Teletrabajo","Platino","NA","Mes 7x24",54107418.960000001,43895521.229999997,62700908.880000003,49359380.700000003,88569516.120000005,87546345,64474852.700000003,45383056.719999999,null,null,"SMMLV"]
["AgenteenlaEntidadCompradoraoBackOfficeAgentegeneralJornadaOrdinariaOroZona1NANA","IT-BPO-26-1","Agente en la Entidad Compradora o Back Office","Agente general","Jornada Ordinaria","Oro","Zona 1","NA","NA","Mes",4661546.4000000004,4871548.79,8408517.0500000007,5070999.75,6158184.9199999999,6622879.7400000002,4030169.55,5132632.59,null,null,"SMMLV"]
["AgenteenlaEntidadCompradoraoBackOfficeAgentegeneralHoraextradiurnaOroZona1NANA","IT-BPO-26-2","Agente en la Entidad Compradora o Back Office","Agente general","Hora extra diurna","Oro","Zona 1","NA","NA","Hora",27747.3,24478.73,45699.83,22854.84,29065.86,39422.19,25893.439999999999,20929.28,null,null,"SMMLV"]
["AgenteenlaEntidadCompradoraoBackOfficeAgentegeneralHoraextranocturna OroZona1NANA","IT-BPO-26-3","Agente en la Entidad Compradora o Back Office","Agente general","Hora extra nocturna ","Oro","Zona 1","NA","NA","Hora",38846.22,34270.22,63978.66,31467.02,36684.300000000003,55191.29,36250.81,29301.11,null,null,"SMMLV"]
["AgenteenlaEntidadCompradoraoBackOfficeAgentegeneralHoraextradominicalyfestivoOroZona1NANA","IT-BPO-26-4","Agente en la Entidad Compradora o Back Office","Agente general","Hora extra dominical y festivo","Oro","Zona 1","NA","NA","Hora",44395.68,48957.45,73118.63,35773.65,43532.57,78844.38,36250.81,33486.959999999999,null,null,"SMMLV"]
["AgenteenlaEntidadCompradoraoBackOfficeAgentegeneralServicio7x24OroZona1NANA","IT-BPO-26-5","Agente en la Entidad Compradora o Back Office","Agente general","Servicio 7x24","Oro","Zona 1","NA","NA","Mes 7x24",19187947.800000001,18988467.27,33634063.799999997,21158343.359999999,24278157.050000001,37007331.75,19449510.010000002,19731453.57,null,null,"SMMLV"]
["AgenteenlaEntidadCompradoraoBackOfficeAgentegeneralJornadaOrdinariaPlatinoZona1NANA","IT-BPO-26-6","Agente en la Entidad Compradora o Back Office","Agente general","Jornada Ordinaria","Platino","Zona 1","NA","NA","Mes",4894623.72,4896527.93,7771508.46,5070999.75,6315050.9699999997,6720779.3099999996,4030169.55,5218643.42,null,null,"SMMLV"]
["AgenteenlaEntidadCompradoraoBackOfficeAgentegeneralHoraextradiurnaPlatinoZona1NANA","IT-BPO-26-7","Agente en la Entidad Compradora o Back Office","Agente general","Hora extra diurna","Platino","Zona 1","NA","NA","Hora",29134.67,24478.73,42237.440000000002,22854.84,29581.3,40004.730000000003,25893.439999999999,21386.880000000001,null,null,"SMMLV"]
["AgenteenlaEntidadCompradoraoBackOfficeAgentegeneralHoraextranocturna PlatinoZona1NANA","IT-BPO-26-8","Agente en la Entidad Compradora o Back Office","Agente general","Hora extra nocturna ","Platino","Zona 1","NA","NA","Hora",40788.53,34270.22,59131.1,31467.02,39983.89,56007.06,36250.81,29941.57,null,null,"SMMLV"]
["AgenteenlaEntidadCompradoraoBackOfficeAgentegeneralHoraextradominicalyfestivoPlatinoZona1NANA","IT-BPO-26-9","Agente en la Entidad Compradora o Back Office","Agente general","Hora extra dominical y festivo","Platino","Zona 1","NA","NA","Hora",46615.46,48957.45,67579.02,35773.65,42823.23,80009.460000000006,36250.81,34218.97,null,null,"SMMLV"]
["AgenteenlaEntidadCompradoraoBackOfficeAgentegeneralServicio7x24PlatinoZona1NANA","IT-BPO-26-10","Agente en la Entidad Compradora o Back Office","Agente general","Servicio 7x24","Platino","Zona 1","NA","NA","Mes 7x24",20147345.190000001,19077207.170000002,31086029.460000001,21158343.359999999,24915594.57,37554371.850000001,19449510.010000002,20132485.93,null,null,"SMMLV"]
["AgenteenlaEntidadCompradoraoBackOfficeAgentegeneralJornadaOrdinariaOroZona2NANA","IT-BPO-26-11","Agente en la Entidad Compradora o Back Office","Agente general","Jornada Ordinaria","Oro","Zona 2","NA","NA","Mes",4801392.79,4886536.05,8492602.0999999996,5070999.75,6199365.7000000002,6633514.3799999999,4030169.55,5132632.59,null,null,"SMMLV"]
["AgenteenlaEntidadCompradoraoBackOfficeAgentegeneralHoraextradiurnaOroZona2NANA","IT-BPO-26-12","Agente en la Entidad Compradora o Back Office","Agente general","Hora extra diurna","Oro","Zona 2","NA","NA","Hora",28579.72,24478.73,46156.44,22854.84,29634.02,39485.699999999997,25893.439999999999,20929.28,null,null,"SMMLV"]
["AgenteenlaEntidadCompradoraoBackOfficeAgentegeneralHoraextranocturna OroZona2NANA","IT-BPO-26-13","Agente en la Entidad Compradora o Back Office","Agente general","Hora extra nocturna ","Oro","Zona 2","NA","NA","Hora",40011.61,34270.22,64619.24,31467.02,40014.089999999997,55279.98,36250.81,29301.11,null,null,"SMMLV"]
["AgenteenlaEntidadCompradoraoBackOfficeAgentegeneralHoraextradominicalyfestivoOroZona2NANA","IT-BPO-26-14","Agente en la Entidad Compradora o Back Office","Agente general","Hora extra dominical y festivo","Oro","Zona 2","NA","NA","Hora",45727.55,48957.45,73848.990000000005,35773.65,44543.61,78971.399999999994,36250.81,33486.959999999999,null,null,"SMMLV"]
["AgenteenlaEntidadCompradoraoBackOfficeAgentegeneralServicio7x24OroZona2NANA","IT-BPO-26-15","Agente en la Entidad Compradora o Back Office","Agente general","Servicio 7x24","Oro","Zona 2","NA","NA","Mes 7x24",19763586.23,19041711.649999999,33970404,21158343.359999999,24446804.219999999,37060499.479999997,19449510.010000002,19731453.57,null,null,"SMMLV"]
["AgenteenlaEntidadCompradoraoBackOfficeAgentegeneralJornadaOrdinariaPlatinoZona2NANA","IT-BPO-26-16","Agente en la Entidad Compradora o Back Office","Agente general","Jornada Ordinaria","Platino","Zona 2","NA","NA","Mes",5041462.43,4911515.1900000004,7849222.7999999998,5070999.75,6360655.46,6731570.54,4030169.55,5218643.42,null,null,"SMMLV"]
["AgenteenlaEntidadCompradoraoBackOfficeAgentegeneralHoraextradiurnaPlatinoZona2NANA","IT-BPO-26-17","Agente en la Entidad Compradora o Back Office","Agente general","Hora extra diurna","Platino","Zona 2","NA","NA","Hora",30008.7,24478.73,42660.11,22854.84,30163.02,40069.339999999997,25893.439999999999,21386.880000000001,null,null,"SMMLV"]
["AgenteenlaEntidadCompradoraoBackOfficeAgentegeneralHoraextranocturna PlatinoZona2NANA","IT-BPO-26-18","Agente en la Entidad Compradora o Back Office","Agente general","Hora extra nocturna ","Platino","Zona 2","NA","NA","Hora",42012.19,34270.22,59723.49,31467.02,40730.46,56096.85,36250.81,29941.57,null,null,"SMMLV"]
["AgenteenlaEntidadCompradoraoBackOfficeAgentegeneralHoraextradominicalyfestivoPlatinoZona2NANA","IT-BPO-26-19","Agente en la Entidad Compradora o Back Office","Agente general","Hora extra dominical y festivo","Platino","Zona 2","NA","NA","Hora",48013.93,48957.45,68254.64,35773.65,47802.879999999997,80138.67,36250.81,34218.97,null,null,"SMMLV"]
["AgenteenlaEntidadCompradoraoBackOfficeAgentegeneralServicio7x24PlatinoZona2NANA","IT-BPO-26-20","Agente en la Entidad Compradora o Back Office","Agente general","Servicio 7x24","Platino","Zona 2","NA","NA","Mes 7x24",20751765.550000001,19130450.449999999,31396889.010000002,21158343.359999999,25102403.59,37608327.979999997,19449510.010000002,20132485.93,null,null,"SMMLV"]
["AgenteenlaEntidadCompradoraoBackOfficeAgentegeneralJornadaOrdinariaOroZona3NANA","IT-BPO-26-21","Agente en la Entidad Compradora o Back Office","Agente general","Jornada Ordinaria","Oro","Zona 3","NA","NA","Mes",4894623.72,4906518.71,8577528.1099999994,5070999.75,6226819.6699999999,6660097.7000000002,4030169.55,4949324.2300000004,null,null,"SMMLV"]
["AgenteenlaEntidadCompradoraoBackOfficeAgentegeneralHoraextradiurnaOroZona3NANA","IT-BPO-26-22","Agente en la Entidad Compradora o Back Office","Agente general","Hora extra diurna","Oro","Zona 3","NA","NA","Hora",29134.67,24478.73,46618.53,22854.84,29781.65,39644.480000000003,25893.439999999999,20181.84,null,null,"SMMLV"]
["AgenteenlaEntidadCompradoraoBackOfficeAgentegeneralHoraextranocturna OroZona3NANA","IT-BPO-26-23","Agente en la Entidad Compradora o Back Office","Agente general","Hora extra nocturna ","Oro","Zona 3","NA","NA","Hora",40788.53,34270.22,65265.29,31467.02,40215.93,55501.17,36250.81,28254.61,null,null,"SMMLV"]
["AgenteenlaEntidadCompradoraoBackOfficeAgentegeneralHoraextradominicalyfestivoOroZona3NANA","IT-BPO-26-24","Agente en la Entidad Compradora o Back Office","Agente general","Hora extra dominical y festivo","Oro","Zona 3","NA","NA","Hora",46615.46,48957.45,74588.12,35773.65,44829.34,79287.86,36250.81,32291,null,null,"SMMLV"]
["AgenteenlaEntidadCompradoraoBackOfficeAgentegeneralServicio7x24OroZona3NANA","IT-BPO-26-25","Agente en la Entidad Compradora o Back Office","Agente general","Servicio 7x24","Oro","Zona 3","NA","NA","Mes 7x24",20147345.190000001,19112702.690000001,34310109.140000001,21158343.359999999,24559235.289999999,37193421.530000001,19449510.010000002,19026758.760000002,null,null,"SMMLV"]
["AgenteenlaEntidadCompradoraoBackOfficeAgentegeneralJornadaOrdinariaPlatinoZona3NANA","IT-BPO-26-26","Agente en la Entidad Compradora o Back Office","Agente general","Jornada Ordinaria","Platino","Zona 3","NA","NA","Mes",5139354.91,4931497.8499999996,7927715.6900000004,5070999.75,6385981.1100000003,6758546.96,4030169.55,5032263.3600000003,null,null,"SMMLV"]
["AgenteenlaEntidadCompradoraoBackOfficeAgentegeneralHoraextradiurnaPlatinoZona3NANA","IT-BPO-26-27","Agente en la Entidad Compradora o Back Office","Agente general","Hora extra diurna","Platino","Zona 3","NA","NA","Hora",38497.599999999999,24478.73,43086.06,22854.84,30315.41,40230.300000000003,25893.439999999999,20623.009999999998,null,null,"SMMLV"]
["AgenteenlaEntidadCompradoraoBackOfficeAgentegeneralHoraextranocturna PlatinoZona3NANA","IT-BPO-26-28","Agente en la Entidad Compradora o Back Office","Agente general","Hora extra nocturna ","Platino","Zona 3","NA","NA","Hora",42827.96,34270.22,60320.27,31467.02,40937.800000000003,56321.33,36250.81,28872.19,null,null,"SMMLV"]
["AgenteenlaEntidadCompradoraoBackOfficeAgentegeneralHoraextradominicalyfestivoPlatinoZona3NANA","IT-BPO-26-29","Agente en la Entidad Compradora o Back Office","Agente general","Hora extra dominical y festivo","Platino","Zona 3","NA","NA","Hora",48946.239999999998,48957.45,68937.919999999998,35773.65,48037.69,80459.509999999995,36250.81,32996.839999999997,null,null,"SMMLV"]
["AgenteenlaEntidadCompradoraoBackOfficeAgentegeneralServicio7x24PlatinoZona3NANA","IT-BPO-26-30","Agente en la Entidad Compradora o Back Office","Agente general","Servicio 7x24","Platino","Zona 3","NA","NA","Mes 7x24",21154712.449999999,19201441.489999998,31710858.359999999,21158343.359999999,25205770.77,37743215.549999997,19449510.010000002,19413468.530000001,null,null,"SMMLV"]
["AgenteenlaEntidadCompradoraoBackOfficeAgentetécnicoJornadaOrdinariaOroZona1NANA","IT-BPO-26-31","Agente en la Entidad Compradora o Back Office","Agente técnico","Jornada Ordinaria","Oro","Zona 1","NA","NA","Mes",5866300.4400000004,6124855.1299999999,10054367.75,6317693.3899999997,7885762.0499999998,8411662.9800000004,5322861.8899999997,6250773.8799999999,null,null,"SMMLV"]
["AgenteenlaEntidadCompradoraoBackOfficeAgentetécnicoHoraextradiurnaOroZona1NANA","IT-BPO-26-32","Agente en la Entidad Compradora o Back Office","Agente técnico","Hora extra diurna","Oro","Zona 1","NA","NA","Hora",34918.46,32638.67,54643.79,29348.19,36043.58,50069.97,34524.58,26876.880000000001,null,null,"SMMLV"]
["AgenteenlaEntidadCompradoraoBackOfficeAgentetécnicoHoraextranocturna OroZona1NANA","IT-BPO-26-33","Agente en la Entidad Compradora o Back Office","Agente técnico","Hora extra nocturna ","Oro","Zona 1","NA","NA","Hora",48885.84,45693.26,76501.08,40557.71,49039.839999999997,70097.52,48334.41,37627.589999999997,null,null,"SMMLV"]
["AgenteenlaEntidadCompradoraoBackOfficeAgentetécnicoHoraextradominicalyfestivoOroZona1NANA","IT-BPO-26-34","Agente en la Entidad Compradora o Back Office","Agente técnico","Hora extra dominical y festivo","Oro","Zona 1","NA","NA","Hora",55869.53,65276.24,87430.28,46163.01,58038.61,100138.85,48334.41,43003.06,null,null,"SMMLV"]
["AgenteenlaEntidadCompradoraoBackOfficeAgentetécnicoServicio7x24OroZona1NANA","IT-BPO-26-35","Agente en la Entidad Compradora o Back Office","Agente técnico","Servicio 7x24","Oro","Zona 1","NA","NA","Mes 7x24",25211718,24001692.629999999,40217466.600000001,27015247.609999999,30760891.149999999,47248888.649999999,25688014.93,24944873.949999999,null,null,"SMMLV"]
["AgenteenlaEntidadCompradoraoBackOfficeAgentetécnicoJornadaOrdinariaPlatinoZona1NANA","IT-BPO-26-36","Agente en la Entidad Compradora o Back Office","Agente técnico","Jornada Ordinaria","Platino","Zona 1","NA","NA","Mes",6159615.46,6149834.2699999996,9292672.6099999994,6317693.3899999997,7885762.0499999998,8536003.5199999996,5322861.8899999997,6336784.71,null,null,"SMMLV"]
["AgenteenlaEntidadCompradoraoBackOfficeAgentetécnicoHoraextradiurnaPlatinoZona1NANA","IT-BPO-26-37","Agente en la Entidad Compradora o Back Office","Agente técnico","Hora extra diurna","Platino","Zona 1","NA","NA","Hora",36664.379999999997,32638.67,50504.69,29348.19,36884.589999999997,50810.19,34524.58,27334.38,null,null,"SMMLV"]
[{"$f":"SUBSTITUTE(C578&D578&E578&F578&G578&H578&I578,\" \",\"\")","v":"AgenteenlaEntidadCompradoraoBackOfficeAgentetécnicoHoraextranocturna PlatinoZona1NANA"},"IT-BPO-26-38","Agente en la Entidad Compradora o Back Office","Agente técnico","Hora extra nocturna ","Platino","Zona 1","NA","NA","Hora",51330.13,45693.26,70706.34,40557.71,50188.88,71133.39,48334.41,38268.17,null,null,"SMMLV"]
["AgenteenlaEntidadCompradoraoBackOfficeAgentetécnicoHoraextradominicalyfestivoPlatinoZona1NANA","IT-BPO-26-39","Agente en la Entidad Compradora o Back Office","Agente técnico","Hora extra dominical y festivo","Platino","Zona 1","NA","NA","Hora",58663,65276.24,80807.72,46163.01,59322.27,101619.29,48334.41,43735.07,null,null,"SMMLV"]
["AgenteenlaEntidadCompradoraoBackOfficeAgentetécnicoServicio7x24PlatinoZona1NANA","IT-BPO-26-40","Agente en la Entidad Compradora o Back Office","Agente técnico","Servicio 7x24","Platino","Zona 1","NA","NA","Mes 7x24",26472303.899999999,24090432.530000001,37170689.329999998,27015247.609999999,31569790.649999999,47947323.450000003,25688014.93,25345906.309999999,null,null,"SMMLV"]
["AgenteenlaEntidadCompradoraoBackOfficeAgentetécnicoJornadaOrdinariaOroZona2NANA","IT-BPO-26-41","Agente en la Entidad Compradora o Back Office","Agente técnico","Jornada Ordinaria","Oro","Zona 2","NA","NA","Mes",6042289.4500000002,6139842.3899999997,10154910.65,6317693.3899999997,7885762.0499999998,8422296.5299999993,5322861.8899999997,6250773.8799999999,null,null,"SMMLV"]
["AgenteenlaEntidadCompradoraoBackOfficeAgentetécnicoHoraextradiurnaOroZona2NANA","IT-BPO-26-42","Agente en la Entidad Compradora o Back Office","Agente técnico","Hora extra diurna","Oro","Zona 2","NA","NA","Hora",35966.01,32638.67,55190.19,29348.19,36648.019999999997,50133.48,34524.58,26876.880000000001,null,null,"SMMLV"]
["AgenteenlaEntidadCompradoraoBackOfficeAgentetécnicoHoraextranocturna OroZona2NANA","IT-BPO-26-43","Agente en la Entidad Compradora o Back Office","Agente técnico","Hora extra nocturna ","Oro","Zona 2","NA","NA","Hora",50352.41,45693.26,77266.490000000005,40557.71,49821.02,70186.22,48334.41,37627.589999999997,null,null,"SMMLV"]
["AgenteenlaEntidadCompradoraoBackOfficeAgentetécnicoHoraextradominicalyfestivoOroZona2NANA","IT-BPO-26-44","Agente en la Entidad Compradora o Back Office","Agente técnico","Hora extra dominical y festivo","Oro","Zona 2","NA","NA","Hora",57545.61,65276.24,88304.09,46163.01,58908.94,100265.87,48334.41,43003.06,null,null,"SMMLV"]
["AgenteenlaEntidadCompradoraoBackOfficeAgentetécnicoServicio7x24OroZona2NANA","IT-BPO-26-45","Agente en la Entidad Compradora o Back Office","Agente técnico","Servicio 7x24","Oro","Zona 2","NA","NA","Mes 7x24",25968069.539999999,24054937.010000002,40619641.490000002,27015247.609999999,30969921.239999998,47302056.380000003,25688014.93,24944873.949999999,null,null,"SMMLV"]
["AgenteenlaEntidadCompradoraoBackOfficeAgentetécnicoJornadaOrdinariaPlatinoZona2NANA","IT-BPO-26-46","Agente en la Entidad Compradora o Back Office","Agente técnico","Jornada Ordinaria","Platino","Zona 2","NA","NA","Mes",6344403.9299999997,6164821.5300000003,9385599.7799999993,6317693.3899999997,7892833.7999999998,8546794.7400000002,5322861.8899999997,6336784.71,null,null,"SMMLV"]
["AgenteenlaEntidadCompradoraoBackOfficeAgentetécnicoHoraextradiurnaPlatinoZona2NANA","IT-BPO-26-47","Agente en la Entidad Compradora o Back Office","Agente técnico","Hora extra diurna","Platino","Zona 2","NA","NA","Hora",37764.31,32638.67,51009.48,29348.19,37503.68,50874.8,34524.58,27334.38,null,null,"SMMLV"]
["AgenteenlaEntidadCompradoraoBackOfficeAgentetécnicoHoraextranocturna PlatinoZona2NANA","IT-BPO-26-48","Agente en la Entidad Compradora o Back Office","Agente técnico","Hora extra nocturna ","Platino","Zona 2","NA","NA","Hora",52870.03,45693.26,71412.62,40557.71,50989.29,71224.28,48334.41,38268.17,null,null,"SMMLV"]
["AgenteenlaEntidadCompradoraoBackOfficeAgentetécnicoHoraextradominicalyfestivoPlatinoZona2NANA","IT-BPO-26-49","Agente en la Entidad Compradora o Back Office","Agente técnico","Hora extra dominical y festivo","Platino","Zona 2","NA","NA","Hora",60422.89,65276.24,81614.73,46163.01,60213.35,101748.5,48334.41,43735.07,null,null,"SMMLV"]
["AgenteenlaEntidadCompradoraoBackOfficeAgentetécnicoServicio7x24PlatinoZona2NANA","IT-BPO-26-50","Agente en la Entidad Compradora o Back Office","Agente técnico","Servicio 7x24","Platino","Zona 2","NA","NA","Mes 7x24",27266473.02,24143675.809999999,37542395.840000004,27015247.609999999,31798170.579999998,48001274.100000001,25688014.93,25345906.309999999,null,null,"SMMLV"]
["AgenteenlaEntidadCompradoraoBackOfficeAgentetécnicoJornadaOrdinariaOroZona3NANA","IT-BPO-26-51","Agente en la Entidad Compradora o Back Office","Agente técnico","Jornada Ordinaria","Oro","Zona 3","NA","NA","Mes",6159615.46,6159825.0499999998,10256459.85,6317693.3899999997,7885762.0499999998,8448880.9399999995,5322861.8899999997,6027531.96,null,null,"SMMLV"]
["AgenteenlaEntidadCompradoraoBackOfficeAgentetécnicoHoraextradiurnaOroZona3NANA","IT-BPO-26-52","Agente en la Entidad Compradora o Back Office","Agente técnico","Hora extra diurna","Oro","Zona 3","NA","NA","Hora",36664.379999999997,32638.67,55742.07,29348.19,36804,50291.16,34524.58,25917.01,null,null,"SMMLV"]
["AgenteenlaEntidadCompradoraoBackOfficeAgentetécnicoHoraextranocturna OroZona3NANA","IT-BPO-26-53","Agente en la Entidad Compradora o Back Office","Agente técnico","Hora extra nocturna ","Oro","Zona 3","NA","NA","Hora",51330.13,45693.26,78039.56,40557.71,50034.1,70407.41,48334.41,36283.81,null,null,"SMMLV"]
["AgenteenlaEntidadCompradoraoBackOfficeAgentetécnicoHoraextradominicalyfestivoOroZona3NANA","IT-BPO-26-54","Agente en la Entidad Compradora o Back Office","Agente técnico","Hora extra dominical y festivo","Oro","Zona 3","NA","NA","Hora",58663,65276.24,89187.75,46163.01,59150.09,100582.32,48334.41,41467.21,null,null,"SMMLV"]
["AgenteenlaEntidadCompradoraoBackOfficeAgentetécnicoServicio7x24OroZona3NANA","IT-BPO-26-55","Agente en la Entidad Compradora o Back Office","Agente técnico","Servicio 7x24","Oro","Zona 3","NA","NA","Mes 7x24",26472303.899999999,24125928.050000001,41025838.310000002,27015247.609999999,31109274.390000001,47434978.43,25688014.93,24053985.559999999,null,null,"SMMLV"]
["AgenteenlaEntidadCompradoraoBackOfficeAgentetécnicoJornadaOrdinariaPlatinoZona3NANA","IT-BPO-26-56","Agente en la Entidad Compradora o Back Office","Agente técnico","Jornada Ordinaria","Platino","Zona 3","NA","NA","Mes",6467596.2400000002,6184804.1900000004,9479456.6099999994,6317693.3899999997,7923874.4400000004,8573771.1600000001,5322861.8899999997,6110470.9900000002,null,null,"SMMLV"]
["AgenteenlaEntidadCompradoraoBackOfficeAgentetécnicoHoraextradiurnaPlatinoZona3NANA","IT-BPO-26-57","Agente en la Entidad Compradora o Back Office","Agente técnico","Hora extra diurna","Platino","Zona 3","NA","NA","Hora",53058.09,32638.67,51519.75,29348.19,37663.64,51034.67,34524.58,26358.18,null,null,"SMMLV"]
["AgenteenlaEntidadCompradoraoBackOfficeAgentetécnicoHoraextranocturna PlatinoZona3NANA","IT-BPO-26-58","Agente en la Entidad Compradora o Back Office","Agente técnico","Hora extra nocturna ","Platino","Zona 3","NA","NA","Hora",53896.639999999999,45693.26,72127.649999999994,40557.71,51208.160000000003,71448.75,48334.41,36901.39,null,null,"SMMLV"]
["AgenteenlaEntidadCompradoraoBackOfficeAgentetécnicoHoraextradominicalyfestivoPlatinoZona3NANA","IT-BPO-26-59","Agente en la Entidad Compradora o Back Office","Agente técnico","Hora extra dominical y festivo","Platino","Zona 3","NA","NA","Hora",61596.15,65276.24,82431.600000000006,46163.01,60461.53,102069.33,48334.41,42173.05,null,null,"SMMLV"]
["AgenteenlaEntidadCompradoraoBackOfficeAgentetécnicoServicio7x24PlatinoZona3NANA","IT-BPO-26-60","Agente en la Entidad Compradora o Back Office","Agente técnico","Servicio 7x24","Platino","Zona 3","NA","NA","Mes 7x24",27795919.100000001,24214666.850000001,37917819.869999997,27015247.609999999,31929252.190000001,48136161.68,25688014.93,24440695.32,null,null,"SMMLV"]
["AgenteenlaEntidadCompradoraoBackOfficeAgenteprofesionalEconomía,administración,contaduríayafinesJornadaOrdinariaOroZona1NA","IT-BPO-26-61","Agente en la Entidad Compradora o Back Office","Agente profesional","Economía, administración, contaduría y afines","Jornada Ordinaria","Oro","Zona 1","NA","Mes",8085042,8365907.3099999996,13162302.960000001,8546887.8200000003,11194327.93,11540466.710000001,10645723.779999999,8224678.4800000004,null,null,"SMMLV"]
["AgenteenlaEntidadCompradoraoBackOfficeAgenteprofesionalEconomía,administración,contaduríayafinesHoraextradiurnaOroZona1NA","IT-BPO-26-62","Agente en la Entidad Compradora o Back Office","Agente profesional","Economía, administración, contaduría y afines","Hora extra diurna","Oro","Zona 1","NA","Hora",48125.25,48957.45,71535.259999999995,40958.480000000003,47636.2,68693.73,69049.16,37376.400000000001,null,null,"SMMLV"]
["AgenteenlaEntidadCompradoraoBackOfficeAgenteprofesionalEconomía,administración,contaduríayafinesHoraextranocturna OroZona1NA","IT-BPO-26-63","Agente en la Entidad Compradora o Back Office","Agente profesional","Economía, administración, contaduría y afines","Hora extra nocturna ","Oro","Zona 1","NA","Hora",67375.350000000006,68540.429999999993,100149.8,56811.89,64821.96,96170.57,74573.100000000006,52326.87,null,null,"SMMLV"]
["AgenteenlaEntidadCompradoraoBackOfficeAgenteprofesionalEconomía,administración,contaduríayafinesHoraextradominicalyfestivoOroZona1NA","IT-BPO-26-64","Agente en la Entidad Compradora o Back Office","Agente profesional","Economía, administración, contaduría y afines","Hora extra dominical y festivo","Oro","Zona 1","NA","Hora",77000.399999999994,97914.9,114455.97,64738.59,83413.289999999994,137387.46,110478.66,59802.22,null,null,"SMMLV"]
["AgenteenlaEntidadCompradoraoBackOfficeAgenteprofesionalEconomía,administración,contaduríayafinesServicio7x24OroZona1NA","IT-BPO-26-65","Agente en la Entidad Compradora o Back Office","Agente profesional","Economía, administración, contaduría y afines","Servicio 7x24","Oro","Zona 1","NA","Mes 7x24",36306345.600000001,32965900.280000001,52649208.560000002,37487902.07,40577466.590000004,65488194.149999999,51376029.859999999,34148357.380000003,null,null,"SMMLV"]
["AgenteenlaEntidadCompradoraoBackOfficeAgenteprofesionalEconomía,administración,contaduríayafinesJornadaOrdinariaPlatinoZona1NA","IT-BPO-26-66","Agente en la Entidad Compradora o Back Office","Agente profesional","Economía, administración, contaduría y afines","Jornada Ordinaria","Platino","Zona 1","NA","Mes",8489294.0999999996,8390886.4499999993,12165158.73,8546887.8200000003,11194327.93,11711056.76,10645723.779999999,8310689.3099999996,null,null,"SMMLV"]
["AgenteenlaEntidadCompradoraoBackOfficeAgenteprofesionalEconomía,administración,contaduríayafinesHoraextradiurnaPlatinoZona1NA","IT-BPO-26-67","Agente en la Entidad Compradora o Back Office","Agente profesional","Economía, administración, contaduría y afines","Hora extra diurna","Platino","Zona 1","NA","Hora",50531.51,48957.45,66116.100000000006,40958.480000000003,48182.01,69708.800000000003,69049.16,37833.89,null,null,"SMMLV"]
["AgenteenlaEntidadCompradoraoBackOfficeAgenteprofesionalEconomía,administración,contaduríayafinesHoraextranocturna PlatinoZona1NA","IT-BPO-26-68","Agente en la Entidad Compradora o Back Office","Agente profesional","Economía, administración, contaduría y afines","Hora extra nocturna ","Platino","Zona 1","NA","Hora",70744.12,68540.429999999993,92561.45,56811.89,65553.14,97592.97,74573.100000000006,52967.45,null,null,"SMMLV"]
["AgenteenlaEntidadCompradoraoBackOfficeAgenteprofesionalEconomía,administración,contaduríayafinesHoraextradominicalyfestivoPlatinoZona1NA","IT-BPO-26-69","Agente en la Entidad Compradora o Back Office","Agente profesional","Economía, administración, contaduría y afines","Hora extra dominical y festivo","Platino","Zona 1","NA","Hora",80850.42,97914.9,105784.67,64738.59,79283.759999999995,139417.59,110478.66,60534.23,null,null,"SMMLV"]
["AgenteenlaEntidadCompradoraoBackOfficeAgenteprofesionalEconomía,administración,contaduríayafinesServicio7x24PlatinoZona1NA","IT-BPO-26-70","Agente en la Entidad Compradora o Back Office","Agente profesional","Economía, administración, contaduría y afines","Servicio 7x24","Platino","Zona 1","NA","Mes 7x24",38121662.880000003,33054640.170000002,48660631.640000001,37487902.07,43325693.590000004,66456239.850000001,51376029.859999999,34549389.740000002,null,null,"SMMLV"]
["AgenteenlaEntidadCompradoraoBackOfficeAgenteprofesionalEconomía,administración,contaduríayafinesJornadaOrdinariaOroZona2NA","IT-BPO-26-71","Agente en la Entidad Compradora o Back Office","Agente profesional","Economía, administración, contaduría y afines","Jornada Ordinaria","Oro","Zona 2","NA","Mes",8327593.2599999998,8380894.5800000001,13293925.25,8546887.8200000003,11194327.93,11551100.25,10645723.779999999,8224678.4800000004,null,null,"SMMLV"]
["AgenteenlaEntidadCompradoraoBackOfficeAgenteprofesionalEconomía,administración,contaduríayafinesHoraextradiurnaOroZona2NA","IT-BPO-26-72","Agente en la Entidad Compradora o Back Office","Agente profesional","Economía, administración, contaduría y afines","Hora extra diurna","Oro","Zona 2","NA","Hora",49569.01,48957.45,72250.289999999994,40958.480000000003,52209.46,68757.240000000005,69049.16,37376.400000000001,null,null,"SMMLV"]
["AgenteenlaEntidadCompradoraoBackOfficeAgenteprofesionalEconomía,administración,contaduríayafinesHoraextranocturna OroZona2NA","IT-BPO-26-73","Agente en la Entidad Compradora o Back Office","Agente profesional","Economía, administración, contaduría y afines","Hora extra nocturna ","Oro","Zona 2","NA","Hora",69396.61,68540.429999999993,101150.63,56811.89,71316,96259.26,74573.100000000006,52326.87,null,null,"SMMLV"]
["AgenteenlaEntidadCompradoraoBackOfficeAgenteprofesionalEconomía,administración,contaduríayafinesHoraextradominicalyfestivoOroZona2NA","IT-BPO-26-74","Agente en la Entidad Compradora o Back Office","Agente profesional","Economía, administración, contaduría y afines","Hora extra dominical y festivo","Oro","Zona 2","NA","Hora",79310.41,97914.9,115600.25,64738.59,87840.66,137513.39000000001,110478.66,59802.22,null,null,"SMMLV"]
["AgenteenlaEntidadCompradoraoBackOfficeAgenteprofesionalEconomía,administración,contaduríayafinesServicio7x24OroZona2NA","IT-BPO-26-75","Agente en la Entidad Compradora o Back Office","Agente profesional","Economía, administración, contaduría y afines","Servicio 7x24","Oro","Zona 2","NA","Mes 7x24",37395535.969999999,33019144.649999999,53175699.890000001,37487902.07,40811440.979999997,65541361.880000003,51376029.859999999,34148357.380000003,null,null,"SMMLV"]
["AgenteenlaEntidadCompradoraoBackOfficeAgenteprofesionalEconomía,administración,contaduríayafinesJornadaOrdinariaPlatinoZona2NA","IT-BPO-26-76","Agente en la Entidad Compradora o Back Office","Agente profesional","Economía, administración, contaduría y afines","Jornada Ordinaria","Platino","Zona 2","NA","Mes",8743972.9199999999,8405872.6199999992,12286811.039999999,8546887.8200000003,11194327.93,11721847.98,10645723.779999999,8310689.3099999996,null,null,"SMMLV"]
["AgenteenlaEntidadCompradoraoBackOfficeAgenteprofesionalEconomía,administración,contaduríayafinesHoraextradiurnaPlatinoZona2NA","IT-BPO-26-77","Agente en la Entidad Compradora o Back Office","Agente profesional","Economía, administración, contaduría y afines","Hora extra diurna","Platino","Zona 2","NA","Hora",52047.46,48957.45,66777.48,40958.480000000003,49218.71,69773.399999999994,69049.16,37833.89,null,null,"SMMLV"]
["AgenteenlaEntidadCompradoraoBackOfficeAgenteprofesionalEconomía,administración,contaduríayafinesHoraextranocturna PlatinoZona2NA","IT-BPO-26-78","Agente en la Entidad Compradora o Back Office","Agente profesional","Economía, administración, contaduría y afines","Hora extra nocturna ","Platino","Zona 2","NA","Hora",72866.44,68540.429999999993,93487.82,56811.89,66907.06,97682.76,74573.100000000006,52967.45,null,null,"SMMLV"]
["AgenteenlaEntidadCompradoraoBackOfficeAgenteprofesionalEconomía,administración,contaduríayafinesHoraextradominicalyfestivoPlatinoZona2NA","IT-BPO-26-79","Agente en la Entidad Compradora o Back Office","Agente profesional","Economía, administración, contaduría y afines","Hora extra dominical y festivo","Platino","Zona 2","NA","Hora",83275.929999999993,97914.9,106842.44,64738.59,83829.990000000005,139546.79999999999,110478.66,60534.23,null,null,"SMMLV"]
["AgenteenlaEntidadCompradoraoBackOfficeAgenteprofesionalEconomía,administración,contaduríayafinesServicio7x24PlatinoZona2NA","IT-BPO-26-80","Agente en la Entidad Compradora o Back Office","Agente profesional","Economía, administración, contaduría y afines","Servicio 7x24","Platino","Zona 2","NA","Mes 7x24",39265312.770000003,33107883.449999999,49147238.689999998,37487902.07,43630331.43,66510195.979999997,51376029.859999999,34549389.740000002,null,null,"SMMLV"]
["AgenteenlaEntidadCompradoraoBackOfficeAgenteprofesionalEconomía,administración,contaduríayafinesJornadaOrdinariaOroZona3NA","IT-BPO-26-81","Agente en la Entidad Compradora o Back Office","Agente profesional","Economía, administración, contaduría y afines","Jornada Ordinaria","Oro","Zona 3","NA","Mes",8489294.0999999996,8400877.2300000004,13426865.91,8546887.8200000003,11194327.93,11577684.66,10645723.779999999,7930939.9100000001,null,null,"SMMLV"]
["AgenteenlaEntidadCompradoraoBackOfficeAgenteprofesionalEconomía,administración,contaduríayafinesHoraextradiurnaOroZona3NA","IT-BPO-26-82","Agente en la Entidad Compradora o Back Office","Agente profesional","Economía, administración, contaduría y afines","Hora extra diurna","Oro","Zona 3","NA","Hora",50531.51,48957.45,72972.990000000005,40958.480000000003,52429.26,68914.92,69049.16,36041.49,null,null,"SMMLV"]
["AgenteenlaEntidadCompradoraoBackOfficeAgenteprofesionalEconomía,administración,contaduríayafinesHoraextranocturna OroZona3NA","IT-BPO-26-83","Agente en la Entidad Compradora o Back Office","Agente profesional","Economía, administración, contaduría y afines","Hora extra nocturna ","Oro","Zona 3","NA","Hora",70744.12,68540.429999999993,102162.41,56811.89,71617.3,96481.55,74573.100000000006,50458.15,null,null,"SMMLV"]
["AgenteenlaEntidadCompradoraoBackOfficeAgenteprofesionalEconomía,administración,contaduríayafinesHoraextradominicalyfestivoOroZona3NA","IT-BPO-26-84","Agente en la Entidad Compradora o Back Office","Agente profesional","Economía, administración, contaduría y afines","Hora extra dominical y festivo","Oro","Zona 3","NA","Hora",80850.42,97914.9,116756.57,64738.59,88250.94,137829.84,110478.66,57666.42,null,null,"SMMLV"]
["AgenteenlaEntidadCompradoraoBackOfficeAgenteprofesionalEconomía,administración,contaduríayafinesServicio7x24OroZona3NA","IT-BPO-26-85","Agente en la Entidad Compradora o Back Office","Agente profesional","Economía, administración, contaduría y afines","Servicio 7x24","Oro","Zona 3","NA","Mes 7x24",38121662.880000003,33090135.690000001,53707458.170000002,37487902.07,40967423.670000002,65674283.93,51376029.859999999,32928773.210000001,null,null,"SMMLV"]
["AgenteenlaEntidadCompradoraoBackOfficeAgenteprofesionalEconomía,administración,contaduríayafinesJornadaOrdinariaPlatinoZona3NA","IT-BPO-26-86","Agente en la Entidad Compradora o Back Office","Agente profesional","Economía, administración, contaduría y afines","Jornada Ordinaria","Platino","Zona 3","NA","Mes",8913758.8100000005,8425856.3699999992,12409678.800000001,8546887.8200000003,11194327.93,11748825.5,10645723.779999999,8013878.9400000004,null,null,"SMMLV"]
["AgenteenlaEntidadCompradoraoBackOfficeAgenteprofesionalEconomía,administración,contaduríayafinesHoraextradiurnaPlatinoZona3NA","IT-BPO-26-87","Agente en la Entidad Compradora o Back Office","Agente profesional","Economía, administración, contaduría y afines","Hora extra diurna","Platino","Zona 3","NA","Hora",53058.09,48957.45,67444.34,40958.480000000003,49489.78,69934.37,69049.16,36482.660000000003,null,null,"SMMLV"]
["AgenteenlaEntidadCompradoraoBackOfficeAgenteprofesionalEconomía,administración,contaduríayafinesHoraextranocturna PlatinoZona3NA","IT-BPO-26-88","Agente en la Entidad Compradora o Back Office","Agente profesional","Economía, administración, contaduría y afines","Hora extra nocturna ","Platino","Zona 3","NA","Hora",74281.320000000007,68540.429999999993,94422.95,56811.89,67278.509999999995,97907.24,74573.100000000006,51075.73,null,null,"SMMLV"]
["AgenteenlaEntidadCompradoraoBackOfficeAgenteprofesionalEconomía,administración,contaduríayafinesHoraextradominicalyfestivoPlatinoZona3NA","IT-BPO-26-89","Agente en la Entidad Compradora o Back Office","Agente profesional","Economía, administración, contaduría y afines","Hora extra dominical y festivo","Platino","Zona 3","NA","Hora",84892.94,97914.9,107911.16,64738.59,90481.11,139867.64000000001,110478.66,58372.26,null,null,"SMMLV"]
["AgenteenlaEntidadCompradoraoBackOfficeAgenteprofesionalEconomía,administración,contaduríayafinesServicio7x24PlatinoZona3NA","IT-BPO-26-90","Agente en la Entidad Compradora o Back Office","Agente profesional","Economía, administración, contaduría y afines","Servicio 7x24","Platino","Zona 3","NA","Mes 7x24",40027746.020000003,33178875.59,49638710.82,37487902.07,43812250.789999999,66645078.079999998,51376029.859999999,33315482.969999999,null,null,"SMMLV"]
["AgenteenlaEntidadCompradoraoBackOfficeAgenteprofesionalCienciassociales,humanasyafinesJornadaOrdinariaOroZona1NA","IT-BPO-26-91","Agente en la Entidad Compradora o Back Office","Agente profesional","Ciencias sociales, humanas y afines","Jornada Ordinaria","Oro","Zona 1","NA","Mes",8085042,8365907.3099999996,13162302.960000001,8546887.8200000003,11194327.93,11540466.710000001,10645723.779999999,8224678.4800000004,null,null,"SMMLV"]
["AgenteenlaEntidadCompradoraoBackOfficeAgenteprofesionalCienciassociales,humanasyafinesHoraextradiurnaOroZona1NA","IT-BPO-26-92","Agente en la Entidad Compradora o Back Office","Agente profesional","Ciencias sociales, humanas y afines","Hora extra diurna","Oro","Zona 1","NA","Hora",48125.25,48957.45,71535.259999999995,40958.480000000003,47636.2,68693.73,69049.16,37376.400000000001,null,null,"SMMLV"]
["AgenteenlaEntidadCompradoraoBackOfficeAgenteprofesionalCienciassociales,humanasyafinesHoraextranocturna OroZona1NA","IT-BPO-26-93","Agente en la Entidad Compradora o Back Office","Agente profesional","Ciencias sociales, humanas y afines","Hora extra nocturna ","Oro","Zona 1","NA","Hora",67375.350000000006,68540.429999999993,100149.8,56811.89,64821.96,96170.57,74573.100000000006,52326.87,null,null,"SMMLV"]
["AgenteenlaEntidadCompradoraoBackOfficeAgenteprofesionalCienciassociales,humanasyafinesHoraextradominicalyfestivoOroZona1NA","IT-BPO-26-94","Agente en la Entidad Compradora o Back Office","Agente profesional","Ciencias sociales, humanas y afines","Hora extra dominical y festivo","Oro","Zona 1","NA","Hora",77000.399999999994,97914.9,114455.97,64738.59,83413.289999999994,137387.46,110478.66,59802.22,null,null,"SMMLV"]
["AgenteenlaEntidadCompradoraoBackOfficeAgenteprofesionalCienciassociales,humanasyafinesServicio7x24OroZona1NA","IT-BPO-26-95","Agente en la Entidad Compradora o Back Office","Agente profesional","Ciencias sociales, humanas y afines","Servicio 7x24","Oro","Zona 1","NA","Mes 7x24",36306345.600000001,32965900.280000001,52649208.560000002,37487902.07,40577466.590000004,65488194.149999999,51376029.859999999,34148357.380000003,null,null,"SMMLV"]
["AgenteenlaEntidadCompradoraoBackOfficeAgenteprofesionalCienciassociales,humanasyafinesJornadaOrdinariaPlatinoZona1NA","IT-BPO-26-96","Agente en la Entidad Compradora o Back Office","Agente profesional","Ciencias sociales, humanas y afines","Jornada Ordinaria","Platino","Zona 1","NA","Mes",8489294.0999999996,8390886.4499999993,12165158.73,8546887.8200000003,11194327.93,11711056.76,10645723.779999999,8310689.3099999996,null,null,"SMMLV"]
["AgenteenlaEntidadCompradoraoBackOfficeAgenteprofesionalCienciassociales,humanasyafinesHoraextradiurnaPlatinoZona1NA","IT-BPO-26-97","Agente en la Entidad Compradora o Back Office","Agente profesional","Ciencias sociales, humanas y afines","Hora extra diurna","Platino","Zona 1","NA","Hora",50531.51,48957.45,66116.100000000006,40958.480000000003,48182.01,69708.800000000003,69049.16,37833.89,null,null,"SMMLV"]
["AgenteenlaEntidadCompradoraoBackOfficeAgenteprofesionalCienciassociales,humanasyafinesHoraextranocturna PlatinoZona1NA","IT-BPO-26-98","Agente en la Entidad Compradora o Back Office","Agente profesional","Ciencias sociales, humanas y afines","Hora extra nocturna ","Platino","Zona 1","NA","Hora",70744.12,68540.429999999993,92561.45,56811.89,65553.14,97592.97,74573.100000000006,52967.45,null,null,"SMMLV"]
["AgenteenlaEntidadCompradoraoBackOfficeAgenteprofesionalCienciassociales,humanasyafinesHoraextradominicalyfestivoPlatinoZona1NA","IT-BPO-26-99","Agente en la Entidad Compradora o Back Office","Agente profesional","Ciencias sociales, humanas y afines","Hora extra dominical y festivo","Platino","Zona 1","NA","Hora",80850.42,97914.9,105784.67,64738.59,79283.759999999995,139417.59,110478.66,60534.23,null,null,"SMMLV"]
["AgenteenlaEntidadCompradoraoBackOfficeAgenteprofesionalCienciassociales,humanasyafinesServicio7x24PlatinoZona1NA","IT-BPO-26-100","Agente en la Entidad Compradora o Back Office","Agente profesional","Ciencias sociales, humanas y afines","Servicio 7x24","Platino","Zona 1","NA","Mes 7x24",38121662.880000003,33054640.170000002,48660631.640000001,37487902.07,43325693.590000004,66456239.850000001,51376029.859999999,34549389.740000002,null,null,"SMMLV"]
["AgenteenlaEntidadCompradoraoBackOfficeAgenteprofesionalCienciassociales,humanasyafinesJornadaOrdinariaOroZona2NA","IT-BPO-26-101","Agente en la Entidad Compradora o Back Office","Agente profesional","Ciencias sociales, humanas y afines","Jornada Ordinaria","Oro","Zona 2","NA","Mes",8327593.2599999998,8380894.5800000001,13293925.25,8546887.8200000003,11194327.93,11551100.25,10645723.779999999,8224678.4800000004,null,null,"SMMLV"]
[{"$f":"SUBSTITUTE(C642&D642&E642&F642&G642&H642&I642,\" \",\"\")","v":"AgenteenlaEntidadCompradoraoBackOfficeAgenteprofesionalCienciassociales,humanasyafinesHoraextradiurnaOroZona2NA"},"IT-BPO-26-102","Agente en la Entidad Compradora o Back Office","Agente profesional","Ciencias sociales, humanas y afines","Hora extra diurna","Oro","Zona 2","NA","Hora",49569.01,48957.45,72250.289999999994,40958.480000000003,52209.46,68757.240000000005,69049.16,37376.400000000001,null,null,"SMMLV"]
["AgenteenlaEntidadCompradoraoBackOfficeAgenteprofesionalCienciassociales,humanasyafinesHoraextranocturna OroZona2NA","IT-BPO-26-103","Agente en la Entidad Compradora o Back Office","Agente profesional","Ciencias sociales, humanas y afines","Hora extra nocturna ","Oro","Zona 2","NA","Hora",69396.61,68540.429999999993,101150.63,56811.89,71316,96259.26,74573.100000000006,52326.87,null,null,"SMMLV"]
["AgenteenlaEntidadCompradoraoBackOfficeAgenteprofesionalCienciassociales,humanasyafinesHoraextradominicalyfestivoOroZona2NA","IT-BPO-26-104","Agente en la Entidad Compradora o Back Office","Agente profesional","Ciencias sociales, humanas y afines","Hora extra dominical y festivo","Oro","Zona 2","NA","Hora",79310.41,97914.9,115600.25,64738.59,87840.66,137513.39000000001,110478.66,59802.22,null,null,"SMMLV"]
["AgenteenlaEntidadCompradoraoBackOfficeAgenteprofesionalCienciassociales,humanasyafinesServicio7x24OroZona2NA","IT-BPO-26-105","Agente en la Entidad Compradora o Back Office","Agente profesional","Ciencias sociales, humanas y afines","Servicio 7x24","Oro","Zona 2","NA","Mes 7x24",37395535.969999999,33019144.649999999,53175699.890000001,37487902.07,40811440.979999997,65541361.880000003,51376029.859999999,34148357.380000003,null,null,"SMMLV"]
["AgenteenlaEntidadCompradoraoBackOfficeAgenteprofesionalCienciassociales,humanasyafinesJornadaOrdinariaPlatinoZona2NA","IT-BPO-26-106","Agente en la Entidad Compradora o Back Office","Agente profesional","Ciencias sociales, humanas y afines","Jornada Ordinaria","Platino","Zona 2","NA","Mes",8743972.9199999999,8405872.6199999992,12286811.039999999,8546887.8200000003,11194327.93,11721847.98,10645723.779999999,8310689.3099999996,null,null,"SMMLV"]
["AgenteenlaEntidadCompradoraoBackOfficeAgenteprofesionalCienciassociales,humanasyafinesHoraextradiurnaPlatinoZona2NA","IT-BPO-26-107","Agente en la Entidad Compradora o Back Office","Agente profesional","Ciencias sociales, humanas y afines","Hora extra diurna","Platino","Zona 2","NA","Hora",52047.46,48957.45,66777.48,40958.480000000003,49218.71,69773.399999999994,69049.16,37833.89,null,null,"SMMLV"]
["AgenteenlaEntidadCompradoraoBackOfficeAgenteprofesionalCienciassociales,humanasyafinesHoraextranocturna PlatinoZona2NA","IT-BPO-26-108","Agente en la Entidad Compradora o Back Office","Agente profesional","Ciencias sociales, humanas y afines","Hora extra nocturna ","Platino","Zona 2","NA","Hora",72866.44,68540.429999999993,93487.82,56811.89,66907.06,97682.76,74573.100000000006,52967.45,null,null,"SMMLV"]
["AgenteenlaEntidadCompradoraoBackOfficeAgenteprofesionalCienciassociales,humanasyafinesHoraextradominicalyfestivoPlatinoZona2NA","IT-BPO-26-109","Agente en la Entidad Compradora o Back Office","Agente profesional","Ciencias sociales, humanas y afines","Hora extra dominical y festivo","Platino","Zona 2","NA","Hora",83275.929999999993,97914.9,106842.44,64738.59,83829.990000000005,139546.79999999999,110478.66,60534.23,null,null,"SMMLV"]
["AgenteenlaEntidadCompradoraoBackOfficeAgenteprofesionalCienciassociales,humanasyafinesServicio7x24PlatinoZona2NA","IT-BPO-26-110","Agente en la Entidad Compradora o Back Office","Agente profesional","Ciencias sociales, humanas y afines","Servicio 7x24","Platino","Zona 2","NA","Mes 7x24",39265312.770000003,33107883.449999999,49147238.689999998,37487902.07,43630331.43,66510195.979999997,51376029.859999999,34549389.740000002,null,null,"SMMLV"]
["AgenteenlaEntidadCompradoraoBackOfficeAgenteprofesionalCienciassociales,humanasyafinesJornadaOrdinariaOroZona3NA","IT-BPO-26-111","Agente en la Entidad Compradora o Back Office","Agente profesional","Ciencias sociales, humanas y afines","Jornada Ordinaria","Oro","Zona 3","NA","Mes",8489294.0999999996,8400877.2300000004,13426865.91,8546887.8200000003,11194327.93,11577684.66,10645723.779999999,7930939.9100000001,null,null,"SMMLV"]
["AgenteenlaEntidadCompradoraoBackOfficeAgenteprofesionalCienciassociales,humanasyafinesHoraextradiurnaOroZona3NA","IT-BPO-26-112","Agente en la Entidad Compradora o Back Office","Agente profesional","Ciencias sociales, humanas y afines","Hora extra diurna","Oro","Zona 3","NA","Hora",50531.51,48957.45,72972.990000000005,40958.480000000003,52429.26,68914.92,69049.16,36041.49,null,null,"SMMLV"]
["AgenteenlaEntidadCompradoraoBackOfficeAgenteprofesionalCienciassociales,humanasyafinesHoraextranocturna OroZona3NA","IT-BPO-26-113","Agente en la Entidad Compradora o Back Office","Agente profesional","Ciencias sociales, humanas y afines","Hora extra nocturna ","Oro","Zona 3","NA","Hora",70744.12,68540.429999999993,102162.41,56811.89,71617.3,96481.55,74573.100000000006,50458.15,null,null,"SMMLV"]
["AgenteenlaEntidadCompradoraoBackOfficeAgenteprofesionalCienciassociales,humanasyafinesHoraextradominicalyfestivoOroZona3NA","IT-BPO-26-114","Agente en la Entidad Compradora o Back Office","Agente profesional","Ciencias sociales, humanas y afines","Hora extra dominical y festivo","Oro","Zona 3","NA","Hora",80850.42,97914.9,116756.57,64738.59,88250.94,137829.84,110478.66,57666.42,null,null,"SMMLV"]
["AgenteenlaEntidadCompradoraoBackOfficeAgenteprofesionalCienciassociales,humanasyafinesServicio7x24OroZona3NA","IT-BPO-26-115","Agente en la Entidad Compradora o Back Office","Agente profesional","Ciencias sociales, humanas y afines","Servicio 7x24","Oro","Zona 3","NA","Mes 7x24",38121662.880000003,33090135.690000001,53707458.170000002,37487902.07,40967423.670000002,65674283.93,51376029.859999999,32928773.210000001,null,null,"SMMLV"]
["AgenteenlaEntidadCompradoraoBackOfficeAgenteprofesionalCienciassociales,humanasyafinesJornadaOrdinariaPlatinoZona3NA","IT-BPO-26-116","Agente en la Entidad Compradora o Back Office","Agente profesional","Ciencias sociales, humanas y afines","Jornada Ordinaria","Platino","Zona 3","NA","Mes",8913758.8100000005,8425856.3699999992,12409678.800000001,8546887.8200000003,11194327.93,11748825.5,10645723.779999999,8013878.9400000004,null,null,"SMMLV"]
["AgenteenlaEntidadCompradoraoBackOfficeAgenteprofesionalCienciassociales,humanasyafinesHoraextradiurnaPlatinoZona3NA","IT-BPO-26-117","Agente en la Entidad Compradora o Back Office","Agente profesional","Ciencias sociales, humanas y afines","Hora extra diurna","Platino","Zona 3","NA","Hora",53058.09,48957.45,67444.34,40958.480000000003,49489.78,69934.37,69049.16,36482.660000000003,null,null,"SMMLV"]
["AgenteenlaEntidadCompradoraoBackOfficeAgenteprofesionalCienciassociales,humanasyafinesHoraextranocturna PlatinoZona3NA","IT-BPO-26-118","Agente en la Entidad Compradora o Back Office","Agente profesional","Ciencias sociales, humanas y afines","Hora extra nocturna ","Platino","Zona 3","NA","Hora",74281.320000000007,68540.429999999993,94422.95,56811.89,67278.509999999995,97907.24,74573.100000000006,51075.73,null,null,"SMMLV"]
["AgenteenlaEntidadCompradoraoBackOfficeAgenteprofesionalCienciassociales,humanasyafinesHoraextradominicalyfestivoPlatinoZona3NA","IT-BPO-26-119","Agente en la Entidad Compradora o Back Office","Agente profesional","Ciencias sociales, humanas y afines","Hora extra dominical y festivo","Platino","Zona 3","NA","Hora",84892.94,97914.9,107911.16,64738.59,90481.11,139867.64000000001,110478.66,58372.26,null,null,"SMMLV"]
["AgenteenlaEntidadCompradoraoBackOfficeAgenteprofesionalCienciassociales,humanasyafinesServicio7x24PlatinoZona3NA","IT-BPO-26-120","Agente en la Entidad Compradora o Back Office","Agente profesional","Ciencias sociales, humanas y afines","Servicio 7x24","Platino","Zona 3","NA","Mes 7x24",40027746.020000003,33178875.59,49638710.82,37487902.07,43812250.789999999,66645078.079999998,51376029.859999999,33315482.969999999,null,null,"SMMLV"]
["AgenteenlaEntidadCompradoraoBackOfficeAgenteprofesionalIngeniería,arquitectura,urbanismoyafinesJornadaOrdinariaOroZona1NA","IT-BPO-26-121","Agente en la Entidad Compradora o Back Office","Agente profesional","Ingeniería, arquitectura, urbanismo y afines","Jornada Ordinaria","Oro","Zona 1","NA","Mes",8085042,8365907.3099999996,13162302.960000001,8546887.8200000003,11194327.93,11540466.710000001,10645723.779999999,8224678.4800000004,null,null,"SMMLV"]
["AgenteenlaEntidadCompradoraoBackOfficeAgenteprofesionalIngeniería,arquitectura,urbanismoyafinesHoraextradiurnaOroZona1NA","IT-BPO-26-122","Agente en la Entidad Compradora o Back Office","Agente profesional","Ingeniería, arquitectura, urbanismo y afines","Hora extra diurna","Oro","Zona 1","NA","Hora",48125.25,48957.45,71535.259999999995,40958.480000000003,47636.2,68693.73,69049.16,37376.400000000001,null,null,"SMMLV"]
["AgenteenlaEntidadCompradoraoBackOfficeAgenteprofesionalIngeniería,arquitectura,urbanismoyafinesHoraextranocturna OroZona1NA","IT-BPO-26-123","Agente en la Entidad Compradora o Back Office","Agente profesional","Ingeniería, arquitectura, urbanismo y afines","Hora extra nocturna ","Oro","Zona 1","NA","Hora",67375.350000000006,68540.429999999993,100149.8,56811.89,64821.96,96170.57,74573.100000000006,52326.87,null,null,"SMMLV"]
["AgenteenlaEntidadCompradoraoBackOfficeAgenteprofesionalIngeniería,arquitectura,urbanismoyafinesHoraextradominicalyfestivoOroZona1NA","IT-BPO-26-124","Agente en la Entidad Compradora o Back Office","Agente profesional","Ingeniería, arquitectura, urbanismo y afines","Hora extra dominical y festivo","Oro","Zona 1","NA","Hora",77000.399999999994,97914.9,114455.97,64738.59,83413.289999999994,137387.46,110478.66,59802.22,null,null,"SMMLV"]
["AgenteenlaEntidadCompradoraoBackOfficeAgenteprofesionalIngeniería,arquitectura,urbanismoyafinesServicio7x24OroZona1NA","IT-BPO-26-125","Agente en la Entidad Compradora o Back Office","Agente profesional","Ingeniería, arquitectura, urbanismo y afines","Servicio 7x24","Oro","Zona 1","NA","Mes 7x24",36306345.600000001,32965900.280000001,52649208.560000002,37487902.07,40577466.590000004,65488194.149999999,51376029.859999999,34148357.380000003,null,null,"SMMLV"]
["AgenteenlaEntidadCompradoraoBackOfficeAgenteprofesionalIngeniería,arquitectura,urbanismoyafinesJornadaOrdinariaPlatinoZona1NA","IT-BPO-26-126","Agente en la Entidad Compradora o Back Office","Agente profesional","Ingeniería, arquitectura, urbanismo y afines","Jornada Ordinaria","Platino","Zona 1","NA","Mes",8489294.0999999996,8390886.4499999993,12165158.73,8546887.8200000003,11194327.93,11711056.76,10645723.779999999,8310689.3099999996,null,null,"SMMLV"]
["AgenteenlaEntidadCompradoraoBackOfficeAgenteprofesionalIngeniería,arquitectura,urbanismoyafinesHoraextradiurnaPlatinoZona1NA","IT-BPO-26-127","Agente en la Entidad Compradora o Back Office","Agente profesional","Ingeniería, arquitectura, urbanismo y afines","Hora extra diurna","Platino","Zona 1","NA","Hora",50531.51,48957.45,66116.100000000006,40958.480000000003,48182.01,69708.800000000003,69049.16,37833.89,null,null,"SMMLV"]
["AgenteenlaEntidadCompradoraoBackOfficeAgenteprofesionalIngeniería,arquitectura,urbanismoyafinesHoraextranocturna PlatinoZona1NA","IT-BPO-26-128","Agente en la Entidad Compradora o Back Office","Agente profesional","Ingeniería, arquitectura, urbanismo y afines","Hora extra nocturna ","Platino","Zona 1","NA","Hora",70744.12,68540.429999999993,92561.45,56811.89,65553.14,97592.97,74573.100000000006,52967.45,null,null,"SMMLV"]
["AgenteenlaEntidadCompradoraoBackOfficeAgenteprofesionalIngeniería,arquitectura,urbanismoyafinesHoraextradominicalyfestivoPlatinoZona1NA","IT-BPO-26-129","Agente en la Entidad Compradora o Back Office","Agente profesional","Ingeniería, arquitectura, urbanismo y afines","Hora extra dominical y festivo","Platino","Zona 1","NA","Hora",80850.42,97914.9,105784.67,64738.59,79283.759999999995,139417.59,110478.66,60534.23,null,null,"SMMLV"]
["AgenteenlaEntidadCompradoraoBackOfficeAgenteprofesionalIngeniería,arquitectura,urbanismoyafinesServicio7x24PlatinoZona1NA","IT-BPO-26-130","Agente en la Entidad Compradora o Back Office","Agente profesional","Ingeniería, arquitectura, urbanismo y afines","Servicio 7x24","Platino","Zona 1","NA","Mes 7x24",38121662.880000003,33054640.170000002,48660631.640000001,37487902.07,43325693.590000004,66456239.850000001,51376029.859999999,34549389.740000002,null,null,"SMMLV"]
["AgenteenlaEntidadCompradoraoBackOfficeAgenteprofesionalIngeniería,arquitectura,urbanismoyafinesJornadaOrdinariaOroZona2NA","IT-BPO-26-131","Agente en la Entidad Compradora o Back Office","Agente profesional","Ingeniería, arquitectura, urbanismo y afines","Jornada Ordinaria","Oro","Zona 2","NA","Mes",8327593.2599999998,8380894.5800000001,13293925.25,8546887.8200000003,11194327.93,11551100.25,10645723.779999999,8224678.4800000004,null,null,"SMMLV"]
["AgenteenlaEntidadCompradoraoBackOfficeAgenteprofesionalIngeniería,arquitectura,urbanismoyafinesHoraextradiurnaOroZona2NA","IT-BPO-26-132","Agente en la Entidad Compradora o Back Office","Agente profesional","Ingeniería, arquitectura, urbanismo y afines","Hora extra diurna","Oro","Zona 2","NA","Hora",49569.01,48957.45,72250.289999999994,40958.480000000003,52209.46,68757.240000000005,69049.16,37376.400000000001,null,null,"SMMLV"]
["AgenteenlaEntidadCompradoraoBackOfficeAgenteprofesionalIngeniería,arquitectura,urbanismoyafinesHoraextranocturna OroZona2NA","IT-BPO-26-133","Agente en la Entidad Compradora o Back Office","Agente profesional","Ingeniería, arquitectura, urbanismo y afines","Hora extra nocturna ","Oro","Zona 2","NA","Hora",69396.61,68540.429999999993,101150.63,56811.89,71316,96259.26,74573.100000000006,52326.87,null,null,"SMMLV"]
["AgenteenlaEntidadCompradoraoBackOfficeAgenteprofesionalIngeniería,arquitectura,urbanismoyafinesHoraextradominicalyfestivoOroZona2NA","IT-BPO-26-134","Agente en la Entidad Compradora o Back Office","Agente profesional","Ingeniería, arquitectura, urbanismo y afines","Hora extra dominical y festivo","Oro","Zona 2","NA","Hora",79310.41,97914.9,115600.25,64738.59,87840.66,137513.39000000001,110478.66,59802.22,null,null,"SMMLV"]
["AgenteenlaEntidadCompradoraoBackOfficeAgenteprofesionalIngeniería,arquitectura,urbanismoyafinesServicio7x24OroZona2NA","IT-BPO-26-135","Agente en la Entidad Compradora o Back Office","Agente profesional","Ingeniería, arquitectura, urbanismo y afines","Servicio 7x24","Oro","Zona 2","NA","Mes 7x24",37395535.969999999,33019144.649999999,53175699.890000001,37487902.07,40811440.979999997,65541361.880000003,51376029.859999999,34148357.380000003,null,null,"SMMLV"]
["AgenteenlaEntidadCompradoraoBackOfficeAgenteprofesionalIngeniería,arquitectura,urbanismoyafinesJornadaOrdinariaPlatinoZona2NA","IT-BPO-26-136","Agente en la Entidad Compradora o Back Office","Agente profesional","Ingeniería, arquitectura, urbanismo y afines","Jornada Ordinaria","Platino","Zona 2","NA","Mes",8743972.9199999999,8405872.6199999992,12286811.039999999,8546887.8200000003,11194327.93,11721847.98,10645723.779999999,8310689.3099999996,null,null,"SMMLV"]
["AgenteenlaEntidadCompradoraoBackOfficeAgenteprofesionalIngeniería,arquitectura,urbanismoyafinesHoraextradiurnaPlatinoZona2NA","IT-BPO-26-137","Agente en la Entidad Compradora o Back Office","Agente profesional","Ingeniería, arquitectura, urbanismo y afines","Hora extra diurna","Platino","Zona 2","NA","Hora",52047.46,48957.45,66777.48,40958.480000000003,49218.71,69773.399999999994,69049.16,37833.89,null,null,"SMMLV"]
["AgenteenlaEntidadCompradoraoBackOfficeAgenteprofesionalIngeniería,arquitectura,urbanismoyafinesHoraextranocturna PlatinoZona2NA","IT-BPO-26-138","Agente en la Entidad Compradora o Back Office","Agente profesional","Ingeniería, arquitectura, urbanismo y afines","Hora extra nocturna ","Platino","Zona 2","NA","Hora",72866.44,68540.429999999993,93487.82,56811.89,66907.06,97682.76,74573.100000000006,52967.45,null,null,"SMMLV"]
["AgenteenlaEntidadCompradoraoBackOfficeAgenteprofesionalIngeniería,arquitectura,urbanismoyafinesHoraextradominicalyfestivoPlatinoZona2NA","IT-BPO-26-139","Agente en la Entidad Compradora o Back Office","Agente profesional","Ingeniería, arquitectura, urbanismo y afines","Hora extra dominical y festivo","Platino","Zona 2","NA","Hora",83275.929999999993,97914.9,106842.44,64738.59,83829.990000000005,139546.79999999999,110478.66,60534.23,null,null,"SMMLV"]
["AgenteenlaEntidadCompradoraoBackOfficeAgenteprofesionalIngeniería,arquitectura,urbanismoyafinesServicio7x24PlatinoZona2NA","IT-BPO-26-140","Agente en la Entidad Compradora o Back Office","Agente profesional","Ingeniería, arquitectura, urbanismo y afines","Servicio 7x24","Platino","Zona 2","NA","Mes 7x24",39265312.770000003,33107883.449999999,49147238.689999998,37487902.07,43630331.43,66510195.979999997,51376029.859999999,34549389.740000002,null,null,"SMMLV"]
["AgenteenlaEntidadCompradoraoBackOfficeAgenteprofesionalIngeniería,arquitectura,urbanismoyafinesJornadaOrdinariaOroZona3NA","IT-BPO-26-141","Agente en la Entidad Compradora o Back Office","Agente profesional","Ingeniería, arquitectura, urbanismo y afines","Jornada Ordinaria","Oro","Zona 3","NA","Mes",8489294.0999999996,8400877.2300000004,13426865.91,8546887.8200000003,11194327.93,11577684.66,10645723.779999999,7930939.9100000001,null,null,"SMMLV"]
["AgenteenlaEntidadCompradoraoBackOfficeAgenteprofesionalIngeniería,arquitectura,urbanismoyafinesHoraextradiurnaOroZona3NA","IT-BPO-26-142","Agente en la Entidad Compradora o Back Office","Agente profesional","Ingeniería, arquitectura, urbanismo y afines","Hora extra diurna","Oro","Zona 3","NA","Hora",50531.51,48957.45,72972.990000000005,40958.480000000003,52429.26,68914.92,69049.16,36041.49,null,null,"SMMLV"]
["AgenteenlaEntidadCompradoraoBackOfficeAgenteprofesionalIngeniería,arquitectura,urbanismoyafinesHoraextranocturna OroZona3NA","IT-BPO-26-143","Agente en la Entidad Compradora o Back Office","Agente profesional","Ingeniería, arquitectura, urbanismo y afines","Hora extra nocturna ","Oro","Zona 3","NA","Hora",70744.12,68540.429999999993,102162.41,56811.89,71617.3,96481.55,74573.100000000006,50458.15,null,null,"SMMLV"]
["AgenteenlaEntidadCompradoraoBackOfficeAgenteprofesionalIngeniería,arquitectura,urbanismoyafinesHoraextradominicalyfestivoOroZona3NA","IT-BPO-26-144","Agente en la Entidad Compradora o Back Office","Agente profesional","Ingeniería, arquitectura, urbanismo y afines","Hora extra dominical y festivo","Oro","Zona 3","NA","Hora",80850.42,97914.9,116756.57,64738.59,88250.94,137829.84,110478.66,57666.42,null,null,"SMMLV"]
["AgenteenlaEntidadCompradoraoBackOfficeAgenteprofesionalIngeniería,arquitectura,urbanismoyafinesServicio7x24OroZona3NA","IT-BPO-26-145","Agente en la Entidad Compradora o Back Office","Agente profesional","Ingeniería, arquitectura, urbanismo y afines","Servicio 7x24","Oro","Zona 3","NA","Mes 7x24",38121662.880000003,33090135.690000001,53707458.170000002,37487902.07,40967423.670000002,65674283.93,51376029.859999999,32928773.210000001,null,null,"SMMLV"]
["AgenteenlaEntidadCompradoraoBackOfficeAgenteprofesionalIngeniería,arquitectura,urbanismoyafinesJornadaOrdinariaPlatinoZona3NA","IT-BPO-26-146","Agente en la Entidad Compradora o Back Office","Agente profesional","Ingeniería, arquitectura, urbanismo y afines","Jornada Ordinaria","Platino","Zona 3","NA","Mes",8913758.8100000005,8425856.3699999992,12409678.800000001,8546887.8200000003,11194327.93,11748825.5,10645723.779999999,8013878.9400000004,null,null,"SMMLV"]
["AgenteenlaEntidadCompradoraoBackOfficeAgenteprofesionalIngeniería,arquitectura,urbanismoyafinesHoraextradiurnaPlatinoZona3NA","IT-BPO-26-147","Agente en la Entidad Compradora o Back Office","Agente profesional","Ingeniería, arquitectura, urbanismo y afines","Hora extra diurna","Platino","Zona 3","NA","Hora",53058.09,48957.45,67444.34,40958.480000000003,49489.78,69934.37,69049.16,36482.660000000003,null,null,"SMMLV"]
["AgenteenlaEntidadCompradoraoBackOfficeAgenteprofesionalIngeniería,arquitectura,urbanismoyafinesHoraextranocturna PlatinoZona3NA","IT-BPO-26-148","Agente en la Entidad Compradora o Back Office","Agente profesional","Ingeniería, arquitectura, urbanismo y afines","Hora extra nocturna ","Platino","Zona 3","NA","Hora",74281.320000000007,68540.429999999993,94422.95,56811.89,67278.509999999995,97907.24,74573.100000000006,51075.73,null,null,"SMMLV"]
["AgenteenlaEntidadCompradoraoBackOfficeAgenteprofesionalIngeniería,arquitectura,urbanismoyafinesHoraextradominicalyfestivoPlatinoZona3NA","IT-BPO-26-149","Agente en la Entidad Compradora o Back Office","Agente profesional","Ingeniería, arquitectura, urbanismo y afines","Hora extra dominical y festivo","Platino","Zona 3","NA","Hora",84892.94,97914.9,107911.16,64738.59,90481.11,139867.64000000001,110478.66,58372.26,null,null,"SMMLV"]
["AgenteenlaEntidadCompradoraoBackOfficeAgenteprofesionalIngeniería,arquitectura,urbanismoyafinesServicio7x24PlatinoZona3NA","IT-BPO-26-150","Agente en la Entidad Compradora o Back Office","Agente profesional","Ingeniería, arquitectura, urbanismo y afines","Servicio 7x24","Platino","Zona 3","NA","Mes 7x24",40027746.020000003,33178875.59,49638710.82,37487902.07,43812250.789999999,66645078.079999998,51376029.859999999,33315482.969999999,null,null,"SMMLV"]
["AgenteenlaEntidadCompradoraoBackOfficeAgenteprofesionalBellasartesyafinesJornadaOrdinariaOroZona1NA","IT-BPO-26-151","Agente en la Entidad Compradora o Back Office","Agente profesional","Bellas artes y afines","Jornada Ordinaria","Oro","Zona 1","NA","Mes",8085042,8365907.3099999996,13162302.960000001,8546887.8200000003,11194327.93,11540466.710000001,10645723.779999999,8224678.4800000004,null,null,"SMMLV"]
["AgenteenlaEntidadCompradoraoBackOfficeAgenteprofesionalBellasartesyafinesHoraextradiurnaOroZona1NA","IT-BPO-26-152","Agente en la Entidad Compradora o Back Office","Agente profesional","Bellas artes y afines","Hora extra diurna","Oro","Zona 1","NA","Hora",48125.25,48957.45,71535.259999999995,40958.480000000003,47636.2,68693.73,69049.16,37376.400000000001,null,null,"SMMLV"]
["AgenteenlaEntidadCompradoraoBackOfficeAgenteprofesionalBellasartesyafinesHoraextranocturna OroZona1NA","IT-BPO-26-153","Agente en la Entidad Compradora o Back Office","Agente profesional","Bellas artes y afines","Hora extra nocturna ","Oro","Zona 1","NA","Hora",67375.350000000006,68540.429999999993,100149.8,56811.89,64821.96,96170.57,74573.100000000006,52326.87,null,null,"SMMLV"]
["AgenteenlaEntidadCompradoraoBackOfficeAgenteprofesionalBellasartesyafinesHoraextradominicalyfestivoOroZona1NA","IT-BPO-26-154","Agente en la Entidad Compradora o Back Office","Agente profesional","Bellas artes y afines","Hora extra dominical y festivo","Oro","Zona 1","NA","Hora",77000.399999999994,97914.9,114455.97,64738.59,83413.289999999994,137387.46,110478.66,59802.22,null,null,"SMMLV"]
["AgenteenlaEntidadCompradoraoBackOfficeAgenteprofesionalBellasartesyafinesServicio7x24OroZona1NA","IT-BPO-26-155","Agente en la Entidad Compradora o Back Office","Agente profesional","Bellas artes y afines","Servicio 7x24","Oro","Zona 1","NA","Mes 7x24",36306345.600000001,32965900.280000001,52649208.560000002,37487902.07,40577466.590000004,65488194.149999999,51376029.859999999,34148357.380000003,null,null,"SMMLV"]
["AgenteenlaEntidadCompradoraoBackOfficeAgenteprofesionalBellasartesyafinesJornadaOrdinariaPlatinoZona1NA","IT-BPO-26-156","Agente en la Entidad Compradora o Back Office","Agente profesional","Bellas artes y afines","Jornada Ordinaria","Platino","Zona 1","NA","Mes",8489294.0999999996,8390886.4499999993,12165158.73,8546887.8200000003,11194327.93,11711056.76,10645723.779999999,8310689.3099999996,null,null,"SMMLV"]
["AgenteenlaEntidadCompradoraoBackOfficeAgenteprofesionalBellasartesyafinesHoraextradiurnaPlatinoZona1NA","IT-BPO-26-157","Agente en la Entidad Compradora o Back Office","Agente profesional","Bellas artes y afines","Hora extra diurna","Platino","Zona 1","NA","Hora",50531.51,48957.45,66116.100000000006,40958.480000000003,48182.01,69708.800000000003,69049.16,37833.89,null,null,"SMMLV"]
["AgenteenlaEntidadCompradoraoBackOfficeAgenteprofesionalBellasartesyafinesHoraextranocturna PlatinoZona1NA","IT-BPO-26-158","Agente en la Entidad Compradora o Back Office","Agente profesional","Bellas artes y afines","Hora extra nocturna ","Platino","Zona 1","NA","Hora",70744.12,68540.429999999993,92561.45,56811.89,65553.14,97592.97,74573.100000000006,52967.45,null,null,"SMMLV"]
["AgenteenlaEntidadCompradoraoBackOfficeAgenteprofesionalBellasartesyafinesHoraextradominicalyfestivoPlatinoZona1NA","IT-BPO-26-159","Agente en la Entidad Compradora o Back Office","Agente profesional","Bellas artes y afines","Hora extra dominical y festivo","Platino","Zona 1","NA","Hora",80850.42,97914.9,105784.67,64738.59,79283.759999999995,139417.59,110478.66,60534.23,null,null,"SMMLV"]
["AgenteenlaEntidadCompradoraoBackOfficeAgenteprofesionalBellasartesyafinesServicio7x24PlatinoZona1NA","IT-BPO-26-160","Agente en la Entidad Compradora o Back Office","Agente profesional","Bellas artes y afines","Servicio 7x24","Platino","Zona 1","NA","Mes 7x24",38121662.880000003,33054640.170000002,48660631.640000001,37487902.07,43325693.590000004,66456239.850000001,51376029.859999999,34549389.740000002,null,null,"SMMLV"]
["AgenteenlaEntidadCompradoraoBackOfficeAgenteprofesionalBellasartesyafinesJornadaOrdinariaOroZona2NA","IT-BPO-26-161","Agente en la Entidad Compradora o Back Office","Agente profesional","Bellas artes y afines","Jornada Ordinaria","Oro","Zona 2","NA","Mes",8327593.2599999998,8380894.5800000001,13293925.25,8546887.8200000003,11194327.93,11551100.25,10645723.779999999,8224678.4800000004,null,null,"SMMLV"]
["AgenteenlaEntidadCompradoraoBackOfficeAgenteprofesionalBellasartesyafinesHoraextradiurnaOroZona2NA","IT-BPO-26-162","Agente en la Entidad Compradora o Back Office","Agente profesional","Bellas artes y afines","Hora extra diurna","Oro","Zona 2","NA","Hora",49569.01,48957.45,72250.289999999994,40958.480000000003,52209.46,68757.240000000005,69049.16,37376.400000000001,null,null,"SMMLV"]
["AgenteenlaEntidadCompradoraoBackOfficeAgenteprofesionalBellasartesyafinesHoraextranocturna OroZona2NA","IT-BPO-26-163","Agente en la Entidad Compradora o Back Office","Agente profesional","Bellas artes y afines","Hora extra nocturna ","Oro","Zona 2","NA","Hora",69396.61,68540.429999999993,101150.63,56811.89,71316,96259.26,74573.100000000006,52326.87,null,null,"SMMLV"]
["AgenteenlaEntidadCompradoraoBackOfficeAgenteprofesionalBellasartesyafinesHoraextradominicalyfestivoOroZona2NA","IT-BPO-26-164","Agente en la Entidad Compradora o Back Office","Agente profesional","Bellas artes y afines","Hora extra dominical y festivo","Oro","Zona 2","NA","Hora",79310.41,97914.9,115600.25,64738.59,87840.66,137513.39000000001,110478.66,59802.22,null,null,"SMMLV"]
["AgenteenlaEntidadCompradoraoBackOfficeAgenteprofesionalBellasartesyafinesServicio7x24OroZona2NA","IT-BPO-26-165","Agente en la Entidad Compradora o Back Office","Agente profesional","Bellas artes y afines","Servicio 7x24","Oro","Zona 2","NA","Mes 7x24",37395535.969999999,33019144.649999999,53175699.890000001,37487902.07,40811440.979999997,65541361.880000003,51376029.859999999,34148357.380000003,null,null,"SMMLV"]
[{"$f":"SUBSTITUTE(C706&D706&E706&F706&G706&H706&I706,\" \",\"\")","v":"AgenteenlaEntidadCompradoraoBackOfficeAgenteprofesionalBellasartesyafinesJornadaOrdinariaPlatinoZona2NA"},"IT-BPO-26-166","Agente en la Entidad Compradora o Back Office","Agente profesional","Bellas artes y afines","Jornada Ordinaria","Platino","Zona 2","NA","Mes",8743972.9199999999,8405872.6199999992,12286811.039999999,8546887.8200000003,11194327.93,11721847.98,10645723.779999999,8310689.3099999996,null,null,"SMMLV"]
["AgenteenlaEntidadCompradoraoBackOfficeAgenteprofesionalBellasartesyafinesHoraextradiurnaPlatinoZona2NA","IT-BPO-26-167","Agente en la Entidad Compradora o Back Office","Agente profesional","Bellas artes y afines","Hora extra diurna","Platino","Zona 2","NA","Hora",52047.46,48957.45,66777.48,40958.480000000003,49218.71,69773.399999999994,69049.16,37833.89,null,null,"SMMLV"]
["AgenteenlaEntidadCompradoraoBackOfficeAgenteprofesionalBellasartesyafinesHoraextranocturna PlatinoZona2NA","IT-BPO-26-168","Agente en la Entidad Compradora o Back Office","Agente profesional","Bellas artes y afines","Hora extra nocturna ","Platino","Zona 2","NA","Hora",72866.44,68540.429999999993,93487.82,56811.89,66907.06,97682.76,74573.100000000006,52967.45,null,null,"SMMLV"]
["AgenteenlaEntidadCompradoraoBackOfficeAgenteprofesionalBellasartesyafinesHoraextradominicalyfestivoPlatinoZona2NA","IT-BPO-26-169","Agente en la Entidad Compradora o Back Office","Agente profesional","Bellas artes y afines","Hora extra dominical y festivo","Platino","Zona 2","NA","Hora",83275.929999999993,97914.9,106842.44,64738.59,83829.990000000005,139546.79999999999,110478.66,60534.23,null,null,"SMMLV"]
["AgenteenlaEntidadCompradoraoBackOfficeAgenteprofesionalBellasartesyafinesServicio7x24PlatinoZona2NA","IT-BPO-26-170","Agente en la Entidad Compradora o Back Office","Agente profesional","Bellas artes y afines","Servicio 7x24","Platino","Zona 2","NA","Mes 7x24",39265312.770000003,33107883.449999999,49147238.689999998,37487902.07,43630331.43,66510195.979999997,51376029.859999999,34549389.740000002,null,null,"SMMLV"]
["AgenteenlaEntidadCompradoraoBackOfficeAgenteprofesionalBellasartesyafinesJornadaOrdinariaOroZona3NA","IT-BPO-26-171","Agente en la Entidad Compradora o Back Office","Agente profesional","Bellas artes y afines","Jornada Ordinaria","Oro","Zona 3","NA","Mes",8489294.0999999996,8400877.2300000004,13426865.91,8546887.8200000003,11194327.93,11577684.66,10645723.779999999,7930939.9100000001,null,null,"SMMLV"]
["AgenteenlaEntidadCompradoraoBackOfficeAgenteprofesionalBellasartesyafinesHoraextradiurnaOroZona3NA","IT-BPO-26-172","Agente en la Entidad Compradora o Back Office","Agente profesional","Bellas artes y afines","Hora extra diurna","Oro","Zona 3","NA","Hora",50531.51,48957.45,72972.990000000005,40958.480000000003,52429.26,68914.92,69049.16,36041.49,null,null,"SMMLV"]
["AgenteenlaEntidadCompradoraoBackOfficeAgenteprofesionalBellasartesyafinesHoraextranocturna OroZona3NA","IT-BPO-26-173","Agente en la Entidad Compradora o Back Office","Agente profesional","Bellas artes y afines","Hora extra nocturna ","Oro","Zona 3","NA","Hora",70744.12,68540.429999999993,102162.41,56811.89,71617.3,96481.55,74573.100000000006,50458.15,null,null,"SMMLV"]
["AgenteenlaEntidadCompradoraoBackOfficeAgenteprofesionalBellasartesyafinesHoraextradominicalyfestivoOroZona3NA","IT-BPO-26-174","Agente en la Entidad Compradora o Back Office","Agente profesional","Bellas artes y afines","Hora extra dominical y festivo","Oro","Zona 3","NA","Hora",80850.42,97914.9,116756.57,64738.59,88250.94,137829.84,110478.66,57666.42,null,null,"SMMLV"]
["AgenteenlaEntidadCompradoraoBackOfficeAgenteprofesionalBellasartesyafinesServicio7x24OroZona3NA","IT-BPO-26-175","Agente en la Entidad Compradora o Back Office","Agente profesional","Bellas artes y afines","Servicio 7x24","Oro","Zona 3","NA","Mes 7x24",38121662.880000003,33090135.690000001,53707458.170000002,37487902.07,40967423.670000002,65674283.93,51376029.859999999,32928773.210000001,null,null,"SMMLV"]
["AgenteenlaEntidadCompradoraoBackOfficeAgenteprofesionalBellasartesyafinesJornadaOrdinariaPlatinoZona3NA","IT-BPO-26-176","Agente en la Entidad Compradora o Back Office","Agente profesional","Bellas artes y afines","Jornada Ordinaria","Platino","Zona 3","NA","Mes",8913758.8100000005,8425856.3699999992,12409678.800000001,8546887.8200000003,11194327.93,11748825.5,10645723.779999999,8013878.9400000004,null,null,"SMMLV"]
["AgenteenlaEntidadCompradoraoBackOfficeAgenteprofesionalBellasartesyafinesHoraextradiurnaPlatinoZona3NA","IT-BPO-26-177","Agente en la Entidad Compradora o Back Office","Agente profesional","Bellas artes y afines","Hora extra diurna","Platino","Zona 3","NA","Hora",53058.09,48957.45,67444.34,40958.480000000003,49489.78,69934.37,69049.16,36482.660000000003,null,null,"SMMLV"]
["AgenteenlaEntidadCompradoraoBackOfficeAgenteprofesionalBellasartesyafinesHoraextranocturna PlatinoZona3NA","IT-BPO-26-178","Agente en la Entidad Compradora o Back Office","Agente profesional","Bellas artes y afines","Hora extra nocturna ","Platino","Zona 3","NA","Hora",74281.320000000007,68540.429999999993,94422.95,56811.89,67278.509999999995,97907.24,74573.100000000006,51075.73,null,null,"SMMLV"]
["AgenteenlaEntidadCompradoraoBackOfficeAgenteprofesionalBellasartesyafinesHoraextradominicalyfestivoPlatinoZona3NA","IT-BPO-26-179","Agente en la Entidad Compradora o Back Office","Agente profesional","Bellas artes y afines","Hora extra dominical y festivo","Platino","Zona 3","NA","Hora",84892.94,97914.9,107911.16,64738.59,90481.11,139867.64000000001,110478.66,58372.26,null,null,"SMMLV"]
["AgenteenlaEntidadCompradoraoBackOfficeAgenteprofesionalBellasartesyafinesServicio7x24PlatinoZona3NA","IT-BPO-26-180","Agente en la Entidad Compradora o Back Office","Agente profesional","Bellas artes y afines","Servicio 7x24","Platino","Zona 3","NA","Mes 7x24",40027746.020000003,33178875.59,49638710.82,37487902.07,43812250.789999999,66645078.079999998,51376029.859999999,33315482.969999999,null,null,"SMMLV"]
["AgenteenlaEntidadCompradoraoBackOfficeAgenteprofesionalMatemáticas,cienciasnaturalesyafinesJornadaOrdinariaOroZona1NA","IT-BPO-26-181","Agente en la Entidad Compradora o Back Office","Agente profesional","Matemáticas, ciencias naturales y afines","Jornada Ordinaria","Oro","Zona 1","NA","Mes",8085042,8365907.3099999996,13162302.960000001,8546887.8200000003,11194327.93,11540466.710000001,10645723.779999999,8224678.4800000004,null,null,"SMMLV"]
["AgenteenlaEntidadCompradoraoBackOfficeAgenteprofesionalMatemáticas,cienciasnaturalesyafinesHoraextradiurnaOroZona1NA","IT-BPO-26-182","Agente en la Entidad Compradora o Back Office","Agente profesional","Matemáticas, ciencias naturales y afines","Hora extra diurna","Oro","Zona 1","NA","Hora",48125.25,48957.45,71535.259999999995,40958.480000000003,47636.2,68693.73,69049.16,37376.400000000001,null,null,"SMMLV"]
["AgenteenlaEntidadCompradoraoBackOfficeAgenteprofesionalMatemáticas,cienciasnaturalesyafinesHoraextranocturna OroZona1NA","IT-BPO-26-183","Agente en la Entidad Compradora o Back Office","Agente profesional","Matemáticas, ciencias naturales y afines","Hora extra nocturna ","Oro","Zona 1","NA","Hora",67375.350000000006,68540.429999999993,100149.8,56811.89,64821.96,96170.57,74573.100000000006,52326.87,null,null,"SMMLV"]
["AgenteenlaEntidadCompradoraoBackOfficeAgenteprofesionalMatemáticas,cienciasnaturalesyafinesHoraextradominicalyfestivoOroZona1NA","IT-BPO-26-184","Agente en la Entidad Compradora o Back Office","Agente profesional","Matemáticas, ciencias naturales y afines","Hora extra dominical y festivo","Oro","Zona 1","NA","Hora",77000.399999999994,97914.9,114455.97,64738.59,83413.289999999994,137387.46,110478.66,59802.22,null,null,"SMMLV"]
["AgenteenlaEntidadCompradoraoBackOfficeAgenteprofesionalMatemáticas,cienciasnaturalesyafinesServicio7x24OroZona1NA","IT-BPO-26-185","Agente en la Entidad Compradora o Back Office","Agente profesional","Matemáticas, ciencias naturales y afines","Servicio 7x24","Oro","Zona 1","NA","Mes 7x24",36306345.600000001,32965900.280000001,52649208.560000002,37487902.07,40577466.590000004,65488194.149999999,51376029.859999999,34148357.380000003,null,null,"SMMLV"]
["AgenteenlaEntidadCompradoraoBackOfficeAgenteprofesionalMatemáticas,cienciasnaturalesyafinesJornadaOrdinariaPlatinoZona1NA","IT-BPO-26-186","Agente en la Entidad Compradora o Back Office","Agente profesional","Matemáticas, ciencias naturales y afines","Jornada Ordinaria","Platino","Zona 1","NA","Mes",8489294.0999999996,8390886.4499999993,12165158.73,8546887.8200000003,11194327.93,11711056.76,10645723.779999999,8310689.3099999996,null,null,"SMMLV"]
["AgenteenlaEntidadCompradoraoBackOfficeAgenteprofesionalMatemáticas,cienciasnaturalesyafinesHoraextradiurnaPlatinoZona1NA","IT-BPO-26-187","Agente en la Entidad Compradora o Back Office","Agente profesional","Matemáticas, ciencias naturales y afines","Hora extra diurna","Platino","Zona 1","NA","Hora",50531.51,48957.45,66116.100000000006,40958.480000000003,48182.01,69708.800000000003,69049.16,37833.89,null,null,"SMMLV"]
["AgenteenlaEntidadCompradoraoBackOfficeAgenteprofesionalMatemáticas,cienciasnaturalesyafinesHoraextranocturna PlatinoZona1NA","IT-BPO-26-188","Agente en la Entidad Compradora o Back Office","Agente profesional","Matemáticas, ciencias naturales y afines","Hora extra nocturna ","Platino","Zona 1","NA","Hora",70744.12,68540.429999999993,92561.45,56811.89,65553.14,97592.97,74573.100000000006,52967.45,null,null,"SMMLV"]
["AgenteenlaEntidadCompradoraoBackOfficeAgenteprofesionalMatemáticas,cienciasnaturalesyafinesHoraextradominicalyfestivoPlatinoZona1NA","IT-BPO-26-189","Agente en la Entidad Compradora o Back Office","Agente profesional","Matemáticas, ciencias naturales y afines","Hora extra dominical y festivo","Platino","Zona 1","NA","Hora",80850.42,97914.9,105784.67,64738.59,79283.759999999995,139417.59,110478.66,60534.23,null,null,"SMMLV"]
["AgenteenlaEntidadCompradoraoBackOfficeAgenteprofesionalMatemáticas,cienciasnaturalesyafinesServicio7x24PlatinoZona1NA","IT-BPO-26-190","Agente en la Entidad Compradora o Back Office","Agente profesional","Matemáticas, ciencias naturales y afines","Servicio 7x24","Platino","Zona 1","NA","Mes 7x24",38121662.880000003,33054640.170000002,48660631.640000001,37487902.07,43325693.590000004,66456239.850000001,51376029.859999999,34549389.740000002,null,null,"SMMLV"]
["AgenteenlaEntidadCompradoraoBackOfficeAgenteprofesionalMatemáticas,cienciasnaturalesyafinesJornadaOrdinariaOroZona2NA","IT-BPO-26-191","Agente en la Entidad Compradora o Back Office","Agente profesional","Matemáticas, ciencias naturales y afines","Jornada Ordinaria","Oro","Zona 2","NA","Mes",8327593.2599999998,8380894.5800000001,13293925.25,8546887.8200000003,11194327.93,11551100.25,10645723.779999999,8224678.4800000004,null,null,"SMMLV"]
["AgenteenlaEntidadCompradoraoBackOfficeAgenteprofesionalMatemáticas,cienciasnaturalesyafinesHoraextradiurnaOroZona2NA","IT-BPO-26-192","Agente en la Entidad Compradora o Back Office","Agente profesional","Matemáticas, ciencias naturales y afines","Hora extra diurna","Oro","Zona 2","NA","Hora",49569.01,48957.45,72250.289999999994,40958.480000000003,52209.46,68757.240000000005,69049.16,37376.400000000001,null,null,"SMMLV"]
["AgenteenlaEntidadCompradoraoBackOfficeAgenteprofesionalMatemáticas,cienciasnaturalesyafinesHoraextranocturna OroZona2NA","IT-BPO-26-193","Agente en la Entidad Compradora o Back Office","Agente profesional","Matemáticas, ciencias naturales y afines","Hora extra nocturna ","Oro","Zona 2","NA","Hora",69396.61,68540.429999999993,101150.63,56811.89,71316,96259.26,74573.100000000006,52326.87,null,null,"SMMLV"]
["AgenteenlaEntidadCompradoraoBackOfficeAgenteprofesionalMatemáticas,cienciasnaturalesyafinesHoraextradominicalyfestivoOroZona2NA","IT-BPO-26-194","Agente en la Entidad Compradora o Back Office","Agente profesional","Matemáticas, ciencias naturales y afines","Hora extra dominical y festivo","Oro","Zona 2","NA","Hora",79310.41,97914.9,115600.25,64738.59,87840.66,137513.39000000001,110478.66,59802.22,null,null,"SMMLV"]
["AgenteenlaEntidadCompradoraoBackOfficeAgenteprofesionalMatemáticas,cienciasnaturalesyafinesServicio7x24OroZona2NA","IT-BPO-26-195","Agente en la Entidad Compradora o Back Office","Agente profesional","Matemáticas, ciencias naturales y afines","Servicio 7x24","Oro","Zona 2","NA","Mes 7x24",37395535.969999999,33019144.649999999,53175699.890000001,37487902.07,40811440.979999997,65541361.880000003,51376029.859999999,34148357.380000003,null,null,"SMMLV"]
["AgenteenlaEntidadCompradoraoBackOfficeAgenteprofesionalMatemáticas,cienciasnaturalesyafinesJornadaOrdinariaPlatinoZona2NA","IT-BPO-26-196","Agente en la Entidad Compradora o Back Office","Agente profesional","Matemáticas, ciencias naturales y afines","Jornada Ordinaria","Platino","Zona 2","NA","Mes",8743972.9199999999,8405872.6199999992,12286811.039999999,8546887.8200000003,11194327.93,11721847.98,10645723.779999999,8310689.3099999996,null,null,"SMMLV"]
["AgenteenlaEntidadCompradoraoBackOfficeAgenteprofesionalMatemáticas,cienciasnaturalesyafinesHoraextradiurnaPlatinoZona2NA","IT-BPO-26-197","Agente en la Entidad Compradora o Back Office","Agente profesional","Matemáticas, ciencias naturales y afines","Hora extra diurna","Platino","Zona 2","NA","Hora",52047.46,48957.45,66777.48,40958.480000000003,49218.71,69773.399999999994,69049.16,37833.89,null,null,"SMMLV"]
["AgenteenlaEntidadCompradoraoBackOfficeAgenteprofesionalMatemáticas,cienciasnaturalesyafinesHoraextranocturna PlatinoZona2NA","IT-BPO-26-198","Agente en la Entidad Compradora o Back Office","Agente profesional","Matemáticas, ciencias naturales y afines","Hora extra nocturna ","Platino","Zona 2","NA","Hora",72866.44,68540.429999999993,93487.82,56811.89,66907.06,97682.76,74573.100000000006,52967.45,null,null,"SMMLV"]
["AgenteenlaEntidadCompradoraoBackOfficeAgenteprofesionalMatemáticas,cienciasnaturalesyafinesHoraextradominicalyfestivoPlatinoZona2NA","IT-BPO-26-199","Agente en la Entidad Compradora o Back Office","Agente profesional","Matemáticas, ciencias naturales y afines","Hora extra dominical y festivo","Platino","Zona 2","NA","Hora",83275.929999999993,97914.9,106842.44,64738.59,83829.990000000005,139546.79999999999,110478.66,60534.23,null,null,"SMMLV"]
["AgenteenlaEntidadCompradoraoBackOfficeAgenteprofesionalMatemáticas,cienciasnaturalesyafinesServicio7x24PlatinoZona2NA","IT-BPO-26-200","Agente en la Entidad Compradora o Back Office","Agente profesional","Matemáticas, ciencias naturales y afines","Servicio 7x24","Platino","Zona 2","NA","Mes 7x24",39265312.770000003,33107883.449999999,49147238.689999998,37487902.07,43630331.43,66510195.979999997,51376029.859999999,34549389.740000002,null,null,"SMMLV"]
["AgenteenlaEntidadCompradoraoBackOfficeAgenteprofesionalMatemáticas,cienciasnaturalesyafinesJornadaOrdinariaOroZona3NA","IT-BPO-26-201","Agente en la Entidad Compradora o Back Office","Agente profesional","Matemáticas, ciencias naturales y afines","Jornada Ordinaria","Oro","Zona 3","NA","Mes",8489294.0999999996,8400877.2300000004,13426865.91,8546887.8200000003,11194327.93,11577684.66,10645723.779999999,7930939.9100000001,null,null,"SMMLV"]
["AgenteenlaEntidadCompradoraoBackOfficeAgenteprofesionalMatemáticas,cienciasnaturalesyafinesHoraextradiurnaOroZona3NA","IT-BPO-26-202","Agente en la Entidad Compradora o Back Office","Agente profesional","Matemáticas, ciencias naturales y afines","Hora extra diurna","Oro","Zona 3","NA","Hora",50531.51,48957.45,72972.990000000005,40958.480000000003,52429.26,68914.92,69049.16,36041.49,null,null,"SMMLV"]
["AgenteenlaEntidadCompradoraoBackOfficeAgenteprofesionalMatemáticas,cienciasnaturalesyafinesHoraextranocturna OroZona3NA","IT-BPO-26-203","Agente en la Entidad Compradora o Back Office","Agente profesional","Matemáticas, ciencias naturales y afines","Hora extra nocturna ","Oro","Zona 3","NA","Hora",70744.12,68540.429999999993,102162.41,56811.89,71617.3,96481.55,74573.100000000006,50458.15,null,null,"SMMLV"]
["AgenteenlaEntidadCompradoraoBackOfficeAgenteprofesionalMatemáticas,cienciasnaturalesyafinesHoraextradominicalyfestivoOroZona3NA","IT-BPO-26-204","Agente en la Entidad Compradora o Back Office","Agente profesional","Matemáticas, ciencias naturales y afines","Hora extra dominical y festivo","Oro","Zona 3","NA","Hora",80850.42,97914.9,116756.57,64738.59,88250.94,137829.84,110478.66,57666.42,null,null,"SMMLV"]
["AgenteenlaEntidadCompradoraoBackOfficeAgenteprofesionalMatemáticas,cienciasnaturalesyafinesServicio7x24OroZona3NA","IT-BPO-26-205","Agente en la Entidad Compradora o Back Office","Agente profesional","Matemáticas, ciencias naturales y afines","Servicio 7x24","Oro","Zona 3","NA","Mes 7x24",38121662.880000003,33090135.690000001,53707458.170000002,37487902.07,40967423.670000002,65674283.93,51376029.859999999,32928773.210000001,null,null,"SMMLV"]
["AgenteenlaEntidadCompradoraoBackOfficeAgenteprofesionalMatemáticas,cienciasnaturalesyafinesJornadaOrdinariaPlatinoZona3NA","IT-BPO-26-206","Agente en la Entidad Compradora o Back Office","Agente profesional","Matemáticas, ciencias naturales y afines","Jornada Ordinaria","Platino","Zona 3","NA","Mes",8913758.8100000005,8425856.3699999992,12409678.800000001,8546887.8200000003,11194327.93,11748825.5,10645723.779999999,8013878.9400000004,null,null,"SMMLV"]
["AgenteenlaEntidadCompradoraoBackOfficeAgenteprofesionalMatemáticas,cienciasnaturalesyafinesHoraextradiurnaPlatinoZona3NA","IT-BPO-26-207","Agente en la Entidad Compradora o Back Office","Agente profesional","Matemáticas, ciencias naturales y afines","Hora extra diurna","Platino","Zona 3","NA","Hora",69343.72,48957.45,67444.34,40958.480000000003,49489.78,69934.37,69049.16,36482.660000000003,null,null,"SMMLV"]
["AgenteenlaEntidadCompradoraoBackOfficeAgenteprofesionalMatemáticas,cienciasnaturalesyafinesHoraextranocturna PlatinoZona3NA","IT-BPO-26-208","Agente en la Entidad Compradora o Back Office","Agente profesional","Matemáticas, ciencias naturales y afines","Hora extra nocturna ","Platino","Zona 3","NA","Hora",74281.320000000007,68540.429999999993,94422.95,56811.89,67278.509999999995,97907.24,74573.100000000006,51075.73,null,null,"SMMLV"]
["AgenteenlaEntidadCompradoraoBackOfficeAgenteprofesionalMatemáticas,cienciasnaturalesyafinesHoraextradominicalyfestivoPlatinoZona3NA","IT-BPO-26-209","Agente en la Entidad Compradora o Back Office","Agente profesional","Matemáticas, ciencias naturales y afines","Hora extra dominical y festivo","Platino","Zona 3","NA","Hora",84892.94,97914.9,107911.16,64738.59,90481.11,139867.64000000001,110478.66,58372.26,null,null,"SMMLV"]
["AgenteenlaEntidadCompradoraoBackOfficeAgenteprofesionalMatemáticas,cienciasnaturalesyafinesServicio7x24PlatinoZona3NA","IT-BPO-26-210","Agente en la Entidad Compradora o Back Office","Agente profesional","Matemáticas, ciencias naturales y afines","Servicio 7x24","Platino","Zona 3","NA","Mes 7x24",40027746.020000003,33178875.59,49638710.82,37487902.07,43812250.789999999,66645078.079999998,51376029.859999999,33315482.969999999,null,null,"SMMLV"]
["AgenteenlaEntidadCompradoraoBackOfficeAgenteprofesionalCienciasdelasaludyafinesJornadaOrdinariaOroZona1NA","IT-BPO-26-211","Agente en la Entidad Compradora o Back Office","Agente profesional","Ciencias de la salud y afines","Jornada Ordinaria","Oro","Zona 1","NA","Mes",10566662.4,10872519.99,16703112.48,13533660.17,14751925.640000001,15118031,10645723.779999999,10460960.960000001,null,null,"SMMLV"]
["AgenteenlaEntidadCompradoraoBackOfficeAgenteprofesionalCienciasdelasaludyafinesHoraextradiurnaOroZona1NA","IT-BPO-26-212","Agente en la Entidad Compradora o Back Office","Agente profesional","Ciencias de la salud y afines","Hora extra diurna","Oro","Zona 1","NA","Hora",62896.800000000003,65276.24,90778.79,66931.88,70000.28,89989.29,69049.16,49271.5,null,null,"SMMLV"]
["AgenteenlaEntidadCompradoraoBackOfficeAgenteprofesionalCienciasdelasaludyafinesHoraextranocturna OroZona1NA","IT-BPO-26-213","Agente en la Entidad Compradora o Back Office","Agente profesional","Ciencias de la salud y afines","Hora extra nocturna ","Oro","Zona 1","NA","Hora",88055.52,91386.51,127090.08,93174.65,95999.21,125984.13,74573.100000000006,68980.070000000007,null,null,"SMMLV"]
["AgenteenlaEntidadCompradoraoBackOfficeAgenteprofesionalCienciasdelasaludyafinesHoraextradominicalyfestivoOroZona1NA","IT-BPO-26-214","Agente en la Entidad Compradora o Back Office","Agente profesional","Ciencias de la salud y afines","Hora extra dominical y festivo","Oro","Zona 1","NA","Hora",100634.88,130552.47,145246.28,106296.03,114034,179977.49,110478.66,78834.42,null,null,"SMMLV"]
["AgenteenlaEntidadCompradoraoBackOfficeAgenteprofesionalCienciasdelasaludyafinesServicio7x24OroZona1NA","IT-BPO-26-215","Agente en la Entidad Compradora o Back Office","Agente profesional","Ciencias de la salud y afines","Servicio 7x24","Oro","Zona 1","NA","Mes 7x24",48714447.600000001,42992351,66812444.450000003,56230355.689999998,54892097.729999997,85971307.950000003,51376029.859999999,44575198.240000002,null,null,"SMMLV"]
["AgenteenlaEntidadCompradoraoBackOfficeAgenteprofesionalCienciasdelasaludyafinesJornadaOrdinariaPlatinoZona1NA","IT-BPO-26-216","Agente en la Entidad Compradora o Back Office","Agente profesional","Ciencias de la salud y afines","Jornada Ordinaria","Platino","Zona 1","NA","Mes",11094995.52,10897499.130000001,15437725.01,13533660.17,14751925.640000001,15341505.17,10645723.779999999,10546971.779999999,null,null,"SMMLV"]
["AgenteenlaEntidadCompradoraoBackOfficeAgenteprofesionalCienciasdelasaludyafinesHoraextradiurnaPlatinoZona1NA","IT-BPO-26-217","Agente en la Entidad Compradora o Back Office","Agente profesional","Ciencias de la salud y afines","Hora extra diurna","Platino","Zona 1","NA","Hora",66041.64,65276.24,83902.19,66931.88,71568.44,91318.62,69049.16,49728.99,null,null,"SMMLV"]
["AgenteenlaEntidadCompradoraoBackOfficeAgenteprofesionalCienciasdelasaludyafinesHoraextranocturna PlatinoZona1NA","IT-BPO-26-218","Agente en la Entidad Compradora o Back Office","Agente profesional","Ciencias de la salud y afines","Hora extra nocturna ","Platino","Zona 1","NA","Hora",92458.3,91386.51,117461.75,93174.65,98149.82,127846.73,74573.100000000006,69620.649999999994,null,null,"SMMLV"]
["AgenteenlaEntidadCompradoraoBackOfficeAgenteprofesionalCienciasdelasaludyafinesHoraextradominicalyfestivoPlatinoZona1NA","IT-BPO-26-219","Agente en la Entidad Compradora o Back Office","Agente profesional","Ciencias de la salud y afines","Hora extra dominical y festivo","Platino","Zona 1","NA","Hora",105666.62,130552.47,134241.53,106296.03,116440.12,182637.24,110478.66,79566.42,null,null,"SMMLV"]
["AgenteenlaEntidadCompradoraoBackOfficeAgenteprofesionalCienciasdelasaludyafinesServicio7x24PlatinoZona1NA","IT-BPO-26-220","Agente en la Entidad Compradora o Back Office","Agente profesional","Ciencias de la salud y afines","Servicio 7x24","Platino","Zona 1","NA","Mes 7x24",51150169.979999997,43081090.890000001,61750895.640000001,56230355.689999998,61540389,87242132.099999994,51376029.859999999,44976230.600000001,null,null,"SMMLV"]
["AgenteenlaEntidadCompradoraoBackOfficeAgenteprofesionalCienciasdelasaludyafinesJornadaOrdinariaOroZona2NA","IT-BPO-26-221","Agente en la Entidad Compradora o Back Office","Agente profesional","Ciencias de la salud y afines","Jornada Ordinaria","Oro","Zona 2","NA","Mes",10883662.27,10887507.26,16870142.690000001,13533660.17,14751925.640000001,15128665.640000001,10645723.779999999,10460960.960000001,null,null,"SMMLV"]
["AgenteenlaEntidadCompradoraoBackOfficeAgenteprofesionalCienciasdelasaludyafinesHoraextradiurnaOroZona2NA","IT-BPO-26-222","Agente en la Entidad Compradora o Back Office","Agente profesional","Ciencias de la salud y afines","Hora extra diurna","Oro","Zona 2","NA","Hora",64783.7,65276.24,91686.54,66931.88,71109.320000000007,90051.71,69049.16,49271.5,null,null,"SMMLV"]
["AgenteenlaEntidadCompradoraoBackOfficeAgenteprofesionalCienciasdelasaludyafinesHoraextranocturna OroZona2NA","IT-BPO-26-223","Agente en la Entidad Compradora o Back Office","Agente profesional","Ciencias de la salud y afines","Hora extra nocturna ","Oro","Zona 2","NA","Hora",90697.19,91386.51,128360.28,93174.65,97455.95,126072.83,74573.100000000006,68980.070000000007,null,null,"SMMLV"]
["AgenteenlaEntidadCompradoraoBackOfficeAgenteprofesionalCienciasdelasaludyafinesHoraextradominicalyfestivoOroZona2NA","IT-BPO-26-224","Agente en la Entidad Compradora o Back Office","Agente profesional","Ciencias de la salud y afines","Hora extra dominical y festivo","Oro","Zona 2","NA","Hora",103653.93,130552.47,146697.15,106296.03,115664.74,180103.41,110478.66,78834.42,null,null,"SMMLV"]
["AgenteenlaEntidadCompradoraoBackOfficeAgenteprofesionalCienciasdelasaludyafinesServicio7x24OroZona2NA","IT-BPO-26-225","Agente en la Entidad Compradora o Back Office","Agente profesional","Ciencias de la salud y afines","Servicio 7x24","Oro","Zona 2","NA","Mes 7x24",50175881.030000001,43045595.369999997,67480569.650000006,56230355.689999998,58943042.109999999,86024475.680000007,51376029.859999999,44575198.240000002,null,null,"SMMLV"]
["AgenteenlaEntidadCompradoraoBackOfficeAgenteprofesionalCienciasdelasaludyafinesJornadaOrdinariaPlatinoZona2NA","IT-BPO-26-226","Agente en la Entidad Compradora o Back Office","Agente profesional","Ciencias de la salud y afines","Jornada Ordinaria","Platino","Zona 2","NA","Mes",11427845.390000001,10912485.300000001,15592102.49,13533660.17,14751925.640000001,15352296.390000001,10645723.779999999,10546971.779999999,null,null,"SMMLV"]
["AgenteenlaEntidadCompradoraoBackOfficeAgenteprofesionalCienciasdelasaludyafinesHoraextradiurnaPlatinoZona2NA","IT-BPO-26-227","Agente en la Entidad Compradora o Back Office","Agente profesional","Ciencias de la salud y afines","Hora extra diurna","Platino","Zona 2","NA","Hora",68022.89,65276.24,84740.96,66931.88,72703.740000000005,91383.23,69049.16,49728.99,null,null,"SMMLV"]
["AgenteenlaEntidadCompradoraoBackOfficeAgenteprofesionalCienciasdelasaludyafinesHoraextranocturna PlatinoZona2NA","IT-BPO-26-228","Agente en la Entidad Compradora o Back Office","Agente profesional","Ciencias de la salud y afines","Hora extra nocturna ","Platino","Zona 2","NA","Hora",95232.04,91386.51,118636.68,93174.65,99641.67,127936.52,74573.100000000006,69620.649999999994,null,null,"SMMLV"]
["AgenteenlaEntidadCompradoraoBackOfficeAgenteprofesionalCienciasdelasaludyafinesHoraextradominicalyfestivoPlatinoZona2NA","IT-BPO-26-229","Agente en la Entidad Compradora o Back Office","Agente profesional","Ciencias de la salud y afines","Hora extra dominical y festivo","Platino","Zona 2","NA","Hora",108836.62,130552.47,135584,106296.03,118110.25,182766.45,110478.66,79566.42,null,null,"SMMLV"]
[{"$f":"SUBSTITUTE(C770&D770&E770&F770&G770&H770&I770,\" \",\"\")","v":"AgenteenlaEntidadCompradoraoBackOfficeAgenteprofesionalCienciasdelasaludyafinesServicio7x24PlatinoZona2NA"},"IT-BPO-26-230","Agente en la Entidad Compradora o Back Office","Agente profesional","Ciencias de la salud y afines","Servicio 7x24","Platino","Zona 2","NA","Mes 7x24",52684675.079999998,43134334.170000002,62368405.560000002,56230355.689999998,62122671.450000003,87296088.230000004,51376029.859999999,44976230.600000001,null,null,"SMMLV"]
["AgenteenlaEntidadCompradoraoBackOfficeAgenteprofesionalCienciasdelasaludyafinesJornadaOrdinariaOroZona3NA","IT-BPO-26-231","Agente en la Entidad Compradora o Back Office","Agente profesional","Ciencias de la salud y afines","Jornada Ordinaria","Oro","Zona 3","NA","Mes",11094995.52,10907489.91,17038844.960000001,13533660.17,14751925.640000001,15155248.949999999,10645723.779999999,10087355.17,null,null,"SMMLV"]
["AgenteenlaEntidadCompradoraoBackOfficeAgenteprofesionalCienciasdelasaludyafinesHoraextradiurnaOroZona3NA","IT-BPO-26-232","Agente en la Entidad Compradora o Back Office","Agente profesional","Ciencias de la salud y afines","Hora extra diurna","Oro","Zona 3","NA","Hora",66041.64,65276.24,92604.15,66931.88,71395.05,90210.48,69049.16,47511.83,null,null,"SMMLV"]
["AgenteenlaEntidadCompradoraoBackOfficeAgenteprofesionalCienciasdelasaludyafinesHoraextranocturna OroZona3NA","IT-BPO-26-233","Agente en la Entidad Compradora o Back Office","Agente profesional","Ciencias de la salud y afines","Hora extra nocturna ","Oro","Zona 3","NA","Hora",92458.3,91386.51,129643.62,93174.65,97848.21,126294.02,74573.100000000006,66516.539999999994,null,null,"SMMLV"]
["AgenteenlaEntidadCompradoraoBackOfficeAgenteprofesionalCienciasdelasaludyafinesHoraextradominicalyfestivoOroZona3NA","IT-BPO-26-234","Agente en la Entidad Compradora o Back Office","Agente profesional","Ciencias de la salud y afines","Hora extra dominical y festivo","Oro","Zona 3","NA","Hora",105666.62,130552.47,148165.54999999999,106296.03,116110.13,180419.87,110478.66,76018.84,null,null,"SMMLV"]
["AgenteenlaEntidadCompradoraoBackOfficeAgenteprofesionalCienciasdelasaludyafinesServicio7x24OroZona3NA","IT-BPO-26-235","Agente en la Entidad Compradora o Back Office","Agente profesional","Ciencias de la salud y afines","Servicio 7x24","Oro","Zona 3","NA","Mes 7x24",51150169.979999997,43116586.409999996,68155374.349999994,56230355.689999998,59154738.289999999,86157397.730000004,51376029.859999999,42983226.909999996,null,null,"SMMLV"]
["AgenteenlaEntidadCompradoraoBackOfficeAgenteprofesionalCienciasdelasaludyafinesJornadaOrdinariaPlatinoZona3NA","IT-BPO-26-236","Agente en la Entidad Compradora o Back Office","Agente profesional","Ciencias de la salud y afines","Jornada Ordinaria","Platino","Zona 3","NA","Mes",11649745.300000001,10932469.050000001,15748022.82,13533660.17,14751925.640000001,15379273.91,10645723.779999999,10170294.300000001,null,null,"SMMLV"]
["AgenteenlaEntidadCompradoraoBackOfficeAgenteprofesionalCienciasdelasaludyafinesHoraextradiurnaPlatinoZona3NA","IT-BPO-26-237","Agente en la Entidad Compradora o Back Office","Agente profesional","Ciencias de la salud y afines","Hora extra diurna","Platino","Zona 3","NA","Hora",53058.09,65276.24,85588.49,66931.88,72997.399999999994,91544.19,69049.16,47953.01,null,null,"SMMLV"]
["AgenteenlaEntidadCompradoraoBackOfficeAgenteprofesionalCienciasdelasaludyafinesHoraextranocturna PlatinoZona3NA","IT-BPO-26-238","Agente en la Entidad Compradora o Back Office","Agente profesional","Ciencias de la salud y afines","Hora extra nocturna ","Platino","Zona 3","NA","Hora",97081.21,91386.51,119822.57,93174.65,100044.93,128160.99,74573.100000000006,67134.12,null,null,"SMMLV"]
["AgenteenlaEntidadCompradoraoBackOfficeAgenteprofesionalCienciasdelasaludyafinesHoraextradominicalyfestivoPlatinoZona3NA","IT-BPO-26-239","Agente en la Entidad Compradora o Back Office","Agente profesional","Ciencias de la salud y afines","Hora extra dominical y festivo","Platino","Zona 3","NA","Hora",110949.96,130552.47,136940.70000000001,106296.03,118568.45,183087.29,110478.66,76724.789999999994,null,null,"SMMLV"]
["AgenteenlaEntidadCompradoraoBackOfficeAgenteprofesionalCienciasdelasaludyafinesServicio7x24PlatinoZona3NA","IT-BPO-26-240","Agente en la Entidad Compradora o Back Office","Agente profesional","Ciencias de la salud y afines","Servicio 7x24","Platino","Zona 3","NA","Mes 7x24",53707678.479999997,43205326.310000002,62992088,56230355.689999998,62360705.420000002,87430975.799999997,51376029.859999999,43369936.670000002,null,null,"SMMLV"]
["AgenteenlaEntidadCompradoraoBackOfficeAgenteprofesionalAgronomía,veterinariayafinesJornadaOrdinariaOroZona1NA","IT-BPO-26-241","Agente en la Entidad Compradora o Back Office","Agente profesional","Agronomía, veterinaria y afines","Jornada Ordinaria","Oro","Zona 1","NA","Mes",8085042,8365907.3099999996,13162302.960000001,8546887.8200000003,11194327.93,11540466.710000001,10645723.779999999,8224678.4800000004,null,null,"SMMLV"]
["AgenteenlaEntidadCompradoraoBackOfficeAgenteprofesionalAgronomía,veterinariayafinesHoraextradiurnaOroZona1NA","IT-BPO-26-242","Agente en la Entidad Compradora o Back Office","Agente profesional","Agronomía, veterinaria y afines","Hora extra diurna","Oro","Zona 1","NA","Hora",48125.25,48957.45,71535.259999999995,40958.480000000003,47636.2,68693.73,69049.16,37376.400000000001,null,null,"SMMLV"]
["AgenteenlaEntidadCompradoraoBackOfficeAgenteprofesionalAgronomía,veterinariayafinesHoraextranocturna OroZona1NA","IT-BPO-26-243","Agente en la Entidad Compradora o Back Office","Agente profesional","Agronomía, veterinaria y afines","Hora extra nocturna ","Oro","Zona 1","NA","Hora",67375.350000000006,68540.429999999993,100149.8,56811.89,64821.96,96170.57,74573.100000000006,52326.87,null,null,"SMMLV"]
["AgenteenlaEntidadCompradoraoBackOfficeAgenteprofesionalAgronomía,veterinariayafinesHoraextradominicalyfestivoOroZona1NA","IT-BPO-26-244","Agente en la Entidad Compradora o Back Office","Agente profesional","Agronomía, veterinaria y afines","Hora extra dominical y festivo","Oro","Zona 1","NA","Hora",77000.399999999994,97914.9,114455.97,64738.59,83413.289999999994,137387.46,110478.66,59802.22,null,null,"SMMLV"]
["AgenteenlaEntidadCompradoraoBackOfficeAgenteprofesionalAgronomía,veterinariayafinesServicio7x24OroZona1NA","IT-BPO-26-245","Agente en la Entidad Compradora o Back Office","Agente profesional","Agronomía, veterinaria y afines","Servicio 7x24","Oro","Zona 1","NA","Mes 7x24",36306345.600000001,32965900.280000001,52649208.560000002,37487902.07,40577466.590000004,65488194.149999999,51376029.859999999,34148357.380000003,null,null,"SMMLV"]
["AgenteenlaEntidadCompradoraoBackOfficeAgenteprofesionalAgronomía,veterinariayafinesJornadaOrdinariaPlatinoZona1NA","IT-BPO-26-246","Agente en la Entidad Compradora o Back Office","Agente profesional","Agronomía, veterinaria y afines","Jornada Ordinaria","Platino","Zona 1","NA","Mes",8489294.0999999996,8390886.4499999993,12165158.73,8546887.8200000003,11194327.93,11711056.76,10645723.779999999,8310689.3099999996,null,null,"SMMLV"]
["AgenteenlaEntidadCompradoraoBackOfficeAgenteprofesionalAgronomía,veterinariayafinesHoraextradiurnaPlatinoZona1NA","IT-BPO-26-247","Agente en la Entidad Compradora o Back Office","Agente profesional","Agronomía, veterinaria y afines","Hora extra diurna","Platino","Zona 1","NA","Hora",50531.51,48957.45,66116.100000000006,40958.480000000003,48182.01,69708.800000000003,69049.16,37833.89,null,null,"SMMLV"]
["AgenteenlaEntidadCompradoraoBackOfficeAgenteprofesionalAgronomía,veterinariayafinesHoraextranocturna PlatinoZona1NA","IT-BPO-26-248","Agente en la Entidad Compradora o Back Office","Agente profesional","Agronomía, veterinaria y afines","Hora extra nocturna ","Platino","Zona 1","NA","Hora",70744.12,68540.429999999993,92561.45,56811.89,65553.14,97592.97,74573.100000000006,52967.45,null,null,"SMMLV"]
["AgenteenlaEntidadCompradoraoBackOfficeAgenteprofesionalAgronomía,veterinariayafinesHoraextradominicalyfestivoPlatinoZona1NA","IT-BPO-26-249","Agente en la Entidad Compradora o Back Office","Agente profesional","Agronomía, veterinaria y afines","Hora extra dominical y festivo","Platino","Zona 1","NA","Hora",80850.42,97914.9,105784.67,64738.59,79283.759999999995,139417.59,110478.66,60534.23,null,null,"SMMLV"]
["AgenteenlaEntidadCompradoraoBackOfficeAgenteprofesionalAgronomía,veterinariayafinesServicio7x24PlatinoZona1NA","IT-BPO-26-250","Agente en la Entidad Compradora o Back Office","Agente profesional","Agronomía, veterinaria y afines","Servicio 7x24","Platino","Zona 1","NA","Mes 7x24",38121662.880000003,33054640.170000002,48660631.640000001,37487902.07,43325693.590000004,66456239.850000001,51376029.859999999,34549389.740000002,null,null,"SMMLV"]
["AgenteenlaEntidadCompradoraoBackOfficeAgenteprofesionalAgronomía,veterinariayafinesJornadaOrdinariaOroZona2NA","IT-BPO-26-251","Agente en la Entidad Compradora o Back Office","Agente profesional","Agronomía, veterinaria y afines","Jornada Ordinaria","Oro","Zona 2","NA","Mes",8327593.2599999998,8380894.5800000001,13293925.25,8546887.8200000003,11194327.93,11551100.25,10645723.779999999,8224678.4800000004,null,null,"SMMLV"]
["AgenteenlaEntidadCompradoraoBackOfficeAgenteprofesionalAgronomía,veterinariayafinesHoraextradiurnaOroZona2NA","IT-BPO-26-252","Agente en la Entidad Compradora o Back Office","Agente profesional","Agronomía, veterinaria y afines","Hora extra diurna","Oro","Zona 2","NA","Hora",49569.01,48957.45,72250.289999999994,40958.480000000003,52209.46,68757.240000000005,69049.16,37376.400000000001,null,null,"SMMLV"]
["AgenteenlaEntidadCompradoraoBackOfficeAgenteprofesionalAgronomía,veterinariayafinesHoraextranocturna OroZona2NA","IT-BPO-26-253","Agente en la Entidad Compradora o Back Office","Agente profesional","Agronomía, veterinaria y afines","Hora extra nocturna ","Oro","Zona 2","NA","Hora",69396.61,68540.429999999993,101150.63,56811.89,71316,96259.26,74573.100000000006,52326.87,null,null,"SMMLV"]
["AgenteenlaEntidadCompradoraoBackOfficeAgenteprofesionalAgronomía,veterinariayafinesHoraextradominicalyfestivoOroZona2NA","IT-BPO-26-254","Agente en la Entidad Compradora o Back Office","Agente profesional","Agronomía, veterinaria y afines","Hora extra dominical y festivo","Oro","Zona 2","NA","Hora",79310.41,97914.9,115600.25,64738.59,87840.66,137513.39000000001,110478.66,59802.22,null,null,"SMMLV"]
["AgenteenlaEntidadCompradoraoBackOfficeAgenteprofesionalAgronomía,veterinariayafinesServicio7x24OroZona2NA","IT-BPO-26-255","Agente en la Entidad Compradora o Back Office","Agente profesional","Agronomía, veterinaria y afines","Servicio 7x24","Oro","Zona 2","NA","Mes 7x24",37395535.969999999,33019144.649999999,53175699.890000001,37487902.07,40811440.979999997,65541361.880000003,51376029.859999999,34148357.380000003,null,null,"SMMLV"]
["AgenteenlaEntidadCompradoraoBackOfficeAgenteprofesionalAgronomía,veterinariayafinesJornadaOrdinariaPlatinoZona2NA","IT-BPO-26-256","Agente en la Entidad Compradora o Back Office","Agente profesional","Agronomía, veterinaria y afines","Jornada Ordinaria","Platino","Zona 2","NA","Mes",8743972.9199999999,8405872.6199999992,12286811.039999999,8546887.8200000003,11194327.93,11721847.98,10645723.779999999,8310689.3099999996,null,null,"SMMLV"]
["AgenteenlaEntidadCompradoraoBackOfficeAgenteprofesionalAgronomía,veterinariayafinesHoraextradiurnaPlatinoZona2NA","IT-BPO-26-257","Agente en la Entidad Compradora o Back Office","Agente profesional","Agronomía, veterinaria y afines","Hora extra diurna","Platino","Zona 2","NA","Hora",52047.46,48957.45,66777.48,40958.480000000003,49218.71,69773.399999999994,69049.16,37833.89,null,null,"SMMLV"]
["AgenteenlaEntidadCompradoraoBackOfficeAgenteprofesionalAgronomía,veterinariayafinesHoraextranocturna PlatinoZona2NA","IT-BPO-26-258","Agente en la Entidad Compradora o Back Office","Agente profesional","Agronomía, veterinaria y afines","Hora extra nocturna ","Platino","Zona 2","NA","Hora",72866.44,68540.429999999993,93487.82,56811.89,66907.06,97682.76,74573.100000000006,52967.45,null,null,"SMMLV"]
["AgenteenlaEntidadCompradoraoBackOfficeAgenteprofesionalAgronomía,veterinariayafinesHoraextradominicalyfestivoPlatinoZona2NA","IT-BPO-26-259","Agente en la Entidad Compradora o Back Office","Agente profesional","Agronomía, veterinaria y afines","Hora extra dominical y festivo","Platino","Zona 2","NA","Hora",83275.929999999993,97914.9,106842.44,64738.59,83829.990000000005,139546.79999999999,110478.66,60534.23,null,null,"SMMLV"]
["AgenteenlaEntidadCompradoraoBackOfficeAgenteprofesionalAgronomía,veterinariayafinesServicio7x24PlatinoZona2NA","IT-BPO-26-260","Agente en la Entidad Compradora o Back Office","Agente profesional","Agronomía, veterinaria y afines","Servicio 7x24","Platino","Zona 2","NA","Mes 7x24",39265312.770000003,33107883.449999999,49147238.689999998,37487902.07,43630331.43,66510195.979999997,51376029.859999999,34549389.740000002,null,null,"SMMLV"]
["AgenteenlaEntidadCompradoraoBackOfficeAgenteprofesionalAgronomía,veterinariayafinesJornadaOrdinariaOroZona3NA","IT-BPO-26-261","Agente en la Entidad Compradora o Back Office","Agente profesional","Agronomía, veterinaria y afines","Jornada Ordinaria","Oro","Zona 3","NA","Mes",8489294.0999999996,8400877.2300000004,13426865.91,8546887.8200000003,11194327.93,11577684.66,10645723.779999999,7930939.9100000001,null,null,"SMMLV"]
["AgenteenlaEntidadCompradoraoBackOfficeAgenteprofesionalAgronomía,veterinariayafinesHoraextradiurnaOroZona3NA","IT-BPO-26-262","Agente en la Entidad Compradora o Back Office","Agente profesional","Agronomía, veterinaria y afines","Hora extra diurna","Oro","Zona 3","NA","Hora",50531.51,48957.45,72972.990000000005,40958.480000000003,52429.26,68914.92,69049.16,36041.49,null,null,"SMMLV"]
["AgenteenlaEntidadCompradoraoBackOfficeAgenteprofesionalAgronomía,veterinariayafinesHoraextranocturna OroZona3NA","IT-BPO-26-263","Agente en la Entidad Compradora o Back Office","Agente profesional","Agronomía, veterinaria y afines","Hora extra nocturna ","Oro","Zona 3","NA","Hora",70744.12,68540.429999999993,102162.41,56811.89,71617.3,96481.55,74573.100000000006,50458.15,null,null,"SMMLV"]
["AgenteenlaEntidadCompradoraoBackOfficeAgenteprofesionalAgronomía,veterinariayafinesHoraextradominicalyfestivoOroZona3NA","IT-BPO-26-264","Agente en la Entidad Compradora o Back Office","Agente profesional","Agronomía, veterinaria y afines","Hora extra dominical y festivo","Oro","Zona 3","NA","Hora",80850.42,97914.9,116756.57,64738.59,88250.94,137829.84,110478.66,57666.42,null,null,"SMMLV"]
["AgenteenlaEntidadCompradoraoBackOfficeAgenteprofesionalAgronomía,veterinariayafinesServicio7x24OroZona3NA","IT-BPO-26-265","Agente en la Entidad Compradora o Back Office","Agente profesional","Agronomía, veterinaria y afines","Servicio 7x24","Oro","Zona 3","NA","Mes 7x24",38121662.880000003,33090135.690000001,53707458.170000002,37487902.07,40967423.670000002,65674283.93,51376029.859999999,32928773.210000001,null,null,"SMMLV"]
["AgenteenlaEntidadCompradoraoBackOfficeAgenteprofesionalAgronomía,veterinariayafinesJornadaOrdinariaPlatinoZona3NA","IT-BPO-26-266","Agente en la Entidad Compradora o Back Office","Agente profesional","Agronomía, veterinaria y afines","Jornada Ordinaria","Platino","Zona 3","NA","Mes",8913758.8100000005,8425856.3699999992,12409678.800000001,8546887.8200000003,11194327.93,11748825.5,10645723.779999999,8013878.9400000004,null,null,"SMMLV"]
["AgenteenlaEntidadCompradoraoBackOfficeAgenteprofesionalAgronomía,veterinariayafinesHoraextradiurnaPlatinoZona3NA","IT-BPO-26-267","Agente en la Entidad Compradora o Back Office","Agente profesional","Agronomía, veterinaria y afines","Hora extra diurna","Platino","Zona 3","NA","Hora",53058.09,48957.45,67444.34,40958.480000000003,49489.78,69934.37,69049.16,36482.660000000003,null,null,"SMMLV"]
["AgenteenlaEntidadCompradoraoBackOfficeAgenteprofesionalAgronomía,veterinariayafinesHoraextranocturna PlatinoZona3NA","IT-BPO-26-268","Agente en la Entidad Compradora o Back Office","Agente profesional","Agronomía, veterinaria y afines","Hora extra nocturna ","Platino","Zona 3","NA","Hora",74281.320000000007,68540.429999999993,94422.95,56811.89,67278.509999999995,97907.24,74573.100000000006,51075.73,null,null,"SMMLV"]
["AgenteenlaEntidadCompradoraoBackOfficeAgenteprofesionalAgronomía,veterinariayafinesHoraextradominicalyfestivoPlatinoZona3NA","IT-BPO-26-269","Agente en la Entidad Compradora o Back Office","Agente profesional","Agronomía, veterinaria y afines","Hora extra dominical y festivo","Platino","Zona 3","NA","Hora",84892.94,97914.9,107911.16,64738.59,90481.11,139867.64000000001,110478.66,58372.26,null,null,"SMMLV"]
["AgenteenlaEntidadCompradoraoBackOfficeAgenteprofesionalAgronomía,veterinariayafinesServicio7x24PlatinoZona3NA","IT-BPO-26-270","Agente en la Entidad Compradora o Back Office","Agente profesional","Agronomía, veterinaria y afines","Servicio 7x24","Platino","Zona 3","NA","Mes 7x24",40027746.020000003,33178875.59,49638710.82,37487902.07,43812250.789999999,66645078.079999998,51376029.859999999,33315482.969999999,null,null,"SMMLV"]
["AgenteenlaEntidadCompradoraoBackOfficeAgenteprofesionalCienciasdelaeducaciónyafinesJornadaOrdinariaOroZona1NA","IT-BPO-26-271","Agente en la Entidad Compradora o Back Office","Agente profesional","Ciencias de la educación y afines","Jornada Ordinaria","Oro","Zona 1","NA","Mes",8085042,8365907.3099999996,13162302.960000001,8546887.8200000003,11194327.93,11540466.710000001,10645723.779999999,8224678.4800000004,null,null,"SMMLV"]
["AgenteenlaEntidadCompradoraoBackOfficeAgenteprofesionalCienciasdelaeducaciónyafinesHoraextradiurnaOroZona1NA","IT-BPO-26-272","Agente en la Entidad Compradora o Back Office","Agente profesional","Ciencias de la educación y afines","Hora extra diurna","Oro","Zona 1","NA","Hora",48125.25,48957.45,71535.259999999995,40958.480000000003,47636.2,68693.73,69049.16,37376.400000000001,null,null,"SMMLV"]
["AgenteenlaEntidadCompradoraoBackOfficeAgenteprofesionalCienciasdelaeducaciónyafinesHoraextranocturna OroZona1NA","IT-BPO-26-273","Agente en la Entidad Compradora o Back Office","Agente profesional","Ciencias de la educación y afines","Hora extra nocturna ","Oro","Zona 1","NA","Hora",67375.350000000006,68540.429999999993,100149.8,56811.89,64821.96,96170.57,74573.100000000006,52326.87,null,null,"SMMLV"]
["AgenteenlaEntidadCompradoraoBackOfficeAgenteprofesionalCienciasdelaeducaciónyafinesHoraextradominicalyfestivoOroZona1NA","IT-BPO-26-274","Agente en la Entidad Compradora o Back Office","Agente profesional","Ciencias de la educación y afines","Hora extra dominical y festivo","Oro","Zona 1","NA","Hora",77000.399999999994,97914.9,114455.97,64738.59,83413.289999999994,137387.46,110478.66,59802.22,null,null,"SMMLV"]
["AgenteenlaEntidadCompradoraoBackOfficeAgenteprofesionalCienciasdelaeducaciónyafinesServicio7x24OroZona1NA","IT-BPO-26-275","Agente en la Entidad Compradora o Back Office","Agente profesional","Ciencias de la educación y afines","Servicio 7x24","Oro","Zona 1","NA","Mes 7x24",36306345.600000001,32965900.280000001,52649208.560000002,37487902.07,40577466.590000004,65488194.149999999,51376029.859999999,34148357.380000003,null,null,"SMMLV"]
["AgenteenlaEntidadCompradoraoBackOfficeAgenteprofesionalCienciasdelaeducaciónyafinesJornadaOrdinariaPlatinoZona1NA","IT-BPO-26-276","Agente en la Entidad Compradora o Back Office","Agente profesional","Ciencias de la educación y afines","Jornada Ordinaria","Platino","Zona 1","NA","Mes",8489294.0999999996,8390886.4499999993,12165158.73,8546887.8200000003,11194327.93,11711056.76,10645723.779999999,8310689.3099999996,null,null,"SMMLV"]
["AgenteenlaEntidadCompradoraoBackOfficeAgenteprofesionalCienciasdelaeducaciónyafinesHoraextradiurnaPlatinoZona1NA","IT-BPO-26-277","Agente en la Entidad Compradora o Back Office","Agente profesional","Ciencias de la educación y afines","Hora extra diurna","Platino","Zona 1","NA","Hora",50531.51,48957.45,66116.100000000006,40958.480000000003,48182.01,69708.800000000003,69049.16,37833.89,null,null,"SMMLV"]
["AgenteenlaEntidadCompradoraoBackOfficeAgenteprofesionalCienciasdelaeducaciónyafinesHoraextranocturna PlatinoZona1NA","IT-BPO-26-278","Agente en la Entidad Compradora o Back Office","Agente profesional","Ciencias de la educación y afines","Hora extra nocturna ","Platino","Zona 1","NA","Hora",70744.12,68540.429999999993,92561.45,56811.89,65553.14,97592.97,74573.100000000006,52967.45,null,null,"SMMLV"]
["AgenteenlaEntidadCompradoraoBackOfficeAgenteprofesionalCienciasdelaeducaciónyafinesHoraextradominicalyfestivoPlatinoZona1NA","IT-BPO-26-279","Agente en la Entidad Compradora o Back Office","Agente profesional","Ciencias de la educación y afines","Hora extra dominical y festivo","Platino","Zona 1","NA","Hora",80850.42,97914.9,105784.67,64738.59,79283.759999999995,139417.59,110478.66,60534.23,null,null,"SMMLV"]
["AgenteenlaEntidadCompradoraoBackOfficeAgenteprofesionalCienciasdelaeducaciónyafinesServicio7x24PlatinoZona1NA","IT-BPO-26-280","Agente en la Entidad Compradora o Back Office","Agente profesional","Ciencias de la educación y afines","Servicio 7x24","Platino","Zona 1","NA","Mes 7x24",38121662.880000003,33054640.170000002,48660631.640000001,37487902.07,43325693.590000004,66456239.850000001,51376029.859999999,34549389.740000002,null,null,"SMMLV"]
["AgenteenlaEntidadCompradoraoBackOfficeAgenteprofesionalCienciasdelaeducaciónyafinesJornadaOrdinariaOroZona2NA","IT-BPO-26-281","Agente en la Entidad Compradora o Back Office","Agente profesional","Ciencias de la educación y afines","Jornada Ordinaria","Oro","Zona 2","NA","Mes",8327593.2599999998,8380894.5800000001,13293925.25,8546887.8200000003,11194327.93,11551100.25,10645723.779999999,8224678.4800000004,null,null,"SMMLV"]
["AgenteenlaEntidadCompradoraoBackOfficeAgenteprofesionalCienciasdelaeducaciónyafinesHoraextradiurnaOroZona2NA","IT-BPO-26-282","Agente en la Entidad Compradora o Back Office","Agente profesional","Ciencias de la educación y afines","Hora extra diurna","Oro","Zona 2","NA","Hora",49569.01,48957.45,72250.289999999994,40958.480000000003,52209.46,68757.240000000005,69049.16,37376.400000000001,null,null,"SMMLV"]
["AgenteenlaEntidadCompradoraoBackOfficeAgenteprofesionalCienciasdelaeducaciónyafinesHoraextranocturna OroZona2NA","IT-BPO-26-283","Agente en la Entidad Compradora o Back Office","Agente profesional","Ciencias de la educación y afines","Hora extra nocturna ","Oro","Zona 2","NA","Hora",69396.61,68540.429999999993,101150.63,56811.89,71316,96259.26,74573.100000000006,52326.87,null,null,"SMMLV"]
["AgenteenlaEntidadCompradoraoBackOfficeAgenteprofesionalCienciasdelaeducaciónyafinesHoraextradominicalyfestivoOroZona2NA","IT-BPO-26-284","Agente en la Entidad Compradora o Back Office","Agente profesional","Ciencias de la educación y afines","Hora extra dominical y festivo","Oro","Zona 2","NA","Hora",79310.41,97914.9,115600.25,64738.59,87840.66,137513.39000000001,110478.66,59802.22,null,null,"SMMLV"]
["AgenteenlaEntidadCompradoraoBackOfficeAgenteprofesionalCienciasdelaeducaciónyafinesServicio7x24OroZona2NA","IT-BPO-26-285","Agente en la Entidad Compradora o Back Office","Agente profesional","Ciencias de la educación y afines","Servicio 7x24","Oro","Zona 2","NA","Mes 7x24",37395535.969999999,33019144.649999999,53175699.890000001,37487902.07,40811440.979999997,65541361.880000003,51376029.859999999,34148357.380000003,null,null,"SMMLV"]
["AgenteenlaEntidadCompradoraoBackOfficeAgenteprofesionalCienciasdelaeducaciónyafinesJornadaOrdinariaPlatinoZona2NA","IT-BPO-26-286","Agente en la Entidad Compradora o Back Office","Agente profesional","Ciencias de la educación y afines","Jornada Ordinaria","Platino","Zona 2","NA","Mes",8743972.9199999999,8405872.6199999992,12286811.039999999,8546887.8200000003,11194327.93,11721847.98,10645723.779999999,8310689.3099999996,null,null,"SMMLV"]
["AgenteenlaEntidadCompradoraoBackOfficeAgenteprofesionalCienciasdelaeducaciónyafinesHoraextradiurnaPlatinoZona2NA","IT-BPO-26-287","Agente en la Entidad Compradora o Back Office","Agente profesional","Ciencias de la educación y afines","Hora extra diurna","Platino","Zona 2","NA","Hora",52047.46,48957.45,66777.48,40958.480000000003,49218.71,69773.399999999994,69049.16,37833.89,null,null,"SMMLV"]
["AgenteenlaEntidadCompradoraoBackOfficeAgenteprofesionalCienciasdelaeducaciónyafinesHoraextranocturna PlatinoZona2NA","IT-BPO-26-288","Agente en la Entidad Compradora o Back Office","Agente profesional","Ciencias de la educación y afines","Hora extra nocturna ","Platino","Zona 2","NA","Hora",72866.44,68540.429999999993,93487.82,56811.89,66907.06,97682.76,74573.100000000006,52967.45,null,null,"SMMLV"]
["AgenteenlaEntidadCompradoraoBackOfficeAgenteprofesionalCienciasdelaeducaciónyafinesHoraextradominicalyfestivoPlatinoZona2NA","IT-BPO-26-289","Agente en la Entidad Compradora o Back Office","Agente profesional","Ciencias de la educación y afines","Hora extra dominical y festivo","Platino","Zona 2","NA","Hora",83275.929999999993,97914.9,106842.44,64738.59,83829.990000000005,139546.79999999999,110478.66,60534.23,null,null,"SMMLV"]
["AgenteenlaEntidadCompradoraoBackOfficeAgenteprofesionalCienciasdelaeducaciónyafinesServicio7x24PlatinoZona2NA","IT-BPO-26-290","Agente en la Entidad Compradora o Back Office","Agente profesional","Ciencias de la educación y afines","Servicio 7x24","Platino","Zona 2","NA","Mes 7x24",39265312.770000003,33107883.449999999,49147238.689999998,37487902.07,43630331.43,66510195.979999997,51376029.859999999,34549389.740000002,null,null,"SMMLV"]
["AgenteenlaEntidadCompradoraoBackOfficeAgenteprofesionalCienciasdelaeducaciónyafinesJornadaOrdinariaOroZona3NA","IT-BPO-26-291","Agente en la Entidad Compradora o Back Office","Agente profesional","Ciencias de la educación y afines","Jornada Ordinaria","Oro","Zona 3","NA","Mes",8489294.0999999996,8400877.2300000004,13426865.91,8546887.8200000003,11194327.93,11577684.66,10645723.779999999,7930939.9100000001,null,null,"SMMLV"]
["AgenteenlaEntidadCompradoraoBackOfficeAgenteprofesionalCienciasdelaeducaciónyafinesHoraextradiurnaOroZona3NA","IT-BPO-26-292","Agente en la Entidad Compradora o Back Office","Agente profesional","Ciencias de la educación y afines","Hora extra diurna","Oro","Zona 3","NA","Hora",50531.51,48957.45,72972.990000000005,40958.480000000003,52429.26,68914.92,69049.16,36041.49,null,null,"SMMLV"]
["AgenteenlaEntidadCompradoraoBackOfficeAgenteprofesionalCienciasdelaeducaciónyafinesHoraextranocturna OroZona3NA","IT-BPO-26-293","Agente en la Entidad Compradora o Back Office","Agente profesional","Ciencias de la educación y afines","Hora extra nocturna ","Oro","Zona 3","NA","Hora",70744.12,68540.429999999993,102162.41,56811.89,71617.3,96481.55,74573.100000000006,50458.15,null,null,"SMMLV"]
[{"$f":"SUBSTITUTE(C834&D834&E834&F834&G834&H834&I834,\" \",\"\")","v":"AgenteenlaEntidadCompradoraoBackOfficeAgenteprofesionalCienciasdelaeducaciónyafinesHoraextradominicalyfestivoOroZona3NA"},"IT-BPO-26-294","Agente en la Entidad Compradora o Back Office","Agente profesional","Ciencias de la educación y afines","Hora extra dominical y festivo","Oro","Zona 3","NA","Hora",80850.42,97914.9,116756.57,64738.59,88250.94,137829.84,110478.66,57666.42,null,null,"SMMLV"]
["AgenteenlaEntidadCompradoraoBackOfficeAgenteprofesionalCienciasdelaeducaciónyafinesServicio7x24OroZona3NA","IT-BPO-26-295","Agente en la Entidad Compradora o Back Office","Agente profesional","Ciencias de la educación y afines","Servicio 7x24","Oro","Zona 3","NA","Mes 7x24",38121662.880000003,33090135.690000001,53707458.170000002,37487902.07,40967423.670000002,65674283.93,51376029.859999999,32928773.210000001,null,null,"SMMLV"]
["AgenteenlaEntidadCompradoraoBackOfficeAgenteprofesionalCienciasdelaeducaciónyafinesJornadaOrdinariaPlatinoZona3NA","IT-BPO-26-296","Agente en la Entidad Compradora o Back Office","Agente profesional","Ciencias de la educación y afines","Jornada Ordinaria","Platino","Zona 3","NA","Mes",8913758.8100000005,8425856.3699999992,12409678.800000001,8546887.8200000003,11194327.93,11748825.5,10645723.779999999,8013878.9400000004,null,null,"SMMLV"]
["AgenteenlaEntidadCompradoraoBackOfficeAgenteprofesionalCienciasdelaeducaciónyafinesHoraextradiurnaPlatinoZona3NA","IT-BPO-26-297","Agente en la Entidad Compradora o Back Office","Agente profesional","Ciencias de la educación y afines","Hora extra diurna","Platino","Zona 3","NA","Hora",69343.72,48957.45,67444.34,40958.480000000003,49489.78,69934.37,69049.16,36482.660000000003,null,null,"SMMLV"]
["AgenteenlaEntidadCompradoraoBackOfficeAgenteprofesionalCienciasdelaeducaciónyafinesHoraextranocturna PlatinoZona3NA","IT-BPO-26-298","Agente en la Entidad Compradora o Back Office","Agente profesional","Ciencias de la educación y afines","Hora extra nocturna ","Platino","Zona 3","NA","Hora",74281.320000000007,68540.429999999993,94422.95,56811.89,67278.509999999995,97907.24,74573.100000000006,51075.73,null,null,"SMMLV"]
["AgenteenlaEntidadCompradoraoBackOfficeAgenteprofesionalCienciasdelaeducaciónyafinesHoraextradominicalyfestivoPlatinoZona3NA","IT-BPO-26-299","Agente en la Entidad Compradora o Back Office","Agente profesional","Ciencias de la educación y afines","Hora extra dominical y festivo","Platino","Zona 3","NA","Hora",84892.94,97914.9,107911.16,64738.59,90481.11,139867.64000000001,110478.66,58372.26,null,null,"SMMLV"]
["AgenteenlaEntidadCompradoraoBackOfficeAgenteprofesionalCienciasdelaeducaciónyafinesServicio7x24PlatinoZona3NA","IT-BPO-26-300","Agente en la Entidad Compradora o Back Office","Agente profesional","Ciencias de la educación y afines","Servicio 7x24","Platino","Zona 3","NA","Mes 7x24",40027746.020000003,33178875.59,49638710.82,37487902.07,43812250.789999999,66645078.079999998,51376029.859999999,33315482.969999999,null,null,"SMMLV"]
["AgenteenlaEntidadCompradoraoBackOfficeAgenteespecializadoEconomía,administración,contaduríayafinesJornadaOrdinariaOroZona1NA","IT-BPO-26-301","Agente en la Entidad Compradora o Back Office","Agente especializado","Economía, administración, contaduría y afines","Jornada Ordinaria","Oro","Zona 1","NA","Mes",10566662.4,10872519.99,16703112.48,11040273.99,14751925.640000001,15118031,13307154.73,10460960.960000001,null,null,"SMMLV"]
["AgenteenlaEntidadCompradoraoBackOfficeAgenteespecializadoEconomía,administración,contaduríayafinesHoraextradiurnaOroZona1NA","IT-BPO-26-302","Agente en la Entidad Compradora o Back Office","Agente especializado","Economía, administración, contaduría y afines","Hora extra diurna","Oro","Zona 1","NA","Hora",62896.800000000003,65276.24,90778.79,53945.18,62655.88,89989.29,86311.45,49271.5,null,null,"SMMLV"]
["AgenteenlaEntidadCompradoraoBackOfficeAgenteespecializadoEconomía,administración,contaduríayafinesHoraextranocturna OroZona1NA","IT-BPO-26-303","Agente en la Entidad Compradora o Back Office","Agente especializado","Economía, administración, contaduría y afines","Hora extra nocturna ","Oro","Zona 1","NA","Hora",88055.52,91386.51,127090.08,74993.27,85539.82,125984.13,93216.37,68980.070000000007,null,null,"SMMLV"]
["AgenteenlaEntidadCompradoraoBackOfficeAgenteespecializadoEconomía,administración,contaduríayafinesHoraextradominicalyfestivoOroZona1NA","IT-BPO-26-304","Agente en la Entidad Compradora o Back Office","Agente especializado","Economía, administración, contaduría y afines","Hora extra dominical y festivo","Oro","Zona 1","NA","Hora",100634.88,130552.47,145246.28,85517.31,110364.37,179977.49,138098.32999999999,78834.42,null,null,"SMMLV"]
["AgenteenlaEntidadCompradoraoBackOfficeAgenteespecializadoEconomía,administración,contaduríayafinesServicio7x24OroZona1NA","IT-BPO-26-305","Agente en la Entidad Compradora o Back Office","Agente especializado","Economía, administración, contaduría y afines","Servicio 7x24","Oro","Zona 1","NA","Mes 7x24",48714447.600000001,42992351,66812444.450000003,49201709.460000001,53644785.509999998,85971307.950000003,64220037.32,44575198.240000002,null,null,"SMMLV"]
["AgenteenlaEntidadCompradoraoBackOfficeAgenteespecializadoEconomía,administración,contaduríayafinesJornadaOrdinariaPlatinoZona1NA","IT-BPO-26-306","Agente en la Entidad Compradora o Back Office","Agente especializado","Economía, administración, contaduría y afines","Jornada Ordinaria","Platino","Zona 1","NA","Mes",11094995.52,10897499.130000001,15437725.01,11040273.99,14751925.640000001,15341505.17,13307154.73,10546971.779999999,null,null,"SMMLV"]
["AgenteenlaEntidadCompradoraoBackOfficeAgenteespecializadoEconomía,administración,contaduríayafinesHoraextradiurnaPlatinoZona1NA","IT-BPO-26-307","Agente en la Entidad Compradora o Back Office","Agente especializado","Economía, administración, contaduría y afines","Hora extra diurna","Platino","Zona 1","NA","Hora",66041.64,65276.24,83902.19,53945.18,63369.47,91318.62,86311.45,49728.99,null,null,"SMMLV"]
["AgenteenlaEntidadCompradoraoBackOfficeAgenteespecializadoEconomía,administración,contaduríayafinesHoraextranocturna PlatinoZona1NA","IT-BPO-26-308","Agente en la Entidad Compradora o Back Office","Agente especializado","Economía, administración, contaduría y afines","Hora extra nocturna ","Platino","Zona 1","NA","Hora",92458.3,91386.51,117461.75,74993.27,86499.58,127846.73,93216.37,69620.649999999994,null,null,"SMMLV"]
["AgenteenlaEntidadCompradoraoBackOfficeAgenteespecializadoEconomía,administración,contaduríayafinesHoraextradominicalyfestivoPlatinoZona1NA","IT-BPO-26-309","Agente en la Entidad Compradora o Back Office","Agente especializado","Economía, administración, contaduría y afines","Hora extra dominical y festivo","Platino","Zona 1","NA","Hora",105666.62,130552.47,134241.53,85517.31,104791.32,182637.24,138098.32999999999,79566.42,null,null,"SMMLV"]
["AgenteenlaEntidadCompradoraoBackOfficeAgenteespecializadoEconomía,administración,contaduríayafinesServicio7x24PlatinoZona1NA","IT-BPO-26-310","Agente en la Entidad Compradora o Back Office","Agente especializado","Economía, administración, contaduría y afines","Servicio 7x24","Platino","Zona 1","NA","Mes 7x24",51150169.979999997,43081090.890000001,61750895.640000001,49201709.460000001,56398546.149999999,87242132.099999994,64220037.32,44976230.600000001,null,null,"SMMLV"]
["AgenteenlaEntidadCompradoraoBackOfficeAgenteespecializadoEconomía,administración,contaduríayafinesJornadaOrdinariaOroZona2NA","IT-BPO-26-311","Agente en la Entidad Compradora o Back Office","Agente especializado","Economía, administración, contaduría y afines","Jornada Ordinaria","Oro","Zona 2","NA","Mes",10883662.27,10887507.26,16870142.690000001,11040273.99,14751925.640000001,15128665.640000001,13307154.73,10460960.960000001,null,null,"SMMLV"]
["AgenteenlaEntidadCompradoraoBackOfficeAgenteespecializadoEconomía,administración,contaduríayafinesHoraextradiurnaOroZona2NA","IT-BPO-26-312","Agente en la Entidad Compradora o Back Office","Agente especializado","Economía, administración, contaduría y afines","Hora extra diurna","Oro","Zona 2","NA","Hora",64783.7,65276.24,91686.54,53945.18,63986.720000000001,90051.71,86311.45,49271.5,null,null,"SMMLV"]
["AgenteenlaEntidadCompradoraoBackOfficeAgenteespecializadoEconomía,administración,contaduríayafinesHoraextranocturna OroZona2NA","IT-BPO-26-313","Agente en la Entidad Compradora o Back Office","Agente especializado","Economía, administración, contaduría y afines","Hora extra nocturna ","Oro","Zona 2","NA","Hora",90697.19,91386.51,128360.28,74993.27,87287.9,126072.83,93216.37,68980.070000000007,null,null,"SMMLV"]
["AgenteenlaEntidadCompradoraoBackOfficeAgenteespecializadoEconomía,administración,contaduríayafinesHoraextradominicalyfestivoOroZona2NA","IT-BPO-26-314","Agente en la Entidad Compradora o Back Office","Agente especializado","Economía, administración, contaduría y afines","Hora extra dominical y festivo","Oro","Zona 2","NA","Hora",103653.93,130552.47,146697.15,85517.31,116258.29,180103.41,138098.32999999999,78834.42,null,null,"SMMLV"]
["AgenteenlaEntidadCompradoraoBackOfficeAgenteespecializadoEconomía,administración,contaduríayafinesServicio7x24OroZona2NA","IT-BPO-26-315","Agente en la Entidad Compradora o Back Office","Agente especializado","Economía, administración, contaduría y afines","Servicio 7x24","Oro","Zona 2","NA","Mes 7x24",50175881.030000001,43045595.369999997,67480569.650000006,49201709.460000001,53962330.329999998,86024475.680000007,64220037.32,44575198.240000002,null,null,"SMMLV"]
["AgenteenlaEntidadCompradoraoBackOfficeAgenteespecializadoEconomía,administración,contaduríayafinesJornadaOrdinariaPlatinoZona2NA","IT-BPO-26-316","Agente en la Entidad Compradora o Back Office","Agente especializado","Economía, administración, contaduría y afines","Jornada Ordinaria","Platino","Zona 2","NA","Mes",11427845.390000001,10912485.300000001,15592102.49,11040273.99,14751925.640000001,15352296.390000001,13307154.73,10546971.779999999,null,null,"SMMLV"]
["AgenteenlaEntidadCompradoraoBackOfficeAgenteespecializadoEconomía,administración,contaduríayafinesHoraextradiurnaPlatinoZona2NA","IT-BPO-26-317","Agente en la Entidad Compradora o Back Office","Agente especializado","Economía, administración, contaduría y afines","Hora extra diurna","Platino","Zona 2","NA","Hora",68022.89,65276.24,84740.96,53945.18,64731.82,91383.23,86311.45,49728.99,null,null,"SMMLV"]
["AgenteenlaEntidadCompradoraoBackOfficeAgenteespecializadoEconomía,administración,contaduríayafinesHoraextranocturna PlatinoZona2NA","IT-BPO-26-318","Agente en la Entidad Compradora o Back Office","Agente especializado","Economía, administración, contaduría y afines","Hora extra nocturna ","Platino","Zona 2","NA","Hora",95232.04,91386.51,118636.68,74993.27,88289.8,127936.52,93216.37,69620.649999999994,null,null,"SMMLV"]
["AgenteenlaEntidadCompradoraoBackOfficeAgenteespecializadoEconomía,administración,contaduríayafinesHoraextradominicalyfestivoPlatinoZona2NA","IT-BPO-26-319","Agente en la Entidad Compradora o Back Office","Agente especializado","Economía, administración, contaduría y afines","Hora extra dominical y festivo","Platino","Zona 2","NA","Hora",108836.62,130552.47,135584,85517.31,110824.52,182766.45,138098.32999999999,79566.42,null,null,"SMMLV"]
["AgenteenlaEntidadCompradoraoBackOfficeAgenteespecializadoEconomía,administración,contaduríayafinesServicio7x24PlatinoZona2NA","IT-BPO-26-320","Agente en la Entidad Compradora o Back Office","Agente especializado","Economía, administración, contaduría y afines","Servicio 7x24","Platino","Zona 2","NA","Mes 7x24",52684675.079999998,43134334.170000002,62368405.560000002,49201709.460000001,56779078.149999999,87296088.230000004,64220037.32,44976230.600000001,null,null,"SMMLV"]
["AgenteenlaEntidadCompradoraoBackOfficeAgenteespecializadoEconomía,administración,contaduríayafinesJornadaOrdinariaOroZona3NA","IT-BPO-26-321","Agente en la Entidad Compradora o Back Office","Agente especializado","Economía, administración, contaduría y afines","Jornada Ordinaria","Oro","Zona 3","NA","Mes",11094995.52,10907489.91,17038844.960000001,11040273.99,14751925.640000001,15155248.949999999,13307154.73,10087355.17,null,null,"SMMLV"]
["AgenteenlaEntidadCompradoraoBackOfficeAgenteespecializadoEconomía,administración,contaduríayafinesHoraextradiurnaOroZona3NA","IT-BPO-26-322","Agente en la Entidad Compradora o Back Office","Agente especializado","Economía, administración, contaduría y afines","Hora extra diurna","Oro","Zona 3","NA","Hora",66041.64,65276.24,92604.15,53945.18,64329.599999999999,90210.48,86311.45,47511.83,null,null,"SMMLV"]
["AgenteenlaEntidadCompradoraoBackOfficeAgenteespecializadoEconomía,administración,contaduríayafinesHoraextranocturna OroZona3NA","IT-BPO-26-323","Agente en la Entidad Compradora o Back Office","Agente especializado","Economía, administración, contaduría y afines","Hora extra nocturna ","Oro","Zona 3","NA","Hora",92458.3,91386.51,129643.62,74993.27,87758.63,126294.02,93216.37,66516.539999999994,null,null,"SMMLV"]
["AgenteenlaEntidadCompradoraoBackOfficeAgenteespecializadoEconomía,administración,contaduríayafinesHoraextradominicalyfestivoOroZona3NA","IT-BPO-26-324","Agente en la Entidad Compradora o Back Office","Agente especializado","Economía, administración, contaduría y afines","Hora extra dominical y festivo","Oro","Zona 3","NA","Hora",105666.62,130552.47,148165.54999999999,85517.31,116792.75,180419.87,138098.32999999999,76018.84,null,null,"SMMLV"]
["AgenteenlaEntidadCompradoraoBackOfficeAgenteespecializadoEconomía,administración,contaduríayafinesServicio7x24OroZona3NA","IT-BPO-26-325","Agente en la Entidad Compradora o Back Office","Agente especializado","Economía, administración, contaduría y afines","Servicio 7x24","Oro","Zona 3","NA","Mes 7x24",51150169.979999997,43116586.409999996,68155374.349999994,49201709.460000001,54174026.509999998,86157397.730000004,64220037.32,42983226.909999996,null,null,"SMMLV"]
["AgenteenlaEntidadCompradoraoBackOfficeAgenteespecializadoEconomía,administración,contaduríayafinesJornadaOrdinariaPlatinoZona3NA","IT-BPO-26-326","Agente en la Entidad Compradora o Back Office","Agente especializado","Economía, administración, contaduría y afines","Jornada Ordinaria","Platino","Zona 3","NA","Mes",11649745.300000001,10932469.050000001,15748022.82,11040273.99,14751925.640000001,15379273.91,13307154.73,10170294.300000001,null,null,"SMMLV"]
["AgenteenlaEntidadCompradoraoBackOfficeAgenteespecializadoEconomía,administración,contaduríayafinesHoraextradiurnaPlatinoZona3NA","IT-BPO-26-327","Agente en la Entidad Compradora o Back Office","Agente especializado","Economía, administración, contaduría y afines","Hora extra diurna","Platino","Zona 3","NA","Hora",69343.72,65276.24,85588.49,53945.18,65084.22,91544.19,86311.45,47953.01,null,null,"SMMLV"]
["AgenteenlaEntidadCompradoraoBackOfficeAgenteespecializadoEconomía,administración,contaduríayafinesHoraextranocturna PlatinoZona3NA","IT-BPO-26-328","Agente en la Entidad Compradora o Back Office","Agente especializado","Economía, administración, contaduría y afines","Hora extra nocturna ","Platino","Zona 3","NA","Hora",97081.21,91386.51,119822.57,74993.27,88773.71,128160.99,93216.37,67134.12,null,null,"SMMLV"]
["AgenteenlaEntidadCompradoraoBackOfficeAgenteespecializadoEconomía,administración,contaduríayafinesHoraextradominicalyfestivoPlatinoZona3NA","IT-BPO-26-329","Agente en la Entidad Compradora o Back Office","Agente especializado","Economía, administración, contaduría y afines","Hora extra dominical y festivo","Platino","Zona 3","NA","Hora",110949.96,130552.47,136940.70000000001,85517.31,111511.83,183087.29,138098.32999999999,76724.789999999994,null,null,"SMMLV"]
["AgenteenlaEntidadCompradoraoBackOfficeAgenteespecializadoEconomía,administración,contaduríayafinesServicio7x24PlatinoZona3NA","IT-BPO-26-330","Agente en la Entidad Compradora o Back Office","Agente especializado","Economía, administración, contaduría y afines","Servicio 7x24","Platino","Zona 3","NA","Mes 7x24",53707678.479999997,43205326.310000002,62992088,49201709.460000001,57011594.219999999,87430975.799999997,64220037.32,43369936.670000002,null,null,"SMMLV"]
["AgenteenlaEntidadCompradoraoBackOfficeAgenteespecializadoCienciassociales,humanasyafinesJornadaOrdinariaOroZona1NA","IT-BPO-26-331","Agente en la Entidad Compradora o Back Office","Agente especializado","Ciencias sociales, humanas y afines","Jornada Ordinaria","Oro","Zona 1","NA","Mes",10566662.4,10872519.99,16703112.48,11040273.99,14751925.640000001,15118031,13307154.73,10460960.960000001,null,null,"SMMLV"]
["AgenteenlaEntidadCompradoraoBackOfficeAgenteespecializadoCienciassociales,humanasyafinesHoraextradiurnaOroZona1NA","IT-BPO-26-332","Agente en la Entidad Compradora o Back Office","Agente especializado","Ciencias sociales, humanas y afines","Hora extra diurna","Oro","Zona 1","NA","Hora",62896.800000000003,65276.24,90778.79,53945.18,62655.88,89989.29,86311.45,49271.5,null,null,"SMMLV"]
["AgenteenlaEntidadCompradoraoBackOfficeAgenteespecializadoCienciassociales,humanasyafinesHoraextranocturna OroZona1NA","IT-BPO-26-333","Agente en la Entidad Compradora o Back Office","Agente especializado","Ciencias sociales, humanas y afines","Hora extra nocturna ","Oro","Zona 1","NA","Hora",88055.52,91386.51,127090.08,74993.27,85539.82,125984.13,93216.37,68980.070000000007,null,null,"SMMLV"]
["AgenteenlaEntidadCompradoraoBackOfficeAgenteespecializadoCienciassociales,humanasyafinesHoraextradominicalyfestivoOroZona1NA","IT-BPO-26-334","Agente en la Entidad Compradora o Back Office","Agente especializado","Ciencias sociales, humanas y afines","Hora extra dominical y festivo","Oro","Zona 1","NA","Hora",100634.88,130552.47,145246.28,85517.31,110364.37,179977.49,138098.32999999999,78834.42,null,null,"SMMLV"]
["AgenteenlaEntidadCompradoraoBackOfficeAgenteespecializadoCienciassociales,humanasyafinesServicio7x24OroZona1NA","IT-BPO-26-335","Agente en la Entidad Compradora o Back Office","Agente especializado","Ciencias sociales, humanas y afines","Servicio 7x24","Oro","Zona 1","NA","Mes 7x24",48714447.600000001,42992351,66812444.450000003,49201709.460000001,53644785.509999998,85971307.950000003,64220037.32,44575198.240000002,null,null,"SMMLV"]
["AgenteenlaEntidadCompradoraoBackOfficeAgenteespecializadoCienciassociales,humanasyafinesJornadaOrdinariaPlatinoZona1NA","IT-BPO-26-336","Agente en la Entidad Compradora o Back Office","Agente especializado","Ciencias sociales, humanas y afines","Jornada Ordinaria","Platino","Zona 1","NA","Mes",11094995.52,10897499.130000001,15437725.01,11040273.99,14751925.640000001,15341505.17,13307154.73,10546971.779999999,null,null,"SMMLV"]
["AgenteenlaEntidadCompradoraoBackOfficeAgenteespecializadoCienciassociales,humanasyafinesHoraextradiurnaPlatinoZona1NA","IT-BPO-26-337","Agente en la Entidad Compradora o Back Office","Agente especializado","Ciencias sociales, humanas y afines","Hora extra diurna","Platino","Zona 1","NA","Hora",66041.64,65276.24,83902.19,53945.18,63369.47,91318.62,86311.45,49728.99,null,null,"SMMLV"]
["AgenteenlaEntidadCompradoraoBackOfficeAgenteespecializadoCienciassociales,humanasyafinesHoraextranocturna PlatinoZona1NA","IT-BPO-26-338","Agente en la Entidad Compradora o Back Office","Agente especializado","Ciencias sociales, humanas y afines","Hora extra nocturna ","Platino","Zona 1","NA","Hora",92458.3,91386.51,117461.75,74993.27,86499.58,127846.73,93216.37,69620.649999999994,null,null,"SMMLV"]
["AgenteenlaEntidadCompradoraoBackOfficeAgenteespecializadoCienciassociales,humanasyafinesHoraextradominicalyfestivoPlatinoZona1NA","IT-BPO-26-339","Agente en la Entidad Compradora o Back Office","Agente especializado","Ciencias sociales, humanas y afines","Hora extra dominical y festivo","Platino","Zona 1","NA","Hora",105666.62,130552.47,134241.53,85517.31,104791.32,182637.24,138098.32999999999,79566.42,null,null,"SMMLV"]
["AgenteenlaEntidadCompradoraoBackOfficeAgenteespecializadoCienciassociales,humanasyafinesServicio7x24PlatinoZona1NA","IT-BPO-26-340","Agente en la Entidad Compradora o Back Office","Agente especializado","Ciencias sociales, humanas y afines","Servicio 7x24","Platino","Zona 1","NA","Mes 7x24",51150169.979999997,43081090.890000001,61750895.640000001,49201709.460000001,56398546.149999999,87242132.099999994,64220037.32,44976230.600000001,null,null,"SMMLV"]
["AgenteenlaEntidadCompradoraoBackOfficeAgenteespecializadoCienciassociales,humanasyafinesJornadaOrdinariaOroZona2NA","IT-BPO-26-341","Agente en la Entidad Compradora o Back Office","Agente especializado","Ciencias sociales, humanas y afines","Jornada Ordinaria","Oro","Zona 2","NA","Mes",10883662.27,10887507.26,16870142.690000001,11040273.99,14751925.640000001,15128665.640000001,13307154.73,10460960.960000001,null,null,"SMMLV"]
["AgenteenlaEntidadCompradoraoBackOfficeAgenteespecializadoCienciassociales,humanasyafinesHoraextradiurnaOroZona2NA","IT-BPO-26-342","Agente en la Entidad Compradora o Back Office","Agente especializado","Ciencias sociales, humanas y afines","Hora extra diurna","Oro","Zona 2","NA","Hora",64783.7,65276.24,91686.54,53945.18,63986.720000000001,90051.71,86311.45,49271.5,null,null,"SMMLV"]
["AgenteenlaEntidadCompradoraoBackOfficeAgenteespecializadoCienciassociales,humanasyafinesHoraextranocturna OroZona2NA","IT-BPO-26-343","Agente en la Entidad Compradora o Back Office","Agente especializado","Ciencias sociales, humanas y afines","Hora extra nocturna ","Oro","Zona 2","NA","Hora",90697.19,91386.51,128360.28,74993.27,87287.9,126072.83,93216.37,68980.070000000007,null,null,"SMMLV"]
["AgenteenlaEntidadCompradoraoBackOfficeAgenteespecializadoCienciassociales,humanasyafinesHoraextradominicalyfestivoOroZona2NA","IT-BPO-26-344","Agente en la Entidad Compradora o Back Office","Agente especializado","Ciencias sociales, humanas y afines","Hora extra dominical y festivo","Oro","Zona 2","NA","Hora",103653.93,130552.47,146697.15,85517.31,116258.29,180103.41,138098.32999999999,78834.42,null,null,"SMMLV"]
["AgenteenlaEntidadCompradoraoBackOfficeAgenteespecializadoCienciassociales,humanasyafinesServicio7x24OroZona2NA","IT-BPO-26-345","Agente en la Entidad Compradora o Back Office","Agente especializado","Ciencias sociales, humanas y afines","Servicio 7x24","Oro","Zona 2","NA","Mes 7x24",50175881.030000001,43045595.369999997,67480569.650000006,49201709.460000001,53962330.329999998,86024475.680000007,64220037.32,44575198.240000002,null,null,"SMMLV"]
["AgenteenlaEntidadCompradoraoBackOfficeAgenteespecializadoCienciassociales,humanasyafinesJornadaOrdinariaPlatinoZona2NA","IT-BPO-26-346","Agente en la Entidad Compradora o Back Office","Agente especializado","Ciencias sociales, humanas y afines","Jornada Ordinaria","Platino","Zona 2","NA","Mes",11427845.390000001,10912485.300000001,15592102.49,11040273.99,14751925.640000001,15352296.390000001,13307154.73,10546971.779999999,null,null,"SMMLV"]
["AgenteenlaEntidadCompradoraoBackOfficeAgenteespecializadoCienciassociales,humanasyafinesHoraextradiurnaPlatinoZona2NA","IT-BPO-26-347","Agente en la Entidad Compradora o Back Office","Agente especializado","Ciencias sociales, humanas y afines","Hora extra diurna","Platino","Zona 2","NA","Hora",68022.89,65276.24,84740.96,53945.18,64731.82,91383.23,86311.45,49728.99,null,null,"SMMLV"]
["AgenteenlaEntidadCompradoraoBackOfficeAgenteespecializadoCienciassociales,humanasyafinesHoraextranocturna PlatinoZona2NA","IT-BPO-26-348","Agente en la Entidad Compradora o Back Office","Agente especializado","Ciencias sociales, humanas y afines","Hora extra nocturna ","Platino","Zona 2","NA","Hora",95232.04,91386.51,118636.68,74993.27,88289.8,127936.52,93216.37,69620.649999999994,null,null,"SMMLV"]
["AgenteenlaEntidadCompradoraoBackOfficeAgenteespecializadoCienciassociales,humanasyafinesHoraextradominicalyfestivoPlatinoZona2NA","IT-BPO-26-349","Agente en la Entidad Compradora o Back Office","Agente especializado","Ciencias sociales, humanas y afines","Hora extra dominical y festivo","Platino","Zona 2","NA","Hora",108836.62,130552.47,135584,85517.31,110824.52,182766.45,138098.32999999999,79566.42,null,null,"SMMLV"]
["AgenteenlaEntidadCompradoraoBackOfficeAgenteespecializadoCienciassociales,humanasyafinesServicio7x24PlatinoZona2NA","IT-BPO-26-350","Agente en la Entidad Compradora o Back Office","Agente especializado","Ciencias sociales, humanas y afines","Servicio 7x24","Platino","Zona 2","NA","Mes 7x24",52684675.079999998,43134334.170000002,62368405.560000002,49201709.460000001,56779078.149999999,87296088.230000004,64220037.32,44976230.600000001,null,null,"SMMLV"]
["AgenteenlaEntidadCompradoraoBackOfficeAgenteespecializadoCienciassociales,humanasyafinesJornadaOrdinariaOroZona3NA","IT-BPO-26-351","Agente en la Entidad Compradora o Back Office","Agente especializado","Ciencias sociales, humanas y afines","Jornada Ordinaria","Oro","Zona 3","NA","Mes",11094995.52,10907489.91,17038844.960000001,11040273.99,14751925.640000001,15155248.949999999,13307154.73,10087355.17,null,null,"SMMLV"]
["AgenteenlaEntidadCompradoraoBackOfficeAgenteespecializadoCienciassociales,humanasyafinesHoraextradiurnaOroZona3NA","IT-BPO-26-352","Agente en la Entidad Compradora o Back Office","Agente especializado","Ciencias sociales, humanas y afines","Hora extra diurna","Oro","Zona 3","NA","Hora",66041.64,65276.24,92604.15,53945.18,64329.599999999999,90210.48,86311.45,47511.83,null,null,"SMMLV"]
["AgenteenlaEntidadCompradoraoBackOfficeAgenteespecializadoCienciassociales,humanasyafinesHoraextranocturna OroZona3NA","IT-BPO-26-353","Agente en la Entidad Compradora o Back Office","Agente especializado","Ciencias sociales, humanas y afines","Hora extra nocturna ","Oro","Zona 3","NA","Hora",92458.3,91386.51,129643.62,74993.27,87758.63,126294.02,93216.37,66516.539999999994,null,null,"SMMLV"]
["AgenteenlaEntidadCompradoraoBackOfficeAgenteespecializadoCienciassociales,humanasyafinesHoraextradominicalyfestivoOroZona3NA","IT-BPO-26-354","Agente en la Entidad Compradora o Back Office","Agente especializado","Ciencias sociales, humanas y afines","Hora extra dominical y festivo","Oro","Zona 3","NA","Hora",105666.62,130552.47,148165.54999999999,85517.31,116792.75,180419.87,138098.32999999999,76018.84,null,null,"SMMLV"]
["AgenteenlaEntidadCompradoraoBackOfficeAgenteespecializadoCienciassociales,humanasyafinesServicio7x24OroZona3NA","IT-BPO-26-355","Agente en la Entidad Compradora o Back Office","Agente especializado","Ciencias sociales, humanas y afines","Servicio 7x24","Oro","Zona 3","NA","Mes 7x24",51150169.979999997,43116586.409999996,68155374.349999994,49201709.460000001,54174026.509999998,86157397.730000004,64220037.32,42983226.909999996,null,null,"SMMLV"]
["AgenteenlaEntidadCompradoraoBackOfficeAgenteespecializadoCienciassociales,humanasyafinesJornadaOrdinariaPlatinoZona3NA","IT-BPO-26-356","Agente en la Entidad Compradora o Back Office","Agente especializado","Ciencias sociales, humanas y afines","Jornada Ordinaria","Platino","Zona 3","NA","Mes",11649745.300000001,10932469.050000001,15748022.82,11040273.99,14751925.640000001,15379273.91,13307154.73,10170294.300000001,null,null,"SMMLV"]
["AgenteenlaEntidadCompradoraoBackOfficeAgenteespecializadoCienciassociales,humanasyafinesHoraextradiurnaPlatinoZona3NA","IT-BPO-26-357","Agente en la Entidad Compradora o Back Office","Agente especializado","Ciencias sociales, humanas y afines","Hora extra diurna","Platino","Zona 3","NA","Hora",69343.72,65276.24,85588.49,53945.18,65084.22,91544.19,86311.45,47953.01,null,null,"SMMLV"]
[{"$f":"SUBSTITUTE(C898&D898&E898&F898&G898&H898&I898,\" \",\"\")","v":"AgenteenlaEntidadCompradoraoBackOfficeAgenteespecializadoCienciassociales,humanasyafinesHoraextranocturna PlatinoZona3NA"},"IT-BPO-26-358","Agente en la Entidad Compradora o Back Office","Agente especializado","Ciencias sociales, humanas y afines","Hora extra nocturna ","Platino","Zona 3","NA","Hora",97081.21,91386.51,119822.57,74993.27,88773.71,128160.99,93216.37,67134.12,null,null,"SMMLV"]
["AgenteenlaEntidadCompradoraoBackOfficeAgenteespecializadoCienciassociales,humanasyafinesHoraextradominicalyfestivoPlatinoZona3NA","IT-BPO-26-359","Agente en la Entidad Compradora o Back Office","Agente especializado","Ciencias sociales, humanas y afines","Hora extra dominical y festivo","Platino","Zona 3","NA","Hora",110949.96,130552.47,136940.70000000001,85517.31,111511.83,183087.29,138098.32999999999,76724.789999999994,null,null,"SMMLV"]
["AgenteenlaEntidadCompradoraoBackOfficeAgenteespecializadoCienciassociales,humanasyafinesServicio7x24PlatinoZona3NA","IT-BPO-26-360","Agente en la Entidad Compradora o Back Office","Agente especializado","Ciencias sociales, humanas y afines","Servicio 7x24","Platino","Zona 3","NA","Mes 7x24",53707678.479999997,43205326.310000002,62992088,49201709.460000001,57011594.219999999,87430975.799999997,64220037.32,43369936.670000002,null,null,"SMMLV"]
["AgenteenlaEntidadCompradoraoBackOfficeAgenteespecializadoIngeniería,arquitectura,urbanismoyafinesJornadaOrdinariaOroZona1NA","IT-BPO-26-361","Agente en la Entidad Compradora o Back Office","Agente especializado","Ingeniería, arquitectura, urbanismo y afines","Jornada Ordinaria","Oro","Zona 1","NA","Mes",10566662.4,10872519.99,16703112.48,11040273.99,14751925.640000001,15118031,13307154.73,10460960.960000001,null,null,"SMMLV"]
["AgenteenlaEntidadCompradoraoBackOfficeAgenteespecializadoIngeniería,arquitectura,urbanismoyafinesHoraextradiurnaOroZona1NA","IT-BPO-26-362","Agente en la Entidad Compradora o Back Office","Agente especializado","Ingeniería, arquitectura, urbanismo y afines","Hora extra diurna","Oro","Zona 1","NA","Hora",62896.800000000003,65276.24,90778.79,53945.18,62655.88,89989.29,86311.45,49271.5,null,null,"SMMLV"]
["AgenteenlaEntidadCompradoraoBackOfficeAgenteespecializadoIngeniería,arquitectura,urbanismoyafinesHoraextranocturna OroZona1NA","IT-BPO-26-363","Agente en la Entidad Compradora o Back Office","Agente especializado","Ingeniería, arquitectura, urbanismo y afines","Hora extra nocturna ","Oro","Zona 1","NA","Hora",88055.52,91386.51,127090.08,74993.27,85539.82,125984.13,93216.37,68980.070000000007,null,null,"SMMLV"]
["AgenteenlaEntidadCompradoraoBackOfficeAgenteespecializadoIngeniería,arquitectura,urbanismoyafinesHoraextradominicalyfestivoOroZona1NA","IT-BPO-26-364","Agente en la Entidad Compradora o Back Office","Agente especializado","Ingeniería, arquitectura, urbanismo y afines","Hora extra dominical y festivo","Oro","Zona 1","NA","Hora",100634.88,130552.47,145246.28,85517.31,110364.37,179977.49,138098.32999999999,78834.42,null,null,"SMMLV"]
["AgenteenlaEntidadCompradoraoBackOfficeAgenteespecializadoIngeniería,arquitectura,urbanismoyafinesServicio7x24OroZona1NA","IT-BPO-26-365","Agente en la Entidad Compradora o Back Office","Agente especializado","Ingeniería, arquitectura, urbanismo y afines","Servicio 7x24","Oro","Zona 1","NA","Mes 7x24",48714447.600000001,42992351,66812444.450000003,49201709.460000001,53644785.509999998,85971307.950000003,64220037.32,44575198.240000002,null,null,"SMMLV"]
["AgenteenlaEntidadCompradoraoBackOfficeAgenteespecializadoIngeniería,arquitectura,urbanismoyafinesJornadaOrdinariaPlatinoZona1NA","IT-BPO-26-366","Agente en la Entidad Compradora o Back Office","Agente especializado","Ingeniería, arquitectura, urbanismo y afines","Jornada Ordinaria","Platino","Zona 1","NA","Mes",11094995.52,10897499.130000001,15437725.01,11040273.99,14751925.640000001,15341505.17,13307154.73,10546971.779999999,null,null,"SMMLV"]
["AgenteenlaEntidadCompradoraoBackOfficeAgenteespecializadoIngeniería,arquitectura,urbanismoyafinesHoraextradiurnaPlatinoZona1NA","IT-BPO-26-367","Agente en la Entidad Compradora o Back Office","Agente especializado","Ingeniería, arquitectura, urbanismo y afines","Hora extra diurna","Platino","Zona 1","NA","Hora",66041.64,65276.24,83902.19,53945.18,63369.47,91318.62,86311.45,49728.99,null,null,"SMMLV"]
["AgenteenlaEntidadCompradoraoBackOfficeAgenteespecializadoIngeniería,arquitectura,urbanismoyafinesHoraextranocturna PlatinoZona1NA","IT-BPO-26-368","Agente en la Entidad Compradora o Back Office","Agente especializado","Ingeniería, arquitectura, urbanismo y afines","Hora extra nocturna ","Platino","Zona 1","NA","Hora",92458.3,91386.51,117461.75,74993.27,86499.58,127846.73,93216.37,69620.649999999994,null,null,"SMMLV"]
["AgenteenlaEntidadCompradoraoBackOfficeAgenteespecializadoIngeniería,arquitectura,urbanismoyafinesHoraextradominicalyfestivoPlatinoZona1NA","IT-BPO-26-369","Agente en la Entidad Compradora o Back Office","Agente especializado","Ingeniería, arquitectura, urbanismo y afines","Hora extra dominical y festivo","Platino","Zona 1","NA","Hora",105666.62,130552.47,134241.53,85517.31,104791.32,182637.24,138098.32999999999,79566.42,null,null,"SMMLV"]
["AgenteenlaEntidadCompradoraoBackOfficeAgenteespecializadoIngeniería,arquitectura,urbanismoyafinesServicio7x24PlatinoZona1NA","IT-BPO-26-370","Agente en la Entidad Compradora o Back Office","Agente especializado","Ingeniería, arquitectura, urbanismo y afines","Servicio 7x24","Platino","Zona 1","NA","Mes 7x24",51150169.979999997,43081090.890000001,61750895.640000001,49201709.460000001,56398546.149999999,87242132.099999994,64220037.32,44976230.600000001,null,null,"SMMLV"]
["AgenteenlaEntidadCompradoraoBackOfficeAgenteespecializadoIngeniería,arquitectura,urbanismoyafinesJornadaOrdinariaOroZona2NA","IT-BPO-26-371","Agente en la Entidad Compradora o Back Office","Agente especializado","Ingeniería, arquitectura, urbanismo y afines","Jornada Ordinaria","Oro","Zona 2","NA","Mes",10883662.27,10887507.26,16870142.690000001,11040273.99,14751925.640000001,15128665.640000001,13307154.73,10460960.960000001,null,null,"SMMLV"]
["AgenteenlaEntidadCompradoraoBackOfficeAgenteespecializadoIngeniería,arquitectura,urbanismoyafinesHoraextradiurnaOroZona2NA","IT-BPO-26-372","Agente en la Entidad Compradora o Back Office","Agente especializado","Ingeniería, arquitectura, urbanismo y afines","Hora extra diurna","Oro","Zona 2","NA","Hora",64783.7,65276.24,91686.54,53945.18,63986.720000000001,90051.71,86311.45,49271.5,null,null,"SMMLV"]
["AgenteenlaEntidadCompradoraoBackOfficeAgenteespecializadoIngeniería,arquitectura,urbanismoyafinesHoraextranocturna OroZona2NA","IT-BPO-26-373","Agente en la Entidad Compradora o Back Office","Agente especializado","Ingeniería, arquitectura, urbanismo y afines","Hora extra nocturna ","Oro","Zona 2","NA","Hora",90697.19,91386.51,128360.28,74993.27,87287.9,126072.83,93216.37,68980.070000000007,null,null,"SMMLV"]
["AgenteenlaEntidadCompradoraoBackOfficeAgenteespecializadoIngeniería,arquitectura,urbanismoyafinesHoraextradominicalyfestivoOroZona2NA","IT-BPO-26-374","Agente en la Entidad Compradora o Back Office","Agente especializado","Ingeniería, arquitectura, urbanismo y afines","Hora extra dominical y festivo","Oro","Zona 2","NA","Hora",103653.93,130552.47,146697.15,85517.31,116258.29,180103.41,138098.32999999999,78834.42,null,null,"SMMLV"]
["AgenteenlaEntidadCompradoraoBackOfficeAgenteespecializadoIngeniería,arquitectura,urbanismoyafinesServicio7x24OroZona2NA","IT-BPO-26-375","Agente en la Entidad Compradora o Back Office","Agente especializado","Ingeniería, arquitectura, urbanismo y afines","Servicio 7x24","Oro","Zona 2","NA","Mes 7x24",50175881.030000001,43045595.369999997,67480569.650000006,49201709.460000001,53962330.329999998,86024475.680000007,64220037.32,44575198.240000002,null,null,"SMMLV"]
["AgenteenlaEntidadCompradoraoBackOfficeAgenteespecializadoIngeniería,arquitectura,urbanismoyafinesJornadaOrdinariaPlatinoZona2NA","IT-BPO-26-376","Agente en la Entidad Compradora o Back Office","Agente especializado","Ingeniería, arquitectura, urbanismo y afines","Jornada Ordinaria","Platino","Zona 2","NA","Mes",11427845.390000001,10912485.300000001,15592102.49,11040273.99,14751925.640000001,15352296.390000001,13307154.73,10546971.779999999,null,null,"SMMLV"]
["AgenteenlaEntidadCompradoraoBackOfficeAgenteespecializadoIngeniería,arquitectura,urbanismoyafinesHoraextradiurnaPlatinoZona2NA","IT-BPO-26-377","Agente en la Entidad Compradora o Back Office","Agente especializado","Ingeniería, arquitectura, urbanismo y afines","Hora extra diurna","Platino","Zona 2","NA","Hora",68022.89,65276.24,84740.96,53945.18,64731.82,91383.23,86311.45,49728.99,null,null,"SMMLV"]
["AgenteenlaEntidadCompradoraoBackOfficeAgenteespecializadoIngeniería,arquitectura,urbanismoyafinesHoraextranocturna PlatinoZona2NA","IT-BPO-26-378","Agente en la Entidad Compradora o Back Office","Agente especializado","Ingeniería, arquitectura, urbanismo y afines","Hora extra nocturna ","Platino","Zona 2","NA","Hora",95232.04,91386.51,118636.68,74993.27,88289.8,127936.52,93216.37,69620.649999999994,null,null,"SMMLV"]
["AgenteenlaEntidadCompradoraoBackOfficeAgenteespecializadoIngeniería,arquitectura,urbanismoyafinesHoraextradominicalyfestivoPlatinoZona2NA","IT-BPO-26-379","Agente en la Entidad Compradora o Back Office","Agente especializado","Ingeniería, arquitectura, urbanismo y afines","Hora extra dominical y festivo","Platino","Zona 2","NA","Hora",108836.62,130552.47,135584,85517.31,110824.52,182766.45,138098.32999999999,79566.42,null,null,"SMMLV"]
["AgenteenlaEntidadCompradoraoBackOfficeAgenteespecializadoIngeniería,arquitectura,urbanismoyafinesServicio7x24PlatinoZona2NA","IT-BPO-26-380","Agente en la Entidad Compradora o Back Office","Agente especializado","Ingeniería, arquitectura, urbanismo y afines","Servicio 7x24","Platino","Zona 2","NA","Mes 7x24",52684675.079999998,43134334.170000002,62368405.560000002,49201709.460000001,56779078.149999999,87296088.230000004,64220037.32,44976230.600000001,null,null,"SMMLV"]
["AgenteenlaEntidadCompradoraoBackOfficeAgenteespecializadoIngeniería,arquitectura,urbanismoyafinesJornadaOrdinariaOroZona3NA","IT-BPO-26-381","Agente en la Entidad Compradora o Back Office","Agente especializado","Ingeniería, arquitectura, urbanismo y afines","Jornada Ordinaria","Oro","Zona 3","NA","Mes",11094995.52,10907489.91,17038844.960000001,11040273.99,14751925.640000001,15155248.949999999,13307154.73,10087355.17,null,null,"SMMLV"]
["AgenteenlaEntidadCompradoraoBackOfficeAgenteespecializadoIngeniería,arquitectura,urbanismoyafinesHoraextradiurnaOroZona3NA","IT-BPO-26-382","Agente en la Entidad Compradora o Back Office","Agente especializado","Ingeniería, arquitectura, urbanismo y afines","Hora extra diurna","Oro","Zona 3","NA","Hora",66041.64,65276.24,92604.15,53945.18,64329.599999999999,90210.48,86311.45,47511.83,null,null,"SMMLV"]
["AgenteenlaEntidadCompradoraoBackOfficeAgenteespecializadoIngeniería,arquitectura,urbanismoyafinesHoraextranocturna OroZona3NA","IT-BPO-26-383","Agente en la Entidad Compradora o Back Office","Agente especializado","Ingeniería, arquitectura, urbanismo y afines","Hora extra nocturna ","Oro","Zona 3","NA","Hora",92458.3,91386.51,129643.62,74993.27,87758.63,126294.02,93216.37,66516.539999999994,null,null,"SMMLV"]
["AgenteenlaEntidadCompradoraoBackOfficeAgenteespecializadoIngeniería,arquitectura,urbanismoyafinesHoraextradominicalyfestivoOroZona3NA","IT-BPO-26-384","Agente en la Entidad Compradora o Back Office","Agente especializado","Ingeniería, arquitectura, urbanismo y afines","Hora extra dominical y festivo","Oro","Zona 3","NA","Hora",105666.62,130552.47,148165.54999999999,85517.31,116792.75,180419.87,138098.32999999999,76018.84,null,null,"SMMLV"]
["AgenteenlaEntidadCompradoraoBackOfficeAgenteespecializadoIngeniería,arquitectura,urbanismoyafinesServicio7x24OroZona3NA","IT-BPO-26-385","Agente en la Entidad Compradora o Back Office","Agente especializado","Ingeniería, arquitectura, urbanismo y afines","Servicio 7x24","Oro","Zona 3","NA","Mes 7x24",51150169.979999997,43116586.409999996,68155374.349999994,49201709.460000001,54174026.509999998,86157397.730000004,64220037.32,42983226.909999996,null,null,"SMMLV"]
["AgenteenlaEntidadCompradoraoBackOfficeAgenteespecializadoIngeniería,arquitectura,urbanismoyafinesJornadaOrdinariaPlatinoZona3NA","IT-BPO-26-386","Agente en la Entidad Compradora o Back Office","Agente especializado","Ingeniería, arquitectura, urbanismo y afines","Jornada Ordinaria","Platino","Zona 3","NA","Mes",11649745.300000001,10932469.050000001,15748022.82,11040273.99,14751925.640000001,15379273.91,13307154.73,10170294.300000001,null,null,"SMMLV"]
["AgenteenlaEntidadCompradoraoBackOfficeAgenteespecializadoIngeniería,arquitectura,urbanismoyafinesHoraextradiurnaPlatinoZona3NA","IT-BPO-26-387","Agente en la Entidad Compradora o Back Office","Agente especializado","Ingeniería, arquitectura, urbanismo y afines","Hora extra diurna","Platino","Zona 3","NA","Hora",69343.72,65276.24,85588.49,53945.18,65084.22,91544.19,86311.45,47953.01,null,null,"SMMLV"]
["AgenteenlaEntidadCompradoraoBackOfficeAgenteespecializadoIngeniería,arquitectura,urbanismoyafinesHoraextranocturna PlatinoZona3NA","IT-BPO-26-388","Agente en la Entidad Compradora o Back Office","Agente especializado","Ingeniería, arquitectura, urbanismo y afines","Hora extra nocturna ","Platino","Zona 3","NA","Hora",97081.21,91386.51,119822.57,74993.27,88773.71,128160.99,93216.37,67134.12,null,null,"SMMLV"]
["AgenteenlaEntidadCompradoraoBackOfficeAgenteespecializadoIngeniería,arquitectura,urbanismoyafinesHoraextradominicalyfestivoPlatinoZona3NA","IT-BPO-26-389","Agente en la Entidad Compradora o Back Office","Agente especializado","Ingeniería, arquitectura, urbanismo y afines","Hora extra dominical y festivo","Platino","Zona 3","NA","Hora",110949.96,130552.47,136940.70000000001,85517.31,111511.83,183087.29,138098.32999999999,76724.789999999994,null,null,"SMMLV"]
["AgenteenlaEntidadCompradoraoBackOfficeAgenteespecializadoIngeniería,arquitectura,urbanismoyafinesServicio7x24PlatinoZona3NA","IT-BPO-26-390","Agente en la Entidad Compradora o Back Office","Agente especializado","Ingeniería, arquitectura, urbanismo y afines","Servicio 7x24","Platino","Zona 3","NA","Mes 7x24",53707678.479999997,43205326.310000002,62992088,49201709.460000001,57011594.219999999,87430975.799999997,64220037.32,43369936.670000002,null,null,"SMMLV"]
["AgenteenlaEntidadCompradoraoBackOfficeAgenteespecializadoBellasartesyafinesJornadaOrdinariaOroZona1NA","IT-BPO-26-391","Agente en la Entidad Compradora o Back Office","Agente especializado","Bellas artes y afines","Jornada Ordinaria","Oro","Zona 1","NA","Mes",10566662.4,10872519.99,16703112.48,11040273.99,14751925.640000001,15118031,13307154.73,10460960.960000001,null,null,"SMMLV"]
["AgenteenlaEntidadCompradoraoBackOfficeAgenteespecializadoBellasartesyafinesHoraextradiurnaOroZona1NA","IT-BPO-26-392","Agente en la Entidad Compradora o Back Office","Agente especializado","Bellas artes y afines","Hora extra diurna","Oro","Zona 1","NA","Hora",62896.800000000003,65276.24,90778.79,53945.18,62655.88,89989.29,86311.45,49271.5,null,null,"SMMLV"]
["AgenteenlaEntidadCompradoraoBackOfficeAgenteespecializadoBellasartesyafinesHoraextranocturna OroZona1NA","IT-BPO-26-393","Agente en la Entidad Compradora o Back Office","Agente especializado","Bellas artes y afines","Hora extra nocturna ","Oro","Zona 1","NA","Hora",88055.52,91386.51,127090.08,74993.27,85539.82,125984.13,93216.37,68980.070000000007,null,null,"SMMLV"]
["AgenteenlaEntidadCompradoraoBackOfficeAgenteespecializadoBellasartesyafinesHoraextradominicalyfestivoOroZona1NA","IT-BPO-26-394","Agente en la Entidad Compradora o Back Office","Agente especializado","Bellas artes y afines","Hora extra dominical y festivo","Oro","Zona 1","NA","Hora",100634.88,130552.47,145246.28,85517.31,110364.37,179977.49,138098.32999999999,78834.42,null,null,"SMMLV"]
["AgenteenlaEntidadCompradoraoBackOfficeAgenteespecializadoBellasartesyafinesServicio7x24OroZona1NA","IT-BPO-26-395","Agente en la Entidad Compradora o Back Office","Agente especializado","Bellas artes y afines","Servicio 7x24","Oro","Zona 1","NA","Mes 7x24",48714447.600000001,42992351,66812444.450000003,49201709.460000001,53644785.509999998,85971307.950000003,64220037.32,44575198.240000002,null,null,"SMMLV"]
["AgenteenlaEntidadCompradoraoBackOfficeAgenteespecializadoBellasartesyafinesJornadaOrdinariaPlatinoZona1NA","IT-BPO-26-396","Agente en la Entidad Compradora o Back Office","Agente especializado","Bellas artes y afines","Jornada Ordinaria","Platino","Zona 1","NA","Mes",11094995.52,10897499.130000001,15437725.01,11040273.99,14751925.640000001,15341505.17,13307154.73,10546971.779999999,null,null,"SMMLV"]
["AgenteenlaEntidadCompradoraoBackOfficeAgenteespecializadoBellasartesyafinesHoraextradiurnaPlatinoZona1NA","IT-BPO-26-397","Agente en la Entidad Compradora o Back Office","Agente especializado","Bellas artes y afines","Hora extra diurna","Platino","Zona 1","NA","Hora",66041.64,65276.24,83902.19,53945.18,63369.47,91318.62,86311.45,49728.99,null,null,"SMMLV"]
["AgenteenlaEntidadCompradoraoBackOfficeAgenteespecializadoBellasartesyafinesHoraextranocturna PlatinoZona1NA","IT-BPO-26-398","Agente en la Entidad Compradora o Back Office","Agente especializado","Bellas artes y afines","Hora extra nocturna ","Platino","Zona 1","NA","Hora",92458.3,91386.51,117461.75,74993.27,86499.58,127846.73,93216.37,69620.649999999994,null,null,"SMMLV"]
["AgenteenlaEntidadCompradoraoBackOfficeAgenteespecializadoBellasartesyafinesHoraextradominicalyfestivoPlatinoZona1NA","IT-BPO-26-399","Agente en la Entidad Compradora o Back Office","Agente especializado","Bellas artes y afines","Hora extra dominical y festivo","Platino","Zona 1","NA","Hora",105666.62,130552.47,134241.53,85517.31,104791.32,182637.24,138098.32999999999,79566.42,null,null,"SMMLV"]
["AgenteenlaEntidadCompradoraoBackOfficeAgenteespecializadoBellasartesyafinesServicio7x24PlatinoZona1NA","IT-BPO-26-400","Agente en la Entidad Compradora o Back Office","Agente especializado","Bellas artes y afines","Servicio 7x24","Platino","Zona 1","NA","Mes 7x24",51150169.979999997,43081090.890000001,61750895.640000001,49201709.460000001,56398546.149999999,87242132.099999994,64220037.32,44976230.600000001,null,null,"SMMLV"]
["AgenteenlaEntidadCompradoraoBackOfficeAgenteespecializadoBellasartesyafinesJornadaOrdinariaOroZona2NA","IT-BPO-26-401","Agente en la Entidad Compradora o Back Office","Agente especializado","Bellas artes y afines","Jornada Ordinaria","Oro","Zona 2","NA","Mes",10883662.27,10887507.26,16870142.690000001,11040273.99,14751925.640000001,15128665.640000001,13307154.73,10460960.960000001,null,null,"SMMLV"]
["AgenteenlaEntidadCompradoraoBackOfficeAgenteespecializadoBellasartesyafinesHoraextradiurnaOroZona2NA","IT-BPO-26-402","Agente en la Entidad Compradora o Back Office","Agente especializado","Bellas artes y afines","Hora extra diurna","Oro","Zona 2","NA","Hora",64783.7,65276.24,91686.54,53945.18,63986.720000000001,90051.71,86311.45,49271.5,null,null,"SMMLV"]
["AgenteenlaEntidadCompradoraoBackOfficeAgenteespecializadoBellasartesyafinesHoraextranocturna OroZona2NA","IT-BPO-26-403","Agente en la Entidad Compradora o Back Office","Agente especializado","Bellas artes y afines","Hora extra nocturna ","Oro","Zona 2","NA","Hora",90697.19,91386.51,128360.28,74993.27,87287.9,126072.83,93216.37,68980.070000000007,null,null,"SMMLV"]
["AgenteenlaEntidadCompradoraoBackOfficeAgenteespecializadoBellasartesyafinesHoraextradominicalyfestivoOroZona2NA","IT-BPO-26-404","Agente en la Entidad Compradora o Back Office","Agente especializado","Bellas artes y afines","Hora extra dominical y festivo","Oro","Zona 2","NA","Hora",103653.93,130552.47,146697.15,85517.31,116258.29,180103.41,138098.32999999999,78834.42,null,null,"SMMLV"]
["AgenteenlaEntidadCompradoraoBackOfficeAgenteespecializadoBellasartesyafinesServicio7x24OroZona2NA","IT-BPO-26-405","Agente en la Entidad Compradora o Back Office","Agente especializado","Bellas artes y afines","Servicio 7x24","Oro","Zona 2","NA","Mes 7x24",50175881.030000001,43045595.369999997,67480569.650000006,49201709.460000001,53962330.329999998,86024475.680000007,64220037.32,44575198.240000002,null,null,"SMMLV"]
["AgenteenlaEntidadCompradoraoBackOfficeAgenteespecializadoBellasartesyafinesJornadaOrdinariaPlatinoZona2NA","IT-BPO-26-406","Agente en la Entidad Compradora o Back Office","Agente especializado","Bellas artes y afines","Jornada Ordinaria","Platino","Zona 2","NA","Mes",11427845.390000001,10912485.300000001,15592102.49,11040273.99,14751925.640000001,15352296.390000001,13307154.73,10546971.779999999,null,null,"SMMLV"]
["AgenteenlaEntidadCompradoraoBackOfficeAgenteespecializadoBellasartesyafinesHoraextradiurnaPlatinoZona2NA","IT-BPO-26-407","Agente en la Entidad Compradora o Back Office","Agente especializado","Bellas artes y afines","Hora extra diurna","Platino","Zona 2","NA","Hora",68022.89,65276.24,84740.96,53945.18,64731.82,91383.23,86311.45,49728.99,null,null,"SMMLV"]
["AgenteenlaEntidadCompradoraoBackOfficeAgenteespecializadoBellasartesyafinesHoraextranocturna PlatinoZona2NA","IT-BPO-26-408","Agente en la Entidad Compradora o Back Office","Agente especializado","Bellas artes y afines","Hora extra nocturna ","Platino","Zona 2","NA","Hora",95232.04,91386.51,118636.68,74993.27,88289.8,127936.52,93216.37,69620.649999999994,null,null,"SMMLV"]
["AgenteenlaEntidadCompradoraoBackOfficeAgenteespecializadoBellasartesyafinesHoraextradominicalyfestivoPlatinoZona2NA","IT-BPO-26-409","Agente en la Entidad Compradora o Back Office","Agente especializado","Bellas artes y afines","Hora extra dominical y festivo","Platino","Zona 2","NA","Hora",108836.62,130552.47,135584,85517.31,110824.52,182766.45,138098.32999999999,79566.42,null,null,"SMMLV"]
["AgenteenlaEntidadCompradoraoBackOfficeAgenteespecializadoBellasartesyafinesServicio7x24PlatinoZona2NA","IT-BPO-26-410","Agente en la Entidad Compradora o Back Office","Agente especializado","Bellas artes y afines","Servicio 7x24","Platino","Zona 2","NA","Mes 7x24",52684675.079999998,43134334.170000002,62368405.560000002,49201709.460000001,56779078.149999999,87296088.230000004,64220037.32,44976230.600000001,null,null,"SMMLV"]
["AgenteenlaEntidadCompradoraoBackOfficeAgenteespecializadoBellasartesyafinesJornadaOrdinariaOroZona3NA","IT-BPO-26-411","Agente en la Entidad Compradora o Back Office","Agente especializado","Bellas artes y afines","Jornada Ordinaria","Oro","Zona 3","NA","Mes",11094995.52,10907489.91,17038844.960000001,11040273.99,14751925.640000001,15155248.949999999,13307154.73,10087355.17,null,null,"SMMLV"]
["AgenteenlaEntidadCompradoraoBackOfficeAgenteespecializadoBellasartesyafinesHoraextradiurnaOroZona3NA","IT-BPO-26-412","Agente en la Entidad Compradora o Back Office","Agente especializado","Bellas artes y afines","Hora extra diurna","Oro","Zona 3","NA","Hora",66041.64,65276.24,92604.15,53945.18,64329.599999999999,90210.48,86311.45,47511.83,null,null,"SMMLV"]
["AgenteenlaEntidadCompradoraoBackOfficeAgenteespecializadoBellasartesyafinesHoraextranocturna OroZona3NA","IT-BPO-26-413","Agente en la Entidad Compradora o Back Office","Agente especializado","Bellas artes y afines","Hora extra nocturna ","Oro","Zona 3","NA","Hora",92458.3,91386.51,129643.62,74993.27,87758.63,126294.02,93216.37,66516.539999999994,null,null,"SMMLV"]
["AgenteenlaEntidadCompradoraoBackOfficeAgenteespecializadoBellasartesyafinesHoraextradominicalyfestivoOroZona3NA","IT-BPO-26-414","Agente en la Entidad Compradora o Back Office","Agente especializado","Bellas artes y afines","Hora extra dominical y festivo","Oro","Zona 3","NA","Hora",105666.62,130552.47,148165.54999999999,85517.31,116792.75,180419.87,138098.32999999999,76018.84,null,null,"SMMLV"]
["AgenteenlaEntidadCompradoraoBackOfficeAgenteespecializadoBellasartesyafinesServicio7x24OroZona3NA","IT-BPO-26-415","Agente en la Entidad Compradora o Back Office","Agente especializado","Bellas artes y afines","Servicio 7x24","Oro","Zona 3","NA","Mes 7x24",51150169.979999997,43116586.409999996,68155374.349999994,49201709.460000001,54174026.509999998,86157397.730000004,64220037.32,42983226.909999996,null,null,"SMMLV"]
["AgenteenlaEntidadCompradoraoBackOfficeAgenteespecializadoBellasartesyafinesJornadaOrdinariaPlatinoZona3NA","IT-BPO-26-416","Agente en la Entidad Compradora o Back Office","Agente especializado","Bellas artes y afines","Jornada Ordinaria","Platino","Zona 3","NA","Mes",11649745.300000001,10932469.050000001,15748022.82,11040273.99,14751925.640000001,15379273.91,13307154.73,10170294.300000001,null,null,"SMMLV"]
["AgenteenlaEntidadCompradoraoBackOfficeAgenteespecializadoBellasartesyafinesHoraextradiurnaPlatinoZona3NA","IT-BPO-26-417","Agente en la Entidad Compradora o Back Office","Agente especializado","Bellas artes y afines","Hora extra diurna","Platino","Zona 3","NA","Hora",69343.72,65276.24,85588.49,53945.18,65084.22,91544.19,86311.45,47953.01,null,null,"SMMLV"]
["AgenteenlaEntidadCompradoraoBackOfficeAgenteespecializadoBellasartesyafinesHoraextranocturna PlatinoZona3NA","IT-BPO-26-418","Agente en la Entidad Compradora o Back Office","Agente especializado","Bellas artes y afines","Hora extra nocturna ","Platino","Zona 3","NA","Hora",97081.21,91386.51,119822.57,74993.27,88773.71,128160.99,93216.37,67134.12,null,null,"SMMLV"]
["AgenteenlaEntidadCompradoraoBackOfficeAgenteespecializadoBellasartesyafinesHoraextradominicalyfestivoPlatinoZona3NA","IT-BPO-26-419","Agente en la Entidad Compradora o Back Office","Agente especializado","Bellas artes y afines","Hora extra dominical y festivo","Platino","Zona 3","NA","Hora",110949.96,130552.47,136940.70000000001,85517.31,111511.83,183087.29,138098.32999999999,76724.789999999994,null,null,"SMMLV"]
["AgenteenlaEntidadCompradoraoBackOfficeAgenteespecializadoBellasartesyafinesServicio7x24PlatinoZona3NA","IT-BPO-26-420","Agente en la Entidad Compradora o Back Office","Agente especializado","Bellas artes y afines","Servicio 7x24","Platino","Zona 3","NA","Mes 7x24",53707678.479999997,43205326.310000002,62992088,49201709.460000001,57011594.219999999,87430975.799999997,64220037.32,43369936.670000002,null,null,"SMMLV"]
["AgenteenlaEntidadCompradoraoBackOfficeAgenteespecializadoMatemáticas,cienciasnaturalesyafinesJornadaOrdinariaOroZona1NA","IT-BPO-26-421","Agente en la Entidad Compradora o Back Office","Agente especializado","Matemáticas, ciencias naturales y afines","Jornada Ordinaria","Oro","Zona 1","NA","Mes",10566662.4,10872519.99,16703112.48,11040273.99,14751925.640000001,15118031,13307154.73,10460960.960000001,null,null,"SMMLV"]
[{"$f":"SUBSTITUTE(C962&D962&E962&F962&G962&H962&I962,\" \",\"\")","v":"AgenteenlaEntidadCompradoraoBackOfficeAgenteespecializadoMatemáticas,cienciasnaturalesyafinesHoraextradiurnaOroZona1NA"},"IT-BPO-26-422","Agente en la Entidad Compradora o Back Office","Agente especializado","Matemáticas, ciencias naturales y afines","Hora extra diurna","Oro","Zona 1","NA","Hora",62896.800000000003,65276.24,90778.79,53945.18,62655.88,89989.29,86311.45,49271.5,null,null,"SMMLV"]
["AgenteenlaEntidadCompradoraoBackOfficeAgenteespecializadoMatemáticas,cienciasnaturalesyafinesHoraextranocturna OroZona1NA","IT-BPO-26-423","Agente en la Entidad Compradora o Back Office","Agente especializado","Matemáticas, ciencias naturales y afines","Hora extra nocturna ","Oro","Zona 1","NA","Hora",88055.52,91386.51,127090.08,74993.27,85539.82,125984.13,93216.37,68980.070000000007,null,null,"SMMLV"]
["AgenteenlaEntidadCompradoraoBackOfficeAgenteespecializadoMatemáticas,cienciasnaturalesyafinesHoraextradominicalyfestivoOroZona1NA","IT-BPO-26-424","Agente en la Entidad Compradora o Back Office","Agente especializado","Matemáticas, ciencias naturales y afines","Hora extra dominical y festivo","Oro","Zona 1","NA","Hora",100634.88,130552.47,145246.28,85517.31,110364.37,179977.49,138098.32999999999,78834.42,null,null,"SMMLV"]
["AgenteenlaEntidadCompradoraoBackOfficeAgenteespecializadoMatemáticas,cienciasnaturalesyafinesServicio7x24OroZona1NA","IT-BPO-26-425","Agente en la Entidad Compradora o Back Office","Agente especializado","Matemáticas, ciencias naturales y afines","Servicio 7x24","Oro","Zona 1","NA","Mes 7x24",48714447.600000001,42992351,66812444.450000003,49201709.460000001,53644785.509999998,85971307.950000003,64220037.32,44575198.240000002,null,null,"SMMLV"]
["AgenteenlaEntidadCompradoraoBackOfficeAgenteespecializadoMatemáticas,cienciasnaturalesyafinesJornadaOrdinariaPlatinoZona1NA","IT-BPO-26-426","Agente en la Entidad Compradora o Back Office","Agente especializado","Matemáticas, ciencias naturales y afines","Jornada Ordinaria","Platino","Zona 1","NA","Mes",11094995.52,10897499.130000001,15437725.01,11040273.99,14751925.640000001,15341505.17,13307154.73,10546971.779999999,null,null,"SMMLV"]
["AgenteenlaEntidadCompradoraoBackOfficeAgenteespecializadoMatemáticas,cienciasnaturalesyafinesHoraextradiurnaPlatinoZona1NA","IT-BPO-26-427","Agente en la Entidad Compradora o Back Office","Agente especializado","Matemáticas, ciencias naturales y afines","Hora extra diurna","Platino","Zona 1","NA","Hora",66041.64,65276.24,83902.19,53945.18,63369.47,91318.62,86311.45,49728.99,null,null,"SMMLV"]
["AgenteenlaEntidadCompradoraoBackOfficeAgenteespecializadoMatemáticas,cienciasnaturalesyafinesHoraextranocturna PlatinoZona1NA","IT-BPO-26-428","Agente en la Entidad Compradora o Back Office","Agente especializado","Matemáticas, ciencias naturales y afines","Hora extra nocturna ","Platino","Zona 1","NA","Hora",92458.3,91386.51,117461.75,74993.27,86499.58,127846.73,93216.37,69620.649999999994,null,null,"SMMLV"]
["AgenteenlaEntidadCompradoraoBackOfficeAgenteespecializadoMatemáticas,cienciasnaturalesyafinesHoraextradominicalyfestivoPlatinoZona1NA","IT-BPO-26-429","Agente en la Entidad Compradora o Back Office","Agente especializado","Matemáticas, ciencias naturales y afines","Hora extra dominical y festivo","Platino","Zona 1","NA","Hora",105666.62,130552.47,134241.53,85517.31,104791.32,182637.24,138098.32999999999,79566.42,null,null,"SMMLV"]
["AgenteenlaEntidadCompradoraoBackOfficeAgenteespecializadoMatemáticas,cienciasnaturalesyafinesServicio7x24PlatinoZona1NA","IT-BPO-26-430","Agente en la Entidad Compradora o Back Office","Agente especializado","Matemáticas, ciencias naturales y afines","Servicio 7x24","Platino","Zona 1","NA","Mes 7x24",51150169.979999997,43081090.890000001,61750895.640000001,49201709.460000001,56398546.149999999,87242132.099999994,64220037.32,44976230.600000001,null,null,"SMMLV"]
["AgenteenlaEntidadCompradoraoBackOfficeAgenteespecializadoMatemáticas,cienciasnaturalesyafinesJornadaOrdinariaOroZona2NA","IT-BPO-26-431","Agente en la Entidad Compradora o Back Office","Agente especializado","Matemáticas, ciencias naturales y afines","Jornada Ordinaria","Oro","Zona 2","NA","Mes",10883662.27,10887507.26,16870142.690000001,11040273.99,14751925.640000001,15128665.640000001,13307154.73,10460960.960000001,null,null,"SMMLV"]
["AgenteenlaEntidadCompradoraoBackOfficeAgenteespecializadoMatemáticas,cienciasnaturalesyafinesHoraextradiurnaOroZona2NA","IT-BPO-26-432","Agente en la Entidad Compradora o Back Office","Agente especializado","Matemáticas, ciencias naturales y afines","Hora extra diurna","Oro","Zona 2","NA","Hora",64783.7,65276.24,91686.54,53945.18,63986.720000000001,90051.71,86311.45,49271.5,null,null,"SMMLV"]
["AgenteenlaEntidadCompradoraoBackOfficeAgenteespecializadoMatemáticas,cienciasnaturalesyafinesHoraextranocturna OroZona2NA","IT-BPO-26-433","Agente en la Entidad Compradora o Back Office","Agente especializado","Matemáticas, ciencias naturales y afines","Hora extra nocturna ","Oro","Zona 2","NA","Hora",90697.19,91386.51,128360.28,74993.27,87287.9,126072.83,93216.37,68980.070000000007,null,null,"SMMLV"]
["AgenteenlaEntidadCompradoraoBackOfficeAgenteespecializadoMatemáticas,cienciasnaturalesyafinesHoraextradominicalyfestivoOroZona2NA","IT-BPO-26-434","Agente en la Entidad Compradora o Back Office","Agente especializado","Matemáticas, ciencias naturales y afines","Hora extra dominical y festivo","Oro","Zona 2","NA","Hora",103653.93,130552.47,146697.15,85517.31,116258.29,180103.41,138098.32999999999,78834.42,null,null,"SMMLV"]
["AgenteenlaEntidadCompradoraoBackOfficeAgenteespecializadoMatemáticas,cienciasnaturalesyafinesServicio7x24OroZona2NA","IT-BPO-26-435","Agente en la Entidad Compradora o Back Office","Agente especializado","Matemáticas, ciencias naturales y afines","Servicio 7x24","Oro","Zona 2","NA","Mes 7x24",50175881.030000001,43045595.369999997,67480569.650000006,49201709.460000001,53962330.329999998,86024475.680000007,64220037.32,44575198.240000002,null,null,"SMMLV"]
["AgenteenlaEntidadCompradoraoBackOfficeAgenteespecializadoMatemáticas,cienciasnaturalesyafinesJornadaOrdinariaPlatinoZona2NA","IT-BPO-26-436","Agente en la Entidad Compradora o Back Office","Agente especializado","Matemáticas, ciencias naturales y afines","Jornada Ordinaria","Platino","Zona 2","NA","Mes",11427845.390000001,10912485.300000001,15592102.49,11040273.99,14751925.640000001,15352296.390000001,13307154.73,10546971.779999999,null,null,"SMMLV"]
["AgenteenlaEntidadCompradoraoBackOfficeAgenteespecializadoMatemáticas,cienciasnaturalesyafinesHoraextradiurnaPlatinoZona2NA","IT-BPO-26-437","Agente en la Entidad Compradora o Back Office","Agente especializado","Matemáticas, ciencias naturales y afines","Hora extra diurna","Platino","Zona 2","NA","Hora",68022.89,65276.24,84740.96,53945.18,64731.82,91383.23,86311.45,49728.99,null,null,"SMMLV"]
["AgenteenlaEntidadCompradoraoBackOfficeAgenteespecializadoMatemáticas,cienciasnaturalesyafinesHoraextranocturna PlatinoZona2NA","IT-BPO-26-438","Agente en la Entidad Compradora o Back Office","Agente especializado","Matemáticas, ciencias naturales y afines","Hora extra nocturna ","Platino","Zona 2","NA","Hora",95232.04,91386.51,118636.68,74993.27,88289.8,127936.52,93216.37,69620.649999999994,null,null,"SMMLV"]
["AgenteenlaEntidadCompradoraoBackOfficeAgenteespecializadoMatemáticas,cienciasnaturalesyafinesHoraextradominicalyfestivoPlatinoZona2NA","IT-BPO-26-439","Agente en la Entidad Compradora o Back Office","Agente especializado","Matemáticas, ciencias naturales y afines","Hora extra dominical y festivo","Platino","Zona 2","NA","Hora",108836.62,130552.47,135584,85517.31,110824.52,182766.45,138098.32999999999,79566.42,null,null,"SMMLV"]
["AgenteenlaEntidadCompradoraoBackOfficeAgenteespecializadoMatemáticas,cienciasnaturalesyafinesServicio7x24PlatinoZona2NA","IT-BPO-26-440","Agente en la Entidad Compradora o Back Office","Agente especializado","Matemáticas, ciencias naturales y afines","Servicio 7x24","Platino","Zona 2","NA","Mes 7x24",52684675.079999998,43134334.170000002,62368405.560000002,49201709.460000001,56779078.149999999,87296088.230000004,64220037.32,44976230.600000001,null,null,"SMMLV"]
["AgenteenlaEntidadCompradoraoBackOfficeAgenteespecializadoMatemáticas,cienciasnaturalesyafinesJornadaOrdinariaOroZona3NA","IT-BPO-26-441","Agente en la Entidad Compradora o Back Office","Agente especializado","Matemáticas, ciencias naturales y afines","Jornada Ordinaria","Oro","Zona 3","NA","Mes",11094995.52,10907489.91,17038844.960000001,11040273.99,14751925.640000001,15155248.949999999,13307154.73,10087355.17,null,null,"SMMLV"]
["AgenteenlaEntidadCompradoraoBackOfficeAgenteespecializadoMatemáticas,cienciasnaturalesyafinesHoraextradiurnaOroZona3NA","IT-BPO-26-442","Agente en la Entidad Compradora o Back Office","Agente especializado","Matemáticas, ciencias naturales y afines","Hora extra diurna","Oro","Zona 3","NA","Hora",66041.64,65276.24,92604.15,53945.18,64329.599999999999,90210.48,86311.45,47511.83,null,null,"SMMLV"]
["AgenteenlaEntidadCompradoraoBackOfficeAgenteespecializadoMatemáticas,cienciasnaturalesyafinesHoraextranocturna OroZona3NA","IT-BPO-26-443","Agente en la Entidad Compradora o Back Office","Agente especializado","Matemáticas, ciencias naturales y afines","Hora extra nocturna ","Oro","Zona 3","NA","Hora",92458.3,91386.51,129643.62,74993.27,87758.63,126294.02,93216.37,66516.539999999994,null,null,"SMMLV"]
["AgenteenlaEntidadCompradoraoBackOfficeAgenteespecializadoMatemáticas,cienciasnaturalesyafinesHoraextradominicalyfestivoOroZona3NA","IT-BPO-26-444","Agente en la Entidad Compradora o Back Office","Agente especializado","Matemáticas, ciencias naturales y afines","Hora extra dominical y festivo","Oro","Zona 3","NA","Hora",105666.62,130552.47,148165.54999999999,85517.31,116792.75,180419.87,138098.32999999999,76018.84,null,null,"SMMLV"]
["AgenteenlaEntidadCompradoraoBackOfficeAgenteespecializadoMatemáticas,cienciasnaturalesyafinesServicio7x24OroZona3NA","IT-BPO-26-445","Agente en la Entidad Compradora o Back Office","Agente especializado","Matemáticas, ciencias naturales y afines","Servicio 7x24","Oro","Zona 3","NA","Mes 7x24",51150169.979999997,43116586.409999996,68155374.349999994,49201709.460000001,54174026.509999998,86157397.730000004,64220037.32,42983226.909999996,null,null,"SMMLV"]
["AgenteenlaEntidadCompradoraoBackOfficeAgenteespecializadoMatemáticas,cienciasnaturalesyafinesJornadaOrdinariaPlatinoZona3NA","IT-BPO-26-446","Agente en la Entidad Compradora o Back Office","Agente especializado","Matemáticas, ciencias naturales y afines","Jornada Ordinaria","Platino","Zona 3","NA","Mes",11649745.300000001,10932469.050000001,15748022.82,11040273.99,14751925.640000001,15379273.91,13307154.73,10170294.300000001,null,null,"SMMLV"]
["AgenteenlaEntidadCompradoraoBackOfficeAgenteespecializadoMatemáticas,cienciasnaturalesyafinesHoraextradiurnaPlatinoZona3NA","IT-BPO-26-447","Agente en la Entidad Compradora o Back Office","Agente especializado","Matemáticas, ciencias naturales y afines","Hora extra diurna","Platino","Zona 3","NA","Hora",85629.36,65276.24,85588.49,53945.18,65084.22,91544.19,86311.45,47953.01,null,null,"SMMLV"]
["AgenteenlaEntidadCompradoraoBackOfficeAgenteespecializadoMatemáticas,cienciasnaturalesyafinesHoraextranocturna PlatinoZona3NA","IT-BPO-26-448","Agente en la Entidad Compradora o Back Office","Agente especializado","Matemáticas, ciencias naturales y afines","Hora extra nocturna ","Platino","Zona 3","NA","Hora",97081.21,91386.51,119822.57,74993.27,88773.71,128160.99,93216.37,67134.12,null,null,"SMMLV"]
["AgenteenlaEntidadCompradoraoBackOfficeAgenteespecializadoMatemáticas,cienciasnaturalesyafinesHoraextradominicalyfestivoPlatinoZona3NA","IT-BPO-26-449","Agente en la Entidad Compradora o Back Office","Agente especializado","Matemáticas, ciencias naturales y afines","Hora extra dominical y festivo","Platino","Zona 3","NA","Hora",110949.96,130552.47,136940.70000000001,85517.31,111511.83,183087.29,138098.32999999999,76724.789999999994,null,null,"SMMLV"]
["AgenteenlaEntidadCompradoraoBackOfficeAgenteespecializadoMatemáticas,cienciasnaturalesyafinesServicio7x24PlatinoZona3NA","IT-BPO-26-450","Agente en la Entidad Compradora o Back Office","Agente especializado","Matemáticas, ciencias naturales y afines","Servicio 7x24","Platino","Zona 3","NA","Mes 7x24",53707678.479999997,43205326.310000002,62992088,49201709.460000001,57011594.219999999,87430975.799999997,64220037.32,43369936.670000002,null,null,"SMMLV"]
["AgenteenlaEntidadCompradoraoBackOfficeAgenteespecializadoCienciasdelasaludyafinesJornadaOrdinariaOroZona1NA","IT-BPO-26-451","Agente en la Entidad Compradora o Back Office","Agente especializado","Ciencias de la salud y afines","Jornada Ordinaria","Oro","Zona 1","NA","Mes",13048282.800000001,13379132.67,20243920.91,16078533.24,18309523.359999999,18695596.379999999,13307154.73,12697243.43,null,null,"SMMLV"]
["AgenteenlaEntidadCompradoraoBackOfficeAgenteespecializadoCienciasdelasaludyafinesHoraextradiurnaOroZona1NA","IT-BPO-26-452","Agente en la Entidad Compradora o Back Office","Agente especializado","Ciencias de la salud y afines","Hora extra diurna","Oro","Zona 1","NA","Hora",77668.350000000006,81595.02,110022.32,92904.18,92304.24,111283.76,86311.45,61166.59,null,null,"SMMLV"]
["AgenteenlaEntidadCompradoraoBackOfficeAgenteespecializadoCienciasdelasaludyafinesHoraextranocturna OroZona1NA","IT-BPO-26-453","Agente en la Entidad Compradora o Back Office","Agente especializado","Ciencias de la salud y afines","Hora extra nocturna ","Oro","Zona 1","NA","Hora",108735.69,114233.69,154030.37,129536.31,126477.54,155797.70000000001,93216.37,85633.27,null,null,"SMMLV"]
["AgenteenlaEntidadCompradoraoBackOfficeAgenteespecializadoCienciasdelasaludyafinesHoraextradominicalyfestivoOroZona1NA","IT-BPO-26-454","Agente en la Entidad Compradora o Back Office","Agente especializado","Ciencias de la salud y afines","Hora extra dominical y festivo","Oro","Zona 1","NA","Hora",124269.36,163191.14000000001,176035.49,147852.38,140000.9,222567.51,138098.32999999999,97866.61,null,null,"SMMLV"]
["AgenteenlaEntidadCompradoraoBackOfficeAgenteespecializadoCienciasdelasaludyafinesServicio7x24OroZona1NA","IT-BPO-26-455","Agente en la Entidad Compradora o Back Office","Agente especializado","Ciencias de la salud y afines","Servicio 7x24","Oro","Zona 1","NA","Mes 7x24",61121629.799999997,53018801.719999999,80975680.340000004,77856095.420000002,79496370.650000006,106454421.75,64220037.32,55002039.109999999,null,null,"SMMLV"]
["AgenteenlaEntidadCompradoraoBackOfficeAgenteespecializadoCienciasdelasaludyafinesJornadaOrdinariaPlatinoZona1NA","IT-BPO-26-456","Agente en la Entidad Compradora o Back Office","Agente especializado","Ciencias de la salud y afines","Jornada Ordinaria","Platino","Zona 1","NA","Mes",13700696.939999999,13404111.810000001,18710290.190000001,16078533.24,18309523.359999999,18971953.579999998,13307154.73,12783254.369999999,null,null,"SMMLV"]
["AgenteenlaEntidadCompradoraoBackOfficeAgenteespecializadoCienciasdelasaludyafinesHoraextradiurnaPlatinoZona1NA","IT-BPO-26-457","Agente en la Entidad Compradora o Back Office","Agente especializado","Ciencias de la salud y afines","Hora extra diurna","Platino","Zona 1","NA","Hora",81551.77,81595.02,101687.18,92904.18,94642.11,112928.45,86311.45,61624.08,null,null,"SMMLV"]
["AgenteenlaEntidadCompradoraoBackOfficeAgenteespecializadoCienciasdelasaludyafinesHoraextranocturna PlatinoZona1NA","IT-BPO-26-458","Agente en la Entidad Compradora o Back Office","Agente especializado","Ciencias de la salud y afines","Hora extra nocturna ","Platino","Zona 1","NA","Hora",114172.47,114233.69,142362.04999999999,129536.31,129687.24,158100.48000000001,93216.37,86273.74,null,null,"SMMLV"]
["AgenteenlaEntidadCompradoraoBackOfficeAgenteespecializadoCienciasdelasaludyafinesHoraextradominicalyfestivoPlatinoZona1NA","IT-BPO-26-459","Agente en la Entidad Compradora o Back Office","Agente especializado","Ciencias de la salud y afines","Hora extra dominical y festivo","Platino","Zona 1","NA","Hora",130482.83,163191.14000000001,162699.48000000001,147852.38,142994.35,225856.89,138098.32999999999,98598.62,null,null,"SMMLV"]
["AgenteenlaEntidadCompradoraoBackOfficeAgenteespecializadoCienciasdelasaludyafinesServicio7x24PlatinoZona1NA","IT-BPO-26-460","Agente en la Entidad Compradora o Back Office","Agente especializado","Ciencias de la salud y afines","Servicio 7x24","Platino","Zona 1","NA","Mes 7x24",64177711.289999999,53107541.609999999,74841158.549999997,77856095.420000002,82931638.269999996,108028029.83,64220037.32,55403071.469999999,null,null,"SMMLV"]
["AgenteenlaEntidadCompradoraoBackOfficeAgenteespecializadoCienciasdelasaludyafinesJornadaOrdinariaOroZona2NA","IT-BPO-26-461","Agente en la Entidad Compradora o Back Office","Agente especializado","Ciencias de la salud y afines","Jornada Ordinaria","Oro","Zona 2","NA","Mes",13439731.279999999,13394119.939999999,20446360.129999999,16078533.24,18309523.359999999,18706229.93,13307154.73,12697243.43,null,null,"SMMLV"]
["AgenteenlaEntidadCompradoraoBackOfficeAgenteespecializadoCienciasdelasaludyafinesHoraextradiurnaOroZona2NA","IT-BPO-26-462","Agente en la Entidad Compradora o Back Office","Agente especializado","Ciencias de la salud y afines","Hora extra diurna","Oro","Zona 2","NA","Hora",79998.399999999994,81595.02,111122.79,92904.18,93953.42,111347.27,86311.45,61166.59,null,null,"SMMLV"]
["AgenteenlaEntidadCompradoraoBackOfficeAgenteespecializadoCienciasdelasaludyafinesHoraextranocturna OroZona2NA","IT-BPO-26-463","Agente en la Entidad Compradora o Back Office","Agente especializado","Ciencias de la salud y afines","Hora extra nocturna ","Oro","Zona 2","NA","Hora",111997.75999999999,114233.69,155571.03,129536.31,128653.13,155885.29999999999,93216.37,85633.27,null,null,"SMMLV"]
["AgenteenlaEntidadCompradoraoBackOfficeAgenteespecializadoCienciasdelasaludyafinesHoraextradominicalyfestivoOroZona2NA","IT-BPO-26-464","Agente en la Entidad Compradora o Back Office","Agente especializado","Ciencias de la salud y afines","Hora extra dominical y festivo","Oro","Zona 2","NA","Hora",127997.44,163191.14000000001,177795.15,147852.38,142033.68,222693.44,138098.32999999999,97866.61,null,null,"SMMLV"]
["AgenteenlaEntidadCompradoraoBackOfficeAgenteespecializadoCienciasdelasaludyafinesServicio7x24OroZona2NA","IT-BPO-26-465","Agente en la Entidad Compradora o Back Office","Agente especializado","Ciencias de la salud y afines","Servicio 7x24","Oro","Zona 2","NA","Mes 7x24",62955278.689999998,53072046.090000004,81785437.219999999,77856095.420000002,77435074.079999998,106507589.48,64220037.32,55002039.109999999,null,null,"SMMLV"]
["AgenteenlaEntidadCompradoraoBackOfficeAgenteespecializadoCienciasdelasaludyafinesJornadaOrdinariaPlatinoZona2NA","IT-BPO-26-466","Agente en la Entidad Compradora o Back Office","Agente especializado","Ciencias de la salud y afines","Jornada Ordinaria","Platino","Zona 2","NA","Mes",14111717.85,13419097.98,18897393.93,16078533.24,18309523.359999999,18982744.800000001,13307154.73,12783254.369999999,null,null,"SMMLV"]
["AgenteenlaEntidadCompradoraoBackOfficeAgenteespecializadoCienciasdelasaludyafinesHoraextradiurnaPlatinoZona2NA","IT-BPO-26-467","Agente en la Entidad Compradora o Back Office","Agente especializado","Ciencias de la salud y afines","Hora extra diurna","Platino","Zona 2","NA","Hora",83998.32,81595.02,102703.34,92904.18,96330.85,112993.05,86311.45,61624.08,null,null,"SMMLV"]
["AgenteenlaEntidadCompradoraoBackOfficeAgenteespecializadoCienciasdelasaludyafinesHoraextranocturna PlatinoZona2NA","IT-BPO-26-468","Agente en la Entidad Compradora o Back Office","Agente especializado","Ciencias de la salud y afines","Hora extra nocturna ","Platino","Zona 2","NA","Hora",117597.65,114233.69,143785.54999999999,129536.31,131915.57999999999,158190.26999999999,93216.37,86273.74,null,null,"SMMLV"]
["AgenteenlaEntidadCompradoraoBackOfficeAgenteespecializadoCienciasdelasaludyafinesHoraextradominicalyfestivoPlatinoZona2NA","IT-BPO-26-469","Agente en la Entidad Compradora o Back Office","Agente especializado","Ciencias de la salud y afines","Hora extra dominical y festivo","Platino","Zona 2","NA","Hora",134397.31,163191.14000000001,164326.65,147852.38,145076.29,225986.1,138098.32999999999,98598.62,null,null,"SMMLV"]
["AgenteenlaEntidadCompradoraoBackOfficeAgenteespecializadoCienciasdelasaludyafinesServicio7x24PlatinoZona2NA","IT-BPO-26-470","Agente en la Entidad Compradora o Back Office","Agente especializado","Ciencias de la salud y afines","Servicio 7x24","Platino","Zona 2","NA","Mes 7x24",66103042.630000003,53160784.890000001,75589571.340000004,77856095.420000002,81307769.670000002,108081980.48,64220037.32,55403071.469999999,null,null,"SMMLV"]
["AgenteenlaEntidadCompradoraoBackOfficeAgenteespecializadoCienciasdelasaludyafinesJornadaOrdinariaOroZona3NA","IT-BPO-26-471","Agente en la Entidad Compradora o Back Office","Agente especializado","Ciencias de la salud y afines","Jornada Ordinaria","Oro","Zona 3","NA","Mes",13700696.939999999,13414102.59,20650824,16078533.24,18309523.359999999,18732814.34,13307154.73,12243770.529999999,null,null,"SMMLV"]
["AgenteenlaEntidadCompradoraoBackOfficeAgenteespecializadoCienciasdelasaludyafinesHoraextradiurnaOroZona3NA","IT-BPO-26-472","Agente en la Entidad Compradora o Back Office","Agente especializado","Ciencias de la salud y afines","Hora extra diurna","Oro","Zona 3","NA","Hora",81551.77,81595.02,112234.22,92904.18,94376.16,111504.95,86311.45,58982.07,null,null,"SMMLV"]
["AgenteenlaEntidadCompradoraoBackOfficeAgenteespecializadoCienciasdelasaludyafinesHoraextranocturna OroZona3NA","IT-BPO-26-473","Agente en la Entidad Compradora o Back Office","Agente especializado","Ciencias de la salud y afines","Hora extra nocturna ","Oro","Zona 3","NA","Hora",114172.47,114233.69,157127.03,129536.31,129234.11,156107.57999999999,93216.37,82574.94,null,null,"SMMLV"]
["AgenteenlaEntidadCompradoraoBackOfficeAgenteespecializadoCienciasdelasaludyafinesHoraextradominicalyfestivoOroZona3NA","IT-BPO-26-474","Agente en la Entidad Compradora o Back Office","Agente especializado","Ciencias de la salud y afines","Hora extra dominical y festivo","Oro","Zona 3","NA","Hora",130482.83,163191.14000000001,179573.43,147852.38,142583.46,223009.89,138098.32999999999,94371.37,null,null,"SMMLV"]
["AgenteenlaEntidadCompradoraoBackOfficeAgenteespecializadoCienciasdelasaludyafinesServicio7x24OroZona3NA","IT-BPO-26-475","Agente en la Entidad Compradora o Back Office","Agente especializado","Ciencias de la salud y afines","Servicio 7x24","Oro","Zona 3","NA","Mes 7x24",64177711.289999999,53143037.130000003,82603292.719999999,77856095.420000002,77746235.019999996,106640511.53,64220037.32,53037680.5,null,null,"SMMLV"]
["AgenteenlaEntidadCompradoraoBackOfficeAgenteespecializadoCienciasdelasaludyafinesJornadaOrdinariaPlatinoZona3NA","IT-BPO-26-476","Agente en la Entidad Compradora o Back Office","Agente especializado","Ciencias de la salud y afines","Jornada Ordinaria","Platino","Zona 3","NA","Mes",14385731.789999999,13439081.73,19086367.940000001,16078533.24,18309523.359999999,19009722.32,13307154.73,12326709.560000001,null,null,"SMMLV"]
["AgenteenlaEntidadCompradoraoBackOfficeAgenteespecializadoCienciasdelasaludyafinesHoraextradiurnaPlatinoZona3NA","IT-BPO-26-477","Agente en la Entidad Compradora o Back Office","Agente especializado","Ciencias de la salud y afines","Hora extra diurna","Platino","Zona 3","NA","Hora",69343.72,81595.02,103730.45,92904.18,96764.94,113154.02,86311.45,59423.24,null,null,"SMMLV"]
["AgenteenlaEntidadCompradoraoBackOfficeAgenteespecializadoCienciasdelasaludyafinesHoraextranocturna PlatinoZona3NA","IT-BPO-26-478","Agente en la Entidad Compradora o Back Office","Agente especializado","Ciencias de la salud y afines","Hora extra nocturna ","Platino","Zona 3","NA","Hora",119881.1,114233.69,145223.28,129536.31,132512.32000000001,158414.75,93216.37,83192.52,null,null,"SMMLV"]
["AgenteenlaEntidadCompradoraoBackOfficeAgenteespecializadoCienciasdelasaludyafinesHoraextradominicalyfestivoPlatinoZona3NA","IT-BPO-26-479","Agente en la Entidad Compradora o Back Office","Agente especializado","Ciencias de la salud y afines","Hora extra dominical y festivo","Platino","Zona 3","NA","Hora",137006.97,163191.14000000001,165969.15,147852.38,145641.34,226306.94,138098.32999999999,95077.21,null,null,"SMMLV"]
["AgenteenlaEntidadCompradoraoBackOfficeAgenteespecializadoCienciasdelasaludyafinesServicio7x24PlatinoZona3NA","IT-BPO-26-480","Agente en la Entidad Compradora o Back Office","Agente especializado","Ciencias de la salud y afines","Servicio 7x24","Platino","Zona 3","NA","Mes 7x24",67386596.849999994,53231777.030000001,76345467.359999999,77856095.420000002,81659182.019999996,108216868.05,64220037.32,53424390.259999998,null,null,"SMMLV"]
["AgenteenlaEntidadCompradoraoBackOfficeAgenteespecializadoAgronomía,veterinariayafinesJornadaOrdinariaOroZona1NA","IT-BPO-26-481","Agente en la Entidad Compradora o Back Office","Agente especializado","Agronomía, veterinaria y afines","Jornada Ordinaria","Oro","Zona 1","NA","Mes",10566662.4,10872519.99,16703112.48,11040273.99,14751925.640000001,15118031,13307154.73,10460960.960000001,null,null,"SMMLV"]
["AgenteenlaEntidadCompradoraoBackOfficeAgenteespecializadoAgronomía,veterinariayafinesHoraextradiurnaOroZona1NA","IT-BPO-26-482","Agente en la Entidad Compradora o Back Office","Agente especializado","Agronomía, veterinaria y afines","Hora extra diurna","Oro","Zona 1","NA","Hora",62896.800000000003,65276.24,90778.79,53945.18,62655.88,89989.29,86311.45,49271.5,null,null,"SMMLV"]
["AgenteenlaEntidadCompradoraoBackOfficeAgenteespecializadoAgronomía,veterinariayafinesHoraextranocturna OroZona1NA","IT-BPO-26-483","Agente en la Entidad Compradora o Back Office","Agente especializado","Agronomía, veterinaria y afines","Hora extra nocturna ","Oro","Zona 1","NA","Hora",88055.52,91386.51,127090.08,74993.27,85539.82,125984.13,93216.37,68980.070000000007,null,null,"SMMLV"]
["AgenteenlaEntidadCompradoraoBackOfficeAgenteespecializadoAgronomía,veterinariayafinesHoraextradominicalyfestivoOroZona1NA","IT-BPO-26-484","Agente en la Entidad Compradora o Back Office","Agente especializado","Agronomía, veterinaria y afines","Hora extra dominical y festivo","Oro","Zona 1","NA","Hora",100634.88,130552.47,145246.28,85517.31,110364.37,179977.49,138098.32999999999,78834.42,null,null,"SMMLV"]
["AgenteenlaEntidadCompradoraoBackOfficeAgenteespecializadoAgronomía,veterinariayafinesServicio7x24OroZona1NA","IT-BPO-26-485","Agente en la Entidad Compradora o Back Office","Agente especializado","Agronomía, veterinaria y afines","Servicio 7x24","Oro","Zona 1","NA","Mes 7x24",48714447.600000001,42992351,66812444.450000003,49201709.460000001,53644785.509999998,85971307.950000003,64220037.32,44575198.240000002,null,null,"SMMLV"]
[{"$f":"SUBSTITUTE(C1026&D1026&E1026&F1026&G1026&H1026&I1026,\" \",\"\")","v":"AgenteenlaEntidadCompradoraoBackOfficeAgenteespecializadoAgronomía,veterinariayafinesJornadaOrdinariaPlatinoZona1NA"},"IT-BPO-26-486","Agente en la Entidad Compradora o Back Office","Agente especializado","Agronomía, veterinaria y afines","Jornada Ordinaria","Platino","Zona 1","NA","Mes",11094995.52,10897499.130000001,15437725.01,11040273.99,14751925.640000001,15341505.17,13307154.73,10546971.779999999,null,null,"SMMLV"]
["AgenteenlaEntidadCompradoraoBackOfficeAgenteespecializadoAgronomía,veterinariayafinesHoraextradiurnaPlatinoZona1NA","IT-BPO-26-487","Agente en la Entidad Compradora o Back Office","Agente especializado","Agronomía, veterinaria y afines","Hora extra diurna","Platino","Zona 1","NA","Hora",66041.64,65276.24,83902.19,53945.18,63369.47,91318.62,86311.45,49728.99,null,null,"SMMLV"]
["AgenteenlaEntidadCompradoraoBackOfficeAgenteespecializadoAgronomía,veterinariayafinesHoraextranocturna PlatinoZona1NA","IT-BPO-26-488","Agente en la Entidad Compradora o Back Office","Agente especializado","Agronomía, veterinaria y afines","Hora extra nocturna ","Platino","Zona 1","NA","Hora",92458.3,91386.51,117461.75,74993.27,86499.58,127846.73,93216.37,69620.649999999994,null,null,"SMMLV"]
["AgenteenlaEntidadCompradoraoBackOfficeAgenteespecializadoAgronomía,veterinariayafinesHoraextradominicalyfestivoPlatinoZona1NA","IT-BPO-26-489","Agente en la Entidad Compradora o Back Office","Agente especializado","Agronomía, veterinaria y afines","Hora extra dominical y festivo","Platino","Zona 1","NA","Hora",105666.62,130552.47,134241.53,85517.31,104791.32,182637.24,138098.32999999999,79566.42,null,null,"SMMLV"]
["AgenteenlaEntidadCompradoraoBackOfficeAgenteespecializadoAgronomía,veterinariayafinesServicio7x24PlatinoZona1NA","IT-BPO-26-490","Agente en la Entidad Compradora o Back Office","Agente especializado","Agronomía, veterinaria y afines","Servicio 7x24","Platino","Zona 1","NA","Mes 7x24",51150169.979999997,43081090.890000001,61750895.640000001,49201709.460000001,56398546.149999999,87242132.099999994,64220037.32,44976230.600000001,null,null,"SMMLV"]
["AgenteenlaEntidadCompradoraoBackOfficeAgenteespecializadoAgronomía,veterinariayafinesJornadaOrdinariaOroZona2NA","IT-BPO-26-491","Agente en la Entidad Compradora o Back Office","Agente especializado","Agronomía, veterinaria y afines","Jornada Ordinaria","Oro","Zona 2","NA","Mes",10883662.27,10887507.26,16870142.690000001,11040273.99,14751925.640000001,15128665.640000001,13307154.73,10460960.960000001,null,null,"SMMLV"]
["AgenteenlaEntidadCompradoraoBackOfficeAgenteespecializadoAgronomía,veterinariayafinesHoraextradiurnaOroZona2NA","IT-BPO-26-492","Agente en la Entidad Compradora o Back Office","Agente especializado","Agronomía, veterinaria y afines","Hora extra diurna","Oro","Zona 2","NA","Hora",64783.7,65276.24,91686.54,53945.18,63986.720000000001,90051.71,86311.45,49271.5,null,null,"SMMLV"]
["AgenteenlaEntidadCompradoraoBackOfficeAgenteespecializadoAgronomía,veterinariayafinesHoraextranocturna OroZona2NA","IT-BPO-26-493","Agente en la Entidad Compradora o Back Office","Agente especializado","Agronomía, veterinaria y afines","Hora extra nocturna ","Oro","Zona 2","NA","Hora",90697.19,91386.51,128360.28,74993.27,87287.9,126072.83,93216.37,68980.070000000007,null,null,"SMMLV"]
["AgenteenlaEntidadCompradoraoBackOfficeAgenteespecializadoAgronomía,veterinariayafinesHoraextradominicalyfestivoOroZona2NA","IT-BPO-26-494","Agente en la Entidad Compradora o Back Office","Agente especializado","Agronomía, veterinaria y afines","Hora extra dominical y festivo","Oro","Zona 2","NA","Hora",103653.93,130552.47,146697.15,85517.31,116258.29,180103.41,138098.32999999999,78834.42,null,null,"SMMLV"]
["AgenteenlaEntidadCompradoraoBackOfficeAgenteespecializadoAgronomía,veterinariayafinesServicio7x24OroZona2NA","IT-BPO-26-495","Agente en la Entidad Compradora o Back Office","Agente especializado","Agronomía, veterinaria y afines","Servicio 7x24","Oro","Zona 2","NA","Mes 7x24",50175881.030000001,43045595.369999997,67480569.650000006,49201709.460000001,53962330.329999998,86024475.680000007,64220037.32,44575198.240000002,null,null,"SMMLV"]
["AgenteenlaEntidadCompradoraoBackOfficeAgenteespecializadoAgronomía,veterinariayafinesJornadaOrdinariaPlatinoZona2NA","IT-BPO-26-496","Agente en la Entidad Compradora o Back Office","Agente especializado","Agronomía, veterinaria y afines","Jornada Ordinaria","Platino","Zona 2","NA","Mes",11427845.390000001,10912485.300000001,15592102.49,11040273.99,14751925.640000001,15352296.390000001,13307154.73,10546971.779999999,null,null,"SMMLV"]
["AgenteenlaEntidadCompradoraoBackOfficeAgenteespecializadoAgronomía,veterinariayafinesHoraextradiurnaPlatinoZona2NA","IT-BPO-26-497","Agente en la Entidad Compradora o Back Office","Agente especializado","Agronomía, veterinaria y afines","Hora extra diurna","Platino","Zona 2","NA","Hora",68022.89,65276.24,84740.96,53945.18,64731.82,91383.23,86311.45,49728.99,null,null,"SMMLV"]
["AgenteenlaEntidadCompradoraoBackOfficeAgenteespecializadoAgronomía,veterinariayafinesHoraextranocturna PlatinoZona2NA","IT-BPO-26-498","Agente en la Entidad Compradora o Back Office","Agente especializado","Agronomía, veterinaria y afines","Hora extra nocturna ","Platino","Zona 2","NA","Hora",95232.04,91386.51,118636.68,74993.27,88289.8,127936.52,93216.37,69620.649999999994,null,null,"SMMLV"]
["AgenteenlaEntidadCompradoraoBackOfficeAgenteespecializadoAgronomía,veterinariayafinesHoraextradominicalyfestivoPlatinoZona2NA","IT-BPO-26-499","Agente en la Entidad Compradora o Back Office","Agente especializado","Agronomía, veterinaria y afines","Hora extra dominical y festivo","Platino","Zona 2","NA","Hora",108836.62,130552.47,135584,85517.31,110824.52,182766.45,138098.32999999999,79566.42,null,null,"SMMLV"]
["AgenteenlaEntidadCompradoraoBackOfficeAgenteespecializadoAgronomía,veterinariayafinesServicio7x24PlatinoZona2NA","IT-BPO-26-500","Agente en la Entidad Compradora o Back Office","Agente especializado","Agronomía, veterinaria y afines","Servicio 7x24","Platino","Zona 2","NA","Mes 7x24",52684675.079999998,43134334.170000002,62368405.560000002,49201709.460000001,56779078.149999999,87296088.230000004,64220037.32,44976230.600000001,null,null,"SMMLV"]
["AgenteenlaEntidadCompradoraoBackOfficeAgenteespecializadoAgronomía,veterinariayafinesJornadaOrdinariaOroZona3NA","IT-BPO-26-501","Agente en la Entidad Compradora o Back Office","Agente especializado","Agronomía, veterinaria y afines","Jornada Ordinaria","Oro","Zona 3","NA","Mes",11094995.52,10907489.91,17038844.960000001,11040273.99,14751925.640000001,15155248.949999999,13307154.73,10087355.17,null,null,"SMMLV"]
["AgenteenlaEntidadCompradoraoBackOfficeAgenteespecializadoAgronomía,veterinariayafinesHoraextradiurnaOroZona3NA","IT-BPO-26-502","Agente en la Entidad Compradora o Back Office","Agente especializado","Agronomía, veterinaria y afines","Hora extra diurna","Oro","Zona 3","NA","Hora",66041.64,65276.24,92604.15,53945.18,64329.599999999999,90210.48,86311.45,47511.83,null,null,"SMMLV"]
["AgenteenlaEntidadCompradoraoBackOfficeAgenteespecializadoAgronomía,veterinariayafinesHoraextranocturna OroZona3NA","IT-BPO-26-503","Agente en la Entidad Compradora o Back Office","Agente especializado","Agronomía, veterinaria y afines","Hora extra nocturna ","Oro","Zona 3","NA","Hora",92458.3,91386.51,129643.62,74993.27,87758.63,126294.02,93216.37,66516.539999999994,null,null,"SMMLV"]
["AgenteenlaEntidadCompradoraoBackOfficeAgenteespecializadoAgronomía,veterinariayafinesHoraextradominicalyfestivoOroZona3NA","IT-BPO-26-504","Agente en la Entidad Compradora o Back Office","Agente especializado","Agronomía, veterinaria y afines","Hora extra dominical y festivo","Oro","Zona 3","NA","Hora",105666.62,130552.47,148165.54999999999,85517.31,116792.75,180419.87,138098.32999999999,76018.84,null,null,"SMMLV"]
["AgenteenlaEntidadCompradoraoBackOfficeAgenteespecializadoAgronomía,veterinariayafinesServicio7x24OroZona3NA","IT-BPO-26-505","Agente en la Entidad Compradora o Back Office","Agente especializado","Agronomía, veterinaria y afines","Servicio 7x24","Oro","Zona 3","NA","Mes 7x24",51150169.979999997,43116586.409999996,68155374.349999994,49201709.460000001,54174026.509999998,86157397.730000004,64220037.32,42983226.909999996,null,null,"SMMLV"]
["AgenteenlaEntidadCompradoraoBackOfficeAgenteespecializadoAgronomía,veterinariayafinesJornadaOrdinariaPlatinoZona3NA","IT-BPO-26-506","Agente en la Entidad Compradora o Back Office","Agente especializado","Agronomía, veterinaria y afines","Jornada Ordinaria","Platino","Zona 3","NA","Mes",11649745.300000001,10932469.050000001,15748022.82,11040273.99,14751925.640000001,15379273.91,13307154.73,10170294.300000001,null,null,"SMMLV"]
["AgenteenlaEntidadCompradoraoBackOfficeAgenteespecializadoAgronomía,veterinariayafinesHoraextradiurnaPlatinoZona3NA","IT-BPO-26-507","Agente en la Entidad Compradora o Back Office","Agente especializado","Agronomía, veterinaria y afines","Hora extra diurna","Platino","Zona 3","NA","Hora",69343.72,65276.24,85588.49,53945.18,65084.22,91544.19,86311.45,47953.01,null,null,"SMMLV"]
["AgenteenlaEntidadCompradoraoBackOfficeAgenteespecializadoAgronomía,veterinariayafinesHoraextranocturna PlatinoZona3NA","IT-BPO-26-508","Agente en la Entidad Compradora o Back Office","Agente especializado","Agronomía, veterinaria y afines","Hora extra nocturna ","Platino","Zona 3","NA","Hora",97081.21,91386.51,119822.57,74993.27,88773.71,128160.99,93216.37,67134.12,null,null,"SMMLV"]
["AgenteenlaEntidadCompradoraoBackOfficeAgenteespecializadoAgronomía,veterinariayafinesHoraextradominicalyfestivoPlatinoZona3NA","IT-BPO-26-509","Agente en la Entidad Compradora o Back Office","Agente especializado","Agronomía, veterinaria y afines","Hora extra dominical y festivo","Platino","Zona 3","NA","Hora",110949.96,130552.47,136940.70000000001,85517.31,111511.83,183087.29,138098.32999999999,76724.789999999994,null,null,"SMMLV"]
["AgenteenlaEntidadCompradoraoBackOfficeAgenteespecializadoAgronomía,veterinariayafinesServicio7x24PlatinoZona3NA","IT-BPO-26-510","Agente en la Entidad Compradora o Back Office","Agente especializado","Agronomía, veterinaria y afines","Servicio 7x24","Platino","Zona 3","NA","Mes 7x24",53707678.479999997,43205326.310000002,62992088,49201709.460000001,57011594.219999999,87430975.799999997,64220037.32,43369936.670000002,null,null,"SMMLV"]
["AgenteenlaEntidadCompradoraoBackOfficeAgenteespecializadoCienciasdelaeducaciónyafinesJornadaOrdinariaOroZona1NA","IT-BPO-26-511","Agente en la Entidad Compradora o Back Office","Agente especializado","Ciencias de la educación y afines","Jornada Ordinaria","Oro","Zona 1","NA","Mes",10566662.4,10872519.99,16703112.48,11040273.99,14751925.640000001,15118031,13307154.73,10460960.960000001,null,null,"SMMLV"]
["AgenteenlaEntidadCompradoraoBackOfficeAgenteespecializadoCienciasdelaeducaciónyafinesHoraextradiurnaOroZona1NA","IT-BPO-26-512","Agente en la Entidad Compradora o Back Office","Agente especializado","Ciencias de la educación y afines","Hora extra diurna","Oro","Zona 1","NA","Hora",62896.800000000003,65276.24,90778.79,53945.18,70265.56,89989.29,86311.45,49271.5,null,null,"SMMLV"]
["AgenteenlaEntidadCompradoraoBackOfficeAgenteespecializadoCienciasdelaeducaciónyafinesHoraextranocturna OroZona1NA","IT-BPO-26-513","Agente en la Entidad Compradora o Back Office","Agente especializado","Ciencias de la educación y afines","Hora extra nocturna ","Oro","Zona 1","NA","Hora",88055.52,91386.51,127090.08,74993.27,96370.11,125984.13,93216.37,68980.070000000007,null,null,"SMMLV"]
["AgenteenlaEntidadCompradoraoBackOfficeAgenteespecializadoCienciasdelaeducaciónyafinesHoraextradominicalyfestivoOroZona1NA","IT-BPO-26-514","Agente en la Entidad Compradora o Back Office","Agente especializado","Ciencias de la educación y afines","Hora extra dominical y festivo","Oro","Zona 1","NA","Hora",100634.88,130552.47,145246.28,85517.31,119214.14,179977.49,138098.32999999999,78834.42,null,null,"SMMLV"]
["AgenteenlaEntidadCompradoraoBackOfficeAgenteespecializadoCienciasdelaeducaciónyafinesServicio7x24OroZona1NA","IT-BPO-26-515","Agente en la Entidad Compradora o Back Office","Agente especializado","Ciencias de la educación y afines","Servicio 7x24","Oro","Zona 1","NA","Mes 7x24",48714447.600000001,42992351,66812444.450000003,49201709.460000001,56433916.030000001,85971307.950000003,64220037.32,44575198.240000002,null,null,"SMMLV"]
["AgenteenlaEntidadCompradoraoBackOfficeAgenteespecializadoCienciasdelaeducaciónyafinesJornadaOrdinariaPlatinoZona1NA","IT-BPO-26-516","Agente en la Entidad Compradora o Back Office","Agente especializado","Ciencias de la educación y afines","Jornada Ordinaria","Platino","Zona 1","NA","Mes",11094995.52,10897499.130000001,15437725.01,11040273.99,14751925.640000001,15341505.17,13307154.73,10546971.779999999,null,null,"SMMLV"]
["AgenteenlaEntidadCompradoraoBackOfficeAgenteespecializadoCienciasdelaeducaciónyafinesHoraextradiurnaPlatinoZona1NA","IT-BPO-26-517","Agente en la Entidad Compradora o Back Office","Agente especializado","Ciencias de la educación y afines","Hora extra diurna","Platino","Zona 1","NA","Hora",66041.64,65276.24,83902.19,53945.18,66530.09,91318.62,86311.45,49728.99,null,null,"SMMLV"]
["AgenteenlaEntidadCompradoraoBackOfficeAgenteespecializadoCienciasdelaeducaciónyafinesHoraextranocturna PlatinoZona1NA","IT-BPO-26-518","Agente en la Entidad Compradora o Back Office","Agente especializado","Ciencias de la educación y afines","Hora extra nocturna ","Platino","Zona 1","NA","Hora",92458.3,91386.51,117461.75,74993.27,90924.39,127846.73,93216.37,69620.649999999994,null,null,"SMMLV"]
["AgenteenlaEntidadCompradoraoBackOfficeAgenteespecializadoCienciasdelaeducaciónyafinesHoraextradominicalyfestivoPlatinoZona1NA","IT-BPO-26-519","Agente en la Entidad Compradora o Back Office","Agente especializado","Ciencias de la educación y afines","Hora extra dominical y festivo","Platino","Zona 1","NA","Hora",105666.62,130552.47,134241.53,85517.31,122245.81,182637.24,138098.32999999999,79566.42,null,null,"SMMLV"]
["AgenteenlaEntidadCompradoraoBackOfficeAgenteespecializadoCienciasdelaeducaciónyafinesServicio7x24PlatinoZona1NA","IT-BPO-26-520","Agente en la Entidad Compradora o Back Office","Agente especializado","Ciencias de la educación y afines","Servicio 7x24","Platino","Zona 1","NA","Mes 7x24",51150169.979999997,43081090.890000001,61750895.640000001,49201709.460000001,59165751.969999999,87242132.099999994,64220037.32,44976230.600000001,null,null,"SMMLV"]
["AgenteenlaEntidadCompradoraoBackOfficeAgenteespecializadoCienciasdelaeducaciónyafinesJornadaOrdinariaOroZona2NA","IT-BPO-26-521","Agente en la Entidad Compradora o Back Office","Agente especializado","Ciencias de la educación y afines","Jornada Ordinaria","Oro","Zona 2","NA","Mes",10883662.27,10887507.26,16870142.690000001,11040273.99,14751925.640000001,15128665.640000001,13307154.73,10460960.960000001,null,null,"SMMLV"]
["AgenteenlaEntidadCompradoraoBackOfficeAgenteespecializadoCienciasdelaeducaciónyafinesHoraextradiurnaOroZona2NA","IT-BPO-26-522","Agente en la Entidad Compradora o Back Office","Agente especializado","Ciencias de la educación y afines","Hora extra diurna","Oro","Zona 2","NA","Hora",64783.7,65276.24,91686.54,53945.18,71451.22,90051.71,86311.45,49271.5,null,null,"SMMLV"]
["AgenteenlaEntidadCompradoraoBackOfficeAgenteespecializadoCienciasdelaeducaciónyafinesHoraextranocturna OroZona2NA","IT-BPO-26-523","Agente en la Entidad Compradora o Back Office","Agente especializado","Ciencias de la educación y afines","Hora extra nocturna ","Oro","Zona 2","NA","Hora",90697.19,91386.51,128360.28,74993.27,97934.3,126072.83,93216.37,68980.070000000007,null,null,"SMMLV"]
["AgenteenlaEntidadCompradoraoBackOfficeAgenteespecializadoCienciasdelaeducaciónyafinesHoraextradominicalyfestivoOroZona2NA","IT-BPO-26-524","Agente en la Entidad Compradora o Back Office","Agente especializado","Ciencias de la educación y afines","Hora extra dominical y festivo","Oro","Zona 2","NA","Hora",103653.93,130552.47,146697.15,85517.31,121318.29,180103.41,138098.32999999999,78834.42,null,null,"SMMLV"]
["AgenteenlaEntidadCompradoraoBackOfficeAgenteespecializadoCienciasdelaeducaciónyafinesServicio7x24OroZona2NA","IT-BPO-26-525","Agente en la Entidad Compradora o Back Office","Agente especializado","Ciencias de la educación y afines","Servicio 7x24","Oro","Zona 2","NA","Mes 7x24",50175881.030000001,43045595.369999997,67480569.650000006,49201709.460000001,56835134.579999998,86024475.680000007,64220037.32,44575198.240000002,null,null,"SMMLV"]
["AgenteenlaEntidadCompradoraoBackOfficeAgenteespecializadoCienciasdelaeducaciónyafinesJornadaOrdinariaPlatinoZona2NA","IT-BPO-26-526","Agente en la Entidad Compradora o Back Office","Agente especializado","Ciencias de la educación y afines","Jornada Ordinaria","Platino","Zona 2","NA","Mes",11427845.390000001,10912485.300000001,15592102.49,11040273.99,14801911.789999999,15352296.390000001,13307154.73,10546971.779999999,null,null,"SMMLV"]
["AgenteenlaEntidadCompradoraoBackOfficeAgenteespecializadoCienciasdelaeducaciónyafinesHoraextradiurnaPlatinoZona2NA","IT-BPO-26-527","Agente en la Entidad Compradora o Back Office","Agente especializado","Ciencias de la educación y afines","Hora extra diurna","Platino","Zona 2","NA","Hora",68022.89,65276.24,84740.96,53945.18,73123.17,91383.23,86311.45,49728.99,null,null,"SMMLV"]
["AgenteenlaEntidadCompradoraoBackOfficeAgenteespecializadoCienciasdelaeducaciónyafinesHoraextranocturna PlatinoZona2NA","IT-BPO-26-528","Agente en la Entidad Compradora o Back Office","Agente especializado","Ciencias de la educación y afines","Hora extra nocturna ","Platino","Zona 2","NA","Hora",95232.04,91386.51,118636.68,74993.27,92847.21,127936.52,93216.37,69620.649999999994,null,null,"SMMLV"]
["AgenteenlaEntidadCompradoraoBackOfficeAgenteespecializadoCienciasdelaeducaciónyafinesHoraextradominicalyfestivoPlatinoZona2NA","IT-BPO-26-529","Agente en la Entidad Compradora o Back Office","Agente especializado","Ciencias de la educación y afines","Hora extra dominical y festivo","Platino","Zona 2","NA","Hora",108836.62,130552.47,135584,85517.31,124401.61,182766.45,138098.32999999999,79566.42,null,null,"SMMLV"]
["AgenteenlaEntidadCompradoraoBackOfficeAgenteespecializadoCienciasdelaeducaciónyafinesServicio7x24PlatinoZona2NA","IT-BPO-26-530","Agente en la Entidad Compradora o Back Office","Agente especializado","Ciencias de la educación y afines","Servicio 7x24","Platino","Zona 2","NA","Mes 7x24",52684675.079999998,43134334.170000002,62368405.560000002,49201709.460000001,59629300.140000001,87296088.230000004,64220037.32,44976230.600000001,null,null,"SMMLV"]
["AgenteenlaEntidadCompradoraoBackOfficeAgenteespecializadoCienciasdelaeducaciónyafinesJornadaOrdinariaOroZona3NA","IT-BPO-26-531","Agente en la Entidad Compradora o Back Office","Agente especializado","Ciencias de la educación y afines","Jornada Ordinaria","Oro","Zona 3","NA","Mes",11094995.52,10907489.91,17038844.960000001,11040273.99,14751925.640000001,15155248.949999999,13307154.73,10087355.17,null,null,"SMMLV"]
["AgenteenlaEntidadCompradoraoBackOfficeAgenteespecializadoCienciasdelaeducaciónyafinesHoraextradiurnaOroZona3NA","IT-BPO-26-532","Agente en la Entidad Compradora o Back Office","Agente especializado","Ciencias de la educación y afines","Hora extra diurna","Oro","Zona 3","NA","Hora",66041.64,65276.24,92604.15,53945.18,71788.23,90210.48,86311.45,47511.83,null,null,"SMMLV"]
["AgenteenlaEntidadCompradoraoBackOfficeAgenteespecializadoCienciasdelaeducaciónyafinesHoraextranocturna OroZona3NA","IT-BPO-26-533","Agente en la Entidad Compradora o Back Office","Agente especializado","Ciencias de la educación y afines","Hora extra nocturna ","Oro","Zona 3","NA","Hora",92458.3,91386.51,129643.62,74993.27,98398.31,126294.02,93216.37,66516.539999999994,null,null,"SMMLV"]
["AgenteenlaEntidadCompradoraoBackOfficeAgenteespecializadoCienciasdelaeducaciónyafinesHoraextradominicalyfestivoOroZona3NA","IT-BPO-26-534","Agente en la Entidad Compradora o Back Office","Agente especializado","Ciencias de la educación y afines","Hora extra dominical y festivo","Oro","Zona 3","NA","Hora",105666.62,130552.47,148165.54999999999,85517.31,121951.29,180419.87,138098.32999999999,76018.84,null,null,"SMMLV"]
["AgenteenlaEntidadCompradoraoBackOfficeAgenteespecializadoCienciasdelaeducaciónyafinesServicio7x24OroZona3NA","IT-BPO-26-535","Agente en la Entidad Compradora o Back Office","Agente especializado","Ciencias de la educación y afines","Servicio 7x24","Oro","Zona 3","NA","Mes 7x24",51150169.979999997,43116586.409999996,68155374.349999994,49201709.460000001,57102613.490000002,86157397.730000004,64220037.32,42983226.909999996,null,null,"SMMLV"]
["AgenteenlaEntidadCompradoraoBackOfficeAgenteespecializadoCienciasdelaeducaciónyafinesJornadaOrdinariaPlatinoZona3NA","IT-BPO-26-536","Agente en la Entidad Compradora o Back Office","Agente especializado","Ciencias de la educación y afines","Jornada Ordinaria","Platino","Zona 3","NA","Mes",11649745.300000001,10932469.050000001,15748022.82,11040273.99,14751925.640000001,15379273.91,13307154.73,10170294.300000001,null,null,"SMMLV"]
["AgenteenlaEntidadCompradoraoBackOfficeAgenteespecializadoCienciasdelaeducaciónyafinesHoraextradiurnaPlatinoZona3NA","IT-BPO-26-537","Agente en la Entidad Compradora o Back Office","Agente especializado","Ciencias de la educación y afines","Hora extra diurna","Platino","Zona 3","NA","Hora",30591.4,65276.24,85588.49,53945.18,73469.34,91544.19,86311.45,47953.01,null,null,"SMMLV"]
["AgenteenlaEntidadCompradoraoBackOfficeAgenteespecializadoCienciasdelaeducaciónyafinesHoraextranocturna PlatinoZona3NA","IT-BPO-26-538","Agente en la Entidad Compradora o Back Office","Agente especializado","Ciencias de la educación y afines","Hora extra nocturna ","Platino","Zona 3","NA","Hora",97081.21,91386.51,119822.57,74993.27,100705.53,128160.99,93216.37,67134.12,null,null,"SMMLV"]
["AgenteenlaEntidadCompradoraoBackOfficeAgenteespecializadoCienciasdelaeducaciónyafinesHoraextradominicalyfestivoPlatinoZona3NA","IT-BPO-26-539","Agente en la Entidad Compradora o Back Office","Agente especializado","Ciencias de la educación y afines","Hora extra dominical y festivo","Platino","Zona 3","NA","Hora",110949.96,130552.47,136940.70000000001,85517.31,125052.57,183087.29,138098.32999999999,76724.789999999994,null,null,"SMMLV"]
["AgenteenlaEntidadCompradoraoBackOfficeAgenteespecializadoCienciasdelaeducaciónyafinesServicio7x24PlatinoZona3NA","IT-BPO-26-540","Agente en la Entidad Compradora o Back Office","Agente especializado","Ciencias de la educación y afines","Servicio 7x24","Platino","Zona 3","NA","Mes 7x24",53707678.479999997,43205326.310000002,62992088,49201709.460000001,59917160.450000003,87430975.799999997,64220037.32,43369936.670000002,null,null,"SMMLV"]
["AgenteFrontOfficeAgentegeneralJornadaOrdinariaOroZona1NANA","IT-BPO-27-1","Agente Front Office","Agente general","Jornada Ordinaria","Oro","Zona 1","NA","NA","Mes",4661546.4000000004,4928517.26,8693551.0199999996,5305617.74,6420086.1699999999,6858698.9400000004,4308112.12,5233555.13,null,null,"SMMLV"]
["AgenteFrontOfficeAgentegeneralHoraextradiurnaOroZona1NANA","IT-BPO-27-2","Agente Front Office","Agente general","Hora extra diurna","Oro","Zona 1","NA","NA","Hora",27747.3,24478.73,47249.25,22854.84,30297.1,40825.980000000003,27696.2,20929.28,null,null,"SMMLV"]
["AgenteFrontOfficeAgentegeneralHoraextranocturna OroZona1NANA","IT-BPO-27-3","Agente Front Office","Agente general","Hora extra nocturna ","Oro","Zona 1","NA","NA","Hora",38846.22,34270.22,66146.759999999995,31467.02,40628.089999999997,57156.81,38774.68,29301.11,null,null,"SMMLV"]
["AgenteFrontOfficeAgentegeneralHoraextradominicalyfestivoOroZona1NANA","IT-BPO-27-4","Agente Front Office","Agente general","Hora extra dominical y festivo","Oro","Zona 1","NA","NA","Hora",44395.68,48957.45,75597.710000000006,35773.65,45280.43,81651.960000000006,38774.68,33486.959999999999,null,null,"SMMLV"]
["AgenteFrontOfficeAgentegeneralServicio7x24OroZona1NANA","IT-BPO-27-5","Agente Front Office","Agente general","Servicio 7x24","Oro","Zona 1","NA","NA","Mes 7x24",21644733.600000001,19178172.739999998,34774200.799999997,21378999,23545422.77,38186422.280000001,20790854.760000002,19832376,null,null,"SMMLV"]
["AgenteFrontOfficeAgentegeneralJornadaOrdinariaPlatinoZona1NANA","IT-BPO-27-6","Agente Front Office","Agente general","Jornada Ordinaria","Platino","Zona 1","NA","NA","Mes",4894623.72,4953496.4000000004,8141580.1399999997,5305617.74,6551061.4199999999,6960083.9000000004,4308112.12,5319565.95,null,null,"SMMLV"]
["AgenteFrontOfficeAgentegeneralHoraextradiurnaPlatinoZona1NANA","IT-BPO-27-7","Agente Front Office","Agente general","Hora extra diurna","Platino","Zona 1","NA","NA","Hora",29134.67,24478.73,44248.95,22854.84,30819.88,41429.33,27696.2,21386.880000000001,null,null,"SMMLV"]
["AgenteFrontOfficeAgentegeneralHoraextranocturna PlatinoZona1NANA","IT-BPO-27-8","Agente Front Office","Agente general","Hora extra nocturna ","Platino","Zona 1","NA","NA","Hora",40788.53,34270.22,61947.44,31467.02,41337.129999999997,58001.06,38774.68,29941.57,null,null,"SMMLV"]
["AgenteFrontOfficeAgentegeneralHoraextradominicalyfestivoPlatinoZona1NANA","IT-BPO-27-9","Agente Front Office","Agente general","Hora extra dominical y festivo","Platino","Zona 1","NA","NA","Hora",46615.46,48957.45,70798.320000000007,35773.65,48383.91,82858.649999999994,38774.68,34218.97,null,null,"SMMLV"]
[{"$f":"SUBSTITUTE(C1090&D1090&E1090&F1090&G1090&H1090&I1090,\" \",\"\")","v":"AgenteFrontOfficeAgentegeneralServicio7x24PlatinoZona1NANA"},"IT-BPO-27-10","Agente Front Office","Agente general","Servicio 7x24","Platino","Zona 1","NA","NA","Mes 7x24",22726970.280000001,19266911.539999999,32566316.16,21378999,24146589.57,38750894.780000001,20790854.760000002,20233408.359999999,null,null,"SMMLV"]
["AgenteFrontOfficeAgentegeneralJornadaOrdinariaOroZona2NANA","IT-BPO-27-11","Agente Front Office","Agente general","Jornada Ordinaria","Oro","Zona 2","NA","NA","Mes",4801392.79,4943504.5199999996,8780487.4499999993,5305617.74,6537717.2300000004,6869332.4900000002,4308112.12,5233555.13,null,null,"SMMLV"]
["AgenteFrontOfficeAgentegeneralHoraextradiurnaOroZona2NANA","IT-BPO-27-12","Agente Front Office","Agente general","Hora extra diurna","Oro","Zona 2","NA","NA","Hora",28579.72,24478.73,47721.2,22854.84,30872.959999999999,40889.49,27696.2,20929.28,null,null,"SMMLV"]
["AgenteFrontOfficeAgentegeneralHoraextranocturna OroZona2NANA","IT-BPO-27-13","Agente Front Office","Agente general","Hora extra nocturna ","Oro","Zona 2","NA","NA","Hora",40011.61,34270.22,66809.240000000005,31467.02,41368.43,57245.51,38774.68,29301.11,null,null,"SMMLV"]
["AgenteFrontOfficeAgentegeneralHoraextradominicalyfestivoOroZona2NANA","IT-BPO-27-14","Agente Front Office","Agente general","Hora extra dominical y festivo","Oro","Zona 2","NA","NA","Hora",45727.55,48957.45,76353.259999999995,35773.65,48404.87,81777.89,38774.68,33486.959999999999,null,null,"SMMLV"]
["AgenteFrontOfficeAgentegeneralServicio7x24OroZona2NANA","IT-BPO-27-15","Agente Front Office","Agente general","Servicio 7x24","Oro","Zona 2","NA","NA","Mes 7x24",22294075.609999999,19231416.02,35121943.229999997,21378999,23769504.469999999,38239595.479999997,20790854.760000002,19832376,null,null,"SMMLV"]
["AgenteFrontOfficeAgentegeneralJornadaOrdinariaPlatinoZona2NANA","IT-BPO-27-16","Agente Front Office","Agente general","Jornada Ordinaria","Platino","Zona 2","NA","NA","Mes",5041462.43,4968483.66,8222995.5800000001,5305617.74,6674274.3099999996,6970874.0300000003,4308112.12,5319565.95,null,null,"SMMLV"]
["AgenteFrontOfficeAgentegeneralHoraextradiurnaPlatinoZona2NANA","IT-BPO-27-17","Agente Front Office","Agente general","Hora extra diurna","Platino","Zona 2","NA","NA","Hora",30008.7,24478.73,44691.33,22854.84,31409.66,41493.93,27696.2,21386.880000000001,null,null,"SMMLV"]
["AgenteFrontOfficeAgentegeneralHoraextranocturna PlatinoZona2NANA","IT-BPO-27-18","Agente Front Office","Agente general","Hora extra nocturna ","Platino","Zona 2","NA","NA","Hora",42012.19,34270.22,62567.21,31467.02,42095.41,58090.85,38774.68,29941.57,null,null,"SMMLV"]
["AgenteFrontOfficeAgentegeneralHoraextradominicalyfestivoPlatinoZona2NANA","IT-BPO-27-19","Agente Front Office","Agente general","Hora extra dominical y festivo","Platino","Zona 2","NA","NA","Hora",48013.93,48957.45,71505.69,35773.65,49226.81,82986.77,38774.68,34218.97,null,null,"SMMLV"]
["AgenteFrontOfficeAgentegeneralServicio7x24PlatinoZona2NANA","IT-BPO-27-20","Agente Front Office","Agente general","Servicio 7x24","Platino","Zona 2","NA","NA","Mes 7x24",23408779.390000001,19320155.91,32891979.02,21378999,24393976.18,38804850.899999999,20790854.760000002,20233408.359999999,null,null,"SMMLV"]
["AgenteFrontOfficeAgentegeneralJornadaOrdinariaOroZona3NANA","IT-BPO-27-21","Agente Front Office","Agente general","Jornada Ordinaria","Oro","Zona 3","NA","NA","Mes",4894623.72,4963487.18,8868291.1199999992,5305617.74,6570016.4299999997,6895915.7999999998,4308112.12,5046642.3499999996,null,null,"SMMLV"]
["AgenteFrontOfficeAgentegeneralHoraextradiurnaOroZona3NANA","IT-BPO-27-22","Agente Front Office","Agente general","Hora extra diurna","Oro","Zona 3","NA","NA","Hora",29134.67,24478.73,48197.52,22854.84,31025.72,41047.17,27696.2,20181.84,null,null,"SMMLV"]
["AgenteFrontOfficeAgentegeneralHoraextranocturna OroZona3NANA","IT-BPO-27-23","Agente Front Office","Agente general","Hora extra nocturna ","Oro","Zona 3","NA","NA","Hora",40788.53,34270.22,67477.19,31467.02,41576.870000000003,57466.7,38774.68,28254.61,null,null,"SMMLV"]
["AgenteFrontOfficeAgentegeneralHoraextradominicalyfestivoOroZona3NANA","IT-BPO-27-24","Agente Front Office","Agente general","Hora extra dominical y festivo","Oro","Zona 3","NA","NA","Hora",46615.46,48957.45,77116.47,35773.65,48640.78,82094.34,38774.68,32291,null,null,"SMMLV"]
["AgenteFrontOfficeAgentegeneralServicio7x24OroZona3NANA","IT-BPO-27-25","Agente Front Office","Agente general","Servicio 7x24","Oro","Zona 3","NA","NA","Mes 7x24",22726970.280000001,19302407.059999999,35473163.390000001,21378999,23918892.27,38372512.049999997,20790854.760000002,19124076.890000001,null,null,"SMMLV"]
["AgenteFrontOfficeAgentegeneralJornadaOrdinariaPlatinoZona3NANA","IT-BPO-27-26","Agente Front Office","Agente general","Jornada Ordinaria","Platino","Zona 3","NA","NA","Mes",5139354.91,4988466.32,8305225.7000000002,5305617.74,6705071.5899999999,6997851.54,4308112.12,5129581.4800000004,null,null,"SMMLV"]
["AgenteFrontOfficeAgentegeneralHoraextradiurnaPlatinoZona3NANA","IT-BPO-27-27","Agente Front Office","Agente general","Hora extra diurna","Platino","Zona 3","NA","NA","Hora",38497.599999999999,24478.73,45138.09,22854.84,31566.45,41654.9,27696.2,20623.009999999998,null,null,"SMMLV"]
["AgenteFrontOfficeAgentegeneralHoraextranocturna PlatinoZona3NANA","IT-BPO-27-28","Agente Front Office","Agente general","Hora extra nocturna ","Platino","Zona 3","NA","NA","Hora",42827.96,34270.22,63193.55,31467.02,42309.72,58316.42,38774.68,28872.19,null,null,"SMMLV"]
["AgenteFrontOfficeAgentegeneralHoraextradominicalyfestivoPlatinoZona3NANA","IT-BPO-27-29","Agente Front Office","Agente general","Hora extra dominical y festivo","Platino","Zona 3","NA","NA","Hora",48946.239999999998,48957.45,72219.63,35773.65,49469.68,83308.7,38774.68,32996.839999999997,null,null,"SMMLV"]
["AgenteFrontOfficeAgentegeneralServicio7x24PlatinoZona3NANA","IT-BPO-27-30","Agente Front Office","Agente general","Servicio 7x24","Platino","Zona 3","NA","NA","Mes 7x24",23863318.789999999,19391146.949999999,33220898.399999999,21378999,24532435.239999998,38939733,20790854.760000002,19510786.649999999,null,null,"SMMLV"]
["AgenteFrontOfficeAgentetécnicoJornadaOrdinariaOroZona1NANA","IT-BPO-27-31","Agente Front Office","Agente técnico","Jornada Ordinaria","Oro","Zona 1","NA","NA","Mes",5866300.4400000004,6181823.5999999996,10395193.07,6552310.2800000003,7885762.0499999998,8690343.7699999996,5600804.46,6351696.3099999996,null,null,"SMMLV"]
["AgenteFrontOfficeAgentetécnicoHoraextradiurnaOroZona1NANA","IT-BPO-27-32","Agente Front Office","Agente técnico","Hora extra diurna","Oro","Zona 1","NA","NA","Hora",34918.46,32638.67,56496.53,29348.19,38221.18,51728.9,36327.339999999997,26876.880000000001,null,null,"SMMLV"]
["AgenteFrontOfficeAgentetécnicoHoraextranocturna OroZona1NANA","IT-BPO-27-33","Agente Front Office","Agente técnico","Hora extra nocturna ","Oro","Zona 1","NA","NA","Hora",48885.84,45693.26,79095.14,40557.71,48271.26,72420.02,50858.28,37627.589999999997,null,null,"SMMLV"]
["AgenteFrontOfficeAgentetécnicoHoraextradominicalyfestivoOroZona1NANA","IT-BPO-27-34","Agente Front Office","Agente técnico","Hora extra dominical y festivo","Oro","Zona 1","NA","NA","Hora",55869.53,65276.24,90394.44,46163.01,57568.63,103456.7,50858.28,43003.06,null,null,"SMMLV"]
["AgenteFrontOfficeAgentetécnicoServicio7x24OroZona1NANA","IT-BPO-27-35","Agente Front Office","Agente técnico","Servicio 7x24","Oro","Zona 1","NA","NA","Mes 7x24",27668503.800000001,24191398.100000001,41580770.07,27235902.149999999,29929595.84,48642298.049999997,27029359.670000002,25045796.48,null,null,"SMMLV"]
["AgenteFrontOfficeAgentetécnicoJornadaOrdinariaPlatinoZona1NANA","IT-BPO-27-36","Agente Front Office","Agente técnico","Jornada Ordinaria","Platino","Zona 1","NA","NA","Mes",6159615.46,6206802.7400000002,9735181.8200000003,6552310.2800000003,7941594.4500000002,8818804.7899999991,5600804.46,6437707.25,null,null,"SMMLV"]
["AgenteFrontOfficeAgentetécnicoHoraextradiurnaPlatinoZona1NANA","IT-BPO-27-37","Agente Front Office","Agente técnico","Hora extra diurna","Platino","Zona 1","NA","NA","Hora",36664.379999999997,32638.67,52909.31,29348.19,38889.68,52493.21,36327.339999999997,27334.38,null,null,"SMMLV"]
["AgenteFrontOfficeAgentetécnicoHoraextranocturna PlatinoZona1NANA","IT-BPO-27-38","Agente Front Office","Agente técnico","Hora extra nocturna ","Platino","Zona 1","NA","NA","Hora",51330.13,45693.26,74073.47,40557.71,52453.52,73490.929999999993,50858.28,38268.17,null,null,"SMMLV"]
["AgenteFrontOfficeAgentetécnicoHoraextradominicalyfestivoPlatinoZona1NANA","IT-BPO-27-39","Agente Front Office","Agente técnico","Hora extra dominical y festivo","Platino","Zona 1","NA","NA","Hora",58663,65276.24,84654.45,46163.01,58311.81,104986.41,50858.28,43735.07,null,null,"SMMLV"]
["AgenteFrontOfficeAgentetécnicoServicio7x24PlatinoZona1NANA","IT-BPO-27-40","Agente Front Office","Agente técnico","Servicio 7x24","Platino","Zona 1","NA","NA","Mes 7x24",29051928.989999998,24280136.899999999,38940721.789999999,27235902.149999999,30694420.039999999,49361324.329999998,27029359.670000002,25446828.84,null,null,"SMMLV"]
["AgenteFrontOfficeAgentetécnicoJornadaOrdinariaOroZona2NANA","IT-BPO-27-41","Agente Front Office","Agente técnico","Jornada Ordinaria","Oro","Zona 2","NA","NA","Mes",6042289.4500000002,6196810.8600000003,10499145.800000001,6552310.2800000003,7920023.9000000004,8700977.3100000005,5600804.46,6351696.3099999996,null,null,"SMMLV"]
["AgenteFrontOfficeAgentetécnicoHoraextradiurnaOroZona2NANA","IT-BPO-27-42","Agente Front Office","Agente técnico","Hora extra diurna","Oro","Zona 2","NA","NA","Hora",35966.01,32638.67,57061.55,29348.19,38954.559999999998,51792.41,36327.339999999997,26876.880000000001,null,null,"SMMLV"]
["AgenteFrontOfficeAgentetécnicoHoraextranocturna OroZona2NANA","IT-BPO-27-43","Agente Front Office","Agente técnico","Hora extra nocturna ","Oro","Zona 2","NA","NA","Hora",50352.41,45693.26,79885.73,40557.71,52494.16,72508.710000000006,50858.28,37627.589999999997,null,null,"SMMLV"]
["AgenteFrontOfficeAgentetécnicoHoraextradominicalyfestivoOroZona2NANA","IT-BPO-27-44","Agente Front Office","Agente técnico","Hora extra dominical y festivo","Oro","Zona 2","NA","NA","Hora",57545.61,65276.24,91297.82,46163.01,58891.05,103583.72,50858.28,43003.06,null,null,"SMMLV"]
["AgenteFrontOfficeAgentetécnicoServicio7x24OroZona2NANA","IT-BPO-27-45","Agente Front Office","Agente técnico","Servicio 7x24","Oro","Zona 2","NA","NA","Mes 7x24",28498558.91,24244641.379999999,41996577.710000001,27235902.149999999,32581604.120000001,48695465.780000001,27029359.670000002,25045796.48,null,null,"SMMLV"]
["AgenteFrontOfficeAgentetécnicoJornadaOrdinariaPlatinoZona2NANA","IT-BPO-27-46","Agente Front Office","Agente técnico","Jornada Ordinaria","Platino","Zona 2","NA","NA","Mes",6344403.9299999997,6221790,9832532.7899999991,6552310.2800000003,8086746.3499999996,8829594.9199999999,5600804.46,6437707.25,null,null,"SMMLV"]
["AgenteFrontOfficeAgentetécnicoHoraextradiurnaPlatinoZona2NANA","IT-BPO-27-47","Agente Front Office","Agente técnico","Hora extra diurna","Platino","Zona 2","NA","NA","Hora",37764.31,32638.67,53438.19,29348.19,39640.28,52557.81,36327.339999999997,27334.38,null,null,"SMMLV"]
["AgenteFrontOfficeAgentetécnicoHoraextranocturna PlatinoZona2NANA","IT-BPO-27-48","Agente Front Office","Agente técnico","Hora extra nocturna ","Platino","Zona 2","NA","NA","Hora",52870.03,45693.26,74813.69,40557.71,53426.1,73580.72,50858.28,38268.17,null,null,"SMMLV"]
["AgenteFrontOfficeAgentetécnicoHoraextradominicalyfestivoPlatinoZona2NANA","IT-BPO-27-49","Agente Front Office","Agente técnico","Hora extra dominical y festivo","Platino","Zona 2","NA","NA","Hora",60422.89,65276.24,85500.89,46163.01,62942.11,105114.53,50858.28,43735.07,null,null,"SMMLV"]
["AgenteFrontOfficeAgentetécnicoServicio7x24PlatinoZona2NANA","IT-BPO-27-50","Agente Front Office","Agente técnico","Servicio 7x24","Platino","Zona 2","NA","NA","Mes 7x24",29923486.859999999,24333381.27,39330128.969999999,27235902.149999999,33461402.84,49415280.450000003,27029359.670000002,25446828.84,null,null,"SMMLV"]
["AgenteFrontOfficeAgentetécnicoJornadaOrdinariaOroZona3NANA","IT-BPO-27-51","Agente Front Office","Agente técnico","Jornada Ordinaria","Oro","Zona 3","NA","NA","Mes",6159615.46,6216793.5199999996,10604137.68,6552310.2800000003,7958103.9500000002,8727561.7200000007,5600804.46,6124850.0899999999,null,null,"SMMLV"]
["AgenteFrontOfficeAgentetécnicoHoraextradiurnaOroZona3NANA","IT-BPO-27-52","Agente Front Office","Agente técnico","Hora extra diurna","Oro","Zona 3","NA","NA","Hora",36664.379999999997,32638.67,57632.04,29348.19,39146.14,51950.09,36327.339999999997,25917.01,null,null,"SMMLV"]
["AgenteFrontOfficeAgentetécnicoHoraextranocturna OroZona3NANA","IT-BPO-27-53","Agente Front Office","Agente técnico","Hora extra nocturna ","Oro","Zona 3","NA","NA","Hora",51330.13,45693.26,80683.98,40557.71,52756.44,72729.899999999994,50858.28,36283.81,null,null,"SMMLV"]
["AgenteFrontOfficeAgentetécnicoHoraextradominicalyfestivoOroZona3NANA","IT-BPO-27-54","Agente Front Office","Agente técnico","Hora extra dominical y festivo","Oro","Zona 3","NA","NA","Hora",58663,65276.24,92211.05,46163.01,59263.33,103900.17,50858.28,41467.21,null,null,"SMMLV"]
["AgenteFrontOfficeAgentetécnicoServicio7x24OroZona3NANA","IT-BPO-27-55","Agente Front Office","Agente técnico","Servicio 7x24","Oro","Zona 3","NA","NA","Mes 7x24",29051928.989999998,24315632.420000002,42416544.149999999,27235902.149999999,32728040.84,48828382.350000001,27029359.670000002,24151303.68,null,null,"SMMLV"]
["AgenteFrontOfficeAgentetécnicoJornadaOrdinariaPlatinoZona3NANA","IT-BPO-27-56","Agente Front Office","Agente técnico","Jornada Ordinaria","Platino","Zona 3","NA","NA","Mes",6467596.2400000002,6241772.6600000001,9930858.3200000003,6552310.2800000003,8123485.6699999999,8856572.4299999997,5600804.46,6207789.1100000003,null,null,"SMMLV"]
["AgenteFrontOfficeAgentetécnicoHoraextradiurnaPlatinoZona3NANA","IT-BPO-27-57","Agente Front Office","Agente técnico","Hora extra diurna","Platino","Zona 3","NA","NA","Hora",53058.09,32638.67,53973.65,29348.19,39837.72,52718.78,36327.339999999997,26358.18,null,null,"SMMLV"]
["AgenteFrontOfficeAgentetécnicoHoraextranocturna PlatinoZona3NANA","IT-BPO-27-58","Agente Front Office","Agente técnico","Hora extra nocturna ","Platino","Zona 3","NA","NA","Hora",53896.639999999999,45693.26,75561.570000000007,40557.71,53695.72,73805.19,50858.28,36901.39,null,null,"SMMLV"]
["AgenteFrontOfficeAgentetécnicoHoraextradominicalyfestivoPlatinoZona3NANA","IT-BPO-27-59","Agente Front Office","Agente técnico","Hora extra dominical y festivo","Platino","Zona 3","NA","NA","Hora",61596.15,65276.24,86356.08,46163.01,63248.36,105436.46,50858.28,42173.05,null,null,"SMMLV"]
["AgenteFrontOfficeAgentetécnicoServicio7x24PlatinoZona3NANA","IT-BPO-27-60","Agente Front Office","Agente técnico","Servicio 7x24","Platino","Zona 3","NA","NA","Mes 7x24",30504525.440000001,24404372.309999999,39723429.979999997,27235902.149999999,33599888.539999999,49550162.549999997,27029359.670000002,24538013.449999999,null,null,"SMMLV"]
["AgenteFrontOfficeAgenteprofesionalEconomía,administración,contaduríayafinesJornadaOrdinariaOroZona1NA","IT-BPO-27-61","Agente Front Office","Agente profesional","Economía, administración, contaduría y afines","Jornada Ordinaria","Oro","Zona 1","NA","Mes",8085042,8422875.7799999993,13608482.609999999,8781505.8000000007,11194327.93,11904873.949999999,10923666.35,8325600.9100000001,null,null,"SMMLV"]
["AgenteFrontOfficeAgenteprofesionalEconomía,administración,contaduríayafinesHoraextradiurnaOroZona1NA","IT-BPO-27-62","Agente Front Office","Agente profesional","Economía, administración, contaduría y afines","Hora extra diurna","Oro","Zona 1","NA","Hora",48125.25,48957.45,73959.59,40958.480000000003,53075.14,70862.929999999993,70851.92,37376.400000000001,null,null,"SMMLV"]
["AgenteFrontOfficeAgenteprofesionalEconomía,administración,contaduríayafinesHoraextranocturna OroZona1NA","IT-BPO-27-63","Agente Front Office","Agente profesional","Economía, administración, contaduría y afines","Hora extra nocturna ","Oro","Zona 1","NA","Hora",67375.350000000006,68540.429999999993,103543.2,56811.89,69896.58,99208.1,76520.08,52326.87,null,null,"SMMLV"]
["AgenteFrontOfficeAgenteprofesionalEconomía,administración,contaduríayafinesHoraextradominicalyfestivoOroZona1NA","IT-BPO-27-64","Agente Front Office","Agente profesional","Economía, administración, contaduría y afines","Hora extra dominical y festivo","Oro","Zona 1","NA","Hora",77000.399999999994,97914.9,118335.56,64738.59,86368.8,141724.76,113363.08,59802.22,null,null,"SMMLV"]
["AgenteFrontOfficeAgenteprofesionalEconomía,administración,contaduríayafinesServicio7x24OroZona1NA","IT-BPO-27-65","Agente Front Office","Agente profesional","Economía, administración, contaduría y afines","Servicio 7x24","Oro","Zona 1","NA","Mes 7x24",38763131.399999999,33155605.739999998,54433927.159999996,37708557.710000001,42184459.82,67310230.349999994,52717374.600000001,34249279.909999996,null,null,"SMMLV"]
["AgenteFrontOfficeAgenteprofesionalEconomía,administración,contaduríayafinesJornadaOrdinariaPlatinoZona1NA","IT-BPO-27-66","Agente Front Office","Agente profesional","Economía, administración, contaduría y afines","Jornada Ordinaria","Platino","Zona 1","NA","Mes",8489294.0999999996,8447854.9199999999,12744452.060000001,8781505.8000000007,11194327.93,12080851.4,10923666.35,8411611.8399999999,null,null,"SMMLV"]
["AgenteFrontOfficeAgenteprofesionalEconomía,administración,contaduríayafinesHoraextradiurnaPlatinoZona1NA","IT-BPO-27-67","Agente Front Office","Agente profesional","Economía, administración, contaduría y afines","Hora extra diurna","Platino","Zona 1","NA","Hora",50531.51,48957.45,69264.23,40958.480000000003,52034.49,71910.84,70851.92,37833.89,null,null,"SMMLV"]
["AgenteFrontOfficeAgenteprofesionalEconomía,administración,contaduríayafinesHoraextranocturna PlatinoZona1NA","IT-BPO-27-68","Agente Front Office","Agente profesional","Economía, administración, contaduría y afines","Hora extra nocturna ","Platino","Zona 1","NA","Hora",70744.12,68540.429999999993,96969.919999999998,56811.89,70949.539999999994,100674.3,76520.08,52967.45,null,null,"SMMLV"]
["AgenteFrontOfficeAgenteprofesionalEconomía,administración,contaduríayafinesHoraextradominicalyfestivoPlatinoZona1NA","IT-BPO-27-69","Agente Front Office","Agente profesional","Economía, administración, contaduría y afines","Hora extra dominical y festivo","Platino","Zona 1","NA","Hora",80850.42,97914.9,110822.76,64738.59,87801.41,143820.59,113363.08,60534.23,null,null,"SMMLV"]
["AgenteFrontOfficeAgenteprofesionalEconomía,administración,contaduríayafinesServicio7x24PlatinoZona1NA","IT-BPO-27-70","Agente Front Office","Agente profesional","Economía, administración, contaduría y afines","Servicio 7x24","Platino","Zona 1","NA","Mes 7x24",40701287.969999999,33244344.539999999,50977804.939999998,37708557.710000001,44977608.710000001,68305207.579999998,52717374.600000001,34650312.280000001,null,null,"SMMLV"]
["AgenteFrontOfficeAgenteprofesionalEconomía,administración,contaduríayafinesJornadaOrdinariaOroZona2NA","IT-BPO-27-71","Agente Front Office","Agente profesional","Economía, administración, contaduría y afines","Jornada Ordinaria","Oro","Zona 2","NA","Mes",8327593.2599999998,8437863.0500000007,13744568.119999999,8781505.8000000007,11194327.93,11915507.49,10923666.35,8325600.9100000001,null,null,"SMMLV"]
["AgenteFrontOfficeAgenteprofesionalEconomía,administración,contaduríayafinesHoraextradiurnaOroZona2NA","IT-BPO-27-72","Agente Front Office","Agente profesional","Economía, administración, contaduría y afines","Hora extra diurna","Oro","Zona 2","NA","Hora",49569.01,48957.45,74699.81,40958.480000000003,54095.72,70926.44,70851.92,37376.400000000001,null,null,"SMMLV"]
["AgenteFrontOfficeAgenteprofesionalEconomía,administración,contaduríayafinesHoraextranocturna OroZona2NA","IT-BPO-27-73","Agente Front Office","Agente profesional","Economía, administración, contaduría y afines","Hora extra nocturna ","Oro","Zona 2","NA","Hora",69396.61,68540.429999999993,104579.07,56811.89,71008.66,99296.79,76520.08,52326.87,null,null,"SMMLV"]
[{"$f":"SUBSTITUTE(C1154&D1154&E1154&F1154&G1154&H1154&I1154,\" \",\"\")","v":"AgenteFrontOfficeAgenteprofesionalEconomía,administración,contaduríayafinesHoraextradominicalyfestivoOroZona2NA"},"IT-BPO-27-74","Agente Front Office","Agente profesional","Economía, administración, contaduría y afines","Hora extra dominical y festivo","Oro","Zona 2","NA","Hora",79310.41,97914.9,119519.25,64738.59,87860.11,141851.78,113363.08,59802.22,null,null,"SMMLV"]
["AgenteFrontOfficeAgenteprofesionalEconomía,administración,contaduríayafinesServicio7x24OroZona2NA","IT-BPO-27-75","Agente Front Office","Agente profesional","Economía, administración, contaduría y afines","Servicio 7x24","Oro","Zona 2","NA","Mes 7x24",39926025.340000004,33208849.02,54978265.890000001,37708557.710000001,42429237.039999999,67363398.079999998,52717374.600000001,34249279.909999996,null,null,"SMMLV"]
["AgenteFrontOfficeAgenteprofesionalEconomía,administración,contaduríayafinesJornadaOrdinariaPlatinoZona2NA","IT-BPO-27-76","Agente Front Office","Agente profesional","Economía, administración, contaduría y afines","Jornada Ordinaria","Platino","Zona 2","NA","Mes",8743972.9199999999,8462841.0899999999,12871895.82,8781505.8000000007,11194327.93,12091641.529999999,10923666.35,8411611.8399999999,null,null,"SMMLV"]
["AgenteFrontOfficeAgenteprofesionalEconomía,administración,contaduríayafinesHoraextradiurnaPlatinoZona2NA","IT-BPO-27-77","Agente Front Office","Agente profesional","Economía, administración, contaduría y afines","Hora extra diurna","Platino","Zona 2","NA","Hora",52047.46,48957.45,69957.36,40958.480000000003,55045.73,71974.350000000006,70851.92,37833.89,null,null,"SMMLV"]
["AgenteFrontOfficeAgenteprofesionalEconomía,administración,contaduríayafinesHoraextranocturna PlatinoZona2NA","IT-BPO-27-78","Agente Front Office","Agente profesional","Economía, administración, contaduría y afines","Hora extra nocturna ","Platino","Zona 2","NA","Hora",72866.44,68540.429999999993,97940.09,56811.89,72088.490000000005,100764.09,76520.08,52967.45,null,null,"SMMLV"]
["AgenteFrontOfficeAgenteprofesionalEconomía,administración,contaduríayafinesHoraextradominicalyfestivoPlatinoZona2NA","IT-BPO-27-79","Agente Front Office","Agente profesional","Economía, administración, contaduría y afines","Hora extra dominical y festivo","Platino","Zona 2","NA","Hora",83275.929999999993,97914.9,111929.81,64738.59,89328.61,143948.70000000001,113363.08,60534.23,null,null,"SMMLV"]
["AgenteFrontOfficeAgenteprofesionalEconomía,administración,contaduríayafinesServicio7x24PlatinoZona2NA","IT-BPO-27-80","Agente Front Office","Agente profesional","Economía, administración, contaduría y afines","Servicio 7x24","Platino","Zona 2","NA","Mes 7x24",41922326.609999999,33297588.920000002,51487583.280000001,37708557.710000001,45293346.460000001,68359163.700000003,52717374.600000001,34650312.280000001,null,null,"SMMLV"]
["AgenteFrontOfficeAgenteprofesionalEconomía,administración,contaduríayafinesJornadaOrdinariaOroZona3NA","IT-BPO-27-81","Agente Front Office","Agente profesional","Economía, administración, contaduría y afines","Jornada Ordinaria","Oro","Zona 3","NA","Mes",8489294.0999999996,8457845.6999999993,13882013.609999999,8781505.8000000007,11194327.93,11942091.9,10923666.35,8028258.04,null,null,"SMMLV"]
["AgenteFrontOfficeAgenteprofesionalEconomía,administración,contaduríayafinesHoraextradiurnaOroZona3NA","IT-BPO-27-82","Agente Front Office","Agente profesional","Economía, administración, contaduría y afines","Hora extra diurna","Oro","Zona 3","NA","Hora",50531.51,48957.45,75447.69,40958.480000000003,54364.23,71084.12,70851.92,36041.49,null,null,"SMMLV"]
["AgenteFrontOfficeAgenteprofesionalEconomía,administración,contaduríayafinesHoraextranocturna OroZona3NA","IT-BPO-27-83","Agente Front Office","Agente profesional","Economía, administración, contaduría y afines","Hora extra nocturna ","Oro","Zona 3","NA","Hora",70744.12,68540.429999999993,105624.8,56811.89,71315.149999999994,99517.98,76520.08,50458.15,null,null,"SMMLV"]
["AgenteFrontOfficeAgenteprofesionalEconomía,administración,contaduríayafinesHoraextradominicalyfestivoOroZona3NA","IT-BPO-27-84","Agente Front Office","Agente profesional","Economía, administración, contaduría y afines","Hora extra dominical y festivo","Oro","Zona 3","NA","Hora",80850.42,97914.9,120713.9,64738.59,88278.080000000002,142168.23000000001,113363.08,57666.42,null,null,"SMMLV"]
["AgenteFrontOfficeAgenteprofesionalEconomía,administración,contaduríayafinesServicio7x24OroZona3NA","IT-BPO-27-85","Agente Front Office","Agente profesional","Economía, administración, contaduría y afines","Servicio 7x24","Oro","Zona 3","NA","Mes 7x24",40701287.969999999,33279841.16,55528048.969999999,37708557.710000001,42592421.240000002,67496320.129999995,52717374.600000001,33026091.329999998,null,null,"SMMLV"]
["AgenteFrontOfficeAgenteprofesionalEconomía,administración,contaduríayafinesJornadaOrdinariaPlatinoZona3NA","IT-BPO-27-86","Agente Front Office","Agente profesional","Economía, administración, contaduría y afines","Jornada Ordinaria","Platino","Zona 3","NA","Mes",8913758.8100000005,8482824.8399999999,13000615.26,8781505.8000000007,11194327.93,12118619.039999999,10923666.35,8111197.0599999996,null,null,"SMMLV"]
["AgenteFrontOfficeAgenteprofesionalEconomía,administración,contaduríayafinesHoraextradiurnaPlatinoZona3NA","IT-BPO-27-87","Agente Front Office","Agente profesional","Economía, administración, contaduría y afines","Hora extra diurna","Platino","Zona 3","NA","Hora",53058.09,48957.45,70657.070000000007,40958.480000000003,55321.2,72135.320000000007,70851.92,36482.660000000003,null,null,"SMMLV"]
["AgenteFrontOfficeAgenteprofesionalEconomía,administración,contaduríayafinesHoraextranocturna PlatinoZona3NA","IT-BPO-27-88","Agente Front Office","Agente profesional","Economía, administración, contaduría y afines","Hora extra nocturna ","Platino","Zona 3","NA","Hora",74281.320000000007,68540.429999999993,98917.92,56811.89,72403.539999999994,100988.57,76520.08,51075.73,null,null,"SMMLV"]
["AgenteFrontOfficeAgenteprofesionalEconomía,administración,contaduríayafinesHoraextradominicalyfestivoPlatinoZona3NA","IT-BPO-27-89","Agente Front Office","Agente profesional","Economía, administración, contaduría y afines","Hora extra dominical y festivo","Platino","Zona 3","NA","Hora",84892.94,97914.9,113049.99,64738.59,89758.3,144269.54,113363.08,58372.26,null,null,"SMMLV"]
["AgenteFrontOfficeAgenteprofesionalEconomía,administración,contaduríayafinesServicio7x24PlatinoZona3NA","IT-BPO-27-90","Agente Front Office","Agente profesional","Economía, administración, contaduría y afines","Servicio 7x24","Platino","Zona 3","NA","Mes 7x24",42736352.369999997,33368579.960000001,52002458.850000001,37708557.710000001,45482666.25,68494051.280000001,52717374.600000001,33412801.09,null,null,"SMMLV"]
["AgenteFrontOfficeAgenteprofesionalCienciassociales,humanasyafinesJornadaOrdinariaOroZona1NA","IT-BPO-27-91","Agente Front Office","Agente profesional","Ciencias sociales, humanas y afines","Jornada Ordinaria","Oro","Zona 1","NA","Mes",8085042,8422875.7799999993,13608482.609999999,8781505.8000000007,11194327.93,11904873.949999999,10923666.35,8325600.9100000001,null,null,"SMMLV"]
["AgenteFrontOfficeAgenteprofesionalCienciassociales,humanasyafinesHoraextradiurnaOroZona1NA","IT-BPO-27-92","Agente Front Office","Agente profesional","Ciencias sociales, humanas y afines","Hora extra diurna","Oro","Zona 1","NA","Hora",48125.25,48957.45,73959.59,40958.480000000003,53075.14,70862.929999999993,70851.92,37376.400000000001,null,null,"SMMLV"]
["AgenteFrontOfficeAgenteprofesionalCienciassociales,humanasyafinesHoraextranocturna OroZona1NA","IT-BPO-27-93","Agente Front Office","Agente profesional","Ciencias sociales, humanas y afines","Hora extra nocturna ","Oro","Zona 1","NA","Hora",67375.350000000006,68540.429999999993,103543.2,56811.89,69896.58,99208.1,76520.08,52326.87,null,null,"SMMLV"]
["AgenteFrontOfficeAgenteprofesionalCienciassociales,humanasyafinesHoraextradominicalyfestivoOroZona1NA","IT-BPO-27-94","Agente Front Office","Agente profesional","Ciencias sociales, humanas y afines","Hora extra dominical y festivo","Oro","Zona 1","NA","Hora",77000.399999999994,97914.9,118335.56,64738.59,86368.8,141724.76,113363.08,59802.22,null,null,"SMMLV"]
["AgenteFrontOfficeAgenteprofesionalCienciassociales,humanasyafinesServicio7x24OroZona1NA","IT-BPO-27-95","Agente Front Office","Agente profesional","Ciencias sociales, humanas y afines","Servicio 7x24","Oro","Zona 1","NA","Mes 7x24",38763131.399999999,33155605.739999998,54433927.159999996,37708557.710000001,42184459.82,67310230.349999994,52717374.600000001,34249279.909999996,null,null,"SMMLV"]
["AgenteFrontOfficeAgenteprofesionalCienciassociales,humanasyafinesJornadaOrdinariaPlatinoZona1NA","IT-BPO-27-96","Agente Front Office","Agente profesional","Ciencias sociales, humanas y afines","Jornada Ordinaria","Platino","Zona 1","NA","Mes",8489294.0999999996,8447854.9199999999,12744452.060000001,8781505.8000000007,11194327.93,12080851.4,10923666.35,8411611.8399999999,null,null,"SMMLV"]
["AgenteFrontOfficeAgenteprofesionalCienciassociales,humanasyafinesHoraextradiurnaPlatinoZona1NA","IT-BPO-27-97","Agente Front Office","Agente profesional","Ciencias sociales, humanas y afines","Hora extra diurna","Platino","Zona 1","NA","Hora",50531.51,48957.45,69264.23,40958.480000000003,52034.49,71910.84,70851.92,37833.89,null,null,"SMMLV"]
["AgenteFrontOfficeAgenteprofesionalCienciassociales,humanasyafinesHoraextranocturna PlatinoZona1NA","IT-BPO-27-98","Agente Front Office","Agente profesional","Ciencias sociales, humanas y afines","Hora extra nocturna ","Platino","Zona 1","NA","Hora",70744.12,68540.429999999993,96969.919999999998,56811.89,70949.539999999994,100674.3,76520.08,52967.45,null,null,"SMMLV"]
["AgenteFrontOfficeAgenteprofesionalCienciassociales,humanasyafinesHoraextradominicalyfestivoPlatinoZona1NA","IT-BPO-27-99","Agente Front Office","Agente profesional","Ciencias sociales, humanas y afines","Hora extra dominical y festivo","Platino","Zona 1","NA","Hora",80850.42,97914.9,110822.76,64738.59,87801.41,143820.59,113363.08,60534.23,null,null,"SMMLV"]
["AgenteFrontOfficeAgenteprofesionalCienciassociales,humanasyafinesServicio7x24PlatinoZona1NA","IT-BPO-27-100","Agente Front Office","Agente profesional","Ciencias sociales, humanas y afines","Servicio 7x24","Platino","Zona 1","NA","Mes 7x24",40701287.969999999,33244344.539999999,50977804.939999998,37708557.710000001,44977608.710000001,68305207.579999998,52717374.600000001,34650312.280000001,null,null,"SMMLV"]
["AgenteFrontOfficeAgenteprofesionalCienciassociales,humanasyafinesJornadaOrdinariaOroZona2NA","IT-BPO-27-101","Agente Front Office","Agente profesional","Ciencias sociales, humanas y afines","Jornada Ordinaria","Oro","Zona 2","NA","Mes",8327593.2599999998,8437863.0500000007,13744568.119999999,8781505.8000000007,11194327.93,11915507.49,10923666.35,8325600.9100000001,null,null,"SMMLV"]
["AgenteFrontOfficeAgenteprofesionalCienciassociales,humanasyafinesHoraextradiurnaOroZona2NA","IT-BPO-27-102","Agente Front Office","Agente profesional","Ciencias sociales, humanas y afines","Hora extra diurna","Oro","Zona 2","NA","Hora",49569.01,48957.45,74699.81,40958.480000000003,54095.72,70926.44,70851.92,37376.400000000001,null,null,"SMMLV"]
["AgenteFrontOfficeAgenteprofesionalCienciassociales,humanasyafinesHoraextranocturna OroZona2NA","IT-BPO-27-103","Agente Front Office","Agente profesional","Ciencias sociales, humanas y afines","Hora extra nocturna ","Oro","Zona 2","NA","Hora",69396.61,68540.429999999993,104579.07,56811.89,71008.66,99296.79,76520.08,52326.87,null,null,"SMMLV"]
["AgenteFrontOfficeAgenteprofesionalCienciassociales,humanasyafinesHoraextradominicalyfestivoOroZona2NA","IT-BPO-27-104","Agente Front Office","Agente profesional","Ciencias sociales, humanas y afines","Hora extra dominical y festivo","Oro","Zona 2","NA","Hora",79310.41,97914.9,119519.25,64738.59,87860.11,141851.78,113363.08,59802.22,null,null,"SMMLV"]
["AgenteFrontOfficeAgenteprofesionalCienciassociales,humanasyafinesServicio7x24OroZona2NA","IT-BPO-27-105","Agente Front Office","Agente profesional","Ciencias sociales, humanas y afines","Servicio 7x24","Oro","Zona 2","NA","Mes 7x24",39926025.340000004,33208849.02,54978265.890000001,37708557.710000001,42429237.039999999,67363398.079999998,52717374.600000001,34249279.909999996,null,null,"SMMLV"]
["AgenteFrontOfficeAgenteprofesionalCienciassociales,humanasyafinesJornadaOrdinariaPlatinoZona2NA","IT-BPO-27-106","Agente Front Office","Agente profesional","Ciencias sociales, humanas y afines","Jornada Ordinaria","Platino","Zona 2","NA","Mes",8743972.9199999999,8462841.0899999999,12871895.82,8781505.8000000007,11194327.93,12091641.529999999,10923666.35,8411611.8399999999,null,null,"SMMLV"]
["AgenteFrontOfficeAgenteprofesionalCienciassociales,humanasyafinesHoraextradiurnaPlatinoZona2NA","IT-BPO-27-107","Agente Front Office","Agente profesional","Ciencias sociales, humanas y afines","Hora extra diurna","Platino","Zona 2","NA","Hora",52047.46,48957.45,69957.36,40958.480000000003,55045.73,71974.350000000006,70851.92,37833.89,null,null,"SMMLV"]
["AgenteFrontOfficeAgenteprofesionalCienciassociales,humanasyafinesHoraextranocturna PlatinoZona2NA","IT-BPO-27-108","Agente Front Office","Agente profesional","Ciencias sociales, humanas y afines","Hora extra nocturna ","Platino","Zona 2","NA","Hora",72866.44,68540.429999999993,97940.09,56811.89,72088.490000000005,100764.09,76520.08,52967.45,null,null,"SMMLV"]
["AgenteFrontOfficeAgenteprofesionalCienciassociales,humanasyafinesHoraextradominicalyfestivoPlatinoZona2NA","IT-BPO-27-109","Agente Front Office","Agente profesional","Ciencias sociales, humanas y afines","Hora extra dominical y festivo","Platino","Zona 2","NA","Hora",83275.929999999993,97914.9,111929.81,64738.59,89328.61,143948.70000000001,113363.08,60534.23,null,null,"SMMLV"]
["AgenteFrontOfficeAgenteprofesionalCienciassociales,humanasyafinesServicio7x24PlatinoZona2NA","IT-BPO-27-110","Agente Front Office","Agente profesional","Ciencias sociales, humanas y afines","Servicio 7x24","Platino","Zona 2","NA","Mes 7x24",41922326.609999999,33297588.920000002,51487583.280000001,37708557.710000001,45293346.460000001,68359163.700000003,52717374.600000001,34650312.280000001,null,null,"SMMLV"]
["AgenteFrontOfficeAgenteprofesionalCienciassociales,humanasyafinesJornadaOrdinariaOroZona3NA","IT-BPO-27-111","Agente Front Office","Agente profesional","Ciencias sociales, humanas y afines","Jornada Ordinaria","Oro","Zona 3","NA","Mes",8489294.0999999996,8457845.6999999993,13882013.609999999,8781505.8000000007,11194327.93,11942091.9,10923666.35,8028258.04,null,null,"SMMLV"]
["AgenteFrontOfficeAgenteprofesionalCienciassociales,humanasyafinesHoraextradiurnaOroZona3NA","IT-BPO-27-112","Agente Front Office","Agente profesional","Ciencias sociales, humanas y afines","Hora extra diurna","Oro","Zona 3","NA","Hora",50531.51,48957.45,75447.69,40958.480000000003,54364.23,71084.12,70851.92,36041.49,null,null,"SMMLV"]
["AgenteFrontOfficeAgenteprofesionalCienciassociales,humanasyafinesHoraextranocturna OroZona3NA","IT-BPO-27-113","Agente Front Office","Agente profesional","Ciencias sociales, humanas y afines","Hora extra nocturna ","Oro","Zona 3","NA","Hora",70744.12,68540.429999999993,105624.8,56811.89,71315.149999999994,99517.98,76520.08,50458.15,null,null,"SMMLV"]
["AgenteFrontOfficeAgenteprofesionalCienciassociales,humanasyafinesHoraextradominicalyfestivoOroZona3NA","IT-BPO-27-114","Agente Front Office","Agente profesional","Ciencias sociales, humanas y afines","Hora extra dominical y festivo","Oro","Zona 3","NA","Hora",80850.42,97914.9,120713.9,64738.59,88278.080000000002,142168.23000000001,113363.08,57666.42,null,null,"SMMLV"]
["AgenteFrontOfficeAgenteprofesionalCienciassociales,humanasyafinesServicio7x24OroZona3NA","IT-BPO-27-115","Agente Front Office","Agente profesional","Ciencias sociales, humanas y afines","Servicio 7x24","Oro","Zona 3","NA","Mes 7x24",40701287.969999999,33279841.16,55528048.969999999,37708557.710000001,42592421.240000002,67496320.129999995,52717374.600000001,33026091.329999998,null,null,"SMMLV"]
["AgenteFrontOfficeAgenteprofesionalCienciassociales,humanasyafinesJornadaOrdinariaPlatinoZona3NA","IT-BPO-27-116","Agente Front Office","Agente profesional","Ciencias sociales, humanas y afines","Jornada Ordinaria","Platino","Zona 3","NA","Mes",8913758.8100000005,8482824.8399999999,13000615.26,8781505.8000000007,11194327.93,12118619.039999999,10923666.35,8111197.0599999996,null,null,"SMMLV"]
["AgenteFrontOfficeAgenteprofesionalCienciassociales,humanasyafinesHoraextradiurnaPlatinoZona3NA","IT-BPO-27-117","Agente Front Office","Agente profesional","Ciencias sociales, humanas y afines","Hora extra diurna","Platino","Zona 3","NA","Hora",53058.09,48957.45,70657.070000000007,40958.480000000003,55321.2,72135.320000000007,70851.92,36482.660000000003,null,null,"SMMLV"]
["AgenteFrontOfficeAgenteprofesionalCienciassociales,humanasyafinesHoraextranocturna PlatinoZona3NA","IT-BPO-27-118","Agente Front Office","Agente profesional","Ciencias sociales, humanas y afines","Hora extra nocturna ","Platino","Zona 3","NA","Hora",74281.320000000007,68540.429999999993,98917.92,56811.89,72403.539999999994,100988.57,76520.08,51075.73,null,null,"SMMLV"]
["AgenteFrontOfficeAgenteprofesionalCienciassociales,humanasyafinesHoraextradominicalyfestivoPlatinoZona3NA","IT-BPO-27-119","Agente Front Office","Agente profesional","Ciencias sociales, humanas y afines","Hora extra dominical y festivo","Platino","Zona 3","NA","Hora",84892.94,97914.9,113049.99,64738.59,89758.3,144269.54,113363.08,58372.26,null,null,"SMMLV"]
["AgenteFrontOfficeAgenteprofesionalCienciassociales,humanasyafinesServicio7x24PlatinoZona3NA","IT-BPO-27-120","Agente Front Office","Agente profesional","Ciencias sociales, humanas y afines","Servicio 7x24","Platino","Zona 3","NA","Mes 7x24",42736352.369999997,33368579.960000001,52002458.850000001,37708557.710000001,45482666.25,68494051.280000001,52717374.600000001,33412801.09,null,null,"SMMLV"]
["AgenteFrontOfficeAgenteprofesionalIngeniería,arquitectura,urbanismoyafinesJornadaOrdinariaOroZona1NA","IT-BPO-27-121","Agente Front Office","Agente profesional","Ingeniería, arquitectura, urbanismo y afines","Jornada Ordinaria","Oro","Zona 1","NA","Mes",8085042,8422875.7799999993,13608482.609999999,8781505.8000000007,11194327.93,11904873.949999999,10923666.35,8325600.9100000001,null,null,"SMMLV"]
["AgenteFrontOfficeAgenteprofesionalIngeniería,arquitectura,urbanismoyafinesHoraextradiurnaOroZona1NA","IT-BPO-27-122","Agente Front Office","Agente profesional","Ingeniería, arquitectura, urbanismo y afines","Hora extra diurna","Oro","Zona 1","NA","Hora",48125.25,48957.45,73959.59,40958.480000000003,53075.14,70862.929999999993,70851.92,37376.400000000001,null,null,"SMMLV"]
["AgenteFrontOfficeAgenteprofesionalIngeniería,arquitectura,urbanismoyafinesHoraextranocturna OroZona1NA","IT-BPO-27-123","Agente Front Office","Agente profesional","Ingeniería, arquitectura, urbanismo y afines","Hora extra nocturna ","Oro","Zona 1","NA","Hora",67375.350000000006,68540.429999999993,103543.2,56811.89,69896.58,99208.1,76520.08,52326.87,null,null,"SMMLV"]
["AgenteFrontOfficeAgenteprofesionalIngeniería,arquitectura,urbanismoyafinesHoraextradominicalyfestivoOroZona1NA","IT-BPO-27-124","Agente Front Office","Agente profesional","Ingeniería, arquitectura, urbanismo y afines","Hora extra dominical y festivo","Oro","Zona 1","NA","Hora",77000.399999999994,97914.9,118335.56,64738.59,86368.8,141724.76,113363.08,59802.22,null,null,"SMMLV"]
["AgenteFrontOfficeAgenteprofesionalIngeniería,arquitectura,urbanismoyafinesServicio7x24OroZona1NA","IT-BPO-27-125","Agente Front Office","Agente profesional","Ingeniería, arquitectura, urbanismo y afines","Servicio 7x24","Oro","Zona 1","NA","Mes 7x24",38763131.399999999,33155605.739999998,54433927.159999996,37708557.710000001,42184459.82,67310230.349999994,52717374.600000001,34249279.909999996,null,null,"SMMLV"]
["AgenteFrontOfficeAgenteprofesionalIngeniería,arquitectura,urbanismoyafinesJornadaOrdinariaPlatinoZona1NA","IT-BPO-27-126","Agente Front Office","Agente profesional","Ingeniería, arquitectura, urbanismo y afines","Jornada Ordinaria","Platino","Zona 1","NA","Mes",8489294.0999999996,8447854.9199999999,12744452.060000001,8781505.8000000007,11194327.93,12080851.4,10923666.35,8411611.8399999999,null,null,"SMMLV"]
["AgenteFrontOfficeAgenteprofesionalIngeniería,arquitectura,urbanismoyafinesHoraextradiurnaPlatinoZona1NA","IT-BPO-27-127","Agente Front Office","Agente profesional","Ingeniería, arquitectura, urbanismo y afines","Hora extra diurna","Platino","Zona 1","NA","Hora",50531.51,48957.45,69264.23,40958.480000000003,52034.49,71910.84,70851.92,37833.89,null,null,"SMMLV"]
["AgenteFrontOfficeAgenteprofesionalIngeniería,arquitectura,urbanismoyafinesHoraextranocturna PlatinoZona1NA","IT-BPO-27-128","Agente Front Office","Agente profesional","Ingeniería, arquitectura, urbanismo y afines","Hora extra nocturna ","Platino","Zona 1","NA","Hora",70744.12,68540.429999999993,96969.919999999998,56811.89,70949.539999999994,100674.3,76520.08,52967.45,null,null,"SMMLV"]
["AgenteFrontOfficeAgenteprofesionalIngeniería,arquitectura,urbanismoyafinesHoraextradominicalyfestivoPlatinoZona1NA","IT-BPO-27-129","Agente Front Office","Agente profesional","Ingeniería, arquitectura, urbanismo y afines","Hora extra dominical y festivo","Platino","Zona 1","NA","Hora",80850.42,97914.9,110822.76,64738.59,87801.41,143820.59,113363.08,60534.23,null,null,"SMMLV"]
["AgenteFrontOfficeAgenteprofesionalIngeniería,arquitectura,urbanismoyafinesServicio7x24PlatinoZona1NA","IT-BPO-27-130","Agente Front Office","Agente profesional","Ingeniería, arquitectura, urbanismo y afines","Servicio 7x24","Platino","Zona 1","NA","Mes 7x24",40701287.969999999,33244344.539999999,50977804.939999998,37708557.710000001,44977608.710000001,68305207.579999998,52717374.600000001,34650312.280000001,null,null,"SMMLV"]
["AgenteFrontOfficeAgenteprofesionalIngeniería,arquitectura,urbanismoyafinesJornadaOrdinariaOroZona2NA","IT-BPO-27-131","Agente Front Office","Agente profesional","Ingeniería, arquitectura, urbanismo y afines","Jornada Ordinaria","Oro","Zona 2","NA","Mes",8327593.2599999998,8437863.0500000007,13744568.119999999,8781505.8000000007,11194327.93,11915507.49,10923666.35,8325600.9100000001,null,null,"SMMLV"]
["AgenteFrontOfficeAgenteprofesionalIngeniería,arquitectura,urbanismoyafinesHoraextradiurnaOroZona2NA","IT-BPO-27-132","Agente Front Office","Agente profesional","Ingeniería, arquitectura, urbanismo y afines","Hora extra diurna","Oro","Zona 2","NA","Hora",49569.01,48957.45,74699.81,40958.480000000003,54095.72,70926.44,70851.92,37376.400000000001,null,null,"SMMLV"]
["AgenteFrontOfficeAgenteprofesionalIngeniería,arquitectura,urbanismoyafinesHoraextranocturna OroZona2NA","IT-BPO-27-133","Agente Front Office","Agente profesional","Ingeniería, arquitectura, urbanismo y afines","Hora extra nocturna ","Oro","Zona 2","NA","Hora",69396.61,68540.429999999993,104579.07,56811.89,71008.66,99296.79,76520.08,52326.87,null,null,"SMMLV"]
["AgenteFrontOfficeAgenteprofesionalIngeniería,arquitectura,urbanismoyafinesHoraextradominicalyfestivoOroZona2NA","IT-BPO-27-134","Agente Front Office","Agente profesional","Ingeniería, arquitectura, urbanismo y afines","Hora extra dominical y festivo","Oro","Zona 2","NA","Hora",79310.41,97914.9,119519.25,64738.59,87860.11,141851.78,113363.08,59802.22,null,null,"SMMLV"]
["AgenteFrontOfficeAgenteprofesionalIngeniería,arquitectura,urbanismoyafinesServicio7x24OroZona2NA","IT-BPO-27-135","Agente Front Office","Agente profesional","Ingeniería, arquitectura, urbanismo y afines","Servicio 7x24","Oro","Zona 2","NA","Mes 7x24",39926025.340000004,33208849.02,54978265.890000001,37708557.710000001,42429237.039999999,67363398.079999998,52717374.600000001,34249279.909999996,null,null,"SMMLV"]
["AgenteFrontOfficeAgenteprofesionalIngeniería,arquitectura,urbanismoyafinesJornadaOrdinariaPlatinoZona2NA","IT-BPO-27-136","Agente Front Office","Agente profesional","Ingeniería, arquitectura, urbanismo y afines","Jornada Ordinaria","Platino","Zona 2","NA","Mes",8743972.9199999999,8462841.0899999999,12871895.82,8781505.8000000007,11194327.93,12091641.529999999,10923666.35,8411611.8399999999,null,null,"SMMLV"]
["AgenteFrontOfficeAgenteprofesionalIngeniería,arquitectura,urbanismoyafinesHoraextradiurnaPlatinoZona2NA","IT-BPO-27-137","Agente Front Office","Agente profesional","Ingeniería, arquitectura, urbanismo y afines","Hora extra diurna","Platino","Zona 2","NA","Hora",52047.46,48957.45,69957.36,40958.480000000003,55045.73,71974.350000000006,70851.92,37833.89,null,null,"SMMLV"]
[{"$f":"SUBSTITUTE(C1218&D1218&E1218&F1218&G1218&H1218&I1218,\" \",\"\")","v":"AgenteFrontOfficeAgenteprofesionalIngeniería,arquitectura,urbanismoyafinesHoraextranocturna PlatinoZona2NA"},"IT-BPO-27-138","Agente Front Office","Agente profesional","Ingeniería, arquitectura, urbanismo y afines","Hora extra nocturna ","Platino","Zona 2","NA","Hora",72866.44,68540.429999999993,97940.09,56811.89,72088.490000000005,100764.09,76520.08,52967.45,null,null,"SMMLV"]
["AgenteFrontOfficeAgenteprofesionalIngeniería,arquitectura,urbanismoyafinesHoraextradominicalyfestivoPlatinoZona2NA","IT-BPO-27-139","Agente Front Office","Agente profesional","Ingeniería, arquitectura, urbanismo y afines","Hora extra dominical y festivo","Platino","Zona 2","NA","Hora",83275.929999999993,97914.9,111929.81,64738.59,89328.61,143948.70000000001,113363.08,60534.23,null,null,"SMMLV"]
["AgenteFrontOfficeAgenteprofesionalIngeniería,arquitectura,urbanismoyafinesServicio7x24PlatinoZona2NA","IT-BPO-27-140","Agente Front Office","Agente profesional","Ingeniería, arquitectura, urbanismo y afines","Servicio 7x24","Platino","Zona 2","NA","Mes 7x24",41922326.609999999,33297588.920000002,51487583.280000001,37708557.710000001,45293346.460000001,68359163.700000003,52717374.600000001,34650312.280000001,null,null,"SMMLV"]
["AgenteFrontOfficeAgenteprofesionalIngeniería,arquitectura,urbanismoyafinesJornadaOrdinariaOroZona3NA","IT-BPO-27-141","Agente Front Office","Agente profesional","Ingeniería, arquitectura, urbanismo y afines","Jornada Ordinaria","Oro","Zona 3","NA","Mes",8489294.0999999996,8457845.6999999993,13882013.609999999,8781505.8000000007,11194327.93,11942091.9,10923666.35,8028258.04,null,null,"SMMLV"]
["AgenteFrontOfficeAgenteprofesionalIngeniería,arquitectura,urbanismoyafinesHoraextradiurnaOroZona3NA","IT-BPO-27-142","Agente Front Office","Agente profesional","Ingeniería, arquitectura, urbanismo y afines","Hora extra diurna","Oro","Zona 3","NA","Hora",50531.51,48957.45,75447.69,40958.480000000003,54364.23,71084.12,70851.92,36041.49,null,null,"SMMLV"]
["AgenteFrontOfficeAgenteprofesionalIngeniería,arquitectura,urbanismoyafinesHoraextranocturna OroZona3NA","IT-BPO-27-143","Agente Front Office","Agente profesional","Ingeniería, arquitectura, urbanismo y afines","Hora extra nocturna ","Oro","Zona 3","NA","Hora",70744.12,68540.429999999993,105624.8,56811.89,71315.149999999994,99517.98,76520.08,50458.15,null,null,"SMMLV"]
["AgenteFrontOfficeAgenteprofesionalIngeniería,arquitectura,urbanismoyafinesHoraextradominicalyfestivoOroZona3NA","IT-BPO-27-144","Agente Front Office","Agente profesional","Ingeniería, arquitectura, urbanismo y afines","Hora extra dominical y festivo","Oro","Zona 3","NA","Hora",80850.42,97914.9,120713.9,64738.59,88278.080000000002,142168.23000000001,113363.08,57666.42,null,null,"SMMLV"]
["AgenteFrontOfficeAgenteprofesionalIngeniería,arquitectura,urbanismoyafinesServicio7x24OroZona3NA","IT-BPO-27-145","Agente Front Office","Agente profesional","Ingeniería, arquitectura, urbanismo y afines","Servicio 7x24","Oro","Zona 3","NA","Mes 7x24",40701287.969999999,33279841.16,55528048.969999999,37708557.710000001,42592421.240000002,67496320.129999995,52717374.600000001,33026091.329999998,null,null,"SMMLV"]
["AgenteFrontOfficeAgenteprofesionalIngeniería,arquitectura,urbanismoyafinesJornadaOrdinariaPlatinoZona3NA","IT-BPO-27-146","Agente Front Office","Agente profesional","Ingeniería, arquitectura, urbanismo y afines","Jornada Ordinaria","Platino","Zona 3","NA","Mes",8913758.8100000005,8482824.8399999999,13000615.26,8781505.8000000007,11194327.93,12118619.039999999,10923666.35,8111197.0599999996,null,null,"SMMLV"]
["AgenteFrontOfficeAgenteprofesionalIngeniería,arquitectura,urbanismoyafinesHoraextradiurnaPlatinoZona3NA","IT-BPO-27-147","Agente Front Office","Agente profesional","Ingeniería, arquitectura, urbanismo y afines","Hora extra diurna","Platino","Zona 3","NA","Hora",53058.09,48957.45,70657.070000000007,40958.480000000003,55321.2,72135.320000000007,70851.92,36482.660000000003,null,null,"SMMLV"]
["AgenteFrontOfficeAgenteprofesionalIngeniería,arquitectura,urbanismoyafinesHoraextranocturna PlatinoZona3NA","IT-BPO-27-148","Agente Front Office","Agente profesional","Ingeniería, arquitectura, urbanismo y afines","Hora extra nocturna ","Platino","Zona 3","NA","Hora",74281.320000000007,68540.429999999993,98917.92,56811.89,72403.539999999994,100988.57,76520.08,51075.73,null,null,"SMMLV"]
["AgenteFrontOfficeAgenteprofesionalIngeniería,arquitectura,urbanismoyafinesHoraextradominicalyfestivoPlatinoZona3NA","IT-BPO-27-149","Agente Front Office","Agente profesional","Ingeniería, arquitectura, urbanismo y afines","Hora extra dominical y festivo","Platino","Zona 3","NA","Hora",84892.94,97914.9,113049.99,64738.59,89758.3,144269.54,113363.08,58372.26,null,null,"SMMLV"]
["AgenteFrontOfficeAgenteprofesionalIngeniería,arquitectura,urbanismoyafinesServicio7x24PlatinoZona3NA","IT-BPO-27-150","Agente Front Office","Agente profesional","Ingeniería, arquitectura, urbanismo y afines","Servicio 7x24","Platino","Zona 3","NA","Mes 7x24",42736352.369999997,33368579.960000001,52002458.850000001,37708557.710000001,45482666.25,68494051.280000001,52717374.600000001,33412801.09,null,null,"SMMLV"]
["AgenteFrontOfficeAgenteprofesionalBellasartesyafinesJornadaOrdinariaOroZona1NA","IT-BPO-27-151","Agente Front Office","Agente profesional","Bellas artes y afines","Jornada Ordinaria","Oro","Zona 1","NA","Mes",8085042,8422875.7799999993,13608482.609999999,8781505.8000000007,11194327.93,11904873.949999999,10923666.35,8325600.9100000001,null,null,"SMMLV"]
["AgenteFrontOfficeAgenteprofesionalBellasartesyafinesHoraextradiurnaOroZona1NA","IT-BPO-27-152","Agente Front Office","Agente profesional","Bellas artes y afines","Hora extra diurna","Oro","Zona 1","NA","Hora",48125.25,48957.45,73959.59,40958.480000000003,53075.14,70862.929999999993,70851.92,37376.400000000001,null,null,"SMMLV"]
["AgenteFrontOfficeAgenteprofesionalBellasartesyafinesHoraextranocturna OroZona1NA","IT-BPO-27-153","Agente Front Office","Agente profesional","Bellas artes y afines","Hora extra nocturna ","Oro","Zona 1","NA","Hora",67375.350000000006,68540.429999999993,103543.2,56811.89,69896.58,99208.1,76520.08,52326.87,null,null,"SMMLV"]
["AgenteFrontOfficeAgenteprofesionalBellasartesyafinesHoraextradominicalyfestivoOroZona1NA","IT-BPO-27-154","Agente Front Office","Agente profesional","Bellas artes y afines","Hora extra dominical y festivo","Oro","Zona 1","NA","Hora",77000.399999999994,97914.9,118335.56,64738.59,86368.8,141724.76,113363.08,59802.22,null,null,"SMMLV"]
["AgenteFrontOfficeAgenteprofesionalBellasartesyafinesServicio7x24OroZona1NA","IT-BPO-27-155","Agente Front Office","Agente profesional","Bellas artes y afines","Servicio 7x24","Oro","Zona 1","NA","Mes 7x24",38763131.399999999,33155605.739999998,54433927.159999996,37708557.710000001,42184459.82,67310230.349999994,52717374.600000001,34249279.909999996,null,null,"SMMLV"]
["AgenteFrontOfficeAgenteprofesionalBellasartesyafinesJornadaOrdinariaPlatinoZona1NA","IT-BPO-27-156","Agente Front Office","Agente profesional","Bellas artes y afines","Jornada Ordinaria","Platino","Zona 1","NA","Mes",8489294.0999999996,8447854.9199999999,12744452.060000001,8781505.8000000007,11194327.93,12080851.4,10923666.35,8411611.8399999999,null,null,"SMMLV"]
["AgenteFrontOfficeAgenteprofesionalBellasartesyafinesHoraextradiurnaPlatinoZona1NA","IT-BPO-27-157","Agente Front Office","Agente profesional","Bellas artes y afines","Hora extra diurna","Platino","Zona 1","NA","Hora",50531.51,48957.45,69264.23,40958.480000000003,52034.49,71910.84,70851.92,37833.89,null,null,"SMMLV"]
["AgenteFrontOfficeAgenteprofesionalBellasartesyafinesHoraextranocturna PlatinoZona1NA","IT-BPO-27-158","Agente Front Office","Agente profesional","Bellas artes y afines","Hora extra nocturna ","Platino","Zona 1","NA","Hora",70744.12,68540.429999999993,96969.919999999998,56811.89,70949.539999999994,100674.3,76520.08,52967.45,null,null,"SMMLV"]
["AgenteFrontOfficeAgenteprofesionalBellasartesyafinesHoraextradominicalyfestivoPlatinoZona1NA","IT-BPO-27-159","Agente Front Office","Agente profesional","Bellas artes y afines","Hora extra dominical y festivo","Platino","Zona 1","NA","Hora",80850.42,97914.9,110822.76,64738.59,87801.41,143820.59,113363.08,60534.23,null,null,"SMMLV"]
["AgenteFrontOfficeAgenteprofesionalBellasartesyafinesServicio7x24PlatinoZona1NA","IT-BPO-27-160","Agente Front Office","Agente profesional","Bellas artes y afines","Servicio 7x24","Platino","Zona 1","NA","Mes 7x24",40701287.969999999,33244344.539999999,50977804.939999998,37708557.710000001,44977608.710000001,68305207.579999998,52717374.600000001,34650312.280000001,null,null,"SMMLV"]
["AgenteFrontOfficeAgenteprofesionalBellasartesyafinesJornadaOrdinariaOroZona2NA","IT-BPO-27-161","Agente Front Office","Agente profesional","Bellas artes y afines","Jornada Ordinaria","Oro","Zona 2","NA","Mes",8327593.2599999998,8437863.0500000007,13744568.119999999,8781505.8000000007,11194327.93,11915507.49,10923666.35,8325600.9100000001,null,null,"SMMLV"]
["AgenteFrontOfficeAgenteprofesionalBellasartesyafinesHoraextradiurnaOroZona2NA","IT-BPO-27-162","Agente Front Office","Agente profesional","Bellas artes y afines","Hora extra diurna","Oro","Zona 2","NA","Hora",49569.01,48957.45,74699.81,40958.480000000003,54095.72,70926.44,70851.92,37376.400000000001,null,null,"SMMLV"]
["AgenteFrontOfficeAgenteprofesionalBellasartesyafinesHoraextranocturna OroZona2NA","IT-BPO-27-163","Agente Front Office","Agente profesional","Bellas artes y afines","Hora extra nocturna ","Oro","Zona 2","NA","Hora",69396.61,68540.429999999993,104579.07,56811.89,71008.66,99296.79,76520.08,52326.87,null,null,"SMMLV"]
["AgenteFrontOfficeAgenteprofesionalBellasartesyafinesHoraextradominicalyfestivoOroZona2NA","IT-BPO-27-164","Agente Front Office","Agente profesional","Bellas artes y afines","Hora extra dominical y festivo","Oro","Zona 2","NA","Hora",79310.41,97914.9,119519.25,64738.59,87860.11,141851.78,113363.08,59802.22,null,null,"SMMLV"]
["AgenteFrontOfficeAgenteprofesionalBellasartesyafinesServicio7x24OroZona2NA","IT-BPO-27-165","Agente Front Office","Agente profesional","Bellas artes y afines","Servicio 7x24","Oro","Zona 2","NA","Mes 7x24",39926025.340000004,33208849.02,54978265.890000001,37708557.710000001,42429237.039999999,67363398.079999998,52717374.600000001,34249279.909999996,null,null,"SMMLV"]
["AgenteFrontOfficeAgenteprofesionalBellasartesyafinesJornadaOrdinariaPlatinoZona2NA","IT-BPO-27-166","Agente Front Office","Agente profesional","Bellas artes y afines","Jornada Ordinaria","Platino","Zona 2","NA","Mes",8743972.9199999999,8462841.0899999999,12871895.82,8781505.8000000007,11194327.93,12091641.529999999,10923666.35,8411611.8399999999,null,null,"SMMLV"]
["AgenteFrontOfficeAgenteprofesionalBellasartesyafinesHoraextradiurnaPlatinoZona2NA","IT-BPO-27-167","Agente Front Office","Agente profesional","Bellas artes y afines","Hora extra diurna","Platino","Zona 2","NA","Hora",52047.46,48957.45,69957.36,40958.480000000003,55045.73,71974.350000000006,70851.92,37833.89,null,null,"SMMLV"]
["AgenteFrontOfficeAgenteprofesionalBellasartesyafinesHoraextranocturna PlatinoZona2NA","IT-BPO-27-168","Agente Front Office","Agente profesional","Bellas artes y afines","Hora extra nocturna ","Platino","Zona 2","NA","Hora",72866.44,68540.429999999993,97940.09,56811.89,72088.490000000005,100764.09,76520.08,52967.45,null,null,"SMMLV"]
["AgenteFrontOfficeAgenteprofesionalBellasartesyafinesHoraextradominicalyfestivoPlatinoZona2NA","IT-BPO-27-169","Agente Front Office","Agente profesional","Bellas artes y afines","Hora extra dominical y festivo","Platino","Zona 2","NA","Hora",83275.929999999993,97914.9,111929.81,64738.59,89328.61,143948.70000000001,113363.08,60534.23,null,null,"SMMLV"]
["AgenteFrontOfficeAgenteprofesionalBellasartesyafinesServicio7x24PlatinoZona2NA","IT-BPO-27-170","Agente Front Office","Agente profesional","Bellas artes y afines","Servicio 7x24","Platino","Zona 2","NA","Mes 7x24",41922326.609999999,33297588.920000002,51487583.280000001,37708557.710000001,45293346.460000001,68359163.700000003,52717374.600000001,34650312.280000001,null,null,"SMMLV"]
["AgenteFrontOfficeAgenteprofesionalBellasartesyafinesJornadaOrdinariaOroZona3NA","IT-BPO-27-171","Agente Front Office","Agente profesional","Bellas artes y afines","Jornada Ordinaria","Oro","Zona 3","NA","Mes",8489294.0999999996,8457845.6999999993,13882013.609999999,8781505.8000000007,11194327.93,11942091.9,10923666.35,8028258.04,null,null,"SMMLV"]
["AgenteFrontOfficeAgenteprofesionalBellasartesyafinesHoraextradiurnaOroZona3NA","IT-BPO-27-172","Agente Front Office","Agente profesional","Bellas artes y afines","Hora extra diurna","Oro","Zona 3","NA","Hora",50531.51,48957.45,75447.69,40958.480000000003,54364.23,71084.12,70851.92,36041.49,null,null,"SMMLV"]
["AgenteFrontOfficeAgenteprofesionalBellasartesyafinesHoraextranocturna OroZona3NA","IT-BPO-27-173","Agente Front Office","Agente profesional","Bellas artes y afines","Hora extra nocturna ","Oro","Zona 3","NA","Hora",70744.12,68540.429999999993,105624.8,56811.89,71315.149999999994,99517.98,76520.08,50458.15,null,null,"SMMLV"]
["AgenteFrontOfficeAgenteprofesionalBellasartesyafinesHoraextradominicalyfestivoOroZona3NA","IT-BPO-27-174","Agente Front Office","Agente profesional","Bellas artes y afines","Hora extra dominical y festivo","Oro","Zona 3","NA","Hora",80850.42,97914.9,120713.9,64738.59,88278.080000000002,142168.23000000001,113363.08,57666.42,null,null,"SMMLV"]
["AgenteFrontOfficeAgenteprofesionalBellasartesyafinesServicio7x24OroZona3NA","IT-BPO-27-175","Agente Front Office","Agente profesional","Bellas artes y afines","Servicio 7x24","Oro","Zona 3","NA","Mes 7x24",40701287.969999999,33279841.16,55528048.969999999,37708557.710000001,42592421.240000002,67496320.129999995,52717374.600000001,33026091.329999998,null,null,"SMMLV"]
["AgenteFrontOfficeAgenteprofesionalBellasartesyafinesJornadaOrdinariaPlatinoZona3NA","IT-BPO-27-176","Agente Front Office","Agente profesional","Bellas artes y afines","Jornada Ordinaria","Platino","Zona 3","NA","Mes",8913758.8100000005,8482824.8399999999,13000615.26,8781505.8000000007,11194327.93,12118619.039999999,10923666.35,8111197.0599999996,null,null,"SMMLV"]
["AgenteFrontOfficeAgenteprofesionalBellasartesyafinesHoraextradiurnaPlatinoZona3NA","IT-BPO-27-177","Agente Front Office","Agente profesional","Bellas artes y afines","Hora extra diurna","Platino","Zona 3","NA","Hora",53058.09,48957.45,70657.070000000007,40958.480000000003,55321.2,72135.320000000007,70851.92,36482.660000000003,null,null,"SMMLV"]
["AgenteFrontOfficeAgenteprofesionalBellasartesyafinesHoraextranocturna PlatinoZona3NA","IT-BPO-27-178","Agente Front Office","Agente profesional","Bellas artes y afines","Hora extra nocturna ","Platino","Zona 3","NA","Hora",74281.320000000007,68540.429999999993,98917.92,56811.89,72403.539999999994,100988.57,76520.08,51075.73,null,null,"SMMLV"]
["AgenteFrontOfficeAgenteprofesionalBellasartesyafinesHoraextradominicalyfestivoPlatinoZona3NA","IT-BPO-27-179","Agente Front Office","Agente profesional","Bellas artes y afines","Hora extra dominical y festivo","Platino","Zona 3","NA","Hora",84892.94,97914.9,113049.99,64738.59,89758.3,144269.54,113363.08,58372.26,null,null,"SMMLV"]
["AgenteFrontOfficeAgenteprofesionalBellasartesyafinesServicio7x24PlatinoZona3NA","IT-BPO-27-180","Agente Front Office","Agente profesional","Bellas artes y afines","Servicio 7x24","Platino","Zona 3","NA","Mes 7x24",42736352.369999997,33368579.960000001,52002458.850000001,37708557.710000001,45482666.25,68494051.280000001,52717374.600000001,33412801.09,null,null,"SMMLV"]
["AgenteFrontOfficeAgenteprofesionalMatemáticas,cienciasnaturalesyafinesJornadaOrdinariaOroZona1NA","IT-BPO-27-181","Agente Front Office","Agente profesional","Matemáticas, ciencias naturales y afines","Jornada Ordinaria","Oro","Zona 1","NA","Mes",8085042,8422875.7799999993,13608482.609999999,8781505.8000000007,11194327.93,11904873.949999999,10923666.35,8325600.9100000001,null,null,"SMMLV"]
["AgenteFrontOfficeAgenteprofesionalMatemáticas,cienciasnaturalesyafinesHoraextradiurnaOroZona1NA","IT-BPO-27-182","Agente Front Office","Agente profesional","Matemáticas, ciencias naturales y afines","Hora extra diurna","Oro","Zona 1","NA","Hora",48125.25,48957.45,73959.59,40958.480000000003,53075.14,70862.929999999993,70851.92,37376.400000000001,null,null,"SMMLV"]
["AgenteFrontOfficeAgenteprofesionalMatemáticas,cienciasnaturalesyafinesHoraextranocturna OroZona1NA","IT-BPO-27-183","Agente Front Office","Agente profesional","Matemáticas, ciencias naturales y afines","Hora extra nocturna ","Oro","Zona 1","NA","Hora",67375.350000000006,68540.429999999993,103543.2,56811.89,69896.58,99208.1,76520.08,52326.87,null,null,"SMMLV"]
["AgenteFrontOfficeAgenteprofesionalMatemáticas,cienciasnaturalesyafinesHoraextradominicalyfestivoOroZona1NA","IT-BPO-27-184","Agente Front Office","Agente profesional","Matemáticas, ciencias naturales y afines","Hora extra dominical y festivo","Oro","Zona 1","NA","Hora",77000.399999999994,97914.9,118335.56,64738.59,86368.8,141724.76,113363.08,59802.22,null,null,"SMMLV"]
["AgenteFrontOfficeAgenteprofesionalMatemáticas,cienciasnaturalesyafinesServicio7x24OroZona1NA","IT-BPO-27-185","Agente Front Office","Agente profesional","Matemáticas, ciencias naturales y afines","Servicio 7x24","Oro","Zona 1","NA","Mes 7x24",38763131.399999999,33155605.739999998,54433927.159999996,37708557.710000001,42184459.82,67310230.349999994,52717374.600000001,34249279.909999996,null,null,"SMMLV"]
["AgenteFrontOfficeAgenteprofesionalMatemáticas,cienciasnaturalesyafinesJornadaOrdinariaPlatinoZona1NA","IT-BPO-27-186","Agente Front Office","Agente profesional","Matemáticas, ciencias naturales y afines","Jornada Ordinaria","Platino","Zona 1","NA","Mes",8489294.0999999996,8447854.9199999999,12744452.060000001,8781505.8000000007,11194327.93,12080851.4,10923666.35,8411611.8399999999,null,null,"SMMLV"]
["AgenteFrontOfficeAgenteprofesionalMatemáticas,cienciasnaturalesyafinesHoraextradiurnaPlatinoZona1NA","IT-BPO-27-187","Agente Front Office","Agente profesional","Matemáticas, ciencias naturales y afines","Hora extra diurna","Platino","Zona 1","NA","Hora",50531.51,48957.45,69264.23,40958.480000000003,52034.49,71910.84,70851.92,37833.89,null,null,"SMMLV"]
["AgenteFrontOfficeAgenteprofesionalMatemáticas,cienciasnaturalesyafinesHoraextranocturna PlatinoZona1NA","IT-BPO-27-188","Agente Front Office","Agente profesional","Matemáticas, ciencias naturales y afines","Hora extra nocturna ","Platino","Zona 1","NA","Hora",70744.12,68540.429999999993,96969.919999999998,56811.89,70949.539999999994,100674.3,76520.08,52967.45,null,null,"SMMLV"]
["AgenteFrontOfficeAgenteprofesionalMatemáticas,cienciasnaturalesyafinesHoraextradominicalyfestivoPlatinoZona1NA","IT-BPO-27-189","Agente Front Office","Agente profesional","Matemáticas, ciencias naturales y afines","Hora extra dominical y festivo","Platino","Zona 1","NA","Hora",80850.42,97914.9,110822.76,64738.59,87801.41,143820.59,113363.08,60534.23,null,null,"SMMLV"]
["AgenteFrontOfficeAgenteprofesionalMatemáticas,cienciasnaturalesyafinesServicio7x24PlatinoZona1NA","IT-BPO-27-190","Agente Front Office","Agente profesional","Matemáticas, ciencias naturales y afines","Servicio 7x24","Platino","Zona 1","NA","Mes 7x24",40701287.969999999,33244344.539999999,50977804.939999998,37708557.710000001,44977608.710000001,68305207.579999998,52717374.600000001,34650312.280000001,null,null,"SMMLV"]
["AgenteFrontOfficeAgenteprofesionalMatemáticas,cienciasnaturalesyafinesJornadaOrdinariaOroZona2NA","IT-BPO-27-191","Agente Front Office","Agente profesional","Matemáticas, ciencias naturales y afines","Jornada Ordinaria","Oro","Zona 2","NA","Mes",8327593.2599999998,8437863.0500000007,13744568.119999999,8781505.8000000007,11194327.93,11915507.49,10923666.35,8325600.9100000001,null,null,"SMMLV"]
["AgenteFrontOfficeAgenteprofesionalMatemáticas,cienciasnaturalesyafinesHoraextradiurnaOroZona2NA","IT-BPO-27-192","Agente Front Office","Agente profesional","Matemáticas, ciencias naturales y afines","Hora extra diurna","Oro","Zona 2","NA","Hora",49569.01,48957.45,74699.81,40958.480000000003,54095.72,70926.44,70851.92,37376.400000000001,null,null,"SMMLV"]
["AgenteFrontOfficeAgenteprofesionalMatemáticas,cienciasnaturalesyafinesHoraextranocturna OroZona2NA","IT-BPO-27-193","Agente Front Office","Agente profesional","Matemáticas, ciencias naturales y afines","Hora extra nocturna ","Oro","Zona 2","NA","Hora",69396.61,68540.429999999993,104579.07,56811.89,71008.66,99296.79,76520.08,52326.87,null,null,"SMMLV"]
["AgenteFrontOfficeAgenteprofesionalMatemáticas,cienciasnaturalesyafinesHoraextradominicalyfestivoOroZona2NA","IT-BPO-27-194","Agente Front Office","Agente profesional","Matemáticas, ciencias naturales y afines","Hora extra dominical y festivo","Oro","Zona 2","NA","Hora",79310.41,97914.9,119519.25,64738.59,87860.11,141851.78,113363.08,59802.22,null,null,"SMMLV"]
["AgenteFrontOfficeAgenteprofesionalMatemáticas,cienciasnaturalesyafinesServicio7x24OroZona2NA","IT-BPO-27-195","Agente Front Office","Agente profesional","Matemáticas, ciencias naturales y afines","Servicio 7x24","Oro","Zona 2","NA","Mes 7x24",39926025.340000004,33208849.02,54978265.890000001,37708557.710000001,42429237.039999999,67363398.079999998,52717374.600000001,34249279.909999996,null,null,"SMMLV"]
["AgenteFrontOfficeAgenteprofesionalMatemáticas,cienciasnaturalesyafinesJornadaOrdinariaPlatinoZona2NA","IT-BPO-27-196","Agente Front Office","Agente profesional","Matemáticas, ciencias naturales y afines","Jornada Ordinaria","Platino","Zona 2","NA","Mes",8743972.9199999999,8462841.0899999999,12871895.82,8781505.8000000007,11194327.93,12091641.529999999,10923666.35,8411611.8399999999,null,null,"SMMLV"]
["AgenteFrontOfficeAgenteprofesionalMatemáticas,cienciasnaturalesyafinesHoraextradiurnaPlatinoZona2NA","IT-BPO-27-197","Agente Front Office","Agente profesional","Matemáticas, ciencias naturales y afines","Hora extra diurna","Platino","Zona 2","NA","Hora",52047.46,48957.45,69957.36,40958.480000000003,55045.73,71974.350000000006,70851.92,37833.89,null,null,"SMMLV"]
["AgenteFrontOfficeAgenteprofesionalMatemáticas,cienciasnaturalesyafinesHoraextranocturna PlatinoZona2NA","IT-BPO-27-198","Agente Front Office","Agente profesional","Matemáticas, ciencias naturales y afines","Hora extra nocturna ","Platino","Zona 2","NA","Hora",72866.44,68540.429999999993,97940.09,56811.89,72088.490000000005,100764.09,76520.08,52967.45,null,null,"SMMLV"]
["AgenteFrontOfficeAgenteprofesionalMatemáticas,cienciasnaturalesyafinesHoraextradominicalyfestivoPlatinoZona2NA","IT-BPO-27-199","Agente Front Office","Agente profesional","Matemáticas, ciencias naturales y afines","Hora extra dominical y festivo","Platino","Zona 2","NA","Hora",83275.929999999993,97914.9,111929.81,64738.59,89328.61,143948.70000000001,113363.08,60534.23,null,null,"SMMLV"]
["AgenteFrontOfficeAgenteprofesionalMatemáticas,cienciasnaturalesyafinesServicio7x24PlatinoZona2NA","IT-BPO-27-200","Agente Front Office","Agente profesional","Matemáticas, ciencias naturales y afines","Servicio 7x24","Platino","Zona 2","NA","Mes 7x24",41922326.609999999,33297588.920000002,51487583.280000001,37708557.710000001,45293346.460000001,68359163.700000003,52717374.600000001,34650312.280000001,null,null,"SMMLV"]
["AgenteFrontOfficeAgenteprofesionalMatemáticas,cienciasnaturalesyafinesJornadaOrdinariaOroZona3NA","IT-BPO-27-201","Agente Front Office","Agente profesional","Matemáticas, ciencias naturales y afines","Jornada Ordinaria","Oro","Zona 3","NA","Mes",8489294.0999999996,8457845.6999999993,13882013.609999999,8781505.8000000007,11194327.93,11942091.9,10923666.35,8028258.04,null,null,"SMMLV"]
[{"$f":"SUBSTITUTE(C1282&D1282&E1282&F1282&G1282&H1282&I1282,\" \",\"\")","v":"AgenteFrontOfficeAgenteprofesionalMatemáticas,cienciasnaturalesyafinesHoraextradiurnaOroZona3NA"},"IT-BPO-27-202","Agente Front Office","Agente profesional","Matemáticas, ciencias naturales y afines","Hora extra diurna","Oro","Zona 3","NA","Hora",50531.51,48957.45,75447.69,40958.480000000003,54364.23,71084.12,70851.92,36041.49,null,null,"SMMLV"]
["AgenteFrontOfficeAgenteprofesionalMatemáticas,cienciasnaturalesyafinesHoraextranocturna OroZona3NA","IT-BPO-27-203","Agente Front Office","Agente profesional","Matemáticas, ciencias naturales y afines","Hora extra nocturna ","Oro","Zona 3","NA","Hora",70744.12,68540.429999999993,105624.8,56811.89,71315.149999999994,99517.98,76520.08,50458.15,null,null,"SMMLV"]
["AgenteFrontOfficeAgenteprofesionalMatemáticas,cienciasnaturalesyafinesHoraextradominicalyfestivoOroZona3NA","IT-BPO-27-204","Agente Front Office","Agente profesional","Matemáticas, ciencias naturales y afines","Hora extra dominical y festivo","Oro","Zona 3","NA","Hora",80850.42,97914.9,120713.9,64738.59,88278.080000000002,142168.23000000001,113363.08,57666.42,null,null,"SMMLV"]
["AgenteFrontOfficeAgenteprofesionalMatemáticas,cienciasnaturalesyafinesServicio7x24OroZona3NA","IT-BPO-27-205","Agente Front Office","Agente profesional","Matemáticas, ciencias naturales y afines","Servicio 7x24","Oro","Zona 3","NA","Mes 7x24",40701287.969999999,33279841.16,55528048.969999999,37708557.710000001,42592421.240000002,67496320.129999995,52717374.600000001,33026091.329999998,null,null,"SMMLV"]
["AgenteFrontOfficeAgenteprofesionalMatemáticas,cienciasnaturalesyafinesJornadaOrdinariaPlatinoZona3NA","IT-BPO-27-206","Agente Front Office","Agente profesional","Matemáticas, ciencias naturales y afines","Jornada Ordinaria","Platino","Zona 3","NA","Mes",8913758.8100000005,8482824.8399999999,13000615.26,8781505.8000000007,11194327.93,12118619.039999999,10923666.35,8111197.0599999996,null,null,"SMMLV"]
["AgenteFrontOfficeAgenteprofesionalMatemáticas,cienciasnaturalesyafinesHoraextradiurnaPlatinoZona3NA","IT-BPO-27-207","Agente Front Office","Agente profesional","Matemáticas, ciencias naturales y afines","Hora extra diurna","Platino","Zona 3","NA","Hora",69343.72,48957.45,70657.070000000007,40958.480000000003,55321.2,72135.320000000007,70851.92,36482.660000000003,null,null,"SMMLV"]
["AgenteFrontOfficeAgenteprofesionalMatemáticas,cienciasnaturalesyafinesHoraextranocturna PlatinoZona3NA","IT-BPO-27-208","Agente Front Office","Agente profesional","Matemáticas, ciencias naturales y afines","Hora extra nocturna ","Platino","Zona 3","NA","Hora",74281.320000000007,68540.429999999993,98917.92,56811.89,72403.539999999994,100988.57,76520.08,51075.73,null,null,"SMMLV"]
["AgenteFrontOfficeAgenteprofesionalMatemáticas,cienciasnaturalesyafinesHoraextradominicalyfestivoPlatinoZona3NA","IT-BPO-27-209","Agente Front Office","Agente profesional","Matemáticas, ciencias naturales y afines","Hora extra dominical y festivo","Platino","Zona 3","NA","Hora",84892.94,97914.9,113049.99,64738.59,89758.3,144269.54,113363.08,58372.26,null,null,"SMMLV"]
["AgenteFrontOfficeAgenteprofesionalMatemáticas,cienciasnaturalesyafinesServicio7x24PlatinoZona3NA","IT-BPO-27-210","Agente Front Office","Agente profesional","Matemáticas, ciencias naturales y afines","Servicio 7x24","Platino","Zona 3","NA","Mes 7x24",42736352.369999997,33368579.960000001,52002458.850000001,37708557.710000001,45482666.25,68494051.280000001,52717374.600000001,33412801.09,null,null,"SMMLV"]
["AgenteFrontOfficeAgenteprofesionalCienciasdelasaludyafinesJornadaOrdinariaOroZona1NA","IT-BPO-27-211","Agente Front Office","Agente profesional","Ciencias de la salud y afines","Jornada Ordinaria","Oro","Zona 1","NA","Mes",10566662.4,10929488.460000001,17269319.460000001,13768277.060000001,14751925.640000001,15568164.689999999,10923666.35,10561883.49,null,null,"SMMLV"]
["AgenteFrontOfficeAgenteprofesionalCienciasdelasaludyafinesHoraextradiurnaOroZona1NA","IT-BPO-27-212","Agente Front Office","Agente profesional","Ciencias de la salud y afines","Hora extra diurna","Oro","Zona 1","NA","Hora",62896.800000000003,65276.24,93855.74,66931.88,73981.11,92667.66,70851.92,49271.5,null,null,"SMMLV"]
["AgenteFrontOfficeAgenteprofesionalCienciasdelasaludyafinesHoraextranocturna OroZona1NA","IT-BPO-27-213","Agente Front Office","Agente profesional","Ciencias de la salud y afines","Hora extra nocturna ","Oro","Zona 1","NA","Hora",88055.52,91386.51,131398.91,93174.65,97128.13,129735.6,76520.08,68980.070000000007,null,null,"SMMLV"]
["AgenteFrontOfficeAgenteprofesionalCienciasdelasaludyafinesHoraextradominicalyfestivoOroZona1NA","IT-BPO-27-214","Agente Front Office","Agente profesional","Ciencias de la salud y afines","Hora extra dominical y festivo","Oro","Zona 1","NA","Hora",100634.88,130552.47,150168.29999999999,106296.03,115212.68,185335.32,113363.08,78834.42,null,null,"SMMLV"]
["AgenteFrontOfficeAgenteprofesionalCienciasdelasaludyafinesServicio7x24OroZona1NA","IT-BPO-27-215","Agente Front Office","Agente profesional","Ciencias de la salud y afines","Servicio 7x24","Oro","Zona 1","NA","Mes 7x24",51170313.600000001,43182056.460000001,69077272.370000005,56434039.920000002,58894892.450000003,88221976.430000007,52717374.600000001,44676120.780000001,null,null,"SMMLV"]
["AgenteFrontOfficeAgenteprofesionalCienciasdelasaludyafinesJornadaOrdinariaPlatinoZona1NA","IT-BPO-27-216","Agente Front Office","Agente profesional","Ciencias de la salud y afines","Jornada Ordinaria","Platino","Zona 1","NA","Mes",11094995.52,10954467.6,16172854.35,13768277.060000001,14751925.640000001,15798293.18,10923666.35,10647894.32,null,null,"SMMLV"]
["AgenteFrontOfficeAgenteprofesionalCienciasdelasaludyafinesHoraextradiurnaPlatinoZona1NA","IT-BPO-27-217","Agente Front Office","Agente profesional","Ciencias de la salud y afines","Hora extra diurna","Platino","Zona 1","NA","Hora",66041.64,65276.24,87896.75,66931.88,75869.87,94037.51,70851.92,49728.99,null,null,"SMMLV"]
["AgenteFrontOfficeAgenteprofesionalCienciasdelasaludyafinesHoraextranocturna PlatinoZona1NA","IT-BPO-27-218","Agente Front Office","Agente profesional","Ciencias de la salud y afines","Hora extra nocturna ","Platino","Zona 1","NA","Hora",92458.3,91386.51,123055.01,93174.65,91718.24,131652.95000000001,76520.08,69620.649999999994,null,null,"SMMLV"]
["AgenteFrontOfficeAgenteprofesionalCienciasdelasaludyafinesHoraextradominicalyfestivoPlatinoZona1NA","IT-BPO-27-219","Agente Front Office","Agente profesional","Ciencias de la salud y afines","Hora extra dominical y festivo","Platino","Zona 1","NA","Hora",105666.62,130552.47,140634.14000000001,106296.03,117629.18,188075.01,113363.08,79566.42,null,null,"SMMLV"]
["AgenteFrontOfficeAgenteprofesionalCienciasdelasaludyafinesServicio7x24PlatinoZona1NA","IT-BPO-27-220","Agente Front Office","Agente profesional","Ciencias de la salud y afines","Servicio 7x24","Platino","Zona 1","NA","Mes 7x24",53728829.280000001,43270795.259999998,64691414.119999997,56434039.920000002,61892699.200000003,89526072.150000006,52717374.600000001,45077153.030000001,null,null,"SMMLV"]
["AgenteFrontOfficeAgenteprofesionalCienciasdelasaludyafinesJornadaOrdinariaOroZona2NA","IT-BPO-27-221","Agente Front Office","Agente profesional","Ciencias de la salud y afines","Jornada Ordinaria","Oro","Zona 2","NA","Mes",10883662.27,10944475.73,17442011.91,13768277.060000001,14751925.640000001,15578798.24,10923666.35,10561883.49,null,null,"SMMLV"]
["AgenteFrontOfficeAgenteprofesionalCienciasdelasaludyafinesHoraextradiurnaOroZona2NA","IT-BPO-27-222","Agente Front Office","Agente profesional","Ciencias de la salud y afines","Hora extra diurna","Oro","Zona 2","NA","Hora",64783.7,65276.24,94794.15,66931.88,75319.289999999994,92731.17,70851.92,49271.5,null,null,"SMMLV"]
["AgenteFrontOfficeAgenteprofesionalCienciasdelasaludyafinesHoraextranocturna OroZona2NA","IT-BPO-27-223","Agente Front Office","Agente profesional","Ciencias de la salud y afines","Hora extra nocturna ","Oro","Zona 2","NA","Hora",90697.19,91386.51,132712.91,93174.65,98595.25,129824.3,76520.08,68980.070000000007,null,null,"SMMLV"]
["AgenteFrontOfficeAgenteprofesionalCienciasdelasaludyafinesHoraextradominicalyfestivoOroZona2NA","IT-BPO-27-224","Agente Front Office","Agente profesional","Ciencias de la salud y afines","Hora extra dominical y festivo","Oro","Zona 2","NA","Hora",103653.93,130552.47,151670.64000000001,106296.03,116855.32,185462.34,113363.08,78834.42,null,null,"SMMLV"]
["AgenteFrontOfficeAgenteprofesionalCienciasdelasaludyafinesServicio7x24OroZona2NA","IT-BPO-27-225","Agente Front Office","Agente profesional","Ciencias de la salud y afines","Servicio 7x24","Oro","Zona 2","NA","Mes 7x24",52705423.009999998,43235299.740000002,69768045.450000003,56434039.920000002,55752953.149999999,88275144.150000006,52717374.600000001,44676120.780000001,null,null,"SMMLV"]
["AgenteFrontOfficeAgenteprofesionalCienciasdelasaludyafinesJornadaOrdinariaPlatinoZona2NA","IT-BPO-27-226","Agente Front Office","Agente profesional","Ciencias de la salud y afines","Jornada Ordinaria","Platino","Zona 2","NA","Mes",11427845.390000001,10969453.77,16334582.57,13768277.060000001,14751925.640000001,15809083.310000001,10923666.35,10647894.32,null,null,"SMMLV"]
["AgenteFrontOfficeAgenteprofesionalCienciasdelasaludyafinesHoraextradiurnaPlatinoZona2NA","IT-BPO-27-227","Agente Front Office","Agente profesional","Ciencias de la salud y afines","Hora extra diurna","Platino","Zona 2","NA","Hora",68022.89,65276.24,88776.03,66931.88,77240.639999999999,94102.11,70851.92,49728.99,null,null,"SMMLV"]
["AgenteFrontOfficeAgenteprofesionalCienciasdelasaludyafinesHoraextranocturna PlatinoZona2NA","IT-BPO-27-228","Agente Front Office","Agente profesional","Ciencias de la salud y afines","Hora extra nocturna ","Platino","Zona 2","NA","Hora",95232.04,91386.51,124285.79,93174.65,100789.82,131742.74,76520.08,69620.649999999994,null,null,"SMMLV"]
["AgenteFrontOfficeAgenteprofesionalCienciasdelasaludyafinesHoraextradominicalyfestivoPlatinoZona2NA","IT-BPO-27-229","Agente Front Office","Agente profesional","Ciencias de la salud y afines","Hora extra dominical y festivo","Platino","Zona 2","NA","Hora",108836.62,130552.47,142041.21,106296.03,119311.52,188204.22,113363.08,79566.42,null,null,"SMMLV"]
["AgenteFrontOfficeAgenteprofesionalCienciasdelasaludyafinesServicio7x24PlatinoZona2NA","IT-BPO-27-230","Agente Front Office","Agente profesional","Ciencias de la salud y afines","Servicio 7x24","Platino","Zona 2","NA","Mes 7x24",55340694.159999996,43324039.640000001,65338329.170000002,56434039.920000002,63229116.399999999,89580022.799999997,52717374.600000001,45077153.030000001,null,null,"SMMLV"]
["AgenteFrontOfficeAgenteprofesionalCienciasdelasaludyafinesJornadaOrdinariaOroZona3NA","IT-BPO-27-231","Agente Front Office","Agente profesional","Ciencias de la salud y afines","Jornada Ordinaria","Oro","Zona 3","NA","Mes",11094995.52,10964458.380000001,17616432.27,13768277.060000001,14751925.640000001,15605382.65,10923666.35,10184673.289999999,null,null,"SMMLV"]
["AgenteFrontOfficeAgenteprofesionalCienciasdelasaludyafinesHoraextradiurnaOroZona3NA","IT-BPO-27-232","Agente Front Office","Agente profesional","Ciencias de la salud y afines","Hora extra diurna","Oro","Zona 3","NA","Hora",66041.64,65276.24,95742.42,66931.88,75667.289999999994,92889.95,70851.92,47511.83,null,null,"SMMLV"]
["AgenteFrontOfficeAgenteprofesionalCienciasdelasaludyafinesHoraextranocturna OroZona3NA","IT-BPO-27-233","Agente Front Office","Agente profesional","Ciencias de la salud y afines","Hora extra nocturna ","Oro","Zona 3","NA","Hora",92458.3,91386.51,134038.95000000001,93174.65,98993.31,130045.49,76520.08,66516.539999999994,null,null,"SMMLV"]
["AgenteFrontOfficeAgenteprofesionalCienciasdelasaludyafinesHoraextradominicalyfestivoOroZona3NA","IT-BPO-27-234","Agente Front Office","Agente profesional","Ciencias de la salud y afines","Hora extra dominical y festivo","Oro","Zona 3","NA","Hora",105666.62,130552.47,153187.22,106296.03,117307.73,185778.8,113363.08,76018.84,null,null,"SMMLV"]
["AgenteFrontOfficeAgenteprofesionalCienciasdelasaludyafinesServicio7x24OroZona3NA","IT-BPO-27-235","Agente Front Office","Agente profesional","Ciencias de la salud y afines","Servicio 7x24","Oro","Zona 3","NA","Mes 7x24",53728829.280000001,43306291.880000003,70465725.799999997,56434039.920000002,56026569.780000001,88408066.200000003,52717374.600000001,43080545.030000001,null,null,"SMMLV"]
["AgenteFrontOfficeAgenteprofesionalCienciasdelasaludyafinesJornadaOrdinariaPlatinoZona3NA","IT-BPO-27-236","Agente Front Office","Agente profesional","Ciencias de la salud y afines","Jornada Ordinaria","Platino","Zona 3","NA","Mes",11649745.300000001,10989437.52,16497928.1,13768277.060000001,14751925.640000001,15836060.82,10923666.35,10267612.43,null,null,"SMMLV"]
["AgenteFrontOfficeAgenteprofesionalCienciasdelasaludyafinesHoraextradiurnaPlatinoZona3NA","IT-BPO-27-237","Agente Front Office","Agente profesional","Ciencias de la salud y afines","Hora extra diurna","Platino","Zona 3","NA","Hora",53058.09,65276.24,89664.08,66931.88,77598.179999999993,94263.08,70851.92,47953.01,null,null,"SMMLV"]
["AgenteFrontOfficeAgenteprofesionalCienciasdelasaludyafinesHoraextranocturna PlatinoZona3NA","IT-BPO-27-238","Agente Front Office","Agente profesional","Ciencias de la salud y afines","Hora extra nocturna ","Platino","Zona 3","NA","Hora",97081.21,91386.51,125528.61,93174.65,101198.88,131967.21,76520.08,67134.12,null,null,"SMMLV"]
["AgenteFrontOfficeAgenteprofesionalCienciasdelasaludyafinesHoraextradominicalyfestivoPlatinoZona3NA","IT-BPO-27-239","Agente Front Office","Agente profesional","Ciencias de la salud y afines","Hora extra dominical y festivo","Platino","Zona 3","NA","Hora",110949.96,130552.47,143461.43,106296.03,119776.43,188525.06,113363.08,76724.789999999994,null,null,"SMMLV"]
["AgenteFrontOfficeAgenteprofesionalCienciasdelasaludyafinesServicio7x24PlatinoZona3NA","IT-BPO-27-240","Agente Front Office","Agente profesional","Ciencias de la salud y afines","Servicio 7x24","Platino","Zona 3","NA","Mes 7x24",56415270.740000002,43395030.68,65991711.289999999,56434039.920000002,59503442.090000004,89714910.379999995,52717374.600000001,43467254.789999999,null,null,"SMMLV"]
["AgenteFrontOfficeAgenteprofesionalAgronomía,veterinariayafinesJornadaOrdinariaOroZona1NA","IT-BPO-27-241","Agente Front Office","Agente profesional","Agronomía, veterinaria y afines","Jornada Ordinaria","Oro","Zona 1","NA","Mes",8085042,8422875.7799999993,13608482.609999999,8781505.8000000007,11194327.93,11904873.949999999,10923666.35,8325600.9100000001,null,null,"SMMLV"]
["AgenteFrontOfficeAgenteprofesionalAgronomía,veterinariayafinesHoraextradiurnaOroZona1NA","IT-BPO-27-242","Agente Front Office","Agente profesional","Agronomía, veterinaria y afines","Hora extra diurna","Oro","Zona 1","NA","Hora",48125.25,48957.45,73959.59,40958.480000000003,53075.14,70862.929999999993,70851.92,37376.400000000001,null,null,"SMMLV"]
["AgenteFrontOfficeAgenteprofesionalAgronomía,veterinariayafinesHoraextranocturna OroZona1NA","IT-BPO-27-243","Agente Front Office","Agente profesional","Agronomía, veterinaria y afines","Hora extra nocturna ","Oro","Zona 1","NA","Hora",67375.350000000006,68540.429999999993,103543.2,56811.89,69896.58,99208.1,76520.08,52326.87,null,null,"SMMLV"]
["AgenteFrontOfficeAgenteprofesionalAgronomía,veterinariayafinesHoraextradominicalyfestivoOroZona1NA","IT-BPO-27-244","Agente Front Office","Agente profesional","Agronomía, veterinaria y afines","Hora extra dominical y festivo","Oro","Zona 1","NA","Hora",77000.399999999994,97914.9,118335.56,64738.59,86368.8,141724.76,113363.08,59802.22,null,null,"SMMLV"]
["AgenteFrontOfficeAgenteprofesionalAgronomía,veterinariayafinesServicio7x24OroZona1NA","IT-BPO-27-245","Agente Front Office","Agente profesional","Agronomía, veterinaria y afines","Servicio 7x24","Oro","Zona 1","NA","Mes 7x24",38763131.399999999,33155605.739999998,54433927.159999996,37708557.710000001,42184459.82,67310230.349999994,52717374.600000001,34249279.909999996,null,null,"SMMLV"]
["AgenteFrontOfficeAgenteprofesionalAgronomía,veterinariayafinesJornadaOrdinariaPlatinoZona1NA","IT-BPO-27-246","Agente Front Office","Agente profesional","Agronomía, veterinaria y afines","Jornada Ordinaria","Platino","Zona 1","NA","Mes",8489294.0999999996,8447854.9199999999,12744452.060000001,8781505.8000000007,11194327.93,12080851.4,10923666.35,8411611.8399999999,null,null,"SMMLV"]
["AgenteFrontOfficeAgenteprofesionalAgronomía,veterinariayafinesHoraextradiurnaPlatinoZona1NA","IT-BPO-27-247","Agente Front Office","Agente profesional","Agronomía, veterinaria y afines","Hora extra diurna","Platino","Zona 1","NA","Hora",50531.51,48957.45,69264.23,40958.480000000003,52034.49,71910.84,70851.92,37833.89,null,null,"SMMLV"]
["AgenteFrontOfficeAgenteprofesionalAgronomía,veterinariayafinesHoraextranocturna PlatinoZona1NA","IT-BPO-27-248","Agente Front Office","Agente profesional","Agronomía, veterinaria y afines","Hora extra nocturna ","Platino","Zona 1","NA","Hora",70744.12,68540.429999999993,96969.919999999998,56811.89,70949.539999999994,100674.3,76520.08,52967.45,null,null,"SMMLV"]
["AgenteFrontOfficeAgenteprofesionalAgronomía,veterinariayafinesHoraextradominicalyfestivoPlatinoZona1NA","IT-BPO-27-249","Agente Front Office","Agente profesional","Agronomía, veterinaria y afines","Hora extra dominical y festivo","Platino","Zona 1","NA","Hora",80850.42,97914.9,110822.76,64738.59,87801.41,143820.59,113363.08,60534.23,null,null,"SMMLV"]
["AgenteFrontOfficeAgenteprofesionalAgronomía,veterinariayafinesServicio7x24PlatinoZona1NA","IT-BPO-27-250","Agente Front Office","Agente profesional","Agronomía, veterinaria y afines","Servicio 7x24","Platino","Zona 1","NA","Mes 7x24",40701287.969999999,33244344.539999999,50977804.939999998,37708557.710000001,44977608.710000001,68305207.579999998,52717374.600000001,34650312.280000001,null,null,"SMMLV"]
["AgenteFrontOfficeAgenteprofesionalAgronomía,veterinariayafinesJornadaOrdinariaOroZona2NA","IT-BPO-27-251","Agente Front Office","Agente profesional","Agronomía, veterinaria y afines","Jornada Ordinaria","Oro","Zona 2","NA","Mes",8327593.2599999998,8437863.0500000007,13744568.119999999,8781505.8000000007,11194327.93,11915507.49,10923666.35,8325600.9100000001,null,null,"SMMLV"]
["AgenteFrontOfficeAgenteprofesionalAgronomía,veterinariayafinesHoraextradiurnaOroZona2NA","IT-BPO-27-252","Agente Front Office","Agente profesional","Agronomía, veterinaria y afines","Hora extra diurna","Oro","Zona 2","NA","Hora",49569.01,48957.45,74699.81,40958.480000000003,54095.72,70926.44,70851.92,37376.400000000001,null,null,"SMMLV"]
["AgenteFrontOfficeAgenteprofesionalAgronomía,veterinariayafinesHoraextranocturna OroZona2NA","IT-BPO-27-253","Agente Front Office","Agente profesional","Agronomía, veterinaria y afines","Hora extra nocturna ","Oro","Zona 2","NA","Hora",69396.61,68540.429999999993,104579.07,56811.89,71008.66,99296.79,76520.08,52326.87,null,null,"SMMLV"]
["AgenteFrontOfficeAgenteprofesionalAgronomía,veterinariayafinesHoraextradominicalyfestivoOroZona2NA","IT-BPO-27-254","Agente Front Office","Agente profesional","Agronomía, veterinaria y afines","Hora extra dominical y festivo","Oro","Zona 2","NA","Hora",79310.41,97914.9,119519.25,64738.59,87860.11,141851.78,113363.08,59802.22,null,null,"SMMLV"]
["AgenteFrontOfficeAgenteprofesionalAgronomía,veterinariayafinesServicio7x24OroZona2NA","IT-BPO-27-255","Agente Front Office","Agente profesional","Agronomía, veterinaria y afines","Servicio 7x24","Oro","Zona 2","NA","Mes 7x24",39926025.340000004,33208849.02,54978265.890000001,37708557.710000001,42429237.039999999,67363398.079999998,52717374.600000001,34249279.909999996,null,null,"SMMLV"]
["AgenteFrontOfficeAgenteprofesionalAgronomía,veterinariayafinesJornadaOrdinariaPlatinoZona2NA","IT-BPO-27-256","Agente Front Office","Agente profesional","Agronomía, veterinaria y afines","Jornada Ordinaria","Platino","Zona 2","NA","Mes",8743972.9199999999,8462841.0899999999,12871895.82,8781505.8000000007,11194327.93,12091641.529999999,10923666.35,8411611.8399999999,null,null,"SMMLV"]
["AgenteFrontOfficeAgenteprofesionalAgronomía,veterinariayafinesHoraextradiurnaPlatinoZona2NA","IT-BPO-27-257","Agente Front Office","Agente profesional","Agronomía, veterinaria y afines","Hora extra diurna","Platino","Zona 2","NA","Hora",52047.46,48957.45,69957.36,40958.480000000003,55045.73,71974.350000000006,70851.92,37833.89,null,null,"SMMLV"]
["AgenteFrontOfficeAgenteprofesionalAgronomía,veterinariayafinesHoraextranocturna PlatinoZona2NA","IT-BPO-27-258","Agente Front Office","Agente profesional","Agronomía, veterinaria y afines","Hora extra nocturna ","Platino","Zona 2","NA","Hora",72866.44,68540.429999999993,97940.09,56811.89,72088.490000000005,100764.09,76520.08,52967.45,null,null,"SMMLV"]
["AgenteFrontOfficeAgenteprofesionalAgronomía,veterinariayafinesHoraextradominicalyfestivoPlatinoZona2NA","IT-BPO-27-259","Agente Front Office","Agente profesional","Agronomía, veterinaria y afines","Hora extra dominical y festivo","Platino","Zona 2","NA","Hora",83275.929999999993,97914.9,111929.81,64738.59,89328.61,143948.70000000001,113363.08,60534.23,null,null,"SMMLV"]
["AgenteFrontOfficeAgenteprofesionalAgronomía,veterinariayafinesServicio7x24PlatinoZona2NA","IT-BPO-27-260","Agente Front Office","Agente profesional","Agronomía, veterinaria y afines","Servicio 7x24","Platino","Zona 2","NA","Mes 7x24",41922326.609999999,33297588.920000002,51487583.280000001,37708557.710000001,45293346.460000001,68359163.700000003,52717374.600000001,34650312.280000001,null,null,"SMMLV"]
["AgenteFrontOfficeAgenteprofesionalAgronomía,veterinariayafinesJornadaOrdinariaOroZona3NA","IT-BPO-27-261","Agente Front Office","Agente profesional","Agronomía, veterinaria y afines","Jornada Ordinaria","Oro","Zona 3","NA","Mes",8489294.0999999996,8457845.6999999993,13882013.609999999,8781505.8000000007,11194327.93,11942091.9,10923666.35,8028258.04,null,null,"SMMLV"]
["AgenteFrontOfficeAgenteprofesionalAgronomía,veterinariayafinesHoraextradiurnaOroZona3NA","IT-BPO-27-262","Agente Front Office","Agente profesional","Agronomía, veterinaria y afines","Hora extra diurna","Oro","Zona 3","NA","Hora",50531.51,48957.45,75447.69,40958.480000000003,54364.23,71084.12,70851.92,36041.49,null,null,"SMMLV"]
["AgenteFrontOfficeAgenteprofesionalAgronomía,veterinariayafinesHoraextranocturna OroZona3NA","IT-BPO-27-263","Agente Front Office","Agente profesional","Agronomía, veterinaria y afines","Hora extra nocturna ","Oro","Zona 3","NA","Hora",70744.12,68540.429999999993,105624.8,56811.89,71315.149999999994,99517.98,76520.08,50458.15,null,null,"SMMLV"]
["AgenteFrontOfficeAgenteprofesionalAgronomía,veterinariayafinesHoraextradominicalyfestivoOroZona3NA","IT-BPO-27-264","Agente Front Office","Agente profesional","Agronomía, veterinaria y afines","Hora extra dominical y festivo","Oro","Zona 3","NA","Hora",80850.42,97914.9,120713.9,64738.59,88278.080000000002,142168.23000000001,113363.08,57666.42,null,null,"SMMLV"]
["AgenteFrontOfficeAgenteprofesionalAgronomía,veterinariayafinesServicio7x24OroZona3NA","IT-BPO-27-265","Agente Front Office","Agente profesional","Agronomía, veterinaria y afines","Servicio 7x24","Oro","Zona 3","NA","Mes 7x24",40701287.969999999,33279841.16,55528048.969999999,37708557.710000001,42592421.240000002,67496320.129999995,52717374.600000001,33026091.329999998,null,null,"SMMLV"]
[{"$f":"SUBSTITUTE(C1346&D1346&E1346&F1346&G1346&H1346&I1346,\" \",\"\")","v":"AgenteFrontOfficeAgenteprofesionalAgronomía,veterinariayafinesJornadaOrdinariaPlatinoZona3NA"},"IT-BPO-27-266","Agente Front Office","Agente profesional","Agronomía, veterinaria y afines","Jornada Ordinaria","Platino","Zona 3","NA","Mes",8913758.8100000005,8482824.8399999999,13000615.26,8781505.8000000007,11194327.93,12118619.039999999,10923666.35,8111197.0599999996,null,null,"SMMLV"]
["AgenteFrontOfficeAgenteprofesionalAgronomía,veterinariayafinesHoraextradiurnaPlatinoZona3NA","IT-BPO-27-267","Agente Front Office","Agente profesional","Agronomía, veterinaria y afines","Hora extra diurna","Platino","Zona 3","NA","Hora",53058.09,48957.45,70657.070000000007,40958.480000000003,55321.2,72135.320000000007,70851.92,36482.660000000003,null,null,"SMMLV"]
["AgenteFrontOfficeAgenteprofesionalAgronomía,veterinariayafinesHoraextranocturna PlatinoZona3NA","IT-BPO-27-268","Agente Front Office","Agente profesional","Agronomía, veterinaria y afines","Hora extra nocturna ","Platino","Zona 3","NA","Hora",74281.320000000007,68540.429999999993,98917.92,56811.89,72403.539999999994,100988.57,76520.08,51075.73,null,null,"SMMLV"]
["AgenteFrontOfficeAgenteprofesionalAgronomía,veterinariayafinesHoraextradominicalyfestivoPlatinoZona3NA","IT-BPO-27-269","Agente Front Office","Agente profesional","Agronomía, veterinaria y afines","Hora extra dominical y festivo","Platino","Zona 3","NA","Hora",84892.94,97914.9,113049.99,64738.59,89758.3,144269.54,113363.08,58372.26,null,null,"SMMLV"]
["AgenteFrontOfficeAgenteprofesionalAgronomía,veterinariayafinesServicio7x24PlatinoZona3NA","IT-BPO-27-270","Agente Front Office","Agente profesional","Agronomía, veterinaria y afines","Servicio 7x24","Platino","Zona 3","NA","Mes 7x24",42736352.369999997,33368579.960000001,52002458.850000001,37708557.710000001,45482666.25,68494051.280000001,52717374.600000001,33412801.09,null,null,"SMMLV"]
["AgenteFrontOfficeAgenteprofesionalCienciasdelaeducaciónyafinesJornadaOrdinariaOroZona1NA","IT-BPO-27-271","Agente Front Office","Agente profesional","Ciencias de la educación y afines","Jornada Ordinaria","Oro","Zona 1","NA","Mes",8085042,8422875.7799999993,13608482.609999999,8781505.8000000007,11262461.6,11904873.949999999,10923666.35,8325600.9100000001,null,null,"SMMLV"]
["AgenteFrontOfficeAgenteprofesionalCienciasdelaeducaciónyafinesHoraextradiurnaOroZona1NA","IT-BPO-27-272","Agente Front Office","Agente profesional","Ciencias de la educación y afines","Hora extra diurna","Oro","Zona 1","NA","Hora",48125.25,48957.45,73959.59,40958.480000000003,56145.65,70862.929999999993,70851.92,37376.400000000001,null,null,"SMMLV"]
["AgenteFrontOfficeAgenteprofesionalCienciasdelaeducaciónyafinesHoraextranocturna OroZona1NA","IT-BPO-27-273","Agente Front Office","Agente profesional","Ciencias de la educación y afines","Hora extra nocturna ","Oro","Zona 1","NA","Hora",67375.350000000006,68540.429999999993,103543.2,56811.89,69012.02,99208.1,76520.08,52326.87,null,null,"SMMLV"]
["AgenteFrontOfficeAgenteprofesionalCienciasdelaeducaciónyafinesHoraextradominicalyfestivoOroZona1NA","IT-BPO-27-274","Agente Front Office","Agente profesional","Ciencias de la educación y afines","Hora extra dominical y festivo","Oro","Zona 1","NA","Hora",77000.399999999994,97914.9,118335.56,64738.59,91018.16,141724.76,113363.08,59802.22,null,null,"SMMLV"]
["AgenteFrontOfficeAgenteprofesionalCienciasdelaeducaciónyafinesServicio7x24OroZona1NA","IT-BPO-27-275","Agente Front Office","Agente profesional","Ciencias de la educación y afines","Servicio 7x24","Oro","Zona 1","NA","Mes 7x24",38763131.399999999,33155605.739999998,54433927.159999996,37708557.710000001,44969897.82,67310230.349999994,52717374.600000001,34249279.909999996,null,null,"SMMLV"]
["AgenteFrontOfficeAgenteprofesionalCienciasdelaeducaciónyafinesJornadaOrdinariaPlatinoZona1NA","IT-BPO-27-276","Agente Front Office","Agente profesional","Ciencias de la educación y afines","Jornada Ordinaria","Platino","Zona 1","NA","Mes",8489294.0999999996,8447854.9199999999,12744452.060000001,8781505.8000000007,11537317.119999999,12080851.4,10923666.35,8411611.8399999999,null,null,"SMMLV"]
["AgenteFrontOfficeAgenteprofesionalCienciasdelaeducaciónyafinesHoraextradiurnaPlatinoZona1NA","IT-BPO-27-277","Agente Front Office","Agente profesional","Ciencias de la educación y afines","Hora extra diurna","Platino","Zona 1","NA","Hora",50531.51,48957.45,69264.23,40958.480000000003,57161.599999999999,71910.84,70851.92,37833.89,null,null,"SMMLV"]
["AgenteFrontOfficeAgenteprofesionalCienciasdelaeducaciónyafinesHoraextranocturna PlatinoZona1NA","IT-BPO-27-278","Agente Front Office","Agente profesional","Ciencias de la educación y afines","Hora extra nocturna ","Platino","Zona 1","NA","Hora",70744.12,68540.429999999993,96969.919999999998,56811.89,74637.48,100674.3,76520.08,52967.45,null,null,"SMMLV"]
["AgenteFrontOfficeAgenteprofesionalCienciasdelaeducaciónyafinesHoraextradominicalyfestivoPlatinoZona1NA","IT-BPO-27-279","Agente Front Office","Agente profesional","Ciencias de la educación y afines","Hora extra dominical y festivo","Platino","Zona 1","NA","Hora",80850.42,97914.9,110822.76,64738.59,92858.85,143820.59,113363.08,60534.23,null,null,"SMMLV"]
["AgenteFrontOfficeAgenteprofesionalCienciasdelaeducaciónyafinesServicio7x24PlatinoZona1NA","IT-BPO-27-280","Agente Front Office","Agente profesional","Ciencias de la educación y afines","Servicio 7x24","Platino","Zona 1","NA","Mes 7x24",40701287.969999999,33244344.539999999,50977804.939999998,37708557.710000001,49501559.030000001,68305207.579999998,52717374.600000001,34650312.280000001,null,null,"SMMLV"]
["AgenteFrontOfficeAgenteprofesionalCienciasdelaeducaciónyafinesJornadaOrdinariaOroZona2NA","IT-BPO-27-281","Agente Front Office","Agente profesional","Ciencias de la educación y afines","Jornada Ordinaria","Oro","Zona 2","NA","Mes",8327593.2599999998,8437863.0500000007,13744568.119999999,8781505.8000000007,11194327.93,11915507.49,10923666.35,8325600.9100000001,null,null,"SMMLV"]
["AgenteFrontOfficeAgenteprofesionalCienciasdelaeducaciónyafinesHoraextradiurnaOroZona2NA","IT-BPO-27-282","Agente Front Office","Agente profesional","Ciencias de la educación y afines","Hora extra diurna","Oro","Zona 2","NA","Hora",49569.01,48957.45,74699.81,40958.480000000003,60609.16,70926.44,70851.92,37376.400000000001,null,null,"SMMLV"]
["AgenteFrontOfficeAgenteprofesionalCienciasdelaeducaciónyafinesHoraextranocturna OroZona2NA","IT-BPO-27-283","Agente Front Office","Agente profesional","Ciencias de la educación y afines","Hora extra nocturna ","Oro","Zona 2","NA","Hora",69396.61,68540.429999999993,104579.07,56811.89,69900.350000000006,99296.79,76520.08,52326.87,null,null,"SMMLV"]
["AgenteFrontOfficeAgenteprofesionalCienciasdelaeducaciónyafinesHoraextradominicalyfestivoOroZona2NA","IT-BPO-27-284","Agente Front Office","Agente profesional","Ciencias de la educación y afines","Hora extra dominical y festivo","Oro","Zona 2","NA","Hora",79310.41,97914.9,119519.25,64738.59,91999.53,141851.78,113363.08,59802.22,null,null,"SMMLV"]
["AgenteFrontOfficeAgenteprofesionalCienciasdelaeducaciónyafinesServicio7x24OroZona2NA","IT-BPO-27-285","Agente Front Office","Agente profesional","Ciencias de la educación y afines","Servicio 7x24","Oro","Zona 2","NA","Mes 7x24",39926025.340000004,33208849.02,54978265.890000001,37708557.710000001,45298238.140000001,67363398.079999998,52717374.600000001,34249279.909999996,null,null,"SMMLV"]
["AgenteFrontOfficeAgenteprofesionalCienciasdelaeducaciónyafinesJornadaOrdinariaPlatinoZona2NA","IT-BPO-27-286","Agente Front Office","Agente profesional","Ciencias de la educación y afines","Jornada Ordinaria","Platino","Zona 2","NA","Mes",8743972.9199999999,8462841.0899999999,12871895.82,8781505.8000000007,11777347.189999999,12091641.529999999,10923666.35,8411611.8399999999,null,null,"SMMLV"]
["AgenteFrontOfficeAgenteprofesionalCienciasdelaeducaciónyafinesHoraextradiurnaPlatinoZona2NA","IT-BPO-27-287","Agente Front Office","Agente profesional","Ciencias de la educación y afines","Hora extra diurna","Platino","Zona 2","NA","Hora",52047.46,48957.45,69957.36,40958.480000000003,58301.23,71974.350000000006,70851.92,37833.89,null,null,"SMMLV"]
["AgenteFrontOfficeAgenteprofesionalCienciasdelaeducaciónyafinesHoraextranocturna PlatinoZona2NA","IT-BPO-27-288","Agente Front Office","Agente profesional","Ciencias de la educación y afines","Hora extra nocturna ","Platino","Zona 2","NA","Hora",72866.44,68540.429999999993,97940.09,56811.89,70745.94,100764.09,76520.08,52967.45,null,null,"SMMLV"]
["AgenteFrontOfficeAgenteprofesionalCienciasdelaeducaciónyafinesHoraextradominicalyfestivoPlatinoZona2NA","IT-BPO-27-289","Agente Front Office","Agente profesional","Ciencias de la educación y afines","Hora extra dominical y festivo","Platino","Zona 2","NA","Hora",83275.929999999993,97914.9,111929.81,64738.59,89146.17,143948.70000000001,113363.08,60534.23,null,null,"SMMLV"]
["AgenteFrontOfficeAgenteprofesionalCienciasdelaeducaciónyafinesServicio7x24PlatinoZona2NA","IT-BPO-27-290","Agente Front Office","Agente profesional","Ciencias de la educación y afines","Servicio 7x24","Platino","Zona 2","NA","Mes 7x24",41922326.609999999,33297588.920000002,51487583.280000001,37708557.710000001,48183417.289999999,68359163.700000003,52717374.600000001,34650312.280000001,null,null,"SMMLV"]
["AgenteFrontOfficeAgenteprofesionalCienciasdelaeducaciónyafinesJornadaOrdinariaOroZona3NA","IT-BPO-27-291","Agente Front Office","Agente profesional","Ciencias de la educación y afines","Jornada Ordinaria","Oro","Zona 3","NA","Mes",8489294.0999999996,8457845.6999999993,13882013.609999999,8781505.8000000007,11194327.93,11942091.9,10923666.35,8028258.04,null,null,"SMMLV"]
["AgenteFrontOfficeAgenteprofesionalCienciasdelaeducaciónyafinesHoraextradiurnaOroZona3NA","IT-BPO-27-292","Agente Front Office","Agente profesional","Ciencias de la educación y afines","Hora extra diurna","Oro","Zona 3","NA","Hora",50531.51,48957.45,75447.69,40958.480000000003,57218.61,71084.12,70851.92,36041.49,null,null,"SMMLV"]
["AgenteFrontOfficeAgenteprofesionalCienciasdelaeducaciónyafinesHoraextranocturna OroZona3NA","IT-BPO-27-293","Agente Front Office","Agente profesional","Ciencias de la educación y afines","Hora extra nocturna ","Oro","Zona 3","NA","Hora",70744.12,68540.429999999993,105624.8,56811.89,74505.2,99517.98,76520.08,50458.15,null,null,"SMMLV"]
["AgenteFrontOfficeAgenteprofesionalCienciasdelaeducaciónyafinesHoraextradominicalyfestivoOroZona3NA","IT-BPO-27-294","Agente Front Office","Agente profesional","Ciencias de la educación y afines","Hora extra dominical y festivo","Oro","Zona 3","NA","Hora",80850.42,97914.9,120713.9,64738.59,92077.93,142168.23000000001,113363.08,57666.42,null,null,"SMMLV"]
["AgenteFrontOfficeAgenteprofesionalCienciasdelaeducaciónyafinesServicio7x24OroZona3NA","IT-BPO-27-295","Agente Front Office","Agente profesional","Ciencias de la educación y afines","Servicio 7x24","Oro","Zona 3","NA","Mes 7x24",40701287.969999999,33279841.16,55528048.969999999,37708557.710000001,45517131.07,67496320.129999995,52717374.600000001,33026091.329999998,null,null,"SMMLV"]
["AgenteFrontOfficeAgenteprofesionalCienciasdelaeducaciónyafinesJornadaOrdinariaPlatinoZona3NA","IT-BPO-27-296","Agente Front Office","Agente profesional","Ciencias de la educación y afines","Jornada Ordinaria","Platino","Zona 3","NA","Mes",8913758.8100000005,8482824.8399999999,13000615.26,8781505.8000000007,11415273.49,12118619.039999999,10923666.35,8111197.0599999996,null,null,"SMMLV"]
["AgenteFrontOfficeAgenteprofesionalCienciasdelaeducaciónyafinesHoraextradiurnaPlatinoZona3NA","IT-BPO-27-297","Agente Front Office","Agente profesional","Ciencias de la educación y afines","Hora extra diurna","Platino","Zona 3","NA","Hora",69343.72,48957.45,70657.070000000007,40958.480000000003,58640.44,72135.320000000007,70851.92,36482.660000000003,null,null,"SMMLV"]
["AgenteFrontOfficeAgenteprofesionalCienciasdelaeducaciónyafinesHoraextranocturna PlatinoZona3NA","IT-BPO-27-298","Agente Front Office","Agente profesional","Ciencias de la educación y afines","Hora extra nocturna ","Platino","Zona 3","NA","Hora",74281.320000000007,68540.429999999993,98917.92,56811.89,70818.11,100988.57,76520.08,51075.73,null,null,"SMMLV"]
["AgenteFrontOfficeAgenteprofesionalCienciasdelaeducaciónyafinesHoraextradominicalyfestivoPlatinoZona3NA","IT-BPO-27-299","Agente Front Office","Agente profesional","Ciencias de la educación y afines","Hora extra dominical y festivo","Platino","Zona 3","NA","Hora",84892.94,97914.9,113049.99,64738.59,94392.639999999999,144269.54,113363.08,58372.26,null,null,"SMMLV"]
["AgenteFrontOfficeAgenteprofesionalCienciasdelaeducaciónyafinesServicio7x24PlatinoZona3NA","IT-BPO-27-300","Agente Front Office","Agente profesional","Ciencias de la educación y afines","Servicio 7x24","Platino","Zona 3","NA","Mes 7x24",42736352.369999997,33368579.960000001,52002458.850000001,37708557.710000001,48428854.990000002,68494051.280000001,52717374.600000001,33412801.09,null,null,"SMMLV"]
["AgenteFrontOfficeAgenteespecializadoEconomía,administración,contaduríayafinesJornadaOrdinariaOroZona1NA","IT-BPO-27-301","Agente Front Office","Agente especializado","Economía, administración, contaduría y afines","Jornada Ordinaria","Oro","Zona 1","NA","Mes",10566662.4,10929488.460000001,17269319.460000001,11274891.98,14751925.640000001,15568164.689999999,13585097.289999999,10561883.49,null,null,"SMMLV"]
["AgenteFrontOfficeAgenteespecializadoEconomía,administración,contaduríayafinesHoraextradiurnaOroZona1NA","IT-BPO-27-302","Agente Front Office","Agente especializado","Economía, administración, contaduría y afines","Hora extra diurna","Oro","Zona 1","NA","Hora",62896.800000000003,65276.24,93855.74,53945.18,67235.240000000005,92667.66,88114.22,49271.5,null,null,"SMMLV"]
["AgenteFrontOfficeAgenteespecializadoEconomía,administración,contaduríayafinesHoraextranocturna OroZona1NA","IT-BPO-27-303","Agente Front Office","Agente especializado","Economía, administración, contaduría y afines","Hora extra nocturna ","Oro","Zona 1","NA","Hora",88055.52,91386.51,131398.91,74993.27,92001.77,129735.6,95163.35,68980.070000000007,null,null,"SMMLV"]
["AgenteFrontOfficeAgenteespecializadoEconomía,administración,contaduríayafinesHoraextradominicalyfestivoOroZona1NA","IT-BPO-27-304","Agente Front Office","Agente especializado","Economía, administración, contaduría y afines","Hora extra dominical y festivo","Oro","Zona 1","NA","Hora",100634.88,130552.47,150168.29999999999,85517.31,113853.23,185335.32,140982.74,78834.42,null,null,"SMMLV"]
["AgenteFrontOfficeAgenteespecializadoEconomía,administración,contaduríayafinesServicio7x24OroZona1NA","IT-BPO-27-305","Agente Front Office","Agente especializado","Economía, administración, contaduría y afines","Servicio 7x24","Oro","Zona 1","NA","Mes 7x24",51170313.600000001,43182056.460000001,69077272.370000005,49422365.100000001,58345044.880000003,88221976.430000007,65561382.07,44676120.780000001,null,null,"SMMLV"]
["AgenteFrontOfficeAgenteespecializadoEconomía,administración,contaduríayafinesJornadaOrdinariaPlatinoZona1NA","IT-BPO-27-306","Agente Front Office","Agente especializado","Economía, administración, contaduría y afines","Jornada Ordinaria","Platino","Zona 1","NA","Mes",11094995.52,10954467.6,16172854.35,11274891.98,14751925.640000001,15798293.18,13585097.289999999,10647894.32,null,null,"SMMLV"]
["AgenteFrontOfficeAgenteespecializadoEconomía,administración,contaduríayafinesHoraextradiurnaPlatinoZona1NA","IT-BPO-27-307","Agente Front Office","Agente especializado","Economía, administración, contaduría y afines","Hora extra diurna","Platino","Zona 1","NA","Hora",66041.64,65276.24,87896.75,53945.18,68248.11,94037.51,88114.22,49728.99,null,null,"SMMLV"]
["AgenteFrontOfficeAgenteespecializadoEconomía,administración,contaduríayafinesHoraextranocturna PlatinoZona1NA","IT-BPO-27-308","Agente Front Office","Agente especializado","Economía, administración, contaduría y afines","Hora extra nocturna ","Platino","Zona 1","NA","Hora",92458.3,91386.51,123055.01,74993.27,93387.78,131652.95000000001,95163.35,69620.649999999994,null,null,"SMMLV"]
["AgenteFrontOfficeAgenteespecializadoEconomía,administración,contaduríayafinesHoraextradominicalyfestivoPlatinoZona1NA","IT-BPO-27-309","Agente Front Office","Agente especializado","Economía, administración, contaduría y afines","Hora extra dominical y festivo","Platino","Zona 1","NA","Hora",105666.62,130552.47,140634.14000000001,85517.31,115739.97,188075.01,140982.74,79566.42,null,null,"SMMLV"]
["AgenteFrontOfficeAgenteespecializadoEconomía,administración,contaduríayafinesServicio7x24PlatinoZona1NA","IT-BPO-27-310","Agente Front Office","Agente especializado","Economía, administración, contaduría y afines","Servicio 7x24","Platino","Zona 1","NA","Mes 7x24",53728829.280000001,43270795.259999998,64691414.119999997,49422365.100000001,58326531.520000003,89526072.150000006,65561382.07,45077153.030000001,null,null,"SMMLV"]
["AgenteFrontOfficeAgenteespecializadoEconomía,administración,contaduríayafinesJornadaOrdinariaOroZona2NA","IT-BPO-27-311","Agente Front Office","Agente especializado","Economía, administración, contaduría y afines","Jornada Ordinaria","Oro","Zona 2","NA","Mes",10883662.27,10944475.73,17442011.91,11274891.98,14751925.640000001,15578798.24,13585097.289999999,10561883.49,null,null,"SMMLV"]
["AgenteFrontOfficeAgenteespecializadoEconomía,administración,contaduríayafinesHoraextradiurnaOroZona2NA","IT-BPO-27-312","Agente Front Office","Agente especializado","Economía, administración, contaduría y afines","Hora extra diurna","Oro","Zona 2","NA","Hora",64783.7,65276.24,94794.15,53945.18,68350.39,92731.17,88114.22,49271.5,null,null,"SMMLV"]
["AgenteFrontOfficeAgenteespecializadoEconomía,administración,contaduríayafinesHoraextranocturna OroZona2NA","IT-BPO-27-313","Agente Front Office","Agente especializado","Economía, administración, contaduría y afines","Hora extra nocturna ","Oro","Zona 2","NA","Hora",90697.19,91386.51,132712.91,74993.27,93468.89,129824.3,95163.35,68980.070000000007,null,null,"SMMLV"]
["AgenteFrontOfficeAgenteespecializadoEconomía,administración,contaduríayafinesHoraextradominicalyfestivoOroZona2NA","IT-BPO-27-314","Agente Front Office","Agente especializado","Economía, administración, contaduría y afines","Hora extra dominical y festivo","Oro","Zona 2","NA","Hora",103653.93,130552.47,151670.64000000001,85517.31,115824.41,185462.34,140982.74,78834.42,null,null,"SMMLV"]
["AgenteFrontOfficeAgenteespecializadoEconomía,administración,contaduríayafinesServicio7x24OroZona2NA","IT-BPO-27-315","Agente Front Office","Agente especializado","Economía, administración, contaduría y afines","Servicio 7x24","Oro","Zona 2","NA","Mes 7x24",52705423.009999998,43235299.740000002,69768045.450000003,49422365.100000001,58766189.859999999,88275144.150000006,65561382.07,44676120.780000001,null,null,"SMMLV"]
["AgenteFrontOfficeAgenteespecializadoEconomía,administración,contaduríayafinesJornadaOrdinariaPlatinoZona2NA","IT-BPO-27-316","Agente Front Office","Agente especializado","Economía, administración, contaduría y afines","Jornada Ordinaria","Platino","Zona 2","NA","Mes",11427845.390000001,10969453.77,16334582.57,11274891.98,14751925.640000001,15809083.310000001,13585097.289999999,10647894.32,null,null,"SMMLV"]
["AgenteFrontOfficeAgenteespecializadoEconomía,administración,contaduríayafinesHoraextradiurnaPlatinoZona2NA","IT-BPO-27-317","Agente Front Office","Agente especializado","Economía, administración, contaduría y afines","Hora extra diurna","Platino","Zona 2","NA","Hora",68022.89,65276.24,88776.03,53945.18,69390.42,94102.11,88114.22,49728.99,null,null,"SMMLV"]
["AgenteFrontOfficeAgenteespecializadoEconomía,administración,contaduríayafinesHoraextranocturna PlatinoZona2NA","IT-BPO-27-318","Agente Front Office","Agente especializado","Economía, administración, contaduría y afines","Hora extra nocturna ","Platino","Zona 2","NA","Hora",95232.04,91386.51,124285.79,74993.27,94890.01,131742.74,95163.35,69620.649999999994,null,null,"SMMLV"]
["AgenteFrontOfficeAgenteespecializadoEconomía,administración,contaduríayafinesHoraextradominicalyfestivoPlatinoZona2NA","IT-BPO-27-319","Agente Front Office","Agente especializado","Economía, administración, contaduría y afines","Hora extra dominical y festivo","Platino","Zona 2","NA","Hora",108836.62,130552.47,142041.21,85517.31,117758.76,188204.22,140982.74,79566.42,null,null,"SMMLV"]
["AgenteFrontOfficeAgenteespecializadoEconomía,administración,contaduríayafinesServicio7x24PlatinoZona2NA","IT-BPO-27-320","Agente Front Office","Agente especializado","Economía, administración, contaduría y afines","Servicio 7x24","Platino","Zona 2","NA","Mes 7x24",55340694.159999996,43324039.640000001,65338329.170000002,49422365.100000001,58726445.960000001,89580022.799999997,65561382.07,45077153.030000001,null,null,"SMMLV"]
["AgenteFrontOfficeAgenteespecializadoEconomía,administración,contaduríayafinesJornadaOrdinariaOroZona3NA","IT-BPO-27-321","Agente Front Office","Agente especializado","Economía, administración, contaduría y afines","Jornada Ordinaria","Oro","Zona 3","NA","Mes",11094995.52,10964458.380000001,17616432.27,11274891.98,14751925.640000001,15605382.65,13585097.289999999,10184673.289999999,null,null,"SMMLV"]
["AgenteFrontOfficeAgenteespecializadoEconomía,administración,contaduríayafinesHoraextradiurnaOroZona3NA","IT-BPO-27-322","Agente Front Office","Agente especializado","Economía, administración, contaduría y afines","Hora extra diurna","Oro","Zona 3","NA","Hora",66041.64,65276.24,95742.42,53945.18,71113.98,92889.95,88114.22,47511.83,null,null,"SMMLV"]
["AgenteFrontOfficeAgenteespecializadoEconomía,administración,contaduríayafinesHoraextranocturna OroZona3NA","IT-BPO-27-323","Agente Front Office","Agente especializado","Economía, administración, contaduría y afines","Hora extra nocturna ","Oro","Zona 3","NA","Hora",92458.3,91386.51,134038.95000000001,74993.27,93866.96,130045.49,95163.35,66516.539999999994,null,null,"SMMLV"]
["AgenteFrontOfficeAgenteespecializadoEconomía,administración,contaduríayafinesHoraextradominicalyfestivoOroZona3NA","IT-BPO-27-324","Agente Front Office","Agente especializado","Economía, administración, contaduría y afines","Hora extra dominical y festivo","Oro","Zona 3","NA","Hora",105666.62,130552.47,153187.22,85517.31,116367.29,185778.8,140982.74,76018.84,null,null,"SMMLV"]
["AgenteFrontOfficeAgenteespecializadoEconomía,administración,contaduríayafinesServicio7x24OroZona3NA","IT-BPO-27-325","Agente Front Office","Agente especializado","Economía, administración, contaduría y afines","Servicio 7x24","Oro","Zona 3","NA","Mes 7x24",53728829.280000001,43306291.880000003,70465725.799999997,49422365.100000001,59046953.43,88408066.200000003,65561382.07,43080545.030000001,null,null,"SMMLV"]
["AgenteFrontOfficeAgenteespecializadoEconomía,administración,contaduríayafinesJornadaOrdinariaPlatinoZona3NA","IT-BPO-27-326","Agente Front Office","Agente especializado","Economía, administración, contaduría y afines","Jornada Ordinaria","Platino","Zona 3","NA","Mes",11649745.300000001,10989437.52,16497928.1,11274891.98,14751925.640000001,15836060.82,13585097.289999999,10267612.43,null,null,"SMMLV"]
["AgenteFrontOfficeAgenteespecializadoEconomía,administración,contaduríayafinesHoraextradiurnaPlatinoZona3NA","IT-BPO-27-327","Agente Front Office","Agente especializado","Economía, administración, contaduría y afines","Hora extra diurna","Platino","Zona 3","NA","Hora",69343.72,65276.24,89664.08,53945.18,69688.36,94263.08,88114.22,47953.01,null,null,"SMMLV"]
["AgenteFrontOfficeAgenteespecializadoEconomía,administración,contaduríayafinesHoraextranocturna PlatinoZona3NA","IT-BPO-27-328","Agente Front Office","Agente especializado","Economía, administración, contaduría y afines","Hora extra nocturna ","Platino","Zona 3","NA","Hora",97081.21,91386.51,125528.61,74993.27,95299.07,131967.21,95163.35,67134.12,null,null,"SMMLV"]
["AgenteFrontOfficeAgenteespecializadoEconomía,administración,contaduríayafinesHoraextradominicalyfestivoPlatinoZona3NA","IT-BPO-27-329","Agente Front Office","Agente especializado","Economía, administración, contaduría y afines","Hora extra dominical y festivo","Platino","Zona 3","NA","Hora",110949.96,130552.47,143461.43,85517.31,118316.68,188525.06,140982.74,76724.789999999994,null,null,"SMMLV"]
[{"$f":"SUBSTITUTE(C1410&D1410&E1410&F1410&G1410&H1410&I1410,\" \",\"\")","v":"AgenteFrontOfficeAgenteespecializadoEconomía,administración,contaduríayafinesServicio7x24PlatinoZona3NA"},"IT-BPO-27-330","Agente Front Office","Agente especializado","Economía, administración, contaduría y afines","Servicio 7x24","Platino","Zona 3","NA","Mes 7x24",56415270.740000002,43395030.68,65991711.289999999,49422365.100000001,58971883.659999996,89714910.379999995,65561382.07,43467254.789999999,null,null,"SMMLV"]
["AgenteFrontOfficeAgenteespecializadoCienciassociales,humanasyafinesJornadaOrdinariaOroZona1NA","IT-BPO-27-331","Agente Front Office","Agente especializado","Ciencias sociales, humanas y afines","Jornada Ordinaria","Oro","Zona 1","NA","Mes",10566662.4,10929488.460000001,17269319.460000001,11274891.98,14751925.640000001,15568164.689999999,13585097.289999999,10561883.49,null,null,"SMMLV"]
["AgenteFrontOfficeAgenteespecializadoCienciassociales,humanasyafinesHoraextradiurnaOroZona1NA","IT-BPO-27-332","Agente Front Office","Agente especializado","Ciencias sociales, humanas y afines","Hora extra diurna","Oro","Zona 1","NA","Hora",62896.800000000003,65276.24,93855.74,53945.18,67235.240000000005,92667.66,88114.22,49271.5,null,null,"SMMLV"]
["AgenteFrontOfficeAgenteespecializadoCienciassociales,humanasyafinesHoraextranocturna OroZona1NA","IT-BPO-27-333","Agente Front Office","Agente especializado","Ciencias sociales, humanas y afines","Hora extra nocturna ","Oro","Zona 1","NA","Hora",88055.52,91386.51,131398.91,74993.27,92001.77,129735.6,95163.35,68980.070000000007,null,null,"SMMLV"]
["AgenteFrontOfficeAgenteespecializadoCienciassociales,humanasyafinesHoraextradominicalyfestivoOroZona1NA","IT-BPO-27-334","Agente Front Office","Agente especializado","Ciencias sociales, humanas y afines","Hora extra dominical y festivo","Oro","Zona 1","NA","Hora",100634.88,130552.47,150168.29999999999,85517.31,113853.23,185335.32,140982.74,78834.42,null,null,"SMMLV"]
["AgenteFrontOfficeAgenteespecializadoCienciassociales,humanasyafinesServicio7x24OroZona1NA","IT-BPO-27-335","Agente Front Office","Agente especializado","Ciencias sociales, humanas y afines","Servicio 7x24","Oro","Zona 1","NA","Mes 7x24",51170313.600000001,43182056.460000001,69077272.370000005,49422365.100000001,58345044.880000003,88221976.430000007,65561382.07,44676120.780000001,null,null,"SMMLV"]
["AgenteFrontOfficeAgenteespecializadoCienciassociales,humanasyafinesJornadaOrdinariaPlatinoZona1NA","IT-BPO-27-336","Agente Front Office","Agente especializado","Ciencias sociales, humanas y afines","Jornada Ordinaria","Platino","Zona 1","NA","Mes",11094995.52,10954467.6,16172854.35,11274891.98,14751925.640000001,15798293.18,13585097.289999999,10647894.32,null,null,"SMMLV"]
["AgenteFrontOfficeAgenteespecializadoCienciassociales,humanasyafinesHoraextradiurnaPlatinoZona1NA","IT-BPO-27-337","Agente Front Office","Agente especializado","Ciencias sociales, humanas y afines","Hora extra diurna","Platino","Zona 1","NA","Hora",66041.64,65276.24,87896.75,53945.18,68248.11,94037.51,88114.22,49728.99,null,null,"SMMLV"]
["AgenteFrontOfficeAgenteespecializadoCienciassociales,humanasyafinesHoraextranocturna PlatinoZona1NA","IT-BPO-27-338","Agente Front Office","Agente especializado","Ciencias sociales, humanas y afines","Hora extra nocturna ","Platino","Zona 1","NA","Hora",92458.3,91386.51,123055.01,74993.27,93387.78,131652.95000000001,95163.35,69620.649999999994,null,null,"SMMLV"]
["AgenteFrontOfficeAgenteespecializadoCienciassociales,humanasyafinesHoraextradominicalyfestivoPlatinoZona1NA","IT-BPO-27-339","Agente Front Office","Agente especializado","Ciencias sociales, humanas y afines","Hora extra dominical y festivo","Platino","Zona 1","NA","Hora",105666.62,130552.47,140634.14000000001,85517.31,115739.97,188075.01,140982.74,79566.42,null,null,"SMMLV"]
["AgenteFrontOfficeAgenteespecializadoCienciassociales,humanasyafinesServicio7x24PlatinoZona1NA","IT-BPO-27-340","Agente Front Office","Agente especializado","Ciencias sociales, humanas y afines","Servicio 7x24","Platino","Zona 1","NA","Mes 7x24",53728829.280000001,43270795.259999998,64691414.119999997,49422365.100000001,58326531.520000003,89526072.150000006,65561382.07,45077153.030000001,null,null,"SMMLV"]
["AgenteFrontOfficeAgenteespecializadoCienciassociales,humanasyafinesJornadaOrdinariaOroZona2NA","IT-BPO-27-341","Agente Front Office","Agente especializado","Ciencias sociales, humanas y afines","Jornada Ordinaria","Oro","Zona 2","NA","Mes",10883662.27,10944475.73,17442011.91,11274891.98,14751925.640000001,15578798.24,13585097.289999999,10561883.49,null,null,"SMMLV"]
["AgenteFrontOfficeAgenteespecializadoCienciassociales,humanasyafinesHoraextradiurnaOroZona2NA","IT-BPO-27-342","Agente Front Office","Agente especializado","Ciencias sociales, humanas y afines","Hora extra diurna","Oro","Zona 2","NA","Hora",64783.7,65276.24,94794.15,53945.18,68350.39,92731.17,88114.22,49271.5,null,null,"SMMLV"]
["AgenteFrontOfficeAgenteespecializadoCienciassociales,humanasyafinesHoraextranocturna OroZona2NA","IT-BPO-27-343","Agente Front Office","Agente especializado","Ciencias sociales, humanas y afines","Hora extra nocturna ","Oro","Zona 2","NA","Hora",90697.19,91386.51,132712.91,74993.27,93468.89,129824.3,95163.35,68980.070000000007,null,null,"SMMLV"]
["AgenteFrontOfficeAgenteespecializadoCienciassociales,humanasyafinesHoraextradominicalyfestivoOroZona2NA","IT-BPO-27-344","Agente Front Office","Agente especializado","Ciencias sociales, humanas y afines","Hora extra dominical y festivo","Oro","Zona 2","NA","Hora",103653.93,130552.47,151670.64000000001,85517.31,115824.41,185462.34,140982.74,78834.42,null,null,"SMMLV"]
["AgenteFrontOfficeAgenteespecializadoCienciassociales,humanasyafinesServicio7x24OroZona2NA","IT-BPO-27-345","Agente Front Office","Agente especializado","Ciencias sociales, humanas y afines","Servicio 7x24","Oro","Zona 2","NA","Mes 7x24",52705423.009999998,43235299.740000002,69768045.450000003,49422365.100000001,58766189.859999999,88275144.150000006,65561382.07,44676120.780000001,null,null,"SMMLV"]
["AgenteFrontOfficeAgenteespecializadoCienciassociales,humanasyafinesJornadaOrdinariaPlatinoZona2NA","IT-BPO-27-346","Agente Front Office","Agente especializado","Ciencias sociales, humanas y afines","Jornada Ordinaria","Platino","Zona 2","NA","Mes",11427845.390000001,10969453.77,16334582.57,11274891.98,14751925.640000001,15809083.310000001,13585097.289999999,10647894.32,null,null,"SMMLV"]
["AgenteFrontOfficeAgenteespecializadoCienciassociales,humanasyafinesHoraextradiurnaPlatinoZona2NA","IT-BPO-27-347","Agente Front Office","Agente especializado","Ciencias sociales, humanas y afines","Hora extra diurna","Platino","Zona 2","NA","Hora",68022.89,65276.24,88776.03,53945.18,69390.42,94102.11,88114.22,49728.99,null,null,"SMMLV"]
["AgenteFrontOfficeAgenteespecializadoCienciassociales,humanasyafinesHoraextranocturna PlatinoZona2NA","IT-BPO-27-348","Agente Front Office","Agente especializado","Ciencias sociales, humanas y afines","Hora extra nocturna ","Platino","Zona 2","NA","Hora",95232.04,91386.51,124285.79,74993.27,94890.01,131742.74,95163.35,69620.649999999994,null,null,"SMMLV"]
["AgenteFrontOfficeAgenteespecializadoCienciassociales,humanasyafinesHoraextradominicalyfestivoPlatinoZona2NA","IT-BPO-27-349","Agente Front Office","Agente especializado","Ciencias sociales, humanas y afines","Hora extra dominical y festivo","Platino","Zona 2","NA","Hora",108836.62,130552.47,142041.21,85517.31,117758.76,188204.22,140982.74,79566.42,null,null,"SMMLV"]
["AgenteFrontOfficeAgenteespecializadoCienciassociales,humanasyafinesServicio7x24PlatinoZona2NA","IT-BPO-27-350","Agente Front Office","Agente especializado","Ciencias sociales, humanas y afines","Servicio 7x24","Platino","Zona 2","NA","Mes 7x24",55340694.159999996,43324039.640000001,65338329.170000002,49422365.100000001,58726445.960000001,89580022.799999997,65561382.07,45077153.030000001,null,null,"SMMLV"]
["AgenteFrontOfficeAgenteespecializadoCienciassociales,humanasyafinesJornadaOrdinariaOroZona3NA","IT-BPO-27-351","Agente Front Office","Agente especializado","Ciencias sociales, humanas y afines","Jornada Ordinaria","Oro","Zona 3","NA","Mes",11094995.52,10964458.380000001,17616432.27,11274891.98,14751925.640000001,15605382.65,13585097.289999999,10184673.289999999,null,null,"SMMLV"]
["AgenteFrontOfficeAgenteespecializadoCienciassociales,humanasyafinesHoraextradiurnaOroZona3NA","IT-BPO-27-352","Agente Front Office","Agente especializado","Ciencias sociales, humanas y afines","Hora extra diurna","Oro","Zona 3","NA","Hora",66041.64,65276.24,95742.42,53945.18,71113.98,92889.95,88114.22,47511.83,null,null,"SMMLV"]
["AgenteFrontOfficeAgenteespecializadoCienciassociales,humanasyafinesHoraextranocturna OroZona3NA","IT-BPO-27-353","Agente Front Office","Agente especializado","Ciencias sociales, humanas y afines","Hora extra nocturna ","Oro","Zona 3","NA","Hora",92458.3,91386.51,134038.95000000001,74993.27,93866.96,130045.49,95163.35,66516.539999999994,null,null,"SMMLV"]
["AgenteFrontOfficeAgenteespecializadoCienciassociales,humanasyafinesHoraextradominicalyfestivoOroZona3NA","IT-BPO-27-354","Agente Front Office","Agente especializado","Ciencias sociales, humanas y afines","Hora extra dominical y festivo","Oro","Zona 3","NA","Hora",105666.62,130552.47,153187.22,85517.31,116367.29,185778.8,140982.74,76018.84,null,null,"SMMLV"]
["AgenteFrontOfficeAgenteespecializadoCienciassociales,humanasyafinesServicio7x24OroZona3NA","IT-BPO-27-355","Agente Front Office","Agente especializado","Ciencias sociales, humanas y afines","Servicio 7x24","Oro","Zona 3","NA","Mes 7x24",53728829.280000001,43306291.880000003,70465725.799999997,49422365.100000001,59046953.43,88408066.200000003,65561382.07,43080545.030000001,null,null,"SMMLV"]
["AgenteFrontOfficeAgenteespecializadoCienciassociales,humanasyafinesJornadaOrdinariaPlatinoZona3NA","IT-BPO-27-356","Agente Front Office","Agente especializado","Ciencias sociales, humanas y afines","Jornada Ordinaria","Platino","Zona 3","NA","Mes",11649745.300000001,10989437.52,16497928.1,11274891.98,14751925.640000001,15836060.82,13585097.289999999,10267612.43,null,null,"SMMLV"]
["AgenteFrontOfficeAgenteespecializadoCienciassociales,humanasyafinesHoraextradiurnaPlatinoZona3NA","IT-BPO-27-357","Agente Front Office","Agente especializado","Ciencias sociales, humanas y afines","Hora extra diurna","Platino","Zona 3","NA","Hora",69343.72,65276.24,89664.08,53945.18,69688.36,94263.08,88114.22,47953.01,null,null,"SMMLV"]
["AgenteFrontOfficeAgenteespecializadoCienciassociales,humanasyafinesHoraextranocturna PlatinoZona3NA","IT-BPO-27-358","Agente Front Office","Agente especializado","Ciencias sociales, humanas y afines","Hora extra nocturna ","Platino","Zona 3","NA","Hora",97081.21,91386.51,125528.61,74993.27,95299.07,131967.21,95163.35,67134.12,null,null,"SMMLV"]
["AgenteFrontOfficeAgenteespecializadoCienciassociales,humanasyafinesHoraextradominicalyfestivoPlatinoZona3NA","IT-BPO-27-359","Agente Front Office","Agente especializado","Ciencias sociales, humanas y afines","Hora extra dominical y festivo","Platino","Zona 3","NA","Hora",110949.96,130552.47,143461.43,85517.31,118316.68,188525.06,140982.74,76724.789999999994,null,null,"SMMLV"]
["AgenteFrontOfficeAgenteespecializadoCienciassociales,humanasyafinesServicio7x24PlatinoZona3NA","IT-BPO-27-360","Agente Front Office","Agente especializado","Ciencias sociales, humanas y afines","Servicio 7x24","Platino","Zona 3","NA","Mes 7x24",56415270.740000002,43395030.68,65991711.289999999,49422365.100000001,58971883.659999996,89714910.379999995,65561382.07,43467254.789999999,null,null,"SMMLV"]
["AgenteFrontOfficeAgenteespecializadoIngeniería,arquitectura,urbanismoyafinesJornadaOrdinariaOroZona1NA","IT-BPO-27-361","Agente Front Office","Agente especializado","Ingeniería, arquitectura, urbanismo y afines","Jornada Ordinaria","Oro","Zona 1","NA","Mes",10566662.4,10929488.460000001,17269319.460000001,11274891.98,14751925.640000001,15568164.689999999,13585097.289999999,10561883.49,null,null,"SMMLV"]
["AgenteFrontOfficeAgenteespecializadoIngeniería,arquitectura,urbanismoyafinesHoraextradiurnaOroZona1NA","IT-BPO-27-362","Agente Front Office","Agente especializado","Ingeniería, arquitectura, urbanismo y afines","Hora extra diurna","Oro","Zona 1","NA","Hora",62896.800000000003,65276.24,93855.74,53945.18,67235.240000000005,92667.66,88114.22,49271.5,null,null,"SMMLV"]
["AgenteFrontOfficeAgenteespecializadoIngeniería,arquitectura,urbanismoyafinesHoraextranocturna OroZona1NA","IT-BPO-27-363","Agente Front Office","Agente especializado","Ingeniería, arquitectura, urbanismo y afines","Hora extra nocturna ","Oro","Zona 1","NA","Hora",88055.52,91386.51,131398.91,74993.27,92001.77,129735.6,95163.35,68980.070000000007,null,null,"SMMLV"]
["AgenteFrontOfficeAgenteespecializadoIngeniería,arquitectura,urbanismoyafinesHoraextradominicalyfestivoOroZona1NA","IT-BPO-27-364","Agente Front Office","Agente especializado","Ingeniería, arquitectura, urbanismo y afines","Hora extra dominical y festivo","Oro","Zona 1","NA","Hora",100634.88,130552.47,150168.29999999999,85517.31,113853.23,185335.32,140982.74,78834.42,null,null,"SMMLV"]
["AgenteFrontOfficeAgenteespecializadoIngeniería,arquitectura,urbanismoyafinesServicio7x24OroZona1NA","IT-BPO-27-365","Agente Front Office","Agente especializado","Ingeniería, arquitectura, urbanismo y afines","Servicio 7x24","Oro","Zona 1","NA","Mes 7x24",51170313.600000001,43182056.460000001,69077272.370000005,49422365.100000001,58345044.880000003,88221976.430000007,65561382.07,44676120.780000001,null,null,"SMMLV"]
["AgenteFrontOfficeAgenteespecializadoIngeniería,arquitectura,urbanismoyafinesJornadaOrdinariaPlatinoZona1NA","IT-BPO-27-366","Agente Front Office","Agente especializado","Ingeniería, arquitectura, urbanismo y afines","Jornada Ordinaria","Platino","Zona 1","NA","Mes",11094995.52,10954467.6,16172854.35,11274891.98,14751925.640000001,15798293.18,13585097.289999999,10647894.32,null,null,"SMMLV"]
["AgenteFrontOfficeAgenteespecializadoIngeniería,arquitectura,urbanismoyafinesHoraextradiurnaPlatinoZona1NA","IT-BPO-27-367","Agente Front Office","Agente especializado","Ingeniería, arquitectura, urbanismo y afines","Hora extra diurna","Platino","Zona 1","NA","Hora",66041.64,65276.24,87896.75,53945.18,68248.11,94037.51,88114.22,49728.99,null,null,"SMMLV"]
["AgenteFrontOfficeAgenteespecializadoIngeniería,arquitectura,urbanismoyafinesHoraextranocturna PlatinoZona1NA","IT-BPO-27-368","Agente Front Office","Agente especializado","Ingeniería, arquitectura, urbanismo y afines","Hora extra nocturna ","Platino","Zona 1","NA","Hora",92458.3,91386.51,123055.01,74993.27,93387.78,131652.95000000001,95163.35,69620.649999999994,null,null,"SMMLV"]
["AgenteFrontOfficeAgenteespecializadoIngeniería,arquitectura,urbanismoyafinesHoraextradominicalyfestivoPlatinoZona1NA","IT-BPO-27-369","Agente Front Office","Agente especializado","Ingeniería, arquitectura, urbanismo y afines","Hora extra dominical y festivo","Platino","Zona 1","NA","Hora",105666.62,130552.47,140634.14000000001,85517.31,115739.97,188075.01,140982.74,79566.42,null,null,"SMMLV"]
["AgenteFrontOfficeAgenteespecializadoIngeniería,arquitectura,urbanismoyafinesServicio7x24PlatinoZona1NA","IT-BPO-27-370","Agente Front Office","Agente especializado","Ingeniería, arquitectura, urbanismo y afines","Servicio 7x24","Platino","Zona 1","NA","Mes 7x24",53728829.280000001,43270795.259999998,64691414.119999997,49422365.100000001,58326531.520000003,89526072.150000006,65561382.07,45077153.030000001,null,null,"SMMLV"]
["AgenteFrontOfficeAgenteespecializadoIngeniería,arquitectura,urbanismoyafinesJornadaOrdinariaOroZona2NA","IT-BPO-27-371","Agente Front Office","Agente especializado","Ingeniería, arquitectura, urbanismo y afines","Jornada Ordinaria","Oro","Zona 2","NA","Mes",10883662.27,10944475.73,17442011.91,11274891.98,14751925.640000001,15578798.24,13585097.289999999,10561883.49,null,null,"SMMLV"]
["AgenteFrontOfficeAgenteespecializadoIngeniería,arquitectura,urbanismoyafinesHoraextradiurnaOroZona2NA","IT-BPO-27-372","Agente Front Office","Agente especializado","Ingeniería, arquitectura, urbanismo y afines","Hora extra diurna","Oro","Zona 2","NA","Hora",64783.7,65276.24,94794.15,53945.18,68350.39,92731.17,88114.22,49271.5,null,null,"SMMLV"]
["AgenteFrontOfficeAgenteespecializadoIngeniería,arquitectura,urbanismoyafinesHoraextranocturna OroZona2NA","IT-BPO-27-373","Agente Front Office","Agente especializado","Ingeniería, arquitectura, urbanismo y afines","Hora extra nocturna ","Oro","Zona 2","NA","Hora",90697.19,91386.51,132712.91,74993.27,93468.89,129824.3,95163.35,68980.070000000007,null,null,"SMMLV"]
["AgenteFrontOfficeAgenteespecializadoIngeniería,arquitectura,urbanismoyafinesHoraextradominicalyfestivoOroZona2NA","IT-BPO-27-374","Agente Front Office","Agente especializado","Ingeniería, arquitectura, urbanismo y afines","Hora extra dominical y festivo","Oro","Zona 2","NA","Hora",103653.93,130552.47,151670.64000000001,85517.31,115824.41,185462.34,140982.74,78834.42,null,null,"SMMLV"]
["AgenteFrontOfficeAgenteespecializadoIngeniería,arquitectura,urbanismoyafinesServicio7x24OroZona2NA","IT-BPO-27-375","Agente Front Office","Agente especializado","Ingeniería, arquitectura, urbanismo y afines","Servicio 7x24","Oro","Zona 2","NA","Mes 7x24",52705423.009999998,43235299.740000002,69768045.450000003,49422365.100000001,58766189.859999999,88275144.150000006,65561382.07,44676120.780000001,null,null,"SMMLV"]
["AgenteFrontOfficeAgenteespecializadoIngeniería,arquitectura,urbanismoyafinesJornadaOrdinariaPlatinoZona2NA","IT-BPO-27-376","Agente Front Office","Agente especializado","Ingeniería, arquitectura, urbanismo y afines","Jornada Ordinaria","Platino","Zona 2","NA","Mes",11427845.390000001,10969453.77,16334582.57,11274891.98,14751925.640000001,15809083.310000001,13585097.289999999,10647894.32,null,null,"SMMLV"]
["AgenteFrontOfficeAgenteespecializadoIngeniería,arquitectura,urbanismoyafinesHoraextradiurnaPlatinoZona2NA","IT-BPO-27-377","Agente Front Office","Agente especializado","Ingeniería, arquitectura, urbanismo y afines","Hora extra diurna","Platino","Zona 2","NA","Hora",68022.89,65276.24,88776.03,53945.18,69390.42,94102.11,88114.22,49728.99,null,null,"SMMLV"]
["AgenteFrontOfficeAgenteespecializadoIngeniería,arquitectura,urbanismoyafinesHoraextranocturna PlatinoZona2NA","IT-BPO-27-378","Agente Front Office","Agente especializado","Ingeniería, arquitectura, urbanismo y afines","Hora extra nocturna ","Platino","Zona 2","NA","Hora",95232.04,91386.51,124285.79,74993.27,94890.01,131742.74,95163.35,69620.649999999994,null,null,"SMMLV"]
["AgenteFrontOfficeAgenteespecializadoIngeniería,arquitectura,urbanismoyafinesHoraextradominicalyfestivoPlatinoZona2NA","IT-BPO-27-379","Agente Front Office","Agente especializado","Ingeniería, arquitectura, urbanismo y afines","Hora extra dominical y festivo","Platino","Zona 2","NA","Hora",108836.62,130552.47,142041.21,85517.31,117758.76,188204.22,140982.74,79566.42,null,null,"SMMLV"]
["AgenteFrontOfficeAgenteespecializadoIngeniería,arquitectura,urbanismoyafinesServicio7x24PlatinoZona2NA","IT-BPO-27-380","Agente Front Office","Agente especializado","Ingeniería, arquitectura, urbanismo y afines","Servicio 7x24","Platino","Zona 2","NA","Mes 7x24",55340694.159999996,43324039.640000001,65338329.170000002,49422365.100000001,58726445.960000001,89580022.799999997,65561382.07,45077153.030000001,null,null,"SMMLV"]
["AgenteFrontOfficeAgenteespecializadoIngeniería,arquitectura,urbanismoyafinesJornadaOrdinariaOroZona3NA","IT-BPO-27-381","Agente Front Office","Agente especializado","Ingeniería, arquitectura, urbanismo y afines","Jornada Ordinaria","Oro","Zona 3","NA","Mes",11094995.52,10964458.380000001,17616432.27,11274891.98,14751925.640000001,15605382.65,13585097.289999999,10184673.289999999,null,null,"SMMLV"]
["AgenteFrontOfficeAgenteespecializadoIngeniería,arquitectura,urbanismoyafinesHoraextradiurnaOroZona3NA","IT-BPO-27-382","Agente Front Office","Agente especializado","Ingeniería, arquitectura, urbanismo y afines","Hora extra diurna","Oro","Zona 3","NA","Hora",66041.64,65276.24,95742.42,53945.18,71113.98,92889.95,88114.22,47511.83,null,null,"SMMLV"]
["AgenteFrontOfficeAgenteespecializadoIngeniería,arquitectura,urbanismoyafinesHoraextranocturna OroZona3NA","IT-BPO-27-383","Agente Front Office","Agente especializado","Ingeniería, arquitectura, urbanismo y afines","Hora extra nocturna ","Oro","Zona 3","NA","Hora",92458.3,91386.51,134038.95000000001,74993.27,93866.96,130045.49,95163.35,66516.539999999994,null,null,"SMMLV"]
["AgenteFrontOfficeAgenteespecializadoIngeniería,arquitectura,urbanismoyafinesHoraextradominicalyfestivoOroZona3NA","IT-BPO-27-384","Agente Front Office","Agente especializado","Ingeniería, arquitectura, urbanismo y afines","Hora extra dominical y festivo","Oro","Zona 3","NA","Hora",105666.62,130552.47,153187.22,85517.31,116367.29,185778.8,140982.74,76018.84,null,null,"SMMLV"]
["AgenteFrontOfficeAgenteespecializadoIngeniería,arquitectura,urbanismoyafinesServicio7x24OroZona3NA","IT-BPO-27-385","Agente Front Office","Agente especializado","Ingeniería, arquitectura, urbanismo y afines","Servicio 7x24","Oro","Zona 3","NA","Mes 7x24",53728829.280000001,43306291.880000003,70465725.799999997,49422365.100000001,59046953.43,88408066.200000003,65561382.07,43080545.030000001,null,null,"SMMLV"]
["AgenteFrontOfficeAgenteespecializadoIngeniería,arquitectura,urbanismoyafinesJornadaOrdinariaPlatinoZona3NA","IT-BPO-27-386","Agente Front Office","Agente especializado","Ingeniería, arquitectura, urbanismo y afines","Jornada Ordinaria","Platino","Zona 3","NA","Mes",11649745.300000001,10989437.52,16497928.1,11274891.98,14751925.640000001,15836060.82,13585097.289999999,10267612.43,null,null,"SMMLV"]
["AgenteFrontOfficeAgenteespecializadoIngeniería,arquitectura,urbanismoyafinesHoraextradiurnaPlatinoZona3NA","IT-BPO-27-387","Agente Front Office","Agente especializado","Ingeniería, arquitectura, urbanismo y afines","Hora extra diurna","Platino","Zona 3","NA","Hora",69343.72,65276.24,89664.08,53945.18,69688.36,94263.08,88114.22,47953.01,null,null,"SMMLV"]
["AgenteFrontOfficeAgenteespecializadoIngeniería,arquitectura,urbanismoyafinesHoraextranocturna PlatinoZona3NA","IT-BPO-27-388","Agente Front Office","Agente especializado","Ingeniería, arquitectura, urbanismo y afines","Hora extra nocturna ","Platino","Zona 3","NA","Hora",97081.21,91386.51,125528.61,74993.27,95299.07,131967.21,95163.35,67134.12,null,null,"SMMLV"]
["AgenteFrontOfficeAgenteespecializadoIngeniería,arquitectura,urbanismoyafinesHoraextradominicalyfestivoPlatinoZona3NA","IT-BPO-27-389","Agente Front Office","Agente especializado","Ingeniería, arquitectura, urbanismo y afines","Hora extra dominical y festivo","Platino","Zona 3","NA","Hora",110949.96,130552.47,143461.43,85517.31,118316.68,188525.06,140982.74,76724.789999999994,null,null,"SMMLV"]
["AgenteFrontOfficeAgenteespecializadoIngeniería,arquitectura,urbanismoyafinesServicio7x24PlatinoZona3NA","IT-BPO-27-390","Agente Front Office","Agente especializado","Ingeniería, arquitectura, urbanismo y afines","Servicio 7x24","Platino","Zona 3","NA","Mes 7x24",56415270.740000002,43395030.68,65991711.289999999,49422365.100000001,58971883.659999996,89714910.379999995,65561382.07,43467254.789999999,null,null,"SMMLV"]
["AgenteFrontOfficeAgenteespecializadoBellasartesyafinesJornadaOrdinariaOroZona1NA","IT-BPO-27-391","Agente Front Office","Agente especializado","Bellas artes y afines","Jornada Ordinaria","Oro","Zona 1","NA","Mes",10566662.4,10929488.460000001,17269319.460000001,11274891.98,14751925.640000001,15568164.689999999,13585097.289999999,10561883.49,null,null,"SMMLV"]
["AgenteFrontOfficeAgenteespecializadoBellasartesyafinesHoraextradiurnaOroZona1NA","IT-BPO-27-392","Agente Front Office","Agente especializado","Bellas artes y afines","Hora extra diurna","Oro","Zona 1","NA","Hora",62896.800000000003,65276.24,93855.74,53945.18,67235.240000000005,92667.66,88114.22,49271.5,null,null,"SMMLV"]
["AgenteFrontOfficeAgenteespecializadoBellasartesyafinesHoraextranocturna OroZona1NA","IT-BPO-27-393","Agente Front Office","Agente especializado","Bellas artes y afines","Hora extra nocturna ","Oro","Zona 1","NA","Hora",88055.52,91386.51,131398.91,74993.27,92001.77,129735.6,95163.35,68980.070000000007,null,null,"SMMLV"]
[{"$f":"SUBSTITUTE(C1474&D1474&E1474&F1474&G1474&H1474&I1474,\" \",\"\")","v":"AgenteFrontOfficeAgenteespecializadoBellasartesyafinesHoraextradominicalyfestivoOroZona1NA"},"IT-BPO-27-394","Agente Front Office","Agente especializado","Bellas artes y afines","Hora extra dominical y festivo","Oro","Zona 1","NA","Hora",100634.88,130552.47,150168.29999999999,85517.31,113853.23,185335.32,140982.74,78834.42,null,null,"SMMLV"]
["AgenteFrontOfficeAgenteespecializadoBellasartesyafinesServicio7x24OroZona1NA","IT-BPO-27-395","Agente Front Office","Agente especializado","Bellas artes y afines","Servicio 7x24","Oro","Zona 1","NA","Mes 7x24",51170313.600000001,43182056.460000001,69077272.370000005,49422365.100000001,58345044.880000003,88221976.430000007,65561382.07,44676120.780000001,null,null,"SMMLV"]
["AgenteFrontOfficeAgenteespecializadoBellasartesyafinesJornadaOrdinariaPlatinoZona1NA","IT-BPO-27-396","Agente Front Office","Agente especializado","Bellas artes y afines","Jornada Ordinaria","Platino","Zona 1","NA","Mes",11094995.52,10954467.6,16172854.35,11274891.98,14751925.640000001,15798293.18,13585097.289999999,10647894.32,null,null,"SMMLV"]
["AgenteFrontOfficeAgenteespecializadoBellasartesyafinesHoraextradiurnaPlatinoZona1NA","IT-BPO-27-397","Agente Front Office","Agente especializado","Bellas artes y afines","Hora extra diurna","Platino","Zona 1","NA","Hora",66041.64,65276.24,87896.75,53945.18,68248.11,94037.51,88114.22,49728.99,null,null,"SMMLV"]
["AgenteFrontOfficeAgenteespecializadoBellasartesyafinesHoraextranocturna PlatinoZona1NA","IT-BPO-27-398","Agente Front Office","Agente especializado","Bellas artes y afines","Hora extra nocturna ","Platino","Zona 1","NA","Hora",92458.3,91386.51,123055.01,74993.27,93387.78,131652.95000000001,95163.35,69620.649999999994,null,null,"SMMLV"]
["AgenteFrontOfficeAgenteespecializadoBellasartesyafinesHoraextradominicalyfestivoPlatinoZona1NA","IT-BPO-27-399","Agente Front Office","Agente especializado","Bellas artes y afines","Hora extra dominical y festivo","Platino","Zona 1","NA","Hora",105666.62,130552.47,140634.14000000001,85517.31,115739.97,188075.01,140982.74,79566.42,null,null,"SMMLV"]
["AgenteFrontOfficeAgenteespecializadoBellasartesyafinesServicio7x24PlatinoZona1NA","IT-BPO-27-400","Agente Front Office","Agente especializado","Bellas artes y afines","Servicio 7x24","Platino","Zona 1","NA","Mes 7x24",53728829.280000001,43270795.259999998,64691414.119999997,49422365.100000001,58326531.520000003,89526072.150000006,65561382.07,45077153.030000001,null,null,"SMMLV"]
["AgenteFrontOfficeAgenteespecializadoBellasartesyafinesJornadaOrdinariaOroZona2NA","IT-BPO-27-401","Agente Front Office","Agente especializado","Bellas artes y afines","Jornada Ordinaria","Oro","Zona 2","NA","Mes",10883662.27,10944475.73,17442011.91,11274891.98,14751925.640000001,15578798.24,13585097.289999999,10561883.49,null,null,"SMMLV"]
["AgenteFrontOfficeAgenteespecializadoBellasartesyafinesHoraextradiurnaOroZona2NA","IT-BPO-27-402","Agente Front Office","Agente especializado","Bellas artes y afines","Hora extra diurna","Oro","Zona 2","NA","Hora",64783.7,65276.24,94794.15,53945.18,68350.39,92731.17,88114.22,49271.5,null,null,"SMMLV"]
["AgenteFrontOfficeAgenteespecializadoBellasartesyafinesHoraextranocturna OroZona2NA","IT-BPO-27-403","Agente Front Office","Agente especializado","Bellas artes y afines","Hora extra nocturna ","Oro","Zona 2","NA","Hora",90697.19,91386.51,132712.91,74993.27,93468.89,129824.3,95163.35,68980.070000000007,null,null,"SMMLV"]
["AgenteFrontOfficeAgenteespecializadoBellasartesyafinesHoraextradominicalyfestivoOroZona2NA","IT-BPO-27-404","Agente Front Office","Agente especializado","Bellas artes y afines","Hora extra dominical y festivo","Oro","Zona 2","NA","Hora",103653.93,130552.47,151670.64000000001,85517.31,115824.41,185462.34,140982.74,78834.42,null,null,"SMMLV"]
["AgenteFrontOfficeAgenteespecializadoBellasartesyafinesServicio7x24OroZona2NA","IT-BPO-27-405","Agente Front Office","Agente especializado","Bellas artes y afines","Servicio 7x24","Oro","Zona 2","NA","Mes 7x24",52705423.009999998,43235299.740000002,69768045.450000003,49422365.100000001,58766189.859999999,88275144.150000006,65561382.07,44676120.780000001,null,null,"SMMLV"]
["AgenteFrontOfficeAgenteespecializadoBellasartesyafinesJornadaOrdinariaPlatinoZona2NA","IT-BPO-27-406","Agente Front Office","Agente especializado","Bellas artes y afines","Jornada Ordinaria","Platino","Zona 2","NA","Mes",11427845.390000001,10969453.77,16334582.57,11274891.98,14751925.640000001,15809083.310000001,13585097.289999999,10647894.32,null,null,"SMMLV"]
["AgenteFrontOfficeAgenteespecializadoBellasartesyafinesHoraextradiurnaPlatinoZona2NA","IT-BPO-27-407","Agente Front Office","Agente especializado","Bellas artes y afines","Hora extra diurna","Platino","Zona 2","NA","Hora",68022.89,65276.24,88776.03,53945.18,69390.42,94102.11,88114.22,49728.99,null,null,"SMMLV"]
["AgenteFrontOfficeAgenteespecializadoBellasartesyafinesHoraextranocturna PlatinoZona2NA","IT-BPO-27-408","Agente Front Office","Agente especializado","Bellas artes y afines","Hora extra nocturna ","Platino","Zona 2","NA","Hora",95232.04,91386.51,124285.79,74993.27,94890.01,131742.74,95163.35,69620.649999999994,null,null,"SMMLV"]
["AgenteFrontOfficeAgenteespecializadoBellasartesyafinesHoraextradominicalyfestivoPlatinoZona2NA","IT-BPO-27-409","Agente Front Office","Agente especializado","Bellas artes y afines","Hora extra dominical y festivo","Platino","Zona 2","NA","Hora",108836.62,130552.47,142041.21,85517.31,117758.76,188204.22,140982.74,79566.42,null,null,"SMMLV"]
["AgenteFrontOfficeAgenteespecializadoBellasartesyafinesServicio7x24PlatinoZona2NA","IT-BPO-27-410","Agente Front Office","Agente especializado","Bellas artes y afines","Servicio 7x24","Platino","Zona 2","NA","Mes 7x24",55340694.159999996,43324039.640000001,65338329.170000002,49422365.100000001,58726445.960000001,89580022.799999997,65561382.07,45077153.030000001,null,null,"SMMLV"]
["AgenteFrontOfficeAgenteespecializadoBellasartesyafinesJornadaOrdinariaOroZona3NA","IT-BPO-27-411","Agente Front Office","Agente especializado","Bellas artes y afines","Jornada Ordinaria","Oro","Zona 3","NA","Mes",11094995.52,10964458.380000001,17616432.27,11274891.98,14751925.640000001,15605382.65,13585097.289999999,10184673.289999999,null,null,"SMMLV"]
["AgenteFrontOfficeAgenteespecializadoBellasartesyafinesHoraextradiurnaOroZona3NA","IT-BPO-27-412","Agente Front Office","Agente especializado","Bellas artes y afines","Hora extra diurna","Oro","Zona 3","NA","Hora",66041.64,65276.24,95742.42,53945.18,71113.98,92889.95,88114.22,47511.83,null,null,"SMMLV"]
["AgenteFrontOfficeAgenteespecializadoBellasartesyafinesHoraextranocturna OroZona3NA","IT-BPO-27-413","Agente Front Office","Agente especializado","Bellas artes y afines","Hora extra nocturna ","Oro","Zona 3","NA","Hora",92458.3,91386.51,134038.95000000001,74993.27,93866.96,130045.49,95163.35,66516.539999999994,null,null,"SMMLV"]
["AgenteFrontOfficeAgenteespecializadoBellasartesyafinesHoraextradominicalyfestivoOroZona3NA","IT-BPO-27-414","Agente Front Office","Agente especializado","Bellas artes y afines","Hora extra dominical y festivo","Oro","Zona 3","NA","Hora",105666.62,130552.47,153187.22,85517.31,116367.29,185778.8,140982.74,76018.84,null,null,"SMMLV"]
["AgenteFrontOfficeAgenteespecializadoBellasartesyafinesServicio7x24OroZona3NA","IT-BPO-27-415","Agente Front Office","Agente especializado","Bellas artes y afines","Servicio 7x24","Oro","Zona 3","NA","Mes 7x24",53728829.280000001,43306291.880000003,70465725.799999997,49422365.100000001,59046953.43,88408066.200000003,65561382.07,43080545.030000001,null,null,"SMMLV"]
["AgenteFrontOfficeAgenteespecializadoBellasartesyafinesJornadaOrdinariaPlatinoZona3NA","IT-BPO-27-416","Agente Front Office","Agente especializado","Bellas artes y afines","Jornada Ordinaria","Platino","Zona 3","NA","Mes",11649745.300000001,10989437.52,16497928.1,11274891.98,14751925.640000001,15836060.82,13585097.289999999,10267612.43,null,null,"SMMLV"]
["AgenteFrontOfficeAgenteespecializadoBellasartesyafinesHoraextradiurnaPlatinoZona3NA","IT-BPO-27-417","Agente Front Office","Agente especializado","Bellas artes y afines","Hora extra diurna","Platino","Zona 3","NA","Hora",69343.72,65276.24,89664.08,53945.18,69688.36,94263.08,88114.22,47953.01,null,null,"SMMLV"]
["AgenteFrontOfficeAgenteespecializadoBellasartesyafinesHoraextranocturna PlatinoZona3NA","IT-BPO-27-418","Agente Front Office","Agente especializado","Bellas artes y afines","Hora extra nocturna ","Platino","Zona 3","NA","Hora",97081.21,91386.51,125528.61,74993.27,95299.07,131967.21,95163.35,67134.12,null,null,"SMMLV"]
["AgenteFrontOfficeAgenteespecializadoBellasartesyafinesHoraextradominicalyfestivoPlatinoZona3NA","IT-BPO-27-419","Agente Front Office","Agente especializado","Bellas artes y afines","Hora extra dominical y festivo","Platino","Zona 3","NA","Hora",110949.96,130552.47,143461.43,85517.31,118316.68,188525.06,140982.74,76724.789999999994,null,null,"SMMLV"]
["AgenteFrontOfficeAgenteespecializadoBellasartesyafinesServicio7x24PlatinoZona3NA","IT-BPO-27-420","Agente Front Office","Agente especializado","Bellas artes y afines","Servicio 7x24","Platino","Zona 3","NA","Mes 7x24",56415270.740000002,43395030.68,65991711.289999999,49422365.100000001,58971883.659999996,89714910.379999995,65561382.07,43467254.789999999,null,null,"SMMLV"]
["AgenteFrontOfficeAgenteespecializadoMatemáticas,cienciasnaturalesyafinesJornadaOrdinariaOroZona1NA","IT-BPO-27-421","Agente Front Office","Agente especializado","Matemáticas, ciencias naturales y afines","Jornada Ordinaria","Oro","Zona 1","NA","Mes",10566662.4,10929488.460000001,17269319.460000001,11274891.98,14751925.640000001,15568164.689999999,13585097.289999999,10561883.49,null,null,"SMMLV"]
["AgenteFrontOfficeAgenteespecializadoMatemáticas,cienciasnaturalesyafinesHoraextradiurnaOroZona1NA","IT-BPO-27-422","Agente Front Office","Agente especializado","Matemáticas, ciencias naturales y afines","Hora extra diurna","Oro","Zona 1","NA","Hora",62896.800000000003,65276.24,93855.74,53945.18,67235.240000000005,92667.66,88114.22,49271.5,null,null,"SMMLV"]
["AgenteFrontOfficeAgenteespecializadoMatemáticas,cienciasnaturalesyafinesHoraextranocturna OroZona1NA","IT-BPO-27-423","Agente Front Office","Agente especializado","Matemáticas, ciencias naturales y afines","Hora extra nocturna ","Oro","Zona 1","NA","Hora",88055.52,91386.51,131398.91,74993.27,92001.77,129735.6,95163.35,68980.070000000007,null,null,"SMMLV"]
["AgenteFrontOfficeAgenteespecializadoMatemáticas,cienciasnaturalesyafinesHoraextradominicalyfestivoOroZona1NA","IT-BPO-27-424","Agente Front Office","Agente especializado","Matemáticas, ciencias naturales y afines","Hora extra dominical y festivo","Oro","Zona 1","NA","Hora",100634.88,130552.47,150168.29999999999,85517.31,113853.23,185335.32,140982.74,78834.42,null,null,"SMMLV"]
["AgenteFrontOfficeAgenteespecializadoMatemáticas,cienciasnaturalesyafinesServicio7x24OroZona1NA","IT-BPO-27-425","Agente Front Office","Agente especializado","Matemáticas, ciencias naturales y afines","Servicio 7x24","Oro","Zona 1","NA","Mes 7x24",51170313.600000001,43182056.460000001,69077272.370000005,49422365.100000001,58345044.880000003,88221976.430000007,65561382.07,44676120.780000001,null,null,"SMMLV"]
["AgenteFrontOfficeAgenteespecializadoMatemáticas,cienciasnaturalesyafinesJornadaOrdinariaPlatinoZona1NA","IT-BPO-27-426","Agente Front Office","Agente especializado","Matemáticas, ciencias naturales y afines","Jornada Ordinaria","Platino","Zona 1","NA","Mes",11094995.52,10954467.6,16172854.35,11274891.98,14751925.640000001,15798293.18,13585097.289999999,10647894.32,null,null,"SMMLV"]
["AgenteFrontOfficeAgenteespecializadoMatemáticas,cienciasnaturalesyafinesHoraextradiurnaPlatinoZona1NA","IT-BPO-27-427","Agente Front Office","Agente especializado","Matemáticas, ciencias naturales y afines","Hora extra diurna","Platino","Zona 1","NA","Hora",66041.64,65276.24,87896.75,53945.18,68248.11,94037.51,88114.22,49728.99,null,null,"SMMLV"]
["AgenteFrontOfficeAgenteespecializadoMatemáticas,cienciasnaturalesyafinesHoraextranocturna PlatinoZona1NA","IT-BPO-27-428","Agente Front Office","Agente especializado","Matemáticas, ciencias naturales y afines","Hora extra nocturna ","Platino","Zona 1","NA","Hora",92458.3,91386.51,123055.01,74993.27,93387.78,131652.95000000001,95163.35,69620.649999999994,null,null,"SMMLV"]
["AgenteFrontOfficeAgenteespecializadoMatemáticas,cienciasnaturalesyafinesHoraextradominicalyfestivoPlatinoZona1NA","IT-BPO-27-429","Agente Front Office","Agente especializado","Matemáticas, ciencias naturales y afines","Hora extra dominical y festivo","Platino","Zona 1","NA","Hora",105666.62,130552.47,140634.14000000001,85517.31,115739.97,188075.01,140982.74,79566.42,null,null,"SMMLV"]
["AgenteFrontOfficeAgenteespecializadoMatemáticas,cienciasnaturalesyafinesServicio7x24PlatinoZona1NA","IT-BPO-27-430","Agente Front Office","Agente especializado","Matemáticas, ciencias naturales y afines","Servicio 7x24","Platino","Zona 1","NA","Mes 7x24",53728829.280000001,43270795.259999998,64691414.119999997,49422365.100000001,58326531.520000003,89526072.150000006,65561382.07,45077153.030000001,null,null,"SMMLV"]
["AgenteFrontOfficeAgenteespecializadoMatemáticas,cienciasnaturalesyafinesJornadaOrdinariaOroZona2NA","IT-BPO-27-431","Agente Front Office","Agente especializado","Matemáticas, ciencias naturales y afines","Jornada Ordinaria","Oro","Zona 2","NA","Mes",10883662.27,10944475.73,17442011.91,11274891.98,14751925.640000001,15578798.24,13585097.289999999,10561883.49,null,null,"SMMLV"]
["AgenteFrontOfficeAgenteespecializadoMatemáticas,cienciasnaturalesyafinesHoraextradiurnaOroZona2NA","IT-BPO-27-432","Agente Front Office","Agente especializado","Matemáticas, ciencias naturales y afines","Hora extra diurna","Oro","Zona 2","NA","Hora",64783.7,65276.24,94794.15,53945.18,68350.39,92731.17,88114.22,49271.5,null,null,"SMMLV"]
["AgenteFrontOfficeAgenteespecializadoMatemáticas,cienciasnaturalesyafinesHoraextranocturna OroZona2NA","IT-BPO-27-433","Agente Front Office","Agente especializado","Matemáticas, ciencias naturales y afines","Hora extra nocturna ","Oro","Zona 2","NA","Hora",90697.19,91386.51,132712.91,74993.27,93468.89,129824.3,95163.35,68980.070000000007,null,null,"SMMLV"]
["AgenteFrontOfficeAgenteespecializadoMatemáticas,cienciasnaturalesyafinesHoraextradominicalyfestivoOroZona2NA","IT-BPO-27-434","Agente Front Office","Agente especializado","Matemáticas, ciencias naturales y afines","Hora extra dominical y festivo","Oro","Zona 2","NA","Hora",103653.93,130552.47,151670.64000000001,85517.31,115824.41,185462.34,140982.74,78834.42,null,null,"SMMLV"]
["AgenteFrontOfficeAgenteespecializadoMatemáticas,cienciasnaturalesyafinesServicio7x24OroZona2NA","IT-BPO-27-435","Agente Front Office","Agente especializado","Matemáticas, ciencias naturales y afines","Servicio 7x24","Oro","Zona 2","NA","Mes 7x24",52705423.009999998,43235299.740000002,69768045.450000003,49422365.100000001,58766189.859999999,88275144.150000006,65561382.07,44676120.780000001,null,null,"SMMLV"]
["AgenteFrontOfficeAgenteespecializadoMatemáticas,cienciasnaturalesyafinesJornadaOrdinariaPlatinoZona2NA","IT-BPO-27-436","Agente Front Office","Agente especializado","Matemáticas, ciencias naturales y afines","Jornada Ordinaria","Platino","Zona 2","NA","Mes",11427845.390000001,10969453.77,16334582.57,11274891.98,14751925.640000001,15809083.310000001,13585097.289999999,10647894.32,null,null,"SMMLV"]
["AgenteFrontOfficeAgenteespecializadoMatemáticas,cienciasnaturalesyafinesHoraextradiurnaPlatinoZona2NA","IT-BPO-27-437","Agente Front Office","Agente especializado","Matemáticas, ciencias naturales y afines","Hora extra diurna","Platino","Zona 2","NA","Hora",68022.89,65276.24,88776.03,53945.18,69390.42,94102.11,88114.22,49728.99,null,null,"SMMLV"]
["AgenteFrontOfficeAgenteespecializadoMatemáticas,cienciasnaturalesyafinesHoraextranocturna PlatinoZona2NA","IT-BPO-27-438","Agente Front Office","Agente especializado","Matemáticas, ciencias naturales y afines","Hora extra nocturna ","Platino","Zona 2","NA","Hora",95232.04,91386.51,124285.79,74993.27,94890.01,131742.74,95163.35,69620.649999999994,null,null,"SMMLV"]
["AgenteFrontOfficeAgenteespecializadoMatemáticas,cienciasnaturalesyafinesHoraextradominicalyfestivoPlatinoZona2NA","IT-BPO-27-439","Agente Front Office","Agente especializado","Matemáticas, ciencias naturales y afines","Hora extra dominical y festivo","Platino","Zona 2","NA","Hora",108836.62,130552.47,142041.21,85517.31,117758.76,188204.22,140982.74,79566.42,null,null,"SMMLV"]
["AgenteFrontOfficeAgenteespecializadoMatemáticas,cienciasnaturalesyafinesServicio7x24PlatinoZona2NA","IT-BPO-27-440","Agente Front Office","Agente especializado","Matemáticas, ciencias naturales y afines","Servicio 7x24","Platino","Zona 2","NA","Mes 7x24",55340694.159999996,43324039.640000001,65338329.170000002,49422365.100000001,58726445.960000001,89580022.799999997,65561382.07,45077153.030000001,null,null,"SMMLV"]
["AgenteFrontOfficeAgenteespecializadoMatemáticas,cienciasnaturalesyafinesJornadaOrdinariaOroZona3NA","IT-BPO-27-441","Agente Front Office","Agente especializado","Matemáticas, ciencias naturales y afines","Jornada Ordinaria","Oro","Zona 3","NA","Mes",11094995.52,10964458.380000001,17616432.27,11274891.98,14751925.640000001,15605382.65,13585097.289999999,10184673.289999999,null,null,"SMMLV"]
["AgenteFrontOfficeAgenteespecializadoMatemáticas,cienciasnaturalesyafinesHoraextradiurnaOroZona3NA","IT-BPO-27-442","Agente Front Office","Agente especializado","Matemáticas, ciencias naturales y afines","Hora extra diurna","Oro","Zona 3","NA","Hora",66041.64,65276.24,95742.42,53945.18,71113.98,92889.95,88114.22,47511.83,null,null,"SMMLV"]
["AgenteFrontOfficeAgenteespecializadoMatemáticas,cienciasnaturalesyafinesHoraextranocturna OroZona3NA","IT-BPO-27-443","Agente Front Office","Agente especializado","Matemáticas, ciencias naturales y afines","Hora extra nocturna ","Oro","Zona 3","NA","Hora",92458.3,91386.51,134038.95000000001,74993.27,93866.96,130045.49,95163.35,66516.539999999994,null,null,"SMMLV"]
["AgenteFrontOfficeAgenteespecializadoMatemáticas,cienciasnaturalesyafinesHoraextradominicalyfestivoOroZona3NA","IT-BPO-27-444","Agente Front Office","Agente especializado","Matemáticas, ciencias naturales y afines","Hora extra dominical y festivo","Oro","Zona 3","NA","Hora",105666.62,130552.47,153187.22,85517.31,116367.29,185778.8,140982.74,76018.84,null,null,"SMMLV"]
["AgenteFrontOfficeAgenteespecializadoMatemáticas,cienciasnaturalesyafinesServicio7x24OroZona3NA","IT-BPO-27-445","Agente Front Office","Agente especializado","Matemáticas, ciencias naturales y afines","Servicio 7x24","Oro","Zona 3","NA","Mes 7x24",53728829.280000001,43306291.880000003,70465725.799999997,49422365.100000001,59046953.43,88408066.200000003,65561382.07,43080545.030000001,null,null,"SMMLV"]
["AgenteFrontOfficeAgenteespecializadoMatemáticas,cienciasnaturalesyafinesJornadaOrdinariaPlatinoZona3NA","IT-BPO-27-446","Agente Front Office","Agente especializado","Matemáticas, ciencias naturales y afines","Jornada Ordinaria","Platino","Zona 3","NA","Mes",11649745.300000001,10989437.52,16497928.1,11274891.98,14751925.640000001,15836060.82,13585097.289999999,10267612.43,null,null,"SMMLV"]
["AgenteFrontOfficeAgenteespecializadoMatemáticas,cienciasnaturalesyafinesHoraextradiurnaPlatinoZona3NA","IT-BPO-27-447","Agente Front Office","Agente especializado","Matemáticas, ciencias naturales y afines","Hora extra diurna","Platino","Zona 3","NA","Hora",85629.36,65276.24,89664.08,53945.18,69688.36,94263.08,88114.22,47953.01,null,null,"SMMLV"]
["AgenteFrontOfficeAgenteespecializadoMatemáticas,cienciasnaturalesyafinesHoraextranocturna PlatinoZona3NA","IT-BPO-27-448","Agente Front Office","Agente especializado","Matemáticas, ciencias naturales y afines","Hora extra nocturna ","Platino","Zona 3","NA","Hora",97081.21,91386.51,125528.61,74993.27,95299.07,131967.21,95163.35,67134.12,null,null,"SMMLV"]
["AgenteFrontOfficeAgenteespecializadoMatemáticas,cienciasnaturalesyafinesHoraextradominicalyfestivoPlatinoZona3NA","IT-BPO-27-449","Agente Front Office","Agente especializado","Matemáticas, ciencias naturales y afines","Hora extra dominical y festivo","Platino","Zona 3","NA","Hora",110949.96,130552.47,143461.43,85517.31,118316.68,188525.06,140982.74,76724.789999999994,null,null,"SMMLV"]
["AgenteFrontOfficeAgenteespecializadoMatemáticas,cienciasnaturalesyafinesServicio7x24PlatinoZona3NA","IT-BPO-27-450","Agente Front Office","Agente especializado","Matemáticas, ciencias naturales y afines","Servicio 7x24","Platino","Zona 3","NA","Mes 7x24",56415270.740000002,43395030.68,65991711.289999999,49422365.100000001,58971883.659999996,89714910.379999995,65561382.07,43467254.789999999,null,null,"SMMLV"]
["AgenteFrontOfficeAgenteespecializadoCienciasdelasaludyafinesJornadaOrdinariaOroZona1NA","IT-BPO-27-451","Agente Front Office","Agente especializado","Ciencias de la salud y afines","Jornada Ordinaria","Oro","Zona 1","NA","Mes",13048282.800000001,13436101.140000001,20930155.219999999,16282216.380000001,18309523.359999999,19231455.440000001,13585097.289999999,12798165.970000001,null,null,"SMMLV"]
["AgenteFrontOfficeAgenteespecializadoCienciasdelasaludyafinesHoraextradiurnaOroZona1NA","IT-BPO-27-452","Agente Front Office","Agente especializado","Ciencias de la salud y afines","Hora extra diurna","Oro","Zona 1","NA","Hora",77668.350000000006,81595.02,113751.89,92904.18,93540.25,114473.49,88114.22,61166.59,null,null,"SMMLV"]
["AgenteFrontOfficeAgenteespecializadoCienciasdelasaludyafinesHoraextranocturna OroZona1NA","IT-BPO-27-453","Agente Front Office","Agente especializado","Ciencias de la salud y afines","Hora extra nocturna ","Oro","Zona 1","NA","Hora",108735.69,114233.69,159252.42000000001,112456.5,122941.74,160263.10999999999,95163.35,85633.27,null,null,"SMMLV"]
["AgenteFrontOfficeAgenteespecializadoCienciasdelasaludyafinesHoraextradominicalyfestivoOroZona1NA","IT-BPO-27-454","Agente Front Office","Agente especializado","Ciencias de la salud y afines","Hora extra dominical y festivo","Oro","Zona 1","NA","Hora",124269.36,163191.14000000001,182002.14,128358.09,145872.16,228946.98,140982.74,97866.61,null,null,"SMMLV"]
["AgenteFrontOfficeAgenteespecializadoCienciasdelasaludyafinesServicio7x24OroZona1NA","IT-BPO-27-455","Agente Front Office","Agente especializado","Ciencias de la salud y afines","Servicio 7x24","Oro","Zona 1","NA","Mes 7x24",63578415.600000001,53208507.18,83720618.670000002,78059779.650000006,75193029.359999999,109133717.03,65561382.07,55102961.530000001,null,null,"SMMLV"]
["AgenteFrontOfficeAgenteespecializadoCienciasdelasaludyafinesJornadaOrdinariaPlatinoZona1NA","IT-BPO-27-456","Agente Front Office","Agente especializado","Ciencias de la salud y afines","Jornada Ordinaria","Platino","Zona 1","NA","Mes",13700696.939999999,13461080.279999999,19601256.649999999,16282216.380000001,18309523.359999999,19515734.960000001,13585097.289999999,12884176.789999999,null,null,"SMMLV"]
["AgenteFrontOfficeAgenteespecializadoCienciasdelasaludyafinesHoraextradiurnaPlatinoZona1NA","IT-BPO-27-457","Agente Front Office","Agente especializado","Ciencias de la salud y afines","Hora extra diurna","Platino","Zona 1","NA","Hora",81551.77,81595.02,106529.27,92904.18,89058.77,116165.27,88114.22,61624.08,null,null,"SMMLV"]
[{"$f":"SUBSTITUTE(C1538&D1538&E1538&F1538&G1538&H1538&I1538,\" \",\"\")","v":"AgenteFrontOfficeAgenteespecializadoCienciasdelasaludyafinesHoraextranocturna PlatinoZona1NA"},"IT-BPO-27-458","Agente Front Office","Agente especializado","Ciencias de la salud y afines","Hora extra nocturna ","Platino","Zona 1","NA","Hora",114172.47,114233.69,149140.1,112456.5,116552.83,162631.59,95163.35,86273.74,null,null,"SMMLV"]
["AgenteFrontOfficeAgenteespecializadoCienciasdelasaludyafinesHoraextradominicalyfestivoPlatinoZona1NA","IT-BPO-27-459","Agente Front Office","Agente especializado","Ciencias de la salud y afines","Hora extra dominical y festivo","Platino","Zona 1","NA","Hora",130482.83,163191.14000000001,170446.61,147852.38,148875.69,232330.53,140982.74,98598.62,null,null,"SMMLV"]
["AgenteFrontOfficeAgenteespecializadoCienciasdelasaludyafinesServicio7x24PlatinoZona1NA","IT-BPO-27-460","Agente Front Office","Agente especializado","Ciencias de la salud y afines","Servicio 7x24","Platino","Zona 1","NA","Mes 7x24",66757336.380000003,53297245.979999997,78405024.390000001,78059779.650000006,78156354.629999995,110746931.25,65561382.07,55503993.899999999,null,null,"SMMLV"]
["AgenteFrontOfficeAgenteespecializadoCienciasdelasaludyafinesJornadaOrdinariaOroZona2NA","IT-BPO-27-461","Agente Front Office","Agente especializado","Ciencias de la salud y afines","Jornada Ordinaria","Oro","Zona 2","NA","Mes",13439731.279999999,13451088.41,21139456.800000001,16282216.380000001,18309523.359999999,19242088.98,13585097.289999999,12798165.970000001,null,null,"SMMLV"]
["AgenteFrontOfficeAgenteespecializadoCienciasdelasaludyafinesHoraextradiurnaOroZona2NA","IT-BPO-27-462","Agente Front Office","Agente especializado","Ciencias de la salud y afines","Hora extra diurna","Oro","Zona 2","NA","Hora",79998.399999999994,81595.02,114889.59,92904.18,95197.49,114537,88114.22,61166.59,null,null,"SMMLV"]
["AgenteFrontOfficeAgenteespecializadoCienciasdelasaludyafinesHoraextranocturna OroZona2NA","IT-BPO-27-463","Agente Front Office","Agente especializado","Ciencias de la salud y afines","Hora extra nocturna ","Oro","Zona 2","NA","Hora",111997.75999999999,114233.69,160844.54999999999,112456.5,130023.21,160351.79999999999,95163.35,85633.27,null,null,"SMMLV"]
["AgenteFrontOfficeAgenteespecializadoCienciasdelasaludyafinesHoraextradominicalyfestivoOroZona2NA","IT-BPO-27-464","Agente Front Office","Agente especializado","Ciencias de la salud y afines","Hora extra dominical y festivo","Oro","Zona 2","NA","Hora",127997.44,163191.14000000001,183823.13,128358.09,147916.84,229072.91,140982.74,97866.61,null,null,"SMMLV"]
["AgenteFrontOfficeAgenteespecializadoCienciasdelasaludyafinesServicio7x24OroZona2NA","IT-BPO-27-465","Agente Front Office","Agente especializado","Ciencias de la salud y afines","Servicio 7x24","Oro","Zona 2","NA","Mes 7x24",65485768.07,53261750.460000001,84557825.010000005,78059779.650000006,76338195.480000004,109186884.75,65561382.07,55102961.530000001,null,null,"SMMLV"]
["AgenteFrontOfficeAgenteespecializadoCienciasdelasaludyafinesJornadaOrdinariaPlatinoZona2NA","IT-BPO-27-466","Agente Front Office","Agente especializado","Ciencias de la salud y afines","Jornada Ordinaria","Platino","Zona 2","NA","Mes",14111717.85,13476066.449999999,19797269.309999999,16282216.380000001,18309523.359999999,19526525.09,13585097.289999999,12884176.789999999,null,null,"SMMLV"]
["AgenteFrontOfficeAgenteespecializadoCienciasdelasaludyafinesHoraextradiurnaPlatinoZona2NA","IT-BPO-27-467","Agente Front Office","Agente especializado","Ciencias de la salud y afines","Hora extra diurna","Platino","Zona 2","NA","Hora",83998.32,81595.02,107594.7,92904.18,91179.77,116229.87,88114.22,61624.08,null,null,"SMMLV"]
["AgenteFrontOfficeAgenteespecializadoCienciasdelasaludyafinesHoraextranocturna PlatinoZona2NA","IT-BPO-27-468","Agente Front Office","Agente especializado","Ciencias de la salud y afines","Hora extra nocturna ","Platino","Zona 2","NA","Hora",117597.65,114233.69,150632.57999999999,129536.31,123872.92,162721.38,95163.35,86273.74,null,null,"SMMLV"]
["AgenteFrontOfficeAgenteespecializadoCienciasdelasaludyafinesHoraextradominicalyfestivoPlatinoZona2NA","IT-BPO-27-469","Agente Front Office","Agente especializado","Ciencias de la salud y afines","Hora extra dominical y festivo","Platino","Zona 2","NA","Hora",134397.31,163191.14000000001,172151.52,147852.38,150969.82999999999,232458.65,140982.74,98598.62,null,null,"SMMLV"]
["AgenteFrontOfficeAgenteespecializadoCienciasdelasaludyafinesServicio7x24PlatinoZona2NA","IT-BPO-27-470","Agente Front Office","Agente especializado","Ciencias de la salud y afines","Servicio 7x24","Platino","Zona 2","NA","Mes 7x24",68760056.469999999,53350490.359999999,79189075.049999997,78059779.650000006,82471394.879999995,110800881.90000001,65561382.07,55503993.899999999,null,null,"SMMLV"]
["AgenteFrontOfficeAgenteespecializadoCienciasdelasaludyafinesJornadaOrdinariaOroZona3NA","IT-BPO-27-471","Agente Front Office","Agente especializado","Ciencias de la salud y afines","Jornada Ordinaria","Oro","Zona 3","NA","Mes",13700696.939999999,13471071.060000001,21350850.93,16282216.380000001,18309523.359999999,19268673.390000001,13585097.289999999,12341088.66,null,null,"SMMLV"]
["AgenteFrontOfficeAgenteespecializadoCienciasdelasaludyafinesHoraextradiurnaOroZona3NA","IT-BPO-27-472","Agente Front Office","Agente especializado","Ciencias de la salud y afines","Hora extra diurna","Oro","Zona 3","NA","Hora",81551.77,81595.02,116038.25,92904.18,95624.99,114694.68,88114.22,58982.07,null,null,"SMMLV"]
["AgenteFrontOfficeAgenteespecializadoCienciasdelasaludyafinesHoraextranocturna OroZona3NA","IT-BPO-27-473","Agente Front Office","Agente especializado","Ciencias de la salud y afines","Hora extra nocturna ","Oro","Zona 3","NA","Hora",114172.47,114233.69,162453.10999999999,112456.5,130610.79,160572.99,95163.35,82574.94,null,null,"SMMLV"]
["AgenteFrontOfficeAgenteespecializadoCienciasdelasaludyafinesHoraextradominicalyfestivoOroZona3NA","IT-BPO-27-474","Agente Front Office","Agente especializado","Ciencias de la salud y afines","Hora extra dominical y festivo","Oro","Zona 3","NA","Hora",130482.83,163191.14000000001,185660.54,128358.09,148473.35,229389.36,140982.74,94371.37,null,null,"SMMLV"]
["AgenteFrontOfficeAgenteespecializadoCienciasdelasaludyafinesServicio7x24OroZona3NA","IT-BPO-27-475","Agente Front Office","Agente especializado","Ciencias de la salud y afines","Servicio 7x24","Oro","Zona 3","NA","Mes 7x24",66757336.380000003,53332742.600000001,85403403.719999999,78059779.650000006,76618958.670000002,109319806.8,65561382.07,53134998.630000003,null,null,"SMMLV"]
["AgenteFrontOfficeAgenteespecializadoCienciasdelasaludyafinesJornadaOrdinariaPlatinoZona3NA","IT-BPO-27-476","Agente Front Office","Agente especializado","Ciencias de la salud y afines","Jornada Ordinaria","Platino","Zona 3","NA","Mes",14385731.789999999,13496050.199999999,19995243.120000001,16282216.380000001,18309523.359999999,19553502.600000001,13585097.289999999,12424027.68,null,null,"SMMLV"]
["AgenteFrontOfficeAgenteespecializadoCienciasdelasaludyafinesHoraextradiurnaPlatinoZona3NA","IT-BPO-27-477","Agente Front Office","Agente especializado","Ciencias de la salud y afines","Hora extra diurna","Platino","Zona 3","NA","Hora",69343.72,81595.02,108669.99,92904.18,98021.84,116390.84,88114.22,59423.24,null,null,"SMMLV"]
["AgenteFrontOfficeAgenteespecializadoCienciasdelasaludyafinesHoraextranocturna PlatinoZona3NA","IT-BPO-27-478","Agente Front Office","Agente especializado","Ciencias de la salud y afines","Hora extra nocturna ","Platino","Zona 3","NA","Hora",119881.1,114233.69,152138.21,129536.31,124627.99,162945.85999999999,95163.35,83192.52,null,null,"SMMLV"]
["AgenteFrontOfficeAgenteespecializadoCienciasdelasaludyafinesHoraextradominicalyfestivoPlatinoZona3NA","IT-BPO-27-479","Agente Front Office","Agente especializado","Ciencias de la salud y afines","Hora extra dominical y festivo","Platino","Zona 3","NA","Hora",137006.97,163191.14000000001,173872.86,147852.38,151541.9,232780.58,140982.74,95077.21,null,null,"SMMLV"]
["AgenteFrontOfficeAgenteespecializadoCienciasdelasaludyafinesServicio7x24PlatinoZona3NA","IT-BPO-27-480","Agente Front Office","Agente especializado","Ciencias de la salud y afines","Servicio 7x24","Platino","Zona 3","NA","Mes 7x24",70095203.200000003,53421481.399999999,79980965.909999996,78059779.650000006,82798897.730000004,110935769.48,65561382.07,53521708.390000001,null,null,"SMMLV"]
["AgenteFrontOfficeAgenteespecializadoAgronomía,veterinariayafinesJornadaOrdinariaOroZona1NA","IT-BPO-27-481","Agente Front Office","Agente especializado","Agronomía, veterinaria y afines","Jornada Ordinaria","Oro","Zona 1","NA","Mes",10566662.4,10929488.460000001,17269319.460000001,11274891.98,14751925.640000001,15568164.689999999,13585097.289999999,10561883.49,null,null,"SMMLV"]
["AgenteFrontOfficeAgenteespecializadoAgronomía,veterinariayafinesHoraextradiurnaOroZona1NA","IT-BPO-27-482","Agente Front Office","Agente especializado","Agronomía, veterinaria y afines","Hora extra diurna","Oro","Zona 1","NA","Hora",62896.800000000003,65276.24,93855.74,53945.18,67235.240000000005,92667.66,88114.22,49271.5,null,null,"SMMLV"]
["AgenteFrontOfficeAgenteespecializadoAgronomía,veterinariayafinesHoraextranocturna OroZona1NA","IT-BPO-27-483","Agente Front Office","Agente especializado","Agronomía, veterinaria y afines","Hora extra nocturna ","Oro","Zona 1","NA","Hora",88055.52,91386.51,131398.91,74993.27,92001.77,129735.6,95163.35,68980.070000000007,null,null,"SMMLV"]
["AgenteFrontOfficeAgenteespecializadoAgronomía,veterinariayafinesHoraextradominicalyfestivoOroZona1NA","IT-BPO-27-484","Agente Front Office","Agente especializado","Agronomía, veterinaria y afines","Hora extra dominical y festivo","Oro","Zona 1","NA","Hora",100634.88,130552.47,150168.29999999999,85517.31,113853.23,185335.32,140982.74,78834.42,null,null,"SMMLV"]
["AgenteFrontOfficeAgenteespecializadoAgronomía,veterinariayafinesServicio7x24OroZona1NA","IT-BPO-27-485","Agente Front Office","Agente especializado","Agronomía, veterinaria y afines","Servicio 7x24","Oro","Zona 1","NA","Mes 7x24",51170313.600000001,43182056.460000001,69077272.370000005,49422365.100000001,58345044.880000003,88221976.430000007,65561382.07,44676120.780000001,null,null,"SMMLV"]
["AgenteFrontOfficeAgenteespecializadoAgronomía,veterinariayafinesJornadaOrdinariaPlatinoZona1NA","IT-BPO-27-486","Agente Front Office","Agente especializado","Agronomía, veterinaria y afines","Jornada Ordinaria","Platino","Zona 1","NA","Mes",11094995.52,10954467.6,16172854.35,11274891.98,14751925.640000001,15798293.18,13585097.289999999,10647894.32,null,null,"SMMLV"]
["AgenteFrontOfficeAgenteespecializadoAgronomía,veterinariayafinesHoraextradiurnaPlatinoZona1NA","IT-BPO-27-487","Agente Front Office","Agente especializado","Agronomía, veterinaria y afines","Hora extra diurna","Platino","Zona 1","NA","Hora",66041.64,65276.24,87896.75,53945.18,68248.11,94037.51,88114.22,49728.99,null,null,"SMMLV"]
["AgenteFrontOfficeAgenteespecializadoAgronomía,veterinariayafinesHoraextranocturna PlatinoZona1NA","IT-BPO-27-488","Agente Front Office","Agente especializado","Agronomía, veterinaria y afines","Hora extra nocturna ","Platino","Zona 1","NA","Hora",92458.3,91386.51,123055.01,74993.27,93387.78,131652.95000000001,95163.35,69620.649999999994,null,null,"SMMLV"]
["AgenteFrontOfficeAgenteespecializadoAgronomía,veterinariayafinesHoraextradominicalyfestivoPlatinoZona1NA","IT-BPO-27-489","Agente Front Office","Agente especializado","Agronomía, veterinaria y afines","Hora extra dominical y festivo","Platino","Zona 1","NA","Hora",105666.62,130552.47,140634.14000000001,85517.31,115739.97,188075.01,140982.74,79566.42,null,null,"SMMLV"]
["AgenteFrontOfficeAgenteespecializadoAgronomía,veterinariayafinesServicio7x24PlatinoZona1NA","IT-BPO-27-490","Agente Front Office","Agente especializado","Agronomía, veterinaria y afines","Servicio 7x24","Platino","Zona 1","NA","Mes 7x24",53728829.280000001,43270795.259999998,64691414.119999997,49422365.100000001,58326531.520000003,89526072.150000006,65561382.07,45077153.030000001,null,null,"SMMLV"]
["AgenteFrontOfficeAgenteespecializadoAgronomía,veterinariayafinesJornadaOrdinariaOroZona2NA","IT-BPO-27-491","Agente Front Office","Agente especializado","Agronomía, veterinaria y afines","Jornada Ordinaria","Oro","Zona 2","NA","Mes",10883662.27,10944475.73,17442011.91,11274891.98,14751925.640000001,15578798.24,13585097.289999999,10561883.49,null,null,"SMMLV"]
["AgenteFrontOfficeAgenteespecializadoAgronomía,veterinariayafinesHoraextradiurnaOroZona2NA","IT-BPO-27-492","Agente Front Office","Agente especializado","Agronomía, veterinaria y afines","Hora extra diurna","Oro","Zona 2","NA","Hora",64783.7,65276.24,94794.15,53945.18,68350.39,92731.17,88114.22,49271.5,null,null,"SMMLV"]
["AgenteFrontOfficeAgenteespecializadoAgronomía,veterinariayafinesHoraextranocturna OroZona2NA","IT-BPO-27-493","Agente Front Office","Agente especializado","Agronomía, veterinaria y afines","Hora extra nocturna ","Oro","Zona 2","NA","Hora",90697.19,91386.51,132712.91,74993.27,93468.89,129824.3,95163.35,68980.070000000007,null,null,"SMMLV"]
["AgenteFrontOfficeAgenteespecializadoAgronomía,veterinariayafinesHoraextradominicalyfestivoOroZona2NA","IT-BPO-27-494","Agente Front Office","Agente especializado","Agronomía, veterinaria y afines","Hora extra dominical y festivo","Oro","Zona 2","NA","Hora",103653.93,130552.47,151670.64000000001,85517.31,115824.41,185462.34,140982.74,78834.42,null,null,"SMMLV"]
["AgenteFrontOfficeAgenteespecializadoAgronomía,veterinariayafinesServicio7x24OroZona2NA","IT-BPO-27-495","Agente Front Office","Agente especializado","Agronomía, veterinaria y afines","Servicio 7x24","Oro","Zona 2","NA","Mes 7x24",52705423.009999998,43235299.740000002,69768045.450000003,49422365.100000001,58766189.859999999,88275144.150000006,65561382.07,44676120.780000001,null,null,"SMMLV"]
["AgenteFrontOfficeAgenteespecializadoAgronomía,veterinariayafinesJornadaOrdinariaPlatinoZona2NA","IT-BPO-27-496","Agente Front Office","Agente especializado","Agronomía, veterinaria y afines","Jornada Ordinaria","Platino","Zona 2","NA","Mes",11427845.390000001,10969453.77,16334582.57,11274891.98,14751925.640000001,15809083.310000001,13585097.289999999,10647894.32,null,null,"SMMLV"]
["AgenteFrontOfficeAgenteespecializadoAgronomía,veterinariayafinesHoraextradiurnaPlatinoZona2NA","IT-BPO-27-497","Agente Front Office","Agente especializado","Agronomía, veterinaria y afines","Hora extra diurna","Platino","Zona 2","NA","Hora",68022.89,65276.24,88776.03,53945.18,69390.42,94102.11,88114.22,49728.99,null,null,"SMMLV"]
["AgenteFrontOfficeAgenteespecializadoAgronomía,veterinariayafinesHoraextranocturna PlatinoZona2NA","IT-BPO-27-498","Agente Front Office","Agente especializado","Agronomía, veterinaria y afines","Hora extra nocturna ","Platino","Zona 2","NA","Hora",95232.04,91386.51,124285.79,74993.27,94890.01,131742.74,95163.35,69620.649999999994,null,null,"SMMLV"]
["AgenteFrontOfficeAgenteespecializadoAgronomía,veterinariayafinesHoraextradominicalyfestivoPlatinoZona2NA","IT-BPO-27-499","Agente Front Office","Agente especializado","Agronomía, veterinaria y afines","Hora extra dominical y festivo","Platino","Zona 2","NA","Hora",108836.62,130552.47,142041.21,85517.31,117758.76,188204.22,140982.74,79566.42,null,null,"SMMLV"]
["AgenteFrontOfficeAgenteespecializadoAgronomía,veterinariayafinesServicio7x24PlatinoZona2NA","IT-BPO-27-500","Agente Front Office","Agente especializado","Agronomía, veterinaria y afines","Servicio 7x24","Platino","Zona 2","NA","Mes 7x24",55340694.159999996,43324039.640000001,65338329.170000002,49422365.100000001,58726445.960000001,89580022.799999997,65561382.07,45077153.030000001,null,null,"SMMLV"]
["AgenteFrontOfficeAgenteespecializadoAgronomía,veterinariayafinesJornadaOrdinariaOroZona3NA","IT-BPO-27-501","Agente Front Office","Agente especializado","Agronomía, veterinaria y afines","Jornada Ordinaria","Oro","Zona 3","NA","Mes",11094995.52,10964458.380000001,17616432.27,11274891.98,14751925.640000001,15605382.65,13585097.289999999,10184673.289999999,null,null,"SMMLV"]
["AgenteFrontOfficeAgenteespecializadoAgronomía,veterinariayafinesHoraextradiurnaOroZona3NA","IT-BPO-27-502","Agente Front Office","Agente especializado","Agronomía, veterinaria y afines","Hora extra diurna","Oro","Zona 3","NA","Hora",66041.64,65276.24,95742.42,53945.18,71113.98,92889.95,88114.22,47511.83,null,null,"SMMLV"]
["AgenteFrontOfficeAgenteespecializadoAgronomía,veterinariayafinesHoraextranocturna OroZona3NA","IT-BPO-27-503","Agente Front Office","Agente especializado","Agronomía, veterinaria y afines","Hora extra nocturna ","Oro","Zona 3","NA","Hora",92458.3,91386.51,134038.95000000001,74993.27,93866.96,130045.49,95163.35,66516.539999999994,null,null,"SMMLV"]
["AgenteFrontOfficeAgenteespecializadoAgronomía,veterinariayafinesHoraextradominicalyfestivoOroZona3NA","IT-BPO-27-504","Agente Front Office","Agente especializado","Agronomía, veterinaria y afines","Hora extra dominical y festivo","Oro","Zona 3","NA","Hora",105666.62,130552.47,153187.22,85517.31,116367.29,185778.8,140982.74,76018.84,null,null,"SMMLV"]
["AgenteFrontOfficeAgenteespecializadoAgronomía,veterinariayafinesServicio7x24OroZona3NA","IT-BPO-27-505","Agente Front Office","Agente especializado","Agronomía, veterinaria y afines","Servicio 7x24","Oro","Zona 3","NA","Mes 7x24",53728829.280000001,43306291.880000003,70465725.799999997,49422365.100000001,59046953.43,88408066.200000003,65561382.07,43080545.030000001,null,null,"SMMLV"]
["AgenteFrontOfficeAgenteespecializadoAgronomía,veterinariayafinesJornadaOrdinariaPlatinoZona3NA","IT-BPO-27-506","Agente Front Office","Agente especializado","Agronomía, veterinaria y afines","Jornada Ordinaria","Platino","Zona 3","NA","Mes",11649745.300000001,10989437.52,16497928.1,11274891.98,14751925.640000001,15836060.82,13585097.289999999,10267612.43,null,null,"SMMLV"]
["AgenteFrontOfficeAgenteespecializadoAgronomía,veterinariayafinesHoraextradiurnaPlatinoZona3NA","IT-BPO-27-507","Agente Front Office","Agente especializado","Agronomía, veterinaria y afines","Hora extra diurna","Platino","Zona 3","NA","Hora",69343.72,65276.24,89664.08,53945.18,69688.36,94263.08,88114.22,47953.01,null,null,"SMMLV"]
["AgenteFrontOfficeAgenteespecializadoAgronomía,veterinariayafinesHoraextranocturna PlatinoZona3NA","IT-BPO-27-508","Agente Front Office","Agente especializado","Agronomía, veterinaria y afines","Hora extra nocturna ","Platino","Zona 3","NA","Hora",97081.21,91386.51,125528.61,74993.27,95299.07,131967.21,95163.35,67134.12,null,null,"SMMLV"]
["AgenteFrontOfficeAgenteespecializadoAgronomía,veterinariayafinesHoraextradominicalyfestivoPlatinoZona3NA","IT-BPO-27-509","Agente Front Office","Agente especializado","Agronomía, veterinaria y afines","Hora extra dominical y festivo","Platino","Zona 3","NA","Hora",110949.96,130552.47,143461.43,85517.31,118316.68,188525.06,140982.74,76724.789999999994,null,null,"SMMLV"]
["AgenteFrontOfficeAgenteespecializadoAgronomía,veterinariayafinesServicio7x24PlatinoZona3NA","IT-BPO-27-510","Agente Front Office","Agente especializado","Agronomía, veterinaria y afines","Servicio 7x24","Platino","Zona 3","NA","Mes 7x24",56415270.740000002,43395030.68,65991711.289999999,49422365.100000001,58971883.659999996,89714910.379999995,65561382.07,43467254.789999999,null,null,"SMMLV"]
["AgenteFrontOfficeAgenteespecializadoCienciasdelaeducaciónyafinesJornadaOrdinariaOroZona1NA","IT-BPO-27-511","Agente Front Office","Agente especializado","Ciencias de la educación y afines","Jornada Ordinaria","Oro","Zona 1","NA","Mes",10566662.4,10929488.460000001,17269319.460000001,11274891.98,14751925.640000001,15568164.689999999,13585097.289999999,10561883.49,null,null,"SMMLV"]
["AgenteFrontOfficeAgenteespecializadoCienciasdelaeducaciónyafinesHoraextradiurnaOroZona1NA","IT-BPO-27-512","Agente Front Office","Agente especializado","Ciencias de la educación y afines","Hora extra diurna","Oro","Zona 1","NA","Hora",62896.800000000003,65276.24,93855.74,53945.18,72498.31,92667.66,88114.22,49271.5,null,null,"SMMLV"]
["AgenteFrontOfficeAgenteespecializadoCienciasdelaeducaciónyafinesHoraextranocturna OroZona1NA","IT-BPO-27-513","Agente Front Office","Agente especializado","Ciencias de la educación y afines","Hora extra nocturna ","Oro","Zona 1","NA","Hora",88055.52,91386.51,131398.91,74993.27,95584.09,129735.6,95163.35,68980.070000000007,null,null,"SMMLV"]
["AgenteFrontOfficeAgenteespecializadoCienciasdelaeducaciónyafinesHoraextradominicalyfestivoOroZona1NA","IT-BPO-27-514","Agente Front Office","Agente especializado","Ciencias de la educación y afines","Hora extra dominical y festivo","Oro","Zona 1","NA","Hora",100634.88,130552.47,150168.29999999999,85517.31,118766.34,185335.32,140982.74,78834.42,null,null,"SMMLV"]
["AgenteFrontOfficeAgenteespecializadoCienciasdelaeducaciónyafinesServicio7x24OroZona1NA","IT-BPO-27-515","Agente Front Office","Agente especializado","Ciencias de la educación y afines","Servicio 7x24","Oro","Zona 1","NA","Mes 7x24",51170313.600000001,43182056.460000001,69077272.370000005,49422365.100000001,58345044.880000003,88221976.430000007,65561382.07,44676120.780000001,null,null,"SMMLV"]
["AgenteFrontOfficeAgenteespecializadoCienciasdelaeducaciónyafinesJornadaOrdinariaPlatinoZona1NA","IT-BPO-27-516","Agente Front Office","Agente especializado","Ciencias de la educación y afines","Jornada Ordinaria","Platino","Zona 1","NA","Mes",11094995.52,10954467.6,16172854.35,11274891.98,14751925.640000001,15798293.18,13585097.289999999,10647894.32,null,null,"SMMLV"]
["AgenteFrontOfficeAgenteespecializadoCienciasdelaeducaciónyafinesHoraextradiurnaPlatinoZona1NA","IT-BPO-27-517","Agente Front Office","Agente especializado","Ciencias de la educación y afines","Hora extra diurna","Platino","Zona 1","NA","Hora",66041.64,65276.24,87896.75,53945.18,70882.259999999995,94037.51,88114.22,49728.99,null,null,"SMMLV"]
["AgenteFrontOfficeAgenteespecializadoCienciasdelaeducaciónyafinesHoraextranocturna PlatinoZona1NA","IT-BPO-27-518","Agente Front Office","Agente especializado","Ciencias de la educación y afines","Hora extra nocturna ","Platino","Zona 1","NA","Hora",92458.3,91386.51,123055.01,74993.27,97075.42,131652.95000000001,95163.35,69620.649999999994,null,null,"SMMLV"]
["AgenteFrontOfficeAgenteespecializadoCienciasdelaeducaciónyafinesHoraextradominicalyfestivoPlatinoZona1NA","IT-BPO-27-519","Agente Front Office","Agente especializado","Ciencias de la educación y afines","Hora extra dominical y festivo","Platino","Zona 1","NA","Hora",105666.62,130552.47,140634.14000000001,85517.31,120797.41,188075.01,140982.74,79566.42,null,null,"SMMLV"]
["AgenteFrontOfficeAgenteespecializadoCienciasdelaeducaciónyafinesServicio7x24PlatinoZona1NA","IT-BPO-27-520","Agente Front Office","Agente especializado","Ciencias de la educación y afines","Servicio 7x24","Platino","Zona 1","NA","Mes 7x24",53728829.280000001,43270795.259999998,64691414.119999997,49422365.100000001,63389630.549999997,89526072.150000006,65561382.07,45077153.030000001,null,null,"SMMLV"]
["AgenteFrontOfficeAgenteespecializadoCienciasdelaeducaciónyafinesJornadaOrdinariaOroZona2NA","IT-BPO-27-521","Agente Front Office","Agente especializado","Ciencias de la educación y afines","Jornada Ordinaria","Oro","Zona 2","NA","Mes",10883662.27,10944475.73,17442011.91,11274891.98,14751925.640000001,15578798.24,13585097.289999999,10561883.49,null,null,"SMMLV"]
[{"$f":"SUBSTITUTE(C1602&D1602&E1602&F1602&G1602&H1602&I1602,\" \",\"\")","v":"AgenteFrontOfficeAgenteespecializadoCienciasdelaeducaciónyafinesHoraextradiurnaOroZona2NA"},"IT-BPO-27-522","Agente Front Office","Agente especializado","Ciencias de la educación y afines","Hora extra diurna","Oro","Zona 2","NA","Hora",64783.7,65276.24,94794.15,53945.18,78126.740000000005,92731.17,88114.22,49271.5,null,null,"SMMLV"]
["AgenteFrontOfficeAgenteespecializadoCienciasdelaeducaciónyafinesHoraextranocturna OroZona2NA","IT-BPO-27-523","Agente Front Office","Agente especializado","Ciencias de la educación y afines","Hora extra nocturna ","Oro","Zona 2","NA","Hora",90697.19,91386.51,132712.91,74993.27,97158.66,129824.3,95163.35,68980.070000000007,null,null,"SMMLV"]
["AgenteFrontOfficeAgenteespecializadoCienciasdelaeducaciónyafinesHoraextradominicalyfestivoOroZona2NA","IT-BPO-27-524","Agente Front Office","Agente especializado","Ciencias de la educación y afines","Hora extra dominical y festivo","Oro","Zona 2","NA","Hora",103653.93,130552.47,151670.64000000001,85517.31,120884.78,185462.34,140982.74,78834.42,null,null,"SMMLV"]
["AgenteFrontOfficeAgenteespecializadoCienciasdelaeducaciónyafinesServicio7x24OroZona2NA","IT-BPO-27-525","Agente Front Office","Agente especializado","Ciencias de la educación y afines","Servicio 7x24","Oro","Zona 2","NA","Mes 7x24",52705423.009999998,43235299.740000002,69768045.450000003,49422365.100000001,58766189.859999999,88275144.150000006,65561382.07,44676120.780000001,null,null,"SMMLV"]
["AgenteFrontOfficeAgenteespecializadoCienciasdelaeducaciónyafinesJornadaOrdinariaPlatinoZona2NA","IT-BPO-27-526","Agente Front Office","Agente especializado","Ciencias de la educación y afines","Jornada Ordinaria","Platino","Zona 2","NA","Mes",11427845.390000001,10969453.77,16334582.57,11274891.98,14924659.33,15809083.310000001,13585097.289999999,10647894.32,null,null,"SMMLV"]
["AgenteFrontOfficeAgenteespecializadoCienciasdelaeducaciónyafinesHoraextradiurnaPlatinoZona2NA","IT-BPO-27-527","Agente Front Office","Agente especializado","Ciencias de la educación y afines","Hora extra diurna","Platino","Zona 2","NA","Hora",68022.89,65276.24,88776.03,53945.18,75269.87,94102.11,88114.22,49728.99,null,null,"SMMLV"]
["AgenteFrontOfficeAgenteespecializadoCienciasdelaeducaciónyafinesHoraextranocturna PlatinoZona2NA","IT-BPO-27-528","Agente Front Office","Agente especializado","Ciencias de la educación y afines","Hora extra nocturna ","Platino","Zona 2","NA","Hora",95232.04,91386.51,124285.79,74993.27,98688.15,131742.74,95163.35,69620.649999999994,null,null,"SMMLV"]
["AgenteFrontOfficeAgenteespecializadoCienciasdelaeducaciónyafinesHoraextradominicalyfestivoPlatinoZona2NA","IT-BPO-27-529","Agente Front Office","Agente especializado","Ciencias de la educación y afines","Hora extra dominical y festivo","Platino","Zona 2","NA","Hora",108836.62,130552.47,142041.21,85517.31,122967.86,188204.22,140982.74,79566.42,null,null,"SMMLV"]
["AgenteFrontOfficeAgenteespecializadoCienciasdelaeducaciónyafinesServicio7x24PlatinoZona2NA","IT-BPO-27-530","Agente Front Office","Agente especializado","Ciencias de la educación y afines","Servicio 7x24","Platino","Zona 2","NA","Mes 7x24",55340694.159999996,43324039.640000001,65338329.170000002,49422365.100000001,61616344.990000002,89580022.799999997,65561382.07,45077153.030000001,null,null,"SMMLV"]
["AgenteFrontOfficeAgenteespecializadoCienciasdelaeducaciónyafinesJornadaOrdinariaOroZona3NA","IT-BPO-27-531","Agente Front Office","Agente especializado","Ciencias de la educación y afines","Jornada Ordinaria","Oro","Zona 3","NA","Mes",11094995.52,10964458.380000001,17616432.27,11274891.98,14751925.640000001,15605382.65,13585097.289999999,10184673.289999999,null,null,"SMMLV"]
["AgenteFrontOfficeAgenteespecializadoCienciasdelaeducaciónyafinesHoraextradiurnaOroZona3NA","IT-BPO-27-532","Agente Front Office","Agente especializado","Ciencias de la educación y afines","Hora extra diurna","Oro","Zona 3","NA","Hora",66041.64,65276.24,95742.42,53945.18,78638.210000000006,92889.95,88114.22,47511.83,null,null,"SMMLV"]
["AgenteFrontOfficeAgenteespecializadoCienciasdelaeducaciónyafinesHoraextranocturna OroZona3NA","IT-BPO-27-533","Agente Front Office","Agente especializado","Ciencias de la educación y afines","Hora extra nocturna ","Oro","Zona 3","NA","Hora",92458.3,91386.51,134038.95000000001,74993.27,97628.47,130045.49,95163.35,66516.539999999994,null,null,"SMMLV"]
["AgenteFrontOfficeAgenteespecializadoCienciasdelaeducaciónyafinesHoraextradominicalyfestivoOroZona3NA","IT-BPO-27-534","Agente Front Office","Agente especializado","Ciencias de la educación y afines","Hora extra dominical y festivo","Oro","Zona 3","NA","Hora",105666.62,130552.47,153187.22,85517.31,121525.84,185778.8,140982.74,76018.84,null,null,"SMMLV"]
["AgenteFrontOfficeAgenteespecializadoCienciasdelaeducaciónyafinesServicio7x24OroZona3NA","IT-BPO-27-535","Agente Front Office","Agente especializado","Ciencias de la educación y afines","Servicio 7x24","Oro","Zona 3","NA","Mes 7x24",53728829.280000001,43306291.880000003,70465725.799999997,49422365.100000001,59046953.43,88408066.200000003,65561382.07,43080545.030000001,null,null,"SMMLV"]
["AgenteFrontOfficeAgenteespecializadoCienciasdelaeducaciónyafinesJornadaOrdinariaPlatinoZona3NA","IT-BPO-27-536","Agente Front Office","Agente especializado","Ciencias de la educación y afines","Jornada Ordinaria","Platino","Zona 3","NA","Mes",11649745.300000001,10989437.52,16497928.1,11274891.98,15008790.23,15836060.82,13585097.289999999,10267612.43,null,null,"SMMLV"]
["AgenteFrontOfficeAgenteespecializadoCienciasdelaeducaciónyafinesHoraextradiurnaPlatinoZona3NA","IT-BPO-27-537","Agente Front Office","Agente especializado","Ciencias de la educación y afines","Hora extra diurna","Platino","Zona 3","NA","Hora",30545.52,65276.24,89664.08,53945.18,75690.41,94263.08,88114.22,47953.01,null,null,"SMMLV"]
["AgenteFrontOfficeAgenteespecializadoCienciasdelaeducaciónyafinesHoraextranocturna PlatinoZona3NA","IT-BPO-27-538","Agente Front Office","Agente especializado","Ciencias de la educación y afines","Hora extra nocturna ","Platino","Zona 3","NA","Hora",97081.21,91386.51,125528.61,74993.27,99171.08,131967.21,95163.35,67134.12,null,null,"SMMLV"]
["AgenteFrontOfficeAgenteespecializadoCienciasdelaeducaciónyafinesHoraextradominicalyfestivoPlatinoZona3NA","IT-BPO-27-539","Agente Front Office","Agente especializado","Ciencias de la educación y afines","Hora extra dominical y festivo","Platino","Zona 3","NA","Hora",110949.96,130552.47,143461.43,85517.31,123626.88,188525.06,140982.74,76724.789999999994,null,null,"SMMLV"]
["AgenteFrontOfficeAgenteespecializadoCienciasdelaeducaciónyafinesServicio7x24PlatinoZona3NA","IT-BPO-27-540","Agente Front Office","Agente especializado","Ciencias de la educación y afines","Servicio 7x24","Platino","Zona 3","NA","Mes 7x24",56415270.740000002,43395030.68,65991711.289999999,49422365.100000001,61917897.299999997,89714910.379999995,65561382.07,43467254.789999999,null,null,"SMMLV"]
["AgenteFrontOfficesinherramientaAgentegeneralJornadaOrdinariaOroZona1NANA","IT-BPO-28-1","Agente Front Office sin herramienta","Agente general","Jornada Ordinaria","Oro","Zona 1","NA","NA","Mes",4654555.92,4417203.72,7327421.3600000003,4755936.5,5800546.1600000001,6404037.4199999999,4030169.55,4809736.04,null,null,"SMMLV"]
["AgenteFrontOfficesinherramientaAgentegeneralHoraextradiurnaOroZona1NANA","IT-BPO-28-2","Agente Front Office sin herramienta","Agente general","Hora extra diurna","Oro","Zona 1","NA","NA","Hora",27705.69,24478.73,39824.06,22854.84,29582.03,38120.239999999998,25893.439999999999,20181.84,null,null,"SMMLV"]
["AgenteFrontOfficesinherramientaAgentegeneralHoraextranocturna OroZona1NANA","IT-BPO-28-3","Agente Front Office sin herramienta","Agente general","Hora extra nocturna ","Oro","Zona 1","NA","NA","Hora",38787.97,34270.22,55753.02,31467.02,40239.78,53367.02,36250.81,28254.61,null,null,"SMMLV"]
["AgenteFrontOfficesinherramientaAgentegeneralHoraextradominicalyfestivoOroZona1NANA","IT-BPO-28-4","Agente Front Office sin herramienta","Agente general","Hora extra dominical y festivo","Oro","Zona 1","NA","NA","Hora",44329.1,48957.45,63718.05,35773.65,44998.82,76239.38,36250.81,32291,null,null,"SMMLV"]
["AgenteFrontOfficesinherramientaAgentegeneralServicio7x24OroZona1NANA","IT-BPO-28-5","Agente Front Office sin herramienta","Agente general","Servicio 7x24","Oro","Zona 1","NA","NA","Mes 7x24",21637375.199999999,17268107.300000001,29309684.329999998,20862030.890000001,22623186.620000001,35913114.68,19449510.010000002,18887170.57,null,null,"SMMLV"]
["AgenteFrontOfficesinherramientaAgentegeneralJornadaOrdinariaPlatinoZona1NANA","IT-BPO-28-6","Agente Front Office sin herramienta","Agente general","Jornada Ordinaria","Platino","Zona 1","NA","NA","Mes",4887283.72,4421147.91,7224218.7000000002,4755936.5,5917010.5599999996,6498701.2699999996,4030169.55,4892675.17,null,null,"SMMLV"]
["AgenteFrontOfficesinherramientaAgentegeneralHoraextradiurnaPlatinoZona1NANA","IT-BPO-28-7","Agente Front Office sin herramienta","Agente general","Hora extra diurna","Platino","Zona 1","NA","NA","Hora",29090.97,24478.73,39262.32,22854.84,30104.81,38683.07,25893.439999999999,20623.009999999998,null,null,"SMMLV"]
["AgenteFrontOfficesinherramientaAgentegeneralHoraextranocturna PlatinoZona1NANA","IT-BPO-28-8","Agente Front Office sin herramienta","Agente general","Hora extra nocturna ","Platino","Zona 1","NA","NA","Hora",40727.360000000001,34270.22,54967.91,31467.02,40955.78,54156.51,36250.81,28872.19,null,null,"SMMLV"]
["AgenteFrontOfficesinherramientaAgentegeneralHoraextradominicalyfestivoPlatinoZona1NANA","IT-BPO-28-9","Agente Front Office sin herramienta","Agente general","Hora extra dominical y festivo","Platino","Zona 1","NA","NA","Hora",46545.56,48957.45,62820.15,35773.65,48168.86,77366.13,36250.81,32996.839999999997,null,null,"SMMLV"]
["AgenteFrontOfficesinherramientaAgentegeneralServicio7x24PlatinoZona1NANA","IT-BPO-28-10","Agente Front Office sin herramienta","Agente general","Servicio 7x24","Platino","Zona 1","NA","NA","Mes 7x24",22719243.960000001,17279938.77,28896871.52,20862030.890000001,23207190.989999998,36443981.630000003,19449510.010000002,19273880.329999998,null,null,"SMMLV"]
["AgenteFrontOfficesinherramientaAgentegeneralJornadaOrdinariaOroZona2NANA","IT-BPO-28-11","Agente Front Office sin herramienta","Agente general","Jornada Ordinaria","Oro","Zona 2","NA","NA","Mes",4794192.5999999996,4419570.0199999996,7400695.4699999997,4755936.5,5777218.5099999998,6404037.4199999999,4030169.55,4809736.04,null,null,"SMMLV"]
["AgenteFrontOfficesinherramientaAgentegeneralHoraextradiurnaOroZona2NANA","IT-BPO-28-12","Agente Front Office sin herramienta","Agente general","Hora extra diurna","Oro","Zona 2","NA","NA","Hora",28536.86,24478.73,40222.639999999999,22854.84,30165.59,38120.239999999998,25893.439999999999,20181.84,null,null,"SMMLV"]
["AgenteFrontOfficesinherramientaAgentegeneralHoraextranocturna OroZona2NANA","IT-BPO-28-13","Agente Front Office sin herramienta","Agente general","Hora extra nocturna ","Oro","Zona 2","NA","NA","Hora",39951.599999999999,34270.22,56311.47,31467.02,41010.160000000003,53367.02,36250.81,28254.61,null,null,"SMMLV"]
["AgenteFrontOfficesinherramientaAgentegeneralHoraextradominicalyfestivoOroZona2NANA","IT-BPO-28-14","Agente Front Office sin herramienta","Agente general","Hora extra dominical y festivo","Oro","Zona 2","NA","NA","Hora",45658.98,48957.45,64355.34,35773.65,46078.54,76239.38,36250.81,32291,null,null,"SMMLV"]
["AgenteFrontOfficesinherramientaAgentegeneralServicio7x24OroZona2NANA","IT-BPO-28-15","Agente Front Office sin herramienta","Agente general","Servicio 7x24","Oro","Zona 2","NA","NA","Mes 7x24",22286496.460000001,17275206.18,29602780.789999999,20862030.890000001,22769594.390000001,35913114.68,19449510.010000002,18887170.57,null,null,"SMMLV"]
["AgenteFrontOfficesinherramientaAgentegeneralJornadaOrdinariaPlatinoZona2NANA","IT-BPO-28-16","Agente Front Office sin herramienta","Agente general","Jornada Ordinaria","Platino","Zona 2","NA","NA","Mes",5033902.2300000004,4423514.21,7296460.2300000004,4755936.5,6049994.04,6498701.2699999996,4030169.55,4892675.17,null,null,"SMMLV"]
["AgenteFrontOfficesinherramientaAgentegeneralHoraextradiurnaPlatinoZona2NANA","IT-BPO-28-17","Agente Front Office sin herramienta","Agente general","Hora extra diurna","Platino","Zona 2","NA","NA","Hora",29963.7,24478.73,39656.519999999997,22854.84,30702.65,38683.07,25893.439999999999,20623.009999999998,null,null,"SMMLV"]
["AgenteFrontOfficesinherramientaAgentegeneralHoraextranocturna PlatinoZona2NANA","IT-BPO-28-18","Agente Front Office sin herramienta","Agente general","Hora extra nocturna ","Platino","Zona 2","NA","NA","Hora",41949.19,34270.22,55517.599999999999,31467.02,41744.47,54156.51,36250.81,28872.19,null,null,"SMMLV"]
["AgenteFrontOfficesinherramientaAgentegeneralHoraextradominicalyfestivoPlatinoZona2NANA","IT-BPO-28-19","Agente Front Office sin herramienta","Agente general","Hora extra dominical y festivo","Platino","Zona 2","NA","NA","Hora",47941.93,48957.45,63448.68,35773.65,49053.54,77366.13,36250.81,32996.839999999997,null,null,"SMMLV"]
["AgenteFrontOfficesinherramientaAgentegeneralServicio7x24PlatinoZona2NANA","IT-BPO-28-20","Agente Front Office sin herramienta","Agente general","Servicio 7x24","Platino","Zona 2","NA","NA","Mes 7x24",23400821.280000001,17287038.75,29185840.920000002,20862030.890000001,23358062.030000001,36443981.630000003,19449510.010000002,19273880.329999998,null,null,"SMMLV"]
["AgenteFrontOfficesinherramientaAgentegeneralJornadaOrdinariaOroZona3NANA","IT-BPO-28-21","Agente Front Office sin herramienta","Agente general","Jornada Ordinaria","Oro","Zona 3","NA","NA","Mes",4887283.72,4422725.8099999996,7474703.2400000002,4755936.5,5783305.6699999999,6404037.4199999999,4030169.55,4809736.04,null,null,"SMMLV"]
["AgenteFrontOfficesinherramientaAgentegeneralHoraextradiurnaOroZona3NANA","IT-BPO-28-22","Agente Front Office sin herramienta","Agente general","Hora extra diurna","Oro","Zona 3","NA","NA","Hora",29090.97,24478.73,40624.5,22854.84,30316.51,38120.239999999998,25893.439999999999,20181.84,null,null,"SMMLV"]
["AgenteFrontOfficesinherramientaAgentegeneralHoraextranocturna OroZona3NANA","IT-BPO-28-23","Agente Front Office sin herramienta","Agente general","Hora extra nocturna ","Oro","Zona 3","NA","NA","Hora",40727.360000000001,34270.22,56873.21,31467.02,41217.86,53367.02,36250.81,28254.61,null,null,"SMMLV"]
["AgenteFrontOfficesinherramientaAgentegeneralHoraextradominicalyfestivoOroZona3NANA","IT-BPO-28-24","Agente Front Office sin herramienta","Agente general","Hora extra dominical y festivo","Oro","Zona 3","NA","NA","Hora",46545.56,48957.45,64998.11,35773.65,48456.51,76239.38,36250.81,32291,null,null,"SMMLV"]
["AgenteFrontOfficesinherramientaAgentegeneralServicio7x24OroZona3NANA","IT-BPO-28-25","Agente Front Office sin herramienta","Agente general","Servicio 7x24","Oro","Zona 3","NA","NA","Mes 7x24",22719243.960000001,17284672.460000001,29898808.559999999,20862030.890000001,22867200.050000001,35913114.68,19449510.010000002,18887170.57,null,null,"SMMLV"]
["AgenteFrontOfficesinherramientaAgentegeneralJornadaOrdinariaPlatinoZona3NANA","IT-BPO-28-26","Agente Front Office sin herramienta","Agente general","Jornada Ordinaria","Platino","Zona 3","NA","NA","Mes",5131647.9000000004,4426668.9000000004,7369425.5599999996,4755936.5,6054157.2800000003,6498701.2699999996,4030169.55,4892675.17,null,null,"SMMLV"]
["AgenteFrontOfficesinherramientaAgentegeneralHoraextradiurnaPlatinoZona3NANA","IT-BPO-28-27","Agente Front Office sin herramienta","Agente general","Hora extra diurna","Platino","Zona 3","NA","NA","Hora",38452.93,24478.73,40051.82,22854.84,30857.24,38683.07,25893.439999999999,20623.009999999998,null,null,"SMMLV"]
["AgenteFrontOfficesinherramientaAgentegeneralHoraextranocturna PlatinoZona3NANA","IT-BPO-28-28","Agente Front Office sin herramienta","Agente general","Hora extra nocturna ","Platino","Zona 3","NA","NA","Hora",42763.73,34270.22,56072.76,31467.02,41957.67,54156.51,36250.81,28872.19,null,null,"SMMLV"]
["AgenteFrontOfficesinherramientaAgentegeneralHoraextradominicalyfestivoPlatinoZona3NANA","IT-BPO-28-29","Agente Front Office sin herramienta","Agente general","Hora extra dominical y festivo","Platino","Zona 3","NA","NA","Hora",48872.84,48957.45,64082.69,35773.65,49296.03,77366.13,36250.81,32996.839999999997,null,null,"SMMLV"]
["AgenteFrontOfficesinherramientaAgentegeneralServicio7x24PlatinoZona3NANA","IT-BPO-28-30","Agente Front Office sin herramienta","Agente general","Servicio 7x24","Platino","Zona 3","NA","NA","Mes 7x24",23855206.16,17296503.93,29477698.940000001,20862030.890000001,23458642.600000001,36443981.630000003,19449510.010000002,19273880.329999998,null,null,"SMMLV"]
["AgenteFrontOfficesinherramientaAgentetécnicoJornadaOrdinariaOroZona1NANA","IT-BPO-28-31","Agente Front Office sin herramienta","Agente técnico","Jornada Ordinaria","Oro","Zona 1","NA","NA","Mes",5859493.9199999999,5670510.0599999996,8761663.3100000005,6002629.04,7364227.2699999996,8235682.25,5322861.8899999997,5887943.7699999996,null,null,"SMMLV"]
["AgenteFrontOfficesinherramientaAgentetécnicoHoraextradiurnaOroZona1NANA","IT-BPO-28-32","Agente Front Office sin herramienta","Agente técnico","Hora extra diurna","Oro","Zona 1","NA","NA","Hora",34877.94,32638.67,47619.360000000001,29348.19,37716.379999999997,49022.06,34524.58,25917.01,null,null,"SMMLV"]
["AgenteFrontOfficesinherramientaAgentetécnicoHoraextranocturna OroZona1NANA","IT-BPO-28-33","Agente Front Office sin herramienta","Agente técnico","Hora extra nocturna ","Oro","Zona 1","NA","NA","Hora",48829.120000000003,45693.26,66665.789999999994,40557.71,51482.01,68631.320000000007,48334.41,36283.81,null,null,"SMMLV"]
["AgenteFrontOfficesinherramientaAgentetécnicoHoraextradominicalyfestivoOroZona1NANA","IT-BPO-28-34","Agente Front Office sin herramienta","Agente técnico","Hora extra dominical y festivo","Oro","Zona 1","NA","NA","Hora",55804.7,65276.24,76189.009999999995,46163.01,57766.89,98044.11,48334.41,41467.21,null,null,"SMMLV"]
["AgenteFrontOfficesinherramientaAgentetécnicoServicio7x24OroZona1NANA","IT-BPO-28-35","Agente Front Office sin herramienta","Agente técnico","Servicio 7x24","Oro","Zona 1","NA","NA","Mes 7x24",27662065.199999999,22281332.66,35046649.939999998,26718935.129999999,28981862.600000001,46368990.450000003,25688014.93,23914397.370000001,null,null,"SMMLV"]
["AgenteFrontOfficesinherramientaAgentetécnicoJornadaOrdinariaPlatinoZona1NANA","IT-BPO-28-36","Agente Front Office sin herramienta","Agente técnico","Jornada Ordinaria","Platino","Zona 1","NA","NA","Mes",6152468.6200000001,5674454.25,8638260.0899999999,6002629.04,7364227.2699999996,8357422.1600000001,5322861.8899999997,5970882.7999999998,null,null,"SMMLV"]
["AgenteFrontOfficesinherramientaAgentetécnicoHoraextradiurnaPlatinoZona1NANA","IT-BPO-28-37","Agente Front Office sin herramienta","Agente técnico","Hora extra diurna","Platino","Zona 1","NA","NA","Hora",36621.839999999997,32638.67,46948.13,29348.19,38390.74,49746.95,34524.58,26358.18,null,null,"SMMLV"]
["AgenteFrontOfficesinherramientaAgentetécnicoHoraextranocturna PlatinoZona1NANA","IT-BPO-28-38","Agente Front Office sin herramienta","Agente técnico","Hora extra nocturna ","Platino","Zona 1","NA","NA","Hora",51270.57,45693.26,65726.28,40557.71,50237.58,69645.289999999994,48334.41,36901.39,null,null,"SMMLV"]
["AgenteFrontOfficesinherramientaAgentetécnicoHoraextradominicalyfestivoPlatinoZona1NANA","IT-BPO-28-39","Agente Front Office sin herramienta","Agente técnico","Hora extra dominical y festivo","Platino","Zona 1","NA","NA","Hora",58594.94,65276.24,75115.91,46163.01,62038.39,99493.89,48334.41,42173.05,null,null,"SMMLV"]
["AgenteFrontOfficesinherramientaAgentetécnicoServicio7x24PlatinoZona1NANA","IT-BPO-28-40","Agente Front Office sin herramienta","Agente técnico","Servicio 7x24","Platino","Zona 1","NA","NA","Mes 7x24",29045168.460000001,22293164.129999999,34553034.890000001,26718935.129999999,29731417.989999998,47054411.18,25688014.93,24301107.129999999,null,null,"SMMLV"]
["AgenteFrontOfficesinherramientaAgentetécnicoJornadaOrdinariaOroZona2NANA","IT-BPO-28-41","Agente Front Office sin herramienta","Agente técnico","Jornada Ordinaria","Oro","Zona 2","NA","NA","Mes",6035278.7400000002,5672876.3600000003,8761663.3100000005,6002629.04,7364227.2699999996,8235682.25,5322861.8899999997,5887943.7699999996,null,null,"SMMLV"]
["AgenteFrontOfficesinherramientaAgentetécnicoHoraextradiurnaOroZona2NANA","IT-BPO-28-42","Agente Front Office sin herramienta","Agente técnico","Hora extra diurna","Oro","Zona 2","NA","NA","Hora",35924.28,32638.67,47619.360000000001,29348.19,38464.400000000001,49022.06,34524.58,25917.01,null,null,"SMMLV"]
["AgenteFrontOfficesinherramientaAgentetécnicoHoraextranocturna OroZona2NANA","IT-BPO-28-43","Agente Front Office sin herramienta","Agente técnico","Hora extra nocturna ","Oro","Zona 2","NA","NA","Hora",50293.99,45693.26,66665.789999999994,40557.71,52473.64,68631.320000000007,48334.41,36283.81,null,null,"SMMLV"]
["AgenteFrontOfficesinherramientaAgentetécnicoHoraextradominicalyfestivoOroZona2NANA","IT-BPO-28-44","Agente Front Office sin herramienta","Agente técnico","Hora extra dominical y festivo","Oro","Zona 2","NA","NA","Hora",57478.85,65276.24,76189.009999999995,46163.01,59158.45,98044.11,48334.41,41467.21,null,null,"SMMLV"]
["AgenteFrontOfficesinherramientaAgentetécnicoServicio7x24OroZona2NANA","IT-BPO-28-45","Agente Front Office sin herramienta","Agente técnico","Servicio 7x24","Oro","Zona 2","NA","NA","Mes 7x24",28491927.16,22288431.539999999,35046649.939999998,26718935.129999999,29161204.149999999,46368990.450000003,25688014.93,23914397.370000001,null,null,"SMMLV"]
[{"$f":"SUBSTITUTE(C1666&D1666&E1666&F1666&G1666&H1666&I1666,\" \",\"\")","v":"AgenteFrontOfficesinherramientaAgentetécnicoJornadaOrdinariaPlatinoZona2NANA"},"IT-BPO-28-46","Agente Front Office sin herramienta","Agente técnico","Jornada Ordinaria","Platino","Zona 2","NA","NA","Mes",6337042.6699999999,5676820.5499999998,8638260.0899999999,6002629.04,7571971.1100000003,8357422.1600000001,5322861.8899999997,5970882.7999999998,null,null,"SMMLV"]
["AgenteFrontOfficesinherramientaAgentetécnicoHoraextradiurnaPlatinoZona2NANA","IT-BPO-28-47","Agente Front Office sin herramienta","Agente técnico","Hora extra diurna","Platino","Zona 2","NA","NA","Hora",37720.49,32638.67,46948.13,29348.19,39156.720000000001,49746.95,34524.58,26358.18,null,null,"SMMLV"]
["AgenteFrontOfficesinherramientaAgentetécnicoHoraextranocturna PlatinoZona2NANA","IT-BPO-28-48","Agente Front Office sin herramienta","Agente técnico","Hora extra nocturna ","Platino","Zona 2","NA","NA","Hora",52808.69,45693.26,65726.28,40557.71,53422.43,69645.289999999994,48334.41,36901.39,null,null,"SMMLV"]
["AgenteFrontOfficesinherramientaAgentetécnicoHoraextradominicalyfestivoPlatinoZona2NANA","IT-BPO-28-49","Agente Front Office sin herramienta","Agente técnico","Hora extra dominical y festivo","Platino","Zona 2","NA","NA","Hora",60352.79,65276.24,75115.91,46163.01,63178.38,99493.89,48334.41,42173.05,null,null,"SMMLV"]
["AgenteFrontOfficesinherramientaAgentetécnicoServicio7x24PlatinoZona2NANA","IT-BPO-28-50","Agente Front Office sin herramienta","Agente técnico","Servicio 7x24","Platino","Zona 2","NA","NA","Mes 7x24",29916523.510000002,22300264.109999999,34553034.890000001,26718935.129999999,29916055.460000001,47054411.18,25688014.93,24301107.129999999,null,null,"SMMLV"]
["AgenteFrontOfficesinherramientaAgentetécnicoJornadaOrdinariaOroZona3NANA","IT-BPO-28-51","Agente Front Office sin herramienta","Agente técnico","Jornada Ordinaria","Oro","Zona 3","NA","NA","Mes",6152468.6200000001,5676032.1500000004,8761663.3100000005,6002629.04,7364227.2699999996,8235682.25,5322861.8899999997,5887943.7699999996,null,null,"SMMLV"]
["AgenteFrontOfficesinherramientaAgentetécnicoHoraextradiurnaOroZona3NANA","IT-BPO-28-52","Agente Front Office sin herramienta","Agente técnico","Hora extra diurna","Oro","Zona 3","NA","NA","Hora",36621.839999999997,32638.67,47619.360000000001,29348.19,38658.199999999997,49022.06,34524.58,25917.01,null,null,"SMMLV"]
["AgenteFrontOfficesinherramientaAgentetécnicoHoraextranocturna OroZona3NANA","IT-BPO-28-53","Agente Front Office sin herramienta","Agente técnico","Hora extra nocturna ","Oro","Zona 3","NA","NA","Hora",51270.57,45693.26,66665.789999999994,40557.71,52740.31,68631.320000000007,48334.41,36283.81,null,null,"SMMLV"]
["AgenteFrontOfficesinherramientaAgentetécnicoHoraextradominicalyfestivoOroZona3NANA","IT-BPO-28-54","Agente Front Office sin herramienta","Agente técnico","Hora extra dominical y festivo","Oro","Zona 3","NA","NA","Hora",58594.94,65276.24,76189.009999999995,46163.01,62404.480000000003,98044.11,48334.41,41467.21,null,null,"SMMLV"]
["AgenteFrontOfficesinherramientaAgentetécnicoServicio7x24OroZona3NANA","IT-BPO-28-55","Agente Front Office sin herramienta","Agente técnico","Servicio 7x24","Oro","Zona 3","NA","NA","Mes 7x24",29045168.460000001,22297897.82,35046649.939999998,26718935.129999999,29280765.309999999,46368990.450000003,25688014.93,23914397.370000001,null,null,"SMMLV"]
["AgenteFrontOfficesinherramientaAgentetécnicoJornadaOrdinariaPlatinoZona3NANA","IT-BPO-28-56","Agente Front Office sin herramienta","Agente técnico","Jornada Ordinaria","Platino","Zona 3","NA","NA","Mes",6460092.0499999998,5679975.2400000002,8638260.0899999999,6002629.04,7605091.7199999997,8357422.1600000001,5322861.8899999997,5970882.7999999998,null,null,"SMMLV"]
["AgenteFrontOfficesinherramientaAgentetécnicoHoraextradiurnaPlatinoZona3NANA","IT-BPO-28-57","Agente Front Office sin herramienta","Agente técnico","Hora extra diurna","Platino","Zona 3","NA","NA","Hora",53013.42,32638.67,46948.13,29348.19,39356,49746.95,34524.58,26358.18,null,null,"SMMLV"]
["AgenteFrontOfficesinherramientaAgentetécnicoHoraextranocturna PlatinoZona3NANA","IT-BPO-28-58","Agente Front Office sin herramienta","Agente técnico","Hora extra nocturna ","Platino","Zona 3","NA","NA","Hora",53834.1,45693.26,65726.28,40557.71,53696.81,69645.289999999994,48334.41,36901.39,null,null,"SMMLV"]
["AgenteFrontOfficesinherramientaAgentetécnicoHoraextradominicalyfestivoPlatinoZona3NANA","IT-BPO-28-59","Agente Front Office sin herramienta","Agente técnico","Hora extra dominical y festivo","Platino","Zona 3","NA","NA","Hora",61524.69,65276.24,75115.91,46163.01,63490.13,99493.89,48334.41,42173.05,null,null,"SMMLV"]
["AgenteFrontOfficesinherramientaAgentetécnicoServicio7x24PlatinoZona3NANA","IT-BPO-28-60","Agente Front Office sin herramienta","Agente técnico","Servicio 7x24","Platino","Zona 3","NA","NA","Mes 7x24",30497426.879999999,22309729.289999999,34553034.890000001,26718935.129999999,30039147.219999999,47054411.18,25688014.93,24301107.129999999,null,null,"SMMLV"]
["AgenteFrontOfficesinherramientaAgenteprofesionalEconomía,administración,contaduríayafinesJornadaOrdinariaOroZona1NA","IT-BPO-28-61","Agente Front Office sin herramienta","Agente profesional","Economía, administración, contaduría y afines","Jornada Ordinaria","Oro","Zona 1","NA","Mes",8078235.4800000004,7911562.25,11470007.84,8231824.5599999996,10672793.15,11450212.43,10645723.779999999,7791351.7199999997,null,null,"SMMLV"]
["AgenteFrontOfficesinherramientaAgenteprofesionalEconomía,administración,contaduríayafinesHoraextradiurnaOroZona1NA","IT-BPO-28-62","Agente Front Office sin herramienta","Agente profesional","Economía, administración, contaduría y afines","Hora extra diurna","Oro","Zona 1","NA","Hora",48084.74,48957.45,62337.26,40958.480000000003,50154.83,68156.09,69049.16,36041.49,null,null,"SMMLV"]
["AgenteFrontOfficesinherramientaAgenteprofesionalEconomía,administración,contaduríayafinesHoraextranocturna OroZona1NA","IT-BPO-28-63","Agente Front Office sin herramienta","Agente profesional","Economía, administración, contaduría y afines","Hora extra nocturna ","Oro","Zona 1","NA","Hora",67318.63,68540.429999999993,87273.69,56811.89,68912.69,95419.4,74573.100000000006,50458.15,null,null,"SMMLV"]
["AgenteFrontOfficesinherramientaAgenteprofesionalEconomía,administración,contaduríayafinesHoraextradominicalyfestivoOroZona1NA","IT-BPO-28-64","Agente Front Office sin herramienta","Agente profesional","Economía, administración, contaduría y afines","Hora extra dominical y festivo","Oro","Zona 1","NA","Hora",76935.58,97914.9,99740.27,64738.59,85262.88,136312.17000000001,110478.66,57666.42,null,null,"SMMLV"]
["AgenteFrontOfficesinherramientaAgenteprofesionalEconomía,administración,contaduríayafinesServicio7x24OroZona1NA","IT-BPO-28-65","Agente Front Office sin herramienta","Agente profesional","Economía, administración, contaduría y afines","Servicio 7x24","Oro","Zona 1","NA","Mes 7x24",38755773,31304699.870000001,45880024.770000003,37191589.590000004,38775595.68,65036922.75,51376029.859999999,32789185.010000002,null,null,"SMMLV"]
["AgenteFrontOfficesinherramientaAgenteprofesionalEconomía,administración,contaduríayafinesJornadaOrdinariaPlatinoZona1NA","IT-BPO-28-66","Agente Front Office sin herramienta","Agente profesional","Economía, administración, contaduría y afines","Jornada Ordinaria","Platino","Zona 1","NA","Mes",8482147.25,7915506.4400000004,11308458.109999999,8231824.5599999996,10672793.15,11619468.77,10645723.779999999,7874290.7400000002,null,null,"SMMLV"]
["AgenteFrontOfficesinherramientaAgenteprofesionalEconomía,administración,contaduríayafinesHoraextradiurnaPlatinoZona1NA","IT-BPO-28-67","Agente Front Office sin herramienta","Agente profesional","Economía, administración, contaduría y afines","Hora extra diurna","Platino","Zona 1","NA","Hora",50488.97,48957.45,61460.160000000003,40958.480000000003,50910.79,69164.58,69049.16,36482.660000000003,null,null,"SMMLV"]
["AgenteFrontOfficesinherramientaAgenteprofesionalEconomía,administración,contaduríayafinesHoraextranocturna PlatinoZona1NA","IT-BPO-28-68","Agente Front Office sin herramienta","Agente profesional","Economía, administración, contaduría y afines","Hora extra nocturna ","Platino","Zona 1","NA","Hora",70684.56,68540.429999999993,86042.91,56811.89,69951,96829.759999999995,74573.100000000006,51075.73,null,null,"SMMLV"]
["AgenteFrontOfficesinherramientaAgenteprofesionalEconomía,administración,contaduríayafinesHoraextradominicalyfestivoPlatinoZona1NA","IT-BPO-28-69","Agente Front Office sin herramienta","Agente profesional","Economía, administración, contaduría y afines","Hora extra dominical y festivo","Platino","Zona 1","NA","Hora",80782.350000000006,97914.9,98335.38,64738.59,86678.26,138328.07,110478.66,58372.26,null,null,"SMMLV"]
["AgenteFrontOfficesinherramientaAgenteprofesionalEconomía,administración,contaduríayafinesServicio7x24PlatinoZona1NA","IT-BPO-28-70","Agente Front Office sin herramienta","Agente profesional","Economía, administración, contaduría y afines","Servicio 7x24","Platino","Zona 1","NA","Mes 7x24",40693561.649999999,31316532.440000001,45233826.950000003,37191589.590000004,41479494.460000001,65998299.899999999,51376029.859999999,33175894.780000001,null,null,"SMMLV"]
["AgenteFrontOfficesinherramientaAgenteprofesionalEconomía,administración,contaduríayafinesJornadaOrdinariaOroZona2NA","IT-BPO-28-71","Agente Front Office sin herramienta","Agente profesional","Economía, administración, contaduría y afines","Jornada Ordinaria","Oro","Zona 2","NA","Mes",8320582.54,7913928.54,11584706.9,8231824.5599999996,10672793.15,11450212.43,10645723.779999999,7791351.7199999997,null,null,"SMMLV"]
["AgenteFrontOfficesinherramientaAgenteprofesionalEconomía,administración,contaduríayafinesHoraextradiurnaOroZona2NA","IT-BPO-28-72","Agente Front Office sin herramienta","Agente profesional","Economía, administración, contaduría y afines","Hora extra diurna","Oro","Zona 2","NA","Hora",49527.28,48957.45,62961.41,40958.480000000003,50997.68,68156.09,69049.16,36041.49,null,null,"SMMLV"]
["AgenteFrontOfficesinherramientaAgenteprofesionalEconomía,administración,contaduríayafinesHoraextranocturna OroZona2NA","IT-BPO-28-73","Agente Front Office sin herramienta","Agente profesional","Economía, administración, contaduría y afines","Hora extra nocturna ","Oro","Zona 2","NA","Hora",69338.19,68540.429999999993,88145.31,56811.89,70033.320000000007,95419.4,74573.100000000006,50458.15,null,null,"SMMLV"]
["AgenteFrontOfficesinherramientaAgenteprofesionalEconomía,administración,contaduríayafinesHoraextradominicalyfestivoOroZona2NA","IT-BPO-28-74","Agente Front Office sin herramienta","Agente profesional","Economía, administración, contaduría y afines","Hora extra dominical y festivo","Oro","Zona 2","NA","Hora",79243.64,97914.9,100737.81,64738.59,86774.32,136312.17000000001,110478.66,57666.42,null,null,"SMMLV"]
["AgenteFrontOfficesinherramientaAgenteprofesionalEconomía,administración,contaduríayafinesServicio7x24OroZona2NA","IT-BPO-28-75","Agente Front Office sin herramienta","Agente profesional","Economía, administración, contaduría y afines","Servicio 7x24","Oro","Zona 2","NA","Mes 7x24",39918446.189999998,31311798.75,46338824.299999997,37191589.590000004,38978978.18,65036922.75,51376029.859999999,32789185.010000002,null,null,"SMMLV"]
["AgenteFrontOfficesinherramientaAgenteprofesionalEconomía,administración,contaduríayafinesJornadaOrdinariaPlatinoZona2NA","IT-BPO-28-76","Agente Front Office sin herramienta","Agente profesional","Economía, administración, contaduría y afines","Jornada Ordinaria","Platino","Zona 2","NA","Mes",8736611.6699999999,7917872.7300000004,11421542.039999999,8231824.5599999996,10672793.15,11619468.77,10645723.779999999,7874290.7400000002,null,null,"SMMLV"]
["AgenteFrontOfficesinherramientaAgenteprofesionalEconomía,administración,contaduríayafinesHoraextradiurnaPlatinoZona2NA","IT-BPO-28-77","Agente Front Office sin herramienta","Agente profesional","Economía, administración, contaduría y afines","Hora extra diurna","Platino","Zona 2","NA","Hora",52003.64,48957.45,62074.46,40958.480000000003,51773.48,69164.58,69049.16,36482.660000000003,null,null,"SMMLV"]
["AgenteFrontOfficesinherramientaAgenteprofesionalEconomía,administración,contaduríayafinesHoraextranocturna PlatinoZona2NA","IT-BPO-28-78","Agente Front Office sin herramienta","Agente profesional","Economía, administración, contaduría y afines","Hora extra nocturna ","Platino","Zona 2","NA","Hora",72805.100000000006,68540.429999999993,86904.68,56811.89,71098.5,96829.759999999995,74573.100000000006,51075.73,null,null,"SMMLV"]
["AgenteFrontOfficesinherramientaAgenteprofesionalEconomía,administración,contaduríayafinesHoraextradominicalyfestivoPlatinoZona2NA","IT-BPO-28-79","Agente Front Office sin herramienta","Agente profesional","Economía, administración, contaduría y afines","Hora extra dominical y festivo","Platino","Zona 2","NA","Hora",83205.83,97914.9,99318.69,64738.59,88225.97,138328.07,110478.66,58372.26,null,null,"SMMLV"]
["AgenteFrontOfficesinherramientaAgenteprofesionalEconomía,administración,contaduríayafinesServicio7x24PlatinoZona2NA","IT-BPO-28-80","Agente Front Office sin herramienta","Agente profesional","Economía, administración, contaduría y afines","Servicio 7x24","Platino","Zona 2","NA","Mes 7x24",41914368.5,31323631.32,45686164.880000003,37191589.590000004,41739926.079999998,65998299.899999999,51376029.859999999,33175894.780000001,null,null,"SMMLV"]
["AgenteFrontOfficesinherramientaAgenteprofesionalEconomía,administración,contaduríayafinesJornadaOrdinariaOroZona3NA","IT-BPO-28-81","Agente Front Office sin herramienta","Agente profesional","Economía, administración, contaduría y afines","Jornada Ordinaria","Oro","Zona 3","NA","Mes",8482147.25,7917083.2400000002,11700554.609999999,8231824.5599999996,10672793.15,11450212.43,10645723.779999999,7791351.7199999997,null,null,"SMMLV"]
["AgenteFrontOfficesinherramientaAgenteprofesionalEconomía,administración,contaduríayafinesHoraextradiurnaOroZona3NA","IT-BPO-28-82","Agente Front Office sin herramienta","Agente profesional","Economía, administración, contaduría y afines","Hora extra diurna","Oro","Zona 3","NA","Hora",50488.97,48957.45,63591.03,40958.480000000003,51208.92,68156.09,69049.16,36041.49,null,null,"SMMLV"]
["AgenteFrontOfficesinherramientaAgenteprofesionalEconomía,administración,contaduríayafinesHoraextranocturna OroZona3NA","IT-BPO-28-83","Agente Front Office sin herramienta","Agente profesional","Economía, administración, contaduría y afines","Hora extra nocturna ","Oro","Zona 3","NA","Hora",70684.56,68540.429999999993,89026.79,56811.89,70324.55,95419.4,74573.100000000006,50458.15,null,null,"SMMLV"]
["AgenteFrontOfficesinherramientaAgenteprofesionalEconomía,administración,contaduríayafinesHoraextradominicalyfestivoOroZona3NA","IT-BPO-28-84","Agente Front Office sin herramienta","Agente profesional","Economía, administración, contaduría y afines","Hora extra dominical y festivo","Oro","Zona 3","NA","Hora",80782.350000000006,97914.9,101745.21,64738.59,87171.78,136312.17000000001,110478.66,57666.42,null,null,"SMMLV"]
["AgenteFrontOfficesinherramientaAgenteprofesionalEconomía,administración,contaduríayafinesServicio7x24OroZona3NA","IT-BPO-28-85","Agente Front Office sin herramienta","Agente profesional","Economía, administración, contaduría y afines","Servicio 7x24","Oro","Zona 3","NA","Mes 7x24",40693561.649999999,31321265.030000001,46802212.969999999,37191589.590000004,39114566.649999999,65036922.75,51376029.859999999,32789185.010000002,null,null,"SMMLV"]
["AgenteFrontOfficesinherramientaAgenteprofesionalEconomía,administración,contaduríayafinesJornadaOrdinariaPlatinoZona3NA","IT-BPO-28-86","Agente Front Office sin herramienta","Agente profesional","Economía, administración, contaduría y afines","Jornada Ordinaria","Platino","Zona 3","NA","Mes",8906254.6199999992,7921027.4299999997,11817559.74,8231824.5599999996,10672793.15,11619468.77,10645723.779999999,7874290.7400000002,null,null,"SMMLV"]
["AgenteFrontOfficesinherramientaAgenteprofesionalEconomía,administración,contaduríayafinesHoraextradiurnaPlatinoZona3NA","IT-BPO-28-87","Agente Front Office sin herramienta","Agente profesional","Economía, administración, contaduría y afines","Hora extra diurna","Platino","Zona 3","NA","Hora",53013.42,48957.45,64227.23,40958.480000000003,51990.52,69164.58,69049.16,36482.660000000003,null,null,"SMMLV"]
["AgenteFrontOfficesinherramientaAgenteprofesionalEconomía,administración,contaduríayafinesHoraextranocturna PlatinoZona3NA","IT-BPO-28-88","Agente Front Office sin herramienta","Agente profesional","Economía, administración, contaduría y afines","Hora extra nocturna ","Platino","Zona 3","NA","Hora",74218.789999999994,68540.429999999993,89917.02,56811.89,71397.67,96829.759999999995,74573.100000000006,51075.73,null,null,"SMMLV"]
["AgenteFrontOfficesinherramientaAgenteprofesionalEconomía,administración,contaduríayafinesHoraextradominicalyfestivoPlatinoZona3NA","IT-BPO-28-89","Agente Front Office sin herramienta","Agente profesional","Economía, administración, contaduría y afines","Hora extra dominical y festivo","Platino","Zona 3","NA","Hora",84821.47,97914.9,102762.47,64738.59,88634.05,138328.07,110478.66,58372.26,null,null,"SMMLV"]
["AgenteFrontOfficesinherramientaAgenteprofesionalEconomía,administración,contaduríayafinesServicio7x24PlatinoZona3NA","IT-BPO-28-90","Agente Front Office sin herramienta","Agente profesional","Economía, administración, contaduría y afines","Servicio 7x24","Platino","Zona 3","NA","Mes 7x24",42728239.729999997,31333096.5,47270234.579999998,37191589.590000004,41913547.509999998,87219159,51376029.859999999,33175894.780000001,null,null,"SMMLV"]
["AgenteFrontOfficesinherramientaAgenteprofesionalCienciassociales,humanasyafinesJornadaOrdinariaOroZona1NA","IT-BPO-28-91","Agente Front Office sin herramienta","Agente profesional","Ciencias sociales, humanas y afines","Jornada Ordinaria","Oro","Zona 1","NA","Mes",8078235.4800000004,7911562.25,11470007.84,8231824.5599999996,10672793.15,11450212.43,10645723.779999999,7791351.7199999997,null,null,"SMMLV"]
["AgenteFrontOfficesinherramientaAgenteprofesionalCienciassociales,humanasyafinesHoraextradiurnaOroZona1NA","IT-BPO-28-92","Agente Front Office sin herramienta","Agente profesional","Ciencias sociales, humanas y afines","Hora extra diurna","Oro","Zona 1","NA","Hora",48084.74,48957.45,62337.26,40958.480000000003,50154.83,68156.09,69049.16,36041.49,null,null,"SMMLV"]
["AgenteFrontOfficesinherramientaAgenteprofesionalCienciassociales,humanasyafinesHoraextranocturna OroZona1NA","IT-BPO-28-93","Agente Front Office sin herramienta","Agente profesional","Ciencias sociales, humanas y afines","Hora extra nocturna ","Oro","Zona 1","NA","Hora",67318.63,68540.429999999993,87273.69,56811.89,68912.69,95419.4,74573.100000000006,50458.15,null,null,"SMMLV"]
["AgenteFrontOfficesinherramientaAgenteprofesionalCienciassociales,humanasyafinesHoraextradominicalyfestivoOroZona1NA","IT-BPO-28-94","Agente Front Office sin herramienta","Agente profesional","Ciencias sociales, humanas y afines","Hora extra dominical y festivo","Oro","Zona 1","NA","Hora",76935.58,97914.9,99740.27,64738.59,85262.88,136312.17000000001,110478.66,57666.42,null,null,"SMMLV"]
["AgenteFrontOfficesinherramientaAgenteprofesionalCienciassociales,humanasyafinesServicio7x24OroZona1NA","IT-BPO-28-95","Agente Front Office sin herramienta","Agente profesional","Ciencias sociales, humanas y afines","Servicio 7x24","Oro","Zona 1","NA","Mes 7x24",38755773,31304699.870000001,45880024.770000003,37191589.590000004,38775595.68,65036922.75,51376029.859999999,32789185.010000002,null,null,"SMMLV"]
["AgenteFrontOfficesinherramientaAgenteprofesionalCienciassociales,humanasyafinesJornadaOrdinariaPlatinoZona1NA","IT-BPO-28-96","Agente Front Office sin herramienta","Agente profesional","Ciencias sociales, humanas y afines","Jornada Ordinaria","Platino","Zona 1","NA","Mes",8482147.25,7915506.4400000004,11308458.109999999,8231824.5599999996,10672793.15,11619468.77,10645723.779999999,7874290.7400000002,null,null,"SMMLV"]
["AgenteFrontOfficesinherramientaAgenteprofesionalCienciassociales,humanasyafinesHoraextradiurnaPlatinoZona1NA","IT-BPO-28-97","Agente Front Office sin herramienta","Agente profesional","Ciencias sociales, humanas y afines","Hora extra diurna","Platino","Zona 1","NA","Hora",50488.97,48957.45,61460.160000000003,40958.480000000003,50910.79,69164.58,69049.16,36482.660000000003,null,null,"SMMLV"]
["AgenteFrontOfficesinherramientaAgenteprofesionalCienciassociales,humanasyafinesHoraextranocturna PlatinoZona1NA","IT-BPO-28-98","Agente Front Office sin herramienta","Agente profesional","Ciencias sociales, humanas y afines","Hora extra nocturna ","Platino","Zona 1","NA","Hora",70684.56,68540.429999999993,86042.91,56811.89,69951,96829.759999999995,74573.100000000006,51075.73,null,null,"SMMLV"]
["AgenteFrontOfficesinherramientaAgenteprofesionalCienciassociales,humanasyafinesHoraextradominicalyfestivoPlatinoZona1NA","IT-BPO-28-99","Agente Front Office sin herramienta","Agente profesional","Ciencias sociales, humanas y afines","Hora extra dominical y festivo","Platino","Zona 1","NA","Hora",80782.350000000006,97914.9,98335.38,64738.59,86678.26,138328.07,110478.66,58372.26,null,null,"SMMLV"]
["AgenteFrontOfficesinherramientaAgenteprofesionalCienciassociales,humanasyafinesServicio7x24PlatinoZona1NA","IT-BPO-28-100","Agente Front Office sin herramienta","Agente profesional","Ciencias sociales, humanas y afines","Servicio 7x24","Platino","Zona 1","NA","Mes 7x24",40693561.649999999,31316532.440000001,45233826.950000003,37191589.590000004,41479494.460000001,65998299.899999999,51376029.859999999,33175894.780000001,null,null,"SMMLV"]
["AgenteFrontOfficesinherramientaAgenteprofesionalCienciassociales,humanasyafinesJornadaOrdinariaOroZona2NA","IT-BPO-28-101","Agente Front Office sin herramienta","Agente profesional","Ciencias sociales, humanas y afines","Jornada Ordinaria","Oro","Zona 2","NA","Mes",8320582.54,7913928.54,11584706.9,8231824.5599999996,10672793.15,11450212.43,10645723.779999999,7791351.7199999997,null,null,"SMMLV"]
["AgenteFrontOfficesinherramientaAgenteprofesionalCienciassociales,humanasyafinesHoraextradiurnaOroZona2NA","IT-BPO-28-102","Agente Front Office sin herramienta","Agente profesional","Ciencias sociales, humanas y afines","Hora extra diurna","Oro","Zona 2","NA","Hora",49527.28,48957.45,62961.41,40958.480000000003,50997.68,68156.09,69049.16,36041.49,null,null,"SMMLV"]
["AgenteFrontOfficesinherramientaAgenteprofesionalCienciassociales,humanasyafinesHoraextranocturna OroZona2NA","IT-BPO-28-103","Agente Front Office sin herramienta","Agente profesional","Ciencias sociales, humanas y afines","Hora extra nocturna ","Oro","Zona 2","NA","Hora",69338.19,68540.429999999993,88145.31,56811.89,70033.320000000007,95419.4,74573.100000000006,50458.15,null,null,"SMMLV"]
["AgenteFrontOfficesinherramientaAgenteprofesionalCienciassociales,humanasyafinesHoraextradominicalyfestivoOroZona2NA","IT-BPO-28-104","Agente Front Office sin herramienta","Agente profesional","Ciencias sociales, humanas y afines","Hora extra dominical y festivo","Oro","Zona 2","NA","Hora",79243.64,97914.9,100737.81,64738.59,86774.32,136312.17000000001,110478.66,57666.42,null,null,"SMMLV"]
["AgenteFrontOfficesinherramientaAgenteprofesionalCienciassociales,humanasyafinesServicio7x24OroZona2NA","IT-BPO-28-105","Agente Front Office sin herramienta","Agente profesional","Ciencias sociales, humanas y afines","Servicio 7x24","Oro","Zona 2","NA","Mes 7x24",39918446.189999998,31311798.75,46338824.299999997,37191589.590000004,38978978.18,65036922.75,51376029.859999999,32789185.010000002,null,null,"SMMLV"]
["AgenteFrontOfficesinherramientaAgenteprofesionalCienciassociales,humanasyafinesJornadaOrdinariaPlatinoZona2NA","IT-BPO-28-106","Agente Front Office sin herramienta","Agente profesional","Ciencias sociales, humanas y afines","Jornada Ordinaria","Platino","Zona 2","NA","Mes",8736611.6699999999,7917872.7300000004,11421542.039999999,8231824.5599999996,10672793.15,11619468.77,10645723.779999999,7874290.7400000002,null,null,"SMMLV"]
["AgenteFrontOfficesinherramientaAgenteprofesionalCienciassociales,humanasyafinesHoraextradiurnaPlatinoZona2NA","IT-BPO-28-107","Agente Front Office sin herramienta","Agente profesional","Ciencias sociales, humanas y afines","Hora extra diurna","Platino","Zona 2","NA","Hora",52003.64,48957.45,62074.46,40958.480000000003,51773.48,69164.58,69049.16,36482.660000000003,null,null,"SMMLV"]
["AgenteFrontOfficesinherramientaAgenteprofesionalCienciassociales,humanasyafinesHoraextranocturna PlatinoZona2NA","IT-BPO-28-108","Agente Front Office sin herramienta","Agente profesional","Ciencias sociales, humanas y afines","Hora extra nocturna ","Platino","Zona 2","NA","Hora",72805.100000000006,68540.429999999993,86904.68,56811.89,71098.5,96829.759999999995,74573.100000000006,51075.73,null,null,"SMMLV"]
["AgenteFrontOfficesinherramientaAgenteprofesionalCienciassociales,humanasyafinesHoraextradominicalyfestivoPlatinoZona2NA","IT-BPO-28-109","Agente Front Office sin herramienta","Agente profesional","Ciencias sociales, humanas y afines","Hora extra dominical y festivo","Platino","Zona 2","NA","Hora",83205.83,97914.9,99318.69,64738.59,88225.97,138328.07,110478.66,58372.26,null,null,"SMMLV"]
[{"$f":"SUBSTITUTE(C1730&D1730&E1730&F1730&G1730&H1730&I1730,\" \",\"\")","v":"AgenteFrontOfficesinherramientaAgenteprofesionalCienciassociales,humanasyafinesServicio7x24PlatinoZona2NA"},"IT-BPO-28-110","Agente Front Office sin herramienta","Agente profesional","Ciencias sociales, humanas y afines","Servicio 7x24","Platino","Zona 2","NA","Mes 7x24",41914368.5,31323631.32,45686164.880000003,37191589.590000004,41739926.079999998,65998299.899999999,51376029.859999999,33175894.780000001,null,null,"SMMLV"]
["AgenteFrontOfficesinherramientaAgenteprofesionalCienciassociales,humanasyafinesJornadaOrdinariaOroZona3NA","IT-BPO-28-111","Agente Front Office sin herramienta","Agente profesional","Ciencias sociales, humanas y afines","Jornada Ordinaria","Oro","Zona 3","NA","Mes",8482147.25,7917083.2400000002,11700554.609999999,8231824.5599999996,10672793.15,11450212.43,10645723.779999999,7791351.7199999997,null,null,"SMMLV"]
["AgenteFrontOfficesinherramientaAgenteprofesionalCienciassociales,humanasyafinesHoraextradiurnaOroZona3NA","IT-BPO-28-112","Agente Front Office sin herramienta","Agente profesional","Ciencias sociales, humanas y afines","Hora extra diurna","Oro","Zona 3","NA","Hora",50488.97,48957.45,63591.03,40958.480000000003,51208.92,68156.09,69049.16,36041.49,null,null,"SMMLV"]
["AgenteFrontOfficesinherramientaAgenteprofesionalCienciassociales,humanasyafinesHoraextranocturna OroZona3NA","IT-BPO-28-113","Agente Front Office sin herramienta","Agente profesional","Ciencias sociales, humanas y afines","Hora extra nocturna ","Oro","Zona 3","NA","Hora",70684.56,68540.429999999993,89026.79,56811.89,70324.55,95419.4,74573.100000000006,50458.15,null,null,"SMMLV"]
["AgenteFrontOfficesinherramientaAgenteprofesionalCienciassociales,humanasyafinesHoraextradominicalyfestivoOroZona3NA","IT-BPO-28-114","Agente Front Office sin herramienta","Agente profesional","Ciencias sociales, humanas y afines","Hora extra dominical y festivo","Oro","Zona 3","NA","Hora",80782.350000000006,97914.9,101745.21,64738.59,87171.78,136312.17000000001,110478.66,57666.42,null,null,"SMMLV"]
["AgenteFrontOfficesinherramientaAgenteprofesionalCienciassociales,humanasyafinesServicio7x24OroZona3NA","IT-BPO-28-115","Agente Front Office sin herramienta","Agente profesional","Ciencias sociales, humanas y afines","Servicio 7x24","Oro","Zona 3","NA","Mes 7x24",40693561.649999999,31321265.030000001,46802212.969999999,37191589.590000004,39114566.649999999,65036922.75,51376029.859999999,32789185.010000002,null,null,"SMMLV"]
["AgenteFrontOfficesinherramientaAgenteprofesionalCienciassociales,humanasyafinesJornadaOrdinariaPlatinoZona3NA","IT-BPO-28-116","Agente Front Office sin herramienta","Agente profesional","Ciencias sociales, humanas y afines","Jornada Ordinaria","Platino","Zona 3","NA","Mes",8906254.6199999992,7921027.4299999997,11817559.74,8231824.5599999996,10672793.15,11619468.77,10645723.779999999,7874290.7400000002,null,null,"SMMLV"]
["AgenteFrontOfficesinherramientaAgenteprofesionalCienciassociales,humanasyafinesHoraextradiurnaPlatinoZona3NA","IT-BPO-28-117","Agente Front Office sin herramienta","Agente profesional","Ciencias sociales, humanas y afines","Hora extra diurna","Platino","Zona 3","NA","Hora",53013.42,48957.45,64227.23,40958.480000000003,51990.52,69164.58,69049.16,36482.660000000003,null,null,"SMMLV"]
["AgenteFrontOfficesinherramientaAgenteprofesionalCienciassociales,humanasyafinesHoraextranocturna PlatinoZona3NA","IT-BPO-28-118","Agente Front Office sin herramienta","Agente profesional","Ciencias sociales, humanas y afines","Hora extra nocturna ","Platino","Zona 3","NA","Hora",74218.789999999994,68540.429999999993,89917.02,56811.89,71397.67,96829.759999999995,74573.100000000006,51075.73,null,null,"SMMLV"]
["AgenteFrontOfficesinherramientaAgenteprofesionalCienciassociales,humanasyafinesHoraextradominicalyfestivoPlatinoZona3NA","IT-BPO-28-119","Agente Front Office sin herramienta","Agente profesional","Ciencias sociales, humanas y afines","Hora extra dominical y festivo","Platino","Zona 3","NA","Hora",84821.47,97914.9,102762.47,64738.59,88634.05,138328.07,110478.66,58372.26,null,null,"SMMLV"]
["AgenteFrontOfficesinherramientaAgenteprofesionalCienciassociales,humanasyafinesServicio7x24PlatinoZona3NA","IT-BPO-28-120","Agente Front Office sin herramienta","Agente profesional","Ciencias sociales, humanas y afines","Servicio 7x24","Platino","Zona 3","NA","Mes 7x24",42728239.729999997,31333096.5,47270234.579999998,37191589.590000004,41913547.509999998,87219159,51376029.859999999,33175894.780000001,null,null,"SMMLV"]
["AgenteFrontOfficesinherramientaAgenteprofesionalIngeniería,arquitectura,urbanismoyafinesJornadaOrdinariaOroZona1NA","IT-BPO-28-121","Agente Front Office sin herramienta","Agente profesional","Ingeniería, arquitectura, urbanismo y afines","Jornada Ordinaria","Oro","Zona 1","NA","Mes",8078235.4800000004,7911562.25,11470007.84,8231824.5599999996,10672793.15,11450212.43,10645723.779999999,7791351.7199999997,null,null,"SMMLV"]
["AgenteFrontOfficesinherramientaAgenteprofesionalIngeniería,arquitectura,urbanismoyafinesHoraextradiurnaOroZona1NA","IT-BPO-28-122","Agente Front Office sin herramienta","Agente profesional","Ingeniería, arquitectura, urbanismo y afines","Hora extra diurna","Oro","Zona 1","NA","Hora",48084.74,48957.45,62337.26,40958.480000000003,50154.83,68156.09,69049.16,36041.49,null,null,"SMMLV"]
["AgenteFrontOfficesinherramientaAgenteprofesionalIngeniería,arquitectura,urbanismoyafinesHoraextranocturna OroZona1NA","IT-BPO-28-123","Agente Front Office sin herramienta","Agente profesional","Ingeniería, arquitectura, urbanismo y afines","Hora extra nocturna ","Oro","Zona 1","NA","Hora",67318.63,68540.429999999993,87273.69,56811.89,68912.69,95419.4,74573.100000000006,50458.15,null,null,"SMMLV"]
["AgenteFrontOfficesinherramientaAgenteprofesionalIngeniería,arquitectura,urbanismoyafinesHoraextradominicalyfestivoOroZona1NA","IT-BPO-28-124","Agente Front Office sin herramienta","Agente profesional","Ingeniería, arquitectura, urbanismo y afines","Hora extra dominical y festivo","Oro","Zona 1","NA","Hora",76935.58,97914.9,99740.27,64738.59,85262.88,136312.17000000001,110478.66,57666.42,null,null,"SMMLV"]
["AgenteFrontOfficesinherramientaAgenteprofesionalIngeniería,arquitectura,urbanismoyafinesServicio7x24OroZona1NA","IT-BPO-28-125","Agente Front Office sin herramienta","Agente profesional","Ingeniería, arquitectura, urbanismo y afines","Servicio 7x24","Oro","Zona 1","NA","Mes 7x24",38755773,31304699.870000001,45880024.770000003,37191589.590000004,38775595.68,65036922.75,51376029.859999999,32789185.010000002,null,null,"SMMLV"]
["AgenteFrontOfficesinherramientaAgenteprofesionalIngeniería,arquitectura,urbanismoyafinesJornadaOrdinariaPlatinoZona1NA","IT-BPO-28-126","Agente Front Office sin herramienta","Agente profesional","Ingeniería, arquitectura, urbanismo y afines","Jornada Ordinaria","Platino","Zona 1","NA","Mes",8482147.25,7915506.4400000004,11308458.109999999,8231824.5599999996,10672793.15,11619468.77,10645723.779999999,7874290.7400000002,null,null,"SMMLV"]
["AgenteFrontOfficesinherramientaAgenteprofesionalIngeniería,arquitectura,urbanismoyafinesHoraextradiurnaPlatinoZona1NA","IT-BPO-28-127","Agente Front Office sin herramienta","Agente profesional","Ingeniería, arquitectura, urbanismo y afines","Hora extra diurna","Platino","Zona 1","NA","Hora",50488.97,48957.45,61460.160000000003,40958.480000000003,50910.79,69164.58,69049.16,36482.660000000003,null,null,"SMMLV"]
["AgenteFrontOfficesinherramientaAgenteprofesionalIngeniería,arquitectura,urbanismoyafinesHoraextranocturna PlatinoZona1NA","IT-BPO-28-128","Agente Front Office sin herramienta","Agente profesional","Ingeniería, arquitectura, urbanismo y afines","Hora extra nocturna ","Platino","Zona 1","NA","Hora",70684.56,68540.429999999993,86042.91,56811.89,69951,96829.759999999995,74573.100000000006,51075.73,null,null,"SMMLV"]
["AgenteFrontOfficesinherramientaAgenteprofesionalIngeniería,arquitectura,urbanismoyafinesHoraextradominicalyfestivoPlatinoZona1NA","IT-BPO-28-129","Agente Front Office sin herramienta","Agente profesional","Ingeniería, arquitectura, urbanismo y afines","Hora extra dominical y festivo","Platino","Zona 1","NA","Hora",80782.350000000006,97914.9,98335.38,64738.59,86678.26,138328.07,110478.66,58372.26,null,null,"SMMLV"]
["AgenteFrontOfficesinherramientaAgenteprofesionalIngeniería,arquitectura,urbanismoyafinesServicio7x24PlatinoZona1NA","IT-BPO-28-130","Agente Front Office sin herramienta","Agente profesional","Ingeniería, arquitectura, urbanismo y afines","Servicio 7x24","Platino","Zona 1","NA","Mes 7x24",40693561.649999999,31316532.440000001,45233826.950000003,37191589.590000004,41479494.460000001,65998299.899999999,51376029.859999999,33175894.780000001,null,null,"SMMLV"]
["AgenteFrontOfficesinherramientaAgenteprofesionalIngeniería,arquitectura,urbanismoyafinesJornadaOrdinariaOroZona2NA","IT-BPO-28-131","Agente Front Office sin herramienta","Agente profesional","Ingeniería, arquitectura, urbanismo y afines","Jornada Ordinaria","Oro","Zona 2","NA","Mes",8320582.54,7913928.54,11584706.9,8231824.5599999996,10672793.15,11450212.43,10645723.779999999,7791351.7199999997,null,null,"SMMLV"]
["AgenteFrontOfficesinherramientaAgenteprofesionalIngeniería,arquitectura,urbanismoyafinesHoraextradiurnaOroZona2NA","IT-BPO-28-132","Agente Front Office sin herramienta","Agente profesional","Ingeniería, arquitectura, urbanismo y afines","Hora extra diurna","Oro","Zona 2","NA","Hora",49527.28,48957.45,62961.41,40958.480000000003,50997.68,68156.09,69049.16,36041.49,null,null,"SMMLV"]
["AgenteFrontOfficesinherramientaAgenteprofesionalIngeniería,arquitectura,urbanismoyafinesHoraextranocturna OroZona2NA","IT-BPO-28-133","Agente Front Office sin herramienta","Agente profesional","Ingeniería, arquitectura, urbanismo y afines","Hora extra nocturna ","Oro","Zona 2","NA","Hora",69338.19,68540.429999999993,88145.31,56811.89,70033.320000000007,95419.4,74573.100000000006,50458.15,null,null,"SMMLV"]
["AgenteFrontOfficesinherramientaAgenteprofesionalIngeniería,arquitectura,urbanismoyafinesHoraextradominicalyfestivoOroZona2NA","IT-BPO-28-134","Agente Front Office sin herramienta","Agente profesional","Ingeniería, arquitectura, urbanismo y afines","Hora extra dominical y festivo","Oro","Zona 2","NA","Hora",79243.64,97914.9,100737.81,64738.59,86774.32,136312.17000000001,110478.66,57666.42,null,null,"SMMLV"]
["AgenteFrontOfficesinherramientaAgenteprofesionalIngeniería,arquitectura,urbanismoyafinesServicio7x24OroZona2NA","IT-BPO-28-135","Agente Front Office sin herramienta","Agente profesional","Ingeniería, arquitectura, urbanismo y afines","Servicio 7x24","Oro","Zona 2","NA","Mes 7x24",39918446.189999998,31311798.75,46338824.299999997,37191589.590000004,38978978.18,65036922.75,51376029.859999999,32789185.010000002,null,null,"SMMLV"]
["AgenteFrontOfficesinherramientaAgenteprofesionalIngeniería,arquitectura,urbanismoyafinesJornadaOrdinariaPlatinoZona2NA","IT-BPO-28-136","Agente Front Office sin herramienta","Agente profesional","Ingeniería, arquitectura, urbanismo y afines","Jornada Ordinaria","Platino","Zona 2","NA","Mes",8736611.6699999999,7917872.7300000004,11421542.039999999,8231824.5599999996,10672793.15,11619468.77,10645723.779999999,7874290.7400000002,null,null,"SMMLV"]
["AgenteFrontOfficesinherramientaAgenteprofesionalIngeniería,arquitectura,urbanismoyafinesHoraextradiurnaPlatinoZona2NA","IT-BPO-28-137","Agente Front Office sin herramienta","Agente profesional","Ingeniería, arquitectura, urbanismo y afines","Hora extra diurna","Platino","Zona 2","NA","Hora",52003.64,48957.45,62074.46,40958.480000000003,51773.48,69164.58,69049.16,36482.660000000003,null,null,"SMMLV"]
["AgenteFrontOfficesinherramientaAgenteprofesionalIngeniería,arquitectura,urbanismoyafinesHoraextranocturna PlatinoZona2NA","IT-BPO-28-138","Agente Front Office sin herramienta","Agente profesional","Ingeniería, arquitectura, urbanismo y afines","Hora extra nocturna ","Platino","Zona 2","NA","Hora",72805.100000000006,68540.429999999993,86904.68,56811.89,71098.5,96829.759999999995,74573.100000000006,51075.73,null,null,"SMMLV"]
["AgenteFrontOfficesinherramientaAgenteprofesionalIngeniería,arquitectura,urbanismoyafinesHoraextradominicalyfestivoPlatinoZona2NA","IT-BPO-28-139","Agente Front Office sin herramienta","Agente profesional","Ingeniería, arquitectura, urbanismo y afines","Hora extra dominical y festivo","Platino","Zona 2","NA","Hora",83205.83,97914.9,99318.69,64738.59,88225.97,138328.07,110478.66,58372.26,null,null,"SMMLV"]
["AgenteFrontOfficesinherramientaAgenteprofesionalIngeniería,arquitectura,urbanismoyafinesServicio7x24PlatinoZona2NA","IT-BPO-28-140","Agente Front Office sin herramienta","Agente profesional","Ingeniería, arquitectura, urbanismo y afines","Servicio 7x24","Platino","Zona 2","NA","Mes 7x24",41914368.5,31323631.32,45686164.880000003,37191589.590000004,41739926.079999998,65998299.899999999,51376029.859999999,33175894.780000001,null,null,"SMMLV"]
["AgenteFrontOfficesinherramientaAgenteprofesionalIngeniería,arquitectura,urbanismoyafinesJornadaOrdinariaOroZona3NA","IT-BPO-28-141","Agente Front Office sin herramienta","Agente profesional","Ingeniería, arquitectura, urbanismo y afines","Jornada Ordinaria","Oro","Zona 3","NA","Mes",8482147.25,7917083.2400000002,11700554.609999999,8231824.5599999996,10672793.15,11450212.43,10645723.779999999,7791351.7199999997,null,null,"SMMLV"]
["AgenteFrontOfficesinherramientaAgenteprofesionalIngeniería,arquitectura,urbanismoyafinesHoraextradiurnaOroZona3NA","IT-BPO-28-142","Agente Front Office sin herramienta","Agente profesional","Ingeniería, arquitectura, urbanismo y afines","Hora extra diurna","Oro","Zona 3","NA","Hora",50488.97,48957.45,63591.03,40958.480000000003,51208.92,68156.09,69049.16,36041.49,null,null,"SMMLV"]
["AgenteFrontOfficesinherramientaAgenteprofesionalIngeniería,arquitectura,urbanismoyafinesHoraextranocturna OroZona3NA","IT-BPO-28-143","Agente Front Office sin herramienta","Agente profesional","Ingeniería, arquitectura, urbanismo y afines","Hora extra nocturna ","Oro","Zona 3","NA","Hora",70684.56,68540.429999999993,89026.79,56811.89,70324.55,95419.4,74573.100000000006,50458.15,null,null,"SMMLV"]
["AgenteFrontOfficesinherramientaAgenteprofesionalIngeniería,arquitectura,urbanismoyafinesHoraextradominicalyfestivoOroZona3NA","IT-BPO-28-144","Agente Front Office sin herramienta","Agente profesional","Ingeniería, arquitectura, urbanismo y afines","Hora extra dominical y festivo","Oro","Zona 3","NA","Hora",80782.350000000006,97914.9,101745.21,64738.59,87171.78,136312.17000000001,110478.66,57666.42,null,null,"SMMLV"]
["AgenteFrontOfficesinherramientaAgenteprofesionalIngeniería,arquitectura,urbanismoyafinesServicio7x24OroZona3NA","IT-BPO-28-145","Agente Front Office sin herramienta","Agente profesional","Ingeniería, arquitectura, urbanismo y afines","Servicio 7x24","Oro","Zona 3","NA","Mes 7x24",40693561.649999999,31321265.030000001,46802212.969999999,37191589.590000004,39114566.649999999,65036922.75,51376029.859999999,32789185.010000002,null,null,"SMMLV"]
["AgenteFrontOfficesinherramientaAgenteprofesionalIngeniería,arquitectura,urbanismoyafinesJornadaOrdinariaPlatinoZona3NA","IT-BPO-28-146","Agente Front Office sin herramienta","Agente profesional","Ingeniería, arquitectura, urbanismo y afines","Jornada Ordinaria","Platino","Zona 3","NA","Mes",8906254.6199999992,7921027.4299999997,11817559.74,8231824.5599999996,10672793.15,11619468.77,10645723.779999999,7874290.7400000002,null,null,"SMMLV"]
["AgenteFrontOfficesinherramientaAgenteprofesionalIngeniería,arquitectura,urbanismoyafinesHoraextradiurnaPlatinoZona3NA","IT-BPO-28-147","Agente Front Office sin herramienta","Agente profesional","Ingeniería, arquitectura, urbanismo y afines","Hora extra diurna","Platino","Zona 3","NA","Hora",53013.42,48957.45,64227.23,40958.480000000003,51990.52,69164.58,69049.16,36482.660000000003,null,null,"SMMLV"]
["AgenteFrontOfficesinherramientaAgenteprofesionalIngeniería,arquitectura,urbanismoyafinesHoraextranocturna PlatinoZona3NA","IT-BPO-28-148","Agente Front Office sin herramienta","Agente profesional","Ingeniería, arquitectura, urbanismo y afines","Hora extra nocturna ","Platino","Zona 3","NA","Hora",74218.789999999994,68540.429999999993,89917.02,56811.89,71397.67,96829.759999999995,74573.100000000006,51075.73,null,null,"SMMLV"]
["AgenteFrontOfficesinherramientaAgenteprofesionalIngeniería,arquitectura,urbanismoyafinesHoraextradominicalyfestivoPlatinoZona3NA","IT-BPO-28-149","Agente Front Office sin herramienta","Agente profesional","Ingeniería, arquitectura, urbanismo y afines","Hora extra dominical y festivo","Platino","Zona 3","NA","Hora",84821.47,97914.9,102762.47,64738.59,88634.05,138328.07,110478.66,58372.26,null,null,"SMMLV"]
["AgenteFrontOfficesinherramientaAgenteprofesionalIngeniería,arquitectura,urbanismoyafinesServicio7x24PlatinoZona3NA","IT-BPO-28-150","Agente Front Office sin herramienta","Agente profesional","Ingeniería, arquitectura, urbanismo y afines","Servicio 7x24","Platino","Zona 3","NA","Mes 7x24",42728239.729999997,31333096.5,47270234.579999998,37191589.590000004,41913547.509999998,87219159,51376029.859999999,33175894.780000001,null,null,"SMMLV"]
["AgenteFrontOfficesinherramientaAgenteprofesionalBellasartesyafinesJornadaOrdinariaOroZona1NA","IT-BPO-28-151","Agente Front Office sin herramienta","Agente profesional","Bellas artes y afines","Jornada Ordinaria","Oro","Zona 1","NA","Mes",8078235.4800000004,7911562.25,11470007.84,8231824.5599999996,10672793.15,11450212.43,10645723.779999999,7791351.7199999997,null,null,"SMMLV"]
["AgenteFrontOfficesinherramientaAgenteprofesionalBellasartesyafinesHoraextradiurnaOroZona1NA","IT-BPO-28-152","Agente Front Office sin herramienta","Agente profesional","Bellas artes y afines","Hora extra diurna","Oro","Zona 1","NA","Hora",48084.74,48957.45,62337.26,40958.480000000003,50154.83,68156.09,69049.16,36041.49,null,null,"SMMLV"]
["AgenteFrontOfficesinherramientaAgenteprofesionalBellasartesyafinesHoraextranocturna OroZona1NA","IT-BPO-28-153","Agente Front Office sin herramienta","Agente profesional","Bellas artes y afines","Hora extra nocturna ","Oro","Zona 1","NA","Hora",67318.63,68540.429999999993,87273.69,56811.89,68912.69,95419.4,74573.100000000006,50458.15,null,null,"SMMLV"]
["AgenteFrontOfficesinherramientaAgenteprofesionalBellasartesyafinesHoraextradominicalyfestivoOroZona1NA","IT-BPO-28-154","Agente Front Office sin herramienta","Agente profesional","Bellas artes y afines","Hora extra dominical y festivo","Oro","Zona 1","NA","Hora",76935.58,97914.9,99740.27,64738.59,85262.88,136312.17000000001,110478.66,57666.42,null,null,"SMMLV"]
["AgenteFrontOfficesinherramientaAgenteprofesionalBellasartesyafinesServicio7x24OroZona1NA","IT-BPO-28-155","Agente Front Office sin herramienta","Agente profesional","Bellas artes y afines","Servicio 7x24","Oro","Zona 1","NA","Mes 7x24",38755773,31304699.870000001,45880024.770000003,37191589.590000004,38775595.68,65036922.75,51376029.859999999,32789185.010000002,null,null,"SMMLV"]
["AgenteFrontOfficesinherramientaAgenteprofesionalBellasartesyafinesJornadaOrdinariaPlatinoZona1NA","IT-BPO-28-156","Agente Front Office sin herramienta","Agente profesional","Bellas artes y afines","Jornada Ordinaria","Platino","Zona 1","NA","Mes",8482147.25,7915506.4400000004,11308458.109999999,8231824.5599999996,10672793.15,11619468.77,10645723.779999999,7874290.7400000002,null,null,"SMMLV"]
["AgenteFrontOfficesinherramientaAgenteprofesionalBellasartesyafinesHoraextradiurnaPlatinoZona1NA","IT-BPO-28-157","Agente Front Office sin herramienta","Agente profesional","Bellas artes y afines","Hora extra diurna","Platino","Zona 1","NA","Hora",50488.97,48957.45,61460.160000000003,40958.480000000003,50910.79,69164.58,69049.16,36482.660000000003,null,null,"SMMLV"]
["AgenteFrontOfficesinherramientaAgenteprofesionalBellasartesyafinesHoraextranocturna PlatinoZona1NA","IT-BPO-28-158","Agente Front Office sin herramienta","Agente profesional","Bellas artes y afines","Hora extra nocturna ","Platino","Zona 1","NA","Hora",70684.56,68540.429999999993,86042.91,56811.89,69951,96829.759999999995,74573.100000000006,51075.73,null,null,"SMMLV"]
["AgenteFrontOfficesinherramientaAgenteprofesionalBellasartesyafinesHoraextradominicalyfestivoPlatinoZona1NA","IT-BPO-28-159","Agente Front Office sin herramienta","Agente profesional","Bellas artes y afines","Hora extra dominical y festivo","Platino","Zona 1","NA","Hora",80782.350000000006,97914.9,98335.38,64738.59,86678.26,138328.07,110478.66,58372.26,null,null,"SMMLV"]
["AgenteFrontOfficesinherramientaAgenteprofesionalBellasartesyafinesServicio7x24PlatinoZona1NA","IT-BPO-28-160","Agente Front Office sin herramienta","Agente profesional","Bellas artes y afines","Servicio 7x24","Platino","Zona 1","NA","Mes 7x24",40693561.649999999,31316532.440000001,45233826.950000003,37191589.590000004,41479494.460000001,65998299.899999999,51376029.859999999,33175894.780000001,null,null,"SMMLV"]
["AgenteFrontOfficesinherramientaAgenteprofesionalBellasartesyafinesJornadaOrdinariaOroZona2NA","IT-BPO-28-161","Agente Front Office sin herramienta","Agente profesional","Bellas artes y afines","Jornada Ordinaria","Oro","Zona 2","NA","Mes",8320582.54,7913928.54,11584706.9,8231824.5599999996,10672793.15,11450212.43,10645723.779999999,7791351.7199999997,null,null,"SMMLV"]
["AgenteFrontOfficesinherramientaAgenteprofesionalBellasartesyafinesHoraextradiurnaOroZona2NA","IT-BPO-28-162","Agente Front Office sin herramienta","Agente profesional","Bellas artes y afines","Hora extra diurna","Oro","Zona 2","NA","Hora",49527.28,48957.45,62961.41,40958.480000000003,50997.68,68156.09,69049.16,36041.49,null,null,"SMMLV"]
["AgenteFrontOfficesinherramientaAgenteprofesionalBellasartesyafinesHoraextranocturna OroZona2NA","IT-BPO-28-163","Agente Front Office sin herramienta","Agente profesional","Bellas artes y afines","Hora extra nocturna ","Oro","Zona 2","NA","Hora",69338.19,68540.429999999993,88145.31,56811.89,70033.320000000007,95419.4,74573.100000000006,50458.15,null,null,"SMMLV"]
["AgenteFrontOfficesinherramientaAgenteprofesionalBellasartesyafinesHoraextradominicalyfestivoOroZona2NA","IT-BPO-28-164","Agente Front Office sin herramienta","Agente profesional","Bellas artes y afines","Hora extra dominical y festivo","Oro","Zona 2","NA","Hora",79243.64,97914.9,100737.81,64738.59,86774.32,136312.17000000001,110478.66,57666.42,null,null,"SMMLV"]
["AgenteFrontOfficesinherramientaAgenteprofesionalBellasartesyafinesServicio7x24OroZona2NA","IT-BPO-28-165","Agente Front Office sin herramienta","Agente profesional","Bellas artes y afines","Servicio 7x24","Oro","Zona 2","NA","Mes 7x24",39918446.189999998,31311798.75,46338824.299999997,37191589.590000004,38978978.18,65036922.75,51376029.859999999,32789185.010000002,null,null,"SMMLV"]
["AgenteFrontOfficesinherramientaAgenteprofesionalBellasartesyafinesJornadaOrdinariaPlatinoZona2NA","IT-BPO-28-166","Agente Front Office sin herramienta","Agente profesional","Bellas artes y afines","Jornada Ordinaria","Platino","Zona 2","NA","Mes",8736611.6699999999,7917872.7300000004,11421542.039999999,8231824.5599999996,10672793.15,11619468.77,10645723.779999999,7874290.7400000002,null,null,"SMMLV"]
["AgenteFrontOfficesinherramientaAgenteprofesionalBellasartesyafinesHoraextradiurnaPlatinoZona2NA","IT-BPO-28-167","Agente Front Office sin herramienta","Agente profesional","Bellas artes y afines","Hora extra diurna","Platino","Zona 2","NA","Hora",52003.64,48957.45,62074.46,40958.480000000003,51773.48,69164.58,69049.16,36482.660000000003,null,null,"SMMLV"]
["AgenteFrontOfficesinherramientaAgenteprofesionalBellasartesyafinesHoraextranocturna PlatinoZona2NA","IT-BPO-28-168","Agente Front Office sin herramienta","Agente profesional","Bellas artes y afines","Hora extra nocturna ","Platino","Zona 2","NA","Hora",72805.100000000006,68540.429999999993,86904.68,56811.89,71098.5,96829.759999999995,74573.100000000006,51075.73,null,null,"SMMLV"]
["AgenteFrontOfficesinherramientaAgenteprofesionalBellasartesyafinesHoraextradominicalyfestivoPlatinoZona2NA","IT-BPO-28-169","Agente Front Office sin herramienta","Agente profesional","Bellas artes y afines","Hora extra dominical y festivo","Platino","Zona 2","NA","Hora",83205.83,97914.9,99318.69,64738.59,88225.97,138328.07,110478.66,58372.26,null,null,"SMMLV"]
["AgenteFrontOfficesinherramientaAgenteprofesionalBellasartesyafinesServicio7x24PlatinoZona2NA","IT-BPO-28-170","Agente Front Office sin herramienta","Agente profesional","Bellas artes y afines","Servicio 7x24","Platino","Zona 2","NA","Mes 7x24",41914368.5,31323631.32,45686164.880000003,37191589.590000004,41739926.079999998,65998299.899999999,51376029.859999999,33175894.780000001,null,null,"SMMLV"]
["AgenteFrontOfficesinherramientaAgenteprofesionalBellasartesyafinesJornadaOrdinariaOroZona3NA","IT-BPO-28-171","Agente Front Office sin herramienta","Agente profesional","Bellas artes y afines","Jornada Ordinaria","Oro","Zona 3","NA","Mes",8482147.25,7917083.2400000002,11700554.609999999,8231824.5599999996,10672793.15,11450212.43,10645723.779999999,7791351.7199999997,null,null,"SMMLV"]
["AgenteFrontOfficesinherramientaAgenteprofesionalBellasartesyafinesHoraextradiurnaOroZona3NA","IT-BPO-28-172","Agente Front Office sin herramienta","Agente profesional","Bellas artes y afines","Hora extra diurna","Oro","Zona 3","NA","Hora",50488.97,48957.45,63591.03,40958.480000000003,51208.92,68156.09,69049.16,36041.49,null,null,"SMMLV"]
["AgenteFrontOfficesinherramientaAgenteprofesionalBellasartesyafinesHoraextranocturna OroZona3NA","IT-BPO-28-173","Agente Front Office sin herramienta","Agente profesional","Bellas artes y afines","Hora extra nocturna ","Oro","Zona 3","NA","Hora",70684.56,68540.429999999993,89026.79,56811.89,70324.55,95419.4,74573.100000000006,50458.15,null,null,"SMMLV"]
[{"$f":"SUBSTITUTE(C1794&D1794&E1794&F1794&G1794&H1794&I1794,\" \",\"\")","v":"AgenteFrontOfficesinherramientaAgenteprofesionalBellasartesyafinesHoraextradominicalyfestivoOroZona3NA"},"IT-BPO-28-174","Agente Front Office sin herramienta","Agente profesional","Bellas artes y afines","Hora extra dominical y festivo","Oro","Zona 3","NA","Hora",80782.350000000006,97914.9,101745.21,64738.59,87171.78,136312.17000000001,110478.66,57666.42,null,null,"SMMLV"]
["AgenteFrontOfficesinherramientaAgenteprofesionalBellasartesyafinesServicio7x24OroZona3NA","IT-BPO-28-175","Agente Front Office sin herramienta","Agente profesional","Bellas artes y afines","Servicio 7x24","Oro","Zona 3","NA","Mes 7x24",40693561.649999999,31321265.030000001,46802212.969999999,37191589.590000004,39114566.649999999,65036922.75,51376029.859999999,32789185.010000002,null,null,"SMMLV"]
["AgenteFrontOfficesinherramientaAgenteprofesionalBellasartesyafinesJornadaOrdinariaPlatinoZona3NA","IT-BPO-28-176","Agente Front Office sin herramienta","Agente profesional","Bellas artes y afines","Jornada Ordinaria","Platino","Zona 3","NA","Mes",8906254.6199999992,7921027.4299999997,11817559.74,8231824.5599999996,10672793.15,11619468.77,10645723.779999999,7874290.7400000002,null,null,"SMMLV"]
["AgenteFrontOfficesinherramientaAgenteprofesionalBellasartesyafinesHoraextradiurnaPlatinoZona3NA","IT-BPO-28-177","Agente Front Office sin herramienta","Agente profesional","Bellas artes y afines","Hora extra diurna","Platino","Zona 3","NA","Hora",53013.42,48957.45,64227.23,40958.480000000003,51990.52,69164.58,69049.16,36482.660000000003,null,null,"SMMLV"]
["AgenteFrontOfficesinherramientaAgenteprofesionalBellasartesyafinesHoraextranocturna PlatinoZona3NA","IT-BPO-28-178","Agente Front Office sin herramienta","Agente profesional","Bellas artes y afines","Hora extra nocturna ","Platino","Zona 3","NA","Hora",74218.789999999994,68540.429999999993,89917.02,56811.89,71397.67,96829.759999999995,74573.100000000006,51075.73,null,null,"SMMLV"]
["AgenteFrontOfficesinherramientaAgenteprofesionalBellasartesyafinesHoraextradominicalyfestivoPlatinoZona3NA","IT-BPO-28-179","Agente Front Office sin herramienta","Agente profesional","Bellas artes y afines","Hora extra dominical y festivo","Platino","Zona 3","NA","Hora",84821.47,97914.9,102762.47,64738.59,88634.05,138328.07,110478.66,58372.26,null,null,"SMMLV"]
["AgenteFrontOfficesinherramientaAgenteprofesionalBellasartesyafinesServicio7x24PlatinoZona3NA","IT-BPO-28-180","Agente Front Office sin herramienta","Agente profesional","Bellas artes y afines","Servicio 7x24","Platino","Zona 3","NA","Mes 7x24",42728239.729999997,31333096.5,47270234.579999998,37191589.590000004,41913547.509999998,87219159,51376029.859999999,33175894.780000001,null,null,"SMMLV"]
["AgenteFrontOfficesinherramientaAgenteprofesionalMatemáticas,cienciasnaturalesyafinesJornadaOrdinariaOroZona1NA","IT-BPO-28-181","Agente Front Office sin herramienta","Agente profesional","Matemáticas, ciencias naturales y afines","Jornada Ordinaria","Oro","Zona 1","NA","Mes",8078235.4800000004,7911562.25,11470007.84,8231824.5599999996,10672793.15,11450212.43,10645723.779999999,7791351.7199999997,null,null,"SMMLV"]
["AgenteFrontOfficesinherramientaAgenteprofesionalMatemáticas,cienciasnaturalesyafinesHoraextradiurnaOroZona1NA","IT-BPO-28-182","Agente Front Office sin herramienta","Agente profesional","Matemáticas, ciencias naturales y afines","Hora extra diurna","Oro","Zona 1","NA","Hora",48084.74,48957.45,62337.26,40958.480000000003,50154.83,68156.09,69049.16,36041.49,null,null,"SMMLV"]
["AgenteFrontOfficesinherramientaAgenteprofesionalMatemáticas,cienciasnaturalesyafinesHoraextranocturna OroZona1NA","IT-BPO-28-183","Agente Front Office sin herramienta","Agente profesional","Matemáticas, ciencias naturales y afines","Hora extra nocturna ","Oro","Zona 1","NA","Hora",67318.63,68540.429999999993,87273.69,56811.89,68912.69,95419.4,74573.100000000006,50458.15,null,null,"SMMLV"]
["AgenteFrontOfficesinherramientaAgenteprofesionalMatemáticas,cienciasnaturalesyafinesHoraextradominicalyfestivoOroZona1NA","IT-BPO-28-184","Agente Front Office sin herramienta","Agente profesional","Matemáticas, ciencias naturales y afines","Hora extra dominical y festivo","Oro","Zona 1","NA","Hora",76935.58,97914.9,99740.27,64738.59,85262.88,136312.17000000001,110478.66,57666.42,null,null,"SMMLV"]
["AgenteFrontOfficesinherramientaAgenteprofesionalMatemáticas,cienciasnaturalesyafinesServicio7x24OroZona1NA","IT-BPO-28-185","Agente Front Office sin herramienta","Agente profesional","Matemáticas, ciencias naturales y afines","Servicio 7x24","Oro","Zona 1","NA","Mes 7x24",38755773,31304699.870000001,45880024.770000003,37191589.590000004,38775595.68,65036922.75,51376029.859999999,32789185.010000002,null,null,"SMMLV"]
["AgenteFrontOfficesinherramientaAgenteprofesionalMatemáticas,cienciasnaturalesyafinesJornadaOrdinariaPlatinoZona1NA","IT-BPO-28-186","Agente Front Office sin herramienta","Agente profesional","Matemáticas, ciencias naturales y afines","Jornada Ordinaria","Platino","Zona 1","NA","Mes",8482147.25,7915506.4400000004,11308458.109999999,8231824.5599999996,10672793.15,11619468.77,10645723.779999999,7874290.7400000002,null,null,"SMMLV"]
["AgenteFrontOfficesinherramientaAgenteprofesionalMatemáticas,cienciasnaturalesyafinesHoraextradiurnaPlatinoZona1NA","IT-BPO-28-187","Agente Front Office sin herramienta","Agente profesional","Matemáticas, ciencias naturales y afines","Hora extra diurna","Platino","Zona 1","NA","Hora",50488.97,48957.45,61460.160000000003,40958.480000000003,50910.79,69164.58,69049.16,36482.660000000003,null,null,"SMMLV"]
["AgenteFrontOfficesinherramientaAgenteprofesionalMatemáticas,cienciasnaturalesyafinesHoraextranocturna PlatinoZona1NA","IT-BPO-28-188","Agente Front Office sin herramienta","Agente profesional","Matemáticas, ciencias naturales y afines","Hora extra nocturna ","Platino","Zona 1","NA","Hora",70684.56,68540.429999999993,86042.91,56811.89,69951,96829.759999999995,74573.100000000006,51075.73,null,null,"SMMLV"]
["AgenteFrontOfficesinherramientaAgenteprofesionalMatemáticas,cienciasnaturalesyafinesHoraextradominicalyfestivoPlatinoZona1NA","IT-BPO-28-189","Agente Front Office sin herramienta","Agente profesional","Matemáticas, ciencias naturales y afines","Hora extra dominical y festivo","Platino","Zona 1","NA","Hora",80782.350000000006,97914.9,98335.38,64738.59,86678.26,138328.07,110478.66,58372.26,null,null,"SMMLV"]
["AgenteFrontOfficesinherramientaAgenteprofesionalMatemáticas,cienciasnaturalesyafinesServicio7x24PlatinoZona1NA","IT-BPO-28-190","Agente Front Office sin herramienta","Agente profesional","Matemáticas, ciencias naturales y afines","Servicio 7x24","Platino","Zona 1","NA","Mes 7x24",40693561.649999999,31316532.440000001,45233826.950000003,37191589.590000004,41479494.460000001,65998299.899999999,51376029.859999999,33175894.780000001,null,null,"SMMLV"]
["AgenteFrontOfficesinherramientaAgenteprofesionalMatemáticas,cienciasnaturalesyafinesJornadaOrdinariaOroZona2NA","IT-BPO-28-191","Agente Front Office sin herramienta","Agente profesional","Matemáticas, ciencias naturales y afines","Jornada Ordinaria","Oro","Zona 2","NA","Mes",8320582.54,7913928.54,11584706.9,8231824.5599999996,10672793.15,11450212.43,10645723.779999999,7791351.7199999997,null,null,"SMMLV"]
["AgenteFrontOfficesinherramientaAgenteprofesionalMatemáticas,cienciasnaturalesyafinesHoraextradiurnaOroZona2NA","IT-BPO-28-192","Agente Front Office sin herramienta","Agente profesional","Matemáticas, ciencias naturales y afines","Hora extra diurna","Oro","Zona 2","NA","Hora",49527.28,48957.45,62961.41,40958.480000000003,50997.68,68156.09,69049.16,36041.49,null,null,"SMMLV"]
["AgenteFrontOfficesinherramientaAgenteprofesionalMatemáticas,cienciasnaturalesyafinesHoraextranocturna OroZona2NA","IT-BPO-28-193","Agente Front Office sin herramienta","Agente profesional","Matemáticas, ciencias naturales y afines","Hora extra nocturna ","Oro","Zona 2","NA","Hora",69338.19,68540.429999999993,88145.31,56811.89,70033.320000000007,95419.4,74573.100000000006,50458.15,null,null,"SMMLV"]
["AgenteFrontOfficesinherramientaAgenteprofesionalMatemáticas,cienciasnaturalesyafinesHoraextradominicalyfestivoOroZona2NA","IT-BPO-28-194","Agente Front Office sin herramienta","Agente profesional","Matemáticas, ciencias naturales y afines","Hora extra dominical y festivo","Oro","Zona 2","NA","Hora",79243.64,97914.9,100737.81,64738.59,86774.32,136312.17000000001,110478.66,57666.42,null,null,"SMMLV"]
["AgenteFrontOfficesinherramientaAgenteprofesionalMatemáticas,cienciasnaturalesyafinesServicio7x24OroZona2NA","IT-BPO-28-195","Agente Front Office sin herramienta","Agente profesional","Matemáticas, ciencias naturales y afines","Servicio 7x24","Oro","Zona 2","NA","Mes 7x24",39918446.189999998,31311798.75,46338824.299999997,37191589.590000004,38978978.18,65036922.75,51376029.859999999,32789185.010000002,null,null,"SMMLV"]
["AgenteFrontOfficesinherramientaAgenteprofesionalMatemáticas,cienciasnaturalesyafinesJornadaOrdinariaPlatinoZona2NA","IT-BPO-28-196","Agente Front Office sin herramienta","Agente profesional","Matemáticas, ciencias naturales y afines","Jornada Ordinaria","Platino","Zona 2","NA","Mes",8736611.6699999999,7917872.7300000004,11421542.039999999,8231824.5599999996,10672793.15,11619468.77,10645723.779999999,7874290.7400000002,null,null,"SMMLV"]
["AgenteFrontOfficesinherramientaAgenteprofesionalMatemáticas,cienciasnaturalesyafinesHoraextradiurnaPlatinoZona2NA","IT-BPO-28-197","Agente Front Office sin herramienta","Agente profesional","Matemáticas, ciencias naturales y afines","Hora extra diurna","Platino","Zona 2","NA","Hora",52003.64,48957.45,62074.46,40958.480000000003,51773.48,69164.58,69049.16,36482.660000000003,null,null,"SMMLV"]
["AgenteFrontOfficesinherramientaAgenteprofesionalMatemáticas,cienciasnaturalesyafinesHoraextranocturna PlatinoZona2NA","IT-BPO-28-198","Agente Front Office sin herramienta","Agente profesional","Matemáticas, ciencias naturales y afines","Hora extra nocturna ","Platino","Zona 2","NA","Hora",72805.100000000006,68540.429999999993,86904.68,56811.89,71098.5,96829.759999999995,74573.100000000006,51075.73,null,null,"SMMLV"]
["AgenteFrontOfficesinherramientaAgenteprofesionalMatemáticas,cienciasnaturalesyafinesHoraextradominicalyfestivoPlatinoZona2NA","IT-BPO-28-199","Agente Front Office sin herramienta","Agente profesional","Matemáticas, ciencias naturales y afines","Hora extra dominical y festivo","Platino","Zona 2","NA","Hora",83205.83,97914.9,99318.69,64738.59,88225.97,138328.07,110478.66,58372.26,null,null,"SMMLV"]
["AgenteFrontOfficesinherramientaAgenteprofesionalMatemáticas,cienciasnaturalesyafinesServicio7x24PlatinoZona2NA","IT-BPO-28-200","Agente Front Office sin herramienta","Agente profesional","Matemáticas, ciencias naturales y afines","Servicio 7x24","Platino","Zona 2","NA","Mes 7x24",41914368.5,31323631.32,45686164.880000003,37191589.590000004,41739926.079999998,65998299.899999999,51376029.859999999,33175894.780000001,null,null,"SMMLV"]
["AgenteFrontOfficesinherramientaAgenteprofesionalMatemáticas,cienciasnaturalesyafinesJornadaOrdinariaOroZona3NA","IT-BPO-28-201","Agente Front Office sin herramienta","Agente profesional","Matemáticas, ciencias naturales y afines","Jornada Ordinaria","Oro","Zona 3","NA","Mes",8482147.25,7917083.2400000002,11700554.609999999,8231824.5599999996,10672793.15,11450212.43,10645723.779999999,7791351.7199999997,null,null,"SMMLV"]
["AgenteFrontOfficesinherramientaAgenteprofesionalMatemáticas,cienciasnaturalesyafinesHoraextradiurnaOroZona3NA","IT-BPO-28-202","Agente Front Office sin herramienta","Agente profesional","Matemáticas, ciencias naturales y afines","Hora extra diurna","Oro","Zona 3","NA","Hora",50488.97,48957.45,63591.03,40958.480000000003,51208.92,68156.09,69049.16,36041.49,null,null,"SMMLV"]
["AgenteFrontOfficesinherramientaAgenteprofesionalMatemáticas,cienciasnaturalesyafinesHoraextranocturna OroZona3NA","IT-BPO-28-203","Agente Front Office sin herramienta","Agente profesional","Matemáticas, ciencias naturales y afines","Hora extra nocturna ","Oro","Zona 3","NA","Hora",70684.56,68540.429999999993,89026.79,56811.89,70324.55,95419.4,74573.100000000006,50458.15,null,null,"SMMLV"]
["AgenteFrontOfficesinherramientaAgenteprofesionalMatemáticas,cienciasnaturalesyafinesHoraextradominicalyfestivoOroZona3NA","IT-BPO-28-204","Agente Front Office sin herramienta","Agente profesional","Matemáticas, ciencias naturales y afines","Hora extra dominical y festivo","Oro","Zona 3","NA","Hora",80782.350000000006,97914.9,101745.21,64738.59,87171.78,136312.17000000001,110478.66,57666.42,null,null,"SMMLV"]
["AgenteFrontOfficesinherramientaAgenteprofesionalMatemáticas,cienciasnaturalesyafinesServicio7x24OroZona3NA","IT-BPO-28-205","Agente Front Office sin herramienta","Agente profesional","Matemáticas, ciencias naturales y afines","Servicio 7x24","Oro","Zona 3","NA","Mes 7x24",40693561.649999999,31321265.030000001,46802212.969999999,37191589.590000004,39114566.649999999,65036922.75,51376029.859999999,32789185.010000002,null,null,"SMMLV"]
["AgenteFrontOfficesinherramientaAgenteprofesionalMatemáticas,cienciasnaturalesyafinesJornadaOrdinariaPlatinoZona3NA","IT-BPO-28-206","Agente Front Office sin herramienta","Agente profesional","Matemáticas, ciencias naturales y afines","Jornada Ordinaria","Platino","Zona 3","NA","Mes",8906254.6199999992,7921027.4299999997,11817559.74,8231824.5599999996,10672793.15,11619468.77,10645723.779999999,7874290.7400000002,null,null,"SMMLV"]
["AgenteFrontOfficesinherramientaAgenteprofesionalMatemáticas,cienciasnaturalesyafinesHoraextradiurnaPlatinoZona3NA","IT-BPO-28-207","Agente Front Office sin herramienta","Agente profesional","Matemáticas, ciencias naturales y afines","Hora extra diurna","Platino","Zona 3","NA","Hora",69299.05,48957.45,64227.23,40958.480000000003,47579.47,69164.58,69049.16,36482.660000000003,null,null,"SMMLV"]
["AgenteFrontOfficesinherramientaAgenteprofesionalMatemáticas,cienciasnaturalesyafinesHoraextranocturna PlatinoZona3NA","IT-BPO-28-208","Agente Front Office sin herramienta","Agente profesional","Matemáticas, ciencias naturales y afines","Hora extra nocturna ","Platino","Zona 3","NA","Hora",74218.789999999994,68540.429999999993,89917.02,56811.89,71397.67,96829.759999999995,74573.100000000006,51075.73,null,null,"SMMLV"]
["AgenteFrontOfficesinherramientaAgenteprofesionalMatemáticas,cienciasnaturalesyafinesHoraextradominicalyfestivoPlatinoZona3NA","IT-BPO-28-209","Agente Front Office sin herramienta","Agente profesional","Matemáticas, ciencias naturales y afines","Hora extra dominical y festivo","Platino","Zona 3","NA","Hora",84821.47,97914.9,102762.47,64738.59,88634.05,138328.07,110478.66,58372.26,null,null,"SMMLV"]
["AgenteFrontOfficesinherramientaAgenteprofesionalMatemáticas,cienciasnaturalesyafinesServicio7x24PlatinoZona3NA","IT-BPO-28-210","Agente Front Office sin herramienta","Agente profesional","Matemáticas, ciencias naturales y afines","Servicio 7x24","Platino","Zona 3","NA","Mes 7x24",42728239.729999997,31333096.5,47270234.579999998,37191589.590000004,41913547.509999998,87219159,51376029.859999999,33175894.780000001,null,null,"SMMLV"]
["AgenteFrontOfficesinherramientaAgenteprofesionalCienciasdelasaludyafinesJornadaOrdinariaOroZona1NA","IT-BPO-28-211","Agente Front Office sin herramienta","Agente profesional","Ciencias de la salud y afines","Jornada Ordinaria","Oro","Zona 1","NA","Mes",10559855.880000001,10418174.93,14555570.01,11475739.07,14230390.869999999,15113503.17,10645723.779999999,9947766.9800000004,null,null,"SMMLV"]
["AgenteFrontOfficesinherramientaAgenteprofesionalCienciasdelasaludyafinesHoraextradiurnaOroZona1NA","IT-BPO-28-212","Agente Front Office sin herramienta","Agente profesional","Ciencias de la salud y afines","Hora extra diurna","Oro","Zona 1","NA","Hora",62856.29,65276.24,79107.179999999993,66931.88,68212.66,89961.919999999998,69049.16,47511.83,null,null,"SMMLV"]
["AgenteFrontOfficesinherramientaAgenteprofesionalCienciasdelasaludyafinesHoraextranocturna OroZona1NA","IT-BPO-28-213","Agente Front Office sin herramienta","Agente profesional","Ciencias de la salud y afines","Hora extra nocturna ","Oro","Zona 1","NA","Hora",87998.8,91386.51,110749.4,93174.65,93938.37,125946.9,74573.100000000006,66516.539999999994,null,null,"SMMLV"]
["AgenteFrontOfficesinherramientaAgenteprofesionalCienciasdelasaludyafinesHoraextradominicalyfestivoOroZona1NA","IT-BPO-28-214","Agente Front Office sin herramienta","Agente profesional","Ciencias de la salud y afines","Hora extra dominical y festivo","Oro","Zona 1","NA","Hora",100570.06,130552.47,126571.05,106296.03,111835.8,179922.74,110478.66,76018.84,null,null,"SMMLV"]
["AgenteFrontOfficesinherramientaAgenteprofesionalCienciasdelasaludyafinesServicio7x24OroZona1NA","IT-BPO-28-215","Agente Front Office sin herramienta","Agente profesional","Ciencias de la salud y afines","Servicio 7x24","Oro","Zona 1","NA","Mes 7x24",51163875,41331150.590000004,58222273.469999999,55956833.450000003,56823394.859999999,85948668.829999998,51376029.859999999,42843638.719999999,null,null,"SMMLV"]
["AgenteFrontOfficesinherramientaAgenteprofesionalCienciasdelasaludyafinesJornadaOrdinariaPlatinoZona1NA","IT-BPO-28-216","Agente Front Office sin herramienta","Agente profesional","Ciencias de la salud y afines","Jornada Ordinaria","Platino","Zona 1","NA","Mes",11087848.67,10422119.119999999,14350561.92,11475739.07,14230390.869999999,15336910.550000001,10645723.779999999,10030706.109999999,null,null,"SMMLV"]
["AgenteFrontOfficesinherramientaAgenteprofesionalCienciasdelasaludyafinesHoraextradiurnaPlatinoZona1NA","IT-BPO-28-217","Agente Front Office sin herramienta","Agente profesional","Ciencias de la salud y afines","Hora extra diurna","Platino","Zona 1","NA","Hora",65999.100000000006,65276.24,77993.570000000007,66931.88,63921.18,91291.25,69049.16,47953.01,null,null,"SMMLV"]
["AgenteFrontOfficesinherramientaAgenteprofesionalCienciasdelasaludyafinesHoraextranocturna PlatinoZona1NA","IT-BPO-28-218","Agente Front Office sin herramienta","Agente profesional","Ciencias de la salud y afines","Hora extra nocturna ","Platino","Zona 1","NA","Hora",92398.74,91386.51,109190.12,93174.65,87815.44,127808.4,74573.100000000006,67134.12,null,null,"SMMLV"]
["AgenteFrontOfficesinherramientaAgenteprofesionalCienciasdelasaludyafinesHoraextradominicalyfestivoPlatinoZona1NA","IT-BPO-28-219","Agente Front Office sin herramienta","Agente profesional","Ciencias de la salud y afines","Hora extra dominical y festivo","Platino","Zona 1","NA","Hora",105598.56,130552.47,124788.39,106296.03,114184.84,182582.49,110478.66,76724.789999999994,null,null,"SMMLV"]
["AgenteFrontOfficesinherramientaAgenteprofesionalCienciasdelasaludyafinesServicio7x24PlatinoZona1NA","IT-BPO-28-220","Agente Front Office sin herramienta","Agente profesional","Ciencias de la salud y afines","Servicio 7x24","Platino","Zona 1","NA","Mes 7x24",53722068.75,41342983.159999996,57402241.109999999,55956833.450000003,59887851.939999998,11619468.77,51376029.859999999,43230348.479999997,null,null,"SMMLV"]
["AgenteFrontOfficesinherramientaAgenteprofesionalCienciasdelasaludyafinesJornadaOrdinariaOroZona2NA","IT-BPO-28-221","Agente Front Office sin herramienta","Agente profesional","Ciencias de la salud y afines","Jornada Ordinaria","Oro","Zona 2","NA","Mes",10876651.560000001,10420541.220000001,14701125.08,11475739.07,14230390.869999999,15113503.17,10645723.779999999,9947766.9800000004,null,null,"SMMLV"]
["AgenteFrontOfficesinherramientaAgenteprofesionalCienciasdelasaludyafinesHoraextradiurnaOroZona2NA","IT-BPO-28-222","Agente Front Office sin herramienta","Agente profesional","Ciencias de la salud y afines","Hora extra diurna","Oro","Zona 2","NA","Hora",64741.97,65276.24,79897.77,66931.88,69213.33,89961.919999999998,69049.16,47511.83,null,null,"SMMLV"]
["AgenteFrontOfficesinherramientaAgenteprofesionalCienciasdelasaludyafinesHoraextranocturna OroZona2NA","IT-BPO-28-223","Agente Front Office sin herramienta","Agente profesional","Ciencias de la salud y afines","Hora extra nocturna ","Oro","Zona 2","NA","Hora",90638.76,91386.51,111857.54,93174.65,95275.45,125946.9,74573.100000000006,66516.539999999994,null,null,"SMMLV"]
["AgenteFrontOfficesinherramientaAgenteprofesionalCienciasdelasaludyafinesHoraextradominicalyfestivoOroZona2NA","IT-BPO-28-224","Agente Front Office sin herramienta","Agente profesional","Ciencias de la salud y afines","Hora extra dominical y festivo","Oro","Zona 2","NA","Hora",103587.16,130552.47,127836.87,106296.03,113341.38,179922.74,110478.66,76018.84,null,null,"SMMLV"]
["AgenteFrontOfficesinherramientaAgenteprofesionalCienciasdelasaludyafinesServicio7x24OroZona2NA","IT-BPO-28-225","Agente Front Office sin herramienta","Agente profesional","Ciencias de la salud y afines","Servicio 7x24","Oro","Zona 2","NA","Mes 7x24",52698791.25,41338249.469999999,58804495.920000002,55956833.450000003,57110340.840000004,85948668.829999998,51376029.859999999,42843638.719999999,null,null,"SMMLV"]
["AgenteFrontOfficesinherramientaAgenteprofesionalCienciasdelasaludyafinesJornadaOrdinariaPlatinoZona2NA","IT-BPO-28-226","Agente Front Office sin herramienta","Agente profesional","Ciencias de la salud y afines","Jornada Ordinaria","Platino","Zona 2","NA","Mes",11420484.130000001,10424485.41,14494067.15,13218595.82,14230390.869999999,15336910.550000001,10645723.779999999,10030706.109999999,null,null,"SMMLV"]
["AgenteFrontOfficesinherramientaAgenteprofesionalCienciasdelasaludyafinesHoraextradiurnaPlatinoZona2NA","IT-BPO-28-227","Agente Front Office sin herramienta","Agente profesional","Ciencias de la salud y afines","Hora extra diurna","Platino","Zona 2","NA","Hora",67979.070000000007,65276.24,78773.210000000006,66931.88,65150.559999999998,91291.25,69049.16,47953.01,null,null,"SMMLV"]
["AgenteFrontOfficesinherramientaAgenteprofesionalCienciasdelasaludyafinesHoraextranocturna PlatinoZona2NA","IT-BPO-28-228","Agente Front Office sin herramienta","Agente profesional","Ciencias de la salud y afines","Hora extra nocturna ","Platino","Zona 2","NA","Hora",95170.7,91386.51,110281.83,93174.65,89459.13,127808.4,74573.100000000006,67134.12,null,null,"SMMLV"]
["AgenteFrontOfficesinherramientaAgenteprofesionalCienciasdelasaludyafinesHoraextradominicalyfestivoPlatinoZona2NA","IT-BPO-28-229","Agente Front Office sin herramienta","Agente profesional","Ciencias de la salud y afines","Hora extra dominical y festivo","Platino","Zona 2","NA","Hora",108766.52,130552.47,126036.69,106296.03,115727.05,182582.49,110478.66,76724.789999999994,null,null,"SMMLV"]
["AgenteFrontOfficesinherramientaAgenteprofesionalCienciasdelasaludyafinesServicio7x24PlatinoZona2NA","IT-BPO-28-230","Agente Front Office sin herramienta","Agente profesional","Ciencias de la salud y afines","Servicio 7x24","Platino","Zona 2","NA","Mes 7x24",55333730.810000002,41350082.039999999,57976263.109999999,55956833.450000003,60232460.979999997,87219159,51376029.859999999,43230348.479999997,null,null,"SMMLV"]
["AgenteFrontOfficesinherramientaAgenteprofesionalCienciasdelasaludyafinesJornadaOrdinariaOroZona3NA","IT-BPO-28-231","Agente Front Office sin herramienta","Agente profesional","Ciencias de la salud y afines","Jornada Ordinaria","Oro","Zona 3","NA","Mes",11087848.67,10423695.92,14848136.49,11475739.07,14230390.869999999,15113503.17,10645723.779999999,9947766.9800000004,null,null,"SMMLV"]
["AgenteFrontOfficesinherramientaAgenteprofesionalCienciasdelasaludyafinesHoraextradiurnaOroZona3NA","IT-BPO-28-232","Agente Front Office sin herramienta","Agente profesional","Ciencias de la salud y afines","Hora extra diurna","Oro","Zona 3","NA","Hora",65999.100000000006,65276.24,80697.119999999995,66931.88,69482.27,89961.919999999998,69049.16,47511.83,null,null,"SMMLV"]
["AgenteFrontOfficesinherramientaAgenteprofesionalCienciasdelasaludyafinesHoraextranocturna OroZona3NA","IT-BPO-28-233","Agente Front Office sin herramienta","Agente profesional","Ciencias de la salud y afines","Hora extra nocturna ","Oro","Zona 3","NA","Hora",92398.74,91386.51,112976.63,93174.65,95647.26,125946.9,74573.100000000006,66516.539999999994,null,null,"SMMLV"]
["AgenteFrontOfficesinherramientaAgenteprofesionalCienciasdelasaludyafinesHoraextradominicalyfestivoOroZona3NA","IT-BPO-28-234","Agente Front Office sin herramienta","Agente profesional","Ciencias de la salud y afines","Hora extra dominical y festivo","Oro","Zona 3","NA","Hora",105598.56,130552.47,129114.74,106296.03,113764.17,179922.74,110478.66,76018.84,null,null,"SMMLV"]
["AgenteFrontOfficesinherramientaAgenteprofesionalCienciasdelasaludyafinesServicio7x24OroZona3NA","IT-BPO-28-235","Agente Front Office sin herramienta","Agente profesional","Ciencias de la salud y afines","Servicio 7x24","Oro","Zona 3","NA","Mes 7x24",53722068.75,41347715.75,59392540.490000002,55956833.450000003,57301638.030000001,85948668.829999998,51376029.859999999,42843638.719999999,null,null,"SMMLV"]
["AgenteFrontOfficesinherramientaAgenteprofesionalCienciasdelasaludyafinesJornadaOrdinariaPlatinoZona3NA","IT-BPO-28-236","Agente Front Office sin herramienta","Agente profesional","Ciencias de la salud y afines","Jornada Ordinaria","Platino","Zona 3","NA","Mes",11642241.109999999,10427640.109999999,14639007.92,13218595.82,14230390.869999999,15336910.550000001,10645723.779999999,10030706.109999999,null,null,"SMMLV"]
["AgenteFrontOfficesinherramientaAgenteprofesionalCienciasdelasaludyafinesHoraextradiurnaPlatinoZona3NA","IT-BPO-28-237","Agente Front Office sin herramienta","Agente profesional","Ciencias de la salud y afines","Hora extra diurna","Platino","Zona 3","NA","Hora",69299.05,65276.24,79560.509999999995,66931.88,65482.45,91291.25,69049.16,47953.01,null,null,"SMMLV"]
[{"$f":"SUBSTITUTE(C1858&D1858&E1858&F1858&G1858&H1858&I1858,\" \",\"\")","v":"AgenteFrontOfficesinherramientaAgenteprofesionalCienciasdelasaludyafinesHoraextranocturna PlatinoZona3NA"},"IT-BPO-28-238","Agente Front Office sin herramienta","Agente profesional","Ciencias de la salud y afines","Hora extra nocturna ","Platino","Zona 3","NA","Hora",97018.68,91386.51,111384.5,93174.65,89917.4,127808.4,74573.100000000006,67134.12,null,null,"SMMLV"]
["AgenteFrontOfficesinherramientaAgenteprofesionalCienciasdelasaludyafinesHoraextradominicalyfestivoPlatinoZona3NA","IT-BPO-28-239","Agente Front Office sin herramienta","Agente profesional","Ciencias de la salud y afines","Hora extra dominical y festivo","Platino","Zona 3","NA","Hora",110878.49,130552.47,127297.04,106296.03,116161.44,182582.49,110478.66,76724.789999999994,null,null,"SMMLV"]
["AgenteFrontOfficesinherramientaAgenteprofesionalCienciasdelasaludyafinesServicio7x24PlatinoZona3NA","IT-BPO-28-240","Agente Front Office sin herramienta","Agente profesional","Ciencias de la salud y afines","Servicio 7x24","Platino","Zona 3","NA","Mes 7x24",56408172.189999998,41359547.219999999,59392540.490000002,55956833.450000003,60462199.600000001,87219159,51376029.859999999,43230348.479999997,null,null,"SMMLV"]
["AgenteFrontOfficesinherramientaAgenteprofesionalAgronomía,veterinariayafinesJornadaOrdinariaOroZona1NA","IT-BPO-28-241","Agente Front Office sin herramienta","Agente profesional","Agronomía, veterinaria y afines","Jornada Ordinaria","Oro","Zona 1","NA","Mes",10559855.880000001,7911562.25,11470007.84,8231824.5599999996,10672793.15,11450212.43,10645723.779999999,7791351.7199999997,null,null,"SMMLV"]
["AgenteFrontOfficesinherramientaAgenteprofesionalAgronomía,veterinariayafinesHoraextradiurnaOroZona1NA","IT-BPO-28-242","Agente Front Office sin herramienta","Agente profesional","Agronomía, veterinaria y afines","Hora extra diurna","Oro","Zona 1","NA","Hora",62856.29,48957.45,62337.26,40958.480000000003,50154.83,68156.09,69049.16,36041.49,null,null,"SMMLV"]
["AgenteFrontOfficesinherramientaAgenteprofesionalAgronomía,veterinariayafinesHoraextranocturna OroZona1NA","IT-BPO-28-243","Agente Front Office sin herramienta","Agente profesional","Agronomía, veterinaria y afines","Hora extra nocturna ","Oro","Zona 1","NA","Hora",87998.8,68540.429999999993,87273.69,56811.89,68912.69,95419.4,74573.100000000006,50458.15,null,null,"SMMLV"]
["AgenteFrontOfficesinherramientaAgenteprofesionalAgronomía,veterinariayafinesHoraextradominicalyfestivoOroZona1NA","IT-BPO-28-244","Agente Front Office sin herramienta","Agente profesional","Agronomía, veterinaria y afines","Hora extra dominical y festivo","Oro","Zona 1","NA","Hora",100570.06,97914.9,99740.27,64738.59,85262.88,136312.17000000001,110478.66,57666.42,null,null,"SMMLV"]
["AgenteFrontOfficesinherramientaAgenteprofesionalAgronomía,veterinariayafinesServicio7x24OroZona1NA","IT-BPO-28-245","Agente Front Office sin herramienta","Agente profesional","Agronomía, veterinaria y afines","Servicio 7x24","Oro","Zona 1","NA","Mes 7x24",51163875,31304699.870000001,45880024.770000003,37191589.590000004,38775595.68,65036922.75,51376029.859999999,32789185.010000002,null,null,"SMMLV"]
["AgenteFrontOfficesinherramientaAgenteprofesionalAgronomía,veterinariayafinesJornadaOrdinariaPlatinoZona1NA","IT-BPO-28-246","Agente Front Office sin herramienta","Agente profesional","Agronomía, veterinaria y afines","Jornada Ordinaria","Platino","Zona 1","NA","Mes",11087848.67,7915506.4400000004,11308458.109999999,8231824.5599999996,10672793.15,11619468.77,10645723.779999999,7874290.7400000002,null,null,"SMMLV"]
["AgenteFrontOfficesinherramientaAgenteprofesionalAgronomía,veterinariayafinesHoraextradiurnaPlatinoZona1NA","IT-BPO-28-247","Agente Front Office sin herramienta","Agente profesional","Agronomía, veterinaria y afines","Hora extra diurna","Platino","Zona 1","NA","Hora",65999.100000000006,48957.45,61460.160000000003,40958.480000000003,50910.79,69164.58,69049.16,36482.660000000003,null,null,"SMMLV"]
["AgenteFrontOfficesinherramientaAgenteprofesionalAgronomía,veterinariayafinesHoraextranocturna PlatinoZona1NA","IT-BPO-28-248","Agente Front Office sin herramienta","Agente profesional","Agronomía, veterinaria y afines","Hora extra nocturna ","Platino","Zona 1","NA","Hora",92398.74,68540.429999999993,86042.91,56811.89,69951,96829.759999999995,74573.100000000006,51075.73,null,null,"SMMLV"]
["AgenteFrontOfficesinherramientaAgenteprofesionalAgronomía,veterinariayafinesHoraextradominicalyfestivoPlatinoZona1NA","IT-BPO-28-249","Agente Front Office sin herramienta","Agente profesional","Agronomía, veterinaria y afines","Hora extra dominical y festivo","Platino","Zona 1","NA","Hora",105598.56,97914.9,98335.38,64738.59,86678.26,138328.07,110478.66,58372.26,null,null,"SMMLV"]
["AgenteFrontOfficesinherramientaAgenteprofesionalAgronomía,veterinariayafinesServicio7x24PlatinoZona1NA","IT-BPO-28-250","Agente Front Office sin herramienta","Agente profesional","Agronomía, veterinaria y afines","Servicio 7x24","Platino","Zona 1","NA","Mes 7x24",53722068.75,31316532.440000001,45233826.950000003,37191589.590000004,41479494.460000001,65998299.899999999,51376029.859999999,33175894.780000001,null,null,"SMMLV"]
["AgenteFrontOfficesinherramientaAgenteprofesionalAgronomía,veterinariayafinesJornadaOrdinariaOroZona2NA","IT-BPO-28-251","Agente Front Office sin herramienta","Agente profesional","Agronomía, veterinaria y afines","Jornada Ordinaria","Oro","Zona 2","NA","Mes",10876651.560000001,7913928.54,11584706.9,8231824.5599999996,10672793.15,11450212.43,10645723.779999999,7791351.7199999997,null,null,"SMMLV"]
["AgenteFrontOfficesinherramientaAgenteprofesionalAgronomía,veterinariayafinesHoraextradiurnaOroZona2NA","IT-BPO-28-252","Agente Front Office sin herramienta","Agente profesional","Agronomía, veterinaria y afines","Hora extra diurna","Oro","Zona 2","NA","Hora",64741.97,48957.45,62961.41,40958.480000000003,50997.68,68156.09,69049.16,36041.49,null,null,"SMMLV"]
["AgenteFrontOfficesinherramientaAgenteprofesionalAgronomía,veterinariayafinesHoraextranocturna OroZona2NA","IT-BPO-28-253","Agente Front Office sin herramienta","Agente profesional","Agronomía, veterinaria y afines","Hora extra nocturna ","Oro","Zona 2","NA","Hora",90638.76,68540.429999999993,88145.31,56811.89,70033.320000000007,95419.4,74573.100000000006,50458.15,null,null,"SMMLV"]
["AgenteFrontOfficesinherramientaAgenteprofesionalAgronomía,veterinariayafinesHoraextradominicalyfestivoOroZona2NA","IT-BPO-28-254","Agente Front Office sin herramienta","Agente profesional","Agronomía, veterinaria y afines","Hora extra dominical y festivo","Oro","Zona 2","NA","Hora",103587.16,97914.9,100737.81,64738.59,86774.32,136312.17000000001,110478.66,57666.42,null,null,"SMMLV"]
["AgenteFrontOfficesinherramientaAgenteprofesionalAgronomía,veterinariayafinesServicio7x24OroZona2NA","IT-BPO-28-255","Agente Front Office sin herramienta","Agente profesional","Agronomía, veterinaria y afines","Servicio 7x24","Oro","Zona 2","NA","Mes 7x24",52698791.25,31311798.75,46338824.299999997,37191589.590000004,38978978.18,65036922.75,51376029.859999999,32789185.010000002,null,null,"SMMLV"]
["AgenteFrontOfficesinherramientaAgenteprofesionalAgronomía,veterinariayafinesJornadaOrdinariaPlatinoZona2NA","IT-BPO-28-256","Agente Front Office sin herramienta","Agente profesional","Agronomía, veterinaria y afines","Jornada Ordinaria","Platino","Zona 2","NA","Mes",11420484.130000001,7917872.7300000004,11421542.039999999,8231824.5599999996,10672793.15,11619468.77,10645723.779999999,7874290.7400000002,null,null,"SMMLV"]
["AgenteFrontOfficesinherramientaAgenteprofesionalAgronomía,veterinariayafinesHoraextradiurnaPlatinoZona2NA","IT-BPO-28-257","Agente Front Office sin herramienta","Agente profesional","Agronomía, veterinaria y afines","Hora extra diurna","Platino","Zona 2","NA","Hora",67979.070000000007,48957.45,62074.46,40958.480000000003,51773.48,69164.58,69049.16,36482.660000000003,null,null,"SMMLV"]
["AgenteFrontOfficesinherramientaAgenteprofesionalAgronomía,veterinariayafinesHoraextranocturna PlatinoZona2NA","IT-BPO-28-258","Agente Front Office sin herramienta","Agente profesional","Agronomía, veterinaria y afines","Hora extra nocturna ","Platino","Zona 2","NA","Hora",95170.7,68540.429999999993,86904.68,56811.89,71098.5,96829.759999999995,74573.100000000006,51075.73,null,null,"SMMLV"]
["AgenteFrontOfficesinherramientaAgenteprofesionalAgronomía,veterinariayafinesHoraextradominicalyfestivoPlatinoZona2NA","IT-BPO-28-259","Agente Front Office sin herramienta","Agente profesional","Agronomía, veterinaria y afines","Hora extra dominical y festivo","Platino","Zona 2","NA","Hora",108766.52,97914.9,99318.69,64738.59,88225.97,138328.07,110478.66,58372.26,null,null,"SMMLV"]
["AgenteFrontOfficesinherramientaAgenteprofesionalAgronomía,veterinariayafinesServicio7x24PlatinoZona2NA","IT-BPO-28-260","Agente Front Office sin herramienta","Agente profesional","Agronomía, veterinaria y afines","Servicio 7x24","Platino","Zona 2","NA","Mes 7x24",55333730.810000002,31323631.32,45686164.880000003,37191589.590000004,41739926.079999998,65998299.899999999,51376029.859999999,33175894.780000001,null,null,"SMMLV"]
["AgenteFrontOfficesinherramientaAgenteprofesionalAgronomía,veterinariayafinesJornadaOrdinariaOroZona3NA","IT-BPO-28-261","Agente Front Office sin herramienta","Agente profesional","Agronomía, veterinaria y afines","Jornada Ordinaria","Oro","Zona 3","NA","Mes",11087848.67,7917083.2400000002,11700554.609999999,8231824.5599999996,10672793.15,11450212.43,10645723.779999999,7791351.7199999997,null,null,"SMMLV"]
["AgenteFrontOfficesinherramientaAgenteprofesionalAgronomía,veterinariayafinesHoraextradiurnaOroZona3NA","IT-BPO-28-262","Agente Front Office sin herramienta","Agente profesional","Agronomía, veterinaria y afines","Hora extra diurna","Oro","Zona 3","NA","Hora",65999.100000000006,48957.45,63591.03,40958.480000000003,51208.92,68156.09,69049.16,36041.49,null,null,"SMMLV"]
["AgenteFrontOfficesinherramientaAgenteprofesionalAgronomía,veterinariayafinesHoraextranocturna OroZona3NA","IT-BPO-28-263","Agente Front Office sin herramienta","Agente profesional","Agronomía, veterinaria y afines","Hora extra nocturna ","Oro","Zona 3","NA","Hora",92398.74,68540.429999999993,89026.79,56811.89,70324.55,95419.4,74573.100000000006,50458.15,null,null,"SMMLV"]
["AgenteFrontOfficesinherramientaAgenteprofesionalAgronomía,veterinariayafinesHoraextradominicalyfestivoOroZona3NA","IT-BPO-28-264","Agente Front Office sin herramienta","Agente profesional","Agronomía, veterinaria y afines","Hora extra dominical y festivo","Oro","Zona 3","NA","Hora",105598.56,97914.9,101745.21,64738.59,87171.78,136312.17000000001,110478.66,57666.42,null,null,"SMMLV"]
["AgenteFrontOfficesinherramientaAgenteprofesionalAgronomía,veterinariayafinesServicio7x24OroZona3NA","IT-BPO-28-265","Agente Front Office sin herramienta","Agente profesional","Agronomía, veterinaria y afines","Servicio 7x24","Oro","Zona 3","NA","Mes 7x24",53722068.75,31321265.030000001,46802212.969999999,37191589.590000004,39114566.649999999,65036922.75,51376029.859999999,32789185.010000002,null,null,"SMMLV"]
["AgenteFrontOfficesinherramientaAgenteprofesionalAgronomía,veterinariayafinesJornadaOrdinariaPlatinoZona3NA","IT-BPO-28-266","Agente Front Office sin herramienta","Agente profesional","Agronomía, veterinaria y afines","Jornada Ordinaria","Platino","Zona 3","NA","Mes",11642241.109999999,7921027.4299999997,11817559.74,8231824.5599999996,10672793.15,11619468.77,10645723.779999999,7874290.7400000002,null,null,"SMMLV"]
["AgenteFrontOfficesinherramientaAgenteprofesionalAgronomía,veterinariayafinesHoraextradiurnaPlatinoZona3NA","IT-BPO-28-267","Agente Front Office sin herramienta","Agente profesional","Agronomía, veterinaria y afines","Hora extra diurna","Platino","Zona 3","NA","Hora",69299.05,48957.45,64227.23,40958.480000000003,51990.52,69164.58,69049.16,36482.660000000003,null,null,"SMMLV"]
["AgenteFrontOfficesinherramientaAgenteprofesionalAgronomía,veterinariayafinesHoraextranocturna PlatinoZona3NA","IT-BPO-28-268","Agente Front Office sin herramienta","Agente profesional","Agronomía, veterinaria y afines","Hora extra nocturna ","Platino","Zona 3","NA","Hora",97018.68,68540.429999999993,89917.02,56811.89,71397.67,96829.759999999995,74573.100000000006,51075.73,null,null,"SMMLV"]
["AgenteFrontOfficesinherramientaAgenteprofesionalAgronomía,veterinariayafinesHoraextradominicalyfestivoPlatinoZona3NA","IT-BPO-28-269","Agente Front Office sin herramienta","Agente profesional","Agronomía, veterinaria y afines","Hora extra dominical y festivo","Platino","Zona 3","NA","Hora",110878.49,97914.9,102762.47,64738.59,88634.05,138328.07,110478.66,58372.26,null,null,"SMMLV"]
["AgenteFrontOfficesinherramientaAgenteprofesionalAgronomía,veterinariayafinesServicio7x24PlatinoZona3NA","IT-BPO-28-270","Agente Front Office sin herramienta","Agente profesional","Agronomía, veterinaria y afines","Servicio 7x24","Platino","Zona 3","NA","Mes 7x24",56408172.189999998,31333096.5,47270234.579999998,37191589.590000004,41913547.509999998,87219159,51376029.859999999,33175894.780000001,null,null,"SMMLV"]
["AgenteFrontOfficesinherramientaAgenteprofesionalCienciasdelaeducaciónyafinesJornadaOrdinariaOroZona1NA","IT-BPO-28-271","Agente Front Office sin herramienta","Agente profesional","Ciencias de la educación y afines","Jornada Ordinaria","Oro","Zona 1","NA","Mes",10559855.880000001,7911562.25,11470007.84,8231824.5599999996,10672793.15,11450212.43,10645723.779999999,7791351.7199999997,null,null,"SMMLV"]
["AgenteFrontOfficesinherramientaAgenteprofesionalCienciasdelaeducaciónyafinesHoraextradiurnaOroZona1NA","IT-BPO-28-272","Agente Front Office sin herramienta","Agente profesional","Ciencias de la educación y afines","Hora extra diurna","Oro","Zona 1","NA","Hora",62856.29,48957.45,62337.26,40958.480000000003,54815.519999999997,68156.09,69049.16,36041.49,null,null,"SMMLV"]
["AgenteFrontOfficesinherramientaAgenteprofesionalCienciasdelaeducaciónyafinesHoraextranocturna OroZona1NA","IT-BPO-28-273","Agente Front Office sin herramienta","Agente profesional","Ciencias de la educación y afines","Hora extra nocturna ","Oro","Zona 1","NA","Hora",87998.8,68540.429999999993,87273.69,56811.89,72495.31,95419.4,74573.100000000006,50458.15,null,null,"SMMLV"]
["AgenteFrontOfficesinherramientaAgenteprofesionalCienciasdelaeducaciónyafinesHoraextradominicalyfestivoOroZona1NA","IT-BPO-28-274","Agente Front Office sin herramienta","Agente profesional","Ciencias de la educación y afines","Hora extra dominical y festivo","Oro","Zona 1","NA","Hora",100570.06,97914.9,99740.27,64738.59,90175.98,136312.17000000001,110478.66,57666.42,null,null,"SMMLV"]
["AgenteFrontOfficesinherramientaAgenteprofesionalCienciasdelaeducaciónyafinesServicio7x24OroZona1NA","IT-BPO-28-275","Agente Front Office sin herramienta","Agente profesional","Ciencias de la educación y afines","Servicio 7x24","Oro","Zona 1","NA","Mes 7x24",51163875,31304699.870000001,45880024.770000003,37191589.590000004,41561033.68,65036922.75,51376029.859999999,32789185.010000002,null,null,"SMMLV"]
["AgenteFrontOfficesinherramientaAgenteprofesionalCienciasdelaeducaciónyafinesJornadaOrdinariaPlatinoZona1NA","IT-BPO-28-276","Agente Front Office sin herramienta","Agente profesional","Ciencias de la educación y afines","Jornada Ordinaria","Platino","Zona 1","NA","Mes",11087848.67,7915506.4400000004,11308458.109999999,8231824.5599999996,10672793.15,11619468.77,10645723.779999999,7874290.7400000002,null,null,"SMMLV"]
["AgenteFrontOfficesinherramientaAgenteprofesionalCienciasdelaeducaciónyafinesHoraextradiurnaPlatinoZona1NA","IT-BPO-28-277","Agente Front Office sin herramienta","Agente profesional","Ciencias de la educación y afines","Hora extra diurna","Platino","Zona 1","NA","Hora",65999.100000000006,48957.45,61460.160000000003,40958.480000000003,53544.95,69164.58,69049.16,36482.660000000003,null,null,"SMMLV"]
["AgenteFrontOfficesinherramientaAgenteprofesionalCienciasdelaeducaciónyafinesHoraextranocturna PlatinoZona1NA","IT-BPO-28-278","Agente Front Office sin herramienta","Agente profesional","Ciencias de la educación y afines","Hora extra nocturna ","Platino","Zona 1","NA","Hora",92398.74,68540.429999999993,86042.91,56811.89,73638.95,96829.759999999995,74573.100000000006,51075.73,null,null,"SMMLV"]
["AgenteFrontOfficesinherramientaAgenteprofesionalCienciasdelaeducaciónyafinesHoraextradominicalyfestivoPlatinoZona1NA","IT-BPO-28-279","Agente Front Office sin herramienta","Agente profesional","Ciencias de la educación y afines","Hora extra dominical y festivo","Platino","Zona 1","NA","Hora",105598.56,97914.9,98335.38,64738.59,91735.69,138328.07,110478.66,58372.26,null,null,"SMMLV"]
["AgenteFrontOfficesinherramientaAgenteprofesionalCienciasdelaeducaciónyafinesServicio7x24PlatinoZona1NA","IT-BPO-28-280","Agente Front Office sin herramienta","Agente profesional","Ciencias de la educación y afines","Servicio 7x24","Platino","Zona 1","NA","Mes 7x24",53722068.75,31316532.440000001,45233826.950000003,37191589.590000004,41048818.479999997,65998299.899999999,51376029.859999999,33175894.780000001,null,null,"SMMLV"]
["AgenteFrontOfficesinherramientaAgenteprofesionalCienciasdelaeducaciónyafinesJornadaOrdinariaOroZona2NA","IT-BPO-28-281","Agente Front Office sin herramienta","Agente profesional","Ciencias de la educación y afines","Jornada Ordinaria","Oro","Zona 2","NA","Mes",10876651.560000001,7913928.54,11584706.9,8231824.5599999996,10672793.15,11450212.43,10645723.779999999,7791351.7199999997,null,null,"SMMLV"]
["AgenteFrontOfficesinherramientaAgenteprofesionalCienciasdelaeducaciónyafinesHoraextradiurnaOroZona2NA","IT-BPO-28-282","Agente Front Office sin herramienta","Agente profesional","Ciencias de la educación y afines","Hora extra diurna","Oro","Zona 2","NA","Hora",64741.97,48957.45,62961.41,40958.480000000003,55918.89,68156.09,69049.16,36041.49,null,null,"SMMLV"]
["AgenteFrontOfficesinherramientaAgenteprofesionalCienciasdelaeducaciónyafinesHoraextranocturna OroZona2NA","IT-BPO-28-283","Agente Front Office sin herramienta","Agente profesional","Ciencias de la educación y afines","Hora extra nocturna ","Oro","Zona 2","NA","Hora",90638.76,68540.429999999993,88145.31,56811.89,73723.399999999994,95419.4,74573.100000000006,50458.15,null,null,"SMMLV"]
["AgenteFrontOfficesinherramientaAgenteprofesionalCienciasdelaeducaciónyafinesHoraextradominicalyfestivoOroZona2NA","IT-BPO-28-284","Agente Front Office sin herramienta","Agente profesional","Ciencias de la educación y afines","Hora extra dominical y festivo","Oro","Zona 2","NA","Hora",103587.16,97914.9,100737.81,64738.59,91834.68,136312.17000000001,110478.66,57666.42,null,null,"SMMLV"]
["AgenteFrontOfficesinherramientaAgenteprofesionalCienciasdelaeducaciónyafinesServicio7x24OroZona2NA","IT-BPO-28-285","Agente Front Office sin herramienta","Agente profesional","Ciencias de la educación y afines","Servicio 7x24","Oro","Zona 2","NA","Mes 7x24",52698791.25,31311798.75,46338824.299999997,37191589.590000004,41847979.659999996,65036922.75,51376029.859999999,32789185.010000002,null,null,"SMMLV"]
["AgenteFrontOfficesinherramientaAgenteprofesionalCienciasdelaeducaciónyafinesJornadaOrdinariaPlatinoZona2NA","IT-BPO-28-286","Agente Front Office sin herramienta","Agente profesional","Ciencias de la educación y afines","Jornada Ordinaria","Platino","Zona 2","NA","Mes",11420484.130000001,7917872.7300000004,11421542.039999999,8231824.5599999996,10672793.15,11619468.77,10645723.779999999,7874290.7400000002,null,null,"SMMLV"]
["AgenteFrontOfficesinherramientaAgenteprofesionalCienciasdelaeducaciónyafinesHoraextradiurnaPlatinoZona2NA","IT-BPO-28-287","Agente Front Office sin herramienta","Agente profesional","Ciencias de la educación y afines","Hora extra diurna","Platino","Zona 2","NA","Hora",67979.070000000007,48957.45,62074.46,40958.480000000003,56943.26,69164.58,69049.16,36482.660000000003,null,null,"SMMLV"]
["AgenteFrontOfficesinherramientaAgenteprofesionalCienciasdelaeducaciónyafinesHoraextranocturna PlatinoZona2NA","IT-BPO-28-288","Agente Front Office sin herramienta","Agente profesional","Ciencias de la educación y afines","Hora extra nocturna ","Platino","Zona 2","NA","Hora",95170.7,68540.429999999993,86904.68,56811.89,74897.259999999995,96829.759999999995,74573.100000000006,51075.73,null,null,"SMMLV"]
["AgenteFrontOfficesinherramientaAgenteprofesionalCienciasdelaeducaciónyafinesHoraextradominicalyfestivoPlatinoZona2NA","IT-BPO-28-289","Agente Front Office sin herramienta","Agente profesional","Ciencias de la educación y afines","Hora extra dominical y festivo","Platino","Zona 2","NA","Hora",108766.52,97914.9,99318.69,64738.59,93435.07,138328.07,110478.66,58372.26,null,null,"SMMLV"]
["AgenteFrontOfficesinherramientaAgenteprofesionalCienciasdelaeducaciónyafinesServicio7x24PlatinoZona2NA","IT-BPO-28-290","Agente Front Office sin herramienta","Agente profesional","Ciencias de la educación y afines","Servicio 7x24","Platino","Zona 2","NA","Mes 7x24",55333730.810000002,31323631.32,45686164.880000003,37191589.590000004,41050341.460000001,65998299.899999999,51376029.859999999,33175894.780000001,null,null,"SMMLV"]
["AgenteFrontOfficesinherramientaAgenteprofesionalCienciasdelaeducaciónyafinesJornadaOrdinariaOroZona3NA","IT-BPO-28-291","Agente Front Office sin herramienta","Agente profesional","Ciencias de la educación y afines","Jornada Ordinaria","Oro","Zona 3","NA","Mes",11087848.67,7917083.2400000002,11700554.609999999,8231824.5599999996,10672793.15,11450212.43,10645723.779999999,7791351.7199999997,null,null,"SMMLV"]
["AgenteFrontOfficesinherramientaAgenteprofesionalCienciasdelaeducaciónyafinesHoraextradiurnaOroZona3NA","IT-BPO-28-292","Agente Front Office sin herramienta","Agente profesional","Ciencias de la educación y afines","Hora extra diurna","Oro","Zona 3","NA","Hora",65999.100000000006,48957.45,63591.03,40958.480000000003,56233.919999999998,68156.09,69049.16,36041.49,null,null,"SMMLV"]
["AgenteFrontOfficesinherramientaAgenteprofesionalCienciasdelaeducaciónyafinesHoraextranocturna OroZona3NA","IT-BPO-28-293","Agente Front Office sin herramienta","Agente profesional","Ciencias de la educación y afines","Hora extra nocturna ","Oro","Zona 3","NA","Hora",92398.74,68540.429999999993,89026.79,56811.89,74086.36,95419.4,74573.100000000006,50458.15,null,null,"SMMLV"]
["AgenteFrontOfficesinherramientaAgenteprofesionalCienciasdelaeducaciónyafinesHoraextradominicalyfestivoOroZona3NA","IT-BPO-28-294","Agente Front Office sin herramienta","Agente profesional","Ciencias de la educación y afines","Hora extra dominical y festivo","Oro","Zona 3","NA","Hora",105598.56,97914.9,101745.21,64738.59,94972.28,136312.17000000001,110478.66,57666.42,null,null,"SMMLV"]
["AgenteFrontOfficesinherramientaAgenteprofesionalCienciasdelaeducaciónyafinesServicio7x24OroZona3NA","IT-BPO-28-295","Agente Front Office sin herramienta","Agente profesional","Ciencias de la educación y afines","Servicio 7x24","Oro","Zona 3","NA","Mes 7x24",53722068.75,31321265.030000001,46802212.969999999,37191589.590000004,42039276.850000001,65036922.75,51376029.859999999,32789185.010000002,null,null,"SMMLV"]
["AgenteFrontOfficesinherramientaAgenteprofesionalCienciasdelaeducaciónyafinesJornadaOrdinariaPlatinoZona3NA","IT-BPO-28-296","Agente Front Office sin herramienta","Agente profesional","Ciencias de la educación y afines","Jornada Ordinaria","Platino","Zona 3","NA","Mes",11642241.109999999,7921027.4299999997,11817559.74,8231824.5599999996,10672793.15,11619468.77,10645723.779999999,7874290.7400000002,null,null,"SMMLV"]
["AgenteFrontOfficesinherramientaAgenteprofesionalCienciasdelaeducaciónyafinesHoraextradiurnaPlatinoZona3NA","IT-BPO-28-297","Agente Front Office sin herramienta","Agente profesional","Ciencias de la educación y afines","Hora extra diurna","Platino","Zona 3","NA","Hora",69299.05,48957.45,64227.23,40958.480000000003,57267.09,69164.58,69049.16,36482.660000000003,null,null,"SMMLV"]
["AgenteFrontOfficesinherramientaAgenteprofesionalCienciasdelaeducaciónyafinesHoraextranocturna PlatinoZona3NA","IT-BPO-28-298","Agente Front Office sin herramienta","Agente profesional","Ciencias de la educación y afines","Hora extra nocturna ","Platino","Zona 3","NA","Hora",97018.68,68540.429999999993,89917.02,56811.89,75269.990000000005,96829.759999999995,74573.100000000006,51075.73,null,null,"SMMLV"]
["AgenteFrontOfficesinherramientaAgenteprofesionalCienciasdelaeducaciónyafinesHoraextradominicalyfestivoPlatinoZona3NA","IT-BPO-28-299","Agente Front Office sin herramienta","Agente profesional","Ciencias de la educación y afines","Hora extra dominical y festivo","Platino","Zona 3","NA","Hora",110878.49,97914.9,102762.47,64738.59,93944.25,138328.07,110478.66,58372.26,null,null,"SMMLV"]
["AgenteFrontOfficesinherramientaAgenteprofesionalCienciasdelaeducaciónyafinesServicio7x24PlatinoZona3NA","IT-BPO-28-300","Agente Front Office sin herramienta","Agente profesional","Ciencias de la educación y afines","Servicio 7x24","Platino","Zona 3","NA","Mes 7x24",56408172.189999998,31333096.5,47270234.579999998,37191589.590000004,41051357.079999998,87219159,51376029.859999999,33175894.780000001,null,null,"SMMLV"]
["AgenteFrontOfficesinherramientaAgenteespecializadoEconomía,administración,contaduríayafinesJornadaOrdinariaOroZona1NA","IT-BPO-28-301","Agente Front Office sin herramienta","Agente especializado","Economía, administración, contaduría y afines","Jornada Ordinaria","Oro","Zona 1","NA","Mes",10559855.880000001,10418174.93,14555570.01,10725210.74,14751925.640000001,15113503.17,13307154.73,9947766.9800000004,null,null,"SMMLV"]
[{"$f":"SUBSTITUTE(C1922&D1922&E1922&F1922&G1922&H1922&I1922,\" \",\"\")","v":"AgenteFrontOfficesinherramientaAgenteespecializadoEconomía,administración,contaduríayafinesHoraextradiurnaOroZona1NA"},"IT-BPO-28-302","Agente Front Office sin herramienta","Agente especializado","Economía, administración, contaduría y afines","Hora extra diurna","Oro","Zona 1","NA","Hora",62856.29,65276.24,79107.179999999993,53945.18,66142.38,89961.919999999998,86311.45,47511.83,null,null,"SMMLV"]
["AgenteFrontOfficesinherramientaAgenteespecializadoEconomía,administración,contaduríayafinesHoraextranocturna OroZona1NA","IT-BPO-28-303","Agente Front Office sin herramienta","Agente especializado","Economía, administración, contaduría y afines","Hora extra nocturna ","Oro","Zona 1","NA","Hora",87998.8,91386.51,110749.4,74993.27,91064.59,125946.9,93216.37,66516.539999999994,null,null,"SMMLV"]
["AgenteFrontOfficesinherramientaAgenteespecializadoEconomía,administración,contaduríayafinesHoraextradominicalyfestivoOroZona1NA","IT-BPO-28-304","Agente Front Office sin herramienta","Agente especializado","Economía, administración, contaduría y afines","Hora extra dominical y festivo","Oro","Zona 1","NA","Hora",100570.06,130552.47,126571.05,85517.31,112821.3,179922.74,138098.32999999999,76018.84,null,null,"SMMLV"]
["AgenteFrontOfficesinherramientaAgenteespecializadoEconomía,administración,contaduríayafinesServicio7x24OroZona1NA","IT-BPO-28-305","Agente Front Office sin herramienta","Agente especializado","Economía, administración, contaduría y afines","Servicio 7x24","Oro","Zona 1","NA","Mes 7x24",51163875,41331150.590000004,58222273.469999999,48905396.990000002,54936181.109999999,85948668.829999998,64220037.32,42843638.719999999,null,null,"SMMLV"]
["AgenteFrontOfficesinherramientaAgenteespecializadoEconomía,administración,contaduríayafinesJornadaOrdinariaPlatinoZona1NA","IT-BPO-28-306","Agente Front Office sin herramienta","Agente especializado","Economía, administración, contaduría y afines","Jornada Ordinaria","Platino","Zona 1","NA","Mes",11087848.67,10422119.119999999,14350561.92,10725210.74,14751925.640000001,15336910.550000001,13307154.73,10030706.109999999,null,null,"SMMLV"]
["AgenteFrontOfficesinherramientaAgenteespecializadoEconomía,administración,contaduríayafinesHoraextradiurnaPlatinoZona1NA","IT-BPO-28-307","Agente Front Office sin herramienta","Agente especializado","Economía, administración, contaduría y afines","Hora extra diurna","Platino","Zona 1","NA","Hora",65999.100000000006,65276.24,77993.570000000007,53945.18,67140.59,91291.25,86311.45,47953.01,null,null,"SMMLV"]
["AgenteFrontOfficesinherramientaAgenteespecializadoEconomía,administración,contaduríayafinesHoraextranocturna PlatinoZona1NA","IT-BPO-28-308","Agente Front Office sin herramienta","Agente especializado","Economía, administración, contaduría y afines","Hora extra nocturna ","Platino","Zona 1","NA","Hora",92398.74,91386.51,109190.12,74993.27,92436.56,127808.4,93216.37,67134.12,null,null,"SMMLV"]
["AgenteFrontOfficesinherramientaAgenteespecializadoEconomía,administración,contaduríayafinesHoraextradominicalyfestivoPlatinoZona1NA","IT-BPO-28-309","Agente Front Office sin herramienta","Agente especializado","Economía, administración, contaduría y afines","Hora extra dominical y festivo","Platino","Zona 1","NA","Hora",105598.56,130552.47,124788.39,85517.31,114692.28,182582.49,138098.32999999999,76724.789999999994,null,null,"SMMLV"]
["AgenteFrontOfficesinherramientaAgenteespecializadoEconomía,administración,contaduríayafinesServicio7x24PlatinoZona1NA","IT-BPO-28-310","Agente Front Office sin herramienta","Agente especializado","Economía, administración, contaduría y afines","Servicio 7x24","Platino","Zona 1","NA","Mes 7x24",53722068.75,41342983.159999996,57402241.109999999,48905396.990000002,54828417.280000001,87219159,64220037.32,43230348.479999997,null,null,"SMMLV"]
["AgenteFrontOfficesinherramientaAgenteespecializadoEconomía,administración,contaduríayafinesJornadaOrdinariaOroZona2NA","IT-BPO-28-311","Agente Front Office sin herramienta","Agente especializado","Economía, administración, contaduría y afines","Jornada Ordinaria","Oro","Zona 2","NA","Mes",10876651.560000001,10420541.220000001,14701125.08,10725210.74,14751925.640000001,15113503.17,13307154.73,9947766.9800000004,null,null,"SMMLV"]
["AgenteFrontOfficesinherramientaAgenteespecializadoEconomía,administración,contaduríayafinesHoraextradiurnaOroZona2NA","IT-BPO-28-312","Agente Front Office sin herramienta","Agente especializado","Economía, administración, contaduría y afines","Hora extra diurna","Oro","Zona 2","NA","Hora",64741.97,65276.24,79897.77,53945.18,67251.11,89961.919999999998,86311.45,47511.83,null,null,"SMMLV"]
["AgenteFrontOfficesinherramientaAgenteespecializadoEconomía,administración,contaduríayafinesHoraextranocturna OroZona2NA","IT-BPO-28-313","Agente Front Office sin herramienta","Agente especializado","Economía, administración, contaduría y afines","Hora extra nocturna ","Oro","Zona 2","NA","Hora",90638.76,91386.51,111857.54,74993.27,92543.01,125946.9,93216.37,66516.539999999994,null,null,"SMMLV"]
["AgenteFrontOfficesinherramientaAgenteespecializadoEconomía,administración,contaduríayafinesHoraextradominicalyfestivoOroZona2NA","IT-BPO-28-314","Agente Front Office sin herramienta","Agente especializado","Economía, administración, contaduría y afines","Hora extra dominical y festivo","Oro","Zona 2","NA","Hora",103587.16,130552.47,127836.87,85517.31,114817.39,179922.74,138098.32999999999,76018.84,null,null,"SMMLV"]
["AgenteFrontOfficesinherramientaAgenteespecializadoEconomía,administración,contaduríayafinesServicio7x24OroZona2NA","IT-BPO-28-315","Agente Front Office sin herramienta","Agente especializado","Economía, administración, contaduría y afines","Servicio 7x24","Oro","Zona 2","NA","Mes 7x24",52698791.25,41338249.469999999,58804495.920000002,48905396.990000002,55315931.740000002,85948668.829999998,64220037.32,42843638.719999999,null,null,"SMMLV"]
["AgenteFrontOfficesinherramientaAgenteespecializadoEconomía,administración,contaduríayafinesJornadaOrdinariaPlatinoZona2NA","IT-BPO-28-316","Agente Front Office sin herramienta","Agente especializado","Economía, administración, contaduría y afines","Jornada Ordinaria","Platino","Zona 2","NA","Mes",11420484.130000001,10424485.41,14494067.15,10725210.74,14751925.640000001,15336910.550000001,13307154.73,10030706.109999999,null,null,"SMMLV"]
["AgenteFrontOfficesinherramientaAgenteespecializadoEconomía,administración,contaduríayafinesHoraextradiurnaPlatinoZona2NA","IT-BPO-28-317","Agente Front Office sin herramienta","Agente especializado","Economía, administración, contaduría y afines","Hora extra diurna","Platino","Zona 2","NA","Hora",67979.070000000007,65276.24,78773.210000000006,53945.18,68275.570000000007,91291.25,86311.45,47953.01,null,null,"SMMLV"]
["AgenteFrontOfficesinherramientaAgenteespecializadoEconomía,administración,contaduríayafinesHoraextranocturna PlatinoZona2NA","IT-BPO-28-318","Agente Front Office sin herramienta","Agente especializado","Economía, administración, contaduría y afines","Hora extra nocturna ","Platino","Zona 2","NA","Hora",95170.7,91386.51,110281.83,74993.27,93950.68,127808.4,93216.37,67134.12,null,null,"SMMLV"]
["AgenteFrontOfficesinherramientaAgenteespecializadoEconomía,administración,contaduríayafinesHoraextradominicalyfestivoPlatinoZona2NA","IT-BPO-28-319","Agente Front Office sin herramienta","Agente especializado","Economía, administración, contaduría y afines","Hora extra dominical y festivo","Platino","Zona 2","NA","Hora",108766.52,130552.47,126036.69,85517.31,116736.35,182582.49,138098.32999999999,76724.789999999994,null,null,"SMMLV"]
["AgenteFrontOfficesinherramientaAgenteespecializadoEconomía,administración,contaduríayafinesServicio7x24PlatinoZona2NA","IT-BPO-28-320","Agente Front Office sin herramienta","Agente especializado","Economía, administración, contaduría y afines","Servicio 7x24","Platino","Zona 2","NA","Mes 7x24",55333730.810000002,41350082.039999999,57976263.109999999,48905396.990000002,55173026.310000002,87219159,64220037.32,43230348.479999997,null,null,"SMMLV"]
["AgenteFrontOfficesinherramientaAgenteespecializadoEconomía,administración,contaduríayafinesJornadaOrdinariaOroZona3NA","IT-BPO-28-321","Agente Front Office sin herramienta","Agente especializado","Economía, administración, contaduría y afines","Jornada Ordinaria","Oro","Zona 3","NA","Mes",11087848.67,10423695.92,14848136.49,10725210.74,14751925.640000001,15113503.17,13307154.73,9947766.9800000004,null,null,"SMMLV"]
["AgenteFrontOfficesinherramientaAgenteespecializadoEconomía,administración,contaduríayafinesHoraextradiurnaOroZona3NA","IT-BPO-28-322","Agente Front Office sin herramienta","Agente especializado","Economía, administración, contaduría y afines","Hora extra diurna","Oro","Zona 3","NA","Hora",65999.100000000006,65276.24,80697.119999999995,53945.18,67528.91,89961.919999999998,86311.45,47511.83,null,null,"SMMLV"]
["AgenteFrontOfficesinherramientaAgenteespecializadoEconomía,administración,contaduríayafinesHoraextranocturna OroZona3NA","IT-BPO-28-323","Agente Front Office sin herramienta","Agente especializado","Economía, administración, contaduría y afines","Hora extra nocturna ","Oro","Zona 3","NA","Hora",92398.74,91386.51,112976.63,74993.27,92925.81,125946.9,93216.37,66516.539999999994,null,null,"SMMLV"]
["AgenteFrontOfficesinherramientaAgenteespecializadoEconomía,administración,contaduríayafinesHoraextradominicalyfestivoOroZona3NA","IT-BPO-28-324","Agente Front Office sin herramienta","Agente especializado","Economía, administración, contaduría y afines","Hora extra dominical y festivo","Oro","Zona 3","NA","Hora",105598.56,130552.47,129114.74,85517.31,115339.76,179922.74,138098.32999999999,76018.84,null,null,"SMMLV"]
["AgenteFrontOfficesinherramientaAgenteespecializadoEconomía,administración,contaduríayafinesServicio7x24OroZona3NA","IT-BPO-28-325","Agente Front Office sin herramienta","Agente especializado","Economía, administración, contaduría y afines","Servicio 7x24","Oro","Zona 3","NA","Mes 7x24",53722068.75,41347715.75,59392540.490000002,48905396.990000002,55569099.189999998,85948668.829999998,64220037.32,42843638.719999999,null,null,"SMMLV"]
["AgenteFrontOfficesinherramientaAgenteespecializadoEconomía,administración,contaduríayafinesJornadaOrdinariaPlatinoZona3NA","IT-BPO-28-326","Agente Front Office sin herramienta","Agente especializado","Economía, administración, contaduría y afines","Jornada Ordinaria","Platino","Zona 3","NA","Mes",11642241.109999999,10427640.109999999,14639007.92,10725210.74,14751925.640000001,15336910.550000001,13307154.73,10030706.109999999,null,null,"SMMLV"]
["AgenteFrontOfficesinherramientaAgenteespecializadoEconomía,administración,contaduríayafinesHoraextradiurnaPlatinoZona3NA","IT-BPO-28-327","Agente Front Office sin herramienta","Agente especializado","Economía, administración, contaduría y afines","Hora extra diurna","Platino","Zona 3","NA","Hora",69299.05,65276.24,79560.509999999995,53945.18,68561.009999999995,91291.25,86311.45,47953.01,null,null,"SMMLV"]
["AgenteFrontOfficesinherramientaAgenteespecializadoEconomía,administración,contaduríayafinesHoraextranocturna PlatinoZona3NA","IT-BPO-28-328","Agente Front Office sin herramienta","Agente especializado","Economía, administración, contaduría y afines","Hora extra nocturna ","Platino","Zona 3","NA","Hora",97018.68,91386.51,111384.5,74993.27,94343.88,127808.4,93216.37,67134.12,null,null,"SMMLV"]
["AgenteFrontOfficesinherramientaAgenteespecializadoEconomía,administración,contaduríayafinesHoraextradominicalyfestivoPlatinoZona3NA","IT-BPO-28-329","Agente Front Office sin herramienta","Agente especializado","Economía, administración, contaduría y afines","Hora extra dominical y festivo","Platino","Zona 3","NA","Hora",110878.49,130552.47,127297.04,85517.31,117273.01,182582.49,138098.32999999999,76724.789999999994,null,null,"SMMLV"]
["AgenteFrontOfficesinherramientaAgenteespecializadoEconomía,administración,contaduríayafinesServicio7x24PlatinoZona3NA","IT-BPO-28-330","Agente Front Office sin herramienta","Agente especializado","Economía, administración, contaduría y afines","Servicio 7x24","Platino","Zona 3","NA","Mes 7x24",56408172.189999998,41359547.219999999,58556026.189999998,48905396.990000002,55402764.93,87219159,64220037.32,43230348.479999997,null,null,"SMMLV"]
["AgenteFrontOfficesinherramientaAgenteespecializadoCienciassociales,humanasyafinesJornadaOrdinariaOroZona1NA","IT-BPO-28-331","Agente Front Office sin herramienta","Agente especializado","Ciencias sociales, humanas y afines","Jornada Ordinaria","Oro","Zona 1","NA","Mes",10559855.880000001,10418174.93,14555570.01,10725210.74,14751925.640000001,15113503.17,13307154.73,9947766.9800000004,null,null,"SMMLV"]
["AgenteFrontOfficesinherramientaAgenteespecializadoCienciassociales,humanasyafinesHoraextradiurnaOroZona1NA","IT-BPO-28-332","Agente Front Office sin herramienta","Agente especializado","Ciencias sociales, humanas y afines","Hora extra diurna","Oro","Zona 1","NA","Hora",62856.29,65276.24,79107.179999999993,53945.18,66142.38,89961.919999999998,86311.45,47511.83,null,null,"SMMLV"]
["AgenteFrontOfficesinherramientaAgenteespecializadoCienciassociales,humanasyafinesHoraextranocturna OroZona1NA","IT-BPO-28-333","Agente Front Office sin herramienta","Agente especializado","Ciencias sociales, humanas y afines","Hora extra nocturna ","Oro","Zona 1","NA","Hora",87998.8,91386.51,110749.4,74993.27,91064.59,125946.9,93216.37,66516.539999999994,null,null,"SMMLV"]
["AgenteFrontOfficesinherramientaAgenteespecializadoCienciassociales,humanasyafinesHoraextradominicalyfestivoOroZona1NA","IT-BPO-28-334","Agente Front Office sin herramienta","Agente especializado","Ciencias sociales, humanas y afines","Hora extra dominical y festivo","Oro","Zona 1","NA","Hora",100570.06,130552.47,126571.05,85517.31,112821.3,179922.74,138098.32999999999,76018.84,null,null,"SMMLV"]
["AgenteFrontOfficesinherramientaAgenteespecializadoCienciassociales,humanasyafinesServicio7x24OroZona1NA","IT-BPO-28-335","Agente Front Office sin herramienta","Agente especializado","Ciencias sociales, humanas y afines","Servicio 7x24","Oro","Zona 1","NA","Mes 7x24",51163875,41331150.590000004,58222273.469999999,48905396.990000002,54936181.109999999,85948668.829999998,64220037.32,42843638.719999999,null,null,"SMMLV"]
["AgenteFrontOfficesinherramientaAgenteespecializadoCienciassociales,humanasyafinesJornadaOrdinariaPlatinoZona1NA","IT-BPO-28-336","Agente Front Office sin herramienta","Agente especializado","Ciencias sociales, humanas y afines","Jornada Ordinaria","Platino","Zona 1","NA","Mes",11087848.67,10422119.119999999,14350561.92,10725210.74,14751925.640000001,15336910.550000001,13307154.73,10030706.109999999,null,null,"SMMLV"]
["AgenteFrontOfficesinherramientaAgenteespecializadoCienciassociales,humanasyafinesHoraextradiurnaPlatinoZona1NA","IT-BPO-28-337","Agente Front Office sin herramienta","Agente especializado","Ciencias sociales, humanas y afines","Hora extra diurna","Platino","Zona 1","NA","Hora",65999.100000000006,65276.24,77993.570000000007,53945.18,67140.59,91291.25,86311.45,47953.01,null,null,"SMMLV"]
["AgenteFrontOfficesinherramientaAgenteespecializadoCienciassociales,humanasyafinesHoraextranocturna PlatinoZona1NA","IT-BPO-28-338","Agente Front Office sin herramienta","Agente especializado","Ciencias sociales, humanas y afines","Hora extra nocturna ","Platino","Zona 1","NA","Hora",92398.74,91386.51,109190.12,74993.27,92436.56,127808.4,93216.37,67134.12,null,null,"SMMLV"]
["AgenteFrontOfficesinherramientaAgenteespecializadoCienciassociales,humanasyafinesHoraextradominicalyfestivoPlatinoZona1NA","IT-BPO-28-339","Agente Front Office sin herramienta","Agente especializado","Ciencias sociales, humanas y afines","Hora extra dominical y festivo","Platino","Zona 1","NA","Hora",105598.56,130552.47,124788.39,85517.31,114692.28,182582.49,138098.32999999999,76724.789999999994,null,null,"SMMLV"]
["AgenteFrontOfficesinherramientaAgenteespecializadoCienciassociales,humanasyafinesServicio7x24PlatinoZona1NA","IT-BPO-28-340","Agente Front Office sin herramienta","Agente especializado","Ciencias sociales, humanas y afines","Servicio 7x24","Platino","Zona 1","NA","Mes 7x24",53722068.75,41342983.159999996,57402241.109999999,48905396.990000002,54828417.280000001,87219159,64220037.32,43230348.479999997,null,null,"SMMLV"]
["AgenteFrontOfficesinherramientaAgenteespecializadoCienciassociales,humanasyafinesJornadaOrdinariaOroZona2NA","IT-BPO-28-341","Agente Front Office sin herramienta","Agente especializado","Ciencias sociales, humanas y afines","Jornada Ordinaria","Oro","Zona 2","NA","Mes",10876651.560000001,10420541.220000001,14701125.08,10725210.74,14751925.640000001,15113503.17,13307154.73,9947766.9800000004,null,null,"SMMLV"]
["AgenteFrontOfficesinherramientaAgenteespecializadoCienciassociales,humanasyafinesHoraextradiurnaOroZona2NA","IT-BPO-28-342","Agente Front Office sin herramienta","Agente especializado","Ciencias sociales, humanas y afines","Hora extra diurna","Oro","Zona 2","NA","Hora",64741.97,65276.24,79897.77,53945.18,67251.11,89961.919999999998,86311.45,47511.83,null,null,"SMMLV"]
["AgenteFrontOfficesinherramientaAgenteespecializadoCienciassociales,humanasyafinesHoraextranocturna OroZona2NA","IT-BPO-28-343","Agente Front Office sin herramienta","Agente especializado","Ciencias sociales, humanas y afines","Hora extra nocturna ","Oro","Zona 2","NA","Hora",90638.76,91386.51,111857.54,74993.27,92543.01,125946.9,93216.37,66516.539999999994,null,null,"SMMLV"]
["AgenteFrontOfficesinherramientaAgenteespecializadoCienciassociales,humanasyafinesHoraextradominicalyfestivoOroZona2NA","IT-BPO-28-344","Agente Front Office sin herramienta","Agente especializado","Ciencias sociales, humanas y afines","Hora extra dominical y festivo","Oro","Zona 2","NA","Hora",103587.16,130552.47,127836.87,85517.31,114817.39,179922.74,138098.32999999999,76018.84,null,null,"SMMLV"]
["AgenteFrontOfficesinherramientaAgenteespecializadoCienciassociales,humanasyafinesServicio7x24OroZona2NA","IT-BPO-28-345","Agente Front Office sin herramienta","Agente especializado","Ciencias sociales, humanas y afines","Servicio 7x24","Oro","Zona 2","NA","Mes 7x24",52698791.25,41338249.469999999,58804495.920000002,48905396.990000002,55315931.740000002,85948668.829999998,64220037.32,42843638.719999999,null,null,"SMMLV"]
["AgenteFrontOfficesinherramientaAgenteespecializadoCienciassociales,humanasyafinesJornadaOrdinariaPlatinoZona2NA","IT-BPO-28-346","Agente Front Office sin herramienta","Agente especializado","Ciencias sociales, humanas y afines","Jornada Ordinaria","Platino","Zona 2","NA","Mes",11420484.130000001,10424485.41,14494067.15,10725210.74,14751925.640000001,15336910.550000001,13307154.73,10030706.109999999,null,null,"SMMLV"]
["AgenteFrontOfficesinherramientaAgenteespecializadoCienciassociales,humanasyafinesHoraextradiurnaPlatinoZona2NA","IT-BPO-28-347","Agente Front Office sin herramienta","Agente especializado","Ciencias sociales, humanas y afines","Hora extra diurna","Platino","Zona 2","NA","Hora",67979.070000000007,65276.24,78773.210000000006,53945.18,68275.570000000007,91291.25,86311.45,47953.01,null,null,"SMMLV"]
["AgenteFrontOfficesinherramientaAgenteespecializadoCienciassociales,humanasyafinesHoraextranocturna PlatinoZona2NA","IT-BPO-28-348","Agente Front Office sin herramienta","Agente especializado","Ciencias sociales, humanas y afines","Hora extra nocturna ","Platino","Zona 2","NA","Hora",95170.7,91386.51,110281.83,74993.27,93950.68,127808.4,93216.37,67134.12,null,null,"SMMLV"]
["AgenteFrontOfficesinherramientaAgenteespecializadoCienciassociales,humanasyafinesHoraextradominicalyfestivoPlatinoZona2NA","IT-BPO-28-349","Agente Front Office sin herramienta","Agente especializado","Ciencias sociales, humanas y afines","Hora extra dominical y festivo","Platino","Zona 2","NA","Hora",108766.52,130552.47,126036.69,85517.31,116736.35,182582.49,138098.32999999999,76724.789999999994,null,null,"SMMLV"]
["AgenteFrontOfficesinherramientaAgenteespecializadoCienciassociales,humanasyafinesServicio7x24PlatinoZona2NA","IT-BPO-28-350","Agente Front Office sin herramienta","Agente especializado","Ciencias sociales, humanas y afines","Servicio 7x24","Platino","Zona 2","NA","Mes 7x24",55333730.810000002,41350082.039999999,57976263.109999999,48905396.990000002,55173026.310000002,87219159,64220037.32,43230348.479999997,null,null,"SMMLV"]
["AgenteFrontOfficesinherramientaAgenteespecializadoCienciassociales,humanasyafinesJornadaOrdinariaOroZona3NA","IT-BPO-28-351","Agente Front Office sin herramienta","Agente especializado","Ciencias sociales, humanas y afines","Jornada Ordinaria","Oro","Zona 3","NA","Mes",11087848.67,10423695.92,14848136.49,10725210.74,14751925.640000001,15113503.17,13307154.73,9947766.9800000004,null,null,"SMMLV"]
["AgenteFrontOfficesinherramientaAgenteespecializadoCienciassociales,humanasyafinesHoraextradiurnaOroZona3NA","IT-BPO-28-352","Agente Front Office sin herramienta","Agente especializado","Ciencias sociales, humanas y afines","Hora extra diurna","Oro","Zona 3","NA","Hora",65999.100000000006,65276.24,80697.119999999995,53945.18,67528.91,89961.919999999998,86311.45,47511.83,null,null,"SMMLV"]
["AgenteFrontOfficesinherramientaAgenteespecializadoCienciassociales,humanasyafinesHoraextranocturna OroZona3NA","IT-BPO-28-353","Agente Front Office sin herramienta","Agente especializado","Ciencias sociales, humanas y afines","Hora extra nocturna ","Oro","Zona 3","NA","Hora",92398.74,91386.51,112976.63,74993.27,92925.81,125946.9,93216.37,66516.539999999994,null,null,"SMMLV"]
["AgenteFrontOfficesinherramientaAgenteespecializadoCienciassociales,humanasyafinesHoraextradominicalyfestivoOroZona3NA","IT-BPO-28-354","Agente Front Office sin herramienta","Agente especializado","Ciencias sociales, humanas y afines","Hora extra dominical y festivo","Oro","Zona 3","NA","Hora",105598.56,130552.47,129114.74,85517.31,115339.76,179922.74,138098.32999999999,76018.84,null,null,"SMMLV"]
["AgenteFrontOfficesinherramientaAgenteespecializadoCienciassociales,humanasyafinesServicio7x24OroZona3NA","IT-BPO-28-355","Agente Front Office sin herramienta","Agente especializado","Ciencias sociales, humanas y afines","Servicio 7x24","Oro","Zona 3","NA","Mes 7x24",53722068.75,41347715.75,59392540.490000002,48905396.990000002,55569099.189999998,85948668.829999998,64220037.32,42843638.719999999,null,null,"SMMLV"]
["AgenteFrontOfficesinherramientaAgenteespecializadoCienciassociales,humanasyafinesJornadaOrdinariaPlatinoZona3NA","IT-BPO-28-356","Agente Front Office sin herramienta","Agente especializado","Ciencias sociales, humanas y afines","Jornada Ordinaria","Platino","Zona 3","NA","Mes",11642241.109999999,10427640.109999999,14639007.92,10725210.74,14751925.640000001,15336910.550000001,13307154.73,10030706.109999999,null,null,"SMMLV"]
["AgenteFrontOfficesinherramientaAgenteespecializadoCienciassociales,humanasyafinesHoraextradiurnaPlatinoZona3NA","IT-BPO-28-357","Agente Front Office sin herramienta","Agente especializado","Ciencias sociales, humanas y afines","Hora extra diurna","Platino","Zona 3","NA","Hora",69299.05,65276.24,79560.509999999995,53945.18,68561.009999999995,91291.25,86311.45,47953.01,null,null,"SMMLV"]
["AgenteFrontOfficesinherramientaAgenteespecializadoCienciassociales,humanasyafinesHoraextranocturna PlatinoZona3NA","IT-BPO-28-358","Agente Front Office sin herramienta","Agente especializado","Ciencias sociales, humanas y afines","Hora extra nocturna ","Platino","Zona 3","NA","Hora",97018.68,91386.51,111384.5,74993.27,94343.88,127808.4,93216.37,67134.12,null,null,"SMMLV"]
["AgenteFrontOfficesinherramientaAgenteespecializadoCienciassociales,humanasyafinesHoraextradominicalyfestivoPlatinoZona3NA","IT-BPO-28-359","Agente Front Office sin herramienta","Agente especializado","Ciencias sociales, humanas y afines","Hora extra dominical y festivo","Platino","Zona 3","NA","Hora",110878.49,130552.47,127297.04,85517.31,117273.01,182582.49,138098.32999999999,76724.789999999994,null,null,"SMMLV"]
["AgenteFrontOfficesinherramientaAgenteespecializadoCienciassociales,humanasyafinesServicio7x24PlatinoZona3NA","IT-BPO-28-360","Agente Front Office sin herramienta","Agente especializado","Ciencias sociales, humanas y afines","Servicio 7x24","Platino","Zona 3","NA","Mes 7x24",56408172.189999998,41359547.219999999,58556026.189999998,48905396.990000002,55402764.93,87219159,64220037.32,43230348.479999997,null,null,"SMMLV"]
["AgenteFrontOfficesinherramientaAgenteespecializadoIngeniería,arquitectura,urbanismoyafinesJornadaOrdinariaOroZona1NA","IT-BPO-28-361","Agente Front Office sin herramienta","Agente especializado","Ingeniería, arquitectura, urbanismo y afines","Jornada Ordinaria","Oro","Zona 1","NA","Mes",10559855.880000001,10418174.93,14555570.01,10725210.74,14751925.640000001,15113503.17,13307154.73,9947766.9800000004,null,null,"SMMLV"]
["AgenteFrontOfficesinherramientaAgenteespecializadoIngeniería,arquitectura,urbanismoyafinesHoraextradiurnaOroZona1NA","IT-BPO-28-362","Agente Front Office sin herramienta","Agente especializado","Ingeniería, arquitectura, urbanismo y afines","Hora extra diurna","Oro","Zona 1","NA","Hora",62856.29,65276.24,79107.179999999993,53945.18,66142.38,89961.919999999998,86311.45,47511.83,null,null,"SMMLV"]
["AgenteFrontOfficesinherramientaAgenteespecializadoIngeniería,arquitectura,urbanismoyafinesHoraextranocturna OroZona1NA","IT-BPO-28-363","Agente Front Office sin herramienta","Agente especializado","Ingeniería, arquitectura, urbanismo y afines","Hora extra nocturna ","Oro","Zona 1","NA","Hora",87998.8,91386.51,110749.4,74993.27,91064.59,125946.9,93216.37,66516.539999999994,null,null,"SMMLV"]
["AgenteFrontOfficesinherramientaAgenteespecializadoIngeniería,arquitectura,urbanismoyafinesHoraextradominicalyfestivoOroZona1NA","IT-BPO-28-364","Agente Front Office sin herramienta","Agente especializado","Ingeniería, arquitectura, urbanismo y afines","Hora extra dominical y festivo","Oro","Zona 1","NA","Hora",100570.06,130552.47,126571.05,85517.31,112821.3,179922.74,138098.32999999999,76018.84,null,null,"SMMLV"]
["AgenteFrontOfficesinherramientaAgenteespecializadoIngeniería,arquitectura,urbanismoyafinesServicio7x24OroZona1NA","IT-BPO-28-365","Agente Front Office sin herramienta","Agente especializado","Ingeniería, arquitectura, urbanismo y afines","Servicio 7x24","Oro","Zona 1","NA","Mes 7x24",51163875,41331150.590000004,58222273.469999999,48905396.990000002,54936181.109999999,85948668.829999998,64220037.32,42843638.719999999,null,null,"SMMLV"]
[{"$f":"SUBSTITUTE(C1986&D1986&E1986&F1986&G1986&H1986&I1986,\" \",\"\")","v":"AgenteFrontOfficesinherramientaAgenteespecializadoIngeniería,arquitectura,urbanismoyafinesJornadaOrdinariaPlatinoZona1NA"},"IT-BPO-28-366","Agente Front Office sin herramienta","Agente especializado","Ingeniería, arquitectura, urbanismo y afines","Jornada Ordinaria","Platino","Zona 1","NA","Mes",11087848.67,10422119.119999999,14350561.92,10725210.74,14751925.640000001,15336910.550000001,13307154.73,10030706.109999999,null,null,"SMMLV"]
["AgenteFrontOfficesinherramientaAgenteespecializadoIngeniería,arquitectura,urbanismoyafinesHoraextradiurnaPlatinoZona1NA","IT-BPO-28-367","Agente Front Office sin herramienta","Agente especializado","Ingeniería, arquitectura, urbanismo y afines","Hora extra diurna","Platino","Zona 1","NA","Hora",65999.100000000006,65276.24,77993.570000000007,53945.18,67140.59,91291.25,86311.45,47953.01,null,null,"SMMLV"]
["AgenteFrontOfficesinherramientaAgenteespecializadoIngeniería,arquitectura,urbanismoyafinesHoraextranocturna PlatinoZona1NA","IT-BPO-28-368","Agente Front Office sin herramienta","Agente especializado","Ingeniería, arquitectura, urbanismo y afines","Hora extra nocturna ","Platino","Zona 1","NA","Hora",92398.74,91386.51,109190.12,74993.27,92436.56,127808.4,93216.37,67134.12,null,null,"SMMLV"]
["AgenteFrontOfficesinherramientaAgenteespecializadoIngeniería,arquitectura,urbanismoyafinesHoraextradominicalyfestivoPlatinoZona1NA","IT-BPO-28-369","Agente Front Office sin herramienta","Agente especializado","Ingeniería, arquitectura, urbanismo y afines","Hora extra dominical y festivo","Platino","Zona 1","NA","Hora",105598.56,130552.47,124788.39,85517.31,114692.28,182582.49,138098.32999999999,76724.789999999994,null,null,"SMMLV"]
["AgenteFrontOfficesinherramientaAgenteespecializadoIngeniería,arquitectura,urbanismoyafinesServicio7x24PlatinoZona1NA","IT-BPO-28-370","Agente Front Office sin herramienta","Agente especializado","Ingeniería, arquitectura, urbanismo y afines","Servicio 7x24","Platino","Zona 1","NA","Mes 7x24",53722068.75,41342983.159999996,57402241.109999999,48905396.990000002,54828417.280000001,87219159,64220037.32,43230348.479999997,null,null,"SMMLV"]
["AgenteFrontOfficesinherramientaAgenteespecializadoIngeniería,arquitectura,urbanismoyafinesJornadaOrdinariaOroZona2NA","IT-BPO-28-371","Agente Front Office sin herramienta","Agente especializado","Ingeniería, arquitectura, urbanismo y afines","Jornada Ordinaria","Oro","Zona 2","NA","Mes",10876651.560000001,10420541.220000001,14701125.08,10725210.74,14751925.640000001,15113503.17,13307154.73,9947766.9800000004,null,null,"SMMLV"]
["AgenteFrontOfficesinherramientaAgenteespecializadoIngeniería,arquitectura,urbanismoyafinesHoraextradiurnaOroZona2NA","IT-BPO-28-372","Agente Front Office sin herramienta","Agente especializado","Ingeniería, arquitectura, urbanismo y afines","Hora extra diurna","Oro","Zona 2","NA","Hora",64741.97,65276.24,79897.77,53945.18,67251.11,89961.919999999998,86311.45,47511.83,null,null,"SMMLV"]
["AgenteFrontOfficesinherramientaAgenteespecializadoIngeniería,arquitectura,urbanismoyafinesHoraextranocturna OroZona2NA","IT-BPO-28-373","Agente Front Office sin herramienta","Agente especializado","Ingeniería, arquitectura, urbanismo y afines","Hora extra nocturna ","Oro","Zona 2","NA","Hora",90638.76,91386.51,111857.54,74993.27,92543.01,125946.9,93216.37,66516.539999999994,null,null,"SMMLV"]
["AgenteFrontOfficesinherramientaAgenteespecializadoIngeniería,arquitectura,urbanismoyafinesHoraextradominicalyfestivoOroZona2NA","IT-BPO-28-374","Agente Front Office sin herramienta","Agente especializado","Ingeniería, arquitectura, urbanismo y afines","Hora extra dominical y festivo","Oro","Zona 2","NA","Hora",103587.16,130552.47,127836.87,85517.31,114817.39,179922.74,138098.32999999999,76018.84,null,null,"SMMLV"]
["AgenteFrontOfficesinherramientaAgenteespecializadoIngeniería,arquitectura,urbanismoyafinesServicio7x24OroZona2NA","IT-BPO-28-375","Agente Front Office sin herramienta","Agente especializado","Ingeniería, arquitectura, urbanismo y afines","Servicio 7x24","Oro","Zona 2","NA","Mes 7x24",52698791.25,41338249.469999999,58804495.920000002,48905396.990000002,55315931.740000002,85948668.829999998,64220037.32,42843638.719999999,null,null,"SMMLV"]
["AgenteFrontOfficesinherramientaAgenteespecializadoIngeniería,arquitectura,urbanismoyafinesJornadaOrdinariaPlatinoZona2NA","IT-BPO-28-376","Agente Front Office sin herramienta","Agente especializado","Ingeniería, arquitectura, urbanismo y afines","Jornada Ordinaria","Platino","Zona 2","NA","Mes",11420484.130000001,10424485.41,14494067.15,10725210.74,14751925.640000001,15336910.550000001,13307154.73,10030706.109999999,null,null,"SMMLV"]
["AgenteFrontOfficesinherramientaAgenteespecializadoIngeniería,arquitectura,urbanismoyafinesHoraextradiurnaPlatinoZona2NA","IT-BPO-28-377","Agente Front Office sin herramienta","Agente especializado","Ingeniería, arquitectura, urbanismo y afines","Hora extra diurna","Platino","Zona 2","NA","Hora",67979.070000000007,65276.24,78773.210000000006,53945.18,68275.570000000007,91291.25,86311.45,47953.01,null,null,"SMMLV"]
["AgenteFrontOfficesinherramientaAgenteespecializadoIngeniería,arquitectura,urbanismoyafinesHoraextranocturna PlatinoZona2NA","IT-BPO-28-378","Agente Front Office sin herramienta","Agente especializado","Ingeniería, arquitectura, urbanismo y afines","Hora extra nocturna ","Platino","Zona 2","NA","Hora",95170.7,91386.51,110281.83,74993.27,93950.68,127808.4,93216.37,67134.12,null,null,"SMMLV"]
["AgenteFrontOfficesinherramientaAgenteespecializadoIngeniería,arquitectura,urbanismoyafinesHoraextradominicalyfestivoPlatinoZona2NA","IT-BPO-28-379","Agente Front Office sin herramienta","Agente especializado","Ingeniería, arquitectura, urbanismo y afines","Hora extra dominical y festivo","Platino","Zona 2","NA","Hora",108766.52,130552.47,126036.69,85517.31,116736.35,182582.49,138098.32999999999,76724.789999999994,null,null,"SMMLV"]
["AgenteFrontOfficesinherramientaAgenteespecializadoIngeniería,arquitectura,urbanismoyafinesServicio7x24PlatinoZona2NA","IT-BPO-28-380","Agente Front Office sin herramienta","Agente especializado","Ingeniería, arquitectura, urbanismo y afines","Servicio 7x24","Platino","Zona 2","NA","Mes 7x24",55333730.810000002,41350082.039999999,57976263.109999999,48905396.990000002,55173026.310000002,87219159,64220037.32,43230348.479999997,null,null,"SMMLV"]
["AgenteFrontOfficesinherramientaAgenteespecializadoIngeniería,arquitectura,urbanismoyafinesJornadaOrdinariaOroZona3NA","IT-BPO-28-381","Agente Front Office sin herramienta","Agente especializado","Ingeniería, arquitectura, urbanismo y afines","Jornada Ordinaria","Oro","Zona 3","NA","Mes",11087848.67,10423695.92,14848136.49,10725210.74,14751925.640000001,15113503.17,13307154.73,9947766.9800000004,null,null,"SMMLV"]
["AgenteFrontOfficesinherramientaAgenteespecializadoIngeniería,arquitectura,urbanismoyafinesHoraextradiurnaOroZona3NA","IT-BPO-28-382","Agente Front Office sin herramienta","Agente especializado","Ingeniería, arquitectura, urbanismo y afines","Hora extra diurna","Oro","Zona 3","NA","Hora",65999.100000000006,65276.24,80697.119999999995,53945.18,67528.91,89961.919999999998,86311.45,47511.83,null,null,"SMMLV"]
["AgenteFrontOfficesinherramientaAgenteespecializadoIngeniería,arquitectura,urbanismoyafinesServicio7x24OroZona3NA","IT-BPO-28-385","Agente Front Office sin herramienta","Agente especializado","Ingeniería, arquitectura, urbanismo y afines","Servicio 7x24","Oro","Zona 3","NA","Mes 7x24",53722068.75,41347715.75,59392540.490000002,48905396.990000002,55569099.189999998,85948668.829999998,64220037.32,42843638.719999999,null,null,"SMMLV"]
["AgenteFrontOfficesinherramientaAgenteespecializadoIngeniería,arquitectura,urbanismoyafinesJornadaOrdinariaPlatinoZona3NA","IT-BPO-28-386","Agente Front Office sin herramienta","Agente especializado","Ingeniería, arquitectura, urbanismo y afines","Jornada Ordinaria","Platino","Zona 3","NA","Mes",11642241.109999999,10427640.109999999,14639007.92,10725210.74,14751925.640000001,15336910.550000001,13307154.73,10030706.109999999,null,null,"SMMLV"]
["AgenteFrontOfficesinherramientaAgenteespecializadoIngeniería,arquitectura,urbanismoyafinesHoraextradominicalyfestivoPlatinoZona3NA","IT-BPO-28-389","Agente Front Office sin herramienta","Agente especializado","Ingeniería, arquitectura, urbanismo y afines","Hora extra dominical y festivo","Platino","Zona 3","NA","Hora",110878.49,130552.47,127297.04,85517.31,117273.01,182582.49,138098.32999999999,76724.789999999994,null,null,"SMMLV"]
["AgenteFrontOfficesinherramientaAgenteespecializadoIngeniería,arquitectura,urbanismoyafinesServicio7x24PlatinoZona3NA","IT-BPO-28-390","Agente Front Office sin herramienta","Agente especializado","Ingeniería, arquitectura, urbanismo y afines","Servicio 7x24","Platino","Zona 3","NA","Mes 7x24",56408172.189999998,41359547.219999999,58556026.189999998,48905396.990000002,55402764.93,87219159,64220037.32,43230348.479999997,null,null,"SMMLV"]
["AgenteFrontOfficesinherramientaAgenteespecializadoBellasartesyafinesHoraextradiurnaOroZona1NA","IT-BPO-28-392","Agente Front Office sin herramienta","Agente especializado","Bellas artes y afines","Hora extra diurna","Oro","Zona 1","NA","Hora",62856.29,65276.24,79107.179999999993,53945.18,66142.38,89961.919999999998,86311.45,47511.83,null,null,"SMMLV"]
["AgenteFrontOfficesinherramientaAgenteespecializadoBellasartesyafinesHoraextranocturna OroZona1NA","IT-BPO-28-393","Agente Front Office sin herramienta","Agente especializado","Bellas artes y afines","Hora extra nocturna ","Oro","Zona 1","NA","Hora",87998.8,91386.51,110749.4,74993.27,91064.59,125946.9,93216.37,66516.539999999994,null,null,"SMMLV"]
["AgenteFrontOfficesinherramientaAgenteespecializadoBellasartesyafinesJornadaOrdinariaPlatinoZona1NA","IT-BPO-28-396","Agente Front Office sin herramienta","Agente especializado","Bellas artes y afines","Jornada Ordinaria","Platino","Zona 1","NA","Mes",11087848.67,10422119.119999999,14350561.92,10725210.74,14751925.640000001,15336910.550000001,13307154.73,10030706.109999999,null,null,"SMMLV"]
["AgenteFrontOfficesinherramientaAgenteespecializadoBellasartesyafinesHoraextradiurnaPlatinoZona1NA","IT-BPO-28-397","Agente Front Office sin herramienta","Agente especializado","Bellas artes y afines","Hora extra diurna","Platino","Zona 1","NA","Hora",65999.100000000006,65276.24,77993.570000000007,53945.18,67140.59,91291.25,86311.45,47953.01,null,null,"SMMLV"]
["AgenteFrontOfficesinherramientaAgenteespecializadoBellasartesyafinesServicio7x24PlatinoZona1NA","IT-BPO-28-400","Agente Front Office sin herramienta","Agente especializado","Bellas artes y afines","Servicio 7x24","Platino","Zona 1","NA","Mes 7x24",53722068.75,41342983.159999996,57402241.109999999,48905396.990000002,54828417.280000001,87219159,64220037.32,43230348.479999997,null,null,"SMMLV"]
["AgenteFrontOfficesinherramientaAgenteespecializadoBellasartesyafinesJornadaOrdinariaOroZona2NA","IT-BPO-28-401","Agente Front Office sin herramienta","Agente especializado","Bellas artes y afines","Jornada Ordinaria","Oro","Zona 2","NA","Mes",10876651.560000001,10420541.220000001,14701125.08,10725210.74,14751925.640000001,15113503.17,13307154.73,9947766.9800000004,null,null,"SMMLV"]
["AgenteFrontOfficesinherramientaAgenteespecializadoBellasartesyafinesHoraextradominicalyfestivoOroZona2NA","IT-BPO-28-404","Agente Front Office sin herramienta","Agente especializado","Bellas artes y afines","Hora extra dominical y festivo","Oro","Zona 2","NA","Hora",103587.16,130552.47,127836.87,85517.31,114817.39,179922.74,138098.32999999999,76018.84,null,null,"SMMLV"]
["AgenteFrontOfficesinherramientaAgenteespecializadoBellasartesyafinesServicio7x24OroZona2NA","IT-BPO-28-405","Agente Front Office sin herramienta","Agente especializado","Bellas artes y afines","Servicio 7x24","Oro","Zona 2","NA","Mes 7x24",52698791.25,41338249.469999999,58804495.920000002,48905396.990000002,55315931.740000002,85948668.829999998,64220037.32,42843638.719999999,null,null,"SMMLV"]
["AgenteFrontOfficesinherramientaAgenteespecializadoBellasartesyafinesHoraextradiurnaPlatinoZona2NA","IT-BPO-28-407","Agente Front Office sin herramienta","Agente especializado","Bellas artes y afines","Hora extra diurna","Platino","Zona 2","NA","Hora",67979.070000000007,65276.24,78773.210000000006,53945.18,68275.570000000007,91291.25,86311.45,47953.01,null,null,"SMMLV"]
["AgenteFrontOfficesinherramientaAgenteespecializadoBellasartesyafinesHoraextranocturna PlatinoZona2NA","IT-BPO-28-408","Agente Front Office sin herramienta","Agente especializado","Bellas artes y afines","Hora extra nocturna ","Platino","Zona 2","NA","Hora",95170.7,91386.51,110281.83,74993.27,93950.68,127808.4,93216.37,67134.12,null,null,"SMMLV"]
["AgenteFrontOfficesinherramientaAgenteespecializadoBellasartesyafinesJornadaOrdinariaOroZona3NA","IT-BPO-28-411","Agente Front Office sin herramienta","Agente especializado","Bellas artes y afines","Jornada Ordinaria","Oro","Zona 3","NA","Mes",11087848.67,10423695.92,14848136.49,10725210.74,14751925.640000001,15113503.17,13307154.73,9947766.9800000004,null,null,"SMMLV"]
["AgenteFrontOfficesinherramientaAgenteespecializadoBellasartesyafinesHoraextradiurnaOroZona3NA","IT-BPO-28-412","Agente Front Office sin herramienta","Agente especializado","Bellas artes y afines","Hora extra diurna","Oro","Zona 3","NA","Hora",65999.100000000006,65276.24,80697.119999999995,53945.18,67528.91,89961.919999999998,86311.45,47511.83,null,null,"SMMLV"]
["AgenteFrontOfficesinherramientaAgenteespecializadoBellasartesyafinesServicio7x24OroZona3NA","IT-BPO-28-415","Agente Front Office sin herramienta","Agente especializado","Bellas artes y afines","Servicio 7x24","Oro","Zona 3","NA","Mes 7x24",53722068.75,41347715.75,59392540.490000002,48905396.990000002,55569099.189999998,85948668.829999998,64220037.32,42843638.719999999,null,null,"SMMLV"]
["AgenteFrontOfficesinherramientaAgenteespecializadoBellasartesyafinesJornadaOrdinariaPlatinoZona3NA","IT-BPO-28-416","Agente Front Office sin herramienta","Agente especializado","Bellas artes y afines","Jornada Ordinaria","Platino","Zona 3","NA","Mes",11642241.109999999,10427640.109999999,14639007.92,10725210.74,14751925.640000001,15336910.550000001,13307154.73,10030706.109999999,null,null,"SMMLV"]
["AgenteFrontOfficesinherramientaAgenteespecializadoBellasartesyafinesHoraextranocturna PlatinoZona3NA","IT-BPO-28-418","Agente Front Office sin herramienta","Agente especializado","Bellas artes y afines","Hora extra nocturna ","Platino","Zona 3","NA","Hora",97018.68,91386.51,111384.5,74993.27,94343.88,127808.4,93216.37,67134.12,null,null,"SMMLV"]
["AgenteFrontOfficesinherramientaAgenteespecializadoBellasartesyafinesHoraextradominicalyfestivoPlatinoZona3NA","IT-BPO-28-419","Agente Front Office sin herramienta","Agente especializado","Bellas artes y afines","Hora extra dominical y festivo","Platino","Zona 3","NA","Hora",110878.49,130552.47,127297.04,85517.31,117273.01,182582.49,138098.32999999999,76724.789999999994,null,null,"SMMLV"]
["AgenteFrontOfficesinherramientaAgenteespecializadoMatemáticas,cienciasnaturalesyafinesHoraextradiurnaOroZona1NA","IT-BPO-28-422","Agente Front Office sin herramienta","Agente especializado","Matemáticas, ciencias naturales y afines","Hora extra diurna","Oro","Zona 1","NA","Hora",62856.29,65276.24,79107.179999999993,53945.18,66142.38,89961.919999999998,86311.45,47511.83,null,null,"SMMLV"]
["AgenteFrontOfficesinherramientaAgenteespecializadoMatemáticas,cienciasnaturalesyafinesHoraextranocturna OroZona1NA","IT-BPO-28-423","Agente Front Office sin herramienta","Agente especializado","Matemáticas, ciencias naturales y afines","Hora extra nocturna ","Oro","Zona 1","NA","Hora",87998.8,91386.51,110749.4,74993.27,91064.59,125946.9,93216.37,66516.539999999994,null,null,"SMMLV"]
["AgenteFrontOfficesinherramientaAgenteespecializadoMatemáticas,cienciasnaturalesyafinesJornadaOrdinariaPlatinoZona1NA","IT-BPO-28-426","Agente Front Office sin herramienta","Agente especializado","Matemáticas, ciencias naturales y afines","Jornada Ordinaria","Platino","Zona 1","NA","Mes",11087848.67,10422119.119999999,14350561.92,10725210.74,14751925.640000001,15336910.550000001,13307154.73,10030706.109999999,null,null,"SMMLV"]
["AgenteFrontOfficesinherramientaAgenteespecializadoMatemáticas,cienciasnaturalesyafinesHoraextradiurnaPlatinoZona1NA","IT-BPO-28-427","Agente Front Office sin herramienta","Agente especializado","Matemáticas, ciencias naturales y afines","Hora extra diurna","Platino","Zona 1","NA","Hora",65999.100000000006,65276.24,77993.570000000007,53945.18,67140.59,91291.25,86311.45,47953.01,null,null,"SMMLV"]
["AgenteFrontOfficesinherramientaAgenteespecializadoMatemáticas,cienciasnaturalesyafinesHoraextradominicalyfestivoPlatinoZona1NA","IT-BPO-28-429","Agente Front Office sin herramienta","Agente especializado","Matemáticas, ciencias naturales y afines","Hora extra dominical y festivo","Platino","Zona 1","NA","Hora",105598.56,130552.47,124788.39,85517.31,114692.28,182582.49,138098.32999999999,76724.789999999994,null,null,"SMMLV"]
[{"$f":"SUBSTITUTE(C2050&D2050&E2050&F2050&G2050&H2050&I2050,\" \",\"\")","v":"AgenteFrontOfficesinherramientaAgenteespecializadoMatemáticas,cienciasnaturalesyafinesServicio7x24PlatinoZona1NA"},"IT-BPO-28-430","Agente Front Office sin herramienta","Agente especializado","Matemáticas, ciencias naturales y afines","Servicio 7x24","Platino","Zona 1","NA","Mes 7x24",53722068.75,41342983.159999996,57402241.109999999,48905396.990000002,54828417.280000001,87219159,64220037.32,43230348.479999997,null,null,"SMMLV"]
["AgenteFrontOfficesinherramientaAgenteespecializadoMatemáticas,cienciasnaturalesyafinesHoraextranocturna OroZona2NA","IT-BPO-28-433","Agente Front Office sin herramienta","Agente especializado","Matemáticas, ciencias naturales y afines","Hora extra nocturna ","Oro","Zona 2","NA","Hora",90638.76,91386.51,111857.54,74993.27,92543.01,125946.9,93216.37,66516.539999999994,null,null,"SMMLV"]
["AgenteFrontOfficesinherramientaAgenteespecializadoMatemáticas,cienciasnaturalesyafinesHoraextradominicalyfestivoOroZona2NA","IT-BPO-28-434","Agente Front Office sin herramienta","Agente especializado","Matemáticas, ciencias naturales y afines","Hora extra dominical y festivo","Oro","Zona 2","NA","Hora",103587.16,130552.47,127836.87,85517.31,114817.39,179922.74,138098.32999999999,76018.84,null,null,"SMMLV"]
["AgenteFrontOfficesinherramientaAgenteespecializadoMatemáticas,cienciasnaturalesyafinesHoraextradiurnaPlatinoZona2NA","IT-BPO-28-437","Agente Front Office sin herramienta","Agente especializado","Matemáticas, ciencias naturales y afines","Hora extra diurna","Platino","Zona 2","NA","Hora",67979.070000000007,65276.24,78773.210000000006,53945.18,68275.570000000007,91291.25,86311.45,47953.01,null,null,"SMMLV"]
["AgenteFrontOfficesinherramientaAgenteespecializadoMatemáticas,cienciasnaturalesyafinesHoraextranocturna PlatinoZona2NA","IT-BPO-28-438","Agente Front Office sin herramienta","Agente especializado","Matemáticas, ciencias naturales y afines","Hora extra nocturna ","Platino","Zona 2","NA","Hora",95170.7,91386.51,110281.83,74993.27,93950.68,127808.4,93216.37,67134.12,null,null,"SMMLV"]
["AgenteFrontOfficesinherramientaAgenteespecializadoMatemáticas,cienciasnaturalesyafinesServicio7x24PlatinoZona2NA","IT-BPO-28-440","Agente Front Office sin herramienta","Agente especializado","Matemáticas, ciencias naturales y afines","Servicio 7x24","Platino","Zona 2","NA","Mes 7x24",55333730.810000002,41350082.039999999,57976263.109999999,48905396.990000002,55173026.310000002,87219159,64220037.32,43230348.479999997,null,null,"SMMLV"]
["AgenteFrontOfficesinherramientaAgenteespecializadoMatemáticas,cienciasnaturalesyafinesJornadaOrdinariaOroZona3NA","IT-BPO-28-441","Agente Front Office sin herramienta","Agente especializado","Matemáticas, ciencias naturales y afines","Jornada Ordinaria","Oro","Zona 3","NA","Mes",11087848.67,10423695.92,14848136.49,10725210.74,14751925.640000001,15113503.17,13307154.73,9947766.9800000004,null,null,"SMMLV"]
["AgenteFrontOfficesinherramientaAgenteespecializadoMatemáticas,cienciasnaturalesyafinesHoraextradominicalyfestivoOroZona3NA","IT-BPO-28-444","Agente Front Office sin herramienta","Agente especializado","Matemáticas, ciencias naturales y afines","Hora extra dominical y festivo","Oro","Zona 3","NA","Hora",105598.56,130552.47,129114.74,85517.31,115339.76,179922.74,138098.32999999999,76018.84,null,null,"SMMLV"]
["AgenteFrontOfficesinherramientaAgenteespecializadoMatemáticas,cienciasnaturalesyafinesServicio7x24OroZona3NA","IT-BPO-28-445","Agente Front Office sin herramienta","Agente especializado","Matemáticas, ciencias naturales y afines","Servicio 7x24","Oro","Zona 3","NA","Mes 7x24",53722068.75,41347715.75,59392540.490000002,48905396.990000002,55569099.189999998,85948668.829999998,64220037.32,42843638.719999999,null,null,"SMMLV"]
["AgenteFrontOfficesinherramientaAgenteespecializadoMatemáticas,cienciasnaturalesyafinesHoraextranocturna PlatinoZona3NA","IT-BPO-28-448","Agente Front Office sin herramienta","Agente especializado","Matemáticas, ciencias naturales y afines","Hora extra nocturna ","Platino","Zona 3","NA","Hora",97018.68,91386.51,111384.5,74993.27,94343.88,127808.4,93216.37,67134.12,null,null,"SMMLV"]
["AgenteFrontOfficesinherramientaAgenteespecializadoMatemáticas,cienciasnaturalesyafinesHoraextradominicalyfestivoPlatinoZona3NA","IT-BPO-28-449","Agente Front Office sin herramienta","Agente especializado","Matemáticas, ciencias naturales y afines","Hora extra dominical y festivo","Platino","Zona 3","NA","Hora",110878.49,130552.47,127297.04,85517.31,117273.01,182582.49,138098.32999999999,76724.789999999994,null,null,"SMMLV"]
["AgenteFrontOfficesinherramientaAgenteespecializadoCienciasdelasaludyafinesHoraextradiurnaOroZona1NA","IT-BPO-28-452","Agente Front Office sin herramienta","Agente especializado","Ciencias de la salud y afines","Hora extra diurna","Oro","Zona 1","NA","Hora",77627.839999999997,81595.02,95876.01,80654.42,86450.7,111766.65,86311.45,58982.07,null,null,"SMMLV"]
["AgenteFrontOfficesinherramientaAgenteespecializadoCienciasdelasaludyafinesHoraextranocturna OroZona1NA","IT-BPO-28-453","Agente Front Office sin herramienta","Agente especializado","Ciencias de la salud y afines","Hora extra nocturna ","Oro","Zona 1","NA","Hora",108678.97,114233.69,134227.29,112456.5,119229.37,156473.31,93216.37,82574.94,null,null,"SMMLV"]
["AgenteFrontOfficesinherramientaAgenteespecializadoCienciasdelasaludyafinesServicio7x24OroZona1NA","IT-BPO-28-455","Agente Front Office sin herramienta","Agente especializado","Ciencias de la salud y afines","Servicio 7x24","Oro","Zona 1","NA","Mes 7x24",63571977,51357601.310000002,70564522.170000002,77582573.180000007,75064367.849999994,106860409.43000001,64220037.32,52898092.310000002,null,null,"SMMLV"]
["AgenteFrontOfficesinherramientaAgenteespecializadoCienciasdelasaludyafinesJornadaOrdinariaPlatinoZona1NA","IT-BPO-28-456","Agente Front Office sin herramienta","Agente especializado","Ciencias de la salud y afines","Jornada Ordinaria","Platino","Zona 1","NA","Mes",13693550.09,12928731.800000001,17392664.640000001,15805009.91,18309523.359999999,19054352.329999998,13307154.73,12187121.359999999,null,null,"SMMLV"]
["AgenteFrontOfficesinherramientaAgenteespecializadoCienciasdelasaludyafinesHoraextradominicalyfestivoPlatinoZona1NA","IT-BPO-28-459","Agente Front Office sin herramienta","Agente especializado","Ciencias de la salud y afines","Hora extra dominical y festivo","Platino","Zona 1","NA","Hora",130414.76,163191.14000000001,151241.4,147852.38,144838.81,226838.01,138098.32999999999,95077.21,null,null,"SMMLV"]
["AgenteFrontOfficesinherramientaAgenteespecializadoCienciasdelasaludyafinesServicio7x24PlatinoZona1NA","IT-BPO-28-460","Agente Front Office sin herramienta","Agente especializado","Ciencias de la salud y afines","Servicio 7x24","Platino","Zona 1","NA","Mes 7x24",66750575.850000001,51369433.880000003,69570655.280000001,77582573.180000007,77910946.780000001,108440018.09999999,64220037.32,53284802.07,null,null,"SMMLV"]
["AgenteFrontOfficesinherramientaAgenteespecializadoCienciasdelasaludyafinesHoraextranocturna OroZona2NA","IT-BPO-28-463","Agente Front Office sin herramienta","Agente especializado","Ciencias de la salud y afines","Hora extra nocturna ","Oro","Zona 2","NA","Hora",111939.34,114233.69,135569.76,112456.5,120890.64,156473.31,93216.37,82574.94,null,null,"SMMLV"]
["AgenteFrontOfficesinherramientaAgenteespecializadoCienciasdelasaludyafinesHoraextradominicalyfestivoOroZona2NA","IT-BPO-28-464","Agente Front Office sin herramienta","Agente especializado","Ciencias de la salud y afines","Hora extra dominical y festivo","Oro","Zona 2","NA","Hora",127930.67,163191.14000000001,154935.93,128358.09,143786.54999999999,223533.3,138098.32999999999,94371.37,null,null,"SMMLV"]
["AgenteFrontOfficesinherramientaAgenteespecializadoCienciasdelasaludyafinesJornadaOrdinariaPlatinoZona2NA","IT-BPO-28-466","Agente Front Office sin herramienta","Agente especializado","Ciencias de la salud y afines","Jornada Ordinaria","Platino","Zona 2","NA","Mes",14104356.6,12931098.09,17566591.16,15805009.91,18309523.359999999,19054352.329999998,13307154.73,12187121.359999999,null,null,"SMMLV"]
["AgenteFrontOfficesinherramientaAgenteespecializadoCienciasdelasaludyafinesHoraextradiurnaPlatinoZona2NA","IT-BPO-28-467","Agente Front Office sin herramienta","Agente especializado","Ciencias de la salud y afines","Hora extra diurna","Platino","Zona 2","NA","Hora",83954.5,81595.02,95471.96,80654.42,82898.97,113419.01,86311.45,59423.24,null,null,"SMMLV"]
["AgenteFrontOfficesinherramientaAgenteespecializadoCienciasdelasaludyafinesServicio7x24PlatinoZona2NA","IT-BPO-28-470","Agente Front Office sin herramienta","Agente especializado","Ciencias de la salud y afines","Servicio 7x24","Platino","Zona 2","NA","Mes 7x24",68753093.129999995,51376532.759999998,70266361.340000004,77582573.180000007,75975032.739999995,108440018.09999999,64220037.32,53284802.07,null,null,"SMMLV"]
["AgenteFrontOfficesinherramientaAgenteespecializadoCienciasdelasaludyafinesJornadaOrdinariaOroZona3NA","IT-BPO-28-471","Agente Front Office sin herramienta","Agente especializado","Ciencias de la salud y afines","Jornada Ordinaria","Oro","Zona 3","NA","Mes",13693550.09,12930308.6,17995718.370000001,15805009.91,18309523.359999999,18776793.920000002,13307154.73,12104182.34,null,null,"SMMLV"]
["AgenteFrontOfficesinherramientaAgenteespecializadoCienciasdelasaludyafinesHoraextradominicalyfestivoOroZona3NA","IT-BPO-28-474","Agente Front Office sin herramienta","Agente especializado","Ciencias de la salud y afines","Hora extra dominical y festivo","Oro","Zona 3","NA","Hora",130414.76,163191.14000000001,156485.35999999999,128358.09,144310.39999999999,223533.3,138098.32999999999,94371.37,null,null,"SMMLV"]
["AgenteFrontOfficesinherramientaAgenteespecializadoCienciasdelasaludyafinesServicio7x24OroZona3NA","IT-BPO-28-475","Agente Front Office sin herramienta","Agente especializado","Ciencias de la salud y afines","Servicio 7x24","Oro","Zona 3","NA","Mes 7x24",66750575.850000001,51374166.469999999,71982868.010000005,77582573.180000007,73141104.439999998,106860409.43000001,64220037.32,52898092.310000002,null,null,"SMMLV"]
["AgenteFrontOfficesinherramientaAgenteespecializadoCienciasdelasaludyafinesHoraextradiurnaPlatinoZona3NA","IT-BPO-28-477","Agente Front Office sin herramienta","Agente especializado","Ciencias de la salud y afines","Hora extra diurna","Platino","Zona 3","NA","Hora",69299.05,81595.02,96425.7,80654.42,83309.98,113419.01,86311.45,59423.24,null,null,"SMMLV"]
["AgenteFrontOfficesinherramientaAgenteespecializadoCienciasdelasaludyafinesHoraextranocturna PlatinoZona3NA","IT-BPO-28-478","Agente Front Office sin herramienta","Agente especializado","Ciencias de la salud y afines","Hora extra nocturna ","Platino","Zona 3","NA","Hora",119818.56,114233.69,134997.07999999999,112456.5,114619,158787.04999999999,93216.37,83192.52,null,null,"SMMLV"]
["AgenteFrontOfficesinherramientaAgenteespecializadoAgronomía,veterinariayafinesJornadaOrdinariaOroZona1NA","IT-BPO-28-481","Agente Front Office sin herramienta","Agente especializado","Agronomía, veterinaria y afines","Jornada Ordinaria","Oro","Zona 1","NA","Mes",10559855.880000001,10418174.93,14555570.01,10725210.74,14751925.640000001,15113503.17,13307154.73,9947766.9800000004,null,null,"SMMLV"]
["AgenteFrontOfficesinherramientaAgenteespecializadoAgronomía,veterinariayafinesHoraextradiurnaOroZona1NA","IT-BPO-28-482","Agente Front Office sin herramienta","Agente especializado","Agronomía, veterinaria y afines","Hora extra diurna","Oro","Zona 1","NA","Hora",62856.29,65276.24,79107.179999999993,53945.18,66142.38,89961.919999999998,86311.45,47511.83,null,null,"SMMLV"]
["AgenteFrontOfficesinherramientaAgenteespecializadoAgronomía,veterinariayafinesServicio7x24OroZona1NA","IT-BPO-28-485","Agente Front Office sin herramienta","Agente especializado","Agronomía, veterinaria y afines","Servicio 7x24","Oro","Zona 1","NA","Mes 7x24",51163875,41331150.590000004,58222273.469999999,48905396.990000002,54936181.109999999,85948668.829999998,64220037.32,42843638.719999999,null,null,"SMMLV"]
["AgenteFrontOfficesinherramientaAgenteespecializadoAgronomía,veterinariayafinesJornadaOrdinariaPlatinoZona1NA","IT-BPO-28-486","Agente Front Office sin herramienta","Agente especializado","Agronomía, veterinaria y afines","Jornada Ordinaria","Platino","Zona 1","NA","Mes",11087848.67,10422119.119999999,14350561.92,10725210.74,14751925.640000001,15336910.550000001,13307154.73,10030706.109999999,null,null,"SMMLV"]
["AgenteFrontOfficesinherramientaAgenteespecializadoAgronomía,veterinariayafinesHoraextradominicalyfestivoPlatinoZona1NA","IT-BPO-28-489","Agente Front Office sin herramienta","Agente especializado","Agronomía, veterinaria y afines","Hora extra dominical y festivo","Platino","Zona 1","NA","Hora",105598.56,130552.47,124788.39,85517.31,114692.28,182582.49,138098.32999999999,76724.789999999994,null,null,"SMMLV"]
["AgenteFrontOfficesinherramientaAgenteespecializadoAgronomía,veterinariayafinesServicio7x24PlatinoZona1NA","IT-BPO-28-490","Agente Front Office sin herramienta","Agente especializado","Agronomía, veterinaria y afines","Servicio 7x24","Platino","Zona 1","NA","Mes 7x24",53722068.75,41342983.159999996,57402241.109999999,48905396.990000002,54828417.280000001,87219159,64220037.32,43230348.479999997,null,null,"SMMLV"]
["AgenteFrontOfficesinherramientaAgenteespecializadoAgronomía,veterinariayafinesHoraextradiurnaOroZona2NA","IT-BPO-28-492","Agente Front Office sin herramienta","Agente especializado","Agronomía, veterinaria y afines","Hora extra diurna","Oro","Zona 2","NA","Hora",64741.97,65276.24,79897.77,53945.18,67251.11,89961.919999999998,86311.45,47511.83,null,null,"SMMLV"]
["AgenteFrontOfficesinherramientaAgenteespecializadoAgronomía,veterinariayafinesHoraextranocturna OroZona2NA","IT-BPO-28-493","Agente Front Office sin herramienta","Agente especializado","Agronomía, veterinaria y afines","Hora extra nocturna ","Oro","Zona 2","NA","Hora",90638.76,91386.51,111857.54,74993.27,92543.01,125946.9,93216.37,66516.539999999994,null,null,"SMMLV"]
["AgenteFrontOfficesinherramientaAgenteespecializadoAgronomía,veterinariayafinesJornadaOrdinariaPlatinoZona2NA","IT-BPO-28-496","Agente Front Office sin herramienta","Agente especializado","Agronomía, veterinaria y afines","Jornada Ordinaria","Platino","Zona 2","NA","Mes",11420484.130000001,10424485.41,14494067.15,10725210.74,14751925.640000001,15336910.550000001,13307154.73,10030706.109999999,null,null,"SMMLV"]
["AgenteFrontOfficesinherramientaAgenteespecializadoAgronomía,veterinariayafinesHoraextradiurnaPlatinoZona2NA","IT-BPO-28-497","Agente Front Office sin herramienta","Agente especializado","Agronomía, veterinaria y afines","Hora extra diurna","Platino","Zona 2","NA","Hora",67979.070000000007,65276.24,78773.210000000006,53945.18,68275.570000000007,91291.25,86311.45,47953.01,null,null,"SMMLV"]
["AgenteFrontOfficesinherramientaAgenteespecializadoAgronomía,veterinariayafinesServicio7x24PlatinoZona2NA","IT-BPO-28-500","Agente Front Office sin herramienta","Agente especializado","Agronomía, veterinaria y afines","Servicio 7x24","Platino","Zona 2","NA","Mes 7x24",55333730.810000002,41350082.039999999,57976263.109999999,48905396.990000002,55173026.310000002,87219159,64220037.32,43230348.479999997,null,null,"SMMLV"]
["AgenteFrontOfficesinherramientaAgenteespecializadoAgronomía,veterinariayafinesJornadaOrdinariaOroZona3NA","IT-BPO-28-501","Agente Front Office sin herramienta","Agente especializado","Agronomía, veterinaria y afines","Jornada Ordinaria","Oro","Zona 3","NA","Mes",11087848.67,10423695.92,14848136.49,10725210.74,14751925.640000001,15113503.17,13307154.73,9947766.9800000004,null,null,"SMMLV"]
["AgenteFrontOfficesinherramientaAgenteespecializadoAgronomía,veterinariayafinesHoraextranocturna OroZona3NA","IT-BPO-28-503","Agente Front Office sin herramienta","Agente especializado","Agronomía, veterinaria y afines","Hora extra nocturna ","Oro","Zona 3","NA","Hora",92398.74,91386.51,112976.63,74993.27,92925.81,125946.9,93216.37,66516.539999999994,null,null,"SMMLV"]
["AgenteFrontOfficesinherramientaAgenteespecializadoAgronomía,veterinariayafinesHoraextradominicalyfestivoOroZona3NA","IT-BPO-28-504","Agente Front Office sin herramienta","Agente especializado","Agronomía, veterinaria y afines","Hora extra dominical y festivo","Oro","Zona 3","NA","Hora",105598.56,130552.47,129114.74,85517.31,115339.76,179922.74,138098.32999999999,76018.84,null,null,"SMMLV"]
["AgenteFrontOfficesinherramientaAgenteespecializadoAgronomía,veterinariayafinesHoraextradiurnaPlatinoZona3NA","IT-BPO-28-507","Agente Front Office sin herramienta","Agente especializado","Agronomía, veterinaria y afines","Hora extra diurna","Platino","Zona 3","NA","Hora",69299.05,65276.24,79560.509999999995,53945.18,68561.009999999995,91291.25,86311.45,47953.01,null,null,"SMMLV"]
["AgenteFrontOfficesinherramientaAgenteespecializadoAgronomía,veterinariayafinesHoraextranocturna PlatinoZona3NA","IT-BPO-28-508","Agente Front Office sin herramienta","Agente especializado","Agronomía, veterinaria y afines","Hora extra nocturna ","Platino","Zona 3","NA","Hora",97018.68,91386.51,111384.5,74993.27,94343.88,127808.4,93216.37,67134.12,null,null,"SMMLV"]
["AgenteFrontOfficesinherramientaAgenteespecializadoCienciasdelaeducaciónyafinesJornadaOrdinariaOroZona1NA","IT-BPO-28-511","Agente Front Office sin herramienta","Agente especializado","Ciencias de la educación y afines","Jornada Ordinaria","Oro","Zona 1","NA","Mes",10559855.880000001,10418174.93,14555570.01,10725210.74,14751925.640000001,15113503.17,13307154.73,9947766.9800000004,null,null,"SMMLV"]
["AgenteFrontOfficesinherramientaAgenteespecializadoCienciasdelaeducaciónyafinesHoraextradiurnaOroZona1NA","IT-BPO-28-512","Agente Front Office sin herramienta","Agente especializado","Ciencias de la educación y afines","Hora extra diurna","Oro","Zona 1","NA","Hora",62856.29,65276.24,79107.179999999993,53945.18,68701.440000000002,89961.919999999998,86311.45,47511.83,null,null,"SMMLV"]
["AgenteFrontOfficesinherramientaAgenteespecializadoCienciasdelaeducaciónyafinesHoraextradominicalyfestivoOroZona1NA","IT-BPO-28-514","Agente Front Office sin herramienta","Agente especializado","Ciencias de la educación y afines","Hora extra dominical y festivo","Oro","Zona 1","NA","Hora",100570.06,130552.47,126571.05,85517.31,117734.39999999999,179922.74,138098.32999999999,76018.84,null,null,"SMMLV"]
["AgenteFrontOfficesinherramientaAgenteespecializadoCienciasdelaeducaciónyafinesServicio7x24OroZona1NA","IT-BPO-28-515","Agente Front Office sin herramienta","Agente especializado","Ciencias de la educación y afines","Servicio 7x24","Oro","Zona 1","NA","Mes 7x24",51163875,41331150.590000004,58222273.469999999,48905396.990000002,54936181.109999999,85948668.829999998,64220037.32,42843638.719999999,null,null,"SMMLV"]
["AgenteFrontOfficesinherramientaAgenteespecializadoCienciasdelaeducaciónyafinesHoraextranocturna PlatinoZona1NA","IT-BPO-28-518","Agente Front Office sin herramienta","Agente especializado","Ciencias de la educación y afines","Hora extra nocturna ","Platino","Zona 1","NA","Hora",92398.74,91386.51,109190.12,74993.27,96124.19,127808.4,93216.37,67134.12,null,null,"SMMLV"]
["AgenteFrontOfficesinherramientaAgenteespecializadoCienciasdelaeducaciónyafinesHoraextradominicalyfestivoPlatinoZona1NA","IT-BPO-28-519","Agente Front Office sin herramienta","Agente especializado","Ciencias de la educación y afines","Hora extra dominical y festivo","Platino","Zona 1","NA","Hora",105598.56,130552.47,124788.39,85517.31,119749.71,182582.49,138098.32999999999,76724.789999999994,null,null,"SMMLV"]
["AgenteFrontOfficesinherramientaAgenteespecializadoCienciasdelaeducaciónyafinesHoraextradiurnaOroZona2NA","IT-BPO-28-522","Agente Front Office sin herramienta","Agente especializado","Ciencias de la educación y afines","Hora extra diurna","Oro","Zona 2","NA","Hora",64741.97,65276.24,79897.77,53945.18,69887.100000000006,89961.919999999998,86311.45,47511.83,null,null,"SMMLV"]
["AgenteFrontOfficesinherramientaAgenteespecializadoCienciasdelaeducaciónyafinesHoraextranocturna OroZona2NA","IT-BPO-28-523","Agente Front Office sin herramienta","Agente especializado","Ciencias de la educación y afines","Hora extra nocturna ","Oro","Zona 2","NA","Hora",90638.76,91386.51,111857.54,74993.27,96232.77,125946.9,93216.37,66516.539999999994,null,null,"SMMLV"]
["AgenteFrontOfficesinherramientaAgenteespecializadoCienciasdelaeducaciónyafinesServicio7x24OroZona2NA","IT-BPO-28-525","Agente Front Office sin herramienta","Agente especializado","Ciencias de la educación y afines","Servicio 7x24","Oro","Zona 2","NA","Mes 7x24",52698791.25,41338249.469999999,58804495.920000002,48905396.990000002,55315931.740000002,85948668.829999998,64220037.32,42843638.719999999,null,null,"SMMLV"]
["AgenteFrontOfficesinherramientaAgenteespecializadoCienciasdelaeducaciónyafinesJornadaOrdinariaPlatinoZona2NA","IT-BPO-28-526","Agente Front Office sin herramienta","Agente especializado","Ciencias de la educación y afines","Jornada Ordinaria","Platino","Zona 2","NA","Mes",11420484.130000001,10424485.41,14494067.15,10725210.74,14751925.640000001,15336910.550000001,13307154.73,10030706.109999999,null,null,"SMMLV"]
["AgenteFrontOfficesinherramientaAgenteespecializadoCienciasdelaeducaciónyafinesHoraextradominicalyfestivoPlatinoZona2NA","IT-BPO-28-529","Agente Front Office sin herramienta","Agente especializado","Ciencias de la educación y afines","Hora extra dominical y festivo","Platino","Zona 2","NA","Hora",108766.52,130552.47,126036.69,85517.31,121945.45,182582.49,138098.32999999999,76724.789999999994,null,null,"SMMLV"]
["AgenteFrontOfficesinherramientaAgenteespecializadoCienciasdelaeducaciónyafinesServicio7x24PlatinoZona2NA","IT-BPO-28-530","Agente Front Office sin herramienta","Agente especializado","Ciencias de la educación y afines","Servicio 7x24","Platino","Zona 2","NA","Mes 7x24",55333730.810000002,41350082.039999999,57976263.109999999,48905396.990000002,58062924.960000001,87219159,64220037.32,43230348.479999997,null,null,"SMMLV"]
["AgenteFrontOfficesinherramientaAgenteespecializadoCienciasdelaeducaciónyafinesHoraextranocturna OroZona3NA","IT-BPO-28-533","Agente Front Office sin herramienta","Agente especializado","Ciencias de la educación y afines","Hora extra nocturna ","Oro","Zona 3","NA","Hora",92398.74,91386.51,112976.63,74993.27,96687.01,125946.9,93216.37,66516.539999999994,null,null,"SMMLV"]
["AgenteFrontOfficesinherramientaAgenteespecializadoCienciasdelaeducaciónyafinesHoraextradominicalyfestivoOroZona3NA","IT-BPO-28-534","Agente Front Office sin herramienta","Agente especializado","Ciencias de la educación y afines","Hora extra dominical y festivo","Oro","Zona 3","NA","Hora",105598.56,130552.47,129114.74,85517.31,120498.66,179922.74,138098.32999999999,76018.84,null,null,"SMMLV"]
["AgenteFrontOfficesinherramientaAgenteespecializadoCienciasdelaeducaciónyafinesHoraextradiurnaPlatinoZona3NA","IT-BPO-28-537","Agente Front Office sin herramienta","Agente especializado","Ciencias de la educación y afines","Hora extra diurna","Platino","Zona 3","NA","Hora",33847.32,65276.24,79560.509999999995,53945.18,71326.720000000001,91291.25,86311.45,47953.01,null,null,"SMMLV"]
["AgenteFrontOfficesinherramientaAgenteespecializadoCienciasdelaeducaciónyafinesHoraextranocturna PlatinoZona3NA","IT-BPO-28-538","Agente Front Office sin herramienta","Agente especializado","Ciencias de la educación y afines","Hora extra nocturna ","Platino","Zona 3","NA","Hora",97018.68,91386.51,111384.5,74993.27,98215.89,127808.4,93216.37,67134.12,null,null,"SMMLV"]
["AgenteFrontOfficesinherramientaAgenteespecializadoCienciasdelaeducaciónyafinesServicio7x24PlatinoZona3NA","IT-BPO-28-540","Agente Front Office sin herramienta","Agente especializado","Ciencias de la educación y afines","Servicio 7x24","Platino","Zona 3","NA","Mes 7x24",56408172.189999998,41359547.219999999,58556026.189999998,48905396.990000002,54230142.939999998,87219159,64220037.32,43230348.479999997,null,null,"SMMLV"]
["Agentecondominioenlenguajedeseñascolombiana(Videollamada)AgentegeneralEnSitioJornadaOrdinariaOroNANA","IT-BPO-29-1","Agente con dominio en lenguaje de señas colombiana (Videollamada)","Agente general","En Sitio","Jornada Ordinaria","Oro","NA","NA","Mes",5771928.96,6232131.1799999997,9913674.4800000004,6168218.2199999997,7531442.2300000004,7268503.79,5497644.9299999997,5788564.8600000003,null,null,"SMMLV"]
["Agentecondominioenlenguajedeseñascolombiana(Videollamada)AgentegeneralEnSitioHoraextradominicalyfestivoOroNANA","IT-BPO-29-4","Agente con dominio en lenguaje de señas colombiana (Videollamada)","Agente general","En Sitio","Hora extra dominical y festivo","Oro","NA","NA","Hora",54970.75,55484.75,86207.16,39929.18,53915.76,86530.19,48796.18,35961.440000000002,null,null,"SMMLV"]
["Agentecondominioenlenguajedeseñascolombiana(Videollamada)AgentegeneralEnSitioServicio7x24OroNANA","IT-BPO-29-5","Agente con dominio en lenguaje de señas colombiana (Videollamada)","Agente general","En Sitio","Servicio 7x24","Oro","NA","NA","Mes 7x24",24739860.600000001,22228877.780000001,39654694.640000001,24198755.399999999,28026795.280000001,40836212.780000001,23632870.32,21445606.969999999,null,null,"SMMLV"]
["Agentecondominioenlenguajedeseñascolombiana(Videollamada)AgentegeneralEnSitioHoraextranocturna PlatinoNANA","IT-BPO-29-8","Agente con dominio en lenguaje de señas colombiana (Videollamada)","Agente general","En Sitio","Hora extra nocturna ","Platino","NA","NA","Hora",50504.38,38839.65,85323.5,35103.51,46689.29,61466.73,32937.42,32083.94,null,null,"SMMLV"]
["Agentecondominioenlenguajedeseñascolombiana(Videollamada)AgentegeneralEnSitioHoraextradominicalyfestivoPlatinoNANA","IT-BPO-29-9","Agente con dominio en lenguaje de señas colombiana (Videollamada)","Agente general","En Sitio","Hora extra dominical y festivo","Platino","NA","NA","Hora",57719.29,55484.75,97511.94,39929.18,54833.67,87809.15,48796.18,36667.279999999999,null,null,"SMMLV"]
["Agentecondominioenlenguajedeseñascolombiana(Videollamada)AgentegeneralEnlasinstalacionesdelaEntidadCompradoraJornadaOrdinariaOroNANA","IT-BPO-29-11","Agente con dominio en lenguaje de señas colombiana (Videollamada)","Agente general","En las instalaciones de la Entidad Compradora ","Jornada Ordinaria","Oro","NA","NA","Mes",5157686.5199999996,5818014.2300000004,10012811.4,6168218.2199999997,7419381.2800000003,7195525.3200000003,4562455.74,5788564.8600000003,null,null,"SMMLV"]
["Agentecondominioenlenguajedeseñascolombiana(Videollamada)AgentegeneralEnlasinstalacionesdelaEntidadCompradoraHoraextradiurnaOroNANA","IT-BPO-29-12","Agente con dominio en lenguaje de señas colombiana (Videollamada)","Agente general","En las instalaciones de la Entidad Compradora ","Hora extra diurna","Oro","NA","NA","Hora",30700.52,27742.92,54418.22,25452.18,33023.33,42830.93,29345.89,22475.86,null,null,"SMMLV"]
["Agentecondominioenlenguajedeseñascolombiana(Videollamada)AgentegeneralEnlasinstalacionesdelaEntidadCompradoraServicio7x24OroNANA","IT-BPO-29-15","Agente con dominio en lenguaje de señas colombiana (Videollamada)","Agente general","En las instalaciones de la Entidad Compradora ","Servicio 7x24","Oro","NA","NA","Mes 7x24",25063630.199999999,21400643.870000001,40051241.219999999,24198755.399999999,26948646.879999999,40389617.030000001,22018311.510000002,21445606.969999999,null,null,"SMMLV"]
["Agentecondominioenlenguajedeseñascolombiana(Videollamada)AgentegeneralEnlasinstalacionesdelaEntidadCompradoraJornadaOrdinariaPlatinoNANA","IT-BPO-29-16","Agente con dominio en lenguaje de señas colombiana (Videollamada)","Agente general","En las instalaciones de la Entidad Compradora ","Jornada Ordinaria","Platino","NA","NA","Mes",5415570.8499999996,5842993.3700000001,11325943.07,6168218.2199999997,7718872.1100000003,7301889.2400000002,4562455.74,5871503.8799999999,null,null,"SMMLV"]
["Agentecondominioenlenguajedeseñascolombiana(Videollamada)AgentegeneralEnlasinstalacionesdelaEntidadCompradoraHoraextradominicalyfestivoPlatinoNANA","IT-BPO-29-19","Agente con dominio en lenguaje de señas colombiana (Videollamada)","Agente general","En las instalaciones de la Entidad Compradora ","Hora extra dominical y festivo","Platino","NA","NA","Hora",51576.87,55484.75,98487.59,39929.18,50352.23,86927.67,46953.43,36667.279999999999,null,null,"SMMLV"]
["Agentecondominioenlenguajedeseñascolombiana(Videollamada)AgentegeneralEnlasinstalacionesdelaEntidadCompradoraServicio7x24PlatinoNANA","IT-BPO-29-20","Agente con dominio en lenguaje de señas colombiana (Videollamada)","Agente general","En las instalaciones de la Entidad Compradora ","Servicio 7x24","Platino","NA","NA","Mes 7x24",26316811.710000001,21489383.760000002,45303765.689999998,24198755.399999999,27649675.91,40986654.829999998,22018311.510000002,21832316.739999998,null,null,"SMMLV"]
["Agentecondominioenlenguajedeseñascolombiana(Videollamada)AgentegeneralFrontofficeconherramientaHoraextradiurnaOroNANA","IT-BPO-29-22","Agente con dominio en lenguaje de señas colombiana (Videollamada)","Agente general","Front office con herramienta","Hora extra diurna","Oro","NA","NA","Hora",30700.52,27742.92,54688.68,25452.18,35066.699999999997,44356.26,30497.61,22475.86,null,null,"SMMLV"]
["Agentecondominioenlenguajedeseñascolombiana(Videollamada)AgentegeneralFrontofficeconherramientaHoraextranocturna OroNANA","IT-BPO-29-23","Agente con dominio en lenguaje de señas colombiana (Videollamada)","Agente general","Front office con herramienta","Hora extra nocturna ","Oro","NA","NA","Hora",42980.72,38839.65,76562.399999999994,35103.51,47459.6,62098.55,32937.42,31466.25,null,null,"SMMLV"]
["Agentecondominioenlenguajedeseñascolombiana(Videollamada)AgentegeneralFrontofficeconherramientaJornadaOrdinariaPlatinoNANA","IT-BPO-29-26","Agente con dominio en lenguaje de señas colombiana (Videollamada)","Agente general","Front office con herramienta","Jornada Ordinaria","Platino","NA","NA","Mes",5415570.8499999996,5842993.3700000001,11382011.449999999,6168218.2199999997,7706229.9299999997,7561935.3200000003,4740023.3099999996,5871503.8799999999,null,null,"SMMLV"]
["Agentecondominioenlenguajedeseñascolombiana(Videollamada)AgentegeneralFrontofficeconherramientaHoraextradiurnaPlatinoNANA","IT-BPO-29-27","Agente con dominio en lenguaje de señas colombiana (Videollamada)","Agente general","Front office con herramienta","Hora extra diurna","Platino","NA","NA","Hora",32235.54,27742.92,61859.839999999997,25452.18,35995.57,45012.17,30497.61,22917.040000000001,null,null,"SMMLV"]
["Agentecondominioenlenguajedeseñascolombiana(Videollamada)AgentegeneralFrontofficeconherramientaServicio7x24PlatinoNANA","IT-BPO-29-30","Agente con dominio en lenguaje de señas colombiana (Videollamada)","Agente general","Front office con herramienta","Servicio 7x24","Platino","NA","NA","Mes 7x24",22753046.609999999,21489383.760000002,45528041.399999999,24198755.399999999,27192275.190000001,42286885.200000003,22875248.699999999,21832316.739999998,null,null,"SMMLV"]
["Agentecondominioenlenguajedeseñascolombiana(Videollamada)AgentegeneralFrontofficesinherramientaJornadaOrdinariaOroNANA","IT-BPO-29-31","Agente con dominio en lenguaje de señas colombiana (Videollamada)","Agente general","Front office sin herramienta","Jornada Ordinaria","Oro","NA","NA","Mes",4923321.4800000004,4916160.18,9712426.6199999992,6168218.2199999997,6943054.8200000003,6959073.21,4562455.74,5788564.8600000003,null,null,"SMMLV"]
["Agentecondominioenlenguajedeseñascolombiana(Videollamada)AgentegeneralFrontofficesinherramientaHoraextradominicalyfestivoOroNANA","IT-BPO-29-34","Agente con dominio en lenguaje de señas colombiana (Videollamada)","Agente general","Front office sin herramienta","Hora extra dominical y festivo","Oro","NA","NA","Hora",46888.78,55484.75,84457.35,39929.18,49858.32,82846.61,46953.43,35961.440000000002,null,null,"SMMLV"]
["Agentecondominioenlenguajedeseñascolombiana(Videollamada)AgentegeneralFrontofficesinherramientaServicio7x24OroNANA","IT-BPO-29-35","Agente con dominio en lenguaje de señas colombiana (Videollamada)","Agente general","Front office sin herramienta","Servicio 7x24","Oro","NA","NA","Mes 7x24",23891805,19785587.850000001,38849703.200000003,24198755.399999999,26983644.93,39207356.479999997,22018311.510000002,21445606.969999999,null,null,"SMMLV"]
["Agentecondominioenlenguajedeseñascolombiana(Videollamada)AgentegeneralFrontofficesinherramientaHoraextradiurnaPlatinoNANA","IT-BPO-29-37","Agente con dominio en lenguaje de señas colombiana (Videollamada)","Agente general","Front office sin herramienta","Hora extra diurna","Platino","NA","NA","Hora",30770.76,27742.92,59708.160000000003,25452.18,35479.68,42035.96,29345.89,22917.040000000001,null,null,"SMMLV"]
["Agentecondominioenlenguajedeseñascolombiana(Videollamada)AgentegeneralFrontofficesinherramientaHoraextranocturna PlatinoNANA","IT-BPO-29-38","Agente con dominio en lenguaje de señas colombiana (Videollamada)","Agente general","Front office sin herramienta","Hora extra nocturna ","Platino","NA","NA","Hora",43079.06,38839.65,83591.210000000006,35103.51,48281.31,58849.68,31693.57,32083.94,null,null,"SMMLV"]
["Agentecondominioenlenguajedeseñascolombiana(Videollamada)AgentetécnicoEnSitioJornadaOrdinariaOroNANA","IT-BPO-29-41","Agente con dominio en lenguaje de señas colombiana (Videollamada)","Agente técnico","En Sitio","Jornada Ordinaria","Oro","NA","NA","Mes",6713988.1200000001,7219877.0300000003,10914952.34,7150721.21,8827862.8499999996,8980900.9199999999,6790337.2699999996,6613765.1799999997,null,null,"SMMLV"]
["Agentecondominioenlenguajedeseñascolombiana(Videollamada)AgentetécnicoEnSitioHoraextradiurnaOroNANA","IT-BPO-29-42","Agente con dominio en lenguaje de señas colombiana (Videollamada)","Agente técnico","En Sitio","Hora extra diurna","Oro","NA","NA","Hora",39964.22,35901.769999999997,59321.63,30569.119999999999,41585.79,53457.9,39128.76,26865.279999999999,null,null,"SMMLV"]
["Agentecondominioenlenguajedeseñascolombiana(Videollamada)AgentetécnicoEnSitioServicio7x24OroNANA","IT-BPO-29-45","Agente con dominio en lenguaje de señas colombiana (Videollamada)","Agente técnico","En Sitio","Servicio 7x24","Oro","NA","NA","Mes 7x24",29451076.199999999,26179860.059999999,43659808.25,28814505.620000001,33232025.59,50719868.93,29871375.239999998,25293167.710000001,null,null,"SMMLV"]
["Agentecondominioenlenguajedeseñascolombiana(Videollamada)AgentetécnicoEnSitioJornadaOrdinariaPlatinoNANA","IT-BPO-29-46","Agente con dominio en lenguaje de señas colombiana (Videollamada)","Agente técnico","En Sitio","Jornada Ordinaria","Platino","NA","NA","Mes",7049687.5300000003,7264576.0199999996,10337725.279999999,7150721.21,8983893.4100000001,9113655.4399999995,6790337.2699999996,6696704.2000000002,null,null,"SMMLV"]
["Agentecondominioenlenguajedeseñascolombiana(Videollamada)AgentetécnicoEnSitioHoraextranocturna PlatinoNANA","IT-BPO-29-48","Agente con dominio en lenguaje de señas colombiana (Videollamada)","Agente técnico","En Sitio","Hora extra nocturna ","Platino","NA","NA","Hora",58747.4,50262.69,78657.14,42268.1,63410.44,75948.11,42259.06,38228.97,null,null,"SMMLV"]
["Agentecondominioenlenguajedeseñascolombiana(Videollamada)AgentetécnicoEnSitioHoraextradominicalyfestivoPlatinoNANA","IT-BPO-29-49","Agente con dominio en lenguaje de señas colombiana (Videollamada)","Agente técnico","En Sitio","Hora extra dominical y festivo","Platino","NA","NA","Hora",67139.88,71803.53,89894.03,48116.49,67938.77,108496.98,62606.02,43690.28,null,null,"SMMLV"]
["Agentecondominioenlenguajedeseñascolombiana(Videollamada)AgentetécnicoEnlasinstalacionesdelaEntidadCompradoraHoraextradiurnaOroNANA","IT-BPO-29-52","Agente con dominio en lenguaje de señas colombiana (Videollamada)","Agente técnico","En las instalaciones de la Entidad Compradora ","Hora extra diurna","Oro","NA","NA","Hora",36309.11,35901.769999999997,59915.12,30569.119999999999,42370.85,52896.17,37977.040000000001,26865.279999999999,null,null,"SMMLV"]
["Agentecondominioenlenguajedeseñascolombiana(Videollamada)AgentetécnicoEnlasinstalacionesdelaEntidadCompradoraHoraextranocturna OroNANA","IT-BPO-29-53","Agente con dominio en lenguaje de señas colombiana (Videollamada)","Agente técnico","En las instalaciones de la Entidad Compradora ","Hora extra nocturna ","Oro","NA","NA","Hora",50832.75,50262.69,83880.289999999994,42268.1,57643.88,74053.759999999995,41015.199999999997,37611.39,null,null,"SMMLV"]
["Agentecondominioenlenguajedeseñascolombiana(Videollamada)AgentetécnicoEnlasinstalacionesdelaEntidadCompradoraJornadaOrdinariaPlatinoNANA","IT-BPO-29-56","Agente con dominio en lenguaje de señas colombiana (Videollamada)","Agente técnico","En las instalaciones de la Entidad Compradora ","Jornada Ordinaria","Platino","NA","NA","Mes",6404926.1200000001,6830739.21,10441103.130000001,7150721.21,7861755.5800000001,9017788.1899999995,5855148.0800000001,6696704.2000000002,null,null,"SMMLV"]
["Agentecondominioenlenguajedeseñascolombiana(Videollamada)AgentetécnicoEnlasinstalacionesdelaEntidadCompradoraHoraextradiurnaPlatinoNANA","IT-BPO-29-57","Agente con dominio en lenguaje de señas colombiana (Videollamada)","Agente técnico","En las instalaciones de la Entidad Compradora ","Hora extra diurna","Platino","NA","NA","Hora",38124.559999999998,35901.769999999997,56746.19,30569.119999999999,43507.22,53678,37977.040000000001,27306.45,null,null,"SMMLV"]
["Agentecondominioenlenguajedeseñascolombiana(Videollamada)AgentetécnicoEnlasinstalacionesdelaEntidadCompradoraHoraextradominicalyfestivoPlatinoNANA","IT-BPO-29-59","Agente con dominio en lenguaje de señas colombiana (Videollamada)","Agente técnico","En las instalaciones de la Entidad Compradora ","Hora extra dominical y festivo","Platino","NA","NA","Hora",60999.3,71803.53,90794.12,48116.49,66487.64,107354.9,60763.26,43690.28,null,null,"SMMLV"]
["Agentecondominioenlenguajedeseñascolombiana(Videollamada)AgentetécnicoEnlasinstalacionesdelaEntidadCompradoraServicio7x24PlatinoNANA","IT-BPO-29-60","Agente con dominio en lenguaje de señas colombiana (Videollamada)","Agente técnico","En las instalaciones de la Entidad Compradora ","Servicio 7x24","Platino","NA","NA","Mes 7x24",31263588.09,25440366.050000001,41764409.240000002,28814505.620000001,32995446.32,50882974.649999999,28256816.420000002,25679877.48,null,null,"SMMLV"]
["Agentecondominioenlenguajedeseñascolombiana(Videollamada)AgentetécnicoFrontofficeconherramientaHoraextranocturna OroNANA","IT-BPO-29-63","Agente con dominio en lenguaje de señas colombiana (Videollamada)","Agente técnico","Front office con herramienta","Hora extra nocturna ","Oro","NA","NA","Hora",50832.75,50262.69,84295.29,42268.1,58133.33,76547.070000000007,42259.06,37611.39,null,null,"SMMLV"]
["Agentecondominioenlenguajedeseñascolombiana(Videollamada)AgentetécnicoFrontofficeconherramientaHoraextradominicalyfestivoOroNANA","IT-BPO-29-64","Agente con dominio en lenguaje de señas colombiana (Videollamada)","Agente técnico","Front office con herramienta","Hora extra dominical y festivo","Oro","NA","NA","Hora",58094.57,71803.53,96338.1,48116.49,65987.81,109352.18,62606.02,42984.44,null,null,"SMMLV"]
["Agentecondominioenlenguajedeseñascolombiana(Videollamada)AgentetécnicoFrontofficeconherramientaHoraextradiurnaPlatinoNANA","IT-BPO-29-67","Agente con dominio en lenguaje de señas colombiana (Videollamada)","Agente técnico","Front office con herramienta","Hora extra diurna","Platino","NA","NA","Hora",38124.559999999998,35901.769999999997,57027.6,30569.119999999999,43978.35,55484.75,39128.76,27306.45,null,null,"SMMLV"]
["Agentecondominioenlenguajedeseñascolombiana(Videollamada)AgentetécnicoFrontofficeconherramientaHoraextranocturna PlatinoNANA","IT-BPO-29-68","Agente con dominio en lenguaje de señas colombiana (Videollamada)","Agente técnico","Front office con herramienta","Hora extra nocturna ","Platino","NA","NA","Hora",53374.38,50262.69,79837.55,42268.1,59696.52,77678.210000000006,42259.06,38228.97,null,null,"SMMLV"]
["Agentecondominioenlenguajedeseñascolombiana(Videollamada)AgentetécnicoFrontofficesinherramientaJornadaOrdinariaOroNANA","IT-BPO-29-71","Agente con dominio en lenguaje de señas colombiana (Videollamada)","Agente técnico","Front office sin herramienta","Jornada Ordinaria","Oro","NA","NA","Mes",5865380.6399999997,5903906.0300000003,10693380.18,7150721.21,8380272.75,8692841.4600000009,5855148.0800000001,6613765.1799999997,null,null,"SMMLV"]
["Agentecondominioenlenguajedeseñascolombiana(Videollamada)AgentetécnicoFrontofficesinherramientaHoraextradiurnaOroNANA","IT-BPO-29-72","Agente con dominio en lenguaje de señas colombiana (Videollamada)","Agente técnico","Front office sin herramienta","Hora extra diurna","Oro","NA","NA","Hora",34912.980000000003,35901.769999999997,58117.13,30569.119999999999,42361.5,51743.13,37977.040000000001,26865.279999999999,null,null,"SMMLV"]
["Agentecondominioenlenguajedeseñascolombiana(Videollamada)AgentetécnicoFrontofficesinherramientaHoraextradominicalyfestivoOroNANA","IT-BPO-29-74","Agente con dominio en lenguaje de señas colombiana (Videollamada)","Agente técnico","Front office sin herramienta","Hora extra dominical y festivo","Oro","NA","NA","Hora",55860.77,71803.53,92986.31,48116.49,65605.37,103486.26,60763.26,42984.44,null,null,"SMMLV"]
["Agentecondominioenlenguajedeseñascolombiana(Videollamada)AgentetécnicoFrontofficesinherramientaServicio7x24OroNANA","IT-BPO-29-75","Agente con dominio en lenguaje de señas colombiana (Videollamada)","Agente técnico","Front office sin herramienta","Servicio 7x24","Oro","NA","NA","Mes 7x24",28602100.800000001,23736570.140000001,42773514.149999999,28814505.620000001,32198568.489999998,49173838.43,28256816.420000002,25293167.710000001,null,null,"SMMLV"]
["Agentecondominioenlenguajedeseñascolombiana(Videollamada)AgentetécnicoFrontofficesinherramientaHoraextranocturna PlatinoNANA","IT-BPO-29-78","Agente con dominio en lenguaje de señas colombiana (Videollamada)","Agente técnico","Front office sin herramienta","Hora extra nocturna ","Platino","NA","NA","Hora",51322.080000000002,50262.69,77060.63,42268.1,59309.45,73511.73,41015.199999999997,38228.97,null,null,"SMMLV"]
["Agentecondominioenlenguajedeseñascolombiana(Videollamada)AgentetécnicoFrontofficesinherramientaHoraextradominicalyfestivoPlatinoNANA","IT-BPO-29-79","Agente con dominio en lenguaje de señas colombiana (Videollamada)","Agente técnico","Front office sin herramienta","Hora extra dominical y festivo","Platino","NA","NA","Hora",58653.81,71803.53,88068.66,48116.49,66690.710000000006,105015.98,60763.26,43690.28,null,null,"SMMLV"]
[{"$f":"SUBSTITUTE(C2242&D2242&E2242&F2242&G2242&H2242&I2242,\" \",\"\")","v":"Agentecondominioenlenguajedeseñascolombiana(Videollamada)AgentegeneralTeletrabajoHoraextradiurnaOroNANA"},"IT-BPO-29-82","Agente con dominio en lenguaje de señas colombiana (Videollamada)","Agente general","Teletrabajo","Hora extra diurna","Oro","NA","NA","Hora",32843.43,27742.92,51313.89,25452.18,34093.120000000003,47743.1,29345.89,22475.86,null,null,"SMMLV"]
["Agentecondominioenlenguajedeseñascolombiana(Videollamada)AgentegeneralTeletrabajoHoraextranocturna OroNANA","IT-BPO-29-83","Agente con dominio en lenguaje de señas colombiana (Videollamada)","Agente general","Teletrabajo","Hora extra nocturna ","Oro","NA","NA","Hora",45980.800000000003,38839.65,71839.67,35103.51,45878.7,66839.899999999994,31693.57,31466.25,null,null,"SMMLV"]
["Agentecondominioenlenguajedeseñascolombiana(Videollamada)AgentegeneralTeletrabajoServicio7x24OroNANA","IT-BPO-29-85","Agente con dominio en lenguaje de señas colombiana (Videollamada)","Agente general","Teletrabajo","Servicio 7x24","Oro","NA","NA","Mes 7x24",24485995.800000001,22228877.780000001,37766375.899999999,25160517.989999998,28026795.280000001,44515631.780000001,22273126.879999999,21445606.969999999,null,null,"SMMLV"]
["Agentecondominioenlenguajedeseñascolombiana(Videollamada)AgentegeneralTeletrabajoJornadaOrdinariaPlatinoNANA","IT-BPO-29-86","Agente con dominio en lenguaje de señas colombiana (Videollamada)","Agente general","Teletrabajo","Jornada Ordinaria","Platino","NA","NA","Mes",5793581.0499999998,6132217.9100000001,10679813.130000001,5741944.5800000001,7485239.6900000004,8139290.4900000002,4817271.12,5871503.8799999999,null,null,"SMMLV"]
["Agentecondominioenlenguajedeseñascolombiana(Videollamada)AgentegeneralTeletrabajoHoraextradominicalyfestivoPlatinoNANA","IT-BPO-29-89","Agente con dominio en lenguaje de señas colombiana (Videollamada)","Agente general","Teletrabajo","Hora extra dominical y festivo","Platino","NA","NA","Hora",55176.959999999999,55484.75,92869.14,39929.18,54833.67,96896.55,46953.43,36667.279999999999,null,null,"SMMLV"]
["Agentecondominioenlenguajedeseñascolombiana(Videollamada)AgentegeneralTeletrabajoServicio7x24PlatinoNANA","IT-BPO-29-90","Agente con dominio en lenguaje de señas colombiana (Videollamada)","Agente general","Teletrabajo","Servicio 7x24","Platino","NA","NA","Mes 7x24",25710295.59,22357057.379999999,42719250.329999998,25160517.989999998,28773413.120000001,45173661.079999998,22273126.879999999,21832316.739999998,null,null,"SMMLV"]
["Agentecondominioenlenguajedeseñascolombiana(Videollamada)AgentetécnicoTeletrabajoHoraextranocturna OroNANA","IT-BPO-29-93","Agente con dominio en lenguaje de señas colombiana (Videollamada)","Agente técnico","Teletrabajo","Hora extra nocturna ","Oro","NA","NA","Hora",53831.3,50262.69,79095.14,42268.1,64739.28,77406.649999999994,41015.199999999997,37611.39,null,null,"SMMLV"]
["Agentecondominioenlenguajedeseñascolombiana(Videollamada)AgentetécnicoTeletrabajoHoraextradominicalyfestivoOroNANA","IT-BPO-29-94","Agente con dominio en lenguaje de señas colombiana (Videollamada)","Agente técnico","Teletrabajo","Hora extra dominical y festivo","Oro","NA","NA","Hora",61521.48,71803.53,90394.44,48116.49,70313.83,110580.77,60763.26,42984.44,null,null,"SMMLV"]
["Agentecondominioenlenguajedeseñascolombiana(Videollamada)AgentetécnicoTeletrabajoJornadaOrdinariaPlatinoNANA","IT-BPO-29-96","Agente con dominio en lenguaje de señas colombiana (Videollamada)","Agente técnico","Teletrabajo","Jornada Ordinaria","Platino","NA","NA","Mes",6782743.1699999999,7119963.75,9845453.7899999991,6724447.5599999996,10331477.42,9426057.8399999999,6109963.46,6696704.2000000002,null,null,"SMMLV"]
["Agentecondominioenlenguajedeseñascolombiana(Videollamada)AgentetécnicoTeletrabajoHoraextradiurnaPlatinoNANA","IT-BPO-29-97","Agente con dominio en lenguaje de señas colombiana (Videollamada)","Agente técnico","Teletrabajo","Hora extra diurna","Platino","NA","NA","Hora",40373.47,35901.769999999997,53508.27,30569.119999999999,53845.760000000002,56107.8,37977.040000000001,27306.45,null,null,"SMMLV"]
["Agentecondominioenlenguajedeseñascolombiana(Videollamada)AgentetécnicoTeletrabajoServicio7x24PlatinoNANA","IT-BPO-29-100","Agente con dominio en lenguaje de señas colombiana (Videollamada)","Agente técnico","Teletrabajo","Servicio 7x24","Platino","NA","NA","Mes 7x24",30656106.18,26308039.670000002,39381809.689999998,30068352.890000001,39225408.729999997,52924322.93,28511631.800000001,25679877.48,null,null,"SMMLV"]
["Agentecondominioenlenguajedeseñascolombiana(Videollamada)AgenteprofesionalEconomía,administración,contaduríayafinesEnSitioJornadaOrdinariaOroNA","IT-BPO-29-101","Agente con dominio en lenguaje de señas colombiana (Videollamada)","Agente profesional","Economía, administración, contaduría y afines","En Sitio","Jornada Ordinaria","Oro","NA","Mes",9195608.5199999996,9726489.7100000009,15057682.26,9644106.2899999991,11905847.470000001,12615844.310000001,9451768.2100000009,8770180.4299999997,null,null,"SMMLV"]
["Agentecondominioenlenguajedeseñascolombiana(Videollamada)AgenteprofesionalEconomía,administración,contaduríayafinesEnSitioHoraextradominicalyfestivoOroNA","IT-BPO-29-104","Agente con dominio en lenguaje de señas colombiana (Videollamada)","Agente profesional","Economía, administración, contaduría y afines","En Sitio","Hora extra dominical y festivo","Oro","NA","Hora",87577.22,104442.2,130936.82,68895.210000000006,92694.53,150189.10999999999,90225.68,61336.86,null,null,"SMMLV"]
["Agentecondominioenlenguajedeseñascolombiana(Videollamada)AgenteprofesionalEconomía,administración,contaduríayafinesEnSitioServicio7x24OroNA","IT-BPO-29-105","Agente con dominio en lenguaje de señas colombiana (Videollamada)","Agente profesional","Economía, administración, contaduría y afines","En Sitio","Servicio 7x24","Oro","NA","Mes 7x24",41858258.399999999,36206310.780000001,60230725.759999998,40528313.009999998,45825110.009999998,71537937.75,42715382.700000003,35347621.420000002,null,null,"SMMLV"]
["Agentecondominioenlenguajedeseñascolombiana(Videollamada)AgenteprofesionalEconomía,administración,contaduríayafinesEnSitioHoraextradiurnaPlatinoNA","IT-BPO-29-107","Agente con dominio en lenguaje de señas colombiana (Videollamada)","Agente profesional","Economía, administración, contaduría y afines","En Sitio","Hora extra diurna","Platino","NA","Hora",57472.55,52221.65,75443.31,43555.82,64483.76,76205.429999999993,56391.05,38776.69,null,null,"SMMLV"]
["Agentecondominioenlenguajedeseñascolombiana(Videollamada)AgenteprofesionalEconomía,administración,contaduríayafinesEnSitioHoraextranocturna PlatinoNA","IT-BPO-29-108","Agente con dominio en lenguaje de señas colombiana (Videollamada)","Agente profesional","Economía, administración, contaduría y afines","En Sitio","Hora extra nocturna ","Platino","NA","Hora",80461.570000000007,73109.87,105619.32,60448.38,86429.15,106686.95,78947.47,54287.47,null,null,"SMMLV"]
["Agentecondominioenlenguajedeseñascolombiana(Videollamada)AgenteprofesionalEconomía,administración,contaduríayafinesEnlasinstalacionesdelaEntidadCompradoraJornadaOrdinariaOroNA","IT-BPO-29-111","Agente con dominio en lenguaje de señas colombiana (Videollamada)","Agente profesional","Economía, administración, contaduría y afines","En las instalaciones de la Entidad Compradora ","Jornada Ordinaria","Oro","NA","Mes",8581366.0800000001,9312372.75,15208260.09,9644106.2899999991,11905847.470000001,12463995.18,8516579.0199999996,8770180.4299999997,null,null,"SMMLV"]
["Agentecondominioenlenguajedeseñascolombiana(Videollamada)AgenteprofesionalEconomía,administración,contaduríayafinesEnlasinstalacionesdelaEntidadCompradoraHoraextradiurnaOroNA","IT-BPO-29-112","Agente con dominio en lenguaje de señas colombiana (Videollamada)","Agente profesional","Economía, administración, contaduría y afines","En las instalaciones de la Entidad Compradora ","Hora extra diurna","Oro","NA","Hora",51079.56,52221.65,82653.89,43555.82,58921.01,74190.63,55239.33,38335.51,null,null,"SMMLV"]
["Agentecondominioenlenguajedeseñascolombiana(Videollamada)AgenteprofesionalEconomía,administración,contaduríayafinesEnlasinstalacionesdelaEntidadCompradoraServicio7x24OroNA","IT-BPO-29-115","Agente con dominio en lenguaje de señas colombiana (Videollamada)","Agente profesional","Economía, administración, contaduría y afines","En las instalaciones de la Entidad Compradora ","Servicio 7x24","Oro","NA","Mes 7x24",42182028,35378076.869999997,60833033.789999999,40528313.009999998,44814550.149999999,70624893.900000006,41100823.890000001,35347621.420000002,null,null,"SMMLV"]
["Agentecondominioenlenguajedeseñascolombiana(Videollamada)AgenteprofesionalEconomía,administración,contaduríayafinesEnlasinstalacionesdelaEntidadCompradoraJornadaOrdinariaPlatinoNA","IT-BPO-29-116","Agente con dominio en lenguaje de señas colombiana (Videollamada)","Agente profesional","Economía, administración, contaduría y afines","En las instalaciones de la Entidad Compradora ","Jornada Ordinaria","Platino","NA","Mes",9010434.3800000008,9337351.8900000006,14020113.92,9644106.2899999991,11905847.470000001,12648236.6,8516579.0199999996,8853119.4600000009,null,null,"SMMLV"]
["Agentecondominioenlenguajedeseñascolombiana(Videollamada)AgenteprofesionalEconomía,administración,contaduríayafinesEnlasinstalacionesdelaEntidadCompradoraHoraextradominicalyfestivoPlatinoNA","IT-BPO-29-119","Agente con dominio en lenguaje de señas colombiana (Videollamada)","Agente profesional","Economía, administración, contaduría y afines","En las instalaciones de la Entidad Compradora ","Hora extra dominical y festivo","Platino","NA","Hora",85813.66,104442.2,121915.11,68895.210000000006,92792.77,150574.54999999999,88382.93,62042.81,null,null,"SMMLV"]
["Agentecondominioenlenguajedeseñascolombiana(Videollamada)AgenteprofesionalEconomía,administración,contaduríayafinesEnlasinstalacionesdelaEntidadCompradoraServicio7x24PlatinoNA","IT-BPO-29-120","Agente con dominio en lenguaje de señas colombiana (Videollamada)","Agente profesional","Economía, administración, contaduría y afines","En las instalaciones de la Entidad Compradora ","Servicio 7x24","Platino","NA","Mes 7x24",44291129.399999999,35459914.979999997,56080452.380000003,40528313.009999998,45985728.890000001,71668866.900000006,41100823.890000001,35734331.18,null,null,"SMMLV"]
["Agentecondominioenlenguajedeseñascolombiana(Videollamada)AgenteprofesionalEconomía,administración,contaduríayafinesFrontofficeconherramientaHoraextradiurnaOroNA","IT-BPO-29-122","Agente con dominio en lenguaje de señas colombiana (Videollamada)","Agente profesional","Economía, administración, contaduría y afines","Front office con herramienta","Hora extra diurna","Oro","NA","Hora",51079.56,52221.65,83064.509999999995,43555.82,59389.39,76481.37,56391.05,38335.51,null,null,"SMMLV"]
["Agentecondominioenlenguajedeseñascolombiana(Videollamada)AgenteprofesionalEconomía,administración,contaduríayafinesFrontofficeconherramientaHoraextranocturna OroNA","IT-BPO-29-123","Agente con dominio en lenguaje de señas colombiana (Videollamada)","Agente profesional","Economía, administración, contaduría y afines","Front office con herramienta","Hora extra nocturna ","Oro","NA","Hora",71511.38,73109.87,116289,60448.38,81074.36,107074.58,78947.47,53669.78,null,null,"SMMLV"]
["Agentecondominioenlenguajedeseñascolombiana(Videollamada)AgenteprofesionalEconomía,administración,contaduríayafinesFrontofficeconherramientaJornadaOrdinariaPlatinoNA","IT-BPO-29-126","Agente con dominio en lenguaje de señas colombiana (Videollamada)","Agente profesional","Economía, administración, contaduría y afines","Front office con herramienta","Jornada Ordinaria","Platino","NA","Mes",9010434.3800000008,9337351.8900000006,14089520.49,9644106.2899999991,11905847.470000001,13038773.82,8694146.5899999999,8853119.4600000009,null,null,"SMMLV"]
["Agentecondominioenlenguajedeseñascolombiana(Videollamada)AgenteprofesionalEconomía,administración,contaduríayafinesFrontofficeconherramientaHoraextradiurnaPlatinoNA","IT-BPO-29-127","Agente con dominio en lenguaje de señas colombiana (Videollamada)","Agente profesional","Economía, administración, contaduría y afines","Front office con herramienta","Hora extra diurna","Platino","NA","Hora",53633.54,52221.65,76574.45,43555.82,60989.95,77612.509999999995,56391.05,38776.69,null,null,"SMMLV"]
["Agentecondominioenlenguajedeseñascolombiana(Videollamada)AgenteprofesionalEconomía,administración,contaduríayafinesFrontofficeconherramientaServicio7x24PlatinoNA","IT-BPO-29-130","Agente con dominio en lenguaje de señas colombiana (Videollamada)","Agente profesional","Economía, administración, contaduría y afines","Front office con herramienta","Servicio 7x24","Platino","NA","Mes 7x24",40727364.299999997,35459914.979999997,56358078.68,40528313.009999998,47137446.890000001,73621553.030000001,41957761.079999998,35734331.18,null,null,"SMMLV"]
["Agentecondominioenlenguajedeseñascolombiana(Videollamada)AgenteprofesionalEconomía,administración,contaduríayafinesFrontofficesinherramientaJornadaOrdinariaOroNA","IT-BPO-29-131","Agente con dominio en lenguaje de señas colombiana (Videollamada)","Agente profesional","Economía, administración, contaduría y afines","Front office sin herramienta","Jornada Ordinaria","Oro","NA","Mes",8347001.04,8390798.8499999996,14752011.92,9644106.2899999991,11384312.699999999,12356132.210000001,8516579.0199999996,8770180.4299999997,null,null,"SMMLV"]
["Agentecondominioenlenguajedeseñascolombiana(Videollamada)AgenteprofesionalEconomía,administración,contaduríayafinesFrontofficesinherramientaHoraextranocturna OroNA","IT-BPO-29-133","Agente con dominio en lenguaje de señas colombiana (Videollamada)","Agente profesional","Economía, administración, contaduría y afines","Front office sin herramienta","Hora extra nocturna ","Oro","NA","Hora",69558.34,73109.87,112244.07,60448.38,80404.89,102968.33,77335.06,53669.78,null,null,"SMMLV"]
["Agentecondominioenlenguajedeseñascolombiana(Videollamada)AgenteprofesionalEconomía,administración,contaduríayafinesFrontofficesinherramientaHoraextradominicalyfestivoOroNA","IT-BPO-29-134","Agente con dominio en lenguaje de señas colombiana (Videollamada)","Agente profesional","Economía, administración, contaduría y afines","Front office sin herramienta","Hora extra dominical y festivo","Oro","NA","Hora",79495.25,104442.2,128279.25,68895.210000000006,91144.97,147096.82999999999,88382.93,61336.86,null,null,"SMMLV"]
["Agentecondominioenlenguajedeseñascolombiana(Videollamada)AgenteprofesionalEconomía,administración,contaduríayafinesFrontofficesinherramientaHoraextradiurnaPlatinoNA","IT-BPO-29-137","Agente con dominio en lenguaje de señas colombiana (Videollamada)","Agente profesional","Economía, administración, contaduría y afines","Front office sin herramienta","Hora extra diurna","Platino","NA","Hora",52168.76,52221.65,73911.41,43555.82,60176.38,74636.3,55239.33,38776.69,null,null,"SMMLV"]
["Agentecondominioenlenguajedeseñascolombiana(Videollamada)AgenteprofesionalEconomía,administración,contaduríayafinesFrontofficesinherramientaHoraextranocturna PlatinoNA","IT-BPO-29-138","Agente con dominio en lenguaje de señas colombiana (Videollamada)","Agente profesional","Economía, administración, contaduría y afines","Front office sin herramienta","Hora extra nocturna ","Platino","NA","Hora",73036.259999999995,73109.87,103475.31,60448.38,82593.88,104490.38,77335.06,54287.47,null,null,"SMMLV"]
["Agentecondominioenlenguajedeseñascolombiana(Videollamada)AgenteprofesionalCienciassociales,humanasyafinesEnSitioJornadaOrdinariaOroNA","IT-BPO-29-141","Agente con dominio en lenguaje de señas colombiana (Videollamada)","Agente profesional","Ciencias sociales, humanas y afines","En Sitio","Jornada Ordinaria","Oro","NA","Mes",9195608.5199999996,9726489.7100000009,15057682.26,9644106.2899999991,11905847.470000001,12615844.310000001,9451768.2100000009,8770180.4299999997,null,null,"SMMLV"]
["Agentecondominioenlenguajedeseñascolombiana(Videollamada)AgenteprofesionalCienciassociales,humanasyafinesEnSitioHoraextradiurnaOroNA","IT-BPO-29-142","Agente con dominio en lenguaje de señas colombiana (Videollamada)","Agente profesional","Ciencias sociales, humanas y afines","En Sitio","Hora extra diurna","Oro","NA","Hora",54735.77,52221.65,81835.92,43555.82,62548.09,75095.100000000006,56391.05,38335.51,null,null,"SMMLV"]
["Agentecondominioenlenguajedeseñascolombiana(Videollamada)AgenteprofesionalCienciassociales,humanasyafinesEnSitioHoraextradominicalyfestivoOroNA","IT-BPO-29-144","Agente con dominio en lenguaje de señas colombiana (Videollamada)","Agente profesional","Ciencias sociales, humanas y afines","En Sitio","Hora extra dominical y festivo","Oro","NA","Hora",87577.22,104442.2,130936.82,68895.210000000006,92694.53,150189.10999999999,90225.68,61336.86,null,null,"SMMLV"]
["Agentecondominioenlenguajedeseñascolombiana(Videollamada)AgenteprofesionalCienciassociales,humanasyafinesEnSitioServicio7x24OroNA","IT-BPO-29-145","Agente con dominio en lenguaje de señas colombiana (Videollamada)","Agente profesional","Ciencias sociales, humanas y afines","En Sitio","Servicio 7x24","Oro","NA","Mes 7x24",41858258.399999999,36206310.780000001,60230725.759999998,40528313.009999998,45825110.009999998,71537937.75,42715382.700000003,35347621.420000002,null,null,"SMMLV"]
["Agentecondominioenlenguajedeseñascolombiana(Videollamada)AgenteprofesionalCienciassociales,humanasyafinesEnSitioHoraextranocturna PlatinoNA","IT-BPO-29-148","Agente con dominio en lenguaje de señas colombiana (Videollamada)","Agente profesional","Ciencias sociales, humanas y afines","En Sitio","Hora extra nocturna ","Platino","NA","Hora",80461.570000000007,73109.87,105619.32,60448.38,86429.15,106686.95,78947.47,54287.47,null,null,"SMMLV"]
["Agentecondominioenlenguajedeseñascolombiana(Videollamada)AgenteprofesionalCienciassociales,humanasyafinesEnSitioHoraextradominicalyfestivoPlatinoNA","IT-BPO-29-149","Agente con dominio en lenguaje de señas colombiana (Videollamada)","Agente profesional","Ciencias sociales, humanas y afines","En Sitio","Hora extra dominical y festivo","Platino","NA","Hora",91956.09,104442.2,120707.33,68895.210000000006,94241.7,152409.76999999999,90225.68,62042.81,null,null,"SMMLV"]
["Agentecondominioenlenguajedeseñascolombiana(Videollamada)AgenteprofesionalCienciassociales,humanasyafinesEnlasinstalacionesdelaEntidadCompradoraHoraextradiurnaOroNA","IT-BPO-29-152","Agente con dominio en lenguaje de señas colombiana (Videollamada)","Agente profesional","Ciencias sociales, humanas y afines","En las instalaciones de la Entidad Compradora ","Hora extra diurna","Oro","NA","Hora",51079.56,52221.65,82653.89,43555.82,58921.01,74190.63,55239.33,38335.51,null,null,"SMMLV"]
["Agentecondominioenlenguajedeseñascolombiana(Videollamada)AgenteprofesionalCienciassociales,humanasyafinesEnlasinstalacionesdelaEntidadCompradoraHoraextranocturna OroNA","IT-BPO-29-153","Agente con dominio en lenguaje de señas colombiana (Videollamada)","Agente profesional","Ciencias sociales, humanas y afines","En las instalaciones de la Entidad Compradora ","Hora extra nocturna ","Oro","NA","Hora",71511.38,73109.87,115715.22,60448.38,80586.429999999993,103867.32,77335.06,53669.78,null,null,"SMMLV"]
["Agentecondominioenlenguajedeseñascolombiana(Videollamada)AgenteprofesionalCienciassociales,humanasyafinesEnlasinstalacionesdelaEntidadCompradoraJornadaOrdinariaPlatinoNA","IT-BPO-29-156","Agente con dominio en lenguaje de señas colombiana (Videollamada)","Agente profesional","Ciencias sociales, humanas y afines","En las instalaciones de la Entidad Compradora ","Jornada Ordinaria","Platino","NA","Mes",9010434.3800000008,9337351.8900000006,14020113.92,9644106.2899999991,11905847.470000001,12648236.6,8516579.0199999996,8853119.4600000009,null,null,"SMMLV"]
["Agentecondominioenlenguajedeseñascolombiana(Videollamada)AgenteprofesionalCienciassociales,humanasyafinesEnlasinstalacionesdelaEntidadCompradoraHoraextradiurnaPlatinoNA","IT-BPO-29-157","Agente con dominio en lenguaje de señas colombiana (Videollamada)","Agente profesional","Ciencias sociales, humanas y afines","En las instalaciones de la Entidad Compradora ","Hora extra diurna","Platino","NA","Hora",53633.54,52221.65,76197.77,43555.82,60519.41,75287.820000000007,55239.33,38776.69,null,null,"SMMLV"]
["Agentecondominioenlenguajedeseñascolombiana(Videollamada)AgenteprofesionalCienciassociales,humanasyafinesEnlasinstalacionesdelaEntidadCompradoraHoraextradominicalyfestivoPlatinoNA","IT-BPO-29-159","Agente con dominio en lenguaje de señas colombiana (Videollamada)","Agente profesional","Ciencias sociales, humanas y afines","En las instalaciones de la Entidad Compradora ","Hora extra dominical y festivo","Platino","NA","Hora",85813.66,104442.2,121915.11,68895.210000000006,92792.77,150574.54999999999,88382.93,62042.81,null,null,"SMMLV"]
["Agentecondominioenlenguajedeseñascolombiana(Videollamada)AgenteprofesionalCienciassociales,humanasyafinesEnlasinstalacionesdelaEntidadCompradoraServicio7x24PlatinoNA","IT-BPO-29-160","Agente con dominio en lenguaje de señas colombiana (Videollamada)","Agente profesional","Ciencias sociales, humanas y afines","En las instalaciones de la Entidad Compradora ","Servicio 7x24","Platino","NA","Mes 7x24",44291129.399999999,35459914.979999997,56080452.380000003,40528313.009999998,45715620.890000001,71668866.900000006,41100823.890000001,35734331.18,null,null,"SMMLV"]
["Agentecondominioenlenguajedeseñascolombiana(Videollamada)AgenteprofesionalCienciassociales,humanasyafinesFrontofficeconherramientaHoraextranocturna OroNA","IT-BPO-29-163","Agente con dominio en lenguaje de señas colombiana (Videollamada)","Agente profesional","Ciencias sociales, humanas y afines","Front office con herramienta","Hora extra nocturna ","Oro","NA","Hora",71511.38,73109.87,116289,60448.38,81074.36,107074.58,78947.47,53669.78,null,null,"SMMLV"]
["Agentecondominioenlenguajedeseñascolombiana(Videollamada)AgenteprofesionalCienciassociales,humanasyafinesFrontofficeconherramientaHoraextradominicalyfestivoOroNA","IT-BPO-29-164","Agente con dominio en lenguaje de señas colombiana (Videollamada)","Agente profesional","Ciencias sociales, humanas y afines","Front office con herramienta","Hora extra dominical y festivo","Oro","NA","Hora",81727.3,104442.2,132901.25,68895.210000000006,91870.3,152962.74,90225.68,61336.86,null,null,"SMMLV"]
["Agentecondominioenlenguajedeseñascolombiana(Videollamada)AgenteprofesionalCienciassociales,humanasyafinesFrontofficeconherramientaHoraextradiurnaPlatinoNA","IT-BPO-29-167","Agente con dominio en lenguaje de señas colombiana (Videollamada)","Agente profesional","Ciencias sociales, humanas y afines","Front office con herramienta","Hora extra diurna","Platino","NA","Hora",53633.54,52221.65,76574.45,43555.82,60989.95,77612.509999999995,56391.05,38776.69,null,null,"SMMLV"]
["Agentecondominioenlenguajedeseñascolombiana(Videollamada)AgenteprofesionalCienciassociales,humanasyafinesFrontofficeconherramientaHoraextranocturna PlatinoNA","IT-BPO-29-168","Agente con dominio en lenguaje de señas colombiana (Videollamada)","Agente profesional","Ciencias sociales, humanas y afines","Front office con herramienta","Hora extra nocturna ","Platino","NA","Hora",75086.95,73109.87,107203.79,60448.38,83277.990000000005,108656.85,78947.47,54287.47,null,null,"SMMLV"]
["Agentecondominioenlenguajedeseñascolombiana(Videollamada)AgenteprofesionalCienciassociales,humanasyafinesFrontofficeconherramientaServicio7x24PlatinoNA","IT-BPO-29-170","Agente con dominio en lenguaje de señas colombiana (Videollamada)","Agente profesional","Ciencias sociales, humanas y afines","Front office con herramienta","Servicio 7x24","Platino","NA","Mes 7x24",40727364.299999997,35459914.979999997,56358078.68,40528313.009999998,47137446.890000001,73621553.030000001,41957761.079999998,35734331.18,null,null,"SMMLV"]
["Agentecondominioenlenguajedeseñascolombiana(Videollamada)AgenteprofesionalCienciassociales,humanasyafinesFrontofficesinherramientaJornadaOrdinariaOroNA","IT-BPO-29-171","Agente con dominio en lenguaje de señas colombiana (Videollamada)","Agente profesional","Ciencias sociales, humanas y afines","Front office sin herramienta","Jornada Ordinaria","Oro","NA","Mes",8347001.04,8390798.8499999996,14752011.92,9644106.2899999991,11384312.699999999,12356132.210000001,8516579.0199999996,8770180.4299999997,null,null,"SMMLV"]
["Agentecondominioenlenguajedeseñascolombiana(Videollamada)AgenteprofesionalCienciassociales,humanasyafinesFrontofficesinherramientaHoraextradominicalyfestivoOroNA","IT-BPO-29-174","Agente con dominio en lenguaje de señas colombiana (Videollamada)","Agente profesional","Ciencias sociales, humanas y afines","Front office sin herramienta","Hora extra dominical y festivo","Oro","NA","Hora",79495.25,104442.2,128279.25,68895.210000000006,91144.97,147096.82999999999,88382.93,61336.86,null,null,"SMMLV"]
["Agentecondominioenlenguajedeseñascolombiana(Videollamada)AgenteprofesionalCienciassociales,humanasyafinesFrontofficesinherramientaServicio7x24OroNA","IT-BPO-29-175","Agente con dominio en lenguaje de señas colombiana (Videollamada)","Agente profesional","Ciencias sociales, humanas y afines","Front office sin herramienta","Servicio 7x24","Oro","NA","Mes 7x24",41010202.799999997,33763020.859999999,59008042.189999998,40528313.009999998,44591900.640000001,70085584.5,41100823.890000001,35347621.420000002,null,null,"SMMLV"]
["Agentecondominioenlenguajedeseñascolombiana(Videollamada)AgenteprofesionalCienciassociales,humanasyafinesFrontofficesinherramientaHoraextranocturna PlatinoNA","IT-BPO-29-178","Agente con dominio en lenguaje de señas colombiana (Videollamada)","Agente profesional","Ciencias sociales, humanas y afines","Front office sin herramienta","Hora extra nocturna ","Platino","NA","Hora",73036.259999999995,73109.87,103475.31,60448.38,82593.88,104490.38,77335.06,54287.47,null,null,"SMMLV"]
["Agentecondominioenlenguajedeseñascolombiana(Videollamada)AgenteprofesionalCienciassociales,humanasyafinesFrontofficesinherramientaHoraextradominicalyfestivoPlatinoNA","IT-BPO-29-179","Agente con dominio en lenguaje de señas colombiana (Videollamada)","Agente profesional","Ciencias sociales, humanas y afines","Front office sin herramienta","Hora extra dominical y festivo","Platino","NA","Hora",83470.009999999995,104442.2,118257.81,68895.210000000006,92651.11,149271.5,88382.93,62042.81,null,null,"SMMLV"]
["Agentecondominioenlenguajedeseñascolombiana(Videollamada)AgenteprofesionalIngeniería,arquitectura,urbanismoyafinesEnSitioJornadaOrdinariaOroNA","IT-BPO-29-181","Agente con dominio en lenguaje de señas colombiana (Videollamada)","Agente profesional","Ingeniería, arquitectura, urbanismo y afines","En Sitio","Jornada Ordinaria","Oro","NA","Mes",9195608.5199999996,9726489.7100000009,15057682.26,9644106.2899999991,11905847.470000001,12615844.310000001,9451768.2100000009,8770180.4299999997,null,null,"SMMLV"]
["Agentecondominioenlenguajedeseñascolombiana(Videollamada)AgenteprofesionalIngeniería,arquitectura,urbanismoyafinesEnSitioHoraextradiurnaOroNA","IT-BPO-29-182","Agente con dominio en lenguaje de señas colombiana (Videollamada)","Agente profesional","Ingeniería, arquitectura, urbanismo y afines","En Sitio","Hora extra diurna","Oro","NA","Hora",54735.77,52221.65,81835.92,43555.82,62548.09,75095.100000000006,56391.05,38335.51,null,null,"SMMLV"]
["Agentecondominioenlenguajedeseñascolombiana(Videollamada)AgenteprofesionalIngeniería,arquitectura,urbanismoyafinesEnSitioServicio7x24OroNA","IT-BPO-29-185","Agente con dominio en lenguaje de señas colombiana (Videollamada)","Agente profesional","Ingeniería, arquitectura, urbanismo y afines","En Sitio","Servicio 7x24","Oro","NA","Mes 7x24",41858258.399999999,36206310.780000001,60230725.759999998,40528313.009999998,45825110.009999998,71537937.75,42715382.700000003,35347621.420000002,null,null,"SMMLV"]
["Agentecondominioenlenguajedeseñascolombiana(Videollamada)AgenteprofesionalIngeniería,arquitectura,urbanismoyafinesEnSitioJornadaOrdinariaPlatinoNA","IT-BPO-29-186","Agente con dominio en lenguaje de señas colombiana (Videollamada)","Agente profesional","Ingeniería, arquitectura, urbanismo y afines","En Sitio","Jornada Ordinaria","Platino","NA","Mes",9655388.9499999993,9771188.6999999993,13881300.77,9644106.2899999991,11905847.470000001,12802331.57,9451768.2100000009,8853119.4600000009,null,null,"SMMLV"]
["Agentecondominioenlenguajedeseñascolombiana(Videollamada)AgenteprofesionalIngeniería,arquitectura,urbanismoyafinesEnSitioHoraextradominicalyfestivoPlatinoNA","IT-BPO-29-189","Agente con dominio en lenguaje de señas colombiana (Videollamada)","Agente profesional","Ingeniería, arquitectura, urbanismo y afines","En Sitio","Hora extra dominical y festivo","Platino","NA","Hora",91956.09,104442.2,120707.33,68895.210000000006,94241.7,152409.76999999999,90225.68,62042.81,null,null,"SMMLV"]
["Agentecondominioenlenguajedeseñascolombiana(Videollamada)AgenteprofesionalIngeniería,arquitectura,urbanismoyafinesEnSitioServicio7x24PlatinoNA","IT-BPO-29-190","Agente con dominio en lenguaje de señas colombiana (Videollamada)","Agente profesional","Ingeniería, arquitectura, urbanismo y afines","En Sitio","Servicio 7x24","Platino","NA","Mes 7x24",43951171.32,36327588.600000001,55525199.780000001,40528313.009999998,47037051.259999998,72595406.629999995,42715382.700000003,35734331.18,null,null,"SMMLV"]
["Agentecondominioenlenguajedeseñascolombiana(Videollamada)AgenteprofesionalIngeniería,arquitectura,urbanismoyafinesEnlasinstalacionesdelaEntidadCompradoraHoraextradiurnaOroNA","IT-BPO-29-192","Agente con dominio en lenguaje de señas colombiana (Videollamada)","Agente profesional","Ingeniería, arquitectura, urbanismo y afines","En las instalaciones de la Entidad Compradora ","Hora extra diurna","Oro","NA","Hora",51079.56,52221.65,82653.89,43555.82,58921.01,74190.63,55239.33,38335.51,null,null,"SMMLV"]
["Agentecondominioenlenguajedeseñascolombiana(Videollamada)AgenteprofesionalIngeniería,arquitectura,urbanismoyafinesEnlasinstalacionesdelaEntidadCompradoraHoraextranocturna OroNA","IT-BPO-29-193","Agente con dominio en lenguaje de señas colombiana (Videollamada)","Agente profesional","Ingeniería, arquitectura, urbanismo y afines","En las instalaciones de la Entidad Compradora ","Hora extra nocturna ","Oro","NA","Hora",71511.38,73109.87,115715.22,60448.38,80586.429999999993,103867.32,77335.06,53669.78,null,null,"SMMLV"]
["Agentecondominioenlenguajedeseñascolombiana(Videollamada)AgenteprofesionalIngeniería,arquitectura,urbanismoyafinesEnlasinstalacionesdelaEntidadCompradoraJornadaOrdinariaPlatinoNA","IT-BPO-29-196","Agente con dominio en lenguaje de señas colombiana (Videollamada)","Agente profesional","Ingeniería, arquitectura, urbanismo y afines","En las instalaciones de la Entidad Compradora ","Jornada Ordinaria","Platino","NA","Mes",9010434.3800000008,9337351.8900000006,14020113.92,9644106.2899999991,11905847.470000001,12648236.6,8516579.0199999996,8853119.4600000009,null,null,"SMMLV"]
["Agentecondominioenlenguajedeseñascolombiana(Videollamada)AgenteprofesionalIngeniería,arquitectura,urbanismoyafinesEnlasinstalacionesdelaEntidadCompradoraHoraextradiurnaPlatinoNA","IT-BPO-29-197","Agente con dominio en lenguaje de señas colombiana (Videollamada)","Agente profesional","Ingeniería, arquitectura, urbanismo y afines","En las instalaciones de la Entidad Compradora ","Hora extra diurna","Platino","NA","Hora",53633.54,52221.65,76197.77,43555.82,60519.41,75287.820000000007,55239.33,38776.69,null,null,"SMMLV"]
["Agentecondominioenlenguajedeseñascolombiana(Videollamada)AgenteprofesionalIngeniería,arquitectura,urbanismoyafinesEnlasinstalacionesdelaEntidadCompradoraServicio7x24PlatinoNA","IT-BPO-29-200","Agente con dominio en lenguaje de señas colombiana (Videollamada)","Agente profesional","Ingeniería, arquitectura, urbanismo y afines","En las instalaciones de la Entidad Compradora ","Servicio 7x24","Platino","NA","Mes 7x24",44291129.399999999,35459914.979999997,56080452.380000003,40528313.009999998,45715620.890000001,71668866.900000006,41100823.890000001,35734331.18,null,null,"SMMLV"]
["Agentecondominioenlenguajedeseñascolombiana(Videollamada)AgenteprofesionalIngeniería,arquitectura,urbanismoyafinesFrontofficeconherramientaJornadaOrdinariaOroNA","IT-BPO-29-201","Agente con dominio en lenguaje de señas colombiana (Videollamada)","Agente profesional","Ingeniería, arquitectura, urbanismo y afines","Front office con herramienta","Jornada Ordinaria","Oro","NA","Mes",8581366.0800000001,9312372.75,15283547.91,9644106.2899999991,11905847.470000001,12848842.789999999,8694146.5899999999,8770180.4299999997,null,null,"SMMLV"]
["Agentecondominioenlenguajedeseñascolombiana(Videollamada)AgenteprofesionalIngeniería,arquitectura,urbanismoyafinesFrontofficeconherramientaHoraextradominicalyfestivoOroNA","IT-BPO-29-204","Agente con dominio en lenguaje de señas colombiana (Videollamada)","Agente profesional","Ingeniería, arquitectura, urbanismo y afines","Front office con herramienta","Hora extra dominical y festivo","Oro","NA","Hora",81727.3,104442.2,132901.25,68895.210000000006,91870.3,152962.74,90225.68,61336.86,null,null,"SMMLV"]
["Agentecondominioenlenguajedeseñascolombiana(Videollamada)AgenteprofesionalIngeniería,arquitectura,urbanismoyafinesFrontofficeconherramientaServicio7x24OroNA","IT-BPO-29-205","Agente con dominio en lenguaje de señas colombiana (Videollamada)","Agente profesional","Ingeniería, arquitectura, urbanismo y afines","Front office con herramienta","Servicio 7x24","Oro","NA","Mes 7x24",38787966,35378076.869999997,61134187.259999998,40528313.009999998,45935868.700000003,72549131.930000007,41957761.079999998,35347621.420000002,null,null,"SMMLV"]
["Agentecondominioenlenguajedeseñascolombiana(Videollamada)AgenteprofesionalIngeniería,arquitectura,urbanismoyafinesFrontofficeconherramientaHoraextradiurnaPlatinoNA","IT-BPO-29-207","Agente con dominio en lenguaje de señas colombiana (Videollamada)","Agente profesional","Ingeniería, arquitectura, urbanismo y afines","Front office con herramienta","Hora extra diurna","Platino","NA","Hora",53633.54,52221.65,76574.45,43555.82,60989.95,77612.509999999995,56391.05,38776.69,null,null,"SMMLV"]
["Agentecondominioenlenguajedeseñascolombiana(Videollamada)AgenteprofesionalIngeniería,arquitectura,urbanismoyafinesFrontofficeconherramientaHoraextranocturna PlatinoNA","IT-BPO-29-208","Agente con dominio en lenguaje de señas colombiana (Videollamada)","Agente profesional","Ingeniería, arquitectura, urbanismo y afines","Front office con herramienta","Hora extra nocturna ","Platino","NA","Hora",75086.95,73109.87,107203.79,60448.38,83277.990000000005,108656.85,78947.47,54287.47,null,null,"SMMLV"]
["Agentecondominioenlenguajedeseñascolombiana(Videollamada)AgenteprofesionalIngeniería,arquitectura,urbanismoyafinesFrontofficesinherramientaJornadaOrdinariaOroNA","IT-BPO-29-211","Agente con dominio en lenguaje de señas colombiana (Videollamada)","Agente profesional","Ingeniería, arquitectura, urbanismo y afines","Front office sin herramienta","Jornada Ordinaria","Oro","NA","Mes",8347001.04,8390798.8499999996,14752011.92,9644106.2899999991,11384312.699999999,12356132.210000001,8516579.0199999996,8770180.4299999997,null,null,"SMMLV"]
["Agentecondominioenlenguajedeseñascolombiana(Videollamada)AgenteprofesionalIngeniería,arquitectura,urbanismoyafinesFrontofficesinherramientaHoraextradiurnaOroNA","IT-BPO-29-212","Agente con dominio en lenguaje de señas colombiana (Videollamada)","Agente profesional","Ingeniería, arquitectura, urbanismo y afines","Front office sin herramienta","Hora extra diurna","Oro","NA","Hora",49684.53,52221.65,80174.81,43555.82,58591.11,73548.960000000006,55239.33,38335.51,null,null,"SMMLV"]
["Agentecondominioenlenguajedeseñascolombiana(Videollamada)AgenteprofesionalIngeniería,arquitectura,urbanismoyafinesFrontofficesinherramientaServicio7x24OroNA","IT-BPO-29-215","Agente con dominio en lenguaje de señas colombiana (Videollamada)","Agente profesional","Ingeniería, arquitectura, urbanismo y afines","Front office sin herramienta","Servicio 7x24","Oro","NA","Mes 7x24",41010202.799999997,33763020.859999999,59008042.189999998,40528313.009999998,44591900.640000001,70085584.5,41100823.890000001,35347621.420000002,null,null,"SMMLV"]
["Agentecondominioenlenguajedeseñascolombiana(Videollamada)AgenteprofesionalIngeniería,arquitectura,urbanismoyafinesFrontofficesinherramientaJornadaOrdinariaPlatinoNA","IT-BPO-29-216","Agente con dominio en lenguaje de señas colombiana (Videollamada)","Agente profesional","Ingeniería, arquitectura, urbanismo y afines","Front office sin herramienta","Jornada Ordinaria","Platino","NA","Mes",8764351.0899999999,8394741.9499999993,13599510.18,9644106.2899999991,11384312.699999999,12538780.4,8516579.0199999996,8853119.4600000009,null,null,"SMMLV"]
["Agentecondominioenlenguajedeseñascolombiana(Videollamada)AgenteprofesionalIngeniería,arquitectura,urbanismoyafinesFrontofficesinherramientaHoraextranocturna PlatinoNA","IT-BPO-29-218","Agente con dominio en lenguaje de señas colombiana (Videollamada)","Agente profesional","Ingeniería, arquitectura, urbanismo y afines","Front office sin herramienta","Hora extra nocturna ","Platino","NA","Hora",73036.259999999995,73109.87,103475.31,60448.38,82593.88,104490.38,77335.06,54287.47,null,null,"SMMLV"]
["Agentecondominioenlenguajedeseñascolombiana(Videollamada)AgenteprofesionalIngeniería,arquitectura,urbanismoyafinesFrontofficesinherramientaHoraextradominicalyfestivoPlatinoNA","IT-BPO-29-219","Agente con dominio en lenguaje de señas colombiana (Videollamada)","Agente profesional","Ingeniería, arquitectura, urbanismo y afines","Front office sin herramienta","Hora extra dominical y festivo","Platino","NA","Hora",83470.009999999995,104442.2,118257.81,68895.210000000006,92651.11,149271.5,88382.93,62042.81,null,null,"SMMLV"]
["Agentecondominioenlenguajedeseñascolombiana(Videollamada)AgenteprofesionalBellasartesyafinesEnSitioHoraextradiurnaOroNA","IT-BPO-29-222","Agente con dominio en lenguaje de señas colombiana (Videollamada)","Agente profesional","Bellas artes y afines","En Sitio","Hora extra diurna","Oro","NA","Hora",54735.77,52221.65,81835.92,43555.82,62548.09,75095.100000000006,56391.05,38335.51,null,null,"SMMLV"]
["Agentecondominioenlenguajedeseñascolombiana(Videollamada)AgenteprofesionalBellasartesyafinesEnSitioHoraextranocturna OroNA","IT-BPO-29-223","Agente con dominio en lenguaje de señas colombiana (Videollamada)","Agente profesional","Bellas artes y afines","En Sitio","Hora extra nocturna ","Oro","NA","Hora",76630.070000000007,73109.87,114570.95,60448.38,84702.05,105132.05,78947.47,53669.78,null,null,"SMMLV"]
["Agentecondominioenlenguajedeseñascolombiana(Videollamada)AgenteprofesionalBellasartesyafinesEnSitioJornadaOrdinariaPlatinoNA","IT-BPO-29-226","Agente con dominio en lenguaje de señas colombiana (Videollamada)","Agente profesional","Bellas artes y afines","En Sitio","Jornada Ordinaria","Platino","NA","Mes",9655388.9499999993,9771188.6999999993,13881300.77,9644106.2899999991,11905847.470000001,12802331.57,9451768.2100000009,8853119.4600000009,null,null,"SMMLV"]
["Agentecondominioenlenguajedeseñascolombiana(Videollamada)AgenteprofesionalBellasartesyafinesEnSitioHoraextradiurnaPlatinoNA","IT-BPO-29-227","Agente con dominio en lenguaje de señas colombiana (Videollamada)","Agente profesional","Bellas artes y afines","En Sitio","Hora extra diurna","Platino","NA","Hora",57472.55,52221.65,75443.31,43555.82,64483.76,76205.429999999993,56391.05,38776.69,null,null,"SMMLV"]
["Agentecondominioenlenguajedeseñascolombiana(Videollamada)AgenteprofesionalBellasartesyafinesEnSitioHoraextradominicalyfestivoPlatinoNA","IT-BPO-29-229","Agente con dominio en lenguaje de señas colombiana (Videollamada)","Agente profesional","Bellas artes y afines","En Sitio","Hora extra dominical y festivo","Platino","NA","Hora",91956.09,104442.2,120707.33,68895.210000000006,94241.7,152409.76999999999,90225.68,62042.81,null,null,"SMMLV"]
["Agentecondominioenlenguajedeseñascolombiana(Videollamada)AgenteprofesionalBellasartesyafinesEnSitioServicio7x24PlatinoNA","IT-BPO-29-230","Agente con dominio en lenguaje de señas colombiana (Videollamada)","Agente profesional","Bellas artes y afines","En Sitio","Servicio 7x24","Platino","NA","Mes 7x24",43951171.32,36327588.600000001,55525199.780000001,40528313.009999998,46754757.939999998,72595406.629999995,42715382.700000003,35734331.18,null,null,"SMMLV"]
["Agentecondominioenlenguajedeseñascolombiana(Videollamada)AgenteprofesionalBellasartesyafinesEnlasinstalacionesdelaEntidadCompradoraHoraextranocturna OroNA","IT-BPO-29-233","Agente con dominio en lenguaje de señas colombiana (Videollamada)","Agente profesional","Bellas artes y afines","En las instalaciones de la Entidad Compradora ","Hora extra nocturna ","Oro","NA","Hora",71511.38,73109.87,115715.22,60448.38,80586.429999999993,103867.32,77335.06,53669.78,null,null,"SMMLV"]
["Agentecondominioenlenguajedeseñascolombiana(Videollamada)AgenteprofesionalBellasartesyafinesEnlasinstalacionesdelaEntidadCompradoraHoraextradominicalyfestivoOroNA","IT-BPO-29-234","Agente con dominio en lenguaje de señas colombiana (Videollamada)","Agente profesional","Bellas artes y afines","En las instalaciones de la Entidad Compradora ","Hora extra dominical y festivo","Oro","NA","Hora",81727.3,104442.2,132246.44,68895.210000000006,91273.44,148381.26,88382.93,61336.86,null,null,"SMMLV"]
["Agentecondominioenlenguajedeseñascolombiana(Videollamada)AgenteprofesionalBellasartesyafinesEnlasinstalacionesdelaEntidadCompradoraHoraextradiurnaPlatinoNA","IT-BPO-29-237","Agente con dominio en lenguaje de señas colombiana (Videollamada)","Agente profesional","Bellas artes y afines","En las instalaciones de la Entidad Compradora ","Hora extra diurna","Platino","NA","Hora",53633.54,52221.65,76197.77,43555.82,60519.41,75287.820000000007,55239.33,38776.69,null,null,"SMMLV"]
["Agentecondominioenlenguajedeseñascolombiana(Videollamada)AgenteprofesionalBellasartesyafinesEnlasinstalacionesdelaEntidadCompradoraHoraextranocturna PlatinoNA","IT-BPO-29-238","Agente con dominio en lenguaje de señas colombiana (Videollamada)","Agente profesional","Bellas artes y afines","En las instalaciones de la Entidad Compradora ","Hora extra nocturna ","Platino","NA","Hora",75086.95,73109.87,106676,60448.38,82787.02,105402.51,77335.06,54287.47,null,null,"SMMLV"]
["Agentecondominioenlenguajedeseñascolombiana(Videollamada)AgenteprofesionalBellasartesyafinesFrontofficeconherramientaJornadaOrdinariaOroNA","IT-BPO-29-241","Agente con dominio en lenguaje de señas colombiana (Videollamada)","Agente profesional","Bellas artes y afines","Front office con herramienta","Jornada Ordinaria","Oro","NA","Mes",8581366.0800000001,9312372.75,15283547.91,9644106.2899999991,11905847.470000001,12848842.789999999,8694146.5899999999,8770180.4299999997,null,null,"SMMLV"]
["Agentecondominioenlenguajedeseñascolombiana(Videollamada)AgenteprofesionalBellasartesyafinesFrontofficeconherramientaHoraextradiurnaOroNA","IT-BPO-29-242","Agente con dominio en lenguaje de señas colombiana (Videollamada)","Agente profesional","Bellas artes y afines","Front office con herramienta","Hora extra diurna","Oro","NA","Hora",51079.56,52221.65,83064.509999999995,43555.82,59389.39,76481.37,56391.05,38335.51,null,null,"SMMLV"]
["Agentecondominioenlenguajedeseñascolombiana(Videollamada)AgenteprofesionalBellasartesyafinesFrontofficeconherramientaHoraextradominicalyfestivoOroNA","IT-BPO-29-244","Agente con dominio en lenguaje de señas colombiana (Videollamada)","Agente profesional","Bellas artes y afines","Front office con herramienta","Hora extra dominical y festivo","Oro","NA","Hora",81727.3,104442.2,132901.25,68895.210000000006,91870.3,152962.74,90225.68,61336.86,null,null,"SMMLV"]
["Agentecondominioenlenguajedeseñascolombiana(Videollamada)AgenteprofesionalBellasartesyafinesFrontofficeconherramientaServicio7x24OroNA","IT-BPO-29-245","Agente con dominio en lenguaje de señas colombiana (Videollamada)","Agente profesional","Bellas artes y afines","Front office con herramienta","Servicio 7x24","Oro","NA","Mes 7x24",38787966,35378076.869999997,61134187.259999998,40528313.009999998,45935868.700000003,72549131.930000007,41957761.079999998,35347621.420000002,null,null,"SMMLV"]
["Agentecondominioenlenguajedeseñascolombiana(Videollamada)AgenteprofesionalBellasartesyafinesFrontofficeconherramientaHoraextranocturna PlatinoNA","IT-BPO-29-248","Agente con dominio en lenguaje de señas colombiana (Videollamada)","Agente profesional","Bellas artes y afines","Front office con herramienta","Hora extra nocturna ","Platino","NA","Hora",75086.95,73109.87,107203.79,60448.38,83277.990000000005,108656.85,78947.47,54287.47,null,null,"SMMLV"]
["Agentecondominioenlenguajedeseñascolombiana(Videollamada)AgenteprofesionalBellasartesyafinesFrontofficeconherramientaHoraextradominicalyfestivoPlatinoNA","IT-BPO-29-249","Agente con dominio en lenguaje de señas colombiana (Videollamada)","Agente profesional","Bellas artes y afines","Front office con herramienta","Hora extra dominical y festivo","Platino","NA","Hora",85813.66,104442.2,122518.46,68895.210000000006,93393.67,155223.92000000001,90225.68,62042.81,null,null,"SMMLV"]
["Agentecondominioenlenguajedeseñascolombiana(Videollamada)AgenteprofesionalBellasartesyafinesFrontofficesinherramientaHoraextradiurnaOroNA","IT-BPO-29-252","Agente con dominio en lenguaje de señas colombiana (Videollamada)","Agente profesional","Bellas artes y afines","Front office sin herramienta","Hora extra diurna","Oro","NA","Hora",49684.53,52221.65,80174.81,43555.82,58591.11,73548.960000000006,55239.33,38335.51,null,null,"SMMLV"]
["Agentecondominioenlenguajedeseñascolombiana(Videollamada)AgenteprofesionalBellasartesyafinesFrontofficesinherramientaHoraextranocturna OroNA","IT-BPO-29-253","Agente con dominio en lenguaje de señas colombiana (Videollamada)","Agente profesional","Bellas artes y afines","Front office sin herramienta","Hora extra nocturna ","Oro","NA","Hora",69558.34,73109.87,112244.07,60448.38,80404.89,102968.33,77335.06,53669.78,null,null,"SMMLV"]
["Agentecondominioenlenguajedeseñascolombiana(Videollamada)AgenteprofesionalBellasartesyafinesFrontofficesinherramientaServicio7x24OroNA","IT-BPO-29-255","Agente con dominio en lenguaje de señas colombiana (Videollamada)","Agente profesional","Bellas artes y afines","Front office sin herramienta","Servicio 7x24","Oro","NA","Mes 7x24",41010202.799999997,33763020.859999999,59008042.189999998,40528313.009999998,44591900.640000001,70085584.5,41100823.890000001,35347621.420000002,null,null,"SMMLV"]
["Agentecondominioenlenguajedeseñascolombiana(Videollamada)AgenteprofesionalBellasartesyafinesFrontofficesinherramientaJornadaOrdinariaPlatinoNA","IT-BPO-29-256","Agente con dominio en lenguaje de señas colombiana (Videollamada)","Agente profesional","Bellas artes y afines","Front office sin herramienta","Jornada Ordinaria","Platino","NA","Mes",8764351.0899999999,8394741.9499999993,13599510.18,9644106.2899999991,11384312.699999999,12538780.4,8516579.0199999996,8853119.4600000009,null,null,"SMMLV"]
["Agentecondominioenlenguajedeseñascolombiana(Videollamada)AgenteprofesionalBellasartesyafinesFrontofficesinherramientaHoraextradominicalyfestivoPlatinoNA","IT-BPO-29-259","Agente con dominio en lenguaje de señas colombiana (Videollamada)","Agente profesional","Bellas artes y afines","Front office sin herramienta","Hora extra dominical y festivo","Platino","NA","Hora",83470.009999999995,104442.2,118257.81,68895.210000000006,92651.11,149271.5,88382.93,62042.81,null,null,"SMMLV"]
["Agentecondominioenlenguajedeseñascolombiana(Videollamada)AgenteprofesionalBellasartesyafinesFrontofficesinherramientaServicio7x24PlatinoNA","IT-BPO-29-260","Agente con dominio en lenguaje de señas colombiana (Videollamada)","Agente profesional","Bellas artes y afines","Front office sin herramienta","Servicio 7x24","Platino","NA","Mes 7x24",43060712.939999998,33774853.43,54398039.630000003,40528313.009999998,45746486.909999996,71121585.900000006,41100823.890000001,35734331.18,null,null,"SMMLV"]
["Agentecondominioenlenguajedeseñascolombiana(Videollamada)AgenteprofesionalMatemáticas,cienciasnaturalesyafinesEnSitioHoraextranocturna OroNA","IT-BPO-29-263","Agente con dominio en lenguaje de señas colombiana (Videollamada)","Agente profesional","Matemáticas, ciencias naturales y afines","En Sitio","Hora extra nocturna ","Oro","NA","Hora",76630.070000000007,73109.87,114570.95,60448.38,84702.05,105132.05,78947.47,53669.78,null,null,"SMMLV"]
["Agentecondominioenlenguajedeseñascolombiana(Videollamada)AgenteprofesionalMatemáticas,cienciasnaturalesyafinesEnSitioHoraextradominicalyfestivoOroNA","IT-BPO-29-264","Agente con dominio en lenguaje de señas colombiana (Videollamada)","Agente profesional","Matemáticas, ciencias naturales y afines","En Sitio","Hora extra dominical y festivo","Oro","NA","Hora",87577.22,104442.2,130936.82,68895.210000000006,92694.53,150189.10999999999,90225.68,61336.86,null,null,"SMMLV"]
["Agentecondominioenlenguajedeseñascolombiana(Videollamada)AgenteprofesionalMatemáticas,cienciasnaturalesyafinesEnSitioJornadaOrdinariaPlatinoNA","IT-BPO-29-266","Agente con dominio en lenguaje de señas colombiana (Videollamada)","Agente profesional","Matemáticas, ciencias naturales y afines","En Sitio","Jornada Ordinaria","Platino","NA","Mes",9655388.9499999993,9771188.6999999993,13881300.77,9644106.2899999991,11905847.470000001,12802331.57,9451768.2100000009,8853119.4600000009,null,null,"SMMLV"]
["Agentecondominioenlenguajedeseñascolombiana(Videollamada)AgenteprofesionalMatemáticas,cienciasnaturalesyafinesEnSitioHoraextradiurnaPlatinoNA","IT-BPO-29-267","Agente con dominio en lenguaje de señas colombiana (Videollamada)","Agente profesional","Matemáticas, ciencias naturales y afines","En Sitio","Hora extra diurna","Platino","NA","Hora",57472.55,52221.65,75443.31,43555.82,64483.76,76205.429999999993,56391.05,38776.69,null,null,"SMMLV"]
["Agentecondominioenlenguajedeseñascolombiana(Videollamada)AgenteprofesionalMatemáticas,cienciasnaturalesyafinesEnSitioServicio7x24PlatinoNA","IT-BPO-29-270","Agente con dominio en lenguaje de señas colombiana (Videollamada)","Agente profesional","Matemáticas, ciencias naturales y afines","En Sitio","Servicio 7x24","Platino","NA","Mes 7x24",43951171.32,36327588.600000001,55525199.780000001,40528313.009999998,46754757.939999998,72595406.629999995,42715382.700000003,35734331.18,null,null,"SMMLV"]
["Agentecondominioenlenguajedeseñascolombiana(Videollamada)AgenteprofesionalMatemáticas,cienciasnaturalesyafinesEnlasinstalacionesdelaEntidadCompradoraJornadaOrdinariaOroNA","IT-BPO-29-271","Agente con dominio en lenguaje de señas colombiana (Videollamada)","Agente profesional","Matemáticas, ciencias naturales y afines","En las instalaciones de la Entidad Compradora ","Jornada Ordinaria","Oro","NA","Mes",8581366.0800000001,9312372.75,15208260.09,9644106.2899999991,11905847.470000001,12463995.18,8516579.0199999996,8770180.4299999997,null,null,"SMMLV"]
[{"$f":"SUBSTITUTE(C2434&D2434&E2434&F2434&G2434&H2434&I2434,\" \",\"\")","v":"Agentecondominioenlenguajedeseñascolombiana(Videollamada)AgenteprofesionalMatemáticas,cienciasnaturalesyafinesEnlasinstalacionesdelaEntidadCompradoraHoraextradominicalyfestivoOroNA"},"IT-BPO-29-274","Agente con dominio en lenguaje de señas colombiana (Videollamada)","Agente profesional","Matemáticas, ciencias naturales y afines","En las instalaciones de la Entidad Compradora ","Hora extra dominical y festivo","Oro","NA","Hora",81727.3,104442.2,132246.44,68895.210000000006,91273.44,148381.26,88382.93,61336.86,null,null,"SMMLV"]
["Agentecondominioenlenguajedeseñascolombiana(Videollamada)AgenteprofesionalMatemáticas,cienciasnaturalesyafinesEnlasinstalacionesdelaEntidadCompradoraServicio7x24OroNA","IT-BPO-29-275","Agente con dominio en lenguaje de señas colombiana (Videollamada)","Agente profesional","Matemáticas, ciencias naturales y afines","En las instalaciones de la Entidad Compradora ","Servicio 7x24","Oro","NA","Mes 7x24",42182028,35378076.869999997,60833033.789999999,40528313.009999998,44556719.799999997,70624893.900000006,41100823.890000001,35347621.420000002,null,null,"SMMLV"]
["Agentecondominioenlenguajedeseñascolombiana(Videollamada)AgenteprofesionalMatemáticas,cienciasnaturalesyafinesEnlasinstalacionesdelaEntidadCompradoraHoraextradiurnaPlatinoNA","IT-BPO-29-277","Agente con dominio en lenguaje de señas colombiana (Videollamada)","Agente profesional","Matemáticas, ciencias naturales y afines","En las instalaciones de la Entidad Compradora ","Hora extra diurna","Platino","NA","Hora",53633.54,52221.65,76197.77,43555.82,60519.41,75287.820000000007,55239.33,38776.69,null,null,"SMMLV"]
["Agentecondominioenlenguajedeseñascolombiana(Videollamada)AgenteprofesionalMatemáticas,cienciasnaturalesyafinesEnlasinstalacionesdelaEntidadCompradoraHoraextranocturna PlatinoNA","IT-BPO-29-278","Agente con dominio en lenguaje de señas colombiana (Videollamada)","Agente profesional","Matemáticas, ciencias naturales y afines","En las instalaciones de la Entidad Compradora ","Hora extra nocturna ","Platino","NA","Hora",75086.95,73109.87,106676,60448.38,82787.02,105402.51,77335.06,54287.47,null,null,"SMMLV"]
["Agentecondominioenlenguajedeseñascolombiana(Videollamada)AgenteprofesionalMatemáticas,cienciasnaturalesyafinesFrontofficeconherramientaJornadaOrdinariaOroNA","IT-BPO-29-281","Agente con dominio en lenguaje de señas colombiana (Videollamada)","Agente profesional","Matemáticas, ciencias naturales y afines","Front office con herramienta","Jornada Ordinaria","Oro","NA","Mes",8581366.0800000001,9312372.75,15283547.91,9644106.2899999991,11905847.470000001,12848842.789999999,8694146.5899999999,8770180.4299999997,null,null,"SMMLV"]
["Agentecondominioenlenguajedeseñascolombiana(Videollamada)AgenteprofesionalMatemáticas,cienciasnaturalesyafinesFrontofficeconherramientaHoraextradiurnaOroNA","IT-BPO-29-282","Agente con dominio en lenguaje de señas colombiana (Videollamada)","Agente profesional","Matemáticas, ciencias naturales y afines","Front office con herramienta","Hora extra diurna","Oro","NA","Hora",51079.56,52221.65,83064.509999999995,43555.82,59389.39,76481.37,56391.05,38335.51,null,null,"SMMLV"]
["Agentecondominioenlenguajedeseñascolombiana(Videollamada)AgenteprofesionalMatemáticas,cienciasnaturalesyafinesFrontofficeconherramientaServicio7x24OroNA","IT-BPO-29-285","Agente con dominio en lenguaje de señas colombiana (Videollamada)","Agente profesional","Matemáticas, ciencias naturales y afines","Front office con herramienta","Servicio 7x24","Oro","NA","Mes 7x24",38787966,35378076.869999997,61134187.259999998,40528313.009999998,45935868.700000003,72549131.930000007,41957761.079999998,35347621.420000002,null,null,"SMMLV"]
["Agentecondominioenlenguajedeseñascolombiana(Videollamada)AgenteprofesionalMatemáticas,cienciasnaturalesyafinesFrontofficeconherramientaJornadaOrdinariaPlatinoNA","IT-BPO-29-286","Agente con dominio en lenguaje de señas colombiana (Videollamada)","Agente profesional","Matemáticas, ciencias naturales y afines","Front office con herramienta","Jornada Ordinaria","Platino","NA","Mes",9010434.3800000008,9337351.8900000006,14089520.49,9644106.2899999991,11905847.470000001,13038773.82,8694146.5899999999,8853119.4600000009,null,null,"SMMLV"]
["Agentecondominioenlenguajedeseñascolombiana(Videollamada)AgenteprofesionalMatemáticas,cienciasnaturalesyafinesFrontofficeconherramientaHoraextradominicalyfestivoPlatinoNA","IT-BPO-29-289","Agente con dominio en lenguaje de señas colombiana (Videollamada)","Agente profesional","Matemáticas, ciencias naturales y afines","Front office con herramienta","Hora extra dominical y festivo","Platino","NA","Hora",85813.66,104442.2,122518.46,68895.210000000006,93393.67,155223.92000000001,90225.68,62042.81,null,null,"SMMLV"]
["Agentecondominioenlenguajedeseñascolombiana(Videollamada)AgenteprofesionalMatemáticas,cienciasnaturalesyafinesFrontofficeconherramientaServicio7x24PlatinoNA","IT-BPO-29-290","Agente con dominio en lenguaje de señas colombiana (Videollamada)","Agente profesional","Matemáticas, ciencias naturales y afines","Front office con herramienta","Servicio 7x24","Platino","NA","Mes 7x24",40727364.299999997,35459914.979999997,56358078.68,40528313.009999998,47137446.890000001,73621553.030000001,41957761.079999998,35734331.18,null,null,"SMMLV"]
["Agentecondominioenlenguajedeseñascolombiana(Videollamada)AgenteprofesionalMatemáticas,cienciasnaturalesyafinesFrontofficesinherramientaHoraextradiurnaOroNA","IT-BPO-29-292","Agente con dominio en lenguaje de señas colombiana (Videollamada)","Agente profesional","Matemáticas, ciencias naturales y afines","Front office sin herramienta","Hora extra diurna","Oro","NA","Hora",49684.53,52221.65,80174.81,43555.82,58591.11,73548.960000000006,55239.33,38335.51,null,null,"SMMLV"]
["Agentecondominioenlenguajedeseñascolombiana(Videollamada)AgenteprofesionalMatemáticas,cienciasnaturalesyafinesFrontofficesinherramientaHoraextranocturna OroNA","IT-BPO-29-293","Agente con dominio en lenguaje de señas colombiana (Videollamada)","Agente profesional","Matemáticas, ciencias naturales y afines","Front office sin herramienta","Hora extra nocturna ","Oro","NA","Hora",69558.34,73109.87,112244.07,60448.38,80404.89,102968.33,77335.06,53669.78,null,null,"SMMLV"]
["Agentecondominioenlenguajedeseñascolombiana(Videollamada)AgenteprofesionalMatemáticas,cienciasnaturalesyafinesFrontofficesinherramientaJornadaOrdinariaPlatinoNA","IT-BPO-29-296","Agente con dominio en lenguaje de señas colombiana (Videollamada)","Agente profesional","Matemáticas, ciencias naturales y afines","Front office sin herramienta","Jornada Ordinaria","Platino","NA","Mes",8764351.0899999999,8394741.9499999993,13599510.18,9644106.2899999991,11384312.699999999,12538780.4,8516579.0199999996,8853119.4600000009,null,null,"SMMLV"]
["Agentecondominioenlenguajedeseñascolombiana(Videollamada)AgenteprofesionalMatemáticas,cienciasnaturalesyafinesFrontofficesinherramientaHoraextradiurnaPlatinoNA","IT-BPO-29-297","Agente con dominio en lenguaje de señas colombiana (Videollamada)","Agente profesional","Matemáticas, ciencias naturales y afines","Front office sin herramienta","Hora extra diurna","Platino","NA","Hora",52168.76,52221.65,73911.41,43555.82,60176.38,74636.3,55239.33,38776.69,null,null,"SMMLV"]
["Agentecondominioenlenguajedeseñascolombiana(Videollamada)AgenteprofesionalMatemáticas,cienciasnaturalesyafinesFrontofficesinherramientaServicio7x24PlatinoNA","IT-BPO-29-300","Agente con dominio en lenguaje de señas colombiana (Videollamada)","Agente profesional","Matemáticas, ciencias naturales y afines","Front office sin herramienta","Servicio 7x24","Platino","NA","Mes 7x24",43060712.939999998,33774853.43,54398039.630000003,40528313.009999998,45746486.909999996,71121585.900000006,41100823.890000001,35734331.18,null,null,"SMMLV"]
["Agentecondominioenlenguajedeseñascolombiana(Videollamada)AgenteprofesionalCienciasdelasaludyafinesEnSitioJornadaOrdinariaOroNA","IT-BPO-29-301","Agente con dominio en lenguaje de señas colombiana (Videollamada)","Agente profesional","Ciencias de la salud y afines","En Sitio","Jornada Ordinaria","Oro","NA","Mes",9195608.5199999996,9726489.7100000009,18901560.41,13351203.6,14751925.640000001,16250787.689999999,9451768.2100000009,10926595.689999999,null,null,"SMMLV"]
["Agentecondominioenlenguajedeseñascolombiana(Videollamada)AgenteprofesionalCienciasdelasaludyafinesEnSitioHoraextranocturna OroNA","IT-BPO-29-303","Agente con dominio en lenguaje de señas colombiana (Videollamada)","Agente profesional","Ciencias de la salud y afines","En Sitio","Hora extra nocturna ","Oro","NA","Hora",76630.070000000007,73109.87,143817.29999999999,102264.24,96096.46,135424.13,78947.47,69728.179999999993,null,null,"SMMLV"]
["Agentecondominioenlenguajedeseñascolombiana(Videollamada)AgenteprofesionalCienciasdelasaludyafinesEnSitioHoraextradominicalyfestivoOroNA","IT-BPO-29-304","Agente con dominio en lenguaje de señas colombiana (Videollamada)","Agente profesional","Ciencias de la salud y afines","En Sitio","Hora extra dominical y festivo","Oro","NA","Hora",87577.22,104442.2,164361.69,116684.3,106742.08,193462.41,90225.68,79689.39,null,null,"SMMLV"]
["Agentecondominioenlenguajedeseñascolombiana(Videollamada)AgenteprofesionalCienciasdelasaludyafinesEnSitioHoraextradiurnaPlatinoNA","IT-BPO-29-307","Agente con dominio en lenguaje de señas colombiana (Videollamada)","Agente profesional","Ciencias de la salud y afines","En Sitio","Hora extra diurna","Platino","NA","Hora",57472.55,52221.65,94701.08,73424.13,72274.33,98161.279999999999,56391.05,50247.03,null,null,"SMMLV"]
["Agentecondominioenlenguajedeseñascolombiana(Videollamada)AgenteprofesionalCienciasdelasaludyafinesEnSitioHoraextranocturna PlatinoNA","IT-BPO-29-308","Agente con dominio en lenguaje de señas colombiana (Videollamada)","Agente profesional","Ciencias de la salud y afines","En Sitio","Hora extra nocturna ","Platino","NA","Hora",80461.570000000007,73109.87,132582.6,102264.24,98413.8,137425.79,78947.47,70345.87,null,null,"SMMLV"]
["Agentecondominioenlenguajedeseñascolombiana(Videollamada)AgenteprofesionalCienciasdelasaludyafinesEnlasinstalacionesdelaEntidadCompradoraJornadaOrdinariaOroNA","IT-BPO-29-311","Agente con dominio en lenguaje de señas colombiana (Videollamada)","Agente profesional","Ciencias de la salud y afines","En las instalaciones de la Entidad Compradora ","Jornada Ordinaria","Oro","NA","Mes",8581366.0800000001,9312372.75,19090577.120000001,13351203.6,14751925.640000001,16041559.470000001,8516579.0199999996,10926595.689999999,null,null,"SMMLV"]
["Agentecondominioenlenguajedeseñascolombiana(Videollamada)AgenteprofesionalCienciasdelasaludyafinesEnlasinstalacionesdelaEntidadCompradoraHoraextradiurnaOroNA","IT-BPO-29-312","Agente con dominio en lenguaje de señas colombiana (Videollamada)","Agente profesional","Ciencias de la salud y afines","En las instalaciones de la Entidad Compradora ","Hora extra diurna","Oro","NA","Hora",51079.56,52221.65,103753.44,73424.13,75376.5,95486.19,55239.33,49805.86,null,null,"SMMLV"]
["Agentecondominioenlenguajedeseñascolombiana(Videollamada)AgenteprofesionalCienciasdelasaludyafinesEnlasinstalacionesdelaEntidadCompradoraHoraextradominicalyfestivoOroNA","IT-BPO-29-314","Agente con dominio en lenguaje de señas colombiana (Videollamada)","Agente profesional","Ciencias de la salud y afines","En las instalaciones de la Entidad Compradora ","Hora extra dominical y festivo","Oro","NA","Hora",81727.3,104442.2,166006.38,116684.3,105558.44,190971.29,88382.93,79689.39,null,null,"SMMLV"]
["Agentecondominioenlenguajedeseñascolombiana(Videollamada)AgenteprofesionalCienciasdelasaludyafinesEnlasinstalacionesdelaEntidadCompradoraServicio7x24OroNA","IT-BPO-29-315","Agente con dominio en lenguaje de señas colombiana (Videollamada)","Agente profesional","Ciencias de la salud y afines","En las instalaciones de la Entidad Compradora ","Servicio 7x24","Oro","NA","Mes 7x24",42182028,35378076.869999997,76362301.890000001,62280782.57,60007293.109999999,91108007.700000003,41100823.890000001,45402075.119999997,null,null,"SMMLV"]
["Agentecondominioenlenguajedeseñascolombiana(Videollamada)AgenteprofesionalCienciasdelasaludyafinesEnlasinstalacionesdelaEntidadCompradoraHoraextranocturna PlatinoNA","IT-BPO-29-318","Agente con dominio en lenguaje de señas colombiana (Videollamada)","Agente profesional","Ciencias de la salud y afines","En las instalaciones de la Entidad Compradora ","Hora extra nocturna ","Platino","NA","Hora",75086.95,73109.87,133907.54999999999,102264.24,106051.34,135656.26999999999,77335.06,70345.87,null,null,"SMMLV"]
["Agentecondominioenlenguajedeseñascolombiana(Videollamada)AgenteprofesionalCienciasdelasaludyafinesEnlasinstalacionesdelaEntidadCompradoraHoraextradominicalyfestivoPlatinoNA","IT-BPO-29-319","Agente con dominio en lenguaje de señas colombiana (Videollamada)","Agente profesional","Ciencias de la salud y afines","En las instalaciones de la Entidad Compradora ","Hora extra dominical y festivo","Platino","NA","Hora",85813.66,104442.2,153037.20000000001,116684.3,107698.67,193794.2,88382.93,80395.23,null,null,"SMMLV"]
["Agentecondominioenlenguajedeseñascolombiana(Videollamada)AgenteprofesionalCienciasdelasaludyafinesFrontofficeconherramientaHoraextradiurnaOroNA","IT-BPO-29-322","Agente con dominio en lenguaje de señas colombiana (Videollamada)","Agente profesional","Ciencias de la salud y afines","Front office con herramienta","Hora extra diurna","Oro","NA","Hora",51079.56,52221.65,104268.09,73424.13,75844.28,98287.2,56391.05,49805.86,null,null,"SMMLV"]
["Agentecondominioenlenguajedeseñascolombiana(Videollamada)AgenteprofesionalCienciasdelasaludyafinesFrontofficeconherramientaHoraextranocturna OroNA","IT-BPO-29-323","Agente con dominio en lenguaje de señas colombiana (Videollamada)","Agente profesional","Ciencias de la salud y afines","Front office con herramienta","Hora extra nocturna ","Oro","NA","Hora",71511.38,73109.87,145974.45000000001,102264.24,103906.24000000001,137602.07999999999,78947.47,69728.179999999993,null,null,"SMMLV"]
["Agentecondominioenlenguajedeseñascolombiana(Videollamada)AgenteprofesionalCienciasdelasaludyafinesFrontofficeconherramientaJornadaOrdinariaPlatinoNA","IT-BPO-29-326","Agente con dominio en lenguaje de señas colombiana (Videollamada)","Agente profesional","Ciencias de la salud y afines","Front office con herramienta","Jornada Ordinaria","Platino","NA","Mes",9010434.3800000008,9337351.8900000006,17686249.469999999,13351203.6,14751925.640000001,16756215.6,8694146.5899999999,11009534.82,null,null,"SMMLV"]
["Agentecondominioenlenguajedeseñascolombiana(Videollamada)AgenteprofesionalCienciasdelasaludyafinesFrontofficeconherramientaHoraextradiurnaPlatinoNA","IT-BPO-29-327","Agente con dominio en lenguaje de señas colombiana (Videollamada)","Agente profesional","Ciencias de la salud y afines","Front office con herramienta","Hora extra diurna","Platino","NA","Hora",53633.54,52221.65,96122.39,73424.13,77755.11,99740.27,56391.05,50247.03,null,null,"SMMLV"]
["Agentecondominioenlenguajedeseñascolombiana(Videollamada)AgenteprofesionalCienciasdelasaludyafinesFrontofficeconherramientaHoraextradominicalyfestivoPlatinoNA","IT-BPO-29-329","Agente con dominio en lenguaje de señas colombiana (Videollamada)","Agente profesional","Ciencias de la salud y afines","Front office con herramienta","Hora extra dominical y festivo","Platino","NA","Hora",85813.66,104442.2,153793.85,116684.3,108196.06,199479.44,90225.68,80395.23,null,null,"SMMLV"]
["Agentecondominioenlenguajedeseñascolombiana(Videollamada)AgenteprofesionalCienciasdelasaludyafinesFrontofficeconherramientaServicio7x24PlatinoNA","IT-BPO-29-330","Agente con dominio en lenguaje de señas colombiana (Videollamada)","Agente profesional","Ciencias de la salud y afines","Front office con herramienta","Servicio 7x24","Platino","NA","Mes 7x24",40727364.299999997,35466816.770000003,70744994.599999994,62280782.57,59112600.340000004,94842412.129999995,41957761.079999998,45788784.880000003,null,null,"SMMLV"]
["Agentecondominioenlenguajedeseñascolombiana(Videollamada)AgenteprofesionalCienciasdelasaludyafinesFrontofficesinherramientaHoraextranocturna OroNA","IT-BPO-29-333","Agente con dominio en lenguaje de señas colombiana (Videollamada)","Agente profesional","Ciencias de la salud y afines","Front office sin herramienta","Hora extra nocturna ","Oro","NA","Hora",69558.34,73109.87,140898.03,102264.24,103132.67,133495.82999999999,77335.06,69728.179999999993,null,null,"SMMLV"]
["Agentecondominioenlenguajedeseñascolombiana(Videollamada)AgenteprofesionalCienciasdelasaludyafinesFrontofficesinherramientaHoraextradominicalyfestivoOroNA","IT-BPO-29-334","Agente con dominio en lenguaje de señas colombiana (Videollamada)","Agente profesional","Ciencias de la salud y afines","Front office sin herramienta","Hora extra dominical y festivo","Oro","NA","Hora",79495.25,104442.2,161025.23000000001,116684.3,105309.13,190708.49,88382.93,79689.39,null,null,"SMMLV"]
["Agentecondominioenlenguajedeseñascolombiana(Videollamada)AgenteprofesionalCienciasdelasaludyafinesFrontofficesinherramientaHoraextradiurnaPlatinoNA","IT-BPO-29-337","Agente con dominio en lenguaje de señas colombiana (Videollamada)","Agente profesional","Ciencias de la salud y afines","Front office sin herramienta","Hora extra diurna","Platino","NA","Hora",52168.76,52221.65,92779.35,73424.13,76905.84,96764.06,55239.33,50247.03,null,null,"SMMLV"]
[{"$f":"SUBSTITUTE(C2498&D2498&E2498&F2498&G2498&H2498&I2498,\" \",\"\")","v":"Agentecondominioenlenguajedeseñascolombiana(Videollamada)AgenteprofesionalCienciasdelasaludyafinesFrontofficesinherramientaHoraextranocturna PlatinoNA"},"IT-BPO-29-338","Agente con dominio en lenguaje de señas colombiana (Videollamada)","Agente profesional","Ciencias de la salud y afines","Front office sin herramienta","Hora extra nocturna ","Platino","NA","Hora",73036.259999999995,73109.87,129890,102264.24,105749.52,135469.01999999999,77335.06,70345.87,null,null,"SMMLV"]
["Agentecondominioenlenguajedeseñascolombiana(Videollamada)AgenteprofesionalCienciasdelasaludyafinesFrontofficesinherramientaServicio7x24PlatinoNA","IT-BPO-29-340","Agente con dominio en lenguaje de señas colombiana (Videollamada)","Agente profesional","Ciencias de la salud y afines","Front office sin herramienta","Servicio 7x24","Platino","NA","Mes 7x24",43060712.939999998,33774853.43,68284601.870000005,62280782.57,61227210.530000001,92342445,41100823.890000001,45788784.880000003,null,null,"SMMLV"]
["Agentecondominioenlenguajedeseñascolombiana(Videollamada)AgenteprofesionalAgronomía,veterinariayafinesEnSitioJornadaOrdinariaOroNA","IT-BPO-29-341","Agente con dominio en lenguaje de señas colombiana (Videollamada)","Agente profesional","Agronomía, veterinaria y afines","En Sitio","Jornada Ordinaria","Oro","NA","Mes",9195608.5199999996,9726489.7100000009,15057682.26,9644106.2899999991,11905847.470000001,12615844.310000001,9451768.2100000009,8770180.4299999997,null,null,"SMMLV"]
["Agentecondominioenlenguajedeseñascolombiana(Videollamada)AgenteprofesionalAgronomía,veterinariayafinesEnSitioHoraextradominicalyfestivoOroNA","IT-BPO-29-344","Agente con dominio en lenguaje de señas colombiana (Videollamada)","Agente profesional","Agronomía, veterinaria y afines","En Sitio","Hora extra dominical y festivo","Oro","NA","Hora",87577.22,104442.2,130936.82,68895.210000000006,92694.53,150189.10999999999,90225.68,61336.86,null,null,"SMMLV"]
["Agentecondominioenlenguajedeseñascolombiana(Videollamada)AgenteprofesionalAgronomía,veterinariayafinesEnSitioServicio7x24OroNA","IT-BPO-29-345","Agente con dominio en lenguaje de señas colombiana (Videollamada)","Agente profesional","Agronomía, veterinaria y afines","En Sitio","Servicio 7x24","Oro","NA","Mes 7x24",41858258.399999999,36206310.780000001,60230725.759999998,40528313.009999998,45555648.200000003,71537937.75,42715382.700000003,35347621.420000002,null,null,"SMMLV"]
["Agentecondominioenlenguajedeseñascolombiana(Videollamada)AgenteprofesionalAgronomía,veterinariayafinesEnSitioHoraextranocturna PlatinoNA","IT-BPO-29-348","Agente con dominio en lenguaje de señas colombiana (Videollamada)","Agente profesional","Agronomía, veterinaria y afines","En Sitio","Hora extra nocturna ","Platino","NA","Hora",80461.570000000007,73109.87,105619.32,60448.38,86429.15,106686.95,78947.47,54287.47,null,null,"SMMLV"]
["Agentecondominioenlenguajedeseñascolombiana(Videollamada)AgenteprofesionalAgronomía,veterinariayafinesEnSitioHoraextradominicalyfestivoPlatinoNA","IT-BPO-29-349","Agente con dominio en lenguaje de señas colombiana (Videollamada)","Agente profesional","Agronomía, veterinaria y afines","En Sitio","Hora extra dominical y festivo","Platino","NA","Hora",91956.09,104442.2,120707.33,68895.210000000006,94241.7,152409.76999999999,90225.68,62042.81,null,null,"SMMLV"]
["Agentecondominioenlenguajedeseñascolombiana(Videollamada)AgenteprofesionalAgronomía,veterinariayafinesEnlasinstalacionesdelaEntidadCompradoraJornadaOrdinariaOroNA","IT-BPO-29-351","Agente con dominio en lenguaje de señas colombiana (Videollamada)","Agente profesional","Agronomía, veterinaria y afines","En las instalaciones de la Entidad Compradora ","Jornada Ordinaria","Oro","NA","Mes",8581366.0800000001,9312372.75,15208260.09,9644106.2899999991,11905847.470000001,12463995.18,8516579.0199999996,8770180.4299999997,null,null,"SMMLV"]
["Agentecondominioenlenguajedeseñascolombiana(Videollamada)AgenteprofesionalAgronomía,veterinariayafinesEnlasinstalacionesdelaEntidadCompradoraHoraextradiurnaOroNA","IT-BPO-29-352","Agente con dominio en lenguaje de señas colombiana (Videollamada)","Agente profesional","Agronomía, veterinaria y afines","En las instalaciones de la Entidad Compradora ","Hora extra diurna","Oro","NA","Hora",51079.56,52221.65,82653.89,43555.82,58921.01,74190.63,55239.33,38335.51,null,null,"SMMLV"]
["Agentecondominioenlenguajedeseñascolombiana(Videollamada)AgenteprofesionalAgronomía,veterinariayafinesEnlasinstalacionesdelaEntidadCompradoraServicio7x24OroNA","IT-BPO-29-355","Agente con dominio en lenguaje de señas colombiana (Videollamada)","Agente profesional","Agronomía, veterinaria y afines","En las instalaciones de la Entidad Compradora ","Servicio 7x24","Oro","NA","Mes 7x24",42182028,35378076.869999997,60833033.789999999,40528313.009999998,44556719.799999997,70624893.900000006,41100823.890000001,35347621.420000002,null,null,"SMMLV"]
["Agentecondominioenlenguajedeseñascolombiana(Videollamada)AgenteprofesionalAgronomía,veterinariayafinesEnlasinstalacionesdelaEntidadCompradoraJornadaOrdinariaPlatinoNA","IT-BPO-29-356","Agente con dominio en lenguaje de señas colombiana (Videollamada)","Agente profesional","Agronomía, veterinaria y afines","En las instalaciones de la Entidad Compradora ","Jornada Ordinaria","Platino","NA","Mes",9010434.3800000008,9337351.8900000006,14020113.92,9644106.2899999991,11905847.470000001,12648236.6,8516579.0199999996,8853119.4600000009,null,null,"SMMLV"]
["Agentecondominioenlenguajedeseñascolombiana(Videollamada)AgenteprofesionalAgronomía,veterinariayafinesEnlasinstalacionesdelaEntidadCompradoraHoraextradominicalyfestivoPlatinoNA","IT-BPO-29-359","Agente con dominio en lenguaje de señas colombiana (Videollamada)","Agente profesional","Agronomía, veterinaria y afines","En las instalaciones de la Entidad Compradora ","Hora extra dominical y festivo","Platino","NA","Hora",85813.66,104442.2,121915.11,68895.210000000006,92792.77,150574.54999999999,88382.93,62042.81,null,null,"SMMLV"]
["Agentecondominioenlenguajedeseñascolombiana(Videollamada)AgenteprofesionalAgronomía,veterinariayafinesEnlasinstalacionesdelaEntidadCompradoraServicio7x24PlatinoNA","IT-BPO-29-360","Agente con dominio en lenguaje de señas colombiana (Videollamada)","Agente profesional","Agronomía, veterinaria y afines","En las instalaciones de la Entidad Compradora ","Servicio 7x24","Platino","NA","Mes 7x24",44291129.399999999,35466816.770000003,56080452.380000003,40528313.009999998,45715620.890000001,71668866.900000006,41100823.890000001,35734331.18,null,null,"SMMLV"]
["Agentecondominioenlenguajedeseñascolombiana(Videollamada)AgenteprofesionalAgronomía,veterinariayafinesFrontofficeconherramientaHoraextradiurnaOroNA","IT-BPO-29-362","Agente con dominio en lenguaje de señas colombiana (Videollamada)","Agente profesional","Agronomía, veterinaria y afines","Front office con herramienta","Hora extra diurna","Oro","NA","Hora",51079.56,52221.65,83064.509999999995,43555.82,59389.39,76481.37,56391.05,38335.51,null,null,"SMMLV"]
["Agentecondominioenlenguajedeseñascolombiana(Videollamada)AgenteprofesionalAgronomía,veterinariayafinesFrontofficeconherramientaHoraextranocturna OroNA","IT-BPO-29-363","Agente con dominio en lenguaje de señas colombiana (Videollamada)","Agente profesional","Agronomía, veterinaria y afines","Front office con herramienta","Hora extra nocturna ","Oro","NA","Hora",71511.38,73109.87,116289,60448.38,81074.36,107074.58,78947.47,53669.78,null,null,"SMMLV"]
["Agentecondominioenlenguajedeseñascolombiana(Videollamada)AgenteprofesionalAgronomía,veterinariayafinesFrontofficeconherramientaJornadaOrdinariaPlatinoNA","IT-BPO-29-366","Agente con dominio en lenguaje de señas colombiana (Videollamada)","Agente profesional","Agronomía, veterinaria y afines","Front office con herramienta","Jornada Ordinaria","Platino","NA","Mes",9010434.3800000008,9337351.8900000006,14089520.49,9644106.2899999991,11905847.470000001,13038773.82,8694146.5899999999,8853119.4600000009,null,null,"SMMLV"]
["Agentecondominioenlenguajedeseñascolombiana(Videollamada)AgenteprofesionalAgronomía,veterinariayafinesFrontofficeconherramientaHoraextradiurnaPlatinoNA","IT-BPO-29-367","Agente con dominio en lenguaje de señas colombiana (Videollamada)","Agente profesional","Agronomía, veterinaria y afines","Front office con herramienta","Hora extra diurna","Platino","NA","Hora",53633.54,52221.65,76574.45,43555.82,60989.95,77612.509999999995,56391.05,38776.69,null,null,"SMMLV"]
["Agentecondominioenlenguajedeseñascolombiana(Videollamada)AgenteprofesionalAgronomía,veterinariayafinesFrontofficeconherramientaServicio7x24PlatinoNA","IT-BPO-29-370","Agente con dominio en lenguaje de señas colombiana (Videollamada)","Agente profesional","Agronomía, veterinaria y afines","Front office con herramienta","Servicio 7x24","Platino","NA","Mes 7x24",40727364.299999997,35466816.770000003,56358078.68,40528313.009999998,47137446.890000001,73621553.030000001,41957761.079999998,35734331.18,null,null,"SMMLV"]
["Agentecondominioenlenguajedeseñascolombiana(Videollamada)AgenteprofesionalAgronomía,veterinariayafinesFrontofficesinherramientaJornadaOrdinariaOroNA","IT-BPO-29-371","Agente con dominio en lenguaje de señas colombiana (Videollamada)","Agente profesional","Agronomía, veterinaria y afines","Front office sin herramienta","Jornada Ordinaria","Oro","NA","Mes",8347001.04,8390798.8499999996,14752011.92,9644106.2899999991,11384312.699999999,12356132.210000001,8516579.0199999996,8770180.4299999997,null,null,"SMMLV"]
["Agentecondominioenlenguajedeseñascolombiana(Videollamada)AgenteprofesionalAgronomía,veterinariayafinesFrontofficesinherramientaHoraextradominicalyfestivoOroNA","IT-BPO-29-374","Agente con dominio en lenguaje de señas colombiana (Videollamada)","Agente profesional","Agronomía, veterinaria y afines","Front office sin herramienta","Hora extra dominical y festivo","Oro","NA","Hora",79495.25,104442.2,128279.25,68895.210000000006,91144.97,147096.82999999999,88382.93,61336.86,null,null,"SMMLV"]
["Agentecondominioenlenguajedeseñascolombiana(Videollamada)AgenteprofesionalAgronomía,veterinariayafinesFrontofficesinherramientaServicio7x24OroNA","IT-BPO-29-375","Agente con dominio en lenguaje de señas colombiana (Videollamada)","Agente profesional","Agronomía, veterinaria y afines","Front office sin herramienta","Servicio 7x24","Oro","NA","Mes 7x24",41010202.799999997,33763020.859999999,59008042.189999998,40528313.009999998,44591900.640000001,70085584.5,41100823.890000001,35347621.420000002,null,null,"SMMLV"]
["Agentecondominioenlenguajedeseñascolombiana(Videollamada)AgenteprofesionalAgronomía,veterinariayafinesFrontofficesinherramientaHoraextradiurnaPlatinoNA","IT-BPO-29-377","Agente con dominio en lenguaje de señas colombiana (Videollamada)","Agente profesional","Agronomía, veterinaria y afines","Front office sin herramienta","Hora extra diurna","Platino","NA","Hora",52168.76,52221.65,73911.41,43555.82,60176.38,74636.3,55239.33,38776.69,null,null,"SMMLV"]
["Agentecondominioenlenguajedeseñascolombiana(Videollamada)AgenteprofesionalAgronomía,veterinariayafinesFrontofficesinherramientaHoraextranocturna PlatinoNA","IT-BPO-29-378","Agente con dominio en lenguaje de señas colombiana (Videollamada)","Agente profesional","Agronomía, veterinaria y afines","Front office sin herramienta","Hora extra nocturna ","Platino","NA","Hora",73036.259999999995,73109.87,103475.31,60448.38,82593.88,104490.38,77335.06,54287.47,null,null,"SMMLV"]
["Agentecondominioenlenguajedeseñascolombiana(Videollamada)AgenteprofesionalCienciasdelaeducaciónyafinesEnSitioJornadaOrdinariaOroNA","IT-BPO-29-381","Agente con dominio en lenguaje de señas colombiana (Videollamada)","Agente profesional","Ciencias de la educación y afines","En Sitio","Jornada Ordinaria","Oro","NA","Mes",9195608.5199999996,9726489.7100000009,15057682.26,9644106.2899999991,11905847.470000001,12615844.310000001,9451768.2100000009,8770180.4299999997,null,null,"SMMLV"]
["Agentecondominioenlenguajedeseñascolombiana(Videollamada)AgenteprofesionalCienciasdelaeducaciónyafinesEnSitioHoraextradiurnaOroNA","IT-BPO-29-382","Agente con dominio en lenguaje de señas colombiana (Videollamada)","Agente profesional","Ciencias de la educación y afines","En Sitio","Hora extra diurna","Oro","NA","Hora",54735.77,52221.65,81835.92,43555.82,62548.09,75095.100000000006,56391.05,38335.51,null,null,"SMMLV"]
["Agentecondominioenlenguajedeseñascolombiana(Videollamada)AgenteprofesionalCienciasdelaeducaciónyafinesEnSitioServicio7x24OroNA","IT-BPO-29-385","Agente con dominio en lenguaje de señas colombiana (Videollamada)","Agente profesional","Ciencias de la educación y afines","En Sitio","Servicio 7x24","Oro","NA","Mes 7x24",41858258.399999999,36206310.780000001,60230725.759999998,40528313.009999998,45555648.200000003,71537937.75,42715382.700000003,35347621.420000002,null,null,"SMMLV"]
["Agentecondominioenlenguajedeseñascolombiana(Videollamada)AgenteprofesionalCienciasdelaeducaciónyafinesEnSitioJornadaOrdinariaPlatinoNA","IT-BPO-29-386","Agente con dominio en lenguaje de señas colombiana (Videollamada)","Agente profesional","Ciencias de la educación y afines","En Sitio","Jornada Ordinaria","Platino","NA","Mes",9655388.9499999993,9771188.6999999993,13881300.77,9644106.2899999991,11905847.470000001,12802331.57,9451768.2100000009,8853119.4600000009,null,null,"SMMLV"]
["Agentecondominioenlenguajedeseñascolombiana(Videollamada)AgenteprofesionalCienciasdelaeducaciónyafinesEnSitioHoraextranocturna PlatinoNA","IT-BPO-29-388","Agente con dominio en lenguaje de señas colombiana (Videollamada)","Agente profesional","Ciencias de la educación y afines","En Sitio","Hora extra nocturna ","Platino","NA","Hora",80461.570000000007,73109.87,105619.32,60448.38,86429.15,106686.95,78947.47,54287.47,null,null,"SMMLV"]
["Agentecondominioenlenguajedeseñascolombiana(Videollamada)AgenteprofesionalCienciasdelaeducaciónyafinesEnSitioHoraextradominicalyfestivoPlatinoNA","IT-BPO-29-389","Agente con dominio en lenguaje de señas colombiana (Videollamada)","Agente profesional","Ciencias de la educación y afines","En Sitio","Hora extra dominical y festivo","Platino","NA","Hora",91956.09,104442.2,120707.33,68895.210000000006,94241.7,152409.76999999999,90225.68,62042.81,null,null,"SMMLV"]
["Agentecondominioenlenguajedeseñascolombiana(Videollamada)AgenteprofesionalCienciasdelaeducaciónyafinesEnlasinstalacionesdelaEntidadCompradoraHoraextradiurnaOroNA","IT-BPO-29-392","Agente con dominio en lenguaje de señas colombiana (Videollamada)","Agente profesional","Ciencias de la educación y afines","En las instalaciones de la Entidad Compradora ","Hora extra diurna","Oro","NA","Hora",51079.56,52221.65,82653.89,43555.82,58921.01,74190.63,55239.33,38335.51,null,null,"SMMLV"]
["Agentecondominioenlenguajedeseñascolombiana(Videollamada)AgenteprofesionalCienciasdelaeducaciónyafinesEnlasinstalacionesdelaEntidadCompradoraHoraextranocturna OroNA","IT-BPO-29-393","Agente con dominio en lenguaje de señas colombiana (Videollamada)","Agente profesional","Ciencias de la educación y afines","En las instalaciones de la Entidad Compradora ","Hora extra nocturna ","Oro","NA","Hora",71511.38,73109.87,115715.22,60448.38,80586.429999999993,103867.32,77335.06,53669.78,null,null,"SMMLV"]
["Agentecondominioenlenguajedeseñascolombiana(Videollamada)AgenteprofesionalCienciasdelaeducaciónyafinesEnlasinstalacionesdelaEntidadCompradoraJornadaOrdinariaPlatinoNA","IT-BPO-29-396","Agente con dominio en lenguaje de señas colombiana (Videollamada)","Agente profesional","Ciencias de la educación y afines","En las instalaciones de la Entidad Compradora ","Jornada Ordinaria","Platino","NA","Mes",9010434.3800000008,9337351.8900000006,14020113.92,9644106.2899999991,11905847.470000001,12648236.6,8516579.0199999996,8853119.4600000009,null,null,"SMMLV"]
["Agentecondominioenlenguajedeseñascolombiana(Videollamada)AgenteprofesionalCienciasdelaeducaciónyafinesEnlasinstalacionesdelaEntidadCompradoraHoraextradiurnaPlatinoNA","IT-BPO-29-397","Agente con dominio en lenguaje de señas colombiana (Videollamada)","Agente profesional","Ciencias de la educación y afines","En las instalaciones de la Entidad Compradora ","Hora extra diurna","Platino","NA","Hora",53633.54,52221.65,76197.77,43555.82,60519.41,75287.820000000007,55239.33,38776.69,null,null,"SMMLV"]
["Agentecondominioenlenguajedeseñascolombiana(Videollamada)AgenteprofesionalCienciasdelaeducaciónyafinesEnlasinstalacionesdelaEntidadCompradoraHoraextradominicalyfestivoPlatinoNA","IT-BPO-29-399","Agente con dominio en lenguaje de señas colombiana (Videollamada)","Agente profesional","Ciencias de la educación y afines","En las instalaciones de la Entidad Compradora ","Hora extra dominical y festivo","Platino","NA","Hora",85813.66,104442.2,121915.11,68895.210000000006,92792.77,150574.54999999999,88382.93,62042.81,null,null,"SMMLV"]
["Agentecondominioenlenguajedeseñascolombiana(Videollamada)AgenteprofesionalCienciasdelaeducaciónyafinesEnlasinstalacionesdelaEntidadCompradoraServicio7x24PlatinoNA","IT-BPO-29-400","Agente con dominio en lenguaje de señas colombiana (Videollamada)","Agente profesional","Ciencias de la educación y afines","En las instalaciones de la Entidad Compradora ","Servicio 7x24","Platino","NA","Mes 7x24",44291129.399999999,35466816.770000003,56080452.380000003,40528313.009999998,45715620.890000001,71668866.900000006,41100823.890000001,35734331.18,null,null,"SMMLV"]
["Agentecondominioenlenguajedeseñascolombiana(Videollamada)AgenteprofesionalCienciasdelaeducaciónyafinesFrontofficeconherramientaHoraextranocturna OroNA","IT-BPO-29-403","Agente con dominio en lenguaje de señas colombiana (Videollamada)","Agente profesional","Ciencias de la educación y afines","Front office con herramienta","Hora extra nocturna ","Oro","NA","Hora",71511.38,73109.87,116289,60448.38,81074.36,107074.58,78947.47,53669.78,null,null,"SMMLV"]
["Agentecondominioenlenguajedeseñascolombiana(Videollamada)AgenteprofesionalCienciasdelaeducaciónyafinesFrontofficeconherramientaHoraextradominicalyfestivoOroNA","IT-BPO-29-404","Agente con dominio en lenguaje de señas colombiana (Videollamada)","Agente profesional","Ciencias de la educación y afines","Front office con herramienta","Hora extra dominical y festivo","Oro","NA","Hora",81727.3,104442.2,132901.25,68895.210000000006,91870.3,152962.74,90225.68,61336.86,null,null,"SMMLV"]
["Agentecondominioenlenguajedeseñascolombiana(Videollamada)AgenteprofesionalCienciasdelaeducaciónyafinesFrontofficeconherramientaHoraextradiurnaPlatinoNA","IT-BPO-29-407","Agente con dominio en lenguaje de señas colombiana (Videollamada)","Agente profesional","Ciencias de la educación y afines","Front office con herramienta","Hora extra diurna","Platino","NA","Hora",53633.54,52221.65,76574.45,43555.82,60989.95,77612.509999999995,56391.05,38776.69,null,null,"SMMLV"]
["Agentecondominioenlenguajedeseñascolombiana(Videollamada)AgenteprofesionalCienciasdelaeducaciónyafinesFrontofficeconherramientaHoraextranocturna PlatinoNA","IT-BPO-29-408","Agente con dominio en lenguaje de señas colombiana (Videollamada)","Agente profesional","Ciencias de la educación y afines","Front office con herramienta","Hora extra nocturna ","Platino","NA","Hora",75086.95,73109.87,107203.79,60448.38,83277.990000000005,108656.85,78947.47,54287.47,null,null,"SMMLV"]
["Agentecondominioenlenguajedeseñascolombiana(Videollamada)AgenteprofesionalCienciasdelaeducaciónyafinesFrontofficesinherramientaJornadaOrdinariaOroNA","IT-BPO-29-411","Agente con dominio en lenguaje de señas colombiana (Videollamada)","Agente profesional","Ciencias de la educación y afines","Front office sin herramienta","Jornada Ordinaria","Oro","NA","Mes",8347001.04,8390798.8499999996,14752011.92,9644106.2899999991,11384312.699999999,12356132.210000001,8516579.0199999996,8770180.4299999997,null,null,"SMMLV"]
["Agentecondominioenlenguajedeseñascolombiana(Videollamada)AgenteprofesionalCienciasdelaeducaciónyafinesFrontofficesinherramientaHoraextradiurnaOroNA","IT-BPO-29-412","Agente con dominio en lenguaje de señas colombiana (Videollamada)","Agente profesional","Ciencias de la educación y afines","Front office sin herramienta","Hora extra diurna","Oro","NA","Hora",49684.53,52221.65,80174.81,43555.82,58591.11,73548.960000000006,55239.33,38335.51,null,null,"SMMLV"]
["Agentecondominioenlenguajedeseñascolombiana(Videollamada)AgenteprofesionalCienciasdelaeducaciónyafinesFrontofficesinherramientaHoraextradominicalyfestivoOroNA","IT-BPO-29-414","Agente con dominio en lenguaje de señas colombiana (Videollamada)","Agente profesional","Ciencias de la educación y afines","Front office sin herramienta","Hora extra dominical y festivo","Oro","NA","Hora",79495.25,104442.2,128279.25,68895.210000000006,91144.97,147096.82999999999,88382.93,61336.86,null,null,"SMMLV"]
["Agentecondominioenlenguajedeseñascolombiana(Videollamada)AgenteprofesionalCienciasdelaeducaciónyafinesFrontofficesinherramientaServicio7x24OroNA","IT-BPO-29-415","Agente con dominio en lenguaje de señas colombiana (Videollamada)","Agente profesional","Ciencias de la educación y afines","Front office sin herramienta","Servicio 7x24","Oro","NA","Mes 7x24",41010202.799999997,33763020.859999999,59008042.189999998,40528313.009999998,44591900.640000001,70085584.5,41100823.890000001,35347621.420000002,null,null,"SMMLV"]
["Agentecondominioenlenguajedeseñascolombiana(Videollamada)AgenteprofesionalCienciasdelaeducaciónyafinesFrontofficesinherramientaHoraextranocturna PlatinoNA","IT-BPO-29-418","Agente con dominio en lenguaje de señas colombiana (Videollamada)","Agente profesional","Ciencias de la educación y afines","Front office sin herramienta","Hora extra nocturna ","Platino","NA","Hora",73036.259999999995,73109.87,103475.31,60448.38,82593.88,104490.38,77335.06,54287.47,null,null,"SMMLV"]
["Agentecondominioenlenguajedeseñascolombiana(Videollamada)AgenteprofesionalCienciasdelaeducaciónyafinesFrontofficesinherramientaHoraextradominicalyfestivoPlatinoNA","IT-BPO-29-419","Agente con dominio en lenguaje de señas colombiana (Videollamada)","Agente profesional","Ciencias de la educación y afines","Front office sin herramienta","Hora extra dominical y festivo","Platino","NA","Hora",83470.009999999995,104442.2,118257.81,68895.210000000006,92651.11,149271.5,88382.93,62042.81,null,null,"SMMLV"]
["Agentecondominioenlenguajedeseñascolombiana(Videollamada)AgenteespecializadoEconomía,administración,contaduríayafinesEnSitioHoraextradiurnaOroNA","IT-BPO-29-422","Agente con dominio en lenguaje de señas colombiana (Videollamada)","Agente especializado","Economía, administración, contaduría y afines","En Sitio","Hora extra diurna","Oro","NA","Hora",69506.22,68540.429999999993,102727.43,53177.58,81401.25,96731.21,73653.34,49805.86,null,null,"SMMLV"]
["Agentecondominioenlenguajedeseñascolombiana(Videollamada)AgenteespecializadoEconomía,administración,contaduríayafinesEnSitioHoraextranocturna OroNA","IT-BPO-29-423","Agente con dominio en lenguaje de señas colombiana (Videollamada)","Agente especializado","Economía, administración, contaduría y afines","En Sitio","Hora extra nocturna ","Oro","NA","Hora",97308.71,95955.95,143817.29999999999,73949.73,108811.29,135424.13,103114.68,69728.179999999993,null,null,"SMMLV"]
["Agentecondominioenlenguajedeseñascolombiana(Videollamada)AgenteespecializadoEconomía,administración,contaduríayafinesEnSitioServicio7x24OroNA","IT-BPO-29-425","Agente con dominio en lenguaje de señas colombiana (Videollamada)","Agente especializado","Economía, administración, contaduría y afines","En Sitio","Servicio 7x24","Oro","NA","Mes 7x24",54266360.399999999,46232761.5,75606239.430000007,52242121.5,58102203.170000002,92356006.579999998,55559390.159999996,45402075.119999997,null,null,"SMMLV"]
["Agentecondominioenlenguajedeseñascolombiana(Videollamada)AgenteespecializadoEconomía,administración,contaduríayafinesEnSitioJornadaOrdinariaPlatinoNA","IT-BPO-29-426","Agente con dominio en lenguaje de señas colombiana (Videollamada)","Agente especializado","Economía, administración, contaduría y afines","En Sitio","Jornada Ordinaria","Platino","NA","Mes",12260897.210000001,12277801.380000001,17424876.260000002,12137492.460000001,15463445.189999999,16491006.6,12113199.16,11009534.82,null,null,"SMMLV"]
["Agentecondominioenlenguajedeseñascolombiana(Videollamada)AgenteespecializadoEconomía,administración,contaduríayafinesEnSitioHoraextradominicalyfestivoPlatinoNA","IT-BPO-29-429","Agente con dominio en lenguaje de señas colombiana (Videollamada)","Agente especializado","Economía, administración, contaduría y afines","En Sitio","Hora extra dominical y festivo","Platino","NA","Hora",116770.45,137080.85999999999,151521.72,84335.81,123825.78,196322.55,117845.35,80395.23,null,null,"SMMLV"]
["Agentecondominioenlenguajedeseñascolombiana(Videollamada)AgenteespecializadoEconomía,administración,contaduríayafinesEnSitioServicio7x24PlatinoNA","IT-BPO-29-430","Agente con dominio en lenguaje de señas colombiana (Videollamada)","Agente especializado","Economía, administración, contaduría y afines","En Sitio","Servicio 7x24","Platino","NA","Mes 7x24",56979678.420000002,46354039.32,69699501.739999995,52242121.5,59642917,93721208.780000001,55559390.159999996,45788784.880000003,null,null,"SMMLV"]
["Agentecondominioenlenguajedeseñascolombiana(Videollamada)AgenteespecializadoEconomía,administración,contaduríayafinesEnlasinstalacionesdelaEntidadCompradoraHoraextranocturna OroNA","IT-BPO-29-433","Agente con dominio en lenguaje de señas colombiana (Videollamada)","Agente especializado","Economía, administración, contaduría y afines","En las instalaciones de la Entidad Compradora ","Hora extra nocturna ","Oro","NA","Hora",92191.55,95955.95,145255.04000000001,73949.73,105273.58,133679.79,101502.27,69728.179999999993,null,null,"SMMLV"]
["Agentecondominioenlenguajedeseñascolombiana(Videollamada)AgenteespecializadoEconomía,administración,contaduríayafinesEnlasinstalacionesdelaEntidadCompradoraHoraextradominicalyfestivoOroNA","IT-BPO-29-434","Agente con dominio en lenguaje de señas colombiana (Videollamada)","Agente especializado","Economía, administración, contaduría y afines","En las instalaciones de la Entidad Compradora ","Hora extra dominical y festivo","Oro","NA","Hora",105361.78,137080.85999999999,166006.38,84335.81,120370.04,190971.29,116002.59,79689.39,null,null,"SMMLV"]
["Agentecondominioenlenguajedeseñascolombiana(Videollamada)AgenteespecializadoEconomía,administración,contaduríayafinesEnlasinstalacionesdelaEntidadCompradoraJornadaOrdinariaPlatinoNA","IT-BPO-29-436","Agente con dominio en lenguaje de señas colombiana (Videollamada)","Agente especializado","Economía, administración, contaduría y afines","En las instalaciones de la Entidad Compradora ","Jornada Ordinaria","Platino","NA","Mes",11616135.800000001,11843964.57,17599124.699999999,12137492.460000001,15463445.189999999,16278685.01,11178009.970000001,11009534.82,null,null,"SMMLV"]
["Agentecondominioenlenguajedeseñascolombiana(Videollamada)AgenteespecializadoEconomía,administración,contaduríayafinesEnlasinstalacionesdelaEntidadCompradoraHoraextradiurnaPlatinoNA","IT-BPO-29-437","Agente con dominio en lenguaje de señas colombiana (Videollamada)","Agente especializado","Economía, administración, contaduría y afines","En las instalaciones de la Entidad Compradora ","Hora extra diurna","Platino","NA","Hora",69143.67,68540.429999999993,95648.25,53177.58,78919.66,96897.65,72501.62,50247.03,null,null,"SMMLV"]
["Agentecondominioenlenguajedeseñascolombiana(Videollamada)AgenteespecializadoEconomía,administración,contaduríayafinesEnlasinstalacionesdelaEntidadCompradoraServicio7x24PlatinoNA","IT-BPO-29-440","Agente con dominio en lenguaje de señas colombiana (Videollamada)","Agente especializado","Economía, administración, contaduría y afines","En las instalaciones de la Entidad Compradora ","Servicio 7x24","Platino","NA","Mes 7x24",57319636.5,45493267.490000002,70396497.709999993,52242121.5,58602614.68,92454764.629999995,53944831.350000001,45788784.880000003,null,null,"SMMLV"]
["Agentecondominioenlenguajedeseñascolombiana(Videollamada)AgenteespecializadoEconomía,administración,contaduríayafinesFrontofficeconherramientaJornadaOrdinariaOroNA","IT-BPO-29-441","Agente con dominio en lenguaje de señas colombiana (Videollamada)","Agente especializado","Economía, administración, contaduría y afines","Front office con herramienta","Jornada Ordinaria","Oro","NA","Mes",11062986.48,11818985.43,19185083.280000001,12137492.460000001,15463445.189999999,16512133.529999999,11355577.539999999,10926595.689999999,null,null,"SMMLV"]
["Agentecondominioenlenguajedeseñascolombiana(Videollamada)AgenteespecializadoEconomía,administración,contaduríayafinesFrontofficeconherramientaHoraextradominicalyfestivoOroNA","IT-BPO-29-444","Agente con dominio en lenguaje de señas colombiana (Videollamada)","Agente especializado","Economía, administración, contaduría y afines","Front office con herramienta","Hora extra dominical y festivo","Oro","NA","Hora",105361.78,137080.85999999999,166827.63,84335.81,121002.45,196573.31,117845.35,79689.39,null,null,"SMMLV"]
["Agentecondominioenlenguajedeseñascolombiana(Videollamada)AgenteespecializadoEconomía,administración,contaduríayafinesFrontofficeconherramientaServicio7x24OroNA","IT-BPO-29-445","Agente con dominio en lenguaje de señas colombiana (Videollamada)","Agente especializado","Economía, administración, contaduría y afines","Front office con herramienta","Servicio 7x24","Oro","NA","Mes 7x24",51195148.200000003,45404527.590000004,76740333.120000005,52242121.5,58481144.109999999,93460878,54801768.539999999,45402075.119999997,null,null,"SMMLV"]
["Agentecondominioenlenguajedeseñascolombiana(Videollamada)AgenteespecializadoEconomía,administración,contaduríayafinesFrontofficeconherramientaHoraextradiurnaPlatinoNA","IT-BPO-29-447","Agente con dominio en lenguaje de señas colombiana (Videollamada)","Agente especializado","Economía, administración, contaduría y afines","Front office con herramienta","Hora extra diurna","Platino","NA","Hora",69143.67,68540.429999999993,96122.39,53177.58,79388.97,99740.27,73653.34,50247.03,null,null,"SMMLV"]
["Agentecondominioenlenguajedeseñascolombiana(Videollamada)AgenteespecializadoEconomía,administración,contaduríayafinesFrontofficeconherramientaHoraextranocturna PlatinoNA","IT-BPO-29-448","Agente con dominio en lenguaje de señas colombiana (Videollamada)","Agente especializado","Economía, administración, contaduría y afines","Front office con herramienta","Hora extra nocturna ","Platino","NA","Hora",96801.13,95955.95,134570.03,73949.73,108679.78,139635.5,103114.68,70345.87,null,null,"SMMLV"]
["Agentecondominioenlenguajedeseñascolombiana(Videollamada)AgenteespecializadoEconomía,administración,contaduríayafinesFrontofficesinherramientaJornadaOrdinariaOroNA","IT-BPO-29-451","Agente con dominio en lenguaje de señas colombiana (Videollamada)","Agente especializado","Economía, administración, contaduría y afines","Front office sin herramienta","Jornada Ordinaria","Oro","NA","Mes",10828437.48,10897411.529999999,18517859.27,12137492.460000001,14941910.41,16019422.949999999,11178009.970000001,10926595.689999999,null,null,"SMMLV"]
["Agentecondominioenlenguajedeseñascolombiana(Videollamada)AgenteespecializadoEconomía,administración,contaduríayafinesFrontofficesinherramientaHoraextradiurnaOroNA","IT-BPO-29-452","Agente con dominio en lenguaje de señas colombiana (Videollamada)","Agente especializado","Economía, administración, contaduría y afines","Front office sin herramienta","Hora extra diurna","Oro","NA","Hora",64454.99,68540.429999999993,100641.45,53177.58,76506.41,95354.79,72501.62,49805.86,null,null,"SMMLV"]
["Agentecondominioenlenguajedeseñascolombiana(Videollamada)AgenteespecializadoEconomía,administración,contaduríayafinesFrontofficesinherramientaServicio7x24OroNA","IT-BPO-29-455","Agente con dominio en lenguaje de señas colombiana (Videollamada)","Agente especializado","Economía, administración, contaduría y afines","Front office sin herramienta","Servicio 7x24","Oro","NA","Mes 7x24",53417385,43789471.579999998,74071432.680000007,52242121.5,57137184.109999999,90997325.099999994,53944831.350000001,45402075.119999997,null,null,"SMMLV"]
["Agentecondominioenlenguajedeseñascolombiana(Videollamada)AgenteespecializadoEconomía,administración,contaduríayafinesFrontofficesinherramientaJornadaOrdinariaPlatinoNA","IT-BPO-29-456","Agente con dominio en lenguaje de señas colombiana (Videollamada)","Agente especializado","Economía, administración, contaduría y afines","Front office sin herramienta","Jornada Ordinaria","Platino","NA","Mes",11369859.35,10901354.630000001,17071150.739999998,12137492.460000001,14941910.41,16256222.18,11178009.970000001,11009534.82,null,null,"SMMLV"]
["Agentecondominioenlenguajedeseñascolombiana(Videollamada)AgenteespecializadoEconomía,administración,contaduríayafinesFrontofficesinherramientaHoraextradominicalyfestivoPlatinoNA","IT-BPO-29-459","Agente con dominio en lenguaje de señas colombiana (Videollamada)","Agente especializado","Economía, administración, contaduría y afines","Front office sin herramienta","Hora extra dominical y festivo","Platino","NA","Hora",108284.37,137080.85999999999,148445.87,84335.81,122317.61,193527.02,116002.59,80395.23,null,null,"SMMLV"]
["Agentecondominioenlenguajedeseñascolombiana(Videollamada)AgenteespecializadoEconomía,administración,contaduríayafinesFrontofficesinherramientaServicio7x24PlatinoNA","IT-BPO-29-460","Agente con dominio en lenguaje de señas colombiana (Videollamada)","Agente especializado","Economía, administración, contaduría y afines","Front office sin herramienta","Servicio 7x24","Platino","NA","Mes 7x24",56088254.25,43801304.149999999,68284601.870000005,52242121.5,58633314.390000001,92342445,53944831.350000001,45788784.880000003,null,null,"SMMLV"]
["Agentecondominioenlenguajedeseñascolombiana(Videollamada)AgenteespecializadoCienciassociales,humanasyafinesEnSitioHoraextradiurnaOroNA","IT-BPO-29-462","Agente con dominio en lenguaje de señas colombiana (Videollamada)","Agente especializado","Ciencias sociales, humanas y afines","En Sitio","Hora extra diurna","Oro","NA","Hora",69506.22,68540.429999999993,102727.43,53177.58,74494.89,96731.21,73653.34,49805.86,null,null,"SMMLV"]
["Agentecondominioenlenguajedeseñascolombiana(Videollamada)AgenteespecializadoCienciassociales,humanasyafinesEnSitioHoraextranocturna OroNA","IT-BPO-29-463","Agente con dominio en lenguaje de señas colombiana (Videollamada)","Agente especializado","Ciencias sociales, humanas y afines","En Sitio","Hora extra nocturna ","Oro","NA","Hora",97308.71,95955.95,143817.29999999999,73949.73,99579.37,135424.13,103114.68,69728.179999999993,null,null,"SMMLV"]
[{"$f":"SUBSTITUTE(C2626&D2626&E2626&F2626&G2626&H2626&I2626,\" \",\"\")","v":"Agentecondominioenlenguajedeseñascolombiana(Videollamada)AgenteespecializadoCienciassociales,humanasyafinesEnSitioJornadaOrdinariaPlatinoNA"},"IT-BPO-29-466","Agente con dominio en lenguaje de señas colombiana (Videollamada)","Agente especializado","Ciencias sociales, humanas y afines","En Sitio","Jornada Ordinaria","Platino","NA","Mes",12260897.210000001,12277801.380000001,17424876.260000002,12137492.460000001,15463445.189999999,16491006.6,12113199.16,11009534.82,null,null,"SMMLV"]
["Agentecondominioenlenguajedeseñascolombiana(Videollamada)AgenteespecializadoCienciassociales,humanasyafinesEnSitioHoraextradiurnaPlatinoNA","IT-BPO-29-467","Agente con dominio en lenguaje de señas colombiana (Videollamada)","Agente especializado","Ciencias sociales, humanas y afines","En Sitio","Hora extra diurna","Platino","NA","Hora",72981.53,68540.429999999993,94701.08,53177.58,76012.070000000007,98161.279999999999,73653.34,50247.03,null,null,"SMMLV"]
["Agentecondominioenlenguajedeseñascolombiana(Videollamada)AgenteespecializadoCienciassociales,humanasyafinesEnSitioServicio7x24PlatinoNA","IT-BPO-29-470","Agente con dominio en lenguaje de señas colombiana (Videollamada)","Agente especializado","Ciencias sociales, humanas y afines","En Sitio","Servicio 7x24","Platino","NA","Mes 7x24",56979678.420000002,46354039.32,69699501.739999995,52242121.5,54583423.340000004,93721208.780000001,55559390.159999996,45788784.880000003,null,null,"SMMLV"]
["Agentecondominioenlenguajedeseñascolombiana(Videollamada)AgenteespecializadoCienciassociales,humanasyafinesEnlasinstalacionesdelaEntidadCompradoraJornadaOrdinariaOroNA","IT-BPO-29-471","Agente con dominio en lenguaje de señas colombiana (Videollamada)","Agente especializado","Ciencias sociales, humanas y afines","En las instalaciones de la Entidad Compradora ","Jornada Ordinaria","Oro","NA","Mes",11062986.48,11818985.43,19090577.120000001,12137492.460000001,15463445.189999999,16041559.470000001,11178009.970000001,10926595.689999999,null,null,"SMMLV"]
["Agentecondominioenlenguajedeseñascolombiana(Videollamada)AgenteespecializadoCienciassociales,humanasyafinesEnlasinstalacionesdelaEntidadCompradoraHoraextranocturna OroNA","IT-BPO-29-473","Agente con dominio en lenguaje de señas colombiana (Videollamada)","Agente especializado","Ciencias sociales, humanas y afines","En las instalaciones de la Entidad Compradora ","Hora extra nocturna ","Oro","NA","Hora",92191.55,95955.95,145255.04000000001,73949.73,96341.81,133679.79,101502.27,69728.179999999993,null,null,"SMMLV"]
["Agentecondominioenlenguajedeseñascolombiana(Videollamada)AgenteespecializadoCienciassociales,humanasyafinesEnlasinstalacionesdelaEntidadCompradoraHoraextradominicalyfestivoOroNA","IT-BPO-29-474","Agente con dominio en lenguaje de señas colombiana (Videollamada)","Agente especializado","Ciencias sociales, humanas y afines","En las instalaciones de la Entidad Compradora ","Hora extra dominical y festivo","Oro","NA","Hora",105361.78,137080.85999999999,166006.38,84335.81,110157.44,190971.29,116002.59,79689.39,null,null,"SMMLV"]
["Agentecondominioenlenguajedeseñascolombiana(Videollamada)AgenteespecializadoCienciassociales,humanasyafinesEnlasinstalacionesdelaEntidadCompradoraHoraextradiurnaPlatinoNA","IT-BPO-29-477","Agente con dominio en lenguaje de señas colombiana (Videollamada)","Agente especializado","Ciencias sociales, humanas y afines","En las instalaciones de la Entidad Compradora ","Hora extra diurna","Platino","NA","Hora",69143.67,68540.429999999993,95648.25,53177.58,72223.850000000006,96897.65,72501.62,50247.03,null,null,"SMMLV"]
["Agentecondominioenlenguajedeseñascolombiana(Videollamada)AgenteespecializadoCienciassociales,humanasyafinesEnlasinstalacionesdelaEntidadCompradoraHoraextranocturna PlatinoNA","IT-BPO-29-478","Agente con dominio en lenguaje de señas colombiana (Videollamada)","Agente especializado","Ciencias sociales, humanas y afines","En las instalaciones de la Entidad Compradora ","Hora extra nocturna ","Platino","NA","Hora",96801.13,95955.95,133907.54999999999,73949.73,98989.02,135656.26999999999,101502.27,70345.87,null,null,"SMMLV"]
["Agentecondominioenlenguajedeseñascolombiana(Videollamada)AgenteespecializadoCienciassociales,humanasyafinesFrontofficeconherramientaJornadaOrdinariaOroNA","IT-BPO-29-481","Agente con dominio en lenguaje de señas colombiana (Videollamada)","Agente especializado","Ciencias sociales, humanas y afines","Front office con herramienta","Jornada Ordinaria","Oro","NA","Mes",11062986.48,11818985.43,19185083.280000001,12137492.460000001,15463445.189999999,16512133.529999999,11355577.539999999,10926595.689999999,null,null,"SMMLV"]
["Agentecondominioenlenguajedeseñascolombiana(Videollamada)AgenteespecializadoCienciassociales,humanasyafinesFrontofficeconherramientaHoraextradiurnaOroNA","IT-BPO-29-482","Agente con dominio en lenguaje de señas colombiana (Videollamada)","Agente especializado","Ciencias sociales, humanas y afines","Front office con herramienta","Hora extra diurna","Oro","NA","Hora",65851.11,68540.429999999993,104268.09,53177.58,77286.7,98287.2,73653.34,49805.86,null,null,"SMMLV"]
["Agentecondominioenlenguajedeseñascolombiana(Videollamada)AgenteespecializadoCienciassociales,humanasyafinesFrontofficeconherramientaHoraextradominicalyfestivoOroNA","IT-BPO-29-484","Agente con dominio en lenguaje de señas colombiana (Videollamada)","Agente especializado","Ciencias sociales, humanas y afines","Front office con herramienta","Hora extra dominical y festivo","Oro","NA","Hora",105361.78,137080.85999999999,166827.63,84335.81,121002.45,196573.31,117845.35,79689.39,null,null,"SMMLV"]
["Agentecondominioenlenguajedeseñascolombiana(Videollamada)AgenteespecializadoCienciassociales,humanasyafinesFrontofficeconherramientaServicio7x24OroNA","IT-BPO-29-485","Agente con dominio en lenguaje de señas colombiana (Videollamada)","Agente especializado","Ciencias sociales, humanas y afines","Front office con herramienta","Servicio 7x24","Oro","NA","Mes 7x24",51195148.200000003,45404527.590000004,76740333.120000005,52242121.5,58481144.109999999,93460878,54801768.539999999,45402075.119999997,null,null,"SMMLV"]
["Agentecondominioenlenguajedeseñascolombiana(Videollamada)AgenteespecializadoCienciassociales,humanasyafinesFrontofficeconherramientaHoraextranocturna PlatinoNA","IT-BPO-29-488","Agente con dominio en lenguaje de señas colombiana (Videollamada)","Agente especializado","Ciencias sociales, humanas y afines","Front office con herramienta","Hora extra nocturna ","Platino","NA","Hora",96801.13,95955.95,134570.03,73949.73,108679.78,139635.5,103114.68,70345.87,null,null,"SMMLV"]
["Agentecondominioenlenguajedeseñascolombiana(Videollamada)AgenteespecializadoCienciassociales,humanasyafinesFrontofficeconherramientaHoraextradominicalyfestivoPlatinoNA","IT-BPO-29-489","Agente con dominio en lenguaje de señas colombiana (Videollamada)","Agente especializado","Ciencias sociales, humanas y afines","Front office con herramienta","Hora extra dominical y festivo","Platino","NA","Hora",110629.86,137080.85999999999,153793.85,84335.81,123015.1,199479.44,117845.35,80395.23,null,null,"SMMLV"]
["Agentecondominioenlenguajedeseñascolombiana(Videollamada)AgenteespecializadoCienciassociales,humanasyafinesFrontofficesinherramientaHoraextradiurnaOroNA","IT-BPO-29-492","Agente con dominio en lenguaje de señas colombiana (Videollamada)","Agente especializado","Ciencias sociales, humanas y afines","Front office sin herramienta","Hora extra diurna","Oro","NA","Hora",64454.99,68540.429999999993,100641.45,53177.58,76506.41,95354.79,72501.62,49805.86,null,null,"SMMLV"]
["Agentecondominioenlenguajedeseñascolombiana(Videollamada)AgenteespecializadoCienciassociales,humanasyafinesFrontofficesinherramientaHoraextranocturna OroNA","IT-BPO-29-493","Agente con dominio en lenguaje de señas colombiana (Videollamada)","Agente especializado","Ciencias sociales, humanas y afines","Front office sin herramienta","Hora extra nocturna ","Oro","NA","Hora",90236.98,95955.95,140898.03,73949.73,105141.19,133495.82999999999,101502.27,69728.179999999993,null,null,"SMMLV"]
["Agentecondominioenlenguajedeseñascolombiana(Videollamada)AgenteespecializadoCienciassociales,humanasyafinesFrontofficesinherramientaJornadaOrdinariaPlatinoNA","IT-BPO-29-496","Agente con dominio en lenguaje de señas colombiana (Videollamada)","Agente especializado","Ciencias sociales, humanas y afines","Front office sin herramienta","Jornada Ordinaria","Platino","NA","Mes",11369859.35,10901354.630000001,17071150.739999998,12137492.460000001,14941910.41,16256222.18,11178009.970000001,11009534.82,null,null,"SMMLV"]
["Agentecondominioenlenguajedeseñascolombiana(Videollamada)AgenteespecializadoCienciassociales,humanasyafinesFrontofficesinherramientaHoraextradiurnaPlatinoNA","IT-BPO-29-497","Agente con dominio en lenguaje de señas colombiana (Videollamada)","Agente especializado","Ciencias sociales, humanas y afines","Front office sin herramienta","Hora extra diurna","Platino","NA","Hora",67677.73,68540.429999999993,92779.35,53177.58,78593.429999999993,96764.06,72501.62,50247.03,null,null,"SMMLV"]
["Agentecondominioenlenguajedeseñascolombiana(Videollamada)AgenteespecializadoCienciassociales,humanasyafinesFrontofficesinherramientaHoraextradominicalyfestivoPlatinoNA","IT-BPO-29-499","Agente con dominio en lenguaje de señas colombiana (Videollamada)","Agente especializado","Ciencias sociales, humanas y afines","Front office sin herramienta","Hora extra dominical y festivo","Platino","NA","Hora",108284.37,137080.85999999999,148445.87,84335.81,122317.61,193527.02,116002.59,80395.23,null,null,"SMMLV"]
["Agentecondominioenlenguajedeseñascolombiana(Videollamada)AgenteespecializadoCienciassociales,humanasyafinesFrontofficesinherramientaServicio7x24PlatinoNA","IT-BPO-29-500","Agente con dominio en lenguaje de señas colombiana (Videollamada)","Agente especializado","Ciencias sociales, humanas y afines","Front office sin herramienta","Servicio 7x24","Platino","NA","Mes 7x24",56088254.25,43801304.149999999,68284601.870000005,52242121.5,58633314.390000001,92342445,53944831.350000001,45788784.880000003,null,null,"SMMLV"]
["Agentecondominioenlenguajedeseñascolombiana(Videollamada)AgenteespecializadoIngeniería,arquitectura,urbanismoyafinesEnSitioHoraextranocturna OroNA","IT-BPO-29-503","Agente con dominio en lenguaje de señas colombiana (Videollamada)","Agente especializado","Ingeniería, arquitectura, urbanismo y afines","En Sitio","Hora extra nocturna ","Oro","NA","Hora",97308.71,95955.95,143817.29999999999,73949.73,108811.29,135424.13,103114.68,69728.179999999993,null,null,"SMMLV"]
["Agentecondominioenlenguajedeseñascolombiana(Videollamada)AgenteespecializadoIngeniería,arquitectura,urbanismoyafinesEnSitioHoraextradominicalyfestivoOroNA","IT-BPO-29-504","Agente con dominio en lenguaje de señas colombiana (Videollamada)","Agente especializado","Ingeniería, arquitectura, urbanismo y afines","En Sitio","Hora extra dominical y festivo","Oro","NA","Hora",111209.95,137080.85999999999,164361.69,84335.81,121789.68,193462.41,117845.35,79689.39,null,null,"SMMLV"]
["Agentecondominioenlenguajedeseñascolombiana(Videollamada)AgenteespecializadoIngeniería,arquitectura,urbanismoyafinesEnSitioHoraextradiurnaPlatinoNA","IT-BPO-29-507","Agente con dominio en lenguaje de señas colombiana (Videollamada)","Agente especializado","Ingeniería, arquitectura, urbanismo y afines","En Sitio","Hora extra diurna","Platino","NA","Hora",72981.53,68540.429999999993,94701.08,53177.58,83059.100000000006,98161.279999999999,73653.34,50247.03,null,null,"SMMLV"]
["Agentecondominioenlenguajedeseñascolombiana(Videollamada)AgenteespecializadoIngeniería,arquitectura,urbanismoyafinesEnSitioHoraextranocturna PlatinoNA","IT-BPO-29-508","Agente con dominio en lenguaje de señas colombiana (Videollamada)","Agente especializado","Ingeniería, arquitectura, urbanismo y afines","En Sitio","Hora extra nocturna ","Platino","NA","Hora",102174.14,95955.95,132582.6,73949.73,110968.82,137425.79,103114.68,70345.87,null,null,"SMMLV"]
["Agentecondominioenlenguajedeseñascolombiana(Videollamada)AgenteespecializadoIngeniería,arquitectura,urbanismoyafinesEnSitioServicio7x24PlatinoNA","IT-BPO-29-510","Agente con dominio en lenguaje de señas colombiana (Videollamada)","Agente especializado","Ingeniería, arquitectura, urbanismo y afines","En Sitio","Servicio 7x24","Platino","NA","Mes 7x24",56979678.420000002,46354039.32,69699501.739999995,52242121.5,59641576.630000003,93721208.780000001,55559390.159999996,45788784.880000003,null,null,"SMMLV"]
["Agentecondominioenlenguajedeseñascolombiana(Videollamada)AgenteespecializadoIngeniería,arquitectura,urbanismoyafinesEnlasinstalacionesdelaEntidadCompradoraJornadaOrdinariaOroNA","IT-BPO-29-511","Agente con dominio en lenguaje de señas colombiana (Videollamada)","Agente especializado","Ingeniería, arquitectura, urbanismo y afines","En las instalaciones de la Entidad Compradora ","Jornada Ordinaria","Oro","NA","Mes",11062986.48,11818985.43,19090577.120000001,12137492.460000001,15463445.189999999,16041559.470000001,11178009.970000001,10926595.689999999,null,null,"SMMLV"]
["Agentecondominioenlenguajedeseñascolombiana(Videollamada)AgenteespecializadoIngeniería,arquitectura,urbanismoyafinesEnlasinstalacionesdelaEntidadCompradoraHoraextradominicalyfestivoOroNA","IT-BPO-29-514","Agente con dominio en lenguaje de señas colombiana (Videollamada)","Agente especializado","Ingeniería, arquitectura, urbanismo y afines","En las instalaciones de la Entidad Compradora ","Hora extra dominical y festivo","Oro","NA","Hora",105361.78,137080.85999999999,166006.38,84335.81,120370.04,190971.29,116002.59,79689.39,null,null,"SMMLV"]
["Agentecondominioenlenguajedeseñascolombiana(Videollamada)AgenteespecializadoIngeniería,arquitectura,urbanismoyafinesEnlasinstalacionesdelaEntidadCompradoraServicio7x24OroNA","IT-BPO-29-515","Agente con dominio en lenguaje de señas colombiana (Videollamada)","Agente especializado","Ingeniería, arquitectura, urbanismo y afines","En las instalaciones de la Entidad Compradora ","Servicio 7x24","Oro","NA","Mes 7x24",54590130,45404527.590000004,76362301.890000001,52242121.5,57102165.170000002,91108007.700000003,53944831.350000001,45402075.119999997,null,null,"SMMLV"]
["Agentecondominioenlenguajedeseñascolombiana(Videollamada)AgenteespecializadoIngeniería,arquitectura,urbanismoyafinesEnlasinstalacionesdelaEntidadCompradoraHoraextranocturna PlatinoNA","IT-BPO-29-518","Agente con dominio en lenguaje de señas colombiana (Videollamada)","Agente especializado","Ingeniería, arquitectura, urbanismo y afines","En las instalaciones de la Entidad Compradora ","Hora extra nocturna ","Platino","NA","Hora",96801.13,95955.95,133907.54999999999,73949.73,108166.21,135656.26999999999,101502.27,70345.87,null,null,"SMMLV"]
["Agentecondominioenlenguajedeseñascolombiana(Videollamada)AgenteespecializadoIngeniería,arquitectura,urbanismoyafinesEnlasinstalacionesdelaEntidadCompradoraHoraextradominicalyfestivoPlatinoNA","IT-BPO-29-519","Agente con dominio en lenguaje de señas colombiana (Videollamada)","Agente especializado","Ingeniería, arquitectura, urbanismo y afines","En las instalaciones de la Entidad Compradora ","Hora extra dominical y festivo","Platino","NA","Hora",110629.86,137080.85999999999,153037.20000000001,84335.81,122377.94,193794.2,116002.59,80395.23,null,null,"SMMLV"]
["Agentecondominioenlenguajedeseñascolombiana(Videollamada)AgenteespecializadoIngeniería,arquitectura,urbanismoyafinesFrontofficeconherramientaJornadaOrdinariaOroNA","IT-BPO-29-521","Agente con dominio en lenguaje de señas colombiana (Videollamada)","Agente especializado","Ingeniería, arquitectura, urbanismo y afines","Front office con herramienta","Jornada Ordinaria","Oro","NA","Mes",11062986.48,11818985.43,19185083.280000001,12137492.460000001,15463445.189999999,16512133.529999999,11355577.539999999,10926595.689999999,null,null,"SMMLV"]
["Agentecondominioenlenguajedeseñascolombiana(Videollamada)AgenteespecializadoIngeniería,arquitectura,urbanismoyafinesFrontofficeconherramientaHoraextradiurnaOroNA","IT-BPO-29-522","Agente con dominio en lenguaje de señas colombiana (Videollamada)","Agente especializado","Ingeniería, arquitectura, urbanismo y afines","Front office con herramienta","Hora extra diurna","Oro","NA","Hora",65851.11,68540.429999999993,104268.09,53177.58,77286.7,98287.2,73653.34,49805.86,null,null,"SMMLV"]
["Agentecondominioenlenguajedeseñascolombiana(Videollamada)AgenteespecializadoIngeniería,arquitectura,urbanismoyafinesFrontofficeconherramientaServicio7x24OroNA","IT-BPO-29-525","Agente con dominio en lenguaje de señas colombiana (Videollamada)","Agente especializado","Ingeniería, arquitectura, urbanismo y afines","Front office con herramienta","Servicio 7x24","Oro","NA","Mes 7x24",51195148.200000003,45404527.590000004,76740333.120000005,52242121.5,58481144.109999999,93460878,54801768.539999999,45402075.119999997,null,null,"SMMLV"]
["Agentecondominioenlenguajedeseñascolombiana(Videollamada)AgenteespecializadoIngeniería,arquitectura,urbanismoyafinesFrontofficeconherramientaJornadaOrdinariaPlatinoNA","IT-BPO-29-526","Agente con dominio en lenguaje de señas colombiana (Videollamada)","Agente especializado","Ingeniería, arquitectura, urbanismo y afines","Front office con herramienta","Jornada Ordinaria","Platino","NA","Mes",11616135.800000001,11843964.57,17686249.469999999,12137492.460000001,15463445.189999999,16756215.6,11355577.539999999,11009534.82,null,null,"SMMLV"]
["Agentecondominioenlenguajedeseñascolombiana(Videollamada)AgenteespecializadoIngeniería,arquitectura,urbanismoyafinesFrontofficeconherramientaHoraextradominicalyfestivoPlatinoNA","IT-BPO-29-529","Agente con dominio en lenguaje de señas colombiana (Videollamada)","Agente especializado","Ingeniería, arquitectura, urbanismo y afines","Front office con herramienta","Hora extra dominical y festivo","Platino","NA","Hora",110629.86,137080.85999999999,153793.85,84335.81,123015.1,199479.44,117845.35,80395.23,null,null,"SMMLV"]
[{"$f":"SUBSTITUTE(C2690&D2690&E2690&F2690&G2690&H2690&I2690,\" \",\"\")","v":"Agentecondominioenlenguajedeseñascolombiana(Videollamada)AgenteespecializadoIngeniería,arquitectura,urbanismoyafinesFrontofficeconherramientaServicio7x24PlatinoNA"},"IT-BPO-29-530","Agente con dominio en lenguaje de señas colombiana (Videollamada)","Agente especializado","Ingeniería, arquitectura, urbanismo y afines","Front office con herramienta","Servicio 7x24","Platino","NA","Mes 7x24",53754905.609999999,45493267.490000002,70744994.599999994,52242121.5,57274475.340000004,94842412.129999995,54801768.539999999,45788784.880000003,null,null,"SMMLV"]
["Agentecondominioenlenguajedeseñascolombiana(Videollamada)AgenteespecializadoIngeniería,arquitectura,urbanismoyafinesFrontofficesinherramientaHoraextranocturna OroNA","IT-BPO-29-533","Agente con dominio en lenguaje de señas colombiana (Videollamada)","Agente especializado","Ingeniería, arquitectura, urbanismo y afines","Front office sin herramienta","Hora extra nocturna ","Oro","NA","Hora",90236.98,95955.95,140898.03,73949.73,105141.19,133495.82999999999,101502.27,69728.179999999993,null,null,"SMMLV"]
["Agentecondominioenlenguajedeseñascolombiana(Videollamada)AgenteespecializadoIngeniería,arquitectura,urbanismoyafinesFrontofficesinherramientaHoraextradominicalyfestivoOroNA","IT-BPO-29-534","Agente con dominio en lenguaje de señas colombiana (Videollamada)","Agente especializado","Ingeniería, arquitectura, urbanismo y afines","Front office sin herramienta","Hora extra dominical y festivo","Oro","NA","Hora",103127.98,137080.85999999999,161025.23000000001,84335.81,120320.7,190708.49,116002.59,79689.39,null,null,"SMMLV"]
["Agentecondominioenlenguajedeseñascolombiana(Videollamada)AgenteespecializadoIngeniería,arquitectura,urbanismoyafinesFrontofficesinherramientaJornadaOrdinariaPlatinoNA","IT-BPO-29-536","Agente con dominio en lenguaje de señas colombiana (Videollamada)","Agente especializado","Ingeniería, arquitectura, urbanismo y afines","Front office sin herramienta","Jornada Ordinaria","Platino","NA","Mes",11369859.35,10901354.630000001,17071150.739999998,12137492.460000001,14941910.41,16256222.18,11178009.970000001,11009534.82,null,null,"SMMLV"]
["Agentecondominioenlenguajedeseñascolombiana(Videollamada)AgenteespecializadoIngeniería,arquitectura,urbanismoyafinesFrontofficesinherramientaHoraextradiurnaPlatinoNA","IT-BPO-29-537","Agente con dominio en lenguaje de señas colombiana (Videollamada)","Agente especializado","Ingeniería, arquitectura, urbanismo y afines","Front office sin herramienta","Hora extra diurna","Platino","NA","Hora",67677.73,68540.429999999993,92779.35,53177.58,78593.429999999993,96764.06,72501.62,50247.03,null,null,"SMMLV"]
["Agentecondominioenlenguajedeseñascolombiana(Videollamada)AgenteespecializadoIngeniería,arquitectura,urbanismoyafinesFrontofficesinherramientaServicio7x24PlatinoNA","IT-BPO-29-540","Agente con dominio en lenguaje de señas colombiana (Videollamada)","Agente especializado","Ingeniería, arquitectura, urbanismo y afines","Front office sin herramienta","Servicio 7x24","Platino","NA","Mes 7x24",56088254.25,43801304.149999999,68284601.870000005,52242121.5,58633314.390000001,92342445,53944831.350000001,45788784.880000003,null,null,"SMMLV"]
["Agentecondominioenlenguajedeseñascolombiana(Videollamada)AgenteespecializadoBellasartesyafinesEnSitioJornadaOrdinariaOroNA","IT-BPO-29-541","Agente con dominio en lenguaje de señas colombiana (Videollamada)","Agente especializado","Bellas artes y afines","En Sitio","Jornada Ordinaria","Oro","NA","Mes",11677044.960000001,12233102.390000001,18901560.41,12137492.460000001,15463445.189999999,16250787.689999999,12113199.16,10926595.689999999,null,null,"SMMLV"]
["Agentecondominioenlenguajedeseñascolombiana(Videollamada)AgenteespecializadoBellasartesyafinesEnSitioHoraextradominicalyfestivoOroNA","IT-BPO-29-544","Agente con dominio en lenguaje de señas colombiana (Videollamada)","Agente especializado","Bellas artes y afines","En Sitio","Hora extra dominical y festivo","Oro","NA","Hora",111209.95,137080.85999999999,164361.69,84335.81,121789.68,193462.41,117845.35,79689.39,null,null,"SMMLV"]
["Agentecondominioenlenguajedeseñascolombiana(Videollamada)AgenteespecializadoBellasartesyafinesEnSitioServicio7x24OroNA","IT-BPO-29-545","Agente con dominio en lenguaje de señas colombiana (Videollamada)","Agente especializado","Bellas artes y afines","En Sitio","Servicio 7x24","Oro","NA","Mes 7x24",54266360.399999999,46232761.5,75606239.430000007,52242121.5,58102203.170000002,92356006.579999998,55559390.159999996,45402075.119999997,null,null,"SMMLV"]
["Agentecondominioenlenguajedeseñascolombiana(Videollamada)AgenteespecializadoBellasartesyafinesEnSitioHoraextradiurnaPlatinoNA","IT-BPO-29-547","Agente con dominio en lenguaje de señas colombiana (Videollamada)","Agente especializado","Bellas artes y afines","En Sitio","Hora extra diurna","Platino","NA","Hora",72981.53,68540.429999999993,94701.08,53177.58,83059.100000000006,98161.279999999999,73653.34,50247.03,null,null,"SMMLV"]
["Agentecondominioenlenguajedeseñascolombiana(Videollamada)AgenteespecializadoBellasartesyafinesEnSitioHoraextranocturna PlatinoNA","IT-BPO-29-548","Agente con dominio en lenguaje de señas colombiana (Videollamada)","Agente especializado","Bellas artes y afines","En Sitio","Hora extra nocturna ","Platino","NA","Hora",102174.14,95955.95,132582.6,73949.73,110968.82,137425.79,103114.68,70345.87,null,null,"SMMLV"]
["Agentecondominioenlenguajedeseñascolombiana(Videollamada)AgenteespecializadoBellasartesyafinesEnlasinstalacionesdelaEntidadCompradoraJornadaOrdinariaOroNA","IT-BPO-29-551","Agente con dominio en lenguaje de señas colombiana (Videollamada)","Agente especializado","Bellas artes y afines","En las instalaciones de la Entidad Compradora ","Jornada Ordinaria","Oro","NA","Mes",11062986.48,11818985.43,19090577.120000001,12137492.460000001,15463445.189999999,16041559.470000001,11178009.970000001,10926595.689999999,null,null,"SMMLV"]
["Agentecondominioenlenguajedeseñascolombiana(Videollamada)AgenteespecializadoBellasartesyafinesEnlasinstalacionesdelaEntidadCompradoraHoraextradiurnaOroNA","IT-BPO-29-552","Agente con dominio en lenguaje de señas colombiana (Videollamada)","Agente especializado","Bellas artes y afines","En las instalaciones de la Entidad Compradora ","Hora extra diurna","Oro","NA","Hora",65851.11,68540.429999999993,103753.44,53177.58,76819.83,95486.19,72501.62,49805.86,null,null,"SMMLV"]
["Agentecondominioenlenguajedeseñascolombiana(Videollamada)AgenteespecializadoBellasartesyafinesEnlasinstalacionesdelaEntidadCompradoraServicio7x24OroNA","IT-BPO-29-555","Agente con dominio en lenguaje de señas colombiana (Videollamada)","Agente especializado","Bellas artes y afines","En las instalaciones de la Entidad Compradora ","Servicio 7x24","Oro","NA","Mes 7x24",54590130,45404527.590000004,76362301.890000001,52242121.5,57102165.170000002,91108007.700000003,53944831.350000001,45402075.119999997,null,null,"SMMLV"]
["Agentecondominioenlenguajedeseñascolombiana(Videollamada)AgenteespecializadoBellasartesyafinesEnlasinstalacionesdelaEntidadCompradoraJornadaOrdinariaPlatinoNA","IT-BPO-29-556","Agente con dominio en lenguaje de señas colombiana (Videollamada)","Agente especializado","Bellas artes y afines","En las instalaciones de la Entidad Compradora ","Jornada Ordinaria","Platino","NA","Mes",11616135.800000001,11843964.57,17599124.699999999,12137492.460000001,15463445.189999999,16278685.01,11178009.970000001,11009534.82,null,null,"SMMLV"]
["Agentecondominioenlenguajedeseñascolombiana(Videollamada)AgenteespecializadoBellasartesyafinesEnlasinstalacionesdelaEntidadCompradoraHoraextranocturna PlatinoNA","IT-BPO-29-558","Agente con dominio en lenguaje de señas colombiana (Videollamada)","Agente especializado","Bellas artes y afines","En las instalaciones de la Entidad Compradora ","Hora extra nocturna ","Platino","NA","Hora",96801.13,95955.95,133907.54999999999,73949.73,108166.21,135656.26999999999,101502.27,70345.87,null,null,"SMMLV"]
["Agentecondominioenlenguajedeseñascolombiana(Videollamada)AgenteespecializadoBellasartesyafinesEnlasinstalacionesdelaEntidadCompradoraHoraextradominicalyfestivoPlatinoNA","IT-BPO-29-559","Agente con dominio en lenguaje de señas colombiana (Videollamada)","Agente especializado","Bellas artes y afines","En las instalaciones de la Entidad Compradora ","Hora extra dominical y festivo","Platino","NA","Hora",110629.86,137080.85999999999,153037.20000000001,84335.81,122377.94,193794.2,116002.59,80395.23,null,null,"SMMLV"]
["Agentecondominioenlenguajedeseñascolombiana(Videollamada)AgenteespecializadoBellasartesyafinesFrontofficeconherramientaHoraextradiurnaOroNA","IT-BPO-29-562","Agente con dominio en lenguaje de señas colombiana (Videollamada)","Agente especializado","Bellas artes y afines","Front office con herramienta","Hora extra diurna","Oro","NA","Hora",65851.11,68540.429999999993,104268.09,53177.58,77286.7,98287.2,73653.34,49805.86,null,null,"SMMLV"]
["Agentecondominioenlenguajedeseñascolombiana(Videollamada)AgenteespecializadoBellasartesyafinesFrontofficeconherramientaHoraextranocturna OroNA","IT-BPO-29-563","Agente con dominio en lenguaje de señas colombiana (Videollamada)","Agente especializado","Bellas artes y afines","Front office con herramienta","Hora extra nocturna ","Oro","NA","Hora",92191.55,95955.95,145974.45000000001,73949.73,105783.49,137602.07999999999,103114.68,69728.179999999993,null,null,"SMMLV"]
["Agentecondominioenlenguajedeseñascolombiana(Videollamada)AgenteespecializadoBellasartesyafinesFrontofficeconherramientaJornadaOrdinariaPlatinoNA","IT-BPO-29-566","Agente con dominio en lenguaje de señas colombiana (Videollamada)","Agente especializado","Bellas artes y afines","Front office con herramienta","Jornada Ordinaria","Platino","NA","Mes",11616135.800000001,11843964.57,17686249.469999999,12137492.460000001,15463445.189999999,16756215.6,11355577.539999999,11009534.82,null,null,"SMMLV"]
["Agentecondominioenlenguajedeseñascolombiana(Videollamada)AgenteespecializadoBellasartesyafinesFrontofficeconherramientaHoraextradiurnaPlatinoNA","IT-BPO-29-567","Agente con dominio en lenguaje de señas colombiana (Videollamada)","Agente especializado","Bellas artes y afines","Front office con herramienta","Hora extra diurna","Platino","NA","Hora",69143.67,68540.429999999993,96122.39,53177.58,79388.97,99740.27,73653.34,50247.03,null,null,"SMMLV"]
["Agentecondominioenlenguajedeseñascolombiana(Videollamada)AgenteespecializadoBellasartesyafinesFrontofficeconherramientaHoraextradominicalyfestivoPlatinoNA","IT-BPO-29-569","Agente con dominio en lenguaje de señas colombiana (Videollamada)","Agente especializado","Bellas artes y afines","Front office con herramienta","Hora extra dominical y festivo","Platino","NA","Hora",110629.86,137080.85999999999,153793.85,84335.81,123015.1,199479.44,117845.35,80395.23,null,null,"SMMLV"]
["Agentecondominioenlenguajedeseñascolombiana(Videollamada)AgenteespecializadoBellasartesyafinesFrontofficeconherramientaServicio7x24PlatinoNA","IT-BPO-29-570","Agente con dominio en lenguaje de señas colombiana (Videollamada)","Agente especializado","Bellas artes y afines","Front office con herramienta","Servicio 7x24","Platino","NA","Mes 7x24",53754905.609999999,45493267.490000002,70744994.599999994,52242121.5,57274475.340000004,94842412.129999995,54801768.539999999,45788784.880000003,null,null,"SMMLV"]
["Agentecondominioenlenguajedeseñascolombiana(Videollamada)AgenteespecializadoBellasartesyafinesFrontofficesinherramientaHoraextranocturna OroNA","IT-BPO-29-573","Agente con dominio en lenguaje de señas colombiana (Videollamada)","Agente especializado","Bellas artes y afines","Front office sin herramienta","Hora extra nocturna ","Oro","NA","Hora",90236.98,95955.95,140898.03,73949.73,105141.19,133495.82999999999,101502.27,69728.179999999993,null,null,"SMMLV"]
["Agentecondominioenlenguajedeseñascolombiana(Videollamada)AgenteespecializadoBellasartesyafinesFrontofficesinherramientaHoraextradominicalyfestivoOroNA","IT-BPO-29-574","Agente con dominio en lenguaje de señas colombiana (Videollamada)","Agente especializado","Bellas artes y afines","Front office sin herramienta","Hora extra dominical y festivo","Oro","NA","Hora",103127.98,137080.85999999999,161025.23000000001,84335.81,120320.7,190708.49,116002.59,79689.39,null,null,"SMMLV"]
["Agentecondominioenlenguajedeseñascolombiana(Videollamada)AgenteespecializadoBellasartesyafinesFrontofficesinherramientaHoraextradiurnaPlatinoNA","IT-BPO-29-577","Agente con dominio en lenguaje de señas colombiana (Videollamada)","Agente especializado","Bellas artes y afines","Front office sin herramienta","Hora extra diurna","Platino","NA","Hora",67677.73,68540.429999999993,92779.35,53177.58,78593.429999999993,96764.06,72501.62,50247.03,null,null,"SMMLV"]
["Agentecondominioenlenguajedeseñascolombiana(Videollamada)AgenteespecializadoBellasartesyafinesFrontofficesinherramientaHoraextranocturna PlatinoNA","IT-BPO-29-578","Agente con dominio en lenguaje de señas colombiana (Videollamada)","Agente especializado","Bellas artes y afines","Front office sin herramienta","Hora extra nocturna ","Platino","NA","Hora",94748.83,95955.95,129890,73949.73,108023.44,135469.01999999999,101502.27,70345.87,null,null,"SMMLV"]
["Agentecondominioenlenguajedeseñascolombiana(Videollamada)AgenteespecializadoMatemáticas,cienciasnaturalesyafinesEnSitioJornadaOrdinariaOroNA","IT-BPO-29-581","Agente con dominio en lenguaje de señas colombiana (Videollamada)","Agente especializado","Matemáticas, ciencias naturales y afines","En Sitio","Jornada Ordinaria","Oro","NA","Mes",11677044.960000001,12233102.390000001,18901560.41,12137492.460000001,15463445.189999999,16250787.689999999,12113199.16,10926595.689999999,null,null,"SMMLV"]
["Agentecondominioenlenguajedeseñascolombiana(Videollamada)AgenteespecializadoMatemáticas,cienciasnaturalesyafinesEnSitioHoraextradiurnaOroNA","IT-BPO-29-582","Agente con dominio en lenguaje de señas colombiana (Videollamada)","Agente especializado","Matemáticas, ciencias naturales y afines","En Sitio","Hora extra diurna","Oro","NA","Hora",69506.22,68540.429999999993,102727.43,53177.58,81401.25,96731.21,73653.34,49805.86,null,null,"SMMLV"]
["Agentecondominioenlenguajedeseñascolombiana(Videollamada)AgenteespecializadoMatemáticas,cienciasnaturalesyafinesEnSitioHoraextradominicalyfestivoOroNA","IT-BPO-29-584","Agente con dominio en lenguaje de señas colombiana (Videollamada)","Agente especializado","Matemáticas, ciencias naturales y afines","En Sitio","Hora extra dominical y festivo","Oro","NA","Hora",111209.95,137080.85999999999,164361.69,84335.81,121789.68,193462.41,117845.35,79689.39,null,null,"SMMLV"]
["Agentecondominioenlenguajedeseñascolombiana(Videollamada)AgenteespecializadoMatemáticas,cienciasnaturalesyafinesEnSitioServicio7x24OroNA","IT-BPO-29-585","Agente con dominio en lenguaje de señas colombiana (Videollamada)","Agente especializado","Matemáticas, ciencias naturales y afines","En Sitio","Servicio 7x24","Oro","NA","Mes 7x24",54266360.399999999,46232761.5,75606239.430000007,52242121.5,58103056.329999998,92356006.579999998,55559390.159999996,45402075.119999997,null,null,"SMMLV"]
["Agentecondominioenlenguajedeseñascolombiana(Videollamada)AgenteespecializadoMatemáticas,cienciasnaturalesyafinesEnSitioHoraextranocturna PlatinoNA","IT-BPO-29-588","Agente con dominio en lenguaje de señas colombiana (Videollamada)","Agente especializado","Matemáticas, ciencias naturales y afines","En Sitio","Hora extra nocturna ","Platino","NA","Hora",102174.14,95955.95,132582.6,73949.73,110968.82,137425.79,103114.68,70345.87,null,null,"SMMLV"]
["Agentecondominioenlenguajedeseñascolombiana(Videollamada)AgenteespecializadoMatemáticas,cienciasnaturalesyafinesEnSitioHoraextradominicalyfestivoPlatinoNA","IT-BPO-29-589","Agente con dominio en lenguaje de señas colombiana (Videollamada)","Agente especializado","Matemáticas, ciencias naturales y afines","En Sitio","Hora extra dominical y festivo","Platino","NA","Hora",116770.45,137080.85999999999,151521.72,84335.81,113319.96,196322.55,117845.35,80395.23,null,null,"SMMLV"]
["Agentecondominioenlenguajedeseñascolombiana(Videollamada)AgenteespecializadoMatemáticas,cienciasnaturalesyafinesEnlasinstalacionesdelaEntidadCompradoraHoraextradiurnaOroNA","IT-BPO-29-592","Agente con dominio en lenguaje de señas colombiana (Videollamada)","Agente especializado","Matemáticas, ciencias naturales y afines","En las instalaciones de la Entidad Compradora ","Hora extra diurna","Oro","NA","Hora",65851.11,68540.429999999993,103753.44,53177.58,70302.179999999993,95486.19,72501.62,49805.86,null,null,"SMMLV"]
["Agentecondominioenlenguajedeseñascolombiana(Videollamada)AgenteespecializadoMatemáticas,cienciasnaturalesyafinesEnlasinstalacionesdelaEntidadCompradoraHoraextranocturna OroNA","IT-BPO-29-593","Agente con dominio en lenguaje de señas colombiana (Videollamada)","Agente especializado","Matemáticas, ciencias naturales y afines","En las instalaciones de la Entidad Compradora ","Hora extra nocturna ","Oro","NA","Hora",92191.55,95955.95,145255.04000000001,73949.73,96341.81,133679.79,101502.27,69728.179999999993,null,null,"SMMLV"]
["Agentecondominioenlenguajedeseñascolombiana(Videollamada)AgenteespecializadoMatemáticas,cienciasnaturalesyafinesEnlasinstalacionesdelaEntidadCompradoraServicio7x24OroNA","IT-BPO-29-595","Agente con dominio en lenguaje de señas colombiana (Videollamada)","Agente especializado","Matemáticas, ciencias naturales y afines","En las instalaciones de la Entidad Compradora ","Servicio 7x24","Oro","NA","Mes 7x24",54590130,45404527.590000004,76362301.890000001,52242121.5,52257420.039999999,91108007.700000003,53944831.350000001,45402075.119999997,null,null,"SMMLV"]
["Agentecondominioenlenguajedeseñascolombiana(Videollamada)AgenteespecializadoMatemáticas,cienciasnaturalesyafinesEnlasinstalacionesdelaEntidadCompradoraJornadaOrdinariaPlatinoNA","IT-BPO-29-596","Agente con dominio en lenguaje de señas colombiana (Videollamada)","Agente especializado","Matemáticas, ciencias naturales y afines","En las instalaciones de la Entidad Compradora ","Jornada Ordinaria","Platino","NA","Mes",11616135.800000001,11843964.57,17599124.699999999,12137492.460000001,15463445.189999999,16278685.01,11178009.970000001,11009534.82,null,null,"SMMLV"]
["Agentecondominioenlenguajedeseñascolombiana(Videollamada)AgenteespecializadoMatemáticas,cienciasnaturalesyafinesEnlasinstalacionesdelaEntidadCompradoraHoraextradominicalyfestivoPlatinoNA","IT-BPO-29-599","Agente con dominio en lenguaje de señas colombiana (Videollamada)","Agente especializado","Matemáticas, ciencias naturales y afines","En las instalaciones de la Entidad Compradora ","Hora extra dominical y festivo","Platino","NA","Hora",110629.86,137080.85999999999,153037.20000000001,84335.81,122377.94,193794.2,116002.59,80395.23,null,null,"SMMLV"]
["Agentecondominioenlenguajedeseñascolombiana(Videollamada)AgenteespecializadoMatemáticas,cienciasnaturalesyafinesEnlasinstalacionesdelaEntidadCompradoraServicio7x24PlatinoNA","IT-BPO-29-600","Agente con dominio en lenguaje de señas colombiana (Videollamada)","Agente especializado","Matemáticas, ciencias naturales y afines","En las instalaciones de la Entidad Compradora ","Servicio 7x24","Platino","NA","Mes 7x24",57319636.5,45493267.490000002,70396497.709999993,52242121.5,58602614.68,92454764.629999995,53944831.350000001,45788784.880000003,null,null,"SMMLV"]
["Agentecondominioenlenguajedeseñascolombiana(Videollamada)AgenteespecializadoMatemáticas,cienciasnaturalesyafinesFrontofficeconherramientaHoraextranocturna OroNA","IT-BPO-29-603","Agente con dominio en lenguaje de señas colombiana (Videollamada)","Agente especializado","Matemáticas, ciencias naturales y afines","Front office con herramienta","Hora extra nocturna ","Oro","NA","Hora",92191.55,95955.95,145974.45000000001,73949.73,105783.49,137602.07999999999,103114.68,69728.179999999993,null,null,"SMMLV"]
["Agentecondominioenlenguajedeseñascolombiana(Videollamada)AgenteespecializadoMatemáticas,cienciasnaturalesyafinesFrontofficeconherramientaHoraextradominicalyfestivoOroNA","IT-BPO-29-604","Agente con dominio en lenguaje de señas colombiana (Videollamada)","Agente especializado","Matemáticas, ciencias naturales y afines","Front office con herramienta","Hora extra dominical y festivo","Oro","NA","Hora",105361.78,137080.85999999999,166827.63,84335.81,121002.45,196573.31,117845.35,79689.39,null,null,"SMMLV"]
["Agentecondominioenlenguajedeseñascolombiana(Videollamada)AgenteespecializadoMatemáticas,cienciasnaturalesyafinesFrontofficeconherramientaJornadaOrdinariaPlatinoNA","IT-BPO-29-606","Agente con dominio en lenguaje de señas colombiana (Videollamada)","Agente especializado","Matemáticas, ciencias naturales y afines","Front office con herramienta","Jornada Ordinaria","Platino","NA","Mes",11616135.800000001,11843964.57,17686249.469999999,12137492.460000001,15463445.189999999,16756215.6,11355577.539999999,11009534.82,null,null,"SMMLV"]
["Agentecondominioenlenguajedeseñascolombiana(Videollamada)AgenteespecializadoMatemáticas,cienciasnaturalesyafinesFrontofficeconherramientaHoraextradiurnaPlatinoNA","IT-BPO-29-607","Agente con dominio en lenguaje de señas colombiana (Videollamada)","Agente especializado","Matemáticas, ciencias naturales y afines","Front office con herramienta","Hora extra diurna","Platino","NA","Hora",69143.67,68540.429999999993,96122.39,53177.58,79388.97,99740.27,73653.34,50247.03,null,null,"SMMLV"]
["Agentecondominioenlenguajedeseñascolombiana(Videollamada)AgenteespecializadoMatemáticas,cienciasnaturalesyafinesFrontofficeconherramientaServicio7x24PlatinoNA","IT-BPO-29-610","Agente con dominio en lenguaje de señas colombiana (Videollamada)","Agente especializado","Matemáticas, ciencias naturales y afines","Front office con herramienta","Servicio 7x24","Platino","NA","Mes 7x24",53754905.609999999,45493267.490000002,70744994.599999994,52242121.5,57274475.340000004,94842412.129999995,54801768.539999999,45788784.880000003,null,null,"SMMLV"]
["Agentecondominioenlenguajedeseñascolombiana(Videollamada)AgenteespecializadoMatemáticas,cienciasnaturalesyafinesFrontofficesinherramientaJornadaOrdinariaOroNA","IT-BPO-29-611","Agente con dominio en lenguaje de señas colombiana (Videollamada)","Agente especializado","Matemáticas, ciencias naturales y afines","Front office sin herramienta","Jornada Ordinaria","Oro","NA","Mes",10828437.48,10897411.529999999,18517859.27,12137492.460000001,14941910.41,16019422.949999999,11178009.970000001,10926595.689999999,null,null,"SMMLV"]
["Agentecondominioenlenguajedeseñascolombiana(Videollamada)AgenteespecializadoMatemáticas,cienciasnaturalesyafinesFrontofficesinherramientaHoraextradominicalyfestivoOroNA","IT-BPO-29-614","Agente con dominio en lenguaje de señas colombiana (Videollamada)","Agente especializado","Matemáticas, ciencias naturales y afines","Front office sin herramienta","Hora extra dominical y festivo","Oro","NA","Hora",103127.98,137080.85999999999,161025.23000000001,84335.81,120320.7,190708.49,116002.59,79689.39,null,null,"SMMLV"]
["Agentecondominioenlenguajedeseñascolombiana(Videollamada)AgenteespecializadoMatemáticas,cienciasnaturalesyafinesFrontofficesinherramientaServicio7x24OroNA","IT-BPO-29-615","Agente con dominio en lenguaje de señas colombiana (Videollamada)","Agente especializado","Matemáticas, ciencias naturales y afines","Front office sin herramienta","Servicio 7x24","Oro","NA","Mes 7x24",53417385,43789471.579999998,74071432.680000007,52242121.5,57137184.109999999,90997325.099999994,53944831.350000001,45402075.119999997,null,null,"SMMLV"]
["Agentecondominioenlenguajedeseñascolombiana(Videollamada)AgenteespecializadoMatemáticas,cienciasnaturalesyafinesFrontofficesinherramientaHoraextranocturna PlatinoNA","IT-BPO-29-618","Agente con dominio en lenguaje de señas colombiana (Videollamada)","Agente especializado","Matemáticas, ciencias naturales y afines","Front office sin herramienta","Hora extra nocturna ","Platino","NA","Hora",94748.83,95955.95,129890,73949.73,108023.44,135469.01999999999,101502.27,70345.87,null,null,"SMMLV"]
["Agentecondominioenlenguajedeseñascolombiana(Videollamada)AgenteespecializadoMatemáticas,cienciasnaturalesyafinesFrontofficesinherramientaHoraextradominicalyfestivoPlatinoNA","IT-BPO-29-619","Agente con dominio en lenguaje de señas colombiana (Videollamada)","Agente especializado","Matemáticas, ciencias naturales y afines","Front office sin herramienta","Hora extra dominical y festivo","Platino","NA","Hora",108284.37,137080.85999999999,148445.87,84335.81,122317.61,193527.02,116002.59,80395.23,null,null,"SMMLV"]
["Agentecondominioenlenguajedeseñascolombiana(Videollamada)AgenteespecializadoCienciasdelasaludyafinesEnSitioJornadaOrdinariaOroNA","IT-BPO-29-621","Agente con dominio en lenguaje de señas colombiana (Videollamada)","Agente especializado","Ciencias de la salud y afines","En Sitio","Jornada Ordinaria","Oro","NA","Mes",11677044.960000001,12233102.390000001,22745439.649999999,17680474.440000001,19021042.91,19885732.170000002,12113199.16,13083011.050000001,null,null,"SMMLV"]
["Agentecondominioenlenguajedeseñascolombiana(Videollamada)AgenteespecializadoCienciasdelasaludyafinesEnSitioHoraextradiurnaOroNA","IT-BPO-29-622","Agente con dominio en lenguaje de señas colombiana (Videollamada)","Agente especializado","Ciencias de la salud y afines","En Sitio","Hora extra diurna","Oro","NA","Hora",69506.22,68540.429999999993,123617.84,86291.48,94572.89,118368.41,73653.34,61276.2,null,null,"SMMLV"]
["Agentecondominioenlenguajedeseñascolombiana(Videollamada)AgenteespecializadoCienciasdelasaludyafinesEnSitioServicio7x24OroNA","IT-BPO-29-625","Agente con dominio en lenguaje de señas colombiana (Videollamada)","Agente especializado","Ciencias de la salud y afines","En Sitio","Servicio 7x24","Oro","NA","Mes 7x24",54266360.399999999,46232761.5,90981753.109999999,83906522.299999997,75470524.25,113174069.93000001,55559390.159999996,55456528.710000001,null,null,"SMMLV"]
["Agentecondominioenlenguajedeseñascolombiana(Videollamada)AgenteespecializadoCienciasdelasaludyafinesEnSitioJornadaOrdinariaPlatinoNA","IT-BPO-29-626","Agente con dominio en lenguaje de señas colombiana (Videollamada)","Agente especializado","Ciencias de la salud y afines","En Sitio","Jornada Ordinaria","Platino","NA","Mes",12260897.210000001,12277801.380000001,20968451.75,17680474.440000001,19021042.91,20179681.640000001,12113199.16,13165950.08,null,null,"SMMLV"]
["Agentecondominioenlenguajedeseñascolombiana(Videollamada)AgenteespecializadoCienciasdelasaludyafinesEnSitioHoraextradominicalyfestivoPlatinoNA","IT-BPO-29-629","Agente con dominio en lenguaje de señas colombiana (Videollamada)","Agente especializado","Ciencias de la salud y afines","En Sitio","Hora extra dominical y festivo","Platino","NA","Hora",116770.45,137080.85999999999,182335.02,137377.60999999999,138318.88,240235.34,117845.35,98747.76,null,null,"SMMLV"]
["Agentecondominioenlenguajedeseñascolombiana(Videollamada)AgenteespecializadoCienciasdelasaludyafinesEnSitioServicio7x24PlatinoNA","IT-BPO-29-630","Agente con dominio en lenguaje de señas colombiana (Videollamada)","Agente especializado","Ciencias de la salud y afines","En Sitio","Servicio 7x24","Platino","NA","Mes 7x24",56979678.420000002,46354039.32,83873802.599999994,83906522.299999997,77265528.459999993,114847005.45,55559390.159999996,55843238.469999999,null,null,"SMMLV"]
["Agentecondominioenlenguajedeseñascolombiana(Videollamada)AgenteespecializadoCienciasdelasaludyafinesEnlasinstalacionesdelaEntidadCompradoraHoraextradiurnaOroNA","IT-BPO-29-632","Agente con dominio en lenguaje de señas colombiana (Videollamada)","Agente especializado","Ciencias de la salud y afines","En las instalaciones de la Entidad Compradora ","Hora extra diurna","Oro","NA","Hora",65851.11,68540.429999999993,124854.09,93482.34,86010.5,116780.66,72501.62,61276.2,null,null,"SMMLV"]
["Agentecondominioenlenguajedeseñascolombiana(Videollamada)AgenteespecializadoCienciasdelasaludyafinesEnlasinstalacionesdelaEntidadCompradoraHoraextranocturna OroNA","IT-BPO-29-633","Agente con dominio en lenguaje de señas colombiana (Videollamada)","Agente especializado","Ciencias de la salud y afines","En las instalaciones de la Entidad Compradora ","Hora extra nocturna ","Oro","NA","Hora",92191.55,95955.95,174794.85,130376.18,118224.96000000001,163493.35999999999,101502.27,85786.57,null,null,"SMMLV"]
["Agentecondominioenlenguajedeseñascolombiana(Videollamada)AgenteespecializadoCienciasdelasaludyafinesEnlasinstalacionesdelaEntidadCompradoraJornadaOrdinariaPlatinoNA","IT-BPO-29-636","Agente con dominio en lenguaje de señas colombiana (Videollamada)","Agente especializado","Ciencias de la salud y afines","En las instalaciones de la Entidad Compradora ","Jornada Ordinaria","Platino","NA","Mes",11616135.800000001,11843964.57,21178135.489999998,17680474.440000001,19021042.91,19909133.420000002,11178009.970000001,13165950.08,null,null,"SMMLV"]
["Agentecondominioenlenguajedeseñascolombiana(Videollamada)AgenteespecializadoCienciasdelasaludyafinesEnlasinstalacionesdelaEntidadCompradoraHoraextradiurnaPlatinoNA","IT-BPO-29-637","Agente con dominio en lenguaje de señas colombiana (Videollamada)","Agente especializado","Ciencias de la salud y afines","En las instalaciones de la Entidad Compradora ","Hora extra diurna","Platino","NA","Hora",69143.67,68540.429999999993,115099.83,93482.34,88198.53,118507.47,72501.62,61717.27,null,null,"SMMLV"]
["Agentecondominioenlenguajedeseñascolombiana(Videollamada)AgenteespecializadoCienciasdelasaludyafinesEnlasinstalacionesdelaEntidadCompradoraServicio7x24PlatinoNA","IT-BPO-29-640","Agente con dominio en lenguaje de señas colombiana (Videollamada)","Agente especializado","Ciencias de la salud y afines","En las instalaciones de la Entidad Compradora ","Servicio 7x24","Platino","NA","Mes 7x24",57319636.5,45493267.490000002,84712540.849999994,83906522.299999997,69828131.879999995,113240656.88,53944831.350000001,55843238.469999999,null,null,"SMMLV"]
["Agentecondominioenlenguajedeseñascolombiana(Videollamada)AgenteespecializadoCienciasdelasaludyafinesFrontofficeconherramientaJornadaOrdinariaOroNA","IT-BPO-29-641","Agente con dominio en lenguaje de señas colombiana (Videollamada)","Agente especializado","Ciencias de la salud y afines","Front office con herramienta","Jornada Ordinaria","Oro","NA","Mes",11062986.48,11818985.43,23086619.75,17680474.440000001,19021042.91,20175424.280000001,11355577.539999999,13083011.050000001,null,null,"SMMLV"]
["Agentecondominioenlenguajedeseñascolombiana(Videollamada)AgenteespecializadoCienciasdelasaludyafinesFrontofficeconherramientaHoraextranocturna OroNA","IT-BPO-29-643","Agente con dominio en lenguaje de señas colombiana (Videollamada)","Agente especializado","Ciencias de la salud y afines","Front office con herramienta","Hora extra nocturna ","Oro","NA","Hora",92191.55,95955.95,175659.9,130376.18,118667.58,168129.59,103114.68,85786.57,null,null,"SMMLV"]
["Agentecondominioenlenguajedeseñascolombiana(Videollamada)AgenteespecializadoCienciasdelasaludyafinesFrontofficeconherramientaHoraextradominicalyfestivoOroNA","IT-BPO-29-644","Agente con dominio en lenguaje de señas colombiana (Videollamada)","Agente especializado","Ciencias de la salud y afines","Front office con herramienta","Hora extra dominical y festivo","Oro","NA","Hora",105361.78,137080.85999999999,200754.02,137377.60999999999,123433.83,240183.87,117845.35,98041.81,null,null,"SMMLV"]
["Agentecondominioenlenguajedeseñascolombiana(Videollamada)AgenteespecializadoCienciasdelasaludyafinesFrontofficeconherramientaHoraextradiurnaPlatinoNA","IT-BPO-29-647","Agente con dominio en lenguaje de señas colombiana (Videollamada)","Agente especializado","Ciencias de la salud y afines","Front office con herramienta","Hora extra diurna","Platino","NA","Hora",69143.67,68540.429999999993,115669.23,93482.34,88628.29,121868.03,73653.34,61717.27,null,null,"SMMLV"]
["Agentecondominioenlenguajedeseñascolombiana(Videollamada)AgenteespecializadoCienciasdelasaludyafinesFrontofficeconherramientaHoraextranocturna PlatinoNA","IT-BPO-29-648","Agente con dominio en lenguaje de señas colombiana (Videollamada)","Agente especializado","Ciencias de la salud y afines","Front office con herramienta","Hora extra nocturna ","Platino","NA","Hora",96801.13,95955.95,161937.35999999999,130376.18,121688.18,170614.14,103114.68,86404.26,null,null,"SMMLV"]
["Agentecondominioenlenguajedeseñascolombiana(Videollamada)AgenteespecializadoCienciasdelasaludyafinesFrontofficesinherramientaJornadaOrdinariaOroNA","IT-BPO-29-651","Agente con dominio en lenguaje de señas colombiana (Videollamada)","Agente especializado","Ciencias de la salud y afines","Front office sin herramienta","Jornada Ordinaria","Oro","NA","Mes",10828437.48,10897411.529999999,22283705.52,17680474.440000001,18499508.129999999,19682714.789999999,11178009.970000001,13083011.050000001,null,null,"SMMLV"]
["Agentecondominioenlenguajedeseñascolombiana(Videollamada)AgenteespecializadoCienciasdelasaludyafinesFrontofficesinherramientaHoraextradiurnaOroNA","IT-BPO-29-652","Agente con dominio en lenguaje de señas colombiana (Videollamada)","Agente especializado","Ciencias de la salud y afines","Front office sin herramienta","Hora extra diurna","Oro","NA","Hora",64454.99,68540.429999999993,121108.1,93482.34,85682.880000000005,117159.53,72501.62,61276.2,null,null,"SMMLV"]
["Agentecondominioenlenguajedeseñascolombiana(Videollamada)AgenteespecializadoCienciasdelasaludyafinesFrontofficesinherramientaHoraextradominicalyfestivoOroNA","IT-BPO-29-654","Agente con dominio en lenguaje de señas colombiana (Videollamada)","Agente especializado","Ciencias de la salud y afines","Front office sin herramienta","Hora extra dominical y festivo","Oro","NA","Hora",103127.98,137080.85999999999,193772.3,137377.60999999999,122782.05,234319.05,116002.59,98041.81,null,null,"SMMLV"]
["Agentecondominioenlenguajedeseñascolombiana(Videollamada)AgenteespecializadoCienciasdelasaludyafinesFrontofficesinherramientaServicio7x24OroNA","IT-BPO-29-655","Agente con dominio en lenguaje de señas colombiana (Videollamada)","Agente especializado","Ciencias de la salud y afines","Front office sin herramienta","Servicio 7x24","Oro","NA","Mes 7x24",53417385,43789471.579999998,89134822.079999998,83906522.299999997,68051129.909999996,111909071.18000001,53944831.350000001,55456528.710000001,null,null,"SMMLV"]
[{"$f":"SUBSTITUTE(C2818&D2818&E2818&F2818&G2818&H2818&I2818,\" \",\"\")","v":"Agentecondominioenlenguajedeseñascolombiana(Videollamada)AgenteespecializadoCienciasdelasaludyafinesFrontofficesinherramientaHoraextranocturna PlatinoNA"},"IT-BPO-29-658","Agente con dominio en lenguaje de señas colombiana (Videollamada)","Agente especializado","Ciencias de la salud y afines","Front office sin herramienta","Hora extra nocturna ","Platino","NA","Hora",94748.83,95955.95,156304.68,130376.18,120986.67,166447.67000000001,101502.27,86404.26,null,null,"SMMLV"]
["Agentecondominioenlenguajedeseñascolombiana(Videollamada)AgenteespecializadoCienciasdelasaludyafinesFrontofficesinherramientaHoraextradominicalyfestivoPlatinoNA","IT-BPO-29-659","Agente con dominio en lenguaje de señas colombiana (Videollamada)","Agente especializado","Ciencias de la salud y afines","Front office sin herramienta","Hora extra dominical y festivo","Platino","NA","Hora",108284.37,137080.85999999999,178633.92,137377.60999999999,125266.48,237782.54,116002.59,98747.76,null,null,"SMMLV"]
["Agentecondominioenlenguajedeseñascolombiana(Videollamada)AgenteespecializadoAgronomía,veterinariayafinesEnSitioHoraextradiurnaOroNA","IT-BPO-29-662","Agente con dominio en lenguaje de señas colombiana (Videollamada)","Agente especializado","Agronomía, veterinaria y afines","En Sitio","Hora extra diurna","Oro","NA","Hora",69506.22,68540.429999999993,102727.43,53177.58,74131.600000000006,96731.21,73653.34,49805.86,null,null,"SMMLV"]
["Agentecondominioenlenguajedeseñascolombiana(Videollamada)AgenteespecializadoAgronomía,veterinariayafinesEnSitioHoraextranocturna OroNA","IT-BPO-29-663","Agente con dominio en lenguaje de señas colombiana (Videollamada)","Agente especializado","Agronomía, veterinaria y afines","En Sitio","Hora extra nocturna ","Oro","NA","Hora",97308.71,95955.95,143817.29999999999,73949.73,97579.11,135424.13,103114.68,69728.179999999993,null,null,"SMMLV"]
["Agentecondominioenlenguajedeseñascolombiana(Videollamada)AgenteespecializadoAgronomía,veterinariayafinesEnSitioJornadaOrdinariaPlatinoNA","IT-BPO-29-666","Agente con dominio en lenguaje de señas colombiana (Videollamada)","Agente especializado","Agronomía, veterinaria y afines","En Sitio","Jornada Ordinaria","Platino","NA","Mes",12260897.210000001,12277801.380000001,17424876.260000002,12137492.460000001,15463445.189999999,16491006.6,12113199.16,11009534.82,null,null,"SMMLV"]
["Agentecondominioenlenguajedeseñascolombiana(Videollamada)AgenteespecializadoAgronomía,veterinariayafinesEnSitioHoraextradiurnaPlatinoNA","IT-BPO-29-667","Agente con dominio en lenguaje de señas colombiana (Videollamada)","Agente especializado","Agronomía, veterinaria y afines","En Sitio","Hora extra diurna","Platino","NA","Hora",72981.53,68540.429999999993,94701.08,53177.58,75443.27,98161.279999999999,73653.34,50247.03,null,null,"SMMLV"]
["Agentecondominioenlenguajedeseñascolombiana(Videollamada)AgenteespecializadoAgronomía,veterinariayafinesEnSitioHoraextradominicalyfestivoPlatinoNA","IT-BPO-29-669","Agente con dominio en lenguaje de señas colombiana (Videollamada)","Agente especializado","Agronomía, veterinaria y afines","En Sitio","Hora extra dominical y festivo","Platino","NA","Hora",116770.45,137080.85999999999,151521.72,84335.81,123825.78,196322.55,117845.35,80395.23,null,null,"SMMLV"]
["Agentecondominioenlenguajedeseñascolombiana(Videollamada)AgenteespecializadoAgronomía,veterinariayafinesEnSitioServicio7x24PlatinoNA","IT-BPO-29-670","Agente con dominio en lenguaje de señas colombiana (Videollamada)","Agente especializado","Agronomía, veterinaria y afines","En Sitio","Servicio 7x24","Platino","NA","Mes 7x24",56979678.420000002,46354039.32,69699501.739999995,52242121.5,60036061.82,93721208.780000001,55559390.159999996,45788784.880000003,null,null,"SMMLV"]
["Agentecondominioenlenguajedeseñascolombiana(Videollamada)AgenteespecializadoAgronomía,veterinariayafinesEnlasinstalacionesdelaEntidadCompradoraHoraextranocturna OroNA","IT-BPO-29-673","Agente con dominio en lenguaje de señas colombiana (Videollamada)","Agente especializado","Agronomía, veterinaria y afines","En las instalaciones de la Entidad Compradora ","Hora extra nocturna ","Oro","NA","Hora",92191.55,95955.95,145255.04000000001,73949.73,105273.58,133679.79,101502.27,69728.179999999993,null,null,"SMMLV"]
["Agentecondominioenlenguajedeseñascolombiana(Videollamada)AgenteespecializadoAgronomía,veterinariayafinesEnlasinstalacionesdelaEntidadCompradoraHoraextradominicalyfestivoOroNA","IT-BPO-29-674","Agente con dominio en lenguaje de señas colombiana (Videollamada)","Agente especializado","Agronomía, veterinaria y afines","En las instalaciones de la Entidad Compradora ","Hora extra dominical y festivo","Oro","NA","Hora",105361.78,137080.85999999999,166006.38,84335.81,120370.04,190971.29,116002.59,79689.39,null,null,"SMMLV"]
["Agentecondominioenlenguajedeseñascolombiana(Videollamada)AgenteespecializadoAgronomía,veterinariayafinesEnlasinstalacionesdelaEntidadCompradoraHoraextradiurnaPlatinoNA","IT-BPO-29-677","Agente con dominio en lenguaje de señas colombiana (Videollamada)","Agente especializado","Agronomía, veterinaria y afines","En las instalaciones de la Entidad Compradora ","Hora extra diurna","Platino","NA","Hora",69143.67,68540.429999999993,95648.25,53177.58,78919.66,96897.65,72501.62,50247.03,null,null,"SMMLV"]
["Agentecondominioenlenguajedeseñascolombiana(Videollamada)AgenteespecializadoAgronomía,veterinariayafinesEnlasinstalacionesdelaEntidadCompradoraHoraextranocturna PlatinoNA","IT-BPO-29-678","Agente con dominio en lenguaje de señas colombiana (Videollamada)","Agente especializado","Agronomía, veterinaria y afines","En las instalaciones de la Entidad Compradora ","Hora extra nocturna ","Platino","NA","Hora",96801.13,95955.95,133907.54999999999,73949.73,108166.21,135656.26999999999,101502.27,70345.87,null,null,"SMMLV"]
["Agentecondominioenlenguajedeseñascolombiana(Videollamada)AgenteespecializadoAgronomía,veterinariayafinesEnlasinstalacionesdelaEntidadCompradoraServicio7x24PlatinoNA","IT-BPO-29-680","Agente con dominio en lenguaje de señas colombiana (Videollamada)","Agente especializado","Agronomía, veterinaria y afines","En las instalaciones de la Entidad Compradora ","Servicio 7x24","Platino","NA","Mes 7x24",57319636.5,45493267.490000002,70396497.709999993,52242121.5,58602614.68,92454764.629999995,53944831.350000001,45788784.880000003,null,null,"SMMLV"]
["Agentecondominioenlenguajedeseñascolombiana(Videollamada)AgenteespecializadoAgronomía,veterinariayafinesFrontofficeconherramientaJornadaOrdinariaOroNA","IT-BPO-29-681","Agente con dominio en lenguaje de señas colombiana (Videollamada)","Agente especializado","Agronomía, veterinaria y afines","Front office con herramienta","Jornada Ordinaria","Oro","NA","Mes",11062986.48,11818985.43,19185083.280000001,12137492.460000001,15463445.189999999,16512133.529999999,11355577.539999999,10926595.689999999,null,null,"SMMLV"]
["Agentecondominioenlenguajedeseñascolombiana(Videollamada)AgenteespecializadoAgronomía,veterinariayafinesFrontofficeconherramientaHoraextradominicalyfestivoOroNA","IT-BPO-29-684","Agente con dominio en lenguaje de señas colombiana (Videollamada)","Agente especializado","Agronomía, veterinaria y afines","Front office con herramienta","Hora extra dominical y festivo","Oro","NA","Hora",105361.78,137080.85999999999,166827.63,84335.81,121002.45,196573.31,117845.35,79689.39,null,null,"SMMLV"]
["Agentecondominioenlenguajedeseñascolombiana(Videollamada)AgenteespecializadoAgronomía,veterinariayafinesFrontofficeconherramientaServicio7x24OroNA","IT-BPO-29-685","Agente con dominio en lenguaje de señas colombiana (Videollamada)","Agente especializado","Agronomía, veterinaria y afines","Front office con herramienta","Servicio 7x24","Oro","NA","Mes 7x24",51195148.200000003,45404527.590000004,76740333.120000005,52242121.5,58732097.509999998,93460878,54801768.539999999,45402075.119999997,null,null,"SMMLV"]
["Agentecondominioenlenguajedeseñascolombiana(Videollamada)AgenteespecializadoAgronomía,veterinariayafinesFrontofficeconherramientaHoraextranocturna PlatinoNA","IT-BPO-29-688","Agente con dominio en lenguaje de señas colombiana (Videollamada)","Agente especializado","Agronomía, veterinaria y afines","Front office con herramienta","Hora extra nocturna ","Platino","NA","Hora",96801.13,95955.95,134570.03,73949.73,98482.31,139635.5,103114.68,70345.87,null,null,"SMMLV"]
["Agentecondominioenlenguajedeseñascolombiana(Videollamada)AgenteespecializadoAgronomía,veterinariayafinesFrontofficeconherramientaHoraextradominicalyfestivoPlatinoNA","IT-BPO-29-689","Agente con dominio en lenguaje de señas colombiana (Videollamada)","Agente especializado","Agronomía, veterinaria y afines","Front office con herramienta","Hora extra dominical y festivo","Platino","NA","Hora",110629.86,137080.85999999999,153793.85,84335.81,123015.1,199479.44,117845.35,80395.23,null,null,"SMMLV"]
["Agentecondominioenlenguajedeseñascolombiana(Videollamada)AgenteespecializadoAgronomía,veterinariayafinesFrontofficesinherramientaJornadaOrdinariaOroNA","IT-BPO-29-691","Agente con dominio en lenguaje de señas colombiana (Videollamada)","Agente especializado","Agronomía, veterinaria y afines","Front office sin herramienta","Jornada Ordinaria","Oro","NA","Mes",10828437.48,10897411.529999999,18517859.27,12137492.460000001,14941910.41,16019422.949999999,11178009.970000001,10926595.689999999,null,null,"SMMLV"]
["Agentecondominioenlenguajedeseñascolombiana(Videollamada)AgenteespecializadoAgronomía,veterinariayafinesFrontofficesinherramientaHoraextradiurnaOroNA","IT-BPO-29-692","Agente con dominio en lenguaje de señas colombiana (Videollamada)","Agente especializado","Agronomía, veterinaria y afines","Front office sin herramienta","Hora extra diurna","Oro","NA","Hora",64454.99,68540.429999999993,100641.45,53177.58,76506.41,95354.79,72501.62,49805.86,null,null,"SMMLV"]
["Agentecondominioenlenguajedeseñascolombiana(Videollamada)AgenteespecializadoAgronomía,veterinariayafinesFrontofficesinherramientaServicio7x24OroNA","IT-BPO-29-695","Agente con dominio en lenguaje de señas colombiana (Videollamada)","Agente especializado","Agronomía, veterinaria y afines","Front office sin herramienta","Servicio 7x24","Oro","NA","Mes 7x24",53417385,43789471.579999998,74071432.680000007,52242121.5,57137184.109999999,90997325.099999994,53944831.350000001,45402075.119999997,null,null,"SMMLV"]
["Agentecondominioenlenguajedeseñascolombiana(Videollamada)AgenteespecializadoAgronomía,veterinariayafinesFrontofficesinherramientaJornadaOrdinariaPlatinoNA","IT-BPO-29-696","Agente con dominio en lenguaje de señas colombiana (Videollamada)","Agente especializado","Agronomía, veterinaria y afines","Front office sin herramienta","Jornada Ordinaria","Platino","NA","Mes",11369859.35,10901354.630000001,17071150.739999998,12137492.460000001,14941910.41,16256222.18,11178009.970000001,11009534.82,null,null,"SMMLV"]
["Agentecondominioenlenguajedeseñascolombiana(Videollamada)AgenteespecializadoAgronomía,veterinariayafinesFrontofficesinherramientaHoraextradominicalyfestivoPlatinoNA","IT-BPO-29-699","Agente con dominio en lenguaje de señas colombiana (Videollamada)","Agente especializado","Agronomía, veterinaria y afines","Front office sin herramienta","Hora extra dominical y festivo","Platino","NA","Hora",108284.37,137080.85999999999,148445.87,84335.81,122317.61,193527.02,116002.59,80395.23,null,null,"SMMLV"]
["Agentecondominioenlenguajedeseñascolombiana(Videollamada)AgenteespecializadoAgronomía,veterinariayafinesFrontofficesinherramientaServicio7x24PlatinoNA","IT-BPO-29-700","Agente con dominio en lenguaje de señas colombiana (Videollamada)","Agente especializado","Agronomía, veterinaria y afines","Front office sin herramienta","Servicio 7x24","Platino","NA","Mes 7x24",56088254.25,43801304.149999999,68284601.870000005,52242121.5,58633314.390000001,92342445,53944831.350000001,45788784.880000003,null,null,"SMMLV"]
["Agentecondominioenlenguajedeseñascolombiana(Videollamada)AgenteespecializadoCienciasdelaeducaciónyafinesEnSitioHoraextranocturna OroNA","IT-BPO-29-703","Agente con dominio en lenguaje de señas colombiana (Videollamada)","Agente especializado","Ciencias de la educación y afines","En Sitio","Hora extra nocturna ","Oro","NA","Hora",97308.71,95955.95,143817.29999999999,73949.73,105494.25,135424.13,103114.68,69728.179999999993,null,null,"SMMLV"]
["Agentecondominioenlenguajedeseñascolombiana(Videollamada)AgenteespecializadoCienciasdelaeducaciónyafinesEnSitioHoraextradominicalyfestivoOroNA","IT-BPO-29-704","Agente con dominio en lenguaje de señas colombiana (Videollamada)","Agente especializado","Ciencias de la educación y afines","En Sitio","Hora extra dominical y festivo","Oro","NA","Hora",111209.95,137080.85999999999,164361.69,84335.81,126702.42,193462.41,117845.35,79689.39,null,null,"SMMLV"]
["Agentecondominioenlenguajedeseñascolombiana(Videollamada)AgenteespecializadoCienciasdelaeducaciónyafinesEnSitioJornadaOrdinariaPlatinoNA","IT-BPO-29-706","Agente con dominio en lenguaje de señas colombiana (Videollamada)","Agente especializado","Ciencias de la educación y afines","En Sitio","Jornada Ordinaria","Platino","NA","Mes",12260897.210000001,12277801.380000001,17424876.260000002,12137492.460000001,15538558.640000001,16491006.6,12113199.16,11009534.82,null,null,"SMMLV"]
["Agentecondominioenlenguajedeseñascolombiana(Videollamada)AgenteespecializadoCienciasdelaeducaciónyafinesEnSitioHoraextradiurnaPlatinoNA","IT-BPO-29-707","Agente con dominio en lenguaje de señas colombiana (Videollamada)","Agente especializado","Ciencias de la educación y afines","En Sitio","Hora extra diurna","Platino","NA","Hora",72981.53,68540.429999999993,94701.08,53177.58,78604.259999999995,98161.279999999999,73653.34,50247.03,null,null,"SMMLV"]
["Agentecondominioenlenguajedeseñascolombiana(Videollamada)AgenteespecializadoCienciasdelaeducaciónyafinesEnSitioServicio7x24PlatinoNA","IT-BPO-29-710","Agente con dominio en lenguaje de señas colombiana (Videollamada)","Agente especializado","Ciencias de la educación y afines","En Sitio","Servicio 7x24","Platino","NA","Mes 7x24",56979678.420000002,46354039.32,69699501.739999995,52242121.5,62841964.380000003,93721208.780000001,55559390.159999996,45788784.880000003,null,null,"SMMLV"]
["Agentecondominioenlenguajedeseñascolombiana(Videollamada)AgenteespecializadoCienciasdelaeducaciónyafinesEnlasinstalacionesdelaEntidadCompradoraJornadaOrdinariaOroNA","IT-BPO-29-711","Agente con dominio en lenguaje de señas colombiana (Videollamada)","Agente especializado","Ciencias de la educación y afines","En las instalaciones de la Entidad Compradora ","Jornada Ordinaria","Oro","NA","Mes",11062986.48,11818985.43,19090577.120000001,12137492.460000001,15463445.189999999,16041559.470000001,11178009.970000001,10926595.689999999,null,null,"SMMLV"]
["Agentecondominioenlenguajedeseñascolombiana(Videollamada)AgenteespecializadoCienciasdelaeducaciónyafinesEnlasinstalacionesdelaEntidadCompradoraHoraextradominicalyfestivoOroNA","IT-BPO-29-714","Agente con dominio en lenguaje de señas colombiana (Videollamada)","Agente especializado","Ciencias de la educación y afines","En las instalaciones de la Entidad Compradora ","Hora extra dominical y festivo","Oro","NA","Hora",105361.78,137080.85999999999,166006.38,84335.81,125282.78,190971.29,116002.59,79689.39,null,null,"SMMLV"]
["Agentecondominioenlenguajedeseñascolombiana(Videollamada)AgenteespecializadoCienciasdelaeducaciónyafinesEnlasinstalacionesdelaEntidadCompradoraServicio7x24OroNA","IT-BPO-29-715","Agente con dominio en lenguaje de señas colombiana (Videollamada)","Agente especializado","Ciencias de la educación y afines","En las instalaciones de la Entidad Compradora ","Servicio 7x24","Oro","NA","Mes 7x24",54590130,45404527.590000004,76362301.890000001,52242121.5,59827801.539999999,91108007.700000003,53944831.350000001,45402075.119999997,null,null,"SMMLV"]
["Agentecondominioenlenguajedeseñascolombiana(Videollamada)AgenteespecializadoCienciasdelaeducaciónyafinesEnlasinstalacionesdelaEntidadCompradoraHoraextradiurnaPlatinoNA","IT-BPO-29-717","Agente con dominio en lenguaje de señas colombiana (Videollamada)","Agente especializado","Ciencias de la educación y afines","En las instalaciones de la Entidad Compradora ","Hora extra diurna","Platino","NA","Hora",69143.67,68540.429999999993,95648.25,53177.58,81553.52,96897.65,72501.62,50247.03,null,null,"SMMLV"]
["Agentecondominioenlenguajedeseñascolombiana(Videollamada)AgenteespecializadoCienciasdelaeducaciónyafinesEnlasinstalacionesdelaEntidadCompradoraHoraextranocturna PlatinoNA","IT-BPO-29-718","Agente con dominio en lenguaje de señas colombiana (Videollamada)","Agente especializado","Ciencias de la educación y afines","En las instalaciones de la Entidad Compradora ","Hora extra nocturna ","Platino","NA","Hora",96801.13,95955.95,133907.54999999999,73949.73,111853.84,135656.26999999999,101502.27,70345.87,null,null,"SMMLV"]
["Agentecondominioenlenguajedeseñascolombiana(Videollamada)AgenteespecializadoCienciasdelaeducaciónyafinesFrontofficeconherramientaJornadaOrdinariaOroNA","IT-BPO-29-721","Agente con dominio en lenguaje de señas colombiana (Videollamada)","Agente especializado","Ciencias de la educación y afines","Front office con herramienta","Jornada Ordinaria","Oro","NA","Mes",11062986.48,11818985.43,19185083.280000001,12137492.460000001,15463445.189999999,16512133.529999999,11355577.539999999,10926595.689999999,null,null,"SMMLV"]
[{"$f":"SUBSTITUTE(C2882&D2882&E2882&F2882&G2882&H2882&I2882,\" \",\"\")","v":"Agentecondominioenlenguajedeseñascolombiana(Videollamada)AgenteespecializadoCienciasdelaeducaciónyafinesFrontofficeconherramientaHoraextradiurnaOroNA"},"IT-BPO-29-722","Agente con dominio en lenguaje de señas colombiana (Videollamada)","Agente especializado","Ciencias de la educación y afines","Front office con herramienta","Hora extra diurna","Oro","NA","Hora",65851.11,68540.429999999993,104268.09,53177.58,76694.02,98287.2,73653.34,49805.86,null,null,"SMMLV"]
["Agentecondominioenlenguajedeseñascolombiana(Videollamada)AgenteespecializadoCienciasdelaeducaciónyafinesFrontofficeconherramientaServicio7x24OroNA","IT-BPO-29-725","Agente con dominio en lenguaje de señas colombiana (Videollamada)","Agente especializado","Ciencias de la educación y afines","Front office con herramienta","Servicio 7x24","Oro","NA","Mes 7x24",51195148.200000003,45404527.590000004,76740333.120000005,52242121.5,61457831.68,93460878,54801768.539999999,45402075.119999997,null,null,"SMMLV"]
["Agentecondominioenlenguajedeseñascolombiana(Videollamada)AgenteespecializadoCienciasdelaeducaciónyafinesFrontofficeconherramientaJornadaOrdinariaPlatinoNA","IT-BPO-29-726","Agente con dominio en lenguaje de señas colombiana (Videollamada)","Agente especializado","Ciencias de la educación y afines","Front office con herramienta","Jornada Ordinaria","Platino","NA","Mes",11616135.800000001,11843964.57,17686249.469999999,12137492.460000001,15810890.85,16756215.6,11355577.539999999,11009534.82,null,null,"SMMLV"]
["Agentecondominioenlenguajedeseñascolombiana(Videollamada)AgenteespecializadoCienciasdelaeducaciónyafinesFrontofficeconherramientaHoraextranocturna PlatinoNA","IT-BPO-29-728","Agente con dominio en lenguaje de señas colombiana (Videollamada)","Agente especializado","Ciencias de la educación y afines","Front office con herramienta","Hora extra nocturna ","Platino","NA","Hora",96801.13,95955.95,134570.03,73949.73,106704.84,139635.5,103114.68,70345.87,null,null,"SMMLV"]
["Agentecondominioenlenguajedeseñascolombiana(Videollamada)AgenteespecializadoCienciasdelaeducaciónyafinesFrontofficeconherramientaHoraextradominicalyfestivoPlatinoNA","IT-BPO-29-729","Agente con dominio en lenguaje de señas colombiana (Videollamada)","Agente especializado","Ciencias de la educación y afines","Front office con herramienta","Hora extra dominical y festivo","Platino","NA","Hora",110629.86,137080.85999999999,153793.85,84335.81,128072.91,199479.44,117845.35,80395.23,null,null,"SMMLV"]
["Agentecondominioenlenguajedeseñascolombiana(Videollamada)AgenteespecializadoCienciasdelaeducaciónyafinesFrontofficesinherramientaHoraextradiurnaOroNA","IT-BPO-29-732","Agente con dominio en lenguaje de señas colombiana (Videollamada)","Agente especializado","Ciencias de la educación y afines","Front office sin herramienta","Hora extra diurna","Oro","NA","Hora",64454.99,68540.429999999993,100641.45,53177.58,79065.179999999993,95354.79,72501.62,49805.86,null,null,"SMMLV"]
["Agentecondominioenlenguajedeseñascolombiana(Videollamada)AgenteespecializadoCienciasdelaeducaciónyafinesFrontofficesinherramientaHoraextranocturna OroNA","IT-BPO-29-733","Agente con dominio en lenguaje de señas colombiana (Videollamada)","Agente especializado","Ciencias de la educación y afines","Front office sin herramienta","Hora extra nocturna ","Oro","NA","Hora",90236.98,95955.95,140898.03,73949.73,108723.21,133495.82999999999,101502.27,69728.179999999993,null,null,"SMMLV"]
["Agentecondominioenlenguajedeseñascolombiana(Videollamada)AgenteespecializadoCienciasdelaeducaciónyafinesFrontofficesinherramientaJornadaOrdinariaPlatinoNA","IT-BPO-29-736","Agente con dominio en lenguaje de señas colombiana (Videollamada)","Agente especializado","Ciencias de la educación y afines","Front office sin herramienta","Jornada Ordinaria","Platino","NA","Mes",11369859.35,10901354.630000001,17071150.739999998,12137492.460000001,14941910.41,16256222.18,11178009.970000001,11009534.82,null,null,"SMMLV"]
["Agentecondominioenlenguajedeseñascolombiana(Videollamada)AgenteespecializadoCienciasdelaeducaciónyafinesFrontofficesinherramientaHoraextradiurnaPlatinoNA","IT-BPO-29-737","Agente con dominio en lenguaje de señas colombiana (Videollamada)","Agente especializado","Ciencias de la educación y afines","Front office sin herramienta","Hora extra diurna","Platino","NA","Hora",67677.73,68540.429999999993,92779.35,53177.58,81227.28,96764.06,72501.62,50247.03,null,null,"SMMLV"]
["Agentecondominioenlenguajedeseñascolombiana(Videollamada)AgenteespecializadoCienciasdelaeducaciónyafinesFrontofficesinherramientaHoraextradominicalyfestivoPlatinoNA","IT-BPO-29-739","Agente con dominio en lenguaje de señas colombiana (Videollamada)","Agente especializado","Ciencias de la educación y afines","Front office sin herramienta","Hora extra dominical y festivo","Platino","NA","Hora",108284.37,137080.85999999999,148445.87,84335.81,127374.68,193527.02,116002.59,80395.23,null,null,"SMMLV"]
["Agentecondominioenlenguajedeseñascolombiana(Videollamada)AgenteespecializadoCienciasdelaeducaciónyafinesFrontofficesinherramientaServicio7x24PlatinoNA","IT-BPO-29-740","Agente con dominio en lenguaje de señas colombiana (Videollamada)","Agente especializado","Ciencias de la educación y afines","Front office sin herramienta","Servicio 7x24","Platino","NA","Mes 7x24",56088254.25,43801304.149999999,68284601.870000005,52242121.5,61439208.170000002,92342445,53944831.350000001,45788784.880000003,null,null,"SMMLV"]
["Agentecondominioenlenguajedeseñascolombiana(Videollamada)AgenteprofesionalEconomía,administración,contaduríayafinesTeletrabajoHoraextranocturna OroNA","IT-BPO-29-743","Agente con dominio en lenguaje de señas colombiana (Videollamada)","Agente profesional","Economía, administración, contaduría y afines","Teletrabajo","Hora extra nocturna ","Oro","NA","Hora",74511.47,73109.87,109114.56,60448.38,122817.97,105618.23,77335.06,53669.78,null,null,"SMMLV"]
["Agentecondominioenlenguajedeseñascolombiana(Videollamada)AgenteprofesionalEconomía,administración,contaduríayafinesTeletrabajoHoraextradominicalyfestivoOroNA","IT-BPO-29-744","Agente con dominio en lenguaje de señas colombiana (Videollamada)","Agente profesional","Economía, administración, contaduría y afines","Teletrabajo","Hora extra dominical y festivo","Oro","NA","Hora",85155.96,104442.2,124701.89,68895.210000000006,134407.07,150882.23999999999,88382.93,61336.86,null,null,"SMMLV"]
["Agentecondominioenlenguajedeseñascolombiana(Videollamada)AgenteprofesionalEconomía,administración,contaduríayafinesTeletrabajoHoraextradiurnaPlatinoNA","IT-BPO-29-747","Agente con dominio en lenguaje de señas colombiana (Videollamada)","Agente profesional","Economía, administración, contaduría y afines","Teletrabajo","Hora extra diurna","Platino","NA","Hora",55883.6,52221.65,71849.52,43555.82,93501.45,76556.929999999993,55239.33,38776.69,null,null,"SMMLV"]
["Agentecondominioenlenguajedeseñascolombiana(Videollamada)AgenteprofesionalEconomía,administración,contaduríayafinesTeletrabajoHoraextranocturna PlatinoNA","IT-BPO-29-748","Agente con dominio en lenguaje de señas colombiana (Videollamada)","Agente profesional","Economía, administración, contaduría y afines","Teletrabajo","Hora extra nocturna ","Platino","NA","Hora",78237.039999999994,73109.87,100589.99,60448.38,125322.27,107179.7,77335.06,54287.47,null,null,"SMMLV"]
["Agentecondominioenlenguajedeseñascolombiana(Videollamada)AgenteprofesionalCienciassociales,humanasyafinesTeletrabajoJornadaOrdinariaOroNA","IT-BPO-29-751","Agente con dominio en lenguaje de señas colombiana (Videollamada)","Agente profesional","Ciencias sociales, humanas y afines","Teletrabajo","Jornada Ordinaria","Oro","NA","Mes",8941375.8000000007,9588450.7200000007,14340649.98,9217833.7400000002,16898288.32,12674098.310000001,8771394.4000000004,8770180.4299999997,null,null,"SMMLV"]
["Agentecondominioenlenguajedeseñascolombiana(Videollamada)AgenteprofesionalCienciassociales,humanasyafinesTeletrabajoHoraextradiurnaOroNA","IT-BPO-29-752","Agente con dominio en lenguaje de señas colombiana (Videollamada)","Agente profesional","Ciencias sociales, humanas y afines","Teletrabajo","Hora extra diurna","Oro","NA","Hora",53222.48,52221.65,77939.91,43555.82,90694.720000000001,75441.119999999995,55239.33,38335.51,null,null,"SMMLV"]
["Agentecondominioenlenguajedeseñascolombiana(Videollamada)AgenteprofesionalCienciassociales,humanasyafinesTeletrabajoHoraextradominicalyfestivoOroNA","IT-BPO-29-754","Agente con dominio en lenguaje de señas colombiana (Videollamada)","Agente profesional","Ciencias sociales, humanas y afines","Teletrabajo","Hora extra dominical y festivo","Oro","NA","Hora",85155.96,104442.2,124701.89,68895.210000000006,134407.07,150882.23999999999,88382.93,61336.86,null,null,"SMMLV"]
["Agentecondominioenlenguajedeseñascolombiana(Videollamada)AgenteprofesionalCienciassociales,humanasyafinesTeletrabajoServicio7x24OroNA","IT-BPO-29-755","Agente con dominio en lenguaje de señas colombiana (Videollamada)","Agente profesional","Ciencias sociales, humanas y afines","Teletrabajo","Servicio 7x24","Oro","NA","Mes 7x24",41604393.600000001,36206310.780000001,57362595.539999999,42523407.390000001,66446409.509999998,71675409.530000001,41355639.259999998,35347621.420000002,null,null,"SMMLV"]
["Agentecondominioenlenguajedeseñascolombiana(Videollamada)AgenteprofesionalCienciassociales,humanasyafinesTeletrabajoHoraextranocturna PlatinoNA","IT-BPO-29-758","Agente con dominio en lenguaje de señas colombiana (Videollamada)","Agente profesional","Ciencias sociales, humanas y afines","Teletrabajo","Hora extra nocturna ","Platino","NA","Hora",78237.039999999994,73109.87,100589.99,60448.38,125322.27,107179.7,77335.06,54287.47,null,null,"SMMLV"]
["Agentecondominioenlenguajedeseñascolombiana(Videollamada)AgenteprofesionalCienciassociales,humanasyafinesTeletrabajoHoraextradominicalyfestivoPlatinoNA","IT-BPO-29-759","Agente con dominio en lenguaje de señas colombiana (Videollamada)","Agente profesional","Ciencias sociales, humanas y afines","Teletrabajo","Hora extra dominical y festivo","Platino","NA","Hora",89413.759999999995,104442.2,114959.67,68895.210000000006,136650.47,153112.76,88382.93,62042.81,null,null,"SMMLV"]
["Agentecondominioenlenguajedeseñascolombiana(Videollamada)AgenteprofesionalIngeniería,arquitectura,urbanismoyafinesTeletrabajoHoraextradiurnaOroNA","IT-BPO-29-762","Agente con dominio en lenguaje de señas colombiana (Videollamada)","Agente profesional","Ingeniería, arquitectura, urbanismo y afines","Teletrabajo","Hora extra diurna","Oro","NA","Hora",53222.48,52221.65,77939.91,43555.82,90694.720000000001,75441.119999999995,55239.33,38335.51,null,null,"SMMLV"]
["Agentecondominioenlenguajedeseñascolombiana(Videollamada)AgenteprofesionalIngeniería,arquitectura,urbanismoyafinesTeletrabajoHoraextranocturna OroNA","IT-BPO-29-763","Agente con dominio en lenguaje de señas colombiana (Videollamada)","Agente profesional","Ingeniería, arquitectura, urbanismo y afines","Teletrabajo","Hora extra nocturna ","Oro","NA","Hora",74511.47,73109.87,109114.56,60448.38,122817.97,105618.23,77335.06,53669.78,null,null,"SMMLV"]
["Agentecondominioenlenguajedeseñascolombiana(Videollamada)AgenteprofesionalIngeniería,arquitectura,urbanismoyafinesTeletrabajoServicio7x24OroNA","IT-BPO-29-765","Agente con dominio en lenguaje de señas colombiana (Videollamada)","Agente profesional","Ingeniería, arquitectura, urbanismo y afines","Teletrabajo","Servicio 7x24","Oro","NA","Mes 7x24",41604393.600000001,36206310.780000001,57362595.539999999,42523407.390000001,66446409.509999998,71675409.530000001,41355639.259999998,35347621.420000002,null,null,"SMMLV"]
["Agentecondominioenlenguajedeseñascolombiana(Videollamada)AgenteprofesionalIngeniería,arquitectura,urbanismoyafinesTeletrabajoJornadaOrdinariaPlatinoNA","IT-BPO-29-766","Agente con dominio en lenguaje de señas colombiana (Videollamada)","Agente profesional","Ingeniería, arquitectura, urbanismo y afines","Teletrabajo","Jornada Ordinaria","Platino","NA","Mes",9388444.5899999999,9626576.4299999997,13220286.5,9217833.7400000002,17189061.140000001,12861446.24,8771394.4000000004,8853119.4600000009,null,null,"SMMLV"]
["Agentecondominioenlenguajedeseñascolombiana(Videollamada)AgenteprofesionalIngeniería,arquitectura,urbanismoyafinesTeletrabajoHoraextradominicalyfestivoPlatinoNA","IT-BPO-29-769","Agente con dominio en lenguaje de señas colombiana (Videollamada)","Agente profesional","Ingeniería, arquitectura, urbanismo y afines","Teletrabajo","Hora extra dominical y festivo","Platino","NA","Hora",89413.759999999995,104442.2,114959.67,68895.210000000006,136650.47,153112.76,88382.93,62042.81,null,null,"SMMLV"]
["Agentecondominioenlenguajedeseñascolombiana(Videollamada)AgenteprofesionalIngeniería,arquitectura,urbanismoyafinesTeletrabajoServicio7x24PlatinoNA","IT-BPO-29-770","Agente con dominio en lenguaje de señas colombiana (Videollamada)","Agente profesional","Ingeniería, arquitectura, urbanismo y afines","Teletrabajo","Servicio 7x24","Platino","NA","Mes 7x24",43684613.280000001,36327588.600000001,52881142.700000003,42523407.390000001,68203724.340000004,72734915.099999994,41355639.259999998,35734331.18,null,null,"SMMLV"]
["Agentecondominioenlenguajedeseñascolombiana(Videollamada)AgenteprofesionalBellasartesyafinesTeletrabajoHoraextranocturna OroNA","IT-BPO-29-773","Agente con dominio en lenguaje de señas colombiana (Videollamada)","Agente profesional","Bellas artes y afines","Teletrabajo","Hora extra nocturna ","Oro","NA","Hora",74511.47,73109.87,109114.56,60448.38,122817.97,105618.23,77335.06,53669.78,null,null,"SMMLV"]
["Agentecondominioenlenguajedeseñascolombiana(Videollamada)AgenteprofesionalBellasartesyafinesTeletrabajoHoraextradominicalyfestivoOroNA","IT-BPO-29-774","Agente con dominio en lenguaje de señas colombiana (Videollamada)","Agente profesional","Bellas artes y afines","Teletrabajo","Hora extra dominical y festivo","Oro","NA","Hora",85155.96,104442.2,124701.89,68895.210000000006,134407.07,150882.23999999999,88382.93,61336.86,null,null,"SMMLV"]
["Agentecondominioenlenguajedeseñascolombiana(Videollamada)AgenteprofesionalBellasartesyafinesTeletrabajoJornadaOrdinariaPlatinoNA","IT-BPO-29-776","Agente con dominio en lenguaje de señas colombiana (Videollamada)","Agente profesional","Bellas artes y afines","Teletrabajo","Jornada Ordinaria","Platino","NA","Mes",9388444.5899999999,9626576.4299999997,13220286.5,9217833.7400000002,16984398.48,12861446.24,8771394.4000000004,8853119.4600000009,null,null,"SMMLV"]
["Agentecondominioenlenguajedeseñascolombiana(Videollamada)AgenteprofesionalBellasartesyafinesTeletrabajoHoraextradiurnaPlatinoNA","IT-BPO-29-777","Agente con dominio en lenguaje de señas colombiana (Videollamada)","Agente profesional","Bellas artes y afines","Teletrabajo","Hora extra diurna","Platino","NA","Hora",55883.6,52221.65,71849.52,43555.82,93501.45,76556.929999999993,55239.33,38776.69,null,null,"SMMLV"]
["Agentecondominioenlenguajedeseñascolombiana(Videollamada)AgenteprofesionalBellasartesyafinesTeletrabajoServicio7x24PlatinoNA","IT-BPO-29-780","Agente con dominio en lenguaje de señas colombiana (Videollamada)","Agente profesional","Bellas artes y afines","Teletrabajo","Servicio 7x24","Platino","NA","Mes 7x24",43684613.280000001,36327588.600000001,52881142.700000003,42523407.390000001,67794399.019999996,72734915.099999994,41355639.259999998,35734331.18,null,null,"SMMLV"]
["Agentecondominioenlenguajedeseñascolombiana(Videollamada)AgenteprofesionalMatemáticas,cienciasnaturalesyafinesTeletrabajoJornadaOrdinariaOroNA","IT-BPO-29-781","Agente con dominio en lenguaje de señas colombiana (Videollamada)","Agente profesional","Matemáticas, ciencias naturales y afines","Teletrabajo","Jornada Ordinaria","Oro","NA","Mes",8941375.8000000007,9588450.7200000007,14340649.98,9217833.7400000002,16702928.52,12674098.310000001,8771394.4000000004,8770180.4299999997,null,null,"SMMLV"]
["Agentecondominioenlenguajedeseñascolombiana(Videollamada)AgenteprofesionalMatemáticas,cienciasnaturalesyafinesTeletrabajoHoraextradominicalyfestivoOroNA","IT-BPO-29-784","Agente con dominio en lenguaje de señas colombiana (Videollamada)","Agente profesional","Matemáticas, ciencias naturales y afines","Teletrabajo","Hora extra dominical y festivo","Oro","NA","Hora",85155.96,104442.2,124701.89,68895.210000000006,134407.07,150882.23999999999,88382.93,61336.86,null,null,"SMMLV"]
["Agentecondominioenlenguajedeseñascolombiana(Videollamada)AgenteprofesionalMatemáticas,cienciasnaturalesyafinesTeletrabajoServicio7x24OroNA","IT-BPO-29-785","Agente con dominio en lenguaje de señas colombiana (Videollamada)","Agente profesional","Matemáticas, ciencias naturales y afines","Teletrabajo","Servicio 7x24","Oro","NA","Mes 7x24",41604393.600000001,36206310.780000001,57362595.539999999,42523407.390000001,66055689.890000001,71675409.530000001,41355639.259999998,35347621.420000002,null,null,"SMMLV"]
["Agentecondominioenlenguajedeseñascolombiana(Videollamada)AgenteprofesionalMatemáticas,cienciasnaturalesyafinesTeletrabajoHoraextranocturna PlatinoNA","IT-BPO-29-788","Agente con dominio en lenguaje de señas colombiana (Videollamada)","Agente profesional","Matemáticas, ciencias naturales y afines","Teletrabajo","Hora extra nocturna ","Platino","NA","Hora",78237.039999999994,73109.87,100589.99,60448.38,125322.27,107179.7,77335.06,54287.47,null,null,"SMMLV"]
["Agentecondominioenlenguajedeseñascolombiana(Videollamada)AgenteprofesionalMatemáticas,cienciasnaturalesyafinesTeletrabajoHoraextradominicalyfestivoPlatinoNA","IT-BPO-29-789","Agente con dominio en lenguaje de señas colombiana (Videollamada)","Agente profesional","Matemáticas, ciencias naturales y afines","Teletrabajo","Hora extra dominical y festivo","Platino","NA","Hora",89413.759999999995,104442.2,114959.67,68895.210000000006,136650.47,153112.76,88382.93,62042.81,null,null,"SMMLV"]
["Agentecondominioenlenguajedeseñascolombiana(Videollamada)AgenteprofesionalCienciasdelasaludyafinesTeletrabajoJornadaOrdinariaOroNA","IT-BPO-29-791","Agente con dominio en lenguaje de señas colombiana (Videollamada)","Agente profesional","Ciencias de la salud y afines","Teletrabajo","Jornada Ordinaria","Oro","NA","Mes",8941375.8000000007,9588450.7200000007,18001485.739999998,12981134.119999999,17990883.629999999,16059444.109999999,8771394.4000000004,13083011.050000001,null,null,"SMMLV"]
["Agentecondominioenlenguajedeseñascolombiana(Videollamada)AgenteprofesionalCienciasdelasaludyafinesTeletrabajoHoraextradiurnaOroNA","IT-BPO-29-792","Agente con dominio en lenguaje de señas colombiana (Videollamada)","Agente profesional","Ciencias de la salud y afines","Teletrabajo","Hora extra diurna","Oro","NA","Hora",53222.48,52221.65,97836.06,73424.13,102346.44,95592.41,55239.33,61276.2,null,null,"SMMLV"]
["Agentecondominioenlenguajedeseñascolombiana(Videollamada)AgenteprofesionalCienciasdelasaludyafinesTeletrabajoServicio7x24OroNA","IT-BPO-29-795","Agente con dominio en lenguaje de señas colombiana (Videollamada)","Agente profesional","Ciencias de la salud y afines","Teletrabajo","Servicio 7x24","Oro","NA","Mes 7x24",41604393.600000001,36206310.780000001,72005941.849999994,71170034.180000007,88223470.939999998,91197430.879999995,41355639.259999998,55456528.710000001,null,null,"SMMLV"]
["Agentecondominioenlenguajedeseñascolombiana(Videollamada)AgenteprofesionalCienciasdelasaludyafinesTeletrabajoJornadaOrdinariaPlatinoNA","IT-BPO-29-796","Agente con dominio en lenguaje de señas colombiana (Videollamada)","Agente profesional","Ciencias de la salud y afines","Teletrabajo","Jornada Ordinaria","Platino","NA","Mes",9388444.5899999999,9626576.4299999997,16595120.300000001,12981134.119999999,19262887.170000002,16296834.630000001,8771394.4000000004,13165950.08,null,null,"SMMLV"]
["Agentecondominioenlenguajedeseñascolombiana(Videollamada)AgenteprofesionalCienciasdelasaludyafinesTeletrabajoHoraextradominicalyfestivoPlatinoNA","IT-BPO-29-799","Agente con dominio en lenguaje de señas colombiana (Videollamada)","Agente profesional","Ciencias de la salud y afines","Teletrabajo","Hora extra dominical y festivo","Platino","NA","Hora",89413.759999999995,104442.2,144305.67000000001,116684.3,157913.43,194011.01,88382.93,98747.76,null,null,"SMMLV"]
["Agentecondominioenlenguajedeseñascolombiana(Videollamada)AgenteprofesionalCienciasdelasaludyafinesTeletrabajoServicio7x24PlatinoNA","IT-BPO-29-800","Agente con dominio en lenguaje de señas colombiana (Videollamada)","Agente profesional","Ciencias de la salud y afines","Teletrabajo","Servicio 7x24","Platino","NA","Mes 7x24",43684613.280000001,36327588.600000001,66380477.899999999,71170034.180000007,90320164.030000001,92545507.280000001,41355639.259999998,55843238.469999999,null,null,"SMMLV"]
["Agentecondominioenlenguajedeseñascolombiana(Videollamada)AgenteprofesionalAgronomía,veterinariayafinesTeletrabajoHoraextradiurnaOroNA","IT-BPO-29-802","Agente con dominio en lenguaje de señas colombiana (Videollamada)","Agente profesional","Agronomía, veterinaria y afines","Teletrabajo","Hora extra diurna","Oro","NA","Hora",53222.48,52221.65,77939.91,43555.82,90694.720000000001,75441.119999999995,55239.33,38335.51,null,null,"SMMLV"]
["Agentecondominioenlenguajedeseñascolombiana(Videollamada)AgenteprofesionalAgronomía,veterinariayafinesTeletrabajoHoraextranocturna OroNA","IT-BPO-29-803","Agente con dominio en lenguaje de señas colombiana (Videollamada)","Agente profesional","Agronomía, veterinaria y afines","Teletrabajo","Hora extra nocturna ","Oro","NA","Hora",74511.47,73109.87,109114.56,60448.38,122817.97,105618.23,77335.06,53669.78,null,null,"SMMLV"]
["Agentecondominioenlenguajedeseñascolombiana(Videollamada)AgenteprofesionalAgronomía,veterinariayafinesTeletrabajoJornadaOrdinariaPlatinoNA","IT-BPO-29-806","Agente con dominio en lenguaje de señas colombiana (Videollamada)","Agente profesional","Agronomía, veterinaria y afines","Teletrabajo","Jornada Ordinaria","Platino","NA","Mes",9388444.5899999999,9626576.4299999997,13220286.5,9217833.7400000002,16984398.48,12861446.24,8771394.4000000004,8853119.4600000009,null,null,"SMMLV"]
["Agentecondominioenlenguajedeseñascolombiana(Videollamada)AgenteprofesionalAgronomía,veterinariayafinesTeletrabajoHoraextradiurnaPlatinoNA","IT-BPO-29-807","Agente con dominio en lenguaje de señas colombiana (Videollamada)","Agente profesional","Agronomía, veterinaria y afines","Teletrabajo","Hora extra diurna","Platino","NA","Hora",55883.6,52221.65,71849.52,43555.82,93501.45,76556.929999999993,55239.33,38776.69,null,null,"SMMLV"]
["Agentecondominioenlenguajedeseñascolombiana(Videollamada)AgenteprofesionalAgronomía,veterinariayafinesTeletrabajoServicio7x24PlatinoNA","IT-BPO-29-810","Agente con dominio en lenguaje de señas colombiana (Videollamada)","Agente profesional","Agronomía, veterinaria y afines","Teletrabajo","Servicio 7x24","Platino","NA","Mes 7x24",43684613.280000001,36327588.600000001,52881142.700000003,42523407.390000001,67794399.019999996,72734915.099999994,41355639.259999998,35734331.18,null,null,"SMMLV"]
["Agentecondominioenlenguajedeseñascolombiana(Videollamada)AgenteprofesionalCienciasdelaeducaciónyafinesTeletrabajoJornadaOrdinariaOroNA","IT-BPO-29-811","Agente con dominio en lenguaje de señas colombiana (Videollamada)","Agente profesional","Ciencias de la educación y afines","Teletrabajo","Jornada Ordinaria","Oro","NA","Mes",8941375.8000000007,9588450.7200000007,14340649.98,9217833.7400000002,16702928.52,12674098.310000001,8771394.4000000004,8770180.4299999997,null,null,"SMMLV"]
["Agentecondominioenlenguajedeseñascolombiana(Videollamada)AgenteprofesionalCienciasdelaeducaciónyafinesTeletrabajoHoraextranocturna OroNA","IT-BPO-29-813","Agente con dominio en lenguaje de señas colombiana (Videollamada)","Agente profesional","Ciencias de la educación y afines","Teletrabajo","Hora extra nocturna ","Oro","NA","Hora",74511.47,73109.87,109114.56,60448.38,122817.97,105618.23,77335.06,53669.78,null,null,"SMMLV"]
["Agentecondominioenlenguajedeseñascolombiana(Videollamada)AgenteprofesionalCienciasdelaeducaciónyafinesTeletrabajoHoraextradominicalyfestivoOroNA","IT-BPO-29-814","Agente con dominio en lenguaje de señas colombiana (Videollamada)","Agente profesional","Ciencias de la educación y afines","Teletrabajo","Hora extra dominical y festivo","Oro","NA","Hora",85155.96,104442.2,124701.89,68895.210000000006,134407.07,150882.23999999999,88382.93,61336.86,null,null,"SMMLV"]
["Agentecondominioenlenguajedeseñascolombiana(Videollamada)AgenteprofesionalCienciasdelaeducaciónyafinesTeletrabajoHoraextradiurnaPlatinoNA","IT-BPO-29-817","Agente con dominio en lenguaje de señas colombiana (Videollamada)","Agente profesional","Ciencias de la educación y afines","Teletrabajo","Hora extra diurna","Platino","NA","Hora",55883.6,52221.65,71849.52,43555.82,93501.45,76556.929999999993,55239.33,38776.69,null,null,"SMMLV"]
["Agentecondominioenlenguajedeseñascolombiana(Videollamada)AgenteprofesionalCienciasdelaeducaciónyafinesTeletrabajoHoraextranocturna PlatinoNA","IT-BPO-29-818","Agente con dominio en lenguaje de señas colombiana (Videollamada)","Agente profesional","Ciencias de la educación y afines","Teletrabajo","Hora extra nocturna ","Platino","NA","Hora",78237.039999999994,73109.87,100589.99,60448.38,125322.27,107179.7,77335.06,54287.47,null,null,"SMMLV"]
["Agentecondominioenlenguajedeseñascolombiana(Videollamada)AgenteespecializadoEconomía,administración,contaduríayafinesTeletrabajoJornadaOrdinariaOroNA","IT-BPO-29-821","Agente con dominio en lenguaje de señas colombiana (Videollamada)","Agente especializado","Economía, administración, contaduría y afines","Teletrabajo","Jornada Ordinaria","Oro","NA","Mes",11422996.199999999,12095063.4,18001485.739999998,11711218.82,21129579.010000002,16059444.109999999,11432825.35,10926595.689999999,null,null,"SMMLV"]
["Agentecondominioenlenguajedeseñascolombiana(Videollamada)AgenteespecializadoEconomía,administración,contaduríayafinesTeletrabajoHoraextradiurnaOroNA","IT-BPO-29-822","Agente con dominio en lenguaje de señas colombiana (Videollamada)","Agente especializado","Economía, administración, contaduría y afines","Teletrabajo","Hora extra diurna","Oro","NA","Hora",67994.03,68540.429999999993,97836.06,56542.52,118031.81,95592.41,72501.62,49805.86,null,null,"SMMLV"]
["Agentecondominioenlenguajedeseñascolombiana(Videollamada)AgenteespecializadoEconomía,administración,contaduríayafinesTeletrabajoHoraextradominicalyfestivoOroNA","IT-BPO-29-824","Agente con dominio en lenguaje de señas colombiana (Videollamada)","Agente especializado","Economía, administración, contaduría y afines","Teletrabajo","Hora extra dominical y festivo","Oro","NA","Hora",108790.44,137080.85999999999,156535.73000000001,89672.84,176595.03,191184.81,116002.59,79689.39,null,null,"SMMLV"]
["Agentecondominioenlenguajedeseñascolombiana(Videollamada)AgenteespecializadoEconomía,administración,contaduríayafinesTeletrabajoServicio7x24OroNA","IT-BPO-29-825","Agente con dominio en lenguaje de señas colombiana (Videollamada)","Agente especializado","Economía, administración, contaduría y afines","Teletrabajo","Servicio 7x24","Oro","NA","Mes 7x24",54012495.600000001,46232761.5,72005941.849999994,54978462.990000002,84248194.599999994,91197430.879999995,54199646.729999997,45402075.119999997,null,null,"SMMLV"]
["Agentecondominioenlenguajedeseñascolombiana(Videollamada)AgenteespecializadoEconomía,administración,contaduríayafinesTeletrabajoHoraextranocturna PlatinoNA","IT-BPO-29-828","Agente con dominio en lenguaje de señas colombiana (Videollamada)","Agente especializado","Economía, administración, contaduría y afines","Teletrabajo","Hora extra nocturna ","Platino","NA","Hora",99951.22,95955.95,126268.83,78629.759999999995,160904.79,135807.38,101502.27,70345.87,null,null,"SMMLV"]
["Agentecondominioenlenguajedeseñascolombiana(Videollamada)AgenteespecializadoEconomía,administración,contaduríayafinesTeletrabajoHoraextradominicalyfestivoPlatinoNA","IT-BPO-29-829","Agente con dominio en lenguaje de señas colombiana (Videollamada)","Agente especializado","Economía, administración, contaduría y afines","Teletrabajo","Hora extra dominical y festivo","Platino","NA","Hora",114229.96,137080.85999999999,144305.67000000001,89672.84,179547.37,194011.01,116002.59,80395.23,null,null,"SMMLV"]
["Agentecondominioenlenguajedeseñascolombiana(Videollamada)AgenteespecializadoCienciassociales,humanasyafinesTeletrabajoHoraextradiurnaOroNA","IT-BPO-29-832","Agente con dominio en lenguaje de señas colombiana (Videollamada)","Agente especializado","Ciencias sociales, humanas y afines","Teletrabajo","Hora extra diurna","Oro","NA","Hora",67994.03,68540.429999999993,97836.06,56542.52,108017.59,95592.41,72501.62,49805.86,null,null,"SMMLV"]
["Agentecondominioenlenguajedeseñascolombiana(Videollamada)AgenteespecializadoCienciassociales,humanasyafinesTeletrabajoHoraextranocturna OroNA","IT-BPO-29-833","Agente con dominio en lenguaje de señas colombiana (Videollamada)","Agente especializado","Ciencias sociales, humanas y afines","Teletrabajo","Hora extra nocturna ","Oro","NA","Hora",95191.64,95955.95,136969.17000000001,78629.759999999995,144390.07999999999,133828.71,101502.27,69728.179999999993,null,null,"SMMLV"]
["Agentecondominioenlenguajedeseñascolombiana(Videollamada)AgenteespecializadoCienciassociales,humanasyafinesTeletrabajoJornadaOrdinariaPlatinoNA","IT-BPO-29-836","Agente con dominio en lenguaje de señas colombiana (Videollamada)","Agente especializado","Ciencias sociales, humanas y afines","Teletrabajo","Jornada Ordinaria","Platino","NA","Mes",11994146.01,12133189.109999999,16595120.300000001,11711218.82,19663800.140000001,16296834.630000001,11432825.35,11009534.82,null,null,"SMMLV"]
["Agentecondominioenlenguajedeseñascolombiana(Videollamada)AgenteespecializadoCienciassociales,humanasyafinesTeletrabajoHoraextradiurnaPlatinoNA","IT-BPO-29-837","Agente con dominio en lenguaje de señas colombiana (Videollamada)","Agente especializado","Ciencias sociales, humanas y afines","Teletrabajo","Hora extra diurna","Platino","NA","Hora",71393.73,68540.429999999993,90192.960000000006,56542.52,110217.51,97006.05,72501.62,50247.03,null,null,"SMMLV"]
["Agentecondominioenlenguajedeseñascolombiana(Videollamada)AgenteespecializadoCienciassociales,humanasyafinesTeletrabajoHoraextradominicalyfestivoPlatinoNA","IT-BPO-29-839","Agente con dominio en lenguaje de señas colombiana (Videollamada)","Agente especializado","Ciencias sociales, humanas y afines","Teletrabajo","Hora extra dominical y festivo","Platino","NA","Hora",114229.96,137080.85999999999,144305.67000000001,89672.84,164313.95000000001,194011.01,116002.59,80395.23,null,null,"SMMLV"]
["Agentecondominioenlenguajedeseñascolombiana(Videollamada)AgenteespecializadoCienciassociales,humanasyafinesTeletrabajoServicio7x24PlatinoNA","IT-BPO-29-840","Agente con dominio en lenguaje de señas colombiana (Videollamada)","Agente especializado","Ciencias sociales, humanas y afines","Teletrabajo","Servicio 7x24","Platino","NA","Mes 7x24",56713120.380000003,46354039.32,66380477.899999999,54978462.990000002,79145963.849999994,92545507.280000001,54199646.729999997,45788784.880000003,null,null,"SMMLV"]
["Agentecondominioenlenguajedeseñascolombiana(Videollamada)AgenteespecializadoIngeniería,arquitectura,urbanismoyafinesTeletrabajoHoraextranocturna OroNA","IT-BPO-29-843","Agente con dominio en lenguaje de señas colombiana (Videollamada)","Agente especializado","Ingeniería, arquitectura, urbanismo y afines","Teletrabajo","Hora extra nocturna ","Oro","NA","Hora",95191.64,95955.95,136969.17000000001,78629.759999999995,157776.37,133828.71,101502.27,69728.179999999993,null,null,"SMMLV"]
["Agentecondominioenlenguajedeseñascolombiana(Videollamada)AgenteespecializadoIngeniería,arquitectura,urbanismoyafinesTeletrabajoHoraextradominicalyfestivoOroNA","IT-BPO-29-844","Agente con dominio en lenguaje de señas colombiana (Videollamada)","Agente especializado","Ingeniería, arquitectura, urbanismo y afines","Teletrabajo","Hora extra dominical y festivo","Oro","NA","Hora",108790.44,137080.85999999999,156535.73000000001,89672.84,176595.03,191184.81,116002.59,79689.39,null,null,"SMMLV"]
["Agentecondominioenlenguajedeseñascolombiana(Videollamada)AgenteespecializadoIngeniería,arquitectura,urbanismoyafinesTeletrabajoHoraextradiurnaPlatinoNA","IT-BPO-29-847","Agente con dominio en lenguaje de señas colombiana (Videollamada)","Agente especializado","Ingeniería, arquitectura, urbanismo y afines","Teletrabajo","Hora extra diurna","Platino","NA","Hora",71393.73,68540.429999999993,90192.960000000006,56542.52,120435.69,97006.05,72501.62,50247.03,null,null,"SMMLV"]
["Agentecondominioenlenguajedeseñascolombiana(Videollamada)AgenteespecializadoIngeniería,arquitectura,urbanismoyafinesTeletrabajoHoraextranocturna PlatinoNA","IT-BPO-29-848","Agente con dominio en lenguaje de señas colombiana (Videollamada)","Agente especializado","Ingeniería, arquitectura, urbanismo y afines","Teletrabajo","Hora extra nocturna ","Platino","NA","Hora",99951.22,95955.95,126268.83,78629.759999999995,160904.79,135807.38,101502.27,70345.87,null,null,"SMMLV"]
[{"$f":"SUBSTITUTE(C3010&D3010&E3010&F3010&G3010&H3010&I3010,\" \",\"\")","v":"Agentecondominioenlenguajedeseñascolombiana(Videollamada)AgenteespecializadoIngeniería,arquitectura,urbanismoyafinesTeletrabajoServicio7x24PlatinoNA"},"IT-BPO-29-850","Agente con dominio en lenguaje de señas colombiana (Videollamada)","Agente especializado","Ingeniería, arquitectura, urbanismo y afines","Teletrabajo","Servicio 7x24","Platino","NA","Mes 7x24",56713120.380000003,46354039.32,66380477.899999999,54978462.990000002,86480286.109999999,92545507.280000001,54199646.729999997,45788784.880000003,null,null,"SMMLV"]
["Agentecondominioenlenguajedeseñascolombiana(Videollamada)AgenteespecializadoBellasartesyafinesTeletrabajoJornadaOrdinariaOroNA","IT-BPO-29-851","Agente con dominio en lenguaje de señas colombiana (Videollamada)","Agente especializado","Bellas artes y afines","Teletrabajo","Jornada Ordinaria","Oro","NA","Mes",11422996.199999999,12095063.4,18001485.739999998,11711218.82,21129579.010000002,16059444.109999999,11432825.35,10926595.689999999,null,null,"SMMLV"]
["Agentecondominioenlenguajedeseñascolombiana(Videollamada)AgenteespecializadoBellasartesyafinesTeletrabajoHoraextradominicalyfestivoOroNA","IT-BPO-29-854","Agente con dominio en lenguaje de señas colombiana (Videollamada)","Agente especializado","Bellas artes y afines","Teletrabajo","Hora extra dominical y festivo","Oro","NA","Hora",108790.44,137080.85999999999,156535.73000000001,89672.84,176595.03,191184.81,116002.59,79689.39,null,null,"SMMLV"]
["Agentecondominioenlenguajedeseñascolombiana(Videollamada)AgenteespecializadoBellasartesyafinesTeletrabajoServicio7x24OroNA","IT-BPO-29-855","Agente con dominio en lenguaje de señas colombiana (Videollamada)","Agente especializado","Bellas artes y afines","Teletrabajo","Servicio 7x24","Oro","NA","Mes 7x24",54012495.600000001,46232761.5,72005941.849999994,54978462.990000002,84248194.599999994,91197430.879999995,54199646.729999997,45402075.119999997,null,null,"SMMLV"]
["Agentecondominioenlenguajedeseñascolombiana(Videollamada)AgenteespecializadoBellasartesyafinesTeletrabajoHoraextranocturna PlatinoNA","IT-BPO-29-858","Agente con dominio en lenguaje de señas colombiana (Videollamada)","Agente especializado","Bellas artes y afines","Teletrabajo","Hora extra nocturna ","Platino","NA","Hora",99951.22,95955.95,126268.83,78629.759999999995,160904.79,135807.38,101502.27,70345.87,null,null,"SMMLV"]
["Agentecondominioenlenguajedeseñascolombiana(Videollamada)AgenteespecializadoBellasartesyafinesTeletrabajoHoraextradominicalyfestivoPlatinoNA","IT-BPO-29-859","Agente con dominio en lenguaje de señas colombiana (Videollamada)","Agente especializado","Bellas artes y afines","Teletrabajo","Hora extra dominical y festivo","Platino","NA","Hora",114229.96,137080.85999999999,144305.67000000001,89672.84,179547.37,194011.01,116002.59,80395.23,null,null,"SMMLV"]
["Agentecondominioenlenguajedeseñascolombiana(Videollamada)AgenteespecializadoMatemáticas,cienciasnaturalesyafinesTeletrabajoJornadaOrdinariaOroNA","IT-BPO-29-861","Agente con dominio en lenguaje de señas colombiana (Videollamada)","Agente especializado","Matemáticas, ciencias naturales y afines","Teletrabajo","Jornada Ordinaria","Oro","NA","Mes",11422996.199999999,12095063.4,18001485.739999998,11711218.82,21130197.289999999,16059444.109999999,11432825.35,10926595.689999999,null,null,"SMMLV"]
["Agentecondominioenlenguajedeseñascolombiana(Videollamada)AgenteespecializadoMatemáticas,cienciasnaturalesyafinesTeletrabajoHoraextradiurnaOroNA","IT-BPO-29-862","Agente con dominio en lenguaje de señas colombiana (Videollamada)","Agente especializado","Matemáticas, ciencias naturales y afines","Teletrabajo","Hora extra diurna","Oro","NA","Hora",67994.03,68540.429999999993,97836.06,56542.52,118031.81,95592.41,72501.62,49805.86,null,null,"SMMLV"]
["Agentecondominioenlenguajedeseñascolombiana(Videollamada)AgenteespecializadoMatemáticas,cienciasnaturalesyafinesTeletrabajoServicio7x24OroNA","IT-BPO-29-865","Agente con dominio en lenguaje de señas colombiana (Videollamada)","Agente especializado","Matemáticas, ciencias naturales y afines","Teletrabajo","Servicio 7x24","Oro","NA","Mes 7x24",54012495.600000001,46232761.5,72005941.849999994,54978462.990000002,84249431.680000007,91197430.879999995,54199646.729999997,45402075.119999997,null,null,"SMMLV"]
["Agentecondominioenlenguajedeseñascolombiana(Videollamada)AgenteespecializadoMatemáticas,cienciasnaturalesyafinesTeletrabajoJornadaOrdinariaPlatinoNA","IT-BPO-29-866","Agente con dominio en lenguaje de señas colombiana (Videollamada)","Agente especializado","Matemáticas, ciencias naturales y afines","Teletrabajo","Jornada Ordinaria","Platino","NA","Mes",11994146.01,12133189.109999999,16595120.300000001,11711218.82,21486815.899999999,16296834.630000001,11432825.35,11009534.82,null,null,"SMMLV"]
["Agentecondominioenlenguajedeseñascolombiana(Videollamada)AgenteespecializadoMatemáticas,cienciasnaturalesyafinesTeletrabajoHoraextradominicalyfestivoPlatinoNA","IT-BPO-29-869","Agente con dominio en lenguaje de señas colombiana (Videollamada)","Agente especializado","Matemáticas, ciencias naturales y afines","Teletrabajo","Hora extra dominical y festivo","Platino","NA","Hora",114229.96,137080.85999999999,144305.67000000001,89672.84,164313.95000000001,194011.01,116002.59,80395.23,null,null,"SMMLV"]
["Agentecondominioenlenguajedeseñascolombiana(Videollamada)AgenteespecializadoMatemáticas,cienciasnaturalesyafinesTeletrabajoServicio7x24PlatinoNA","IT-BPO-29-870","Agente con dominio en lenguaje de señas colombiana (Videollamada)","Agente especializado","Matemáticas, ciencias naturales y afines","Teletrabajo","Servicio 7x24","Platino","NA","Mes 7x24",56713120.380000003,46354039.32,66380477.899999999,54978462.990000002,79145963.849999994,92545507.280000001,54199646.729999997,45788784.880000003,null,null,"SMMLV"]
["Agentecondominioenlenguajedeseñascolombiana(Videollamada)AgenteespecializadoCienciasdelasaludyafinesTeletrabajoHoraextranocturna OroNA","IT-BPO-29-873","Agente con dominio en lenguaje de señas colombiana (Videollamada)","Agente especializado","Ciencias de la salud y afines","Teletrabajo","Hora extra nocturna ","Oro","NA","Hora",95191.64,95955.95,164823.78,138627,184753.48,162040.29,101502.27,85786.57,null,null,"SMMLV"]
["Agentecondominioenlenguajedeseñascolombiana(Videollamada)AgenteespecializadoCienciasdelasaludyafinesTeletrabajoHoraextradominicalyfestivoOroNA","IT-BPO-29-874","Agente con dominio en lenguaje de señas colombiana (Videollamada)","Agente especializado","Ciencias de la salud y afines","Teletrabajo","Hora extra dominical y festivo","Oro","NA","Hora",108790.44,137080.85999999999,188369.57,158240.64000000001,196572.88,231486.29,116002.59,98041.81,null,null,"SMMLV"]
["Agentecondominioenlenguajedeseñascolombiana(Videollamada)AgenteespecializadoCienciasdelasaludyafinesTeletrabajoJornadaOrdinariaPlatinoNA","IT-BPO-29-876","Agente con dominio en lenguaje de señas colombiana (Videollamada)","Agente especializado","Ciencias de la salud y afines","Teletrabajo","Jornada Ordinaria","Platino","NA","Mes",11994146.01,12133189.109999999,19969954.100000001,17310404.960000001,23991780.530000001,19732221.93,11432825.35,13165950.08,null,null,"SMMLV"]
["Agentecondominioenlenguajedeseñascolombiana(Videollamada)AgenteespecializadoCienciasdelasaludyafinesTeletrabajoHoraextradiurnaPlatinoNA","IT-BPO-29-877","Agente con dominio en lenguaje de señas colombiana (Videollamada)","Agente especializado","Ciencias de la salud y afines","Teletrabajo","Hora extra diurna","Platino","NA","Hora",71393.73,68540.429999999993,108534.21,99397.53,140746.34,117454.08,72501.62,61717.27,null,null,"SMMLV"]
["Agentecondominioenlenguajedeseñascolombiana(Videollamada)AgenteespecializadoCienciasdelasaludyafinesTeletrabajoServicio7x24PlatinoNA","IT-BPO-29-880","Agente con dominio en lenguaje de señas colombiana (Videollamada)","Agente especializado","Ciencias de la salud y afines","Teletrabajo","Servicio 7x24","Platino","NA","Mes 7x24",56713120.380000003,46354039.32,79879813.099999994,96080144.280000001,112035016.28,112356099.45,54199646.729999997,55843238.469999999,null,null,"SMMLV"]
["Agentecondominioenlenguajedeseñascolombiana(Videollamada)AgenteespecializadoAgronomía,veterinariayafinesTeletrabajoJornadaOrdinariaOroNA","IT-BPO-29-881","Agente con dominio en lenguaje de señas colombiana (Videollamada)","Agente especializado","Agronomía, veterinaria y afines","Teletrabajo","Jornada Ordinaria","Oro","NA","Mes",11422996.199999999,12095063.4,18001485.739999998,11711218.82,21324010.879999999,16059444.109999999,11432825.35,10926595.689999999,null,null,"SMMLV"]
["Agentecondominioenlenguajedeseñascolombiana(Videollamada)AgenteespecializadoAgronomía,veterinariayafinesTeletrabajoHoraextradominicalyfestivoOroNA","IT-BPO-29-884","Agente con dominio en lenguaje de señas colombiana (Videollamada)","Agente especializado","Agronomía, veterinaria y afines","Teletrabajo","Hora extra dominical y festivo","Oro","NA","Hora",108790.44,137080.85999999999,156535.73000000001,89672.84,176595.03,191184.81,116002.59,79689.39,null,null,"SMMLV"]
["Agentecondominioenlenguajedeseñascolombiana(Videollamada)AgenteespecializadoAgronomía,veterinariayafinesTeletrabajoServicio7x24OroNA","IT-BPO-29-885","Agente con dominio en lenguaje de señas colombiana (Videollamada)","Agente especializado","Agronomía, veterinaria y afines","Teletrabajo","Servicio 7x24","Oro","NA","Mes 7x24",54012495.600000001,46232761.5,72005941.849999994,54978462.990000002,84790121.349999994,91197430.879999995,54199646.729999997,45402075.119999997,null,null,"SMMLV"]
["Agentecondominioenlenguajedeseñascolombiana(Videollamada)AgenteespecializadoAgronomía,veterinariayafinesTeletrabajoHoraextradiurnaPlatinoNA","IT-BPO-29-887","Agente con dominio en lenguaje de señas colombiana (Videollamada)","Agente especializado","Agronomía, veterinaria y afines","Teletrabajo","Hora extra diurna","Platino","NA","Hora",71393.73,68540.429999999993,90192.960000000006,56542.52,109392.73,97006.05,72501.62,50247.03,null,null,"SMMLV"]
["Agentecondominioenlenguajedeseñascolombiana(Videollamada)AgenteespecializadoAgronomía,veterinariayafinesTeletrabajoHoraextranocturna PlatinoNA","IT-BPO-29-888","Agente con dominio en lenguaje de señas colombiana (Videollamada)","Agente especializado","Agronomía, veterinaria y afines","Teletrabajo","Hora extra nocturna ","Platino","NA","Hora",99951.22,95955.95,126268.83,78629.759999999995,143658.5,135807.38,101502.27,70345.87,null,null,"SMMLV"]
["Agentecondominioenlenguajedeseñascolombiana(Videollamada)AgenteespecializadoCienciasdelaeducaciónyafinesTeletrabajoJornadaOrdinariaOroNA","IT-BPO-29-891","Agente con dominio en lenguaje de señas colombiana (Videollamada)","Agente especializado","Ciencias de la educación y afines","Teletrabajo","Jornada Ordinaria","Oro","NA","Mes",11422996.199999999,12095063.4,18001485.739999998,11711218.82,22141031.370000001,16059444.109999999,11432825.35,10926595.689999999,null,null,"SMMLV"]
["Agentecondominioenlenguajedeseñascolombiana(Videollamada)AgenteespecializadoCienciasdelaeducaciónyafinesTeletrabajoHoraextradiurnaOroNA","IT-BPO-29-892","Agente con dominio en lenguaje de señas colombiana (Videollamada)","Agente especializado","Ciencias de la educación y afines","Teletrabajo","Hora extra diurna","Oro","NA","Hora",67994.03,68540.429999999993,97836.06,56542.52,111943.05,95592.41,72501.62,49805.86,null,null,"SMMLV"]
["Agentecondominioenlenguajedeseñascolombiana(Videollamada)AgenteespecializadoCienciasdelaeducaciónyafinesTeletrabajoServicio7x24OroNA","IT-BPO-29-895","Agente con dominio en lenguaje de señas colombiana (Videollamada)","Agente especializado","Ciencias de la educación y afines","Teletrabajo","Servicio 7x24","Oro","NA","Mes 7x24",54012495.600000001,46232761.5,72005941.849999994,54978462.990000002,88742435.370000005,91197430.879999995,54199646.729999997,45402075.119999997,null,null,"SMMLV"]
["Agentecondominioenlenguajedeseñascolombiana(Videollamada)AgenteespecializadoCienciasdelaeducaciónyafinesTeletrabajoJornadaOrdinariaPlatinoNA","IT-BPO-29-896","Agente con dominio en lenguaje de señas colombiana (Videollamada)","Agente especializado","Ciencias de la educación y afines","Teletrabajo","Jornada Ordinaria","Platino","NA","Mes",11994146.01,12133189.109999999,16595120.300000001,11711218.82,22530910.02,16296834.630000001,11432825.35,11009534.82,null,null,"SMMLV"]
["Agentecondominioenlenguajedeseñascolombiana(Videollamada)AgenteespecializadoCienciasdelaeducaciónyafinesTeletrabajoHoraextranocturna PlatinoNA","IT-BPO-29-898","Agente con dominio en lenguaje de señas colombiana (Videollamada)","Agente especializado","Ciencias de la educación y afines","Teletrabajo","Hora extra nocturna ","Platino","NA","Hora",99951.22,95955.95,126268.83,78629.759999999995,155752.47,135807.38,101502.27,70345.87,null,null,"SMMLV"]
["Agentecondominioenlenguajedeseñascolombiana(Videollamada)AgenteespecializadoCienciasdelaeducaciónyafinesTeletrabajoHoraextradominicalyfestivoPlatinoNA","IT-BPO-29-899","Agente con dominio en lenguaje de señas colombiana (Videollamada)","Agente especializado","Ciencias de la educación y afines","Teletrabajo","Hora extra dominical y festivo","Platino","NA","Hora",114229.96,137080.85999999999,144305.67000000001,89672.84,186880.12,194011.01,116002.59,80395.23,null,null,"SMMLV"]
["AgenteparaatenciónconVideollamadaAgentegeneralHoraextradiurnaEnSitioOroNANA","IT-BPO-30-2","Agente para atención con Videollamada","Agente general","Hora extra diurna","En Sitio","Oro","NA","NA","Hora",31402.41,24478.73,47594.18,22854.84,29939.21,39167.06,27045.16,20181.84,null,null,"SMMLV"]
["AgenteparaatenciónconVideollamadaAgentegeneralHoraextranocturna EnSitioOroNANA","IT-BPO-30-3","Agente para atención con Videollamada","Agente general","Hora extra nocturna ","En Sitio","Oro","NA","NA","Hora",43963.37,34270.22,66631.850000000006,31467.02,40277.53,54833.22,37863.22,28254.61,null,null,"SMMLV"]
["AgenteparaatenciónconVideollamadaAgentegeneralJornadaOrdinariaEnSitioPlatinoNANA","IT-BPO-30-6","Agente para atención con Videollamada","Agente general","Jornada Ordinaria","En Sitio","Platino","NA","NA","Mes",5539385.1200000001,5315377.47,8222374.71,5669540.9900000002,6981444.6500000004,6677223.5,4965358.74,5440220.8300000001,null,null,"SMMLV"]
["AgenteparaatenciónconVideollamadaAgentegeneralHoraextradiurnaEnSitioPlatinoNANA","IT-BPO-30-7","Agente para atención con Videollamada","Agente general","Hora extra diurna","En Sitio","Platino","NA","NA","Hora",32972.53,24478.73,44688.05,22854.84,30457.96,39746.31,27045.16,20623.009999999998,null,null,"SMMLV"]
["AgenteparaatenciónconVideollamadaAgentegeneralHoraextradominicalyfestivoEnSitioPlatinoNANA","IT-BPO-30-9","Agente para atención con Videollamada","Agente general","Hora extra dominical y festivo","En Sitio","Platino","NA","NA","Hora",52756.05,48957.45,71500.22,35773.65,46315.08,79491.53,37863.22,32996.839999999997,null,null,"SMMLV"]
["AgenteparaatenciónconVideollamadaAgentegeneralServicio7x24EnSitioPlatinoNANA","IT-BPO-30-10","Agente para atención con Videollamada","Agente general","Servicio 7x24","En Sitio","Platino","NA","NA","Mes 7x24",23372118,20351766.359999999,32889493.370000001,23239036.079999998,26771395.09,37409749.729999997,21064068.829999998,19821426,null,null,"SMMLV"]
["AgenteparaatenciónconVideollamadaAgentetécnicoHoraextranocturna EnSitioOroNANA","IT-BPO-30-13","Agente para atención con Videollamada","Agente técnico","Hora extra nocturna ","En Sitio","Oro","NA","NA","Hora",54002.99,45693.26,79674.39,40557.71,48962.16,72583.17,49946.82,36283.81,null,null,"SMMLV"]
[{"$f":"SUBSTITUTE(C3074&D3074&E3074&F3074&G3074&H3074&I3074,\" \",\"\")","v":"AgenteparaatenciónconVideollamadaAgentetécnicoHoraextradominicalyfestivoEnSitioOroNANA"},"IT-BPO-30-14","Agente para atención con Videollamada","Agente técnico","Hora extra dominical y festivo","En Sitio","Oro","NA","NA","Hora",61717.7,65276.24,91055.82,46163.01,56914.75,103689.93,49946.82,41467.21,null,null,"SMMLV"]
["AgenteparaatenciónconVideollamadaAgentetécnicoHoraextradiurnaEnSitioPlatinoNANA","IT-BPO-30-17","Agente para atención con Videollamada","Agente técnico","Hora extra diurna","En Sitio","Platino","NA","NA","Hora",40502.239999999998,32638.67,53434.91,29348.19,38277.56,52611.47,35676.300000000003,26358.18,null,null,"SMMLV"]
["AgenteparaatenciónconVideollamadaAgentetécnicoHoraextranocturna EnSitioPlatinoNANA","IT-BPO-30-18","Agente para atención con Videollamada","Agente técnico","Hora extra nocturna ","En Sitio","Platino","NA","NA","Hora",56703.14,45693.26,74808.210000000006,40557.71,49712.53,73655.179999999993,49946.82,36901.39,null,null,"SMMLV"]
["AgenteparaatenciónconVideollamadaAgentegeneralJornadaOrdinariaTeletrabajoOroNANA","IT-BPO-30-21","Agente para atención con Videollamada","Agente general","Jornada Ordinaria","Teletrabajo","Oro","NA","NA","Mes",5021372.16,5132640.59,8340155.0999999996,5243267.34,8103093.2400000002,7343659.1100000003,4284984.93,5357281.7,null,null,"SMMLV"]
["AgenteparaatenciónconVideollamadaAgentegeneralHoraextradiurnaTeletrabajoOroNANA","IT-BPO-30-22","Agente para atención con Videollamada","Agente general","Hora extra diurna","Teletrabajo","Oro","NA","NA","Hora",29889.119999999999,24478.73,45328.62,22854.84,34430.089999999997,43712.4,25893.439999999999,20181.84,null,null,"SMMLV"]
["AgenteparaatenciónconVideollamadaAgentegeneralHoraextradominicalyfestivoTeletrabajoOroNANA","IT-BPO-30-24","Agente para atención con Videollamada","Agente general","Hora extra dominical y festivo","Teletrabajo","Oro","NA","NA","Hora",47822.59,48957.45,72524.039999999994,35773.65,54567.77,87424.8,36250.81,32291,null,null,"SMMLV"]
["AgenteparaatenciónconVideollamadaAgentegeneralServicio7x24TeletrabajoOroNANA","IT-BPO-30-25","Agente para atención con Videollamada","Agente general","Servicio 7x24","Teletrabajo","Oro","NA","NA","Mes 7x24",22004375.399999999,20223587.850000001,33360616.02,22669506.870000001,29981631.640000001,40611228.600000001,19704325.390000001,19434716.23,null,null,"SMMLV"]
["AgenteparaatenciónconVideollamadaAgentegeneralHoraextranocturna TeletrabajoPlatinoNANA","IT-BPO-30-28","Agente para atención con Videollamada","Agente general","Hora extra nocturna ","Teletrabajo","Platino","NA","NA","Hora",43937.01,34270.22,59583.33,31467.02,47132.44,62101.83,36250.81,28872.19,null,null,"SMMLV"]
["AgenteparaatenciónconVideollamadaAgentegeneralHoraextradominicalyfestivoTeletrabajoPlatinoNANA","IT-BPO-30-29","Agente para atención con Videollamada","Agente general","Hora extra dominical y festivo","Teletrabajo","Platino","NA","NA","Hora",50213.72,48957.45,68094.77,35773.65,53262.34,88716.9,36250.81,32996.839999999997,null,null,"SMMLV"]
["AgenteparaatenciónconVideollamadaAgentetécnicoHoraextradiurnaTeletrabajoOroNANA","IT-BPO-30-32","Agente para atención con Videollamada","Agente técnico","Hora extra diurna","Teletrabajo","Oro","NA","NA","Hora",37060.28,32638.67,54200.31,29348.19,47022.77,53788.59,34524.58,25917.01,null,null,"SMMLV"]
["AgenteparaatenciónconVideollamadaAgentetécnicoHoraextranocturna TeletrabajoOroNANA","IT-BPO-30-33","Agente para atención con Videollamada","Agente técnico","Hora extra nocturna ","Teletrabajo","Oro","NA","NA","Hora",51884.39,45693.26,75879.12,40557.71,61202.7,75303.149999999994,48334.41,36283.81,null,null,"SMMLV"]
["AgenteparaatenciónconVideollamadaAgentetécnicoServicio7x24TeletrabajoOroNANA","IT-BPO-30-35","Agente para atención con Videollamada","Agente técnico","Servicio 7x24","Teletrabajo","Oro","NA","NA","Mes 7x24",28028145.600000001,25236813.210000001,39890495.219999999,28897034.670000002,40692402.729999997,50372239.280000001,25942830.309999999,24461943.030000001,null,null,"SMMLV"]
["AgenteparaatenciónconVideollamadaAgentetécnicoJornadaOrdinariaTeletrabajoPlatinoNANA","IT-BPO-30-36","Agente para atención con Videollamada","Agente técnico","Jornada Ordinaria","Teletrabajo","Platino","NA","NA","Mes",6537432.5099999998,6424071.54,9363609.9900000002,6489960.9800000004,10728720.550000001,9169906.6799999997,5577677.2699999996,6518428.46,null,null,"SMMLV"]
["AgenteparaatenciónconVideollamadaAgentetécnicoHoraextradominicalyfestivoTeletrabajoPlatinoNANA","IT-BPO-30-39","Agente para atención con Videollamada","Agente técnico","Hora extra dominical y festivo","Teletrabajo","Platino","NA","NA","Hora",62261.26,65276.24,81423.11,46163.01,73847.009999999995,109166.03,48334.41,42173.05,null,null,"SMMLV"]
["AgenteparaatenciónconVideollamadaAgentetécnicoServicio7x24TeletrabajoPlatinoNANA","IT-BPO-30-40","Agente para atención con Videollamada","Agente técnico","Servicio 7x24","Teletrabajo","Platino","NA","NA","Mes 7x24",29429552.879999999,25364991.719999999,37454434.490000002,28897034.670000002,41782251.799999997,51116839.280000001,25942830.309999999,24848652.789999999,null,null,"SMMLV"]
["AgenteparaatenciónconVideollamadaAgenteprofesionalEconomía,administración,contaduríayafinesHoraextranocturna EnsitioOroNA","IT-BPO-30-43","Agente para atención con Videollamada","Agente profesional","Economía, administración, contaduría y afines","Hora extra nocturna ","En sitio","Oro","NA","Hora",72494.039999999994,68540.429999999993,104302.04,56811.89,67081.13,99074.51,75816.95,50458.15,null,null,"SMMLV"]
["AgenteparaatenciónconVideollamadaAgenteprofesionalEconomía,administración,contaduríayafinesHoraextradominicalyfestivoEnsitioOroNA","IT-BPO-30-44","Agente para atención con Videollamada","Agente profesional","Economía, administración, contaduría y afines","Hora extra dominical y festivo","En sitio","Oro","NA","Hora",82850.33,97914.9,119201.7,64738.59,80983.88,141534.23000000001,112321.41,57666.42,null,null,"SMMLV"]
["AgenteparaatenciónconVideollamadaAgenteprofesionalEconomía,administración,contaduríayafinesJornadaOrdinariaEnsitioPlatinoNA","IT-BPO-30-46","Agente para atención con Videollamada","Agente profesional","Economía, administración, contaduría y afines","Jornada Ordinaria","En sitio","Platino","NA","Mes",9134248.6600000001,9269865.9499999993,12870923.460000001,9145429.0500000007,11257264.08,12064596.119999999,11580912.970000001,8421836.4100000001,null,null,"SMMLV"]
["AgenteparaatenciónconVideollamadaAgenteprofesionalEconomía,administración,contaduríayafinesHoraextradiurnaEnsitioPlatinoNA","IT-BPO-30-47","Agente para atención con Videollamada","Agente profesional","Economía, administración, contaduría y afines","Hora extra diurna","En sitio","Platino","NA","Hora",54370.53,48957.45,69951.89,40958.480000000003,49945.8,71813.39,70200.88,36482.660000000003,null,null,"SMMLV"]
["AgenteparaatenciónconVideollamadaAgenteprofesionalEconomía,administración,contaduríayafinesServicio7x24EnsitioPlatinoNA","IT-BPO-30-50","Agente para atención con Videollamada","Agente profesional","Economía, administración, contaduría y afines","Servicio 7x24","En sitio","Platino","NA","Mes 7x24",41345469.899999999,34329200.460000001,51483691.649999999,38185551.75,42114840.450000003,68370250.579999998,52990588.670000002,33723440.439999998,null,null,"SMMLV"]
["AgenteparaatenciónconVideollamadaAgenteprofesionalCienciassociales,humanasyafinesJornadaOrdinariaEnsitioOroNA","IT-BPO-30-51","Agente para atención con Videollamada","Agente profesional","Ciencias sociales, humanas y afines","Jornada Ordinaria","En sitio","Oro","NA","Mes",8699284.4399999995,9225166.9499999993,13708056.439999999,9145429.0500000007,11434040.039999999,11888855.189999999,11580912.970000001,8338897.3799999999,null,null,"SMMLV"]
["AgenteparaatenciónconVideollamadaAgenteprofesionalCienciassociales,humanasyafinesHoraextradominicalyfestivoEnsitioOroNA","IT-BPO-30-54","Agente para atención con Videollamada","Agente profesional","Ciencias sociales, humanas y afines","Hora extra dominical y festivo","En sitio","Oro","NA","Hora",82850.33,97914.9,119201.7,64738.59,80983.88,141534.23000000001,112321.41,57666.42,null,null,"SMMLV"]
["AgenteparaatenciónconVideollamadaAgenteprofesionalCienciassociales,humanasyafinesServicio7x24EnsitioOroNA","IT-BPO-30-55","Agente para atención con Videollamada","Agente profesional","Ciencias sociales, humanas y afines","Servicio 7x24","En sitio","Oro","NA","Mes 7x24",39376638,34201020.859999999,54832223.549999997,38185551.75,41200089.280000001,67374320.700000003,52990588.670000002,33336730.68,null,null,"SMMLV"]
["AgenteparaatenciónconVideollamadaAgenteprofesionalCienciassociales,humanasyafinesHoraextranocturna EnsitioPlatinoNA","IT-BPO-30-58","Agente para atención con Videollamada","Agente profesional","Ciencias sociales, humanas y afines","Hora extra nocturna ","En sitio","Platino","NA","Hora",76118.740000000005,68540.429999999993,97932.42,56811.89,67865.91,100538.52,75816.95,51075.73,null,null,"SMMLV"]
["AgenteparaatenciónconVideollamadaAgenteprofesionalCienciassociales,humanasyafinesHoraextradominicalyfestivoEnsitioPlatinoNA","IT-BPO-30-59","Agente para atención con Videollamada","Agente profesional","Ciencias sociales, humanas y afines","Hora extra dominical y festivo","En sitio","Platino","NA","Hora",86992.84,97914.9,111922.14,64738.59,81871.039999999994,143626.76999999999,112321.41,58372.26,null,null,"SMMLV"]
["AgenteparaatenciónconVideollamadaAgenteprofesionalIngeniería,arquitectura,urbanismoyafinesJornadaOrdinariaEnsitioOroNA","IT-BPO-30-61","Agente para atención con Videollamada","Agente profesional","Ingeniería, arquitectura, urbanismo y afines","Jornada Ordinaria","En sitio","Oro","NA","Mes",8699284.4399999995,9225166.9499999993,13708056.439999999,9145429.0500000007,11434040.039999999,11888855.189999999,11580912.970000001,8338897.3799999999,null,null,"SMMLV"]
["AgenteparaatenciónconVideollamadaAgenteprofesionalIngeniería,arquitectura,urbanismoyafinesHoraextradiurnaEnsitioOroNA","IT-BPO-30-62","Agente para atención con Videollamada","Agente profesional","Ingeniería, arquitectura, urbanismo y afines","Hora extra diurna","En sitio","Oro","NA","Hora",51781.46,48957.45,74501.61,40958.480000000003,49365.04,70767.66,70200.88,36041.49,null,null,"SMMLV"]
["AgenteparaatenciónconVideollamadaAgenteprofesionalIngeniería,arquitectura,urbanismoyafinesServicio7x24EnsitioOroNA","IT-BPO-30-65","Agente para atención con Videollamada","Agente profesional","Ingeniería, arquitectura, urbanismo y afines","Servicio 7x24","En sitio","Oro","NA","Mes 7x24",39376638,34201020.859999999,54832223.549999997,38185551.75,41200089.280000001,67374320.700000003,52990588.670000002,33336730.68,null,null,"SMMLV"]
["AgenteparaatenciónconVideollamadaAgenteprofesionalIngeniería,arquitectura,urbanismoyafinesJornadaOrdinariaEnsitioPlatinoNA","IT-BPO-30-66","Agente para atención con Videollamada","Agente profesional","Ingeniería, arquitectura, urbanismo y afines","Jornada Ordinaria","En sitio","Platino","NA","Mes",9134248.6600000001,9269865.9499999993,12870923.460000001,9145429.0500000007,11257264.08,12064596.119999999,11580912.970000001,8421836.4100000001,null,null,"SMMLV"]
["AgenteparaatenciónconVideollamadaAgenteprofesionalIngeniería,arquitectura,urbanismoyafinesHoraextradominicalyfestivoEnsitioPlatinoNA","IT-BPO-30-69","Agente para atención con Videollamada","Agente profesional","Ingeniería, arquitectura, urbanismo y afines","Hora extra dominical y festivo","En sitio","Platino","NA","Hora",86992.84,97914.9,111922.14,64738.59,81871.039999999994,143626.76999999999,112321.41,58372.26,null,null,"SMMLV"]
["AgenteparaatenciónconVideollamadaAgenteprofesionalIngeniería,arquitectura,urbanismoyafinesServicio7x24EnsitioPlatinoNA","IT-BPO-30-70","Agente para atención con Videollamada","Agente profesional","Ingeniería, arquitectura, urbanismo y afines","Servicio 7x24","En sitio","Platino","NA","Mes 7x24",41345469.899999999,34329200.460000001,51483691.649999999,38185551.75,42114840.450000003,68370250.579999998,52990588.670000002,33723440.439999998,null,null,"SMMLV"]
["AgenteparaatenciónconVideollamadaAgenteprofesionalBellasartesyafinesHoraextradiurnaEnsitioOroNA","IT-BPO-30-72","Agente para atención con Videollamada","Agente profesional","Bellas artes y afines","Hora extra diurna","En sitio","Oro","NA","Hora",51781.46,48957.45,74501.61,40958.480000000003,49365.04,70767.66,70200.88,36041.49,null,null,"SMMLV"]
["AgenteparaatenciónconVideollamadaAgenteprofesionalBellasartesyafinesHoraextranocturna EnsitioOroNA","IT-BPO-30-73","Agente para atención con Videollamada","Agente profesional","Bellas artes y afines","Hora extra nocturna ","En sitio","Oro","NA","Hora",72494.039999999994,68540.429999999993,104302.04,56811.89,67081.13,99074.51,75816.95,50458.15,null,null,"SMMLV"]
["AgenteparaatenciónconVideollamadaAgenteprofesionalBellasartesyafinesJornadaOrdinariaEnsitioPlatinoNA","IT-BPO-30-76","Agente para atención con Videollamada","Agente profesional","Bellas artes y afines","Jornada Ordinaria","En sitio","Platino","NA","Mes",9134248.6600000001,9269865.9499999993,12870923.460000001,9145429.0500000007,11257264.08,12064596.119999999,11580912.970000001,8421836.4100000001,null,null,"SMMLV"]
["AgenteparaatenciónconVideollamadaAgenteprofesionalBellasartesyafinesHoraextradiurnaEnsitioPlatinoNA","IT-BPO-30-77","Agente para atención con Videollamada","Agente profesional","Bellas artes y afines","Hora extra diurna","En sitio","Platino","NA","Hora",54370.53,48957.45,69951.89,40958.480000000003,49945.8,71813.39,70200.88,36482.660000000003,null,null,"SMMLV"]
["AgenteparaatenciónconVideollamadaAgenteprofesionalBellasartesyafinesServicio7x24EnsitioPlatinoNA","IT-BPO-30-80","Agente para atención con Videollamada","Agente profesional","Bellas artes y afines","Servicio 7x24","En sitio","Platino","NA","Mes 7x24",41345469.899999999,34329200.460000001,51483691.649999999,38185551.75,42114840.450000003,68370250.579999998,52990588.670000002,33723440.439999998,null,null,"SMMLV"]
["AgenteparaatenciónconVideollamadaAgenteprofesionalMatemáticas,cienciasnaturalesyafinesJornadaOrdinariaEnsitioOroNA","IT-BPO-30-81","Agente para atención con Videollamada","Agente profesional","Matemáticas, ciencias naturales y afines","Jornada Ordinaria","En sitio","Oro","NA","Mes",8699284.4399999995,9225166.9499999993,13708056.439999999,9145429.0500000007,41200089.280000001,11888855.189999999,11580912.970000001,8338897.3799999999,null,null,"SMMLV"]
["AgenteparaatenciónconVideollamadaAgenteprofesionalMatemáticas,cienciasnaturalesyafinesHoraextranocturna EnsitioOroNA","IT-BPO-30-83","Agente para atención con Videollamada","Agente profesional","Matemáticas, ciencias naturales y afines","Hora extra nocturna ","En sitio","Oro","NA","Hora",72494.039999999994,68540.429999999993,104302.04,56811.89,49945.8,99074.51,75816.95,50458.15,null,null,"SMMLV"]
["AgenteparaatenciónconVideollamadaAgenteprofesionalMatemáticas,cienciasnaturalesyafinesHoraextradominicalyfestivoEnsitioOroNA","IT-BPO-30-84","Agente para atención con Videollamada","Agente profesional","Matemáticas, ciencias naturales y afines","Hora extra dominical y festivo","En sitio","Oro","NA","Hora",82850.33,97914.9,119201.7,64738.59,67865.91,141534.23000000001,112321.41,57666.42,null,null,"SMMLV"]
["AgenteparaatenciónconVideollamadaAgenteprofesionalMatemáticas,cienciasnaturalesyafinesHoraextradiurnaEnsitioPlatinoNA","IT-BPO-30-87","Agente para atención con Videollamada","Agente profesional","Matemáticas, ciencias naturales y afines","Hora extra diurna","En sitio","Platino","NA","Hora",54370.53,48957.45,69951.89,40958.480000000003,41091.43,71813.39,70200.88,36482.660000000003,null,null,"SMMLV"]
["AgenteparaatenciónconVideollamadaAgenteprofesionalMatemáticas,cienciasnaturalesyafinesHoraextranocturna EnsitioPlatinoNA","IT-BPO-30-88","Agente para atención con Videollamada","Agente profesional","Matemáticas, ciencias naturales y afines","Hora extra nocturna ","En sitio","Platino","NA","Hora",76118.740000000005,68540.429999999993,97932.42,56811.89,49365.04,100538.52,75816.95,51075.73,null,null,"SMMLV"]
["AgenteparaatenciónconVideollamadaAgenteprofesionalCienciasdelasaludyafinesJornadaOrdinariaEnsitioOroNA","IT-BPO-30-91","Agente para atención con Videollamada","Agente profesional","Ciencias de la salud y afines","Jornada Ordinaria","En sitio","Oro","NA","Mes",11180720.880000001,11731779.630000001,17395679.18,12268885.890000001,14751925.640000001,15523799.67,11580912.970000001,10495312.640000001,null,null,"SMMLV"]
["AgenteparaatenciónconVideollamadaAgenteprofesionalCienciasdelasaludyafinesHoraextradiurnaEnsitioOroNA","IT-BPO-30-92","Agente para atención con Videollamada","Agente profesional","Ciencias de la salud y afines","Hora extra diurna","En sitio","Oro","NA","Hora",66551.91,65276.24,94542.3,66931.88,69757.33,92403.77,70200.88,47511.83,null,null,"SMMLV"]
["AgenteparaatenciónconVideollamadaAgenteprofesionalCienciasdelasaludyafinesServicio7x24EnsitioOroNA","IT-BPO-30-95","Agente para atención con Videollamada","Agente profesional","Ciencias de la salud y afines","Servicio 7x24","En sitio","Oro","NA","Mes 7x24",51784740,44227471.579999998,69582716.700000003,56874347.090000004,61438899.950000003,88192389.530000001,52990588.670000002,43391184.380000003,null,null,"SMMLV"]
["AgenteparaatenciónconVideollamadaAgenteprofesionalCienciasdelasaludyafinesJornadaOrdinariaEnsitioPlatinoNA","IT-BPO-30-96","Agente para atención con Videollamada","Agente profesional","Ciencias de la salud y afines","Jornada Ordinaria","En sitio","Platino","NA","Mes",11739756.92,11776478.630000001,16333348.5,12268885.890000001,15309686.460000001,15753271.16,11580912.970000001,10578251.77,null,null,"SMMLV"]
["AgenteparaatenciónconVideollamadaAgenteprofesionalCienciasdelasaludyafinesHoraextranocturna EnsitioPlatinoNA","IT-BPO-30-98","Agente para atención con Videollamada","Agente profesional","Ciencias de la salud y afines","Hora extra nocturna ","En sitio","Platino","NA","Hora",97831.31,91386.51,124277.03,93174.65,89804.95,131277.35999999999,75816.95,67134.12,null,null,"SMMLV"]
["AgenteparaatenciónconVideollamadaAgenteprofesionalCienciasdelasaludyafinesHoraextradominicalyfestivoEnsitioPlatinoNA","IT-BPO-30-99","Agente para atención con Videollamada","Agente profesional","Ciencias de la salud y afines","Hora extra dominical y festivo","En sitio","Platino","NA","Hora",111807.21,130552.47,142030.26,106296.03,115885.19,187539.56,112321.41,76724.789999999994,null,null,"SMMLV"]
["AgenteparaatenciónconVideollamadaAgenteprofesionalAgronomía,veterinariayafinesHoraextradiurnaEnsitioOroNA","IT-BPO-30-102","Agente para atención con Videollamada","Agente profesional","Agronomía, veterinaria y afines","Hora extra diurna","En sitio","Oro","NA","Hora",51781.46,48957.45,74501.61,40958.480000000003,49365.04,70767.66,70200.88,36041.49,null,null,"SMMLV"]
["AgenteparaatenciónconVideollamadaAgenteprofesionalAgronomía,veterinariayafinesHoraextranocturna EnsitioOroNA","IT-BPO-30-103","Agente para atención con Videollamada","Agente profesional","Agronomía, veterinaria y afines","Hora extra nocturna ","En sitio","Oro","NA","Hora",72494.039999999994,68540.429999999993,104302.04,56811.89,67081.13,99074.51,75816.95,50458.15,null,null,"SMMLV"]
["AgenteparaatenciónconVideollamadaAgenteprofesionalAgronomía,veterinariayafinesJornadaOrdinariaEnsitioPlatinoNA","IT-BPO-30-106","Agente para atención con Videollamada","Agente profesional","Agronomía, veterinaria y afines","Jornada Ordinaria","En sitio","Platino","NA","Mes",9134248.6600000001,9269865.9499999993,12870923.460000001,9145429.0500000007,11257264.08,12064596.119999999,11580912.970000001,8421836.4100000001,null,null,"SMMLV"]
["AgenteparaatenciónconVideollamadaAgenteprofesionalAgronomía,veterinariayafinesHoraextradiurnaEnsitioPlatinoNA","IT-BPO-30-107","Agente para atención con Videollamada","Agente profesional","Agronomía, veterinaria y afines","Hora extra diurna","En sitio","Platino","NA","Hora",54370.53,48957.45,69951.89,40958.480000000003,49945.8,71813.39,70200.88,36482.660000000003,null,null,"SMMLV"]
["AgenteparaatenciónconVideollamadaAgenteprofesionalAgronomía,veterinariayafinesHoraextradominicalyfestivoEnsitioPlatinoNA","IT-BPO-30-109","Agente para atención con Videollamada","Agente profesional","Agronomía, veterinaria y afines","Hora extra dominical y festivo","En sitio","Platino","NA","Hora",86992.84,97914.9,111922.14,64738.59,81871.039999999994,143626.76999999999,112321.41,58372.26,null,null,"SMMLV"]
["AgenteparaatenciónconVideollamadaAgenteprofesionalAgronomía,veterinariayafinesServicio7x24EnsitioPlatinoNA","IT-BPO-30-110","Agente para atención con Videollamada","Agente profesional","Agronomía, veterinaria y afines","Servicio 7x24","En sitio","Platino","NA","Mes 7x24",41345469.899999999,34329200.460000001,51483691.649999999,38185551.75,42114840.450000003,68370250.579999998,52990588.670000002,33723440.439999998,null,null,"SMMLV"]
["AgenteparaatenciónconVideollamadaAgenteprofesionalCienciasdelaeducaciónyafinesHoraextranocturna EnsitioOroNA","IT-BPO-30-113","Agente para atención con Videollamada","Agente profesional","Ciencias de la educación y afines","Hora extra nocturna ","En sitio","Oro","NA","Hora",72494.039999999994,68540.429999999993,104302.04,56811.89,67081.13,99074.51,75816.95,50458.15,null,null,"SMMLV"]
["AgenteparaatenciónconVideollamadaAgenteprofesionalCienciasdelaeducaciónyafinesHoraextradominicalyfestivoEnsitioOroNA","IT-BPO-30-114","Agente para atención con Videollamada","Agente profesional","Ciencias de la educación y afines","Hora extra dominical y festivo","En sitio","Oro","NA","Hora",82850.33,97914.9,119201.7,64738.59,80983.88,141534.23000000001,112321.41,57666.42,null,null,"SMMLV"]
["AgenteparaatenciónconVideollamadaAgenteprofesionalCienciasdelaeducaciónyafinesHoraextradiurnaEnsitioPlatinoNA","IT-BPO-30-117","Agente para atención con Videollamada","Agente profesional","Ciencias de la educación y afines","Hora extra diurna","En sitio","Platino","NA","Hora",54370.53,48957.45,69951.89,40958.480000000003,49945.8,71813.39,70200.88,36482.660000000003,null,null,"SMMLV"]
["AgenteparaatenciónconVideollamadaAgenteprofesionalCienciasdelaeducaciónyafinesHoraextranocturna EnsitioPlatinoNA","IT-BPO-30-118","Agente para atención con Videollamada","Agente profesional","Ciencias de la educación y afines","Hora extra nocturna ","En sitio","Platino","NA","Hora",76118.740000000005,68540.429999999993,97932.42,56811.89,67865.91,100538.52,75816.95,51075.73,null,null,"SMMLV"]
["AgenteparaatenciónconVideollamadaAgenteprofesionalCienciasdelaeducaciónyafinesServicio7x24EnsitioPlatinoNA","IT-BPO-30-120","Agente para atención con Videollamada","Agente profesional","Ciencias de la educación y afines","Servicio 7x24","En sitio","Platino","NA","Mes 7x24",41345469.899999999,34329200.460000001,51483691.649999999,38185551.75,42114840.450000003,68370250.579999998,52990588.670000002,33723440.439999998,null,null,"SMMLV"]
["AgenteparaatenciónconVideollamadaAgenteespecializadoEconomía,administración,contaduríayafinesJornadaOrdinariaEnsitioOroNA","IT-BPO-30-121","Agente para atención con Videollamada","Agente especializado","Economía, administración, contaduría y afines","Jornada Ordinaria","En sitio","Oro","NA","Mes",11180720.880000001,11731779.630000001,17395679.18,11638815.23,14751925.640000001,15523799.67,14242343.92,10495312.640000001,null,null,"SMMLV"]
["AgenteparaatenciónconVideollamadaAgenteespecializadoEconomía,administración,contaduríayafinesHoraextradominicalyfestivoEnsitioOroNA","IT-BPO-30-124","Agente para atención con Videollamada","Agente especializado","Economía, administración, contaduría y afines","Hora extra dominical y festivo","En sitio","Oro","NA","Hora",106483.06,130552.47,151267.68,85517.31,111835.9,184807.53,139941.07999999999,76018.84,null,null,"SMMLV"]
["AgenteparaatenciónconVideollamadaAgenteespecializadoEconomía,administración,contaduríayafinesServicio7x24EnsitioOroNA","IT-BPO-30-125","Agente para atención con Videollamada","Agente especializado","Economía, administración, contaduría y afines","Servicio 7x24","En sitio","Oro","NA","Mes 7x24",51784740,44227471.579999998,69582716.700000003,49899359.149999999,63610256.850000001,88192389.530000001,65834596.130000003,43391184.380000003,null,null,"SMMLV"]
["AgenteparaatenciónconVideollamadaAgenteespecializadoEconomía,administración,contaduríayafinesHoraextranocturna EnsitioPlatinoNA","IT-BPO-30-128","Agente para atención con Videollamada","Agente especializado","Economía, administración, contaduría y afines","Hora extra nocturna ","En sitio","Platino","NA","Hora",97831.31,91386.51,124277.03,74993.27,91793.37,131277.35999999999,94460.23,67134.12,null,null,"SMMLV"]
["AgenteparaatenciónconVideollamadaAgenteespecializadoEconomía,administración,contaduríayafinesHoraextradominicalyfestivoEnsitioPlatinoNA","IT-BPO-30-129","Agente para atención con Videollamada","Agente especializado","Economía, administración, contaduría y afines","Hora extra dominical y festivo","En sitio","Platino","NA","Hora",111807.21,130552.47,142030.26,85517.31,109819.19,187539.56,139941.07999999999,76724.789999999994,null,null,"SMMLV"]
["AgenteparaatenciónconVideollamadaAgenteespecializadoCienciassociales,humanasyafinesJornadaOrdinariaEnsitioOroNA","IT-BPO-30-131","Agente para atención con Videollamada","Agente especializado","Ciencias sociales, humanas y afines","Jornada Ordinaria","En sitio","Oro","NA","Mes",11180720.880000001,11731779.630000001,17395679.18,11638815.23,14751925.640000001,15523799.67,14242343.92,10495312.640000001,null,null,"SMMLV"]
["AgenteparaatenciónconVideollamadaAgenteespecializadoCienciassociales,humanasyafinesHoraextradiurnaEnsitioOroNA","IT-BPO-30-132","Agente para atención con Videollamada","Agente especializado","Ciencias sociales, humanas y afines","Hora extra diurna","En sitio","Oro","NA","Hora",66551.91,65276.24,94542.3,53945.18,65962.89,92403.77,87463.17,47511.83,null,null,"SMMLV"]
["AgenteparaatenciónconVideollamadaAgenteespecializadoCienciassociales,humanasyafinesServicio7x24EnsitioOroNA","IT-BPO-30-135","Agente para atención con Videollamada","Agente especializado","Ciencias sociales, humanas y afines","Servicio 7x24","En sitio","Oro","NA","Mes 7x24",51784740,44227471.579999998,69582716.700000003,49899359.149999999,63610256.850000001,88192389.530000001,65834596.130000003,43391184.380000003,null,null,"SMMLV"]
["AgenteparaatenciónconVideollamadaAgenteespecializadoCienciassociales,humanasyafinesJornadaOrdinariaEnsitioPlatinoNA","IT-BPO-30-136","Agente para atención con Videollamada","Agente especializado","Ciencias sociales, humanas y afines","Jornada Ordinaria","En sitio","Platino","NA","Mes",11739756.92,11776478.630000001,16333348.5,11638815.23,14751925.640000001,15753271.16,14242343.92,10578251.77,null,null,"SMMLV"]
["AgenteparaatenciónconVideollamadaAgenteespecializadoCienciassociales,humanasyafinesHoraextradominicalyfestivoEnsitioPlatinoNA","IT-BPO-30-139","Agente para atención con Videollamada","Agente especializado","Ciencias sociales, humanas y afines","Hora extra dominical y festivo","En sitio","Platino","NA","Hora",111807.21,130552.47,142030.26,85517.31,109819.19,187539.56,139941.07999999999,76724.789999999994,null,null,"SMMLV"]
["AgenteparaatenciónconVideollamadaAgenteespecializadoCienciassociales,humanasyafinesServicio7x24EnsitioPlatinoNA","IT-BPO-30-140","Agente para atención con Videollamada","Agente especializado","Ciencias sociales, humanas y afines","Servicio 7x24","En sitio","Platino","NA","Mes 7x24",54373977,44355651.18,65333390.719999999,49899359.149999999,63610256.850000001,89496047.25,65834596.130000003,43777894.140000001,null,null,"SMMLV"]
["AgenteparaatenciónconVideollamadaAgenteespecializadoIngeniería,arquitectura,urbanismoyafinesHoraextranocturna EnsitioOroNA","IT-BPO-30-143","Agente para atención con Videollamada","Agente especializado","Ingeniería, arquitectura, urbanismo y afines","Hora extra nocturna ","En sitio","Oro","NA","Hora",93172.67,91386.51,132359.22,74993.27,90436.66,129365.49,94460.23,66516.539999999994,null,null,"SMMLV"]
["AgenteparaatenciónconVideollamadaAgenteespecializadoIngeniería,arquitectura,urbanismoyafinesHoraextradominicalyfestivoEnsitioOroNA","IT-BPO-30-144","Agente para atención con Videollamada","Agente especializado","Ingeniería, arquitectura, urbanismo y afines","Hora extra dominical y festivo","En sitio","Oro","NA","Hora",106483.06,130552.47,151267.68,85517.31,111835.9,184807.53,139941.07999999999,76018.84,null,null,"SMMLV"]
["AgenteparaatenciónconVideollamadaAgenteespecializadoIngeniería,arquitectura,urbanismoyafinesJornadaOrdinariaEnsitioPlatinoNA","IT-BPO-30-146","Agente para atención con Videollamada","Agente especializado","Ingeniería, arquitectura, urbanismo y afines","Jornada Ordinaria","En sitio","Platino","NA","Mes",11739756.92,11776478.630000001,16333348.5,11638815.23,14751925.640000001,15753271.16,14242343.92,10578251.77,null,null,"SMMLV"]
["AgenteparaatenciónconVideollamadaAgenteespecializadoIngeniería,arquitectura,urbanismoyafinesHoraextradiurnaEnsitioPlatinoNA","IT-BPO-30-147","Agente para atención con Videollamada","Agente especializado","Ingeniería, arquitectura, urbanismo y afines","Hora extra diurna","En sitio","Platino","NA","Hora",69879.509999999995,65276.24,88769.46,53945.18,66951.64,93770.33,87463.17,47953.01,null,null,"SMMLV"]
["AgenteparaatenciónconVideollamadaAgenteespecializadoIngeniería,arquitectura,urbanismoyafinesServicio7x24EnsitioPlatinoNA","IT-BPO-30-150","Agente para atención con Videollamada","Agente especializado","Ingeniería, arquitectura, urbanismo y afines","Servicio 7x24","En sitio","Platino","NA","Mes 7x24",54373977,44355651.18,65333390.719999999,49899359.149999999,63610256.850000001,89496047.25,65834596.130000003,43777894.140000001,null,null,"SMMLV"]
["AgenteparaatenciónconVideollamadaAgenteespecializadoBellasartesyafinesJornadaOrdinariaEnsitioOroNA","IT-BPO-30-151","Agente para atención con Videollamada","Agente especializado","Bellas artes y afines","Jornada Ordinaria","En sitio","Oro","NA","Mes",11180720.880000001,11731779.630000001,17395679.18,11638815.23,14751925.640000001,15523799.67,14242343.92,10495312.640000001,null,null,"SMMLV"]
["AgenteparaatenciónconVideollamadaAgenteespecializadoBellasartesyafinesHoraextradominicalyfestivoEnsitioOroNA","IT-BPO-30-154","Agente para atención con Videollamada","Agente especializado","Bellas artes y afines","Hora extra dominical y festivo","En sitio","Oro","NA","Hora",106483.06,130552.47,151267.68,85517.31,111835.9,184807.53,139941.07999999999,76018.84,null,null,"SMMLV"]
["AgenteparaatenciónconVideollamadaAgenteespecializadoBellasartesyafinesServicio7x24EnsitioOroNA","IT-BPO-30-155","Agente para atención con Videollamada","Agente especializado","Bellas artes y afines","Servicio 7x24","En sitio","Oro","NA","Mes 7x24",51784740,44227471.579999998,69582716.700000003,49899359.149999999,63610256.850000001,88192389.530000001,65834596.130000003,43391184.380000003,null,null,"SMMLV"]
["AgenteparaatenciónconVideollamadaAgenteespecializadoBellasartesyafinesHoraextradiurnaEnsitioPlatinoNA","IT-BPO-30-157","Agente para atención con Videollamada","Agente especializado","Bellas artes y afines","Hora extra diurna","En sitio","Platino","NA","Hora",69879.509999999995,65276.24,88769.46,53945.18,66951.64,93770.33,87463.17,47953.01,null,null,"SMMLV"]
["AgenteparaatenciónconVideollamadaAgenteespecializadoBellasartesyafinesHoraextranocturna EnsitioPlatinoNA","IT-BPO-30-158","Agente para atención con Videollamada","Agente especializado","Bellas artes y afines","Hora extra nocturna ","En sitio","Platino","NA","Hora",97831.31,91386.51,124277.03,74993.27,91793.37,131277.35999999999,94460.23,67134.12,null,null,"SMMLV"]
["AgenteparaatenciónconVideollamadaAgenteespecializadoMatemáticas,cienciasnaturalesyafinesJornadaOrdinariaEnsitioOroNA","IT-BPO-30-161","Agente para atención con Videollamada","Agente especializado","Matemáticas, ciencias naturales y afines","Jornada Ordinaria","En sitio","Oro","NA","Mes",11180720.880000001,11731779.630000001,17395679.18,11638815.23,14751925.640000001,15523799.67,14242343.92,10495312.640000001,null,null,"SMMLV"]
["AgenteparaatenciónconVideollamadaAgenteespecializadoMatemáticas,cienciasnaturalesyafinesHoraextradiurnaEnsitioOroNA","IT-BPO-30-162","Agente para atención con Videollamada","Agente especializado","Matemáticas, ciencias naturales y afines","Hora extra diurna","En sitio","Oro","NA","Hora",66551.91,65276.24,94542.3,53945.18,65962.89,92403.77,87463.17,47511.83,null,null,"SMMLV"]
["AgenteparaatenciónconVideollamadaAgenteespecializadoMatemáticas,cienciasnaturalesyafinesServicio7x24EnsitioOroNA","IT-BPO-30-165","Agente para atención con Videollamada","Agente especializado","Matemáticas, ciencias naturales y afines","Servicio 7x24","En sitio","Oro","NA","Mes 7x24",51784740,44227471.579999998,69582716.700000003,49899359.149999999,63610256.850000001,88192389.530000001,65834596.130000003,43391184.380000003,null,null,"SMMLV"]
["AgenteparaatenciónconVideollamadaAgenteespecializadoMatemáticas,cienciasnaturalesyafinesJornadaOrdinariaEnsitioPlatinoNA","IT-BPO-30-166","Agente para atención con Videollamada","Agente especializado","Matemáticas, ciencias naturales y afines","Jornada Ordinaria","En sitio","Platino","NA","Mes",11739756.92,11776478.630000001,16333348.5,11638815.23,14751925.640000001,15753271.16,14242343.92,10578251.77,null,null,"SMMLV"]
["AgenteparaatenciónconVideollamadaAgenteespecializadoMatemáticas,cienciasnaturalesyafinesHoraextranocturna EnsitioPlatinoNA","IT-BPO-30-168","Agente para atención con Videollamada","Agente especializado","Matemáticas, ciencias naturales y afines","Hora extra nocturna ","En sitio","Platino","NA","Hora",97831.31,91386.51,124277.03,74993.27,91793.37,131277.35999999999,94460.23,67134.12,null,null,"SMMLV"]
["AgenteparaatenciónconVideollamadaAgenteespecializadoMatemáticas,cienciasnaturalesyafinesHoraextradominicalyfestivoEnsitioPlatinoNA","IT-BPO-30-169","Agente para atención con Videollamada","Agente especializado","Matemáticas, ciencias naturales y afines","Hora extra dominical y festivo","En sitio","Platino","NA","Hora",111807.21,130552.47,142030.26,85517.31,109819.19,187539.56,139941.07999999999,76724.789999999994,null,null,"SMMLV"]
["AgenteparaatenciónconVideollamadaAgenteespecializadoCienciasdelasaludyafinesHoraextradiurnaEnsitioOroNA","IT-BPO-30-172","Agente para atención con Videollamada","Agente especializado","Ciencias de la salud y afines","Hora extra diurna","En sitio","Oro","NA","Hora",81323.460000000006,81595.02,114584.09,80654.42,87987.12,114040.97,87463.17,58982.07,null,null,"SMMLV"]
["AgenteparaatenciónconVideollamadaAgenteespecializadoCienciasdelasaludyafinesHoraextranocturna EnsitioOroNA","IT-BPO-30-173","Agente para atención con Videollamada","Agente especializado","Ciencias de la salud y afines","Hora extra nocturna ","En sitio","Oro","NA","Hora",113852.84,114233.69,160417.5,112456.5,120830.5,159656.48000000001,94460.23,82574.94,null,null,"SMMLV"]
["AgenteparaatenciónconVideollamadaAgenteespecializadoCienciasdelasaludyafinesJornadaOrdinariaEnsitioPlatinoNA","IT-BPO-30-176","Agente para atención con Videollamada","Agente especializado","Ciencias de la salud y afines","Jornada Ordinaria","En sitio","Platino","NA","Mes",14345458.34,14283091.310000001,19795773.539999999,16598156.73,18309523.359999999,19441947.289999999,14242343.92,12734667.029999999,null,null,"SMMLV"]
["AgenteparaatenciónconVideollamadaAgenteespecializadoCienciasdelasaludyafinesHoraextradiurnaEnsitioPlatinoNA","IT-BPO-30-177","Agente para atención con Videollamada","Agente especializado","Ciencias de la salud y afines","Hora extra diurna","En sitio","Platino","NA","Hora",85389.63,81595.02,107587.04,80654.42,83251.740000000005,115726.17,87463.17,59423.24,null,null,"SMMLV"]
["AgenteparaatenciónconVideollamadaAgenteespecializadoCienciasdelasaludyafinesServicio7x24EnsitioPlatinoNA","IT-BPO-30-180","Agente para atención con Videollamada","Agente especializado","Ciencias de la salud y afines","Servicio 7x24","En sitio","Platino","NA","Mes 7x24",67402484.099999994,54382101.899999999,79183088.689999998,78500087.909999996,81267536.430000007,110621849.40000001,65834596.130000003,53832347.729999997,null,null,"SMMLV"]
["AgenteparaatenciónconVideollamadaAgenteespecializadoAgronomía,veterinariayafinesJornadaOrdinariaEnsitioOroNA","IT-BPO-30-181","Agente para atención con Videollamada","Agente especializado","Agronomía, veterinaria y afines","Jornada Ordinaria","En sitio","Oro","NA","Mes",11180720.880000001,11731779.630000001,17395679.18,11638815.23,14751925.640000001,15523799.67,14242343.92,10495312.640000001,null,null,"SMMLV"]
["AgenteparaatenciónconVideollamadaAgenteespecializadoAgronomía,veterinariayafinesHoraextranocturna EnsitioOroNA","IT-BPO-30-183","Agente para atención con Videollamada","Agente especializado","Agronomía, veterinaria y afines","Hora extra nocturna ","En sitio","Oro","NA","Hora",93172.67,91386.51,132359.22,74993.27,90436.66,129365.49,94460.23,66516.539999999994,null,null,"SMMLV"]
["AgenteparaatenciónconVideollamadaAgenteespecializadoAgronomía,veterinariayafinesHoraextradominicalyfestivoEnsitioOroNA","IT-BPO-30-184","Agente para atención con Videollamada","Agente especializado","Agronomía, veterinaria y afines","Hora extra dominical y festivo","En sitio","Oro","NA","Hora",106483.06,130552.47,151267.68,85517.31,111835.9,184807.53,139941.07999999999,76018.84,null,null,"SMMLV"]
["AgenteparaatenciónconVideollamadaAgenteespecializadoAgronomía,veterinariayafinesHoraextradiurnaEnsitioPlatinoNA","IT-BPO-30-187","Agente para atención con Videollamada","Agente especializado","Agronomía, veterinaria y afines","Hora extra diurna","En sitio","Platino","NA","Hora",69879.509999999995,65276.24,88769.46,53945.18,66951.64,93770.33,87463.17,47953.01,null,null,"SMMLV"]
["AgenteparaatenciónconVideollamadaAgenteespecializadoAgronomía,veterinariayafinesHoraextranocturna EnsitioPlatinoNA","IT-BPO-30-188","Agente para atención con Videollamada","Agente especializado","Agronomía, veterinaria y afines","Hora extra nocturna ","En sitio","Platino","NA","Hora",97831.31,91386.51,124277.03,74993.27,91793.37,131277.35999999999,94460.23,67134.12,null,null,"SMMLV"]
["AgenteparaatenciónconVideollamadaAgenteespecializadoCienciasdelaeducaciónyafinesJornadaOrdinariaEnsitioOroNA","IT-BPO-30-191","Agente para atención con Videollamada","Agente especializado","Ciencias de la educación y afines","Jornada Ordinaria","En sitio","Oro","NA","Mes",11180720.880000001,11731779.630000001,17395679.18,11638815.23,14751925.640000001,15523799.67,14242343.92,10495312.640000001,null,null,"SMMLV"]
["AgenteparaatenciónconVideollamadaAgenteespecializadoCienciasdelaeducaciónyafinesHoraextradiurnaEnsitioOroNA","IT-BPO-30-192","Agente para atención con Videollamada","Agente especializado","Ciencias de la educación y afines","Hora extra diurna","En sitio","Oro","NA","Hora",66551.91,65276.24,94542.3,53945.18,65962.89,92403.77,87463.17,47511.83,null,null,"SMMLV"]
["AgenteparaatenciónconVideollamadaAgenteespecializadoCienciasdelaeducaciónyafinesHoraextradominicalyfestivoEnsitioOroNA","IT-BPO-30-194","Agente para atención con Videollamada","Agente especializado","Ciencias de la educación y afines","Hora extra dominical y festivo","En sitio","Oro","NA","Hora",106483.06,130552.47,151267.68,85517.31,111835.9,184807.53,139941.07999999999,76018.84,null,null,"SMMLV"]
["AgenteparaatenciónconVideollamadaAgenteespecializadoCienciasdelaeducaciónyafinesServicio7x24EnsitioOroNA","IT-BPO-30-195","Agente para atención con Videollamada","Agente especializado","Ciencias de la educación y afines","Servicio 7x24","En sitio","Oro","NA","Mes 7x24",51784740,44227471.579999998,69582716.700000003,49899359.149999999,63610256.850000001,88192389.530000001,65834596.130000003,43391184.380000003,null,null,"SMMLV"]
["AgenteparaatenciónconVideollamadaAgenteespecializadoCienciasdelaeducaciónyafinesHoraextranocturna EnsitioPlatinoNA","IT-BPO-30-198","Agente para atención con Videollamada","Agente especializado","Ciencias de la educación y afines","Hora extra nocturna ","En sitio","Platino","NA","Hora",97831.31,91386.51,124277.03,74993.27,91793.37,131277.35999999999,94460.23,67134.12,null,null,"SMMLV"]
["AgenteparaatenciónconVideollamadaAgenteespecializadoCienciasdelaeducaciónyafinesHoraextradominicalyfestivoEnsitioPlatinoNA","IT-BPO-30-199","Agente para atención con Videollamada","Agente especializado","Ciencias de la educación y afines","Hora extra dominical y festivo","En sitio","Platino","NA","Hora",111807.21,130552.47,142030.26,85517.31,109819.19,187539.56,139941.07999999999,76724.789999999994,null,null,"SMMLV"]
["AgenteparaatenciónconVideollamadaAgenteprofesionalEconomía,administración,contaduríayafinesHoraextradiurnaTeletrabajoOroNA","IT-BPO-30-202","Agente para atención con Videollamada","Agente profesional","Economía, administración, contaduría y afines","Hora extra diurna","Teletrabajo","Oro","NA","Hora",50268.17,48957.45,70953.81,40958.480000000003,71579.31,71411.520000000004,69049.16,36041.49,null,null,"SMMLV"]
["AgenteparaatenciónconVideollamadaAgenteprofesionalEconomía,administración,contaduríayafinesHoraextranocturna TeletrabajoOroNA","IT-BPO-30-203","Agente para atención con Videollamada","Agente profesional","Economía, administración, contaduría y afines","Hora extra nocturna ","Teletrabajo","Oro","NA","Hora",70375.429999999993,68540.429999999993,99335.12,56811.89,97267.65,99975.69,74573.100000000006,50458.15,null,null,"SMMLV"]
["AgenteparaatenciónconVideollamadaAgenteprofesionalEconomía,administración,contaduríayafinesServicio7x24TeletrabajoOroNA","IT-BPO-30-205","Agente para atención con Videollamada","Agente profesional","Economía, administración, contaduría y afines","Servicio 7x24","Teletrabajo","Oro","NA","Mes 7x24",39122773.200000003,34201020.859999999,52221166.490000002,37649918.270000003,59740129.460000001,67771006.349999994,51630845.229999997,33336730.68,null,null,"SMMLV"]
[{"$f":"SUBSTITUTE(C3266&D3266&E3266&F3266&G3266&H3266&I3266,\" \",\"\")","v":"AgenteparaatenciónconVideollamadaAgenteprofesionalEconomía,administración,contaduríayafinesJornadaOrdinariaTeletrabajoPlatinoNA"},"IT-BPO-30-206","Agente para atención con Videollamada","Agente profesional","Economía, administración, contaduría y afines","Jornada Ordinaria","Teletrabajo","Platino","NA","Mes",8867304.3100000005,9125253.6799999997,12258022.4,8719156.5,16323032.92,12174367.68,10900539.16,8421836.4100000001,null,null,"SMMLV"]
["AgenteparaatenciónconVideollamadaAgenteprofesionalEconomía,administración,contaduríayafinesHoraextradominicalyfestivoTeletrabajoPlatinoNA","IT-BPO-30-209","Agente para atención con Videollamada","Agente profesional","Economía, administración, contaduría y afines","Hora extra dominical y festivo","Teletrabajo","Platino","NA","Hora",84450.52,97914.9,106591.67999999999,64738.59,118713,144933.10999999999,110478.66,58372.26,null,null,"SMMLV"]
["AgenteparaatenciónconVideollamadaAgenteprofesionalEconomía,administración,contaduríayafinesServicio7x24TeletrabajoPlatinoNA","IT-BPO-30-210","Agente para atención con Videollamada","Agente profesional","Economía, administración, contaduría y afines","Servicio 7x24","Teletrabajo","Platino","NA","Mes 7x24",41078911.859999999,34329200.460000001,49032087.390000001,37649918.270000003,61066518.659999996,68772794.480000004,51630845.229999997,33723440.439999998,null,null,"SMMLV"]
["AgenteparaatenciónconVideollamadaAgenteprofesionalCienciassociales,humanasyafinesHoraextranocturna TeletrabajoOroNA","IT-BPO-30-213","Agente para atención con Videollamada","Agente profesional","Ciencias sociales, humanas y afines","Hora extra nocturna ","Teletrabajo","Oro","NA","Hora",70375.429999999993,68540.429999999993,99335.12,56811.89,97267.65,99975.69,74573.100000000006,50458.15,null,null,"SMMLV"]
["AgenteparaatenciónconVideollamadaAgenteprofesionalCienciassociales,humanasyafinesHoraextradominicalyfestivoTeletrabajoOroNA","IT-BPO-30-214","Agente para atención con Videollamada","Agente profesional","Ciencias sociales, humanas y afines","Hora extra dominical y festivo","Teletrabajo","Oro","NA","Hora",80429.06,97914.9,113525.22,64738.59,117426.63,142821.95000000001,110478.66,57666.42,null,null,"SMMLV"]
["AgenteparaatenciónconVideollamadaAgenteprofesionalCienciassociales,humanasyafinesJornadaOrdinariaTeletrabajoPlatinoNA","IT-BPO-30-216","Agente para atención con Videollamada","Agente profesional","Ciencias sociales, humanas y afines","Jornada Ordinaria","Teletrabajo","Platino","NA","Mes",8867304.3100000005,9125253.6799999997,12258022.4,8719156.5,16323032.92,12174367.68,10900539.16,8421836.4100000001,null,null,"SMMLV"]
["AgenteparaatenciónconVideollamadaAgenteprofesionalCienciassociales,humanasyafinesHoraextradiurnaTeletrabajoPlatinoNA","IT-BPO-30-217","Agente para atención con Videollamada","Agente profesional","Ciencias sociales, humanas y afines","Hora extra diurna","Teletrabajo","Platino","NA","Hora",52781.57,48957.45,66619.8,40958.480000000003,72421.39,72467.100000000006,69049.16,36482.660000000003,null,null,"SMMLV"]
["AgenteparaatenciónconVideollamadaAgenteprofesionalCienciassociales,humanasyafinesServicio7x24TeletrabajoPlatinoNA","IT-BPO-30-220","Agente para atención con Videollamada","Agente profesional","Ciencias sociales, humanas y afines","Servicio 7x24","Teletrabajo","Platino","NA","Mes 7x24",41078911.859999999,34329200.460000001,49032087.390000001,37649918.270000003,61066518.659999996,68772794.480000004,51630845.229999997,33723440.439999998,null,null,"SMMLV"]
["AgenteparaatenciónconVideollamadaAgenteprofesionalIngeniería,arquitectura,urbanismoyafinesJornadaOrdinariaTeletrabajoOroNA","IT-BPO-30-221","Agente para atención con Videollamada","Agente profesional","Ingeniería, arquitectura, urbanismo y afines","Jornada Ordinaria","Teletrabajo","Oro","NA","Mes",8445051.7200000007,9087127.9700000007,13055292.99,8719156.5,16579358.07,11997028.050000001,10900539.16,8338897.3799999999,null,null,"SMMLV"]
["AgenteparaatenciónconVideollamadaAgenteprofesionalIngeniería,arquitectura,urbanismoyafinesHoraextradominicalyfestivoTeletrabajoOroNA","IT-BPO-30-224","Agente para atención con Videollamada","Agente profesional","Ingeniería, arquitectura, urbanismo y afines","Hora extra dominical y festivo","Teletrabajo","Oro","NA","Hora",80429.06,97914.9,113525.22,64738.59,117426.63,142821.95000000001,110478.66,57666.42,null,null,"SMMLV"]
["AgenteparaatenciónconVideollamadaAgenteprofesionalIngeniería,arquitectura,urbanismoyafinesServicio7x24TeletrabajoOroNA","IT-BPO-30-225","Agente para atención con Videollamada","Agente profesional","Ingeniería, arquitectura, urbanismo y afines","Servicio 7x24","Teletrabajo","Oro","NA","Mes 7x24",39122773.200000003,34201020.859999999,52221166.490000002,37649918.270000003,59740129.460000001,67771006.349999994,51630845.229999997,33336730.68,null,null,"SMMLV"]
["AgenteparaatenciónconVideollamadaAgenteprofesionalIngeniería,arquitectura,urbanismoyafinesHoraextranocturna TeletrabajoPlatinoNA","IT-BPO-30-228","Agente para atención con Videollamada","Agente profesional","Ingeniería, arquitectura, urbanismo y afines","Hora extra nocturna ","Teletrabajo","Platino","NA","Hora",73894.2,68540.429999999993,93267.72,56811.89,98405.58,101453.94,74573.100000000006,51075.73,null,null,"SMMLV"]
["AgenteparaatenciónconVideollamadaAgenteprofesionalIngeniería,arquitectura,urbanismoyafinesHoraextradominicalyfestivoTeletrabajoPlatinoNA","IT-BPO-30-229","Agente para atención con Videollamada","Agente profesional","Ingeniería, arquitectura, urbanismo y afines","Hora extra dominical y festivo","Teletrabajo","Platino","NA","Hora",84450.52,97914.9,106591.67999999999,64738.59,118713,144933.10999999999,110478.66,58372.26,null,null,"SMMLV"]
["AgenteparaatenciónconVideollamadaAgenteprofesionalBellasartesyafinesJornadaOrdinariaTeletrabajoOroNA","IT-BPO-30-231","Agente para atención con Videollamada","Agente profesional","Bellas artes y afines","Jornada Ordinaria","Teletrabajo","Oro","NA","Mes",8445051.7200000007,9087127.9700000007,13055292.99,8719156.5,16579358.07,11997028.050000001,10900539.16,8338897.3799999999,null,null,"SMMLV"]
["AgenteparaatenciónconVideollamadaAgenteprofesionalBellasartesyafinesHoraextradiurnaTeletrabajoOroNA","IT-BPO-30-232","Agente para atención con Videollamada","Agente profesional","Bellas artes y afines","Hora extra diurna","Teletrabajo","Oro","NA","Hora",50268.17,48957.45,70953.81,40958.480000000003,71579.31,71411.520000000004,69049.16,36041.49,null,null,"SMMLV"]
["AgenteparaatenciónconVideollamadaAgenteprofesionalBellasartesyafinesServicio7x24TeletrabajoOroNA","IT-BPO-30-235","Agente para atención con Videollamada","Agente profesional","Bellas artes y afines","Servicio 7x24","Teletrabajo","Oro","NA","Mes 7x24",39122773.200000003,34201020.859999999,52221166.490000002,37649918.270000003,59740129.460000001,67771006.349999994,51630845.229999997,33336730.68,null,null,"SMMLV"]
["AgenteparaatenciónconVideollamadaAgenteprofesionalBellasartesyafinesJornadaOrdinariaTeletrabajoPlatinoNA","IT-BPO-30-236","Agente para atención con Videollamada","Agente profesional","Bellas artes y afines","Jornada Ordinaria","Teletrabajo","Platino","NA","Mes",8867304.3100000005,9125253.6799999997,12258022.4,8719156.5,16323032.92,12174367.68,10900539.16,8421836.4100000001,null,null,"SMMLV"]
["AgenteparaatenciónconVideollamadaAgenteprofesionalBellasartesyafinesHoraextradominicalyfestivoTeletrabajoPlatinoNA","IT-BPO-30-239","Agente para atención con Videollamada","Agente profesional","Bellas artes y afines","Hora extra dominical y festivo","Teletrabajo","Platino","NA","Hora",84450.52,97914.9,106591.67999999999,64738.59,118713,144933.10999999999,110478.66,58372.26,null,null,"SMMLV"]
["AgenteparaatenciónconVideollamadaAgenteprofesionalBellasartesyafinesServicio7x24TeletrabajoPlatinoNA","IT-BPO-30-240","Agente para atención con Videollamada","Agente profesional","Bellas artes y afines","Servicio 7x24","Teletrabajo","Platino","NA","Mes 7x24",41078911.859999999,34329200.460000001,49032087.390000001,37649918.270000003,61066518.659999996,68772794.480000004,51630845.229999997,33723440.439999998,null,null,"SMMLV"]
["AgenteparaatenciónconVideollamadaAgenteprofesionalMatemáticas,cienciasnaturalesyafinesHoraextradiurnaTeletrabajoOroNA","IT-BPO-30-242","Agente para atención con Videollamada","Agente profesional","Matemáticas, ciencias naturales y afines","Hora extra diurna","Teletrabajo","Oro","NA","Hora",50268.17,48957.45,70953.81,40958.480000000003,41091.43,71411.520000000004,69049.16,36041.49,null,null,"SMMLV"]
["AgenteparaatenciónconVideollamadaAgenteprofesionalMatemáticas,cienciasnaturalesyafinesHoraextranocturna TeletrabajoOroNA","IT-BPO-30-243","Agente para atención con Videollamada","Agente profesional","Matemáticas, ciencias naturales y afines","Hora extra nocturna ","Teletrabajo","Oro","NA","Hora",70375.429999999993,68540.429999999993,99335.12,56811.89,72421.39,99975.69,74573.100000000006,50458.15,null,null,"SMMLV"]
["AgenteparaatenciónconVideollamadaAgenteprofesionalMatemáticas,cienciasnaturalesyafinesJornadaOrdinariaTeletrabajoPlatinoNA","IT-BPO-30-246","Agente para atención con Videollamada","Agente profesional","Matemáticas, ciencias naturales y afines","Jornada Ordinaria","Teletrabajo","Platino","NA","Mes",8867304.3100000005,9125253.6799999997,12258022.4,8719156.5,61066518.659999996,12174367.68,10900539.16,8421836.4100000001,null,null,"SMMLV"]
["AgenteparaatenciónconVideollamadaAgenteprofesionalMatemáticas,cienciasnaturalesyafinesHoraextradiurnaTeletrabajoPlatinoNA","IT-BPO-30-247","Agente para atención con Videollamada","Agente profesional","Matemáticas, ciencias naturales y afines","Hora extra diurna","Teletrabajo","Platino","NA","Hora",52781.57,48957.45,66619.8,40958.480000000003,41091.43,72467.100000000006,69049.16,36482.660000000003,null,null,"SMMLV"]
["AgenteparaatenciónconVideollamadaAgenteprofesionalMatemáticas,cienciasnaturalesyafinesServicio7x24TeletrabajoPlatinoNA","IT-BPO-30-250","Agente para atención con Videollamada","Agente profesional","Matemáticas, ciencias naturales y afines","Servicio 7x24","Teletrabajo","Platino","NA","Mes 7x24",41078911.859999999,34329200.460000001,49032087.390000001,37649918.270000003,37876310.799999997,68772794.480000004,51630845.229999997,33723440.439999998,null,null,"SMMLV"]
["AgenteparaatenciónconVideollamadaAgenteprofesionalCienciasdelasaludyafinesJornadaOrdinariaTeletrabajoOroNA","IT-BPO-30-251","Agente para atención con Videollamada","Agente profesional","Ciencias de la salud y afines","Jornada Ordinaria","Teletrabajo","Oro","NA","Mes",10926672.119999999,11593740.65,16567313.869999999,13705927.76,21112503.620000001,15382374.949999999,10900539.16,10495312.640000001,null,null,"SMMLV"]
["AgenteparaatenciónconVideollamadaAgenteprofesionalCienciasdelasaludyafinesHoraextranocturna TeletrabajoOroNA","IT-BPO-30-253","Agente para atención con Videollamada","Agente profesional","Ciencias de la salud y afines","Hora extra nocturna ","Teletrabajo","Oro","NA","Hora",91055.6,91386.51,126056.4,93174.65,138566.38,128187.27,74573.100000000006,66516.539999999994,null,null,"SMMLV"]
["AgenteparaatenciónconVideollamadaAgenteprofesionalCienciasdelasaludyafinesHoraextradominicalyfestivoTeletrabajoOroNA","IT-BPO-30-254","Agente para atención con Videollamada","Agente profesional","Ciencias de la salud y afines","Hora extra dominical y festivo","Teletrabajo","Oro","NA","Hora",104063.54,130552.47,144064.76999999999,106296.03,171247.94,183124.52,110478.66,76018.84,null,null,"SMMLV"]
["AgenteparaatenciónconVideollamadaAgenteprofesionalCienciasdelasaludyafinesHoraextradiurnaTeletrabajoPlatinoNA","IT-BPO-30-257","Agente para atención con Videollamada","Agente profesional","Ciencias de la salud y afines","Hora extra diurna","Teletrabajo","Platino","NA","Hora",68291.7,65276.24,84542.76,66931.88,95421.77,92916.23,69049.16,47953.01,null,null,"SMMLV"]
["AgenteparaatenciónconVideollamadaAgenteprofesionalCienciasdelasaludyafinesHoraextranocturna TeletrabajoPlatinoNA","IT-BPO-30-258","Agente para atención con Videollamada","Agente profesional","Ciencias de la salud y afines","Hora extra nocturna ","Teletrabajo","Platino","NA","Hora",95608.38,91386.51,118358.55,93174.65,130217.17,130081.62,74573.100000000006,67134.12,null,null,"SMMLV"]
["AgenteparaatenciónconVideollamadaAgenteprofesionalAgronomía,veterinariayafinesJornadaOrdinariaTeletrabajoOroNA","IT-BPO-30-261","Agente para atención con Videollamada","Agente profesional","Agronomía, veterinaria y afines","Jornada Ordinaria","Teletrabajo","Oro","NA","Mes",8445051.7200000007,9087127.9700000007,13055292.99,8719156.5,16579358.07,11997028.050000001,10900539.16,8338897.3799999999,null,null,"SMMLV"]
["AgenteparaatenciónconVideollamadaAgenteprofesionalAgronomía,veterinariayafinesHoraextradiurnaTeletrabajoOroNA","IT-BPO-30-262","Agente para atención con Videollamada","Agente profesional","Agronomía, veterinaria y afines","Hora extra diurna","Teletrabajo","Oro","NA","Hora",50268.17,48957.45,70953.81,40958.480000000003,71579.31,71411.520000000004,69049.16,36041.49,null,null,"SMMLV"]
["AgenteparaatenciónconVideollamadaAgenteprofesionalAgronomía,veterinariayafinesServicio7x24TeletrabajoOroNA","IT-BPO-30-265","Agente para atención con Videollamada","Agente profesional","Agronomía, veterinaria y afines","Servicio 7x24","Teletrabajo","Oro","NA","Mes 7x24",39122773.200000003,34201020.859999999,52221166.490000002,37649918.270000003,59740129.460000001,67771006.349999994,51630845.229999997,33336730.68,null,null,"SMMLV"]
["AgenteparaatenciónconVideollamadaAgenteprofesionalAgronomía,veterinariayafinesJornadaOrdinariaTeletrabajoPlatinoNA","IT-BPO-30-266","Agente para atención con Videollamada","Agente profesional","Agronomía, veterinaria y afines","Jornada Ordinaria","Teletrabajo","Platino","NA","Mes",8867304.3100000005,9125253.6799999997,12258022.4,8719156.5,16323032.92,12174367.68,10900539.16,8421836.4100000001,null,null,"SMMLV"]
["AgenteparaatenciónconVideollamadaAgenteprofesionalAgronomía,veterinariayafinesHoraextranocturna TeletrabajoPlatinoNA","IT-BPO-30-268","Agente para atención con Videollamada","Agente profesional","Agronomía, veterinaria y afines","Hora extra nocturna ","Teletrabajo","Platino","NA","Hora",73894.2,68540.429999999993,93267.72,56811.89,98405.58,101453.94,74573.100000000006,51075.73,null,null,"SMMLV"]
["AgenteparaatenciónconVideollamadaAgenteprofesionalAgronomía,veterinariayafinesHoraextradominicalyfestivoTeletrabajoPlatinoNA","IT-BPO-30-269","Agente para atención con Videollamada","Agente profesional","Agronomía, veterinaria y afines","Hora extra dominical y festivo","Teletrabajo","Platino","NA","Hora",84450.52,97914.9,106591.67999999999,64738.59,118713,144933.10999999999,110478.66,58372.26,null,null,"SMMLV"]
["AgenteparaatenciónconVideollamadaAgenteprofesionalCienciasdelaeducaciónyafinesHoraextradiurnaTeletrabajoOroNA","IT-BPO-30-272","Agente para atención con Videollamada","Agente profesional","Ciencias de la educación y afines","Hora extra diurna","Teletrabajo","Oro","NA","Hora",50268.17,48957.45,70953.81,40958.480000000003,71579.31,71411.520000000004,69049.16,36041.49,null,null,"SMMLV"]
["AgenteparaatenciónconVideollamadaAgenteprofesionalCienciasdelaeducaciónyafinesHoraextranocturna TeletrabajoOroNA","IT-BPO-30-273","Agente para atención con Videollamada","Agente profesional","Ciencias de la educación y afines","Hora extra nocturna ","Teletrabajo","Oro","NA","Hora",70375.429999999993,68540.429999999993,99335.12,56811.89,97267.65,99975.69,74573.100000000006,50458.15,null,null,"SMMLV"]
["AgenteparaatenciónconVideollamadaAgenteprofesionalCienciasdelaeducaciónyafinesJornadaOrdinariaTeletrabajoPlatinoNA","IT-BPO-30-276","Agente para atención con Videollamada","Agente profesional","Ciencias de la educación y afines","Jornada Ordinaria","Teletrabajo","Platino","NA","Mes",8867304.3100000005,9125253.6799999997,12258022.4,8719156.5,16323032.92,12174367.68,10900539.16,8421836.4100000001,null,null,"SMMLV"]
["AgenteparaatenciónconVideollamadaAgenteprofesionalCienciasdelaeducaciónyafinesHoraextradiurnaTeletrabajoPlatinoNA","IT-BPO-30-277","Agente para atención con Videollamada","Agente profesional","Ciencias de la educación y afines","Hora extra diurna","Teletrabajo","Platino","NA","Hora",52781.57,48957.45,66619.8,40958.480000000003,72421.39,72467.100000000006,69049.16,36482.660000000003,null,null,"SMMLV"]
["AgenteparaatenciónconVideollamadaAgenteprofesionalCienciasdelaeducaciónyafinesHoraextradominicalyfestivoTeletrabajoPlatinoNA","IT-BPO-30-279","Agente para atención con Videollamada","Agente profesional","Ciencias de la educación y afines","Hora extra dominical y festivo","Teletrabajo","Platino","NA","Hora",84450.52,97914.9,106591.67999999999,64738.59,118713,144933.10999999999,110478.66,58372.26,null,null,"SMMLV"]
["AgenteparaatenciónconVideollamadaAgenteprofesionalCienciasdelaeducaciónyafinesServicio7x24TeletrabajoPlatinoNA","IT-BPO-30-280","Agente para atención con Videollamada","Agente profesional","Ciencias de la educación y afines","Servicio 7x24","Teletrabajo","Platino","NA","Mes 7x24",41078911.859999999,34329200.460000001,49032087.390000001,37649918.270000003,61066518.659999996,68772794.480000004,51630845.229999997,33723440.439999998,null,null,"SMMLV"]
["AgenteparaatenciónconVideollamadaAgenteespecializadoEconomía,administración,contaduríayafinesHoraextranocturna TeletrabajoOroNA","IT-BPO-30-283","Agente para atención con Videollamada","Agente especializado","Economía, administración, contaduría y afines","Hora extra nocturna ","Teletrabajo","Oro","NA","Hora",91055.6,91386.51,126056.4,74993.27,131133.16,128187.27,93216.37,66516.539999999994,null,null,"SMMLV"]
["AgenteparaatenciónconVideollamadaAgenteespecializadoEconomía,administración,contaduríayafinesHoraextradominicalyfestivoTeletrabajoOroNA","IT-BPO-30-284","Agente para atención con Videollamada","Agente especializado","Economía, administración, contaduría y afines","Hora extra dominical y festivo","Teletrabajo","Oro","NA","Hora",104063.54,130552.47,144064.76999999999,85517.31,162162.04999999999,183124.52,138098.32999999999,76018.84,null,null,"SMMLV"]
["AgenteparaatenciónconVideollamadaAgenteespecializadoEconomía,administración,contaduríayafinesHoraextradiurnaTeletrabajoPlatinoNA","IT-BPO-30-287","Agente para atención con Videollamada","Agente especializado","Economía, administración, contaduría y afines","Hora extra diurna","Teletrabajo","Platino","NA","Hora",68291.7,65276.24,84542.76,53945.18,97079.87,92916.23,86311.45,47953.01,null,null,"SMMLV"]
["AgenteparaatenciónconVideollamadaAgenteespecializadoEconomía,administración,contaduríayafinesHoraextranocturna TeletrabajoPlatinoNA","IT-BPO-30-288","Agente para atención con Videollamada","Agente especializado","Economía, administración, contaduría y afines","Hora extra nocturna ","Teletrabajo","Platino","NA","Hora",95608.38,91386.51,118358.55,74993.27,133100.38,130081.62,93216.37,67134.12,null,null,"SMMLV"]
["AgenteparaatenciónconVideollamadaAgenteespecializadoEconomía,administración,contaduríayafinesServicio7x24TeletrabajoPlatinoNA","IT-BPO-30-290","Agente para atención con Videollamada","Agente especializado","Economía, administración, contaduría y afines","Servicio 7x24","Teletrabajo","Platino","NA","Mes 7x24",54107418.960000001,44355651.18,62222276.719999999,49363725.659999996,84858062.129999995,88583386.650000006,64474852.700000003,43777894.140000001,null,null,"SMMLV"]
["AgenteparaatenciónconVideollamadaAgenteespecializadoCienciassociales,humanasyafinesJornadaOrdinariaTeletrabajoOroNA","IT-BPO-30-291","Agente para atención con Videollamada","Agente especializado","Ciencias sociales, humanas y afines","Jornada Ordinaria","Teletrabajo","Oro","NA","Mes",10926672.119999999,11593740.65,16567313.869999999,11212541.58,20560757.690000001,15382374.949999999,13561970.1,10495312.640000001,null,null,"SMMLV"]
["AgenteparaatenciónconVideollamadaAgenteespecializadoCienciassociales,humanasyafinesHoraextradominicalyfestivoTeletrabajoOroNA","IT-BPO-30-294","Agente para atención con Videollamada","Agente especializado","Ciencias sociales, humanas y afines","Hora extra dominical y festivo","Teletrabajo","Oro","NA","Hora",104063.54,130552.47,144064.76999999999,85517.31,162162.04999999999,183124.52,138098.32999999999,76018.84,null,null,"SMMLV"]
["AgenteparaatenciónconVideollamadaAgenteespecializadoCienciassociales,humanasyafinesServicio7x24TeletrabajoOroNA","IT-BPO-30-295","Agente para atención con Videollamada","Agente especializado","Ciencias sociales, humanas y afines","Servicio 7x24","Teletrabajo","Oro","NA","Mes 7x24",51530875.200000003,44227471.579999998,66269253.270000003,49363725.659999996,82661532.099999994,87293027.700000003,64474852.700000003,43391184.380000003,null,null,"SMMLV"]
["AgenteparaatenciónconVideollamadaAgenteespecializadoCienciassociales,humanasyafinesHoraextranocturna TeletrabajoPlatinoNA","IT-BPO-30-298","Agente para atención con Videollamada","Agente especializado","Ciencias sociales, humanas y afines","Hora extra nocturna ","Teletrabajo","Platino","NA","Hora",95608.38,91386.51,118358.55,74993.27,133100.38,130081.62,93216.37,67134.12,null,null,"SMMLV"]
["AgenteparaatenciónconVideollamadaAgenteespecializadoCienciassociales,humanasyafinesHoraextradominicalyfestivoTeletrabajoPlatinoNA","IT-BPO-30-299","Agente para atención con Videollamada","Agente especializado","Ciencias sociales, humanas y afines","Hora extra dominical y festivo","Teletrabajo","Platino","NA","Hora",109266.72,130552.47,135266.45000000001,85517.31,159237.82,185831.36,138098.32999999999,76724.789999999994,null,null,"SMMLV"]
["AgenteparaatenciónconVideollamadaAgenteespecializadoIngeniería,arquitectura,urbanismoyafinesJornadaOrdinariaTeletrabajoOroNA","IT-BPO-30-301","Agente para atención con Videollamada","Agente especializado","Ingeniería, arquitectura, urbanismo y afines","Jornada Ordinaria","Teletrabajo","Oro","NA","Mes",10926672.119999999,11593740.65,16567313.869999999,11212541.58,20560757.690000001,15382374.949999999,13561970.1,10495312.640000001,null,null,"SMMLV"]
["AgenteparaatenciónconVideollamadaAgenteespecializadoIngeniería,arquitectura,urbanismoyafinesHoraextradiurnaTeletrabajoOroNA","IT-BPO-30-302","Agente para atención con Videollamada","Agente especializado","Ingeniería, arquitectura, urbanismo y afines","Hora extra diurna","Teletrabajo","Oro","NA","Hora",65039.72,65276.24,90040.76,53945.18,95646.19,91562.81,86311.45,47511.83,null,null,"SMMLV"]
["AgenteparaatenciónconVideollamadaAgenteespecializadoIngeniería,arquitectura,urbanismoyafinesServicio7x24TeletrabajoOroNA","IT-BPO-30-305","Agente para atención con Videollamada","Agente especializado","Ingeniería, arquitectura, urbanismo y afines","Servicio 7x24","Teletrabajo","Oro","NA","Mes 7x24",51530875.200000003,44227471.579999998,66269253.270000003,49363725.659999996,82661532.099999994,87293027.700000003,64474852.700000003,43391184.380000003,null,null,"SMMLV"]
["AgenteparaatenciónconVideollamadaAgenteespecializadoIngeniería,arquitectura,urbanismoyafinesJornadaOrdinariaTeletrabajoPlatinoNA","IT-BPO-30-306","Agente para atención con Videollamada","Agente especializado","Ingeniería, arquitectura, urbanismo y afines","Jornada Ordinaria","Teletrabajo","Platino","NA","Mes",11473005.73,11631866.359999999,15555570,11212541.58,20912659.68,15609756.08,13561970.1,10578251.77,null,null,"SMMLV"]
["AgenteparaatenciónconVideollamadaAgenteespecializadoIngeniería,arquitectura,urbanismoyafinesHoraextradominicalyfestivoTeletrabajoPlatinoNA","IT-BPO-30-309","Agente para atención con Videollamada","Agente especializado","Ingeniería, arquitectura, urbanismo y afines","Hora extra dominical y festivo","Teletrabajo","Platino","NA","Hora",109266.72,130552.47,135266.45000000001,85517.31,159237.82,185831.36,138098.32999999999,76724.789999999994,null,null,"SMMLV"]
["AgenteparaatenciónconVideollamadaAgenteespecializadoIngeniería,arquitectura,urbanismoyafinesServicio7x24TeletrabajoPlatinoNA","IT-BPO-30-310","Agente para atención con Videollamada","Agente especializado","Ingeniería, arquitectura, urbanismo y afines","Servicio 7x24","Teletrabajo","Platino","NA","Mes 7x24",54107418.960000001,44355651.18,62222276.719999999,49363725.659999996,84858062.129999995,88583386.650000006,64474852.700000003,43777894.140000001,null,null,"SMMLV"]
["AgenteparaatenciónconVideollamadaAgenteespecializadoBellasartesyafinesHoraextranocturna TeletrabajoOroNA","IT-BPO-30-313","Agente para atención con Videollamada","Agente especializado","Bellas artes y afines","Hora extra nocturna ","Teletrabajo","Oro","NA","Hora",91055.6,91386.51,126056.4,74993.27,131133.16,128187.27,93216.37,66516.539999999994,null,null,"SMMLV"]
["AgenteparaatenciónconVideollamadaAgenteespecializadoBellasartesyafinesHoraextradominicalyfestivoTeletrabajoOroNA","IT-BPO-30-314","Agente para atención con Videollamada","Agente especializado","Bellas artes y afines","Hora extra dominical y festivo","Teletrabajo","Oro","NA","Hora",104063.54,130552.47,144064.76999999999,85517.31,162162.04999999999,183124.52,138098.32999999999,76018.84,null,null,"SMMLV"]
["AgenteparaatenciónconVideollamadaAgenteespecializadoBellasartesyafinesJornadaOrdinariaTeletrabajoPlatinoNA","IT-BPO-30-316","Agente para atención con Videollamada","Agente especializado","Bellas artes y afines","Jornada Ordinaria","Teletrabajo","Platino","NA","Mes",11473005.73,11631866.359999999,15555570,11212541.58,20912659.68,15609756.08,13561970.1,10578251.77,null,null,"SMMLV"]
["AgenteparaatenciónconVideollamadaAgenteespecializadoBellasartesyafinesHoraextradiurnaTeletrabajoPlatinoNA","IT-BPO-30-317","Agente para atención con Videollamada","Agente especializado","Bellas artes y afines","Hora extra diurna","Teletrabajo","Platino","NA","Hora",68291.7,65276.24,84542.76,53945.18,97079.87,92916.23,86311.45,47953.01,null,null,"SMMLV"]
["AgenteparaatenciónconVideollamadaAgenteespecializadoBellasartesyafinesServicio7x24TeletrabajoPlatinoNA","IT-BPO-30-320","Agente para atención con Videollamada","Agente especializado","Bellas artes y afines","Servicio 7x24","Teletrabajo","Platino","NA","Mes 7x24",54107418.960000001,44355651.18,62222276.719999999,49363725.659999996,84858062.129999995,88583386.650000006,64474852.700000003,43777894.140000001,null,null,"SMMLV"]
["AgenteparaatenciónconVideollamadaAgenteespecializadoMatemáticas,cienciasnaturalesyafinesJornadaOrdinariaTeletrabajoOroNA","IT-BPO-30-321","Agente para atención con Videollamada","Agente especializado","Matemáticas, ciencias naturales y afines","Jornada Ordinaria","Teletrabajo","Oro","NA","Mes",10926672.119999999,11593740.65,16567313.869999999,11212541.58,20560757.690000001,15382374.949999999,13561970.1,10495312.640000001,null,null,"SMMLV"]
["AgenteparaatenciónconVideollamadaAgenteespecializadoMatemáticas,cienciasnaturalesyafinesHoraextradominicalyfestivoTeletrabajoOroNA","IT-BPO-30-324","Agente para atención con Videollamada","Agente especializado","Matemáticas, ciencias naturales y afines","Hora extra dominical y festivo","Teletrabajo","Oro","NA","Hora",104063.54,130552.47,144064.76999999999,85517.31,162162.04999999999,183124.52,138098.32999999999,76018.84,null,null,"SMMLV"]
["AgenteparaatenciónconVideollamadaAgenteespecializadoMatemáticas,cienciasnaturalesyafinesServicio7x24TeletrabajoOroNA","IT-BPO-30-325","Agente para atención con Videollamada","Agente especializado","Matemáticas, ciencias naturales y afines","Servicio 7x24","Teletrabajo","Oro","NA","Mes 7x24",51530875.200000003,44227471.579999998,66269253.270000003,49363725.659999996,82661532.099999994,87293027.700000003,64474852.700000003,43391184.380000003,null,null,"SMMLV"]
["AgenteparaatenciónconVideollamadaAgenteespecializadoMatemáticas,cienciasnaturalesyafinesHoraextradiurnaTeletrabajoPlatinoNA","IT-BPO-30-327","Agente para atención con Videollamada","Agente especializado","Matemáticas, ciencias naturales y afines","Hora extra diurna","Teletrabajo","Platino","NA","Hora",68291.7,65276.24,84542.76,53945.18,97079.87,92916.23,86311.45,47953.01,null,null,"SMMLV"]
["AgenteparaatenciónconVideollamadaAgenteespecializadoMatemáticas,cienciasnaturalesyafinesHoraextranocturna TeletrabajoPlatinoNA","IT-BPO-30-328","Agente para atención con Videollamada","Agente especializado","Matemáticas, ciencias naturales y afines","Hora extra nocturna ","Teletrabajo","Platino","NA","Hora",95608.38,91386.51,118358.55,74993.27,133100.38,130081.62,93216.37,67134.12,null,null,"SMMLV"]
["AgenteparaatenciónconVideollamadaAgenteespecializadoCienciasdelasaludyafinesJornadaOrdinariaTeletrabajoOroNA","IT-BPO-30-331","Agente para atención con Videollamada","Agente especializado","Ciencias de la salud y afines","Jornada Ordinaria","Teletrabajo","Oro","NA","Mes",13408108.560000001,14100353.33,16567313.869999999,16228087.25,25853234.350000001,18767720.75,13561970.1,12651728,null,null,"SMMLV"]
["AgenteparaatenciónconVideollamadaAgenteespecializadoCienciasdelasaludyafinesHoraextradiurnaTeletrabajoOroNA","IT-BPO-30-332","Agente para atención con Videollamada","Agente especializado","Ciencias de la salud y afines","Hora extra diurna","Teletrabajo","Oro","NA","Hora",79810.17,81595.02,90040.76,80654.42,127581.32,111713,86311.45,58982.07,null,null,"SMMLV"]
["AgenteparaatenciónconVideollamadaAgenteespecializadoCienciasdelasaludyafinesServicio7x24TeletrabajoOroNA","IT-BPO-30-335","Agente para atención con Videollamada","Agente especializado","Ciencias de la salud y afines","Servicio 7x24","Teletrabajo","Oro","NA","Mes 7x24",63938057.399999999,54253922.299999997,66269253.270000003,78005650.519999996,115034636.78,106815043.58,64474852.700000003,53445637.969999999,null,null,"SMMLV"]
["AgenteparaatenciónconVideollamadaAgenteespecializadoCienciasdelasaludyafinesJornadaOrdinariaTeletrabajoPlatinoNA","IT-BPO-30-336","Agente para atención con Videollamada","Agente especializado","Ciencias de la salud y afines","Jornada Ordinaria","Teletrabajo","Platino","NA","Mes",14078513.99,14138479.039999999,15555570,16228087.25,25991836.440000001,19045144.469999999,13561970.1,12734667.029999999,null,null,"SMMLV"]
["AgenteparaatenciónconVideollamadaAgenteespecializadoCienciasdelasaludyafinesHoraextranocturna TeletrabajoPlatinoNA","IT-BPO-30-338","Agente para atención con Videollamada","Agente especializado","Ciencias de la salud y afines","Hora extra nocturna ","Teletrabajo","Platino","NA","Hora",117320.95,114233.69,118358.55,112456.5,165256.87,158710.39999999999,93216.37,83192.52,null,null,"SMMLV"]
["AgenteparaatenciónconVideollamadaAgenteespecializadoCienciasdelasaludyafinesHoraextradominicalyfestivoTeletrabajoPlatinoNA","IT-BPO-30-339","Agente para atención con Videollamada","Agente especializado","Ciencias de la salud y afines","Hora extra dominical y festivo","Teletrabajo","Platino","NA","Hora",134081.09,163191.14000000001,135266.45000000001,128358.09,221282.01,226728.51,138098.32999999999,95077.21,null,null,"SMMLV"]
["AgenteparaatenciónconVideollamadaAgenteespecializadoAgronomía,veterinariayafinesHoraextradiurnaTeletrabajoOroNA","IT-BPO-30-342","Agente para atención con Videollamada","Agente especializado","Agronomía, veterinaria y afines","Hora extra diurna","Teletrabajo","Oro","NA","Hora",65039.72,65276.24,90040.76,53945.18,95646.19,91562.81,86311.45,47511.83,null,null,"SMMLV"]
["AgenteparaatenciónconVideollamadaAgenteespecializadoAgronomía,veterinariayafinesHoraextranocturna TeletrabajoOroNA","IT-BPO-30-343","Agente para atención con Videollamada","Agente especializado","Agronomía, veterinaria y afines","Hora extra nocturna ","Teletrabajo","Oro","NA","Hora",91055.6,91386.51,126056.4,74993.27,131133.16,128187.27,93216.37,66516.539999999994,null,null,"SMMLV"]
["AgenteparaatenciónconVideollamadaAgenteespecializadoAgronomía,veterinariayafinesJornadaOrdinariaTeletrabajoPlatinoNA","IT-BPO-30-346","Agente para atención con Videollamada","Agente especializado","Agronomía, veterinaria y afines","Jornada Ordinaria","Teletrabajo","Platino","NA","Mes",11473005.73,11631866.359999999,15555570,11212541.58,20912659.68,15609756.08,13561970.1,10578251.77,null,null,"SMMLV"]
["AgenteparaatenciónconVideollamadaAgenteespecializadoAgronomía,veterinariayafinesHoraextradiurnaTeletrabajoPlatinoNA","IT-BPO-30-347","Agente para atención con Videollamada","Agente especializado","Agronomía, veterinaria y afines","Hora extra diurna","Teletrabajo","Platino","NA","Hora",68291.7,65276.24,84542.76,53945.18,97079.87,92916.23,86311.45,47953.01,null,null,"SMMLV"]
["AgenteparaatenciónconVideollamadaAgenteespecializadoAgronomía,veterinariayafinesServicio7x24TeletrabajoPlatinoNA","IT-BPO-30-350","Agente para atención con Videollamada","Agente especializado","Agronomía, veterinaria y afines","Servicio 7x24","Teletrabajo","Platino","NA","Mes 7x24",54107418.960000001,44355651.18,62222276.719999999,49363725.659999996,84858062.129999995,88583386.650000006,64474852.700000003,43777894.140000001,null,null,"SMMLV"]
["AgenteparaatenciónconVideollamadaAgenteespecializadoCienciasdelaeducaciónyafinesJornadaOrdinariaTeletrabajoOroNA","IT-BPO-30-351","Agente para atención con Videollamada","Agente especializado","Ciencias de la educación y afines","Jornada Ordinaria","Teletrabajo","Oro","NA","Mes",10926672.119999999,11593740.65,16567313.869999999,11212541.58,20560757.690000001,15382374.949999999,13561970.1,10495312.640000001,null,null,"SMMLV"]
["AgenteparaatenciónconVideollamadaAgenteespecializadoCienciasdelaeducaciónyafinesHoraextranocturna TeletrabajoOroNA","IT-BPO-30-353","Agente para atención con Videollamada","Agente especializado","Ciencias de la educación y afines","Hora extra nocturna ","Teletrabajo","Oro","NA","Hora",91055.6,91386.51,126056.4,74993.27,131133.16,128187.27,93216.37,66516.539999999994,null,null,"SMMLV"]
["AgenteparaatenciónconVideollamadaAgenteespecializadoCienciasdelaeducaciónyafinesHoraextradominicalyfestivoTeletrabajoOroNA","IT-BPO-30-354","Agente para atención con Videollamada","Agente especializado","Ciencias de la educación y afines","Hora extra dominical y festivo","Teletrabajo","Oro","NA","Hora",104063.54,130552.47,144064.76999999999,85517.31,162162.04999999999,183124.52,138098.32999999999,76018.84,null,null,"SMMLV"]
["AgenteparaatenciónconVideollamadaAgenteespecializadoCienciasdelaeducaciónyafinesHoraextradiurnaTeletrabajoPlatinoNA","IT-BPO-30-357","Agente para atención con Videollamada","Agente especializado","Ciencias de la educación y afines","Hora extra diurna","Teletrabajo","Platino","NA","Hora",68291.7,65276.24,84542.76,53945.18,97079.87,92916.23,86311.45,47953.01,null,null,"SMMLV"]
["AgenteparaatenciónconVideollamadaAgenteespecializadoCienciasdelaeducaciónyafinesHoraextranocturna TeletrabajoPlatinoNA","IT-BPO-30-358","Agente para atención con Videollamada","Agente especializado","Ciencias de la educación y afines","Hora extra nocturna ","Teletrabajo","Platino","NA","Hora",95608.38,91386.51,118358.55,74993.27,133100.38,130081.62,93216.37,67134.12,null,null,"SMMLV"]
["AgenteparagestiónderedessocialesAgentetécnicoJornadaOrdinariaOroNANANA","IT-BPO-31-1","Agente para gestión de redes sociales","Agente técnico","Jornada Ordinaria","Oro","NA","NA","NA","Mes",6480358.9199999999,6523985.9100000001,10221939.98,6895443.8600000003,8537723.7100000009,8656381.25,6258051.0800000001,6858729.5999999996,null,null,"SMMLV"]
["AgenteparagestiónderedessocialesAgentetécnicoHoraextradiurnaOroNANANA","IT-BPO-31-2","Agente para gestión de redes sociales","Agente técnico","Hora extra diurna","Oro","NA","NA","NA","Hora",38573.57,32638.67,55555.92,29348.19,37485.24,51526.32,34524.58,26876.880000000001,null,null,"SMMLV"]
["AgenteparagestiónderedessocialesAgentetécnicoHoraextradominicalyfestivoOroNANANA","IT-BPO-31-4","Agente para gestión de redes sociales","Agente técnico","Hora extra dominical y festivo","Oro","NA","NA","NA","Hora",61717.7,65276.24,88887.72,46163.01,56661.98,103052.64,48334.41,43003.06,null,null,"SMMLV"]
["AgenteparagestiónderedessocialesAgentetécnicoServicio7x24OroNANANA","IT-BPO-31-5","Agente para gestión de redes sociales","Agente técnico","Servicio 7x24","Oro","NA","NA","NA","Mes 7x24",28282930.199999999,25609518.359999999,40887757.710000001,27693343.879999999,31868117.699999999,48568604.549999997,27302573.739999998,25552829.77,null,null,"SMMLV"]
["AgenteparagestiónderedessocialesAgentetécnicoHoraextranocturna PlatinoNANANA","IT-BPO-31-8","Agente para gestión de redes sociales","Agente técnico","Hora extra nocturna ","Platino","NA","NA","NA","Hora",56703.14,45693.26,71794.77,40557.71,50200.66,73202.94,48334.41,38268.17,null,null,"SMMLV"]
["AgenteparagestiónderedessocialesAgentetécnicoHoraextradominicalyfestivoPlatinoNANANA","IT-BPO-31-9","Agente para gestión de redes sociales","Agente técnico","Hora extra dominical y festivo","Platino","NA","NA","NA","Hora",64803.59,65276.24,82049.45,46163.01,59819.41,104575.79,48334.41,43735.07,null,null,"SMMLV"]
["AgenteparagestiónderedessocialesAgenteprofesionalHoraextradiurnaOroNANANA","IT-BPO-31-12","Agente para gestión de redes sociales","Agente profesional","Hora extra diurna","Oro","NA","NA","NA","Hora",51781.46,48957.45,72727.710000000006,40958.480000000003,53298.67,92086.22,69049.16,37376.400000000001,null,null,"SMMLV"]
["AgenteparagestiónderedessocialesAgenteprofesionalHoraextranocturna OroNANANA","IT-BPO-31-13","Agente para gestión de redes sociales","Agente profesional","Hora extra nocturna ","Oro","NA","NA","NA","Hora",72494.039999999994,68540.429999999993,101817.48,56811.89,70327.38,128919.83,96668.83,52326.87,null,null,"SMMLV"]
["AgenteparagestiónderedessocialesAgenteprofesionalServicio7x24OroNANANA","IT-BPO-31-15","Agente para gestión de redes sociales","Agente profesional","Servicio 7x24","Oro","NA","NA","NA","Mes 7x24",39376638,34573726.009999998,53526695.57,38165998.340000004,43314787.100000001,87924941.25,52990588.670000002,34756313.200000003,null,null,"SMMLV"]
["AgenteparagestiónderedessocialesAgenteespecializadoJornadaOrdinariaOroNANANA","IT-BPO-31-16","Agente para gestión de redes sociales","Agente especializado","Jornada Ordinaria","Oro","NA","NA","NA","Mes",11180720.880000001,11271649.68,16981497.620000001,11618024.460000001,14751925.640000001,19105253.399999999,14242343.92,11068916.67,null,null,"SMMLV"]
["AgenteparagestiónderedessocialesAgenteespecializadoHoraextradominicalyfestivoOroNANANA","IT-BPO-31-19","Agente para gestión de redes sociales","Agente especializado","Hora extra dominical y festivo","Oro","NA","NA","NA","Hora",106483.06,130552.47,147666.23000000001,85517.31,119999.45,227443.55,120836.04,78834.42,null,null,"SMMLV"]
["AgenteparagestiónderedessocialesAgenteespecializadoServicio7x24OroNANANA","IT-BPO-31-20","Agente para gestión de redes sociales","Agente especializado","Servicio 7x24","Oro","NA","NA","NA","Mes 7x24",51784740,44600176.729999997,67925984.989999995,49879806.829999998,63610256.850000001,108743010.08,65834596.130000003,45183153.960000001,null,null,"SMMLV"]
["AgenteparagestiónderedessocialesAgenteprofesionalHoraextranocturna PlatinoNANANA","IT-BPO-31-23","Agente para gestión de redes sociales","Agente profesional","Hora extra nocturna ","Platino","NA","NA","NA","Hora",76118.740000000005,68540.429999999993,93986.04,56811.89,72342.850000000006,130825.13,96668.83,52967.45,null,null,"SMMLV"]
["AgenteparagestiónderedessocialesAgenteprofesionalHoraextradominicalyfestivoPlatinoNANANA","IT-BPO-31-24","Agente para gestión de redes sociales","Agente profesional","Hora extra dominical y festivo","Platino","NA","NA","NA","Hora",86992.84,97914.9,107411.84,64738.59,95778.57,186893.51,96668.83,60534.23,null,null,"SMMLV"]
["AgenteparagestiónderedessocialesAgenteespecializadoJornadaOrdinariaPlatinoNANANA","IT-BPO-31-26","Agente para gestión de redes sociales","Agente especializado","Jornada Ordinaria","Platino","NA","NA","NA","Mes",11739756.92,11316348.68,15675228.32,11618024.460000001,14751925.640000001,19387667.039999999,14242343.92,11154927.609999999,null,null,"SMMLV"]
["AgenteparagestiónderedessocialesAgenteespecializadoHoraextradiurnaPlatinoNANANA","IT-BPO-31-27","Agente para gestión de redes sociales","Agente especializado","Hora extra diurna","Platino","NA","NA","NA","Hora",69879.509999999995,65276.24,85193.19,53945.18,68932.259999999995,115403.15,86311.45,49728.99,null,null,"SMMLV"]
["AgenteparagestiónderedessocialesAgenteespecializadoServicio7x24PlatinoNANANA","IT-BPO-31-30","Agente para gestión de redes sociales","Agente especializado","Servicio 7x24","Platino","NA","NA","NA","Mes 7x24",54373977,44746104.090000004,62700908.880000003,49879806.829999998,63610256.850000001,110350448.18000001,65834596.130000003,45584186.32,null,null,"SMMLV"]
["AgenteBilingüeAgentegeneralEnSitioTodaslaszonasJornadaOrdinaria N/APlatino","IT-BPO-32-01","Agente Bilingüe","Agente general","En Sitio","Todas las zonas","Jornada Ordinaria ","N/A","Platino","Mes",6804376.8700000001,6893841.8700000001,10221939.98,6911613.7199999997,10001338.550000001,8227312.0700000003,6258051.0800000001,6502767.6600000001,null,null,"SMMLV"]
["AgenteBilingüeAgentegeneralEnlasinstalacionesdelaEntidadCompradoraZona2JornadaOrdinaria N/APlatino","IT-BPO-32-04","Agente Bilingüe","Agente general","En las instalaciones de la Entidad Compradora ","Zona 2","Jornada Ordinaria ","N/A","Platino","Mes",6344403.9299999997,6400582.7000000002,10375268.449999999,6317693.3899999997,10001338.550000001,8134803.1799999997,5322861.8899999997,6110470.9900000002,null,null,"SMMLV"]
["AgenteBilingüeAgentegeneralEnlasinstalacionesdelaEntidadCompradoraZona3JornadaOrdinaria N/APlatino","IT-BPO-32-05","Agente Bilingüe","Agente general","En las instalaciones de la Entidad Compradora ","Zona 3","Jornada Ordinaria ","N/A","Platino","Mes",6467596.2400000002,6420565.3499999996,10479021.890000001,6317693.3899999997,10001338.550000001,8161779.5999999996,5322861.8899999997,6110470.9900000002,null,null,"SMMLV"]
[{"$f":"SUBSTITUTE(C3458&D3458&E3458&F3458&G3458&H3458&I3458,\" \",\"\")","v":"AgenteBilingüeAgentegeneralFrontofficeconherramientaZona3JornadaOrdinaria N/APlatino"},"IT-BPO-32-08","Agente Bilingüe","Agente general","Front office con herramienta","Zona 3","Jornada Ordinaria ","N/A","Platino","Mes",6467596.2400000002,6420565.3499999996,10164651.77,6552310.2800000003,10001338.550000001,8446312.0700000003,5500429.46,6110470.9900000002,null,null,"SMMLV"]
["AgenteBilingüeAgentegeneralFrontofficesinherramientaZona1JornadaOrdinaria N/APlatino","IT-BPO-32-09","Agente Bilingüe","Agente general","Front office sin herramienta","Zona 1","Jornada Ordinaria ","N/A","Platino","Mes",5913339.0099999998,5910215.4199999999,9419517.4100000001,6002629.04,10001338.550000001,7942833.2599999998,5322861.8899999997,5970882.7999999998,null,null,"SMMLV"]
["AgenteBilingüeAgentegeneralFrontofficesinherramientaZona3JornadaOrdinaria N/APlatino","IT-BPO-32-11","Agente Bilingüe","Agente general","Front office sin herramienta","Zona 3","Jornada Ordinaria ","N/A","Platino","Mes",6209005.96,5915737.5,9656419.5600000005,6002629.04,10001338.550000001,7942833.2599999998,6908392.7400000002,5970882.7999999998,null,null,"SMMLV"]
["AgenteBilingüeAgentegeneralEnSitioTodaslaszonasJornadaOrdinaria N/AOro","IT-BPO-32-12","Agente Bilingüe","Agente general","En Sitio","Todas las zonas","Jornada Ordinaria ","N/A","Oro","Mes",6480358.9199999999,6849143.9699999997,9435636.9000000004,6911613.7199999997,10001338.550000001,8107467.5999999996,6908392.7400000002,6419828.6299999999,null,null,"SMMLV"]
["AgenteBilingüeAgentegeneralEnlasinstalacionesdelaEntidadCompradoraZona2JornadaOrdinaria N/AOro","IT-BPO-32-15","Agente Bilingüe","Agente general","En las instalaciones de la Entidad Compradora ","Zona 2","Jornada Ordinaria ","N/A","Oro","Mes",6042289.4500000002,6375604.6500000004,9577171.1300000008,6317693.3899999997,10001338.550000001,8016305.5700000003,46608.19,6027531.96,null,null,"SMMLV"]
["AgenteBilingüeAgentegeneralEnlasinstalacionesdelaEntidadCompradoraZona3JornadaOrdinaria N/AOro","IT-BPO-32-16","Agente Bilingüe","Agente general","En las instalaciones de la Entidad Compradora ","Zona 3","Jornada Ordinaria ","N/A","Oro","Mes",6159615.46,6395587.3099999996,9672943.1099999994,6317693.3899999997,10001338.550000001,8042889.9800000004,46608.19,6027531.96,null,null,"SMMLV"]
["AgenteBilingüeAgentegeneralFrontofficeconherramientaZona3JornadaOrdinaria N/AOro","IT-BPO-32-19","Agente Bilingüe","Agente general","Front office con herramienta","Zona 3","Jornada Ordinaria ","N/A","Oro","Mes",6159615.46,6395587.3099999996,9382754.9700000007,6552310.2800000003,10001338.550000001,8323276.7699999996,32364834.039999999,6027531.96,null,null,"SMMLV"]
["AgenteBilingüeAgentegeneralFrontofficesinherramientaZona1JornadaOrdinaria N/AOro","IT-BPO-32-20","Agente Bilingüe","Agente general","Front office sin herramienta","Zona 1","Jornada Ordinaria ","N/A","Oro","Mes",5631751.4400000004,5906272.3200000003,8694939.4800000004,6002629.04,10001338.550000001,7827133.3700000001,32364834.039999999,5887943.7699999996,null,null,"SMMLV"]
["AgenteBilingüeAgentegeneralFrontofficesinherramientaZona3JornadaOrdinaria N/AOro","IT-BPO-32-22","Agente Bilingüe","Agente general","Front office sin herramienta","Zona 3","Jornada Ordinaria ","N/A","Oro","Mes",5913339.0099999998,5911793.3099999996,8913617.5500000007,6002629.04,10001338.550000001,7827133.3700000001,6653577.3600000003,5887943.7699999996,null,null,"SMMLV"]
["AgenteBilingüeAgentegeneralEnSitioTodaslaszonasHoraextradiurnaN/APlatino","IT-BPO-32-23","Agente Bilingüe","Agente general","En Sitio","Todas las zonas","Hora extra diurna","N/A","Platino","Hora",40502.239999999998,35901.769999999997,55555.92,29348.19,29220.57,48972.78,6653577.3600000003,26358.18,null,null,"SMMLV"]
["AgenteBilingüeAgentegeneralEnlasinstalacionesdelaEntidadCompradoraZona2HoraextradiurnaN/APlatino","IT-BPO-32-26","Agente Bilingüe","Agente general","En las instalaciones de la Entidad Compradora ","Zona 2","Hora extra diurna","N/A","Platino","Hora",37764.31,35901.769999999997,56388.12,29348.19,29220.57,48422,6653577.3600000003,26358.18,null,null,"SMMLV"]
["AgenteBilingüeAgentegeneralEnlasinstalacionesdelaEntidadCompradoraZona3HoraextradiurnaN/APlatino","IT-BPO-32-27","Agente Bilingüe","Agente general","En las instalaciones de la Entidad Compradora ","Zona 3","Hora extra diurna","N/A","Platino","Hora",38497.599999999999,35901.769999999997,56952.05,29348.19,29220.57,48582.96,6831144.9299999997,26358.18,null,null,"SMMLV"]
["AgenteBilingüeAgentegeneralFrontofficeconherramientaZona3HoraextradiurnaN/APlatino","IT-BPO-32-30","Agente Bilingüe","Agente general","Front office con herramienta","Zona 3","Hora extra diurna","N/A","Platino","Hora",38497.599999999999,35901.769999999997,55243.85,29348.19,29220.57,50275.83,6831144.9299999997,26358.18,null,null,"SMMLV"]
["AgenteBilingüeAgentegeneralFrontofficesinherramientaZona1HoraextradiurnaN/APlatino","IT-BPO-32-31","Agente Bilingüe","Agente general","Front office sin herramienta","Zona 1","Hora extra diurna","N/A","Platino","Hora",35198.449999999997,35901.769999999997,51193.440000000002,29348.19,29220.57,47278.82,6831144.9299999997,26358.18,null,null,"SMMLV"]
["AgenteBilingüeAgentegeneralFrontofficesinherramientaZona3HoraextradiurnaN/APlatino","IT-BPO-32-33","Agente Bilingüe","Agente general","Front office sin herramienta","Zona 3","Hora extra diurna","N/A","Platino","Hora",36958.370000000003,35901.769999999997,52481.16,29348.19,29220.57,47278.82,6653577.3600000003,26358.18,null,null,"SMMLV"]
["AgenteBilingüeAgentegeneralEnSitioTodaslaszonasHoraextradiurnaN/AOro","IT-BPO-32-34","Agente Bilingüe","Agente general","En Sitio","Todas las zonas","Hora extra diurna","N/A","Oro","Hora",38573.57,35901.769999999997,51281.04,29348.19,29220.57,48258.84,6653577.3600000003,25917.01,null,null,"SMMLV"]
["AgenteBilingüeAgentegeneralEnlasinstalacionesdelaEntidadCompradoraZona2HoraextradiurnaN/AOro","IT-BPO-32-37","Agente Bilingüe","Agente general","En las instalaciones de la Entidad Compradora ","Zona 2","Hora extra diurna","N/A","Oro","Hora",35966.01,35901.769999999997,52050.83,29348.19,29220.57,47716.82,6653577.3600000003,25917.01,null,null,"SMMLV"]
["AgenteBilingüeAgentegeneralEnlasinstalacionesdelaEntidadCompradoraZona3HoraextradiurnaN/AOro","IT-BPO-32-38","Agente Bilingüe","Agente general","En las instalaciones de la Entidad Compradora ","Zona 3","Hora extra diurna","N/A","Oro","Hora",36664.379999999997,35901.769999999997,52570.95,29348.19,29220.57,47874.5,6653577.3600000003,25917.01,null,null,"SMMLV"]
["AgenteBilingüeAgentegeneralFrontofficeconherramientaZona3HoraextradiurnaN/AOro","IT-BPO-32-41","Agente Bilingüe","Agente general","Front office con herramienta","Zona 3","Hora extra diurna","N/A","Oro","Hora",36664.379999999997,35901.769999999997,50994.15,29348.19,29220.57,49544.37,43155.73,25917.01,null,null,"SMMLV"]
["AgenteBilingüeAgentegeneralFrontofficesinherramientaZona1HoraextradiurnaN/AOro","IT-BPO-32-42","Agente Bilingüe","Agente general","Front office sin herramienta","Zona 1","Hora extra diurna","N/A","Oro","Hora",33522.33,35901.769999999997,47255.82,29348.19,29220.57,46591.16,43155.73,25917.01,null,null,"SMMLV"]
["AgenteBilingüeAgentegeneralEnSitioTodaslaszonasHoraextranocturna N/APlatino","IT-BPO-32-45","Agente Bilingüe","Agente general","En Sitio","Todas las zonas","Hora extra nocturna ","N/A","Platino","Hora",56703.14,50262.69,77776.759999999995,40557.71,40908.81,68561.240000000005,44307.45,36901.39,null,null,"SMMLV"]
["AgenteBilingüeAgentegeneralTeletrabajoTodaslaszonasHoraextranocturna N/APlatino","IT-BPO-32-46","Agente Bilingüe","Agente general","Teletrabajo","Todas las zonas","Hora extra nocturna ","N/A","Platino","Hora",54478.6,50262.69,67287.75,40557.71,40908.81,74777.55,44307.45,36901.39,null,null,"SMMLV"]
["AgenteBilingüeAgentegeneralEnlasinstalacionesdelaEntidadCompradoraZona2Horaextranocturna N/APlatino","IT-BPO-32-48","Agente Bilingüe","Agente general","En las instalaciones de la Entidad Compradora ","Zona 2","Hora extra nocturna ","N/A","Platino","Hora",52870.03,50262.69,78944.03,40557.71,40908.81,67790.36,44307.45,36901.39,null,null,"SMMLV"]
["AgenteBilingüeAgentegeneralEnlasinstalacionesdelaEntidadCompradoraZona3Horaextranocturna N/APlatino","IT-BPO-32-49","Agente Bilingüe","Agente general","En las instalaciones de la Entidad Compradora ","Zona 3","Hora extra nocturna ","N/A","Platino","Hora",53896.639999999999,50262.69,79733.52,40557.71,40908.81,68014.83,44307.45,36901.39,null,null,"SMMLV"]
["AgenteBilingüeAgentegeneralFrontofficeconherramientaZona3Horaextranocturna N/APlatino","IT-BPO-32-52","Agente Bilingüe","Agente general","Front office con herramienta","Zona 3","Hora extra nocturna ","N/A","Platino","Hora",53896.639999999999,50262.69,77340.95,40557.71,40908.81,70386.600000000006,43155.73,36901.39,null,null,"SMMLV"]
["AgenteBilingüeAgentegeneralFrontofficesinherramientaZona1Horaextranocturna N/APlatino","IT-BPO-32-53","Agente Bilingüe","Agente general","Front office sin herramienta","Zona 1","Hora extra nocturna ","N/A","Platino","Hora",49277.83,50262.69,71671.039999999994,40557.71,40908.81,66190.559999999998,43155.73,36901.39,null,null,"SMMLV"]
["AgenteBilingüeAgentegeneralEnSitioTodaslaszonasHoraextranocturna N/AOro","IT-BPO-32-56","Agente Bilingüe","Agente general","En Sitio","Todas las zonas","Hora extra nocturna ","N/A","Oro","Hora",54002.99,50262.69,71794.77,40557.71,40908.81,67562.600000000006,43155.73,36283.81,null,null,"SMMLV"]
["AgenteBilingüeAgentegeneralTeletrabajoTodaslaszonasHoraextranocturna N/AOro","IT-BPO-32-57","Agente Bilingüe","Agente general","Teletrabajo","Todas las zonas","Hora extra nocturna ","N/A","Oro","Hora",51884.39,50262.69,61947.44,40557.71,40908.81,73688.03,46608.19,36283.81,null,null,"SMMLV"]
["AgenteBilingüeAgentegeneralEnlasinstalacionesdelaEntidadCompradoraZona2Horaextranocturna N/AOro","IT-BPO-32-59","Agente Bilingüe","Agente general","En las instalaciones de la Entidad Compradora ","Zona 2","Hora extra nocturna ","N/A","Oro","Hora",50352.41,50262.69,72871.16,40557.71,40908.81,66802.67,46608.19,36283.81,null,null,"SMMLV"]
["AgenteBilingüeAgentegeneralEnlasinstalacionesdelaEntidadCompradoraZona3Horaextranocturna N/AOro","IT-BPO-32-60","Agente Bilingüe","Agente general","En las instalaciones de la Entidad Compradora ","Zona 3","Hora extra nocturna ","N/A","Oro","Hora",51330.13,50262.69,73599.33,40557.71,40908.81,67024.95,46608.19,36283.81,null,null,"SMMLV"]
["AgenteBilingüeAgentegeneralFrontofficeconherramientaZona3Horaextranocturna N/AOro","IT-BPO-32-63","Agente Bilingüe","Agente general","Front office con herramienta","Zona 3","Hora extra nocturna ","N/A","Oro","Hora",51330.13,50262.69,71391.81,40557.71,40908.81,69361.679999999993,47852.04,36283.81,null,null,"SMMLV"]
["AgenteBilingüeAgentegeneralFrontofficesinherramientaZona1Horaextranocturna N/AOro","IT-BPO-32-64","Agente Bilingüe","Agente general","Front office sin herramienta","Zona 1","Hora extra nocturna ","N/A","Oro","Hora",46931.26,50262.69,66157.710000000006,40557.71,40908.81,65226.96,47852.04,36283.81,null,null,"SMMLV"]
["AgenteBilingüeAgentegeneralEnSitioTodaslaszonasHoraextradominicalyfestivoN/APlatino","IT-BPO-32-67","Agente Bilingüe","Agente general","En Sitio","Todas las zonas","Hora extra dominical y festivo","N/A","Platino","Hora",64803.59,71803.53,88887.72,46163.01,58441.15,97944.47,47852.04,42173.05,null,null,"SMMLV"]
["AgenteBilingüeAgentegeneralTeletrabajoTodaslaszonasHoraextradominicalyfestivoN/APlatino","IT-BPO-32-68","Agente Bilingüe","Agente general","Teletrabajo","Todas las zonas","Hora extra dominical y festivo","N/A","Platino","Hora",62261.26,71803.53,76899.66,46163.01,58441.15,106823.82,47852.04,42173.05,null,null,"SMMLV"]
["AgenteBilingüeAgentegeneralEnlasinstalacionesdelaEntidadCompradoraZona2HoraextradominicalyfestivoN/APlatino","IT-BPO-32-70","Agente Bilingüe","Agente general","En las instalaciones de la Entidad Compradora ","Zona 2","Hora extra dominical y festivo","N/A","Platino","Hora",60422.89,71803.53,90220.34,46163.01,58441.15,96842.9,46608.19,42173.05,null,null,"SMMLV"]
["AgenteBilingüeAgentegeneralEnlasinstalacionesdelaEntidadCompradoraZona3HoraextradominicalyfestivoN/APlatino","IT-BPO-32-71","Agente Bilingüe","Agente general","En las instalaciones de la Entidad Compradora ","Zona 3","Hora extra dominical y festivo","N/A","Platino","Hora",61596.15,71803.53,91122.62,46163.01,58441.15,97164.83,46608.19,42173.05,null,null,"SMMLV"]
["AgenteBilingüeAgentegeneralFrontofficeconherramientaZona3HoraextradominicalyfestivoN/APlatino","IT-BPO-32-74","Agente Bilingüe","Agente general","Front office con herramienta","Zona 3","Hora extra dominical y festivo","N/A","Platino","Hora",61596.15,71803.53,88389.5,46163.01,58441.15,100551.66,46608.19,42173.05,null,null,"SMMLV"]
["AgenteBilingüeAgentegeneralFrontofficesinherramientaZona1HoraextradominicalyfestivoN/APlatino","IT-BPO-32-75","Agente Bilingüe","Agente general","Front office sin herramienta","Zona 1","Hora extra dominical y festivo","N/A","Platino","Hora",56317.51,71803.53,81910.38,46163.01,58441.15,94557.63,69049.16,42173.05,null,null,"SMMLV"]
["AgenteBilingüeAgentegeneralEnSitioTodaslaszonasHoraextradominicalyfestivoN/AOro","IT-BPO-32-78","Agente Bilingüe","Agente general","En Sitio","Todas las zonas","Hora extra dominical y festivo","N/A","Oro","Hora",61717.7,71803.53,82049.45,46163.01,58441.15,96517.68,69049.16,41467.21,null,null,"SMMLV"]
["AgenteBilingüeAgentegeneralTeletrabajoTodaslaszonasHoraextradominicalyfestivoN/AOro","IT-BPO-32-79","Agente Bilingüe","Agente general","Teletrabajo","Todas las zonas","Hora extra dominical y festivo","N/A","Oro","Hora",59296.44,71803.53,70798.320000000007,46163.01,58441.15,105267.83,69049.16,41467.21,null,null,"SMMLV"]
["AgenteBilingüeAgentegeneralEnlasinstalacionesdelaEntidadCompradoraZona2HoraextradominicalyfestivoN/AOro","IT-BPO-32-81","Agente Bilingüe","Agente general","En las instalaciones de la Entidad Compradora ","Zona 2","Hora extra dominical y festivo","N/A","Oro","Hora",57545.61,71803.53,83281.320000000007,46163.01,58441.15,95432.54,70891.92,41467.21,null,null,"SMMLV"]
["AgenteBilingüeAgentegeneralEnlasinstalacionesdelaEntidadCompradoraZona3HoraextradominicalyfestivoN/AOro","IT-BPO-32-82","Agente Bilingüe","Agente general","En las instalaciones de la Entidad Compradora ","Zona 3","Hora extra dominical y festivo","N/A","Oro","Hora",58663,71803.53,84113.52,46163.01,58441.15,95748.99,70891.92,41467.21,null,null,"SMMLV"]
["AgenteBilingüeAgentegeneralFrontofficeconherramientaZona3HoraextradominicalyfestivoN/AOro","IT-BPO-32-85","Agente Bilingüe","Agente general","Front office con herramienta","Zona 3","Hora extra dominical y festivo","N/A","Oro","Hora",58663,71803.53,81590.64,46163.01,58441.15,99087.65,70891.92,41467.21,null,null,"SMMLV"]
["AgenteBilingüeAgentegeneralFrontofficesinherramientaZona1HoraextradominicalyfestivoN/AOro","IT-BPO-32-86","Agente Bilingüe","Agente general","Front office sin herramienta","Zona 1","Hora extra dominical y festivo","N/A","Oro","Hora",53635.73,71803.53,75608.66,46163.01,58441.15,93181.22,70891.92,41467.21,null,null,"SMMLV"]
["AgenteBilingüeAgentegeneralEnSitioTodaslaszonasServicio7x24N/APlatino","IT-BPO-32-89","Agente Bilingüe","Agente general","En Sitio","Todas las zonas","Servicio 7x24","N/A","Platino","Mes 7x24",29697076.710000001,27592459.34,40887757.710000001,29461944.079999998,23399805.440000001,46501403.329999998,69049.16,24832991.989999998,null,null,"SMMLV"]
["AgenteBilingüeAgentegeneralTeletrabajoTodaslaszonasServicio7x24N/APlatino","IT-BPO-32-90","Agente Bilingüe","Agente general","Teletrabajo","Todas las zonas","Servicio 7x24","N/A","Platino","Mes 7x24",29429552.879999999,27592459.34,35373757.100000001,28892414.870000001,23399805.440000001,50133239.100000001,69049.16,24440695.32,null,null,"SMMLV"]
["AgenteBilingüeAgentegeneralEnlasinstalacionesdelaEntidadCompradoraZona3Servicio7x24N/APlatino","IT-BPO-32-93","Agente Bilingüe","Agente general","En las instalaciones de la Entidad Compradora ","Zona 3","Servicio 7x24","N/A","Platino","Mes 7x24",30504525.440000001,26645906.300000001,41916084.259999998,28724767.079999998,23399805.440000001,46076203.880000003,32110018.66,24440695.32,null,null,"SMMLV"]
["AgenteBilingüeAgentegeneralFrontofficeconherramientaZona1Servicio7x24N/APlatino","IT-BPO-32-94","Agente Bilingüe","Agente general","Front office con herramienta","Zona 1","Servicio 7x24","N/A","Platino","Mes 7x24",26472303.899999999,26496824.239999998,39661124.479999997,28959385.07,23399805.440000001,47310022.5,32110018.66,24440695.32,null,null,"SMMLV"]
["AgenteBilingüeAgentegeneralFrontofficeconherramientaZona3Servicio7x24N/APlatino","IT-BPO-32-96","Agente Bilingüe","Agente general","Front office con herramienta","Zona 3","Servicio 7x24","N/A","Platino","Mes 7x24",27795919.100000001,26645906.300000001,40658602.68,28959385.07,23399805.440000001,47498860.729999997,32110018.66,24440695.32,null,null,"SMMLV"]
["AgenteBilingüeAgentegeneralFrontofficesinherramientaZona1Servicio7x24N/APlatino","IT-BPO-32-97","Agente Bilingüe","Agente general","Front office sin herramienta","Zona 1","Servicio 7x24","N/A","Platino","Mes 7x24",28805652.539999999,24758716.5,37678068.530000001,28409703.829999998,23399805.440000001,44981472.149999999,32110018.66,24301107.129999999,null,null,"SMMLV"]
["AgenteBilingüeAgentegeneralEnSitioTodaslaszonasServicio7x24N/AOro","IT-BPO-32-100","Agente Bilingüe","Agente general","En Sitio","Todas las zonas","Servicio 7x24","N/A","Oro","Mes 7x24",28282930.199999999,27446531.969999999,37742546.509999998,29461944.079999998,23399805.440000001,45824036.329999998,32966955.850000001,24446282.23,null,null,"SMMLV"]
["AgenteBilingüeAgentegeneralTeletrabajoTodaslaszonasServicio7x24N/AOro","IT-BPO-32-101","Agente Bilingüe","Agente general","Teletrabajo","Todas las zonas","Servicio 7x24","N/A","Oro","Mes 7x24",28028145.600000001,27446531.969999999,32566316.16,28892414.870000001,23399805.440000001,49402967.18,32966955.850000001,24053985.559999999,null,null,"SMMLV"]
["AgenteBilingüeAgentegeneralEnlasinstalacionesdelaEntidadCompradoraZona3Servicio7x24N/AOro","IT-BPO-32-104","Agente Bilingüe","Agente general","En las instalaciones de la Entidad Compradora ","Zona 3","Servicio 7x24","N/A","Oro","Mes 7x24",29051928.989999998,26539418.640000001,38691771.350000001,28724767.079999998,23399805.440000001,45405029.100000001,32966955.850000001,24053985.559999999,null,null,"SMMLV"]
["AgenteBilingüeAgentegeneralFrontofficeconherramientaZona1Servicio7x24N/AOro","IT-BPO-32-105","Agente Bilingüe","Agente general","Front office con herramienta","Zona 1","Servicio 7x24","N/A","Oro","Mes 7x24",25211718,26390336.579999998,36610269.420000002,28959385.07,23399805.440000001,46620873.299999997,32110018.66,24053985.559999999,null,null,"SMMLV"]
["AgenteBilingüeAgentegeneralFrontofficeconherramientaZona3Servicio7x24N/AOro","IT-BPO-32-107","Agente Bilingüe","Agente general","Front office con herramienta","Zona 3","Servicio 7x24","N/A","Oro","Mes 7x24",26472303.899999999,26539418.640000001,37531017.689999998,28959385.07,23399805.440000001,46806963.079999998,32110018.66,24053985.559999999,null,null,"SMMLV"]
["AgenteBilingüeAgentegeneralFrontofficesinherramientaZona1Servicio7x24N/AOro","IT-BPO-32-108","Agente Bilingüe","Agente general","Front office sin herramienta","Zona 1","Servicio 7x24","N/A","Oro","Mes 7x24",27433954.800000001,24729136.170000002,34779755.729999997,28409703.829999998,23399805.440000001,44326240.579999998,32110018.66,23914397.370000001,null,null,"SMMLV"]
["AgenteBilingüeAgentetécnicoEnSitioTodaslaszonasJornadaOrdinaria N/APlatino","IT-BPO-32-111","Agente Bilingüe","Agente técnico","En Sitio","Todas las zonas","Jornada Ordinaria ","N/A","Platino","Mes",7831397.9500000002,7645826.5499999998,11581763.539999999,7894116.71,9415529.0600000005,10023539.119999999,9315008.3100000005,7327967.9800000004,null,null,"SMMLV"]
["AgenteBilingüeAgentetécnicoTeletrabajoTodaslaszonasJornadaOrdinaria N/APlatino","IT-BPO-32-112","Agente Bilingüe","Agente técnico","Teletrabajo","Todas las zonas","Jornada Ordinaria ","N/A","Platino","Mes",7564453.5999999996,7488067.71,10574420.48,7467843.0599999996,9415529.0600000005,10259955.09,9315008.3100000005,6935671.3099999996,null,null,"SMMLV"]
["AgenteBilingüeAgentetécnicoEnlasinstalacionesdelaEntidadCompradoraZona3JornadaOrdinaria N/APlatino","IT-BPO-32-115","Agente Bilingüe","Agente técnico","En las instalaciones de la Entidad Compradora ","Zona 3","Jornada Ordinaria ","N/A","Platino","Mes",7545968.3799999999,7172550.0300000003,11873044.49,7300195.2800000003,9415529.0600000005,9936197.5399999991,9315008.3100000005,6935671.3099999996,null,null,"SMMLV"]
["AgenteBilingüeAgentetécnicoFrontofficeconherramientaZona1JornadaOrdinaria N/APlatino","IT-BPO-32-116","Agente Bilingüe","Agente técnico","Front office con herramienta","Zona 1","Jornada Ordinaria ","N/A","Platino","Mes",7186636.5499999998,7137580.1100000003,11234310.18,7534813.2599999998,9415529.0600000005,10226457.949999999,9315008.3100000005,6935671.3099999996,null,null,"SMMLV"]
["AgenteBilingüeAgentetécnicoFrontofficeconherramientaZona3JornadaOrdinaria N/APlatino","IT-BPO-32-118","Agente Bilingüe","Agente técnico","Front office con herramienta","Zona 3","Jornada Ordinaria ","N/A","Platino","Mes",7545968.3799999999,7172550.0300000003,11516853.029999999,7534813.2599999998,9638158.8100000005,10264225.59,9492575.8800000008,6935671.3099999996,null,null,"SMMLV"]
["AgenteBilingüeAgentetécnicoFrontofficesinherramientaZona1JornadaOrdinaria N/APlatino","IT-BPO-32-119","Agente Bilingüe","Agente técnico","Front office sin herramienta","Zona 1","Jornada Ordinaria ","N/A","Platino","Mes",6940360.0999999996,6662200.0999999996,10672594.890000001,6985132.0199999996,9415529.0600000005,9760747.8800000008,9492575.8800000008,6796083.1200000001,null,null,"SMMLV"]
["AgenteBilingüeAgentetécnicoEnSitioTodaslaszonasJornadaOrdinaria N/AOro","IT-BPO-32-122","Agente Bilingüe","Agente técnico","En Sitio","Todas las zonas","Jornada Ordinaria ","N/A","Oro","Mes",7458474.2400000002,7601127.5599999996,10690858.4,7894116.71,9415529.0600000005,9877529.6300000008,9492575.8800000008,7245028.96,null,null,"SMMLV"]
["AgenteBilingüeAgentetécnicoTeletrabajoTodaslaszonasJornadaOrdinaria N/AOro","IT-BPO-32-123","Agente Bilingüe","Agente técnico","Teletrabajo","Todas las zonas","Jornada Ordinaria ","N/A","Oro","Mes",7204241.5199999996,7449942,9735181.8200000003,7467843.0599999996,9415529.0600000005,10110501.83,9315008.3100000005,6852732.29,null,null,"SMMLV"]
["AgenteBilingüeAgentetécnicoEnlasinstalacionesdelaEntidadCompradoraZona3JornadaOrdinaria N/AOro","IT-BPO-32-126","Agente Bilingüe","Agente técnico","En las instalaciones de la Entidad Compradora ","Zona 3","Jornada Ordinaria ","N/A","Oro","Mes",7186636.5499999998,7147570.8899999997,10959733.460000001,7300195.2800000003,9415529.0600000005,9791460.4399999995,9315008.3100000005,6852732.29,null,null,"SMMLV"]
["AgenteBilingüeAgentetécnicoFrontofficeconherramientaZona1JornadaOrdinaria N/AOro","IT-BPO-32-127","Agente Bilingüe","Agente técnico","Front office con herramienta","Zona 1","Jornada Ordinaria ","N/A","Oro","Mes",6844415.7599999998,7112600.9699999997,10370132.9,7534813.2599999998,9415529.0600000005,10077493.050000001,9315008.3100000005,6852732.29,null,null,"SMMLV"]
["AgenteBilingüeAgentetécnicoFrontofficesinherramientaZona1JornadaOrdinaria N/AOro","IT-BPO-32-130","Agente Bilingüe","Agente técnico","Front office sin herramienta","Zona 1","Jornada Ordinaria ","N/A","Oro","Mes",6609866.7599999998,6658255.9100000001,9851626.3100000005,6985132.0199999996,9415529.0600000005,9618566.5099999998,60418.02,6713144.0899999999,null,null,"SMMLV"]
["AgenteBilingüeAgentetécnicoFrontofficesinherramientaZona2JornadaOrdinaria N/AOro","IT-BPO-32-131","Agente Bilingüe","Agente técnico","Front office sin herramienta","Zona 2","Jornada Ordinaria ","N/A","Oro","Mes",6808162.7599999998,6660622.2000000002,9999400.9399999995,6985132.0199999996,9415529.0600000005,9618566.5099999998,60418.02,6713144.0899999999,null,null,"SMMLV"]
["AgenteBilingüeAgentetécnicoEnSitioTodaslaszonasHoraextradiurnaN/APlatino","IT-BPO-32-133","Agente Bilingüe","Agente técnico","En Sitio","Todas las zonas","Hora extra diurna","N/A","Platino","Hora",46615.46,40797.51,62944.98,34465.129999999997,22828.57,59664.36,60418.02,30747.49,null,null,"SMMLV"]
["AgenteBilingüeAgentetécnicoTeletrabajoTodaslaszonasHoraextradiurnaN/APlatino","IT-BPO-32-134","Agente Bilingüe","Agente técnico","Teletrabajo","Todas las zonas","Hora extra diurna","N/A","Platino","Hora",45026.51,40797.51,57471.08,34465.129999999997,22828.57,61071.44,60418.02,30747.49,null,null,"SMMLV"]
["AgenteBilingüeAgentetécnicoEnlasinstalacionesdelaEntidadCompradoraZona3HoraextradiurnaN/APlatino","IT-BPO-32-137","Agente Bilingüe","Agente técnico","En las instalaciones de la Entidad Compradora ","Zona 3","Hora extra diurna","N/A","Platino","Hora",44916.480000000003,40797.51,64528.35,34465.129999999997,46079.19,59144.24,61569.74,30747.49,null,null,"SMMLV"]
["AgenteBilingüeAgentetécnicoFrontofficeconherramientaZona1HoraextradiurnaN/APlatino","IT-BPO-32-138","Agente Bilingüe","Agente técnico","Front office con herramienta","Zona 1","Hora extra diurna","N/A","Platino","Hora",42777.599999999999,40797.51,61057.2,34465.129999999997,47225.54,60872.15,61569.74,30747.49,null,null,"SMMLV"]
["AgenteBilingüeAgentetécnicoFrontofficesinherramientaZona1HoraextradiurnaN/APlatino","IT-BPO-32-141","Agente Bilingüe","Agente técnico","Front office sin herramienta","Zona 1","Hora extra diurna","N/A","Platino","Hora",41311.67,40797.51,58004.34,34465.129999999997,47654.87,58100.7,60418.02,30747.49,null,null,"SMMLV"]
["AgenteBilingüeAgentetécnicoFrontofficesinherramientaZona2HoraextradiurnaN/APlatino","IT-BPO-32-142","Agente Bilingüe","Agente técnico","Front office sin herramienta","Zona 2","Hora extra diurna","N/A","Platino","Hora",42551.02,40797.51,58873.77,34465.129999999997,48695.95,58100.7,60418.02,30747.49,null,null,"SMMLV"]
["AgenteBilingüeAgentetécnicoEnSitioTodaslaszonasHoraextradiurnaN/AOro","IT-BPO-32-144","Agente Bilingüe","Agente técnico","En Sitio","Todas las zonas","Hora extra diurna","N/A","Oro","Hora",44395.68,40797.51,58103.99,34465.129999999997,22828.57,58794.93,60418.02,30306.32,null,null,"SMMLV"]
["AgenteBilingüeAgentetécnicoTeletrabajoTodaslaszonasHoraextradiurnaN/AOro","IT-BPO-32-145","Agente Bilingüe","Agente técnico","Teletrabajo","Todas las zonas","Hora extra diurna","N/A","Oro","Hora",42882.39,40797.51,52909.31,34465.129999999997,22828.57,60182.3,60418.02,30306.32,null,null,"SMMLV"]
["AgenteBilingüeAgentetécnicoEnlasinstalacionesdelaEntidadCompradoraZona3HoraextradiurnaN/AOro","IT-BPO-32-148","Agente Bilingüe","Agente técnico","En las instalaciones de la Entidad Compradora ","Zona 3","Hora extra diurna","N/A","Oro","Hora",42777.599999999999,40797.51,59564.72,34465.129999999997,45278.559999999998,58283.57,84585.22,30306.32,null,null,"SMMLV"]
["AgenteBilingüeAgentetécnicoFrontofficeconherramientaZona1HoraextradiurnaN/AOro","IT-BPO-32-149","Agente Bilingüe","Agente técnico","Front office con herramienta","Zona 1","Hora extra diurna","N/A","Oro","Hora",40740.57,40797.51,56360.75,34465.129999999997,46362.27,59985.2,84585.22,30306.32,null,null,"SMMLV"]
["AgenteBilingüeAgentetécnicoFrontofficesinherramientaZona1HoraextradiurnaN/AOro","IT-BPO-32-152","Agente Bilingüe","Agente técnico","Front office sin herramienta","Zona 1","Hora extra diurna","N/A","Oro","Hora",39344.449999999997,40797.51,53542.22,34465.129999999997,46764.85,57254.27,84585.22,30306.32,null,null,"SMMLV"]
["AgenteBilingüeAgentetécnicoFrontofficesinherramientaZona2HoraextradiurnaN/AOro","IT-BPO-32-153","Agente Bilingüe","Agente técnico","Front office sin herramienta","Zona 2","Hora extra diurna","N/A","Oro","Hora",40524.78,40797.51,54345.95,34465.129999999997,47777.74,57254.27,86197.63,30306.32,null,null,"SMMLV"]
["AgenteBilingüeAgentetécnicoEnSitioTodaslaszonasHoraextranocturna N/APlatino","IT-BPO-32-155","Agente Bilingüe","Agente técnico","En Sitio","Todas las zonas","Hora extra nocturna ","N/A","Platino","Hora",65261.65,57116.3,88123.41,47722.29,31960.01,83529.89,86197.63,43046.53,null,null,"SMMLV"]
["AgenteBilingüeAgentetécnicoTeletrabajoTodaslaszonasHoraextranocturna N/APlatino","IT-BPO-32-156","Agente Bilingüe","Agente técnico","Teletrabajo","Todas las zonas","Hora extra nocturna ","N/A","Platino","Hora",63037.11,57116.3,80458.41,47722.29,31960.01,85499.79,86197.63,43046.53,null,null,"SMMLV"]
["AgenteBilingüeAgentetécnicoEnlasinstalacionesdelaEntidadCompradoraZona3Horaextranocturna N/APlatino","IT-BPO-32-159","Agente Bilingüe","Agente técnico","En las instalaciones de la Entidad Compradora ","Zona 3","Hora extra nocturna ","N/A","Platino","Hora",62883.07,57116.3,90339.69,47722.29,65126.35,82801.710000000006,84585.22,43046.53,null,null,"SMMLV"]
["AgenteBilingüeAgentetécnicoFrontofficeconherramientaZona1Horaextranocturna N/APlatino","IT-BPO-32-160","Agente Bilingüe","Agente técnico","Front office con herramienta","Zona 1","Hora extra nocturna ","N/A","Platino","Hora",59888.639999999999,57116.3,85480.08,47722.29,64097.49,85220.57,84585.22,43046.53,null,null,"SMMLV"]
["AgenteBilingüeAgentetécnicoFrontofficesinherramientaZona1Horaextranocturna N/APlatino","IT-BPO-32-163","Agente Bilingüe","Agente técnico","Front office sin herramienta","Zona 1","Hora extra nocturna ","N/A","Platino","Hora",57836.33,57116.3,81205.2,47722.29,65065.68,81339.89,84585.22,43046.53,null,null,"SMMLV"]
["AgenteBilingüeAgentetécnicoFrontofficesinherramientaZona2Horaextranocturna N/APlatino","IT-BPO-32-164","Agente Bilingüe","Agente técnico","Front office sin herramienta","Zona 2","Hora extra nocturna ","N/A","Platino","Hora",59571.42,57116.3,82423.94,47722.29,66459.899999999994,81339.89,84585.22,43046.53,null,null,"SMMLV"]
["AgenteBilingüeAgentetécnicoTeletrabajoTodaslaszonasHoraextranocturna N/AOro","IT-BPO-32-167","Agente Bilingüe","Agente técnico","Teletrabajo","Todas las zonas","Hora extra nocturna ","N/A","Oro","Hora",60035.35,57116.3,74073.47,47722.29,31960.01,84254.78,96668.83,42428.95,null,null,"SMMLV"]
["AgenteBilingüeAgentetécnicoEnlasinstalacionesdelaEntidadCompradoraZona1Horaextranocturna N/AOro","IT-BPO-32-168","Agente Bilingüe","Agente técnico","En las instalaciones de la Entidad Compradora ","Zona 1","Hora extra nocturna ","N/A","Oro","Hora",57036.800000000003,57116.3,81344.27,47722.29,62231.75,81286.23,96668.83,42428.95,null,null,"SMMLV"]
["AgenteBilingüeAgentetécnicoEnlasinstalacionesdelaEntidadCompradoraZona3Horaextranocturna N/AOro","IT-BPO-32-170","Agente Bilingüe","Agente técnico","En las instalaciones de la Entidad Compradora ","Zona 3","Hora extra nocturna ","N/A","Oro","Hora",59888.639999999999,57116.3,83389.73,47722.29,63903.27,81596.12,96668.83,42428.95,null,null,"SMMLV"]
["AgenteBilingüeAgentetécnicoFrontofficeconherramientaZona1Horaextranocturna N/AOro","IT-BPO-32-171","Agente Bilingüe","Agente técnico","Front office con herramienta","Zona 1","Hora extra nocturna ","N/A","Oro","Hora",57036.800000000003,57116.3,78904.61,47722.29,62918.36,83979.93,98511.58,42428.95,null,null,"SMMLV"]
["AgenteBilingüeAgentetécnicoFrontofficesinherramientaZona1Horaextranocturna N/AOro","IT-BPO-32-174","Agente Bilingüe","Agente técnico","Front office sin herramienta","Zona 1","Hora extra nocturna ","N/A","Oro","Hora",55082.22,57116.3,74959.320000000007,47722.29,63840.39,80155.100000000006,98511.58,42428.95,null,null,"SMMLV"]
["AgenteBilingüeAgentetécnicoFrontofficesinherramientaZona2Horaextranocturna N/AOro","IT-BPO-32-175","Agente Bilingüe","Agente técnico","Front office sin herramienta","Zona 2","Hora extra nocturna ","N/A","Oro","Hora",56734.69,57116.3,76082.789999999994,47722.29,65196.88,80155.100000000006,98511.58,42428.95,null,null,"SMMLV"]
["AgenteBilingüeAgentetécnicoTeletrabajoTodaslaszonasHoraextradominicalyfestivoN/APlatino","IT-BPO-32-178","Agente Bilingüe","Agente técnico","Teletrabajo","Todas las zonas","Hora extra dominical y festivo","N/A","Platino","Hora",72042.42,81595.02,91952.63,54350.33,49626.02,122142.87,96668.83,49196.05,null,null,"SMMLV"]
["AgenteBilingüeAgentetécnicoEnlasinstalacionesdelaEntidadCompradoraZona1HoraextradominicalyfestivoN/APlatino","IT-BPO-32-179","Agente Bilingüe","Agente técnico","En las instalaciones de la Entidad Compradora ","Zona 1","Hora extra dominical y festivo","N/A","Platino","Hora",68444.160000000003,81595.02,100711.53,54350.33,76768.990000000005,117839.52,96668.83,49196.05,null,null,"SMMLV"]
["AgenteBilingüeAgentetécnicoEnlasinstalacionesdelaEntidadCompradoraZona3HoraextradominicalyfestivoN/APlatino","IT-BPO-32-181","Agente Bilingüe","Agente técnico","En las instalaciones de la Entidad Compradora ","Zona 3","Hora extra dominical y festivo","N/A","Platino","Hora",71866.37,81595.02,103245.36,54350.33,78776.06,118288.47,96668.83,49196.05,null,null,"SMMLV"]
["AgenteBilingüeAgentetécnicoFrontofficeconherramientaZona1HoraextradominicalyfestivoN/APlatino","IT-BPO-32-182","Agente Bilingüe","Agente técnico","Front office con herramienta","Zona 1","Hora extra dominical y festivo","N/A","Platino","Hora",68444.160000000003,81595.02,97690.43,54350.33,77958.960000000006,121744.29,96668.83,49196.05,null,null,"SMMLV"]
["AgenteBilingüeAgentetécnicoFrontofficesinherramientaZona1HoraextradominicalyfestivoN/APlatino","IT-BPO-32-185","Agente Bilingüe","Agente técnico","Front office sin herramienta","Zona 1","Hora extra dominical y festivo","N/A","Platino","Hora",66098.67,81595.02,92805.63,54350.33,74261.42,116200.31,44954026.119999997,49196.05,null,null,"SMMLV"]
["AgenteBilingüeAgentetécnicoFrontofficesinherramientaZona2HoraextradominicalyfestivoN/APlatino","IT-BPO-32-186","Agente Bilingüe","Agente técnico","Front office sin herramienta","Zona 2","Hora extra dominical y festivo","N/A","Platino","Hora",68081.63,81595.02,94198.47,54350.33,79937.070000000007,116200.31,44954026.119999997,49196.05,null,null,"SMMLV"]
["AgenteBilingüeAgentetécnicoTeletrabajoTodaslaszonasHoraextradominicalyfestivoN/AOro","IT-BPO-32-189","Agente Bilingüe","Agente técnico","Teletrabajo","Todas las zonas","Hora extra dominical y festivo","N/A","Oro","Hora",68611.820000000007,81595.02,84654.45,54350.33,49626.02,120363.5,45810963.32,48490.21,null,null,"SMMLV"]
["AgenteBilingüeAgentetécnicoEnlasinstalacionesdelaEntidadCompradoraZona1HoraextradominicalyfestivoN/AOro","IT-BPO-32-190","Agente Bilingüe","Agente técnico","En las instalaciones de la Entidad Compradora ","Zona 1","Hora extra dominical y festivo","N/A","Oro","Hora",65184.91,81595.02,92965.5,54350.33,75401.539999999994,116122.56,45810963.32,48490.21,null,null,"SMMLV"]
["AgenteBilingüeAgentetécnicoEnlasinstalacionesdelaEntidadCompradoraZona3HoraextradominicalyfestivoN/AOro","IT-BPO-32-192","Agente Bilingüe","Agente técnico","En las instalaciones de la Entidad Compradora ","Zona 3","Hora extra dominical y festivo","N/A","Oro","Hora",68444.160000000003,81595.02,95303.33,54350.33,79534.600000000006,116566.04,45810963.32,48490.21,null,null,"SMMLV"]
["AgenteBilingüeAgentetécnicoFrontofficeconherramientaZona1HoraextradominicalyfestivoN/AOro","IT-BPO-32-193","Agente Bilingüe","Agente técnico","Front office con herramienta","Zona 1","Hora extra dominical y festivo","N/A","Oro","Hora",65184.91,81595.02,90175.44,54350.33,76588.94,119970.39,45810963.32,48490.21,null,null,"SMMLV"]
["AgenteBilingüeAgentetécnicoFrontofficesinherramientaZona1HoraextradominicalyfestivoN/AOro","IT-BPO-32-196","Agente Bilingüe","Agente técnico","Front office sin herramienta","Zona 1","Hora extra dominical y festivo","N/A","Oro","Hora",62951.11,81595.02,85667.33,54350.33,76311.240000000005,114507.44,44954026.119999997,48490.21,null,null,"SMMLV"]
["AgenteBilingüeAgentetécnicoFrontofficesinherramientaZona2HoraextradominicalyfestivoN/AOro","IT-BPO-32-197","Agente Bilingüe","Agente técnico","Front office sin herramienta","Zona 2","Hora extra dominical y festivo","N/A","Oro","Hora",64839.65,81595.02,86952.86,54350.33,77581.649999999994,114507.44,44954026.119999997,48490.21,null,null,"SMMLV"]
[{"$f":"SUBSTITUTE(C3650&D3650&E3650&F3650&G3650&H3650&I3650,\" \",\"\")","v":"AgenteBilingüeAgentetécnicoTeletrabajoTodaslaszonasServicio7x24N/APlatino"},"IT-BPO-32-200","Agente Bilingüe","Agente técnico","Teletrabajo","Todas las zonas","Servicio 7x24","N/A","Platino","Mes 7x24",34564658.310000002,29538151.699999999,42297680.810000002,33800249.759999998,33179698.16,57883900.950000003,44954026.119999997,28288256.170000002,null,null,"SMMLV"]
["AgenteBilingüeAgentetécnicoEnlasinstalacionesdelaEntidadCompradoraZona1Servicio7x24N/APlatino","IT-BPO-32-201","Agente Bilingüe","Agente técnico","En las instalaciones de la Entidad Compradora ","Zona 1","Servicio 7x24","N/A","Platino","Mes 7x24",34187034.420000002,28442516.600000001,46327049.759999998,31630998.920000002,36801355.299999997,56076274.950000003,9315008.3100000005,28288256.170000002,null,null,"SMMLV"]
["AgenteBilingüeAgentetécnicoEnlasinstalacionesdelaEntidadCompradoraZona3Servicio7x24N/APlatino","IT-BPO-32-203","Agente Bilingüe","Agente técnico","En las instalaciones de la Entidad Compradora ","Zona 3","Servicio 7x24","N/A","Platino","Mes 7x24",35896386.140000001,28591598.66,47492175.75,31630998.920000002,37228629.57,56265113.18,9315008.3100000005,28288256.170000002,null,null,"SMMLV"]
["AgenteBilingüeAgentetécnicoFrontofficeconherramientaZona1Servicio7x24N/APlatino","IT-BPO-32-204","Agente Bilingüe","Agente técnico","Front office con herramienta","Zona 1","Servicio 7x24","N/A","Platino","Mes 7x24",31607409.329999998,28442516.600000001,44937238.530000001,31851653.460000001,37272132.149999999,57716420.700000003,9315008.3100000005,28288256.170000002,null,null,"SMMLV"]
["AgenteBilingüeAgentetécnicoFrontofficesinherramientaZona1Servicio7x24N/APlatino","IT-BPO-32-207","Agente Bilingüe","Agente técnico","Front office sin herramienta","Zona 1","Servicio 7x24","N/A","Platino","Mes 7x24",33940757.969999999,26704408.859999999,42690376.280000001,31334685.350000001,36366477.609999999,55387870.350000001,9492575.8800000008,28148667.98,null,null,"SMMLV"]
["AgenteBilingüeAgentetécnicoFrontofficesinherramientaZona2Servicio7x24N/APlatino","IT-BPO-32-208","Agente Bilingüe","Agente técnico","Front office sin herramienta","Zona 2","Servicio 7x24","N/A","Platino","Mes 7x24",34958980.710000001,26722156.620000001,43330732.280000001,31334685.350000001,36619277.649999999,55387870.350000001,9492575.8800000008,28148667.98,null,null,"SMMLV"]
["AgenteBilingüeAgentetécnicoTeletrabajoTodaslaszonasServicio7x24N/AOro","IT-BPO-32-211","Agente Bilingüe","Agente técnico","Teletrabajo","Todas las zonas","Servicio 7x24","N/A","Oro","Mes 7x24",32918722.199999999,29392224.329999998,38940721.789999999,33800249.759999998,32317719.329999998,57040729.049999997,9492575.8800000008,27901546.41,null,null,"SMMLV"]
["AgenteBilingüeAgentetécnicoEnlasinstalacionesdelaEntidadCompradoraZona1Servicio7x24N/AOro","IT-BPO-32-212","Agente Bilingüe","Agente técnico","En las instalaciones de la Entidad Compradora ","Zona 1","Servicio 7x24","N/A","Oro","Mes 7x24",32559080.399999999,28336028.940000001,42763430.299999997,31630998.920000002,35856166.57,55259432.329999998,9492575.8800000008,27901546.41,null,null,"SMMLV"]
["AgenteBilingüeAgentetécnicoFrontofficeconherramientaZona1Servicio7x24N/AOro","IT-BPO-32-215","Agente Bilingüe","Agente técnico","Front office con herramienta","Zona 1","Servicio 7x24","N/A","Oro","Mes 7x24",30102294.600000001,28336028.940000001,41480528.299999997,31851653.460000001,36309403.280000001,56875685.18,9315008.3100000005,27901546.41,null,null,"SMMLV"]
["AgenteBilingüeAgentetécnicoFrontofficeconherramientaZona2Servicio7x24N/AOro","IT-BPO-32-216","Agente Bilingüe","Agente técnico","Front office con herramienta","Zona 2","Servicio 7x24","N/A","Oro","Mes 7x24",31005363.440000001,28399922.190000001,42102735.770000003,31851653.460000001,36566587.82,56928852.899999999,9315008.3100000005,27901546.41,null,null,"SMMLV"]
["AgenteBilingüeAgentetécnicoFrontofficesinherramientaZona1Servicio7x24N/AOro","IT-BPO-32-218","Agente Bilingüe","Agente técnico","Front office sin herramienta","Zona 1","Servicio 7x24","N/A","Oro","Mes 7x24",32324531.399999999,26674828.530000001,39406501.939999998,31334685.350000001,35432748.579999998,54581052.450000003,9315008.3100000005,27761958.219999999,null,null,"SMMLV"]
["AgenteBilingüeAgentetécnicoFrontofficesinherramientaZona2Servicio7x24N/AOro","IT-BPO-32-219","Agente Bilingüe","Agente técnico","Front office sin herramienta","Zona 2","Servicio 7x24","N/A","Oro","Mes 7x24",33294267.34,26692576.289999999,39997599.359999999,31334685.350000001,35677725.450000003,54581052.450000003,60418.02,27761958.219999999,null,null,"SMMLV"]
["AgenteBilingüeAgenteprofesionalCienciassociales,humanasyafinesEnSitioTodaslaszonasJornadaOrdinaria Platino","IT-BPO-32-222","Agente Bilingüe","Agente profesional","Ciencias sociales, humanas y afines","En Sitio","Todas las zonas","Jornada Ordinaria ","Platino","Mes",10437099.369999999,10152439.23,15181585.890000001,10387501.789999999,11673367.51,13712214.15,60418.02,9484383.2300000004,null,null,"SMMLV"]
["AgenteBilingüeAgenteprofesionalIngeniería,arquitectura,urbanismoyafinesEnSitioTodaslaszonasJornadaOrdinaria Platino","IT-BPO-32-223","Agente Bilingüe","Agente profesional","Ingeniería, arquitectura, urbanismo y afines","En Sitio","Todas las zonas","Jornada Ordinaria ","Platino","Mes",10437099.369999999,10152439.23,15181585.890000001,10387501.789999999,11673367.51,13712214.15,60418.02,9484383.2300000004,null,null,"SMMLV"]
["AgenteBilingüeAgenteprofesionalCienciasdelasaludyafinesEnSitioTodaslaszonasJornadaOrdinaria Platino","IT-BPO-32-226","Agente Bilingüe","Agente profesional","Ciencias de la salud y afines","En Sitio","Todas las zonas","Jornada Ordinaria ","Platino","Mes",10437099.369999999,12659051.91,18781408.25,14429510.33,15008615.359999999,17400890.280000001,61569.74,11640798.6,null,null,"SMMLV"]
["AgenteBilingüeAgenteprofesionalAgronomía,veterinariayafinesEnSitioTodaslaszonasJornadaOrdinaria Platino","IT-BPO-32-227","Agente Bilingüe","Agente profesional","Agronomía, veterinaria y afines","En Sitio","Todas las zonas","Jornada Ordinaria ","Platino","Mes",10437099.369999999,10152439.23,15181585.890000001,10387501.789999999,11673367.51,13712214.15,61569.74,9484383.2300000004,null,null,"SMMLV"]
["AgenteBilingüeAgenteespecializadoAgronomía,veterinariayafinesEnSitioTodaslaszonasJornadaOrdinaria Platino","IT-BPO-32-229","Agente Bilingüe","Agente especializado","Agronomía, veterinaria y afines","En Sitio","Todas las zonas","Jornada Ordinaria ","Platino","Mes",13042607.630000001,12659051.91,18781408.25,12880887.960000001,15061685.789999999,17400890.280000001,61569.74,11640798.6,null,null,"SMMLV"]
["AgenteBilingüeAgenteespecializadoCienciasdelasaludEnSitioTodaslaszonasJornadaOrdinaria Platino","IT-BPO-32-230","Agente Bilingüe","Agente especializado","Ciencias de la salud","En Sitio","Todas las zonas","Jornada Ordinaria ","Platino","Mes",13042607.630000001,15165664.59,22381230.600000001,18758781.170000002,18396933.649999999,21089565.32,61569.74,13797213.85,null,null,"SMMLV"]
["AgenteBilingüeAgenteespecializadoIngeniería,arquitectura,urbanismoyafinesEnSitioTodaslaszonasJornadaOrdinaria Platino","IT-BPO-32-233","Agente Bilingüe","Agente especializado","Ingeniería, arquitectura, urbanismo y afines","En Sitio","Todas las zonas","Jornada Ordinaria ","Platino","Mes",13042607.630000001,12659051.91,18781408.25,12880887.960000001,15061685.789999999,17400890.280000001,60418.02,11640798.6,null,null,"SMMLV"]
["AgenteBilingüeAgenteespecializadoBellasartesEnSitioTodaslaszonasJornadaOrdinaria Platino","IT-BPO-32-234","Agente Bilingüe","Agente especializado","Bellas artes","En Sitio","Todas las zonas","Jornada Ordinaria ","Platino","Mes",13042607.630000001,12659051.91,18781408.25,12880887.960000001,15061685.789999999,17400890.280000001,60418.02,11640798.6,null,null,"SMMLV"]
["AgenteBilingüeAgenteprofesionalEconomía,administración,contaduríayafinesTeletrabajoTodaslaszonasJornadaOrdinaria Platino","IT-BPO-32-237","Agente Bilingüe","Agente profesional","Economía, administración, contaduría y afines","Teletrabajo","Todas las zonas","Jornada Ordinaria ","Platino","Mes",10170155.02,9994680.3900000006,13843111.550000001,9961229.2400000002,11726437.939999999,13695343.49,84585.22,9092086.5600000005,null,null,"SMMLV"]
["AgenteBilingüeAgenteprofesionalCienciassociales,humanasyafinesTeletrabajoTodaslaszonasJornadaOrdinaria Platino","IT-BPO-32-238","Agente Bilingüe","Agente profesional","Ciencias sociales, humanas y afines","Teletrabajo","Todas las zonas","Jornada Ordinaria ","Platino","Mes",10170155.02,9994680.3900000006,13843111.550000001,9961229.2400000002,11726437.939999999,13695343.49,84585.22,9092086.5600000005,null,null,"SMMLV"]
["AgenteBilingüeAgenteprofesionalBellasartesyafinesTeletrabajoTodaslaszonasJornadaOrdinaria Platino","IT-BPO-32-240","Agente Bilingüe","Agente profesional","Bellas artes y afines","Teletrabajo","Todas las zonas","Jornada Ordinaria ","Platino","Mes",10170155.02,9994680.3900000006,13843111.550000001,9961229.2400000002,11726437.939999999,13695343.49,84585.22,9092086.5600000005,null,null,"SMMLV"]
["AgenteBilingüeAgenteprofesionalMatemáticas,cienciasnaturalesyafinesTeletrabajoTodaslaszonasJornadaOrdinaria Platino","IT-BPO-32-241","Agente Bilingüe","Agente profesional","Matemáticas, ciencias naturales y afines","Teletrabajo","Todas las zonas","Jornada Ordinaria ","Platino","Mes",10170155.02,9994680.3900000006,13843111.550000001,9961229.2400000002,11726437.939999999,13695343.49,84585.22,9092086.5600000005,null,null,"SMMLV"]
["AgenteBilingüeAgenteprofesionalCienciasdelaeducaciónyafinesTeletrabajoTodaslaszonasJornadaOrdinaria Platino","IT-BPO-32-244","Agente Bilingüe","Agente profesional","Ciencias de la educación y afines","Teletrabajo","Todas las zonas","Jornada Ordinaria ","Platino","Mes",10170155.02,9994680.3900000006,13843111.550000001,9961229.2400000002,11726437.939999999,13695343.49,86197.63,9092086.5600000005,null,null,"SMMLV"]
["AgenteBilingüeAgenteespecializadoAgronomía,veterinariayafinesTeletrabajoTodaslaszonasJornadaOrdinaria Platino","IT-BPO-32-245","Agente Bilingüe","Agente especializado","Agronomía, veterinaria y afines","Teletrabajo","Todas las zonas","Jornada Ordinaria ","Platino","Mes",12775856.439999999,12501293.07,17567066.390000001,12454614.32,15061685.789999999,17130731.879999999,86197.63,11248501.93,null,null,"SMMLV"]
["AgenteBilingüeAgenteespecializadoEconomía,administración,contaduríayafinesTeletrabajoTodaslaszonasJornadaOrdinaria Platino","IT-BPO-32-248","Agente Bilingüe","Agente especializado","Economía, administración, contaduría y afines","Teletrabajo","Todas las zonas","Jornada Ordinaria ","Platino","Mes",12775856.439999999,12501293.07,17567066.390000001,12454614.32,15061685.789999999,17130731.879999999,86197.63,11248501.93,null,null,"SMMLV"]
["AgenteBilingüeAgenteespecializadoIngeniería,arquitectura,urbanismoyafinesTeletrabajoTodaslaszonasJornadaOrdinaria Platino","IT-BPO-32-249","Agente Bilingüe","Agente especializado","Ingeniería, arquitectura, urbanismo y afines","Teletrabajo","Todas las zonas","Jornada Ordinaria ","Platino","Mes",12775856.439999999,12501293.07,17567066.390000001,12454614.32,15061685.789999999,17130731.879999999,84585.22,11248501.93,null,null,"SMMLV"]
["AgenteBilingüeAgenteespecializadoCienciasdelaeducaciónTeletrabajoTodaslaszonasJornadaOrdinaria Platino","IT-BPO-32-252","Agente Bilingüe","Agente especializado","Ciencias de la educación","Teletrabajo","Todas las zonas","Jornada Ordinaria ","Platino","Mes",12775856.439999999,12501293.07,17567066.390000001,12454614.32,15061685.789999999,17130731.879999999,84585.22,11248501.93,null,null,"SMMLV"]
["AgenteBilingüeAgenteprofesionalEconomía,administración,contaduríayafinesEnlasinstalacionesdelaEntidadCompradoraZona1JornadaOrdinaria Platino","IT-BPO-32-253","Agente Bilingüe","Agente profesional","Economía, administración, contaduría y afines","En las instalaciones de la Entidad Compradora ","Zona 1","Jornada Ordinaria ","Platino","Mes",9792144.8100000005,9644192.7899999991,15181585.890000001,9793581.4499999993,12973126.789999999,13528878.300000001,84585.22,9092086.5600000005,null,null,"SMMLV"]
["AgenteBilingüeAgenteprofesionalIngeniería,arquitectura,urbanismoyafinesEnlasinstalacionesdelaEntidadCompradoraZona1JornadaOrdinaria Platino","IT-BPO-32-255","Agente Bilingüe","Agente profesional","Ingeniería, arquitectura, urbanismo y afines","En las instalaciones de la Entidad Compradora ","Zona 1","Jornada Ordinaria ","Platino","Mes",9792144.8100000005,9644192.7899999991,15181585.890000001,9793581.4499999993,12973126.789999999,13528878.300000001,96668.83,9092086.5600000005,null,null,"SMMLV"]
["AgenteBilingüeAgenteprofesionalBellasartesyafinesEnlasinstalacionesdelaEntidadCompradoraZona1JornadaOrdinaria Platino","IT-BPO-32-256","Agente Bilingüe","Agente profesional","Bellas artes y afines","En las instalaciones de la Entidad Compradora ","Zona 1","Jornada Ordinaria ","Platino","Mes",9792144.8100000005,9644192.7899999991,15181585.890000001,9793581.4499999993,12973126.789999999,13528878.300000001,96668.83,9092086.5600000005,null,null,"SMMLV"]
["AgenteBilingüeAgenteprofesionalAgronomía,veterinariayafinesEnlasinstalacionesdelaEntidadCompradoraZona1JornadaOrdinaria Platino","IT-BPO-32-259","Agente Bilingüe","Agente profesional","Agronomía, veterinaria y afines","En las instalaciones de la Entidad Compradora ","Zona 1","Jornada Ordinaria ","Platino","Mes",9792144.8100000005,9644192.7899999991,15181585.890000001,9793581.4499999993,12973126.789999999,13528878.300000001,96668.83,9092086.5600000005,null,null,"SMMLV"]
["AgenteBilingüeAgenteprofesionalCienciasdelaeducaciónyafinesEnlasinstalacionesdelaEntidadCompradoraZona1JornadaOrdinaria Platino","IT-BPO-32-260","Agente Bilingüe","Agente profesional","Ciencias de la educación y afines","En las instalaciones de la Entidad Compradora ","Zona 1","Jornada Ordinaria ","Platino","Mes",9792144.8100000005,9644192.7899999991,15181585.890000001,9793581.4499999993,12973126.789999999,13528878.300000001,96668.83,9092086.5600000005,null,null,"SMMLV"]
["AgenteBilingüeAgenteespecializadoCienciassocialesyhumanasEnlasinstalacionesdelaEntidadCompradoraZona1JornadaOrdinaria Platino","IT-BPO-32-263","Agente Bilingüe","Agente especializado","Ciencias sociales y humanas","En las instalaciones de la Entidad Compradora ","Zona 1","Jornada Ordinaria ","Platino","Mes",12397846.23,12150805.470000001,18781408.25,12286966.529999999,16530724.51,17159326.710000001,98511.58,11248501.93,null,null,"SMMLV"]
[{"$f":"SUBSTITUTE(C3714&D3714&E3714&F3714&G3714&H3714&I3714,\" \",\"\")","v":"AgenteBilingüeAgenteespecializadoEconomía,administración,contaduríayafinesEnlasinstalacionesdelaEntidadCompradoraZona1JornadaOrdinaria Platino"},"IT-BPO-32-264","Agente Bilingüe","Agente especializado","Economía, administración, contaduría y afines","En las instalaciones de la Entidad Compradora ","Zona 1","Jornada Ordinaria ","Platino","Mes",12397846.23,12150805.470000001,18781408.25,12286966.529999999,16530724.51,17159326.710000001,98511.58,11248501.93,null,null,"SMMLV"]
["AgenteBilingüeAgenteespecializadoBellasartesEnlasinstalacionesdelaEntidadCompradoraZona1JornadaOrdinaria Platino","IT-BPO-32-266","Agente Bilingüe","Agente especializado","Bellas artes","En las instalaciones de la Entidad Compradora ","Zona 1","Jornada Ordinaria ","Platino","Mes",12397846.23,12150805.470000001,18781408.25,12286966.529999999,16530724.51,17159326.710000001,98511.58,11248501.93,null,null,"SMMLV"]
["AgenteBilingüeAgenteespecializadoMatemáticasycienciasnaturalesEnlasinstalacionesdelaEntidadCompradoraZona1JornadaOrdinaria Platino","IT-BPO-32-267","Agente Bilingüe","Agente especializado","Matemáticas y ciencias naturales","En las instalaciones de la Entidad Compradora ","Zona 1","Jornada Ordinaria ","Platino","Mes",12397846.23,12150805.470000001,18781408.25,12286966.529999999,16530724.51,17159326.710000001,96668.83,11248501.93,null,null,"SMMLV"]
["AgenteBilingüeAgenteprofesionalCienciassociales,humanasyafinesEnlasinstalacionesdelaEntidadCompradoraZona2JornadaOrdinaria Platino","IT-BPO-32-270","Agente Bilingüe","Agente profesional","Ciencias sociales, humanas y afines","En las instalaciones de la Entidad Compradora ","Zona 2","Jornada Ordinaria ","Platino","Mes",9792144.8100000005,9659178.9600000009,15409309.76,9793581.4499999993,12973126.789999999,13539668.43,96668.83,9092086.5600000005,null,null,"SMMLV"]
["AgenteBilingüeAgenteprofesionalIngeniería,arquitectura,urbanismoyafinesEnlasinstalacionesdelaEntidadCompradoraZona2JornadaOrdinaria Platino","IT-BPO-32-271","Agente Bilingüe","Agente profesional","Ingeniería, arquitectura, urbanismo y afines","En las instalaciones de la Entidad Compradora ","Zona 2","Jornada Ordinaria ","Platino","Mes",9792144.8100000005,9659178.9600000009,15409309.76,9793581.4499999993,12973126.789999999,13539668.43,96668.83,9092086.5600000005,null,null,"SMMLV"]
["AgenteBilingüeAgenteprofesionalCienciasdelasaludyafinesEnlasinstalacionesdelaEntidadCompradoraZona2JornadaOrdinaria Platino","IT-BPO-32-274","Agente Bilingüe","Agente profesional","Ciencias de la salud y afines","En las instalaciones de la Entidad Compradora ","Zona 2","Jornada Ordinaria ","Platino","Mes",9792144.8100000005,12165791.640000001,19063129.850000001,13913897.82,16530724.51,17170116.84,44954026.119999997,11248501.93,null,null,"SMMLV"]
["AgenteBilingüeAgenteprofesionalAgronomía,veterinariayafinesEnlasinstalacionesdelaEntidadCompradoraZona2JornadaOrdinaria Platino","IT-BPO-32-275","Agente Bilingüe","Agente profesional","Agronomía, veterinaria y afines","En las instalaciones de la Entidad Compradora ","Zona 2","Jornada Ordinaria ","Platino","Mes",9792144.8100000005,9659178.9600000009,15409309.76,9793581.4499999993,12973126.789999999,13539668.43,44954026.119999997,9092086.5600000005,null,null,"SMMLV"]
["AgenteBilingüeAgenteespecializadoAgronomía,veterinariayafinesEnlasinstalacionesdelaEntidadCompradoraZona2JornadaOrdinaria Platino","IT-BPO-32-277","Agente Bilingüe","Agente especializado","Agronomía, veterinaria y afines","En las instalaciones de la Entidad Compradora ","Zona 2","Jornada Ordinaria ","Platino","Mes",12397846.23,12165791.640000001,19063129.850000001,12286966.529999999,16530724.51,17170116.84,44954026.119999997,11248501.93,null,null,"SMMLV"]
["AgenteBilingüeAgenteespecializadoCienciasdelasaludEnlasinstalacionesdelaEntidadCompradoraZona2JornadaOrdinaria Platino","IT-BPO-32-278","Agente Bilingüe","Agente especializado","Ciencias de la salud","En las instalaciones de la Entidad Compradora ","Zona 2","Jornada Ordinaria ","Platino","Mes",12397846.23,14672404.32,22716949.940000001,18243168.66,18309523.359999999,20800565.25,44954026.119999997,13404917.18,null,null,"SMMLV"]
["AgenteBilingüeAgenteespecializadoIngeniería,arquitectura,urbanismoyafinesEnlasinstalacionesdelaEntidadCompradoraZona2JornadaOrdinaria Platino","IT-BPO-32-281","Agente Bilingüe","Agente especializado","Ingeniería, arquitectura, urbanismo y afines","En las instalaciones de la Entidad Compradora ","Zona 2","Jornada Ordinaria ","Platino","Mes",12397846.23,12165791.640000001,19063129.850000001,12286966.529999999,16530724.51,17170116.84,45810963.32,11248501.93,null,null,"SMMLV"]
["AgenteBilingüeAgenteespecializadoBellasartesEnlasinstalacionesdelaEntidadCompradoraZona2JornadaOrdinaria Platino","IT-BPO-32-282","Agente Bilingüe","Agente especializado","Bellas artes","En las instalaciones de la Entidad Compradora ","Zona 2","Jornada Ordinaria ","Platino","Mes",12397846.23,12165791.640000001,19063129.850000001,12286966.529999999,16530724.51,17170116.84,45810963.32,11248501.93,null,null,"SMMLV"]
["AgenteBilingüeAgenteprofesionalEconomía,administración,contaduríayafinesEnlasinstalacionesdelaEntidadCompradoraZona3JornadaOrdinaria Platino","IT-BPO-32-285","Agente Bilingüe","Agente profesional","Economía, administración, contaduría y afines","En las instalaciones de la Entidad Compradora ","Zona 3","Jornada Ordinaria ","Platino","Mes",9792144.8100000005,9679162.7100000009,15563402.539999999,9793581.4499999993,12973126.789999999,13566645.949999999,44954026.119999997,9092086.5600000005,null,null,"SMMLV"]
["AgenteBilingüeAgenteprofesionalCienciassociales,humanasyafinesEnlasinstalacionesdelaEntidadCompradoraZona3JornadaOrdinaria Platino","IT-BPO-32-286","Agente Bilingüe","Agente profesional","Ciencias sociales, humanas y afines","En las instalaciones de la Entidad Compradora ","Zona 3","Jornada Ordinaria ","Platino","Mes",9792144.8100000005,9679162.7100000009,15563402.539999999,9793581.4499999993,12973126.789999999,13566645.949999999,44954026.119999997,9092086.5600000005,null,null,"SMMLV"]
["AgenteBilingüeAgenteprofesionalBellasartesyafinesEnlasinstalacionesdelaEntidadCompradoraZona3JornadaOrdinaria Platino","IT-BPO-32-288","Agente Bilingüe","Agente profesional","Bellas artes y afines","En las instalaciones de la Entidad Compradora ","Zona 3","Jornada Ordinaria ","Platino","Mes",9792144.8100000005,9679162.7100000009,15563402.539999999,9793581.4499999993,12973126.789999999,13566645.949999999,44954026.119999997,9092086.5600000005,null,null,"SMMLV"]
["AgenteBilingüeAgenteprofesionalMatemáticas,cienciasnaturalesyafinesEnlasinstalacionesdelaEntidadCompradoraZona3JornadaOrdinaria Platino","IT-BPO-32-289","Agente Bilingüe","Agente profesional","Matemáticas, ciencias naturales y afines","En las instalaciones de la Entidad Compradora ","Zona 3","Jornada Ordinaria ","Platino","Mes",9792144.8100000005,9679162.7100000009,15563402.539999999,9793581.4499999993,12973126.789999999,13566645.949999999,44954026.119999997,9092086.5600000005,null,null,"SMMLV"]
["AgenteBilingüeAgenteprofesionalCienciasdelaeducaciónyafinesEnlasinstalacionesdelaEntidadCompradoraZona3JornadaOrdinaria Platino","IT-BPO-32-292","Agente Bilingüe","Agente profesional","Ciencias de la educación y afines","En las instalaciones de la Entidad Compradora ","Zona 3","Jornada Ordinaria ","Platino","Mes",9792144.8100000005,9679162.7100000009,15563402.539999999,9793581.4499999993,12973126.789999999,13566645.949999999,9315008.3100000005,9092086.5600000005,null,null,"SMMLV"]
["AgenteBilingüeAgenteespecializadoAgronomía,veterinariayafinesEnlasinstalacionesdelaEntidadCompradoraZona3JornadaOrdinaria Platino","IT-BPO-32-293","Agente Bilingüe","Agente especializado","Agronomía, veterinaria y afines","En las instalaciones de la Entidad Compradora ","Zona 3","Jornada Ordinaria ","Platino","Mes",12397846.23,12185775.390000001,19253760.59,12286966.529999999,16530724.51,17197094.359999999,9315008.3100000005,11248501.93,null,null,"SMMLV"]
["AgenteBilingüeAgenteespecializadoEconomía,administración,contaduríayafinesEnlasinstalacionesdelaEntidadCompradoraZona3JornadaOrdinaria Platino","IT-BPO-32-296","Agente Bilingüe","Agente especializado","Economía, administración, contaduría y afines","En las instalaciones de la Entidad Compradora ","Zona 3","Jornada Ordinaria ","Platino","Mes",12397846.23,12185775.390000001,19253760.59,12286966.529999999,16530724.51,17197094.359999999,9315008.3100000005,11248501.93,null,null,"SMMLV"]
["AgenteBilingüeAgenteespecializadoIngeniería,arquitectura,urbanismoyafinesEnlasinstalacionesdelaEntidadCompradoraZona3JornadaOrdinaria Platino","IT-BPO-32-297","Agente Bilingüe","Agente especializado","Ingeniería, arquitectura, urbanismo y afines","En las instalaciones de la Entidad Compradora ","Zona 3","Jornada Ordinaria ","Platino","Mes",12397846.23,12185775.390000001,19253760.59,12286966.529999999,16530724.51,17197094.359999999,9492575.8800000008,11248501.93,null,null,"SMMLV"]
["AgenteBilingüeAgenteespecializadoCienciasdelaeducaciónEnlasinstalacionesdelaEntidadCompradoraZona3JornadaOrdinaria Platino","IT-BPO-32-300","Agente Bilingüe","Agente especializado","Ciencias de la educación","En las instalaciones de la Entidad Compradora ","Zona 3","Jornada Ordinaria ","Platino","Mes",12397846.23,12185775.390000001,19253760.59,12286966.529999999,16530724.51,17197094.359999999,9492575.8800000008,11248501.93,null,null,"SMMLV"]
["AgenteBilingüeAgenteprofesionalEconomía,administración,contaduríayafinesFrontofficeconherramientaZona1JornadaOrdinaria Platino","IT-BPO-32-301","Agente Bilingüe","Agente profesional","Economía, administración, contaduría y afines","Front office con herramienta","Zona 1","Jornada Ordinaria ","Platino","Mes",9792144.8100000005,9644192.7899999991,14726138.16,10028199.439999999,12973126.789999999,13943899.73,9492575.8800000008,9092086.5600000005,null,null,"SMMLV"]
["AgenteBilingüeAgenteprofesionalIngeniería,arquitectura,urbanismoyafinesFrontofficeconherramientaZona1JornadaOrdinaria Platino","IT-BPO-32-303","Agente Bilingüe","Agente profesional","Ingeniería, arquitectura, urbanismo y afines","Front office con herramienta","Zona 1","Jornada Ordinaria ","Platino","Mes",9792144.8100000005,9644192.7899999991,14726138.16,10028199.439999999,12973126.789999999,13943899.73,9315008.3100000005,9092086.5600000005,null,null,"SMMLV"]
["AgenteBilingüeAgenteprofesionalBellasartesyafinesFrontofficeconherramientaZona1JornadaOrdinaria Platino","IT-BPO-32-304","Agente Bilingüe","Agente profesional","Bellas artes y afines","Front office con herramienta","Zona 1","Jornada Ordinaria ","Platino","Mes",9792144.8100000005,9644192.7899999991,14726138.16,10028199.439999999,12973126.789999999,13943899.73,9315008.3100000005,9092086.5600000005,null,null,"SMMLV"]
["AgenteBilingüeAgenteprofesionalAgronomía,veterinariayafinesFrontofficeconherramientaZona1JornadaOrdinaria Platino","IT-BPO-32-307","Agente Bilingüe","Agente profesional","Agronomía, veterinaria y afines","Front office con herramienta","Zona 1","Jornada Ordinaria ","Platino","Mes",9792144.8100000005,9644192.7899999991,14726138.16,10028199.439999999,12973126.789999999,13943899.73,9315008.3100000005,9092086.5600000005,null,null,"SMMLV"]
["AgenteBilingüeAgenteprofesionalCienciasdelaeducaciónyafinesFrontofficeconherramientaZona1JornadaOrdinaria Platino","IT-BPO-32-308","Agente Bilingüe","Agente profesional","Ciencias de la educación y afines","Front office con herramienta","Zona 1","Jornada Ordinaria ","Platino","Mes",9792144.8100000005,9644192.7899999991,14726138.16,10028199.439999999,12973126.789999999,13943899.73,9315008.3100000005,9092086.5600000005,null,null,"SMMLV"]
["AgenteBilingüeAgenteespecializadoCienciassocialesyhumanasFrontofficeconherramientaZona1JornadaOrdinaria Platino","IT-BPO-32-311","Agente Bilingüe","Agente especializado","Ciencias sociales y humanas","Front office con herramienta","Zona 1","Jornada Ordinaria ","Platino","Mes",12397846.23,12150805.470000001,18217966.140000001,12521584.52,16530724.51,17661341.510000002,60418.02,11248501.93,null,null,"SMMLV"]
["AgenteBilingüeAgenteespecializadoEconomía,administración,contaduríayafinesFrontofficeconherramientaZona1JornadaOrdinaria Platino","IT-BPO-32-312","Agente Bilingüe","Agente especializado","Economía, administración, contaduría y afines","Front office con herramienta","Zona 1","Jornada Ordinaria ","Platino","Mes",12397846.23,12150805.470000001,18217966.140000001,12521584.52,16530724.51,17661341.510000002,60418.02,11248501.93,null,null,"SMMLV"]
["AgenteBilingüeAgenteespecializadoBellasartesFrontofficeconherramientaZona1JornadaOrdinaria Platino","IT-BPO-32-314","Agente Bilingüe","Agente especializado","Bellas artes","Front office con herramienta","Zona 1","Jornada Ordinaria ","Platino","Mes",12397846.23,12150805.470000001,18217966.140000001,12521584.52,16530724.51,17661341.510000002,60418.02,11248501.93,null,null,"SMMLV"]
["AgenteBilingüeAgenteespecializadoMatemáticasycienciasnaturalesFrontofficeconherramientaZona1JornadaOrdinaria Platino","IT-BPO-32-315","Agente Bilingüe","Agente especializado","Matemáticas y ciencias naturales","Front office con herramienta","Zona 1","Jornada Ordinaria ","Platino","Mes",12397846.23,12150805.470000001,18217966.140000001,12521584.52,16530724.51,17661341.510000002,61569.74,11248501.93,null,null,"SMMLV"]
["AgenteBilingüeAgenteprofesionalCienciassociales,humanasyafinesFrontofficeconherramientaZona2JornadaOrdinaria Platino","IT-BPO-32-318","Agente Bilingüe","Agente profesional","Ciencias sociales, humanas y afines","Front office con herramienta","Zona 2","Jornada Ordinaria ","Platino","Mes",9792144.8100000005,9659178.9600000009,14947030.32,10028199.439999999,12973126.789999999,13954690.949999999,61569.74,9092086.5600000005,null,null,"SMMLV"]
["AgenteBilingüeAgenteprofesionalIngeniería,arquitectura,urbanismoyafinesFrontofficeconherramientaZona2JornadaOrdinaria Platino","IT-BPO-32-319","Agente Bilingüe","Agente profesional","Ingeniería, arquitectura, urbanismo y afines","Front office con herramienta","Zona 2","Jornada Ordinaria ","Platino","Mes",9792144.8100000005,9659178.9600000009,14947030.32,10028199.439999999,12973126.789999999,13954690.949999999,61569.74,9092086.5600000005,null,null,"SMMLV"]
["AgenteBilingüeAgenteprofesionalCienciasdelasaludyafinesFrontofficeconherramientaZona2JornadaOrdinaria Platino","IT-BPO-32-322","Agente Bilingüe","Agente profesional","Ciencias de la salud y afines","Front office con herramienta","Zona 2","Jornada Ordinaria ","Platino","Mes",9792144.8100000005,12165791.640000001,18491236.530000001,14117580.960000001,16530724.51,17672131.640000001,60418.02,11248501.93,null,null,"SMMLV"]
["AgenteBilingüeAgenteprofesionalAgronomía,veterinariayafinesFrontofficeconherramientaZona2JornadaOrdinaria Platino","IT-BPO-32-323","Agente Bilingüe","Agente profesional","Agronomía, veterinaria y afines","Front office con herramienta","Zona 2","Jornada Ordinaria ","Platino","Mes",9792144.8100000005,9659178.9600000009,14947030.32,10028199.439999999,12973126.789999999,13954690.949999999,60418.02,9092086.5600000005,null,null,"SMMLV"]
["AgenteBilingüeAgenteespecializadoAgronomía,veterinariayafinesFrontofficeconherramientaZona2JornadaOrdinaria Platino","IT-BPO-32-325","Agente Bilingüe","Agente especializado","Agronomía, veterinaria y afines","Front office con herramienta","Zona 2","Jornada Ordinaria ","Platino","Mes",12397846.23,12165791.640000001,18491236.530000001,12521584.52,16530724.51,17672131.640000001,60418.02,11248501.93,null,null,"SMMLV"]
["AgenteBilingüeAgenteespecializadoCienciasdelasaludFrontofficeconherramientaZona2JornadaOrdinaria Platino","IT-BPO-32-326","Agente Bilingüe","Agente especializado","Ciencias de la salud","Front office con herramienta","Zona 2","Jornada Ordinaria ","Platino","Mes",12397846.23,14672404.32,22035440.550000001,18446851.800000001,18309523.359999999,21389573.420000002,60418.02,13404917.18,null,null,"SMMLV"]
["AgenteBilingüeAgenteespecializadoIngeniería,arquitectura,urbanismoyafinesFrontofficeconherramientaZona2JornadaOrdinaria Platino","IT-BPO-32-329","Agente Bilingüe","Agente especializado","Ingeniería, arquitectura, urbanismo y afines","Front office con herramienta","Zona 2","Jornada Ordinaria ","Platino","Mes",12397846.23,12165791.640000001,18491236.530000001,12521584.52,16530724.51,17672131.640000001,84585.22,11248501.93,null,null,"SMMLV"]
["AgenteBilingüeAgenteespecializadoBellasartesFrontofficeconherramientaZona2JornadaOrdinaria Platino","IT-BPO-32-330","Agente Bilingüe","Agente especializado","Bellas artes","Front office con herramienta","Zona 2","Jornada Ordinaria ","Platino","Mes",12397846.23,12165791.640000001,18491236.530000001,12521584.52,16530724.51,17672131.640000001,84585.22,11248501.93,null,null,"SMMLV"]
["AgenteBilingüeAgenteprofesionalEconomía,administración,contaduríayafinesFrontofficeconherramientaZona3JornadaOrdinaria Platino","IT-BPO-32-333","Agente Bilingüe","Agente profesional","Economía, administración, contaduría y afines","Front office con herramienta","Zona 3","Jornada Ordinaria ","Platino","Mes",9792144.8100000005,9679162.7100000009,15096500.01,10028199.439999999,12973126.789999999,13981667.369999999,86197.63,9092086.5600000005,null,null,"SMMLV"]
["AgenteBilingüeAgenteprofesionalCienciassociales,humanasyafinesFrontofficeconherramientaZona3JornadaOrdinaria Platino","IT-BPO-32-334","Agente Bilingüe","Agente profesional","Ciencias sociales, humanas y afines","Front office con herramienta","Zona 3","Jornada Ordinaria ","Platino","Mes",9792144.8100000005,9679162.7100000009,15096500.01,10028199.439999999,12973126.789999999,13981667.369999999,86197.63,9092086.5600000005,null,null,"SMMLV"]
["AgenteBilingüeAgenteprofesionalMatemáticas,cienciasnaturalesyafinesFrontofficeconherramientaZona3JornadaOrdinaria Platino","IT-BPO-32-337","Agente Bilingüe","Agente profesional","Matemáticas, ciencias naturales y afines","Front office con herramienta","Zona 3","Jornada Ordinaria ","Platino","Mes",9792144.8100000005,9679162.7100000009,15096500.01,10028199.439999999,12973126.789999999,13981667.369999999,86197.63,9092086.5600000005,null,null,"SMMLV"]
["AgenteBilingüeAgenteprofesionalCienciasdelasaludyafinesFrontofficeconherramientaZona3JornadaOrdinaria Platino","IT-BPO-32-338","Agente Bilingüe","Agente profesional","Ciencias de la salud y afines","Front office con herramienta","Zona 3","Jornada Ordinaria ","Platino","Mes",9792144.8100000005,12185775.390000001,18676148.09,14117580.960000001,16530724.51,17699109.149999999,86197.63,11248501.93,null,null,"SMMLV"]
["AgenteBilingüeAgenteprofesionalCienciasdelaeducaciónyafinesFrontofficeconherramientaZona3JornadaOrdinaria Platino","IT-BPO-32-340","Agente Bilingüe","Agente profesional","Ciencias de la educación y afines","Front office con herramienta","Zona 3","Jornada Ordinaria ","Platino","Mes",9792144.8100000005,9679162.7100000009,15096500.01,10028199.439999999,12973126.789999999,13981667.369999999,84585.22,9092086.5600000005,null,null,"SMMLV"]
["AgenteBilingüeAgenteespecializadoAgronomía,veterinariayafinesFrontofficeconherramientaZona3JornadaOrdinaria Platino","IT-BPO-32-341","Agente Bilingüe","Agente especializado","Agronomía, veterinaria y afines","Front office con herramienta","Zona 3","Jornada Ordinaria ","Platino","Mes",12397846.23,12185775.390000001,18676148.09,12521584.52,16530724.51,17699109.149999999,84585.22,11248501.93,null,null,"SMMLV"]
["AgenteBilingüeAgenteespecializadoEconomía,administración,contaduríayafinesFrontofficeconherramientaZona3JornadaOrdinaria Platino","IT-BPO-32-344","Agente Bilingüe","Agente especializado","Economía, administración, contaduría y afines","Front office con herramienta","Zona 3","Jornada Ordinaria ","Platino","Mes",12397846.23,12185775.390000001,18676148.09,12521584.52,16530724.51,17699109.149999999,84585.22,11248501.93,null,null,"SMMLV"]
["AgenteBilingüeAgenteespecializadoIngeniería,arquitectura,urbanismoyafinesFrontofficeconherramientaZona3JornadaOrdinaria Platino","IT-BPO-32-345","Agente Bilingüe","Agente especializado","Ingeniería, arquitectura, urbanismo y afines","Front office con herramienta","Zona 3","Jornada Ordinaria ","Platino","Mes",12397846.23,12185775.390000001,18676148.09,12521584.52,16530724.51,17699109.149999999,96668.83,11248501.93,null,null,"SMMLV"]
["AgenteBilingüeAgenteespecializadoCienciasdelaeducaciónFrontofficeconherramientaZona3JornadaOrdinaria Platino","IT-BPO-32-348","Agente Bilingüe","Agente especializado","Ciencias de la educación","Front office con herramienta","Zona 3","Jornada Ordinaria ","Platino","Mes",12397846.23,12185775.390000001,18676148.09,12521584.52,16530724.51,17699109.149999999,96668.83,11248501.93,null,null,"SMMLV"]
["AgenteBilingüeAgenteprofesionalEconomía,administración,contaduríayafinesFrontofficesinherramientaZona1JornadaOrdinaria Platino","IT-BPO-32-349","Agente Bilingüe","Agente profesional","Economía, administración, contaduría y afines","Front office sin herramienta","Zona 1","Jornada Ordinaria ","Platino","Mes",9546061.5199999996,9168812.7799999993,13989831.689999999,9478518.1999999993,12451592.01,13478189.66,96668.83,8952498.3699999992,null,null,"SMMLV"]
["AgenteBilingüeAgenteprofesionalIngeniería,arquitectura,urbanismoyafinesFrontofficesinherramientaZona1JornadaOrdinaria Platino","IT-BPO-32-351","Agente Bilingüe","Agente profesional","Ingeniería, arquitectura, urbanismo y afines","Front office sin herramienta","Zona 1","Jornada Ordinaria ","Platino","Mes",9546061.5199999996,9168812.7799999993,13989831.689999999,9478518.1999999993,12451592.01,13478189.66,98511.58,8952498.3699999992,null,null,"SMMLV"]
["AgenteBilingüeAgenteprofesionalBellasartesyafinesFrontofficesinherramientaZona1JornadaOrdinaria Platino","IT-BPO-32-352","Agente Bilingüe","Agente profesional","Bellas artes y afines","Front office sin herramienta","Zona 1","Jornada Ordinaria ","Platino","Mes",9546061.5199999996,9168812.7799999993,13989831.689999999,9478518.1999999993,12451592.01,13478189.66,98511.58,8952498.3699999992,null,null,"SMMLV"]
["AgenteBilingüeAgenteprofesionalAgronomía,veterinariayafinesFrontofficesinherramientaZona1JornadaOrdinaria Platino","IT-BPO-32-355","Agente Bilingüe","Agente profesional","Agronomía, veterinaria y afines","Front office sin herramienta","Zona 1","Jornada Ordinaria ","Platino","Mes",9546061.5199999996,9168812.7799999993,13989831.689999999,9478518.1999999993,12451592.01,13478189.66,98511.58,8952498.3699999992,null,null,"SMMLV"]
["AgenteBilingüeAgenteprofesionalCienciasdelaeducaciónyafinesFrontofficesinherramientaZona1JornadaOrdinaria Platino","IT-BPO-32-356","Agente Bilingüe","Agente profesional","Ciencias de la educación y afines","Front office sin herramienta","Zona 1","Jornada Ordinaria ","Platino","Mes",9546061.5199999996,9168812.7799999993,13989831.689999999,9478518.1999999993,12451592.01,13478189.66,98511.58,8952498.3699999992,null,null,"SMMLV"]
["AgenteBilingüeAgenteespecializadoCienciassocialesyhumanasFrontofficesinherramientaZona1JornadaOrdinaria Platino","IT-BPO-32-359","Agente Bilingüe","Agente especializado","Ciencias sociales y humanas","Front office sin herramienta","Zona 1","Jornada Ordinaria ","Platino","Mes",12151569.779999999,11675425.460000001,17307067.399999999,11971903.279999999,16009189.73,17195631.440000001,96668.83,11108913.74,null,null,"SMMLV"]
["AgenteBilingüeAgenteespecializadoEconomía,administración,contaduríayafinesFrontofficesinherramientaZona1JornadaOrdinaria Platino","IT-BPO-32-360","Agente Bilingüe","Agente especializado","Economía, administración, contaduría y afines","Front office sin herramienta","Zona 1","Jornada Ordinaria ","Platino","Mes",12151569.779999999,11675425.460000001,17307067.399999999,11971903.279999999,16009189.73,17195631.440000001,96668.83,11108913.74,null,null,"SMMLV"]
["AgenteBilingüeAgenteespecializadoBellasartesFrontofficesinherramientaZona1JornadaOrdinaria Platino","IT-BPO-32-362","Agente Bilingüe","Agente especializado","Bellas artes","Front office sin herramienta","Zona 1","Jornada Ordinaria ","Platino","Mes",12151569.779999999,11675425.460000001,17307067.399999999,11971903.279999999,16009189.73,17195631.440000001,96668.83,11108913.74,null,null,"SMMLV"]
["AgenteBilingüeAgenteespecializadoMatemáticasycienciasnaturalesFrontofficesinherramientaZona1JornadaOrdinaria Platino","IT-BPO-32-363","Agente Bilingüe","Agente especializado","Matemáticas y ciencias naturales","Front office sin herramienta","Zona 1","Jornada Ordinaria ","Platino","Mes",12151569.779999999,11675425.460000001,17307067.399999999,11971903.279999999,16009189.73,17195631.440000001,44954026.119999997,11108913.74,null,null,"SMMLV"]
["AgenteBilingüeAgenteprofesionalCienciassociales,humanasyafinesFrontofficesinherramientaZona2JornadaOrdinaria Platino","IT-BPO-32-366","Agente Bilingüe","Agente profesional","Ciencias sociales, humanas y afines","Front office sin herramienta","Zona 2","Jornada Ordinaria ","Platino","Mes",9546061.5199999996,9171179.0700000003,14199678.59,9478518.1999999993,12451592.01,13478189.66,44954026.119999997,8952498.3699999992,null,null,"SMMLV"]
["AgenteBilingüeAgenteprofesionalIngeniería,arquitectura,urbanismoyafinesFrontofficesinherramientaZona2JornadaOrdinaria Platino","IT-BPO-32-367","Agente Bilingüe","Agente profesional","Ingeniería, arquitectura, urbanismo y afines","Front office sin herramienta","Zona 2","Jornada Ordinaria ","Platino","Mes",9546061.5199999996,9171179.0700000003,14199678.59,9478518.1999999993,12451592.01,13478189.66,44954026.119999997,8952498.3699999992,null,null,"SMMLV"]
["AgenteBilingüeAgenteprofesionalCienciasdelasaludyafinesFrontofficesinherramientaZona2JornadaOrdinaria Platino","IT-BPO-32-370","Agente Bilingüe","Agente profesional","Ciencias de la salud y afines","Front office sin herramienta","Zona 2","Jornada Ordinaria ","Platino","Mes",9546061.5199999996,11677791.75,17566674.379999999,13640374.49,16009189.73,17195631.440000001,45810963.32,11108913.74,null,null,"SMMLV"]
["AgenteBilingüeAgenteprofesionalAgronomía,veterinariayafinesFrontofficesinherramientaZona2JornadaOrdinaria Platino","IT-BPO-32-371","Agente Bilingüe","Agente profesional","Agronomía, veterinaria y afines","Front office sin herramienta","Zona 2","Jornada Ordinaria ","Platino","Mes",9546061.5199999996,9171179.0700000003,14199678.59,9478518.1999999993,12451592.01,13478189.66,45810963.32,8952498.3699999992,null,null,"SMMLV"]
["AgenteBilingüeAgenteespecializadoAgronomía,veterinariayafinesFrontofficesinherramientaZona2JornadaOrdinaria Platino","IT-BPO-32-373","Agente Bilingüe","Agente especializado","Agronomía, veterinaria y afines","Front office sin herramienta","Zona 2","Jornada Ordinaria ","Platino","Mes",12151569.779999999,11677791.75,17566674.379999999,11971903.279999999,16009189.73,17195631.440000001,45810963.32,11108913.74,null,null,"SMMLV"]
["AgenteBilingüeAgenteespecializadoCienciasdelasaludFrontofficesinherramientaZona2JornadaOrdinaria Platino","IT-BPO-32-374","Agente Bilingüe","Agente especializado","Ciencias de la salud","Front office sin herramienta","Zona 2","Jornada Ordinaria ","Platino","Mes",12151569.779999999,14184404.43,20933669.07,17969645.329999998,17787988.579999998,20913073.219999999,45810963.32,13265328.99,null,null,"SMMLV"]
["AgenteBilingüeAgenteespecializadoIngeniería,arquitectura,urbanismoyafinesFrontofficesinherramientaZona2JornadaOrdinaria Platino","IT-BPO-32-377","Agente Bilingüe","Agente especializado","Ingeniería, arquitectura, urbanismo y afines","Front office sin herramienta","Zona 2","Jornada Ordinaria ","Platino","Mes",12151569.779999999,11677791.75,17566674.379999999,11971903.279999999,16009189.73,17195631.440000001,44954026.119999997,11108913.74,null,null,"SMMLV"]
["AgenteBilingüeAgenteespecializadoBellasartesFrontofficesinherramientaZona2JornadaOrdinaria Platino","IT-BPO-32-378","Agente Bilingüe","Agente especializado","Bellas artes","Front office sin herramienta","Zona 2","Jornada Ordinaria ","Platino","Mes",12151569.779999999,11677791.75,17566674.379999999,11971903.279999999,16009189.73,17195631.440000001,44954026.119999997,11108913.74,null,null,"SMMLV"]
["AgenteBilingüeAgenteprofesionalEconomía,administración,contaduríayafinesFrontofficesinherramientaZona3JornadaOrdinaria Platino","IT-BPO-32-381","Agente Bilingüe","Agente profesional","Economía, administración, contaduría y afines","Front office sin herramienta","Zona 3","Jornada Ordinaria ","Platino","Mes",9546061.5199999996,9174333.7699999996,14341676,9478518.1999999993,12451592.01,13478189.66,9315008.3100000005,8952498.3699999992,null,null,"SMMLV"]
["AgenteBilingüeAgenteprofesionalCienciassociales,humanasyafinesFrontofficesinherramientaZona3JornadaOrdinaria Platino","IT-BPO-32-382","Agente Bilingüe","Agente profesional","Ciencias sociales, humanas y afines","Front office sin herramienta","Zona 3","Jornada Ordinaria ","Platino","Mes",9546061.5199999996,9174333.7699999996,14341676,9478518.1999999993,12451592.01,13478189.66,9315008.3100000005,8952498.3699999992,null,null,"SMMLV"]
["AgenteBilingüeAgenteprofesionalMatemáticas,cienciasnaturalesyafinesFrontofficesinherramientaZona3JornadaOrdinaria Platino","IT-BPO-32-385","Agente Bilingüe","Agente profesional","Matemáticas, ciencias naturales y afines","Front office sin herramienta","Zona 3","Jornada Ordinaria ","Platino","Mes",9546061.5199999996,9174333.7699999996,14341676,9478518.1999999993,12451592.01,13478189.66,9315008.3100000005,8952498.3699999992,null,null,"SMMLV"]
["AgenteBilingüeAgenteprofesionalCienciasdelasaludyafinesFrontofficesinherramientaZona3JornadaOrdinaria Platino","IT-BPO-32-386","Agente Bilingüe","Agente profesional","Ciencias de la salud y afines","Front office sin herramienta","Zona 3","Jornada Ordinaria ","Platino","Mes",9546061.5199999996,11680946.449999999,17742339.75,13640374.49,16009189.73,17195631.440000001,9315008.3100000005,11108913.74,null,null,"SMMLV"]
["AgenteBilingüeAgenteprofesionalCienciasdelaeducaciónyafinesFrontofficesinherramientaZona3JornadaOrdinaria Platino","IT-BPO-32-388","Agente Bilingüe","Agente profesional","Ciencias de la educación y afines","Front office sin herramienta","Zona 3","Jornada Ordinaria ","Platino","Mes",9546061.5199999996,9174333.7699999996,14341676,9478518.1999999993,12451592.01,13478189.66,9492575.8800000008,8952498.3699999992,null,null,"SMMLV"]
["AgenteBilingüeAgenteespecializadoAgronomía,veterinariayafinesFrontofficesinherramientaZona3JornadaOrdinaria Platino","IT-BPO-32-389","Agente Bilingüe","Agente especializado","Agronomía, veterinaria y afines","Front office sin herramienta","Zona 3","Jornada Ordinaria ","Platino","Mes",12151569.779999999,11680946.449999999,17742339.75,11971903.279999999,16009189.73,17195631.440000001,9492575.8800000008,11108913.74,null,null,"SMMLV"]
[{"$f":"SUBSTITUTE(C3842&D3842&E3842&F3842&G3842&H3842&I3842,\" \",\"\")","v":"AgenteBilingüeAgenteespecializadoEconomía,administración,contaduríayafinesFrontofficesinherramientaZona3JornadaOrdinaria Platino"},"IT-BPO-32-392","Agente Bilingüe","Agente especializado","Economía, administración, contaduría y afines","Front office sin herramienta","Zona 3","Jornada Ordinaria ","Platino","Mes",12151569.779999999,11680946.449999999,17742339.75,11971903.279999999,16009189.73,17195631.440000001,9492575.8800000008,11108913.74,null,null,"SMMLV"]
["AgenteBilingüeAgenteespecializadoIngeniería,arquitectura,urbanismoyafinesFrontofficesinherramientaZona3JornadaOrdinaria Platino","IT-BPO-32-393","Agente Bilingüe","Agente especializado","Ingeniería, arquitectura, urbanismo y afines","Front office sin herramienta","Zona 3","Jornada Ordinaria ","Platino","Mes",12151569.779999999,11680946.449999999,17742339.75,11971903.279999999,16009189.73,17195631.440000001,9315008.3100000005,11108913.74,null,null,"SMMLV"]
["AgenteBilingüeAgenteespecializadoCienciasdelaeducaciónFrontofficesinherramientaZona3JornadaOrdinaria Platino","IT-BPO-32-396","Agente Bilingüe","Agente especializado","Ciencias de la educación","Front office sin herramienta","Zona 3","Jornada Ordinaria ","Platino","Mes",12151569.779999999,11680946.449999999,17742339.75,11971903.279999999,16009189.73,17195631.440000001,9315008.3100000005,11108913.74,null,null,"SMMLV"]
["AgenteBilingüeAgenteprofesionalEconomía,administración,contaduríayafinesEnSitioTodaslaszonasHoraextradiurnaPlatino","IT-BPO-32-397","Agente Bilingüe","Agente profesional","Economía, administración, contaduría y afines","En Sitio","Todas las zonas","Hora extra diurna","Platino","Hora",62125.59,57116.3,82509.350000000006,47451.83,47940,81621.3,9315008.3100000005,42217.83,null,null,"SMMLV"]
["AgenteBilingüeAgenteprofesionalIngeniería,arquitectura,urbanismoyafinesEnSitioTodaslaszonasHoraextradiurnaPlatino","IT-BPO-32-399","Agente Bilingüe","Agente profesional","Ingeniería, arquitectura, urbanismo y afines","En Sitio","Todas las zonas","Hora extra diurna","Platino","Hora",62125.59,57116.3,82509.350000000006,47451.83,47940,81621.3,60418.02,42217.83,null,null,"SMMLV"]
["AgenteBilingüeAgenteprofesionalBellasartesyafinesEnSitioTodaslaszonasHoraextradiurnaPlatino","IT-BPO-32-400","Agente Bilingüe","Agente profesional","Bellas artes y afines","En Sitio","Todas las zonas","Hora extra diurna","Platino","Hora",62125.59,57116.3,82509.350000000006,47451.83,47940,81621.3,60418.02,42217.83,null,null,"SMMLV"]
["AgenteBilingüeAgenteprofesionalAgronomía,veterinariayafinesEnSitioTodaslaszonasHoraextradiurnaPlatino","IT-BPO-32-403","Agente Bilingüe","Agente profesional","Agronomía, veterinaria y afines","En Sitio","Todas las zonas","Hora extra diurna","Platino","Hora",62125.59,57116.3,82509.350000000006,47451.83,47940,81621.3,60418.02,42217.83,null,null,"SMMLV"]
["AgenteBilingüeAgenteprofesionalCienciasdelaeducaciónyafinesEnSitioTodaslaszonasHoraextradiurnaPlatino","IT-BPO-32-404","Agente Bilingüe","Agente profesional","Ciencias de la educación y afines","En Sitio","Todas las zonas","Hora extra diurna","Platino","Hora",62125.59,57116.3,82509.350000000006,47451.83,47940,81621.3,60418.02,42217.83,null,null,"SMMLV"]
["AgenteBilingüeAgenteespecializadoCienciassocialesyhumanasEnSitioTodaslaszonasHoraextradiurnaPlatino","IT-BPO-32-407","Agente Bilingüe","Agente especializado","Ciencias sociales y humanas","En Sitio","Todas las zonas","Hora extra diurna","Platino","Hora",77634.570000000007,73436.179999999993,102073.71,60438.53,61637.14,103577.15,61569.74,53688.07,null,null,"SMMLV"]
["AgenteBilingüeAgenteespecializadoEconomía,administración,contaduríayafinesEnSitioTodaslaszonasHoraextradiurnaPlatino","IT-BPO-32-408","Agente Bilingüe","Agente especializado","Economía, administración, contaduría y afines","En Sitio","Todas las zonas","Hora extra diurna","Platino","Hora",77634.570000000007,73436.179999999993,102073.71,60438.53,61637.14,103577.15,61569.74,53688.07,null,null,"SMMLV"]
["AgenteBilingüeAgenteespecializadoBellasartesEnSitioTodaslaszonasHoraextradiurnaPlatino","IT-BPO-32-410","Agente Bilingüe","Agente especializado","Bellas artes","En Sitio","Todas las zonas","Hora extra diurna","Platino","Hora",77634.570000000007,73436.179999999993,102073.71,60438.53,61637.14,103577.15,61569.74,53688.07,null,null,"SMMLV"]
["AgenteBilingüeAgenteespecializadoMatemáticasycienciasnaturalesEnSitioTodaslaszonasHoraextradiurnaPlatino","IT-BPO-32-411","Agente Bilingüe","Agente especializado","Matemáticas y ciencias naturales","En Sitio","Todas las zonas","Hora extra diurna","Platino","Hora",77634.570000000007,73436.179999999993,102073.71,60438.53,61637.14,103577.15,60418.02,53688.07,null,null,"SMMLV"]
["AgenteBilingüeAgenteprofesionalCienciassociales,humanasyafinesTeletrabajoTodaslaszonasHoraextradiurnaPlatino","IT-BPO-32-414","Agente Bilingüe","Agente profesional","Ciencias sociales, humanas y afines","Teletrabajo","Todas las zonas","Hora extra diurna","Platino","Hora",60536.639999999999,57116.3,75235.259999999995,47451.83,47940,81520.56,60418.02,42217.83,null,null,"SMMLV"]
["AgenteBilingüeAgenteprofesionalIngeniería,arquitectura,urbanismoyafinesTeletrabajoTodaslaszonasHoraextradiurnaPlatino","IT-BPO-32-415","Agente Bilingüe","Agente profesional","Ingeniería, arquitectura, urbanismo y afines","Teletrabajo","Todas las zonas","Hora extra diurna","Platino","Hora",60536.639999999999,57116.3,75235.259999999995,47451.83,47940,81520.56,60418.02,42217.83,null,null,"SMMLV"]
["AgenteBilingüeAgenteprofesionalCienciasdelasaludyafinesTeletrabajoTodaslaszonasHoraextradiurnaPlatino","IT-BPO-32-418","Agente Bilingüe","Agente profesional","Ciencias de la salud y afines","Teletrabajo","Todas las zonas","Hora extra diurna","Platino","Hora",60536.639999999999,73436.179999999993,95475.24,79917.48,61637.14,101969.69,84585.22,53688.07,null,null,"SMMLV"]
["AgenteBilingüeAgenteprofesionalAgronomía,veterinariayafinesTeletrabajoTodaslaszonasHoraextradiurnaPlatino","IT-BPO-32-419","Agente Bilingüe","Agente profesional","Agronomía, veterinaria y afines","Teletrabajo","Todas las zonas","Hora extra diurna","Platino","Hora",60536.639999999999,57116.3,75235.259999999995,47451.83,47940,81520.56,84585.22,42217.83,null,null,"SMMLV"]
["AgenteBilingüeAgenteespecializadoCienciasdelasaludTeletrabajoTodaslaszonasHoraextradiurnaPlatino","IT-BPO-32-422","Agente Bilingüe","Agente especializado","Ciencias de la salud","Teletrabajo","Todas las zonas","Hora extra diurna","Platino","Hora",76046.759999999995,89754.96,115713.03,105890.88,75334.289999999994,122417.72,84585.22,53688.07,null,null,"SMMLV"]
["AgenteBilingüeAgenteespecializadoCienciassocialesyhumanasTeletrabajoTodaslaszonasHoraextradiurnaPlatino","IT-BPO-32-423","Agente Bilingüe","Agente especializado","Ciencias sociales y humanas","Teletrabajo","Todas las zonas","Hora extra diurna","Platino","Hora",76046.759999999995,73436.179999999993,95475.24,60438.53,61637.14,101969.69,86197.63,53688.07,null,null,"SMMLV"]
["AgenteBilingüeAgenteespecializadoIngeniería,arquitectura,urbanismoyafinesTeletrabajoTodaslaszonasHoraextradiurnaPlatino","IT-BPO-32-425","Agente Bilingüe","Agente especializado","Ingeniería, arquitectura, urbanismo y afines","Teletrabajo","Todas las zonas","Hora extra diurna","Platino","Hora",76046.759999999995,73436.179999999993,95475.24,60438.53,61637.14,101969.69,86197.63,53688.07,null,null,"SMMLV"]
["AgenteBilingüeAgenteespecializadoBellasartesTeletrabajoTodaslaszonasHoraextradiurnaPlatino","IT-BPO-32-426","Agente Bilingüe","Agente especializado","Bellas artes","Teletrabajo","Todas las zonas","Hora extra diurna","Platino","Hora",76046.759999999995,73436.179999999993,95475.24,60438.53,61637.14,101969.69,86197.63,53688.07,null,null,"SMMLV"]
["AgenteBilingüeAgenteprofesionalEconomía,administración,contaduríayafinesEnlasinstalacionesdelaEntidadCompradoraZona1HoraextradiurnaPlatino","IT-BPO-32-429","Agente Bilingüe","Agente profesional","Economía, administración, contaduría y afines","En las instalaciones de la Entidad Compradora ","Zona 1","Hora extra diurna","Platino","Hora",58286.58,57116.3,82509.350000000006,47451.83,59551.26,80529.59,84585.22,42217.83,null,null,"SMMLV"]
["AgenteBilingüeAgenteprofesionalCienciassociales,humanasyafinesEnlasinstalacionesdelaEntidadCompradoraZona1HoraextradiurnaPlatino","IT-BPO-32-430","Agente Bilingüe","Agente profesional","Ciencias sociales, humanas y afines","En las instalaciones de la Entidad Compradora ","Zona 1","Hora extra diurna","Platino","Hora",58286.58,57116.3,82509.350000000006,47451.83,59551.26,80529.59,84585.22,42217.83,null,null,"SMMLV"]
["AgenteBilingüeAgenteprofesionalMatemáticas,cienciasnaturalesyafinesEnlasinstalacionesdelaEntidadCompradoraZona1HoraextradiurnaPlatino","IT-BPO-32-433","Agente Bilingüe","Agente profesional","Matemáticas, ciencias naturales y afines","En las instalaciones de la Entidad Compradora ","Zona 1","Hora extra diurna","Platino","Hora",58286.58,57116.3,82509.350000000006,47451.83,59551.26,80529.59,84585.22,42217.83,null,null,"SMMLV"]
["AgenteBilingüeAgenteprofesionalCienciasdelasaludyafinesEnlasinstalacionesdelaEntidadCompradoraZona1HoraextradiurnaPlatino","IT-BPO-32-434","Agente Bilingüe","Agente profesional","Ciencias de la salud y afines","En las instalaciones de la Entidad Compradora ","Zona 1","Hora extra diurna","Platino","Hora",58286.58,73436.179999999993,102073.71,75161.899999999994,78660.320000000007,102139.41,84585.22,53688.07,null,null,"SMMLV"]
["AgenteBilingüeAgenteprofesionalCienciasdelaeducaciónyafinesEnlasinstalacionesdelaEntidadCompradoraZona1HoraextradiurnaPlatino","IT-BPO-32-436","Agente Bilingüe","Agente profesional","Ciencias de la educación y afines","En las instalaciones de la Entidad Compradora ","Zona 1","Hora extra diurna","Platino","Hora",58286.58,57116.3,82509.350000000006,47451.83,59551.26,80529.59,96668.83,42217.83,null,null,"SMMLV"]
["AgenteBilingüeAgenteespecializadoAgronomía,veterinariayafinesEnlasinstalacionesdelaEntidadCompradoraZona1HoraextradiurnaPlatino","IT-BPO-32-437","Agente Bilingüe","Agente especializado","Agronomía, veterinaria y afines","En las instalaciones de la Entidad Compradora ","Zona 1","Hora extra diurna","Platino","Hora",73796.7,73436.179999999993,102073.71,60438.53,75769.149999999994,102139.41,96668.83,53688.07,null,null,"SMMLV"]
["AgenteBilingüeAgenteespecializadoEconomía,administración,contaduríayafinesEnlasinstalacionesdelaEntidadCompradoraZona1HoraextradiurnaPlatino","IT-BPO-32-440","Agente Bilingüe","Agente especializado","Economía, administración, contaduría y afines","En las instalaciones de la Entidad Compradora ","Zona 1","Hora extra diurna","Platino","Hora",73796.7,73436.179999999993,102073.71,60438.53,75769.149999999994,102139.41,96668.83,53688.07,null,null,"SMMLV"]
["AgenteBilingüeAgenteespecializadoIngeniería,arquitectura,urbanismoyafinesEnlasinstalacionesdelaEntidadCompradoraZona1HoraextradiurnaPlatino","IT-BPO-32-441","Agente Bilingüe","Agente especializado","Ingeniería, arquitectura, urbanismo y afines","En las instalaciones de la Entidad Compradora ","Zona 1","Hora extra diurna","Platino","Hora",73796.7,73436.179999999993,102073.71,60438.53,75769.149999999994,102139.41,98511.58,53688.07,null,null,"SMMLV"]
["AgenteBilingüeAgenteespecializadoCienciasdelaeducaciónEnlasinstalacionesdelaEntidadCompradoraZona1HoraextradiurnaPlatino","IT-BPO-32-444","Agente Bilingüe","Agente especializado","Ciencias de la educación","En las instalaciones de la Entidad Compradora ","Zona 1","Hora extra diurna","Platino","Hora",73796.7,73436.179999999993,102073.71,60438.53,75769.149999999994,102139.41,98511.58,53688.07,null,null,"SMMLV"]
["AgenteBilingüeAgenteprofesionalEconomía,administración,contaduríayafinesEnlasinstalacionesdelaEntidadCompradoraZona2HoraextradiurnaPlatino","IT-BPO-32-445","Agente Bilingüe","Agente profesional","Economía, administración, contaduría y afines","En las instalaciones de la Entidad Compradora ","Zona 2","Hora extra diurna","Platino","Hora",58286.58,57116.3,83747.789999999994,47451.83,60551.32,80594.19,98511.58,42217.83,null,null,"SMMLV"]
["AgenteBilingüeAgenteprofesionalIngeniería,arquitectura,urbanismoyafinesEnlasinstalacionesdelaEntidadCompradoraZona2HoraextradiurnaPlatino","IT-BPO-32-447","Agente Bilingüe","Agente profesional","Ingeniería, arquitectura, urbanismo y afines","En las instalaciones de la Entidad Compradora ","Zona 2","Hora extra diurna","Platino","Hora",58286.58,57116.3,83747.789999999994,47451.83,60551.32,80594.19,96668.83,42217.83,null,null,"SMMLV"]
["AgenteBilingüeAgenteprofesionalBellasartesyafinesEnlasinstalacionesdelaEntidadCompradoraZona2HoraextradiurnaPlatino","IT-BPO-32-448","Agente Bilingüe","Agente profesional","Bellas artes y afines","En las instalaciones de la Entidad Compradora ","Zona 2","Hora extra diurna","Platino","Hora",58286.58,57116.3,83747.789999999994,47451.83,60551.32,80594.19,96668.83,42217.83,null,null,"SMMLV"]
["AgenteBilingüeAgenteprofesionalAgronomía,veterinariayafinesEnlasinstalacionesdelaEntidadCompradoraZona2HoraextradiurnaPlatino","IT-BPO-32-451","Agente Bilingüe","Agente profesional","Agronomía, veterinaria y afines","En las instalaciones de la Entidad Compradora ","Zona 2","Hora extra diurna","Platino","Hora",58286.58,57116.3,83747.789999999994,47451.83,60551.32,80594.19,96668.83,42217.83,null,null,"SMMLV"]
["AgenteBilingüeAgenteprofesionalCienciasdelaeducaciónyafinesEnlasinstalacionesdelaEntidadCompradoraZona2HoraextradiurnaPlatino","IT-BPO-32-452","Agente Bilingüe","Agente profesional","Ciencias de la educación y afines","En las instalaciones de la Entidad Compradora ","Zona 2","Hora extra diurna","Platino","Hora",58286.58,57116.3,83747.789999999994,47451.83,60551.32,80594.19,96668.83,42217.83,null,null,"SMMLV"]
["AgenteBilingüeAgenteespecializadoCienciassocialesyhumanasEnlasinstalacionesdelaEntidadCompradoraZona2HoraextradiurnaPlatino","IT-BPO-32-455","Agente Bilingüe","Agente especializado","Ciencias sociales y humanas","En las instalaciones de la Entidad Compradora ","Zona 2","Hora extra diurna","Platino","Hora",73796.7,73436.179999999993,103604.52,60438.53,77040.89,102204.02,44954026.119999997,53688.07,null,null,"SMMLV"]
[{"$f":"SUBSTITUTE(C3906&D3906&E3906&F3906&G3906&H3906&I3906,\" \",\"\")","v":"AgenteBilingüeAgenteespecializadoEconomía,administración,contaduríayafinesEnlasinstalacionesdelaEntidadCompradoraZona2HoraextradiurnaPlatino"},"IT-BPO-32-456","Agente Bilingüe","Agente especializado","Economía, administración, contaduría y afines","En las instalaciones de la Entidad Compradora ","Zona 2","Hora extra diurna","Platino","Hora",73796.7,73436.179999999993,103604.52,60438.53,77040.89,102204.02,44954026.119999997,53688.07,null,null,"SMMLV"]
["AgenteBilingüeAgenteespecializadoBellasartesEnlasinstalacionesdelaEntidadCompradoraZona2HoraextradiurnaPlatino","IT-BPO-32-458","Agente Bilingüe","Agente especializado","Bellas artes","En las instalaciones de la Entidad Compradora ","Zona 2","Hora extra diurna","Platino","Hora",73796.7,73436.179999999993,103604.52,60438.53,77040.89,102204.02,44954026.119999997,53688.07,null,null,"SMMLV"]
["AgenteBilingüeAgenteespecializadoMatemáticasycienciasnaturalesEnlasinstalacionesdelaEntidadCompradoraZona2HoraextradiurnaPlatino","IT-BPO-32-459","Agente Bilingüe","Agente especializado","Matemáticas y ciencias naturales","En las instalaciones de la Entidad Compradora ","Zona 2","Hora extra diurna","Platino","Hora",73796.7,73436.179999999993,103604.52,60438.53,77040.89,102204.02,45810963.32,53688.07,null,null,"SMMLV"]
["AgenteBilingüeAgenteprofesionalCienciassociales,humanasyafinesEnlasinstalacionesdelaEntidadCompradoraZona3HoraextradiurnaPlatino","IT-BPO-32-462","Agente Bilingüe","Agente profesional","Ciencias sociales, humanas y afines","En las instalaciones de la Entidad Compradora ","Zona 3","Hora extra diurna","Platino","Hora",58286.58,57116.3,84584.37,47451.83,60811.41,80754.06,45810963.32,42217.83,null,null,"SMMLV"]
["AgenteBilingüeAgenteprofesionalIngeniería,arquitectura,urbanismoyafinesEnlasinstalacionesdelaEntidadCompradoraZona3HoraextradiurnaPlatino","IT-BPO-32-463","Agente Bilingüe","Agente profesional","Ingeniería, arquitectura, urbanismo y afines","En las instalaciones de la Entidad Compradora ","Zona 3","Hora extra diurna","Platino","Hora",58286.58,57116.3,84584.37,47451.83,60811.41,80754.06,45810963.32,42217.83,null,null,"SMMLV"]
["AgenteBilingüeAgenteprofesionalCienciasdelasaludyafinesEnlasinstalacionesdelaEntidadCompradoraZona3HoraextradiurnaPlatino","IT-BPO-32-466","Agente Bilingüe","Agente profesional","Ciencias de la salud y afines","En las instalaciones de la Entidad Compradora ","Zona 3","Hora extra diurna","Platino","Hora",58286.58,73436.179999999993,104641.49,75161.899999999994,87106.25,102363.89,44954026.119999997,53688.07,null,null,"SMMLV"]
["AgenteBilingüeAgenteprofesionalAgronomía,veterinariayafinesEnlasinstalacionesdelaEntidadCompradoraZona3HoraextradiurnaPlatino","IT-BPO-32-467","Agente Bilingüe","Agente profesional","Agronomía, veterinaria y afines","En las instalaciones de la Entidad Compradora ","Zona 3","Hora extra diurna","Platino","Hora",58286.58,57116.3,84584.37,47451.83,60811.41,80754.06,44954026.119999997,42217.83,null,null,"SMMLV"]
["AgenteBilingüeAgenteespecializadoCienciasdelasaludEnlasinstalacionesdelaEntidadCompradoraZona3HoraextradiurnaPlatino","IT-BPO-32-470","Agente Bilingüe","Agente especializado","Ciencias de la salud","En las instalaciones de la Entidad Compradora ","Zona 3","Hora extra diurna","Platino","Hora",73796.7,89754.96,124697.51,91928.54,106625.7,123973.71,44954026.119999997,53688.07,null,null,"SMMLV"]
["AgenteBilingüeAgenteespecializadoCienciassocialesyhumanasEnlasinstalacionesdelaEntidadCompradoraZona3HoraextradiurnaPlatino","IT-BPO-32-471","Agente Bilingüe","Agente especializado","Ciencias sociales y humanas","En las instalaciones de la Entidad Compradora ","Zona 3","Hora extra diurna","Platino","Hora",73796.7,73436.179999999993,104641.49,60438.53,77369.06,102363.89,9315008.3100000005,53688.07,null,null,"SMMLV"]
["AgenteBilingüeAgenteespecializadoIngeniería,arquitectura,urbanismoyafinesEnlasinstalacionesdelaEntidadCompradoraZona3HoraextradiurnaPlatino","IT-BPO-32-473","Agente Bilingüe","Agente especializado","Ingeniería, arquitectura, urbanismo y afines","En las instalaciones de la Entidad Compradora ","Zona 3","Hora extra diurna","Platino","Hora",73796.7,73436.179999999993,104641.49,60438.53,77369.06,102363.89,9315008.3100000005,53688.07,null,null,"SMMLV"]
["AgenteBilingüeAgenteespecializadoBellasartesEnlasinstalacionesdelaEntidadCompradoraZona3HoraextradiurnaPlatino","IT-BPO-32-474","Agente Bilingüe","Agente especializado","Bellas artes","En las instalaciones de la Entidad Compradora ","Zona 3","Hora extra diurna","Platino","Hora",73796.7,73436.179999999993,104641.49,60438.53,77369.06,102363.89,9315008.3100000005,53688.07,null,null,"SMMLV"]
["AgenteBilingüeAgenteprofesionalEconomía,administración,contaduríayafinesFrontofficeconherramientaZona1HoraextradiurnaPlatino","IT-BPO-32-477","Agente Bilingüe","Agente profesional","Economía, administración, contaduría y afines","Front office con herramienta","Zona 1","Hora extra diurna","Platino","Hora",58286.58,57116.3,80034.649999999994,47451.83,60135.35,82999.91,9492575.8800000008,42217.83,null,null,"SMMLV"]
["AgenteBilingüeAgenteprofesionalCienciassociales,humanasyafinesFrontofficeconherramientaZona1HoraextradiurnaPlatino","IT-BPO-32-478","Agente Bilingüe","Agente profesional","Ciencias sociales, humanas y afines","Front office con herramienta","Zona 1","Hora extra diurna","Platino","Hora",58286.58,57116.3,80034.649999999994,47451.83,60135.35,82999.91,9492575.8800000008,42217.83,null,null,"SMMLV"]
["AgenteBilingüeAgenteprofesionalMatemáticas,cienciasnaturalesyafinesFrontofficeconherramientaZona1HoraextradiurnaPlatino","IT-BPO-32-481","Agente Bilingüe","Agente profesional","Matemáticas, ciencias naturales y afines","Front office con herramienta","Zona 1","Hora extra diurna","Platino","Hora",58286.58,57116.3,80034.649999999994,47451.83,60135.35,82999.91,9492575.8800000008,42217.83,null,null,"SMMLV"]
["AgenteBilingüeAgenteprofesionalCienciasdelasaludyafinesFrontofficeconherramientaZona1HoraextradiurnaPlatino","IT-BPO-32-482","Agente Bilingüe","Agente profesional","Ciencias de la salud y afines","Front office con herramienta","Zona 1","Hora extra diurna","Platino","Hora",58286.58,73436.179999999993,99012.09,69380.3,75588.11,105127.67,9492575.8800000008,53688.07,null,null,"SMMLV"]
["AgenteBilingüeAgenteprofesionalCienciasdelaeducaciónyafinesFrontofficeconherramientaZona1HoraextradiurnaPlatino","IT-BPO-32-484","Agente Bilingüe","Agente profesional","Ciencias de la educación y afines","Front office con herramienta","Zona 1","Hora extra diurna","Platino","Hora",58286.58,57116.3,80034.649999999994,47451.83,60135.35,82999.91,9315008.3100000005,42217.83,null,null,"SMMLV"]
["AgenteBilingüeAgenteespecializadoAgronomía,veterinariayafinesFrontofficeconherramientaZona1HoraextradiurnaPlatino","IT-BPO-32-485","Agente Bilingüe","Agente especializado","Agronomía, veterinaria y afines","Front office con herramienta","Zona 1","Hora extra diurna","Platino","Hora",73796.7,73436.179999999993,99012.09,60438.53,76354.149999999994,105127.67,9315008.3100000005,53688.07,null,null,"SMMLV"]
["AgenteBilingüeAgenteespecializadoEconomía,administración,contaduríayafinesFrontofficeconherramientaZona1HoraextradiurnaPlatino","IT-BPO-32-488","Agente Bilingüe","Agente especializado","Economía, administración, contaduría y afines","Front office con herramienta","Zona 1","Hora extra diurna","Platino","Hora",73796.7,73436.179999999993,99012.09,60438.53,76354.149999999994,105127.67,9315008.3100000005,53688.07,null,null,"SMMLV"]
["AgenteBilingüeAgenteespecializadoIngeniería,arquitectura,urbanismoyafinesFrontofficeconherramientaZona1HoraextradiurnaPlatino","IT-BPO-32-489","Agente Bilingüe","Agente especializado","Ingeniería, arquitectura, urbanismo y afines","Front office con herramienta","Zona 1","Hora extra diurna","Platino","Hora",73796.7,73436.179999999993,99012.09,60438.53,76354.149999999994,105127.67,60418.02,53688.07,null,null,"SMMLV"]
["AgenteBilingüeAgenteespecializadoCienciasdelaeducaciónFrontofficeconherramientaZona1HoraextradiurnaPlatino","IT-BPO-32-492","Agente Bilingüe","Agente especializado","Ciencias de la educación","Front office con herramienta","Zona 1","Hora extra diurna","Platino","Hora",73796.7,73436.179999999993,99012.09,60438.53,76354.149999999994,105127.67,60418.02,53688.07,null,null,"SMMLV"]
["AgenteBilingüeAgenteprofesionalEconomía,administración,contaduríayafinesFrontofficeconherramientaZona2HoraextradiurnaPlatino","IT-BPO-32-493","Agente Bilingüe","Agente profesional","Economía, administración, contaduría y afines","Front office con herramienta","Zona 2","Hora extra diurna","Platino","Hora",58286.58,57116.3,81234.77,47451.83,61141.81,83064.509999999995,60418.02,42217.83,null,null,"SMMLV"]
["AgenteBilingüeAgenteprofesionalIngeniería,arquitectura,urbanismoyafinesFrontofficeconherramientaZona2HoraextradiurnaPlatino","IT-BPO-32-495","Agente Bilingüe","Agente profesional","Ingeniería, arquitectura, urbanismo y afines","Front office con herramienta","Zona 2","Hora extra diurna","Platino","Hora",58286.58,57116.3,81234.77,47451.83,61141.81,83064.509999999995,61569.74,42217.83,null,null,"SMMLV"]
["AgenteBilingüeAgenteprofesionalBellasartesyafinesFrontofficeconherramientaZona2HoraextradiurnaPlatino","IT-BPO-32-496","Agente Bilingüe","Agente profesional","Bellas artes y afines","Front office con herramienta","Zona 2","Hora extra diurna","Platino","Hora",58286.58,57116.3,81234.77,47451.83,61141.81,83064.509999999995,61569.74,42217.83,null,null,"SMMLV"]
["AgenteBilingüeAgenteprofesionalAgronomía,veterinariayafinesFrontofficeconherramientaZona2HoraextradiurnaPlatino","IT-BPO-32-499","Agente Bilingüe","Agente profesional","Agronomía, veterinaria y afines","Front office con herramienta","Zona 2","Hora extra diurna","Platino","Hora",58286.58,57116.3,81234.77,47451.83,61141.81,83064.509999999995,61569.74,42217.83,null,null,"SMMLV"]
["AgenteBilingüeAgenteprofesionalCienciasdelaeducaciónyafinesFrontofficeconherramientaZona2HoraextradiurnaPlatino","IT-BPO-32-500","Agente Bilingüe","Agente profesional","Ciencias de la educación y afines","Front office con herramienta","Zona 2","Hora extra diurna","Platino","Hora",58286.58,57116.3,81234.77,47451.83,61141.81,83064.509999999995,61569.74,42217.83,null,null,"SMMLV"]
["AgenteBilingüeAgenteespecializadoCienciassocialesyhumanasFrontofficeconherramientaZona2HoraextradiurnaPlatino","IT-BPO-32-503","Agente Bilingüe","Agente especializado","Ciencias sociales y humanas","Front office con herramienta","Zona 2","Hora extra diurna","Platino","Hora",73796.7,73436.179999999993,100496.91,60438.53,77632.009999999995,105192.27,60418.02,53688.07,null,null,"SMMLV"]
["AgenteBilingüeAgenteespecializadoEconomía,administración,contaduríayafinesFrontofficeconherramientaZona2HoraextradiurnaPlatino","IT-BPO-32-504","Agente Bilingüe","Agente especializado","Economía, administración, contaduría y afines","Front office con herramienta","Zona 2","Hora extra diurna","Platino","Hora",73796.7,73436.179999999993,100496.91,60438.53,77632.009999999995,105192.27,60418.02,53688.07,null,null,"SMMLV"]
["AgenteBilingüeAgenteespecializadoMatemáticasycienciasnaturalesFrontofficeconherramientaZona2HoraextradiurnaPlatino","IT-BPO-32-507","Agente Bilingüe","Agente especializado","Matemáticas y ciencias naturales","Front office con herramienta","Zona 2","Hora extra diurna","Platino","Hora",73796.7,73436.179999999993,100496.91,60438.53,77632.009999999995,105192.27,84585.22,53688.07,null,null,"SMMLV"]
["AgenteBilingüeAgenteespecializadoCienciasdelaeducaciónFrontofficeconherramientaZona2HoraextradiurnaPlatino","IT-BPO-32-508","Agente Bilingüe","Agente especializado","Ciencias de la educación","Front office con herramienta","Zona 2","Hora extra diurna","Platino","Hora",73796.7,73436.179999999993,100496.91,60438.53,77632.009999999995,105192.27,84585.22,53688.07,null,null,"SMMLV"]
["AgenteBilingüeAgenteprofesionalCienciassociales,humanasyafinesFrontofficeconherramientaZona3HoraextradiurnaPlatino","IT-BPO-32-510","Agente Bilingüe","Agente profesional","Ciencias sociales, humanas y afines","Front office con herramienta","Zona 3","Hora extra diurna","Platino","Hora",58286.58,57116.3,82047.259999999995,47451.83,63838.49,83224.38,84585.22,42217.83,null,null,"SMMLV"]
["AgenteBilingüeAgenteprofesionalIngeniería,arquitectura,urbanismoyafinesFrontofficeconherramientaZona3HoraextradiurnaPlatino","IT-BPO-32-511","Agente Bilingüe","Agente profesional","Ingeniería, arquitectura, urbanismo y afines","Front office con herramienta","Zona 3","Hora extra diurna","Platino","Hora",58286.58,57116.3,82047.259999999995,47451.83,63838.49,83224.38,84585.22,42217.83,null,null,"SMMLV"]
["AgenteBilingüeAgenteprofesionalCienciasdelasaludyafinesFrontofficeconherramientaZona3HoraextradiurnaPlatino","IT-BPO-32-514","Agente Bilingüe","Agente profesional","Ciencias de la salud y afines","Front office con herramienta","Zona 3","Hora extra diurna","Platino","Hora",58286.58,73436.179999999993,101502.12,69380.3,77270.25,105352.14,86197.63,53688.07,null,null,"SMMLV"]
["AgenteBilingüeAgenteprofesionalAgronomía,veterinariayafinesFrontofficeconherramientaZona3HoraextradiurnaPlatino","IT-BPO-32-515","Agente Bilingüe","Agente profesional","Agronomía, veterinaria y afines","Front office con herramienta","Zona 3","Hora extra diurna","Platino","Hora",58286.58,57116.3,82047.259999999995,47451.83,63838.49,83224.38,86197.63,42217.83,null,null,"SMMLV"]
["AgenteBilingüeAgenteespecializadoCienciasdelasaludFrontofficeconherramientaZona3HoraextradiurnaPlatino","IT-BPO-32-518","Agente Bilingüe","Agente especializado","Ciencias de la salud","Front office con herramienta","Zona 3","Hora extra diurna","Platino","Hora",73796.7,89754.96,120956.99,91928.54,106932.95,127479.9,86197.63,53688.07,null,null,"SMMLV"]
["AgenteBilingüeAgenteespecializadoCienciassocialesyhumanasFrontofficeconherramientaZona3HoraextradiurnaPlatino","IT-BPO-32-519","Agente Bilingüe","Agente especializado","Ciencias sociales y humanas","Front office con herramienta","Zona 3","Hora extra diurna","Platino","Hora",73796.7,73436.179999999993,101502.12,60438.53,77963.839999999997,105352.14,84585.22,53688.07,null,null,"SMMLV"]
["AgenteBilingüeAgenteespecializadoIngeniería,arquitectura,urbanismoyafinesFrontofficeconherramientaZona3HoraextradiurnaPlatino","IT-BPO-32-521","Agente Bilingüe","Agente especializado","Ingeniería, arquitectura, urbanismo y afines","Front office con herramienta","Zona 3","Hora extra diurna","Platino","Hora",73796.7,73436.179999999993,101502.12,60438.53,77963.839999999997,105352.14,84585.22,53688.07,null,null,"SMMLV"]
["AgenteBilingüeAgenteespecializadoBellasartesFrontofficeconherramientaZona3HoraextradiurnaPlatino","IT-BPO-32-522","Agente Bilingüe","Agente especializado","Bellas artes","Front office con herramienta","Zona 3","Hora extra diurna","Platino","Hora",73796.7,73436.179999999993,101502.12,60438.53,77963.839999999997,105352.14,84585.22,53688.07,null,null,"SMMLV"]
["AgenteBilingüeAgenteprofesionalEconomía,administración,contaduríayafinesFrontofficesinherramientaZona1HoraextradiurnaPlatino","IT-BPO-32-525","Agente Bilingüe","Agente profesional","Economía, administración, contaduría y afines","Front office sin herramienta","Zona 1","Hora extra diurna","Platino","Hora",56821.79,57116.3,76032.42,47451.83,60105.72,80227.37,96668.83,42217.83,null,null,"SMMLV"]
["AgenteBilingüeAgenteprofesionalCienciassociales,humanasyafinesFrontofficesinherramientaZona1HoraextradiurnaPlatino","IT-BPO-32-526","Agente Bilingüe","Agente profesional","Ciencias sociales, humanas y afines","Front office sin herramienta","Zona 1","Hora extra diurna","Platino","Hora",56821.79,57116.3,76032.42,47451.83,60105.72,80227.37,96668.83,42217.83,null,null,"SMMLV"]
["AgenteBilingüeAgenteprofesionalMatemáticas,cienciasnaturalesyafinesFrontofficesinherramientaZona1HoraextradiurnaPlatino","IT-BPO-32-529","Agente Bilingüe","Agente profesional","Matemáticas, ciencias naturales y afines","Front office sin herramienta","Zona 1","Hora extra diurna","Platino","Hora",56821.79,57116.3,76032.42,47451.83,60105.72,80227.37,96668.83,42217.83,null,null,"SMMLV"]
["AgenteBilingüeAgenteprofesionalCienciasdelasaludyafinesFrontofficesinherramientaZona1HoraextradiurnaPlatino","IT-BPO-32-530","Agente Bilingüe","Agente profesional","Ciencias de la salud y afines","Front office sin herramienta","Zona 1","Hora extra diurna","Platino","Hora",56821.79,73436.179999999993,94060.5,75161.899999999994,77807.259999999995,102355.13,96668.83,53688.07,null,null,"SMMLV"]
["AgenteBilingüeAgenteprofesionalCienciasdelaeducaciónyafinesFrontofficesinherramientaZona1HoraextradiurnaPlatino","IT-BPO-32-532","Agente Bilingüe","Agente profesional","Ciencias de la educación y afines","Front office sin herramienta","Zona 1","Hora extra diurna","Platino","Hora",56821.79,57116.3,76032.42,47451.83,60105.72,80227.37,98511.58,42217.83,null,null,"SMMLV"]
["AgenteBilingüeAgenteespecializadoAgronomía,veterinariayafinesFrontofficesinherramientaZona1HoraextradiurnaPlatino","IT-BPO-32-533","Agente Bilingüe","Agente especializado","Agronomía, veterinaria y afines","Front office sin herramienta","Zona 1","Hora extra diurna","Platino","Hora",72330.77,73436.179999999993,94060.5,60438.53,75579.67,102355.13,98511.58,53688.07,null,null,"SMMLV"]
["AgenteBilingüeAgenteespecializadoEconomía,administración,contaduríayafinesFrontofficesinherramientaZona1HoraextradiurnaPlatino","IT-BPO-32-536","Agente Bilingüe","Agente especializado","Economía, administración, contaduría y afines","Front office sin herramienta","Zona 1","Hora extra diurna","Platino","Hora",72330.77,73436.179999999993,94060.5,60438.53,75579.67,102355.13,98511.58,53688.07,null,null,"SMMLV"]
["AgenteBilingüeAgenteespecializadoIngeniería,arquitectura,urbanismoyafinesFrontofficesinherramientaZona1HoraextradiurnaPlatino","IT-BPO-32-537","Agente Bilingüe","Agente especializado","Ingeniería, arquitectura, urbanismo y afines","Front office sin herramienta","Zona 1","Hora extra diurna","Platino","Hora",72330.77,73436.179999999993,94060.5,60438.53,75579.67,102355.13,96668.83,53688.07,null,null,"SMMLV"]
["AgenteBilingüeAgenteespecializadoCienciasdelaeducaciónFrontofficesinherramientaZona1HoraextradiurnaPlatino","IT-BPO-32-540","Agente Bilingüe","Agente especializado","Ciencias de la educación","Front office sin herramienta","Zona 1","Hora extra diurna","Platino","Hora",72330.77,73436.179999999993,94060.5,60438.53,75579.67,102355.13,96668.83,53688.07,null,null,"SMMLV"]
["AgenteBilingüeAgenteprofesionalEconomía,administración,contaduríayafinesFrontofficesinherramientaZona2HoraextradiurnaPlatino","IT-BPO-32-541","Agente Bilingüe","Agente profesional","Economía, administración, contaduría y afines","Front office sin herramienta","Zona 2","Hora extra diurna","Platino","Hora",56821.79,57116.3,77173.41,47451.83,61150.35,80227.37,96668.83,42217.83,null,null,"SMMLV"]
["AgenteBilingüeAgenteprofesionalIngeniería,arquitectura,urbanismoyafinesFrontofficesinherramientaZona2HoraextradiurnaPlatino","IT-BPO-32-543","Agente Bilingüe","Agente profesional","Ingeniería, arquitectura, urbanismo y afines","Front office sin herramienta","Zona 2","Hora extra diurna","Platino","Hora",56821.79,57116.3,77173.41,47451.83,61150.35,80227.37,44954026.119999997,42217.83,null,null,"SMMLV"]
["AgenteBilingüeAgenteprofesionalBellasartesyafinesFrontofficesinherramientaZona2HoraextradiurnaPlatino","IT-BPO-32-544","Agente Bilingüe","Agente profesional","Bellas artes y afines","Front office sin herramienta","Zona 2","Hora extra diurna","Platino","Hora",56821.79,57116.3,77173.41,47451.83,61150.35,80227.37,44954026.119999997,42217.83,null,null,"SMMLV"]
["AgenteBilingüeAgenteprofesionalAgronomía,veterinariayafinesFrontofficesinherramientaZona2HoraextradiurnaPlatino","IT-BPO-32-547","Agente Bilingüe","Agente profesional","Agronomía, veterinaria y afines","Front office sin herramienta","Zona 2","Hora extra diurna","Platino","Hora",56821.79,57116.3,77173.41,47451.83,61150.35,80227.37,44954026.119999997,42217.83,null,null,"SMMLV"]
["AgenteBilingüeAgenteprofesionalCienciasdelaeducaciónyafinesFrontofficesinherramientaZona2HoraextradiurnaPlatino","IT-BPO-32-548","Agente Bilingüe","Agente profesional","Ciencias de la educación y afines","Front office sin herramienta","Zona 2","Hora extra diurna","Platino","Hora",56821.79,57116.3,77173.41,47451.83,61150.35,80227.37,44954026.119999997,42217.83,null,null,"SMMLV"]
["AgenteBilingüeAgenteespecializadoCienciassocialesyhumanasFrontofficesinherramientaZona2HoraextradiurnaPlatino","IT-BPO-32-551","Agente Bilingüe","Agente especializado","Ciencias sociales y humanas","Front office sin herramienta","Zona 2","Hora extra diurna","Platino","Hora",72330.77,73436.179999999993,95473.05,60438.53,76851.72,102355.13,45810963.32,53688.07,null,null,"SMMLV"]
["AgenteBilingüeAgenteespecializadoEconomía,administración,contaduríayafinesFrontofficesinherramientaZona2HoraextradiurnaPlatino","IT-BPO-32-552","Agente Bilingüe","Agente especializado","Economía, administración, contaduría y afines","Front office sin herramienta","Zona 2","Hora extra diurna","Platino","Hora",72330.77,73436.179999999993,95473.05,60438.53,76851.72,102355.13,45810963.32,53688.07,null,null,"SMMLV"]
["AgenteBilingüeAgenteespecializadoMatemáticasycienciasnaturalesFrontofficesinherramientaZona2HoraextradiurnaPlatino","IT-BPO-32-555","Agente Bilingüe","Agente especializado","Matemáticas y ciencias naturales","Front office sin herramienta","Zona 2","Hora extra diurna","Platino","Hora",72330.77,73436.179999999993,95473.05,60438.53,76851.72,102355.13,44954026.119999997,53688.07,null,null,"SMMLV"]
["AgenteBilingüeAgenteespecializadoCienciasdelaeducaciónFrontofficesinherramientaZona2HoraextradiurnaPlatino","IT-BPO-32-556","Agente Bilingüe","Agente especializado","Ciencias de la educación","Front office sin herramienta","Zona 2","Hora extra diurna","Platino","Hora",72330.77,73436.179999999993,95473.05,60438.53,76851.72,102355.13,44954026.119999997,53688.07,null,null,"SMMLV"]
["AgenteBilingüeAgenteprofesionalCienciassociales,humanasyafinesFrontofficesinherramientaZona3HoraextradiurnaPlatino","IT-BPO-32-558","Agente Bilingüe","Agente profesional","Ciencias sociales, humanas y afines","Front office sin herramienta","Zona 3","Hora extra diurna","Platino","Hora",56821.79,57116.3,77945.39,47451.83,61432.11,80227.37,44954026.119999997,42217.83,null,null,"SMMLV"]
["AgenteBilingüeAgenteprofesionalIngeniería,arquitectura,urbanismoyafinesFrontofficesinherramientaZona3HoraextradiurnaPlatino","IT-BPO-32-559","Agente Bilingüe","Agente profesional","Ingeniería, arquitectura, urbanismo y afines","Front office sin herramienta","Zona 3","Hora extra diurna","Platino","Hora",56821.79,57116.3,77945.39,47451.83,61432.11,80227.37,44954026.119999997,42217.83,null,null,"SMMLV"]
["AgenteBilingüeAgenteprofesionalCienciasdelasaludyafinesFrontofficesinherramientaZona3HoraextradiurnaPlatino","IT-BPO-32-562","Agente Bilingüe","Agente profesional","Ciencias de la salud y afines","Front office sin herramienta","Zona 3","Hora extra diurna","Platino","Hora",56821.79,73436.179999999993,96426.8,75161.899999999994,85858.93,102355.13,9315008.3100000005,53688.07,null,null,"SMMLV"]
["AgenteBilingüeAgenteprofesionalAgronomía,veterinariayafinesFrontofficesinherramientaZona3HoraextradiurnaPlatino","IT-BPO-32-563","Agente Bilingüe","Agente profesional","Agronomía, veterinaria y afines","Front office sin herramienta","Zona 3","Hora extra diurna","Platino","Hora",56821.79,57116.3,77945.39,47451.83,61432.11,80227.37,9315008.3100000005,42217.83,null,null,"SMMLV"]
["AgenteBilingüeAgenteespecializadoCienciasdelasaludFrontofficesinherramientaZona3HoraextradiurnaPlatino","IT-BPO-32-566","Agente Bilingüe","Agente especializado","Ciencias de la salud","Front office sin herramienta","Zona 3","Hora extra diurna","Platino","Hora",72330.77,89754.96,114908.21,91928.54,109205.52,124482.89,9315008.3100000005,53688.07,null,null,"SMMLV"]
["AgenteBilingüeAgenteespecializadoCienciassocialesyhumanasFrontofficesinherramientaZona3HoraextradiurnaPlatino","IT-BPO-32-567","Agente Bilingüe","Agente especializado","Ciencias sociales y humanas","Front office sin herramienta","Zona 3","Hora extra diurna","Platino","Hora",72330.77,73436.179999999993,96426.8,60438.53,77171.34,102355.13,9492575.8800000008,53688.07,null,null,"SMMLV"]
["AgenteBilingüeAgenteespecializadoIngeniería,arquitectura,urbanismoyafinesFrontofficesinherramientaZona3HoraextradiurnaPlatino","IT-BPO-32-569","Agente Bilingüe","Agente especializado","Ingeniería, arquitectura, urbanismo y afines","Front office sin herramienta","Zona 3","Hora extra diurna","Platino","Hora",72330.77,73436.179999999993,96426.8,60438.53,77171.34,102355.13,9492575.8800000008,53688.07,null,null,"SMMLV"]
["AgenteBilingüeAgenteespecializadoBellasartesFrontofficesinherramientaZona3HoraextradiurnaPlatino","IT-BPO-32-570","Agente Bilingüe","Agente especializado","Bellas artes","Front office sin herramienta","Zona 3","Hora extra diurna","Platino","Hora",72330.77,73436.179999999993,96426.8,60438.53,77171.34,102355.13,9492575.8800000008,53688.07,null,null,"SMMLV"]
["AgenteBilingüeAgenteprofesionalEconomía,administración,contaduríayafinesEnSitioTodaslaszonasHoraextranocturna Platino","IT-BPO-32-573","Agente Bilingüe","Agente profesional","Economía, administración, contaduría y afines","En Sitio","Todas las zonas","Hora extra nocturna ","Platino","Hora",86975.83,79963.47,115512.65,65902.58,67116,114268.73,9315008.3100000005,59104.92,null,null,"SMMLV"]
["AgenteBilingüeAgenteprofesionalCienciassociales,humanasyafinesEnSitioTodaslaszonasHoraextranocturna Platino","IT-BPO-32-574","Agente Bilingüe","Agente profesional","Ciencias sociales, humanas y afines","En Sitio","Todas las zonas","Hora extra nocturna ","Platino","Hora",86975.83,79963.47,115512.65,65902.58,67116,114268.73,9315008.3100000005,59104.92,null,null,"SMMLV"]
["AgenteBilingüeAgenteprofesionalMatemáticas,cienciasnaturalesyafinesEnSitioTodaslaszonasHoraextranocturna Platino","IT-BPO-32-577","Agente Bilingüe","Agente profesional","Matemáticas, ciencias naturales y afines","En Sitio","Todas las zonas","Hora extra nocturna ","Platino","Hora",86975.83,79963.47,115512.65,65902.58,67116,114268.73,9315008.3100000005,59104.92,null,null,"SMMLV"]
["AgenteBilingüeAgenteprofesionalCienciasdelasaludyafinesEnSitioTodaslaszonasHoraextranocturna Platino","IT-BPO-32-578","Agente Bilingüe","Agente profesional","Ciencias de la salud y afines","En Sitio","Todas las zonas","Hora extra nocturna ","Platino","Hora",86975.83,102810.65,142902.98000000001,96673.17,86292,145007.57,9315008.3100000005,75163.320000000007,null,null,"SMMLV"]
["AgenteBilingüeAgenteprofesionalCienciasdelaeducaciónyafinesEnSitioTodaslaszonasHoraextranocturna Platino","IT-BPO-32-580","Agente Bilingüe","Agente profesional","Ciencias de la educación y afines","En Sitio","Todas las zonas","Hora extra nocturna ","Platino","Hora",86975.83,79963.47,115512.65,65902.58,67116,114268.73,60418.02,59104.92,null,null,"SMMLV"]
["AgenteBilingüeAgenteespecializadoAgronomía,veterinariayafinesEnSitioTodaslaszonasHoraextranocturna Platino","IT-BPO-32-581","Agente Bilingüe","Agente especializado","Agronomía, veterinaria y afines","En Sitio","Todas las zonas","Hora extra nocturna ","Platino","Hora",108688.4,102810.65,142902.98000000001,84083.96,86292,145007.57,60418.02,75163.320000000007,null,null,"SMMLV"]
[{"$f":"SUBSTITUTE(C4034&D4034&E4034&F4034&G4034&H4034&I4034,\" \",\"\")","v":"AgenteBilingüeAgenteespecializadoEconomía,administración,contaduríayafinesEnSitioTodaslaszonasHoraextranocturna Platino"},"IT-BPO-32-584","Agente Bilingüe","Agente especializado","Economía, administración, contaduría y afines","En Sitio","Todas las zonas","Hora extra nocturna ","Platino","Hora",108688.4,102810.65,142902.98000000001,84083.96,86292,145007.57,60418.02,75163.320000000007,null,null,"SMMLV"]
["AgenteBilingüeAgenteespecializadoIngeniería,arquitectura,urbanismoyafinesEnSitioTodaslaszonasHoraextranocturna Platino","IT-BPO-32-585","Agente Bilingüe","Agente especializado","Ingeniería, arquitectura, urbanismo y afines","En Sitio","Todas las zonas","Hora extra nocturna ","Platino","Hora",108688.4,102810.65,142902.98000000001,84083.96,86292,145007.57,61569.74,75163.320000000007,null,null,"SMMLV"]
["AgenteBilingüeAgenteespecializadoCienciasdelaeducaciónEnSitioTodaslaszonasHoraextranocturna Platino","IT-BPO-32-588","Agente Bilingüe","Agente especializado","Ciencias de la educación","En Sitio","Todas las zonas","Hora extra nocturna ","Platino","Hora",108688.4,102810.65,142902.98000000001,84083.96,86292,145007.57,61569.74,75163.320000000007,null,null,"SMMLV"]
["AgenteBilingüeAgenteprofesionalEconomía,administración,contaduríayafinesTeletrabajoTodaslaszonasHoraextranocturna Platino","IT-BPO-32-589","Agente Bilingüe","Agente profesional","Economía, administración, contaduría y afines","Teletrabajo","Todas las zonas","Hora extra nocturna ","Platino","Hora",84751.29,79963.47,105329.15,65902.58,67116,114128.57,61569.74,59104.92,null,null,"SMMLV"]
["AgenteBilingüeAgenteprofesionalBellasartesyafinesTeletrabajoTodaslaszonasHoraextranocturna Platino","IT-BPO-32-592","Agente Bilingüe","Agente profesional","Bellas artes y afines","Teletrabajo","Todas las zonas","Hora extra nocturna ","Platino","Hora",84751.29,79963.47,105329.15,65902.58,67116,114128.57,60418.02,59104.92,null,null,"SMMLV"]
["AgenteBilingüeAgenteprofesionalMatemáticas,cienciasnaturalesyafinesTeletrabajoTodaslaszonasHoraextranocturna Platino","IT-BPO-32-593","Agente Bilingüe","Agente profesional","Matemáticas, ciencias naturales y afines","Teletrabajo","Todas las zonas","Hora extra nocturna ","Platino","Hora",84751.29,79963.47,105329.15,65902.58,67116,114128.57,60418.02,59104.92,null,null,"SMMLV"]
["AgenteBilingüeAgenteprofesionalAgronomía,veterinariayafinesTeletrabajoTodaslaszonasHoraextranocturna Platino","IT-BPO-32-595","Agente Bilingüe","Agente profesional","Agronomía, veterinaria y afines","Teletrabajo","Todas las zonas","Hora extra nocturna ","Platino","Hora",84751.29,79963.47,105329.15,65902.58,67116,114128.57,60418.02,59104.92,null,null,"SMMLV"]
["AgenteBilingüeAgenteprofesionalCienciasdelaeducaciónyafinesTeletrabajoTodaslaszonasHoraextranocturna Platino","IT-BPO-32-596","Agente Bilingüe","Agente profesional","Ciencias de la educación y afines","Teletrabajo","Todas las zonas","Hora extra nocturna ","Platino","Hora",84751.29,79963.47,105329.15,65902.58,67116,114128.57,60418.02,59104.92,null,null,"SMMLV"]
["AgenteBilingüeAgenteespecializadoCienciassocialesyhumanasTeletrabajoTodaslaszonasHoraextranocturna Platino","IT-BPO-32-599","Agente Bilingüe","Agente especializado","Ciencias sociales y humanas","Teletrabajo","Todas las zonas","Hora extra nocturna ","Platino","Hora",106465.47,102810.65,133663.37,84083.96,86292,142756.25,84585.22,75163.320000000007,null,null,"SMMLV"]
["AgenteBilingüeAgenteespecializadoEconomía,administración,contaduríayafinesTeletrabajoTodaslaszonasHoraextranocturna Platino","IT-BPO-32-600","Agente Bilingüe","Agente especializado","Economía, administración, contaduría y afines","Teletrabajo","Todas las zonas","Hora extra nocturna ","Platino","Hora",106465.47,102810.65,133663.37,84083.96,86292,142756.25,84585.22,75163.320000000007,null,null,"SMMLV"]
["AgenteBilingüeAgenteespecializadoMatemáticasycienciasnaturalesTeletrabajoTodaslaszonasHoraextranocturna Platino","IT-BPO-32-603","Agente Bilingüe","Agente especializado","Matemáticas y ciencias naturales","Teletrabajo","Todas las zonas","Hora extra nocturna ","Platino","Hora",106465.47,102810.65,133663.37,84083.96,86292,142756.25,86197.63,75163.320000000007,null,null,"SMMLV"]
["AgenteBilingüeAgenteespecializadoCienciasdelaeducaciónTeletrabajoTodaslaszonasHoraextranocturna Platino","IT-BPO-32-604","Agente Bilingüe","Agente especializado","Ciencias de la educación","Teletrabajo","Todas las zonas","Hora extra nocturna ","Platino","Hora",106465.47,102810.65,133663.37,84083.96,86292,142756.25,86197.63,75163.320000000007,null,null,"SMMLV"]
["AgenteBilingüeAgenteprofesionalCienciassociales,humanasyafinesEnlasinstalacionesdelaEntidadCompradoraZona1Horaextranocturna Platino","IT-BPO-32-606","Agente Bilingüe","Agente profesional","Ciencias sociales, humanas y afines","En las instalaciones de la Entidad Compradora ","Zona 1","Hora extra nocturna ","Platino","Hora",81601.210000000006,79963.47,115512.65,65902.58,81480.929999999993,112741.2,86197.63,59104.92,null,null,"SMMLV"]
["AgenteBilingüeAgenteprofesionalIngeniería,arquitectura,urbanismoyafinesEnlasinstalacionesdelaEntidadCompradoraZona1Horaextranocturna Platino","IT-BPO-32-607","Agente Bilingüe","Agente profesional","Ingeniería, arquitectura, urbanismo y afines","En las instalaciones de la Entidad Compradora ","Zona 1","Hora extra nocturna ","Platino","Hora",81601.210000000006,79963.47,115512.65,65902.58,81480.929999999993,112741.2,86197.63,59104.92,null,null,"SMMLV"]
["AgenteBilingüeAgenteprofesionalCienciasdelasaludyafinesEnlasinstalacionesdelaEntidadCompradoraZona1Horaextranocturna Platino","IT-BPO-32-610","Agente Bilingüe","Agente profesional","Ciencias de la salud y afines","En las instalaciones de la Entidad Compradora ","Zona 1","Hora extra nocturna ","Platino","Hora",81601.210000000006,102810.65,142902.98000000001,104727.99,107462.89,142994.96,84585.22,75163.320000000007,null,null,"SMMLV"]
["AgenteBilingüeAgenteprofesionalAgronomía,veterinariayafinesEnlasinstalacionesdelaEntidadCompradoraZona1Horaextranocturna Platino","IT-BPO-32-611","Agente Bilingüe","Agente profesional","Agronomía, veterinaria y afines","En las instalaciones de la Entidad Compradora ","Zona 1","Hora extra nocturna ","Platino","Hora",81601.210000000006,79963.47,115512.65,65902.58,81480.929999999993,112741.2,84585.22,59104.92,null,null,"SMMLV"]
["AgenteBilingüeAgenteespecializadoCienciasdelasaludEnlasinstalacionesdelaEntidadCompradoraZona1Horaextranocturna Platino","IT-BPO-32-614","Agente Bilingüe","Agente especializado","Ciencias de la salud","En las instalaciones de la Entidad Compradora ","Zona 1","Hora extra nocturna ","Platino","Hora",103315.39,125656.73,170293.31,128240.93,132424.23000000001,173248.71,84585.22,75163.320000000007,null,null,"SMMLV"]
["AgenteBilingüeAgenteespecializadoCienciassocialesyhumanasEnlasinstalacionesdelaEntidadCompradoraZona1Horaextranocturna Platino","IT-BPO-32-615","Agente Bilingüe","Agente especializado","Ciencias sociales y humanas","En las instalaciones de la Entidad Compradora ","Zona 1","Hora extra nocturna ","Platino","Hora",103315.39,102810.65,142902.98000000001,84083.96,103932,142994.96,96668.83,75163.320000000007,null,null,"SMMLV"]
["AgenteBilingüeAgenteespecializadoIngeniería,arquitectura,urbanismoyafinesEnlasinstalacionesdelaEntidadCompradoraZona1Horaextranocturna Platino","IT-BPO-32-617","Agente Bilingüe","Agente especializado","Ingeniería, arquitectura, urbanismo y afines","En las instalaciones de la Entidad Compradora ","Zona 1","Hora extra nocturna ","Platino","Hora",103315.39,102810.65,142902.98000000001,84083.96,103932,142994.96,96668.83,75163.320000000007,null,null,"SMMLV"]
["AgenteBilingüeAgenteespecializadoBellasartesEnlasinstalacionesdelaEntidadCompradoraZona1Horaextranocturna Platino","IT-BPO-32-618","Agente Bilingüe","Agente especializado","Bellas artes","En las instalaciones de la Entidad Compradora ","Zona 1","Hora extra nocturna ","Platino","Hora",103315.39,102810.65,142902.98000000001,84083.96,103932,142994.96,96668.83,75163.320000000007,null,null,"SMMLV"]
["AgenteBilingüeAgenteprofesionalEconomía,administración,contaduríayafinesEnlasinstalacionesdelaEntidadCompradoraZona2Horaextranocturna Platino","IT-BPO-32-621","Agente Bilingüe","Agente profesional","Economía, administración, contaduría y afines","En las instalaciones de la Entidad Compradora ","Zona 2","Hora extra nocturna ","Platino","Hora",81601.210000000006,79963.47,117246.03,65902.58,82791.45,112830.99,98511.58,59104.92,null,null,"SMMLV"]
["AgenteBilingüeAgenteprofesionalCienciassociales,humanasyafinesEnlasinstalacionesdelaEntidadCompradoraZona2Horaextranocturna Platino","IT-BPO-32-622","Agente Bilingüe","Agente profesional","Ciencias sociales, humanas y afines","En las instalaciones de la Entidad Compradora ","Zona 2","Hora extra nocturna ","Platino","Hora",81601.210000000006,79963.47,117246.03,65902.58,82791.45,112830.99,98511.58,59104.92,null,null,"SMMLV"]
["AgenteBilingüeAgenteprofesionalMatemáticas,cienciasnaturalesyafinesEnlasinstalacionesdelaEntidadCompradoraZona2Horaextranocturna Platino","IT-BPO-32-625","Agente Bilingüe","Agente profesional","Matemáticas, ciencias naturales y afines","En las instalaciones de la Entidad Compradora ","Zona 2","Hora extra nocturna ","Platino","Hora",81601.210000000006,79963.47,117246.03,65902.58,82791.45,112830.99,98511.58,59104.92,null,null,"SMMLV"]
["AgenteBilingüeAgenteprofesionalCienciasdelasaludyafinesEnlasinstalacionesdelaEntidadCompradoraZona2Horaextranocturna Platino","IT-BPO-32-626","Agente Bilingüe","Agente profesional","Ciencias de la salud y afines","En las instalaciones de la Entidad Compradora ","Zona 2","Hora extra nocturna ","Platino","Hora",81601.210000000006,102810.65,145045.89000000001,104727.99,118302.66,143084.75,98511.58,75163.320000000007,null,null,"SMMLV"]
["AgenteBilingüeAgenteespecializadoAgronomía,veterinariayafinesEnlasinstalacionesdelaEntidadCompradoraZona2Horaextranocturna Platino","IT-BPO-32-629","Agente Bilingüe","Agente especializado","Agronomía, veterinaria y afines","En las instalaciones de la Entidad Compradora ","Zona 2","Hora extra nocturna ","Platino","Hora",103315.39,102810.65,145045.89000000001,84083.96,105607,143084.75,96668.83,75163.320000000007,null,null,"SMMLV"]
["AgenteBilingüeAgenteespecializadoCienciasdelasaludEnlasinstalacionesdelaEntidadCompradoraZona2Horaextranocturna Platino","IT-BPO-32-630","Agente Bilingüe","Agente especializado","Ciencias de la salud","En las instalaciones de la Entidad Compradora ","Zona 2","Hora extra nocturna ","Platino","Hora",103315.39,125656.73,172846.85,128240.93,145084.89000000001,173338.5,96668.83,75163.320000000007,null,null,"SMMLV"]
["AgenteBilingüeAgenteespecializadoEconomía,administración,contaduríayafinesEnlasinstalacionesdelaEntidadCompradoraZona2Horaextranocturna Platino","IT-BPO-32-632","Agente Bilingüe","Agente especializado","Economía, administración, contaduría y afines","En las instalaciones de la Entidad Compradora ","Zona 2","Hora extra nocturna ","Platino","Hora",103315.39,102810.65,145045.89000000001,84083.96,105607,143084.75,96668.83,75163.320000000007,null,null,"SMMLV"]
["AgenteBilingüeAgenteespecializadoIngeniería,arquitectura,urbanismoyafinesEnlasinstalacionesdelaEntidadCompradoraZona2Horaextranocturna Platino","IT-BPO-32-633","Agente Bilingüe","Agente especializado","Ingeniería, arquitectura, urbanismo y afines","En las instalaciones de la Entidad Compradora ","Zona 2","Hora extra nocturna ","Platino","Hora",103315.39,102810.65,145045.89000000001,84083.96,105607,143084.75,44954026.119999997,75163.320000000007,null,null,"SMMLV"]
["AgenteBilingüeAgenteespecializadoCienciasdelaeducaciónEnlasinstalacionesdelaEntidadCompradoraZona2Horaextranocturna Platino","IT-BPO-32-636","Agente Bilingüe","Agente especializado","Ciencias de la educación","En las instalaciones de la Entidad Compradora ","Zona 2","Hora extra nocturna ","Platino","Hora",103315.39,102810.65,145045.89000000001,84083.96,105607,143084.75,44954026.119999997,75163.320000000007,null,null,"SMMLV"]
["AgenteBilingüeAgenteprofesionalEconomía,administración,contaduríayafinesEnlasinstalacionesdelaEntidadCompradoraZona3Horaextranocturna Platino","IT-BPO-32-637","Agente Bilingüe","Agente profesional","Economía, administración, contaduría y afines","En las instalaciones de la Entidad Compradora ","Zona 3","Hora extra nocturna ","Platino","Hora",81601.210000000006,79963.47,118417.68,65902.58,83148,113055.47,44954026.119999997,59104.92,null,null,"SMMLV"]
["AgenteBilingüeAgenteprofesionalBellasartesyafinesEnlasinstalacionesdelaEntidadCompradoraZona3Horaextranocturna Platino","IT-BPO-32-640","Agente Bilingüe","Agente profesional","Bellas artes y afines","En las instalaciones de la Entidad Compradora ","Zona 3","Hora extra nocturna ","Platino","Hora",81601.210000000006,79963.47,118417.68,65902.58,83148,113055.47,45810963.32,59104.92,null,null,"SMMLV"]
["AgenteBilingüeAgenteprofesionalMatemáticas,cienciasnaturalesyafinesEnlasinstalacionesdelaEntidadCompradoraZona3Horaextranocturna Platino","IT-BPO-32-641","Agente Bilingüe","Agente profesional","Matemáticas, ciencias naturales y afines","En las instalaciones de la Entidad Compradora ","Zona 3","Hora extra nocturna ","Platino","Hora",81601.210000000006,79963.47,118417.68,65902.58,83148,113055.47,45810963.32,59104.92,null,null,"SMMLV"]
["AgenteBilingüeAgenteprofesionalAgronomía,veterinariayafinesEnlasinstalacionesdelaEntidadCompradoraZona3Horaextranocturna Platino","IT-BPO-32-643","Agente Bilingüe","Agente profesional","Agronomía, veterinaria y afines","En las instalaciones de la Entidad Compradora ","Zona 3","Hora extra nocturna ","Platino","Hora",81601.210000000006,79963.47,118417.68,65902.58,83148,113055.47,45810963.32,59104.92,null,null,"SMMLV"]
["AgenteBilingüeAgenteprofesionalCienciasdelaeducaciónyafinesEnlasinstalacionesdelaEntidadCompradoraZona3Horaextranocturna Platino","IT-BPO-32-644","Agente Bilingüe","Agente profesional","Ciencias de la educación y afines","En las instalaciones de la Entidad Compradora ","Zona 3","Hora extra nocturna ","Platino","Hora",81601.210000000006,79963.47,118417.68,65902.58,83148,113055.47,45810963.32,59104.92,null,null,"SMMLV"]
["AgenteBilingüeAgenteespecializadoCienciassocialesyhumanasEnlasinstalacionesdelaEntidadCompradoraZona3Horaextranocturna Platino","IT-BPO-32-647","Agente Bilingüe","Agente especializado","Ciencias sociales y humanas","En las instalaciones de la Entidad Compradora ","Zona 3","Hora extra nocturna ","Platino","Hora",103315.39,102810.65,146496.76999999999,84083.96,106057.89,143309.22,44954026.119999997,75163.320000000007,null,null,"SMMLV"]
[{"$f":"SUBSTITUTE(C4098&D4098&E4098&F4098&G4098&H4098&I4098,\" \",\"\")","v":"AgenteBilingüeAgenteespecializadoEconomía,administración,contaduríayafinesEnlasinstalacionesdelaEntidadCompradoraZona3Horaextranocturna Platino"},"IT-BPO-32-648","Agente Bilingüe","Agente especializado","Economía, administración, contaduría y afines","En las instalaciones de la Entidad Compradora ","Zona 3","Hora extra nocturna ","Platino","Hora",103315.39,102810.65,146496.76999999999,84083.96,106057.89,143309.22,44954026.119999997,75163.320000000007,null,null,"SMMLV"]
["AgenteBilingüeAgenteespecializadoMatemáticasycienciasnaturalesEnlasinstalacionesdelaEntidadCompradoraZona3Horaextranocturna Platino","IT-BPO-32-651","Agente Bilingüe","Agente especializado","Matemáticas y ciencias naturales","En las instalaciones de la Entidad Compradora ","Zona 3","Hora extra nocturna ","Platino","Hora",103315.39,102810.65,146496.76999999999,84083.96,106057.89,143309.22,9315008.3100000005,75163.320000000007,null,null,"SMMLV"]
["AgenteBilingüeAgenteespecializadoCienciasdelaeducaciónEnlasinstalacionesdelaEntidadCompradoraZona3Horaextranocturna Platino","IT-BPO-32-652","Agente Bilingüe","Agente especializado","Ciencias de la educación","En las instalaciones de la Entidad Compradora ","Zona 3","Hora extra nocturna ","Platino","Hora",103315.39,102810.65,146496.76999999999,84083.96,106057.89,143309.22,9315008.3100000005,75163.320000000007,null,null,"SMMLV"]
["AgenteBilingüeAgenteprofesionalCienciassociales,humanasyafinesFrontofficeconherramientaZona1Horaextranocturna Platino","IT-BPO-32-654","Agente Bilingüe","Agente profesional","Ciencias sociales, humanas y afines","Front office con herramienta","Zona 1","Hora extra nocturna ","Platino","Hora",81601.210000000006,79963.47,112048.07,65902.58,82157.83,116199.21,9315008.3100000005,59104.92,null,null,"SMMLV"]
["AgenteBilingüeAgenteprofesionalIngeniería,arquitectura,urbanismoyafinesFrontofficeconherramientaZona1Horaextranocturna Platino","IT-BPO-32-655","Agente Bilingüe","Agente profesional","Ingeniería, arquitectura, urbanismo y afines","Front office con herramienta","Zona 1","Hora extra nocturna ","Platino","Hora",81601.210000000006,79963.47,112048.07,65902.58,82157.83,116199.21,9315008.3100000005,59104.92,null,null,"SMMLV"]
["AgenteBilingüeAgenteprofesionalCienciasdelasaludyafinesFrontofficeconherramientaZona1Horaextranocturna Platino","IT-BPO-32-658","Agente Bilingüe","Agente profesional","Ciencias de la salud y afines","Front office con herramienta","Zona 1","Hora extra nocturna ","Platino","Hora",81601.210000000006,102810.65,138616.04999999999,96673.17,103147.76,147177.85999999999,9492575.8800000008,75163.320000000007,null,null,"SMMLV"]
["AgenteBilingüeAgenteprofesionalAgronomía,veterinariayafinesFrontofficeconherramientaZona1Horaextranocturna Platino","IT-BPO-32-659","Agente Bilingüe","Agente profesional","Agronomía, veterinaria y afines","Front office con herramienta","Zona 1","Hora extra nocturna ","Platino","Hora",81601.210000000006,79963.47,112048.07,65902.58,82157.83,116199.21,9492575.8800000008,59104.92,null,null,"SMMLV"]
["AgenteBilingüeAgenteespecializadoCienciasdelasaludFrontofficeconherramientaZona1Horaextranocturna Platino","IT-BPO-32-662","Agente Bilingüe","Agente especializado","Ciencias de la salud","Front office con herramienta","Zona 1","Hora extra nocturna ","Platino","Hora",103315.39,125656.73,165184.04,128240.93,133240.89000000001,178157.6,9492575.8800000008,75163.320000000007,null,null,"SMMLV"]
["AgenteBilingüeAgenteespecializadoCienciassocialesyhumanasFrontofficeconherramientaZona1Horaextranocturna Platino","IT-BPO-32-663","Agente Bilingüe","Agente especializado","Ciencias sociales y humanas","Front office con herramienta","Zona 1","Hora extra nocturna ","Platino","Hora",103315.39,102810.65,138616.04999999999,84083.96,104611.64,147177.85999999999,9315008.3100000005,75163.320000000007,null,null,"SMMLV"]
["AgenteBilingüeAgenteespecializadoIngeniería,arquitectura,urbanismoyafinesFrontofficeconherramientaZona1Horaextranocturna Platino","IT-BPO-32-665","Agente Bilingüe","Agente especializado","Ingeniería, arquitectura, urbanismo y afines","Front office con herramienta","Zona 1","Hora extra nocturna ","Platino","Hora",103315.39,102810.65,138616.04999999999,84083.96,104611.64,147177.85999999999,9315008.3100000005,75163.320000000007,null,null,"SMMLV"]
["AgenteBilingüeAgenteespecializadoBellasartesFrontofficeconherramientaZona1Horaextranocturna Platino","IT-BPO-32-666","Agente Bilingüe","Agente especializado","Bellas artes","Front office con herramienta","Zona 1","Hora extra nocturna ","Platino","Hora",103315.39,102810.65,138616.04999999999,84083.96,104611.64,147177.85999999999,9315008.3100000005,75163.320000000007,null,null,"SMMLV"]
["AgenteBilingüeAgenteprofesionalEconomía,administración,contaduríayafinesFrontofficeconherramientaZona2Horaextranocturna Platino","IT-BPO-32-669","Agente Bilingüe","Agente profesional","Economía, administración, contaduría y afines","Front office con herramienta","Zona 2","Hora extra nocturna ","Platino","Hora",81601.210000000006,79963.47,113728.89,65902.58,83477.81,116290.1,60418.02,59104.92,null,null,"SMMLV"]
["AgenteBilingüeAgenteprofesionalCienciassociales,humanasyafinesFrontofficeconherramientaZona2Horaextranocturna Platino","IT-BPO-32-670","Agente Bilingüe","Agente profesional","Ciencias sociales, humanas y afines","Front office con herramienta","Zona 2","Hora extra nocturna ","Platino","Hora",81601.210000000006,79963.47,113728.89,65902.58,83477.81,116290.1,60418.02,59104.92,null,null,"SMMLV"]
["AgenteBilingüeAgenteprofesionalMatemáticas,cienciasnaturalesyafinesFrontofficeconherramientaZona2Horaextranocturna Platino","IT-BPO-32-673","Agente Bilingüe","Agente profesional","Matemáticas, ciencias naturales y afines","Front office con herramienta","Zona 2","Hora extra nocturna ","Platino","Hora",81601.210000000006,79963.47,113728.89,65902.58,83477.81,116290.1,60418.02,59104.92,null,null,"SMMLV"]
["AgenteBilingüeAgenteprofesionalCienciasdelasaludyafinesFrontofficeconherramientaZona2Horaextranocturna Platino","IT-BPO-32-674","Agente Bilingüe","Agente profesional","Ciencias de la salud y afines","Front office con herramienta","Zona 2","Hora extra nocturna ","Platino","Hora",81601.210000000006,102810.65,140695.46,96673.17,104864.71,147268.74,60418.02,75163.320000000007,null,null,"SMMLV"]
["AgenteBilingüeAgenteespecializadoAgronomía,veterinariayafinesFrontofficeconherramientaZona2Horaextranocturna Platino","IT-BPO-32-677","Agente Bilingüe","Agente especializado","Agronomía, veterinaria y afines","Front office con herramienta","Zona 2","Hora extra nocturna ","Platino","Hora",103315.39,102810.65,140695.46,84083.96,106296.11,147268.74,61569.74,75163.320000000007,null,null,"SMMLV"]
["AgenteBilingüeAgenteespecializadoCienciasdelasaludFrontofficeconherramientaZona2Horaextranocturna Platino","IT-BPO-32-678","Agente Bilingüe","Agente especializado","Ciencias de la salud","Front office con herramienta","Zona 2","Hora extra nocturna ","Platino","Hora",103315.39,125656.73,167662.01999999999,128240.93,145535.01999999999,178247.39,61569.74,75163.320000000007,null,null,"SMMLV"]
["AgenteBilingüeAgenteespecializadoEconomía,administración,contaduríayafinesFrontofficeconherramientaZona2Horaextranocturna Platino","IT-BPO-32-680","Agente Bilingüe","Agente especializado","Economía, administración, contaduría y afines","Front office con herramienta","Zona 2","Hora extra nocturna ","Platino","Hora",103315.39,102810.65,140695.46,84083.96,106296.11,147268.74,61569.74,75163.320000000007,null,null,"SMMLV"]
["AgenteBilingüeAgenteespecializadoIngeniería,arquitectura,urbanismoyafinesFrontofficeconherramientaZona2Horaextranocturna Platino","IT-BPO-32-681","Agente Bilingüe","Agente especializado","Ingeniería, arquitectura, urbanismo y afines","Front office con herramienta","Zona 2","Hora extra nocturna ","Platino","Hora",103315.39,102810.65,140695.46,84083.96,106296.11,147268.74,60418.02,75163.320000000007,null,null,"SMMLV"]
["AgenteBilingüeAgenteespecializadoCienciasdelaeducaciónFrontofficeconherramientaZona2Horaextranocturna Platino","IT-BPO-32-684","Agente Bilingüe","Agente especializado","Ciencias de la educación","Front office con herramienta","Zona 2","Hora extra nocturna ","Platino","Hora",103315.39,102810.65,140695.46,84083.96,106296.11,147268.74,60418.02,75163.320000000007,null,null,"SMMLV"]
["AgenteBilingüeAgenteprofesionalEconomía,administración,contaduríayafinesFrontofficeconherramientaZona3Horaextranocturna Platino","IT-BPO-32-685","Agente Bilingüe","Agente profesional","Economía, administración, contaduría y afines","Front office con herramienta","Zona 3","Hora extra nocturna ","Platino","Hora",81601.210000000006,79963.47,114866.6,65902.58,83840.149999999994,116514.57,60418.02,59104.92,null,null,"SMMLV"]
["AgenteBilingüeAgenteprofesionalBellasartesyafinesFrontofficeconherramientaZona3Horaextranocturna Platino","IT-BPO-32-688","Agente Bilingüe","Agente profesional","Bellas artes y afines","Front office con herramienta","Zona 3","Hora extra nocturna ","Platino","Hora",81601.210000000006,79963.47,114866.6,65902.58,83840.149999999994,116514.57,84585.22,59104.92,null,null,"SMMLV"]
["AgenteBilingüeAgenteprofesionalMatemáticas,cienciasnaturalesyafinesFrontofficeconherramientaZona3Horaextranocturna Platino","IT-BPO-32-689","Agente Bilingüe","Agente profesional","Matemáticas, ciencias naturales y afines","Front office con herramienta","Zona 3","Hora extra nocturna ","Platino","Hora",81601.210000000006,79963.47,114866.6,65902.58,83840.149999999994,116514.57,84585.22,59104.92,null,null,"SMMLV"]
["AgenteBilingüeAgenteprofesionalAgronomía,veterinariayafinesFrontofficeconherramientaZona3Horaextranocturna Platino","IT-BPO-32-691","Agente Bilingüe","Agente profesional","Agronomía, veterinaria y afines","Front office con herramienta","Zona 3","Hora extra nocturna ","Platino","Hora",81601.210000000006,79963.47,114866.6,65902.58,83840.149999999994,116514.57,84585.22,59104.92,null,null,"SMMLV"]
["AgenteBilingüeAgenteprofesionalCienciasdelaeducaciónyafinesFrontofficeconherramientaZona3Horaextranocturna Platino","IT-BPO-32-692","Agente Bilingüe","Agente profesional","Ciencias de la educación y afines","Front office con herramienta","Zona 3","Hora extra nocturna ","Platino","Hora",81601.210000000006,79963.47,114866.6,65902.58,83840.149999999994,116514.57,84585.22,59104.92,null,null,"SMMLV"]
["AgenteBilingüeAgenteespecializadoCienciassocialesyhumanasFrontofficeconherramientaZona3Horaextranocturna Platino","IT-BPO-32-695","Agente Bilingüe","Agente especializado","Ciencias sociales y humanas","Front office con herramienta","Zona 3","Hora extra nocturna ","Platino","Hora",103315.39,102810.65,142101.44,84083.96,106752.17,147493.22,86197.63,75163.320000000007,null,null,"SMMLV"]
["AgenteBilingüeAgenteespecializadoEconomía,administración,contaduríayafinesFrontofficeconherramientaZona3Horaextranocturna Platino","IT-BPO-32-696","Agente Bilingüe","Agente especializado","Economía, administración, contaduría y afines","Front office con herramienta","Zona 3","Hora extra nocturna ","Platino","Hora",103315.39,102810.65,142101.44,84083.96,106752.17,147493.22,86197.63,75163.320000000007,null,null,"SMMLV"]
["AgenteBilingüeAgenteespecializadoMatemáticasycienciasnaturalesFrontofficeconherramientaZona3Horaextranocturna Platino","IT-BPO-32-699","Agente Bilingüe","Agente especializado","Matemáticas y ciencias naturales","Front office con herramienta","Zona 3","Hora extra nocturna ","Platino","Hora",103315.39,102810.65,142101.44,84083.96,106752.17,147493.22,84585.22,75163.320000000007,null,null,"SMMLV"]
["AgenteBilingüeAgenteespecializadoCienciasdelaeducaciónFrontofficeconherramientaZona3Horaextranocturna Platino","IT-BPO-32-700","Agente Bilingüe","Agente especializado","Ciencias de la educación","Front office con herramienta","Zona 3","Hora extra nocturna ","Platino","Hora",103315.39,102810.65,142101.44,84083.96,106752.17,147493.22,84585.22,75163.320000000007,null,null,"SMMLV"]
["AgenteBilingüeAgenteprofesionalCienciassociales,humanasyafinesFrontofficesinherramientaZona1Horaextranocturna Platino","IT-BPO-32-702","Agente Bilingüe","Agente profesional","Ciencias sociales, humanas y afines","Front office sin herramienta","Zona 1","Hora extra nocturna ","Platino","Hora",79550.509999999995,79963.47,106444.95,65902.58,82585.490000000005,112318.53,84585.22,59104.92,null,null,"SMMLV"]
["AgenteBilingüeAgenteprofesionalIngeniería,arquitectura,urbanismoyafinesFrontofficesinherramientaZona1Horaextranocturna Platino","IT-BPO-32-703","Agente Bilingüe","Agente profesional","Ingeniería, arquitectura, urbanismo y afines","Front office sin herramienta","Zona 1","Hora extra nocturna ","Platino","Hora",79550.509999999995,79963.47,106444.95,65902.58,82585.490000000005,112318.53,84585.22,59104.92,null,null,"SMMLV"]
["AgenteBilingüeAgenteprofesionalCienciasdelasaludyafinesFrontofficesinherramientaZona1Horaextranocturna Platino","IT-BPO-32-706","Agente Bilingüe","Agente profesional","Ciencias de la salud y afines","Front office sin herramienta","Zona 1","Hora extra nocturna ","Platino","Hora",79550.509999999995,102810.65,131685.79999999999,104727.99,101561.45,143297.18,96668.83,75163.320000000007,null,null,"SMMLV"]
["AgenteBilingüeAgenteprofesionalAgronomía,veterinariayafinesFrontofficesinherramientaZona1Horaextranocturna Platino","IT-BPO-32-707","Agente Bilingüe","Agente profesional","Agronomía, veterinaria y afines","Front office sin herramienta","Zona 1","Hora extra nocturna ","Platino","Hora",79550.509999999995,79963.47,106444.95,65902.58,82585.490000000005,112318.53,96668.83,59104.92,null,null,"SMMLV"]
["AgenteBilingüeAgenteespecializadoCienciasdelasaludFrontofficesinherramientaZona1Horaextranocturna Platino","IT-BPO-32-710","Agente Bilingüe","Agente especializado","Ciencias de la salud","Front office sin herramienta","Zona 1","Hora extra nocturna ","Platino","Hora",101263.08,125656.73,156924.45000000001,128240.93,146212.71,174275.82,96668.83,75163.320000000007,null,null,"SMMLV"]
["AgenteBilingüeAgenteespecializadoCienciassocialesyhumanasFrontofficesinherramientaZona1Horaextranocturna Platino","IT-BPO-32-711","Agente Bilingüe","Agente especializado","Ciencias sociales y humanas","Front office sin herramienta","Zona 1","Hora extra nocturna ","Platino","Hora",101263.08,102810.65,131685.79999999999,84083.96,104012.68,143297.18,98511.58,75163.320000000007,null,null,"SMMLV"]
["AgenteBilingüeAgenteespecializadoBellasartesFrontofficesinherramientaZona1Horaextranocturna Platino","IT-BPO-32-714","Agente Bilingüe","Agente especializado","Bellas artes","Front office sin herramienta","Zona 1","Hora extra nocturna ","Platino","Hora",101263.08,102810.65,131685.79999999999,84083.96,104012.68,143297.18,98511.58,75163.320000000007,null,null,"SMMLV"]
["AgenteBilingüeAgenteespecializadoMatemáticasycienciasnaturalesFrontofficesinherramientaZona1Horaextranocturna Platino","IT-BPO-32-715","Agente Bilingüe","Agente especializado","Matemáticas y ciencias naturales","Front office sin herramienta","Zona 1","Hora extra nocturna ","Platino","Hora",101263.08,102810.65,131685.79999999999,84083.96,104012.68,143297.18,98511.58,75163.320000000007,null,null,"SMMLV"]
["AgenteBilingüeAgenteprofesionalEconomía,administración,contaduríayafinesFrontofficesinherramientaZona2Horaextranocturna Platino","IT-BPO-32-717","Agente Bilingüe","Agente profesional","Economía, administración, contaduría y afines","Front office sin herramienta","Zona 2","Hora extra nocturna ","Platino","Hora",79550.509999999995,79963.47,108041.46,65902.58,83980.57,112318.53,96668.83,59104.92,null,null,"SMMLV"]
["AgenteBilingüeAgenteprofesionalCienciassociales,humanasyafinesFrontofficesinherramientaZona2Horaextranocturna Platino","IT-BPO-32-718","Agente Bilingüe","Agente profesional","Ciencias sociales, humanas y afines","Front office sin herramienta","Zona 2","Hora extra nocturna ","Platino","Hora",79550.509999999995,79963.47,108041.46,65902.58,83980.57,112318.53,96668.83,59104.92,null,null,"SMMLV"]
["AgenteBilingüeAgenteprofesionalMatemáticas,cienciasnaturalesyafinesFrontofficesinherramientaZona2Horaextranocturna Platino","IT-BPO-32-721","Agente Bilingüe","Agente profesional","Matemáticas, ciencias naturales y afines","Front office sin herramienta","Zona 2","Hora extra nocturna ","Platino","Hora",79550.509999999995,79963.47,108041.46,65902.58,83980.57,112318.53,96668.83,59104.92,null,null,"SMMLV"]
["AgenteBilingüeAgenteprofesionalCienciasdelasaludyafinesFrontofficesinherramientaZona2Horaextranocturna Platino","IT-BPO-32-722","Agente Bilingüe","Agente profesional","Ciencias de la salud y afines","Front office sin herramienta","Zona 2","Hora extra nocturna ","Platino","Hora",79550.509999999995,102810.65,133660.07999999999,104727.99,108983.26,143297.18,96668.83,75163.320000000007,null,null,"SMMLV"]
["AgenteBilingüeAgenteespecializadoAgronomía,veterinariayafinesFrontofficesinherramientaZona2Horaextranocturna Platino","IT-BPO-32-725","Agente Bilingüe","Agente especializado","Agronomía, veterinaria y afines","Front office sin herramienta","Zona 2","Hora extra nocturna ","Platino","Hora",101263.08,102810.65,133660.07999999999,84083.96,105710.88,143297.18,44954026.119999997,75163.320000000007,null,null,"SMMLV"]
["AgenteBilingüeAgenteespecializadoCienciasdelasaludFrontofficesinherramientaZona2Horaextranocturna Platino","IT-BPO-32-726","Agente Bilingüe","Agente especializado","Ciencias de la salud","Front office sin herramienta","Zona 2","Hora extra nocturna ","Platino","Hora",101263.08,125656.73,159279.79999999999,128240.93,149236.70000000001,174275.82,44954026.119999997,75163.320000000007,null,null,"SMMLV"]
["AgenteBilingüeAgenteespecializadoEconomía,administración,contaduríayafinesFrontofficesinherramientaZona2Horaextranocturna Platino","IT-BPO-32-728","Agente Bilingüe","Agente especializado","Economía, administración, contaduría y afines","Front office sin herramienta","Zona 2","Hora extra nocturna ","Platino","Hora",101263.08,102810.65,133660.07999999999,84083.96,105710.88,143297.18,44954026.119999997,75163.320000000007,null,null,"SMMLV"]
["AgenteBilingüeAgenteespecializadoIngeniería,arquitectura,urbanismoyafinesFrontofficesinherramientaZona2Horaextranocturna Platino","IT-BPO-32-729","Agente Bilingüe","Agente especializado","Ingeniería, arquitectura, urbanismo y afines","Front office sin herramienta","Zona 2","Hora extra nocturna ","Platino","Hora",101263.08,102810.65,133660.07999999999,84083.96,105710.88,143297.18,45810963.32,75163.320000000007,null,null,"SMMLV"]
["AgenteBilingüeAgenteespecializadoCienciasdelaeducaciónFrontofficesinherramientaZona2Horaextranocturna Platino","IT-BPO-32-732","Agente Bilingüe","Agente especializado","Ciencias de la educación","Front office sin herramienta","Zona 2","Hora extra nocturna ","Platino","Hora",101263.08,102810.65,133660.07999999999,84083.96,105710.88,143297.18,45810963.32,75163.320000000007,null,null,"SMMLV"]
["AgenteBilingüeAgenteprofesionalEconomía,administración,contaduríayafinesFrontofficesinherramientaZona3Horaextranocturna Platino","IT-BPO-32-733","Agente Bilingüe","Agente profesional","Economía, administración, contaduría y afines","Front office sin herramienta","Zona 3","Hora extra nocturna ","Platino","Hora",79550.509999999995,79963.47,109122.23,65902.58,84369.48,112318.53,45810963.32,59104.92,null,null,"SMMLV"]
["AgenteBilingüeAgenteprofesionalBellasartesyafinesFrontofficesinherramientaZona3Horaextranocturna Platino","IT-BPO-32-736","Agente Bilingüe","Agente profesional","Bellas artes y afines","Front office sin herramienta","Zona 3","Hora extra nocturna ","Platino","Hora",79550.509999999995,79963.47,109122.23,65902.58,84369.48,112318.53,44954026.119999997,59104.92,null,null,"SMMLV"]
["AgenteBilingüeAgenteprofesionalMatemáticas,cienciasnaturalesyafinesFrontofficesinherramientaZona3Horaextranocturna Platino","IT-BPO-32-737","Agente Bilingüe","Agente profesional","Matemáticas, ciencias naturales y afines","Front office sin herramienta","Zona 3","Hora extra nocturna ","Platino","Hora",79550.509999999995,79963.47,109122.23,65902.58,84369.48,112318.53,44954026.119999997,59104.92,null,null,"SMMLV"]
["AgenteBilingüeAgenteprofesionalAgronomía,veterinariayafinesFrontofficesinherramientaZona3Horaextranocturna Platino","IT-BPO-32-739","Agente Bilingüe","Agente profesional","Agronomía, veterinaria y afines","Front office sin herramienta","Zona 3","Hora extra nocturna ","Platino","Hora",79550.509999999995,79963.47,109122.23,65902.58,84369.48,112318.53,44954026.119999997,59104.92,null,null,"SMMLV"]
["AgenteBilingüeAgenteprofesionalCienciasdelaeducaciónyafinesFrontofficesinherramientaZona3Horaextranocturna Platino","IT-BPO-32-740","Agente Bilingüe","Agente profesional","Ciencias de la educación y afines","Front office sin herramienta","Zona 3","Hora extra nocturna ","Platino","Hora",79550.509999999995,79963.47,109122.23,65902.58,84369.48,112318.53,44954026.119999997,59104.92,null,null,"SMMLV"]
["AgenteBilingüeAgenteespecializadoCienciassocialesyhumanasFrontofficesinherramientaZona3Horaextranocturna Platino","IT-BPO-32-743","Agente Bilingüe","Agente especializado","Ciencias sociales y humanas","Front office sin herramienta","Zona 3","Hora extra nocturna ","Platino","Hora",101263.08,102810.65,134997.07999999999,84083.96,106151.7,143297.18,9315008.3100000005,75163.320000000007,null,null,"SMMLV"]
["AgenteBilingüeAgenteespecializadoEconomía,administración,contaduríayafinesFrontofficesinherramientaZona3Horaextranocturna Platino","IT-BPO-32-744","Agente Bilingüe","Agente especializado","Economía, administración, contaduría y afines","Front office sin herramienta","Zona 3","Hora extra nocturna ","Platino","Hora",101263.08,102810.65,134997.07999999999,84083.96,106151.7,143297.18,9315008.3100000005,75163.320000000007,null,null,"SMMLV"]
["AgenteBilingüeAgenteespecializadoMatemáticasycienciasnaturalesFrontofficesinherramientaZona3Horaextranocturna Platino","IT-BPO-32-747","Agente Bilingüe","Agente especializado","Matemáticas y ciencias naturales","Front office sin herramienta","Zona 3","Hora extra nocturna ","Platino","Hora",101263.08,102810.65,134997.07999999999,84083.96,106151.7,143297.18,9492575.8800000008,75163.320000000007,null,null,"SMMLV"]
["AgenteBilingüeAgenteespecializadoCienciasdelaeducaciónFrontofficesinherramientaZona3Horaextranocturna Platino","IT-BPO-32-748","Agente Bilingüe","Agente especializado","Ciencias de la educación","Front office sin herramienta","Zona 3","Hora extra nocturna ","Platino","Hora",101263.08,102810.65,134997.07999999999,84083.96,106151.7,143297.18,9492575.8800000008,75163.320000000007,null,null,"SMMLV"]
["AgenteBilingüeAgenteprofesionalCienciassociales,humanasyafinesEnSitioTodaslaszonasHoraextradominicalyfestivoPlatino","IT-BPO-32-750","Agente Bilingüe","Agente profesional","Ciencias sociales, humanas y afines","En Sitio","Todas las zonas","Hora extra dominical y festivo","Platino","Hora",99400.95,114233.69,132014.29999999999,75127.95,105468,163241.51,9492575.8800000008,67548.47,null,null,"SMMLV"]
["AgenteBilingüeAgenteprofesionalIngeniería,arquitectura,urbanismoyafinesEnSitioTodaslaszonasHoraextradominicalyfestivoPlatino","IT-BPO-32-751","Agente Bilingüe","Agente profesional","Ingeniería, arquitectura, urbanismo y afines","En Sitio","Todas las zonas","Hora extra dominical y festivo","Platino","Hora",99400.95,114233.69,132014.29999999999,75127.95,105468,163241.51,9492575.8800000008,67548.47,null,null,"SMMLV"]
["AgenteBilingüeAgenteprofesionalCienciasdelasaludyafinesEnSitioTodaslaszonasHoraextradominicalyfestivoPlatino","IT-BPO-32-754","Agente Bilingüe","Agente profesional","Ciencias de la salud y afines","En Sitio","Todas las zonas","Hora extra dominical y festivo","Platino","Hora",99400.95,146872.35,163318.16,110319.06,135601.72,207154.29,9315008.3100000005,85901,null,null,"SMMLV"]
["AgenteBilingüeAgenteprofesionalAgronomía,veterinariayafinesEnSitioTodaslaszonasHoraextradominicalyfestivoPlatino","IT-BPO-32-755","Agente Bilingüe","Agente profesional","Agronomía, veterinaria y afines","En Sitio","Todas las zonas","Hora extra dominical y festivo","Platino","Hora",99400.95,114233.69,132014.29999999999,75127.95,105468,163241.51,9315008.3100000005,67548.47,null,null,"SMMLV"]
["AgenteBilingüeAgenteespecializadoCienciasdelasaludEnSitioTodaslaszonasHoraextradominicalyfestivoPlatino","IT-BPO-32-758","Agente Bilingüe","Agente especializado","Ciencias de la salud","En Sitio","Todas las zonas","Hora extra dominical y festivo","Platino","Hora",124215.31,179509.92,194620.92,146396.03,165735.43,251067.08,9315008.3100000005,85901,null,null,"SMMLV"]
["AgenteBilingüeAgenteespecializadoCienciassocialesyhumanasEnSitioTodaslaszonasHoraextradominicalyfestivoPlatino","IT-BPO-32-759","Agente Bilingüe","Agente especializado","Ciencias sociales y humanas","En Sitio","Todas las zonas","Hora extra dominical y festivo","Platino","Hora",124215.31,146872.35,163318.16,95906.67,135601.72,207154.29,60418.02,85901,null,null,"SMMLV"]
["AgenteBilingüeAgenteespecializadoBellasartesEnSitioTodaslaszonasHoraextradominicalyfestivoPlatino","IT-BPO-32-762","Agente Bilingüe","Agente especializado","Bellas artes","En Sitio","Todas las zonas","Hora extra dominical y festivo","Platino","Hora",124215.31,146872.35,163318.16,95906.67,135601.72,207154.29,60418.02,85901,null,null,"SMMLV"]
["AgenteBilingüeAgenteespecializadoMatemáticasycienciasnaturalesEnSitioTodaslaszonasHoraextradominicalyfestivoPlatino","IT-BPO-32-763","Agente Bilingüe","Agente especializado","Matemáticas y ciencias naturales","En Sitio","Todas las zonas","Hora extra dominical y festivo","Platino","Hora",124215.31,146872.35,163318.16,95906.67,135601.72,207154.29,60418.02,85901,null,null,"SMMLV"]
["AgenteBilingüeAgenteprofesionalEconomía,administración,contaduríayafinesTeletrabajoTodaslaszonasHoraextradominicalyfestivoPlatino","IT-BPO-32-765","Agente Bilingüe","Agente profesional","Economía, administración, contaduría y afines","Teletrabajo","Todas las zonas","Hora extra dominical y festivo","Platino","Hora",96858.62,114233.69,120375.54,75127.95,105468,163040.03,61569.74,67548.47,null,null,"SMMLV"]
["AgenteBilingüeAgenteprofesionalCienciassociales,humanasyafinesTeletrabajoTodaslaszonasHoraextradominicalyfestivoPlatino","IT-BPO-32-766","Agente Bilingüe","Agente profesional","Ciencias sociales, humanas y afines","Teletrabajo","Todas las zonas","Hora extra dominical y festivo","Platino","Hora",96858.62,114233.69,120375.54,75127.95,105468,163040.03,61569.74,67548.47,null,null,"SMMLV"]
["AgenteBilingüeAgenteprofesionalMatemáticas,cienciasnaturalesyafinesTeletrabajoTodaslaszonasHoraextradominicalyfestivoPlatino","IT-BPO-32-769","Agente Bilingüe","Agente profesional","Matemáticas, ciencias naturales y afines","Teletrabajo","Todas las zonas","Hora extra dominical y festivo","Platino","Hora",96858.62,114233.69,120375.54,75127.95,105468,163040.03,61569.74,67548.47,null,null,"SMMLV"]
["AgenteBilingüeAgenteprofesionalCienciasdelasaludyafinesTeletrabajoTodaslaszonasHoraextradominicalyfestivoPlatino","IT-BPO-32-770","Agente Bilingüe","Agente profesional","Ciencias de la salud y afines","Teletrabajo","Todas las zonas","Hora extra dominical y festivo","Platino","Hora",96858.62,146872.35,152757.98000000001,127073.66,135601.72,203938.28,61569.74,85901,null,null,"SMMLV"]
["AgenteBilingüeAgenteespecializadoAgronomía,veterinariayafinesTeletrabajoTodaslaszonasHoraextradominicalyfestivoPlatino","IT-BPO-32-773","Agente Bilingüe","Agente especializado","Agronomía, veterinaria y afines","Teletrabajo","Todas las zonas","Hora extra dominical y festivo","Platino","Hora",121674.82,146872.35,152757.98000000001,95906.67,135601.72,203938.28,60418.02,85901,null,null,"SMMLV"]
["AgenteBilingüeAgenteespecializadoCienciasdelasaludTeletrabajoTodaslaszonasHoraextradominicalyfestivoPlatino","IT-BPO-32-774","Agente Bilingüe","Agente especializado","Ciencias de la salud","Teletrabajo","Todas las zonas","Hora extra dominical y festivo","Platino","Hora",121674.82,179509.92,185140.41,168630,165735.43,244835.43,60418.02,85901,null,null,"SMMLV"]
[{"$f":"SUBSTITUTE(C4226&D4226&E4226&F4226&G4226&H4226&I4226,\" \",\"\")","v":"AgenteBilingüeAgenteespecializadoEconomía,administración,contaduríayafinesTeletrabajoTodaslaszonasHoraextradominicalyfestivoPlatino"},"IT-BPO-32-776","Agente Bilingüe","Agente especializado","Economía, administración, contaduría y afines","Teletrabajo","Todas las zonas","Hora extra dominical y festivo","Platino","Hora",121674.82,146872.35,152757.98000000001,95906.67,135601.72,203938.28,60418.02,85901,null,null,"SMMLV"]
["AgenteBilingüeAgenteespecializadoIngeniería,arquitectura,urbanismoyafinesTeletrabajoTodaslaszonasHoraextradominicalyfestivoPlatino","IT-BPO-32-777","Agente Bilingüe","Agente especializado","Ingeniería, arquitectura, urbanismo y afines","Teletrabajo","Todas las zonas","Hora extra dominical y festivo","Platino","Hora",121674.82,146872.35,152757.98000000001,95906.67,135601.72,203938.28,84585.22,85901,null,null,"SMMLV"]
["AgenteBilingüeAgenteespecializadoCienciasdelaeducaciónTeletrabajoTodaslaszonasHoraextradominicalyfestivoPlatino","IT-BPO-32-780","Agente Bilingüe","Agente especializado","Ciencias de la educación","Teletrabajo","Todas las zonas","Hora extra dominical y festivo","Platino","Hora",121674.82,146872.35,152757.98000000001,95906.67,135601.72,203938.28,84585.22,85901,null,null,"SMMLV"]
["AgenteBilingüeAgenteprofesionalEconomía,administración,contaduríayafinesEnlasinstalacionesdelaEntidadCompradoraZona1HoraextradominicalyfestivoPlatino","IT-BPO-32-781","Agente Bilingüe","Agente profesional","Economía, administración, contaduría y afines","En las instalaciones de la Entidad Compradora ","Zona 1","Hora extra dominical y festivo","Platino","Hora",93258.52,114233.69,132014.29999999999,75127.95,100885.35,161058.07999999999,84585.22,67548.47,null,null,"SMMLV"]
["AgenteBilingüeAgenteprofesionalBellasartesyafinesEnlasinstalacionesdelaEntidadCompradoraZona1HoraextradominicalyfestivoPlatino","IT-BPO-32-784","Agente Bilingüe","Agente profesional","Bellas artes y afines","En las instalaciones de la Entidad Compradora ","Zona 1","Hora extra dominical y festivo","Platino","Hora",93258.52,114233.69,132014.29999999999,75127.95,100885.35,161058.07999999999,86197.63,67548.47,null,null,"SMMLV"]
["AgenteBilingüeAgenteprofesionalMatemáticas,cienciasnaturalesyafinesEnlasinstalacionesdelaEntidadCompradoraZona1HoraextradominicalyfestivoPlatino","IT-BPO-32-785","Agente Bilingüe","Agente profesional","Matemáticas, ciencias naturales y afines","En las instalaciones de la Entidad Compradora ","Zona 1","Hora extra dominical y festivo","Platino","Hora",93258.52,114233.69,132014.29999999999,75127.95,100885.35,161058.07999999999,86197.63,67548.47,null,null,"SMMLV"]
["AgenteBilingüeAgenteprofesionalAgronomía,veterinariayafinesEnlasinstalacionesdelaEntidadCompradoraZona1HoraextradominicalyfestivoPlatino","IT-BPO-32-787","Agente Bilingüe","Agente profesional","Agronomía, veterinaria y afines","En las instalaciones de la Entidad Compradora ","Zona 1","Hora extra dominical y festivo","Platino","Hora",93258.52,114233.69,132014.29999999999,75127.95,100885.35,161058.07999999999,86197.63,67548.47,null,null,"SMMLV"]
["AgenteBilingüeAgenteprofesionalCienciasdelaeducaciónyafinesEnlasinstalacionesdelaEntidadCompradoraZona1HoraextradominicalyfestivoPlatino","IT-BPO-32-788","Agente Bilingüe","Agente profesional","Ciencias de la educación y afines","En las instalaciones de la Entidad Compradora ","Zona 1","Hora extra dominical y festivo","Platino","Hora",93258.52,114233.69,132014.29999999999,75127.95,100885.35,161058.07999999999,86197.63,67548.47,null,null,"SMMLV"]
["AgenteBilingüeAgenteespecializadoCienciassocialesyhumanasEnlasinstalacionesdelaEntidadCompradoraZona1HoraextradominicalyfestivoPlatino","IT-BPO-32-791","Agente Bilingüe","Agente especializado","Ciencias sociales y humanas","En las instalaciones de la Entidad Compradora ","Zona 1","Hora extra dominical y festivo","Platino","Hora",118074.73,146872.35,163318.16,95906.67,128845.88,204277.73,84585.22,85901,null,null,"SMMLV"]
["AgenteBilingüeAgenteespecializadoEconomía,administración,contaduríayafinesEnlasinstalacionesdelaEntidadCompradoraZona1HoraextradominicalyfestivoPlatino","IT-BPO-32-792","Agente Bilingüe","Agente especializado","Economía, administración, contaduría y afines","En las instalaciones de la Entidad Compradora ","Zona 1","Hora extra dominical y festivo","Platino","Hora",118074.73,146872.35,163318.16,95906.67,128845.88,204277.73,84585.22,85901,null,null,"SMMLV"]
["AgenteBilingüeAgenteespecializadoMatemáticasycienciasnaturalesEnlasinstalacionesdelaEntidadCompradoraZona1HoraextradominicalyfestivoPlatino","IT-BPO-32-795","Agente Bilingüe","Agente especializado","Matemáticas y ciencias naturales","En las instalaciones de la Entidad Compradora ","Zona 1","Hora extra dominical y festivo","Platino","Hora",118074.73,146872.35,163318.16,95906.67,128845.88,204277.73,96668.83,85901,null,null,"SMMLV"]
["AgenteBilingüeAgenteespecializadoCienciasdelaeducaciónEnlasinstalacionesdelaEntidadCompradoraZona1HoraextradominicalyfestivoPlatino","IT-BPO-32-796","Agente Bilingüe","Agente especializado","Ciencias de la educación","En las instalaciones de la Entidad Compradora ","Zona 1","Hora extra dominical y festivo","Platino","Hora",118074.73,146872.35,163318.16,95906.67,128845.88,204277.73,96668.83,85901,null,null,"SMMLV"]
["AgenteBilingüeAgenteprofesionalIngeniería,arquitectura,urbanismoyafinesEnlasinstalacionesdelaEntidadCompradoraZona2HoraextradominicalyfestivoPlatino","IT-BPO-32-799","Agente Bilingüe","Agente profesional","Ingeniería, arquitectura, urbanismo y afines","En las instalaciones de la Entidad Compradora ","Zona 2","Hora extra dominical y festivo","Platino","Hora",93258.52,114233.69,133995.15,75127.95,102644.05,161187.29,96668.83,67548.47,null,null,"SMMLV"]
["AgenteBilingüeAgenteprofesionalBellasartesyafinesEnlasinstalacionesdelaEntidadCompradoraZona2HoraextradominicalyfestivoPlatino","IT-BPO-32-800","Agente Bilingüe","Agente profesional","Bellas artes y afines","En las instalaciones de la Entidad Compradora ","Zona 2","Hora extra dominical y festivo","Platino","Hora",93258.52,114233.69,133995.15,75127.95,102644.05,161187.29,96668.83,67548.47,null,null,"SMMLV"]
["AgenteBilingüeAgenteprofesionalCienciasdelasaludyafinesEnlasinstalacionesdelaEntidadCompradoraZona2HoraextradominicalyfestivoPlatino","IT-BPO-32-802","Agente Bilingüe","Agente profesional","Ciencias de la salud y afines","En las instalaciones de la Entidad Compradora ","Zona 2","Hora extra dominical y festivo","Platino","Hora",93258.52,146872.35,165767.67000000001,119511.59,126300.38,204406.94,98511.58,85901,null,null,"SMMLV"]
["AgenteBilingüeAgenteprofesionalAgronomía,veterinariayafinesEnlasinstalacionesdelaEntidadCompradoraZona2HoraextradominicalyfestivoPlatino","IT-BPO-32-803","Agente Bilingüe","Agente profesional","Agronomía, veterinaria y afines","En las instalaciones de la Entidad Compradora ","Zona 2","Hora extra dominical y festivo","Platino","Hora",93258.52,114233.69,133995.15,75127.95,102644.05,161187.29,98511.58,67548.47,null,null,"SMMLV"]
["AgenteBilingüeAgenteespecializadoCienciasdelasaludEnlasinstalacionesdelaEntidadCompradoraZona2HoraextradominicalyfestivoPlatino","IT-BPO-32-806","Agente Bilingüe","Agente especializado","Ciencias de la salud","En las instalaciones de la Entidad Compradora ","Zona 2","Hora extra dominical y festivo","Platino","Hora",118074.73,179509.92,197540.19,146396.03,156101.37,247626.59,98511.58,85901,null,null,"SMMLV"]
["AgenteBilingüeAgenteespecializadoCienciassocialesyhumanasEnlasinstalacionesdelaEntidadCompradoraZona2HoraextradominicalyfestivoPlatino","IT-BPO-32-807","Agente Bilingüe","Agente especializado","Ciencias sociales y humanas","En las instalaciones de la Entidad Compradora ","Zona 2","Hora extra dominical y festivo","Platino","Hora",118074.73,146872.35,165767.67000000001,95906.67,131097.29,204406.94,96668.83,85901,null,null,"SMMLV"]
["AgenteBilingüeAgenteespecializadoBellasartesEnlasinstalacionesdelaEntidadCompradoraZona2HoraextradominicalyfestivoPlatino","IT-BPO-32-810","Agente Bilingüe","Agente especializado","Bellas artes","En las instalaciones de la Entidad Compradora ","Zona 2","Hora extra dominical y festivo","Platino","Hora",118074.73,146872.35,165767.67000000001,95906.67,131097.29,204406.94,96668.83,85901,null,null,"SMMLV"]
["AgenteBilingüeAgenteespecializadoMatemáticasycienciasnaturalesEnlasinstalacionesdelaEntidadCompradoraZona2HoraextradominicalyfestivoPlatino","IT-BPO-32-811","Agente Bilingüe","Agente especializado","Matemáticas y ciencias naturales","En las instalaciones de la Entidad Compradora ","Zona 2","Hora extra dominical y festivo","Platino","Hora",118074.73,146872.35,165767.67000000001,95906.67,131097.29,204406.94,96668.83,85901,null,null,"SMMLV"]
["AgenteBilingüeAgenteprofesionalEconomía,administración,contaduríayafinesEnlasinstalacionesdelaEntidadCompradoraZona3HoraextradominicalyfestivoPlatino","IT-BPO-32-813","Agente Bilingüe","Agente profesional","Economía, administración, contaduría y afines","En las instalaciones de la Entidad Compradora ","Zona 3","Hora extra dominical y festivo","Platino","Hora",93258.52,114233.69,135335.43,75127.95,103130.53,161508.12,44954026.119999997,67548.47,null,null,"SMMLV"]
["AgenteBilingüeAgenteprofesionalCienciassociales,humanasyafinesEnlasinstalacionesdelaEntidadCompradoraZona3HoraextradominicalyfestivoPlatino","IT-BPO-32-814","Agente Bilingüe","Agente profesional","Ciencias sociales, humanas y afines","En las instalaciones de la Entidad Compradora ","Zona 3","Hora extra dominical y festivo","Platino","Hora",93258.52,114233.69,135335.43,75127.95,103130.53,161508.12,44954026.119999997,67548.47,null,null,"SMMLV"]
["AgenteBilingüeAgenteprofesionalMatemáticas,cienciasnaturalesyafinesEnlasinstalacionesdelaEntidadCompradoraZona3HoraextradominicalyfestivoPlatino","IT-BPO-32-817","Agente Bilingüe","Agente profesional","Matemáticas, ciencias naturales y afines","En las instalaciones de la Entidad Compradora ","Zona 3","Hora extra dominical y festivo","Platino","Hora",93258.52,114233.69,135335.43,75127.95,103130.53,161508.12,44954026.119999997,67548.47,null,null,"SMMLV"]
["AgenteBilingüeAgenteprofesionalCienciasdelasaludyafinesEnlasinstalacionesdelaEntidadCompradoraZona3HoraextradominicalyfestivoPlatino","IT-BPO-32-818","Agente Bilingüe","Agente profesional","Ciencias de la salud y afines","En las instalaciones de la Entidad Compradora ","Zona 3","Hora extra dominical y festivo","Platino","Hora",93258.52,146872.35,167425.5,119511.59,126963.42,204727.77,44954026.119999997,85901,null,null,"SMMLV"]
["AgenteBilingüeAgenteespecializadoAgronomía,veterinariayafinesEnlasinstalacionesdelaEntidadCompradoraZona3HoraextradominicalyfestivoPlatino","IT-BPO-32-821","Agente Bilingüe","Agente especializado","Agronomía, veterinaria y afines","En las instalaciones de la Entidad Compradora ","Zona 3","Hora extra dominical y festivo","Platino","Hora",118074.73,146872.35,167425.5,95906.67,131711.98000000001,204727.77,45810963.32,85901,null,null,"SMMLV"]
["AgenteBilingüeAgenteespecializadoCienciasdelasaludEnlasinstalacionesdelaEntidadCompradoraZona3HoraextradominicalyfestivoPlatino","IT-BPO-32-822","Agente Bilingüe","Agente especializado","Ciencias de la salud","En las instalaciones de la Entidad Compradora ","Zona 3","Hora extra dominical y festivo","Platino","Hora",118074.73,179509.92,199515.57,146396.03,156831.09,247947.42,45810963.32,85901,null,null,"SMMLV"]
["AgenteBilingüeAgenteespecializadoEconomía,administración,contaduríayafinesEnlasinstalacionesdelaEntidadCompradoraZona3HoraextradominicalyfestivoPlatino","IT-BPO-32-824","Agente Bilingüe","Agente especializado","Economía, administración, contaduría y afines","En las instalaciones de la Entidad Compradora ","Zona 3","Hora extra dominical y festivo","Platino","Hora",118074.73,146872.35,167425.5,95906.67,131711.98000000001,204727.77,45810963.32,85901,null,null,"SMMLV"]
["AgenteBilingüeAgenteespecializadoIngeniería,arquitectura,urbanismoyafinesEnlasinstalacionesdelaEntidadCompradoraZona3HoraextradominicalyfestivoPlatino","IT-BPO-32-825","Agente Bilingüe","Agente especializado","Ingeniería, arquitectura, urbanismo y afines","En las instalaciones de la Entidad Compradora ","Zona 3","Hora extra dominical y festivo","Platino","Hora",118074.73,146872.35,167425.5,95906.67,131711.98000000001,204727.77,44954026.119999997,85901,null,null,"SMMLV"]
["AgenteBilingüeAgenteespecializadoCienciasdelaeducaciónEnlasinstalacionesdelaEntidadCompradoraZona3HoraextradominicalyfestivoPlatino","IT-BPO-32-828","Agente Bilingüe","Agente especializado","Ciencias de la educación","En las instalaciones de la Entidad Compradora ","Zona 3","Hora extra dominical y festivo","Platino","Hora",118074.73,146872.35,167425.5,95906.67,131711.98000000001,204727.77,44954026.119999997,85901,null,null,"SMMLV"]
["AgenteBilingüeAgenteprofesionalEconomía,administración,contaduríayafinesFrontofficeconherramientaZona1HoraextradominicalyfestivoPlatino","IT-BPO-32-829","Agente Bilingüe","Agente profesional","Economía, administración, contaduría y afines","Front office con herramienta","Zona 1","Hora extra dominical y festivo","Platino","Hora",93258.52,114233.69,128054.78,75127.95,101754.02,165999.81,44954026.119999997,67548.47,null,null,"SMMLV"]
["AgenteBilingüeAgenteprofesionalBellasartesyafinesFrontofficeconherramientaZona1HoraextradominicalyfestivoPlatino","IT-BPO-32-832","Agente Bilingüe","Agente profesional","Bellas artes y afines","Front office con herramienta","Zona 1","Hora extra dominical y festivo","Platino","Hora",93258.52,114233.69,128054.78,75127.95,101754.02,165999.81,11976439.25,67548.47,null,null,"SMMLV"]
["AgenteBilingüeAgenteprofesionalMatemáticas,cienciasnaturalesyafinesFrontofficeconherramientaZona1HoraextradominicalyfestivoPlatino","IT-BPO-32-833","Agente Bilingüe","Agente profesional","Matemáticas, ciencias naturales y afines","Front office con herramienta","Zona 1","Hora extra dominical y festivo","Platino","Hora",93258.52,114233.69,128054.78,75127.95,101754.02,165999.81,11976439.25,67548.47,null,null,"SMMLV"]
["AgenteBilingüeAgenteprofesionalAgronomía,veterinariayafinesFrontofficeconherramientaZona1HoraextradominicalyfestivoPlatino","IT-BPO-32-835","Agente Bilingüe","Agente profesional","Agronomía, veterinaria y afines","Front office con herramienta","Zona 1","Hora extra dominical y festivo","Platino","Hora",93258.52,114233.69,128054.78,75127.95,101754.02,165999.81,11976439.25,67548.47,null,null,"SMMLV"]
["AgenteBilingüeAgenteprofesionalCienciasdelaeducaciónyafinesFrontofficeconherramientaZona1HoraextradominicalyfestivoPlatino","IT-BPO-32-836","Agente Bilingüe","Agente profesional","Ciencias de la educación y afines","Front office con herramienta","Zona 1","Hora extra dominical y festivo","Platino","Hora",93258.52,114233.69,128054.78,75127.95,101754.02,165999.81,11976439.25,67548.47,null,null,"SMMLV"]
["AgenteBilingüeAgenteespecializadoCienciassocialesyhumanasFrontofficeconherramientaZona1HoraextradominicalyfestivoPlatino","IT-BPO-32-839","Agente Bilingüe","Agente especializado","Ciencias sociales y humanas","Front office con herramienta","Zona 1","Hora extra dominical y festivo","Platino","Hora",118074.73,146872.35,158418.03,95906.67,129717.85,210254.24,12154006.82,85901,null,null,"SMMLV"]
[{"$f":"SUBSTITUTE(C4290&D4290&E4290&F4290&G4290&H4290&I4290,\" \",\"\")","v":"AgenteBilingüeAgenteespecializadoEconomía,administración,contaduríayafinesFrontofficeconherramientaZona1HoraextradominicalyfestivoPlatino"},"IT-BPO-32-840","Agente Bilingüe","Agente especializado","Economía, administración, contaduría y afines","Front office con herramienta","Zona 1","Hora extra dominical y festivo","Platino","Hora",118074.73,146872.35,158418.03,95906.67,129717.85,210254.24,12154006.82,85901,null,null,"SMMLV"]
["AgenteBilingüeAgenteespecializadoMatemáticasycienciasnaturalesFrontofficeconherramientaZona1HoraextradominicalyfestivoPlatino","IT-BPO-32-843","Agente Bilingüe","Agente especializado","Matemáticas y ciencias naturales","Front office con herramienta","Zona 1","Hora extra dominical y festivo","Platino","Hora",118074.73,146872.35,158418.03,95906.67,129717.85,210254.24,11976439.25,85901,null,null,"SMMLV"]
["AgenteBilingüeAgenteespecializadoCienciasdelaeducaciónFrontofficeconherramientaZona1HoraextradominicalyfestivoPlatino","IT-BPO-32-844","Agente Bilingüe","Agente especializado","Ciencias de la educación","Front office con herramienta","Zona 1","Hora extra dominical y festivo","Platino","Hora",118074.73,146872.35,158418.03,95906.67,129717.85,210254.24,11976439.25,85901,null,null,"SMMLV"]
["AgenteBilingüeAgenteprofesionalIngeniería,arquitectura,urbanismoyafinesFrontofficeconherramientaZona2HoraextradominicalyfestivoPlatino","IT-BPO-32-847","Agente Bilingüe","Agente profesional","Ingeniería, arquitectura, urbanismo y afines","Front office con herramienta","Zona 2","Hora extra dominical y festivo","Platino","Hora",93258.52,114233.69,129975.41,75127.95,103526.29,166127.93,11976439.25,67548.47,null,null,"SMMLV"]
["AgenteBilingüeAgenteprofesionalBellasartesyafinesFrontofficeconherramientaZona2HoraextradominicalyfestivoPlatino","IT-BPO-32-848","Agente Bilingüe","Agente profesional","Bellas artes y afines","Front office con herramienta","Zona 2","Hora extra dominical y festivo","Platino","Hora",93258.52,114233.69,129975.41,75127.95,103526.29,166127.93,11976439.25,67548.47,null,null,"SMMLV"]
["AgenteBilingüeAgenteprofesionalCienciasdelasaludyafinesFrontofficeconherramientaZona2HoraextradominicalyfestivoPlatino","IT-BPO-32-850","Agente Bilingüe","Agente profesional","Ciencias de la salud y afines","Front office con herramienta","Zona 2","Hora extra dominical y festivo","Platino","Hora",93258.52,146872.35,160794.18,110319.06,118879.46,210383.45,77680.31,85901,null,null,"SMMLV"]
["AgenteBilingüeAgenteprofesionalAgronomía,veterinariayafinesFrontofficeconherramientaZona2HoraextradominicalyfestivoPlatino","IT-BPO-32-851","Agente Bilingüe","Agente profesional","Agronomía, veterinaria y afines","Front office con herramienta","Zona 2","Hora extra dominical y festivo","Platino","Hora",93258.52,114233.69,129975.41,75127.95,103526.29,166127.93,77680.31,67548.47,null,null,"SMMLV"]
["AgenteBilingüeAgenteespecializadoCienciasdelasaludFrontofficeconherramientaZona2HoraextradominicalyfestivoPlatino","IT-BPO-32-854","Agente Bilingüe","Agente especializado","Ciencias de la salud","Front office con herramienta","Zona 2","Hora extra dominical y festivo","Platino","Hora",118074.73,179509.92,191612.96,146396.03,156520.45000000001,254637.87,77680.31,85901,null,null,"SMMLV"]
["AgenteBilingüeAgenteespecializadoCienciassocialesyhumanasFrontofficeconherramientaZona2HoraextradominicalyfestivoPlatino","IT-BPO-32-855","Agente Bilingüe","Agente especializado","Ciencias sociales y humanas","Front office con herramienta","Zona 2","Hora extra dominical y festivo","Platino","Hora",118074.73,146872.35,160794.18,95906.67,131982.82,210383.45,78832.03,85901,null,null,"SMMLV"]
["AgenteBilingüeAgenteespecializadoBellasartesFrontofficeconherramientaZona2HoraextradominicalyfestivoPlatino","IT-BPO-32-858","Agente Bilingüe","Agente especializado","Bellas artes","Front office con herramienta","Zona 2","Hora extra dominical y festivo","Platino","Hora",118074.73,146872.35,160794.18,95906.67,131982.82,210383.45,78832.03,85901,null,null,"SMMLV"]
["AgenteBilingüeAgenteespecializadoMatemáticasycienciasnaturalesFrontofficeconherramientaZona2HoraextradominicalyfestivoPlatino","IT-BPO-32-859","Agente Bilingüe","Agente especializado","Matemáticas y ciencias naturales","Front office con herramienta","Zona 2","Hora extra dominical y festivo","Platino","Hora",118074.73,146872.35,160794.18,95906.67,131982.82,210383.45,78832.03,85901,null,null,"SMMLV"]
["AgenteBilingüeAgenteprofesionalEconomía,administración,contaduríayafinesFrontofficeconherramientaZona3HoraextradominicalyfestivoPlatino","IT-BPO-32-861","Agente Bilingüe","Agente profesional","Economía, administración, contaduría y afines","Front office con herramienta","Zona 3","Hora extra dominical y festivo","Platino","Hora",93258.52,114233.69,131275.17000000001,75127.95,104019.72,166448.76,77680.31,67548.47,null,null,"SMMLV"]
["AgenteBilingüeAgenteprofesionalCienciassociales,humanasyafinesFrontofficeconherramientaZona3HoraextradominicalyfestivoPlatino","IT-BPO-32-862","Agente Bilingüe","Agente profesional","Ciencias sociales, humanas y afines","Front office con herramienta","Zona 3","Hora extra dominical y festivo","Platino","Hora",93258.52,114233.69,131275.17000000001,75127.95,104019.72,166448.76,77680.31,67548.47,null,null,"SMMLV"]
["AgenteBilingüeAgenteprofesionalMatemáticas,cienciasnaturalesyafinesFrontofficeconherramientaZona3HoraextradominicalyfestivoPlatino","IT-BPO-32-865","Agente Bilingüe","Agente profesional","Matemáticas, ciencias naturales y afines","Front office con herramienta","Zona 3","Hora extra dominical y festivo","Platino","Hora",93258.52,114233.69,131275.17000000001,75127.95,104019.72,166448.76,77680.31,67548.47,null,null,"SMMLV"]
["AgenteBilingüeAgenteprofesionalCienciasdelasaludyafinesFrontofficeconherramientaZona3HoraextradominicalyfestivoPlatino","IT-BPO-32-866","Agente Bilingüe","Agente profesional","Ciencias de la salud y afines","Front office con herramienta","Zona 3","Hora extra dominical y festivo","Platino","Hora",93258.52,146872.35,162402.74,110319.06,119386.51,210704.28,77680.31,85901,null,null,"SMMLV"]
["AgenteBilingüeAgenteespecializadoAgronomía,veterinariayafinesFrontofficeconherramientaZona3HoraextradominicalyfestivoPlatino","IT-BPO-32-869","Agente Bilingüe","Agente especializado","Agronomía, veterinaria y afines","Front office con herramienta","Zona 3","Hora extra dominical y festivo","Platino","Hora",118074.73,146872.35,162402.74,95906.67,132605.20000000001,210704.28,108752.43,85901,null,null,"SMMLV"]
["AgenteBilingüeAgenteespecializadoCienciasdelasaludFrontofficeconherramientaZona3HoraextradominicalyfestivoPlatino","IT-BPO-32-870","Agente Bilingüe","Agente especializado","Ciencias de la salud","Front office con herramienta","Zona 3","Hora extra dominical y festivo","Platino","Hora",118074.73,179509.92,193529.21,146396.03,157257.48000000001,254959.8,108752.43,85901,null,null,"SMMLV"]
["AgenteBilingüeAgenteespecializadoEconomía,administración,contaduríayafinesFrontofficeconherramientaZona3HoraextradominicalyfestivoPlatino","IT-BPO-32-872","Agente Bilingüe","Agente especializado","Economía, administración, contaduría y afines","Front office con herramienta","Zona 3","Hora extra dominical y festivo","Platino","Hora",118074.73,146872.35,162402.74,95906.67,132605.20000000001,210704.28,108752.43,85901,null,null,"SMMLV"]
["AgenteBilingüeAgenteespecializadoIngeniería,arquitectura,urbanismoyafinesFrontofficeconherramientaZona3HoraextradominicalyfestivoPlatino","IT-BPO-32-873","Agente Bilingüe","Agente especializado","Ingeniería, arquitectura, urbanismo y afines","Front office con herramienta","Zona 3","Hora extra dominical y festivo","Platino","Hora",118074.73,146872.35,162402.74,95906.67,132605.20000000001,210704.28,110364.84,85901,null,null,"SMMLV"]
["AgenteBilingüeAgenteespecializadoCienciasdelaeducaciónFrontofficeconherramientaZona3HoraextradominicalyfestivoPlatino","IT-BPO-32-876","Agente Bilingüe","Agente especializado","Ciencias de la educación","Front office con herramienta","Zona 3","Hora extra dominical y festivo","Platino","Hora",118074.73,146872.35,162402.74,95906.67,132605.20000000001,210704.28,110364.84,85901,null,null,"SMMLV"]
["AgenteBilingüeAgenteprofesionalEconomía,administración,contaduríayafinesFrontofficesinherramientaZona1HoraextradominicalyfestivoPlatino","IT-BPO-32-877","Agente Bilingüe","Agente profesional","Economía, administración, contaduría y afines","Front office sin herramienta","Zona 1","Hora extra dominical y festivo","Platino","Hora",90914.87,114233.69,121651.22,75127.95,102903.88,160454.73000000001,110364.84,67548.47,null,null,"SMMLV"]
["AgenteBilingüeAgenteprofesionalBellasartesyafinesFrontofficesinherramientaZona1HoraextradominicalyfestivoPlatino","IT-BPO-32-880","Agente Bilingüe","Agente profesional","Bellas artes y afines","Front office sin herramienta","Zona 1","Hora extra dominical y festivo","Platino","Hora",90914.87,114233.69,121651.22,75127.95,102903.88,160454.73000000001,108752.43,67548.47,null,null,"SMMLV"]
["AgenteBilingüeAgenteprofesionalMatemáticas,cienciasnaturalesyafinesFrontofficesinherramientaZona1HoraextradominicalyfestivoPlatino","IT-BPO-32-881","Agente Bilingüe","Agente profesional","Matemáticas, ciencias naturales y afines","Front office sin herramienta","Zona 1","Hora extra dominical y festivo","Platino","Hora",90914.87,114233.69,121651.22,75127.95,102903.88,160454.73000000001,108752.43,67548.47,null,null,"SMMLV"]
["AgenteBilingüeAgenteprofesionalCienciasdelaeducaciónyafinesFrontofficesinherramientaZona1HoraextradominicalyfestivoPlatino","IT-BPO-32-884","Agente Bilingüe","Agente profesional","Ciencias de la educación y afines","Front office sin herramienta","Zona 1","Hora extra dominical y festivo","Platino","Hora",90914.87,114233.69,121651.22,75127.95,102903.88,160454.73000000001,108752.43,67548.47,null,null,"SMMLV"]
["AgenteBilingüeAgenteespecializadoAgronomía,veterinariayafinesFrontofficesinherramientaZona1HoraextradominicalyfestivoPlatino","IT-BPO-32-885","Agente Bilingüe","Agente especializado","Agronomía, veterinaria y afines","Front office sin herramienta","Zona 1","Hora extra dominical y festivo","Platino","Hora",115729.24,146872.35,150497.9,95906.67,129104.62,204710.25,124288.49,85901,null,null,"SMMLV"]
["AgenteBilingüeAgenteespecializadoCienciassocialesyhumanasFrontofficesinherramientaZona1HoraextradominicalyfestivoPlatino","IT-BPO-32-887","Agente Bilingüe","Agente especializado","Ciencias sociales y humanas","Front office sin herramienta","Zona 1","Hora extra dominical y festivo","Platino","Hora",115729.24,146872.35,150497.9,95906.67,129104.62,204710.25,124288.49,85901,null,null,"SMMLV"]
["AgenteBilingüeAgenteespecializadoEconomía,administración,contaduríayafinesFrontofficesinherramientaZona1HoraextradominicalyfestivoPlatino","IT-BPO-32-888","Agente Bilingüe","Agente especializado","Economía, administración, contaduría y afines","Front office sin herramienta","Zona 1","Hora extra dominical y festivo","Platino","Hora",115729.24,146872.35,150497.9,95906.67,129104.62,204710.25,124288.49,85901,null,null,"SMMLV"]
["AgenteBilingüeAgenteespecializadoMatemáticasycienciasnaturalesFrontofficesinherramientaZona1HoraextradominicalyfestivoPlatino","IT-BPO-32-891","Agente Bilingüe","Agente especializado","Matemáticas y ciencias naturales","Front office sin herramienta","Zona 1","Hora extra dominical y festivo","Platino","Hora",115729.24,146872.35,150497.9,95906.67,129104.62,204710.25,126131.25,85901,null,null,"SMMLV"]
["AgenteBilingüeAgenteespecializadoCienciasdelaeducaciónFrontofficesinherramientaZona1HoraextradominicalyfestivoPlatino","IT-BPO-32-892","Agente Bilingüe","Agente especializado","Ciencias de la educación","Front office sin herramienta","Zona 1","Hora extra dominical y festivo","Platino","Hora",115729.24,146872.35,150497.9,95906.67,129104.62,204710.25,126131.25,85901,null,null,"SMMLV"]
["AgenteBilingüeAgenteprofesionalIngeniería,arquitectura,urbanismoyafinesFrontofficesinherramientaZona2HoraextradominicalyfestivoPlatino","IT-BPO-32-895","Agente Bilingüe","Agente profesional","Ingeniería, arquitectura, urbanismo y afines","Front office sin herramienta","Zona 2","Hora extra dominical y festivo","Platino","Hora",90914.87,114233.69,123476.58,75127.95,104809.86,160454.73000000001,126131.25,67548.47,null,null,"SMMLV"]
["AgenteBilingüeAgenteprofesionalBellasartesyafinesFrontofficesinherramientaZona2HoraextradominicalyfestivoPlatino","IT-BPO-32-896","Agente Bilingüe","Agente profesional","Bellas artes y afines","Front office sin herramienta","Zona 2","Hora extra dominical y festivo","Platino","Hora",90914.87,114233.69,123476.58,75127.95,104809.86,160454.73000000001,126131.25,67548.47,null,null,"SMMLV"]
["AgenteBilingüeAgenteprofesionalCienciasdelasaludyafinesFrontofficesinherramientaZona2HoraextradominicalyfestivoPlatino","IT-BPO-32-898","Agente Bilingüe","Agente profesional","Ciencias de la salud y afines","Front office sin herramienta","Zona 2","Hora extra dominical y festivo","Platino","Hora",90914.87,146872.35,152754.69,119511.59,127536.35,204710.25,124288.49,85901,null,null,"SMMLV"]
["AgenteBilingüeAgenteprofesionalAgronomía,veterinariayafinesFrontofficesinherramientaZona2HoraextradominicalyfestivoPlatino","IT-BPO-32-899","Agente Bilingüe","Agente profesional","Agronomía, veterinaria y afines","Front office sin herramienta","Zona 2","Hora extra dominical y festivo","Platino","Hora",90914.87,114233.69,123476.58,75127.95,104809.86,160454.73000000001,124288.49,67548.47,null,null,"SMMLV"]
["AgenteBilingüeAgenteespecializadoCienciasdelasaludFrontofficesinherramientaZona2HoraextradominicalyfestivoPlatino","IT-BPO-32-902","Agente Bilingüe","Agente especializado","Ciencias de la salud","Front office sin herramienta","Zona 2","Hora extra dominical y festivo","Platino","Hora",115729.24,179509.92,182032.8,146396.03,160068.64000000001,248965.77,124288.49,85901,null,null,"SMMLV"]
["AgenteBilingüeAgenteespecializadoCienciassocialesyhumanasFrontofficesinherramientaZona2HoraextradominicalyfestivoPlatino","IT-BPO-32-903","Agente Bilingüe","Agente especializado","Ciencias sociales y humanas","Front office sin herramienta","Zona 2","Hora extra dominical y festivo","Platino","Hora",115729.24,146872.35,152754.69,95906.67,131398.15,204710.25,57798033.590000004,85901,null,null,"SMMLV"]
["AgenteBilingüeAgenteespecializadoBellasartesFrontofficesinherramientaZona2HoraextradominicalyfestivoPlatino","IT-BPO-32-906","Agente Bilingüe","Agente especializado","Bellas artes","Front office sin herramienta","Zona 2","Hora extra dominical y festivo","Platino","Hora",115729.24,146872.35,152754.69,95906.67,131398.15,204710.25,57798033.590000004,85901,null,null,"SMMLV"]
["AgenteBilingüeAgenteespecializadoMatemáticasycienciasnaturalesFrontofficesinherramientaZona2HoraextradominicalyfestivoPlatino","IT-BPO-32-907","Agente Bilingüe","Agente especializado","Matemáticas y ciencias naturales","Front office sin herramienta","Zona 2","Hora extra dominical y festivo","Platino","Hora",115729.24,146872.35,152754.69,95906.67,131398.15,204710.25,57798033.590000004,85901,null,null,"SMMLV"]
["AgenteBilingüeAgenteprofesionalEconomía,administración,contaduríayafinesFrontofficesinherramientaZona3HoraextradominicalyfestivoPlatino","IT-BPO-32-909","Agente Bilingüe","Agente profesional","Economía, administración, contaduría y afines","Front office sin herramienta","Zona 3","Hora extra dominical y festivo","Platino","Hora",90914.87,114233.69,124711.74,75127.95,105355.32,160454.73000000001,58654970.780000001,67548.47,null,null,"SMMLV"]
["AgenteBilingüeAgenteprofesionalCienciassociales,humanasyafinesFrontofficesinherramientaZona3HoraextradominicalyfestivoPlatino","IT-BPO-32-910","Agente Bilingüe","Agente profesional","Ciencias sociales, humanas y afines","Front office sin herramienta","Zona 3","Hora extra dominical y festivo","Platino","Hora",90914.87,114233.69,124711.74,75127.95,105355.32,160454.73000000001,58654970.780000001,67548.47,null,null,"SMMLV"]
["AgenteBilingüeAgenteprofesionalMatemáticas,cienciasnaturalesyafinesFrontofficesinherramientaZona3HoraextradominicalyfestivoPlatino","IT-BPO-32-913","Agente Bilingüe","Agente profesional","Matemáticas, ciencias naturales y afines","Front office sin herramienta","Zona 3","Hora extra dominical y festivo","Platino","Hora",90914.87,114233.69,124711.74,75127.95,105355.32,160454.73000000001,58654970.780000001,67548.47,null,null,"SMMLV"]
["AgenteBilingüeAgenteprofesionalCienciasdelasaludyafinesFrontofficesinherramientaZona3HoraextradominicalyfestivoPlatino","IT-BPO-32-914","Agente Bilingüe","Agente profesional","Ciencias de la salud y afines","Front office sin herramienta","Zona 3","Hora extra dominical y festivo","Platino","Hora",90914.87,146872.35,154282.22,119511.59,128284.37,204710.25,58654970.780000001,85901,null,null,"SMMLV"]
["AgenteBilingüeAgenteespecializadoAgronomía,veterinariayafinesFrontofficesinherramientaZona3HoraextradominicalyfestivoPlatino","IT-BPO-32-917","Agente Bilingüe","Agente especializado","Agronomía, veterinaria y afines","Front office sin herramienta","Zona 3","Hora extra dominical y festivo","Platino","Hora",115729.24,146872.35,154282.22,95906.67,132000.01999999999,204710.25,57798033.590000004,85901,null,null,"SMMLV"]
["AgenteBilingüeAgenteespecializadoCienciasdelasaludFrontofficesinherramientaZona3HoraextradominicalyfestivoPlatino","IT-BPO-32-918","Agente Bilingüe","Agente especializado","Ciencias de la salud","Front office sin herramienta","Zona 3","Hora extra dominical y festivo","Platino","Hora",115729.24,179509.92,183853.79,146396.03,160857.70000000001,248965.77,57798033.590000004,85901,null,null,"SMMLV"]
["AgenteBilingüeAgenteespecializadoEconomía,administración,contaduríayafinesFrontofficesinherramientaZona3HoraextradominicalyfestivoPlatino","IT-BPO-32-920","Agente Bilingüe","Agente especializado","Economía, administración, contaduría y afines","Front office sin herramienta","Zona 3","Hora extra dominical y festivo","Platino","Hora",115729.24,146872.35,154282.22,95906.67,132000.01999999999,204710.25,57798033.590000004,85901,null,null,"SMMLV"]
["AgenteBilingüeAgenteespecializadoIngeniería,arquitectura,urbanismoyafinesFrontofficesinherramientaZona3HoraextradominicalyfestivoPlatino","IT-BPO-32-921","Agente Bilingüe","Agente especializado","Ingeniería, arquitectura, urbanismo y afines","Front office sin herramienta","Zona 3","Hora extra dominical y festivo","Platino","Hora",115729.24,146872.35,154282.22,95906.67,132000.01999999999,204710.25,11976439.25,85901,null,null,"SMMLV"]
["AgenteBilingüeAgenteespecializadoCienciasdelaeducaciónFrontofficesinherramientaZona3HoraextradominicalyfestivoPlatino","IT-BPO-32-924","Agente Bilingüe","Agente especializado","Ciencias de la educación","Front office sin herramienta","Zona 3","Hora extra dominical y festivo","Platino","Hora",115729.24,146872.35,154282.22,95906.67,132000.01999999999,204710.25,11976439.25,85901,null,null,"SMMLV"]
["AgenteBilingüeAgenteprofesionalEconomía,administración,contaduríayafinesEnSitioTodaslaszonasServicio7x24Platino","IT-BPO-32-925","Agente Bilingüe","Agente profesional","Economía, administración, contaduría y afines","En Sitio","Todas las zonas","Servicio 7x24","Platino","Mes 7x24",47859723.450000003,39138653.990000002,60726340.280000001,44038111.039999999,40856786.280000001,77949551.480000004,11976439.25,38735006.43,null,null,"SMMLV"]
["AgenteBilingüeAgenteprofesionalBellasartesyafinesEnSitioTodaslaszonasServicio7x24Platino","IT-BPO-32-928","Agente Bilingüe","Agente profesional","Bellas artes y afines","En Sitio","Todas las zonas","Servicio 7x24","Platino","Mes 7x24",47859723.450000003,39138653.990000002,60726340.280000001,44038111.039999999,40856786.280000001,77949551.480000004,12154006.82,38735006.43,null,null,"SMMLV"]
["AgenteBilingüeAgenteprofesionalMatemáticas,cienciasnaturalesyafinesEnSitioTodaslaszonasServicio7x24Platino","IT-BPO-32-929","Agente Bilingüe","Agente profesional","Matemáticas, ciencias naturales y afines","En Sitio","Todas las zonas","Servicio 7x24","Platino","Mes 7x24",47859723.450000003,39138653.990000002,60726340.280000001,44038111.039999999,40856786.280000001,77949551.480000004,12154006.82,38735006.43,null,null,"SMMLV"]
["AgenteBilingüeAgenteprofesionalCienciasdelaeducaciónyafinesEnSitioTodaslaszonasServicio7x24Platino","IT-BPO-32-932","Agente Bilingüe","Agente profesional","Ciencias de la educación y afines","En Sitio","Todas las zonas","Servicio 7x24","Platino","Mes 7x24",47859723.450000003,39138653.990000002,60726340.280000001,44038111.039999999,40856786.280000001,77949551.480000004,12154006.82,38735006.43,null,null,"SMMLV"]
["AgenteBilingüeAgenteespecializadoAgronomía,veterinariayafinesEnSitioTodaslaszonasServicio7x24Platino","IT-BPO-32-933","Agente Bilingüe","Agente especializado","Agronomía, veterinaria y afines","En Sitio","Todas las zonas","Servicio 7x24","Platino","Mes 7x24",60888230.549999997,49165104.710000001,75125630.790000007,55751918.43,52583224.210000001,99075353.629999995,11976439.25,48789460.140000001,null,null,"SMMLV"]
["AgenteBilingüeAgenteespecializadoCienciassocialesyhumanasEnSitioTodaslaszonasServicio7x24Platino","IT-BPO-32-935","Agente Bilingüe","Agente especializado","Ciencias sociales y humanas","En Sitio","Todas las zonas","Servicio 7x24","Platino","Mes 7x24",60888230.549999997,49165104.710000001,75125630.790000007,55751918.43,52583224.210000001,99075353.629999995,11976439.25,48789460.140000001,null,null,"SMMLV"]
["AgenteBilingüeAgenteespecializadoEconomía,administración,contaduríayafinesEnSitioTodaslaszonasServicio7x24Platino","IT-BPO-32-936","Agente Bilingüe","Agente especializado","Economía, administración, contaduría y afines","En Sitio","Todas las zonas","Servicio 7x24","Platino","Mes 7x24",60888230.549999997,49165104.710000001,75125630.790000007,55751918.43,52583224.210000001,99075353.629999995,11976439.25,48789460.140000001,null,null,"SMMLV"]
["AgenteBilingüeAgenteespecializadoMatemáticasycienciasnaturalesEnSitioTodaslaszonasServicio7x24Platino","IT-BPO-32-939","Agente Bilingüe","Agente especializado","Matemáticas y ciencias naturales","En Sitio","Todas las zonas","Servicio 7x24","Platino","Mes 7x24",60888230.549999997,49165104.710000001,75125630.790000007,55751918.43,52583224.210000001,99075353.629999995,77680.31,48789460.140000001,null,null,"SMMLV"]
["AgenteBilingüeAgenteespecializadoCienciasdelaeducaciónEnSitioTodaslaszonasServicio7x24Platino","IT-BPO-32-940","Agente Bilingüe","Agente especializado","Ciencias de la educación","En Sitio","Todas las zonas","Servicio 7x24","Platino","Mes 7x24",60888230.549999997,49165104.710000001,75125630.790000007,55751918.43,52583224.210000001,99075353.629999995,77680.31,48789460.140000001,null,null,"SMMLV"]
["AgenteBilingüeAgenteprofesionalIngeniería,arquitectura,urbanismoyafinesTeletrabajoTodaslaszonasServicio7x24Platino","IT-BPO-32-943","Agente Bilingüe","Agente profesional","Ingeniería, arquitectura, urbanismo y afines","Teletrabajo","Todas las zonas","Servicio 7x24","Platino","Mes 7x24",47593165.409999996,39138653.990000002,55372442.899999999,46255304.270000003,40909856.700000003,77694493.129999995,77680.31,38342709.759999998,null,null,"SMMLV"]
["AgenteBilingüeAgenteprofesionalBellasartesyafinesTeletrabajoTodaslaszonasServicio7x24Platino","IT-BPO-32-944","Agente Bilingüe","Agente profesional","Bellas artes y afines","Teletrabajo","Todas las zonas","Servicio 7x24","Platino","Mes 7x24",47593165.409999996,39138653.990000002,55372442.899999999,46255304.270000003,40909856.700000003,77694493.129999995,77680.31,38342709.759999998,null,null,"SMMLV"]
["AgenteBilingüeAgenteprofesionalCienciasdelasaludyafinesTeletrabajoTodaslaszonasServicio7x24Platino","IT-BPO-32-946","Agente Bilingüe","Agente profesional","Ciencias de la salud y afines","Teletrabajo","Todas las zonas","Servicio 7x24","Platino","Mes 7x24",47593165.409999996,49165104.710000001,70268260.069999993,77392942.170000002,40909856.700000003,97505085.299999997,78832.03,48397163.469999999,null,null,"SMMLV"]
["AgenteBilingüeAgenteprofesionalAgronomía,veterinariayafinesTeletrabajoTodaslaszonasServicio7x24Platino","IT-BPO-32-947","Agente Bilingüe","Agente profesional","Agronomía, veterinaria y afines","Teletrabajo","Todas las zonas","Servicio 7x24","Platino","Mes 7x24",47593165.409999996,39138653.990000002,55372442.899999999,46255304.270000003,40909856.700000003,77694493.129999995,78832.03,38342709.759999998,null,null,"SMMLV"]
["AgenteBilingüeAgenteespecializadoCienciasdelasaludTeletrabajoTodaslaszonasServicio7x24Platino","IT-BPO-32-950","Agente Bilingüe","Agente especializado","Ciencias de la salud","Teletrabajo","Todas las zonas","Servicio 7x24","Platino","Mes 7x24",60620706.719999999,59191555.43,85164077.239999995,102303052.28,64256591.719999999,117315682.95,78832.03,48397163.469999999,null,null,"SMMLV"]
["AgenteBilingüeAgenteespecializadoCienciassocialesyhumanasTeletrabajoTodaslaszonasServicio7x24Platino","IT-BPO-32-951","Agente Bilingüe","Agente especializado","Ciencias sociales y humanas","Teletrabajo","Todas las zonas","Servicio 7x24","Platino","Mes 7x24",60620706.719999999,49165104.710000001,70268260.069999993,58710358.770000003,52583224.210000001,97505085.299999997,77680.31,48397163.469999999,null,null,"SMMLV"]
["AgenteBilingüeAgenteespecializadoBellasartesTeletrabajoTodaslaszonasServicio7x24Platino","IT-BPO-32-954","Agente Bilingüe","Agente especializado","Bellas artes","Teletrabajo","Todas las zonas","Servicio 7x24","Platino","Mes 7x24",60620706.719999999,49165104.710000001,70268260.069999993,58710358.770000003,52583224.210000001,97505085.299999997,77680.31,48397163.469999999,null,null,"SMMLV"]
["AgenteBilingüeAgenteespecializadoMatemáticasycienciasnaturalesTeletrabajoTodaslaszonasServicio7x24Platino","IT-BPO-32-955","Agente Bilingüe","Agente especializado","Matemáticas y ciencias naturales","Teletrabajo","Todas las zonas","Servicio 7x24","Platino","Mes 7x24",60620706.719999999,49165104.710000001,70268260.069999993,58710358.770000003,52583224.210000001,97505085.299999997,77680.31,48397163.469999999,null,null,"SMMLV"]
["AgenteBilingüeAgenteprofesionalEconomía,administración,contaduríayafinesEnlasinstalacionesdelaEntidadCompradoraZona1Servicio7x24Platino","IT-BPO-32-957","Agente Bilingüe","Agente profesional","Economía, administración, contaduría y afines","En las instalaciones de la Entidad Compradora ","Zona 1","Servicio 7x24","Platino","Mes 7x24",47215541.520000003,38067865.530000001,60726340.280000001,43344806.310000002,49841606.710000001,76862167.200000003,108752.43,38342709.759999998,null,null,"SMMLV"]
["AgenteBilingüeAgenteprofesionalCienciassociales,humanasyafinesEnlasinstalacionesdelaEntidadCompradoraZona1Servicio7x24Platino","IT-BPO-32-958","Agente Bilingüe","Agente profesional","Ciencias sociales, humanas y afines","En las instalaciones de la Entidad Compradora ","Zona 1","Servicio 7x24","Platino","Mes 7x24",47215541.520000003,38067865.530000001,60726340.280000001,43344806.310000002,49841606.710000001,76862167.200000003,108752.43,38342709.759999998,null,null,"SMMLV"]
["AgenteBilingüeAgenteprofesionalMatemáticas,cienciasnaturalesyafinesEnlasinstalacionesdelaEntidadCompradoraZona1Servicio7x24Platino","IT-BPO-32-961","Agente Bilingüe","Agente profesional","Matemáticas, ciencias naturales y afines","En las instalaciones de la Entidad Compradora ","Zona 1","Servicio 7x24","Platino","Mes 7x24",47215541.520000003,38067865.530000001,60726340.280000001,43344806.310000002,49841606.710000001,76862167.200000003,108752.43,38342709.759999998,null,null,"SMMLV"]
["AgenteBilingüeAgenteprofesionalCienciasdelasaludyafinesEnlasinstalacionesdelaEntidadCompradoraZona1Servicio7x24Platino","IT-BPO-32-962","Agente Bilingüe","Agente profesional","Ciencias de la salud y afines","En las instalaciones de la Entidad Compradora ","Zona 1","Servicio 7x24","Platino","Mes 7x24",47215541.520000003,48094316.25,75125630.790000007,72629325.349999994,64907050.130000003,97648064.930000007,108752.43,48397163.469999999,null,null,"SMMLV"]
["AgenteBilingüeAgenteespecializadoAgronomía,veterinariayafinesEnlasinstalacionesdelaEntidadCompradoraZona1Servicio7x24Platino","IT-BPO-32-965","Agente Bilingüe","Agente especializado","Agronomía, veterinaria y afines","En las instalaciones de la Entidad Compradora ","Zona 1","Servicio 7x24","Platino","Mes 7x24",60243082.829999998,48094316.25,75125630.790000007,55058613.710000001,63201793.189999998,97648064.930000007,110364.84,48397163.469999999,null,null,"SMMLV"]
["AgenteBilingüeAgenteespecializadoCienciasdelasaludEnlasinstalacionesdelaEntidadCompradoraZona1Servicio7x24Platino","IT-BPO-32-966","Agente Bilingüe","Agente especializado","Ciencias de la salud","En las instalaciones de la Entidad Compradora ","Zona 1","Servicio 7x24","Platino","Mes 7x24",60243082.829999998,58120766.969999999,89524921.310000002,96056940.140000001,80761085.680000007,118433957.18000001,110364.84,48397163.469999999,null,null,"SMMLV"]
["AgenteBilingüeAgenteespecializadoIngeniería,arquitectura,urbanismoyafinesEnlasinstalacionesdelaEntidadCompradoraZona1Servicio7x24Platino","IT-BPO-32-969","Agente Bilingüe","Agente especializado","Ingeniería, arquitectura, urbanismo y afines","En las instalaciones de la Entidad Compradora ","Zona 1","Servicio 7x24","Platino","Mes 7x24",60243082.829999998,48094316.25,75125630.790000007,55058613.710000001,63201793.189999998,97648064.930000007,108752.43,48397163.469999999,null,null,"SMMLV"]
["AgenteBilingüeAgenteespecializadoBellasartesEnlasinstalacionesdelaEntidadCompradoraZona1Servicio7x24Platino","IT-BPO-32-970","Agente Bilingüe","Agente especializado","Bellas artes","En las instalaciones de la Entidad Compradora ","Zona 1","Servicio 7x24","Platino","Mes 7x24",60243082.829999998,48094316.25,75125630.790000007,55058613.710000001,63201793.189999998,97648064.930000007,108752.43,48397163.469999999,null,null,"SMMLV"]
["AgenteBilingüeAgenteespecializadoCienciasdelaeducaciónEnlasinstalacionesdelaEntidadCompradoraZona1Servicio7x24Platino","IT-BPO-32-972","Agente Bilingüe","Agente especializado","Ciencias de la educación","En las instalaciones de la Entidad Compradora ","Zona 1","Servicio 7x24","Platino","Mes 7x24",60243082.829999998,48094316.25,75125630.790000007,55058613.710000001,63201793.189999998,97648064.930000007,108752.43,48397163.469999999,null,null,"SMMLV"]
["AgenteBilingüeAgenteprofesionalEconomía,administración,contaduríayafinesEnlasinstalacionesdelaEntidadCompradoraZona2Servicio7x24Platino","IT-BPO-32-973","Agente Bilingüe","Agente profesional","Economía, administración, contaduría y afines","En las instalaciones de la Entidad Compradora ","Zona 2","Servicio 7x24","Platino","Mes 7x24",47215541.520000003,38121108.810000002,61637235.740000002,43344806.310000002,50162954.310000002,76916123.329999998,108752.43,38342709.759999998,null,null,"SMMLV"]
["AgenteBilingüeAgenteprofesionalBellasartesyafinesEnlasinstalacionesdelaEntidadCompradoraZona2Servicio7x24Platino","IT-BPO-32-976","Agente Bilingüe","Agente profesional","Bellas artes y afines","En las instalaciones de la Entidad Compradora ","Zona 2","Servicio 7x24","Platino","Mes 7x24",47215541.520000003,38121108.810000002,61637235.740000002,43344806.310000002,50162954.310000002,76916123.329999998,124288.49,38342709.759999998,null,null,"SMMLV"]
["AgenteBilingüeAgenteprofesionalMatemáticas,cienciasnaturalesyafinesEnlasinstalacionesdelaEntidadCompradoraZona2Servicio7x24Platino","IT-BPO-32-977","Agente Bilingüe","Agente profesional","Matemáticas, ciencias naturales y afines","En las instalaciones de la Entidad Compradora ","Zona 2","Servicio 7x24","Platino","Mes 7x24",47215541.520000003,38121108.810000002,61637235.740000002,43344806.310000002,50162954.310000002,76916123.329999998,124288.49,38342709.759999998,null,null,"SMMLV"]
["AgenteBilingüeAgenteprofesionalCienciasdelaeducaciónyafinesEnlasinstalacionesdelaEntidadCompradoraZona2Servicio7x24Platino","IT-BPO-32-980","Agente Bilingüe","Agente profesional","Ciencias de la educación y afines","En las instalaciones de la Entidad Compradora ","Zona 2","Servicio 7x24","Platino","Mes 7x24",47215541.520000003,38121108.810000002,61637235.740000002,43344806.310000002,50162954.310000002,76916123.329999998,124288.49,38342709.759999998,null,null,"SMMLV"]
["AgenteBilingüeAgenteespecializadoAgronomía,veterinariayafinesEnlasinstalacionesdelaEntidadCompradoraZona2Servicio7x24Platino","IT-BPO-32-981","Agente Bilingüe","Agente especializado","Agronomía, veterinaria y afines","En las instalaciones de la Entidad Compradora ","Zona 2","Servicio 7x24","Platino","Mes 7x24",60243082.829999998,48147559.530000001,76252515,55058613.710000001,63607317.479999997,97702015.579999998,126131.25,48397163.469999999,null,null,"SMMLV"]
["AgenteBilingüeAgenteespecializadoCienciassocialesyhumanasEnlasinstalacionesdelaEntidadCompradoraZona2Servicio7x24Platino","IT-BPO-32-983","Agente Bilingüe","Agente especializado","Ciencias sociales y humanas","En las instalaciones de la Entidad Compradora ","Zona 2","Servicio 7x24","Platino","Mes 7x24",60243082.829999998,48147559.530000001,76252515,55058613.710000001,63607317.479999997,97702015.579999998,126131.25,48397163.469999999,null,null,"SMMLV"]
["AgenteBilingüeAgenteespecializadoEconomía,administración,contaduríayafinesEnlasinstalacionesdelaEntidadCompradoraZona2Servicio7x24Platino","IT-BPO-32-984","Agente Bilingüe","Agente especializado","Economía, administración, contaduría y afines","En las instalaciones de la Entidad Compradora ","Zona 2","Servicio 7x24","Platino","Mes 7x24",60243082.829999998,48147559.530000001,76252515,55058613.710000001,63556631.369999997,97702015.579999998,126131.25,48397163.469999999,null,null,"SMMLV"]
["AgenteBilingüeAgenteespecializadoMatemáticasycienciasnaturalesEnlasinstalacionesdelaEntidadCompradoraZona2Servicio7x24Platino","IT-BPO-32-987","Agente Bilingüe","Agente especializado","Matemáticas y ciencias naturales","En las instalaciones de la Entidad Compradora ","Zona 2","Servicio 7x24","Platino","Mes 7x24",60243082.829999998,48147559.530000001,76252515,55058613.710000001,63607317.479999997,97702015.579999998,124288.49,48397163.469999999,null,null,"SMMLV"]
["AgenteBilingüeAgenteespecializadoCienciasdelaeducaciónEnlasinstalacionesdelaEntidadCompradoraZona2Servicio7x24Platino","IT-BPO-32-988","Agente Bilingüe","Agente especializado","Ciencias de la educación","En las instalaciones de la Entidad Compradora ","Zona 2","Servicio 7x24","Platino","Mes 7x24",60243082.829999998,48147559.530000001,76252515,55058613.710000001,63607317.479999997,97702015.579999998,124288.49,48397163.469999999,null,null,"SMMLV"]
["AgenteBilingüeAgenteprofesionalIngeniería,arquitectura,urbanismoyafinesEnlasinstalacionesdelaEntidadCompradoraZona3Servicio7x24Platino","IT-BPO-32-991","Agente Bilingüe","Agente profesional","Ingeniería, arquitectura, urbanismo y afines","En las instalaciones de la Entidad Compradora ","Zona 3","Servicio 7x24","Platino","Mes 7x24",47215541.520000003,38192100.950000003,62253607.950000003,43344806.310000002,50377185.810000002,77051010.900000006,124288.49,38342709.759999998,null,null,"SMMLV"]
["AgenteBilingüeAgenteprofesionalBellasartesyafinesEnlasinstalacionesdelaEntidadCompradoraZona3Servicio7x24Platino","IT-BPO-32-992","Agente Bilingüe","Agente profesional","Bellas artes y afines","En las instalaciones de la Entidad Compradora ","Zona 3","Servicio 7x24","Platino","Mes 7x24",47215541.520000003,38192100.950000003,62253607.950000003,43344806.310000002,50377185.810000002,77051010.900000006,124288.49,38342709.759999998,null,null,"SMMLV"]
["AgenteBilingüeAgenteprofesionalCienciasdelasaludyafinesEnlasinstalacionesdelaEntidadCompradoraZona3Servicio7x24Platino","IT-BPO-32-994","Agente Bilingüe","Agente profesional","Ciencias de la salud y afines","En las instalaciones de la Entidad Compradora ","Zona 3","Servicio 7x24","Platino","Mes 7x24",47215541.520000003,48218551.670000002,77015039.060000002,72629325.349999994,66313866.590000004,97836903.150000006,57798033.590000004,48397163.469999999,null,null,"SMMLV"]
["AgenteBilingüeAgenteprofesionalAgronomía,veterinariayafinesEnlasinstalacionesdelaEntidadCompradoraZona3Servicio7x24Platino","IT-BPO-32-995","Agente Bilingüe","Agente profesional","Agronomía, veterinaria y afines","En las instalaciones de la Entidad Compradora ","Zona 3","Servicio 7x24","Platino","Mes 7x24",47215541.520000003,38192100.950000003,62253607.950000003,43344806.310000002,50377185.810000002,77051010.900000006,57798033.590000004,38342709.759999998,null,null,"SMMLV"]
["AgenteBilingüeAgenteespecializadoCienciasdelasaludEnlasinstalacionesdelaEntidadCompradoraZona3Servicio7x24Platino","IT-BPO-32-998","Agente Bilingüe","Agente especializado","Ciencias de la salud","En las instalaciones de la Entidad Compradora ","Zona 3","Servicio 7x24","Platino","Mes 7x24",60243082.829999998,58245002.390000001,91776472.349999994,96056940.140000001,82474106.75,118622795.40000001,57798033.590000004,48397163.469999999,null,null,"SMMLV"]
["AgenteBilingüeAgenteespecializadoCienciassocialesyhumanasEnlasinstalacionesdelaEntidadCompradoraZona3Servicio7x24Platino","IT-BPO-32-999","Agente Bilingüe","Agente especializado","Ciencias sociales y humanas","En las instalaciones de la Entidad Compradora ","Zona 3","Servicio 7x24","Platino","Mes 7x24",60243082.829999998,48218551.670000002,77015039.060000002,55058613.710000001,63877666.880000003,97836903.150000006,58654970.780000001,48397163.469999999,null,null,"SMMLV"]
["AgenteBilingüeAgenteespecializadoBellasartesEnlasinstalacionesdelaEntidadCompradoraZona3Servicio7x24Platino","IT-BPO-32-1002","Agente Bilingüe","Agente especializado","Bellas artes","En las instalaciones de la Entidad Compradora ","Zona 3","Servicio 7x24","Platino","Mes 7x24",60243082.829999998,48218551.670000002,77015039.060000002,55058613.710000001,63877666.880000003,97836903.150000006,58654970.780000001,48397163.469999999,null,null,"SMMLV"]
["AgenteBilingüeAgenteespecializadoMatemáticasycienciasnaturalesEnlasinstalacionesdelaEntidadCompradoraZona3Servicio7x24Platino","IT-BPO-32-1003","Agente Bilingüe","Agente especializado","Matemáticas y ciencias naturales","En las instalaciones de la Entidad Compradora ","Zona 3","Servicio 7x24","Platino","Mes 7x24",60243082.829999998,48218551.670000002,77015039.060000002,55058613.710000001,63877666.880000003,97836903.150000006,58654970.780000001,48397163.469999999,null,null,"SMMLV"]
["AgenteBilingüeAgenteprofesionalEconomía,administración,contaduríayafinesFrontofficeconherramientaZona1Servicio7x24Platino","IT-BPO-32-1005","Agente Bilingüe","Agente profesional","Economía, administración, contaduría y afines","Front office con herramienta","Zona 1","Servicio 7x24","Platino","Mes 7x24",44635916.43,38067865.530000001,58904549.359999999,43565460.859999999,50355843.950000003,78937279.799999997,57798033.590000004,38342709.759999998,null,null,"SMMLV"]
["AgenteBilingüeAgenteprofesionalCienciassociales,humanasyafinesFrontofficeconherramientaZona1Servicio7x24Platino","IT-BPO-32-1006","Agente Bilingüe","Agente profesional","Ciencias sociales, humanas y afines","Front office con herramienta","Zona 1","Servicio 7x24","Platino","Mes 7x24",44635916.43,38067865.530000001,58904549.359999999,43565460.859999999,50355843.950000003,78937279.799999997,57798033.590000004,38342709.759999998,null,null,"SMMLV"]
["AgenteBilingüeAgenteprofesionalMatemáticas,cienciasnaturalesyafinesFrontofficeconherramientaZona1Servicio7x24Platino","IT-BPO-32-1009","Agente Bilingüe","Agente profesional","Matemáticas, ciencias naturales y afines","Front office con herramienta","Zona 1","Servicio 7x24","Platino","Mes 7x24",44635916.43,38067865.530000001,58904549.359999999,43565460.859999999,50355843.950000003,78937279.799999997,57798033.590000004,38342709.759999998,null,null,"SMMLV"]
["AgenteBilingüeAgenteprofesionalCienciasdelasaludyafinesFrontofficeconherramientaZona1Servicio7x24Platino","IT-BPO-32-1010","Agente Bilingüe","Agente profesional","Ciencias de la salud y afines","Front office con herramienta","Zona 1","Servicio 7x24","Platino","Mes 7x24",44635916.43,48094316.25,72871861.280000001,72849979.890000001,61408114.640000001,100158138.90000001,57798033.590000004,48397163.469999999,null,null,"SMMLV"]
["AgenteBilingüeAgenteespecializadoAgronomía,veterinariayafinesFrontofficeconherramientaZona1Servicio7x24Platino","IT-BPO-32-1013","Agente Bilingüe","Agente especializado","Agronomía, veterinaria y afines","Front office con herramienta","Zona 1","Servicio 7x24","Platino","Mes 7x24",57663457.740000002,48094316.25,72871861.280000001,55279268.25,63715863.380000003,100158138.90000001,11976439.25,48397163.469999999,null,null,"SMMLV"]
["AgenteBilingüeAgenteespecializadoCienciasdelasaludFrontofficeconherramientaZona1Servicio7x24Platino","IT-BPO-32-1014","Agente Bilingüe","Agente especializado","Ciencias de la salud","Front office con herramienta","Zona 1","Servicio 7x24","Platino","Mes 7x24",57663457.740000002,58120766.969999999,86839173.200000003,96277595.780000001,81175637.890000001,121378998,11976439.25,48397163.469999999,null,null,"SMMLV"]
["AgenteBilingüeAgenteespecializadoIngeniería,arquitectura,urbanismoyafinesFrontofficeconherramientaZona1Servicio7x24Platino","IT-BPO-32-1017","Agente Bilingüe","Agente especializado","Ingeniería, arquitectura, urbanismo y afines","Front office con herramienta","Zona 1","Servicio 7x24","Platino","Mes 7x24",57663457.740000002,48094316.25,72871861.280000001,55279268.25,63715863.380000003,100158138.90000001,12154006.82,48397163.469999999,null,null,"SMMLV"]
["AgenteBilingüeAgenteespecializadoBellasartesFrontofficeconherramientaZona1Servicio7x24Platino","IT-BPO-32-1018","Agente Bilingüe","Agente especializado","Bellas artes","Front office con herramienta","Zona 1","Servicio 7x24","Platino","Mes 7x24",57663457.740000002,48094316.25,72871861.280000001,55279268.25,63715863.380000003,100158138.90000001,12154006.82,48397163.469999999,null,null,"SMMLV"]
["AgenteBilingüeAgenteespecializadoCienciasdelaeducaciónFrontofficeconherramientaZona1Servicio7x24Platino","IT-BPO-32-1020","Agente Bilingüe","Agente especializado","Ciencias de la educación","Front office con herramienta","Zona 1","Servicio 7x24","Platino","Mes 7x24",57663457.740000002,48094316.25,72871861.280000001,55279268.25,63715863.380000003,100158138.90000001,12154006.82,48397163.469999999,null,null,"SMMLV"]
["AgenteBilingüeAgenteprofesionalEconomía,administración,contaduríayafinesFrontofficeconherramientaZona2Servicio7x24Platino","IT-BPO-32-1021","Agente Bilingüe","Agente profesional","Economía, administración, contaduría y afines","Front office con herramienta","Zona 2","Servicio 7x24","Platino","Mes 7x24",44635916.43,38121108.810000002,59788118,43565460.859999999,50687247.090000004,78991230.450000003,12154006.82,38342709.759999998,null,null,"SMMLV"]
["AgenteBilingüeAgenteprofesionalBellasartesyafinesFrontofficeconherramientaZona2Servicio7x24Platino","IT-BPO-32-1024","Agente Bilingüe","Agente profesional","Bellas artes y afines","Front office con herramienta","Zona 2","Servicio 7x24","Platino","Mes 7x24",44635916.43,38121108.810000002,59788118,43565460.859999999,50687247.090000004,78991230.450000003,11976439.25,38342709.759999998,null,null,"SMMLV"]
["AgenteBilingüeAgenteprofesionalMatemáticas,cienciasnaturalesyafinesFrontofficeconherramientaZona2Servicio7x24Platino","IT-BPO-32-1025","Agente Bilingüe","Agente profesional","Matemáticas, ciencias naturales y afines","Front office con herramienta","Zona 2","Servicio 7x24","Platino","Mes 7x24",44635916.43,38121108.810000002,59788118,43565460.859999999,50687247.090000004,78991230.450000003,11976439.25,38342709.759999998,null,null,"SMMLV"]
["AgenteBilingüeAgenteprofesionalCienciasdelaeducaciónyafinesFrontofficeconherramientaZona2Servicio7x24Platino","IT-BPO-32-1028","Agente Bilingüe","Agente profesional","Ciencias de la educación y afines","Front office con herramienta","Zona 2","Servicio 7x24","Platino","Mes 7x24",44635916.43,38121108.810000002,59788118,43565460.859999999,50687247.090000004,78991230.450000003,11976439.25,38342709.759999998,null,null,"SMMLV"]
["AgenteBilingüeAgenteespecializadoAgronomía,veterinariayafinesFrontofficeconherramientaZona2Servicio7x24Platino","IT-BPO-32-1029","Agente Bilingüe","Agente especializado","Agronomía, veterinaria y afines","Front office con herramienta","Zona 2","Servicio 7x24","Platino","Mes 7x24",57663457.740000002,48147559.530000001,73964939.549999997,55279268.25,64131438.450000003,100212089.55,77680.31,48397163.469999999,null,null,"SMMLV"]
["AgenteBilingüeAgenteespecializadoCienciassocialesyhumanasFrontofficeconherramientaZona2Servicio7x24Platino","IT-BPO-32-1031","Agente Bilingüe","Agente especializado","Ciencias sociales y humanas","Front office con herramienta","Zona 2","Servicio 7x24","Platino","Mes 7x24",57663457.740000002,48147559.530000001,73964939.549999997,55279268.25,64131438.450000003,100212089.55,77680.31,48397163.469999999,null,null,"SMMLV"]
[{"$f":"SUBSTITUTE(C4482&D4482&E4482&F4482&G4482&H4482&I4482,\" \",\"\")","v":"AgenteBilingüeAgenteespecializadoEconomía,administración,contaduríayafinesFrontofficeconherramientaZona2Servicio7x24Platino"},"IT-BPO-32-1032","Agente Bilingüe","Agente especializado","Economía, administración, contaduría y afines","Front office con herramienta","Zona 2","Servicio 7x24","Platino","Mes 7x24",57663457.740000002,48147559.530000001,73964939.549999997,55279268.25,64131438.450000003,100212089.55,77680.31,48397163.469999999,null,null,"SMMLV"]
["AgenteBilingüeAgenteespecializadoMatemáticasycienciasnaturalesFrontofficeconherramientaZona2Servicio7x24Platino","IT-BPO-32-1035","Agente Bilingüe","Agente especializado","Matemáticas y ciencias naturales","Front office con herramienta","Zona 2","Servicio 7x24","Platino","Mes 7x24",57663457.740000002,48147559.530000001,73964939.549999997,55279268.25,64131438.450000003,100212089.55,78832.03,48397163.469999999,null,null,"SMMLV"]
["AgenteBilingüeAgenteespecializadoCienciasdelaeducaciónFrontofficeconherramientaZona2Servicio7x24Platino","IT-BPO-32-1036","Agente Bilingüe","Agente especializado","Ciencias de la educación","Front office con herramienta","Zona 2","Servicio 7x24","Platino","Mes 7x24",57663457.740000002,48147559.530000001,73964939.549999997,55279268.25,64131438.450000003,100212089.55,78832.03,48397163.469999999,null,null,"SMMLV"]
["AgenteBilingüeAgenteprofesionalIngeniería,arquitectura,urbanismoyafinesFrontofficeconherramientaZona3Servicio7x24Platino","IT-BPO-32-1039","Agente Bilingüe","Agente profesional","Ingeniería, arquitectura, urbanismo y afines","Front office con herramienta","Zona 3","Servicio 7x24","Platino","Mes 7x24",44635916.43,38192100.950000003,60386000.039999999,43565460.859999999,50908182.630000003,79126118.030000001,78832.03,38342709.759999998,null,null,"SMMLV"]
["AgenteBilingüeAgenteprofesionalBellasartesyafinesFrontofficeconherramientaZona3Servicio7x24Platino","IT-BPO-32-1040","Agente Bilingüe","Agente profesional","Bellas artes y afines","Front office con herramienta","Zona 3","Servicio 7x24","Platino","Mes 7x24",44635916.43,38192100.950000003,60386000.039999999,43565460.859999999,50908182.630000003,79126118.030000001,78832.03,38342709.759999998,null,null,"SMMLV"]
["AgenteBilingüeAgenteprofesionalCienciasdelasaludyafinesFrontofficeconherramientaZona3Servicio7x24Platino","IT-BPO-32-1042","Agente Bilingüe","Agente profesional","Ciencias de la salud y afines","Front office con herramienta","Zona 3","Servicio 7x24","Platino","Mes 7x24",44635916.43,48218551.670000002,74704589.060000002,72849979.890000001,65268192.950000003,100346977.13,77680.31,48397163.469999999,null,null,"SMMLV"]
["AgenteBilingüeAgenteprofesionalAgronomía,veterinariayafinesFrontofficeconherramientaZona3Servicio7x24Platino","IT-BPO-32-1043","Agente Bilingüe","Agente profesional","Agronomía, veterinaria y afines","Front office con herramienta","Zona 3","Servicio 7x24","Platino","Mes 7x24",44635916.43,38192100.950000003,60386000.039999999,43565460.859999999,50908182.630000003,79126118.030000001,77680.31,38342709.759999998,null,null,"SMMLV"]
["AgenteBilingüeAgenteespecializadoCienciasdelasaludFrontofficeconherramientaZona3Servicio7x24Platino","IT-BPO-32-1046","Agente Bilingüe","Agente especializado","Ciencias de la salud","Front office con herramienta","Zona 3","Servicio 7x24","Platino","Mes 7x24",57663457.740000002,58245002.390000001,89023178.069999993,96277595.780000001,82901678.640000001,121567836.23,77680.31,48397163.469999999,null,null,"SMMLV"]
["AgenteBilingüeAgenteespecializadoCienciassocialesyhumanasFrontofficeconherramientaZona3Servicio7x24Platino","IT-BPO-32-1047","Agente Bilingüe","Agente especializado","Ciencias sociales y humanas","Front office con herramienta","Zona 3","Servicio 7x24","Platino","Mes 7x24",57663457.740000002,48218551.670000002,74704589.060000002,55279268.25,64408488.240000002,100346977.13,108752.43,48397163.469999999,null,null,"SMMLV"]
["AgenteBilingüeAgenteespecializadoBellasartesFrontofficeconherramientaZona3Servicio7x24Platino","IT-BPO-32-1050","Agente Bilingüe","Agente especializado","Bellas artes","Front office con herramienta","Zona 3","Servicio 7x24","Platino","Mes 7x24",57663457.740000002,48218551.670000002,74704589.060000002,55279268.25,64408488.240000002,100346977.13,108752.43,48397163.469999999,null,null,"SMMLV"]
["AgenteBilingüeAgenteespecializadoMatemáticasycienciasnaturalesFrontofficeconherramientaZona3Servicio7x24Platino","IT-BPO-32-1051","Agente Bilingüe","Agente especializado","Matemáticas y ciencias naturales","Front office con herramienta","Zona 3","Servicio 7x24","Platino","Mes 7x24",57663457.740000002,48218551.670000002,74704589.060000002,55279268.25,64408488.240000002,100346977.13,108752.43,48397163.469999999,null,null,"SMMLV"]
["AgenteBilingüeAgenteprofesionalCienciassociales,humanasyafinesFrontofficesinherramientaZona1Servicio7x24Platino","IT-BPO-32-1054","Agente Bilingüe","Agente profesional","Ciencias sociales, humanas y afines","Front office sin herramienta","Zona 1","Servicio 7x24","Platino","Mes 7x24",46969265.07,36329757.799999997,55959322.380000003,43048493.840000004,49406623.520000003,76608729.450000003,110364.84,38203121.57,null,null,"SMMLV"]
["AgenteBilingüeAgenteprofesionalIngeniería,arquitectura,urbanismoyafinesFrontofficesinherramientaZona1Servicio7x24Platino","IT-BPO-32-1055","Agente Bilingüe","Agente profesional","Ingeniería, arquitectura, urbanismo y afines","Front office sin herramienta","Zona 1","Servicio 7x24","Platino","Mes 7x24",46969265.07,36329757.799999997,55959322.380000003,43048493.840000004,49406623.520000003,76608729.450000003,110364.84,38203121.57,null,null,"SMMLV"]
["AgenteBilingüeAgenteprofesionalMatemáticas,cienciasnaturalesyafinesFrontofficesinherramientaZona1Servicio7x24Platino","IT-BPO-32-1057","Agente Bilingüe","Agente profesional","Matemáticas, ciencias naturales y afines","Front office sin herramienta","Zona 1","Servicio 7x24","Platino","Mes 7x24",46969265.07,36329757.799999997,55959322.380000003,43048493.840000004,49406623.520000003,76608729.450000003,110364.84,38203121.57,null,null,"SMMLV"]
["AgenteBilingüeAgenteprofesionalCienciasdelasaludyafinesFrontofficesinherramientaZona1Servicio7x24Platino","IT-BPO-32-1058","Agente Bilingüe","Agente profesional","Ciencias de la salud y afines","Front office sin herramienta","Zona 1","Servicio 7x24","Platino","Mes 7x24",46969265.07,46356208.520000003,69228268.489999995,72333012.870000005,62865910.149999999,97829588.549999997,110364.84,48257575.280000001,null,null,"SMMLV"]
["AgenteBilingüeAgenteespecializadoAgronomía,veterinariayafinesFrontofficesinherramientaZona1Servicio7x24Platino","IT-BPO-32-1061","Agente Bilingüe","Agente especializado","Agronomía, veterinaria y afines","Front office sin herramienta","Zona 1","Servicio 7x24","Platino","Mes 7x24",59996806.380000003,46356208.520000003,69228268.489999995,54762301.229999997,62766818.420000002,97829588.549999997,108752.43,48257575.280000001,null,null,"SMMLV"]
["AgenteBilingüeAgenteespecializadoCienciasdelasaludFrontofficesinherramientaZona1Servicio7x24Platino","IT-BPO-32-1062","Agente Bilingüe","Agente especializado","Ciencias de la salud","Front office sin herramienta","Zona 1","Servicio 7x24","Platino","Mes 7x24",59996806.380000003,56382659.240000002,82497214.590000004,95760627.659999996,80098485.799999997,119050447.65000001,108752.43,48257575.280000001,null,null,"SMMLV"]
["AgenteBilingüeAgenteespecializadoIngeniería,arquitectura,urbanismoyafinesFrontofficesinherramientaZona1Servicio7x24Platino","IT-BPO-32-1065","Agente Bilingüe","Agente especializado","Ingeniería, arquitectura, urbanismo y afines","Front office sin herramienta","Zona 1","Servicio 7x24","Platino","Mes 7x24",59996806.380000003,46356208.520000003,69228268.489999995,54762301.229999997,62766818.420000002,97829588.549999997,124288.49,48257575.280000001,null,null,"SMMLV"]
["AgenteBilingüeAgenteespecializadoBellasartesFrontofficesinherramientaZona1Servicio7x24Platino","IT-BPO-32-1066","Agente Bilingüe","Agente especializado","Bellas artes","Front office sin herramienta","Zona 1","Servicio 7x24","Platino","Mes 7x24",59996806.380000003,46356208.520000003,69228268.489999995,54762301.229999997,62766818.420000002,97829588.549999997,124288.49,48257575.280000001,null,null,"SMMLV"]
["AgenteBilingüeAgenteespecializadoCienciasdelaeducaciónFrontofficesinherramientaZona1Servicio7x24Platino","IT-BPO-32-1068","Agente Bilingüe","Agente especializado","Ciencias de la educación","Front office sin herramienta","Zona 1","Servicio 7x24","Platino","Mes 7x24",59996806.380000003,46356208.520000003,69228268.489999995,54762301.229999997,62766818.420000002,97829588.549999997,124288.49,48257575.280000001,null,null,"SMMLV"]
["AgenteBilingüeAgenteprofesionalEconomía,administración,contaduríayafinesFrontofficesinherramientaZona2Servicio7x24Platino","IT-BPO-32-1069","Agente Bilingüe","Agente profesional","Economía, administración, contaduría y afines","Front office sin herramienta","Zona 2","Servicio 7x24","Platino","Mes 7x24",46969265.07,36336856.68,56798712.149999999,43048493.840000004,49724403.149999999,76608729.450000003,124288.49,38203121.57,null,null,"SMMLV"]
["AgenteBilingüeAgenteprofesionalBellasartesyafinesFrontofficesinherramientaZona2Servicio7x24Platino","IT-BPO-32-1072","Agente Bilingüe","Agente profesional","Bellas artes y afines","Front office sin herramienta","Zona 2","Servicio 7x24","Platino","Mes 7x24",46969265.07,36336856.68,56798712.149999999,43048493.840000004,49724403.149999999,76608729.450000003,126131.25,38203121.57,null,null,"SMMLV"]
["AgenteBilingüeAgenteprofesionalMatemáticas,cienciasnaturalesyafinesFrontofficesinherramientaZona2Servicio7x24Platino","IT-BPO-32-1073","Agente Bilingüe","Agente profesional","Matemáticas, ciencias naturales y afines","Front office sin herramienta","Zona 2","Servicio 7x24","Platino","Mes 7x24",46969265.07,36336856.68,56798712.149999999,43048493.840000004,49724403.149999999,76608729.450000003,126131.25,38203121.57,null,null,"SMMLV"]
["AgenteBilingüeAgenteprofesionalCienciasdelaeducaciónyafinesFrontofficesinherramientaZona2Servicio7x24Platino","IT-BPO-32-1076","Agente Bilingüe","Agente profesional","Ciencias de la educación y afines","Front office sin herramienta","Zona 2","Servicio 7x24","Platino","Mes 7x24",46969265.07,36336856.68,56798712.149999999,43048493.840000004,49724403.149999999,76608729.450000003,126131.25,38203121.57,null,null,"SMMLV"]
["AgenteBilingüeAgenteespecializadoAgronomía,veterinariayafinesFrontofficesinherramientaZona2Servicio7x24Platino","IT-BPO-32-1077","Agente Bilingüe","Agente especializado","Agronomía, veterinaria y afines","Front office sin herramienta","Zona 2","Servicio 7x24","Platino","Mes 7x24",59996806.380000003,46363307.399999999,70266692.030000001,54762301.229999997,63168775.100000001,97829588.549999997,124288.49,48257575.280000001,null,null,"SMMLV"]
["AgenteBilingüeAgenteespecializadoCienciassocialesyhumanasFrontofficesinherramientaZona2Servicio7x24Platino","IT-BPO-32-1079","Agente Bilingüe","Agente especializado","Ciencias sociales y humanas","Front office sin herramienta","Zona 2","Servicio 7x24","Platino","Mes 7x24",59996806.380000003,46363307.399999999,70266692.030000001,54762301.229999997,63168775.100000001,97829588.549999997,124288.49,48257575.280000001,null,null,"SMMLV"]
["AgenteBilingüeAgenteespecializadoEconomía,administración,contaduríayafinesFrontofficesinherramientaZona2Servicio7x24Platino","IT-BPO-32-1080","Agente Bilingüe","Agente especializado","Economía, administración, contaduría y afines","Front office sin herramienta","Zona 2","Servicio 7x24","Platino","Mes 7x24",59996806.380000003,46363307.399999999,70266692.030000001,54762301.229999997,63096658.100000001,97829588.549999997,124288.49,48257575.280000001,null,null,"SMMLV"]
["AgenteBilingüeAgenteespecializadoMatemáticasycienciasnaturalesFrontofficesinherramientaZona2Servicio7x24Platino","IT-BPO-32-1083","Agente Bilingüe","Agente especializado","Matemáticas y ciencias naturales","Front office sin herramienta","Zona 2","Servicio 7x24","Platino","Mes 7x24",59996806.380000003,46363307.399999999,70266692.030000001,54762301.229999997,63168775.100000001,97829588.549999997,57798033.590000004,48257575.280000001,null,null,"SMMLV"]
["AgenteBilingüeAgenteespecializadoCienciasdelaeducaciónFrontofficesinherramientaZona2Servicio7x24Platino","IT-BPO-32-1084","Agente Bilingüe","Agente especializado","Ciencias de la educación","Front office sin herramienta","Zona 2","Servicio 7x24","Platino","Mes 7x24",59996806.380000003,46363307.399999999,70266692.030000001,54762301.229999997,63168775.100000001,97829588.549999997,57798033.590000004,48257575.280000001,null,null,"SMMLV"]
["AgenteBilingüeAgenteprofesionalIngeniería,arquitectura,urbanismoyafinesFrontofficesinherramientaZona3Servicio7x24Platino","IT-BPO-32-1087","Agente Bilingüe","Agente profesional","Ingeniería, arquitectura, urbanismo y afines","Front office sin herramienta","Zona 3","Servicio 7x24","Platino","Mes 7x24",46969265.07,36346321.859999999,57366699.600000001,43048493.840000004,49936256.119999997,76608729.450000003,57798033.590000004,38203121.57,null,null,"SMMLV"]
["AgenteBilingüeAgenteprofesionalBellasartesyafinesFrontofficesinherramientaZona3Servicio7x24Platino","IT-BPO-32-1088","Agente Bilingüe","Agente profesional","Bellas artes y afines","Front office sin herramienta","Zona 3","Servicio 7x24","Platino","Mes 7x24",46969265.07,36346321.859999999,57366699.600000001,43048493.840000004,49936256.119999997,76608729.450000003,57798033.590000004,38203121.57,null,null,"SMMLV"]
["AgenteBilingüeAgenteprofesionalAgronomía,veterinariayafinesFrontofficesinherramientaZona3Servicio7x24Platino","IT-BPO-32-1091","Agente Bilingüe","Agente profesional","Agronomía, veterinaria y afines","Front office sin herramienta","Zona 3","Servicio 7x24","Platino","Mes 7x24",46969265.07,36346321.859999999,57366699.600000001,43048493.840000004,49936256.119999997,76608729.450000003,58654970.780000001,38203121.57,null,null,"SMMLV"]
["AgenteBilingüeAgenteprofesionalCienciasdelaeducaciónyafinesFrontofficesinherramientaZona3Servicio7x24Platino","IT-BPO-32-1092","Agente Bilingüe","Agente profesional","Ciencias de la educación y afines","Front office sin herramienta","Zona 3","Servicio 7x24","Platino","Mes 7x24",46969265.07,36346321.859999999,57366699.600000001,43048493.840000004,49936256.119999997,76608729.450000003,58654970.780000001,38203121.57,null,null,"SMMLV"]
["AgenteBilingüeAgenteespecializadoCienciasdelasaludFrontofficesinherramientaZona3Servicio7x24Platino","IT-BPO-32-1094","Agente Bilingüe","Agente especializado","Ciencias de la salud","Front office sin herramienta","Zona 3","Servicio 7x24","Platino","Mes 7x24",59996806.380000003,56399223.299999997,84572019.5,95760627.659999996,81786231.280000001,119050447.65000001,58654970.780000001,48257575.280000001,null,null,"SMMLV"]
["AgenteBilingüeAgenteespecializadoCienciassocialesyhumanasFrontofficesinherramientaZona3Servicio7x24Platino","IT-BPO-32-1095","Agente Bilingüe","Agente especializado","Ciencias sociales y humanas","Front office sin herramienta","Zona 3","Servicio 7x24","Platino","Mes 7x24",59996806.380000003,46372772.579999998,70969359,54762301.229999997,63436746.350000001,97829588.549999997,57798033.590000004,48257575.280000001,null,null,"SMMLV"]
["AgenteBilingüeAgenteespecializadoBellasartesFrontofficesinherramientaZona3Servicio7x24Platino","IT-BPO-32-1098","Agente Bilingüe","Agente especializado","Bellas artes","Front office sin herramienta","Zona 3","Servicio 7x24","Platino","Mes 7x24",59996806.380000003,46372772.579999998,70969359,54762301.229999997,63436746.350000001,97829588.549999997,57798033.590000004,48257575.280000001,null,null,"SMMLV"]
["AgenteBilingüeAgenteespecializadoMatemáticasycienciasnaturalesFrontofficesinherramientaZona3Servicio7x24Platino","IT-BPO-32-1099","Agente Bilingüe","Agente especializado","Matemáticas y ciencias naturales","Front office sin herramienta","Zona 3","Servicio 7x24","Platino","Mes 7x24",59996806.380000003,46372772.579999998,70969359,54762301.229999997,63436746.350000001,97829588.549999997,57798033.590000004,48257575.280000001,null,null,"SMMLV"]
["AgenteBilingüeAgenteprofesionalCienciassociales,humanasyafinesEnSitioTodaslaszonasJornadaOrdinaria Oro","IT-BPO-32-1102","Agente Bilingüe","Agente profesional","Ciencias sociales, humanas y afines","En Sitio","Todas las zonas","Jornada Ordinaria ","Oro","Mes",9940094.6400000006,10107740.24,14013771.68,10387501.789999999,11673367.51,13512474.109999999,11976439.25,9401444.2100000009,null,null,"SMMLV"]
["AgenteBilingüeAgenteprofesionalIngeniería,arquitectura,urbanismoyafinesEnSitioTodaslaszonasJornadaOrdinaria Oro","IT-BPO-32-1103","Agente Bilingüe","Agente profesional","Ingeniería, arquitectura, urbanismo y afines","En Sitio","Todas las zonas","Jornada Ordinaria ","Oro","Mes",9940094.6400000006,10107740.24,14013771.68,10387501.789999999,11673367.51,13512474.109999999,11976439.25,9401444.2100000009,null,null,"SMMLV"]
["AgenteBilingüeAgenteprofesionalMatemáticas,cienciasnaturalesyafinesEnSitioTodaslaszonasJornadaOrdinaria Oro","IT-BPO-32-1105","Agente Bilingüe","Agente profesional","Matemáticas, ciencias naturales y afines","En Sitio","Todas las zonas","Jornada Ordinaria ","Oro","Mes",9940094.6400000006,10107740.24,14013771.68,10387501.789999999,11673367.51,13512474.109999999,11976439.25,9401444.2100000009,null,null,"SMMLV"]
["AgenteBilingüeAgenteprofesionalCienciasdelasaludyafinesEnSitioTodaslaszonasJornadaOrdinaria Oro","IT-BPO-32-1106","Agente Bilingüe","Agente profesional","Ciencias de la salud y afines","En Sitio","Todas las zonas","Jornada Ordinaria ","Oro","Mes",9940094.6400000006,12614352.92,17336683.859999999,14429510.33,15008615.359999999,17147417.489999998,11976439.25,11557859.470000001,null,null,"SMMLV"]
["AgenteBilingüeAgenteespecializadoAgronomía,veterinariayafinesEnSitioTodaslaszonasJornadaOrdinaria Oro","IT-BPO-32-1109","Agente Bilingüe","Agente especializado","Agronomía, veterinaria y afines","En Sitio","Todas las zonas","Jornada Ordinaria ","Oro","Mes",12421531.08,12614352.92,17336683.859999999,12880887.960000001,15061685.789999999,17147417.489999998,12154006.82,11557859.470000001,null,null,"SMMLV"]
["AgenteBilingüeAgenteespecializadoCienciasdelasaludEnSitioTodaslaszonasJornadaOrdinaria Oro","IT-BPO-32-1110","Agente Bilingüe","Agente especializado","Ciencias de la salud","En Sitio","Todas las zonas","Jornada Ordinaria ","Oro","Mes",12421531.08,15120965.6,20659598.239999998,18758781.170000002,18396933.649999999,20782360.879999999,12154006.82,13714274.83,null,null,"SMMLV"]
["AgenteBilingüeAgenteespecializadoIngeniería,arquitectura,urbanismoyafinesEnSitioTodaslaszonasJornadaOrdinaria Oro","IT-BPO-32-1113","Agente Bilingüe","Agente especializado","Ingeniería, arquitectura, urbanismo y afines","En Sitio","Todas las zonas","Jornada Ordinaria ","Oro","Mes",12421531.08,12614352.92,17336683.859999999,12880887.960000001,15061685.789999999,17147417.489999998,11976439.25,11557859.470000001,null,null,"SMMLV"]
["AgenteBilingüeAgenteespecializadoBellasartesEnSitioTodaslaszonasJornadaOrdinaria Oro","IT-BPO-32-1114","Agente Bilingüe","Agente especializado","Bellas artes","En Sitio","Todas las zonas","Jornada Ordinaria ","Oro","Mes",12421531.08,12614352.92,17336683.859999999,12880887.960000001,15061685.789999999,17147417.489999998,11976439.25,11557859.470000001,null,null,"SMMLV"]
["AgenteBilingüeAgenteespecializadoCienciasdelaeducaciónEnSitioTodaslaszonasJornadaOrdinaria Oro","IT-BPO-32-1116","Agente Bilingüe","Agente especializado","Ciencias de la educación","En Sitio","Todas las zonas","Jornada Ordinaria ","Oro","Mes",12421531.08,12614352.92,17336683.859999999,12880887.960000001,15061685.789999999,17147417.489999998,11976439.25,11557859.470000001,null,null,"SMMLV"]
["AgenteBilingüeAgenteprofesionalEconomía,administración,contaduríayafinesTeletrabajoTodaslaszonasJornadaOrdinaria Oro","IT-BPO-32-1117","Agente Bilingüe","Agente profesional","Economía, administración, contaduría y afines","Teletrabajo","Todas las zonas","Jornada Ordinaria ","Oro","Mes",9685861.9199999999,9956554.6799999997,12744452.060000001,9961229.2400000002,11726437.939999999,13495847.630000001,11976439.25,9009147.5399999991,null,null,"SMMLV"]
["AgenteBilingüeAgenteprofesionalBellasartesyafinesTeletrabajoTodaslaszonasJornadaOrdinaria Oro","IT-BPO-32-1120","Agente Bilingüe","Agente profesional","Bellas artes y afines","Teletrabajo","Todas las zonas","Jornada Ordinaria ","Oro","Mes",9685861.9199999999,9956554.6799999997,12744452.060000001,9961229.2400000002,11726437.939999999,13495847.630000001,77680.31,9009147.5399999991,null,null,"SMMLV"]
["AgenteBilingüeAgenteprofesionalMatemáticas,cienciasnaturalesyafinesTeletrabajoTodaslaszonasJornadaOrdinaria Oro","IT-BPO-32-1121","Agente Bilingüe","Agente profesional","Matemáticas, ciencias naturales y afines","Teletrabajo","Todas las zonas","Jornada Ordinaria ","Oro","Mes",9685861.9199999999,9956554.6799999997,12744452.060000001,9961229.2400000002,11726437.939999999,13495847.630000001,77680.31,9009147.5399999991,null,null,"SMMLV"]
["AgenteBilingüeAgenteprofesionalCienciasdelaeducaciónyafinesTeletrabajoTodaslaszonasJornadaOrdinaria Oro","IT-BPO-32-1124","Agente Bilingüe","Agente profesional","Ciencias de la educación y afines","Teletrabajo","Todas las zonas","Jornada Ordinaria ","Oro","Mes",9685861.9199999999,9956554.6799999997,12744452.060000001,9961229.2400000002,11726437.939999999,13495847.630000001,77680.31,9009147.5399999991,null,null,"SMMLV"]
["AgenteBilingüeAgenteespecializadoAgronomía,veterinariayafinesTeletrabajoTodaslaszonasJornadaOrdinaria Oro","IT-BPO-32-1125","Agente Bilingüe","Agente especializado","Agronomía, veterinaria y afines","Teletrabajo","Todas las zonas","Jornada Ordinaria ","Oro","Mes",12167482.32,12463167.359999999,16172854.35,12454614.32,15061685.789999999,16881194.52,78832.03,11165562.800000001,null,null,"SMMLV"]
["AgenteBilingüeAgenteespecializadoCienciassocialesyhumanasTeletrabajoTodaslaszonasJornadaOrdinaria Oro","IT-BPO-32-1127","Agente Bilingüe","Agente especializado","Ciencias sociales y humanas","Teletrabajo","Todas las zonas","Jornada Ordinaria ","Oro","Mes",12167482.32,12463167.359999999,16172854.35,12454614.32,15061685.789999999,16881194.52,78832.03,11165562.800000001,null,null,"SMMLV"]
["AgenteBilingüeAgenteespecializadoEconomía,administración,contaduríayafinesTeletrabajoTodaslaszonasJornadaOrdinaria Oro","IT-BPO-32-1128","Agente Bilingüe","Agente especializado","Economía, administración, contaduría y afines","Teletrabajo","Todas las zonas","Jornada Ordinaria ","Oro","Mes",12167482.32,12463167.359999999,16172854.35,12454614.32,15061685.789999999,16881194.52,78832.03,11165562.800000001,null,null,"SMMLV"]
["AgenteBilingüeAgenteespecializadoMatemáticasycienciasnaturalesTeletrabajoTodaslaszonasJornadaOrdinaria Oro","IT-BPO-32-1131","Agente Bilingüe","Agente especializado","Matemáticas y ciencias naturales","Teletrabajo","Todas las zonas","Jornada Ordinaria ","Oro","Mes",12167482.32,12463167.359999999,16172854.35,12454614.32,15061685.789999999,16881194.52,77680.31,11165562.800000001,null,null,"SMMLV"]
["AgenteBilingüeAgenteespecializadoCienciasdelaeducaciónTeletrabajoTodaslaszonasJornadaOrdinaria Oro","IT-BPO-32-1132","Agente Bilingüe","Agente especializado","Ciencias de la educación","Teletrabajo","Todas las zonas","Jornada Ordinaria ","Oro","Mes",12167482.32,12463167.359999999,16172854.35,12454614.32,15061685.789999999,16881194.52,77680.31,11165562.800000001,null,null,"SMMLV"]
["AgenteBilingüeAgenteprofesionalIngeniería,arquitectura,urbanismoyafinesEnlasinstalacionesdelaEntidadCompradoraZona1JornadaOrdinaria Oro","IT-BPO-32-1135","Agente Bilingüe","Agente profesional","Ingeniería, arquitectura, urbanismo y afines","En las instalaciones de la Entidad Compradora ","Zona 1","Jornada Ordinaria ","Oro","Mes",9325852.1999999993,9619213.6500000004,14013771.68,9793581.4499999993,12973126.789999999,13331807.869999999,77680.31,9009147.5399999991,null,null,"SMMLV"]
["AgenteBilingüeAgenteprofesionalBellasartesyafinesEnlasinstalacionesdelaEntidadCompradoraZona1JornadaOrdinaria Oro","IT-BPO-32-1136","Agente Bilingüe","Agente profesional","Bellas artes y afines","En las instalaciones de la Entidad Compradora ","Zona 1","Jornada Ordinaria ","Oro","Mes",9325852.1999999993,9619213.6500000004,14013771.68,9793581.4499999993,12973126.789999999,13331807.869999999,77680.31,9009147.5399999991,null,null,"SMMLV"]
["AgenteBilingüeAgenteprofesionalAgronomía,veterinariayafinesEnlasinstalacionesdelaEntidadCompradoraZona1JornadaOrdinaria Oro","IT-BPO-32-1139","Agente Bilingüe","Agente profesional","Agronomía, veterinaria y afines","En las instalaciones de la Entidad Compradora ","Zona 1","Jornada Ordinaria ","Oro","Mes",9325852.1999999993,9619213.6500000004,14013771.68,9793581.4499999993,12973126.789999999,13331807.869999999,108752.43,9009147.5399999991,null,null,"SMMLV"]
["AgenteBilingüeAgenteprofesionalCienciasdelaeducaciónyafinesEnlasinstalacionesdelaEntidadCompradoraZona1JornadaOrdinaria Oro","IT-BPO-32-1140","Agente Bilingüe","Agente profesional","Ciencias de la educación y afines","En las instalaciones de la Entidad Compradora ","Zona 1","Jornada Ordinaria ","Oro","Mes",9325852.1999999993,9619213.6500000004,14013771.68,9793581.4499999993,12973126.789999999,13331807.869999999,108752.43,9009147.5399999991,null,null,"SMMLV"]
["AgenteBilingüeAgenteespecializadoCienciasdelasaludEnlasinstalacionesdelaEntidadCompradoraZona1JornadaOrdinaria Oro","IT-BPO-32-1142","Agente Bilingüe","Agente especializado","Ciencias de la salud","En las instalaciones de la Entidad Compradora ","Zona 1","Jornada Ordinaria ","Oro","Mes",11807472.6,14632439.01,20659598.239999998,18243168.66,18309523.359999999,20486937.539999999,108752.43,13321978.16,null,null,"SMMLV"]
["AgenteBilingüeAgenteespecializadoCienciassocialesyhumanasEnlasinstalacionesdelaEntidadCompradoraZona1JornadaOrdinaria Oro","IT-BPO-32-1143","Agente Bilingüe","Agente especializado","Ciencias sociales y humanas","En las instalaciones de la Entidad Compradora ","Zona 1","Jornada Ordinaria ","Oro","Mes",11807472.6,12125826.33,17336683.859999999,12286966.529999999,16530724.51,16909372.16,110364.84,11165562.800000001,null,null,"SMMLV"]
["AgenteBilingüeAgenteespecializadoBellasartesEnlasinstalacionesdelaEntidadCompradoraZona1JornadaOrdinaria Oro","IT-BPO-32-1146","Agente Bilingüe","Agente especializado","Bellas artes","En las instalaciones de la Entidad Compradora ","Zona 1","Jornada Ordinaria ","Oro","Mes",11807472.6,12125826.33,17336683.859999999,12286966.529999999,16530724.51,16909372.16,110364.84,11165562.800000001,null,null,"SMMLV"]
["AgenteBilingüeAgenteespecializadoMatemáticasycienciasnaturalesEnlasinstalacionesdelaEntidadCompradoraZona1JornadaOrdinaria Oro","IT-BPO-32-1147","Agente Bilingüe","Agente especializado","Matemáticas y ciencias naturales","En las instalaciones de la Entidad Compradora ","Zona 1","Jornada Ordinaria ","Oro","Mes",11807472.6,12125826.33,17336683.859999999,12286966.529999999,16530724.51,16909372.16,110364.84,11165562.800000001,null,null,"SMMLV"]
["AgenteBilingüeAgenteprofesionalCienciassociales,humanasyafinesEnlasinstalacionesdelaEntidadCompradoraZona2JornadaOrdinaria Oro","IT-BPO-32-1150","Agente Bilingüe","Agente profesional","Ciencias sociales, humanas y afines","En las instalaciones de la Entidad Compradora ","Zona 2","Jornada Ordinaria ","Oro","Mes",9325852.1999999993,9634200.9199999999,14223977.73,9793581.4499999993,12973126.789999999,13342441.41,108752.43,9009147.5399999991,null,null,"SMMLV"]
["AgenteBilingüeAgenteprofesionalIngeniería,arquitectura,urbanismoyafinesEnlasinstalacionesdelaEntidadCompradoraZona2JornadaOrdinaria Oro","IT-BPO-32-1151","Agente Bilingüe","Agente profesional","Ingeniería, arquitectura, urbanismo y afines","En las instalaciones de la Entidad Compradora ","Zona 2","Jornada Ordinaria ","Oro","Mes",9325852.1999999993,9634200.9199999999,14223977.73,9793581.4499999993,12973126.789999999,13342441.41,108752.43,9009147.5399999991,null,null,"SMMLV"]
["AgenteBilingüeAgenteprofesionalMatemáticas,cienciasnaturalesyafinesEnlasinstalacionesdelaEntidadCompradoraZona2JornadaOrdinaria Oro","IT-BPO-32-1153","Agente Bilingüe","Agente profesional","Matemáticas, ciencias naturales y afines","En las instalaciones de la Entidad Compradora ","Zona 2","Jornada Ordinaria ","Oro","Mes",9325852.1999999993,9634200.9199999999,14223977.73,9793581.4499999993,12973126.789999999,13342441.41,108752.43,9009147.5399999991,null,null,"SMMLV"]
["AgenteBilingüeAgenteprofesionalCienciasdelasaludyafinesEnlasinstalacionesdelaEntidadCompradoraZona2JornadaOrdinaria Oro","IT-BPO-32-1154","Agente Bilingüe","Agente profesional","Ciencias de la salud y afines","En las instalaciones de la Entidad Compradora ","Zona 2","Jornada Ordinaria ","Oro","Mes",9325852.1999999993,12140813.6,17596735.41,13913897.82,16530724.51,16920006.800000001,108752.43,11165562.800000001,null,null,"SMMLV"]
["AgenteBilingüeAgenteespecializadoAgronomía,veterinariayafinesEnlasinstalacionesdelaEntidadCompradoraZona2JornadaOrdinaria Oro","IT-BPO-32-1157","Agente Bilingüe","Agente especializado","Agronomía, veterinaria y afines","En las instalaciones de la Entidad Compradora ","Zona 2","Jornada Ordinaria ","Oro","Mes",11807472.6,12140813.6,17596735.41,12286966.529999999,16530724.51,16920006.800000001,124288.49,11165562.800000001,null,null,"SMMLV"]
["AgenteBilingüeAgenteespecializadoCienciasdelasaludEnlasinstalacionesdelaEntidadCompradoraZona2JornadaOrdinaria Oro","IT-BPO-32-1158","Agente Bilingüe","Agente especializado","Ciencias de la salud","En las instalaciones de la Entidad Compradora ","Zona 2","Jornada Ordinaria ","Oro","Mes",11807472.6,14647426.279999999,20969492,18243168.66,18309523.359999999,20497571.09,124288.49,13321978.16,null,null,"SMMLV"]
["AgenteBilingüeAgenteespecializadoIngeniería,arquitectura,urbanismoyafinesEnlasinstalacionesdelaEntidadCompradoraZona2JornadaOrdinaria Oro","IT-BPO-32-1161","Agente Bilingüe","Agente especializado","Ingeniería, arquitectura, urbanismo y afines","En las instalaciones de la Entidad Compradora ","Zona 2","Jornada Ordinaria ","Oro","Mes",11807472.6,12140813.6,17596735.41,12286966.529999999,16530724.51,16920006.800000001,126131.25,11165562.800000001,null,null,"SMMLV"]
["AgenteBilingüeAgenteespecializadoBellasartesEnlasinstalacionesdelaEntidadCompradoraZona2JornadaOrdinaria Oro","IT-BPO-32-1162","Agente Bilingüe","Agente especializado","Bellas artes","En las instalaciones de la Entidad Compradora ","Zona 2","Jornada Ordinaria ","Oro","Mes",11807472.6,12140813.6,17596735.41,12286966.529999999,16530724.51,16920006.800000001,126131.25,11165562.800000001,null,null,"SMMLV"]
["AgenteBilingüeAgenteespecializadoCienciasdelaeducaciónEnlasinstalacionesdelaEntidadCompradoraZona2JornadaOrdinaria Oro","IT-BPO-32-1164","Agente Bilingüe","Agente especializado","Ciencias de la educación","En las instalaciones de la Entidad Compradora ","Zona 2","Jornada Ordinaria ","Oro","Mes",11807472.6,12140813.6,17596735.41,12286966.529999999,16530724.51,16920006.800000001,126131.25,11165562.800000001,null,null,"SMMLV"]
["AgenteBilingüeAgenteprofesionalEconomía,administración,contaduríayafinesEnlasinstalacionesdelaEntidadCompradoraZona3JornadaOrdinaria Oro","IT-BPO-32-1165","Agente Bilingüe","Agente profesional","Economía, administración, contaduría y afines","En las instalaciones de la Entidad Compradora ","Zona 3","Jornada Ordinaria ","Oro","Mes",9325852.1999999993,9654183.5700000003,14366218.23,9793581.4499999993,12973126.789999999,13369025.82,126131.25,9009147.5399999991,null,null,"SMMLV"]
["AgenteBilingüeAgenteprofesionalBellasartesyafinesEnlasinstalacionesdelaEntidadCompradoraZona3JornadaOrdinaria Oro","IT-BPO-32-1168","Agente Bilingüe","Agente profesional","Bellas artes y afines","En las instalaciones de la Entidad Compradora ","Zona 3","Jornada Ordinaria ","Oro","Mes",9325852.1999999993,9654183.5700000003,14366218.23,9793581.4499999993,12973126.789999999,13369025.82,124288.49,9009147.5399999991,null,null,"SMMLV"]
["AgenteBilingüeAgenteprofesionalMatemáticas,cienciasnaturalesyafinesEnlasinstalacionesdelaEntidadCompradoraZona3JornadaOrdinaria Oro","IT-BPO-32-1169","Agente Bilingüe","Agente profesional","Matemáticas, ciencias naturales y afines","En las instalaciones de la Entidad Compradora ","Zona 3","Jornada Ordinaria ","Oro","Mes",9325852.1999999993,9654183.5700000003,14366218.23,9793581.4499999993,12973126.789999999,13369025.82,124288.49,9009147.5399999991,null,null,"SMMLV"]
["AgenteBilingüeAgenteprofesionalCienciasdelaeducaciónyafinesEnlasinstalacionesdelaEntidadCompradoraZona3JornadaOrdinaria Oro","IT-BPO-32-1172","Agente Bilingüe","Agente profesional","Ciencias de la educación y afines","En las instalaciones de la Entidad Compradora ","Zona 3","Jornada Ordinaria ","Oro","Mes",9325852.1999999993,9654183.5700000003,14366218.23,9793581.4499999993,12973126.789999999,13369025.82,124288.49,9009147.5399999991,null,null,"SMMLV"]
["AgenteBilingüeAgenteespecializadoAgronomía,veterinariayafinesEnlasinstalacionesdelaEntidadCompradoraZona3JornadaOrdinaria Oro","IT-BPO-32-1173","Agente Bilingüe","Agente especializado","Agronomía, veterinaria y afines","En las instalaciones de la Entidad Compradora ","Zona 3","Jornada Ordinaria ","Oro","Mes",11807472.6,12160796.25,17772701.91,12286966.529999999,16530724.51,16946590.109999999,57798033.590000004,11165562.800000001,null,null,"SMMLV"]
["AgenteBilingüeAgenteespecializadoEconomía,administración,contaduríayafinesEnlasinstalacionesdelaEntidadCompradoraZona3JornadaOrdinaria Oro","IT-BPO-32-1176","Agente Bilingüe","Agente especializado","Economía, administración, contaduría y afines","En las instalaciones de la Entidad Compradora ","Zona 3","Jornada Ordinaria ","Oro","Mes",11807472.6,12160796.25,17772701.91,12286966.529999999,16530724.51,16946590.109999999,57798033.590000004,11165562.800000001,null,null,"SMMLV"]
["AgenteBilingüeAgenteespecializadoIngeniería,arquitectura,urbanismoyafinesEnlasinstalacionesdelaEntidadCompradoraZona3JornadaOrdinaria Oro","IT-BPO-32-1177","Agente Bilingüe","Agente especializado","Ingeniería, arquitectura, urbanismo y afines","En las instalaciones de la Entidad Compradora ","Zona 3","Jornada Ordinaria ","Oro","Mes",11807472.6,12160796.25,17772701.91,12286966.529999999,16530724.51,16946590.109999999,57798033.590000004,11165562.800000001,null,null,"SMMLV"]
["AgenteBilingüeAgenteespecializadoMatemáticasycienciasnaturalesEnlasinstalacionesdelaEntidadCompradoraZona3JornadaOrdinaria Oro","IT-BPO-32-1179","Agente Bilingüe","Agente especializado","Matemáticas y ciencias naturales","En las instalaciones de la Entidad Compradora ","Zona 3","Jornada Ordinaria ","Oro","Mes",11807472.6,12160796.25,17772701.91,12286966.529999999,16530724.51,16946590.109999999,58654970.780000001,11165562.800000001,null,null,"SMMLV"]
["AgenteBilingüeAgenteespecializadoCienciasdelaeducaciónEnlasinstalacionesdelaEntidadCompradoraZona3JornadaOrdinaria Oro","IT-BPO-32-1180","Agente Bilingüe","Agente especializado","Ciencias de la educación","En las instalaciones de la Entidad Compradora ","Zona 3","Jornada Ordinaria ","Oro","Mes",11807472.6,12160796.25,17772701.91,12286966.529999999,16530724.51,16946590.109999999,58654970.780000001,11165562.800000001,null,null,"SMMLV"]
["AgenteBilingüeAgenteprofesionalIngeniería,arquitectura,urbanismoyafinesFrontofficeconherramientaZona1JornadaOrdinaria Oro","IT-BPO-32-1183","Agente Bilingüe","Agente profesional","Ingeniería, arquitectura, urbanismo y afines","Front office con herramienta","Zona 1","Jornada Ordinaria ","Oro","Mes",9325852.1999999993,9619213.6500000004,13593358.470000001,10028199.439999999,12973126.789999999,13740783.800000001,58654970.780000001,9009147.5399999991,null,null,"SMMLV"]
["AgenteBilingüeAgenteprofesionalBellasartesyafinesFrontofficeconherramientaZona1JornadaOrdinaria Oro","IT-BPO-32-1184","Agente Bilingüe","Agente profesional","Bellas artes y afines","Front office con herramienta","Zona 1","Jornada Ordinaria ","Oro","Mes",9325852.1999999993,9619213.6500000004,13593358.470000001,10028199.439999999,12973126.789999999,13740783.800000001,58654970.780000001,9009147.5399999991,null,null,"SMMLV"]
["AgenteBilingüeAgenteprofesionalAgronomía,veterinariayafinesFrontofficeconherramientaZona1JornadaOrdinaria Oro","IT-BPO-32-1187","Agente Bilingüe","Agente profesional","Agronomía, veterinaria y afines","Front office con herramienta","Zona 1","Jornada Ordinaria ","Oro","Mes",9325852.1999999993,9619213.6500000004,13593358.470000001,10028199.439999999,12973126.789999999,13740783.800000001,57798033.590000004,9009147.5399999991,null,null,"SMMLV"]
["AgenteBilingüeAgenteprofesionalCienciasdelaeducaciónyafinesFrontofficeconherramientaZona1JornadaOrdinaria Oro","IT-BPO-32-1188","Agente Bilingüe","Agente profesional","Ciencias de la educación y afines","Front office con herramienta","Zona 1","Jornada Ordinaria ","Oro","Mes",9325852.1999999993,9619213.6500000004,13593358.470000001,10028199.439999999,12973126.789999999,13740783.800000001,57798033.590000004,9009147.5399999991,null,null,"SMMLV"]
["AgenteBilingüeAgenteespecializadoCienciasdelasaludFrontofficeconherramientaZona1JornadaOrdinaria Oro","IT-BPO-32-1190","Agente Bilingüe","Agente especializado","Ciencias de la salud","Front office con herramienta","Zona 1","Jornada Ordinaria ","Oro","Mes",11807472.6,14632439.01,20039810.719999999,18446851.800000001,18309523.359999999,21067365.289999999,57798033.590000004,13321978.16,null,null,"SMMLV"]
["AgenteBilingüeAgenteespecializadoCienciassocialesyhumanasFrontofficeconherramientaZona1JornadaOrdinaria Oro","IT-BPO-32-1191","Agente Bilingüe","Agente especializado","Ciencias sociales y humanas","Front office con herramienta","Zona 1","Jornada Ordinaria ","Oro","Mes",11807472.6,12125826.33,16816584.050000001,12521584.52,16530724.51,17404074.539999999,11976439.25,11165562.800000001,null,null,"SMMLV"]
["AgenteBilingüeAgenteespecializadoBellasartesFrontofficeconherramientaZona1JornadaOrdinaria Oro","IT-BPO-32-1194","Agente Bilingüe","Agente especializado","Bellas artes","Front office con herramienta","Zona 1","Jornada Ordinaria ","Oro","Mes",11807472.6,12125826.33,16816584.050000001,12521584.52,16530724.51,17404074.539999999,11976439.25,11165562.800000001,null,null,"SMMLV"]
["AgenteBilingüeAgenteespecializadoMatemáticasycienciasnaturalesFrontofficeconherramientaZona1JornadaOrdinaria Oro","IT-BPO-32-1195","Agente Bilingüe","Agente especializado","Matemáticas y ciencias naturales","Front office con herramienta","Zona 1","Jornada Ordinaria ","Oro","Mes",11807472.6,12125826.33,16816584.050000001,12521584.52,16530724.51,17404074.539999999,11976439.25,11165562.800000001,null,null,"SMMLV"]
["AgenteBilingüeAgenteprofesionalCienciassociales,humanasyafinesFrontofficeconherramientaZona2JornadaOrdinaria Oro","IT-BPO-32-1198","Agente Bilingüe","Agente profesional","Ciencias sociales, humanas y afines","Front office con herramienta","Zona 2","Jornada Ordinaria ","Oro","Mes",9325852.1999999993,9634200.9199999999,13797259.52,10028199.439999999,12973126.789999999,13751417.34,12154006.82,9009147.5399999991,null,null,"SMMLV"]
["AgenteBilingüeAgenteprofesionalIngeniería,arquitectura,urbanismoyafinesFrontofficeconherramientaZona2JornadaOrdinaria Oro","IT-BPO-32-1199","Agente Bilingüe","Agente profesional","Ingeniería, arquitectura, urbanismo y afines","Front office con herramienta","Zona 2","Jornada Ordinaria ","Oro","Mes",9325852.1999999993,9634200.9199999999,13797259.52,10028199.439999999,12973126.789999999,13751417.34,12154006.82,9009147.5399999991,null,null,"SMMLV"]
["AgenteBilingüeAgenteprofesionalMatemáticas,cienciasnaturalesyafinesFrontofficeconherramientaZona2JornadaOrdinaria Oro","IT-BPO-32-1201","Agente Bilingüe","Agente profesional","Matemáticas, ciencias naturales y afines","Front office con herramienta","Zona 2","Jornada Ordinaria ","Oro","Mes",9325852.1999999993,9634200.9199999999,13797259.52,10028199.439999999,12973126.789999999,13751417.34,12154006.82,9009147.5399999991,null,null,"SMMLV"]
["AgenteBilingüeAgenteprofesionalCienciasdelasaludyafinesFrontofficeconherramientaZona2JornadaOrdinaria Oro","IT-BPO-32-1202","Agente Bilingüe","Agente profesional","Ciencias de la salud y afines","Front office con herramienta","Zona 2","Jornada Ordinaria ","Oro","Mes",9325852.1999999993,12140813.6,17068833.719999999,14117580.960000001,16530724.51,17414708.09,12154006.82,11165562.800000001,null,null,"SMMLV"]
["AgenteBilingüeAgenteespecializadoAgronomía,veterinariayafinesFrontofficeconherramientaZona2JornadaOrdinaria Oro","IT-BPO-32-1205","Agente Bilingüe","Agente especializado","Agronomía, veterinaria y afines","Front office con herramienta","Zona 2","Jornada Ordinaria ","Oro","Mes",11807472.6,12140813.6,17068833.719999999,12521584.52,16530724.51,17414708.09,11976439.25,11165562.800000001,null,null,"SMMLV"]
["AgenteBilingüeAgenteespecializadoCienciasdelasaludFrontofficeconherramientaZona2JornadaOrdinaria Oro","IT-BPO-32-1206","Agente Bilingüe","Agente especializado","Ciencias de la salud","Front office con herramienta","Zona 2","Jornada Ordinaria ","Oro","Mes",11807472.6,14647426.279999999,20340406.829999998,18446851.800000001,18309523.359999999,21077999.93,11976439.25,13321978.16,null,null,"SMMLV"]
["AgenteBilingüeAgenteespecializadoIngeniería,arquitectura,urbanismoyafinesFrontofficeconherramientaZona2JornadaOrdinaria Oro","IT-BPO-32-1209","Agente Bilingüe","Agente especializado","Ingeniería, arquitectura, urbanismo y afines","Front office con herramienta","Zona 2","Jornada Ordinaria ","Oro","Mes",11807472.6,12140813.6,17068833.719999999,12521584.52,16530724.51,17414708.09,77680.31,11165562.800000001,null,null,"SMMLV"]
["AgenteBilingüeAgenteespecializadoBellasartesFrontofficeconherramientaZona2JornadaOrdinaria Oro","IT-BPO-32-1210","Agente Bilingüe","Agente especializado","Bellas artes","Front office con herramienta","Zona 2","Jornada Ordinaria ","Oro","Mes",11807472.6,12140813.6,17068833.719999999,12521584.52,16530724.51,17414708.09,77680.31,11165562.800000001,null,null,"SMMLV"]
["AgenteBilingüeAgenteespecializadoCienciasdelaeducaciónFrontofficeconherramientaZona2JornadaOrdinaria Oro","IT-BPO-32-1212","Agente Bilingüe","Agente especializado","Ciencias de la educación","Front office con herramienta","Zona 2","Jornada Ordinaria ","Oro","Mes",11807472.6,12140813.6,17068833.719999999,12521584.52,16530724.51,17414708.09,77680.31,11165562.800000001,null,null,"SMMLV"]
["AgenteBilingüeAgenteprofesionalEconomía,administración,contaduríayafinesFrontofficeconherramientaZona3JornadaOrdinaria Oro","IT-BPO-32-1213","Agente Bilingüe","Agente profesional","Economía, administración, contaduría y afines","Front office con herramienta","Zona 3","Jornada Ordinaria ","Oro","Mes",9325852.1999999993,9654183.5700000003,13935231.710000001,10028199.439999999,12973126.789999999,13778001.75,77680.31,9009147.5399999991,null,null,"SMMLV"]
["AgenteBilingüeAgenteprofesionalBellasartesyafinesFrontofficeconherramientaZona3JornadaOrdinaria Oro","IT-BPO-32-1216","Agente Bilingüe","Agente profesional","Bellas artes y afines","Front office con herramienta","Zona 3","Jornada Ordinaria ","Oro","Mes",9325852.1999999993,9654183.5700000003,13935231.710000001,10028199.439999999,12973126.789999999,13778001.75,78832.03,9009147.5399999991,null,null,"SMMLV"]
["AgenteBilingüeAgenteprofesionalMatemáticas,cienciasnaturalesyafinesFrontofficeconherramientaZona3JornadaOrdinaria Oro","IT-BPO-32-1217","Agente Bilingüe","Agente profesional","Matemáticas, ciencias naturales y afines","Front office con herramienta","Zona 3","Jornada Ordinaria ","Oro","Mes",9325852.1999999993,9654183.5700000003,13935231.710000001,10028199.439999999,12973126.789999999,13778001.75,78832.03,9009147.5399999991,null,null,"SMMLV"]
["AgenteBilingüeAgenteprofesionalCienciasdelaeducaciónyafinesFrontofficeconherramientaZona3JornadaOrdinaria Oro","IT-BPO-32-1220","Agente Bilingüe","Agente profesional","Ciencias de la educación y afines","Front office con herramienta","Zona 3","Jornada Ordinaria ","Oro","Mes",9325852.1999999993,9654183.5700000003,13935231.710000001,10028199.439999999,12973126.789999999,13778001.75,78832.03,9009147.5399999991,null,null,"SMMLV"]
["AgenteBilingüeAgenteespecializadoAgronomía,veterinariayafinesFrontofficeconherramientaZona3JornadaOrdinaria Oro","IT-BPO-32-1221","Agente Bilingüe","Agente especializado","Agronomía, veterinaria y afines","Front office con herramienta","Zona 3","Jornada Ordinaria ","Oro","Mes",11807472.6,12160796.25,17239522.32,12521584.52,16530724.51,17441292.5,77680.31,11165562.800000001,null,null,"SMMLV"]
[{"$f":"SUBSTITUTE(C4674&D4674&E4674&F4674&G4674&H4674&I4674,\" \",\"\")","v":"AgenteBilingüeAgenteespecializadoEconomía,administración,contaduríayafinesFrontofficeconherramientaZona3JornadaOrdinaria Oro"},"IT-BPO-32-1224","Agente Bilingüe","Agente especializado","Economía, administración, contaduría y afines","Front office con herramienta","Zona 3","Jornada Ordinaria ","Oro","Mes",11807472.6,12160796.25,17239522.32,12521584.52,16530724.51,17441292.5,77680.31,11165562.800000001,null,null,"SMMLV"]
["AgenteBilingüeAgenteespecializadoIngeniería,arquitectura,urbanismoyafinesFrontofficeconherramientaZona3JornadaOrdinaria Oro","IT-BPO-32-1225","Agente Bilingüe","Agente especializado","Ingeniería, arquitectura, urbanismo y afines","Front office con herramienta","Zona 3","Jornada Ordinaria ","Oro","Mes",11807472.6,12160796.25,17239522.32,12521584.52,16530724.51,17441292.5,77680.31,11165562.800000001,null,null,"SMMLV"]
["AgenteBilingüeAgenteespecializadoMatemáticasycienciasnaturalesFrontofficeconherramientaZona3JornadaOrdinaria Oro","IT-BPO-32-1227","Agente Bilingüe","Agente especializado","Matemáticas y ciencias naturales","Front office con herramienta","Zona 3","Jornada Ordinaria ","Oro","Mes",11807472.6,12160796.25,17239522.32,12521584.52,16530724.51,17441292.5,108752.43,11165562.800000001,null,null,"SMMLV"]
["AgenteBilingüeAgenteespecializadoCienciasdelaeducaciónFrontofficeconherramientaZona3JornadaOrdinaria Oro","IT-BPO-32-1228","Agente Bilingüe","Agente especializado","Ciencias de la educación","Front office con herramienta","Zona 3","Jornada Ordinaria ","Oro","Mes",11807472.6,12160796.25,17239522.32,12521584.52,16530724.51,17441292.5,108752.43,11165562.800000001,null,null,"SMMLV"]
["AgenteBilingüeAgenteprofesionalIngeniería,arquitectura,urbanismoyafinesFrontofficesinherramientaZona1JornadaOrdinaria Oro","IT-BPO-32-1231","Agente Bilingüe","Agente profesional","Ingeniería, arquitectura, urbanismo y afines","Front office sin herramienta","Zona 1","Jornada Ordinaria ","Oro","Mes",9091487.1600000001,9164868.5899999999,12913690.880000001,9478518.1999999993,12451592.01,13281857.25,108752.43,8869559.3499999996,null,null,"SMMLV"]
["AgenteBilingüeAgenteprofesionalBellasartesyafinesFrontofficesinherramientaZona1JornadaOrdinaria Oro","IT-BPO-32-1232","Agente Bilingüe","Agente profesional","Bellas artes y afines","Front office sin herramienta","Zona 1","Jornada Ordinaria ","Oro","Mes",9091487.1600000001,9164868.5899999999,12913690.880000001,9478518.1999999993,12451592.01,13281857.25,108752.43,8869559.3499999996,null,null,"SMMLV"]
["AgenteBilingüeAgenteprofesionalAgronomía,veterinariayafinesFrontofficesinherramientaZona1JornadaOrdinaria Oro","IT-BPO-32-1235","Agente Bilingüe","Agente profesional","Agronomía, veterinaria y afines","Front office sin herramienta","Zona 1","Jornada Ordinaria ","Oro","Mes",9091487.1600000001,9164868.5899999999,12913690.880000001,9478518.1999999993,12451592.01,13281857.25,110364.84,8869559.3499999996,null,null,"SMMLV"]
["AgenteBilingüeAgenteprofesionalCienciasdelaeducaciónyafinesFrontofficesinherramientaZona1JornadaOrdinaria Oro","IT-BPO-32-1236","Agente Bilingüe","Agente profesional","Ciencias de la educación y afines","Front office sin herramienta","Zona 1","Jornada Ordinaria ","Oro","Mes",9091487.1600000001,9164868.5899999999,12913690.880000001,9478518.1999999993,12451592.01,13281857.25,110364.84,8869559.3499999996,null,null,"SMMLV"]
["AgenteBilingüeAgenteespecializadoCienciasdelasaludFrontofficesinherramientaZona1JornadaOrdinaria Oro","IT-BPO-32-1238","Agente Bilingüe","Agente especializado","Ciencias de la salud","Front office sin herramienta","Zona 1","Jornada Ordinaria ","Oro","Mes",11572923.6,14178093.949999999,19037818.920000002,17969645.329999998,17787988.579999998,20608439.84,110364.84,13182389.970000001,null,null,"SMMLV"]
["AgenteBilingüeAgenteespecializadoCienciassocialesyhumanasFrontofficesinherramientaZona1JornadaOrdinaria Oro","IT-BPO-32-1239","Agente Bilingüe","Agente especializado","Ciencias sociales y humanas","Front office sin herramienta","Zona 1","Jornada Ordinaria ","Oro","Mes",11572923.6,11671481.27,15975755.449999999,11971903.279999999,16009189.73,16945149.09,108752.43,11025974.6,null,null,"SMMLV"]
["AgenteBilingüeAgenteespecializadoBellasartesFrontofficesinherramientaZona1JornadaOrdinaria Oro","IT-BPO-32-1242","Agente Bilingüe","Agente especializado","Bellas artes","Front office sin herramienta","Zona 1","Jornada Ordinaria ","Oro","Mes",11572923.6,11671481.27,15975755.449999999,11971903.279999999,16009189.73,16945149.09,108752.43,11025974.6,null,null,"SMMLV"]
["AgenteBilingüeAgenteespecializadoMatemáticasycienciasnaturalesFrontofficesinherramientaZona1JornadaOrdinaria Oro","IT-BPO-32-1243","Agente Bilingüe","Agente especializado","Matemáticas y ciencias naturales","Front office sin herramienta","Zona 1","Jornada Ordinaria ","Oro","Mes",11572923.6,11671481.27,15975755.449999999,11971903.279999999,16009189.73,16945149.09,108752.43,11025974.6,null,null,"SMMLV"]
["AgenteBilingüeAgenteprofesionalCienciassociales,humanasyafinesFrontofficesinherramientaZona2JornadaOrdinaria Oro","IT-BPO-32-1246","Agente Bilingüe","Agente profesional","Ciencias sociales, humanas y afines","Front office sin herramienta","Zona 2","Jornada Ordinaria ","Oro","Mes",9091487.1600000001,9167234.8800000008,13107395.279999999,9478518.1999999993,12451592.01,13281857.25,124288.49,8869559.3499999996,null,null,"SMMLV"]
["AgenteBilingüeAgenteprofesionalIngeniería,arquitectura,urbanismoyafinesFrontofficesinherramientaZona2JornadaOrdinaria Oro","IT-BPO-32-1247","Agente Bilingüe","Agente profesional","Ingeniería, arquitectura, urbanismo y afines","Front office sin herramienta","Zona 2","Jornada Ordinaria ","Oro","Mes",9091487.1600000001,9167234.8800000008,13107395.279999999,9478518.1999999993,12451592.01,13281857.25,124288.49,8869559.3499999996,null,null,"SMMLV"]
["AgenteBilingüeAgenteprofesionalMatemáticas,cienciasnaturalesyafinesFrontofficesinherramientaZona2JornadaOrdinaria Oro","IT-BPO-32-1249","Agente Bilingüe","Agente profesional","Matemáticas, ciencias naturales y afines","Front office sin herramienta","Zona 2","Jornada Ordinaria ","Oro","Mes",9091487.1600000001,9167234.8800000008,13107395.279999999,9478518.1999999993,12451592.01,13281857.25,124288.49,8869559.3499999996,null,null,"SMMLV"]
["AgenteBilingüeAgenteprofesionalCienciasdelasaludyafinesFrontofficesinherramientaZona2JornadaOrdinaria Oro","IT-BPO-32-1250","Agente Bilingüe","Agente profesional","Ciencias de la salud y afines","Front office sin herramienta","Zona 2","Jornada Ordinaria ","Oro","Mes",9091487.1600000001,11673847.560000001,16215390.720000001,13640374.49,16009189.73,16945149.09,124288.49,11025974.6,null,null,"SMMLV"]
["AgenteBilingüeAgenteespecializadoAgronomía,veterinariayafinesFrontofficesinherramientaZona2JornadaOrdinaria Oro","IT-BPO-32-1253","Agente Bilingüe","Agente especializado","Agronomía, veterinaria y afines","Front office sin herramienta","Zona 2","Jornada Ordinaria ","Oro","Mes",11572923.6,11673847.560000001,16215390.720000001,11971903.279999999,16009189.73,16945149.09,126131.25,11025974.6,null,null,"SMMLV"]
["AgenteBilingüeAgenteespecializadoCienciasdelasaludFrontofficesinherramientaZona2JornadaOrdinaria Oro","IT-BPO-32-1254","Agente Bilingüe","Agente especializado","Ciencias de la salud","Front office sin herramienta","Zona 2","Jornada Ordinaria ","Oro","Mes",11572923.6,14180460.24,19323387.260000002,17969645.329999998,17787988.579999998,20608439.84,126131.25,13182389.970000001,null,null,"SMMLV"]
["AgenteBilingüeAgenteespecializadoIngeniería,arquitectura,urbanismoyafinesFrontofficesinherramientaZona2JornadaOrdinaria Oro","IT-BPO-32-1257","Agente Bilingüe","Agente especializado","Ingeniería, arquitectura, urbanismo y afines","Front office sin herramienta","Zona 2","Jornada Ordinaria ","Oro","Mes",11572923.6,11673847.560000001,16215390.720000001,11971903.279999999,16009189.73,16945149.09,124288.49,11025974.6,null,null,"SMMLV"]
["AgenteBilingüeAgenteespecializadoBellasartesFrontofficesinherramientaZona2JornadaOrdinaria Oro","IT-BPO-32-1258","Agente Bilingüe","Agente especializado","Bellas artes","Front office sin herramienta","Zona 2","Jornada Ordinaria ","Oro","Mes",11572923.6,11673847.560000001,16215390.720000001,11971903.279999999,16009189.73,16945149.09,124288.49,11025974.6,null,null,"SMMLV"]
["AgenteBilingüeAgenteprofesionalEconomía,administración,contaduríayafinesFrontofficesinherramientaZona3JornadaOrdinaria Oro","IT-BPO-32-1261","Agente Bilingüe","Agente profesional","Economía, administración, contaduría y afines","Front office sin herramienta","Zona 3","Jornada Ordinaria ","Oro","Mes",9091487.1600000001,9170389.5800000001,13238470.07,9478518.1999999993,12451592.01,13281857.25,124288.49,8869559.3499999996,null,null,"SMMLV"]
["AgenteBilingüeAgenteprofesionalCienciassociales,humanasyafinesFrontofficesinherramientaZona3JornadaOrdinaria Oro","IT-BPO-32-1262","Agente Bilingüe","Agente profesional","Ciencias sociales, humanas y afines","Front office sin herramienta","Zona 3","Jornada Ordinaria ","Oro","Mes",9091487.1600000001,9170389.5800000001,13238470.07,9478518.1999999993,12451592.01,13281857.25,124288.49,8869559.3499999996,null,null,"SMMLV"]
["AgenteBilingüeAgenteprofesionalBellasartesyafinesFrontofficesinherramientaZona3JornadaOrdinaria Oro","IT-BPO-32-1264","Agente Bilingüe","Agente profesional","Bellas artes y afines","Front office sin herramienta","Zona 3","Jornada Ordinaria ","Oro","Mes",9091487.1600000001,9170389.5800000001,13238470.07,9478518.1999999993,12451592.01,13281857.25,57798033.590000004,8869559.3499999996,null,null,"SMMLV"]
["AgenteBilingüeAgenteprofesionalMatemáticas,cienciasnaturalesyafinesFrontofficesinherramientaZona3JornadaOrdinaria Oro","IT-BPO-32-1265","Agente Bilingüe","Agente profesional","Matemáticas, ciencias naturales y afines","Front office sin herramienta","Zona 3","Jornada Ordinaria ","Oro","Mes",9091487.1600000001,9170389.5800000001,13238470.07,9478518.1999999993,12451592.01,13281857.25,57798033.590000004,8869559.3499999996,null,null,"SMMLV"]
["AgenteBilingüeAgenteprofesionalCienciasdelaeducaciónyafinesFrontofficesinherramientaZona3JornadaOrdinaria Oro","IT-BPO-32-1268","Agente Bilingüe","Agente profesional","Ciencias de la educación y afines","Front office sin herramienta","Zona 3","Jornada Ordinaria ","Oro","Mes",9091487.1600000001,9170389.5800000001,13238470.07,9478518.1999999993,12451592.01,13281857.25,57798033.590000004,8869559.3499999996,null,null,"SMMLV"]
["AgenteBilingüeAgenteespecializadoAgronomía,veterinariayafinesFrontofficesinherramientaZona3JornadaOrdinaria Oro","IT-BPO-32-1269","Agente Bilingüe","Agente especializado","Agronomía, veterinaria y afines","Front office sin herramienta","Zona 3","Jornada Ordinaria ","Oro","Mes",11572923.6,11677002.26,16377544.890000001,11971903.279999999,16009189.73,16945149.09,58654970.780000001,11025974.6,null,null,"SMMLV"]
["AgenteBilingüeAgenteespecializadoEconomía,administración,contaduríayafinesFrontofficesinherramientaZona3JornadaOrdinaria Oro","IT-BPO-32-1272","Agente Bilingüe","Agente especializado","Economía, administración, contaduría y afines","Front office sin herramienta","Zona 3","Jornada Ordinaria ","Oro","Mes",11572923.6,11677002.26,16377544.890000001,11971903.279999999,16009189.73,16945149.09,58654970.780000001,11025974.6,null,null,"SMMLV"]
["AgenteBilingüeAgenteespecializadoIngeniería,arquitectura,urbanismoyafinesFrontofficesinherramientaZona3JornadaOrdinaria Oro","IT-BPO-32-1273","Agente Bilingüe","Agente especializado","Ingeniería, arquitectura, urbanismo y afines","Front office sin herramienta","Zona 3","Jornada Ordinaria ","Oro","Mes",11572923.6,11677002.26,16377544.890000001,11971903.279999999,16009189.73,16945149.09,58654970.780000001,11025974.6,null,null,"SMMLV"]
["AgenteBilingüeAgenteespecializadoMatemáticasycienciasnaturalesFrontofficesinherramientaZona3JornadaOrdinaria Oro","IT-BPO-32-1275","Agente Bilingüe","Agente especializado","Matemáticas y ciencias naturales","Front office sin herramienta","Zona 3","Jornada Ordinaria ","Oro","Mes",11572923.6,11677002.26,16377544.890000001,11971903.279999999,16009189.73,16945149.09,57798033.590000004,11025974.6,null,null,"SMMLV"]
["AgenteBilingüeAgenteespecializadoCienciasdelaeducaciónFrontofficesinherramientaZona3JornadaOrdinaria Oro","IT-BPO-32-1276","Agente Bilingüe","Agente especializado","Ciencias de la educación","Front office sin herramienta","Zona 3","Jornada Ordinaria ","Oro","Mes",11572923.6,11677002.26,16377544.890000001,11971903.279999999,16009189.73,16945149.09,57798033.590000004,11025974.6,null,null,"SMMLV"]
["AgenteBilingüeAgenteprofesionalIngeniería,arquitectura,urbanismoyafinesEnSitioTodaslaszonasHoraextradiurnaOro","IT-BPO-32-1279","Agente Bilingüe","Agente profesional","Ingeniería, arquitectura, urbanismo y afines","En Sitio","Todas las zonas","Hora extra diurna","Oro","Hora",59167.23,57116.3,76162.73,47451.83,47940,80432.13,57798033.590000004,41776.660000000003,null,null,"SMMLV"]
["AgenteBilingüeAgenteprofesionalBellasartesyafinesEnSitioTodaslaszonasHoraextradiurnaOro","IT-BPO-32-1280","Agente Bilingüe","Agente profesional","Bellas artes y afines","En Sitio","Todas las zonas","Hora extra diurna","Oro","Hora",59167.23,57116.3,76162.73,47451.83,47940,80432.13,57798033.590000004,41776.660000000003,null,null,"SMMLV"]
["AgenteBilingüeAgenteprofesionalAgronomía,veterinariayafinesEnSitioTodaslaszonasHoraextradiurnaOro","IT-BPO-32-1283","Agente Bilingüe","Agente profesional","Agronomía, veterinaria y afines","En Sitio","Todas las zonas","Hora extra diurna","Oro","Hora",59167.23,57116.3,76162.73,47451.83,47940,80432.13,11976439.25,41776.660000000003,null,null,"SMMLV"]
["AgenteBilingüeAgenteprofesionalCienciasdelaeducaciónyafinesEnSitioTodaslaszonasHoraextradiurnaOro","IT-BPO-32-1284","Agente Bilingüe","Agente profesional","Ciencias de la educación y afines","En Sitio","Todas las zonas","Hora extra diurna","Oro","Hora",59167.23,57116.3,76162.73,47451.83,47940,80432.13,11976439.25,41776.660000000003,null,null,"SMMLV"]
["AgenteBilingüeAgenteespecializadoCienciasdelasaludEnSitioTodaslaszonasHoraextradiurnaOro","IT-BPO-32-1286","Agente Bilingüe","Agente especializado","Ciencias de la salud","En Sitio","Todas las zonas","Hora extra diurna","Oro","Hora",73937.69,89754.96,112281.3,91928.54,75334.289999999994,123705.44,11976439.25,53246.89,null,null,"SMMLV"]
["AgenteBilingüeAgenteespecializadoCienciassocialesyhumanasEnSitioTodaslaszonasHoraextradiurnaOro","IT-BPO-32-1287","Agente Bilingüe","Agente especializado","Ciencias sociales y humanas","En Sitio","Todas las zonas","Hora extra diurna","Oro","Hora",73937.69,73436.179999999993,94221.47,60438.53,61637.14,102068.24,12154006.82,53246.89,null,null,"SMMLV"]
["AgenteBilingüeAgenteespecializadoBellasartesEnSitioTodaslaszonasHoraextradiurnaOro","IT-BPO-32-1290","Agente Bilingüe","Agente especializado","Bellas artes","En Sitio","Todas las zonas","Hora extra diurna","Oro","Hora",73937.69,73436.179999999993,94221.47,60438.53,61637.14,102068.24,12154006.82,53246.89,null,null,"SMMLV"]
["AgenteBilingüeAgenteespecializadoMatemáticasycienciasnaturalesEnSitioTodaslaszonasHoraextradiurnaOro","IT-BPO-32-1291","Agente Bilingüe","Agente especializado","Matemáticas y ciencias naturales","En Sitio","Todas las zonas","Hora extra diurna","Oro","Hora",73937.69,73436.179999999993,94221.47,60438.53,61637.14,102068.24,12154006.82,53246.89,null,null,"SMMLV"]
["AgenteBilingüeAgenteprofesionalCienciassociales,humanasyafinesTeletrabajoTodaslaszonasHoraextradiurnaOro","IT-BPO-32-1294","Agente Bilingüe","Agente profesional","Ciencias sociales, humanas y afines","Teletrabajo","Todas las zonas","Hora extra diurna","Oro","Hora",57653.94,57116.3,69264.23,47451.83,47940,80332.490000000005,11976439.25,41776.660000000003,null,null,"SMMLV"]
["AgenteBilingüeAgenteprofesionalIngeniería,arquitectura,urbanismoyafinesTeletrabajoTodaslaszonasHoraextradiurnaOro","IT-BPO-32-1295","Agente Bilingüe","Agente profesional","Ingeniería, arquitectura, urbanismo y afines","Teletrabajo","Todas las zonas","Hora extra diurna","Oro","Hora",57653.94,57116.3,69264.23,47451.83,47940,80332.490000000005,11976439.25,41776.660000000003,null,null,"SMMLV"]
["AgenteBilingüeAgenteprofesionalMatemáticas,cienciasnaturalesyafinesTeletrabajoTodaslaszonasHoraextradiurnaOro","IT-BPO-32-1297","Agente Bilingüe","Agente profesional","Matemáticas, ciencias naturales y afines","Teletrabajo","Todas las zonas","Hora extra diurna","Oro","Hora",57653.94,57116.3,69264.23,47451.83,47940,80332.490000000005,11976439.25,41776.660000000003,null,null,"SMMLV"]
["AgenteBilingüeAgenteprofesionalCienciasdelasaludyafinesTeletrabajoTodaslaszonasHoraextradiurnaOro","IT-BPO-32-1298","Agente Bilingüe","Agente profesional","Ciencias de la salud y afines","Teletrabajo","Todas las zonas","Hora extra diurna","Oro","Hora",57653.94,73436.179999999993,87896.75,79917.48,61637.14,100483.77,11976439.25,53246.89,null,null,"SMMLV"]
["AgenteBilingüeAgenteespecializadoAgronomía,veterinariayafinesTeletrabajoTodaslaszonasHoraextradiurnaOro","IT-BPO-32-1301","Agente Bilingüe","Agente especializado","Agronomía, veterinaria y afines","Teletrabajo","Todas las zonas","Hora extra diurna","Oro","Hora",72425.490000000005,73436.179999999993,87896.75,60438.53,61637.14,100483.77,77680.31,53246.89,null,null,"SMMLV"]
["AgenteBilingüeAgenteespecializadoCienciasdelasaludTeletrabajoTodaslaszonasHoraextradiurnaOro","IT-BPO-32-1302","Agente Bilingüe","Agente especializado","Ciencias de la salud","Teletrabajo","Todas las zonas","Hora extra diurna","Oro","Hora",72425.490000000005,89754.96,106529.27,105890.88,75334.289999999994,120635.06,77680.31,53246.89,null,null,"SMMLV"]
["AgenteBilingüeAgenteespecializadoIngeniería,arquitectura,urbanismoyafinesTeletrabajoTodaslaszonasHoraextradiurnaOro","IT-BPO-32-1305","Agente Bilingüe","Agente especializado","Ingeniería, arquitectura, urbanismo y afines","Teletrabajo","Todas las zonas","Hora extra diurna","Oro","Hora",72425.490000000005,73436.179999999993,87896.75,60438.53,61637.14,100483.77,78832.03,53246.89,null,null,"SMMLV"]
["AgenteBilingüeAgenteespecializadoBellasartesTeletrabajoTodaslaszonasHoraextradiurnaOro","IT-BPO-32-1306","Agente Bilingüe","Agente especializado","Bellas artes","Teletrabajo","Todas las zonas","Hora extra diurna","Oro","Hora",72425.490000000005,73436.179999999993,87896.75,60438.53,61637.14,100483.77,78832.03,53246.89,null,null,"SMMLV"]
["AgenteBilingüeAgenteprofesionalEconomía,administración,contaduríayafinesEnlasinstalacionesdelaEntidadCompradoraZona1HoraextradiurnaOro","IT-BPO-32-1309","Agente Bilingüe","Agente profesional","Economía, administración, contaduría y afines","En las instalaciones de la Entidad Compradora ","Zona 1","Hora extra diurna","Oro","Hora",55511.03,57116.3,76162.73,47451.83,58664.71,79356.84,78832.03,41776.660000000003,null,null,"SMMLV"]
["AgenteBilingüeAgenteprofesionalCienciassociales,humanasyafinesEnlasinstalacionesdelaEntidadCompradoraZona1HoraextradiurnaOro","IT-BPO-32-1310","Agente Bilingüe","Agente profesional","Ciencias sociales, humanas y afines","En las instalaciones de la Entidad Compradora ","Zona 1","Hora extra diurna","Oro","Hora",55511.03,57116.3,76162.73,47451.83,58664.71,79356.84,78832.03,41776.660000000003,null,null,"SMMLV"]
["AgenteBilingüeAgenteprofesionalBellasartesyafinesEnlasinstalacionesdelaEntidadCompradoraZona1HoraextradiurnaOro","IT-BPO-32-1312","Agente Bilingüe","Agente profesional","Bellas artes y afines","En las instalaciones de la Entidad Compradora ","Zona 1","Hora extra diurna","Oro","Hora",55511.03,57116.3,76162.73,47451.83,58664.71,79356.84,77680.31,41776.660000000003,null,null,"SMMLV"]
["AgenteBilingüeAgenteprofesionalMatemáticas,cienciasnaturalesyafinesEnlasinstalacionesdelaEntidadCompradoraZona1HoraextradiurnaOro","IT-BPO-32-1313","Agente Bilingüe","Agente profesional","Matemáticas, ciencias naturales y afines","En las instalaciones de la Entidad Compradora ","Zona 1","Hora extra diurna","Oro","Hora",55511.03,57116.3,76162.73,47451.83,58664.71,79356.84,77680.31,41776.660000000003,null,null,"SMMLV"]
["AgenteBilingüeAgenteprofesionalCienciasdelaeducaciónyafinesEnlasinstalacionesdelaEntidadCompradoraZona1HoraextradiurnaOro","IT-BPO-32-1316","Agente Bilingüe","Agente profesional","Ciencias de la educación y afines","En las instalaciones de la Entidad Compradora ","Zona 1","Hora extra diurna","Oro","Hora",55511.03,57116.3,76162.73,47451.83,58664.71,79356.84,77680.31,41776.660000000003,null,null,"SMMLV"]
["AgenteBilingüeAgenteespecializadoAgronomía,veterinariayafinesEnlasinstalacionesdelaEntidadCompradoraZona1HoraextradiurnaOro","IT-BPO-32-1317","Agente Bilingüe","Agente especializado","Agronomía, veterinaria y afines","En las instalaciones de la Entidad Compradora ","Zona 1","Hora extra diurna","Oro","Hora",70282.58,73436.179999999993,94221.47,60438.53,74640.97,100651.31,108752.43,53246.89,null,null,"SMMLV"]
["AgenteBilingüeAgenteespecializadoEconomía,administración,contaduríayafinesEnlasinstalacionesdelaEntidadCompradoraZona1HoraextradiurnaOro","IT-BPO-32-1320","Agente Bilingüe","Agente especializado","Economía, administración, contaduría y afines","En las instalaciones de la Entidad Compradora ","Zona 1","Hora extra diurna","Oro","Hora",70282.58,73436.179999999993,94221.47,60438.53,74640.97,100651.31,108752.43,53246.89,null,null,"SMMLV"]
["AgenteBilingüeAgenteespecializadoIngeniería,arquitectura,urbanismoyafinesEnlasinstalacionesdelaEntidadCompradoraZona1HoraextradiurnaOro","IT-BPO-32-1321","Agente Bilingüe","Agente especializado","Ingeniería, arquitectura, urbanismo y afines","En las instalaciones de la Entidad Compradora ","Zona 1","Hora extra diurna","Oro","Hora",70282.58,73436.179999999993,94221.47,60438.53,74640.97,100651.31,108752.43,53246.89,null,null,"SMMLV"]
["AgenteBilingüeAgenteespecializadoMatemáticasycienciasnaturalesEnlasinstalacionesdelaEntidadCompradoraZona1HoraextradiurnaOro","IT-BPO-32-1323","Agente Bilingüe","Agente especializado","Matemáticas y ciencias naturales","En las instalaciones de la Entidad Compradora ","Zona 1","Hora extra diurna","Oro","Hora",70282.58,73436.179999999993,94221.47,60438.53,74640.97,100651.31,110364.84,53246.89,null,null,"SMMLV"]
["AgenteBilingüeAgenteespecializadoCienciasdelaeducaciónEnlasinstalacionesdelaEntidadCompradoraZona1HoraextradiurnaOro","IT-BPO-32-1324","Agente Bilingüe","Agente especializado","Ciencias de la educación","En las instalaciones de la Entidad Compradora ","Zona 1","Hora extra diurna","Oro","Hora",70282.58,73436.179999999993,94221.47,60438.53,74640.97,100651.31,110364.84,53246.89,null,null,"SMMLV"]
["AgenteBilingüeAgenteprofesionalIngeniería,arquitectura,urbanismoyafinesEnlasinstalacionesdelaEntidadCompradoraZona2HoraextradiurnaOro","IT-BPO-32-1327","Agente Bilingüe","Agente profesional","Ingeniería, arquitectura, urbanismo y afines","En las instalaciones de la Entidad Compradora ","Zona 2","Hora extra diurna","Oro","Hora",55511.03,57116.3,77305.91,47451.83,59641.57,79420.350000000006,110364.84,41776.660000000003,null,null,"SMMLV"]
["AgenteBilingüeAgenteprofesionalBellasartesyafinesEnlasinstalacionesdelaEntidadCompradoraZona2HoraextradiurnaOro","IT-BPO-32-1328","Agente Bilingüe","Agente profesional","Bellas artes y afines","En las instalaciones de la Entidad Compradora ","Zona 2","Hora extra diurna","Oro","Hora",55511.03,57116.3,77305.91,47451.83,59641.57,79420.350000000006,110364.84,41776.660000000003,null,null,"SMMLV"]
["AgenteBilingüeAgenteprofesionalAgronomía,veterinariayafinesEnlasinstalacionesdelaEntidadCompradoraZona2HoraextradiurnaOro","IT-BPO-32-1331","Agente Bilingüe","Agente profesional","Agronomía, veterinaria y afines","En las instalaciones de la Entidad Compradora ","Zona 2","Hora extra diurna","Oro","Hora",55511.03,57116.3,77305.91,47451.83,59641.57,79420.350000000006,108752.43,41776.660000000003,null,null,"SMMLV"]
["AgenteBilingüeAgenteprofesionalCienciasdelaeducaciónyafinesEnlasinstalacionesdelaEntidadCompradoraZona2HoraextradiurnaOro","IT-BPO-32-1332","Agente Bilingüe","Agente profesional","Ciencias de la educación y afines","En las instalaciones de la Entidad Compradora ","Zona 2","Hora extra diurna","Oro","Hora",55511.03,57116.3,77305.91,47451.83,59641.57,79420.350000000006,108752.43,41776.660000000003,null,null,"SMMLV"]
["AgenteBilingüeAgenteespecializadoCienciasdelasaludEnlasinstalacionesdelaEntidadCompradoraZona2HoraextradiurnaOro","IT-BPO-32-1334","Agente Bilingüe","Agente especializado","Ciencias de la salud","En las instalaciones de la Entidad Compradora ","Zona 2","Hora extra diurna","Oro","Hora",70282.58,89754.96,113965.41,91928.54,103012.4,122010.38,108752.43,53246.89,null,null,"SMMLV"]
["AgenteBilingüeAgenteespecializadoCienciassocialesyhumanasEnlasinstalacionesdelaEntidadCompradoraZona2HoraextradiurnaOro","IT-BPO-32-1335","Agente Bilingüe","Agente especializado","Ciencias sociales y humanas","En las instalaciones de la Entidad Compradora ","Zona 2","Hora extra diurna","Oro","Hora",70282.58,73436.179999999993,95635.11,60438.53,75883.11,100714.82,124288.49,53246.89,null,null,"SMMLV"]
["AgenteBilingüeAgenteespecializadoBellasartesEnlasinstalacionesdelaEntidadCompradoraZona2HoraextradiurnaOro","IT-BPO-32-1338","Agente Bilingüe","Agente especializado","Bellas artes","En las instalaciones de la Entidad Compradora ","Zona 2","Hora extra diurna","Oro","Hora",70282.58,73436.179999999993,95635.11,60438.53,75883.11,100714.82,124288.49,53246.89,null,null,"SMMLV"]
["AgenteBilingüeAgenteespecializadoMatemáticasycienciasnaturalesEnlasinstalacionesdelaEntidadCompradoraZona2HoraextradiurnaOro","IT-BPO-32-1339","Agente Bilingüe","Agente especializado","Matemáticas y ciencias naturales","En las instalaciones de la Entidad Compradora ","Zona 2","Hora extra diurna","Oro","Hora",70282.58,73436.179999999993,95635.11,60438.53,75883.11,100714.82,124288.49,53246.89,null,null,"SMMLV"]
["AgenteBilingüeAgenteprofesionalCienciassociales,humanasyafinesEnlasinstalacionesdelaEntidadCompradoraZona3HoraextradiurnaOro","IT-BPO-32-1342","Agente Bilingüe","Agente profesional","Ciencias sociales, humanas y afines","En las instalaciones de la Entidad Compradora ","Zona 3","Hora extra diurna","Oro","Hora",55511.03,57116.3,78077.88,47451.83,59894.33,79578.03,126131.25,41776.660000000003,null,null,"SMMLV"]
["AgenteBilingüeAgenteprofesionalIngeniería,arquitectura,urbanismoyafinesEnlasinstalacionesdelaEntidadCompradoraZona3HoraextradiurnaOro","IT-BPO-32-1343","Agente Bilingüe","Agente profesional","Ingeniería, arquitectura, urbanismo y afines","En las instalaciones de la Entidad Compradora ","Zona 3","Hora extra diurna","Oro","Hora",55511.03,57116.3,78077.88,47451.83,59894.33,79578.03,126131.25,41776.660000000003,null,null,"SMMLV"]
["AgenteBilingüeAgenteprofesionalCienciasdelasaludyafinesEnlasinstalacionesdelaEntidadCompradoraZona3HoraextradiurnaOro","IT-BPO-32-1346","Agente Bilingüe","Agente profesional","Ciencias de la salud y afines","En las instalaciones de la Entidad Compradora ","Zona 3","Hora extra diurna","Oro","Hora",55511.03,73436.179999999993,96592.14,75161.899999999994,84570.39,100873.59,126131.25,53246.89,null,null,"SMMLV"]
["AgenteBilingüeAgenteprofesionalAgronomía,veterinariayafinesEnlasinstalacionesdelaEntidadCompradoraZona3HoraextradiurnaOro","IT-BPO-32-1347","Agente Bilingüe","Agente profesional","Agronomía, veterinaria y afines","En las instalaciones de la Entidad Compradora ","Zona 3","Hora extra diurna","Oro","Hora",55511.03,57116.3,78077.88,47451.83,59894.33,79578.03,124288.49,41776.660000000003,null,null,"SMMLV"]
["AgenteBilingüeAgenteespecializadoAgronomía,veterinariayafinesEnlasinstalacionesdelaEntidadCompradoraZona3HoraextradiurnaOro","IT-BPO-32-1349","Agente Bilingüe","Agente especializado","Agronomía, veterinaria y afines","En las instalaciones de la Entidad Compradora ","Zona 3","Hora extra diurna","Oro","Hora",70282.58,73436.179999999993,96592.14,60438.53,76202.41,100873.59,124288.49,53246.89,null,null,"SMMLV"]
["AgenteBilingüeAgenteespecializadoCienciasdelasaludEnlasinstalacionesdelaEntidadCompradoraZona3HoraextradiurnaOro","IT-BPO-32-1350","Agente Bilingüe","Agente especializado","Ciencias de la salud","En las instalaciones de la Entidad Compradora ","Zona 3","Hora extra diurna","Oro","Hora",70282.58,89754.96,115105.31,91928.54,103579.28,122168.06,124288.49,53246.89,null,null,"SMMLV"]
["AgenteBilingüeAgenteespecializadoIngeniería,arquitectura,urbanismoyafinesEnlasinstalacionesdelaEntidadCompradoraZona3HoraextradiurnaOro","IT-BPO-32-1353","Agente Bilingüe","Agente especializado","Ingeniería, arquitectura, urbanismo y afines","En las instalaciones de la Entidad Compradora ","Zona 3","Hora extra diurna","Oro","Hora",70282.58,73436.179999999993,96592.14,60438.53,76202.41,100873.59,57798033.590000004,53246.89,null,null,"SMMLV"]
["AgenteBilingüeAgenteespecializadoBellasartesEnlasinstalacionesdelaEntidadCompradoraZona3HoraextradiurnaOro","IT-BPO-32-1354","Agente Bilingüe","Agente especializado","Bellas artes","En las instalaciones de la Entidad Compradora ","Zona 3","Hora extra diurna","Oro","Hora",70282.58,73436.179999999993,96592.14,60438.53,76202.41,100873.59,57798033.590000004,53246.89,null,null,"SMMLV"]
["AgenteBilingüeAgenteprofesionalEconomía,administración,contaduríayafinesFrontofficeconherramientaZona1HoraextradiurnaOro","IT-BPO-32-1357","Agente Bilingüe","Agente profesional","Economía, administración, contaduría y afines","Front office con herramienta","Zona 1","Hora extra diurna","Oro","Hora",55511.03,57116.3,73877.460000000006,47451.83,59243.31,81791.03,57798033.590000004,41776.660000000003,null,null,"SMMLV"]
["AgenteBilingüeAgenteprofesionalCienciassociales,humanasyafinesFrontofficeconherramientaZona1HoraextradiurnaOro","IT-BPO-32-1358","Agente Bilingüe","Agente profesional","Ciencias sociales, humanas y afines","Front office con herramienta","Zona 1","Hora extra diurna","Oro","Hora",55511.03,57116.3,73877.460000000006,47451.83,59243.31,81791.03,57798033.590000004,41776.660000000003,null,null,"SMMLV"]
["AgenteBilingüeAgenteprofesionalBellasartesyafinesFrontofficeconherramientaZona1HoraextradiurnaOro","IT-BPO-32-1360","Agente Bilingüe","Agente profesional","Bellas artes y afines","Front office con herramienta","Zona 1","Hora extra diurna","Oro","Hora",55511.03,57116.3,73877.460000000006,47451.83,59243.31,81791.03,58654970.780000001,41776.660000000003,null,null,"SMMLV"]
["AgenteBilingüeAgenteprofesionalMatemáticas,cienciasnaturalesyafinesFrontofficeconherramientaZona1HoraextradiurnaOro","IT-BPO-32-1361","Agente Bilingüe","Agente profesional","Matemáticas, ciencias naturales y afines","Front office con herramienta","Zona 1","Hora extra diurna","Oro","Hora",55511.03,57116.3,73877.460000000006,47451.83,59243.31,81791.03,58654970.780000001,41776.660000000003,null,null,"SMMLV"]
["AgenteBilingüeAgenteprofesionalCienciasdelaeducaciónyafinesFrontofficeconherramientaZona1HoraextradiurnaOro","IT-BPO-32-1364","Agente Bilingüe","Agente profesional","Ciencias de la educación y afines","Front office con herramienta","Zona 1","Hora extra diurna","Oro","Hora",55511.03,57116.3,73877.460000000006,47451.83,59243.31,81791.03,58654970.780000001,41776.660000000003,null,null,"SMMLV"]
["AgenteBilingüeAgenteespecializadoAgronomía,veterinariayafinesFrontofficeconherramientaZona1HoraextradiurnaOro","IT-BPO-32-1365","Agente Bilingüe","Agente especializado","Agronomía, veterinaria y afines","Front office con herramienta","Zona 1","Hora extra diurna","Oro","Hora",70282.58,73436.179999999993,91395.27,60438.53,75220.17,103595.76,57798033.590000004,53246.89,null,null,"SMMLV"]
["AgenteBilingüeAgenteespecializadoEconomía,administración,contaduríayafinesFrontofficeconherramientaZona1HoraextradiurnaOro","IT-BPO-32-1368","Agente Bilingüe","Agente especializado","Economía, administración, contaduría y afines","Front office con herramienta","Zona 1","Hora extra diurna","Oro","Hora",70282.58,73436.179999999993,91395.27,60438.53,75220.17,103595.76,57798033.590000004,53246.89,null,null,"SMMLV"]
["AgenteBilingüeAgenteespecializadoIngeniería,arquitectura,urbanismoyafinesFrontofficeconherramientaZona1HoraextradiurnaOro","IT-BPO-32-1369","Agente Bilingüe","Agente especializado","Ingeniería, arquitectura, urbanismo y afines","Front office con herramienta","Zona 1","Hora extra diurna","Oro","Hora",70282.58,73436.179999999993,91395.27,60438.53,75220.17,103595.76,57798033.590000004,53246.89,null,null,"SMMLV"]
["AgenteBilingüeAgenteespecializadoMatemáticasycienciasnaturalesFrontofficeconherramientaZona1HoraextradiurnaOro","IT-BPO-32-1371","Agente Bilingüe","Agente especializado","Matemáticas y ciencias naturales","Front office con herramienta","Zona 1","Hora extra diurna","Oro","Hora",70282.58,73436.179999999993,91395.27,60438.53,75220.17,103595.76,11976439.25,53246.89,null,null,"SMMLV"]
["AgenteBilingüeAgenteespecializadoCienciasdelaeducaciónFrontofficeconherramientaZona1HoraextradiurnaOro","IT-BPO-32-1372","Agente Bilingüe","Agente especializado","Ciencias de la educación","Front office con herramienta","Zona 1","Hora extra diurna","Oro","Hora",70282.58,73436.179999999993,91395.27,60438.53,75220.17,103595.76,11976439.25,53246.89,null,null,"SMMLV"]
["AgenteBilingüeAgenteprofesionalIngeniería,arquitectura,urbanismoyafinesFrontofficeconherramientaZona2HoraextradiurnaOro","IT-BPO-32-1375","Agente Bilingüe","Agente profesional","Ingeniería, arquitectura, urbanismo y afines","Front office con herramienta","Zona 2","Hora extra diurna","Oro","Hora",55511.03,57116.3,74985.600000000006,47451.83,62423.33,81854.539999999994,11976439.25,41776.660000000003,null,null,"SMMLV"]
["AgenteBilingüeAgenteprofesionalBellasartesyafinesFrontofficeconherramientaZona2HoraextradiurnaOro","IT-BPO-32-1376","Agente Bilingüe","Agente profesional","Bellas artes y afines","Front office con herramienta","Zona 2","Hora extra diurna","Oro","Hora",55511.03,57116.3,74985.600000000006,47451.83,62423.33,81854.539999999994,11976439.25,41776.660000000003,null,null,"SMMLV"]
["AgenteBilingüeAgenteprofesionalAgronomía,veterinariayafinesFrontofficeconherramientaZona2HoraextradiurnaOro","IT-BPO-32-1379","Agente Bilingüe","Agente profesional","Agronomía, veterinaria y afines","Front office con herramienta","Zona 2","Hora extra diurna","Oro","Hora",55511.03,57116.3,74985.600000000006,47451.83,62423.33,81854.539999999994,12154006.82,41776.660000000003,null,null,"SMMLV"]
["AgenteBilingüeAgenteprofesionalCienciasdelaeducaciónyafinesFrontofficeconherramientaZona2HoraextradiurnaOro","IT-BPO-32-1380","Agente Bilingüe","Agente profesional","Ciencias de la educación y afines","Front office con herramienta","Zona 2","Hora extra diurna","Oro","Hora",55511.03,57116.3,74985.600000000006,47451.83,62423.33,81854.539999999994,12154006.82,41776.660000000003,null,null,"SMMLV"]
["AgenteBilingüeAgenteespecializadoCienciasdelasaludFrontofficeconherramientaZona2HoraextradiurnaOro","IT-BPO-32-1382","Agente Bilingüe","Agente especializado","Ciencias de la salud","Front office con herramienta","Zona 2","Hora extra diurna","Oro","Hora",70282.58,89754.96,110546.82,91928.54,96759.06,125465.1,12154006.82,53246.89,null,null,"SMMLV"]
["AgenteBilingüeAgenteespecializadoCienciassocialesyhumanasFrontofficeconherramientaZona2HoraextradiurnaOro","IT-BPO-32-1383","Agente Bilingüe","Agente especializado","Ciencias sociales y humanas","Front office con herramienta","Zona 2","Hora extra diurna","Oro","Hora",70282.58,73436.179999999993,92767.31,60438.53,76468.41,103659.27,11976439.25,53246.89,null,null,"SMMLV"]
["AgenteBilingüeAgenteespecializadoBellasartesFrontofficeconherramientaZona2HoraextradiurnaOro","IT-BPO-32-1386","Agente Bilingüe","Agente especializado","Bellas artes","Front office con herramienta","Zona 2","Hora extra diurna","Oro","Hora",70282.58,73436.179999999993,92767.31,60438.53,76468.41,103659.27,11976439.25,53246.89,null,null,"SMMLV"]
["AgenteBilingüeAgenteespecializadoMatemáticasycienciasnaturalesFrontofficeconherramientaZona2HoraextradiurnaOro","IT-BPO-32-1387","Agente Bilingüe","Agente especializado","Matemáticas y ciencias naturales","Front office con herramienta","Zona 2","Hora extra diurna","Oro","Hora",70282.58,73436.179999999993,92767.31,60438.53,76468.41,103659.27,11976439.25,53246.89,null,null,"SMMLV"]
["AgenteBilingüeAgenteprofesionalCienciassociales,humanasyafinesFrontofficeconherramientaZona3HoraextradiurnaOro","IT-BPO-32-1390","Agente Bilingüe","Agente profesional","Ciencias sociales, humanas y afines","Front office con herramienta","Zona 3","Hora extra diurna","Oro","Hora",55511.03,57116.3,75736.77,47451.83,62731.77,82012.22,77680.31,41776.660000000003,null,null,"SMMLV"]
["AgenteBilingüeAgenteprofesionalIngeniería,arquitectura,urbanismoyafinesFrontofficeconherramientaZona3HoraextradiurnaOro","IT-BPO-32-1391","Agente Bilingüe","Agente profesional","Ingeniería, arquitectura, urbanismo y afines","Front office con herramienta","Zona 3","Hora extra diurna","Oro","Hora",55511.03,57116.3,75736.77,47451.83,62731.77,82012.22,77680.31,41776.660000000003,null,null,"SMMLV"]
["AgenteBilingüeAgenteprofesionalCienciasdelasaludyafinesFrontofficeconherramientaZona3HoraextradiurnaOro","IT-BPO-32-1394","Agente Bilingüe","Agente profesional","Ciencias de la salud y afines","Front office con herramienta","Zona 3","Hora extra diurna","Oro","Hora",55511.03,73436.179999999993,93693.68,69380.3,75333.88,103818.05,77680.31,53246.89,null,null,"SMMLV"]
["AgenteBilingüeAgenteprofesionalAgronomía,veterinariayafinesFrontofficeconherramientaZona3HoraextradiurnaOro","IT-BPO-32-1395","Agente Bilingüe","Agente profesional","Agronomía, veterinaria y afines","Front office con herramienta","Zona 3","Hora extra diurna","Oro","Hora",55511.03,57116.3,75736.77,47451.83,62731.77,82012.22,78832.03,41776.660000000003,null,null,"SMMLV"]
["AgenteBilingüeAgenteespecializadoAgronomía,veterinariayafinesFrontofficeconherramientaZona3HoraextradiurnaOro","IT-BPO-32-1397","Agente Bilingüe","Agente especializado","Agronomía, veterinaria y afines","Front office con herramienta","Zona 3","Hora extra diurna","Oro","Hora",70282.58,73436.179999999993,93693.68,60438.53,76791.39,103818.05,78832.03,53246.89,null,null,"SMMLV"]
["AgenteBilingüeAgenteespecializadoCienciasdelasaludFrontofficeconherramientaZona3HoraextradiurnaOro","IT-BPO-32-1398","Agente Bilingüe","Agente especializado","Ciencias de la salud","Front office con herramienta","Zona 3","Hora extra diurna","Oro","Hora",70282.58,89754.96,111652.77,91928.54,103877.83,125622.78,78832.03,53246.89,null,null,"SMMLV"]
["AgenteBilingüeAgenteespecializadoIngeniería,arquitectura,urbanismoyafinesFrontofficeconherramientaZona3HoraextradiurnaOro","IT-BPO-32-1401","Agente Bilingüe","Agente especializado","Ingeniería, arquitectura, urbanismo y afines","Front office con herramienta","Zona 3","Hora extra diurna","Oro","Hora",70282.58,73436.179999999993,93693.68,60438.53,76791.39,103818.05,77680.31,53246.89,null,null,"SMMLV"]
["AgenteBilingüeAgenteespecializadoBellasartesFrontofficeconherramientaZona3HoraextradiurnaOro","IT-BPO-32-1402","Agente Bilingüe","Agente especializado","Bellas artes","Front office con herramienta","Zona 3","Hora extra diurna","Oro","Hora",70282.58,73436.179999999993,93693.68,60438.53,76791.39,103818.05,77680.31,53246.89,null,null,"SMMLV"]
["AgenteBilingüeAgenteprofesionalEconomía,administración,contaduríayafinesFrontofficesinherramientaZona1HoraextradiurnaOro","IT-BPO-32-1405","Agente Bilingüe","Agente profesional","Economía, administración, contaduría y afines","Front office sin herramienta","Zona 1","Hora extra diurna","Oro","Hora",54116,57116.3,70184.03,47451.83,59193.84,79059,77680.31,41776.660000000003,null,null,"SMMLV"]
["AgenteBilingüeAgenteprofesionalCienciassociales,humanasyafinesFrontofficesinherramientaZona1HoraextradiurnaOro","IT-BPO-32-1406","Agente Bilingüe","Agente profesional","Ciencias sociales, humanas y afines","Front office sin herramienta","Zona 1","Hora extra diurna","Oro","Hora",54116,57116.3,70184.03,47451.83,59193.84,79059,77680.31,41776.660000000003,null,null,"SMMLV"]
["AgenteBilingüeAgenteprofesionalBellasartesyafinesFrontofficesinherramientaZona1HoraextradiurnaOro","IT-BPO-32-1408","Agente Bilingüe","Agente profesional","Bellas artes y afines","Front office sin herramienta","Zona 1","Hora extra diurna","Oro","Hora",54116,57116.3,70184.03,47451.83,59193.84,79059,108752.43,41776.660000000003,null,null,"SMMLV"]
["AgenteBilingüeAgenteprofesionalMatemáticas,cienciasnaturalesyafinesFrontofficesinherramientaZona1HoraextradiurnaOro","IT-BPO-32-1409","Agente Bilingüe","Agente profesional","Matemáticas, ciencias naturales y afines","Front office sin herramienta","Zona 1","Hora extra diurna","Oro","Hora",54116,57116.3,70184.03,47451.83,59193.84,79059,108752.43,41776.660000000003,null,null,"SMMLV"]
["AgenteBilingüeAgenteprofesionalCienciasdelaeducaciónyafinesFrontofficesinherramientaZona1HoraextradiurnaOro","IT-BPO-32-1412","Agente Bilingüe","Agente profesional","Ciencias de la educación y afines","Front office sin herramienta","Zona 1","Hora extra diurna","Oro","Hora",54116,57116.3,70184.03,47451.83,59193.84,79059,108752.43,41776.660000000003,null,null,"SMMLV"]
["AgenteBilingüeAgenteespecializadoAgronomía,veterinariayafinesFrontofficesinherramientaZona1HoraextradiurnaOro","IT-BPO-32-1413","Agente Bilingüe","Agente especializado","Agronomía, veterinaria y afines","Front office sin herramienta","Zona 1","Hora extra diurna","Oro","Hora",68886.45,73436.179999999993,86825.84,60438.53,74460.649999999994,100864.83,110364.84,53246.89,null,null,"SMMLV"]
[{"$f":"SUBSTITUTE(C4866&D4866&E4866&F4866&G4866&H4866&I4866,\" \",\"\")","v":"AgenteBilingüeAgenteespecializadoEconomía,administración,contaduríayafinesFrontofficesinherramientaZona1HoraextradiurnaOro"},"IT-BPO-32-1416","Agente Bilingüe","Agente especializado","Economía, administración, contaduría y afines","Front office sin herramienta","Zona 1","Hora extra diurna","Oro","Hora",68886.45,73436.179999999993,86825.84,60438.53,74460.649999999994,100864.83,110364.84,53246.89,null,null,"SMMLV"]
["AgenteBilingüeAgenteespecializadoIngeniería,arquitectura,urbanismoyafinesFrontofficesinherramientaZona1HoraextradiurnaOro","IT-BPO-32-1417","Agente Bilingüe","Agente especializado","Ingeniería, arquitectura, urbanismo y afines","Front office sin herramienta","Zona 1","Hora extra diurna","Oro","Hora",68886.45,73436.179999999993,86825.84,60438.53,74460.649999999994,100864.83,110364.84,53246.89,null,null,"SMMLV"]
["AgenteBilingüeAgenteespecializadoMatemáticasycienciasnaturalesFrontofficesinherramientaZona1HoraextradiurnaOro","IT-BPO-32-1419","Agente Bilingüe","Agente especializado","Matemáticas y ciencias naturales","Front office sin herramienta","Zona 1","Hora extra diurna","Oro","Hora",68886.45,73436.179999999993,86825.84,60438.53,74460.649999999994,100864.83,108752.43,53246.89,null,null,"SMMLV"]
["AgenteBilingüeAgenteespecializadoCienciasdelaeducaciónFrontofficesinherramientaZona1HoraextradiurnaOro","IT-BPO-32-1420","Agente Bilingüe","Agente especializado","Ciencias de la educación","Front office sin herramienta","Zona 1","Hora extra diurna","Oro","Hora",68886.45,73436.179999999993,86825.84,60438.53,74460.649999999994,100864.83,108752.43,53246.89,null,null,"SMMLV"]
["AgenteBilingüeAgenteprofesionalIngeniería,arquitectura,urbanismoyafinesFrontofficesinherramientaZona2HoraextradiurnaOro","IT-BPO-32-1423","Agente Bilingüe","Agente profesional","Ingeniería, arquitectura, urbanismo y afines","Front office sin herramienta","Zona 2","Hora extra diurna","Oro","Hora",54116,57116.3,71237.42,47451.83,60213.440000000002,79059,108752.43,41776.660000000003,null,null,"SMMLV"]
["AgenteBilingüeAgenteprofesionalBellasartesyafinesFrontofficesinherramientaZona2HoraextradiurnaOro","IT-BPO-32-1424","Agente Bilingüe","Agente profesional","Bellas artes y afines","Front office sin herramienta","Zona 2","Hora extra diurna","Oro","Hora",54116,57116.3,71237.42,47451.83,60213.440000000002,79059,108752.43,41776.660000000003,null,null,"SMMLV"]
["AgenteBilingüeAgenteprofesionalAgronomía,veterinariayafinesFrontofficesinherramientaZona2HoraextradiurnaOro","IT-BPO-32-1427","Agente Bilingüe","Agente profesional","Agronomía, veterinaria y afines","Front office sin herramienta","Zona 2","Hora extra diurna","Oro","Hora",54116,57116.3,71237.42,47451.83,60213.440000000002,79059,124288.49,41776.660000000003,null,null,"SMMLV"]
["AgenteBilingüeAgenteprofesionalCienciasdelaeducaciónyafinesFrontofficesinherramientaZona2HoraextradiurnaOro","IT-BPO-32-1428","Agente Bilingüe","Agente profesional","Ciencias de la educación y afines","Front office sin herramienta","Zona 2","Hora extra diurna","Oro","Hora",54116,57116.3,71237.42,47451.83,60213.440000000002,79059,124288.49,41776.660000000003,null,null,"SMMLV"]
["AgenteBilingüeAgenteespecializadoCienciassocialesyhumanasFrontofficesinherramientaZona2HoraextradiurnaOro","IT-BPO-32-1431","Agente Bilingüe","Agente especializado","Ciencias sociales y humanas","Front office sin herramienta","Zona 2","Hora extra diurna","Oro","Hora",68886.45,73436.179999999993,88127.79,60438.53,75702.78,100864.83,126131.25,53246.89,null,null,"SMMLV"]
["AgenteBilingüeAgenteespecializadoEconomía,administración,contaduríayafinesFrontofficesinherramientaZona2HoraextradiurnaOro","IT-BPO-32-1432","Agente Bilingüe","Agente especializado","Economía, administración, contaduría y afines","Front office sin herramienta","Zona 2","Hora extra diurna","Oro","Hora",68886.45,73436.179999999993,88127.79,60438.53,75702.78,100864.83,126131.25,53246.89,null,null,"SMMLV"]
["AgenteBilingüeAgenteespecializadoBellasartesFrontofficesinherramientaZona2HoraextradiurnaOro","IT-BPO-32-1434","Agente Bilingüe","Agente especializado","Bellas artes","Front office sin herramienta","Zona 2","Hora extra diurna","Oro","Hora",68886.45,73436.179999999993,88127.79,60438.53,75702.78,100864.83,126131.25,53246.89,null,null,"SMMLV"]
["AgenteBilingüeAgenteespecializadoMatemáticasycienciasnaturalesFrontofficesinherramientaZona2HoraextradiurnaOro","IT-BPO-32-1435","Agente Bilingüe","Agente especializado","Matemáticas y ciencias naturales","Front office sin herramienta","Zona 2","Hora extra diurna","Oro","Hora",68886.45,73436.179999999993,88127.79,60438.53,75702.78,100864.83,126131.25,53246.89,null,null,"SMMLV"]
["AgenteBilingüeAgenteprofesionalCienciassociales,humanasyafinesFrontofficesinherramientaZona3HoraextradiurnaOro","IT-BPO-32-1438","Agente Bilingüe","Agente profesional","Ciencias sociales, humanas y afines","Front office sin herramienta","Zona 3","Hora extra diurna","Oro","Hora",54116,57116.3,71949.17,47451.83,60486.96,79059,124288.49,41776.660000000003,null,null,"SMMLV"]
["AgenteBilingüeAgenteprofesionalIngeniería,arquitectura,urbanismoyafinesFrontofficesinherramientaZona3HoraextradiurnaOro","IT-BPO-32-1439","Agente Bilingüe","Agente profesional","Ingeniería, arquitectura, urbanismo y afines","Front office sin herramienta","Zona 3","Hora extra diurna","Oro","Hora",54116,57116.3,71949.17,47451.83,60486.96,79059,124288.49,41776.660000000003,null,null,"SMMLV"]
["AgenteBilingüeAgenteprofesionalCienciasdelasaludyafinesFrontofficesinherramientaZona3HoraextradiurnaOro","IT-BPO-32-1442","Agente Bilingüe","Agente profesional","Ciencias de la salud y afines","Front office sin herramienta","Zona 3","Hora extra diurna","Oro","Hora",54116,73436.179999999993,89010.36,75161.899999999994,83342.75,100864.83,124288.49,53246.89,null,null,"SMMLV"]
["AgenteBilingüeAgenteprofesionalAgronomía,veterinariayafinesFrontofficesinherramientaZona3HoraextradiurnaOro","IT-BPO-32-1443","Agente Bilingüe","Agente profesional","Agronomía, veterinaria y afines","Front office sin herramienta","Zona 3","Hora extra diurna","Oro","Hora",54116,57116.3,71949.17,47451.83,60486.96,79059,57798033.590000004,41776.660000000003,null,null,"SMMLV"]
["AgenteBilingüeAgenteespecializadoAgronomía,veterinariayafinesFrontofficesinherramientaZona3HoraextradiurnaOro","IT-BPO-32-1445","Agente Bilingüe","Agente especializado","Agronomía, veterinaria y afines","Front office sin herramienta","Zona 3","Hora extra diurna","Oro","Hora",68886.45,73436.179999999993,89010.36,60438.53,76013.850000000006,100864.83,57798033.590000004,53246.89,null,null,"SMMLV"]
["AgenteBilingüeAgenteespecializadoCienciasdelasaludFrontofficesinherramientaZona3HoraextradiurnaOro","IT-BPO-32-1446","Agente Bilingüe","Agente especializado","Ciencias de la salud","Front office sin herramienta","Zona 3","Hora extra diurna","Oro","Hora",68886.45,89754.96,106069.37,91928.54,106088.12,122669.57,57798033.590000004,53246.89,null,null,"SMMLV"]
["AgenteBilingüeAgenteespecializadoIngeniería,arquitectura,urbanismoyafinesFrontofficesinherramientaZona3HoraextradiurnaOro","IT-BPO-32-1449","Agente Bilingüe","Agente especializado","Ingeniería, arquitectura, urbanismo y afines","Front office sin herramienta","Zona 3","Hora extra diurna","Oro","Hora",68886.45,73436.179999999993,89010.36,60438.53,76013.850000000006,100864.83,58654970.780000001,53246.89,null,null,"SMMLV"]
["AgenteBilingüeAgenteespecializadoBellasartesFrontofficesinherramientaZona3HoraextradiurnaOro","IT-BPO-32-1450","Agente Bilingüe","Agente especializado","Bellas artes","Front office sin herramienta","Zona 3","Hora extra diurna","Oro","Hora",68886.45,73436.179999999993,89010.36,60438.53,76013.850000000006,100864.83,58654970.780000001,53246.89,null,null,"SMMLV"]
["AgenteBilingüeAgenteprofesionalEconomía,administración,contaduríayafinesEnSitioTodaslaszonasHoraextranocturna Oro","IT-BPO-32-1453","Agente Bilingüe","Agente profesional","Economía, administración, contaduría y afines","En Sitio","Todas las zonas","Hora extra nocturna ","Oro","Hora",82834.12,79963.47,106627.82,65902.58,67116,112604.33,58654970.780000001,58487.34,null,null,"SMMLV"]
["AgenteBilingüeAgenteprofesionalCienciassociales,humanasyafinesEnSitioTodaslaszonasHoraextranocturna Oro","IT-BPO-32-1454","Agente Bilingüe","Agente profesional","Ciencias sociales, humanas y afines","En Sitio","Todas las zonas","Hora extra nocturna ","Oro","Hora",82834.12,79963.47,106627.82,65902.58,67116,112604.33,58654970.780000001,58487.34,null,null,"SMMLV"]
["AgenteBilingüeAgenteprofesionalBellasartesyafinesEnSitioTodaslaszonasHoraextranocturna Oro","IT-BPO-32-1456","Agente Bilingüe","Agente profesional","Bellas artes y afines","En Sitio","Todas las zonas","Hora extra nocturna ","Oro","Hora",82834.12,79963.47,106627.82,65902.58,67116,112604.33,57798033.590000004,58487.34,null,null,"SMMLV"]
["AgenteBilingüeAgenteprofesionalMatemáticas,cienciasnaturalesyafinesEnSitioTodaslaszonasHoraextranocturna Oro","IT-BPO-32-1457","Agente Bilingüe","Agente profesional","Matemáticas, ciencias naturales y afines","En Sitio","Todas las zonas","Hora extra nocturna ","Oro","Hora",82834.12,79963.47,106627.82,65902.58,67116,112604.33,57798033.590000004,58487.34,null,null,"SMMLV"]
["AgenteBilingüeAgenteprofesionalCienciasdelaeducaciónyafinesEnSitioTodaslaszonasHoraextranocturna Oro","IT-BPO-32-1460","Agente Bilingüe","Agente profesional","Ciencias de la educación y afines","En Sitio","Todas las zonas","Hora extra nocturna ","Oro","Hora",82834.12,79963.47,106627.82,65902.58,67116,112604.33,57798033.590000004,58487.34,null,null,"SMMLV"]
["AgenteBilingüeAgenteespecializadoAgronomía,veterinariayafinesEnSitioTodaslaszonasHoraextranocturna Oro","IT-BPO-32-1461","Agente Bilingüe","Agente especializado","Agronomía, veterinaria y afines","En Sitio","Todas las zonas","Hora extra nocturna ","Oro","Hora",103512.76,102810.65,131910.26999999999,84083.96,86292,142895.31,11976439.25,74545.740000000005,null,null,"SMMLV"]
["AgenteBilingüeAgenteespecializadoEconomía,administración,contaduríayafinesEnSitioTodaslaszonasHoraextranocturna Oro","IT-BPO-32-1464","Agente Bilingüe","Agente especializado","Economía, administración, contaduría y afines","En Sitio","Todas las zonas","Hora extra nocturna ","Oro","Hora",103512.76,102810.65,131910.26999999999,84083.96,86292,142895.31,11976439.25,74545.740000000005,null,null,"SMMLV"]
["AgenteBilingüeAgenteespecializadoIngeniería,arquitectura,urbanismoyafinesEnSitioTodaslaszonasHoraextranocturna Oro","IT-BPO-32-1465","Agente Bilingüe","Agente especializado","Ingeniería, arquitectura, urbanismo y afines","En Sitio","Todas las zonas","Hora extra nocturna ","Oro","Hora",103512.76,102810.65,131910.26999999999,84083.96,86292,142895.31,11976439.25,74545.740000000005,null,null,"SMMLV"]
["AgenteBilingüeAgenteespecializadoMatemáticasycienciasnaturalesEnSitioTodaslaszonasHoraextranocturna Oro","IT-BPO-32-1467","Agente Bilingüe","Agente especializado","Matemáticas y ciencias naturales","En Sitio","Todas las zonas","Hora extra nocturna ","Oro","Hora",103512.76,102810.65,131910.26999999999,84083.96,86292,142895.31,12154006.82,74545.740000000005,null,null,"SMMLV"]
["AgenteBilingüeAgenteespecializadoCienciasdelaeducaciónEnSitioTodaslaszonasHoraextranocturna Oro","IT-BPO-32-1468","Agente Bilingüe","Agente especializado","Ciencias de la educación","En Sitio","Todas las zonas","Hora extra nocturna ","Oro","Hora",103512.76,102810.65,131910.26999999999,84083.96,86292,142895.31,12154006.82,74545.740000000005,null,null,"SMMLV"]
["AgenteBilingüeAgenteprofesionalIngeniería,arquitectura,urbanismoyafinesTeletrabajoTodaslaszonasHoraextranocturna Oro","IT-BPO-32-1471","Agente Bilingüe","Agente profesional","Ingeniería, arquitectura, urbanismo y afines","Teletrabajo","Todas las zonas","Hora extra nocturna ","Oro","Hora",80715.520000000004,79963.47,96969.919999999998,65902.58,67116,112466.36,12154006.82,58487.34,null,null,"SMMLV"]
["AgenteBilingüeAgenteprofesionalBellasartesyafinesTeletrabajoTodaslaszonasHoraextranocturna Oro","IT-BPO-32-1472","Agente Bilingüe","Agente profesional","Bellas artes y afines","Teletrabajo","Todas las zonas","Hora extra nocturna ","Oro","Hora",80715.520000000004,79963.47,96969.919999999998,65902.58,67116,112466.36,12154006.82,58487.34,null,null,"SMMLV"]
["AgenteBilingüeAgenteprofesionalAgronomía,veterinariayafinesTeletrabajoTodaslaszonasHoraextranocturna Oro","IT-BPO-32-1475","Agente Bilingüe","Agente profesional","Agronomía, veterinaria y afines","Teletrabajo","Todas las zonas","Hora extra nocturna ","Oro","Hora",80715.520000000004,79963.47,96969.919999999998,65902.58,67116,140676.84,11976439.25,58487.34,null,null,"SMMLV"]
["AgenteBilingüeAgenteprofesionalCienciasdelaeducaciónyafinesTeletrabajoTodaslaszonasHoraextranocturna Oro","IT-BPO-32-1476","Agente Bilingüe","Agente profesional","Ciencias de la educación y afines","Teletrabajo","Todas las zonas","Hora extra nocturna ","Oro","Hora",80715.520000000004,79963.47,96969.919999999998,65902.58,67116,140676.84,11976439.25,58487.34,null,null,"SMMLV"]
["AgenteBilingüeAgenteespecializadoCienciassocialesyhumanasTeletrabajoTodaslaszonasHoraextranocturna Oro","IT-BPO-32-1479","Agente Bilingüe","Agente especializado","Ciencias sociales y humanas","Teletrabajo","Todas las zonas","Hora extra nocturna ","Oro","Hora",101395.69,102810.65,123055.01,84083.96,86292,140676.84,77680.31,74545.740000000005,null,null,"SMMLV"]
[{"$f":"SUBSTITUTE(C4930&D4930&E4930&F4930&G4930&H4930&I4930,\" \",\"\")","v":"AgenteBilingüeAgenteespecializadoEconomía,administración,contaduríayafinesTeletrabajoTodaslaszonasHoraextranocturna Oro"},"IT-BPO-32-1480","Agente Bilingüe","Agente especializado","Economía, administración, contaduría y afines","Teletrabajo","Todas las zonas","Hora extra nocturna ","Oro","Hora",101395.69,102810.65,123055.01,84083.96,86292,140676.84,77680.31,74545.740000000005,null,null,"SMMLV"]
["AgenteBilingüeAgenteespecializadoBellasartesTeletrabajoTodaslaszonasHoraextranocturna Oro","IT-BPO-32-1482","Agente Bilingüe","Agente especializado","Bellas artes","Teletrabajo","Todas las zonas","Hora extra nocturna ","Oro","Hora",101395.69,102810.65,123055.01,84083.96,86292,140676.84,77680.31,74545.740000000005,null,null,"SMMLV"]
["AgenteBilingüeAgenteespecializadoMatemáticasycienciasnaturalesTeletrabajoTodaslaszonasHoraextranocturna Oro","IT-BPO-32-1483","Agente Bilingüe","Agente especializado","Matemáticas y ciencias naturales","Teletrabajo","Todas las zonas","Hora extra nocturna ","Oro","Hora",101395.69,102810.65,123055.01,84083.96,86292,140676.84,77680.31,74545.740000000005,null,null,"SMMLV"]
["AgenteBilingüeAgenteprofesionalCienciassociales,humanasyafinesEnlasinstalacionesdelaEntidadCompradoraZona1Horaextranocturna Oro","IT-BPO-32-1486","Agente Bilingüe","Agente profesional","Ciencias sociales, humanas y afines","En las instalaciones de la Entidad Compradora ","Zona 1","Hora extra nocturna ","Oro","Hora",77715.44,79963.47,106627.82,65902.58,80269.69,111098.7,78832.03,58487.34,null,null,"SMMLV"]
["AgenteBilingüeAgenteprofesionalIngeniería,arquitectura,urbanismoyafinesEnlasinstalacionesdelaEntidadCompradoraZona1Horaextranocturna Oro","IT-BPO-32-1487","Agente Bilingüe","Agente profesional","Ingeniería, arquitectura, urbanismo y afines","En las instalaciones de la Entidad Compradora ","Zona 1","Hora extra nocturna ","Oro","Hora",77715.44,79963.47,106627.82,65902.58,80269.69,111098.7,78832.03,58487.34,null,null,"SMMLV"]
["AgenteBilingüeAgenteprofesionalCienciasdelasaludyafinesEnlasinstalacionesdelaEntidadCompradoraZona1Horaextranocturna Oro","IT-BPO-32-1490","Agente Bilingüe","Agente profesional","Ciencias de la salud y afines","En las instalaciones de la Entidad Compradora ","Zona 1","Hora extra nocturna ","Oro","Hora",77715.44,102810.65,131910.26999999999,104727.99,104741.13,140912.26999999999,78832.03,74545.740000000005,null,null,"SMMLV"]
["AgenteBilingüeAgenteprofesionalAgronomía,veterinariayafinesEnlasinstalacionesdelaEntidadCompradoraZona1Horaextranocturna Oro","IT-BPO-32-1491","Agente Bilingüe","Agente profesional","Agronomía, veterinaria y afines","En las instalaciones de la Entidad Compradora ","Zona 1","Hora extra nocturna ","Oro","Hora",77715.44,79963.47,106627.82,65902.58,80269.69,111098.7,77680.31,58487.34,null,null,"SMMLV"]
["AgenteBilingüeAgenteespecializadoAgronomía,veterinariayafinesEnlasinstalacionesdelaEntidadCompradoraZona1Horaextranocturna Oro","IT-BPO-32-1493","Agente Bilingüe","Agente especializado","Agronomía, veterinaria y afines","En las instalaciones de la Entidad Compradora ","Zona 1","Hora extra nocturna ","Oro","Hora",98395.61,102810.65,131910.26999999999,84083.96,102388.01,140912.26999999999,77680.31,74545.740000000005,null,null,"SMMLV"]
["AgenteBilingüeAgenteespecializadoCienciasdelasaludEnlasinstalacionesdelaEntidadCompradoraZona1Horaextranocturna Oro","IT-BPO-32-1494","Agente Bilingüe","Agente especializado","Ciencias de la salud","En las instalaciones de la Entidad Compradora ","Zona 1","Hora extra nocturna ","Oro","Hora",98395.61,125656.73,157193.82,128240.93,129150.78,170724.74,77680.31,74545.740000000005,null,null,"SMMLV"]
["AgenteBilingüeAgenteespecializadoIngeniería,arquitectura,urbanismoyafinesEnlasinstalacionesdelaEntidadCompradoraZona1Horaextranocturna Oro","IT-BPO-32-1497","Agente Bilingüe","Agente especializado","Ingeniería, arquitectura, urbanismo y afines","En las instalaciones de la Entidad Compradora ","Zona 1","Hora extra nocturna ","Oro","Hora",98395.61,102810.65,131910.26999999999,84083.96,102388.01,140912.26999999999,108752.43,74545.740000000005,null,null,"SMMLV"]
["AgenteBilingüeAgenteespecializadoBellasartesEnlasinstalacionesdelaEntidadCompradoraZona1Horaextranocturna Oro","IT-BPO-32-1498","Agente Bilingüe","Agente especializado","Bellas artes","En las instalaciones de la Entidad Compradora ","Zona 1","Hora extra nocturna ","Oro","Hora",98395.61,102810.65,131910.26999999999,84083.96,102388.01,140912.26999999999,108752.43,74545.740000000005,null,null,"SMMLV"]
["AgenteBilingüeAgenteprofesionalEconomía,administración,contaduríayafinesEnlasinstalacionesdelaEntidadCompradoraZona2Horaextranocturna Oro","IT-BPO-32-1501","Agente Bilingüe","Agente profesional","Economía, administración, contaduría y afines","En las instalaciones de la Entidad Compradora ","Zona 2","Hora extra nocturna ","Oro","Hora",77715.44,79963.47,108226.52,65902.58,81549.679999999993,111187.4,108752.43,58487.34,null,null,"SMMLV"]
["AgenteBilingüeAgenteprofesionalCienciassociales,humanasyafinesEnlasinstalacionesdelaEntidadCompradoraZona2Horaextranocturna Oro","IT-BPO-32-1502","Agente Bilingüe","Agente profesional","Ciencias sociales, humanas y afines","En las instalaciones de la Entidad Compradora ","Zona 2","Hora extra nocturna ","Oro","Hora",77715.44,79963.47,108226.52,65902.58,81549.679999999993,111187.4,108752.43,58487.34,null,null,"SMMLV"]
["AgenteBilingüeAgenteprofesionalBellasartesyafinesEnlasinstalacionesdelaEntidadCompradoraZona2Horaextranocturna Oro","IT-BPO-32-1504","Agente Bilingüe","Agente profesional","Bellas artes y afines","En las instalaciones de la Entidad Compradora ","Zona 2","Hora extra nocturna ","Oro","Hora",77715.44,79963.47,108226.52,65902.58,81549.679999999993,111187.4,110364.84,58487.34,null,null,"SMMLV"]
["AgenteBilingüeAgenteprofesionalMatemáticas,cienciasnaturalesyafinesEnlasinstalacionesdelaEntidadCompradoraZona2Horaextranocturna Oro","IT-BPO-32-1505","Agente Bilingüe","Agente profesional","Matemáticas, ciencias naturales y afines","En las instalaciones de la Entidad Compradora ","Zona 2","Hora extra nocturna ","Oro","Hora",77715.44,79963.47,108226.52,65902.58,81549.679999999993,111187.4,110364.84,58487.34,null,null,"SMMLV"]
["AgenteBilingüeAgenteprofesionalCienciasdelaeducaciónyafinesEnlasinstalacionesdelaEntidadCompradoraZona2Horaextranocturna Oro","IT-BPO-32-1508","Agente Bilingüe","Agente profesional","Ciencias de la educación y afines","En las instalaciones de la Entidad Compradora ","Zona 2","Hora extra nocturna ","Oro","Hora",77715.44,79963.47,108226.52,65902.58,81549.679999999993,111187.4,110364.84,58487.34,null,null,"SMMLV"]
["AgenteBilingüeAgenteespecializadoAgronomía,veterinariayafinesEnlasinstalacionesdelaEntidadCompradoraZona2Horaextranocturna Oro","IT-BPO-32-1509","Agente Bilingüe","Agente especializado","Agronomía, veterinaria y afines","En las instalaciones de la Entidad Compradora ","Zona 2","Hora extra nocturna ","Oro","Hora",98395.61,102810.65,133890.03,84083.96,104023.64,141000.95999999999,108752.43,74545.740000000005,null,null,"SMMLV"]
["AgenteBilingüeAgenteespecializadoEconomía,administración,contaduríayafinesEnlasinstalacionesdelaEntidadCompradoraZona2Horaextranocturna Oro","IT-BPO-32-1512","Agente Bilingüe","Agente especializado","Economía, administración, contaduría y afines","En las instalaciones de la Entidad Compradora ","Zona 2","Hora extra nocturna ","Oro","Hora",98395.61,102810.65,133890.03,84083.96,104023.64,141000.95999999999,108752.43,74545.740000000005,null,null,"SMMLV"]
["AgenteBilingüeAgenteespecializadoIngeniería,arquitectura,urbanismoyafinesEnlasinstalacionesdelaEntidadCompradoraZona2Horaextranocturna Oro","IT-BPO-32-1513","Agente Bilingüe","Agente especializado","Ingeniería, arquitectura, urbanismo y afines","En las instalaciones de la Entidad Compradora ","Zona 2","Hora extra nocturna ","Oro","Hora",98395.61,102810.65,133890.03,84083.96,104023.64,141000.95999999999,108752.43,74545.740000000005,null,null,"SMMLV"]
["AgenteBilingüeAgenteespecializadoCienciasdelaeducaciónEnlasinstalacionesdelaEntidadCompradoraZona2Horaextranocturna Oro","IT-BPO-32-1516","Agente Bilingüe","Agente especializado","Ciencias de la educación","En las instalaciones de la Entidad Compradora ","Zona 2","Hora extra nocturna ","Oro","Hora",98395.61,102810.65,133890.03,84083.96,104023.64,141000.95999999999,124288.49,74545.740000000005,null,null,"SMMLV"]
["AgenteBilingüeAgenteprofesionalEconomía,administración,contaduríayafinesEnlasinstalacionesdelaEntidadCompradoraZona3Horaextranocturna Oro","IT-BPO-32-1517","Agente Bilingüe","Agente profesional","Economía, administración, contaduría y afines","En las instalaciones de la Entidad Compradora ","Zona 3","Hora extra nocturna ","Oro","Hora",77715.44,79963.47,109309.47,65902.58,81896.77,111408.59,124288.49,58487.34,null,null,"SMMLV"]
["AgenteBilingüeAgenteprofesionalIngeniería,arquitectura,urbanismoyafinesEnlasinstalacionesdelaEntidadCompradoraZona3Horaextranocturna Oro","IT-BPO-32-1519","Agente Bilingüe","Agente profesional","Ingeniería, arquitectura, urbanismo y afines","En las instalaciones de la Entidad Compradora ","Zona 3","Hora extra nocturna ","Oro","Hora",77715.44,79963.47,109309.47,65902.58,81896.77,111408.59,124288.49,58487.34,null,null,"SMMLV"]
["AgenteBilingüeAgenteprofesionalBellasartesyafinesEnlasinstalacionesdelaEntidadCompradoraZona3Horaextranocturna Oro","IT-BPO-32-1520","Agente Bilingüe","Agente profesional","Bellas artes y afines","En las instalaciones de la Entidad Compradora ","Zona 3","Hora extra nocturna ","Oro","Hora",77715.44,79963.47,109309.47,65902.58,81896.77,111408.59,124288.49,58487.34,null,null,"SMMLV"]
["AgenteBilingüeAgenteprofesionalAgronomía,veterinariayafinesEnlasinstalacionesdelaEntidadCompradoraZona3Horaextranocturna Oro","IT-BPO-32-1523","Agente Bilingüe","Agente profesional","Agronomía, veterinaria y afines","En las instalaciones de la Entidad Compradora ","Zona 3","Hora extra nocturna ","Oro","Hora",77715.44,79963.47,109309.47,65902.58,81896.77,141222.15,126131.25,58487.34,null,null,"SMMLV"]
["AgenteBilingüeAgenteprofesionalCienciasdelaeducaciónyafinesEnlasinstalacionesdelaEntidadCompradoraZona3Horaextranocturna Oro","IT-BPO-32-1524","Agente Bilingüe","Agente profesional","Ciencias de la educación y afines","En las instalaciones de la Entidad Compradora ","Zona 3","Hora extra nocturna ","Oro","Hora",77715.44,79963.47,109309.47,65902.58,81896.77,141222.15,126131.25,58487.34,null,null,"SMMLV"]
["AgenteBilingüeAgenteespecializadoCienciassocialesyhumanasEnlasinstalacionesdelaEntidadCompradoraZona3Horaextranocturna Oro","IT-BPO-32-1527","Agente Bilingüe","Agente especializado","Ciencias sociales y humanas","En las instalaciones de la Entidad Compradora ","Zona 3","Hora extra nocturna ","Oro","Hora",98395.61,102810.65,135228.12,84083.96,104462,141222.15,124288.49,74545.740000000005,null,null,"SMMLV"]
["AgenteBilingüeAgenteespecializadoEconomía,administración,contaduríayafinesEnlasinstalacionesdelaEntidadCompradoraZona3Horaextranocturna Oro","IT-BPO-32-1528","Agente Bilingüe","Agente especializado","Economía, administración, contaduría y afines","En las instalaciones de la Entidad Compradora ","Zona 3","Hora extra nocturna ","Oro","Hora",98395.61,102810.65,135228.12,84083.96,104462,141222.15,124288.49,74545.740000000005,null,null,"SMMLV"]
["AgenteBilingüeAgenteespecializadoBellasartesEnlasinstalacionesdelaEntidadCompradoraZona3Horaextranocturna Oro","IT-BPO-32-1530","Agente Bilingüe","Agente especializado","Bellas artes","En las instalaciones de la Entidad Compradora ","Zona 3","Hora extra nocturna ","Oro","Hora",98395.61,102810.65,135228.12,84083.96,104462,141222.15,124288.49,74545.740000000005,null,null,"SMMLV"]
["AgenteBilingüeAgenteespecializadoMatemáticasycienciasnaturalesEnlasinstalacionesdelaEntidadCompradoraZona3Horaextranocturna Oro","IT-BPO-32-1531","Agente Bilingüe","Agente especializado","Matemáticas y ciencias naturales","En las instalaciones de la Entidad Compradora ","Zona 3","Hora extra nocturna ","Oro","Hora",98395.61,102810.65,135228.12,84083.96,104462,141222.15,124288.49,74545.740000000005,null,null,"SMMLV"]
["AgenteBilingüeAgenteprofesionalCienciassociales,humanasyafinesFrontofficeconherramientaZona1Horaextranocturna Oro","IT-BPO-32-1534","Agente Bilingüe","Agente profesional","Ciencias sociales, humanas y afines","Front office con herramienta","Zona 1","Hora extra nocturna ","Oro","Hora",77715.44,79963.47,103429.32,65902.58,80938.94,114507.44,57798033.590000004,58487.34,null,null,"SMMLV"]
["AgenteBilingüeAgenteprofesionalIngeniería,arquitectura,urbanismoyafinesFrontofficeconherramientaZona1Horaextranocturna Oro","IT-BPO-32-1535","Agente Bilingüe","Agente profesional","Ingeniería, arquitectura, urbanismo y afines","Front office con herramienta","Zona 1","Hora extra nocturna ","Oro","Hora",77715.44,79963.47,103429.32,65902.58,80938.94,114507.44,57798033.590000004,58487.34,null,null,"SMMLV"]
["AgenteBilingüeAgenteprofesionalCienciasdelasaludyafinesFrontofficeconherramientaZona1Horaextranocturna Oro","IT-BPO-32-1538","Agente Bilingüe","Agente profesional","Ciencias de la salud y afines","Front office con herramienta","Zona 1","Hora extra nocturna ","Oro","Hora",77715.44,102810.65,127954.04,96673.17,100545.05,145034.94,57798033.590000004,74545.740000000005,null,null,"SMMLV"]
["AgenteBilingüeAgenteprofesionalAgronomía,veterinariayafinesFrontofficeconherramientaZona1Horaextranocturna Oro","IT-BPO-32-1539","Agente Bilingüe","Agente profesional","Agronomía, veterinaria y afines","Front office con herramienta","Zona 1","Hora extra nocturna ","Oro","Hora",77715.44,79963.47,103429.32,65902.58,80938.94,114507.44,58654970.780000001,58487.34,null,null,"SMMLV"]
["AgenteBilingüeAgenteespecializadoAgronomía,veterinariayafinesFrontofficeconherramientaZona1Horaextranocturna Oro","IT-BPO-32-1541","Agente Bilingüe","Agente especializado","Agronomía, veterinaria y afines","Front office con herramienta","Zona 1","Hora extra nocturna ","Oro","Hora",98395.61,102810.65,127954.04,84083.96,103059.41,145034.94,58654970.780000001,74545.740000000005,null,null,"SMMLV"]
["AgenteBilingüeAgenteespecializadoCienciasdelasaludFrontofficeconherramientaZona1Horaextranocturna Oro","IT-BPO-32-1542","Agente Bilingüe","Agente especializado","Ciencias de la salud","Front office con herramienta","Zona 1","Hora extra nocturna ","Oro","Hora",98395.61,125656.73,152477.66,128240.93,129957.18,175562.45,58654970.780000001,74545.740000000005,null,null,"SMMLV"]
["AgenteBilingüeAgenteespecializadoIngeniería,arquitectura,urbanismoyafinesFrontofficeconherramientaZona1Horaextranocturna Oro","IT-BPO-32-1545","Agente Bilingüe","Agente especializado","Ingeniería, arquitectura, urbanismo y afines","Front office con herramienta","Zona 1","Hora extra nocturna ","Oro","Hora",98395.61,102810.65,127954.04,84083.96,103059.41,145034.94,57798033.590000004,74545.740000000005,null,null,"SMMLV"]
["AgenteBilingüeAgenteespecializadoBellasartesFrontofficeconherramientaZona1Horaextranocturna Oro","IT-BPO-32-1546","Agente Bilingüe","Agente especializado","Bellas artes","Front office con herramienta","Zona 1","Hora extra nocturna ","Oro","Hora",98395.61,102810.65,127954.04,84083.96,103059.41,145034.94,57798033.590000004,74545.740000000005,null,null,"SMMLV"]
["AgenteBilingüeAgenteprofesionalEconomía,administración,contaduríayafinesFrontofficeconherramientaZona2Horaextranocturna Oro","IT-BPO-32-1549","Agente Bilingüe","Agente profesional","Economía, administración, contaduría y afines","Front office con herramienta","Zona 2","Hora extra nocturna ","Oro","Hora",77715.44,79963.47,104979.84,65902.58,82227.789999999994,114596.13,57798033.590000004,58487.34,null,null,"SMMLV"]
["AgenteBilingüeAgenteprofesionalCienciassociales,humanasyafinesFrontofficeconherramientaZona2Horaextranocturna Oro","IT-BPO-32-1550","Agente Bilingüe","Agente profesional","Ciencias sociales, humanas y afines","Front office con herramienta","Zona 2","Hora extra nocturna ","Oro","Hora",77715.44,79963.47,104979.84,65902.58,82227.789999999994,114596.13,57798033.590000004,58487.34,null,null,"SMMLV"]
["AgenteBilingüeAgenteprofesionalMatemáticas,cienciasnaturalesyafinesFrontofficeconherramientaZona2Horaextranocturna Oro","IT-BPO-32-1553","Agente Bilingüe","Agente profesional","Matemáticas, ciencias naturales y afines","Front office con herramienta","Zona 2","Hora extra nocturna ","Oro","Hora",77715.44,79963.47,104979.84,65902.58,82227.789999999994,114596.13,84585.22,58487.34,null,null,"SMMLV"]
["AgenteBilingüeAgenteprofesionalCienciasdelasaludyafinesFrontofficeconherramientaZona2Horaextranocturna Oro","IT-BPO-32-1554","Agente Bilingüe","Agente profesional","Ciencias de la salud y afines","Front office con herramienta","Zona 2","Hora extra nocturna ","Oro","Hora",77715.44,102810.65,129872.48,96673.17,102220.6,145123.64000000001,84585.22,74545.740000000005,null,null,"SMMLV"]
["AgenteBilingüeAgenteprofesionalCienciasdelaeducaciónyafinesFrontofficeconherramientaZona2Horaextranocturna Oro","IT-BPO-32-1556","Agente Bilingüe","Agente profesional","Ciencias de la educación y afines","Front office con herramienta","Zona 2","Hora extra nocturna ","Oro","Hora",77715.44,79963.47,104979.84,65902.58,82227.789999999994,114596.13,84585.22,58487.34,null,null,"SMMLV"]
["AgenteBilingüeAgenteespecializadoAgronomía,veterinariayafinesFrontofficeconherramientaZona2Horaextranocturna Oro","IT-BPO-32-1557","Agente Bilingüe","Agente especializado","Agronomía, veterinaria y afines","Front office con herramienta","Zona 2","Hora extra nocturna ","Oro","Hora",98395.61,102810.65,129872.48,84083.96,104704.2,145123.64000000001,108752.43,74545.740000000005,null,null,"SMMLV"]
["AgenteBilingüeAgenteespecializadoEconomía,administración,contaduríayafinesFrontofficeconherramientaZona2Horaextranocturna Oro","IT-BPO-32-1560","Agente Bilingüe","Agente especializado","Economía, administración, contaduría y afines","Front office con herramienta","Zona 2","Hora extra nocturna ","Oro","Hora",98395.61,102810.65,129872.48,84083.96,104704.2,145123.64000000001,108752.43,74545.740000000005,null,null,"SMMLV"]
["AgenteBilingüeAgenteespecializadoIngeniería,arquitectura,urbanismoyafinesFrontofficeconherramientaZona2Horaextranocturna Oro","IT-BPO-32-1561","Agente Bilingüe","Agente especializado","Ingeniería, arquitectura, urbanismo y afines","Front office con herramienta","Zona 2","Hora extra nocturna ","Oro","Hora",98395.61,102810.65,129872.48,84083.96,104704.2,145123.64000000001,108752.43,74545.740000000005,null,null,"SMMLV"]
["AgenteBilingüeAgenteespecializadoCienciasdelaeducaciónFrontofficeconherramientaZona2Horaextranocturna Oro","IT-BPO-32-1564","Agente Bilingüe","Agente especializado","Ciencias de la educación","Front office con herramienta","Zona 2","Hora extra nocturna ","Oro","Hora",98395.61,102810.65,129872.48,84083.96,104704.2,145123.64000000001,108752.43,74545.740000000005,null,null,"SMMLV"]
["AgenteBilingüeAgenteprofesionalEconomía,administración,contaduríayafinesFrontofficeconherramientaZona3Horaextranocturna Oro","IT-BPO-32-1565","Agente Bilingüe","Agente profesional","Economía, administración, contaduría y afines","Front office con herramienta","Zona 3","Hora extra nocturna ","Oro","Hora",77715.44,79963.47,106029.95,65902.58,82580.37,114817.32,84585.22,58487.34,null,null,"SMMLV"]
["AgenteBilingüeAgenteprofesionalIngeniería,arquitectura,urbanismoyafinesFrontofficeconherramientaZona3Horaextranocturna Oro","IT-BPO-32-1567","Agente Bilingüe","Agente profesional","Ingeniería, arquitectura, urbanismo y afines","Front office con herramienta","Zona 3","Hora extra nocturna ","Oro","Hora",77715.44,79963.47,106029.95,65902.58,82580.37,114817.32,84585.22,58487.34,null,null,"SMMLV"]
["AgenteBilingüeAgenteprofesionalBellasartesyafinesFrontofficeconherramientaZona3Horaextranocturna Oro","IT-BPO-32-1568","Agente Bilingüe","Agente profesional","Bellas artes y afines","Front office con herramienta","Zona 3","Hora extra nocturna ","Oro","Hora",77715.44,79963.47,106029.95,65902.58,82580.37,114817.32,84585.22,58487.34,null,null,"SMMLV"]
["AgenteBilingüeAgenteprofesionalAgronomía,veterinariayafinesFrontofficeconherramientaZona3Horaextranocturna Oro","IT-BPO-32-1571","Agente Bilingüe","Agente profesional","Agronomía, veterinaria y afines","Front office con herramienta","Zona 3","Hora extra nocturna ","Oro","Hora",77715.44,79963.47,106029.95,65902.58,82580.37,114817.32,84585.22,58487.34,null,null,"SMMLV"]
["AgenteBilingüeAgenteprofesionalCienciasdelaeducaciónyafinesFrontofficeconherramientaZona3Horaextranocturna Oro","IT-BPO-32-1572","Agente Bilingüe","Agente profesional","Ciencias de la educación y afines","Front office con herramienta","Zona 3","Hora extra nocturna ","Oro","Hora",77715.44,79963.47,106029.95,65902.58,82580.37,114817.32,84585.22,58487.34,null,null,"SMMLV"]
["AgenteBilingüeAgenteespecializadoCienciassocialesyhumanasFrontofficeconherramientaZona3Horaextranocturna Oro","IT-BPO-32-1575","Agente Bilingüe","Agente especializado","Ciencias sociales y humanas","Front office con herramienta","Zona 3","Hora extra nocturna ","Oro","Hora",98395.61,102810.65,131171.15,84083.96,105148.05,145344.82999999999,108752.43,74545.740000000005,null,null,"SMMLV"]
["AgenteBilingüeAgenteespecializadoEconomía,administración,contaduríayafinesFrontofficeconherramientaZona3Horaextranocturna Oro","IT-BPO-32-1576","Agente Bilingüe","Agente especializado","Economía, administración, contaduría y afines","Front office con herramienta","Zona 3","Hora extra nocturna ","Oro","Hora",98395.61,102810.65,131171.15,84083.96,105148.05,145344.82999999999,108752.43,74545.740000000005,null,null,"SMMLV"]
["AgenteBilingüeAgenteespecializadoBellasartesFrontofficeconherramientaZona3Horaextranocturna Oro","IT-BPO-32-1578","Agente Bilingüe","Agente especializado","Bellas artes","Front office con herramienta","Zona 3","Hora extra nocturna ","Oro","Hora",98395.61,102810.65,131171.15,84083.96,105148.05,145344.82999999999,108752.43,74545.740000000005,null,null,"SMMLV"]
["AgenteBilingüeAgenteespecializadoMatemáticasycienciasnaturalesFrontofficeconherramientaZona3Horaextranocturna Oro","IT-BPO-32-1579","Agente Bilingüe","Agente especializado","Matemáticas y ciencias naturales","Front office con herramienta","Zona 3","Hora extra nocturna ","Oro","Hora",98395.61,102810.65,131171.15,84083.96,105148.05,145344.82999999999,108752.43,74545.740000000005,null,null,"SMMLV"]
["AgenteBilingüeAgenteprofesionalCienciassociales,humanasyafinesFrontofficesinherramientaZona1Horaextranocturna Oro","IT-BPO-32-1582","Agente Bilingüe","Agente profesional","Ciencias sociales, humanas y afines","Front office sin herramienta","Zona 1","Hora extra nocturna ","Oro","Hora",75762.39,79963.47,98257.64,65902.58,81331.509999999995,110682.6,84585.22,58487.34,null,null,"SMMLV"]
["AgenteBilingüeAgenteprofesionalIngeniería,arquitectura,urbanismoyafinesFrontofficesinherramientaZona1Horaextranocturna Oro","IT-BPO-32-1583","Agente Bilingüe","Agente profesional","Ingeniería, arquitectura, urbanismo y afines","Front office sin herramienta","Zona 1","Hora extra nocturna ","Oro","Hora",75762.39,79963.47,98257.64,65902.58,81331.509999999995,110682.6,84585.22,58487.34,null,null,"SMMLV"]
["AgenteBilingüeAgenteprofesionalCienciasdelasaludyafinesFrontofficesinherramientaZona1Horaextranocturna Oro","IT-BPO-32-1586","Agente Bilingüe","Agente profesional","Ciencias de la salud y afines","Front office sin herramienta","Zona 1","Hora extra nocturna ","Oro","Hora",75762.39,102810.65,121555.95,104727.99,99251.79,141210.10999999999,84585.22,74545.740000000005,null,null,"SMMLV"]
["AgenteBilingüeAgenteprofesionalAgronomía,veterinariayafinesFrontofficesinherramientaZona1Horaextranocturna Oro","IT-BPO-32-1587","Agente Bilingüe","Agente profesional","Agronomía, veterinaria y afines","Front office sin herramienta","Zona 1","Hora extra nocturna ","Oro","Hora",75762.39,79963.47,98257.64,65902.58,81331.509999999995,110682.6,84585.22,58487.34,null,null,"SMMLV"]
["AgenteBilingüeAgenteespecializadoAgronomía,veterinariayafinesFrontofficesinherramientaZona1Horaextranocturna Oro","IT-BPO-32-1589","Agente Bilingüe","Agente especializado","Agronomía, veterinaria y afines","Front office sin herramienta","Zona 1","Hora extra nocturna ","Oro","Hora",96441.03,102810.65,121555.95,84083.96,102473.28,141210.10999999999,108752.43,74545.740000000005,null,null,"SMMLV"]
["AgenteBilingüeAgenteespecializadoCienciasdelasaludFrontofficesinherramientaZona1Horaextranocturna Oro","IT-BPO-32-1590","Agente Bilingüe","Agente especializado","Ciencias de la salud","Front office sin herramienta","Zona 1","Hora extra nocturna ","Oro","Hora",96441.03,125656.73,144854.26999999999,128240.93,142014.21,171737.61,108752.43,74545.740000000005,null,null,"SMMLV"]
["AgenteBilingüeAgenteespecializadoIngeniería,arquitectura,urbanismoyafinesFrontofficesinherramientaZona1Horaextranocturna Oro","IT-BPO-32-1593","Agente Bilingüe","Agente especializado","Ingeniería, arquitectura, urbanismo y afines","Front office sin herramienta","Zona 1","Hora extra nocturna ","Oro","Hora",96441.03,102810.65,121555.95,84083.96,102473.28,141210.10999999999,108752.43,74545.740000000005,null,null,"SMMLV"]
["AgenteBilingüeAgenteespecializadoBellasartesFrontofficesinherramientaZona1Horaextranocturna Oro","IT-BPO-32-1594","Agente Bilingüe","Agente especializado","Bellas artes","Front office sin herramienta","Zona 1","Hora extra nocturna ","Oro","Hora",96441.03,102810.65,121555.95,84083.96,102473.28,141210.10999999999,108752.43,74545.740000000005,null,null,"SMMLV"]
["AgenteBilingüeAgenteprofesionalEconomía,administración,contaduríayafinesFrontofficesinherramientaZona2Horaextranocturna Oro","IT-BPO-32-1597","Agente Bilingüe","Agente profesional","Economía, administración, contaduría y afines","Front office sin herramienta","Zona 2","Hora extra nocturna ","Oro","Hora",75762.39,79963.47,99731.51,65902.58,82693,110682.6,84585.22,58487.34,null,null,"SMMLV"]
["AgenteBilingüeAgenteprofesionalCienciassociales,humanasyafinesFrontofficesinherramientaZona2Horaextranocturna Oro","IT-BPO-32-1598","Agente Bilingüe","Agente profesional","Ciencias sociales, humanas y afines","Front office sin herramienta","Zona 2","Hora extra nocturna ","Oro","Hora",75762.39,79963.47,99731.51,65902.58,82693,110682.6,84585.22,58487.34,null,null,"SMMLV"]
["AgenteBilingüeAgenteprofesionalMatemáticas,cienciasnaturalesyafinesFrontofficesinherramientaZona2Horaextranocturna Oro","IT-BPO-32-1601","Agente Bilingüe","Agente profesional","Matemáticas, ciencias naturales y afines","Front office sin herramienta","Zona 2","Hora extra nocturna ","Oro","Hora",75762.39,79963.47,99731.51,65902.58,82693,110682.6,84585.22,58487.34,null,null,"SMMLV"]
["AgenteBilingüeAgenteprofesionalCienciasdelasaludyafinesFrontofficesinherramientaZona2Horaextranocturna Oro","IT-BPO-32-1602","Agente Bilingüe","Agente profesional","Ciencias de la salud y afines","Front office sin herramienta","Zona 2","Hora extra nocturna ","Oro","Hora",75762.39,102810.65,123379.13,104727.99,113865.59,141210.10999999999,84585.22,74545.740000000005,null,null,"SMMLV"]
["AgenteBilingüeAgenteprofesionalCienciasdelaeducaciónyafinesFrontofficesinherramientaZona2Horaextranocturna Oro","IT-BPO-32-1604","Agente Bilingüe","Agente profesional","Ciencias de la educación y afines","Front office sin herramienta","Zona 2","Hora extra nocturna ","Oro","Hora",75762.39,79963.47,99731.51,65902.58,82693,110682.6,84585.22,58487.34,null,null,"SMMLV"]
["AgenteBilingüeAgenteespecializadoAgronomía,veterinariayafinesFrontofficesinherramientaZona2Horaextranocturna Oro","IT-BPO-32-1605","Agente Bilingüe","Agente especializado","Agronomía, veterinaria y afines","Front office sin herramienta","Zona 2","Hora extra nocturna ","Oro","Hora",96441.03,102810.65,123379.13,84083.96,104132.1,141210.10999999999,108752.43,74545.740000000005,null,null,"SMMLV"]
[{"$f":"SUBSTITUTE(C5058&D5058&E5058&F5058&G5058&H5058&I5058,\" \",\"\")","v":"AgenteBilingüeAgenteespecializadoEconomía,administración,contaduríayafinesFrontofficesinherramientaZona2Horaextranocturna Oro"},"IT-BPO-32-1608","Agente Bilingüe","Agente especializado","Economía, administración, contaduría y afines","Front office sin herramienta","Zona 2","Hora extra nocturna ","Oro","Hora",96441.03,102810.65,123379.13,84083.96,104132.1,141210.10999999999,108752.43,74545.740000000005,null,null,"SMMLV"]
["AgenteBilingüeAgenteespecializadoIngeniería,arquitectura,urbanismoyafinesFrontofficesinherramientaZona2Horaextranocturna Oro","IT-BPO-32-1609","Agente Bilingüe","Agente especializado","Ingeniería, arquitectura, urbanismo y afines","Front office sin herramienta","Zona 2","Hora extra nocturna ","Oro","Hora",96441.03,102810.65,123379.13,84083.96,104132.1,141210.10999999999,108752.43,74545.740000000005,null,null,"SMMLV"]
["AgenteBilingüeAgenteespecializadoCienciasdelaeducaciónFrontofficesinherramientaZona2Horaextranocturna Oro","IT-BPO-32-1612","Agente Bilingüe","Agente especializado","Ciencias de la educación","Front office sin herramienta","Zona 2","Hora extra nocturna ","Oro","Hora",96441.03,102810.65,123379.13,84083.96,104132.1,141210.10999999999,108752.43,74545.740000000005,null,null,"SMMLV"]
["AgenteBilingüeAgenteprofesionalEconomía,administración,contaduríayafinesFrontofficesinherramientaZona3Horaextranocturna Oro","IT-BPO-32-1613","Agente Bilingüe","Agente profesional","Economía, administración, contaduría y afines","Front office sin herramienta","Zona 3","Hora extra nocturna ","Oro","Hora",75762.39,79963.47,123379.13,65902.58,83070.31,110682.6,84585.22,58487.34,null,null,"SMMLV"]
["AgenteBilingüeAgenteprofesionalIngeniería,arquitectura,urbanismoyafinesFrontofficesinherramientaZona3Horaextranocturna Oro","IT-BPO-32-1615","Agente Bilingüe","Agente profesional","Ingeniería, arquitectura, urbanismo y afines","Front office sin herramienta","Zona 3","Hora extra nocturna ","Oro","Hora",75762.39,79963.47,123379.13,65902.58,83070.31,110682.6,84585.22,58487.34,null,null,"SMMLV"]
["AgenteBilingüeAgenteprofesionalBellasartesyafinesFrontofficesinherramientaZona3Horaextranocturna Oro","IT-BPO-32-1616","Agente Bilingüe","Agente profesional","Bellas artes y afines","Front office sin herramienta","Zona 3","Hora extra nocturna ","Oro","Hora",75762.39,79963.47,123379.13,65902.58,83070.31,110682.6,84585.22,58487.34,null,null,"SMMLV"]
["AgenteBilingüeAgenteprofesionalAgronomía,veterinariayafinesFrontofficesinherramientaZona3Horaextranocturna Oro","IT-BPO-32-1619","Agente Bilingüe","Agente profesional","Agronomía, veterinaria y afines","Front office sin herramienta","Zona 3","Hora extra nocturna ","Oro","Hora",75762.39,79963.47,123379.13,65902.58,83070.31,110682.6,84585.22,58487.34,null,null,"SMMLV"]
["AgenteBilingüeAgenteprofesionalCienciasdelaeducaciónyafinesFrontofficesinherramientaZona3Horaextranocturna Oro","IT-BPO-32-1620","Agente Bilingüe","Agente profesional","Ciencias de la educación y afines","Front office sin herramienta","Zona 3","Hora extra nocturna ","Oro","Hora",75762.39,79963.47,123379.13,65902.58,83070.31,110682.6,84585.22,58487.34,null,null,"SMMLV"]
["AgenteBilingüeAgenteespecializadoCienciassocialesyhumanasFrontofficesinherramientaZona3Horaextranocturna Oro","IT-BPO-32-1623","Agente Bilingüe","Agente especializado","Ciencias sociales y humanas","Front office sin herramienta","Zona 3","Hora extra nocturna ","Oro","Hora",96441.03,102810.65,124613.19,84083.96,104561,141210.10999999999,108752.43,74545.740000000005,null,null,"SMMLV"]
["AgenteBilingüeAgenteespecializadoEconomía,administración,contaduríayafinesFrontofficesinherramientaZona3Horaextranocturna Oro","IT-BPO-32-1624","Agente Bilingüe","Agente especializado","Economía, administración, contaduría y afines","Front office sin herramienta","Zona 3","Hora extra nocturna ","Oro","Hora",96441.03,102810.65,124613.19,84083.96,104561,141210.10999999999,108752.43,74545.740000000005,null,null,"SMMLV"]
["AgenteBilingüeAgenteespecializadoBellasartesFrontofficesinherramientaZona3Horaextranocturna Oro","IT-BPO-32-1626","Agente Bilingüe","Agente especializado","Bellas artes","Front office sin herramienta","Zona 3","Hora extra nocturna ","Oro","Hora",96441.03,102810.65,124613.19,84083.96,104561,141210.10999999999,108752.43,74545.740000000005,null,null,"SMMLV"]
["AgenteBilingüeAgenteespecializadoMatemáticasycienciasnaturalesFrontofficesinherramientaZona3Horaextranocturna Oro","IT-BPO-32-1627","Agente Bilingüe","Agente especializado","Matemáticas y ciencias naturales","Front office sin herramienta","Zona 3","Hora extra nocturna ","Oro","Hora",96441.03,102810.65,124613.19,84083.96,104561,141210.10999999999,108752.43,74545.740000000005,null,null,"SMMLV"]
["AgenteBilingüeAgenteprofesionalCienciassociales,humanasyafinesEnSitioTodaslaszonasHoraextradominicalyfestivoOro","IT-BPO-32-1630","Agente Bilingüe","Agente profesional","Ciencias sociales, humanas y afines","En Sitio","Todas las zonas","Hora extra dominical y festivo","Oro","Hora",94667.57,114233.69,121860.36,75127.95,105468,160863.17000000001,96668.83,66842.63,null,null,"SMMLV"]
["AgenteBilingüeAgenteprofesionalIngeniería,arquitectura,urbanismoyafinesEnSitioTodaslaszonasHoraextradominicalyfestivoOro","IT-BPO-32-1631","Agente Bilingüe","Agente profesional","Ingeniería, arquitectura, urbanismo y afines","En Sitio","Todas las zonas","Hora extra dominical y festivo","Oro","Hora",94667.57,114233.69,121860.36,75127.95,105468,160863.17000000001,96668.83,66842.63,null,null,"SMMLV"]
["AgenteBilingüeAgenteprofesionalCienciasdelasaludyafinesEnSitioTodaslaszonasHoraextradominicalyfestivoOro","IT-BPO-32-1634","Agente Bilingüe","Agente profesional","Ciencias de la salud y afines","En Sitio","Todas las zonas","Hora extra dominical y festivo","Oro","Hora",94667.57,146872.35,150755.22,110319.06,135601.72,204136.47,96668.83,85195.16,null,null,"SMMLV"]
["AgenteBilingüeAgenteprofesionalAgronomía,veterinariayafinesEnSitioTodaslaszonasHoraextradominicalyfestivoOro","IT-BPO-32-1635","Agente Bilingüe","Agente profesional","Agronomía, veterinaria y afines","En Sitio","Todas las zonas","Hora extra dominical y festivo","Oro","Hora",94667.57,114233.69,121860.36,75127.95,105468,160863.17000000001,96668.83,66842.63,null,null,"SMMLV"]
["AgenteBilingüeAgenteespecializadoCienciasdelasaludEnSitioTodaslaszonasHoraextradominicalyfestivoOro","IT-BPO-32-1638","Agente Bilingüe","Agente especializado","Ciencias de la salud","En Sitio","Todas las zonas","Hora extra dominical y festivo","Oro","Hora",118300.3,179509.92,179650.08,146396.03,165735.43,247409.78,124288.49,85195.16,null,null,"SMMLV"]
["AgenteBilingüeAgenteespecializadoCienciassocialesyhumanasEnSitioTodaslaszonasHoraextradominicalyfestivoOro","IT-BPO-32-1639","Agente Bilingüe","Agente especializado","Ciencias sociales y humanas","En Sitio","Todas las zonas","Hora extra dominical y festivo","Oro","Hora",118300.3,146872.35,150755.22,95906.67,135601.72,163309.4,124288.49,85195.16,null,null,"SMMLV"]
["AgenteBilingüeAgenteespecializadoIngeniería,arquitectura,urbanismoyafinesEnSitioTodaslaszonasHoraextradominicalyfestivoOro","IT-BPO-32-1641","Agente Bilingüe","Agente especializado","Ingeniería, arquitectura, urbanismo y afines","En Sitio","Todas las zonas","Hora extra dominical y festivo","Oro","Hora",118300.3,146872.35,150755.22,95906.67,135601.72,204136.47,124288.49,85195.16,null,null,"SMMLV"]
["AgenteBilingüeAgenteespecializadoBellasartesEnSitioTodaslaszonasHoraextradominicalyfestivoOro","IT-BPO-32-1642","Agente Bilingüe","Agente especializado","Bellas artes","En Sitio","Todas las zonas","Hora extra dominical y festivo","Oro","Hora",118300.3,146872.35,150755.22,95906.67,135601.72,204136.47,124288.49,85195.16,null,null,"SMMLV"]
["AgenteBilingüeAgenteprofesionalEconomía,administración,contaduríayafinesTeletrabajoTodaslaszonasHoraextradominicalyfestivoOro","IT-BPO-32-1645","Agente Bilingüe","Agente profesional","Economía, administración, contaduría y afines","Teletrabajo","Todas las zonas","Hora extra dominical y festivo","Oro","Hora",92246.3,114233.69,163318.16,75127.95,105468,160664.97,96668.83,66842.63,null,null,"SMMLV"]
["AgenteBilingüeAgenteprofesionalCienciassociales,humanasyafinesTeletrabajoTodaslaszonasHoraextradominicalyfestivoOro","IT-BPO-32-1646","Agente Bilingüe","Agente profesional","Ciencias sociales, humanas y afines","Teletrabajo","Todas las zonas","Hora extra dominical y festivo","Oro","Hora",92246.3,114233.69,163318.16,75127.95,105468,160664.97,96668.83,66842.63,null,null,"SMMLV"]
["AgenteBilingüeAgenteprofesionalMatemáticas,cienciasnaturalesyafinesTeletrabajoTodaslaszonasHoraextradominicalyfestivoOro","IT-BPO-32-1649","Agente Bilingüe","Agente profesional","Matemáticas, ciencias naturales y afines","Teletrabajo","Todas las zonas","Hora extra dominical y festivo","Oro","Hora",92246.3,114233.69,163318.16,75127.95,105468,160664.97,96668.83,66842.63,null,null,"SMMLV"]
["AgenteBilingüeAgenteprofesionalCienciasdelasaludyafinesTeletrabajoTodaslaszonasHoraextradominicalyfestivoOro","IT-BPO-32-1650","Agente Bilingüe","Agente profesional","Ciencias de la salud y afines","Teletrabajo","Todas las zonas","Hora extra dominical y festivo","Oro","Hora",92246.3,146872.35,163318.16,127073.66,135601.72,200967.54,96668.83,85195.16,null,null,"SMMLV"]
["AgenteBilingüeAgenteprofesionalCienciasdelaeducaciónyafinesTeletrabajoTodaslaszonasHoraextradominicalyfestivoOro","IT-BPO-32-1652","Agente Bilingüe","Agente profesional","Ciencias de la educación y afines","Teletrabajo","Todas las zonas","Hora extra dominical y festivo","Oro","Hora",92246.3,114233.69,163318.16,75127.95,105468,160664.97,96668.83,66842.63,null,null,"SMMLV"]
["AgenteBilingüeAgenteespecializadoAgronomía,veterinariayafinesTeletrabajoTodaslaszonasHoraextradominicalyfestivoOro","IT-BPO-32-1653","Agente Bilingüe","Agente especializado","Agronomía, veterinaria y afines","Teletrabajo","Todas las zonas","Hora extra dominical y festivo","Oro","Hora",115880.78,146872.35,140634.14000000001,95906.67,135601.72,200967.54,124288.49,85195.16,null,null,"SMMLV"]
["AgenteBilingüeAgenteespecializadoEconomía,administración,contaduríayafinesTeletrabajoTodaslaszonasHoraextradominicalyfestivoOro","IT-BPO-32-1656","Agente Bilingüe","Agente especializado","Economía, administración, contaduría y afines","Teletrabajo","Todas las zonas","Hora extra dominical y festivo","Oro","Hora",115880.78,146872.35,140634.14000000001,95906.67,135601.72,200967.54,124288.49,85195.16,null,null,"SMMLV"]
["AgenteBilingüeAgenteespecializadoIngeniería,arquitectura,urbanismoyafinesTeletrabajoTodaslaszonasHoraextradominicalyfestivoOro","IT-BPO-32-1657","Agente Bilingüe","Agente especializado","Ingeniería, arquitectura, urbanismo y afines","Teletrabajo","Todas las zonas","Hora extra dominical y festivo","Oro","Hora",115880.78,146872.35,140634.14000000001,95906.67,135601.72,200967.54,124288.49,85195.16,null,null,"SMMLV"]
["AgenteBilingüeAgenteespecializadoCienciasdelaeducaciónTeletrabajoTodaslaszonasHoraextradominicalyfestivoOro","IT-BPO-32-1660","Agente Bilingüe","Agente especializado","Ciencias de la educación","Teletrabajo","Todas las zonas","Hora extra dominical y festivo","Oro","Hora",115880.78,146872.35,140634.14000000001,95906.67,135601.72,200967.54,124288.49,85195.16,null,null,"SMMLV"]
["AgenteBilingüeAgenteprofesionalEconomía,administración,contaduríayafinesEnlasinstalacionesdelaEntidadCompradoraZona1HoraextradominicalyfestivoOro","IT-BPO-32-1661","Agente Bilingüe","Agente profesional","Economía, administración, contaduría y afines","En las instalaciones de la Entidad Compradora ","Zona 1","Hora extra dominical y festivo","Oro","Hora",88817.64,114233.69,121860.36,75127.95,99237.4,158712.59,96668.83,66842.63,null,null,"SMMLV"]
["AgenteBilingüeAgenteprofesionalIngeniería,arquitectura,urbanismoyafinesEnlasinstalacionesdelaEntidadCompradoraZona1HoraextradominicalyfestivoOro","IT-BPO-32-1663","Agente Bilingüe","Agente profesional","Ingeniería, arquitectura, urbanismo y afines","En las instalaciones de la Entidad Compradora ","Zona 1","Hora extra dominical y festivo","Oro","Hora",88817.64,114233.69,121860.36,75127.95,99237.4,158712.59,96668.83,66842.63,null,null,"SMMLV"]
["AgenteBilingüeAgenteprofesionalBellasartesyafinesEnlasinstalacionesdelaEntidadCompradoraZona1HoraextradominicalyfestivoOro","IT-BPO-32-1664","Agente Bilingüe","Agente profesional","Bellas artes y afines","En las instalaciones de la Entidad Compradora ","Zona 1","Hora extra dominical y festivo","Oro","Hora",88817.64,114233.69,121860.36,75127.95,99237.4,158712.59,96668.83,66842.63,null,null,"SMMLV"]
["AgenteBilingüeAgenteprofesionalAgronomía,veterinariayafinesEnlasinstalacionesdelaEntidadCompradoraZona1HoraextradominicalyfestivoOro","IT-BPO-32-1667","Agente Bilingüe","Agente profesional","Agronomía, veterinaria y afines","En las instalaciones de la Entidad Compradora ","Zona 1","Hora extra dominical y festivo","Oro","Hora",88817.64,114233.69,121860.36,75127.95,99237.4,158712.59,96668.83,66842.63,null,null,"SMMLV"]
["AgenteBilingüeAgenteprofesionalCienciasdelaeducaciónyafinesEnlasinstalacionesdelaEntidadCompradoraZona1HoraextradominicalyfestivoOro","IT-BPO-32-1668","Agente Bilingüe","Agente profesional","Ciencias de la educación y afines","En las instalaciones de la Entidad Compradora ","Zona 1","Hora extra dominical y festivo","Oro","Hora",88817.64,114233.69,121860.36,75127.95,99237.4,158712.59,96668.83,66842.63,null,null,"SMMLV"]
["AgenteBilingüeAgenteespecializadoCienciassocialesyhumanasEnlasinstalacionesdelaEntidadCompradoraZona1HoraextradominicalyfestivoOro","IT-BPO-32-1671","Agente Bilingüe","Agente especializado","Ciencias sociales y humanas","En las instalaciones de la Entidad Compradora ","Zona 1","Hora extra dominical y festivo","Oro","Hora",112452.12,146872.35,150755.22,95906.67,126743.06,201302.61,124288.49,85195.16,null,null,"SMMLV"]
[{"$f":"SUBSTITUTE(C5122&D5122&E5122&F5122&G5122&H5122&I5122,\" \",\"\")","v":"AgenteBilingüeAgenteespecializadoEconomía,administración,contaduríayafinesEnlasinstalacionesdelaEntidadCompradoraZona1HoraextradominicalyfestivoOro"},"IT-BPO-32-1672","Agente Bilingüe","Agente especializado","Economía, administración, contaduría y afines","En las instalaciones de la Entidad Compradora ","Zona 1","Hora extra dominical y festivo","Oro","Hora",112452.12,146872.35,150755.22,95906.67,126743.06,201302.61,124288.49,85195.16,null,null,"SMMLV"]
["AgenteBilingüeAgenteespecializadoBellasartesEnlasinstalacionesdelaEntidadCompradoraZona1HoraextradominicalyfestivoOro","IT-BPO-32-1674","Agente Bilingüe","Agente especializado","Bellas artes","En las instalaciones de la Entidad Compradora ","Zona 1","Hora extra dominical y festivo","Oro","Hora",112452.12,146872.35,150755.22,95906.67,126743.06,201302.61,124288.49,85195.16,null,null,"SMMLV"]
["AgenteBilingüeAgenteespecializadoMatemáticasycienciasnaturalesEnlasinstalacionesdelaEntidadCompradoraZona1HoraextradominicalyfestivoOro","IT-BPO-32-1675","Agente Bilingüe","Agente especializado","Matemáticas y ciencias naturales","En las instalaciones de la Entidad Compradora ","Zona 1","Hora extra dominical y festivo","Oro","Hora",112452.12,146872.35,150755.22,95906.67,126743.06,201302.61,124288.49,85195.16,null,null,"SMMLV"]
["AgenteBilingüeAgenteprofesionalCienciassociales,humanasyafinesEnlasinstalacionesdelaEntidadCompradoraZona2HoraextradominicalyfestivoOro","IT-BPO-32-1678","Agente Bilingüe","Agente profesional","Ciencias sociales, humanas y afines","En las instalaciones de la Entidad Compradora ","Zona 2","Hora extra dominical y festivo","Oro","Hora",88817.64,114233.69,123687.92,75127.95,100954.71,158839.60999999999,96668.83,66842.63,null,null,"SMMLV"]
["AgenteBilingüeAgenteprofesionalIngeniería,arquitectura,urbanismoyafinesEnlasinstalacionesdelaEntidadCompradoraZona2HoraextradominicalyfestivoOro","IT-BPO-32-1679","Agente Bilingüe","Agente profesional","Ingeniería, arquitectura, urbanismo y afines","En las instalaciones de la Entidad Compradora ","Zona 2","Hora extra dominical y festivo","Oro","Hora",88817.64,114233.69,123687.92,75127.95,100954.71,158839.60999999999,96668.83,66842.63,null,null,"SMMLV"]
["AgenteBilingüeAgenteprofesionalCienciasdelasaludyafinesEnlasinstalacionesdelaEntidadCompradoraZona2HoraextradominicalyfestivoOro","IT-BPO-32-1682","Agente Bilingüe","Agente profesional","Ciencias de la salud y afines","En las instalaciones de la Entidad Compradora ","Zona 2","Hora extra dominical y festivo","Oro","Hora",88817.64,146872.35,153016.4,119511.59,123199.83,201429.63,96668.83,85195.16,null,null,"SMMLV"]
["AgenteBilingüeAgenteprofesionalAgronomía,veterinariayafinesEnlasinstalacionesdelaEntidadCompradoraZona2HoraextradominicalyfestivoOro","IT-BPO-32-1683","Agente Bilingüe","Agente profesional","Agronomía, veterinaria y afines","En las instalaciones de la Entidad Compradora ","Zona 2","Hora extra dominical y festivo","Oro","Hora",88817.64,114233.69,123687.92,75127.95,100954.71,158839.60999999999,96668.83,66842.63,null,null,"SMMLV"]
["AgenteBilingüeAgenteespecializadoCienciasdelasaludEnlasinstalacionesdelaEntidadCompradoraZona2HoraextradominicalyfestivoOro","IT-BPO-32-1686","Agente Bilingüe","Agente especializado","Ciencias de la salud","En las instalaciones de la Entidad Compradora ","Zona 2","Hora extra dominical y festivo","Oro","Hora",112452.12,179509.92,182344.88,146396.03,152375.15,244019.66,124288.49,85195.16,null,null,"SMMLV"]
["AgenteBilingüeAgenteespecializadoCienciassocialesyhumanasEnlasinstalacionesdelaEntidadCompradoraZona2HoraextradominicalyfestivoOro","IT-BPO-32-1687","Agente Bilingüe","Agente especializado","Ciencias sociales y humanas","En las instalaciones de la Entidad Compradora ","Zona 2","Hora extra dominical y festivo","Oro","Hora",112452.12,146872.35,153016.4,95906.67,128941.73,201429.63,124288.49,85195.16,null,null,"SMMLV"]
["AgenteBilingüeAgenteespecializadoIngeniería,arquitectura,urbanismoyafinesEnlasinstalacionesdelaEntidadCompradoraZona2HoraextradominicalyfestivoOro","IT-BPO-32-1689","Agente Bilingüe","Agente especializado","Ingeniería, arquitectura, urbanismo y afines","En las instalaciones de la Entidad Compradora ","Zona 2","Hora extra dominical y festivo","Oro","Hora",112452.12,146872.35,153016.4,95906.67,128941.73,201429.63,124288.49,85195.16,null,null,"SMMLV"]
["AgenteBilingüeAgenteespecializadoBellasartesEnlasinstalacionesdelaEntidadCompradoraZona2HoraextradominicalyfestivoOro","IT-BPO-32-1690","Agente Bilingüe","Agente especializado","Bellas artes","En las instalaciones de la Entidad Compradora ","Zona 2","Hora extra dominical y festivo","Oro","Hora",112452.12,146872.35,153016.4,95906.67,128941.73,201429.63,124288.49,85195.16,null,null,"SMMLV"]
["AgenteBilingüeAgenteprofesionalEconomía,administración,contaduríayafinesEnlasinstalacionesdelaEntidadCompradoraZona3HoraextradominicalyfestivoOro","IT-BPO-32-1693","Agente Bilingüe","Agente profesional","Economía, administración, contaduría y afines","En las instalaciones de la Entidad Compradora ","Zona 3","Hora extra dominical y festivo","Oro","Hora",88817.64,114233.69,124925.27,75127.95,101427.63,159156.06,96668.83,66842.63,null,null,"SMMLV"]
["AgenteBilingüeAgenteprofesionalCienciassociales,humanasyafinesEnlasinstalacionesdelaEntidadCompradoraZona3HoraextradominicalyfestivoOro","IT-BPO-32-1694","Agente Bilingüe","Agente profesional","Ciencias sociales, humanas y afines","En las instalaciones de la Entidad Compradora ","Zona 3","Hora extra dominical y festivo","Oro","Hora",88817.64,114233.69,124925.27,75127.95,101427.63,159156.06,96668.83,66842.63,null,null,"SMMLV"]
["AgenteBilingüeAgenteprofesionalMatemáticas,cienciasnaturalesyafinesEnlasinstalacionesdelaEntidadCompradoraZona3HoraextradominicalyfestivoOro","IT-BPO-32-1697","Agente Bilingüe","Agente profesional","Matemáticas, ciencias naturales y afines","En las instalaciones de la Entidad Compradora ","Zona 3","Hora extra dominical y festivo","Oro","Hora",88817.64,114233.69,124925.27,75127.95,101427.63,159156.06,96668.83,66842.63,null,null,"SMMLV"]
["AgenteBilingüeAgenteprofesionalCienciasdelasaludyafinesEnlasinstalacionesdelaEntidadCompradoraZona3HoraextradominicalyfestivoOro","IT-BPO-32-1698","Agente Bilingüe","Agente profesional","Ciencias de la salud y afines","En las instalaciones de la Entidad Compradora ","Zona 3","Hora extra dominical y festivo","Oro","Hora",88817.64,146872.35,154546.10999999999,119511.59,123844.19,201746.09,96668.83,85195.16,null,null,"SMMLV"]
["AgenteBilingüeAgenteprofesionalCienciasdelaeducaciónyafinesEnlasinstalacionesdelaEntidadCompradoraZona3HoraextradominicalyfestivoOro","IT-BPO-32-1700","Agente Bilingüe","Agente profesional","Ciencias de la educación y afines","En las instalaciones de la Entidad Compradora ","Zona 3","Hora extra dominical y festivo","Oro","Hora",88817.64,114233.69,124925.27,75127.95,101427.63,159156.06,96668.83,66842.63,null,null,"SMMLV"]
["AgenteBilingüeAgenteespecializadoAgronomía,veterinariayafinesEnlasinstalacionesdelaEntidadCompradoraZona3HoraextradominicalyfestivoOro","IT-BPO-32-1701","Agente Bilingüe","Agente especializado","Agronomía, veterinaria y afines","En las instalaciones de la Entidad Compradora ","Zona 3","Hora extra dominical y festivo","Oro","Hora",112452.12,146872.35,154546.10999999999,95906.67,129539.56,201746.09,124288.49,85195.16,null,null,"SMMLV"]
["AgenteBilingüeAgenteespecializadoEconomía,administración,contaduríayafinesEnlasinstalacionesdelaEntidadCompradoraZona3HoraextradominicalyfestivoOro","IT-BPO-32-1704","Agente Bilingüe","Agente especializado","Economía, administración, contaduría y afines","En las instalaciones de la Entidad Compradora ","Zona 3","Hora extra dominical y festivo","Oro","Hora",112452.12,146872.35,154546.10999999999,95906.67,129539.56,201746.09,124288.49,85195.16,null,null,"SMMLV"]
["AgenteBilingüeAgenteespecializadoIngeniería,arquitectura,urbanismoyafinesEnlasinstalacionesdelaEntidadCompradoraZona3HoraextradominicalyfestivoOro","IT-BPO-32-1705","Agente Bilingüe","Agente especializado","Ingeniería, arquitectura, urbanismo y afines","En las instalaciones de la Entidad Compradora ","Zona 3","Hora extra dominical y festivo","Oro","Hora",112452.12,146872.35,154546.10999999999,95906.67,129539.56,201746.09,124288.49,85195.16,null,null,"SMMLV"]
["AgenteBilingüeAgenteespecializadoCienciasdelaeducaciónEnlasinstalacionesdelaEntidadCompradoraZona3HoraextradominicalyfestivoOro","IT-BPO-32-1708","Agente Bilingüe","Agente especializado","Ciencias de la educación","En las instalaciones de la Entidad Compradora ","Zona 3","Hora extra dominical y festivo","Oro","Hora",112452.12,146872.35,154546.10999999999,95906.67,129539.56,201746.09,124288.49,85195.16,null,null,"SMMLV"]
["AgenteBilingüeAgenteprofesionalEconomía,administración,contaduríayafinesFrontofficeconherramientaZona1HoraextradominicalyfestivoOro","IT-BPO-32-1709","Agente Bilingüe","Agente profesional","Economía, administración, contaduría y afines","Front office con herramienta","Zona 1","Hora extra dominical y festivo","Oro","Hora",88817.64,114233.69,118204.16,75127.95,100095.09,163580.96,96668.83,66842.63,null,null,"SMMLV"]
["AgenteBilingüeAgenteprofesionalIngeniería,arquitectura,urbanismoyafinesFrontofficeconherramientaZona1HoraextradominicalyfestivoOro","IT-BPO-32-1711","Agente Bilingüe","Agente profesional","Ingeniería, arquitectura, urbanismo y afines","Front office con herramienta","Zona 1","Hora extra dominical y festivo","Oro","Hora",88817.64,114233.69,118204.16,75127.95,100095.09,163580.96,96668.83,66842.63,null,null,"SMMLV"]
["AgenteBilingüeAgenteprofesionalBellasartesyafinesFrontofficeconherramientaZona1HoraextradominicalyfestivoOro","IT-BPO-32-1712","Agente Bilingüe","Agente profesional","Bellas artes y afines","Front office con herramienta","Zona 1","Hora extra dominical y festivo","Oro","Hora",88817.64,114233.69,118204.16,75127.95,100095.09,163580.96,96668.83,66842.63,null,null,"SMMLV"]
["AgenteBilingüeAgenteprofesionalAgronomía,veterinariayafinesFrontofficeconherramientaZona1HoraextradominicalyfestivoOro","IT-BPO-32-1715","Agente Bilingüe","Agente profesional","Agronomía, veterinaria y afines","Front office con herramienta","Zona 1","Hora extra dominical y festivo","Oro","Hora",88817.64,114233.69,118204.16,75127.95,100095.09,163580.96,96668.83,66842.63,null,null,"SMMLV"]
["AgenteBilingüeAgenteprofesionalCienciasdelaeducaciónyafinesFrontofficeconherramientaZona1HoraextradominicalyfestivoOro","IT-BPO-32-1716","Agente Bilingüe","Agente profesional","Ciencias de la educación y afines","Front office con herramienta","Zona 1","Hora extra dominical y festivo","Oro","Hora",88817.64,114233.69,118204.16,75127.95,100095.09,163580.96,96668.83,66842.63,null,null,"SMMLV"]
["AgenteBilingüeAgenteespecializadoCienciassocialesyhumanasFrontofficeconherramientaZona1HoraextradominicalyfestivoOro","IT-BPO-32-1719","Agente Bilingüe","Agente especializado","Ciencias sociales y humanas","Front office con herramienta","Zona 1","Hora extra dominical y festivo","Oro","Hora",112452.12,146872.35,146231.78,95906.67,127604.05,207191.52,124288.49,85195.16,null,null,"SMMLV"]
["AgenteBilingüeAgenteespecializadoEconomía,administración,contaduríayafinesFrontofficeconherramientaZona1HoraextradominicalyfestivoOro","IT-BPO-32-1720","Agente Bilingüe","Agente especializado","Economía, administración, contaduría y afines","Front office con herramienta","Zona 1","Hora extra dominical y festivo","Oro","Hora",112452.12,146872.35,146231.78,95906.67,127604.05,207191.52,124288.49,85195.16,null,null,"SMMLV"]
["AgenteBilingüeAgenteespecializadoMatemáticasycienciasnaturalesFrontofficeconherramientaZona1HoraextradominicalyfestivoOro","IT-BPO-32-1723","Agente Bilingüe","Agente especializado","Matemáticas y ciencias naturales","Front office con herramienta","Zona 1","Hora extra dominical y festivo","Oro","Hora",112452.12,146872.35,146231.78,95906.67,127604.05,207191.52,124288.49,85195.16,null,null,"SMMLV"]
["AgenteBilingüeAgenteespecializadoCienciasdelaeducaciónFrontofficeconherramientaZona1HoraextradominicalyfestivoOro","IT-BPO-32-1724","Agente Bilingüe","Agente especializado","Ciencias de la educación","Front office con herramienta","Zona 1","Hora extra dominical y festivo","Oro","Hora",112452.12,146872.35,146231.78,95906.67,127604.05,207191.52,124288.49,85195.16,null,null,"SMMLV"]
["AgenteBilingüeAgenteprofesionalCienciassociales,humanasyafinesFrontofficeconherramientaZona2HoraextradominicalyfestivoOro","IT-BPO-32-1726","Agente Bilingüe","Agente profesional","Ciencias sociales, humanas y afines","Front office con herramienta","Zona 2","Hora extra dominical y festivo","Oro","Hora",88817.64,114233.69,119976.96000000001,75127.95,101825.58,163707.98000000001,96668.83,66842.63,null,null,"SMMLV"]
["AgenteBilingüeAgenteprofesionalIngeniería,arquitectura,urbanismoyafinesFrontofficeconherramientaZona2HoraextradominicalyfestivoOro","IT-BPO-32-1727","Agente Bilingüe","Agente profesional","Ingeniería, arquitectura, urbanismo y afines","Front office con herramienta","Zona 2","Hora extra dominical y festivo","Oro","Hora",88817.64,114233.69,119976.96000000001,75127.95,101825.58,163707.98000000001,96668.83,66842.63,null,null,"SMMLV"]
["AgenteBilingüeAgenteprofesionalCienciasdelasaludyafinesFrontofficeconherramientaZona2HoraextradominicalyfestivoOro","IT-BPO-32-1730","Agente Bilingüe","Agente profesional","Ciencias de la salud y afines","Front office con herramienta","Zona 2","Hora extra dominical y festivo","Oro","Hora",88817.64,146872.35,148426.16,110319.06,116361.61,207318.54,96668.83,85195.16,null,null,"SMMLV"]
["AgenteBilingüeAgenteprofesionalAgronomía,veterinariayafinesFrontofficeconherramientaZona2HoraextradominicalyfestivoOro","IT-BPO-32-1731","Agente Bilingüe","Agente profesional","Agronomía, veterinaria y afines","Front office con herramienta","Zona 2","Hora extra dominical y festivo","Oro","Hora",88817.64,114233.69,119976.96000000001,75127.95,101825.58,163707.98000000001,96668.83,66842.63,null,null,"SMMLV"]
["AgenteBilingüeAgenteespecializadoCienciasdelasaludFrontofficeconherramientaZona2HoraextradominicalyfestivoOro","IT-BPO-32-1734","Agente Bilingüe","Agente especializado","Ciencias de la salud","Front office con herramienta","Zona 2","Hora extra dominical y festivo","Oro","Hora",112452.12,179509.92,176874.26,146396.03,152782.85999999999,250929.11,124288.49,85195.16,null,null,"SMMLV"]
["AgenteBilingüeAgenteespecializadoCienciassocialesyhumanasFrontofficeconherramientaZona2HoraextradominicalyfestivoOro","IT-BPO-32-1735","Agente Bilingüe","Agente especializado","Ciencias sociales y humanas","Front office con herramienta","Zona 2","Hora extra dominical y festivo","Oro","Hora",112452.12,146872.35,148426.16,95906.67,129816.27,207318.54,124288.49,85195.16,null,null,"SMMLV"]
["AgenteBilingüeAgenteespecializadoIngeniería,arquitectura,urbanismoyafinesFrontofficeconherramientaZona2HoraextradominicalyfestivoOro","IT-BPO-32-1737","Agente Bilingüe","Agente especializado","Ingeniería, arquitectura, urbanismo y afines","Front office con herramienta","Zona 2","Hora extra dominical y festivo","Oro","Hora",112452.12,146872.35,148426.16,95906.67,129816.27,207318.54,124288.49,85195.16,null,null,"SMMLV"]
["AgenteBilingüeAgenteespecializadoBellasartesFrontofficeconherramientaZona2HoraextradominicalyfestivoOro","IT-BPO-32-1738","Agente Bilingüe","Agente especializado","Bellas artes","Front office con herramienta","Zona 2","Hora extra dominical y festivo","Oro","Hora",112452.12,146872.35,148426.16,95906.67,129816.27,207318.54,124288.49,85195.16,null,null,"SMMLV"]
["AgenteBilingüeAgenteprofesionalEconomía,administración,contaduríayafinesFrontofficeconherramientaZona3HoraextradominicalyfestivoOro","IT-BPO-32-1741","Agente Bilingüe","Agente profesional","Economía, administración, contaduría y afines","Front office con herramienta","Zona 3","Hora extra dominical y festivo","Oro","Hora",88817.64,114233.69,121177.08,75127.95,102305.47,164024.43,96668.83,66842.63,null,null,"SMMLV"]
["AgenteBilingüeAgenteprofesionalCienciassociales,humanasyafinesFrontofficeconherramientaZona3HoraextradominicalyfestivoOro","IT-BPO-32-1742","Agente Bilingüe","Agente profesional","Ciencias sociales, humanas y afines","Front office con herramienta","Zona 3","Hora extra dominical y festivo","Oro","Hora",88817.64,114233.69,121177.08,75127.95,102305.47,164024.43,96668.83,66842.63,null,null,"SMMLV"]
["AgenteBilingüeAgenteprofesionalMatemáticas,cienciasnaturalesyafinesFrontofficeconherramientaZona3HoraextradominicalyfestivoOro","IT-BPO-32-1745","Agente Bilingüe","Agente profesional","Matemáticas, ciencias naturales y afines","Front office con herramienta","Zona 3","Hora extra dominical y festivo","Oro","Hora",88817.64,114233.69,121177.08,75127.95,102305.47,164024.43,96668.83,66842.63,null,null,"SMMLV"]
["AgenteBilingüeAgenteprofesionalCienciasdelasaludyafinesFrontofficeconherramientaZona3HoraextradominicalyfestivoOro","IT-BPO-32-1746","Agente Bilingüe","Agente profesional","Ciencias de la salud y afines","Front office con herramienta","Zona 3","Hora extra dominical y festivo","Oro","Hora",88817.64,146872.35,149909.88,110319.06,116854.62,207635,96668.83,85195.16,null,null,"SMMLV"]
["AgenteBilingüeAgenteprofesionalCienciasdelaeducaciónyafinesFrontofficeconherramientaZona3HoraextradominicalyfestivoOro","IT-BPO-32-1748","Agente Bilingüe","Agente profesional","Ciencias de la educación y afines","Front office con herramienta","Zona 3","Hora extra dominical y festivo","Oro","Hora",88817.64,114233.69,121177.08,75127.95,102305.47,164024.43,96668.83,66842.63,null,null,"SMMLV"]
["AgenteBilingüeAgenteespecializadoAgronomía,veterinariayafinesFrontofficeconherramientaZona3HoraextradominicalyfestivoOro","IT-BPO-32-1749","Agente Bilingüe","Agente especializado","Agronomía, veterinaria y afines","Front office con herramienta","Zona 3","Hora extra dominical y festivo","Oro","Hora",112452.12,146872.35,149909.88,95906.67,130421.07,207635,124288.49,85195.16,null,null,"SMMLV"]
["AgenteBilingüeAgenteespecializadoEconomía,administración,contaduríayafinesFrontofficeconherramientaZona3HoraextradominicalyfestivoOro","IT-BPO-32-1752","Agente Bilingüe","Agente especializado","Economía, administración, contaduría y afines","Front office con herramienta","Zona 3","Hora extra dominical y festivo","Oro","Hora",112452.12,146872.35,149909.88,95906.67,130421.07,207635,124288.49,85195.16,null,null,"SMMLV"]
["AgenteBilingüeAgenteespecializadoIngeniería,arquitectura,urbanismoyafinesFrontofficeconherramientaZona3HoraextradominicalyfestivoOro","IT-BPO-32-1753","Agente Bilingüe","Agente especializado","Ingeniería, arquitectura, urbanismo y afines","Front office con herramienta","Zona 3","Hora extra dominical y festivo","Oro","Hora",112452.12,146872.35,149909.88,95906.67,130421.07,207635,124288.49,85195.16,null,null,"SMMLV"]
["AgenteBilingüeAgenteespecializadoCienciasdelaeducaciónFrontofficeconherramientaZona3HoraextradominicalyfestivoOro","IT-BPO-32-1756","Agente Bilingüe","Agente especializado","Ciencias de la educación","Front office con herramienta","Zona 3","Hora extra dominical y festivo","Oro","Hora",112452.12,146872.35,149909.88,95906.67,130421.07,207635,124288.49,85195.16,null,null,"SMMLV"]
["AgenteBilingüeAgenteprofesionalEconomía,administración,contaduríayafinesFrontofficesinherramientaZona1HoraextradominicalyfestivoOro","IT-BPO-32-1757","Agente Bilingüe","Agente profesional","Economía, administración, contaduría y afines","Front office sin herramienta","Zona 1","Hora extra dominical y festivo","Oro","Hora",86585.59,114233.69,112294.44,75127.95,101177.54,158118,96668.83,66842.63,null,null,"SMMLV"]
["AgenteBilingüeAgenteprofesionalIngeniería,arquitectura,urbanismoyafinesFrontofficesinherramientaZona1HoraextradominicalyfestivoOro","IT-BPO-32-1759","Agente Bilingüe","Agente profesional","Ingeniería, arquitectura, urbanismo y afines","Front office sin herramienta","Zona 1","Hora extra dominical y festivo","Oro","Hora",86585.59,114233.69,112294.44,75127.95,101177.54,158118,96668.83,66842.63,null,null,"SMMLV"]
["AgenteBilingüeAgenteprofesionalBellasartesyafinesFrontofficesinherramientaZona1HoraextradominicalyfestivoOro","IT-BPO-32-1760","Agente Bilingüe","Agente profesional","Bellas artes y afines","Front office sin herramienta","Zona 1","Hora extra dominical y festivo","Oro","Hora",86585.59,114233.69,112294.44,75127.95,101177.54,158118,96668.83,66842.63,null,null,"SMMLV"]
["AgenteBilingüeAgenteprofesionalAgronomía,veterinariayafinesFrontofficesinherramientaZona1HoraextradominicalyfestivoOro","IT-BPO-32-1763","Agente Bilingüe","Agente profesional","Agronomía, veterinaria y afines","Front office sin herramienta","Zona 1","Hora extra dominical y festivo","Oro","Hora",86585.59,114233.69,112294.44,75127.95,101177.54,158118,96668.83,66842.63,null,null,"SMMLV"]
["AgenteBilingüeAgenteprofesionalCienciasdelaeducaciónyafinesFrontofficesinherramientaZona1HoraextradominicalyfestivoOro","IT-BPO-32-1764","Agente Bilingüe","Agente profesional","Ciencias de la educación y afines","Front office sin herramienta","Zona 1","Hora extra dominical y festivo","Oro","Hora",86585.59,114233.69,112294.44,75127.95,101177.54,158118,96668.83,66842.63,null,null,"SMMLV"]
["AgenteBilingüeAgenteespecializadoCienciassocialesyhumanasFrontofficesinherramientaZona1HoraextradominicalyfestivoOro","IT-BPO-32-1767","Agente Bilingüe","Agente especializado","Ciencias sociales y humanas","Front office sin herramienta","Zona 1","Hora extra dominical y festivo","Oro","Hora",110218.32,146872.35,138920.46,95906.67,127004.74,201728.57,124288.49,85195.16,null,null,"SMMLV"]
["AgenteBilingüeAgenteespecializadoEconomía,administración,contaduríayafinesFrontofficesinherramientaZona1HoraextradominicalyfestivoOro","IT-BPO-32-1768","Agente Bilingüe","Agente especializado","Economía, administración, contaduría y afines","Front office sin herramienta","Zona 1","Hora extra dominical y festivo","Oro","Hora",110218.32,146872.35,138920.46,95906.67,127004.74,201728.57,124288.49,85195.16,null,null,"SMMLV"]
["AgenteBilingüeAgenteespecializadoMatemáticasycienciasnaturalesFrontofficesinherramientaZona1HoraextradominicalyfestivoOro","IT-BPO-32-1771","Agente Bilingüe","Agente especializado","Matemáticas y ciencias naturales","Front office sin herramienta","Zona 1","Hora extra dominical y festivo","Oro","Hora",110218.32,146872.35,138920.46,95906.67,127004.74,201728.57,124288.49,85195.16,null,null,"SMMLV"]
["AgenteBilingüeAgenteespecializadoCienciasdelaeducaciónFrontofficesinherramientaZona1HoraextradominicalyfestivoOro","IT-BPO-32-1772","Agente Bilingüe","Agente especializado","Ciencias de la educación","Front office sin herramienta","Zona 1","Hora extra dominical y festivo","Oro","Hora",110218.32,146872.35,138920.46,95906.67,127004.74,201728.57,124288.49,85195.16,null,null,"SMMLV"]
["AgenteBilingüeAgenteprofesionalCienciassociales,humanasyafinesFrontofficesinherramientaZona2HoraextradominicalyfestivoOro","IT-BPO-32-1774","Agente Bilingüe","Agente profesional","Ciencias sociales, humanas y afines","Front office sin herramienta","Zona 2","Hora extra dominical y festivo","Oro","Hora",86585.59,114233.69,113977.46,75127.95,103036.63,158118,96668.83,66842.63,null,null,"SMMLV"]
["AgenteBilingüeAgenteprofesionalIngeniería,arquitectura,urbanismoyafinesFrontofficesinherramientaZona2HoraextradominicalyfestivoOro","IT-BPO-32-1775","Agente Bilingüe","Agente profesional","Ingeniería, arquitectura, urbanismo y afines","Front office sin herramienta","Zona 2","Hora extra dominical y festivo","Oro","Hora",86585.59,114233.69,113977.46,75127.95,103036.63,158118,96668.83,66842.63,null,null,"SMMLV"]
["AgenteBilingüeAgenteprofesionalCienciasdelasaludyafinesFrontofficesinherramientaZona2HoraextradominicalyfestivoOro","IT-BPO-32-1778","Agente Bilingüe","Agente profesional","Ciencias de la salud y afines","Front office sin herramienta","Zona 2","Hora extra dominical y festivo","Oro","Hora",86585.59,146872.35,141004.25,119511.59,124354.47,201728.57,96668.83,85195.16,null,null,"SMMLV"]
["AgenteBilingüeAgenteprofesionalAgronomía,veterinariayafinesFrontofficesinherramientaZona2HoraextradominicalyfestivoOro","IT-BPO-32-1779","Agente Bilingüe","Agente profesional","Agronomía, veterinaria y afines","Front office sin herramienta","Zona 2","Hora extra dominical y festivo","Oro","Hora",86585.59,114233.69,113977.46,75127.95,103036.63,158118,96668.83,66842.63,null,null,"SMMLV"]
["AgenteBilingüeAgenteespecializadoCienciasdelasaludFrontofficesinherramientaZona2HoraextradominicalyfestivoOro","IT-BPO-32-1782","Agente Bilingüe","Agente especializado","Ciencias de la salud","Front office sin herramienta","Zona 2","Hora extra dominical y festivo","Oro","Hora",110218.32,179509.92,168031.04,146396.03,156238.01999999999,245339.13,124288.49,85195.16,null,null,"SMMLV"]
["AgenteBilingüeAgenteespecializadoCienciassocialesyhumanasFrontofficesinherramientaZona2HoraextradominicalyfestivoOro","IT-BPO-32-1783","Agente Bilingüe","Agente especializado","Ciencias sociales y humanas","Front office sin herramienta","Zona 2","Hora extra dominical y festivo","Oro","Hora",110218.32,146872.35,141004.25,95906.67,129244.43,201728.57,124288.49,85195.16,null,null,"SMMLV"]
["AgenteBilingüeAgenteespecializadoIngeniería,arquitectura,urbanismoyafinesFrontofficesinherramientaZona2HoraextradominicalyfestivoOro","IT-BPO-32-1785","Agente Bilingüe","Agente especializado","Ingeniería, arquitectura, urbanismo y afines","Front office sin herramienta","Zona 2","Hora extra dominical y festivo","Oro","Hora",110218.32,146872.35,141004.25,95906.67,129244.43,201728.57,124288.49,85195.16,null,null,"SMMLV"]
["AgenteBilingüeAgenteespecializadoBellasartesFrontofficesinherramientaZona2HoraextradominicalyfestivoOro","IT-BPO-32-1786","Agente Bilingüe","Agente especializado","Bellas artes","Front office sin herramienta","Zona 2","Hora extra dominical y festivo","Oro","Hora",110218.32,146872.35,141004.25,95906.67,129244.43,201728.57,124288.49,85195.16,null,null,"SMMLV"]
["AgenteBilingüeAgenteprofesionalEconomía,administración,contaduríayafinesFrontofficesinherramientaZona3HoraextradominicalyfestivoOro","IT-BPO-32-1789","Agente Bilingüe","Agente profesional","Economía, administración, contaduría y afines","Front office sin herramienta","Zona 3","Hora extra dominical y festivo","Oro","Hora",86585.59,114233.69,115118.45,75127.95,103566.33,158118,96668.83,66842.63,null,null,"SMMLV"]
["AgenteBilingüeAgenteprofesionalCienciassociales,humanasyafinesFrontofficesinherramientaZona3HoraextradominicalyfestivoOro","IT-BPO-32-1790","Agente Bilingüe","Agente profesional","Ciencias sociales, humanas y afines","Front office sin herramienta","Zona 3","Hora extra dominical y festivo","Oro","Hora",86585.59,114233.69,115118.45,75127.95,103566.33,158118,96668.83,66842.63,null,null,"SMMLV"]
["AgenteBilingüeAgenteprofesionalMatemáticas,cienciasnaturalesyafinesFrontofficesinherramientaZona3HoraextradominicalyfestivoOro","IT-BPO-32-1793","Agente Bilingüe","Agente profesional","Matemáticas, ciencias naturales y afines","Front office sin herramienta","Zona 3","Hora extra dominical y festivo","Oro","Hora",86585.59,114233.69,115118.45,75127.95,103566.33,158118,96668.83,66842.63,null,null,"SMMLV"]
["AgenteBilingüeAgenteprofesionalCienciasdelasaludyafinesFrontofficesinherramientaZona3HoraextradominicalyfestivoOro","IT-BPO-32-1794","Agente Bilingüe","Agente profesional","Ciencias de la salud y afines","Front office sin herramienta","Zona 3","Hora extra dominical y festivo","Oro","Hora",86585.59,146872.35,142414.60999999999,119511.59,125080.9,201728.57,96668.83,85195.16,null,null,"SMMLV"]
["AgenteBilingüeAgenteprofesionalCienciasdelaeducaciónyafinesFrontofficesinherramientaZona3HoraextradominicalyfestivoOro","IT-BPO-32-1796","Agente Bilingüe","Agente profesional","Ciencias de la educación y afines","Front office sin herramienta","Zona 3","Hora extra dominical y festivo","Oro","Hora",86585.59,114233.69,115118.45,75127.95,103566.33,158118,96668.83,66842.63,null,null,"SMMLV"]
["AgenteBilingüeAgenteespecializadoAgronomía,veterinariayafinesFrontofficesinherramientaZona3HoraextradominicalyfestivoOro","IT-BPO-32-1797","Agente Bilingüe","Agente especializado","Agronomía, veterinaria y afines","Front office sin herramienta","Zona 3","Hora extra dominical y festivo","Oro","Hora",110218.32,146872.35,142414.60999999999,95906.67,129830.18,201728.57,124288.49,85195.16,null,null,"SMMLV"]
[{"$f":"SUBSTITUTE(C5250&D5250&E5250&F5250&G5250&H5250&I5250,\" \",\"\")","v":"AgenteBilingüeAgenteespecializadoEconomía,administración,contaduríayafinesFrontofficesinherramientaZona3HoraextradominicalyfestivoOro"},"IT-BPO-32-1800","Agente Bilingüe","Agente especializado","Economía, administración, contaduría y afines","Front office sin herramienta","Zona 3","Hora extra dominical y festivo","Oro","Hora",110218.32,146872.35,142414.60999999999,95906.67,129830.18,201728.57,124288.49,85195.16,null,null,"SMMLV"]
["AgenteBilingüeAgenteespecializadoIngeniería,arquitectura,urbanismoyafinesFrontofficesinherramientaZona3HoraextradominicalyfestivoOro","IT-BPO-32-1801","Agente Bilingüe","Agente especializado","Ingeniería, arquitectura, urbanismo y afines","Front office sin herramienta","Zona 3","Hora extra dominical y festivo","Oro","Hora",110218.32,146872.35,142414.60999999999,95906.67,129830.18,201728.57,124288.49,85195.16,null,null,"SMMLV"]
["AgenteBilingüeAgenteespecializadoCienciasdelaeducaciónFrontofficesinherramientaZona3HoraextradominicalyfestivoOro","IT-BPO-32-1804","Agente Bilingüe","Agente especializado","Ciencias de la educación","Front office sin herramienta","Zona 3","Hora extra dominical y festivo","Oro","Hora",110218.32,146872.35,142414.60999999999,95906.67,129830.18,201728.57,124288.49,85195.16,null,null,"SMMLV"]
["AgenteBilingüeAgenteprofesionalEconomía,administración,contaduríayafinesEnSitioTodaslaszonasServicio7x24Oro","IT-BPO-32-1805","Agente Bilingüe","Agente profesional","Economía, administración, contaduría y afines","En Sitio","Todas las zonas","Servicio 7x24","Oro","Mes 7x24",45580689,39010474.380000003,56055082.32,44038111.039999999,40856786.280000001,76814091.230000004,46568584.939999998,38348296.670000002,null,null,"SMMLV"]
["AgenteBilingüeAgenteprofesionalBellasartesyafinesEnSitioTodaslaszonasServicio7x24Oro","IT-BPO-32-1808","Agente Bilingüe","Agente profesional","Bellas artes y afines","En Sitio","Todas las zonas","Servicio 7x24","Oro","Mes 7x24",45580689,39010474.380000003,56055082.32,44038111.039999999,40856786.280000001,76814091.230000004,46568584.939999998,38348296.670000002,null,null,"SMMLV"]
["AgenteBilingüeAgenteprofesionalMatemáticas,cienciasnaturalesyafinesEnSitioTodaslaszonasServicio7x24Oro","IT-BPO-32-1809","Agente Bilingüe","Agente profesional","Matemáticas, ciencias naturales y afines","En Sitio","Todas las zonas","Servicio 7x24","Oro","Mes 7x24",45580689,39010474.380000003,56055082.32,44038111.039999999,40856786.280000001,76814091.230000004,46568584.939999998,38348296.670000002,null,null,"SMMLV"]
["AgenteBilingüeAgenteprofesionalAgronomía,veterinariayafinesEnSitioTodaslaszonasServicio7x24Oro","IT-BPO-32-1811","Agente Bilingüe","Agente profesional","Agronomía, veterinaria y afines","En Sitio","Todas las zonas","Servicio 7x24","Oro","Mes 7x24",45580689,39010474.380000003,56055082.32,44038111.039999999,40856786.280000001,76814091.230000004,46568584.939999998,38348296.670000002,null,null,"SMMLV"]
["AgenteBilingüeAgenteprofesionalCienciasdelaeducaciónyafinesEnSitioTodaslaszonasServicio7x24Oro","IT-BPO-32-1812","Agente Bilingüe","Agente profesional","Ciencias de la educación y afines","En Sitio","Todas las zonas","Servicio 7x24","Oro","Mes 7x24",45580689,39010474.380000003,56055082.32,44038111.039999999,40856786.280000001,76814091.230000004,46568584.939999998,38348296.670000002,null,null,"SMMLV"]
["AgenteBilingüeAgenteespecializadoCienciassocialesyhumanasEnSitioTodaslaszonasServicio7x24Oro","IT-BPO-32-1815","Agente Bilingüe","Agente especializado","Ciencias sociales y humanas","En Sitio","Todas las zonas","Servicio 7x24","Oro","Mes 7x24",57988791,49036925.100000001,69346735.439999998,55751918.43,52583224.210000001,204136.47,59412592.399999999,48402750.380000003,null,null,"SMMLV"]
["AgenteBilingüeAgenteespecializadoEconomía,administración,contaduríayafinesEnSitioTodaslaszonasServicio7x24Oro","IT-BPO-32-1816","Agente Bilingüe","Agente especializado","Economía, administración, contaduría y afines","En Sitio","Todas las zonas","Servicio 7x24","Oro","Mes 7x24",57988791,49036925.100000001,69346735.439999998,55751918.43,52583224.210000001,97632154.579999998,59412592.399999999,48402750.380000003,null,null,"SMMLV"]
["AgenteBilingüeAgenteespecializadoMatemáticasycienciasnaturalesEnSitioTodaslaszonasServicio7x24Oro","IT-BPO-32-1819","Agente Bilingüe","Agente especializado","Matemáticas y ciencias naturales","En Sitio","Todas las zonas","Servicio 7x24","Oro","Mes 7x24",57988791,49036925.100000001,69346735.439999998,55751918.43,52583224.210000001,97632154.579999998,59412592.399999999,48402750.380000003,null,null,"SMMLV"]
["AgenteBilingüeAgenteespecializadoCienciasdelaeducaciónEnSitioTodaslaszonasServicio7x24Oro","IT-BPO-32-1820","Agente Bilingüe","Agente especializado","Ciencias de la educación","En Sitio","Todas las zonas","Servicio 7x24","Oro","Mes 7x24",57988791,49036925.100000001,69346735.439999998,55751918.43,52583224.210000001,97632154.579999998,59412592.399999999,48402750.380000003,null,null,"SMMLV"]
["AgenteBilingüeAgenteprofesionalCienciassociales,humanasyafinesTeletrabajoTodaslaszonasServicio7x24Oro","IT-BPO-32-1822","Agente Bilingüe","Agente profesional","Ciencias sociales, humanas y afines","Teletrabajo","Todas las zonas","Servicio 7x24","Oro","Mes 7x24",45326824.200000003,39010474.380000003,50977804.939999998,46255304.270000003,40909856.700000003,76562744.930000007,46065778.700000003,37956000,null,null,"SMMLV"]
["AgenteBilingüeAgenteprofesionalIngeniería,arquitectura,urbanismoyafinesTeletrabajoTodaslaszonasServicio7x24Oro","IT-BPO-32-1823","Agente Bilingüe","Agente profesional","Ingeniería, arquitectura, urbanismo y afines","Teletrabajo","Todas las zonas","Servicio 7x24","Oro","Mes 7x24",45326824.200000003,39010474.380000003,50977804.939999998,46255304.270000003,40909856.700000003,76562744.930000007,46065778.700000003,37956000,null,null,"SMMLV"]
["AgenteBilingüeAgenteprofesionalCienciasdelasaludyafinesTeletrabajoTodaslaszonasServicio7x24Oro","IT-BPO-32-1826","Agente Bilingüe","Agente profesional","Ciencias de la salud y afines","Teletrabajo","Todas las zonas","Servicio 7x24","Oro","Mes 7x24",45326824.200000003,49036925.100000001,64691414.119999997,77392942.170000002,40909856.700000003,96084766.280000001,46065778.700000003,48010453.700000003,null,null,"SMMLV"]
["AgenteBilingüeAgenteprofesionalAgronomía,veterinariayafinesTeletrabajoTodaslaszonasServicio7x24Oro","IT-BPO-32-1827","Agente Bilingüe","Agente profesional","Agronomía, veterinaria y afines","Teletrabajo","Todas las zonas","Servicio 7x24","Oro","Mes 7x24",45326824.200000003,39010474.380000003,50977804.939999998,46255304.270000003,40909856.700000003,76562744.930000007,46065778.700000003,37956000,null,null,"SMMLV"]
["AgenteBilingüeAgenteespecializadoCienciasdelasaludTeletrabajoTodaslaszonasServicio7x24Oro","IT-BPO-32-1830","Agente Bilingüe","Agente especializado","Ciencias de la salud","Teletrabajo","Todas las zonas","Servicio 7x24","Oro","Mes 7x24",57734006.399999999,59063375.82,78405024.390000001,102303052.28,64256591.719999999,115606787.63,58052848.969999999,48010453.700000003,null,null,"SMMLV"]
["AgenteBilingüeAgenteespecializadoCienciassocialesyhumanasTeletrabajoTodaslaszonasServicio7x24Oro","IT-BPO-32-1831","Agente Bilingüe","Agente especializado","Ciencias sociales y humanas","Teletrabajo","Todas las zonas","Servicio 7x24","Oro","Mes 7x24",57734006.399999999,49036925.100000001,64691414.119999997,58710358.770000003,52583224.210000001,96084766.280000001,58052848.969999999,48010453.700000003,null,null,"SMMLV"]
["AgenteBilingüeAgenteespecializadoIngeniería,arquitectura,urbanismoyafinesTeletrabajoTodaslaszonasServicio7x24Oro","IT-BPO-32-1833","Agente Bilingüe","Agente especializado","Ingeniería, arquitectura, urbanismo y afines","Teletrabajo","Todas las zonas","Servicio 7x24","Oro","Mes 7x24",57734006.399999999,49036925.100000001,64691414.119999997,58710358.770000003,52583224.210000001,96084766.280000001,58052848.969999999,48010453.700000003,null,null,"SMMLV"]
["AgenteBilingüeAgenteespecializadoBellasartesTeletrabajoTodaslaszonasServicio7x24Oro","IT-BPO-32-1834","Agente Bilingüe","Agente especializado","Bellas artes","Teletrabajo","Todas las zonas","Servicio 7x24","Oro","Mes 7x24",57734006.399999999,49036925.100000001,64691414.119999997,58710358.770000003,52583224.210000001,96084766.280000001,58052848.969999999,48010453.700000003,null,null,"SMMLV"]
["AgenteBilingüeAgenteprofesionalEconomía,administración,contaduríayafinesEnlasinstalacionesdelaEntidadCompradoraZona1Servicio7x24Oro","IT-BPO-32-1837","Agente Bilingüe","Agente profesional","Economía, administración, contaduría y afines","En las instalaciones de la Entidad Compradora ","Zona 1","Servicio 7x24","Oro","Mes 7x24",44967182.399999999,37979125.640000001,56055082.32,43344806.310000002,48569411.82,75742546.129999995,44954026.119999997,37956000,null,null,"SMMLV"]
["AgenteBilingüeAgenteprofesionalCienciassociales,humanasyafinesEnlasinstalacionesdelaEntidadCompradoraZona1Servicio7x24Oro","IT-BPO-32-1838","Agente Bilingüe","Agente profesional","Ciencias sociales, humanas y afines","En las instalaciones de la Entidad Compradora ","Zona 1","Servicio 7x24","Oro","Mes 7x24",44967182.399999999,37979125.640000001,56055082.32,43344806.310000002,48569411.82,75742546.129999995,44954026.119999997,37956000,null,null,"SMMLV"]
["AgenteBilingüeAgenteprofesionalMatemáticas,cienciasnaturalesyafinesEnlasinstalacionesdelaEntidadCompradoraZona1Servicio7x24Oro","IT-BPO-32-1841","Agente Bilingüe","Agente profesional","Matemáticas, ciencias naturales y afines","En las instalaciones de la Entidad Compradora ","Zona 1","Servicio 7x24","Oro","Mes 7x24",44967182.399999999,37979125.640000001,56055082.32,43344806.310000002,48569411.82,75742546.129999995,44954026.119999997,37956000,null,null,"SMMLV"]
["AgenteBilingüeAgenteprofesionalCienciasdelasaludyafinesEnlasinstalacionesdelaEntidadCompradoraZona1Servicio7x24Oro","IT-BPO-32-1842","Agente Bilingüe","Agente profesional","Ciencias de la salud y afines","En las instalaciones de la Entidad Compradora ","Zona 1","Servicio 7x24","Oro","Mes 7x24",44967182.399999999,48005576.359999999,69346735.439999998,72629325.349999994,63343255.450000003,96225659.930000007,44954026.119999997,48010453.700000003,null,null,"SMMLV"]
["AgenteBilingüeAgenteprofesionalCienciasdelaeducaciónyafinesEnlasinstalacionesdelaEntidadCompradoraZona1Servicio7x24Oro","IT-BPO-32-1844","Agente Bilingüe","Agente profesional","Ciencias de la educación y afines","En las instalaciones de la Entidad Compradora ","Zona 1","Servicio 7x24","Oro","Mes 7x24",44967182.399999999,37979125.640000001,56055082.32,43344806.310000002,48569411.82,75742546.129999995,44954026.119999997,37956000,null,null,"SMMLV"]
["AgenteBilingüeAgenteespecializadoAgronomía,veterinariayafinesEnlasinstalacionesdelaEntidadCompradoraZona1Servicio7x24Oro","IT-BPO-32-1845","Agente Bilingüe","Agente especializado","Agronomía, veterinaria y afines","En las instalaciones de la Entidad Compradora ","Zona 1","Servicio 7x24","Oro","Mes 7x24",57374364.600000001,48005576.359999999,69346735.439999998,55058613.710000001,61588049.890000001,96225659.930000007,57798033.590000004,48010453.700000003,null,null,"SMMLV"]
["AgenteBilingüeAgenteespecializadoEconomía,administración,contaduríayafinesEnlasinstalacionesdelaEntidadCompradoraZona1Servicio7x24Oro","IT-BPO-32-1848","Agente Bilingüe","Agente especializado","Economía, administración, contaduría y afines","En las instalaciones de la Entidad Compradora ","Zona 1","Servicio 7x24","Oro","Mes 7x24",57374364.600000001,48005576.359999999,69346735.439999998,55058613.710000001,61537364.159999996,96225659.930000007,57798033.590000004,48010453.700000003,null,null,"SMMLV"]
["AgenteBilingüeAgenteespecializadoIngeniería,arquitectura,urbanismoyafinesEnlasinstalacionesdelaEntidadCompradoraZona1Servicio7x24Oro","IT-BPO-32-1849","Agente Bilingüe","Agente especializado","Ingeniería, arquitectura, urbanismo y afines","En las instalaciones de la Entidad Compradora ","Zona 1","Servicio 7x24","Oro","Mes 7x24",57374364.600000001,48005576.359999999,69346735.439999998,55058613.710000001,61588049.890000001,96225659.930000007,57798033.590000004,48010453.700000003,null,null,"SMMLV"]
["AgenteBilingüeAgenteespecializadoCienciasdelaeducaciónEnlasinstalacionesdelaEntidadCompradoraZona1Servicio7x24Oro","IT-BPO-32-1852","Agente Bilingüe","Agente especializado","Ciencias de la educación","En las instalaciones de la Entidad Compradora ","Zona 1","Servicio 7x24","Oro","Mes 7x24",57374364.600000001,48005576.359999999,69346735.439999998,55058613.710000001,61588049.890000001,96225659.930000007,57798033.590000004,48010453.700000003,null,null,"SMMLV"]
["AgenteBilingüeAgenteprofesionalEconomía,administración,contaduríayafinesEnlasinstalacionesdelaEntidadCompradoraZona2Servicio7x24Oro","IT-BPO-32-1853","Agente Bilingüe","Agente profesional","Economía, administración, contaduría y afines","En las instalaciones de la Entidad Compradora ","Zona 2","Servicio 7x24","Oro","Mes 7x24",44967182.399999999,38032370.009999998,56895909.829999998,43344806.310000002,48881301.369999997,75795713.849999994,44954026.119999997,37956000,null,null,"SMMLV"]
["AgenteBilingüeAgenteprofesionalBellasartesyafinesEnlasinstalacionesdelaEntidadCompradoraZona2Servicio7x24Oro","IT-BPO-32-1856","Agente Bilingüe","Agente profesional","Bellas artes y afines","En las instalaciones de la Entidad Compradora ","Zona 2","Servicio 7x24","Oro","Mes 7x24",44967182.399999999,38032370.009999998,56895909.829999998,43344806.310000002,48881301.369999997,75795713.849999994,44954026.119999997,37956000,null,null,"SMMLV"]
["AgenteBilingüeAgenteprofesionalMatemáticas,cienciasnaturalesyafinesEnlasinstalacionesdelaEntidadCompradoraZona2Servicio7x24Oro","IT-BPO-32-1857","Agente Bilingüe","Agente profesional","Matemáticas, ciencias naturales y afines","En las instalaciones de la Entidad Compradora ","Zona 2","Servicio 7x24","Oro","Mes 7x24",44967182.399999999,38032370.009999998,56895909.829999998,43344806.310000002,48881301.369999997,75795713.849999994,44954026.119999997,37956000,null,null,"SMMLV"]
["AgenteBilingüeAgenteprofesionalAgronomía,veterinariayafinesEnlasinstalacionesdelaEntidadCompradoraZona2Servicio7x24Oro","IT-BPO-32-1859","Agente Bilingüe","Agente profesional","Agronomía, veterinaria y afines","En las instalaciones de la Entidad Compradora ","Zona 2","Servicio 7x24","Oro","Mes 7x24",44967182.399999999,38032370.009999998,56895909.829999998,43344806.310000002,48881301.369999997,75795713.849999994,44954026.119999997,37956000,null,null,"SMMLV"]
["AgenteBilingüeAgenteprofesionalCienciasdelaeducaciónyafinesEnlasinstalacionesdelaEntidadCompradoraZona2Servicio7x24Oro","IT-BPO-32-1860","Agente Bilingüe","Agente profesional","Ciencias de la educación y afines","En las instalaciones de la Entidad Compradora ","Zona 2","Servicio 7x24","Oro","Mes 7x24",44967182.399999999,38032370.009999998,56895909.829999998,43344806.310000002,48881301.369999997,75795713.849999994,44954026.119999997,37956000,null,null,"SMMLV"]
["AgenteBilingüeAgenteespecializadoCienciassocialesyhumanasEnlasinstalacionesdelaEntidadCompradoraZona2Servicio7x24Oro","IT-BPO-32-1863","Agente Bilingüe","Agente especializado","Ciencias sociales y humanas","En las instalaciones de la Entidad Compradora ","Zona 2","Servicio 7x24","Oro","Mes 7x24",57374364.600000001,48058820.729999997,70386936.170000002,55058613.710000001,61981711.590000004,96278827.650000006,57798033.590000004,48010453.700000003,null,null,"SMMLV"]
[{"$f":"SUBSTITUTE(C5314&D5314&E5314&F5314&G5314&H5314&I5314,\" \",\"\")","v":"AgenteBilingüeAgenteespecializadoEconomía,administración,contaduríayafinesEnlasinstalacionesdelaEntidadCompradoraZona2Servicio7x24Oro"},"IT-BPO-32-1864","Agente Bilingüe","Agente especializado","Economía, administración, contaduría y afines","En las instalaciones de la Entidad Compradora ","Zona 2","Servicio 7x24","Oro","Mes 7x24",57374364.600000001,48058820.729999997,70386936.170000002,55058613.710000001,61931025.859999999,96278827.650000006,57798033.590000004,48010453.700000003,null,null,"SMMLV"]
["AgenteBilingüeAgenteespecializadoMatemáticasycienciasnaturalesEnlasinstalacionesdelaEntidadCompradoraZona2Servicio7x24Oro","IT-BPO-32-1867","Agente Bilingüe","Agente especializado","Matemáticas y ciencias naturales","En las instalaciones de la Entidad Compradora ","Zona 2","Servicio 7x24","Oro","Mes 7x24",57374364.600000001,48058820.729999997,70386936.170000002,55058613.710000001,61981711.590000004,96278827.650000006,57798033.590000004,48010453.700000003,null,null,"SMMLV"]
["AgenteBilingüeAgenteespecializadoCienciasdelaeducaciónEnlasinstalacionesdelaEntidadCompradoraZona2Servicio7x24Oro","IT-BPO-32-1868","Agente Bilingüe","Agente especializado","Ciencias de la educación","En las instalaciones de la Entidad Compradora ","Zona 2","Servicio 7x24","Oro","Mes 7x24",57374364.600000001,48058820.729999997,70386936.170000002,55058613.710000001,61981711.590000004,96278827.650000006,57798033.590000004,48010453.700000003,null,null,"SMMLV"]
["AgenteBilingüeAgenteprofesionalCienciassociales,humanasyafinesEnlasinstalacionesdelaEntidadCompradoraZona3Servicio7x24Oro","IT-BPO-32-1870","Agente Bilingüe","Agente profesional","Ciencias sociales, humanas y afines","En las instalaciones de la Entidad Compradora ","Zona 3","Servicio 7x24","Oro","Mes 7x24",44967182.399999999,38103361.049999997,57464868.539999999,43344806.310000002,49089228.090000004,75928635.900000006,44954026.119999997,37956000,null,null,"SMMLV"]
["AgenteBilingüeAgenteprofesionalIngeniería,arquitectura,urbanismoyafinesEnlasinstalacionesdelaEntidadCompradoraZona3Servicio7x24Oro","IT-BPO-32-1871","Agente Bilingüe","Agente profesional","Ingeniería, arquitectura, urbanismo y afines","En las instalaciones de la Entidad Compradora ","Zona 3","Servicio 7x24","Oro","Mes 7x24",44967182.399999999,38103361.049999997,57464868.539999999,43344806.310000002,49089228.090000004,75928635.900000006,44954026.119999997,37956000,null,null,"SMMLV"]
["AgenteBilingüeAgenteprofesionalCienciasdelasaludyafinesEnlasinstalacionesdelaEntidadCompradoraZona3Servicio7x24Oro","IT-BPO-32-1874","Agente Bilingüe","Agente profesional","Ciencias de la salud y afines","En las instalaciones de la Entidad Compradora ","Zona 3","Servicio 7x24","Oro","Mes 7x24",44967182.399999999,48129811.770000003,71090806.549999997,72629325.349999994,64715836.409999996,96411749.700000003,44954026.119999997,48010453.700000003,null,null,"SMMLV"]
["AgenteBilingüeAgenteprofesionalAgronomía,veterinariayafinesEnlasinstalacionesdelaEntidadCompradoraZona3Servicio7x24Oro","IT-BPO-32-1875","Agente Bilingüe","Agente profesional","Agronomía, veterinaria y afines","En las instalaciones de la Entidad Compradora ","Zona 3","Servicio 7x24","Oro","Mes 7x24",44967182.399999999,38103361.049999997,57464868.539999999,43344806.310000002,49089228.090000004,75928635.900000006,44954026.119999997,37956000,null,null,"SMMLV"]
["AgenteBilingüeAgenteespecializadoCienciasdelasaludEnlasinstalacionesdelaEntidadCompradoraZona3Servicio7x24Oro","IT-BPO-32-1878","Agente Bilingüe","Agente especializado","Ciencias de la salud","En las instalaciones de la Entidad Compradora ","Zona 3","Servicio 7x24","Oro","Mes 7x24",57374364.600000001,58156262.490000002,84716743.459999993,96056940.140000001,80525268.329999998,116894858.03,57798033.590000004,48010453.700000003,null,null,"SMMLV"]
["AgenteBilingüeAgenteespecializadoCienciassocialesyhumanasEnlasinstalacionesdelaEntidadCompradoraZona3Servicio7x24Oro","IT-BPO-32-1879","Agente Bilingüe","Agente especializado","Ciencias sociales y humanas","En las instalaciones de la Entidad Compradora ","Zona 3","Servicio 7x24","Oro","Mes 7x24",57374364.600000001,48129811.770000003,71090806.549999997,55058613.710000001,62244152.469999999,96411749.700000003,57798033.590000004,48010453.700000003,null,null,"SMMLV"]
["AgenteBilingüeAgenteespecializadoIngeniería,arquitectura,urbanismoyafinesEnlasinstalacionesdelaEntidadCompradoraZona3Servicio7x24Oro","IT-BPO-32-1881","Agente Bilingüe","Agente especializado","Ingeniería, arquitectura, urbanismo y afines","En las instalaciones de la Entidad Compradora ","Zona 3","Servicio 7x24","Oro","Mes 7x24",57374364.600000001,48129811.770000003,71090806.549999997,55058613.710000001,62244152.469999999,96411749.700000003,57798033.590000004,48010453.700000003,null,null,"SMMLV"]
["AgenteBilingüeAgenteespecializadoBellasartesEnlasinstalacionesdelaEntidadCompradoraZona3Servicio7x24Oro","IT-BPO-32-1882","Agente Bilingüe","Agente especializado","Bellas artes","En las instalaciones de la Entidad Compradora ","Zona 3","Servicio 7x24","Oro","Mes 7x24",57374364.600000001,48129811.770000003,71090806.549999997,55058613.710000001,62244152.469999999,96411749.700000003,57798033.590000004,48010453.700000003,null,null,"SMMLV"]
["AgenteBilingüeAgenteprofesionalEconomía,administración,contaduríayafinesFrontofficeconherramientaZona1Servicio7x24Oro","IT-BPO-32-1885","Agente Bilingüe","Agente profesional","Economía, administración, contaduría y afines","Front office con herramienta","Zona 1","Servicio 7x24","Oro","Mes 7x24",42510396.600000001,37979125.640000001,54373430.600000001,43565460.859999999,49065414.369999997,77787425.780000001,45810963.32,37956000,null,null,"SMMLV"]
["AgenteBilingüeAgenteprofesionalCienciassociales,humanasyafinesFrontofficeconherramientaZona1Servicio7x24Oro","IT-BPO-32-1886","Agente Bilingüe","Agente profesional","Ciencias sociales, humanas y afines","Front office con herramienta","Zona 1","Servicio 7x24","Oro","Mes 7x24",42510396.600000001,37979125.640000001,54373430.600000001,43565460.859999999,49065414.369999997,77787425.780000001,45810963.32,37956000,null,null,"SMMLV"]
["AgenteBilingüeAgenteprofesionalMatemáticas,cienciasnaturalesyafinesFrontofficeconherramientaZona1Servicio7x24Oro","IT-BPO-32-1889","Agente Bilingüe","Agente profesional","Matemáticas, ciencias naturales y afines","Front office con herramienta","Zona 1","Servicio 7x24","Oro","Mes 7x24",42510396.600000001,37979125.640000001,54373430.600000001,43565460.859999999,49065414.369999997,77787425.780000001,45810963.32,37956000,null,null,"SMMLV"]
["AgenteBilingüeAgenteprofesionalCienciasdelasaludyafinesFrontofficeconherramientaZona1Servicio7x24Oro","IT-BPO-32-1890","Agente Bilingüe","Agente profesional","Ciencias de la salud y afines","Front office con herramienta","Zona 1","Servicio 7x24","Oro","Mes 7x24",42510396.600000001,48005576.359999999,67266333.989999995,72849979.890000001,59987188.869999997,98699171.849999994,45810963.32,48010453.700000003,null,null,"SMMLV"]
["AgenteBilingüeAgenteespecializadoAgronomía,veterinariayafinesFrontofficeconherramientaZona1Servicio7x24Oro","IT-BPO-32-1893","Agente Bilingüe","Agente especializado","Agronomía, veterinaria y afines","Front office con herramienta","Zona 1","Servicio 7x24","Oro","Mes 7x24",54917578.799999997,48005576.359999999,67266333.989999995,55279268.25,62083890.539999999,98699171.849999994,58654970.780000001,48010453.700000003,null,null,"SMMLV"]
["AgenteBilingüeAgenteespecializadoCienciasdelasaludFrontofficeconherramientaZona1Servicio7x24Oro","IT-BPO-32-1894","Agente Bilingüe","Agente especializado","Ciencias de la salud","Front office con herramienta","Zona 1","Servicio 7x24","Oro","Mes 7x24",54917578.799999997,58032027.079999998,80159236.290000007,96277595.780000001,79253459.810000002,119610912.45,58654970.780000001,48010453.700000003,null,null,"SMMLV"]
["AgenteBilingüeAgenteespecializadoEconomía,administración,contaduríayafinesFrontofficeconherramientaZona1Servicio7x24Oro","IT-BPO-32-1896","Agente Bilingüe","Agente especializado","Economía, administración, contaduría y afines","Front office con herramienta","Zona 1","Servicio 7x24","Oro","Mes 7x24",54917578.799999997,48005576.359999999,67266333.989999995,55279268.25,62083890.539999999,98699171.849999994,58654970.780000001,48010453.700000003,null,null,"SMMLV"]
["AgenteBilingüeAgenteespecializadoIngeniería,arquitectura,urbanismoyafinesFrontofficeconherramientaZona1Servicio7x24Oro","IT-BPO-32-1897","Agente Bilingüe","Agente especializado","Ingeniería, arquitectura, urbanismo y afines","Front office con herramienta","Zona 1","Servicio 7x24","Oro","Mes 7x24",54917578.799999997,48005576.359999999,67266333.989999995,55279268.25,62083890.539999999,98699171.849999994,58654970.780000001,48010453.700000003,null,null,"SMMLV"]
["AgenteBilingüeAgenteespecializadoCienciasdelaeducaciónFrontofficeconherramientaZona1Servicio7x24Oro","IT-BPO-32-1900","Agente Bilingüe","Agente especializado","Ciencias de la educación","Front office con herramienta","Zona 1","Servicio 7x24","Oro","Mes 7x24",54917578.799999997,48005576.359999999,67266333.989999995,55279268.25,62083890.539999999,98699171.849999994,58654970.780000001,48010453.700000003,null,null,"SMMLV"]
["AgenteBilingüeAgenteprofesionalEconomía,administración,contaduríayafinesFrontofficeconherramientaZona2Servicio7x24Oro","IT-BPO-32-1901","Agente Bilingüe","Agente profesional","Economía, administración, contaduría y afines","Front office con herramienta","Zona 2","Servicio 7x24","Oro","Mes 7x24",42510396.600000001,38032370.009999998,55189032.590000004,43565460.859999999,49386923.530000001,77840593.5,45810963.32,37956000,null,null,"SMMLV"]
["AgenteBilingüeAgenteprofesionalBellasartesyafinesFrontofficeconherramientaZona2Servicio7x24Oro","IT-BPO-32-1904","Agente Bilingüe","Agente profesional","Bellas artes y afines","Front office con herramienta","Zona 2","Servicio 7x24","Oro","Mes 7x24",42510396.600000001,38032370.009999998,55189032.590000004,43565460.859999999,49386923.530000001,77840593.5,45810963.32,37956000,null,null,"SMMLV"]
["AgenteBilingüeAgenteprofesionalMatemáticas,cienciasnaturalesyafinesFrontofficeconherramientaZona2Servicio7x24Oro","IT-BPO-32-1905","Agente Bilingüe","Agente profesional","Matemáticas, ciencias naturales y afines","Front office con herramienta","Zona 2","Servicio 7x24","Oro","Mes 7x24",42510396.600000001,38032370.009999998,55189032.590000004,43565460.859999999,49386923.530000001,77840593.5,45810963.32,37956000,null,null,"SMMLV"]
["AgenteBilingüeAgenteprofesionalAgronomía,veterinariayafinesFrontofficeconherramientaZona2Servicio7x24Oro","IT-BPO-32-1907","Agente Bilingüe","Agente profesional","Agronomía, veterinaria y afines","Front office con herramienta","Zona 2","Servicio 7x24","Oro","Mes 7x24",42510396.600000001,38032370.009999998,55189032.590000004,43565460.859999999,49386923.530000001,77840593.5,45810963.32,37956000,null,null,"SMMLV"]
["AgenteBilingüeAgenteprofesionalCienciasdelaeducaciónyafinesFrontofficeconherramientaZona2Servicio7x24Oro","IT-BPO-32-1908","Agente Bilingüe","Agente profesional","Ciencias de la educación y afines","Front office con herramienta","Zona 2","Servicio 7x24","Oro","Mes 7x24",42510396.600000001,38032370.009999998,55189032.590000004,43565460.859999999,49386923.530000001,77840593.5,45810963.32,37956000,null,null,"SMMLV"]
["AgenteBilingüeAgenteespecializadoCienciassocialesyhumanasFrontofficeconherramientaZona2Servicio7x24Oro","IT-BPO-32-1911","Agente Bilingüe","Agente especializado","Ciencias sociales y humanas","Front office con herramienta","Zona 2","Servicio 7x24","Oro","Mes 7x24",54917578.799999997,48058820.729999997,68275329.409999996,55279268.25,62487166.710000001,98752339.579999998,58654970.780000001,48010453.700000003,null,null,"SMMLV"]
["AgenteBilingüeAgenteespecializadoEconomía,administración,contaduríayafinesFrontofficeconherramientaZona2Servicio7x24Oro","IT-BPO-32-1912","Agente Bilingüe","Agente especializado","Economía, administración, contaduría y afines","Front office con herramienta","Zona 2","Servicio 7x24","Oro","Mes 7x24",54917578.799999997,48058820.729999997,68275329.409999996,55279268.25,62487166.710000001,98752339.579999998,58654970.780000001,48010453.700000003,null,null,"SMMLV"]
["AgenteBilingüeAgenteespecializadoMatemáticasycienciasnaturalesFrontofficeconherramientaZona2Servicio7x24Oro","IT-BPO-32-1915","Agente Bilingüe","Agente especializado","Matemáticas y ciencias naturales","Front office con herramienta","Zona 2","Servicio 7x24","Oro","Mes 7x24",54917578.799999997,48058820.729999997,68275329.409999996,55279268.25,62487166.710000001,98752339.579999998,58654970.780000001,48010453.700000003,null,null,"SMMLV"]
["AgenteBilingüeAgenteespecializadoCienciasdelaeducaciónFrontofficeconherramientaZona2Servicio7x24Oro","IT-BPO-32-1916","Agente Bilingüe","Agente especializado","Ciencias de la educación","Front office con herramienta","Zona 2","Servicio 7x24","Oro","Mes 7x24",54917578.799999997,48058820.729999997,68275329.409999996,55279268.25,62487166.710000001,98752339.579999998,58654970.780000001,48010453.700000003,null,null,"SMMLV"]
["AgenteBilingüeAgenteprofesionalCienciassociales,humanasyafinesFrontofficeconherramientaZona3Servicio7x24Oro","IT-BPO-32-1918","Agente Bilingüe","Agente profesional","Ciencias sociales, humanas y afines","Front office con herramienta","Zona 3","Servicio 7x24","Oro","Mes 7x24",42510396.600000001,38103361.049999997,55740922.439999998,43565460.859999999,49601262.719999999,77973515.549999997,45810963.32,37956000,null,null,"SMMLV"]
["AgenteBilingüeAgenteprofesionalIngeniería,arquitectura,urbanismoyafinesFrontofficeconherramientaZona3Servicio7x24Oro","IT-BPO-32-1919","Agente Bilingüe","Agente profesional","Ingeniería, arquitectura, urbanismo y afines","Front office con herramienta","Zona 3","Servicio 7x24","Oro","Mes 7x24",42510396.600000001,38103361.049999997,55740922.439999998,43565460.859999999,49601262.719999999,77973515.549999997,45810963.32,37956000,null,null,"SMMLV"]
["AgenteBilingüeAgenteprofesionalCienciasdelasaludyafinesFrontofficeconherramientaZona3Servicio7x24Oro","IT-BPO-32-1922","Agente Bilingüe","Agente profesional","Ciencias de la salud y afines","Front office con herramienta","Zona 3","Servicio 7x24","Oro","Mes 7x24",42510396.600000001,48129811.770000003,68958082.709999993,72849979.890000001,63685692.109999999,98885256.150000006,45810963.32,48010453.700000003,null,null,"SMMLV"]
["AgenteBilingüeAgenteprofesionalAgronomía,veterinariayafinesFrontofficeconherramientaZona3Servicio7x24Oro","IT-BPO-32-1923","Agente Bilingüe","Agente profesional","Agronomía, veterinaria y afines","Front office con herramienta","Zona 3","Servicio 7x24","Oro","Mes 7x24",42510396.600000001,38103361.049999997,55740922.439999998,43565460.859999999,49601262.719999999,77973515.549999997,45810963.32,37956000,null,null,"SMMLV"]
["AgenteBilingüeAgenteespecializadoCienciasdelasaludFrontofficeconherramientaZona3Servicio7x24Oro","IT-BPO-32-1926","Agente Bilingüe","Agente especializado","Ciencias de la salud","Front office con herramienta","Zona 3","Servicio 7x24","Oro","Mes 7x24",54917578.799999997,58156262.490000002,82175241.890000001,96277595.780000001,80937353.430000007,119797002.23,58654970.780000001,48010453.700000003,null,null,"SMMLV"]
["AgenteBilingüeAgenteespecializadoCienciassocialesyhumanasFrontofficeconherramientaZona3Servicio7x24Oro","IT-BPO-32-1927","Agente Bilingüe","Agente especializado","Ciencias sociales y humanas","Front office con herramienta","Zona 3","Servicio 7x24","Oro","Mes 7x24",54917578.799999997,48129811.770000003,68958082.709999993,55279268.25,62756017.119999997,98885256.150000006,58654970.780000001,48010453.700000003,null,null,"SMMLV"]
["AgenteBilingüeAgenteespecializadoIngeniería,arquitectura,urbanismoyafinesFrontofficeconherramientaZona3Servicio7x24Oro","IT-BPO-32-1929","Agente Bilingüe","Agente especializado","Ingeniería, arquitectura, urbanismo y afines","Front office con herramienta","Zona 3","Servicio 7x24","Oro","Mes 7x24",54917578.799999997,48129811.770000003,68958082.709999993,55279268.25,62756017.119999997,98885256.150000006,58654970.780000001,48010453.700000003,null,null,"SMMLV"]
["AgenteBilingüeAgenteespecializadoBellasartesFrontofficeconherramientaZona3Servicio7x24Oro","IT-BPO-32-1930","Agente Bilingüe","Agente especializado","Bellas artes","Front office con herramienta","Zona 3","Servicio 7x24","Oro","Mes 7x24",54917578.799999997,48129811.770000003,68958082.709999993,55279268.25,62756017.119999997,98885256.150000006,58654970.780000001,48010453.700000003,null,null,"SMMLV"]
["AgenteBilingüeAgenteprofesionalEconomía,administración,contaduríayafinesFrontofficesinherramientaZona1Servicio7x24Oro","IT-BPO-32-1933","Agente Bilingüe","Agente profesional","Economía, administración, contaduría y afines","Front office sin herramienta","Zona 1","Servicio 7x24","Oro","Mes 7x24",44732633.399999999,36317925.229999997,74704589.060000002,43048493.840000004,48145890.880000003,75492798.530000001,44954026.119999997,37816411.810000002,null,null,"SMMLV"]
["AgenteBilingüeAgenteprofesionalCienciassociales,humanasyafinesFrontofficesinherramientaZona1Servicio7x24Oro","IT-BPO-32-1934","Agente Bilingüe","Agente profesional","Ciencias sociales, humanas y afines","Front office sin herramienta","Zona 1","Servicio 7x24","Oro","Mes 7x24",44732633.399999999,36317925.229999997,74704589.060000002,43048493.840000004,48145890.880000003,75492798.530000001,44954026.119999997,37816411.810000002,null,null,"SMMLV"]
["AgenteBilingüeAgenteprofesionalMatemáticas,cienciasnaturalesyafinesFrontofficesinherramientaZona1Servicio7x24Oro","IT-BPO-32-1937","Agente Bilingüe","Agente profesional","Matemáticas, ciencias naturales y afines","Front office sin herramienta","Zona 1","Servicio 7x24","Oro","Mes 7x24",44732633.399999999,36317925.229999997,74704589.060000002,43048493.840000004,48145890.880000003,75492798.530000001,44954026.119999997,37816411.810000002,null,null,"SMMLV"]
["AgenteBilingüeAgenteprofesionalCienciasdelasaludyafinesFrontofficesinherramientaZona1Servicio7x24Oro","IT-BPO-32-1938","Agente Bilingüe","Agente profesional","Ciencias de la salud y afines","Front office sin herramienta","Zona 1","Servicio 7x24","Oro","Mes 7x24",44732633.399999999,46344375.950000003,74704589.060000002,72333012.870000005,61347007.630000003,96404539.129999995,44954026.119999997,47870865.509999998,null,null,"SMMLV"]
["AgenteBilingüeAgenteespecializadoAgronomía,veterinariayafinesFrontofficesinherramientaZona1Servicio7x24Oro","IT-BPO-32-1941","Agente Bilingüe","Agente especializado","Agronomía, veterinaria y afines","Front office sin herramienta","Zona 1","Servicio 7x24","Oro","Mes 7x24",57139815.600000001,46344375.950000003,63903017.399999999,54762301.229999997,61164537.009999998,96404539.129999995,57798033.590000004,47870865.509999998,null,null,"SMMLV"]
["AgenteBilingüeAgenteespecializadoCienciasdelasaludFrontofficesinherramientaZona1Servicio7x24Oro","IT-BPO-32-1942","Agente Bilingüe","Agente especializado","Ciencias de la salud","Front office sin herramienta","Zona 1","Servicio 7x24","Oro","Mes 7x24",57139815.600000001,56370826.670000002,76151274.590000004,95760627.659999996,78207078.430000007,117316279.73,57798033.590000004,47870865.509999998,null,null,"SMMLV"]
["AgenteBilingüeAgenteespecializadoEconomía,administración,contaduríayafinesFrontofficesinherramientaZona1Servicio7x24Oro","IT-BPO-32-1944","Agente Bilingüe","Agente especializado","Economía, administración, contaduría y afines","Front office sin herramienta","Zona 1","Servicio 7x24","Oro","Mes 7x24",57139815.600000001,46344375.950000003,63903017.399999999,54762301.229999997,61099594.780000001,96404539.129999995,57798033.590000004,47870865.509999998,null,null,"SMMLV"]
["AgenteBilingüeAgenteespecializadoIngeniería,arquitectura,urbanismoyafinesFrontofficesinherramientaZona1Servicio7x24Oro","IT-BPO-32-1945","Agente Bilingüe","Agente especializado","Ingeniería, arquitectura, urbanismo y afines","Front office sin herramienta","Zona 1","Servicio 7x24","Oro","Mes 7x24",57139815.600000001,46344375.950000003,63903017.399999999,54762301.229999997,61164537.009999998,96404539.129999995,57798033.590000004,47870865.509999998,null,null,"SMMLV"]
["AgenteBilingüeAgenteespecializadoCienciasdelaeducaciónFrontofficesinherramientaZona1Servicio7x24Oro","IT-BPO-32-1948","Agente Bilingüe","Agente especializado","Ciencias de la educación","Front office sin herramienta","Zona 1","Servicio 7x24","Oro","Mes 7x24",57139815.600000001,46344375.950000003,63903017.399999999,54762301.229999997,61164537.009999998,96404539.129999995,57798033.590000004,47870865.509999998,null,null,"SMMLV"]
["AgenteBilingüeAgenteprofesionalEconomía,administración,contaduríayafinesFrontofficesinherramientaZona2Servicio7x24Oro","IT-BPO-32-1949","Agente Bilingüe","Agente profesional","Economía, administración, contaduría y afines","Front office sin herramienta","Zona 2","Servicio 7x24","Oro","Mes 7x24",44732633.399999999,36325024.109999999,69228268.489999995,43048493.840000004,48454314.659999996,75492798.530000001,44954026.119999997,37816411.810000002,null,null,"SMMLV"]
["AgenteBilingüeAgenteprofesionalBellasartesyafinesFrontofficesinherramientaZona2Servicio7x24Oro","IT-BPO-32-1952","Agente Bilingüe","Agente profesional","Bellas artes y afines","Front office sin herramienta","Zona 2","Servicio 7x24","Oro","Mes 7x24",44732633.399999999,36325024.109999999,69228268.489999995,43048493.840000004,48454314.659999996,75492798.530000001,44954026.119999997,37816411.810000002,null,null,"SMMLV"]
["AgenteBilingüeAgenteprofesionalMatemáticas,cienciasnaturalesyafinesFrontofficesinherramientaZona2Servicio7x24Oro","IT-BPO-32-1953","Agente Bilingüe","Agente profesional","Matemáticas, ciencias naturales y afines","Front office sin herramienta","Zona 2","Servicio 7x24","Oro","Mes 7x24",44732633.399999999,36325024.109999999,69228268.489999995,43048493.840000004,48454314.659999996,75492798.530000001,44954026.119999997,37816411.810000002,null,null,"SMMLV"]
["AgenteBilingüeAgenteprofesionalAgronomía,veterinariayafinesFrontofficesinherramientaZona2Servicio7x24Oro","IT-BPO-32-1955","Agente Bilingüe","Agente profesional","Agronomía, veterinaria y afines","Front office sin herramienta","Zona 2","Servicio 7x24","Oro","Mes 7x24",44732633.399999999,36325024.109999999,69228268.489999995,43048493.840000004,48454314.659999996,75492798.530000001,44954026.119999997,37816411.810000002,null,null,"SMMLV"]
["AgenteBilingüeAgenteprofesionalCienciasdelaeducaciónyafinesFrontofficesinherramientaZona2Servicio7x24Oro","IT-BPO-32-1956","Agente Bilingüe","Agente profesional","Ciencias de la educación y afines","Front office sin herramienta","Zona 2","Servicio 7x24","Oro","Mes 7x24",44732633.399999999,36325024.109999999,69228268.489999995,43048493.840000004,48454314.659999996,75492798.530000001,44954026.119999997,37816411.810000002,null,null,"SMMLV"]
["AgenteBilingüeAgenteespecializadoCienciassocialesyhumanasFrontofficesinherramientaZona2Servicio7x24Oro","IT-BPO-32-1959","Agente Bilingüe","Agente especializado","Ciencias sociales y humanas","Front office sin herramienta","Zona 2","Servicio 7x24","Oro","Mes 7x24",57139815.600000001,46351474.829999998,64861562.880000003,54762301.229999997,61554733.310000002,96404539.129999995,57798033.590000004,47870865.509999998,null,null,"SMMLV"]
["AgenteBilingüeAgenteespecializadoEconomía,administración,contaduríayafinesFrontofficesinherramientaZona2Servicio7x24Oro","IT-BPO-32-1960","Agente Bilingüe","Agente especializado","Economía, administración, contaduría y afines","Front office sin herramienta","Zona 2","Servicio 7x24","Oro","Mes 7x24",57139815.600000001,46351474.829999998,64861562.880000003,54762301.229999997,61485894.509999998,96404539.129999995,57798033.590000004,47870865.509999998,null,null,"SMMLV"]
["AgenteBilingüeAgenteespecializadoMatemáticasycienciasnaturalesFrontofficesinherramientaZona2Servicio7x24Oro","IT-BPO-32-1963","Agente Bilingüe","Agente especializado","Matemáticas y ciencias naturales","Front office sin herramienta","Zona 2","Servicio 7x24","Oro","Mes 7x24",57139815.600000001,46351474.829999998,64861562.880000003,54762301.229999997,61554733.310000002,96404539.129999995,57798033.590000004,47870865.509999998,null,null,"SMMLV"]
["AgenteBilingüeAgenteespecializadoCienciasdelaeducaciónFrontofficesinherramientaZona2Servicio7x24Oro","IT-BPO-32-1964","Agente Bilingüe","Agente especializado","Ciencias de la educación","Front office sin herramienta","Zona 2","Servicio 7x24","Oro","Mes 7x24",57139815.600000001,46351474.829999998,64861562.880000003,54762301.229999997,61554733.310000002,96404539.129999995,57798033.590000004,47870865.509999998,null,null,"SMMLV"]
["AgenteBilingüeAgenteprofesionalCienciassociales,humanasyafinesFrontofficesinherramientaZona3Servicio7x24Oro","IT-BPO-32-1966","Agente Bilingüe","Agente profesional","Ciencias sociales, humanas y afines","Front office sin herramienta","Zona 3","Servicio 7x24","Oro","Mes 7x24",44732633.399999999,36334490.390000001,70266692.030000001,43048493.840000004,48659930.640000001,75492798.530000001,44954026.119999997,37816411.810000002,null,null,"SMMLV"]
["AgenteBilingüeAgenteprofesionalIngeniería,arquitectura,urbanismoyafinesFrontofficesinherramientaZona3Servicio7x24Oro","IT-BPO-32-1967","Agente Bilingüe","Agente profesional","Ingeniería, arquitectura, urbanismo y afines","Front office sin herramienta","Zona 3","Servicio 7x24","Oro","Mes 7x24",44732633.399999999,36334490.390000001,70266692.030000001,43048493.840000004,48659930.640000001,75492798.530000001,44954026.119999997,37816411.810000002,null,null,"SMMLV"]
["AgenteBilingüeAgenteprofesionalCienciasdelasaludyafinesFrontofficesinherramientaZona3Servicio7x24Oro","IT-BPO-32-1970","Agente Bilingüe","Agente profesional","Ciencias de la salud y afines","Front office sin herramienta","Zona 3","Servicio 7x24","Oro","Mes 7x24",44732633.399999999,46360941.109999999,70266692.030000001,72333012.870000005,62603515.899999999,96404539.129999995,44954026.119999997,47870865.509999998,null,null,"SMMLV"]
["AgenteBilingüeAgenteprofesionalAgronomía,veterinariayafinesFrontofficesinherramientaZona3Servicio7x24Oro","IT-BPO-32-1971","Agente Bilingüe","Agente profesional","Agronomía, veterinaria y afines","Front office sin herramienta","Zona 3","Servicio 7x24","Oro","Mes 7x24",44732633.399999999,36334490.390000001,70266692.030000001,43048493.840000004,48659930.640000001,75492798.530000001,44954026.119999997,37816411.810000002,null,null,"SMMLV"]
["AgenteBilingüeAgenteespecializadoCienciasdelasaludFrontofficesinherramientaZona3Servicio7x24Oro","IT-BPO-32-1974","Agente Bilingüe","Agente especializado","Ciencias de la salud","Front office sin herramienta","Zona 3","Servicio 7x24","Oro","Mes 7x24",57139815.600000001,56387391.829999998,78066478.859999999,95760627.659999996,79853831.900000006,117316279.73,57798033.590000004,47870865.509999998,null,null,"SMMLV"]
["AgenteBilingüeAgenteespecializadoCienciassocialesyhumanasFrontofficesinherramientaZona3Servicio7x24Oro","IT-BPO-32-1975","Agente Bilingüe","Agente especializado","Ciencias sociales y humanas","Front office sin herramienta","Zona 3","Servicio 7x24","Oro","Mes 7x24",57139815.600000001,46360941.109999999,65510178.469999999,54762301.229999997,61814863.810000002,96404539.129999995,57798033.590000004,47870865.509999998,null,null,"SMMLV"]
["AgenteBilingüeAgenteespecializadoBellasartesFrontofficesinherramientaZona3Servicio7x24Oro","IT-BPO-32-1978","Agente Bilingüe","Agente especializado","Bellas artes","Front office sin herramienta","Zona 3","Servicio 7x24","Oro","Mes 7x24",57139815.600000001,46360941.109999999,65510178.469999999,54762301.229999997,61814863.810000002,96404539.129999995,57798033.590000004,47870865.509999998,null,null,"SMMLV"]
["AgenteBilingüeAgenteespecializadoMatemáticasycienciasnaturalesFrontofficesinherramientaZona3Servicio7x24Oro","IT-BPO-32-1979","Agente Bilingüe","Agente especializado","Matemáticas y ciencias naturales","Front office sin herramienta","Zona 3","Servicio 7x24","Oro","Mes 7x24",57139815.600000001,46360941.109999999,65510178.469999999,54762301.229999997,61814863.810000002,96404539.129999995,57798033.590000004,47870865.509999998,null,null,"SMMLV"]
["AgenteMinerodeDatosAgenteprofesionalJornadaOrdinaria NANANANA","IT-BPO-33-1","Agente Minero de Datos","Agente profesional","Jornada Ordinaria ","NA","NA","NA","NA","Mes",13662341.279999999,14402724.439999999,20581318.879999999,13936137.27,18309523.359999999,16695139.789999999,10823291.35,13104069.66,null,null,"SMMLV"]
["AgenteMinerodeDatosAgenteprofesionalHoraextradiurnaNANANANA","IT-BPO-33-2","Agente Minero de Datos","Agente profesional","Hora extra diurna","NA","NA","NA","NA","Hora",81323.460000000006,81595.02,111855.35,65606.929999999993,78072.14,99376.73,69049.16,61166.59,null,null,"SMMLV"]
["AgenteMinerodeDatosAgenteespecializadoJornadaOrdinaria NANANANA","IT-BPO-33-5","Agente Minero de Datos","Agente especializado","Jornada Ordinaria ","NA","NA","NA","NA","Mes",16143961.68,16909337.120000001,24181142.329999998,16429523.449999999,21867121.079999998,19897620.59,13484722.289999999,15340352.130000001,null,null,"SMMLV"]
["AgenteMinerodeDatosAgenteespecializadoHoraextradiurnaNANANANA","IT-BPO-33-6","Agente Minero de Datos","Agente especializado","Hora extra diurna","NA","NA","NA","NA","Hora",96095.01,97914.9,131420.81,78593.63,95515.37,118438.49,86311.45,73061.69,null,null,"SMMLV"]
["GerentedeproyectoNANANANANANA","IT-BPO-34-1","Gerente de proyecto        ","NA","NA","NA","NA","NA","NA","Mes",26040457.800000001,29249584.16,41832845.640000001,26403065.960000001,36097511.939999998,35704103.270000003,24774819.190000001,24998791.420000002,null,null,"SMMLV"]
["CoordinadorNacionalJornadaOrdinariaZona1ConherramientaNANANA","IT-BPO-35-1","Coordinador Nacional","Jornada Ordinaria","Zona 1","Con herramienta","NA","NA","NA","Mes",18050339.16,20878374.859999999,27780964.68,18922908.530000001,25424718.789999999,23403647.43,18090148.32,17985954.690000001,null,null,"SMMLV"]
[{"$f":"SUBSTITUTE(C5442&D5442&E5442&F5442&G5442&H5442&I5442,\" \",\"\")","v":"CoordinadorNacionalHoraextranocturnaZona1ConherramientaNANANA"},"IT-BPO-35-3","Coordinador Nacional","Hora extra nocturna ","Zona 1","Con herramienta","NA","NA","NA","Hora",150419.49,173012.19,211377.71,128211.36,152639.98000000001,195030.45,161946.72,121667.64,null,null,"SMMLV"]
["CoordinadorNacionalHoraextradominicalyfestivoZona1ConherramientaNANANA","IT-BPO-35-4","Coordinador Nacional","Hora extra dominical y festivo","Zona 1","Con herramienta","NA","NA","NA","Hora",171907.99,247160.12,241574.52,146527.43,188880.1,278615.09000000003,185081.96,139048.68,null,null,"SMMLV"]
["CoordinadorNacionalHoraextranocturnaZona2ConherramientaNANANA","IT-BPO-35-7","Coordinador Nacional","Hora extra nocturna ","Zona 2","Con herramienta","NA","NA","NA","Hora",154932.07999999999,173012.19,215605.5,128211.36,153662.31,195121.34,161946.72,121667.64,null,null,"SMMLV"]
["CoordinadorNacionalHoraextradominicalyfestivoZona2ConherramientaNANANA","IT-BPO-35-8","Coordinador Nacional","Hora extra dominical y festivo","Zona 2","Con herramienta","NA","NA","NA","Hora",177065.23,247160.12,246405.66,146527.43,190273.58,278744.3,185081.96,139048.68,null,null,"SMMLV"]
["CoordinadorNacionalHoraextranocturnaZona3ConherramientaNANANA","IT-BPO-35-11","Coordinador Nacional","Hora extra nocturna ","Zona 3","Con herramienta","NA","NA","NA","Hora",157940.47,173012.19,219917.61,128211.36,154301.25,195345.81,161946.72,121667.64,null,null,"SMMLV"]
["CoordinadorNacionalHoraextradominicalyfestivoZona3ConherramientaNANANA","IT-BPO-35-12","Coordinador Nacional","Hora extra dominical y festivo","Zona 3","Con herramienta","NA","NA","NA","Hora",180503.39,247160.12,251334.26,146527.43,191145.06,279065.13,185081.96,139048.68,null,null,"SMMLV"]
["CoordinadorNacionalHoraextradiurnaZona1SinherramientaNANANA","IT-BPO-35-14","Coordinador Nacional","Hora extra diurna","Zona 1","Sin herramienta","NA","NA","NA","Hora",106223.76,123579.51,139370.51,91579.23,111556.55,134136.41,115676.23,86905.44,null,null,"SMMLV"]
["CoordinadorNacionalHoraextranocturnaZona1SinherramientaNANANA","IT-BPO-35-15","Coordinador Nacional","Hora extra nocturna ","Zona 1","Sin herramienta","NA","NA","NA","Hora",148713.26,173012.19,195118.05,128211.36,153534.51999999999,187791.41,161946.72,121667.64,null,null,"SMMLV"]
["CoordinadorNacionalHoraextradiurnaZona2SinherramientaNANANA","IT-BPO-35-18","Coordinador Nacional","Hora extra diurna","Zona 2","Sin herramienta","NA","NA","NA","Hora",109410.47,123579.51,231900.2,91579.23,111556.55,134136.41,115676.23,86905.44,null,null,"SMMLV"]
["CoordinadorNacionalHoraextranocturnaZona2SinherramientaNANANA","IT-BPO-35-19","Coordinador Nacional","Hora extra nocturna ","Zona 2","Sin herramienta","NA","NA","NA","Hora",153174.66,173012.19,324660.93,128211.36,153534.51999999999,187791.41,161946.72,121667.64,null,null,"SMMLV"]
["CoordinadorNacionalHoraextradiurnaZona3SinherramientaNANANA","IT-BPO-35-22","Coordinador Nacional","Hora extra diurna","Zona 3","Sin herramienta","NA","NA","NA","Hora",111534.95,123579.51,236538.62,91579.23,111556.55,134136.41,115676.23,86905.44,null,null,"SMMLV"]
["CoordinadorNacionalHoraextranocturnaZona3SinherramientaNANANA","IT-BPO-35-23","Coordinador Nacional","Hora extra nocturna ","Zona 3","Sin herramienta","NA","NA","NA","Hora",156148.93,173012.19,331154.28000000003,128211.36,153534.51999999999,187791.41,161946.72,121667.64,null,null,"SMMLV"]
["ProfesionaldeoperaciónzonalencampoHoraextradiurnaZona1ConherramientaNANANA","IT-BPO-36-2","Profesional de operación zonal en campo","Hora extra diurna","Zona 1","Con herramienta","NA","NA","NA","Hora",84876.74,89754.96,121638.08,72100.28,114138.19,124656.99,90908.59,71907.990000000005,null,null,"SMMLV"]
["ProfesionaldeoperaciónzonalencampoHoraextranocturnaZona1ConherramientaNANANA","IT-BPO-36-3","Profesional de operación zonal en campo","Hora extra nocturna ","Zona 1","Con herramienta","NA","NA","NA","Hora",118827.43,125656.73,170293.31,100940.39,159793.47,174520.01,127272.03,100671.23,null,null,"SMMLV"]
["ProfesionaldeoperaciónzonalencampoJornadaOrdinariaZona2ConherramientaNANANA","IT-BPO-36-5","Profesional de operación zonal en campo","Jornada Ordinaria","Zona 2","Con herramienta","NA","NA","NA","Mes",14687070.220000001,15085207.279999999,22828855.649999999,14675267.75,20088322.219999999,20953087.800000001,14397412.880000001,14738042.01,null,null,"SMMLV"]
["ProfesionaldeoperaciónzonalencampoHoraextradiurnaZona2ConherramientaNANANA","IT-BPO-36-6","Profesional de operación zonal en campo","Hora extra diurna","Zona 2","Con herramienta","NA","NA","NA","Hora",87423.039999999994,89754.96,124070.07,72100.28,114138.19,124721.60000000001,90908.59,71566.789999999994,null,null,"SMMLV"]
["ProfesionaldeoperaciónzonalencampoJornadaOrdinariaZona3ConherramientaNANANA","IT-BPO-36-9","Profesional de operación zonal en campo","Jornada Ordinaria","Zona 3","Con herramienta","NA","NA","NA","Mes",14972256.050000001,15120965.6,23285432.329999998,14675267.75,20088322.219999999,21458526.66,14397412.880000001,14738042.01,null,null,"SMMLV"]
["ProfesionaldeoperaciónzonalencampoHoraextradiurnaZona3ConherramientaNANANA","IT-BPO-36-10","Profesional de operación zonal en campo","Hora extra diurna","Zona 3","Con herramienta","NA","NA","NA","Hora",89120.57,89754.96,126552.44,72100.28,114138.19,124721.60000000001,90908.59,71566.789999999994,null,null,"SMMLV"]
["ProfesionaldeoperaciónzonalencampoJornadaOrdinariaZona1SinherramientaNANANA","IT-BPO-36-13","Profesional de operación zonal en campo","Jornada Ordinaria","Zona 1","Sin herramienta","NA","NA","NA","Mes",14024742.48,14180285.039999999,20659598.239999998,14205643.050000001,19566787.449999999,20342558.510000002,14653010.550000001,14738042.01,null,null,"SMMLV"]
["ProfesionaldeoperaciónzonalencampoHoraextradiurnaZona1SinherramientaNANANA","IT-BPO-36-14","Profesional de operación zonal en campo","Hora extra diurna","Zona 1","Sin herramienta","NA","NA","NA","Hora",83480.61,89754.96,112281.3,72100.28,114138.19,121087.29,90908.59,71566.789999999994,null,null,"SMMLV"]
["ProfesionaldeoperaciónzonalencampoHoraextradominicalyfestivoZona1SinherramientaNANANA","IT-BPO-36-16","Profesional de operación zonal en campo","Hora extra dominical y festivo","Zona 1","Sin herramienta","NA","NA","NA","Hora",133568.98000000001,179509.92,179650.08,115360.44,251104.03,242173.49,145453.75,114506.89,null,null,"SMMLV"]
["ProfesionaldeoperaciónzonalencampoJornadaOrdinariaZona2SinherramientaNANANA","IT-BPO-36-17","Profesional de operación zonal en campo","Jornada Ordinaria","Zona 2","Sin herramienta","NA","NA","NA","Mes",14445484.75,14182651.34,42669501.200000003,14205643.050000001,19566787.449999999,20342558.510000002,14653010.550000001,14738042.01,null,null,"SMMLV"]
["ProfesionaldeoperaciónzonalencampoHoraextradominicalyfestivoZona2SinherramientaNANANA","IT-BPO-36-20","Profesional de operación zonal en campo","Hora extra dominical y festivo","Zona 2","Sin herramienta","NA","NA","NA","Hora",137576.04999999999,179509.92,371040.75,115360.44,251104.03,242173.49,145453.75,114506.89,null,null,"SMMLV"]
["ProfesionaldeoperaciónzonalencampoJornadaOrdinariaZona3SinherramientaNANANA","IT-BPO-36-21","Profesional de operación zonal en campo","Jornada Ordinaria","Zona 3","Sin herramienta","NA","NA","NA","Mes",14725979.6,14185806.029999999,43522891.640000001,14205643.050000001,19566787.449999999,20821020.949999999,14653010.550000001,14738042.01,null,null,"SMMLV"]
["ProfesionaldeoperaciónzonalencampoHoraextradominicalyfestivoZona3SinherramientaNANANA","IT-BPO-36-24","Profesional de operación zonal en campo","Hora extra dominical y festivo","Zona 3","Sin herramienta","NA","NA","NA","Hora",140247.42000000001,179509.92,378460.47,115360.44,251104.03,247869.68,145453.75,114506.89,null,null,"SMMLV"]
["SupervisorServiciosBPOJornadaOrdinariaDetalladaSinherramientaNANANA","IT-BPO-37-1","Supervisor Servicios BPO","Jornada Ordinaria","Detallada","Sin herramienta","NA","NA","NA","Mes",10371112.92,10590219.140000001,15675228.32,10465564.34,14230390.869999999,12739125.98,9861299.3200000003,10948770.32,null,null,"SMMLV"]
["SupervisorServiciosBPOHoraExtraNocturnaSinherramientaNANANANA","IT-BPO-37-3","Supervisor Servicios BPO","Hora Extra Nocturna","Sin herramienta","NA","NA","NA","NA","Hora",86425.94,91386.51,119268.5,73668.320000000007,113196.29,106160.25,81039.11,70369.960000000006,null,null,"SMMLV"]
["SupervisorServiciosBPOHoraExtradominicalyfestivoSinherramientaNANANANA","IT-BPO-37-4","Supervisor Servicios BPO","Hora Extra dominical y festivo","Sin herramienta","NA","NA","NA","NA","Hora",98772.5,130552.47,136307.79,84192.36,177879.88,151656.41,92616.13,80422.820000000007,null,null,"SMMLV"]
["SupervisorServiciosBPOServicio7x24AmpliaSinherramientaNANANA","IT-BPO-37-7","Supervisor Servicios BPO","Servicio 7x24","Amplia","Sin herramienta","NA","NA","NA","Mes 7x24",51130762.200000003,41707712.329999998,63954928.07,47928623.039999999,54524096.840000004,75366868.049999997,38626319.310000002,45751596.600000001,null,null,"SMMLV"]
["SupervisorServiciosBPOJornadaOrdinariaDetalladaConherramientaNANANA","IT-BPO-37-8","Supervisor Servicios BPO","Jornada Ordinaria","Detallada","Con herramienta","NA","NA","NA","Mes",10605661.92,11985508.65,16981497.620000001,11442752.189999999,14751925.640000001,13552706.6,10241908.789999999,11097405.83,null,null,"SMMLV"]
["SupervisorServiciosBPOHoraExtradominicalyfestivoConherramientaNANANANA","IT-BPO-37-11","Supervisor Servicios BPO","Hora Extra dominical y festivo","Con herramienta","NA","NA","NA","NA","Hora",101006.3,130552.47,147666.23000000001,84192.36,184399.07,161342.78,101666.75,80422.820000000007,null,null,"SMMLV"]
["SupervisorServiciosBPOServicio7x24DetalladaConherramientaNANANA","IT-BPO-37-12","Supervisor Servicios BPO","Servicio 7x24","Detallada","Con herramienta","NA","NA","NA","Mes 7x24",48908525.399999999,45846909.780000001,67925984.989999995,48982384.25,50327902.810000002,78336924.150000006,34312723.020000003,45900232.229999997,null,null,"SMMLV"]
["SupervisorServiciosBPOServicio7x24AmpliaConherramientaNANANA","IT-BPO-37-14","Supervisor Servicios BPO","Servicio 7x24","Amplia","Con herramienta","NA","NA","NA","Mes 7x24",48908525.399999999,45846909.780000001,69284505.5,48982384.25,50327902.810000002,79494897.599999994,34312723.020000003,45900232.229999997,null,null,"SMMLV"]
["LíderdecalidadJornadaOrdinariaDetalladaConherramientaNANANA","IT-BPO-38-1","Líder de calidad","Jornada Ordinaria","Detallada","Con herramienta","NA","NA","NA","Mes",9364851.7200000007,10732202.310000001,15181585.890000001,10196059.65,12973126.789999999,12030617.18,9473765.6300000008,9949314.4299999997,null,null,"SMMLV"]
["LíderdecalidadHoraExtradominicalyfestivoConherramientaNANANANA","IT-BPO-38-4","Líder de calidad","Hora Extra dominical y festivo","Con herramienta","NA","NA","NA","NA","Hora",89189.06,114233.69,132014.29999999999,73803,162164.07999999999,143222.72,101666.75,70651.81,null,null,"SMMLV"]
[{"$f":"SUBSTITUTE(C5506&D5506&E5506&F5506&G5506&H5506&I5506,\" \",\"\")","v":"LíderdecalidadServicio7x24DetalladaConherramientaNANANA"},"IT-BPO-38-5","Líder de calidad","Servicio 7x24","Detallada","Con herramienta","NA","NA","NA","Mes 7x24",42704474.399999999,40833684.420000002,60726340.280000001,43125480,48897315.280000001,69404806.579999998,34312723.020000003,40547166.609999999,null,null,"SMMLV"]
["LíderdecalidadJornadaOrdinariaDetalladaSinherramientaNANANA","IT-BPO-38-8","Líder de calidad","Jornada Ordinaria","Detallada","Sin herramienta","NA","NA","NA","Mes",9130302.7200000007,9336912.8000000007,14013771.68,9218871.8000000007,12451592.01,11161210.17,9330148.6600000001,9800678.8000000007,null,null,"SMMLV"]
["LíderdecalidadHoraExtradiurnaSinherramientaNANANANA","IT-BPO-38-9","Líder de calidad","Hora Extra diurna","Sin herramienta","NA","NA","NA","NA","Hora",54347.040000000001,57116.3,76162.73,46126.879999999997,70747.69,66435.839999999997,9330148.6600000001,44157.41,null,null,"SMMLV"]
["LíderdecalidadServicio7x24DetalladaSinherramientaNANANA","IT-BPO-38-12","Líder de calidad","Servicio 7x24","Detallada","Sin herramienta","NA","NA","NA","Mes 7x24",44926711.200000003,36718151.009999998,56055082.32,42071718.799999997,44007583.759999998,65057771.549999997,33850307.479999997,40398530.979999997,null,null,"SMMLV"]
["LíderdecalidadServicio7x24AmpliaSinherramientaNANANA","IT-BPO-38-13","Líder de calidad","Servicio 7x24","Amplia","Sin herramienta","NA","NA","NA","Mes 7x24",44926711.200000003,36718151.009999998,57176184.93,42071718.799999997,44037914.200000003,66019455.299999997,33850307.479999997,40398530.979999997,null,null,"SMMLV"]
["FormadorJornadaOrdinariaNANANANANA","IT-BPO-39-1","Formador","Jornada Ordinaria","NA","NA","NA","NA","NA","Mes",10022692.68,9314563.8499999996,13381674.17,8949366.0199999996,11194327.93,10290178.189999999,8242853.8200000003,8925510.8900000006,null,null,"SMMLV"]
["FormadorHoraExtradiurnaNANANANANA","IT-BPO-39-2","Formador","Hora Extra diurna","NA","NA","NA","NA","NA","Hora",59658.89,48957.45,72727.710000000006,39633.53,52302.36,61252.11,55285.84,38050.480000000003,null,null,"SMMLV"]
["SesiónformaciónocapacitaciónDetalladaNANANANANA","IT-BPO-40-1","Sesión formación o capacitación","Detallada","NA","NA","NA","NA","NA","Sesión",192780.05,757818.72,967106.76,581608.72,647630.37,219690.87,736939.49,146164.99,null,null,"IPC"]
["SesiónformaciónocapacitaciónAmpliaNANANANANA","IT-BPO-40-2","Sesión formación o capacitación","Amplia","NA","NA","NA","NA","NA","Sesión",196635.63,1010424.96,1160527.48,697930.46,865358.26,230675.41,884327.38,146164.99,null,null,"IPC"]
["EstudiodeSeguridadrecursohumanoVisitaDomiciliariaNANANANANA","IT-BPO-42-2","Estudio de Seguridad recurso humano","Visita Domiciliaria","NA","NA","NA","NA","NA","Visita Domiciliaria",120583.4,303127.49,348159.4,96526.26,216772.6,123174.47,87666.67,217132.79999999999,null,null,"IPC"]
["EstudiodeSeguridadrecursohumanoPolígrafoNANANANANA","IT-BPO-42-3","Estudio de Seguridad recurso humano","Polígrafo","NA","NA","NA","NA","NA","Polígrafo",260523.59,442060.92,510838.58,214878.36,304731.53000000003,234360.35,209051.28,176736,null,null,"IPC"]
["EstudiodeSeguridadrecursohumanoJudicialyfinancieraNANANANANA","IT-BPO-42-5","Estudio de Seguridad recurso humano","Judicial y financiera","NA","NA","NA","NA","NA","Judicial y financiera",38009.81,202084.99,218930.67,42748.02,139890.51,87699.98,26974.36,103937.60000000001,null,null,"IPC"]
["TransporteTrayectoida-regresoaéreoEntreZona1NANANANA","IT-BPO-43-1","Transporte","Trayecto ida-regreso aéreo","Entre Zona 1 ","NA","NA","NA","NA","Trayecto ida-regreso",1283721.94,1648255.72,2537669.12,1336948.93,1426715.86,1688220.14,1105409.23,735499.07,null,null,"IPC"]
["TransporteTrayectoida-regresoaéreoDezona1azona2yviceversaNANANANA","IT-BPO-43-4","Transporte","Trayecto ida-regreso aéreo","De zona 1 a zona 2 y viceversa","NA","NA","NA","NA","Trayecto ida-regreso",1265797.3700000001,2443965.37,1952052.28,1254788.78,1978954.3,1232794.6200000001,1105409.23,954763.85,null,null,"IPC"]
["TransporteTrayectoida-regresoaéreoDezona1azona3yviceversaNANANANA","IT-BPO-43-5","Transporte","Trayecto ida-regreso aéreo","De zona 1 a zona 3 y viceversa","NA","NA","NA","NA","Trayecto ida-regreso",1409293.92,1999252.36,2554186.5699999998,1544573.75,2038414.96,3005714.44,1621266.87,1571814.66,null,null,"IPC"]
["TransporteTrayectoida-regresoterrestreEntreZona2NANANANA","IT-BPO-43-8","Transporte","Trayecto ida-regreso terrestre","Entre Zona 2 ","NA","NA","NA","NA","Trayecto ida-regreso",510193.98,353648.74,621472.16,110241.18,569347.14,601143.31000000006,501118.85,426255.57,null,null,"IPC"]
["TransporteTrayectoida-regresoterrestreEntreZona3NANANANA","IT-BPO-43-9","Transporte","Trayecto ida-regreso terrestre","Entre Zona 3 ","NA","NA","NA","NA","Trayecto ida-regreso",510193.98,442060.92,985186.43,176504.56,580867.5,901714.44,501118.85,874321.93,null,null,"IPC"]
["TransporteTrayectoida-regresoterrestreDezona1azona3yviceversaNANANANA","IT-BPO-43-11","Transporte","Trayecto ida-regreso terrestre","De zona 1 a zona 3 y viceversa","NA","NA","NA","NA","Trayecto ida-regreso",401464.39,442060.92,977294.32,169558.2,523968.27,586114.43999999994,560074.01,636461.89,null,null,"IPC"]
["TransporteTrayectoida-regresoterrestreDezona2azona3yviceversaNANANANA","IT-BPO-43-12","Transporte","Trayecto ida-regreso terrestre","De zona 2 a zona 3 y viceversa","NA","NA","NA","NA","Trayecto ida-regreso",401464.39,505212.48,1249339.42,189860.75,901844.52,586114.43999999994,560074.01,650288.75,null,null,"IPC"]
["TransporteTrayectoida-regresofluvialEntreZona3NANANANA","IT-BPO-43-15","Transporte","Trayecto ida-regreso fluvial","Entre Zona 3 ","NA","NA","NA","NA","Trayecto ida-regreso",486847.72,3775199.84,3622202.22,306282.44,1114105.08,991886.62,412686.11,1616658.48,null,null,"IPC"]
["TransporteTrayectoida-regresofluvialDezona1azona2yviceversaNANANANA","IT-BPO-43-16","Transporte","Trayecto ida-regreso fluvial","De zona 1 a zona 2 y viceversa","NA","NA","NA","NA","Trayecto ida-regreso",354885.89,5610384.3799999999,5383109.25,233795.43,555024.82999999996,793508.87,338992.16,1400769.45,null,null,"IPC"]
["TransporteTrayectoida-regresotracciónanimalEntreZona1NANANANA","IT-BPO-43-19","Transporte","Trayecto ida-regreso tracción animal","Entre Zona 1 ","NA","NA","NA","NA","Trayecto ida-regreso",208788.34,315757.8,319146.28999999998,133160.06,183599.47,300572.18,243190.03,228013.22,null,null,"IPC"]
["TransporteTrayectoida-regresotracciónanimalEntreZona2NANANANA","IT-BPO-43-20","Transporte","Trayecto ida-regreso tracción animal","Entre Zona 2 ","NA","NA","NA","NA","Trayecto ida-regreso",208788.34,378909.36,370462.85,139818.16,234471.21,739406.62,243190.03,297578.5,null,null,"IPC"]
["TransporteTrayectoida-regresotracciónanimalDezona1azona3yviceversaNANANANA","IT-BPO-43-23","Transporte","Trayecto ida-regreso tracción animal","De zona 1 a zona 3 y viceversa","NA","NA","NA","NA","Trayecto ida-regreso",521969.79,479951.86,790911.48,161857.56,384012.9,924257.74,243190.03,398323.7,null,null,"IPC"]
["TransporteTrayectoida-regresotracciónanimalDezona2azona3yviceversaNANANANA","IT-BPO-43-24","Transporte","Trayecto ida-regreso tracción animal","De zona 2 a zona 3 y viceversa","NA","NA","NA","NA","Trayecto ida-regreso",626365.01,568364.04,806807.2,169949.55,409111.96,924257.74,243190.03,531095.99,null,null,"IPC"]
["AlimentaciónParcialZona1NANANANA","IT-BPO-44-2","Alimentación        ","Parcial","Zona 1","NA","NA","NA","NA","Tipo alimentación",26099.07,63151.56,74178.62,31172.86,36796.65,27052.18,20634.310000000001,36596.980000000003,null,null,"IPC"]
["AlimentaciónDesayunoZona1NANANANA","IT-BPO-44-3","Alimentación        ","Desayuno","Zona 1","NA","NA","NA","NA","Tipo alimentación",29467.57,50521.25,32081.79,21918.42,32163.57,22543.31,20634.310000000001,36596.980000000003,null,null,"IPC"]
["AlimentaciónCompletoZona2NANANANA","IT-BPO-44-6","Alimentación        ","Completo","Zona 2","NA","NA","NA","NA","Tipo alimentación",115306.56,189454.68,290083.74,87673.68,146642.64000000001,99188.87,106119.29,164686.39000000001,null,null,"IPC"]
["AlimentaciónParcialZona2NANANANA","IT-BPO-44-7","Alimentación        ","Parcial","Zona 2","NA","NA","NA","NA","Tipo alimentación",26099.07,63151.56,175984.87,31172.86,42501.279999999999,24046.62,24348.48,29277.58,null,null,"IPC"]
["AlimentaciónCenaZona2NANANANA","IT-BPO-44-10","Alimentación        ","Cena","Zona 2","NA","NA","NA","NA","Tipo alimentación",47500.959999999999,63151.56,58027.27,21918.42,41936.019999999997,30057.74,44216.37,51235.77,null,null,"IPC"]
["AlimentaciónCompletoZona3NANANANA","IT-BPO-44-11","Alimentación        ","Completo","Zona 3","NA","NA","NA","NA","Tipo alimentación",126240,189454.68,195207.02,87673.68,134967.67000000001,99188.87,106119.29,137238.66,null,null,"IPC"]
["AlimentaciónDesayunoZona3NANANANA","IT-BPO-44-13","Alimentación        ","Desayuno","Zona 3","NA","NA","NA","NA","Tipo alimentación",34450.9,50521.25,42775.37,21918.42,30447.72,18034.439999999999,14738.79,27447.73,null,null,"IPC"]
["AlimentaciónAlmuerzoZona3NANANANA","IT-BPO-44-14","Alimentación        ","Almuerzo","Zona 3","NA","NA","NA","NA","Tipo alimentación",47500.959999999999,63151.56,60207.01,43836.84,44174.89,27052.18,36846.97,45746.22,null,null,"IPC"]
["AlimentaciónMediajornadaZona2NANANANA","IT-BPO-44-17","Alimentación        ","Media jornada","Zona 2","NA","NA","NA","NA","Tipo alimentación",57653.279999999999,126303.12,145042.4,44382.83,22302.400000000001,39074.44,106119.29,65874.559999999998,null,null,"IPC"]
["AlimentaciónMediajornadaZona3NANANANA","IT-BPO-44-18","Alimentación        ","Media jornada","Zona 3","NA","NA","NA","NA","Tipo alimentación",63120,126303.12,97604.56,44382.83,22302.400000000001,39074.44,106119.29,54895.46,null,null,"IPC"]
["AlojamientoZona3NANANANANA","IT-BPO-45-3","Alojamiento","Zona 3","NA","NA","NA","NA","NA","Alojamiento",255630.74,252606.24,613978.76,175346.31,325293.53999999998,240457.74,368469.74,274477.32,null,null,"IPC"]
["CarnéInstitucionalNANANANANANA","IT-BPO-46-1","Carné Institucional","NA","NA","NA","NA","NA","NA","Cané",32030.240000000002,37890.94,48803.33,26632.43,30474.85,37935.120000000003,73693.95,20198.400000000001,null,null,"IPC"]
["PlataformadeCentrodeContactoparaAgente MulticanalNANANANANA","IT-BPO-47-2","Plataforma de Centro de Contacto para Agente ","Multicanal","NA","NA","NA","NA","NA","Licencia por canal por Agente",367049.11,404169.98,2340894.62,423242.74,612784.96,231440,213561.39,595852.80000000005,null,null,"IPC"]
["HoradesarrolloNANANANANANA","IT-BPO-48-1","Hora desarrollo","NA","NA","NA","NA","NA","NA","Hora desarrollo",126658.7,315757.8,402611.97,139522.54999999999,484357.63,264503.31,87666.67,91031.98,null,null,"IPC"]
["PuestodetrabajomóvilsinAgenteZona2NANANANANA","IT-BPO-50-3","Puesto de trabajo móvil sin Agente","Zona 2","NA","NA","NA","NA","NA","Puesto de trabajo",414965.67,2147153.04,5115302.66,1605498.23,2151640.52,2676926.56,2333998.4,2935935.17,null,null,"IPC"]
["PuestodetrabajomóvilsinAgenteZona3NANANANANA","IT-BPO-50-4","Puesto de trabajo móvil sin Agente","Zona 3","NA","NA","NA","NA","NA","Puesto de trabajo",645968.82999999996,2526062.4,5145753.8499999996,1605498.23,2214797.08,2852259.2,2507916.12,2935935.17,null,null,"IPC"]
["ValidacióndeidentidadencentralesderiesgoNANANANANANA","IT-BPO-51-1","Validación de identidad en centrales de riesgo ","NA","NA","NA","NA","NA","NA","Validación",12203.2,189454.68,218930.67,51033.57,24655.62,11872.87,22108.18,2582.87,null,null,"IPC"]
["EnlaceDedicadoentrepuntos10MbpsZona1NANANANA","IT-BPO-52-1","Enlace Dedicado entre puntos ","10Mbps","Zona 1","NA","NA","NA","NA","Mes",8428554.5700000003,2408600.29,11674561.58,2567328.15,4064558.3,6086572.1799999997,6980297.5700000003,1572740,null,null,"IPC"]
["EnlaceDedicadoentrepuntos20MbpsZona1NANANANA","IT-BPO-52-3","Enlace Dedicado entre puntos ","20Mbps","Zona 1","NA","NA","NA","NA","Mes",9032133.2599999998,3801723.91,13509011.83,2934850.66,5386610.2199999997,6462286.6200000001,7414121.0599999996,3145480,null,null,"IPC"]
["EnlaceDedicadoentrepuntos1GbpsZona1NANANANA","IT-BPO-52-4","Enlace Dedicado entre puntos ","1Gbps","Zona 1","NA","NA","NA","NA","Mes",49410595.840000004,39722331.240000002,58951068.119999997,21982083.879999999,32145014.620000001,15028572.18,44394851.149999999,7863700,null,null,"IPC"]
["EnlaceDedicadoentrepuntos15MbpsZona2NANANANA","IT-BPO-52-7","Enlace Dedicado entre puntos ","15Mbps","Zona 2","NA","NA","NA","NA","Mes",9138933.3499999996,3765096.43,15947553.09,3160689.82,4991983.47,6447257.7400000002,7197209.4500000002,2595021,null,null,"IPC"]
["EnlaceDedicadoentrepuntos20MbpsZona2NANANANA","IT-BPO-52-8","Enlace Dedicado entre puntos ","20Mbps","Zona 2","NA","NA","NA","NA","Mes",9416579.2899999991,4486286.6100000003,17747758.640000001,3375077.95,5793779.8300000001,6642628.8700000001,7414121.0599999996,3460028,null,null,"IPC"]
["EnlaceDedicadoentrepuntos10MbpsZona3NANANANA","IT-BPO-52-11","Enlace Dedicado entre puntos ","10Mbps","Zona 3","NA","NA","NA","NA","Mes",9060458.3599999994,3492211.84,16591748.449999999,3337526.81,4581809.47,6585520,6980297.5700000003,1887288,null,null,"IPC"]
["EnlaceDedicadoentrepuntos15MbpsZona3NANANANA","IT-BPO-52-12","Enlace Dedicado entre puntos ","15Mbps","Zona 3","NA","NA","NA","NA","Mes",9539398.1899999995,4449242.54,17257643.41,3572953.89,5306978.55,6922160,7197209.4500000002,2830932,null,null,"IPC"]
["EnlaceDedicadoentrepuntos2GbpsZona3NANANANA","IT-BPO-52-15","Enlace Dedicado entre puntos ","2Gbps","Zona 3","NA","NA","NA","NA","Mes",103823530.59,96336866.340000004,132053105.83,44447272.469999999,78482356.140000001,30402800,60251384.149999999,18872880,null,null,"IPC"]
["EnlaceDedicadoaInternet10MbpsZona1NANANANA","IT-BPO-52-16","Enlace Dedicado a Internet","10Mbps","Zona 1","NA","NA","NA","NA","Mes",6846374.9699999997,2408421.4500000002,10025311.73,1320949.06,3090353.16,6086572.1799999997,3475921.29,1572740,null,null,"IPC"]
["EnlaceDedicadoaInternet20MbpsZona1NANANANA","IT-BPO-52-18","Enlace Dedicado a Internet","20Mbps","Zona 1","NA","NA","NA","NA","Mes",7130708.4800000004,3802770.65,10720774.199999999,1769992.1,4224524.93,6462286.6200000001,3752386.89,3145480,null,null,"IPC"]
["EnlaceDedicadoaInternet1GbpsZona1NANANANA","IT-BPO-52-19","Enlace Dedicado a Internet","1Gbps","Zona 1","NA","NA","NA","NA","Mes",45427720.689999998,39738957.049999997,54471906.710000001,13632939.539999999,38313840.439999998,15028572.18,29279061.690000001,7863700,null,null,"IPC"]
["EnlaceDedicadoaInternet15MbpsZona2NANANANA","IT-BPO-52-22","Enlace Dedicado a Internet","15Mbps","Zona 2","NA","NA","NA","NA","Mes",7356038.46,3764742.96,13533380.359999999,1647724.46,4086550.42,6447257.7400000002,3625515.69,2595021,null,null,"IPC"]
["EnlaceDedicadoaInternet20MbpsZona2NANANANA","IT-BPO-52-23","Enlace Dedicado a Internet","20Mbps","Zona 2","NA","NA","NA","NA","Mes",7520647.0099999998,4487270.2300000004,14063375.859999999,2035491.66,4664074.05,6642628.8700000001,380592.02,3460028,null,null,"IPC"]
["EnlaceDedicadoaInternet10MbpsZona3NANANANA","IT-BPO-52-26","Enlace Dedicado a Internet","10Mbps","Zona 3","NA","NA","NA","NA","Mes",7593045.6500000004,3492211.84,14255466.85,1717234.3,3642785.74,6585520,3475921.29,1887288,null,null,"IPC"]
["EnlaceDedicadoaInternet15MbpsZona3NANANANA","IT-BPO-52-27","Enlace Dedicado a Internet","15Mbps","Zona 3","NA","NA","NA","NA","Mes",7779777.75,4449242.54,14638765.15,1862644.9,4429396.4000000004,6922160,3625515.69,2830932,null,null,"IPC"]
["EnlaceDedicadoaInternet1GbpsZona3NANANANA","IT-BPO-52-29","Enlace Dedicado a Internet","1Gbps","Zona 3","NA","NA","NA","NA","Mes",58616876.130000003,54442371.810000002,74626511.950000003,17722822.030000001,49643240.460000001,19672400,29279061.690000001,9436440,null,null,"IPC"]
["EnlaceDedicadoaInternet2GbpsZona3NANANANA","IT-BPO-52-30","Enlace Dedicado a Internet","2Gbps","Zona 3","NA","NA","NA","NA","Mes",96476908.579999998,96336866.340000004,132053105.83,27416883.149999999,69633266.030000001,30402800,40214601.689999998,18872880,null,null,"IPC"]
["EnlaceDedicadoentrepuntos400MbpsZona3NANANANA","IT-BPO-52-33","Enlace Dedicado entre puntos ","400Mbps","Zona 3","NA","NA","NA","NA","Mes",24450961.670000002,9472734,24774437.989999998,13772491.539999999,24582795.789999999,13044800,7417948.7199999997,5081160,null,null,"IPC"]
["VPN(VirtualPrivateNetwork)-RedPrivadaVirtualsobreInternetNANANANANANA","IT-BPO-53-1","VPN (Virtual Private Network) - Red Privada Virtual sobre Internet ","NA","NA","NA","NA","NA","NA","Mes",900104.88,631515.6,3475083.17,30802.560000000001,369493.88,150286.62,316365.17,425320.34,null,null,"IPC"]
["CabinadecontactotelefónicoZona2NANANANANA","IT-BPO-55-2","Cabina de contacto telefónico ","Zona 2","NA","NA","NA","NA","NA","Cabina",3363086.2,4294306.08,2256581.0299999998,507117.65,1471955.11,864518.87,1236324.79,3366266.92,null,null,"IPC"]
["CabinadecontactotelefónicoZona3NANANANANA","IT-BPO-55-3","Cabina de contacto telefónico ","Zona 3","NA","NA","NA","NA","NA","Cabina",3363086.2,4420609.2,3105855.37,563711.04,1609964.17,890818.87,1236324.79,3639786.92,null,null,"IPC"]
["QuioscovirtualdeautoconsultaZona1AltovolumenNANANANA","IT-BPO-57-1","Quiosco virtual de auto consulta","Zona 1","Alto volumen","NA","NA","NA","NA","Quiosco auto-consulta",4178082.17,11998796.4,22309759.789999999,8504775.1199999992,14310566.4,7949613.6799999997,2472649.5699999998,10419545.470000001,null,null,"IPC"]
["QuioscovirtualdeautoconsultaZona2AltovolumenNANANANA","IT-BPO-57-2","Quiosco virtual de auto consulta","Zona 2","Alto volumen","NA","NA","NA","NA","Quiosco auto-consulta",4178082.17,12377705.76,22309759.789999999,8590803.4800000004,15741623.039999999,8017242.5599999996,2472649.5699999998,10693065.470000001,null,null,"IPC"]
["QuioscovirtualdeautoconsultaZona2BajovolumenNANANANA","IT-BPO-57-5","Quiosco virtual de auto consulta","Zona 2","Bajo volumen","NA","NA","NA","NA","Quiosco auto-consulta",4147234.38,11998796.4,14129407.789999999,6771796.5899999999,9610066.7200000007,6303984.8099999996,2472649.5699999998,8956474.5700000003,null,null,"IPC"]
["QuioscovirtualdeautoconsultaZona3BajovolumenNANANANA","IT-BPO-57-6","Quiosco virtual de auto consulta","Zona 3","Bajo volumen","NA","NA","NA","NA","Quiosco auto-consulta",4178082.17,12377705.76,14129407.789999999,7066033.6200000001,10112836.779999999,6424213.6799999997,2472649.5699999998,9229994.5700000003,null,null,"IPC"]
["DigiturnoBásicoBajovolumenZona3NANANANA","IT-BPO-58-3","Digiturno Básico ","Bajo volumen","Zona 3","NA","NA","NA","NA","Digiturno Básico",1683200,7325580.96,5669098.5999999996,1898392.91,8963138.8900000006,9178074.0600000005,831709.4,3984816.41,null,null,"IPC"]
["DigiturnoBásicoAltovolumenZona1NANANANA","IT-BPO-58-4","Digiturno Básico ","Alto volumen","Zona 1","NA","NA","NA","NA","Digiturno Básico",1893600,6820368.4800000004,4594638.4000000004,2128810.37,8967037.5999999996,9463992.9299999997,921623.93,3711296.41,null,null,"IPC"]
["DigiturnoAvanzadoBajovolumenZona1NANANANA","IT-BPO-59-1","Digiturno Avanzado ","Bajo volumen","Zona 1","NA","NA","NA","NA","Digiturno Avanzado ",4965310.5999999996,17682436.800000001,13112899.119999999,4778453.3099999996,9941715.5999999996,16969762.559999999,1604974.36,5566944.5599999996,null,null,"IPC"]
["DigiturnoAvanzadoBajovolumenZona2NANANANA","IT-BPO-59-2","Digiturno Avanzado ","Bajo volumen","Zona 2","NA","NA","NA","NA","Digiturno Avanzado ",4965310.5999999996,18313952.399999999,13768543.390000001,4822839.3,10935887.16,17190807.739999998,1604974.36,5772084.5599999996,null,null,"IPC"]
["DigiturnoAvanzadoAltovolumenZona1NANANANA","IT-BPO-59-4","Digiturno Avanzado ","Alto volumen","Zona 1","NA","NA","NA","NA","Digiturno Avanzado ",5175710.5999999996,18945468,20489569.399999999,4832383.04,11111329.199999999,17653562.559999999,1708376.07,5566944.5599999996,null,null,"IPC"]
["DigiturnoAvanzadoAltovolumenZona2NANANANA","IT-BPO-59-5","Digiturno Avanzado ","Alto volumen","Zona 2","NA","NA","NA","NA","Digiturno Avanzado ",5175710.5999999996,19576983.600000001,20489569.399999999,4876769.0199999996,12222462.119999999,18045557.739999998,1708376.07,5772084.5599999996,null,null,"IPC"]
["GrabaciónpantallaNANANANANANA","IT-BPO-61-1","Grabación pantalla     ","NA","NA","NA","NA","NA","NA","Grabación pantalla",105686.02,252606.24,1420923.78,213904.21,217215.45,749424.81,32.67,728268.04,null,null,"IPC"]
["ComponentescomplementoPuestodeTrabajoMonitorZona1NANANANA","IT-BPO-62-1","Componentes complemento Puesto de Trabajo","Monitor ","Zona 1","NA","NA","NA","NA","Monitor ",47233.75,68203.259999999995,128000,49157.86,73150.58,141936.89000000001,64064.1,85475,null,null,"IPC"]
["ComponentescomplementoPuestodeTrabajoImpresoratérmicaZona1BajoVolumenNANANA","IT-BPO-62-4","Componentes complemento Puesto de Trabajo","Impresora térmica","Zona 1","Bajo Volumen","NA","NA","NA","Impresora térmica",399805.24,757818.72,5905983.7599999998,450237.06,918064.86,10412044.810000001,802487.18,1517846.01,null,null,"IPC"]
["ComponentescomplementoPuestodeTrabajoImpresoratérmicaZona2BajoVolumenNANANA","IT-BPO-62-5","Componentes complemento Puesto de Trabajo","Impresora térmica","Zona 2","Bajo Volumen","NA","NA","NA","Impresora térmica",407801.49,947273.4,5965043.04,495260.56,937894.47,13001342.93,802487.18,1654606.01,null,null,"IPC"]
["ComponentescomplementoPuestodeTrabajoImpresoratérmicaZona1AltovolumenNANANA","IT-BPO-62-7","Componentes complemento Puesto de Trabajo","Impresora térmica","Zona 1","Alto volumen","NA","NA","NA","Impresora térmica",403803.89,1263031.2,5322145.8499999996,769820.99,1119422.0900000001,50163868.869999997,1066835.8999999999,2276769.12,null,null,"IPC"]
["ComponentescomplementoPuestodeTrabajoImpresoratérmicaZona2AltovolumenNANANA","IT-BPO-62-8","Componentes complemento Puesto de Trabajo","Impresora térmica","Zona 2","Alto volumen","NA","NA","NA","Impresora térmica",411880.09,1452485.88,5375366.5300000003,846803.19,1146099.6200000001,62622554.439999998,1066835.8999999999,2481909.12,null,null,"IPC"]
["ComponentescomplementoPuestodeTrabajoLectordehuelladigitalolectorbiométricoZona2NANANANA","IT-BPO-62-11","Componentes complemento Puesto de Trabajo","Lector de huella digital o lector biométrico ","Zona 2","NA","NA","NA","NA","Lector de huella digital o lector biométrico ",216102.84,233660.77,727729.42,44089.32,137996.31,196624.06,50408.33,91173.37,null,null,"IPC"]
["ComponentescomplementoPuestodeTrabajoLectordehuelladigitalolectorbiométricoZona3NANANANA","IT-BPO-62-12","Componentes complemento Puesto de Trabajo","Lector de huella digital o lector biométrico ","Zona 3","NA","NA","NA","NA","Lector de huella digital o lector biométrico ",222277.21,243765.23,731332.52,48498.25,149701.06,221672.18,50408.33,91173.37,null,null,"IPC"]
["ComponentescomplementoPuestodeTrabajoLectordecódigosdebarrasZona3NANANANA","IT-BPO-62-15","Componentes complemento Puesto de Trabajo","Lector de códigos de barras","Zona 3","NA","NA","NA","NA","Lector de códigos de barras",94680,277866.86,272658.40999999997,55829.64,122714.16,254734.44,295369.23,169240.5,null,null,"IPC"]
["ComponentescomplementoPuestodeTrabajoImpresoraMultifuncionalAltorendimientoA4BajoVolumenZona1NANANA","IT-BPO-62-16","Componentes complemento Puesto de Trabajo","Impresora Multifuncional Alto rendimiento A4","Bajo Volumen","Zona 1","NA","NA","NA","Impresora Multifuncional Alto rendimiento A4",966479.76,1010424.96,4036315.7,1511398.93,1817959.31,1690213.68,617937.61,1013391.6,null,null,"IPC"]
["ComponentescomplementoPuestodeTrabajoImpresoraMultifuncionalAltorendimientoA4BajoVolumenZona3NANANA","IT-BPO-62-18","Componentes complemento Puesto de Trabajo","Impresora Multifuncional Alto rendimiento A4","Bajo Volumen","Zona 3","NA","NA","NA","Impresora Multifuncional Alto rendimiento A4",966479.76,1073576.52,4439946.01,1828792.59,1712285.79,1971498.5,617937.61,1013391.6,null,null,"IPC"]
["ComponentescomplementoPuestodeTrabajoImpresoraMultifuncionalAltorendimientoA4AltovolumenZona1NANANA","IT-BPO-62-19","Componentes complemento Puesto de Trabajo","Impresora Multifuncional Alto rendimiento A4","Alto volumen","Zona 1","NA","NA","NA","Impresora Multifuncional Alto rendimiento A4",2119506.48,1389334.32,4997415.54,3503151.58,3030374.99,3018739.25,617937.61,2133456,null,null,"IPC"]
["ComponentescomplementoPuestodeTrabajoImpresoraMultifuncionalAltorendimientoA4CostoporclicNANANANA","IT-BPO-62-22","Componentes complemento Puesto de Trabajo","Impresora Multifuncional Alto rendimiento A4","Costo por clic","NA","NA","NA","NA","Costo por clic",140.97,694.32,506.01,197.78,91.83,115.72,383208.53,106.67,null,null,"IPC"]
["ComponentescomplementoPuestodeTrabajoImpresoraBajorendimientoA4BajoVolumenZona1NANANA","IT-BPO-62-23","Componentes complemento Puesto de Trabajo","Impresora Bajo rendimiento A4","Bajo Volumen","Zona 1","NA","NA","NA","Impresora Bajo rendimiento A4",347880.62,757818.72,3179238.68,530643.53,1001741.86,1155196.99,537239.31999999995,625677,null,null,"IPC"]
["ComponentescomplementoPuestodeTrabajoImpresoraBajorendimientoA4AltovolumenZona1NANANA","IT-BPO-62-26","Componentes complemento Puesto de Trabajo","Impresora Bajo rendimiento A4","Alto volumen","Zona 1","NA","NA","NA","Impresora Bajo rendimiento A4",1026577.37,884121.84,4965146.49,1623222.32,1067330.8899999999,1951711.43,537239.31999999995,1271868,null,null,"IPC"]
["ComponentescomplementoPuestodeTrabajoImpresoraBajorendimientoA4AltovolumenZona2NANANA","IT-BPO-62-27","Componentes complemento Puesto de Trabajo","Impresora Bajo rendimiento A4","Alto volumen","Zona 2","NA","NA","NA","Impresora Bajo rendimiento A4",1026577.37,947273.4,5014798.79,1785544.87,1125214.69,2105452.81,537239.31999999995,1271868,null,null,"IPC"]
["ComponentescomplementoPuestodeTrabajoImpresoraBajorendimientoA4CostoporclicNANANANA","IT-BPO-62-29","Componentes complemento Puesto de Trabajo","Impresora Bajo rendimiento A4","Costo por clic","NA","NA","NA","NA","Costo por clic",140.97,568.08000000000004,486.02,162.01,81.069999999999993,115.72,268245.96999999997,127.19,null,null,"IPC"]
["ComponentescomplementoPuestodeTrabajoEscánerPortátilZona1NANANANA","IT-BPO-62-30","Componentes complemento Puesto de Trabajo","Escáner Portátil ","Zona 1","NA","NA","NA","NA","Escáner Portátil ",190895.92,442060.92,456105.12,206620.16,119976.7,280366.42,240296.58,170950,null,null,"IPC"]
["ComponentescomplementoPuestodeTrabajoTabletaZona1NANANANA","IT-BPO-62-33","Componentes complemento Puesto de Trabajo","Tableta","Zona 1","NA","NA","NA","NA","Tableta",160147.01,353648.74,378961.96,133160.06,317210.42,118976.99,159373.5,341900,null,null,"IPC"]
["ComponentescomplementoPuestodeTrabajoTabletaZona2NANANANA","IT-BPO-62-34","Componentes complemento Puesto de Trabajo","Tableta","Zona 2","NA","NA","NA","NA","Tableta",160147.01,378909.36,468298.85,146476.26999999999,295419.33,126491.43,159373.5,341900,null,null,"IPC"]
["ComponentescomplementoPuestodeTrabajoEscánerAltoRendimientoA4Zona2NANANANA","IT-BPO-62-37","Componentes complemento Puesto de Trabajo","Escáner Alto Rendimiento A4","Zona 2","NA","NA","NA","NA","Escáner Alto Rendimiento A4",650161.25,4041699.84,6562330.7599999998,631885.9,2307934.0699999998,252981.8,483065.81,797766.63,null,null,"IPC"]
["ComponentescomplementoPuestodeTrabajoEscánerAltoRendimientoA4Zona3NANANANA","IT-BPO-62-38","Componentes complemento Puesto de Trabajo","Escáner Alto Rendimiento A4","Zona 3","NA","NA","NA","NA","Escáner Alto Rendimiento A4",736400,4546912.32,7874797.5499999998,695074.28,2487388.21,268009.62,483065.81,797766.63,null,null,"IPC"]
["ComponentescomplementoPuestodeTrabajoEscánerAltoRendimientoA3Zona3NANANANA","IT-BPO-62-41","Componentes complemento Puesto de Trabajo","Escáner Alto Rendimiento A3","Zona 3","NA","NA","NA","NA","Escáner Alto Rendimiento A3",2577513.41,5557337.2800000003,11567797.26,1335394.07,2928971.11,380724.06,1026239.49,1435980,null,null,"IPC"]
["ComponentescomplementoPuestodeTrabajoLicenciaSoftwaredeplataformadeCentrodeContacto-MonitoreoycalidadNANANANANA","IT-BPO-62-42","Componentes complemento Puesto de Trabajo","Licencia Software de plataforma de Centro de Contacto - Monitoreo y calidad","NA","NA","NA","NA","NA","Licencia Mes",5380.98,442060.92,623016.49,69118.5,407695.72,267809.74,1025.03,484130.4,null,null,"IPC"]
["ComponentescomplementoPuestodeTrabajoPendónInstitucionalNANANANANA","IT-BPO-62-44","Componentes complemento Puesto de Trabajo","Pendón Institucional","NA","NA","NA","NA","NA","Pendón",493897.17,442060.92,1327299.98,261931.17,410618.49,508467.37,593435.9,520782.08000000002,null,null,"IPC"]
["ComponentescomplementoPuestodeTrabajoVideoproyectorPortátilNANANANANA","IT-BPO-62-45","Componentes complemento Puesto de Trabajo","Videoproyector Portátil","NA","NA","NA","NA","NA","Videoproyector",1594099.81,505212.48,3029639.02,2928192.56,669072,939286.62,106559.96,1230840,null,null,"IPC"]
["Serviciodeinterprete-TraductorJornadaOrdinaria Zona1NANANANA","IT-BPO-64-1","Servicio de interprete - Traductor","Jornada Ordinaria ","Zona 1","NA","NA","NA","NA","Mes",6480358.9199999999,10505293.130000001,16326798.210000001,7962319.8799999999,12973126.789999999,16998685.829999998,13307154.73,9343703.9900000002,null,null,"SMMLV"]
["Serviciodeinterprete-TraductorHoraextradiurnaZona1NANANANA","IT-BPO-64-2","Servicio de interprete - Traductor","Hora extra diurna","Zona 1","NA","NA","NA","NA","Hora",38573.57,57116.3,91017.5,32414.19,57850.78,101183.48,86311.45,41469.51,null,null,"SMMLV"]
["Serviciodeinterprete-TraductorServicio7x24Zona1NANANANA","IT-BPO-64-5","Servicio de interprete - Traductor","Servicio 7x24","Zona 1","NA","NA","NA","NA","Mes 7x24",28282930.199999999,40161237.259999998,61022369.149999999,32388447.649999999,52838576.329999998,98405542.129999995,64220037.32,38079078.219999999,null,null,"SMMLV"]
["Serviciodeinterprete-TraductorJornadaOrdinaria Zona2NANANANA","IT-BPO-64-6","Servicio de interprete - Traductor","Jornada Ordinaria ","Zona 2","NA","NA","NA","NA","Mes",6480358.9199999999,10532111.869999999,16326798.210000001,7962319.8799999999,12973126.789999999,17009477.059999999,13307154.73,9343703.9900000002,null,null,"SMMLV"]
["Serviciodeinterprete-TraductorHoraextranocturna Zona2NANANANA","IT-BPO-64-8","Servicio de interprete - Traductor","Hora extra nocturna ","Zona 2","NA","NA","NA","NA","Hora",54002.99,79963.47,126327.96,47722.29,90789.69,141746.66,120836.04,58057.34,null,null,"SMMLV"]
[{"$f":"SUBSTITUTE(C5698&D5698&E5698&F5698&G5698&H5698&I5698,\" \",\"\")","v":"Serviciodeinterprete-TraductorHoraextradominicalyfestivoZona2NANANANA"},"IT-BPO-64-9","Servicio de interprete - Traductor","Hora extra dominical y festivo","Zona 2","NA","NA","NA","NA","Hora",61717.7,114233.69,143947.60999999999,54350.33,98841.83,202493.97,138098.32999999999,66351.199999999997,null,null,"SMMLV"]
["Serviciodeinterprete-TraductorServicio7x24Zona2NANANANA","IT-BPO-64-10","Servicio de interprete - Traductor","Servicio 7x24","Zona 2","NA","NA","NA","NA","Mes 7x24",28282930.199999999,40238144.579999998,61632591.840000004,32388447.649999999,53981141.609999999,98459498.25,64220037.32,38079078.219999999,null,null,"SMMLV"]
["Serviciodeinterprete-TraductorJornadaOrdinaria Zona3NANANANA","IT-BPO-64-11","Servicio de interprete - Traductor","Jornada Ordinaria ","Zona 3","NA","NA","NA","NA","Mes",6480358.9199999999,10567870.189999999,16326798.210000001,7962319.8799999999,13533278.02,17036453.48,13307154.73,9343703.9900000002,null,null,"SMMLV"]
["Serviciodeinterprete-TraductorHoraextradiurnaZona3NANANANA","IT-BPO-64-12","Servicio de interprete - Traductor","Hora extra diurna","Zona 3","NA","NA","NA","NA","Hora",38573.57,57116.3,91017.5,32414.19,68580.23,101407.95,86311.45,41469.51,null,null,"SMMLV"]
["Serviciodeinterprete-TraductorHoraextranocturna Zona3NANANANA","IT-BPO-64-13","Servicio de interprete - Traductor","Hora extra nocturna ","Zona 3","NA","NA","NA","NA","Hora",54002.99,79963.47,126327.96,47722.29,92755.38,141971.13,120836.04,58057.34,null,null,"SMMLV"]
["Serviciodeinterprete-TraductorHoraextradominicalyfestivoZona3NANANANA","IT-BPO-64-14","Servicio de interprete - Traductor","Hora extra dominical y festivo","Zona 3","NA","NA","NA","NA","Hora",61717.7,114233.69,143947.60999999999,54350.33,101862.15,202815.9,138098.32999999999,66351.199999999997,null,null,"SMMLV"]
["Serviciodeinterprete-TraductorServicio7x24Zona3NANANANA","IT-BPO-64-15","Servicio de interprete - Traductor","Servicio 7x24","Zona 3","NA","NA","NA","NA","Mes 7x24",28282930.199999999,40340688.049999997,65153826.049999997,32388447.649999999,54586483.740000002,98594380.349999994,64220037.32,38079078.219999999,null,null,"SMMLV"]
["LicenciaRDP-CALNANANANANANA","IT-BPO-65-1","Licencia RDP-CAL","NA","NA","NA","NA","NA","NA","Licencia Mes",1151521.3,3157578,4112180.68,965570.84,854985.65,553052.18000000005,268655.44,350842,null,null,"IPC"]
["ServidordeAplicacionesyComponentesServidorSmallNANANANANA","IT-BPO-66-1","Servidor de Aplicaciones y Componentes","Servidor Small","NA","NA","NA","NA","NA","Mes",1715717.32,5052124.8,14233356.960000001,751004.92,8311394.2599999998,2096185.74,33926527.950000003,8205600,null,null,"IPC"]
["ServidordeAplicacionesyComponentesServidorMediumNANANANANA","IT-BPO-66-2","Servidor de Aplicaciones y Componentes","Servidor Medium","NA","NA","NA","NA","NA","Mes",5736179.3799999999,12630312,18789478.489999998,2310086.7999999998,17497156.050000001,6830786.4400000004,47727149.490000002,12171640,null,null,"IPC"]
["ServidordeAplicacionesyComponentesServidorLargeMesMesMesMesMes","IT-BPO-66-3","Servidor de Aplicaciones y Componentes","Servidor Large","Mes","Mes","Mes","Mes","Mes","Mes",15320550.57,25260624,35475482.979999997,4620173.5999999996,32308804.73,22932398.620000001,52902382.560000002,23097396.399999999,null,null,"IPC"]
["ServidordeAplicacionesyComponentesServidorExtraLargeMesMesMesMesMes","IT-BPO-66-4","Servidor de Aplicaciones y Componentes","Servidor Extra Large","Mes","Mes","Mes","Mes","Mes","Mes",23047401.149999999,56836404,68849073.120000005,8164647.7400000002,33232630.359999999,32289186.440000001,93154195.379999995,34190000,null,null,"IPC"]
["SpeechAnalyticsNANANANANANA","IT-BPO-67-1","Speech Analytics","NA","NA","NA","NA","NA","NA","Hora",92052.74,884121.84,12522604.029999999,32953.9,19264.22,23444.87,7497.36,98595.33,null,null,"IPC"]
["HerramientaWFMNANANANANANA","IT-BPO-68-1","Herramienta WFM","NA","NA","NA","NA","NA","NA","Licencia Mes",32824.5,3157578,7877376,19974028.390000001,355562.53,231440,7497.36,595852.80000000005,null,null,"IPC"]
["AgenteProfesionalconexperienciaadicionalEnsitioEconomía,administración,contaduríayafinesJornadaOrdinaria NAPlatinoZona1","IT-BPO-69-1","Agente Profesional con experiencia adicional","En sitio","Economía, administración, contaduría y afines","Jornada Ordinaria ","NA","Platino","Zona 1","Mes",9134248.6600000001,16356392.779999999,13667742.92,10387501.789999999,12308731.66,15607370.07,14242343.92,9835656.7200000007,null,null,"SMMLV"]
["AgenteProfesionalconexperienciaadicionalEnsitioEconomía,administración,contaduríayafinesJornadaOrdinaria NAPlatinoZona2","IT-BPO-69-2","Agente Profesional con experiencia adicional","En sitio","Economía, administración, contaduría y afines","Jornada Ordinaria ","NA","Platino","Zona 2","Mes",9134248.6600000001,16383211.52,13941096.529999999,10387501.789999999,12077829.140000001,15625174.77,14242343.92,9835656.7200000007,null,null,"SMMLV"]
["AgenteProfesionalconexperienciaadicionalEnsitioEconomía,administración,contaduríayafinesJornadaOrdinaria NAPlatinoZona3","IT-BPO-69-3","Agente Profesional con experiencia adicional","En sitio","Economía, administración, contaduría y afines","Jornada Ordinaria ","NA","Platino","Zona 3","Mes",9134248.6600000001,16418970.93,14219919.66,10387501.789999999,12132548.68,15651073.710000001,14242343.92,9835656.7200000007,null,null,"SMMLV"]
["AgenteProfesionalconexperienciaadicionalEnsitioEconomía,administración,contaduríayafinesJornadaOrdinaria NAOroZona1","IT-BPO-69-4","Agente Profesional con experiencia adicional","En sitio","Economía, administración, contaduría y afines","Jornada Ordinaria ","NA","Oro","Zona 1","Mes",8699284.4399999995,16311694.880000001,14806721.4,10387501.789999999,11776031.869999999,15380022.890000001,14242343.92,9749645.8900000006,null,null,"SMMLV"]
["AgenteProfesionalconexperienciaadicionalEnsitioEconomía,administración,contaduríayafinesJornadaOrdinaria NAOroZona2","IT-BPO-69-5","Agente Profesional con experiencia adicional","En sitio","Economía, administración, contaduría y afines","Jornada Ordinaria ","NA","Oro","Zona 2","Mes",8699284.4399999995,16338513.619999999,15102855.390000001,10387501.789999999,11855766.390000001,15397569.17,14242343.92,9749645.8900000006,null,null,"SMMLV"]
["AgenteProfesionalconexperienciaadicionalEnsitioEconomía,administración,contaduríayafinesJornadaOrdinaria NAOroZona3","IT-BPO-69-6","Agente Profesional con experiencia adicional","En sitio","Economía, administración, contaduría y afines","Jornada Ordinaria ","NA","Oro","Zona 3","Mes",8699284.4399999995,16374271.939999999,15404913.33,10387501.789999999,12266459.210000001,15423089.24,14242343.92,9749645.8900000006,null,null,"SMMLV"]
["AgenteProfesionalconexperienciaadicionalEnsitioEconomía,administración,contaduríayafinesHoraextradiurnaNAPlatinoZona1","IT-BPO-69-7","Agente Profesional con experiencia adicional","En sitio","Economía, administración, contaduría y afines","Hora extra diurna","NA","Platino","Zona 1","Hora",54370.53,97914.9,74282.61,47451.83,68775.839999999997,92901.99,87463.17,43781.49,null,null,"SMMLV"]
["AgenteProfesionalconexperienciaadicionalEnsitioEconomía,administración,contaduríayafinesHoraextradiurnaNAPlatinoZona2","IT-BPO-69-8","Agente Profesional con experiencia adicional","En sitio","Economía, administración, contaduría y afines","Hora extra diurna","NA","Platino","Zona 2","Hora",54370.53,97914.9,75767.429999999993,47451.83,63988.83,93007.11,87463.17,43781.49,null,null,"SMMLV"]
["AgenteProfesionalconexperienciaadicionalEnsitioEconomía,administración,contaduríayafinesHoraextradiurnaNAPlatinoZona3","IT-BPO-69-9","Agente Profesional con experiencia adicional","En sitio","Economía, administración, contaduría y afines","Hora extra diurna","NA","Platino","Zona 3","Hora",54370.53,97914.9,77284.009999999995,47451.83,64305.88,93161.51,87463.17,43781.49,null,null,"SMMLV"]
["AgenteProfesionalconexperienciaadicionalEnsitioEconomía,administración,contaduríayafinesHoraextradiurnaNAOroZona1","IT-BPO-69-10","Agente Profesional con experiencia adicional","En sitio","Economía, administración, contaduría y afines","Hora extra diurna","NA","Oro","Zona 1","Hora",51781.46,97914.9,80471.55,47451.83,62502.57,91548.57,87463.17,43323.89,null,null,"SMMLV"]
["AgenteProfesionalconexperienciaadicionalEnsitioEconomía,administración,contaduríayafinesHoraextradiurnaNAOroZona2","IT-BPO-69-11","Agente Profesional con experiencia adicional","En sitio","Economía, administración, contaduría y afines","Hora extra diurna","NA","Oro","Zona 2","Hora",51781.46,97914.9,82081.2,47451.83,62964.45,91652.6,87463.17,43323.89,null,null,"SMMLV"]
["AgenteProfesionalconexperienciaadicionalEnsitioEconomía,administración,contaduríayafinesHoraextradiurnaNAOroZona3","IT-BPO-69-12","Agente Profesional con experiencia adicional","En sitio","Economía, administración, contaduría y afines","Hora extra diurna","NA","Oro","Zona 3","Hora",51781.46,97914.9,83723.7,47451.83,63272.14,91804.800000000003,87463.17,43323.89,null,null,"SMMLV"]
["AgenteProfesionalconexperienciaadicionalEnsitioEconomía,administración,contaduríayafinesHoraextranocturna NAPlatinoZona1","IT-BPO-69-13","Agente Profesional con experiencia adicional","En sitio","Economía, administración, contaduría y afines","Hora extra nocturna ","NA","Platino","Zona 1","Hora",76118.740000000005,137080.85999999999,103994.34,65902.58,95021.48,130061.91,94460.23,61294.05,null,null,"SMMLV"]
["AgenteProfesionalconexperienciaadicionalEnsitioEconomía,administración,contaduríayafinesHoraextranocturna NAPlatinoZona2","IT-BPO-69-14","Agente Profesional con experiencia adicional","En sitio","Economía, administración, contaduría y afines","Hora extra nocturna ","NA","Platino","Zona 2","Hora",76118.740000000005,137080.85999999999,106074.84,65902.58,89461.03,130210.83,94460.23,61294.05,null,null,"SMMLV"]
["AgenteProfesionalconexperienciaadicionalEnsitioEconomía,administración,contaduríayafinesHoraextranocturna NAPlatinoZona3","IT-BPO-69-15","Agente Profesional con experiencia adicional","En sitio","Economía, administración, contaduría y afines","Hora extra nocturna ","NA","Platino","Zona 3","Hora",76118.740000000005,137080.85999999999,108195.86,65902.58,95323.34,130426.55,94460.23,61294.05,null,null,"SMMLV"]
["AgenteProfesionalconexperienciaadicionalEnsitioEconomía,administración,contaduríayafinesHoraextranocturna NAOroZona1","IT-BPO-69-16","Agente Profesional con experiencia adicional","En sitio","Economía, administración, contaduría y afines","Hora extra nocturna ","NA","Oro","Zona 1","Hora",72494.039999999994,137080.85999999999,112661.27,65902.58,83820.88,128167.56,94460.23,60653.47,null,null,"SMMLV"]
["AgenteProfesionalconexperienciaadicionalEnsitioEconomía,administración,contaduríayafinesHoraextranocturna NAOroZona2","IT-BPO-69-17","Agente Profesional con experiencia adicional","En sitio","Economía, administración, contaduría y afines","Hora extra nocturna ","NA","Oro","Zona 2","Hora",72494.039999999994,137080.85999999999,114914.78,65902.58,87680.06,128313.2,94460.23,60653.47,null,null,"SMMLV"]
["AgenteProfesionalconexperienciaadicionalEnsitioEconomía,administración,contaduríayafinesHoraextranocturna NAOroZona3","IT-BPO-69-18","Agente Profesional con experiencia adicional","En sitio","Economía, administración, contaduría y afines","Hora extra nocturna ","NA","Oro","Zona 3","Hora",72494.039999999994,137080.85999999999,117212.09,65902.58,80635.13,128526.72,94460.23,60653.47,null,null,"SMMLV"]
["AgenteProfesionalconexperienciaadicionalEnsitioEconomía,administración,contaduríayafinesHoraextradominicalyfestivoNAPlatinoZona1","IT-BPO-69-19","Agente Profesional con experiencia adicional","En sitio","Economía, administración, contaduría y afines","Hora extra dominical y festivo","NA","Platino","Zona 1","Hora",86992.84,195828.71,118851.3,75127.95,110545.45,185802.89,139941.07999999999,70050.33,null,null,"SMMLV"]
["AgenteProfesionalconexperienciaadicionalEnsitioEconomía,administración,contaduríayafinesHoraextradominicalyfestivoNAPlatinoZona2","IT-BPO-69-20","Agente Profesional con experiencia adicional","En sitio","Economía, administración, contaduría y afines","Hora extra dominical y festivo","NA","Platino","Zona 2","Hora",86992.84,195828.71,121228.55,75127.95,111495.9,186014.22,139941.07999999999,70050.33,null,null,"SMMLV"]
["AgenteProfesionalconexperienciaadicionalEnsitioEconomía,administración,contaduríayafinesHoraextradominicalyfestivoNAPlatinoZona3","IT-BPO-69-21","Agente Profesional con experiencia adicional","En sitio","Economía, administración, contaduría y afines","Hora extra dominical y festivo","NA","Platino","Zona 3","Hora",86992.84,195828.71,123651.78,75127.95,105366.18,186323.01,139941.07999999999,70050.33,null,null,"SMMLV"]
["AgenteProfesionalconexperienciaadicionalEnsitioEconomía,administración,contaduríayafinesHoraextradominicalyfestivoNAOroZona1","IT-BPO-69-22","Agente Profesional con experiencia adicional","En sitio","Economía, administración, contaduría y afines","Hora extra dominical y festivo","NA","Oro","Zona 1","Hora",72494.039999999994,195828.71,128754.48,75127.95,99203.16,183096.05,139941.07999999999,69318.320000000007,null,null,"SMMLV"]
["AgenteProfesionalconexperienciaadicionalEnsitioEconomía,administración,contaduríayafinesHoraextradominicalyfestivoNAOroZona2","IT-BPO-69-23","Agente Profesional con experiencia adicional","En sitio","Economía, administración, contaduría y afines","Hora extra dominical y festivo","NA","Oro","Zona 2","Hora",72494.039999999994,195828.71,131329.92000000001,75127.95,109323.63,183305.19,139941.07999999999,69318.320000000007,null,null,"SMMLV"]
["AgenteProfesionalconexperienciaadicionalEnsitioEconomía,administración,contaduríayafinesHoraextradominicalyfestivoNAOroZona3","IT-BPO-69-24","Agente Profesional con experiencia adicional","En sitio","Economía, administración, contaduría y afines","Hora extra dominical y festivo","NA","Oro","Zona 3","Hora",72494.039999999994,195828.71,133956.82999999999,75127.95,95421.31,183608.51,139941.07999999999,69318.320000000007,null,null,"SMMLV"]
["AgenteProfesionalconexperienciaadicionalEnsitioEconomía,administración,contaduríayafinesServicio7x24NAPlatinoZona1","IT-BPO-69-25","Agente Profesional con experiencia adicional","En sitio","Economía, administración, contaduría y afines","Servicio 7x24","NA","Platino","Zona 1","Mes 7x24",41345469.899999999,64025330,54670967.280000001,46824833.479999997,52169302.490000002,88766541.829999998,65834596.130000003,40169636.340000004,null,null,"SMMLV"]
["AgenteProfesionalconexperienciaadicionalEnsitioEconomía,administración,contaduríayafinesServicio7x24NAPlatinoZona2","IT-BPO-69-26","Agente Profesional con experiencia adicional","En sitio","Economía, administración, contaduría y afines","Servicio 7x24","NA","Platino","Zona 2","Mes 7x24",41345469.899999999,64102237.32,55764386.100000001,46824833.479999997,52545513.520000003,88855565.329999998,65834596.130000003,40169636.340000004,null,null,"SMMLV"]
["AgenteProfesionalconexperienciaadicionalEnsitioEconomía,administración,contaduríayafinesServicio7x24NAPlatinoZona3","IT-BPO-69-27","Agente Profesional con experiencia adicional","En sitio","Economía, administración, contaduría y afines","Servicio 7x24","NA","Platino","Zona 3","Mes 7x24",41345469.899999999,64204780.789999999,56879673.170000002,46824833.479999997,52796320.060000002,88985054.549999997,65834596.130000003,40169636.340000004,null,null,"SMMLV"]
["AgenteProfesionalconexperienciaadicionalEnsitioEconomía,administración,contaduríayafinesServicio7x24NAOroZona1","IT-BPO-69-28","Agente Profesional con experiencia adicional","En sitio","Economía, administración, contaduría y afines","Servicio 7x24","NA","Oro","Zona 1","Mes 7x24",39376638,63897150.390000001,59226881.219999999,46824833.479999997,51192087.359999999,87473511.079999998,65834596.130000003,39768603.979999997,null,null,"SMMLV"]
["AgenteProfesionalconexperienciaadicionalEnsitioEconomía,administración,contaduríayafinesServicio7x24NAOroZona2","IT-BPO-69-29","Agente Profesional con experiencia adicional","En sitio","Economía, administración, contaduría y afines","Servicio 7x24","NA","Oro","Zona 2","Mes 7x24",39376638,63974057.719999999,60411418.280000001,46824833.479999997,51557549.560000002,87561237,65834596.130000003,39768603.979999997,null,null,"SMMLV"]
["AgenteProfesionalconexperienciaadicionalEnsitioEconomía,administración,contaduríayafinesServicio7x24NAOroZona3","IT-BPO-69-30","Agente Profesional con experiencia adicional","En sitio","Economía, administración, contaduría y afines","Servicio 7x24","NA","Oro","Zona 3","Mes 7x24",39376638,64076601.18,61619646.75,46824833.479999997,47406198.030000001,87688842.829999998,65834596.130000003,39768603.979999997,null,null,"SMMLV"]
["AgenteProfesionalconexperienciaadicionalEnsitioCienciassociales,humanasyafinesJornadaOrdinaria NAPlatinoZona1","IT-BPO-69-31","Agente Profesional con experiencia adicional","En sitio","Ciencias sociales, humanas y afines","Jornada Ordinaria ","NA","Platino","Zona 1","Mes",9134248.6600000001,16356392.779999999,13667742.92,10387501.789999999,11995749.48,15607370.07,14242343.92,9835656.7200000007,null,null,"SMMLV"]
["AgenteProfesionalconexperienciaadicionalEnsitioCienciassociales,humanasyafinesJornadaOrdinaria NAPlatinoZona2","IT-BPO-69-32","Agente Profesional con experiencia adicional","En sitio","Ciencias sociales, humanas y afines","Jornada Ordinaria ","NA","Platino","Zona 2","Mes",9134248.6600000001,16383211.52,13941096.529999999,10387501.789999999,12077829.140000001,15625174.77,14242343.92,9835656.7200000007,null,null,"SMMLV"]
["AgenteProfesionalconexperienciaadicionalEnsitioCienciassociales,humanasyafinesJornadaOrdinaria NAPlatinoZona3","IT-BPO-69-33","Agente Profesional con experiencia adicional","En sitio","Ciencias sociales, humanas y afines","Jornada Ordinaria ","NA","Platino","Zona 3","Mes",9134248.6600000001,16418970.93,14219919.66,10387501.789999999,12132548.68,15651073.710000001,14242343.92,9835656.7200000007,null,null,"SMMLV"]
["AgenteProfesionalconexperienciaadicionalEnsitioCienciassociales,humanasyafinesJornadaOrdinaria NAOroZona1","IT-BPO-69-34","Agente Profesional con experiencia adicional","En sitio","Ciencias sociales, humanas y afines","Jornada Ordinaria ","NA","Oro","Zona 1","Mes",8699284.4399999995,16311694.880000001,14806721.4,10387501.789999999,11776031.869999999,15380022.890000001,14242343.92,9749645.8900000006,null,null,"SMMLV"]
["AgenteProfesionalconexperienciaadicionalEnsitioCienciassociales,humanasyafinesJornadaOrdinaria NAOroZona2","IT-BPO-69-35","Agente Profesional con experiencia adicional","En sitio","Ciencias sociales, humanas y afines","Jornada Ordinaria ","NA","Oro","Zona 2","Mes",8699284.4399999995,16338513.619999999,15102855.390000001,10387501.789999999,11855766.390000001,15397569.17,14242343.92,9749645.8900000006,null,null,"SMMLV"]
["AgenteProfesionalconexperienciaadicionalEnsitioCienciassociales,humanasyafinesJornadaOrdinaria NAOroZona3","IT-BPO-69-36","Agente Profesional con experiencia adicional","En sitio","Ciencias sociales, humanas y afines","Jornada Ordinaria ","NA","Oro","Zona 3","Mes",8699284.4399999995,16374271.939999999,15404913.33,10387501.789999999,11908922.52,15423089.24,14242343.92,9749645.8900000006,null,null,"SMMLV"]
["AgenteProfesionalconexperienciaadicionalEnsitioCienciassociales,humanasyafinesHoraextradiurnaNAPlatinoZona1","IT-BPO-69-37","Agente Profesional con experiencia adicional","En sitio","Ciencias sociales, humanas y afines","Hora extra diurna","NA","Platino","Zona 1","Hora",54370.53,97914.9,74282.61,47451.83,63513.78,92901.99,87463.17,43781.49,null,null,"SMMLV"]
["AgenteProfesionalconexperienciaadicionalEnsitioCienciassociales,humanasyafinesHoraextradiurnaNAPlatinoZona2","IT-BPO-69-38","Agente Profesional con experiencia adicional","En sitio","Ciencias sociales, humanas y afines","Hora extra diurna","NA","Platino","Zona 2","Hora",54370.53,97914.9,75767.429999999993,47451.83,63988.83,93007.11,87463.17,43781.49,null,null,"SMMLV"]
["AgenteProfesionalconexperienciaadicionalEnsitioCienciassociales,humanasyafinesHoraextradiurnaNAPlatinoZona3","IT-BPO-69-39","Agente Profesional con experiencia adicional","En sitio","Ciencias sociales, humanas y afines","Hora extra diurna","NA","Platino","Zona 3","Hora",54370.53,97914.9,77284.009999999995,47451.83,64305.88,93161.51,87463.17,43781.49,null,null,"SMMLV"]
["AgenteProfesionalconexperienciaadicionalEnsitioCienciassociales,humanasyafinesHoraextradiurnaNAOroZona1","IT-BPO-69-40","Agente Profesional con experiencia adicional","En sitio","Ciencias sociales, humanas y afines","Hora extra diurna","NA","Oro","Zona 1","Hora",51781.46,97914.9,80471.55,47451.83,62502.57,91548.57,87463.17,43323.89,null,null,"SMMLV"]
["AgenteProfesionalconexperienciaadicionalEnsitioCienciassociales,humanasyafinesHoraextradiurnaNAOroZona2","IT-BPO-69-41","Agente Profesional con experiencia adicional","En sitio","Ciencias sociales, humanas y afines","Hora extra diurna","NA","Oro","Zona 2","Hora",51781.46,97914.9,82081.2,47451.83,62964.45,91652.6,87463.17,43323.89,null,null,"SMMLV"]
["AgenteProfesionalconexperienciaadicionalEnsitioCienciassociales,humanasyafinesHoraextradiurnaNAOroZona3","IT-BPO-69-42","Agente Profesional con experiencia adicional","En sitio","Ciencias sociales, humanas y afines","Hora extra diurna","NA","Oro","Zona 3","Hora",51781.46,97914.9,83723.7,47451.83,57903.92,91804.800000000003,87463.17,43323.89,null,null,"SMMLV"]
["AgenteProfesionalconexperienciaadicionalEnsitioCienciassociales,humanasyafinesHoraextranocturna NAPlatinoZona1","IT-BPO-69-43","Agente Profesional con experiencia adicional","En sitio","Ciencias sociales, humanas y afines","Hora extra nocturna ","NA","Platino","Zona 1","Hora",76118.740000000005,137080.85999999999,103994.34,65902.58,85286.91,130061.91,94460.23,61294.05,null,null,"SMMLV"]
["AgenteProfesionalconexperienciaadicionalEnsitioCienciassociales,humanasyafinesHoraextranocturna NAPlatinoZona2","IT-BPO-69-44","Agente Profesional con experiencia adicional","En sitio","Ciencias sociales, humanas y afines","Hora extra nocturna ","NA","Platino","Zona 2","Hora",76118.740000000005,137080.85999999999,106074.84,65902.58,100296.44,130210.83,94460.23,61294.05,null,null,"SMMLV"]
["AgenteProfesionalconexperienciaadicionalEnsitioCienciassociales,humanasyafinesHoraextranocturna NAPlatinoZona3","IT-BPO-69-45","Agente Profesional con experiencia adicional","En sitio","Ciencias sociales, humanas y afines","Hora extra nocturna ","NA","Platino","Zona 3","Hora",76118.740000000005,137080.85999999999,108195.86,65902.58,104099.55,130426.55,94460.23,61294.05,null,null,"SMMLV"]
["AgenteProfesionalconexperienciaadicionalEnsitioCienciassociales,humanasyafinesHoraextranocturna NAOroZona1","IT-BPO-69-46","Agente Profesional con experiencia adicional","En sitio","Ciencias sociales, humanas y afines","Hora extra nocturna ","NA","Oro","Zona 1","Hora",72494.039999999994,137080.85999999999,112661.27,65902.58,87033.83,128167.56,94460.23,60653.47,null,null,"SMMLV"]
["AgenteProfesionalconexperienciaadicionalEnsitioCienciassociales,humanasyafinesHoraextranocturna NAOroZona2","IT-BPO-69-47","Agente Profesional con experiencia adicional","En sitio","Ciencias sociales, humanas y afines","Hora extra nocturna ","NA","Oro","Zona 2","Hora",72494.039999999994,137080.85999999999,114914.78,65902.58,87680.06,128313.2,94460.23,60653.47,null,null,"SMMLV"]
["AgenteProfesionalconexperienciaadicionalEnsitioCienciassociales,humanasyafinesHoraextranocturna NAOroZona3","IT-BPO-69-48","Agente Profesional con experiencia adicional","En sitio","Ciencias sociales, humanas y afines","Hora extra nocturna ","NA","Oro","Zona 3","Hora",72494.039999999994,137080.85999999999,117212.09,65902.58,80635.13,128526.72,94460.23,60653.47,null,null,"SMMLV"]
["AgenteProfesionalconexperienciaadicionalEnsitioCienciassociales,humanasyafinesHoraextradominicalyfestivoNAPlatinoZona1","IT-BPO-69-49","Agente Profesional con experiencia adicional","En sitio","Ciencias sociales, humanas y afines","Hora extra dominical y festivo","NA","Platino","Zona 1","Hora",86992.84,195828.71,118851.3,75127.95,110545.45,185802.89,139941.07999999999,70050.33,null,null,"SMMLV"]
["AgenteProfesionalconexperienciaadicionalEnsitioCienciassociales,humanasyafinesHoraextradominicalyfestivoNAPlatinoZona2","IT-BPO-69-50","Agente Profesional con experiencia adicional","En sitio","Ciencias sociales, humanas y afines","Hora extra dominical y festivo","NA","Platino","Zona 2","Hora",86992.84,195828.71,121228.55,75127.95,111495.9,186014.22,139941.07999999999,70050.33,null,null,"SMMLV"]
[{"$f":"SUBSTITUTE(C5762&D5762&E5762&F5762&G5762&H5762&I5762,\" \",\"\")","v":"AgenteProfesionalconexperienciaadicionalEnsitioCienciassociales,humanasyafinesHoraextradominicalyfestivoNAPlatinoZona3"},"IT-BPO-69-51","Agente Profesional con experiencia adicional","En sitio","Ciencias sociales, humanas y afines","Hora extra dominical y festivo","NA","Platino","Zona 3","Hora",86992.84,195828.71,123651.78,75127.95,112129.65,186323.01,139941.07999999999,70050.33,null,null,"SMMLV"]
["AgenteProfesionalconexperienciaadicionalEnsitioCienciassociales,humanasyafinesHoraextradominicalyfestivoNAOroZona1","IT-BPO-69-52","Agente Profesional con experiencia adicional","En sitio","Ciencias sociales, humanas y afines","Hora extra dominical y festivo","NA","Oro","Zona 1","Hora",72494.039999999994,195828.71,128754.48,75127.95,99203.16,183096.05,139941.07999999999,69318.320000000007,null,null,"SMMLV"]
["AgenteProfesionalconexperienciaadicionalEnsitioCienciassociales,humanasyafinesHoraextradominicalyfestivoNAOroZona2","IT-BPO-69-53","Agente Profesional con experiencia adicional","En sitio","Ciencias sociales, humanas y afines","Hora extra dominical y festivo","NA","Oro","Zona 2","Hora",72494.039999999994,195828.71,131329.92000000001,75127.95,117948.6,183305.19,139941.07999999999,69318.320000000007,null,null,"SMMLV"]
["AgenteProfesionalconexperienciaadicionalEnsitioCienciassociales,humanasyafinesHoraextradominicalyfestivoNAOroZona3","IT-BPO-69-54","Agente Profesional con experiencia adicional","En sitio","Ciencias sociales, humanas y afines","Hora extra dominical y festivo","NA","Oro","Zona 3","Hora",72494.039999999994,195828.71,133956.82999999999,75127.95,111567.24,183608.51,139941.07999999999,69318.320000000007,null,null,"SMMLV"]
["AgenteProfesionalconexperienciaadicionalEnsitioCienciassociales,humanasyafinesServicio7x24NAPlatinoZona1","IT-BPO-69-55","Agente Profesional con experiencia adicional","En sitio","Ciencias sociales, humanas y afines","Servicio 7x24","NA","Platino","Zona 1","Mes 7x24",41345469.899999999,64025330,54670967.280000001,46824833.479999997,52169302.490000002,88766541.829999998,65834596.130000003,40169636.340000004,null,null,"SMMLV"]
["AgenteProfesionalconexperienciaadicionalEnsitioCienciassociales,humanasyafinesServicio7x24NAPlatinoZona2","IT-BPO-69-56","Agente Profesional con experiencia adicional","En sitio","Ciencias sociales, humanas y afines","Servicio 7x24","NA","Platino","Zona 2","Mes 7x24",41345469.899999999,64102237.32,55764386.100000001,46824833.479999997,52545513.520000003,88855565.329999998,65834596.130000003,40169636.340000004,null,null,"SMMLV"]
["AgenteProfesionalconexperienciaadicionalEnsitioCienciassociales,humanasyafinesServicio7x24NAPlatinoZona3","IT-BPO-69-57","Agente Profesional con experiencia adicional","En sitio","Ciencias sociales, humanas y afines","Servicio 7x24","NA","Platino","Zona 3","Mes 7x24",41345469.899999999,64204780.789999999,56879673.170000002,46824833.479999997,52796320.060000002,88985054.549999997,65834596.130000003,40169636.340000004,null,null,"SMMLV"]
["AgenteProfesionalconexperienciaadicionalEnsitioCienciassociales,humanasyafinesServicio7x24NAOroZona1","IT-BPO-69-58","Agente Profesional con experiencia adicional","En sitio","Ciencias sociales, humanas y afines","Servicio 7x24","NA","Oro","Zona 1","Mes 7x24",39376638,63897150.390000001,59226881.219999999,46824833.479999997,51192087.359999999,87473511.079999998,65834596.130000003,39768603.979999997,null,null,"SMMLV"]
["AgenteProfesionalconexperienciaadicionalEnsitioCienciassociales,humanasyafinesServicio7x24NAOroZona2","IT-BPO-69-59","Agente Profesional con experiencia adicional","En sitio","Ciencias sociales, humanas y afines","Servicio 7x24","NA","Oro","Zona 2","Mes 7x24",39376638,63974057.719999999,60411418.280000001,46824833.479999997,46396474.07,87561237,65834596.130000003,39768603.979999997,null,null,"SMMLV"]
["AgenteProfesionalconexperienciaadicionalEnsitioCienciassociales,humanasyafinesServicio7x24NAOroZona3","IT-BPO-69-60","Agente Profesional con experiencia adicional","En sitio","Ciencias sociales, humanas y afines","Servicio 7x24","NA","Oro","Zona 3","Mes 7x24",39376638,64076601.18,61619646.75,46824833.479999997,51801190.109999999,87688842.829999998,65834596.130000003,39768603.979999997,null,null,"SMMLV"]
["AgenteProfesionalconexperienciaadicionalEnsitioIngeniería,arquitectura,urbanismoyafinesJornadaOrdinaria NAPlatinoZona1","IT-BPO-69-61","Agente Profesional con experiencia adicional","En sitio","Ingeniería, arquitectura, urbanismo y afines","Jornada Ordinaria ","NA","Platino","Zona 1","Mes",9134248.6600000001,16356392.779999999,13667742.92,10387501.789999999,12308731.66,15607370.07,14242343.92,9835656.7200000007,null,null,"SMMLV"]
["AgenteProfesionalconexperienciaadicionalEnsitioIngeniería,arquitectura,urbanismoyafinesJornadaOrdinaria NAPlatinoZona2","IT-BPO-69-62","Agente Profesional con experiencia adicional","En sitio","Ingeniería, arquitectura, urbanismo y afines","Jornada Ordinaria ","NA","Platino","Zona 2","Mes",9134248.6600000001,16383211.52,13941096.529999999,10387501.789999999,12077829.140000001,15625174.77,14242343.92,9835656.7200000007,null,null,"SMMLV"]
["AgenteProfesionalconexperienciaadicionalEnsitioIngeniería,arquitectura,urbanismoyafinesJornadaOrdinaria NAPlatinoZona3","IT-BPO-69-63","Agente Profesional con experiencia adicional","En sitio","Ingeniería, arquitectura, urbanismo y afines","Jornada Ordinaria ","NA","Platino","Zona 3","Mes",9134248.6600000001,16418970.93,14219919.66,10387501.789999999,12132548.68,15651073.710000001,14242343.92,9835656.7200000007,null,null,"SMMLV"]
["AgenteProfesionalconexperienciaadicionalEnsitioIngeniería,arquitectura,urbanismoyafinesJornadaOrdinaria NAOroZona1","IT-BPO-69-64","Agente Profesional con experiencia adicional","En sitio","Ingeniería, arquitectura, urbanismo y afines","Jornada Ordinaria ","NA","Oro","Zona 1","Mes",8699284.4399999995,16311694.880000001,14806721.4,10387501.789999999,12421752.779999999,15380022.890000001,14242343.92,9749645.8900000006,null,null,"SMMLV"]
["AgenteProfesionalconexperienciaadicionalEnsitioIngeniería,arquitectura,urbanismoyafinesJornadaOrdinaria NAOroZona2","IT-BPO-69-65","Agente Profesional con experiencia adicional","En sitio","Ingeniería, arquitectura, urbanismo y afines","Jornada Ordinaria ","NA","Oro","Zona 2","Mes",8699284.4399999995,16338513.619999999,15102855.390000001,10387501.789999999,11855766.390000001,15397569.17,14242343.92,9749645.8900000006,null,null,"SMMLV"]
["AgenteProfesionalconexperienciaadicionalEnsitioIngeniería,arquitectura,urbanismoyafinesJornadaOrdinaria NAOroZona3","IT-BPO-69-66","Agente Profesional con experiencia adicional","En sitio","Ingeniería, arquitectura, urbanismo y afines","Jornada Ordinaria ","NA","Oro","Zona 3","Mes",8699284.4399999995,16374271.939999999,15404913.33,10387501.789999999,11908922.52,15423089.24,14242343.92,9749645.8900000006,null,null,"SMMLV"]
["AgenteProfesionalconexperienciaadicionalEnsitioIngeniería,arquitectura,urbanismoyafinesHoraextradiurnaNAPlatinoZona1","IT-BPO-69-67","Agente Profesional con experiencia adicional","En sitio","Ingeniería, arquitectura, urbanismo y afines","Hora extra diurna","NA","Platino","Zona 1","Hora",54370.53,97914.9,74282.61,47451.83,63513.78,92901.99,87463.17,43781.49,null,null,"SMMLV"]
["AgenteProfesionalconexperienciaadicionalEnsitioIngeniería,arquitectura,urbanismoyafinesHoraextradiurnaNAPlatinoZona2","IT-BPO-69-68","Agente Profesional con experiencia adicional","En sitio","Ingeniería, arquitectura, urbanismo y afines","Hora extra diurna","NA","Platino","Zona 2","Hora",54370.53,97914.9,75767.429999999993,47451.83,63988.83,93007.11,87463.17,43781.49,null,null,"SMMLV"]
["AgenteProfesionalconexperienciaadicionalEnsitioIngeniería,arquitectura,urbanismoyafinesHoraextradiurnaNAPlatinoZona3","IT-BPO-69-69","Agente Profesional con experiencia adicional","En sitio","Ingeniería, arquitectura, urbanismo y afines","Hora extra diurna","NA","Platino","Zona 3","Hora",54370.53,97914.9,77284.009999999995,47451.83,64305.88,93161.51,87463.17,43781.49,null,null,"SMMLV"]
["AgenteProfesionalconexperienciaadicionalEnsitioIngeniería,arquitectura,urbanismoyafinesHoraextradiurnaNAOroZona1","IT-BPO-69-70","Agente Profesional con experiencia adicional","En sitio","Ingeniería, arquitectura, urbanismo y afines","Hora extra diurna","NA","Oro","Zona 1","Hora",51781.46,97914.9,80471.55,47451.83,62502.57,91548.57,87463.17,43323.89,null,null,"SMMLV"]
["AgenteProfesionalconexperienciaadicionalEnsitioIngeniería,arquitectura,urbanismoyafinesHoraextradiurnaNAOroZona2","IT-BPO-69-71","Agente Profesional con experiencia adicional","En sitio","Ingeniería, arquitectura, urbanismo y afines","Hora extra diurna","NA","Oro","Zona 2","Hora",51781.46,97914.9,82081.2,47451.83,62964.45,91652.6,87463.17,43323.89,null,null,"SMMLV"]
["AgenteProfesionalconexperienciaadicionalEnsitioIngeniería,arquitectura,urbanismoyafinesHoraextradiurnaNAOroZona3","IT-BPO-69-72","Agente Profesional con experiencia adicional","En sitio","Ingeniería, arquitectura, urbanismo y afines","Hora extra diurna","NA","Oro","Zona 3","Hora",51781.46,97914.9,83723.7,47451.83,57903.92,91804.800000000003,87463.17,43323.89,null,null,"SMMLV"]
["AgenteProfesionalconexperienciaadicionalEnsitioIngeniería,arquitectura,urbanismoyafinesHoraextranocturna NAPlatinoZona1","IT-BPO-69-73","Agente Profesional con experiencia adicional","En sitio","Ingeniería, arquitectura, urbanismo y afines","Hora extra nocturna ","NA","Platino","Zona 1","Hora",76118.740000000005,137080.85999999999,103994.34,65902.58,88795.4,130061.91,94460.23,61294.05,null,null,"SMMLV"]
["AgenteProfesionalconexperienciaadicionalEnsitioIngeniería,arquitectura,urbanismoyafinesHoraextranocturna NAPlatinoZona2","IT-BPO-69-74","Agente Profesional con experiencia adicional","En sitio","Ingeniería, arquitectura, urbanismo y afines","Hora extra nocturna ","NA","Platino","Zona 2","Hora",76118.740000000005,137080.85999999999,106074.84,65902.58,89461.03,130210.83,94460.23,61294.05,null,null,"SMMLV"]
["AgenteProfesionalconexperienciaadicionalEnsitioIngeniería,arquitectura,urbanismoyafinesHoraextranocturna NAPlatinoZona3","IT-BPO-69-75","Agente Profesional con experiencia adicional","En sitio","Ingeniería, arquitectura, urbanismo y afines","Hora extra nocturna ","NA","Platino","Zona 3","Hora",76118.740000000005,137080.85999999999,108195.86,65902.58,89904.55,130426.55,94460.23,61294.05,null,null,"SMMLV"]
["AgenteProfesionalconexperienciaadicionalEnsitioIngeniería,arquitectura,urbanismoyafinesHoraextranocturna NAOroZona1","IT-BPO-69-76","Agente Profesional con experiencia adicional","En sitio","Ingeniería, arquitectura, urbanismo y afines","Hora extra nocturna ","NA","Oro","Zona 1","Hora",72494.039999999994,137080.85999999999,112661.27,65902.58,87033.83,128167.56,94460.23,60653.47,null,null,"SMMLV"]
["AgenteProfesionalconexperienciaadicionalEnsitioIngeniería,arquitectura,urbanismoyafinesHoraextranocturna NAOroZona2","IT-BPO-69-77","Agente Profesional con experiencia adicional","En sitio","Ingeniería, arquitectura, urbanismo y afines","Hora extra nocturna ","NA","Oro","Zona 2","Hora",72494.039999999994,137080.85999999999,114914.78,65902.58,87680.06,128313.2,94460.23,60653.47,null,null,"SMMLV"]
["AgenteProfesionalconexperienciaadicionalEnsitioIngeniería,arquitectura,urbanismoyafinesHoraextranocturna NAOroZona3","IT-BPO-69-78","Agente Profesional con experiencia adicional","En sitio","Ingeniería, arquitectura, urbanismo y afines","Hora extra nocturna ","NA","Oro","Zona 3","Hora",72494.039999999994,137080.85999999999,117212.09,65902.58,80635.13,128526.72,94460.23,60653.47,null,null,"SMMLV"]
["AgenteProfesionalconexperienciaadicionalEnsitioIngeniería,arquitectura,urbanismoyafinesHoraextradominicalyfestivoNAPlatinoZona1","IT-BPO-69-79","Agente Profesional con experiencia adicional","En sitio","Ingeniería, arquitectura, urbanismo y afines","Hora extra dominical y festivo","NA","Platino","Zona 1","Hora",86992.84,195828.71,118851.3,75127.95,110545.45,185802.89,139941.07999999999,70050.33,null,null,"SMMLV"]
["AgenteProfesionalconexperienciaadicionalEnsitioIngeniería,arquitectura,urbanismoyafinesHoraextradominicalyfestivoNAPlatinoZona2","IT-BPO-69-80","Agente Profesional con experiencia adicional","En sitio","Ingeniería, arquitectura, urbanismo y afines","Hora extra dominical y festivo","NA","Platino","Zona 2","Hora",86992.84,195828.71,121228.55,75127.95,111495.9,186014.22,139941.07999999999,70050.33,null,null,"SMMLV"]
["AgenteProfesionalconexperienciaadicionalEnsitioIngeniería,arquitectura,urbanismoyafinesHoraextradominicalyfestivoNAPlatinoZona3","IT-BPO-69-81","Agente Profesional con experiencia adicional","En sitio","Ingeniería, arquitectura, urbanismo y afines","Hora extra dominical y festivo","NA","Platino","Zona 3","Hora",86992.84,195828.71,123651.78,75127.95,112129.65,186323.01,139941.07999999999,70050.33,null,null,"SMMLV"]
["AgenteProfesionalconexperienciaadicionalEnsitioIngeniería,arquitectura,urbanismoyafinesHoraextradominicalyfestivoNAOroZona1","IT-BPO-69-82","Agente Profesional con experiencia adicional","En sitio","Ingeniería, arquitectura, urbanismo y afines","Hora extra dominical y festivo","NA","Oro","Zona 1","Hora",72494.039999999994,195828.71,128754.48,75127.95,104383.23,183096.05,139941.07999999999,69318.320000000007,null,null,"SMMLV"]
["AgenteProfesionalconexperienciaadicionalEnsitioIngeniería,arquitectura,urbanismoyafinesHoraextradominicalyfestivoNAOroZona2","IT-BPO-69-83","Agente Profesional con experiencia adicional","En sitio","Ingeniería, arquitectura, urbanismo y afines","Hora extra dominical y festivo","NA","Oro","Zona 2","Hora",72494.039999999994,195828.71,131329.92000000001,75127.95,109323.63,183305.19,139941.07999999999,69318.320000000007,null,null,"SMMLV"]
["AgenteProfesionalconexperienciaadicionalEnsitioIngeniería,arquitectura,urbanismoyafinesHoraextradominicalyfestivoNAOroZona3","IT-BPO-69-84","Agente Profesional con experiencia adicional","En sitio","Ingeniería, arquitectura, urbanismo y afines","Hora extra dominical y festivo","NA","Oro","Zona 3","Hora",72494.039999999994,195828.71,133956.82999999999,75127.95,100611.73,183608.51,139941.07999999999,69318.320000000007,null,null,"SMMLV"]
["AgenteProfesionalconexperienciaadicionalEnsitioIngeniería,arquitectura,urbanismoyafinesServicio7x24NAPlatinoZona1","IT-BPO-69-85","Agente Profesional con experiencia adicional","En sitio","Ingeniería, arquitectura, urbanismo y afines","Servicio 7x24","NA","Platino","Zona 1","Mes 7x24",41345469.899999999,64025330,54670967.280000001,46824833.479999997,52169302.490000002,88766541.829999998,65834596.130000003,40169636.340000004,null,null,"SMMLV"]
["AgenteProfesionalconexperienciaadicionalEnsitioIngeniería,arquitectura,urbanismoyafinesServicio7x24NAPlatinoZona2","IT-BPO-69-86","Agente Profesional con experiencia adicional","En sitio","Ingeniería, arquitectura, urbanismo y afines","Servicio 7x24","NA","Platino","Zona 2","Mes 7x24",41345469.899999999,64102237.32,55764386.100000001,46824833.479999997,52545513.520000003,88855565.329999998,65834596.130000003,40169636.340000004,null,null,"SMMLV"]
["AgenteProfesionalconexperienciaadicionalEnsitioIngeniería,arquitectura,urbanismoyafinesServicio7x24NAPlatinoZona3","IT-BPO-69-87","Agente Profesional con experiencia adicional","En sitio","Ingeniería, arquitectura, urbanismo y afines","Servicio 7x24","NA","Platino","Zona 3","Mes 7x24",41345469.899999999,64204780.789999999,56879673.170000002,46824833.479999997,52796320.060000002,88985054.549999997,65834596.130000003,40169636.340000004,null,null,"SMMLV"]
["AgenteProfesionalconexperienciaadicionalEnsitioIngeniería,arquitectura,urbanismoyafinesServicio7x24NAOroZona1","IT-BPO-69-88","Agente Profesional con experiencia adicional","En sitio","Ingeniería, arquitectura, urbanismo y afines","Servicio 7x24","NA","Oro","Zona 1","Mes 7x24",39376638,63897150.390000001,59226881.219999999,46824833.479999997,51192087.359999999,87473511.079999998,65834596.130000003,39768603.979999997,null,null,"SMMLV"]
["AgenteProfesionalconexperienciaadicionalEnsitioIngeniería,arquitectura,urbanismoyafinesServicio7x24NAOroZona2","IT-BPO-69-89","Agente Profesional con experiencia adicional","En sitio","Ingeniería, arquitectura, urbanismo y afines","Servicio 7x24","NA","Oro","Zona 2","Mes 7x24",39376638,63974057.719999999,60411418.280000001,46824833.479999997,51557549.560000002,87561237,65834596.130000003,39768603.979999997,null,null,"SMMLV"]
["AgenteProfesionalconexperienciaadicionalEnsitioIngeniería,arquitectura,urbanismoyafinesServicio7x24NAOroZona3","IT-BPO-69-90","Agente Profesional con experiencia adicional","En sitio","Ingeniería, arquitectura, urbanismo y afines","Servicio 7x24","NA","Oro","Zona 3","Mes 7x24",39376638,64076601.18,61619646.75,46824833.479999997,51801190.109999999,87688842.829999998,65834596.130000003,39768603.979999997,null,null,"SMMLV"]
["AgenteProfesionalconexperienciaadicionalEnsitioBellasartesyafinesJornadaOrdinaria NAPlatinoZona1","IT-BPO-69-91","Agente Profesional con experiencia adicional","En sitio","Bellas artes y afines","Jornada Ordinaria ","NA","Platino","Zona 1","Mes",9134248.6600000001,16356392.779999999,13667742.92,10387501.789999999,12308731.66,15607370.07,14242343.92,9835656.7200000007,null,null,"SMMLV"]
["AgenteProfesionalconexperienciaadicionalEnsitioBellasartesyafinesJornadaOrdinaria NAPlatinoZona2","IT-BPO-69-92","Agente Profesional con experiencia adicional","En sitio","Bellas artes y afines","Jornada Ordinaria ","NA","Platino","Zona 2","Mes",9134248.6600000001,16383211.52,13941096.529999999,10387501.789999999,12077829.140000001,15625174.77,14242343.92,9835656.7200000007,null,null,"SMMLV"]
["AgenteProfesionalconexperienciaadicionalEnsitioBellasartesyafinesJornadaOrdinaria NAPlatinoZona3","IT-BPO-69-93","Agente Profesional con experiencia adicional","En sitio","Bellas artes y afines","Jornada Ordinaria ","NA","Platino","Zona 3","Mes",9134248.6600000001,16418970.93,14219919.66,10387501.789999999,12132548.68,15651073.710000001,14242343.92,9835656.7200000007,null,null,"SMMLV"]
["AgenteProfesionalconexperienciaadicionalEnsitioBellasartesyafinesJornadaOrdinaria NAOroZona1","IT-BPO-69-94","Agente Profesional con experiencia adicional","En sitio","Bellas artes y afines","Jornada Ordinaria ","NA","Oro","Zona 1","Mes",8699284.4399999995,16311694.880000001,14806721.4,10387501.789999999,11776031.869999999,15380022.890000001,14242343.92,9749645.8900000006,null,null,"SMMLV"]
["AgenteProfesionalconexperienciaadicionalEnsitioBellasartesyafinesJornadaOrdinaria NAOroZona2","IT-BPO-69-95","Agente Profesional con experiencia adicional","En sitio","Bellas artes y afines","Jornada Ordinaria ","NA","Oro","Zona 2","Mes",8699284.4399999995,16338513.619999999,15102855.390000001,10387501.789999999,11855766.390000001,15397569.17,14242343.92,9749645.8900000006,null,null,"SMMLV"]
["AgenteProfesionalconexperienciaadicionalEnsitioBellasartesyafinesJornadaOrdinaria NAOroZona3","IT-BPO-69-96","Agente Profesional con experiencia adicional","En sitio","Bellas artes y afines","Jornada Ordinaria ","NA","Oro","Zona 3","Mes",8699284.4399999995,16374271.939999999,15404913.33,10387501.789999999,11908922.52,15423089.24,14242343.92,9749645.8900000006,null,null,"SMMLV"]
["AgenteProfesionalconexperienciaadicionalEnsitioBellasartesyafinesHoraextradiurnaNAPlatinoZona1","IT-BPO-69-97","Agente Profesional con experiencia adicional","En sitio","Bellas artes y afines","Hora extra diurna","NA","Platino","Zona 1","Hora",54370.53,97914.9,74282.61,47451.83,63513.78,92901.99,87463.17,43781.49,null,null,"SMMLV"]
["AgenteProfesionalconexperienciaadicionalEnsitioBellasartesyafinesHoraextradiurnaNAPlatinoZona2","IT-BPO-69-98","Agente Profesional con experiencia adicional","En sitio","Bellas artes y afines","Hora extra diurna","NA","Platino","Zona 2","Hora",54370.53,97914.9,75767.429999999993,47451.83,63988.83,93007.11,87463.17,43781.49,null,null,"SMMLV"]
["AgenteProfesionalconexperienciaadicionalEnsitioBellasartesyafinesHoraextradiurnaNAPlatinoZona3","IT-BPO-69-99","Agente Profesional con experiencia adicional","En sitio","Bellas artes y afines","Hora extra diurna","NA","Platino","Zona 3","Hora",54370.53,97914.9,77284.009999999995,47451.83,64305.88,93161.51,87463.17,43781.49,null,null,"SMMLV"]
["AgenteProfesionalconexperienciaadicionalEnsitioBellasartesyafinesHoraextradiurnaNAOroZona1","IT-BPO-69-100","Agente Profesional con experiencia adicional","En sitio","Bellas artes y afines","Hora extra diurna","NA","Oro","Zona 1","Hora",51781.46,97914.9,80471.55,47451.83,67084.88,91548.57,87463.17,43323.89,null,null,"SMMLV"]
["AgenteProfesionalconexperienciaadicionalEnsitioBellasartesyafinesHoraextradiurnaNAOroZona2","IT-BPO-69-101","Agente Profesional con experiencia adicional","En sitio","Bellas artes y afines","Hora extra diurna","NA","Oro","Zona 2","Hora",51781.46,97914.9,82081.2,47451.83,72963.23,91652.6,87463.17,43323.89,null,null,"SMMLV"]
["AgenteProfesionalconexperienciaadicionalEnsitioBellasartesyafinesHoraextradiurnaNAOroZona3","IT-BPO-69-102","Agente Profesional con experiencia adicional","En sitio","Bellas artes y afines","Hora extra diurna","NA","Oro","Zona 3","Hora",51781.46,97914.9,83723.7,47451.83,57903.92,91804.800000000003,87463.17,43323.89,null,null,"SMMLV"]
["AgenteProfesionalconexperienciaadicionalEnsitioBellasartesyafinesHoraextranocturna NAPlatinoZona1","IT-BPO-69-103","Agente Profesional con experiencia adicional","En sitio","Bellas artes y afines","Hora extra nocturna ","NA","Platino","Zona 1","Hora",76118.740000000005,137080.85999999999,103994.34,65902.58,88795.4,130061.91,94460.23,61294.05,null,null,"SMMLV"]
["AgenteProfesionalconexperienciaadicionalEnsitioBellasartesyafinesHoraextranocturna NAPlatinoZona2","IT-BPO-69-104","Agente Profesional con experiencia adicional","En sitio","Bellas artes y afines","Hora extra nocturna ","NA","Platino","Zona 2","Hora",76118.740000000005,137080.85999999999,106074.84,65902.58,89461.03,130210.83,94460.23,61294.05,null,null,"SMMLV"]
["AgenteProfesionalconexperienciaadicionalEnsitioBellasartesyafinesHoraextranocturna NAPlatinoZona3","IT-BPO-69-105","Agente Profesional con experiencia adicional","En sitio","Bellas artes y afines","Hora extra nocturna ","NA","Platino","Zona 3","Hora",76118.740000000005,137080.85999999999,108195.86,65902.58,84757.19,130426.55,94460.23,61294.05,null,null,"SMMLV"]
["AgenteProfesionalconexperienciaadicionalEnsitioBellasartesyafinesHoraextranocturna NAOroZona1","IT-BPO-69-106","Agente Profesional con experiencia adicional","En sitio","Bellas artes y afines","Hora extra nocturna ","NA","Oro","Zona 1","Hora",72494.039999999994,137080.85999999999,112661.27,65902.58,87033.83,128167.56,94460.23,60653.47,null,null,"SMMLV"]
["AgenteProfesionalconexperienciaadicionalEnsitioBellasartesyafinesHoraextranocturna NAOroZona2","IT-BPO-69-107","Agente Profesional con experiencia adicional","En sitio","Bellas artes y afines","Hora extra nocturna ","NA","Oro","Zona 2","Hora",72494.039999999994,137080.85999999999,114914.78,65902.58,87680.06,128313.2,94460.23,60653.47,null,null,"SMMLV"]
["AgenteProfesionalconexperienciaadicionalEnsitioBellasartesyafinesHoraextranocturna NAOroZona3","IT-BPO-69-108","Agente Profesional con experiencia adicional","En sitio","Bellas artes y afines","Hora extra nocturna ","NA","Oro","Zona 3","Hora",72494.039999999994,137080.85999999999,117212.09,65902.58,80635.13,128526.72,94460.23,60653.47,null,null,"SMMLV"]
["AgenteProfesionalconexperienciaadicionalEnsitioBellasartesyafinesHoraextradominicalyfestivoNAPlatinoZona1","IT-BPO-69-109","Agente Profesional con experiencia adicional","En sitio","Bellas artes y afines","Hora extra dominical y festivo","NA","Platino","Zona 1","Hora",86992.84,195828.71,118851.3,75127.95,110545.45,185802.89,139941.07999999999,70050.33,null,null,"SMMLV"]
["AgenteProfesionalconexperienciaadicionalEnsitioBellasartesyafinesHoraextradominicalyfestivoNAPlatinoZona2","IT-BPO-69-110","Agente Profesional con experiencia adicional","En sitio","Bellas artes y afines","Hora extra dominical y festivo","NA","Platino","Zona 2","Hora",86992.84,195828.71,121228.55,75127.95,101537.8,186014.22,139941.07999999999,70050.33,null,null,"SMMLV"]
["AgenteProfesionalconexperienciaadicionalEnsitioBellasartesyafinesHoraextradominicalyfestivoNAPlatinoZona3","IT-BPO-69-111","Agente Profesional con experiencia adicional","En sitio","Bellas artes y afines","Hora extra dominical y festivo","NA","Platino","Zona 3","Hora",86992.84,195828.71,123651.78,75127.95,112129.65,186323.01,139941.07999999999,70050.33,null,null,"SMMLV"]
["AgenteProfesionalconexperienciaadicionalEnsitioBellasartesyafinesHoraextradominicalyfestivoNAOroZona1","IT-BPO-69-112","Agente Profesional con experiencia adicional","En sitio","Bellas artes y afines","Hora extra dominical y festivo","NA","Oro","Zona 1","Hora",72494.039999999994,195828.71,128754.48,75127.95,108400.2,183096.05,139941.07999999999,69318.320000000007,null,null,"SMMLV"]
["AgenteProfesionalconexperienciaadicionalEnsitioBellasartesyafinesHoraextradominicalyfestivoNAOroZona2","IT-BPO-69-113","Agente Profesional con experiencia adicional","En sitio","Bellas artes y afines","Hora extra dominical y festivo","NA","Oro","Zona 2","Hora",72494.039999999994,195828.71,131329.92000000001,75127.95,109323.63,183305.19,139941.07999999999,69318.320000000007,null,null,"SMMLV"]
["AgenteProfesionalconexperienciaadicionalEnsitioBellasartesyafinesHoraextradominicalyfestivoNAOroZona3","IT-BPO-69-114","Agente Profesional con experiencia adicional","En sitio","Bellas artes y afines","Hora extra dominical y festivo","NA","Oro","Zona 3","Hora",72494.039999999994,195828.71,133956.82999999999,75127.95,100611.73,183608.51,139941.07999999999,69318.320000000007,null,null,"SMMLV"]
[{"$f":"SUBSTITUTE(C5826&D5826&E5826&F5826&G5826&H5826&I5826,\" \",\"\")","v":"AgenteProfesionalconexperienciaadicionalEnsitioBellasartesyafinesServicio7x24NAPlatinoZona1"},"IT-BPO-69-115","Agente Profesional con experiencia adicional","En sitio","Bellas artes y afines","Servicio 7x24","NA","Platino","Zona 1","Mes 7x24",41345469.899999999,64025330,54670967.280000001,46824833.479999997,52169302.490000002,88766541.829999998,65834596.130000003,40169636.340000004,null,null,"SMMLV"]
["AgenteProfesionalconexperienciaadicionalEnsitioBellasartesyafinesServicio7x24NAPlatinoZona2","IT-BPO-69-116","Agente Profesional con experiencia adicional","En sitio","Bellas artes y afines","Servicio 7x24","NA","Platino","Zona 2","Mes 7x24",41345469.899999999,64102237.32,55764386.100000001,46824833.479999997,52545513.520000003,88855565.329999998,65834596.130000003,40169636.340000004,null,null,"SMMLV"]
["AgenteProfesionalconexperienciaadicionalEnsitioBellasartesyafinesServicio7x24NAPlatinoZona3","IT-BPO-69-117","Agente Profesional con experiencia adicional","En sitio","Bellas artes y afines","Servicio 7x24","NA","Platino","Zona 3","Mes 7x24",41345469.899999999,64204780.789999999,56879673.170000002,46824833.479999997,52796320.060000002,88985054.549999997,65834596.130000003,40169636.340000004,null,null,"SMMLV"]
["AgenteProfesionalconexperienciaadicionalEnsitioBellasartesyafinesServicio7x24NAOroZona1","IT-BPO-69-118","Agente Profesional con experiencia adicional","En sitio","Bellas artes y afines","Servicio 7x24","NA","Oro","Zona 1","Mes 7x24",39376638,63897150.390000001,59226881.219999999,46824833.479999997,51192087.359999999,87473511.079999998,65834596.130000003,39768603.979999997,null,null,"SMMLV"]
["AgenteProfesionalconexperienciaadicionalEnsitioBellasartesyafinesServicio7x24NAOroZona2","IT-BPO-69-119","Agente Profesional con experiencia adicional","En sitio","Bellas artes y afines","Servicio 7x24","NA","Oro","Zona 2","Mes 7x24",39376638,63974057.719999999,60411418.280000001,46824833.479999997,51557549.560000002,87561237,65834596.130000003,39768603.979999997,null,null,"SMMLV"]
["AgenteProfesionalconexperienciaadicionalEnsitioBellasartesyafinesServicio7x24NAOroZona3","IT-BPO-69-120","Agente Profesional con experiencia adicional","En sitio","Bellas artes y afines","Servicio 7x24","NA","Oro","Zona 3","Mes 7x24",39376638,64076601.18,61619646.75,46824833.479999997,51801190.109999999,87688842.829999998,65834596.130000003,39768603.979999997,null,null,"SMMLV"]
["AgenteProfesionalconexperienciaadicionalEnsitioMatemáticas,cienciasnaturalesyafinesJornadaOrdinaria NAPlatinoZona1","IT-BPO-69-121","Agente Profesional con experiencia adicional","En sitio","Matemáticas, ciencias naturales y afines","Jornada Ordinaria ","NA","Platino","Zona 1","Mes",9134248.6600000001,16356392.779999999,13667742.92,10387501.789999999,11995749.48,15607370.07,14242343.92,9835656.7200000007,null,null,"SMMLV"]
["AgenteProfesionalconexperienciaadicionalEnsitioMatemáticas,cienciasnaturalesyafinesJornadaOrdinaria NAPlatinoZona2","IT-BPO-69-122","Agente Profesional con experiencia adicional","En sitio","Matemáticas, ciencias naturales y afines","Jornada Ordinaria ","NA","Platino","Zona 2","Mes",9134248.6600000001,16383211.52,13941096.529999999,10387501.789999999,12398858.810000001,15625174.77,14242343.92,9835656.7200000007,null,null,"SMMLV"]
["AgenteProfesionalconexperienciaadicionalEnsitioMatemáticas,cienciasnaturalesyafinesJornadaOrdinaria NAPlatinoZona3","IT-BPO-69-123","Agente Profesional con experiencia adicional","En sitio","Matemáticas, ciencias naturales y afines","Jornada Ordinaria ","NA","Platino","Zona 3","Mes",9134248.6600000001,16418970.93,14219919.66,10387501.789999999,12456317.42,15651073.710000001,14242343.92,9835656.7200000007,null,null,"SMMLV"]
["AgenteProfesionalconexperienciaadicionalEnsitioMatemáticas,cienciasnaturalesyafinesJornadaOrdinaria NAOroZona1","IT-BPO-69-124","Agente Profesional con experiencia adicional","En sitio","Matemáticas, ciencias naturales y afines","Jornada Ordinaria ","NA","Oro","Zona 1","Mes",8699284.4399999995,16311694.880000001,14806721.4,10387501.789999999,11776031.869999999,15380022.890000001,14242343.92,9749645.8900000006,null,null,"SMMLV"]
["AgenteProfesionalconexperienciaadicionalEnsitioMatemáticas,cienciasnaturalesyafinesJornadaOrdinaria NAOroZona2","IT-BPO-69-125","Agente Profesional con experiencia adicional","En sitio","Matemáticas, ciencias naturales y afines","Jornada Ordinaria ","NA","Oro","Zona 2","Mes",8699284.4399999995,16338513.619999999,15102855.390000001,10387501.789999999,11855766.390000001,15397569.17,14242343.92,9749645.8900000006,null,null,"SMMLV"]
["AgenteProfesionalconexperienciaadicionalEnsitioMatemáticas,cienciasnaturalesyafinesJornadaOrdinaria NAOroZona3","IT-BPO-69-126","Agente Profesional con experiencia adicional","En sitio","Matemáticas, ciencias naturales y afines","Jornada Ordinaria ","NA","Oro","Zona 3","Mes",8699284.4399999995,16374271.939999999,15404913.33,10387501.789999999,11908922.52,15423089.24,14242343.92,9749645.8900000006,null,null,"SMMLV"]
["AgenteProfesionalconexperienciaadicionalEnsitioMatemáticas,cienciasnaturalesyafinesHoraextradiurnaNAPlatinoZona1","IT-BPO-69-127","Agente Profesional con experiencia adicional","En sitio","Matemáticas, ciencias naturales y afines","Hora extra diurna","NA","Platino","Zona 1","Hora",54370.53,97914.9,74282.61,47451.83,72326.12,92901.99,87463.17,43781.49,null,null,"SMMLV"]
["AgenteProfesionalconexperienciaadicionalEnsitioMatemáticas,cienciasnaturalesyafinesHoraextradiurnaNAPlatinoZona2","IT-BPO-69-128","Agente Profesional con experiencia adicional","En sitio","Matemáticas, ciencias naturales y afines","Hora extra diurna","NA","Platino","Zona 2","Hora",54370.53,97914.9,75767.429999999993,47451.83,63988.83,93007.11,87463.17,43781.49,null,null,"SMMLV"]
["AgenteProfesionalconexperienciaadicionalEnsitioMatemáticas,cienciasnaturalesyafinesHoraextradiurnaNAPlatinoZona3","IT-BPO-69-129","Agente Profesional con experiencia adicional","En sitio","Matemáticas, ciencias naturales y afines","Hora extra diurna","NA","Platino","Zona 3","Hora",54370.53,97914.9,77284.009999999995,47451.83,70042.539999999994,93161.51,87463.17,43781.49,null,null,"SMMLV"]
["AgenteProfesionalconexperienciaadicionalEnsitioMatemáticas,cienciasnaturalesyafinesHoraextradiurnaNAOroZona1","IT-BPO-69-130","Agente Profesional con experiencia adicional","En sitio","Matemáticas, ciencias naturales y afines","Hora extra diurna","NA","Oro","Zona 1","Hora",51781.46,97914.9,80471.55,47451.83,62502.57,91548.57,87463.17,43323.89,null,null,"SMMLV"]
["AgenteProfesionalconexperienciaadicionalEnsitioMatemáticas,cienciasnaturalesyafinesHoraextradiurnaNAOroZona2","IT-BPO-69-131","Agente Profesional con experiencia adicional","En sitio","Matemáticas, ciencias naturales y afines","Hora extra diurna","NA","Oro","Zona 2","Hora",51781.46,97914.9,82081.2,47451.83,68552.89,91652.6,87463.17,43323.89,null,null,"SMMLV"]
["AgenteProfesionalconexperienciaadicionalEnsitioMatemáticas,cienciasnaturalesyafinesHoraextradiurnaNAOroZona3","IT-BPO-69-132","Agente Profesional con experiencia adicional","En sitio","Matemáticas, ciencias naturales y afines","Hora extra diurna","NA","Oro","Zona 3","Hora",51781.46,97914.9,83723.7,47451.83,63093.41,91804.800000000003,87463.17,43323.89,null,null,"SMMLV"]
["AgenteProfesionalconexperienciaadicionalEnsitioMatemáticas,cienciasnaturalesyafinesHoraextranocturna NAPlatinoZona1","IT-BPO-69-133","Agente Profesional con experiencia adicional","En sitio","Matemáticas, ciencias naturales y afines","Hora extra nocturna ","NA","Platino","Zona 1","Hora",76118.740000000005,137080.85999999999,103994.34,65902.58,88795.4,130061.91,94460.23,61294.05,null,null,"SMMLV"]
["AgenteProfesionalconexperienciaadicionalEnsitioMatemáticas,cienciasnaturalesyafinesHoraextranocturna NAPlatinoZona2","IT-BPO-69-134","Agente Profesional con experiencia adicional","En sitio","Matemáticas, ciencias naturales y afines","Hora extra nocturna ","NA","Platino","Zona 2","Hora",76118.740000000005,137080.85999999999,106074.84,65902.58,89461.03,130210.83,94460.23,61294.05,null,null,"SMMLV"]
["AgenteProfesionalconexperienciaadicionalEnsitioMatemáticas,cienciasnaturalesyafinesHoraextranocturna NAPlatinoZona3","IT-BPO-69-135","Agente Profesional con experiencia adicional","En sitio","Matemáticas, ciencias naturales y afines","Hora extra nocturna ","NA","Platino","Zona 3","Hora",76118.740000000005,137080.85999999999,108195.86,65902.58,97763.43,130426.55,94460.23,61294.05,null,null,"SMMLV"]
["AgenteProfesionalconexperienciaadicionalEnsitioMatemáticas,cienciasnaturalesyafinesHoraextranocturna NAOroZona1","IT-BPO-69-136","Agente Profesional con experiencia adicional","En sitio","Matemáticas, ciencias naturales y afines","Hora extra nocturna ","NA","Oro","Zona 1","Hora",72494.039999999994,137080.85999999999,112661.27,65902.58,87033.83,128167.56,94460.23,60653.47,null,null,"SMMLV"]
["AgenteProfesionalconexperienciaadicionalEnsitioMatemáticas,cienciasnaturalesyafinesHoraextranocturna NAOroZona2","IT-BPO-69-137","Agente Profesional con experiencia adicional","En sitio","Matemáticas, ciencias naturales y afines","Hora extra nocturna ","NA","Oro","Zona 2","Hora",72494.039999999994,137080.85999999999,114914.78,65902.58,87680.06,128313.2,94460.23,60653.47,null,null,"SMMLV"]
["AgenteProfesionalconexperienciaadicionalEnsitioMatemáticas,cienciasnaturalesyafinesHoraextranocturna NAOroZona3","IT-BPO-69-138","Agente Profesional con experiencia adicional","En sitio","Matemáticas, ciencias naturales y afines","Hora extra nocturna ","NA","Oro","Zona 3","Hora",72494.039999999994,137080.85999999999,117212.09,65902.58,77627.89,128526.72,94460.23,60653.47,null,null,"SMMLV"]
["AgenteProfesionalconexperienciaadicionalEnsitioMatemáticas,cienciasnaturalesyafinesHoraextradominicalyfestivoNAPlatinoZona1","IT-BPO-69-139","Agente Profesional con experiencia adicional","En sitio","Matemáticas, ciencias naturales y afines","Hora extra dominical y festivo","NA","Platino","Zona 1","Hora",86992.84,195828.71,118851.3,75127.95,110545.45,185802.89,139941.07999999999,70050.33,null,null,"SMMLV"]
["AgenteProfesionalconexperienciaadicionalEnsitioMatemáticas,cienciasnaturalesyafinesHoraextradominicalyfestivoNAPlatinoZona2","IT-BPO-69-140","Agente Profesional con experiencia adicional","En sitio","Matemáticas, ciencias naturales y afines","Hora extra dominical y festivo","NA","Platino","Zona 2","Hora",86992.84,195828.71,121228.55,75127.95,105496.73,186014.22,139941.07999999999,70050.33,null,null,"SMMLV"]
["AgenteProfesionalconexperienciaadicionalEnsitioMatemáticas,cienciasnaturalesyafinesHoraextradominicalyfestivoNAPlatinoZona3","IT-BPO-69-141","Agente Profesional con experiencia adicional","En sitio","Matemáticas, ciencias naturales y afines","Hora extra dominical y festivo","NA","Platino","Zona 3","Hora",86992.84,195828.71,123651.78,75127.95,116163.68,186323.01,139941.07999999999,70050.33,null,null,"SMMLV"]
["AgenteProfesionalconexperienciaadicionalEnsitioMatemáticas,cienciasnaturalesyafinesHoraextradominicalyfestivoNAOroZona1","IT-BPO-69-142","Agente Profesional con experiencia adicional","En sitio","Matemáticas, ciencias naturales y afines","Hora extra dominical y festivo","NA","Oro","Zona 1","Hora",72494.039999999994,195828.71,128754.48,75127.95,123936.27,183096.05,139941.07999999999,69318.320000000007,null,null,"SMMLV"]
["AgenteProfesionalconexperienciaadicionalEnsitioMatemáticas,cienciasnaturalesyafinesHoraextradominicalyfestivoNAOroZona2","IT-BPO-69-143","Agente Profesional con experiencia adicional","En sitio","Matemáticas, ciencias naturales y afines","Hora extra dominical y festivo","NA","Oro","Zona 2","Hora",72494.039999999994,195828.71,131329.92000000001,75127.95,109323.63,183305.19,139941.07999999999,69318.320000000007,null,null,"SMMLV"]
["AgenteProfesionalconexperienciaadicionalEnsitioMatemáticas,cienciasnaturalesyafinesHoraextradominicalyfestivoNAOroZona3","IT-BPO-69-144","Agente Profesional con experiencia adicional","En sitio","Matemáticas, ciencias naturales y afines","Hora extra dominical y festivo","NA","Oro","Zona 3","Hora",72494.039999999994,195828.71,133956.82999999999,75127.95,92187.29,183608.51,139941.07999999999,69318.320000000007,null,null,"SMMLV"]
["AgenteProfesionalconexperienciaadicionalEnsitioMatemáticas,cienciasnaturalesyafinesServicio7x24NAPlatinoZona1","IT-BPO-69-145","Agente Profesional con experiencia adicional","En sitio","Matemáticas, ciencias naturales y afines","Servicio 7x24","NA","Platino","Zona 1","Mes 7x24",41345469.899999999,64025330,54670967.280000001,46824833.479999997,52169302.490000002,88766541.829999998,65834596.130000003,40169636.340000004,null,null,"SMMLV"]
["AgenteProfesionalconexperienciaadicionalEnsitioMatemáticas,cienciasnaturalesyafinesServicio7x24NAPlatinoZona2","IT-BPO-69-146","Agente Profesional con experiencia adicional","En sitio","Matemáticas, ciencias naturales y afines","Servicio 7x24","NA","Platino","Zona 2","Mes 7x24",41345469.899999999,64102237.32,55764386.100000001,46824833.479999997,52545513.520000003,88855565.329999998,65834596.130000003,40169636.340000004,null,null,"SMMLV"]
["AgenteProfesionalconexperienciaadicionalEnsitioMatemáticas,cienciasnaturalesyafinesServicio7x24NAPlatinoZona3","IT-BPO-69-147","Agente Profesional con experiencia adicional","En sitio","Matemáticas, ciencias naturales y afines","Servicio 7x24","NA","Platino","Zona 3","Mes 7x24",41345469.899999999,64204780.789999999,56879673.170000002,46824833.479999997,52796320.060000002,88985054.549999997,65834596.130000003,40169636.340000004,null,null,"SMMLV"]
["AgenteProfesionalconexperienciaadicionalEnsitioMatemáticas,cienciasnaturalesyafinesServicio7x24NAOroZona1","IT-BPO-69-148","Agente Profesional con experiencia adicional","En sitio","Matemáticas, ciencias naturales y afines","Servicio 7x24","NA","Oro","Zona 1","Mes 7x24",39376638,63897150.390000001,59226881.219999999,46824833.479999997,46801946.270000003,87473511.079999998,65834596.130000003,39768603.979999997,null,null,"SMMLV"]
["AgenteProfesionalconexperienciaadicionalEnsitioMatemáticas,cienciasnaturalesyafinesServicio7x24NAOroZona2","IT-BPO-69-149","Agente Profesional con experiencia adicional","En sitio","Matemáticas, ciencias naturales y afines","Servicio 7x24","NA","Oro","Zona 2","Mes 7x24",39376638,63974057.719999999,60411418.280000001,46824833.479999997,51557549.560000002,87561237,65834596.130000003,39768603.979999997,null,null,"SMMLV"]
["AgenteProfesionalconexperienciaadicionalEnsitioMatemáticas,cienciasnaturalesyafinesServicio7x24NAOroZona3","IT-BPO-69-150","Agente Profesional con experiencia adicional","En sitio","Matemáticas, ciencias naturales y afines","Servicio 7x24","NA","Oro","Zona 3","Mes 7x24",39376638,64076601.18,61619646.75,46824833.479999997,51801190.109999999,87688842.829999998,65834596.130000003,39768603.979999997,null,null,"SMMLV"]
["AgenteProfesionalconexperienciaadicionalEnsitioCienciasdelasaludyafinesJornadaOrdinaria NAPlatinoZona1","IT-BPO-69-151","Agente Profesional con experiencia adicional","En sitio","Ciencias de la salud y afines","Jornada Ordinaria ","NA","Platino","Zona 1","Mes",9134248.6600000001,18863005.460000001,17156800.550000001,14127580.5,20088322.219999999,19296046.199999999,14242343.92,12071939.300000001,null,null,"SMMLV"]
["AgenteProfesionalconexperienciaadicionalEnsitioCienciasdelasaludyafinesJornadaOrdinaria NAPlatinoZona2","IT-BPO-69-152","Agente Profesional con experiencia adicional","En sitio","Ciencias de la salud y afines","Jornada Ordinaria ","NA","Platino","Zona 2","Mes",9134248.6600000001,18889824.199999999,17499937.41,14127580.5,20088322.219999999,19313850.899999999,14242343.92,12071939.300000001,null,null,"SMMLV"]
["AgenteProfesionalconexperienciaadicionalEnsitioCienciasdelasaludyafinesJornadaOrdinaria NAPlatinoZona3","IT-BPO-69-153","Agente Profesional con experiencia adicional","En sitio","Ciencias de la salud y afines","Jornada Ordinaria ","NA","Platino","Zona 3","Mes",9134248.6600000001,18925583.609999999,17849935.550000001,14127580.5,20088322.219999999,19339748.75,14242343.92,12071939.300000001,null,null,"SMMLV"]
["AgenteProfesionalconexperienciaadicionalEnsitioCienciasdelasaludyafinesJornadaOrdinaria NAOroZona1","IT-BPO-69-154","Agente Profesional con experiencia adicional","En sitio","Ciencias de la salud y afines","Jornada Ordinaria ","NA","Oro","Zona 1","Mes",8699284.4399999995,18818307.559999999,18586534.379999999,14127580.5,20088322.219999999,19014967.370000001,14242343.92,11985928.359999999,null,null,"SMMLV"]
["AgenteProfesionalconexperienciaadicionalEnsitioCienciasdelasaludyafinesJornadaOrdinaria NAOroZona2","IT-BPO-69-155","Agente Profesional con experiencia adicional","En sitio","Ciencias de la salud y afines","Jornada Ordinaria ","NA","Oro","Zona 2","Mes",8699284.4399999995,18845126.300000001,18958264.98,14127580.5,20088322.219999999,19032512.550000001,14242343.92,11985928.359999999,null,null,"SMMLV"]
["AgenteProfesionalconexperienciaadicionalEnsitioCienciasdelasaludyafinesJornadaOrdinaria NAOroZona3","IT-BPO-69-156","Agente Profesional con experiencia adicional","En sitio","Ciencias de la salud y afines","Jornada Ordinaria ","NA","Oro","Zona 3","Mes",8699284.4399999995,18880884.620000001,19337430.629999999,14127580.5,20088322.219999999,19058033.719999999,14242343.92,11985928.359999999,null,null,"SMMLV"]
["AgenteProfesionalconexperienciaadicionalEnsitioCienciasdelasaludyafinesHoraextradiurnaNAPlatinoZona1","IT-BPO-69-157","Agente Profesional con experiencia adicional","En sitio","Ciencias de la salud y afines","Hora extra diurna","NA","Platino","Zona 1","Hora",54370.53,114233.69,93243.63,66931.88,75925.320000000007,114857.84,87463.17,55676.59,null,null,"SMMLV"]
["AgenteProfesionalconexperienciaadicionalEnsitioCienciasdelasaludyafinesHoraextradiurnaNAPlatinoZona2","IT-BPO-69-158","Agente Profesional con experiencia adicional","En sitio","Ciencias de la salud y afines","Hora extra diurna","NA","Platino","Zona 2","Hora",54370.53,114233.69,95108.42,66931.88,89342.85,114964.05,87463.17,55676.59,null,null,"SMMLV"]
["AgenteProfesionalconexperienciaadicionalEnsitioCienciasdelasaludyafinesHoraextradiurnaNAPlatinoZona3","IT-BPO-69-159","Agente Profesional con experiencia adicional","En sitio","Ciencias de la salud y afines","Hora extra diurna","NA","Platino","Zona 3","Hora",54370.53,114233.69,97011.53,66931.88,89701.82,115118.45,87463.17,55676.59,null,null,"SMMLV"]
["AgenteProfesionalconexperienciaadicionalEnsitioCienciasdelasaludyafinesHoraextradiurnaNAOroZona1","IT-BPO-69-160","Agente Profesional con experiencia adicional","En sitio","Ciencias de la salud y afines","Hora extra diurna","NA","Oro","Zona 1","Hora",51781.46,114233.69,101014.85,66931.88,87069.43,113184.68,87463.17,55219.1,null,null,"SMMLV"]
["AgenteProfesionalconexperienciaadicionalEnsitioCienciasdelasaludyafinesHoraextradiurnaNAOroZona2","IT-BPO-69-161","Agente Profesional con experiencia adicional","En sitio","Ciencias de la salud y afines","Hora extra diurna","NA","Oro","Zona 2","Hora",51781.46,114233.69,103035.12,66931.88,87591.95,113289.8,87463.17,55219.1,null,null,"SMMLV"]
["AgenteProfesionalconexperienciaadicionalEnsitioCienciasdelasaludyafinesHoraextradiurnaNAOroZona3","IT-BPO-69-162","Agente Profesional con experiencia adicional","En sitio","Ciencias de la salud y afines","Hora extra diurna","NA","Oro","Zona 3","Hora",51781.46,114233.69,105094.82,66931.88,76977.91,113440.91,87463.17,55219.1,null,null,"SMMLV"]
["AgenteProfesionalconexperienciaadicionalEnsitioCienciasdelasaludyafinesHoraextranocturna NAPlatinoZona1","IT-BPO-69-163","Agente Profesional con experiencia adicional","En sitio","Ciencias de la salud y afines","Hora extra nocturna ","NA","Platino","Zona 1","Hora",76118.740000000005,159926.94,130541.52,93174.65,123856.92,160800.75,94460.23,77947.14,null,null,"SMMLV"]
["AgenteProfesionalconexperienciaadicionalEnsitioCienciasdelasaludyafinesHoraextranocturna NAPlatinoZona2","IT-BPO-69-164","Agente Profesional con experiencia adicional","En sitio","Ciencias de la salud y afines","Hora extra nocturna ","NA","Platino","Zona 2","Hora",76118.740000000005,159926.94,133153.1,93174.65,124610.21,160949.67000000001,94460.23,77947.14,null,null,"SMMLV"]
["AgenteProfesionalconexperienciaadicionalEnsitioCienciasdelasaludyafinesHoraextranocturna NAPlatinoZona3","IT-BPO-69-165","Agente Profesional con experiencia adicional","En sitio","Ciencias de la salud y afines","Hora extra nocturna ","NA","Platino","Zona 3","Hora",76118.740000000005,159926.94,135815.04000000001,93174.65,125112.64,161165.39000000001,94460.23,77947.14,null,null,"SMMLV"]
["AgenteProfesionalconexperienciaadicionalEnsitioCienciasdelasaludyafinesHoraextranocturna NAOroZona1","IT-BPO-69-166","Agente Profesional con experiencia adicional","En sitio","Ciencias de la salud y afines","Hora extra nocturna ","NA","Oro","Zona 1","Hora",72494.039999999994,159926.94,141420.35,93174.65,121565.83,158458.54999999999,94460.23,77306.67,null,null,"SMMLV"]
["AgenteProfesionalconexperienciaadicionalEnsitioCienciasdelasaludyafinesHoraextranocturna NAOroZona2","IT-BPO-69-167","Agente Profesional con experiencia adicional","En sitio","Ciencias de la salud y afines","Hora extra nocturna ","NA","Oro","Zona 2","Hora",72494.039999999994,159926.94,144248.73000000001,93174.65,122297.64,158605.28,94460.23,77306.67,null,null,"SMMLV"]
["AgenteProfesionalconexperienciaadicionalEnsitioCienciasdelasaludyafinesHoraextranocturna NAOroZona3","IT-BPO-69-168","Agente Profesional con experiencia adicional","En sitio","Ciencias de la salud y afines","Hora extra nocturna ","NA","Oro","Zona 3","Hora",72494.039999999994,159926.94,147134.06,93174.65,112367.97,158817.71,94460.23,77306.67,null,null,"SMMLV"]
["AgenteProfesionalconexperienciaadicionalEnsitioCienciasdelasaludyafinesHoraextradominicalyfestivoNAPlatinoZona1","IT-BPO-69-169","Agente Profesional con experiencia adicional","En sitio","Ciencias de la salud y afines","Hora extra dominical y festivo","NA","Platino","Zona 1","Hora",86992.84,228467.37,149191.56,106296.03,152195.78,229715.67,139941.07999999999,89082.52,null,null,"SMMLV"]
["AgenteProfesionalconexperienciaadicionalEnsitioCienciasdelasaludyafinesHoraextradominicalyfestivoNAPlatinoZona2","IT-BPO-69-170","Agente Profesional con experiencia adicional","En sitio","Ciencias de la salud y afines","Hora extra dominical y festivo","NA","Platino","Zona 2","Hora",86992.84,228467.37,152174.34,106296.03,153271.66,229927.01,139941.07999999999,89082.52,null,null,"SMMLV"]
["AgenteProfesionalconexperienciaadicionalEnsitioCienciasdelasaludyafinesHoraextradominicalyfestivoNAPlatinoZona3","IT-BPO-69-171","Agente Profesional con experiencia adicional","En sitio","Ciencias de la salud y afines","Hora extra dominical y festivo","NA","Platino","Zona 3","Hora",86992.84,228467.37,155217.35,106296.03,153989.26999999999,230235.8,139941.07999999999,89082.52,null,null,"SMMLV"]
["AgenteProfesionalconexperienciaadicionalEnsitioCienciasdelasaludyafinesHoraextradominicalyfestivoNAOroZona1","IT-BPO-69-172","Agente Profesional con experiencia adicional","En sitio","Ciencias de la salud y afines","Hora extra dominical y festivo","NA","Oro","Zona 1","Hora",72494.039999999994,228467.37,161623.1,106296.03,139053.04,226369.35,139941.07999999999,88350.51,null,null,"SMMLV"]
["AgenteProfesionalconexperienciaadicionalEnsitioCienciasdelasaludyafinesHoraextradominicalyfestivoNAOroZona2","IT-BPO-69-173","Agente Profesional con experiencia adicional","En sitio","Ciencias de la salud y afines","Hora extra dominical y festivo","NA","Oro","Zona 2","Hora",72494.039999999994,228467.37,164855.54,106296.03,150467.04999999999,226578.5,139941.07999999999,88350.51,null,null,"SMMLV"]
["AgenteProfesionalconexperienciaadicionalEnsitioCienciasdelasaludyafinesHoraextradominicalyfestivoNAOroZona3","IT-BPO-69-174","Agente Profesional con experiencia adicional","En sitio","Ciencias de la salud y afines","Hora extra dominical y festivo","NA","Oro","Zona 3","Hora",72494.039999999994,228467.37,168152.58,106296.03,138338.6,226881.81,139941.07999999999,88350.51,null,null,"SMMLV"]
["AgenteProfesionalconexperienciaadicionalEnsitioCienciasdelasaludyafinesServicio7x24NAPlatinoZona1","IT-BPO-69-175","Agente Profesional con experiencia adicional","En sitio","Ciencias de la salud y afines","Servicio 7x24","NA","Platino","Zona 1","Mes 7x24",41345469.899999999,74051780.719999999,68627201.090000004,65507415.780000001,71517015.269999996,109892343.98,65834596.130000003,50596477.210000001,null,null,"SMMLV"]
["AgenteProfesionalconexperienciaadicionalEnsitioCienciasdelasaludyafinesServicio7x24NAPlatinoZona2","IT-BPO-69-176","Agente Profesional con experiencia adicional","En sitio","Ciencias de la salud y afines","Servicio 7x24","NA","Platino","Zona 2","Mes 7x24",41345469.899999999,74128688.040000007,69999746.359999999,65507415.780000001,71945925.390000001,109981367.48,65834596.130000003,50596477.210000001,null,null,"SMMLV"]
["AgenteProfesionalconexperienciaadicionalEnsitioCienciasdelasaludyafinesServicio7x24NAPlatinoZona3","IT-BPO-69-177","Agente Profesional con experiencia adicional","En sitio","Ciencias de la salud y afines","Servicio 7x24","NA","Platino","Zona 3","Mes 7x24",41345469.899999999,74231231.510000005,71399739.989999995,65507415.780000001,72231864.790000007,110110856.7,65834596.130000003,50596477.210000001,null,null,"SMMLV"]
["AgenteProfesionalconexperienciaadicionalEnsitioCienciasdelasaludyafinesServicio7x24NAOroZona1","IT-BPO-69-178","Agente Profesional con experiencia adicional","En sitio","Ciencias de la salud y afines","Servicio 7x24","NA","Oro","Zona 1","Mes 7x24",39376638,73923601.109999999,74346135.329999998,65507415.780000001,60960163.469999999,108291579.90000001,65834596.130000003,50195444.850000001,null,null,"SMMLV"]
[{"$f":"SUBSTITUTE(C5890&D5890&E5890&F5890&G5890&H5890&I5890,\" \",\"\")","v":"AgenteProfesionalconexperienciaadicionalEnsitioCienciasdelasaludyafinesServicio7x24NAOroZona2"},"IT-BPO-69-179","Agente Profesional con experiencia adicional","En sitio","Ciencias de la salud y afines","Servicio 7x24","NA","Oro","Zona 2","Mes 7x24",39376638,74000508.439999998,75833057.730000004,65507415.780000001,70633575.790000007,108379305.83,65834596.130000003,50195444.850000001,null,null,"SMMLV"]
["AgenteProfesionalconexperienciaadicionalEnsitioCienciasdelasaludyafinesServicio7x24NAOroZona3","IT-BPO-69-180","Agente Profesional con experiencia adicional","En sitio","Ciencias de la salud y afines","Servicio 7x24","NA","Oro","Zona 3","Mes 7x24",39376638,74103051.900000006,77349719.239999995,65507415.780000001,63583784.909999996,108506911.65000001,65834596.130000003,50195444.850000001,null,null,"SMMLV"]
["AgenteProfesionalconexperienciaadicionalEnsitioAgronomía,veterinariayafinesJornadaOrdinaria NAPlatinoZona1","IT-BPO-69-181","Agente Profesional con experiencia adicional","En sitio","Agronomía, veterinaria y afines","Jornada Ordinaria ","NA","Platino","Zona 1","Mes",9134248.6600000001,16356392.779999999,13667742.92,10387501.789999999,11995749.48,15607370.07,14242343.92,9835656.7200000007,null,null,"SMMLV"]
["AgenteProfesionalconexperienciaadicionalEnsitioAgronomía,veterinariayafinesJornadaOrdinaria NAPlatinoZona2","IT-BPO-69-182","Agente Profesional con experiencia adicional","En sitio","Agronomía, veterinaria y afines","Jornada Ordinaria ","NA","Platino","Zona 2","Mes",9134248.6600000001,16383211.52,13941096.529999999,10387501.789999999,12077829.140000001,15625174.77,14242343.92,9835656.7200000007,null,null,"SMMLV"]
["AgenteProfesionalconexperienciaadicionalEnsitioAgronomía,veterinariayafinesJornadaOrdinaria NAPlatinoZona3","IT-BPO-69-183","Agente Profesional con experiencia adicional","En sitio","Agronomía, veterinaria y afines","Jornada Ordinaria ","NA","Platino","Zona 3","Mes",9134248.6600000001,16418970.93,14219919.66,10387501.789999999,12132548.68,15651073.710000001,14242343.92,9835656.7200000007,null,null,"SMMLV"]
["AgenteProfesionalconexperienciaadicionalEnsitioAgronomía,veterinariayafinesJornadaOrdinaria NAOroZona1","IT-BPO-69-184","Agente Profesional con experiencia adicional","En sitio","Agronomía, veterinaria y afines","Jornada Ordinaria ","NA","Oro","Zona 1","Mes",8699284.4399999995,16311694.880000001,14806721.4,10387501.789999999,11776031.869999999,15380022.890000001,14242343.92,9749645.8900000006,null,null,"SMMLV"]
["AgenteProfesionalconexperienciaadicionalEnsitioAgronomía,veterinariayafinesJornadaOrdinaria NAOroZona2","IT-BPO-69-185","Agente Profesional con experiencia adicional","En sitio","Agronomía, veterinaria y afines","Jornada Ordinaria ","NA","Oro","Zona 2","Mes",8699284.4399999995,16338513.619999999,15102855.390000001,10387501.789999999,11855766.390000001,15397569.17,14242343.92,9749645.8900000006,null,null,"SMMLV"]
["AgenteProfesionalconexperienciaadicionalEnsitioAgronomía,veterinariayafinesJornadaOrdinaria NAOroZona3","IT-BPO-69-186","Agente Profesional con experiencia adicional","En sitio","Agronomía, veterinaria y afines","Jornada Ordinaria ","NA","Oro","Zona 3","Mes",8699284.4399999995,16374271.939999999,15404913.33,10387501.789999999,11908922.52,15423089.24,14242343.92,9749645.8900000006,null,null,"SMMLV"]
["AgenteProfesionalconexperienciaadicionalEnsitioAgronomía,veterinariayafinesHoraextradiurnaNAPlatinoZona1","IT-BPO-69-187","Agente Profesional con experiencia adicional","En sitio","Agronomía, veterinaria y afines","Hora extra diurna","NA","Platino","Zona 1","Hora",54370.53,97914.9,74282.61,47451.83,63513.78,92901.99,87463.17,43781.49,null,null,"SMMLV"]
["AgenteProfesionalconexperienciaadicionalEnsitioAgronomía,veterinariayafinesHoraextradiurnaNAPlatinoZona2","IT-BPO-69-188","Agente Profesional con experiencia adicional","En sitio","Agronomía, veterinaria y afines","Hora extra diurna","NA","Platino","Zona 2","Hora",54370.53,97914.9,75767.429999999993,47451.83,63988.83,93007.11,87463.17,43781.49,null,null,"SMMLV"]
["AgenteProfesionalconexperienciaadicionalEnsitioAgronomía,veterinariayafinesHoraextradiurnaNAPlatinoZona3","IT-BPO-69-189","Agente Profesional con experiencia adicional","En sitio","Agronomía, veterinaria y afines","Hora extra diurna","NA","Platino","Zona 3","Hora",54370.53,97914.9,77284.009999999995,47451.83,64305.88,93161.51,87463.17,43781.49,null,null,"SMMLV"]
["AgenteProfesionalconexperienciaadicionalEnsitioAgronomía,veterinariayafinesHoraextradiurnaNAOroZona1","IT-BPO-69-190","Agente Profesional con experiencia adicional","En sitio","Agronomía, veterinaria y afines","Hora extra diurna","NA","Oro","Zona 1","Hora",51781.46,97914.9,80471.55,47451.83,62502.57,91548.57,87463.17,43323.89,null,null,"SMMLV"]
["AgenteProfesionalconexperienciaadicionalEnsitioAgronomía,veterinariayafinesHoraextradiurnaNAOroZona2","IT-BPO-69-191","Agente Profesional con experiencia adicional","En sitio","Agronomía, veterinaria y afines","Hora extra diurna","NA","Oro","Zona 2","Hora",51781.46,97914.9,82081.2,47451.83,62964.45,91652.6,87463.17,43323.89,null,null,"SMMLV"]
["AgenteProfesionalconexperienciaadicionalEnsitioAgronomía,veterinariayafinesHoraextradiurnaNAOroZona3","IT-BPO-69-192","Agente Profesional con experiencia adicional","En sitio","Agronomía, veterinaria y afines","Hora extra diurna","NA","Oro","Zona 3","Hora",51781.46,97914.9,83723.7,47451.83,57903.92,91804.800000000003,87463.17,43323.89,null,null,"SMMLV"]
["AgenteProfesionalconexperienciaadicionalEnsitioAgronomía,veterinariayafinesHoraextranocturna NAPlatinoZona1","IT-BPO-69-193","Agente Profesional con experiencia adicional","En sitio","Agronomía, veterinaria y afines","Hora extra nocturna ","NA","Platino","Zona 1","Hora",76118.740000000005,137080.85999999999,103994.34,65902.58,88795.4,130061.91,94460.23,61294.05,null,null,"SMMLV"]
["AgenteProfesionalconexperienciaadicionalEnsitioAgronomía,veterinariayafinesHoraextranocturna NAPlatinoZona2","IT-BPO-69-194","Agente Profesional con experiencia adicional","En sitio","Agronomía, veterinaria y afines","Hora extra nocturna ","NA","Platino","Zona 2","Hora",76118.740000000005,137080.85999999999,106074.84,65902.58,89461.03,130210.83,94460.23,61294.05,null,null,"SMMLV"]
["AgenteProfesionalconexperienciaadicionalEnsitioAgronomía,veterinariayafinesHoraextranocturna NAPlatinoZona3","IT-BPO-69-195","Agente Profesional con experiencia adicional","En sitio","Agronomía, veterinaria y afines","Hora extra nocturna ","NA","Platino","Zona 3","Hora",76118.740000000005,137080.85999999999,108195.86,65902.58,89904.55,130426.55,94460.23,61294.05,null,null,"SMMLV"]
["AgenteProfesionalconexperienciaadicionalEnsitioAgronomía,veterinariayafinesHoraextranocturna NAOroZona1","IT-BPO-69-196","Agente Profesional con experiencia adicional","En sitio","Agronomía, veterinaria y afines","Hora extra nocturna ","NA","Oro","Zona 1","Hora",72494.039999999994,137080.85999999999,112661.27,65902.58,101228.83,128167.56,94460.23,60653.47,null,null,"SMMLV"]
["AgenteProfesionalconexperienciaadicionalEnsitioAgronomía,veterinariayafinesHoraextranocturna NAOroZona2","IT-BPO-69-197","Agente Profesional con experiencia adicional","En sitio","Agronomía, veterinaria y afines","Hora extra nocturna ","NA","Oro","Zona 2","Hora",72494.039999999994,137080.85999999999,114914.78,65902.58,87680.06,128313.2,94460.23,60653.47,null,null,"SMMLV"]
["AgenteProfesionalconexperienciaadicionalEnsitioAgronomía,veterinariayafinesHoraextranocturna NAOroZona3","IT-BPO-69-198","Agente Profesional con experiencia adicional","En sitio","Agronomía, veterinaria y afines","Hora extra nocturna ","NA","Oro","Zona 3","Hora",72494.039999999994,137080.85999999999,117212.09,65902.58,80635.13,128526.72,94460.23,60653.47,null,null,"SMMLV"]
["AgenteProfesionalconexperienciaadicionalEnsitioAgronomía,veterinariayafinesHoraextradominicalyfestivoNAPlatinoZona1","IT-BPO-69-199","Agente Profesional con experiencia adicional","En sitio","Agronomía, veterinaria y afines","Hora extra dominical y festivo","NA","Platino","Zona 1","Hora",86992.84,195828.71,118851.3,75127.95,115376.11,185802.89,139941.07999999999,70050.33,null,null,"SMMLV"]
["AgenteProfesionalconexperienciaadicionalEnsitioAgronomía,veterinariayafinesHoraextradominicalyfestivoNAPlatinoZona2","IT-BPO-69-200","Agente Profesional con experiencia adicional","En sitio","Agronomía, veterinaria y afines","Hora extra dominical y festivo","NA","Platino","Zona 2","Hora",86992.84,195828.71,121228.55,75127.95,98952.31,186014.22,139941.07999999999,70050.33,null,null,"SMMLV"]
["AgenteProfesionalconexperienciaadicionalEnsitioAgronomía,veterinariayafinesHoraextradominicalyfestivoNAPlatinoZona3","IT-BPO-69-201","Agente Profesional con experiencia adicional","En sitio","Agronomía, veterinaria y afines","Hora extra dominical y festivo","NA","Platino","Zona 3","Hora",86992.84,195828.71,123651.78,75127.95,112129.65,186323.01,139941.07999999999,70050.33,null,null,"SMMLV"]
["AgenteProfesionalconexperienciaadicionalEnsitioAgronomía,veterinariayafinesHoraextradominicalyfestivoNAOroZona1","IT-BPO-69-202","Agente Profesional con experiencia adicional","En sitio","Agronomía, veterinaria y afines","Hora extra dominical y festivo","NA","Oro","Zona 1","Hora",72494.039999999994,195828.71,128754.48,75127.95,108400.2,183096.05,139941.07999999999,69318.320000000007,null,null,"SMMLV"]
["AgenteProfesionalconexperienciaadicionalEnsitioAgronomía,veterinariayafinesHoraextradominicalyfestivoNAOroZona2","IT-BPO-69-203","Agente Profesional con experiencia adicional","En sitio","Agronomía, veterinaria y afines","Hora extra dominical y festivo","NA","Oro","Zona 2","Hora",72494.039999999994,195828.71,131329.92000000001,75127.95,109323.63,183305.19,139941.07999999999,69318.320000000007,null,null,"SMMLV"]
["AgenteProfesionalconexperienciaadicionalEnsitioAgronomía,veterinariayafinesHoraextradominicalyfestivoNAOroZona3","IT-BPO-69-204","Agente Profesional con experiencia adicional","En sitio","Agronomía, veterinaria y afines","Hora extra dominical y festivo","NA","Oro","Zona 3","Hora",72494.039999999994,195828.71,133956.82999999999,75127.95,100611.73,183608.51,139941.07999999999,69318.320000000007,null,null,"SMMLV"]
["AgenteProfesionalconexperienciaadicionalEnsitioAgronomía,veterinariayafinesServicio7x24NAPlatinoZona1","IT-BPO-69-205","Agente Profesional con experiencia adicional","En sitio","Agronomía, veterinaria y afines","Servicio 7x24","NA","Platino","Zona 1","Mes 7x24",41345469.899999999,64025330,54670967.280000001,46824833.479999997,52169302.490000002,88766541.829999998,65834596.130000003,40169636.340000004,null,null,"SMMLV"]
["AgenteProfesionalconexperienciaadicionalEnsitioAgronomía,veterinariayafinesServicio7x24NAPlatinoZona2","IT-BPO-69-206","Agente Profesional con experiencia adicional","En sitio","Agronomía, veterinaria y afines","Servicio 7x24","NA","Platino","Zona 2","Mes 7x24",41345469.899999999,64102237.32,55764386.100000001,46824833.479999997,52545513.520000003,88855565.329999998,65834596.130000003,40169636.340000004,null,null,"SMMLV"]
["AgenteProfesionalconexperienciaadicionalEnsitioAgronomía,veterinariayafinesServicio7x24NAPlatinoZona3","IT-BPO-69-207","Agente Profesional con experiencia adicional","En sitio","Agronomía, veterinaria y afines","Servicio 7x24","NA","Platino","Zona 3","Mes 7x24",41345469.899999999,64204780.789999999,56879673.170000002,46824833.479999997,52796320.060000002,88985054.549999997,65834596.130000003,40169636.340000004,null,null,"SMMLV"]
["AgenteProfesionalconexperienciaadicionalEnsitioAgronomía,veterinariayafinesServicio7x24NAOroZona1","IT-BPO-69-208","Agente Profesional con experiencia adicional","En sitio","Agronomía, veterinaria y afines","Servicio 7x24","NA","Oro","Zona 1","Mes 7x24",39376638,63897150.390000001,59226881.219999999,46824833.479999997,46801946.270000003,87473511.079999998,65834596.130000003,39768603.979999997,null,null,"SMMLV"]
["AgenteProfesionalconexperienciaadicionalEnsitioAgronomía,veterinariayafinesServicio7x24NAOroZona2","IT-BPO-69-209","Agente Profesional con experiencia adicional","En sitio","Agronomía, veterinaria y afines","Servicio 7x24","NA","Oro","Zona 2","Mes 7x24",39376638,63974057.719999999,60411418.280000001,46824833.479999997,46888238.189999998,87561237,65834596.130000003,39768603.979999997,null,null,"SMMLV"]
["AgenteProfesionalconexperienciaadicionalEnsitioAgronomía,veterinariayafinesServicio7x24NAOroZona3","IT-BPO-69-210","Agente Profesional con experiencia adicional","En sitio","Agronomía, veterinaria y afines","Servicio 7x24","NA","Oro","Zona 3","Mes 7x24",39376638,64076601.18,61619646.75,46824833.479999997,51801190.109999999,87688842.829999998,65834596.130000003,39768603.979999997,null,null,"SMMLV"]
["AgenteProfesionalconexperienciaadicionalEnsitioCienciasdelaeducaciónyafinesJornadaOrdinaria NAPlatinoZona1","IT-BPO-69-211","Agente Profesional con experiencia adicional","En sitio","Ciencias de la educación y afines","Jornada Ordinaria ","NA","Platino","Zona 1","Mes",9134248.6600000001,16356392.779999999,13667742.92,10387501.789999999,11995749.48,15607370.07,14242343.92,9835656.7200000007,null,null,"SMMLV"]
["AgenteProfesionalconexperienciaadicionalEnsitioCienciasdelaeducaciónyafinesJornadaOrdinaria NAPlatinoZona2","IT-BPO-69-212","Agente Profesional con experiencia adicional","En sitio","Ciencias de la educación y afines","Jornada Ordinaria ","NA","Platino","Zona 2","Mes",9134248.6600000001,16383211.52,13941096.529999999,10387501.789999999,12077829.140000001,15625174.77,14242343.92,9835656.7200000007,null,null,"SMMLV"]
["AgenteProfesionalconexperienciaadicionalEnsitioCienciasdelaeducaciónyafinesJornadaOrdinaria NAPlatinoZona3","IT-BPO-69-213","Agente Profesional con experiencia adicional","En sitio","Ciencias de la educación y afines","Jornada Ordinaria ","NA","Platino","Zona 3","Mes",9134248.6600000001,16418970.93,14219919.66,10387501.789999999,12132548.68,15651073.710000001,14242343.92,9835656.7200000007,null,null,"SMMLV"]
["AgenteProfesionalconexperienciaadicionalEnsitioCienciasdelaeducaciónyafinesJornadaOrdinaria NAOroZona1","IT-BPO-69-214","Agente Profesional con experiencia adicional","En sitio","Ciencias de la educación y afines","Jornada Ordinaria ","NA","Oro","Zona 1","Mes",8699284.4399999995,16311694.880000001,14806721.4,10387501.789999999,11776031.869999999,15380022.890000001,14242343.92,9749645.8900000006,null,null,"SMMLV"]
["AgenteProfesionalconexperienciaadicionalEnsitioCienciasdelaeducaciónyafinesJornadaOrdinaria NAOroZona2","IT-BPO-69-215","Agente Profesional con experiencia adicional","En sitio","Ciencias de la educación y afines","Jornada Ordinaria ","NA","Oro","Zona 2","Mes",8699284.4399999995,16338513.619999999,15102855.390000001,10387501.789999999,11855766.390000001,15397569.17,14242343.92,9749645.8900000006,null,null,"SMMLV"]
["AgenteProfesionalconexperienciaadicionalEnsitioCienciasdelaeducaciónyafinesJornadaOrdinaria NAOroZona3","IT-BPO-69-216","Agente Profesional con experiencia adicional","En sitio","Ciencias de la educación y afines","Jornada Ordinaria ","NA","Oro","Zona 3","Mes",8699284.4399999995,16374271.939999999,15404913.33,10387501.789999999,11908922.52,15423089.24,14242343.92,9749645.8900000006,null,null,"SMMLV"]
["AgenteProfesionalconexperienciaadicionalEnsitioCienciasdelaeducaciónyafinesHoraextradiurnaNAPlatinoZona1","IT-BPO-69-217","Agente Profesional con experiencia adicional","En sitio","Ciencias de la educación y afines","Hora extra diurna","NA","Platino","Zona 1","Hora",54370.53,97914.9,74282.61,47451.83,63513.78,92901.99,87463.17,43781.49,null,null,"SMMLV"]
["AgenteProfesionalconexperienciaadicionalEnsitioCienciasdelaeducaciónyafinesHoraextradiurnaNAPlatinoZona2","IT-BPO-69-218","Agente Profesional con experiencia adicional","En sitio","Ciencias de la educación y afines","Hora extra diurna","NA","Platino","Zona 2","Hora",54370.53,97914.9,75767.429999999993,47451.83,63988.83,93007.11,87463.17,43781.49,null,null,"SMMLV"]
["AgenteProfesionalconexperienciaadicionalEnsitioCienciasdelaeducaciónyafinesHoraextradiurnaNAPlatinoZona3","IT-BPO-69-219","Agente Profesional con experiencia adicional","En sitio","Ciencias de la educación y afines","Hora extra diurna","NA","Platino","Zona 3","Hora",54370.53,97914.9,77284.009999999995,47451.83,70042.539999999994,93161.51,87463.17,43781.49,null,null,"SMMLV"]
["AgenteProfesionalconexperienciaadicionalEnsitioCienciasdelaeducaciónyafinesHoraextradiurnaNAOroZona1","IT-BPO-69-220","Agente Profesional con experiencia adicional","En sitio","Ciencias de la educación y afines","Hora extra diurna","NA","Oro","Zona 1","Hora",51781.46,97914.9,80471.55,47451.83,59718.78,91548.57,87463.17,43323.89,null,null,"SMMLV"]
["AgenteProfesionalconexperienciaadicionalEnsitioCienciasdelaeducaciónyafinesHoraextradiurnaNAOroZona2","IT-BPO-69-221","Agente Profesional con experiencia adicional","En sitio","Ciencias de la educación y afines","Hora extra diurna","NA","Oro","Zona 2","Hora",51781.46,97914.9,82081.2,47451.83,62964.45,91652.6,87463.17,43323.89,null,null,"SMMLV"]
["AgenteProfesionalconexperienciaadicionalEnsitioCienciasdelaeducaciónyafinesHoraextradiurnaNAOroZona3","IT-BPO-69-222","Agente Profesional con experiencia adicional","En sitio","Ciencias de la educación y afines","Hora extra diurna","NA","Oro","Zona 3","Hora",51781.46,97914.9,83723.7,47451.83,57903.92,91804.800000000003,87463.17,43323.89,null,null,"SMMLV"]
["AgenteProfesionalconexperienciaadicionalEnsitioCienciasdelaeducaciónyafinesHoraextranocturna NAPlatinoZona1","IT-BPO-69-223","Agente Profesional con experiencia adicional","En sitio","Ciencias de la educación y afines","Hora extra nocturna ","NA","Platino","Zona 1","Hora",76118.740000000005,137080.85999999999,103994.34,65902.58,88795.4,130061.91,94460.23,61294.05,null,null,"SMMLV"]
["AgenteProfesionalconexperienciaadicionalEnsitioCienciasdelaeducaciónyafinesHoraextranocturna NAPlatinoZona2","IT-BPO-69-224","Agente Profesional con experiencia adicional","En sitio","Ciencias de la educación y afines","Hora extra nocturna ","NA","Platino","Zona 2","Hora",76118.740000000005,137080.85999999999,106074.84,65902.58,89461.03,130210.83,94460.23,61294.05,null,null,"SMMLV"]
["AgenteProfesionalconexperienciaadicionalEnsitioCienciasdelaeducaciónyafinesHoraextranocturna NAPlatinoZona3","IT-BPO-69-225","Agente Profesional con experiencia adicional","En sitio","Ciencias de la educación y afines","Hora extra nocturna ","NA","Platino","Zona 3","Hora",76118.740000000005,137080.85999999999,108195.86,65902.58,89904.55,130426.55,94460.23,61294.05,null,null,"SMMLV"]
["AgenteProfesionalconexperienciaadicionalEnsitioCienciasdelaeducaciónyafinesHoraextranocturna NAOroZona1","IT-BPO-69-226","Agente Profesional con experiencia adicional","En sitio","Ciencias de la educación y afines","Hora extra nocturna ","NA","Oro","Zona 1","Hora",72494.039999999994,137080.85999999999,112661.27,65902.58,87033.83,128167.56,94460.23,60653.47,null,null,"SMMLV"]
["AgenteProfesionalconexperienciaadicionalEnsitioCienciasdelaeducaciónyafinesHoraextranocturna NAOroZona2","IT-BPO-69-227","Agente Profesional con experiencia adicional","En sitio","Ciencias de la educación y afines","Hora extra nocturna ","NA","Oro","Zona 2","Hora",72494.039999999994,137080.85999999999,114914.78,65902.58,87680.06,128313.2,94460.23,60653.47,null,null,"SMMLV"]
["AgenteProfesionalconexperienciaadicionalEnsitioCienciasdelaeducaciónyafinesHoraextranocturna NAOroZona3","IT-BPO-69-228","Agente Profesional con experiencia adicional","En sitio","Ciencias de la educación y afines","Hora extra nocturna ","NA","Oro","Zona 3","Hora",72494.039999999994,137080.85999999999,117212.09,65902.58,77627.89,128526.72,94460.23,60653.47,null,null,"SMMLV"]
["AgenteProfesionalconexperienciaadicionalEnsitioCienciasdelaeducaciónyafinesHoraextradominicalyfestivoNAPlatinoZona1","IT-BPO-69-229","Agente Profesional con experiencia adicional","En sitio","Ciencias de la educación y afines","Hora extra dominical y festivo","NA","Platino","Zona 1","Hora",86992.84,195828.71,118851.3,75127.95,103519.35,185802.89,139941.07999999999,70050.33,null,null,"SMMLV"]
["AgenteProfesionalconexperienciaadicionalEnsitioCienciasdelaeducaciónyafinesHoraextradominicalyfestivoNAPlatinoZona2","IT-BPO-69-230","Agente Profesional con experiencia adicional","En sitio","Ciencias de la educación y afines","Hora extra dominical y festivo","NA","Platino","Zona 2","Hora",86992.84,195828.71,121228.55,75127.95,101966.42,186014.22,139941.07999999999,70050.33,null,null,"SMMLV"]
["AgenteProfesionalconexperienciaadicionalEnsitioCienciasdelaeducaciónyafinesHoraextradominicalyfestivoNAPlatinoZona3","IT-BPO-69-231","Agente Profesional con experiencia adicional","En sitio","Ciencias de la educación y afines","Hora extra dominical y festivo","NA","Platino","Zona 3","Hora",86992.84,195828.71,123651.78,75127.95,112129.65,186323.01,139941.07999999999,70050.33,null,null,"SMMLV"]
["AgenteProfesionalconexperienciaadicionalEnsitioCienciasdelaeducaciónyafinesHoraextradominicalyfestivoNAOroZona1","IT-BPO-69-232","Agente Profesional con experiencia adicional","En sitio","Ciencias de la educación y afines","Hora extra dominical y festivo","NA","Oro","Zona 1","Hora",72494.039999999994,195828.71,128754.48,75127.95,108400.2,183096.05,139941.07999999999,69318.320000000007,null,null,"SMMLV"]
["AgenteProfesionalconexperienciaadicionalEnsitioCienciasdelaeducaciónyafinesHoraextradominicalyfestivoNAOroZona2","IT-BPO-69-233","Agente Profesional con experiencia adicional","En sitio","Ciencias de la educación y afines","Hora extra dominical y festivo","NA","Oro","Zona 2","Hora",72494.039999999994,195828.71,131329.92000000001,75127.95,109323.63,183305.19,139941.07999999999,69318.320000000007,null,null,"SMMLV"]
["AgenteProfesionalconexperienciaadicionalEnsitioCienciasdelaeducaciónyafinesHoraextradominicalyfestivoNAOroZona3","IT-BPO-69-234","Agente Profesional con experiencia adicional","En sitio","Ciencias de la educación y afines","Hora extra dominical y festivo","NA","Oro","Zona 3","Hora",72494.039999999994,195828.71,133956.82999999999,75127.95,100611.73,183608.51,139941.07999999999,69318.320000000007,null,null,"SMMLV"]
["AgenteProfesionalconexperienciaadicionalEnsitioCienciasdelaeducaciónyafinesServicio7x24NAPlatinoZona1","IT-BPO-69-235","Agente Profesional con experiencia adicional","En sitio","Ciencias de la educación y afines","Servicio 7x24","NA","Platino","Zona 1","Mes 7x24",41345469.899999999,64025330,54670967.280000001,46824833.479999997,56553698.82,88766541.829999998,65834596.130000003,40169636.340000004,null,null,"SMMLV"]
["AgenteProfesionalconexperienciaadicionalEnsitioCienciasdelaeducaciónyafinesServicio7x24NAPlatinoZona2","IT-BPO-69-236","Agente Profesional con experiencia adicional","En sitio","Ciencias de la educación y afines","Servicio 7x24","NA","Platino","Zona 2","Mes 7x24",41345469.899999999,64102237.32,55764386.100000001,46824833.479999997,56553698.82,88855565.329999998,65834596.130000003,40169636.340000004,null,null,"SMMLV"]
["AgenteProfesionalconexperienciaadicionalEnsitioCienciasdelaeducaciónyafinesServicio7x24NAPlatinoZona3","IT-BPO-69-237","Agente Profesional con experiencia adicional","En sitio","Ciencias de la educación y afines","Servicio 7x24","NA","Platino","Zona 3","Mes 7x24",41345469.899999999,64204780.789999999,56879673.170000002,46824833.479999997,56553698.82,88985054.549999997,65834596.130000003,40169636.340000004,null,null,"SMMLV"]
["AgenteProfesionalconexperienciaadicionalEnsitioCienciasdelaeducaciónyafinesServicio7x24NAOroZona1","IT-BPO-69-238","Agente Profesional con experiencia adicional","En sitio","Ciencias de la educación y afines","Servicio 7x24","NA","Oro","Zona 1","Mes 7x24",39376638,63897150.390000001,59226881.219999999,46824833.479999997,56553698.82,87473511.079999998,65834596.130000003,39768603.979999997,null,null,"SMMLV"]
["AgenteProfesionalconexperienciaadicionalEnsitioCienciasdelaeducaciónyafinesServicio7x24NAOroZona2","IT-BPO-69-239","Agente Profesional con experiencia adicional","En sitio","Ciencias de la educación y afines","Servicio 7x24","NA","Oro","Zona 2","Mes 7x24",39376638,63974057.719999999,60411418.280000001,46824833.479999997,56553698.82,87561237,65834596.130000003,39768603.979999997,null,null,"SMMLV"]
["AgenteProfesionalconexperienciaadicionalEnsitioCienciasdelaeducaciónyafinesServicio7x24NAOroZona3","IT-BPO-69-240","Agente Profesional con experiencia adicional","En sitio","Ciencias de la educación y afines","Servicio 7x24","NA","Oro","Zona 3","Mes 7x24",39376638,64076601.18,61619646.75,46824833.479999997,56553698.82,87688842.829999998,65834596.130000003,39768603.979999997,null,null,"SMMLV"]
["AgenteProfesionalconexperienciaadicionalTeletrabajoEconomía,administración,contaduríayafinesJornadaOrdinaria NAPlatinoZona1","IT-BPO-69-241","Agente Profesional con experiencia adicional","Teletrabajo","Economía, administración, contaduría y afines","Jornada Ordinaria ","NA","Platino","Zona 1","Mes",8867304.3100000005,16207836.32,13016897.91,9961229.2400000002,11077858.5,15402347.75,13739537.67,9835656.7200000007,null,null,"SMMLV"]
["AgenteProfesionalconexperienciaadicionalTeletrabajoEconomía,administración,contaduríayafinesJornadaOrdinaria NAPlatinoZona2","IT-BPO-69-242","Agente Profesional con experiencia adicional","Teletrabajo","Economía, administración, contaduría y afines","Jornada Ordinaria ","NA","Platino","Zona 2","Mes",8867304.3100000005,16230711.960000001,13277235.26,9961229.2400000002,10870046.23,15455761.85,13739537.67,9835656.7200000007,null,null,"SMMLV"]
[{"$f":"SUBSTITUTE(C5954&D5954&E5954&F5954&G5954&H5954&I5954,\" \",\"\")","v":"AgenteProfesionalconexperienciaadicionalTeletrabajoEconomía,administración,contaduríayafinesJornadaOrdinaria NAPlatinoZona3"},"IT-BPO-69-243","Agente Profesional con experiencia adicional","Teletrabajo","Economía, administración, contaduría y afines","Jornada Ordinaria ","NA","Platino","Zona 3","Mes",8867304.3100000005,16261212.09,13542780.42,9961229.2400000002,10919293.810000001,15483279.199999999,13739537.67,9835656.7200000007,null,null,"SMMLV"]
["AgenteProfesionalconexperienciaadicionalTeletrabajoEconomía,administración,contaduríayafinesJornadaOrdinaria NAOroZona1","IT-BPO-69-244","Agente Profesional con experiencia adicional","Teletrabajo","Economía, administración, contaduría y afines","Jornada Ordinaria ","NA","Oro","Zona 1","Mes",8445051.7200000007,16169711.699999999,14101638.859999999,9961229.2400000002,10598428.68,15177986.630000001,13739537.67,9749645.8900000006,null,null,"SMMLV"]
["AgenteProfesionalconexperienciaadicionalTeletrabajoEconomía,administración,contaduríayafinesJornadaOrdinaria NAOroZona2","IT-BPO-69-245","Agente Profesional con experiencia adicional","Teletrabajo","Economía, administración, contaduría y afines","Jornada Ordinaria ","NA","Oro","Zona 2","Mes",8445051.7200000007,16192586.25,14383672.529999999,9961229.2400000002,10670189.76,15230623.279999999,13739537.67,9749645.8900000006,null,null,"SMMLV"]
["AgenteProfesionalconexperienciaadicionalTeletrabajoEconomía,administración,contaduríayafinesJornadaOrdinaria NAOroZona3","IT-BPO-69-246","Agente Profesional con experiencia adicional","Teletrabajo","Economía, administración, contaduría y afines","Jornada Ordinaria ","NA","Oro","Zona 3","Mes",8445051.7200000007,16223086.380000001,14671345.460000001,9961229.2400000002,11039813.289999999,15257739.859999999,13739537.67,9749645.8900000006,null,null,"SMMLV"]
["AgenteProfesionalconexperienciaadicionalTeletrabajoEconomía,administración,contaduríayafinesHoraextradiurnaNAPlatinoZona1","IT-BPO-69-247","Agente Profesional con experiencia adicional","Teletrabajo","Economía, administración, contaduría y afines","Hora extra diurna","NA","Platino","Zona 1","Hora",52781.57,97914.9,70745.759999999995,47451.83,61898.26,91681.07,87463.17,43781.49,null,null,"SMMLV"]
["AgenteProfesionalconexperienciaadicionalTeletrabajoEconomía,administración,contaduríayafinesHoraextradiurnaNAPlatinoZona2","IT-BPO-69-248","Agente Profesional con experiencia adicional","Teletrabajo","Economía, administración, contaduría y afines","Hora extra diurna","NA","Platino","Zona 2","Hora",52781.57,97914.9,72160.5,47451.83,57589.95,91998.62,87463.17,43781.49,null,null,"SMMLV"]
["AgenteProfesionalconexperienciaadicionalTeletrabajoEconomía,administración,contaduríayafinesHoraextradiurnaNAPlatinoZona3","IT-BPO-69-249","Agente Profesional con experiencia adicional","Teletrabajo","Economía, administración, contaduría y afines","Hora extra diurna","NA","Platino","Zona 3","Hora",52781.57,97914.9,73603.710000000006,47451.83,57875.29,92162.87,87463.17,43781.49,null,null,"SMMLV"]
["AgenteProfesionalconexperienciaadicionalTeletrabajoEconomía,administración,contaduríayafinesHoraextradiurnaNAOroZona1","IT-BPO-69-250","Agente Profesional con experiencia adicional","Teletrabajo","Economía, administración, contaduría y afines","Hora extra diurna","NA","Oro","Zona 1","Hora",50268.17,97914.9,76640.149999999994,47451.83,56252.31,90345.17,87463.17,43323.89,null,null,"SMMLV"]
["AgenteProfesionalconexperienciaadicionalTeletrabajoEconomía,administración,contaduríayafinesHoraextradiurnaNAOroZona2","IT-BPO-69-251","Agente Profesional con experiencia adicional","Teletrabajo","Economía, administración, contaduría y afines","Hora extra diurna","NA","Oro","Zona 2","Hora",50268.17,97914.9,78173.149999999994,47451.83,56668,90659.43,87463.17,43323.89,null,null,"SMMLV"]
["AgenteProfesionalconexperienciaadicionalTeletrabajoEconomía,administración,contaduríayafinesHoraextradiurnaNAOroZona3","IT-BPO-69-252","Agente Profesional con experiencia adicional","Teletrabajo","Economía, administración, contaduría y afines","Hora extra diurna","NA","Oro","Zona 3","Hora",50268.17,97914.9,79735.710000000006,47451.83,56944.93,90820.4,87463.17,43323.89,null,null,"SMMLV"]
["AgenteProfesionalconexperienciaadicionalTeletrabajoEconomía,administración,contaduríayafinesHoraextranocturna NAPlatinoZona1","IT-BPO-69-253","Agente Profesional con experiencia adicional","Teletrabajo","Economía, administración, contaduría y afines","Hora extra nocturna ","NA","Platino","Zona 1","Hora",73894.2,137080.85999999999,99042.75,65902.58,85519.34,128353.71,94460.23,61294.05,null,null,"SMMLV"]
["AgenteProfesionalconexperienciaadicionalTeletrabajoEconomía,administración,contaduríayafinesHoraextranocturna NAPlatinoZona2","IT-BPO-69-254","Agente Profesional con experiencia adicional","Teletrabajo","Economía, administración, contaduría y afines","Hora extra nocturna ","NA","Platino","Zona 2","Hora",73894.2,137080.85999999999,101023.61,65902.58,80514.92,128798.28,94460.23,61294.05,null,null,"SMMLV"]
["AgenteProfesionalconexperienciaadicionalTeletrabajoEconomía,administración,contaduríayafinesHoraextranocturna NAPlatinoZona3","IT-BPO-69-255","Agente Profesional con experiencia adicional","Teletrabajo","Economía, administración, contaduría y afines","Hora extra nocturna ","NA","Platino","Zona 3","Hora",73894.2,137080.85999999999,103043.88,65902.58,85791.01,129028.23,94460.23,61294.05,null,null,"SMMLV"]
["AgenteProfesionalconexperienciaadicionalTeletrabajoEconomía,administración,contaduríayafinesHoraextranocturna NAOroZona1","IT-BPO-69-256","Agente Profesional con experiencia adicional","Teletrabajo","Economía, administración, contaduría y afines","Hora extra nocturna ","NA","Oro","Zona 1","Hora",70375.429999999993,137080.85999999999,107296.86,65902.58,75438.789999999994,126483.45,94460.23,60653.47,null,null,"SMMLV"]
["AgenteProfesionalconexperienciaadicionalTeletrabajoEconomía,administración,contaduríayafinesHoraextranocturna NAOroZona2","IT-BPO-69-257","Agente Profesional con experiencia adicional","Teletrabajo","Economía, administración, contaduría y afines","Hora extra nocturna ","NA","Oro","Zona 2","Hora",70375.429999999993,137080.85999999999,109441.97,65902.58,78912.05,126922.55,94460.23,60653.47,null,null,"SMMLV"]
["AgenteProfesionalconexperienciaadicionalTeletrabajoEconomía,administración,contaduríayafinesHoraextranocturna NAOroZona3","IT-BPO-69-258","Agente Profesional con experiencia adicional","Teletrabajo","Economía, administración, contaduría y afines","Hora extra nocturna ","NA","Oro","Zona 3","Hora",70375.429999999993,137080.85999999999,111630.87,65902.58,72571.62,127148.12,94460.23,60653.47,null,null,"SMMLV"]
["AgenteProfesionalconexperienciaadicionalTeletrabajoEconomía,administración,contaduríayafinesHoraextradominicalyfestivoNAPlatinoZona1","IT-BPO-69-259","Agente Profesional con experiencia adicional","Teletrabajo","Economía, administración, contaduría y afines","Hora extra dominical y festivo","NA","Platino","Zona 1","Hora",84450.52,195828.71,113191.25,75127.95,99490.9,183362.13,139941.07999999999,70050.33,null,null,"SMMLV"]
["AgenteProfesionalconexperienciaadicionalTeletrabajoEconomía,administración,contaduríayafinesHoraextradominicalyfestivoNAPlatinoZona2","IT-BPO-69-260","Agente Profesional con experiencia adicional","Teletrabajo","Economía, administración, contaduría y afines","Hora extra dominical y festivo","NA","Platino","Zona 2","Hora",84450.52,195828.71,115454.61,75127.95,100346.31,183997.23,139941.07999999999,70050.33,null,null,"SMMLV"]
["AgenteProfesionalconexperienciaadicionalTeletrabajoEconomía,administración,contaduríayafinesHoraextradominicalyfestivoNAPlatinoZona3","IT-BPO-69-261","Agente Profesional con experiencia adicional","Teletrabajo","Economía, administración, contaduría y afines","Hora extra dominical y festivo","NA","Platino","Zona 3","Hora",84450.52,195828.71,117763.97,75127.95,94829.55,184325.73,139941.07999999999,70050.33,null,null,"SMMLV"]
["AgenteProfesionalconexperienciaadicionalTeletrabajoEconomía,administración,contaduríayafinesHoraextradominicalyfestivoNAOroZona1","IT-BPO-69-262","Agente Profesional con experiencia adicional","Teletrabajo","Economía, administración, contaduría y afines","Hora extra dominical y festivo","NA","Oro","Zona 1","Hora",70375.429999999993,195828.71,122623.58,75127.95,89282.84,180690.33,139941.07999999999,69318.320000000007,null,null,"SMMLV"]
["AgenteProfesionalconexperienciaadicionalTeletrabajoEconomía,administración,contaduríayafinesHoraextradominicalyfestivoNAOroZona2","IT-BPO-69-263","Agente Profesional con experiencia adicional","Teletrabajo","Economía, administración, contaduría y afines","Hora extra dominical y festivo","NA","Oro","Zona 2","Hora",70375.429999999993,195828.71,125076.38,75127.95,98391.27,181317.77,139941.07999999999,69318.320000000007,null,null,"SMMLV"]
["AgenteProfesionalconexperienciaadicionalTeletrabajoEconomía,administración,contaduríayafinesHoraextradominicalyfestivoNAOroZona3","IT-BPO-69-264","Agente Profesional con experiencia adicional","Teletrabajo","Economía, administración, contaduría y afines","Hora extra dominical y festivo","NA","Oro","Zona 3","Hora",70375.429999999993,195828.71,127578.45,75127.95,85879.17,181640.79,139941.07999999999,69318.320000000007,null,null,"SMMLV"]
["AgenteProfesionalconexperienciaadicionalTeletrabajoEconomía,administración,contaduríayafinesServicio7x24NAPlatinoZona1","IT-BPO-69-265","Agente Profesional con experiencia adicional","Teletrabajo","Economía, administración, contaduría y afines","Servicio 7x24","NA","Platino","Zona 1","Mes 7x24",41078911.859999999,64025330,52067588.359999999,46255304.270000003,46952372.229999997,87546345,65331789.890000001,40169636.340000004,null,null,"SMMLV"]
["AgenteProfesionalconexperienciaadicionalTeletrabajoEconomía,administración,contaduríayafinesServicio7x24NAPlatinoZona2","IT-BPO-69-266","Agente Profesional con experiencia adicional","Teletrabajo","Economía, administración, contaduría y afines","Servicio 7x24","NA","Platino","Zona 2","Mes 7x24",41078911.859999999,64102237.32,53108938.829999998,46255304.270000003,47290962.159999996,87813415.5,65331789.890000001,40169636.340000004,null,null,"SMMLV"]
["AgenteProfesionalconexperienciaadicionalTeletrabajoEconomía,administración,contaduríayafinesServicio7x24NAPlatinoZona3","IT-BPO-69-267","Agente Profesional con experiencia adicional","Teletrabajo","Economía, administración, contaduría y afines","Servicio 7x24","NA","Platino","Zona 3","Mes 7x24",41078911.859999999,64204780.789999999,54171118.399999999,46255304.270000003,47516688.060000002,87951002.25,65331789.890000001,40169636.340000004,null,null,"SMMLV"]
["AgenteProfesionalconexperienciaadicionalTeletrabajoEconomía,administración,contaduríayafinesServicio7x24NAOroZona1","IT-BPO-69-268","Agente Profesional con experiencia adicional","Teletrabajo","Economía, administración, contaduría y afines","Servicio 7x24","NA","Oro","Zona 1","Mes 7x24",39122773.200000003,63897150.390000001,56406552.140000001,46255304.270000003,46072878.609999999,86271086.099999994,65331789.890000001,39768603.979999997,null,null,"SMMLV"]
["AgenteProfesionalconexperienciaadicionalTeletrabajoEconomía,administración,contaduríayafinesServicio7x24NAOroZona2","IT-BPO-69-269","Agente Profesional con experiencia adicional","Teletrabajo","Economía, administración, contaduría y afines","Servicio 7x24","NA","Oro","Zona 2","Mes 7x24",39122773.200000003,63974057.719999999,57534684.649999999,46255304.270000003,46401794.600000001,86534269.349999994,65331789.890000001,39768603.979999997,null,null,"SMMLV"]
["AgenteProfesionalconexperienciaadicionalTeletrabajoEconomía,administración,contaduríayafinesServicio7x24NAOroZona3","IT-BPO-69-270","Agente Profesional con experiencia adicional","Teletrabajo","Economía, administración, contaduría y afines","Servicio 7x24","NA","Oro","Zona 3","Mes 7x24",39122773.200000003,64076601.18,58685377.439999998,46255304.270000003,42665578.219999999,86669846.780000001,65331789.890000001,39768603.979999997,null,null,"SMMLV"]
["AgenteProfesionalconexperienciaadicionalTeletrabajoCienciassociales,humanasyafinesJornadaOrdinaria NAPlatinoZona1","IT-BPO-69-271","Agente Profesional con experiencia adicional","Teletrabajo","Ciencias sociales, humanas y afines","Jornada Ordinaria ","NA","Platino","Zona 1","Mes",8867304.3100000005,16207836.32,13016897.91,9961229.2400000002,10796174.539999999,15402347.75,13739537.67,9835656.7200000007,null,null,"SMMLV"]
["AgenteProfesionalconexperienciaadicionalTeletrabajoCienciassociales,humanasyafinesJornadaOrdinaria NAPlatinoZona2","IT-BPO-69-272","Agente Profesional con experiencia adicional","Teletrabajo","Ciencias sociales, humanas y afines","Jornada Ordinaria ","NA","Platino","Zona 2","Mes",8867304.3100000005,16230711.960000001,13277235.26,9961229.2400000002,10870046.23,15455761.85,13739537.67,9835656.7200000007,null,null,"SMMLV"]
["AgenteProfesionalconexperienciaadicionalTeletrabajoCienciassociales,humanasyafinesJornadaOrdinaria NAPlatinoZona3","IT-BPO-69-273","Agente Profesional con experiencia adicional","Teletrabajo","Ciencias sociales, humanas y afines","Jornada Ordinaria ","NA","Platino","Zona 3","Mes",8867304.3100000005,16261212.09,13542780.42,9961229.2400000002,10919293.810000001,15483279.199999999,13739537.67,9835656.7200000007,null,null,"SMMLV"]
["AgenteProfesionalconexperienciaadicionalTeletrabajoCienciassociales,humanasyafinesJornadaOrdinaria NAOroZona1","IT-BPO-69-274","Agente Profesional con experiencia adicional","Teletrabajo","Ciencias sociales, humanas y afines","Jornada Ordinaria ","NA","Oro","Zona 1","Mes",8445051.7200000007,16169711.699999999,14101638.859999999,9961229.2400000002,10598428.68,15177986.630000001,13739537.67,9749645.8900000006,null,null,"SMMLV"]
["AgenteProfesionalconexperienciaadicionalTeletrabajoCienciassociales,humanasyafinesJornadaOrdinaria NAOroZona2","IT-BPO-69-275","Agente Profesional con experiencia adicional","Teletrabajo","Ciencias sociales, humanas y afines","Jornada Ordinaria ","NA","Oro","Zona 2","Mes",8445051.7200000007,16192586.25,14383672.529999999,9961229.2400000002,10670189.76,15230623.279999999,13739537.67,9749645.8900000006,null,null,"SMMLV"]
["AgenteProfesionalconexperienciaadicionalTeletrabajoCienciassociales,humanasyafinesJornadaOrdinaria NAOroZona3","IT-BPO-69-276","Agente Profesional con experiencia adicional","Teletrabajo","Ciencias sociales, humanas y afines","Jornada Ordinaria ","NA","Oro","Zona 3","Mes",8445051.7200000007,16223086.380000001,14671345.460000001,9961229.2400000002,10718030.27,15257739.859999999,13739537.67,9749645.8900000006,null,null,"SMMLV"]
["AgenteProfesionalconexperienciaadicionalTeletrabajoCienciassociales,humanasyafinesHoraextradiurnaNAPlatinoZona1","IT-BPO-69-277","Agente Profesional con experiencia adicional","Teletrabajo","Ciencias sociales, humanas y afines","Hora extra diurna","NA","Platino","Zona 1","Hora",52781.57,97914.9,70745.759999999995,47451.83,57162.39,91681.07,87463.17,43781.49,null,null,"SMMLV"]
["AgenteProfesionalconexperienciaadicionalTeletrabajoCienciassociales,humanasyafinesHoraextradiurnaNAPlatinoZona2","IT-BPO-69-278","Agente Profesional con experiencia adicional","Teletrabajo","Ciencias sociales, humanas y afines","Hora extra diurna","NA","Platino","Zona 2","Hora",52781.57,97914.9,72160.5,47451.83,57589.95,91998.62,87463.17,43781.49,null,null,"SMMLV"]
["AgenteProfesionalconexperienciaadicionalTeletrabajoCienciassociales,humanasyafinesHoraextradiurnaNAPlatinoZona3","IT-BPO-69-279","Agente Profesional con experiencia adicional","Teletrabajo","Ciencias sociales, humanas y afines","Hora extra diurna","NA","Platino","Zona 3","Hora",52781.57,97914.9,73603.710000000006,47451.83,57875.29,92162.87,87463.17,43781.49,null,null,"SMMLV"]
["AgenteProfesionalconexperienciaadicionalTeletrabajoCienciassociales,humanasyafinesHoraextradiurnaNAOroZona1","IT-BPO-69-280","Agente Profesional con experiencia adicional","Teletrabajo","Ciencias sociales, humanas y afines","Hora extra diurna","NA","Oro","Zona 1","Hora",50268.17,97914.9,76640.149999999994,47451.83,56252.31,90345.17,87463.17,43323.89,null,null,"SMMLV"]
["AgenteProfesionalconexperienciaadicionalTeletrabajoCienciassociales,humanasyafinesHoraextradiurnaNAOroZona2","IT-BPO-69-281","Agente Profesional con experiencia adicional","Teletrabajo","Ciencias sociales, humanas y afines","Hora extra diurna","NA","Oro","Zona 2","Hora",50268.17,97914.9,78173.149999999994,47451.83,56668,90659.43,87463.17,43323.89,null,null,"SMMLV"]
["AgenteProfesionalconexperienciaadicionalTeletrabajoCienciassociales,humanasyafinesHoraextradiurnaNAOroZona3","IT-BPO-69-282","Agente Profesional con experiencia adicional","Teletrabajo","Ciencias sociales, humanas y afines","Hora extra diurna","NA","Oro","Zona 3","Hora",50268.17,97914.9,79735.710000000006,47451.83,52113.52,90820.4,87463.17,43323.89,null,null,"SMMLV"]
["AgenteProfesionalconexperienciaadicionalTeletrabajoCienciassociales,humanasyafinesHoraextranocturna NAPlatinoZona1","IT-BPO-69-283","Agente Profesional con experiencia adicional","Teletrabajo","Ciencias sociales, humanas y afines","Hora extra nocturna ","NA","Platino","Zona 1","Hora",73894.2,137080.85999999999,99042.75,65902.58,76758.22,128353.71,94460.23,61294.05,null,null,"SMMLV"]
["AgenteProfesionalconexperienciaadicionalTeletrabajoCienciassociales,humanasyafinesHoraextranocturna NAPlatinoZona2","IT-BPO-69-284","Agente Profesional con experiencia adicional","Teletrabajo","Ciencias sociales, humanas y afines","Hora extra nocturna ","NA","Platino","Zona 2","Hora",73894.2,137080.85999999999,101023.61,65902.58,90266.78,128798.28,94460.23,61294.05,null,null,"SMMLV"]
["AgenteProfesionalconexperienciaadicionalTeletrabajoCienciassociales,humanasyafinesHoraextranocturna NAPlatinoZona3","IT-BPO-69-285","Agente Profesional con experiencia adicional","Teletrabajo","Ciencias sociales, humanas y afines","Hora extra nocturna ","NA","Platino","Zona 3","Hora",73894.2,137080.85999999999,103043.88,65902.58,93689.600000000006,129028.23,94460.23,61294.05,null,null,"SMMLV"]
["AgenteProfesionalconexperienciaadicionalTeletrabajoCienciassociales,humanasyafinesHoraextranocturna NAOroZona1","IT-BPO-69-286","Agente Profesional con experiencia adicional","Teletrabajo","Ciencias sociales, humanas y afines","Hora extra nocturna ","NA","Oro","Zona 1","Hora",70375.429999999993,137080.85999999999,107296.86,65902.58,78330.44,126483.45,94460.23,60653.47,null,null,"SMMLV"]
["AgenteProfesionalconexperienciaadicionalTeletrabajoCienciassociales,humanasyafinesHoraextranocturna NAOroZona2","IT-BPO-69-287","Agente Profesional con experiencia adicional","Teletrabajo","Ciencias sociales, humanas y afines","Hora extra nocturna ","NA","Oro","Zona 2","Hora",70375.429999999993,137080.85999999999,109441.97,65902.58,78912.05,126922.55,94460.23,60653.47,null,null,"SMMLV"]
["AgenteProfesionalconexperienciaadicionalTeletrabajoCienciassociales,humanasyafinesHoraextranocturna NAOroZona3","IT-BPO-69-288","Agente Profesional con experiencia adicional","Teletrabajo","Ciencias sociales, humanas y afines","Hora extra nocturna ","NA","Oro","Zona 3","Hora",70375.429999999993,137080.85999999999,111630.87,65902.58,72571.62,127148.12,94460.23,60653.47,null,null,"SMMLV"]
["AgenteProfesionalconexperienciaadicionalTeletrabajoCienciassociales,humanasyafinesHoraextradominicalyfestivoNAPlatinoZona1","IT-BPO-69-289","Agente Profesional con experiencia adicional","Teletrabajo","Ciencias sociales, humanas y afines","Hora extra dominical y festivo","NA","Platino","Zona 1","Hora",84450.52,195828.71,113191.25,75127.95,99490.9,183362.13,139941.07999999999,70050.33,null,null,"SMMLV"]
["AgenteProfesionalconexperienciaadicionalTeletrabajoCienciassociales,humanasyafinesHoraextradominicalyfestivoNAPlatinoZona2","IT-BPO-69-290","Agente Profesional con experiencia adicional","Teletrabajo","Ciencias sociales, humanas y afines","Hora extra dominical y festivo","NA","Platino","Zona 2","Hora",84450.52,195828.71,115454.61,75127.95,100346.31,183997.23,139941.07999999999,70050.33,null,null,"SMMLV"]
["AgenteProfesionalconexperienciaadicionalTeletrabajoCienciassociales,humanasyafinesHoraextradominicalyfestivoNAPlatinoZona3","IT-BPO-69-291","Agente Profesional con experiencia adicional","Teletrabajo","Ciencias sociales, humanas y afines","Hora extra dominical y festivo","NA","Platino","Zona 3","Hora",84450.52,195828.71,117763.97,75127.95,100916.69,184325.73,139941.07999999999,70050.33,null,null,"SMMLV"]
["AgenteProfesionalconexperienciaadicionalTeletrabajoCienciassociales,humanasyafinesHoraextradominicalyfestivoNAOroZona1","IT-BPO-69-292","Agente Profesional con experiencia adicional","Teletrabajo","Ciencias sociales, humanas y afines","Hora extra dominical y festivo","NA","Oro","Zona 1","Hora",70375.429999999993,195828.71,122623.58,75127.95,89282.84,180690.33,139941.07999999999,69318.320000000007,null,null,"SMMLV"]
["AgenteProfesionalconexperienciaadicionalTeletrabajoCienciassociales,humanasyafinesHoraextradominicalyfestivoNAOroZona2","IT-BPO-69-293","Agente Profesional con experiencia adicional","Teletrabajo","Ciencias sociales, humanas y afines","Hora extra dominical y festivo","NA","Oro","Zona 2","Hora",70375.429999999993,195828.71,125076.38,75127.95,106153.75,181317.77,139941.07999999999,69318.320000000007,null,null,"SMMLV"]
["AgenteProfesionalconexperienciaadicionalTeletrabajoCienciassociales,humanasyafinesHoraextradominicalyfestivoNAOroZona3","IT-BPO-69-294","Agente Profesional con experiencia adicional","Teletrabajo","Ciencias sociales, humanas y afines","Hora extra dominical y festivo","NA","Oro","Zona 3","Hora",70375.429999999993,195828.71,127578.45,75127.95,100410.51,181640.79,139941.07999999999,69318.320000000007,null,null,"SMMLV"]
["AgenteProfesionalconexperienciaadicionalTeletrabajoCienciassociales,humanasyafinesServicio7x24NAPlatinoZona1","IT-BPO-69-295","Agente Profesional con experiencia adicional","Teletrabajo","Ciencias sociales, humanas y afines","Servicio 7x24","NA","Platino","Zona 1","Mes 7x24",41078911.859999999,64025330,52067588.359999999,46255304.270000003,46952372.229999997,87546345,65331789.890000001,40169636.340000004,null,null,"SMMLV"]
["AgenteProfesionalconexperienciaadicionalTeletrabajoCienciassociales,humanasyafinesServicio7x24NAPlatinoZona2","IT-BPO-69-296","Agente Profesional con experiencia adicional","Teletrabajo","Ciencias sociales, humanas y afines","Servicio 7x24","NA","Platino","Zona 2","Mes 7x24",41078911.859999999,64102237.32,53108938.829999998,46255304.270000003,47290962.159999996,87813415.5,65331789.890000001,40169636.340000004,null,null,"SMMLV"]
["AgenteProfesionalconexperienciaadicionalTeletrabajoCienciassociales,humanasyafinesServicio7x24NAPlatinoZona3","IT-BPO-69-297","Agente Profesional con experiencia adicional","Teletrabajo","Ciencias sociales, humanas y afines","Servicio 7x24","NA","Platino","Zona 3","Mes 7x24",41078911.859999999,64204780.789999999,54171118.399999999,46255304.270000003,47516688.060000002,87951002.25,65331789.890000001,40169636.340000004,null,null,"SMMLV"]
["AgenteProfesionalconexperienciaadicionalTeletrabajoCienciassociales,humanasyafinesServicio7x24NAOroZona1","IT-BPO-69-298","Agente Profesional con experiencia adicional","Teletrabajo","Ciencias sociales, humanas y afines","Servicio 7x24","NA","Oro","Zona 1","Mes 7x24",39122773.200000003,63897150.390000001,56406552.140000001,46255304.270000003,46072878.609999999,86271086.099999994,65331789.890000001,39768603.979999997,null,null,"SMMLV"]
["AgenteProfesionalconexperienciaadicionalTeletrabajoCienciassociales,humanasyafinesServicio7x24NAOroZona2","IT-BPO-69-299","Agente Profesional con experiencia adicional","Teletrabajo","Ciencias sociales, humanas y afines","Servicio 7x24","NA","Oro","Zona 2","Mes 7x24",39122773.200000003,63974057.719999999,57534684.649999999,46255304.270000003,44102106.810000002,86534269.349999994,65331789.890000001,39768603.979999997,null,null,"SMMLV"]
["AgenteProfesionalconexperienciaadicionalTeletrabajoCienciassociales,humanasyafinesServicio7x24NAOroZona3","IT-BPO-69-300","Agente Profesional con experiencia adicional","Teletrabajo","Ciencias sociales, humanas y afines","Servicio 7x24","NA","Oro","Zona 3","Mes 7x24",39122773.200000003,64076601.18,58685377.439999998,46255304.270000003,46621071.100000001,86669846.780000001,65331789.890000001,39768603.979999997,null,null,"SMMLV"]
["AgenteProfesionalconexperienciaadicionalTeletrabajoIngeniería,arquitectura,urbanismoyafinesJornadaOrdinaria NAPlatinoZona1","IT-BPO-69-301","Agente Profesional con experiencia adicional","Teletrabajo","Ingeniería, arquitectura, urbanismo y afines","Jornada Ordinaria ","NA","Platino","Zona 1","Mes",8867304.3100000005,16207836.32,13016897.91,9961229.2400000002,11077858.5,15402347.75,13739537.67,9835656.7200000007,null,null,"SMMLV"]
["AgenteProfesionalconexperienciaadicionalTeletrabajoIngeniería,arquitectura,urbanismoyafinesJornadaOrdinaria NAPlatinoZona2","IT-BPO-69-302","Agente Profesional con experiencia adicional","Teletrabajo","Ingeniería, arquitectura, urbanismo y afines","Jornada Ordinaria ","NA","Platino","Zona 2","Mes",8867304.3100000005,16230711.960000001,13277235.26,9961229.2400000002,10870046.23,15455761.85,13739537.67,9835656.7200000007,null,null,"SMMLV"]
["AgenteProfesionalconexperienciaadicionalTeletrabajoIngeniería,arquitectura,urbanismoyafinesJornadaOrdinaria NAPlatinoZona3","IT-BPO-69-303","Agente Profesional con experiencia adicional","Teletrabajo","Ingeniería, arquitectura, urbanismo y afines","Jornada Ordinaria ","NA","Platino","Zona 3","Mes",8867304.3100000005,16261212.09,13542780.42,9961229.2400000002,10919293.810000001,15483279.199999999,13739537.67,9835656.7200000007,null,null,"SMMLV"]
["AgenteProfesionalconexperienciaadicionalTeletrabajoIngeniería,arquitectura,urbanismoyafinesJornadaOrdinaria NAOroZona1","IT-BPO-69-304","Agente Profesional con experiencia adicional","Teletrabajo","Ingeniería, arquitectura, urbanismo y afines","Jornada Ordinaria ","NA","Oro","Zona 1","Mes",8445051.7200000007,16169711.699999999,14101638.859999999,9961229.2400000002,11179577.5,15177986.630000001,13739537.67,9749645.8900000006,null,null,"SMMLV"]
["AgenteProfesionalconexperienciaadicionalTeletrabajoIngeniería,arquitectura,urbanismoyafinesJornadaOrdinaria NAOroZona2","IT-BPO-69-305","Agente Profesional con experiencia adicional","Teletrabajo","Ingeniería, arquitectura, urbanismo y afines","Jornada Ordinaria ","NA","Oro","Zona 2","Mes",8445051.7200000007,16192586.25,14383672.529999999,9961229.2400000002,10670189.76,15230623.279999999,13739537.67,9749645.8900000006,null,null,"SMMLV"]
["AgenteProfesionalconexperienciaadicionalTeletrabajoIngeniería,arquitectura,urbanismoyafinesJornadaOrdinaria NAOroZona3","IT-BPO-69-306","Agente Profesional con experiencia adicional","Teletrabajo","Ingeniería, arquitectura, urbanismo y afines","Jornada Ordinaria ","NA","Oro","Zona 3","Mes",8445051.7200000007,16223086.380000001,14671345.460000001,9961229.2400000002,10718030.27,15257739.859999999,13739537.67,9749645.8900000006,null,null,"SMMLV"]
[{"$f":"SUBSTITUTE(C6018&D6018&E6018&F6018&G6018&H6018&I6018,\" \",\"\")","v":"AgenteProfesionalconexperienciaadicionalTeletrabajoIngeniería,arquitectura,urbanismoyafinesHoraextradiurnaNAPlatinoZona1"},"IT-BPO-69-307","Agente Profesional con experiencia adicional","Teletrabajo","Ingeniería, arquitectura, urbanismo y afines","Hora extra diurna","NA","Platino","Zona 1","Hora",52781.57,97914.9,70745.759999999995,47451.83,57162.39,91681.07,87463.17,43781.49,null,null,"SMMLV"]
["AgenteProfesionalconexperienciaadicionalTeletrabajoIngeniería,arquitectura,urbanismoyafinesHoraextradiurnaNAPlatinoZona2","IT-BPO-69-308","Agente Profesional con experiencia adicional","Teletrabajo","Ingeniería, arquitectura, urbanismo y afines","Hora extra diurna","NA","Platino","Zona 2","Hora",52781.57,97914.9,72160.5,47451.83,57589.95,91998.62,87463.17,43781.49,null,null,"SMMLV"]
["AgenteProfesionalconexperienciaadicionalTeletrabajoIngeniería,arquitectura,urbanismoyafinesHoraextradiurnaNAPlatinoZona3","IT-BPO-69-309","Agente Profesional con experiencia adicional","Teletrabajo","Ingeniería, arquitectura, urbanismo y afines","Hora extra diurna","NA","Platino","Zona 3","Hora",52781.57,97914.9,73603.710000000006,47451.83,57875.29,92162.87,87463.17,43781.49,null,null,"SMMLV"]
["AgenteProfesionalconexperienciaadicionalTeletrabajoIngeniería,arquitectura,urbanismoyafinesHoraextradiurnaNAOroZona1","IT-BPO-69-310","Agente Profesional con experiencia adicional","Teletrabajo","Ingeniería, arquitectura, urbanismo y afines","Hora extra diurna","NA","Oro","Zona 1","Hora",50268.17,97914.9,76640.149999999994,47451.83,56252.31,90345.17,87463.17,43323.89,null,null,"SMMLV"]
["AgenteProfesionalconexperienciaadicionalTeletrabajoIngeniería,arquitectura,urbanismoyafinesHoraextradiurnaNAOroZona2","IT-BPO-69-311","Agente Profesional con experiencia adicional","Teletrabajo","Ingeniería, arquitectura, urbanismo y afines","Hora extra diurna","NA","Oro","Zona 2","Hora",50268.17,97914.9,78173.149999999994,47451.83,56668,90659.43,87463.17,43323.89,null,null,"SMMLV"]
["AgenteProfesionalconexperienciaadicionalTeletrabajoIngeniería,arquitectura,urbanismoyafinesHoraextradiurnaNAOroZona3","IT-BPO-69-312","Agente Profesional con experiencia adicional","Teletrabajo","Ingeniería, arquitectura, urbanismo y afines","Hora extra diurna","NA","Oro","Zona 3","Hora",50268.17,97914.9,79735.710000000006,47451.83,52113.52,90820.4,87463.17,43323.89,null,null,"SMMLV"]
["AgenteProfesionalconexperienciaadicionalTeletrabajoIngeniería,arquitectura,urbanismoyafinesHoraextranocturna NAPlatinoZona1","IT-BPO-69-313","Agente Profesional con experiencia adicional","Teletrabajo","Ingeniería, arquitectura, urbanismo y afines","Hora extra nocturna ","NA","Platino","Zona 1","Hora",73894.2,137080.85999999999,99042.75,65902.58,79915.86,128353.71,94460.23,61294.05,null,null,"SMMLV"]
["AgenteProfesionalconexperienciaadicionalTeletrabajoIngeniería,arquitectura,urbanismoyafinesHoraextranocturna NAPlatinoZona2","IT-BPO-69-314","Agente Profesional con experiencia adicional","Teletrabajo","Ingeniería, arquitectura, urbanismo y afines","Hora extra nocturna ","NA","Platino","Zona 2","Hora",73894.2,137080.85999999999,101023.61,65902.58,80514.92,128798.28,94460.23,61294.05,null,null,"SMMLV"]
["AgenteProfesionalconexperienciaadicionalTeletrabajoIngeniería,arquitectura,urbanismoyafinesHoraextranocturna NAPlatinoZona3","IT-BPO-69-315","Agente Profesional con experiencia adicional","Teletrabajo","Ingeniería, arquitectura, urbanismo y afines","Hora extra nocturna ","NA","Platino","Zona 3","Hora",73894.2,137080.85999999999,103043.88,65902.58,80914.09,129028.23,94460.23,61294.05,null,null,"SMMLV"]
["AgenteProfesionalconexperienciaadicionalTeletrabajoIngeniería,arquitectura,urbanismoyafinesHoraextranocturna NAOroZona1","IT-BPO-69-316","Agente Profesional con experiencia adicional","Teletrabajo","Ingeniería, arquitectura, urbanismo y afines","Hora extra nocturna ","NA","Oro","Zona 1","Hora",70375.429999999993,137080.85999999999,107296.86,65902.58,78330.44,126483.45,94460.23,60653.47,null,null,"SMMLV"]
["AgenteProfesionalconexperienciaadicionalTeletrabajoIngeniería,arquitectura,urbanismoyafinesHoraextranocturna NAOroZona2","IT-BPO-69-317","Agente Profesional con experiencia adicional","Teletrabajo","Ingeniería, arquitectura, urbanismo y afines","Hora extra nocturna ","NA","Oro","Zona 2","Hora",70375.429999999993,137080.85999999999,109441.97,65902.58,78912.05,126922.55,94460.23,60653.47,null,null,"SMMLV"]
["AgenteProfesionalconexperienciaadicionalTeletrabajoIngeniería,arquitectura,urbanismoyafinesHoraextranocturna NAOroZona3","IT-BPO-69-318","Agente Profesional con experiencia adicional","Teletrabajo","Ingeniería, arquitectura, urbanismo y afines","Hora extra nocturna ","NA","Oro","Zona 3","Hora",70375.429999999993,137080.85999999999,111630.87,65902.58,72571.62,127148.12,94460.23,60653.47,null,null,"SMMLV"]
["AgenteProfesionalconexperienciaadicionalTeletrabajoIngeniería,arquitectura,urbanismoyafinesHoraextradominicalyfestivoNAPlatinoZona1","IT-BPO-69-319","Agente Profesional con experiencia adicional","Teletrabajo","Ingeniería, arquitectura, urbanismo y afines","Hora extra dominical y festivo","NA","Platino","Zona 1","Hora",84450.52,195828.71,113191.25,75127.95,99490.9,183362.13,139941.07999999999,70050.33,null,null,"SMMLV"]
["AgenteProfesionalconexperienciaadicionalTeletrabajoIngeniería,arquitectura,urbanismoyafinesHoraextradominicalyfestivoNAPlatinoZona2","IT-BPO-69-320","Agente Profesional con experiencia adicional","Teletrabajo","Ingeniería, arquitectura, urbanismo y afines","Hora extra dominical y festivo","NA","Platino","Zona 2","Hora",84450.52,195828.71,115454.61,75127.95,100346.31,183997.23,139941.07999999999,70050.33,null,null,"SMMLV"]
["AgenteProfesionalconexperienciaadicionalTeletrabajoIngeniería,arquitectura,urbanismoyafinesHoraextradominicalyfestivoNAPlatinoZona3","IT-BPO-69-321","Agente Profesional con experiencia adicional","Teletrabajo","Ingeniería, arquitectura, urbanismo y afines","Hora extra dominical y festivo","NA","Platino","Zona 3","Hora",84450.52,195828.71,117763.97,75127.95,100916.69,184325.73,139941.07999999999,70050.33,null,null,"SMMLV"]
["AgenteProfesionalconexperienciaadicionalTeletrabajoIngeniería,arquitectura,urbanismoyafinesHoraextradominicalyfestivoNAOroZona1","IT-BPO-69-322","Agente Profesional con experiencia adicional","Teletrabajo","Ingeniería, arquitectura, urbanismo y afines","Hora extra dominical y festivo","NA","Oro","Zona 1","Hora",70375.429999999993,195828.71,122623.58,75127.95,93944.9,180690.33,139941.07999999999,69318.320000000007,null,null,"SMMLV"]
["AgenteProfesionalconexperienciaadicionalTeletrabajoIngeniería,arquitectura,urbanismoyafinesHoraextradominicalyfestivoNAOroZona2","IT-BPO-69-323","Agente Profesional con experiencia adicional","Teletrabajo","Ingeniería, arquitectura, urbanismo y afines","Hora extra dominical y festivo","NA","Oro","Zona 2","Hora",70375.429999999993,195828.71,125076.38,75127.95,98391.27,181317.77,139941.07999999999,69318.320000000007,null,null,"SMMLV"]
["AgenteProfesionalconexperienciaadicionalTeletrabajoIngeniería,arquitectura,urbanismoyafinesHoraextradominicalyfestivoNAOroZona3","IT-BPO-69-324","Agente Profesional con experiencia adicional","Teletrabajo","Ingeniería, arquitectura, urbanismo y afines","Hora extra dominical y festivo","NA","Oro","Zona 3","Hora",70375.429999999993,195828.71,127578.45,75127.95,90550.55,181640.79,139941.07999999999,69318.320000000007,null,null,"SMMLV"]
["AgenteProfesionalconexperienciaadicionalTeletrabajoIngeniería,arquitectura,urbanismoyafinesServicio7x24NAPlatinoZona1","IT-BPO-69-325","Agente Profesional con experiencia adicional","Teletrabajo","Ingeniería, arquitectura, urbanismo y afines","Servicio 7x24","NA","Platino","Zona 1","Mes 7x24",41078911.859999999,64025330,52067588.359999999,46255304.270000003,46952372.229999997,87546345,65331789.890000001,40169636.340000004,null,null,"SMMLV"]
["AgenteProfesionalconexperienciaadicionalTeletrabajoIngeniería,arquitectura,urbanismoyafinesServicio7x24NAPlatinoZona2","IT-BPO-69-326","Agente Profesional con experiencia adicional","Teletrabajo","Ingeniería, arquitectura, urbanismo y afines","Servicio 7x24","NA","Platino","Zona 2","Mes 7x24",41078911.859999999,64102237.32,53108938.829999998,46255304.270000003,47290962.159999996,87813415.5,65331789.890000001,40169636.340000004,null,null,"SMMLV"]
["AgenteProfesionalconexperienciaadicionalTeletrabajoIngeniería,arquitectura,urbanismoyafinesServicio7x24NAPlatinoZona3","IT-BPO-69-327","Agente Profesional con experiencia adicional","Teletrabajo","Ingeniería, arquitectura, urbanismo y afines","Servicio 7x24","NA","Platino","Zona 3","Mes 7x24",41078911.859999999,64204780.789999999,54171118.399999999,46255304.270000003,47516688.060000002,87951002.25,65331789.890000001,40169636.340000004,null,null,"SMMLV"]
["AgenteProfesionalconexperienciaadicionalTeletrabajoIngeniería,arquitectura,urbanismoyafinesServicio7x24NAOroZona1","IT-BPO-69-328","Agente Profesional con experiencia adicional","Teletrabajo","Ingeniería, arquitectura, urbanismo y afines","Servicio 7x24","NA","Oro","Zona 1","Mes 7x24",39122773.200000003,63897150.390000001,56406552.140000001,46255304.270000003,46072878.609999999,86271086.099999994,65331789.890000001,39768603.979999997,null,null,"SMMLV"]
["AgenteProfesionalconexperienciaadicionalTeletrabajoIngeniería,arquitectura,urbanismoyafinesServicio7x24NAOroZona2","IT-BPO-69-329","Agente Profesional con experiencia adicional","Teletrabajo","Ingeniería, arquitectura, urbanismo y afines","Servicio 7x24","NA","Oro","Zona 2","Mes 7x24",39122773.200000003,63974057.719999999,57534684.649999999,46255304.270000003,46401794.600000001,86534269.349999994,65331789.890000001,39768603.979999997,null,null,"SMMLV"]
["AgenteProfesionalconexperienciaadicionalTeletrabajoIngeniería,arquitectura,urbanismoyafinesServicio7x24NAOroZona3","IT-BPO-69-330","Agente Profesional con experiencia adicional","Teletrabajo","Ingeniería, arquitectura, urbanismo y afines","Servicio 7x24","NA","Oro","Zona 3","Mes 7x24",39122773.200000003,64076601.18,58685377.439999998,46255304.270000003,46621071.100000001,86669846.780000001,65331789.890000001,39768603.979999997,null,null,"SMMLV"]
["AgenteProfesionalconexperienciaadicionalTeletrabajoBellasartesyafinesJornadaOrdinaria NAPlatinoZona1","IT-BPO-69-331","Agente Profesional con experiencia adicional","Teletrabajo","Bellas artes y afines","Jornada Ordinaria ","NA","Platino","Zona 1","Mes",8867304.3100000005,16207836.32,13016897.91,9961229.2400000002,11077858.5,15402347.75,13739537.67,9835656.7200000007,null,null,"SMMLV"]
["AgenteProfesionalconexperienciaadicionalTeletrabajoBellasartesyafinesJornadaOrdinaria NAPlatinoZona2","IT-BPO-69-332","Agente Profesional con experiencia adicional","Teletrabajo","Bellas artes y afines","Jornada Ordinaria ","NA","Platino","Zona 2","Mes",8867304.3100000005,16230711.960000001,13277235.26,9961229.2400000002,10870046.23,15455761.85,13739537.67,9835656.7200000007,null,null,"SMMLV"]
["AgenteProfesionalconexperienciaadicionalTeletrabajoBellasartesyafinesJornadaOrdinaria NAPlatinoZona3","IT-BPO-69-333","Agente Profesional con experiencia adicional","Teletrabajo","Bellas artes y afines","Jornada Ordinaria ","NA","Platino","Zona 3","Mes",8867304.3100000005,16261212.09,13542780.42,9961229.2400000002,10919293.810000001,15483279.199999999,13739537.67,9835656.7200000007,null,null,"SMMLV"]
["AgenteProfesionalconexperienciaadicionalTeletrabajoBellasartesyafinesJornadaOrdinaria NAOroZona1","IT-BPO-69-334","Agente Profesional con experiencia adicional","Teletrabajo","Bellas artes y afines","Jornada Ordinaria ","NA","Oro","Zona 1","Mes",8445051.7200000007,16169711.699999999,14101638.859999999,9961229.2400000002,10598428.68,15177986.630000001,13739537.67,9749645.8900000006,null,null,"SMMLV"]
["AgenteProfesionalconexperienciaadicionalTeletrabajoBellasartesyafinesJornadaOrdinaria NAOroZona2","IT-BPO-69-335","Agente Profesional con experiencia adicional","Teletrabajo","Bellas artes y afines","Jornada Ordinaria ","NA","Oro","Zona 2","Mes",8445051.7200000007,16192586.25,14383672.529999999,9961229.2400000002,10670189.76,15230623.279999999,13739537.67,9749645.8900000006,null,null,"SMMLV"]
["AgenteProfesionalconexperienciaadicionalTeletrabajoBellasartesyafinesJornadaOrdinaria NAOroZona3","IT-BPO-69-336","Agente Profesional con experiencia adicional","Teletrabajo","Bellas artes y afines","Jornada Ordinaria ","NA","Oro","Zona 3","Mes",8445051.7200000007,16223086.380000001,14671345.460000001,9961229.2400000002,10718030.27,15257739.859999999,13739537.67,9749645.8900000006,null,null,"SMMLV"]
["AgenteProfesionalconexperienciaadicionalTeletrabajoBellasartesyafinesHoraextradiurnaNAPlatinoZona1","IT-BPO-69-337","Agente Profesional con experiencia adicional","Teletrabajo","Bellas artes y afines","Hora extra diurna","NA","Platino","Zona 1","Hora",52781.57,97914.9,70745.759999999995,47451.83,57162.39,91681.07,87463.17,43781.49,null,null,"SMMLV"]
["AgenteProfesionalconexperienciaadicionalTeletrabajoBellasartesyafinesHoraextradiurnaNAPlatinoZona2","IT-BPO-69-338","Agente Profesional con experiencia adicional","Teletrabajo","Bellas artes y afines","Hora extra diurna","NA","Platino","Zona 2","Hora",52781.57,97914.9,72160.5,47451.83,57589.95,91998.62,87463.17,43781.49,null,null,"SMMLV"]
["AgenteProfesionalconexperienciaadicionalTeletrabajoBellasartesyafinesHoraextradiurnaNAPlatinoZona3","IT-BPO-69-339","Agente Profesional con experiencia adicional","Teletrabajo","Bellas artes y afines","Hora extra diurna","NA","Platino","Zona 3","Hora",52781.57,97914.9,73603.710000000006,47451.83,57875.29,92162.87,87463.17,43781.49,null,null,"SMMLV"]
["AgenteProfesionalconexperienciaadicionalTeletrabajoBellasartesyafinesHoraextradiurnaNAOroZona1","IT-BPO-69-340","Agente Profesional con experiencia adicional","Teletrabajo","Bellas artes y afines","Hora extra diurna","NA","Oro","Zona 1","Hora",50268.17,97914.9,76640.149999999994,47451.83,60376.38,90345.17,87463.17,43323.89,null,null,"SMMLV"]
["AgenteProfesionalconexperienciaadicionalTeletrabajoBellasartesyafinesHoraextradiurnaNAOroZona2","IT-BPO-69-341","Agente Profesional con experiencia adicional","Teletrabajo","Bellas artes y afines","Hora extra diurna","NA","Oro","Zona 2","Hora",50268.17,97914.9,78173.149999999994,47451.83,65666.91,90659.43,87463.17,43323.89,null,null,"SMMLV"]
["AgenteProfesionalconexperienciaadicionalTeletrabajoBellasartesyafinesHoraextradiurnaNAOroZona3","IT-BPO-69-342","Agente Profesional con experiencia adicional","Teletrabajo","Bellas artes y afines","Hora extra diurna","NA","Oro","Zona 3","Hora",50268.17,97914.9,79735.710000000006,47451.83,52113.52,90820.4,87463.17,43323.89,null,null,"SMMLV"]
["AgenteProfesionalconexperienciaadicionalTeletrabajoBellasartesyafinesHoraextranocturna NAPlatinoZona1","IT-BPO-69-343","Agente Profesional con experiencia adicional","Teletrabajo","Bellas artes y afines","Hora extra nocturna ","NA","Platino","Zona 1","Hora",73894.2,137080.85999999999,99042.75,65902.58,79915.86,128353.71,94460.23,61294.05,null,null,"SMMLV"]
["AgenteProfesionalconexperienciaadicionalTeletrabajoBellasartesyafinesHoraextranocturna NAPlatinoZona2","IT-BPO-69-344","Agente Profesional con experiencia adicional","Teletrabajo","Bellas artes y afines","Hora extra nocturna ","NA","Platino","Zona 2","Hora",73894.2,137080.85999999999,101023.61,65902.58,80514.92,128798.28,94460.23,61294.05,null,null,"SMMLV"]
["AgenteProfesionalconexperienciaadicionalTeletrabajoBellasartesyafinesHoraextranocturna NAPlatinoZona3","IT-BPO-69-345","Agente Profesional con experiencia adicional","Teletrabajo","Bellas artes y afines","Hora extra nocturna ","NA","Platino","Zona 3","Hora",73894.2,137080.85999999999,103043.88,65902.58,76281.47,129028.23,94460.23,61294.05,null,null,"SMMLV"]
["AgenteProfesionalconexperienciaadicionalTeletrabajoBellasartesyafinesHoraextranocturna NAOroZona1","IT-BPO-69-346","Agente Profesional con experiencia adicional","Teletrabajo","Bellas artes y afines","Hora extra nocturna ","NA","Oro","Zona 1","Hora",70375.429999999993,137080.85999999999,107296.86,65902.58,78330.44,126483.45,94460.23,60653.47,null,null,"SMMLV"]
["AgenteProfesionalconexperienciaadicionalTeletrabajoBellasartesyafinesHoraextranocturna NAOroZona2","IT-BPO-69-347","Agente Profesional con experiencia adicional","Teletrabajo","Bellas artes y afines","Hora extra nocturna ","NA","Oro","Zona 2","Hora",70375.429999999993,137080.85999999999,109441.97,65902.58,78912.05,126922.55,94460.23,60653.47,null,null,"SMMLV"]
["AgenteProfesionalconexperienciaadicionalTeletrabajoBellasartesyafinesHoraextranocturna NAOroZona3","IT-BPO-69-348","Agente Profesional con experiencia adicional","Teletrabajo","Bellas artes y afines","Hora extra nocturna ","NA","Oro","Zona 3","Hora",70375.429999999993,137080.85999999999,111630.87,65902.58,72571.62,127148.12,94460.23,60653.47,null,null,"SMMLV"]
["AgenteProfesionalconexperienciaadicionalTeletrabajoBellasartesyafinesHoraextradominicalyfestivoNAPlatinoZona1","IT-BPO-69-349","Agente Profesional con experiencia adicional","Teletrabajo","Bellas artes y afines","Hora extra dominical y festivo","NA","Platino","Zona 1","Hora",84450.52,195828.71,113191.25,75127.95,99490.9,183362.13,139941.07999999999,70050.33,null,null,"SMMLV"]
["AgenteProfesionalconexperienciaadicionalTeletrabajoBellasartesyafinesHoraextradominicalyfestivoNAPlatinoZona2","IT-BPO-69-350","Agente Profesional con experiencia adicional","Teletrabajo","Bellas artes y afines","Hora extra dominical y festivo","NA","Platino","Zona 2","Hora",84450.52,195828.71,115454.61,75127.95,91384.01,183997.23,139941.07999999999,70050.33,null,null,"SMMLV"]
["AgenteProfesionalconexperienciaadicionalTeletrabajoBellasartesyafinesHoraextradominicalyfestivoNAPlatinoZona3","IT-BPO-69-351","Agente Profesional con experiencia adicional","Teletrabajo","Bellas artes y afines","Hora extra dominical y festivo","NA","Platino","Zona 3","Hora",84450.52,195828.71,117763.97,75127.95,100916.69,184325.73,139941.07999999999,70050.33,null,null,"SMMLV"]
["AgenteProfesionalconexperienciaadicionalTeletrabajoBellasartesyafinesHoraextradominicalyfestivoNAOroZona1","IT-BPO-69-352","Agente Profesional con experiencia adicional","Teletrabajo","Bellas artes y afines","Hora extra dominical y festivo","NA","Oro","Zona 1","Hora",70375.429999999993,195828.71,122623.58,75127.95,97560.19,180690.33,139941.07999999999,69318.320000000007,null,null,"SMMLV"]
["AgenteProfesionalconexperienciaadicionalTeletrabajoBellasartesyafinesHoraextradominicalyfestivoNAOroZona2","IT-BPO-69-353","Agente Profesional con experiencia adicional","Teletrabajo","Bellas artes y afines","Hora extra dominical y festivo","NA","Oro","Zona 2","Hora",70375.429999999993,195828.71,125076.38,75127.95,98391.27,181317.77,139941.07999999999,69318.320000000007,null,null,"SMMLV"]
["AgenteProfesionalconexperienciaadicionalTeletrabajoBellasartesyafinesHoraextradominicalyfestivoNAOroZona3","IT-BPO-69-354","Agente Profesional con experiencia adicional","Teletrabajo","Bellas artes y afines","Hora extra dominical y festivo","NA","Oro","Zona 3","Hora",70375.429999999993,195828.71,127578.45,75127.95,90550.55,181640.79,139941.07999999999,69318.320000000007,null,null,"SMMLV"]
["AgenteProfesionalconexperienciaadicionalTeletrabajoBellasartesyafinesServicio7x24NAPlatinoZona1","IT-BPO-69-355","Agente Profesional con experiencia adicional","Teletrabajo","Bellas artes y afines","Servicio 7x24","NA","Platino","Zona 1","Mes 7x24",41078911.859999999,64025330,52067588.359999999,46255304.270000003,46952372.229999997,87546345,65331789.890000001,40169636.340000004,null,null,"SMMLV"]
["AgenteProfesionalconexperienciaadicionalTeletrabajoBellasartesyafinesServicio7x24NAPlatinoZona2","IT-BPO-69-356","Agente Profesional con experiencia adicional","Teletrabajo","Bellas artes y afines","Servicio 7x24","NA","Platino","Zona 2","Mes 7x24",41078911.859999999,64102237.32,53108938.829999998,46255304.270000003,47290962.159999996,87813415.5,65331789.890000001,40169636.340000004,null,null,"SMMLV"]
["AgenteProfesionalconexperienciaadicionalTeletrabajoBellasartesyafinesServicio7x24NAPlatinoZona3","IT-BPO-69-357","Agente Profesional con experiencia adicional","Teletrabajo","Bellas artes y afines","Servicio 7x24","NA","Platino","Zona 3","Mes 7x24",41078911.859999999,64204780.789999999,54171118.399999999,46255304.270000003,47516688.060000002,87951002.25,65331789.890000001,40169636.340000004,null,null,"SMMLV"]
["AgenteProfesionalconexperienciaadicionalTeletrabajoBellasartesyafinesServicio7x24NAOroZona1","IT-BPO-69-358","Agente Profesional con experiencia adicional","Teletrabajo","Bellas artes y afines","Servicio 7x24","NA","Oro","Zona 1","Mes 7x24",39122773.200000003,63897150.390000001,56406552.140000001,46255304.270000003,46072878.609999999,86271086.099999994,65331789.890000001,39768603.979999997,null,null,"SMMLV"]
["AgenteProfesionalconexperienciaadicionalTeletrabajoBellasartesyafinesServicio7x24NAOroZona2","IT-BPO-69-359","Agente Profesional con experiencia adicional","Teletrabajo","Bellas artes y afines","Servicio 7x24","NA","Oro","Zona 2","Mes 7x24",39122773.200000003,63974057.719999999,57534684.649999999,46255304.270000003,46401794.600000001,86534269.349999994,65331789.890000001,39768603.979999997,null,null,"SMMLV"]
["AgenteProfesionalconexperienciaadicionalTeletrabajoBellasartesyafinesServicio7x24NAOroZona3","IT-BPO-69-360","Agente Profesional con experiencia adicional","Teletrabajo","Bellas artes y afines","Servicio 7x24","NA","Oro","Zona 3","Mes 7x24",39122773.200000003,64076601.18,58685377.439999998,46255304.270000003,46621071.100000001,86669846.780000001,65331789.890000001,39768603.979999997,null,null,"SMMLV"]
["AgenteProfesionalconexperienciaadicionalTeletrabajoMatemáticas,cienciasnaturalesyafinesJornadaOrdinaria NAPlatinoZona1","IT-BPO-69-361","Agente Profesional con experiencia adicional","Teletrabajo","Matemáticas, ciencias naturales y afines","Jornada Ordinaria ","NA","Platino","Zona 1","Mes",8867304.3100000005,16207836.32,13016897.91,9961229.2400000002,10796174.539999999,15402347.75,13739537.67,9835656.7200000007,null,null,"SMMLV"]
["AgenteProfesionalconexperienciaadicionalTeletrabajoMatemáticas,cienciasnaturalesyafinesJornadaOrdinaria NAPlatinoZona2","IT-BPO-69-362","Agente Profesional con experiencia adicional","Teletrabajo","Matemáticas, ciencias naturales y afines","Jornada Ordinaria ","NA","Platino","Zona 2","Mes",8867304.3100000005,16230711.960000001,13277235.26,9961229.2400000002,11158972.93,15455761.85,13739537.67,9835656.7200000007,null,null,"SMMLV"]
["AgenteProfesionalconexperienciaadicionalTeletrabajoMatemáticas,cienciasnaturalesyafinesJornadaOrdinaria NAPlatinoZona3","IT-BPO-69-363","Agente Profesional con experiencia adicional","Teletrabajo","Matemáticas, ciencias naturales y afines","Jornada Ordinaria ","NA","Platino","Zona 3","Mes",8867304.3100000005,16261212.09,13542780.42,9961229.2400000002,11210685.68,15483279.199999999,13739537.67,9835656.7200000007,null,null,"SMMLV"]
["AgenteProfesionalconexperienciaadicionalTeletrabajoMatemáticas,cienciasnaturalesyafinesJornadaOrdinaria NAOroZona1","IT-BPO-69-364","Agente Profesional con experiencia adicional","Teletrabajo","Matemáticas, ciencias naturales y afines","Jornada Ordinaria ","NA","Oro","Zona 1","Mes",8445051.7200000007,16169711.699999999,14101638.859999999,9961229.2400000002,10598428.68,15177986.630000001,13739537.67,9749645.8900000006,null,null,"SMMLV"]
["AgenteProfesionalconexperienciaadicionalTeletrabajoMatemáticas,cienciasnaturalesyafinesJornadaOrdinaria NAOroZona2","IT-BPO-69-365","Agente Profesional con experiencia adicional","Teletrabajo","Matemáticas, ciencias naturales y afines","Jornada Ordinaria ","NA","Oro","Zona 2","Mes",8445051.7200000007,16192586.25,14383672.529999999,9961229.2400000002,10670189.76,15230623.279999999,13739537.67,9749645.8900000006,null,null,"SMMLV"]
["AgenteProfesionalconexperienciaadicionalTeletrabajoMatemáticas,cienciasnaturalesyafinesJornadaOrdinaria NAOroZona3","IT-BPO-69-366","Agente Profesional con experiencia adicional","Teletrabajo","Matemáticas, ciencias naturales y afines","Jornada Ordinaria ","NA","Oro","Zona 3","Mes",8445051.7200000007,16223086.380000001,14671345.460000001,9961229.2400000002,10718030.27,15257739.859999999,13739537.67,9749645.8900000006,null,null,"SMMLV"]
["AgenteProfesionalconexperienciaadicionalTeletrabajoMatemáticas,cienciasnaturalesyafinesHoraextradiurnaNAPlatinoZona1","IT-BPO-69-367","Agente Profesional con experiencia adicional","Teletrabajo","Matemáticas, ciencias naturales y afines","Hora extra diurna","NA","Platino","Zona 1","Hora",52781.57,97914.9,70745.759999999995,47451.83,65093.5,91681.07,87463.17,43781.49,null,null,"SMMLV"]
["AgenteProfesionalconexperienciaadicionalTeletrabajoMatemáticas,cienciasnaturalesyafinesHoraextradiurnaNAPlatinoZona2","IT-BPO-69-368","Agente Profesional con experiencia adicional","Teletrabajo","Matemáticas, ciencias naturales y afines","Hora extra diurna","NA","Platino","Zona 2","Hora",52781.57,97914.9,72160.5,47451.83,57589.95,91998.62,87463.17,43781.49,null,null,"SMMLV"]
["AgenteProfesionalconexperienciaadicionalTeletrabajoMatemáticas,cienciasnaturalesyafinesHoraextradiurnaNAPlatinoZona3","IT-BPO-69-369","Agente Profesional con experiencia adicional","Teletrabajo","Matemáticas, ciencias naturales y afines","Hora extra diurna","NA","Platino","Zona 3","Hora",52781.57,97914.9,73603.710000000006,47451.83,63038.28,92162.87,87463.17,43781.49,null,null,"SMMLV"]
["AgenteProfesionalconexperienciaadicionalTeletrabajoMatemáticas,cienciasnaturalesyafinesHoraextradiurnaNAOroZona1","IT-BPO-69-370","Agente Profesional con experiencia adicional","Teletrabajo","Matemáticas, ciencias naturales y afines","Hora extra diurna","NA","Oro","Zona 1","Hora",50268.17,97914.9,76640.149999999994,47451.83,56252.31,90345.17,87463.17,43323.89,null,null,"SMMLV"]
[{"$f":"SUBSTITUTE(C6082&D6082&E6082&F6082&G6082&H6082&I6082,\" \",\"\")","v":"AgenteProfesionalconexperienciaadicionalTeletrabajoMatemáticas,cienciasnaturalesyafinesHoraextradiurnaNAOroZona2"},"IT-BPO-69-371","Agente Profesional con experiencia adicional","Teletrabajo","Matemáticas, ciencias naturales y afines","Hora extra diurna","NA","Oro","Zona 2","Hora",50268.17,97914.9,78173.149999999994,47451.83,61697.599999999999,90659.43,87463.17,43323.89,null,null,"SMMLV"]
["AgenteProfesionalconexperienciaadicionalTeletrabajoMatemáticas,cienciasnaturalesyafinesHoraextradiurnaNAOroZona3","IT-BPO-69-372","Agente Profesional con experiencia adicional","Teletrabajo","Matemáticas, ciencias naturales y afines","Hora extra diurna","NA","Oro","Zona 3","Hora",50268.17,97914.9,79735.710000000006,47451.83,56784.06,90820.4,87463.17,43323.89,null,null,"SMMLV"]
["AgenteProfesionalconexperienciaadicionalTeletrabajoMatemáticas,cienciasnaturalesyafinesHoraextranocturna NAPlatinoZona1","IT-BPO-69-373","Agente Profesional con experiencia adicional","Teletrabajo","Matemáticas, ciencias naturales y afines","Hora extra nocturna ","NA","Platino","Zona 1","Hora",73894.2,137080.85999999999,99042.75,65902.58,79915.86,128353.71,94460.23,61294.05,null,null,"SMMLV"]
["AgenteProfesionalconexperienciaadicionalTeletrabajoMatemáticas,cienciasnaturalesyafinesHoraextranocturna NAPlatinoZona2","IT-BPO-69-374","Agente Profesional con experiencia adicional","Teletrabajo","Matemáticas, ciencias naturales y afines","Hora extra nocturna ","NA","Platino","Zona 2","Hora",73894.2,137080.85999999999,101023.61,65902.58,80514.92,128798.28,94460.23,61294.05,null,null,"SMMLV"]
["AgenteProfesionalconexperienciaadicionalTeletrabajoMatemáticas,cienciasnaturalesyafinesHoraextranocturna NAPlatinoZona3","IT-BPO-69-375","Agente Profesional con experiencia adicional","Teletrabajo","Matemáticas, ciencias naturales y afines","Hora extra nocturna ","NA","Platino","Zona 3","Hora",73894.2,137080.85999999999,103043.88,65902.58,87987.08,129028.23,94460.23,61294.05,null,null,"SMMLV"]
["AgenteProfesionalconexperienciaadicionalTeletrabajoMatemáticas,cienciasnaturalesyafinesHoraextranocturna NAOroZona1","IT-BPO-69-376","Agente Profesional con experiencia adicional","Teletrabajo","Matemáticas, ciencias naturales y afines","Hora extra nocturna ","NA","Oro","Zona 1","Hora",70375.429999999993,137080.85999999999,107296.86,65902.58,78330.44,126483.45,94460.23,60653.47,null,null,"SMMLV"]
["AgenteProfesionalconexperienciaadicionalTeletrabajoMatemáticas,cienciasnaturalesyafinesHoraextranocturna NAOroZona2","IT-BPO-69-377","Agente Profesional con experiencia adicional","Teletrabajo","Matemáticas, ciencias naturales y afines","Hora extra nocturna ","NA","Oro","Zona 2","Hora",70375.429999999993,137080.85999999999,109441.97,65902.58,78912.05,126922.55,94460.23,60653.47,null,null,"SMMLV"]
["AgenteProfesionalconexperienciaadicionalTeletrabajoMatemáticas,cienciasnaturalesyafinesHoraextranocturna NAOroZona3","IT-BPO-69-378","Agente Profesional con experiencia adicional","Teletrabajo","Matemáticas, ciencias naturales y afines","Hora extra nocturna ","NA","Oro","Zona 3","Hora",70375.429999999993,137080.85999999999,111630.87,65902.58,69865.100000000006,127148.12,94460.23,60653.47,null,null,"SMMLV"]
["AgenteProfesionalconexperienciaadicionalTeletrabajoMatemáticas,cienciasnaturalesyafinesHoraextradominicalyfestivoNAPlatinoZona1","IT-BPO-69-379","Agente Profesional con experiencia adicional","Teletrabajo","Matemáticas, ciencias naturales y afines","Hora extra dominical y festivo","NA","Platino","Zona 1","Hora",84450.52,195828.71,113191.25,75127.95,99490.9,183362.13,139941.07999999999,70050.33,null,null,"SMMLV"]
["AgenteProfesionalconexperienciaadicionalTeletrabajoMatemáticas,cienciasnaturalesyafinesHoraextradominicalyfestivoNAPlatinoZona2","IT-BPO-69-380","Agente Profesional con experiencia adicional","Teletrabajo","Matemáticas, ciencias naturales y afines","Hora extra dominical y festivo","NA","Platino","Zona 2","Hora",84450.52,195828.71,115454.61,75127.95,94947.07,183997.23,139941.07999999999,70050.33,null,null,"SMMLV"]
["AgenteProfesionalconexperienciaadicionalTeletrabajoMatemáticas,cienciasnaturalesyafinesHoraextradominicalyfestivoNAPlatinoZona3","IT-BPO-69-381","Agente Profesional con experiencia adicional","Teletrabajo","Matemáticas, ciencias naturales y afines","Hora extra dominical y festivo","NA","Platino","Zona 3","Hora",84450.52,195828.71,117763.97,75127.95,104547.32,184325.73,139941.07999999999,70050.33,null,null,"SMMLV"]
["AgenteProfesionalconexperienciaadicionalTeletrabajoMatemáticas,cienciasnaturalesyafinesHoraextradominicalyfestivoNAOroZona1","IT-BPO-69-382","Agente Profesional con experiencia adicional","Teletrabajo","Matemáticas, ciencias naturales y afines","Hora extra dominical y festivo","NA","Oro","Zona 1","Hora",70375.429999999993,195828.71,122623.58,75127.95,111542.65,180690.33,139941.07999999999,69318.320000000007,null,null,"SMMLV"]
["AgenteProfesionalconexperienciaadicionalTeletrabajoMatemáticas,cienciasnaturalesyafinesHoraextradominicalyfestivoNAOroZona2","IT-BPO-69-383","Agente Profesional con experiencia adicional","Teletrabajo","Matemáticas, ciencias naturales y afines","Hora extra dominical y festivo","NA","Oro","Zona 2","Hora",70375.429999999993,195828.71,125076.38,75127.95,98391.27,181317.77,139941.07999999999,69318.320000000007,null,null,"SMMLV"]
["AgenteProfesionalconexperienciaadicionalTeletrabajoMatemáticas,cienciasnaturalesyafinesHoraextradominicalyfestivoNAOroZona3","IT-BPO-69-384","Agente Profesional con experiencia adicional","Teletrabajo","Matemáticas, ciencias naturales y afines","Hora extra dominical y festivo","NA","Oro","Zona 3","Hora",70375.429999999993,195828.71,127578.45,75127.95,82968.570000000007,181640.79,139941.07999999999,69318.320000000007,null,null,"SMMLV"]
["AgenteProfesionalconexperienciaadicionalTeletrabajoMatemáticas,cienciasnaturalesyafinesServicio7x24NAPlatinoZona1","IT-BPO-69-385","Agente Profesional con experiencia adicional","Teletrabajo","Matemáticas, ciencias naturales y afines","Servicio 7x24","NA","Platino","Zona 1","Mes 7x24",41078911.859999999,64025330,52067588.359999999,46255304.270000003,46952372.229999997,87546345,65331789.890000001,40169636.340000004,null,null,"SMMLV"]
["AgenteProfesionalconexperienciaadicionalTeletrabajoMatemáticas,cienciasnaturalesyafinesServicio7x24NAPlatinoZona2","IT-BPO-69-386","Agente Profesional con experiencia adicional","Teletrabajo","Matemáticas, ciencias naturales y afines","Servicio 7x24","NA","Platino","Zona 2","Mes 7x24",41078911.859999999,64102237.32,53108938.829999998,46255304.270000003,47290962.159999996,87813415.5,65331789.890000001,40169636.340000004,null,null,"SMMLV"]
["AgenteProfesionalconexperienciaadicionalTeletrabajoMatemáticas,cienciasnaturalesyafinesServicio7x24NAPlatinoZona3","IT-BPO-69-387","Agente Profesional con experiencia adicional","Teletrabajo","Matemáticas, ciencias naturales y afines","Servicio 7x24","NA","Platino","Zona 3","Mes 7x24",41078911.859999999,64204780.789999999,54171118.399999999,46255304.270000003,47516688.060000002,87951002.25,65331789.890000001,40169636.340000004,null,null,"SMMLV"]
["AgenteProfesionalconexperienciaadicionalTeletrabajoMatemáticas,cienciasnaturalesyafinesServicio7x24NAOroZona1","IT-BPO-69-388","Agente Profesional con experiencia adicional","Teletrabajo","Matemáticas, ciencias naturales y afines","Servicio 7x24","NA","Oro","Zona 1","Mes 7x24",39122773.200000003,63897150.390000001,56406552.140000001,46255304.270000003,44102106.810000002,86271086.099999994,65331789.890000001,39768603.979999997,null,null,"SMMLV"]
["AgenteProfesionalconexperienciaadicionalTeletrabajoMatemáticas,cienciasnaturalesyafinesServicio7x24NAOroZona2","IT-BPO-69-389","Agente Profesional con experiencia adicional","Teletrabajo","Matemáticas, ciencias naturales y afines","Servicio 7x24","NA","Oro","Zona 2","Mes 7x24",39122773.200000003,63974057.719999999,57534684.649999999,46255304.270000003,46401794.600000001,86534269.349999994,65331789.890000001,39768603.979999997,null,null,"SMMLV"]
["AgenteProfesionalconexperienciaadicionalTeletrabajoMatemáticas,cienciasnaturalesyafinesServicio7x24NAOroZona3","IT-BPO-69-390","Agente Profesional con experiencia adicional","Teletrabajo","Matemáticas, ciencias naturales y afines","Servicio 7x24","NA","Oro","Zona 3","Mes 7x24",39122773.200000003,64076601.18,58685377.439999998,46255304.270000003,46621071.100000001,86669846.780000001,65331789.890000001,39768603.979999997,null,null,"SMMLV"]
["AgenteProfesionalconexperienciaadicionalTeletrabajoCienciasdelasaludyafinesJornadaOrdinaria NAPlatinoZona1","IT-BPO-69-391","Agente Profesional con experiencia adicional","Teletrabajo","Ciencias de la salud y afines","Jornada Ordinaria ","NA","Platino","Zona 1","Mes",8867304.3100000005,18714449,16339811.189999999,13701306.859999999,20088322.219999999,18837736.140000001,13739537.67,12071939.300000001,null,null,"SMMLV"]
["AgenteProfesionalconexperienciaadicionalTeletrabajoCienciasdelasaludyafinesJornadaOrdinaria NAPlatinoZona2","IT-BPO-69-392","Agente Profesional con experiencia adicional","Teletrabajo","Ciencias de la salud y afines","Jornada Ordinaria ","NA","Platino","Zona 2","Mes",8867304.3100000005,18737324.640000001,16666607.369999999,13701306.859999999,20088322.219999999,18891150.239999998,13739537.67,12071939.300000001,null,null,"SMMLV"]
["AgenteProfesionalconexperienciaadicionalTeletrabajoCienciasdelasaludyafinesJornadaOrdinaria NAPlatinoZona3","IT-BPO-69-393","Agente Profesional con experiencia adicional","Teletrabajo","Ciencias de la salud y afines","Jornada Ordinaria ","NA","Platino","Zona 3","Mes",8867304.3100000005,18767824.77,16999938.510000002,13701306.859999999,20088322.219999999,18918667.59,13739537.67,12071939.300000001,null,null,"SMMLV"]
["AgenteProfesionalconexperienciaadicionalTeletrabajoCienciasdelasaludyafinesJornadaOrdinaria NAOroZona1","IT-BPO-69-394","Agente Profesional con experiencia adicional","Teletrabajo","Ciencias de la salud y afines","Jornada Ordinaria ","NA","Oro","Zona 1","Mes",8445051.7200000007,18676324.379999999,17701461.210000001,13701306.859999999,20088322.219999999,18563333.52,13739537.67,11985928.359999999,null,null,"SMMLV"]
["AgenteProfesionalconexperienciaadicionalTeletrabajoCienciasdelasaludyafinesJornadaOrdinaria NAOroZona2","IT-BPO-69-395","Agente Profesional con experiencia adicional","Teletrabajo","Ciencias de la salud y afines","Jornada Ordinaria ","NA","Oro","Zona 2","Mes",8445051.7200000007,18699198.93,18055490.039999999,13701306.859999999,20088322.219999999,18615970.170000002,13739537.67,11985928.359999999,null,null,"SMMLV"]
["AgenteProfesionalconexperienciaadicionalTeletrabajoCienciasdelasaludyafinesJornadaOrdinaria NAOroZona3","IT-BPO-69-396","Agente Profesional con experiencia adicional","Teletrabajo","Ciencias de la salud y afines","Jornada Ordinaria ","NA","Oro","Zona 3","Mes",8445051.7200000007,18729699.059999999,18416601.329999998,13701306.859999999,20088322.219999999,18643085.66,13739537.67,11985928.359999999,null,null,"SMMLV"]
["AgenteProfesionalconexperienciaadicionalTeletrabajoCienciasdelasaludyafinesHoraextradiurnaNAPlatinoZona1","IT-BPO-69-397","Agente Profesional con experiencia adicional","Teletrabajo","Ciencias de la salud y afines","Hora extra diurna","NA","Platino","Zona 1","Hora",52781.57,114233.69,88804.5,66931.88,68332.789999999994,112130.19,87463.17,55676.59,null,null,"SMMLV"]
["AgenteProfesionalconexperienciaadicionalTeletrabajoCienciasdelasaludyafinesHoraextradiurnaNAPlatinoZona2","IT-BPO-69-398","Agente Profesional con experiencia adicional","Teletrabajo","Ciencias de la salud y afines","Hora extra diurna","NA","Platino","Zona 2","Hora",52781.57,114233.69,90580.59,66931.88,80408.570000000007,112447.74,87463.17,55676.59,null,null,"SMMLV"]
["AgenteProfesionalconexperienciaadicionalTeletrabajoCienciasdelasaludyafinesHoraextradiurnaNAPlatinoZona3","IT-BPO-69-399","Agente Profesional con experiencia adicional","Teletrabajo","Ciencias de la salud y afines","Hora extra diurna","NA","Platino","Zona 3","Hora",52781.57,114233.69,92391.72,66931.88,80731.649999999994,112611.99,87463.17,55676.59,null,null,"SMMLV"]
["AgenteProfesionalconexperienciaadicionalTeletrabajoCienciasdelasaludyafinesHoraextradiurnaNAOroZona1","IT-BPO-69-400","Agente Profesional con experiencia adicional","Teletrabajo","Ciencias de la salud y afines","Hora extra diurna","NA","Oro","Zona 1","Hora",50268.17,114233.69,96204.51,66931.88,78362.490000000005,110496.45,87463.17,55219.1,null,null,"SMMLV"]
["AgenteProfesionalconexperienciaadicionalTeletrabajoCienciasdelasaludyafinesHoraextradiurnaNAOroZona2","IT-BPO-69-401","Agente Profesional con experiencia adicional","Teletrabajo","Ciencias de la salud y afines","Hora extra diurna","NA","Oro","Zona 2","Hora",50268.17,114233.69,98129.52,66931.88,78832.759999999995,110809.62,87463.17,55219.1,null,null,"SMMLV"]
["AgenteProfesionalconexperienciaadicionalTeletrabajoCienciasdelasaludyafinesHoraextradiurnaNAOroZona3","IT-BPO-69-402","Agente Profesional con experiencia adicional","Teletrabajo","Ciencias de la salud y afines","Hora extra diurna","NA","Oro","Zona 3","Hora",50268.17,114233.69,100091.76,66931.88,69280.12,110971.68,87463.17,55219.1,null,null,"SMMLV"]
["AgenteProfesionalconexperienciaadicionalTeletrabajoCienciasdelasaludyafinesHoraextranocturna NAPlatinoZona1","IT-BPO-69-403","Agente Profesional con experiencia adicional","Teletrabajo","Ciencias de la salud y afines","Hora extra nocturna ","NA","Platino","Zona 1","Hora",73894.2,159926.94,124326.3,93174.65,111471.23,156981.39000000001,94460.23,77947.14,null,null,"SMMLV"]
["AgenteProfesionalconexperienciaadicionalTeletrabajoCienciasdelasaludyafinesHoraextranocturna NAPlatinoZona2","IT-BPO-69-404","Agente Profesional con experiencia adicional","Teletrabajo","Ciencias de la salud y afines","Hora extra nocturna ","NA","Platino","Zona 2","Hora",73894.2,159926.94,126811.95,93174.65,112149.2,157427.06,94460.23,77947.14,null,null,"SMMLV"]
["AgenteProfesionalconexperienciaadicionalTeletrabajoCienciasdelasaludyafinesHoraextranocturna NAPlatinoZona3","IT-BPO-69-405","Agente Profesional con experiencia adicional","Teletrabajo","Ciencias de la salud y afines","Hora extra nocturna ","NA","Platino","Zona 3","Hora",73894.2,159926.94,129349.07,93174.65,112601.38,157655.91,94460.23,77947.14,null,null,"SMMLV"]
["AgenteProfesionalconexperienciaadicionalTeletrabajoCienciasdelasaludyafinesHoraextranocturna NAOroZona1","IT-BPO-69-406","Agente Profesional con experiencia adicional","Teletrabajo","Ciencias de la salud y afines","Hora extra nocturna ","NA","Oro","Zona 1","Hora",70375.429999999993,159926.94,134686.1,93174.65,109409.25,154695.03,94460.23,77306.67,null,null,"SMMLV"]
["AgenteProfesionalconexperienciaadicionalTeletrabajoCienciasdelasaludyafinesHoraextranocturna NAOroZona2","IT-BPO-69-407","Agente Profesional con experiencia adicional","Teletrabajo","Ciencias de la salud y afines","Hora extra nocturna ","NA","Oro","Zona 2","Hora",70375.429999999993,159926.94,137379.79999999999,93174.65,110067.88,155134.13,94460.23,77306.67,null,null,"SMMLV"]
["AgenteProfesionalconexperienciaadicionalTeletrabajoCienciasdelasaludyafinesHoraextranocturna NAOroZona3","IT-BPO-69-408","Agente Profesional con experiencia adicional","Teletrabajo","Ciencias de la salud y afines","Hora extra nocturna ","NA","Oro","Zona 3","Hora",70375.429999999993,159926.94,140127.15,93174.65,101131.17,155359.70000000001,94460.23,77306.67,null,null,"SMMLV"]
["AgenteProfesionalconexperienciaadicionalTeletrabajoCienciasdelasaludyafinesHoraextradominicalyfestivoNAPlatinoZona1","IT-BPO-69-409","Agente Profesional con experiencia adicional","Teletrabajo","Ciencias de la salud y afines","Hora extra dominical y festivo","NA","Platino","Zona 1","Hora",84450.52,228467.37,142086.10999999999,106296.03,136976.20000000001,224259.29,139941.07999999999,89082.52,null,null,"SMMLV"]
["AgenteProfesionalconexperienciaadicionalTeletrabajoCienciasdelasaludyafinesHoraextradominicalyfestivoNAPlatinoZona2","IT-BPO-69-410","Agente Profesional con experiencia adicional","Teletrabajo","Ciencias de la salud y afines","Hora extra dominical y festivo","NA","Platino","Zona 2","Hora",84450.52,228467.37,144928.73000000001,106296.03,137944.5,224895.48,139941.07999999999,89082.52,null,null,"SMMLV"]
["AgenteProfesionalconexperienciaadicionalTeletrabajoCienciasdelasaludyafinesHoraextradominicalyfestivoNAPlatinoZona3","IT-BPO-69-411","Agente Profesional con experiencia adicional","Teletrabajo","Ciencias de la salud y afines","Hora extra dominical y festivo","NA","Platino","Zona 3","Hora",84450.52,228467.37,147826.1,106296.03,138590.34,225222.89,139941.07999999999,89082.52,null,null,"SMMLV"]
["AgenteProfesionalconexperienciaadicionalTeletrabajoCienciasdelasaludyafinesHoraextradominicalyfestivoNAOroZona1","IT-BPO-69-412","Agente Profesional con experiencia adicional","Teletrabajo","Ciencias de la salud y afines","Hora extra dominical y festivo","NA","Oro","Zona 1","Hora",70375.429999999993,228467.37,153926.34,106296.03,125147.75,220992.9,139941.07999999999,88350.51,null,null,"SMMLV"]
["AgenteProfesionalconexperienciaadicionalTeletrabajoCienciasdelasaludyafinesHoraextradominicalyfestivoNAOroZona2","IT-BPO-69-413","Agente Profesional con experiencia adicional","Teletrabajo","Ciencias de la salud y afines","Hora extra dominical y festivo","NA","Oro","Zona 2","Hora",70375.429999999993,228467.37,157005.48000000001,106296.03,135420.35,221619.24,139941.07999999999,88350.51,null,null,"SMMLV"]
["AgenteProfesionalconexperienciaadicionalTeletrabajoCienciasdelasaludyafinesHoraextradominicalyfestivoNAOroZona3","IT-BPO-69-414","Agente Profesional con experiencia adicional","Teletrabajo","Ciencias de la salud y afines","Hora extra dominical y festivo","NA","Oro","Zona 3","Hora",70375.429999999993,228467.37,160145.94,106296.03,124504.74,221942.27,139941.07999999999,88350.51,null,null,"SMMLV"]
["AgenteProfesionalconexperienciaadicionalTeletrabajoCienciasdelasaludyafinesServicio7x24NAPlatinoZona1","IT-BPO-69-415","Agente Profesional con experiencia adicional","Teletrabajo","Ciencias de la salud y afines","Servicio 7x24","NA","Platino","Zona 1","Mes 7x24",41078911.859999999,74051780.719999999,65359240.380000003,64937886.57,64365313.740000002,107356937.18000001,65331789.890000001,50596477.210000001,null,null,"SMMLV"]
["AgenteProfesionalconexperienciaadicionalTeletrabajoCienciasdelasaludyafinesServicio7x24NAPlatinoZona2","IT-BPO-69-416","Agente Profesional con experiencia adicional","Teletrabajo","Ciencias de la salud y afines","Servicio 7x24","NA","Platino","Zona 2","Mes 7x24",41078911.859999999,74128688.040000007,66666424.009999998,64937886.57,64751332.850000001,107624007.68000001,65331789.890000001,50596477.210000001,null,null,"SMMLV"]
["AgenteProfesionalconexperienciaadicionalTeletrabajoCienciasdelasaludyafinesServicio7x24NAPlatinoZona3","IT-BPO-69-417","Agente Profesional con experiencia adicional","Teletrabajo","Ciencias de la salud y afines","Servicio 7x24","NA","Platino","Zona 3","Mes 7x24",41078911.859999999,74231231.510000005,67999752.950000003,64937886.57,65008678.299999997,107761594.43000001,65331789.890000001,50596477.210000001,null,null,"SMMLV"]
["AgenteProfesionalconexperienciaadicionalTeletrabajoCienciasdelasaludyafinesServicio7x24NAOroZona1","IT-BPO-69-418","Agente Profesional con experiencia adicional","Teletrabajo","Ciencias de la salud y afines","Servicio 7x24","NA","Oro","Zona 1","Mes 7x24",39122773.200000003,73923601.109999999,70805842.650000006,64937886.57,56553698.82,105793107.45,65331789.890000001,50195444.850000001,null,null,"SMMLV"]
["AgenteProfesionalconexperienciaadicionalTeletrabajoCienciasdelasaludyafinesServicio7x24NAOroZona2","IT-BPO-69-419","Agente Profesional con experiencia adicional","Teletrabajo","Ciencias de la salud y afines","Servicio 7x24","NA","Oro","Zona 2","Mes 7x24",39122773.200000003,74000508.439999998,72221960.159999996,64937886.57,63570218.210000001,106056290.7,65331789.890000001,50195444.850000001,null,null,"SMMLV"]
["AgenteProfesionalconexperienciaadicionalTeletrabajoCienciasdelasaludyafinesServicio7x24NAOroZona3","IT-BPO-69-420","Agente Profesional con experiencia adicional","Teletrabajo","Ciencias de la salud y afines","Servicio 7x24","NA","Oro","Zona 3","Mes 7x24",39122773.200000003,74103051.900000006,73666398.75,64937886.57,57225406.420000002,106191868.13,65331789.890000001,50195444.850000001,null,null,"SMMLV"]
["AgenteProfesionalconexperienciaadicionalTeletrabajoAgronomía,veterinariayafinesJornadaOrdinaria NAPlatinoZona1","IT-BPO-69-421","Agente Profesional con experiencia adicional","Teletrabajo","Agronomía, veterinaria y afines","Jornada Ordinaria ","NA","Platino","Zona 1","Mes",8867304.3100000005,16207836.32,13016897.91,9961229.2400000002,10796174.539999999,15402347.75,13739537.67,9835656.7200000007,null,null,"SMMLV"]
["AgenteProfesionalconexperienciaadicionalTeletrabajoAgronomía,veterinariayafinesJornadaOrdinaria NAPlatinoZona2","IT-BPO-69-422","Agente Profesional con experiencia adicional","Teletrabajo","Agronomía, veterinaria y afines","Jornada Ordinaria ","NA","Platino","Zona 2","Mes",8867304.3100000005,16230711.960000001,13277235.26,9961229.2400000002,10870046.23,15455761.85,13739537.67,9835656.7200000007,null,null,"SMMLV"]
["AgenteProfesionalconexperienciaadicionalTeletrabajoAgronomía,veterinariayafinesJornadaOrdinaria NAPlatinoZona3","IT-BPO-69-423","Agente Profesional con experiencia adicional","Teletrabajo","Agronomía, veterinaria y afines","Jornada Ordinaria ","NA","Platino","Zona 3","Mes",8867304.3100000005,16261212.09,13542780.42,9961229.2400000002,10919293.810000001,15483279.199999999,13739537.67,9835656.7200000007,null,null,"SMMLV"]
["AgenteProfesionalconexperienciaadicionalTeletrabajoAgronomía,veterinariayafinesJornadaOrdinaria NAOroZona1","IT-BPO-69-424","Agente Profesional con experiencia adicional","Teletrabajo","Agronomía, veterinaria y afines","Jornada Ordinaria ","NA","Oro","Zona 1","Mes",8445051.7200000007,16169711.699999999,14101638.859999999,9961229.2400000002,10598428.68,15177986.630000001,13739537.67,9749645.8900000006,null,null,"SMMLV"]
["AgenteProfesionalconexperienciaadicionalTeletrabajoAgronomía,veterinariayafinesJornadaOrdinaria NAOroZona2","IT-BPO-69-425","Agente Profesional con experiencia adicional","Teletrabajo","Agronomía, veterinaria y afines","Jornada Ordinaria ","NA","Oro","Zona 2","Mes",8445051.7200000007,16192586.25,14383672.529999999,9961229.2400000002,10670189.76,15230623.279999999,13739537.67,9749645.8900000006,null,null,"SMMLV"]
["AgenteProfesionalconexperienciaadicionalTeletrabajoAgronomía,veterinariayafinesJornadaOrdinaria NAOroZona3","IT-BPO-69-426","Agente Profesional con experiencia adicional","Teletrabajo","Agronomía, veterinaria y afines","Jornada Ordinaria ","NA","Oro","Zona 3","Mes",8445051.7200000007,16223086.380000001,14671345.460000001,9961229.2400000002,10718030.27,15257739.859999999,13739537.67,9749645.8900000006,null,null,"SMMLV"]
["AgenteProfesionalconexperienciaadicionalTeletrabajoAgronomía,veterinariayafinesHoraextradiurnaNAPlatinoZona1","IT-BPO-69-427","Agente Profesional con experiencia adicional","Teletrabajo","Agronomía, veterinaria y afines","Hora extra diurna","NA","Platino","Zona 1","Hora",52781.57,97914.9,70745.759999999995,47451.83,57162.39,91681.07,87463.17,43781.49,null,null,"SMMLV"]
["AgenteProfesionalconexperienciaadicionalTeletrabajoAgronomía,veterinariayafinesHoraextradiurnaNAPlatinoZona2","IT-BPO-69-428","Agente Profesional con experiencia adicional","Teletrabajo","Agronomía, veterinaria y afines","Hora extra diurna","NA","Platino","Zona 2","Hora",52781.57,97914.9,72160.5,47451.83,57589.95,91998.62,87463.17,43781.49,null,null,"SMMLV"]
["AgenteProfesionalconexperienciaadicionalTeletrabajoAgronomía,veterinariayafinesHoraextradiurnaNAPlatinoZona3","IT-BPO-69-429","Agente Profesional con experiencia adicional","Teletrabajo","Agronomía, veterinaria y afines","Hora extra diurna","NA","Platino","Zona 3","Hora",52781.57,97914.9,73603.710000000006,47451.83,57875.29,92162.87,87463.17,43781.49,null,null,"SMMLV"]
["AgenteProfesionalconexperienciaadicionalTeletrabajoAgronomía,veterinariayafinesHoraextradiurnaNAOroZona1","IT-BPO-69-430","Agente Profesional con experiencia adicional","Teletrabajo","Agronomía, veterinaria y afines","Hora extra diurna","NA","Oro","Zona 1","Hora",50268.17,97914.9,76640.149999999994,47451.83,56252.31,90345.17,87463.17,43323.89,null,null,"SMMLV"]
["AgenteProfesionalconexperienciaadicionalTeletrabajoAgronomía,veterinariayafinesHoraextradiurnaNAOroZona2","IT-BPO-69-431","Agente Profesional con experiencia adicional","Teletrabajo","Agronomía, veterinaria y afines","Hora extra diurna","NA","Oro","Zona 2","Hora",50268.17,97914.9,78173.149999999994,47451.83,56668,90659.43,87463.17,43323.89,null,null,"SMMLV"]
["AgenteProfesionalconexperienciaadicionalTeletrabajoAgronomía,veterinariayafinesHoraextradiurnaNAOroZona3","IT-BPO-69-432","Agente Profesional con experiencia adicional","Teletrabajo","Agronomía, veterinaria y afines","Hora extra diurna","NA","Oro","Zona 3","Hora",50268.17,97914.9,79735.710000000006,47451.83,52113.52,90820.4,87463.17,43323.89,null,null,"SMMLV"]
["AgenteProfesionalconexperienciaadicionalTeletrabajoAgronomía,veterinariayafinesHoraextranocturna NAPlatinoZona1","IT-BPO-69-433","Agente Profesional con experiencia adicional","Teletrabajo","Agronomía, veterinaria y afines","Hora extra nocturna ","NA","Platino","Zona 1","Hora",73894.2,137080.85999999999,99042.75,65902.58,79915.86,128353.71,94460.23,61294.05,null,null,"SMMLV"]
["AgenteProfesionalconexperienciaadicionalTeletrabajoAgronomía,veterinariayafinesHoraextranocturna NAPlatinoZona2","IT-BPO-69-434","Agente Profesional con experiencia adicional","Teletrabajo","Agronomía, veterinaria y afines","Hora extra nocturna ","NA","Platino","Zona 2","Hora",73894.2,137080.85999999999,101023.61,65902.58,80514.92,128798.28,94460.23,61294.05,null,null,"SMMLV"]
[{"$f":"SUBSTITUTE(C6146&D6146&E6146&F6146&G6146&H6146&I6146,\" \",\"\")","v":"AgenteProfesionalconexperienciaadicionalTeletrabajoAgronomía,veterinariayafinesHoraextranocturna NAPlatinoZona3"},"IT-BPO-69-435","Agente Profesional con experiencia adicional","Teletrabajo","Agronomía, veterinaria y afines","Hora extra nocturna ","NA","Platino","Zona 3","Hora",73894.2,137080.85999999999,103043.88,65902.58,80914.09,129028.23,94460.23,61294.05,null,null,"SMMLV"]
["AgenteProfesionalconexperienciaadicionalTeletrabajoAgronomía,veterinariayafinesHoraextranocturna NAOroZona1","IT-BPO-69-436","Agente Profesional con experiencia adicional","Teletrabajo","Agronomía, veterinaria y afines","Hora extra nocturna ","NA","Oro","Zona 1","Hora",70375.429999999993,137080.85999999999,107296.86,65902.58,91105.94,126483.45,94460.23,60653.47,null,null,"SMMLV"]
["AgenteProfesionalconexperienciaadicionalTeletrabajoAgronomía,veterinariayafinesHoraextranocturna NAOroZona2","IT-BPO-69-437","Agente Profesional con experiencia adicional","Teletrabajo","Agronomía, veterinaria y afines","Hora extra nocturna ","NA","Oro","Zona 2","Hora",70375.429999999993,137080.85999999999,109441.97,65902.58,78912.05,126922.55,94460.23,60653.47,null,null,"SMMLV"]
["AgenteProfesionalconexperienciaadicionalTeletrabajoAgronomía,veterinariayafinesHoraextranocturna NAOroZona3","IT-BPO-69-438","Agente Profesional con experiencia adicional","Teletrabajo","Agronomía, veterinaria y afines","Hora extra nocturna ","NA","Oro","Zona 3","Hora",70375.429999999993,137080.85999999999,111630.87,65902.58,72571.62,127148.12,94460.23,60653.47,null,null,"SMMLV"]
["AgenteProfesionalconexperienciaadicionalTeletrabajoAgronomía,veterinariayafinesHoraextradominicalyfestivoNAPlatinoZona1","IT-BPO-69-439","Agente Profesional con experiencia adicional","Teletrabajo","Agronomía, veterinaria y afines","Hora extra dominical y festivo","NA","Platino","Zona 1","Hora",84450.52,195828.71,113191.25,75127.95,103838.5,183362.13,139941.07999999999,70050.33,null,null,"SMMLV"]
["AgenteProfesionalconexperienciaadicionalTeletrabajoAgronomía,veterinariayafinesHoraextradominicalyfestivoNAPlatinoZona2","IT-BPO-69-440","Agente Profesional con experiencia adicional","Teletrabajo","Agronomía, veterinaria y afines","Hora extra dominical y festivo","NA","Platino","Zona 2","Hora",84450.52,195828.71,115454.61,75127.95,89057.08,183997.23,139941.07999999999,70050.33,null,null,"SMMLV"]
["AgenteProfesionalconexperienciaadicionalTeletrabajoAgronomía,veterinariayafinesHoraextradominicalyfestivoNAPlatinoZona3","IT-BPO-69-441","Agente Profesional con experiencia adicional","Teletrabajo","Agronomía, veterinaria y afines","Hora extra dominical y festivo","NA","Platino","Zona 3","Hora",84450.52,195828.71,117763.97,75127.95,100916.69,184325.73,139941.07999999999,70050.33,null,null,"SMMLV"]
["AgenteProfesionalconexperienciaadicionalTeletrabajoAgronomía,veterinariayafinesHoraextradominicalyfestivoNAOroZona1","IT-BPO-69-442","Agente Profesional con experiencia adicional","Teletrabajo","Agronomía, veterinaria y afines","Hora extra dominical y festivo","NA","Oro","Zona 1","Hora",70375.429999999993,195828.71,122623.58,75127.95,97560.19,180690.33,139941.07999999999,69318.320000000007,null,null,"SMMLV"]
["AgenteProfesionalconexperienciaadicionalTeletrabajoAgronomía,veterinariayafinesHoraextradominicalyfestivoNAOroZona2","IT-BPO-69-443","Agente Profesional con experiencia adicional","Teletrabajo","Agronomía, veterinaria y afines","Hora extra dominical y festivo","NA","Oro","Zona 2","Hora",70375.429999999993,195828.71,125076.38,75127.95,98391.27,181317.77,139941.07999999999,69318.320000000007,null,null,"SMMLV"]
["AgenteProfesionalconexperienciaadicionalTeletrabajoAgronomía,veterinariayafinesHoraextradominicalyfestivoNAOroZona3","IT-BPO-69-444","Agente Profesional con experiencia adicional","Teletrabajo","Agronomía, veterinaria y afines","Hora extra dominical y festivo","NA","Oro","Zona 3","Hora",70375.429999999993,195828.71,127578.45,75127.95,90550.55,181640.79,139941.07999999999,69318.320000000007,null,null,"SMMLV"]
["AgenteProfesionalconexperienciaadicionalTeletrabajoAgronomía,veterinariayafinesServicio7x24NAPlatinoZona1","IT-BPO-69-445","Agente Profesional con experiencia adicional","Teletrabajo","Agronomía, veterinaria y afines","Servicio 7x24","NA","Platino","Zona 1","Mes 7x24",41078911.859999999,64025330,52067588.359999999,46255304.270000003,46952372.229999997,87546345,65331789.890000001,40169636.340000004,null,null,"SMMLV"]
["AgenteProfesionalconexperienciaadicionalTeletrabajoAgronomía,veterinariayafinesServicio7x24NAPlatinoZona2","IT-BPO-69-446","Agente Profesional con experiencia adicional","Teletrabajo","Agronomía, veterinaria y afines","Servicio 7x24","NA","Platino","Zona 2","Mes 7x24",41078911.859999999,64102237.32,53108938.829999998,46255304.270000003,47290962.159999996,87813415.5,65331789.890000001,40169636.340000004,null,null,"SMMLV"]
["AgenteProfesionalconexperienciaadicionalTeletrabajoAgronomía,veterinariayafinesServicio7x24NAPlatinoZona3","IT-BPO-69-447","Agente Profesional con experiencia adicional","Teletrabajo","Agronomía, veterinaria y afines","Servicio 7x24","NA","Platino","Zona 3","Mes 7x24",41078911.859999999,64204780.789999999,54171118.399999999,46255304.270000003,47516688.060000002,87951002.25,65331789.890000001,40169636.340000004,null,null,"SMMLV"]
["AgenteProfesionalconexperienciaadicionalTeletrabajoAgronomía,veterinariayafinesServicio7x24NAOroZona1","IT-BPO-69-448","Agente Profesional con experiencia adicional","Teletrabajo","Agronomía, veterinaria y afines","Servicio 7x24","NA","Oro","Zona 1","Mes 7x24",39122773.200000003,63897150.390000001,56406552.140000001,46255304.270000003,44102106.810000002,86271086.099999994,65331789.890000001,39768603.979999997,null,null,"SMMLV"]
["AgenteProfesionalconexperienciaadicionalTeletrabajoAgronomía,veterinariayafinesServicio7x24NAOroZona2","IT-BPO-69-449","Agente Profesional con experiencia adicional","Teletrabajo","Agronomía, veterinaria y afines","Servicio 7x24","NA","Oro","Zona 2","Mes 7x24",39122773.200000003,63974057.719999999,57534684.649999999,46255304.270000003,44102106.810000002,86534269.349999994,65331789.890000001,39768603.979999997,null,null,"SMMLV"]
["AgenteProfesionalconexperienciaadicionalTeletrabajoAgronomía,veterinariayafinesServicio7x24NAOroZona3","IT-BPO-69-450","Agente Profesional con experiencia adicional","Teletrabajo","Agronomía, veterinaria y afines","Servicio 7x24","NA","Oro","Zona 3","Mes 7x24",39122773.200000003,64076601.18,58685377.439999998,46255304.270000003,46621071.100000001,86669846.780000001,65331789.890000001,39768603.979999997,null,null,"SMMLV"]
["AgenteProfesionalconexperienciaadicionalTeletrabajoCienciasdelaeducaciónyafinesJornadaOrdinaria NAPlatinoZona1","IT-BPO-69-451","Agente Profesional con experiencia adicional","Teletrabajo","Ciencias de la educación y afines","Jornada Ordinaria ","NA","Platino","Zona 1","Mes",8867304.3100000005,16207836.32,13016897.91,9961229.2400000002,10796174.539999999,15402347.75,13739537.67,9835656.7200000007,null,null,"SMMLV"]
["AgenteProfesionalconexperienciaadicionalTeletrabajoCienciasdelaeducaciónyafinesJornadaOrdinaria NAPlatinoZona2","IT-BPO-69-452","Agente Profesional con experiencia adicional","Teletrabajo","Ciencias de la educación y afines","Jornada Ordinaria ","NA","Platino","Zona 2","Mes",8867304.3100000005,16230711.960000001,13277235.26,9961229.2400000002,10870046.23,15455761.85,13739537.67,9835656.7200000007,null,null,"SMMLV"]
["AgenteProfesionalconexperienciaadicionalTeletrabajoCienciasdelaeducaciónyafinesJornadaOrdinaria NAPlatinoZona3","IT-BPO-69-453","Agente Profesional con experiencia adicional","Teletrabajo","Ciencias de la educación y afines","Jornada Ordinaria ","NA","Platino","Zona 3","Mes",8867304.3100000005,16261212.09,13542780.42,9961229.2400000002,10919293.810000001,15483279.199999999,13739537.67,9835656.7200000007,null,null,"SMMLV"]
["AgenteProfesionalconexperienciaadicionalTeletrabajoCienciasdelaeducaciónyafinesJornadaOrdinaria NAOroZona1","IT-BPO-69-454","Agente Profesional con experiencia adicional","Teletrabajo","Ciencias de la educación y afines","Jornada Ordinaria ","NA","Oro","Zona 1","Mes",8445051.7200000007,16169711.699999999,14101638.859999999,9961229.2400000002,10598428.68,15177986.630000001,13739537.67,9749645.8900000006,null,null,"SMMLV"]
["AgenteProfesionalconexperienciaadicionalTeletrabajoCienciasdelaeducaciónyafinesJornadaOrdinaria NAOroZona2","IT-BPO-69-455","Agente Profesional con experiencia adicional","Teletrabajo","Ciencias de la educación y afines","Jornada Ordinaria ","NA","Oro","Zona 2","Mes",8445051.7200000007,16192586.25,14383672.529999999,9961229.2400000002,10670189.76,15230623.279999999,13739537.67,9749645.8900000006,null,null,"SMMLV"]
["AgenteProfesionalconexperienciaadicionalTeletrabajoCienciasdelaeducaciónyafinesJornadaOrdinaria NAOroZona3","IT-BPO-69-456","Agente Profesional con experiencia adicional","Teletrabajo","Ciencias de la educación y afines","Jornada Ordinaria ","NA","Oro","Zona 3","Mes",8445051.7200000007,16223086.380000001,14671345.460000001,9961229.2400000002,10718030.27,15257739.859999999,13739537.67,9749645.8900000006,null,null,"SMMLV"]
["AgenteProfesionalconexperienciaadicionalTeletrabajoCienciasdelaeducaciónyafinesHoraextradiurnaNAPlatinoZona1","IT-BPO-69-457","Agente Profesional con experiencia adicional","Teletrabajo","Ciencias de la educación y afines","Hora extra diurna","NA","Platino","Zona 1","Hora",52781.57,97914.9,70745.759999999995,47451.83,57162.39,91681.07,87463.17,43781.49,null,null,"SMMLV"]
["AgenteProfesionalconexperienciaadicionalTeletrabajoCienciasdelaeducaciónyafinesHoraextradiurnaNAPlatinoZona2","IT-BPO-69-458","Agente Profesional con experiencia adicional","Teletrabajo","Ciencias de la educación y afines","Hora extra diurna","NA","Platino","Zona 2","Hora",52781.57,97914.9,72160.5,47451.83,57589.95,91998.62,87463.17,43781.49,null,null,"SMMLV"]
["AgenteProfesionalconexperienciaadicionalTeletrabajoCienciasdelaeducaciónyafinesHoraextradiurnaNAPlatinoZona3","IT-BPO-69-459","Agente Profesional con experiencia adicional","Teletrabajo","Ciencias de la educación y afines","Hora extra diurna","NA","Platino","Zona 3","Hora",52781.57,97914.9,73603.710000000006,47451.83,63038.28,92162.87,87463.17,43781.49,null,null,"SMMLV"]
["AgenteProfesionalconexperienciaadicionalTeletrabajoCienciasdelaeducaciónyafinesHoraextradiurnaNAOroZona1","IT-BPO-69-460","Agente Profesional con experiencia adicional","Teletrabajo","Ciencias de la educación y afines","Hora extra diurna","NA","Oro","Zona 1","Hora",50268.17,97914.9,76640.149999999994,47451.83,53746.9,90345.17,87463.17,43323.89,null,null,"SMMLV"]
["AgenteProfesionalconexperienciaadicionalTeletrabajoCienciasdelaeducaciónyafinesHoraextradiurnaNAOroZona2","IT-BPO-69-461","Agente Profesional con experiencia adicional","Teletrabajo","Ciencias de la educación y afines","Hora extra diurna","NA","Oro","Zona 2","Hora",50268.17,97914.9,78173.149999999994,47451.83,56668,90659.43,87463.17,43323.89,null,null,"SMMLV"]
["AgenteProfesionalconexperienciaadicionalTeletrabajoCienciasdelaeducaciónyafinesHoraextradiurnaNAOroZona3","IT-BPO-69-462","Agente Profesional con experiencia adicional","Teletrabajo","Ciencias de la educación y afines","Hora extra diurna","NA","Oro","Zona 3","Hora",50268.17,97914.9,79735.710000000006,47451.83,52113.52,90820.4,87463.17,43323.89,null,null,"SMMLV"]
["AgenteProfesionalconexperienciaadicionalTeletrabajoCienciasdelaeducaciónyafinesHoraextranocturna NAPlatinoZona1","IT-BPO-69-463","Agente Profesional con experiencia adicional","Teletrabajo","Ciencias de la educación y afines","Hora extra nocturna ","NA","Platino","Zona 1","Hora",73894.2,137080.85999999999,99042.75,65902.58,79915.86,128353.71,94460.23,61294.05,null,null,"SMMLV"]
["AgenteProfesionalconexperienciaadicionalTeletrabajoCienciasdelaeducaciónyafinesHoraextranocturna NAPlatinoZona2","IT-BPO-69-464","Agente Profesional con experiencia adicional","Teletrabajo","Ciencias de la educación y afines","Hora extra nocturna ","NA","Platino","Zona 2","Hora",73894.2,137080.85999999999,101023.61,65902.58,80514.92,128798.28,94460.23,61294.05,null,null,"SMMLV"]
["AgenteProfesionalconexperienciaadicionalTeletrabajoCienciasdelaeducaciónyafinesHoraextranocturna NAPlatinoZona3","IT-BPO-69-465","Agente Profesional con experiencia adicional","Teletrabajo","Ciencias de la educación y afines","Hora extra nocturna ","NA","Platino","Zona 3","Hora",73894.2,137080.85999999999,103043.88,65902.58,80914.09,129028.23,94460.23,61294.05,null,null,"SMMLV"]
["AgenteProfesionalconexperienciaadicionalTeletrabajoCienciasdelaeducaciónyafinesHoraextranocturna NAOroZona1","IT-BPO-69-466","Agente Profesional con experiencia adicional","Teletrabajo","Ciencias de la educación y afines","Hora extra nocturna ","NA","Oro","Zona 1","Hora",70375.429999999993,137080.85999999999,107296.86,65902.58,78330.44,126483.45,94460.23,60653.47,null,null,"SMMLV"]
["AgenteProfesionalconexperienciaadicionalTeletrabajoCienciasdelaeducaciónyafinesHoraextranocturna NAOroZona2","IT-BPO-69-467","Agente Profesional con experiencia adicional","Teletrabajo","Ciencias de la educación y afines","Hora extra nocturna ","NA","Oro","Zona 2","Hora",70375.429999999993,137080.85999999999,109441.97,65902.58,78912.05,126922.55,94460.23,60653.47,null,null,"SMMLV"]
["AgenteProfesionalconexperienciaadicionalTeletrabajoCienciasdelaeducaciónyafinesHoraextranocturna NAOroZona3","IT-BPO-69-468","Agente Profesional con experiencia adicional","Teletrabajo","Ciencias de la educación y afines","Hora extra nocturna ","NA","Oro","Zona 3","Hora",70375.429999999993,137080.85999999999,111630.87,65902.58,69865.100000000006,127148.12,94460.23,60653.47,null,null,"SMMLV"]
["AgenteProfesionalconexperienciaadicionalTeletrabajoCienciasdelaeducaciónyafinesHoraextradominicalyfestivoNAPlatinoZona1","IT-BPO-69-469","Agente Profesional con experiencia adicional","Teletrabajo","Ciencias de la educación y afines","Hora extra dominical y festivo","NA","Platino","Zona 1","Hora",84450.52,195828.71,113191.25,75127.95,93167.42,183362.13,139941.07999999999,70050.33,null,null,"SMMLV"]
["AgenteProfesionalconexperienciaadicionalTeletrabajoCienciasdelaeducaciónyafinesHoraextradominicalyfestivoNAPlatinoZona2","IT-BPO-69-470","Agente Profesional con experiencia adicional","Teletrabajo","Ciencias de la educación y afines","Hora extra dominical y festivo","NA","Platino","Zona 2","Hora",84450.52,195828.71,115454.61,75127.95,91769.78,183997.23,139941.07999999999,70050.33,null,null,"SMMLV"]
["AgenteProfesionalconexperienciaadicionalTeletrabajoCienciasdelaeducaciónyafinesHoraextradominicalyfestivoNAPlatinoZona3","IT-BPO-69-471","Agente Profesional con experiencia adicional","Teletrabajo","Ciencias de la educación y afines","Hora extra dominical y festivo","NA","Platino","Zona 3","Hora",84450.52,195828.71,117763.97,75127.95,100916.69,184325.73,139941.07999999999,70050.33,null,null,"SMMLV"]
["AgenteProfesionalconexperienciaadicionalTeletrabajoCienciasdelaeducaciónyafinesHoraextradominicalyfestivoNAOroZona1","IT-BPO-69-472","Agente Profesional con experiencia adicional","Teletrabajo","Ciencias de la educación y afines","Hora extra dominical y festivo","NA","Oro","Zona 1","Hora",70375.429999999993,195828.71,122623.58,75127.95,97560.19,180690.33,139941.07999999999,69318.320000000007,null,null,"SMMLV"]
["AgenteProfesionalconexperienciaadicionalTeletrabajoCienciasdelaeducaciónyafinesHoraextradominicalyfestivoNAOroZona2","IT-BPO-69-473","Agente Profesional con experiencia adicional","Teletrabajo","Ciencias de la educación y afines","Hora extra dominical y festivo","NA","Oro","Zona 2","Hora",70375.429999999993,195828.71,125076.38,75127.95,98391.27,181317.77,139941.07999999999,69318.320000000007,null,null,"SMMLV"]
["AgenteProfesionalconexperienciaadicionalTeletrabajoCienciasdelaeducaciónyafinesHoraextradominicalyfestivoNAOroZona3","IT-BPO-69-474","Agente Profesional con experiencia adicional","Teletrabajo","Ciencias de la educación y afines","Hora extra dominical y festivo","NA","Oro","Zona 3","Hora",70375.429999999993,195828.71,127578.45,75127.95,90550.55,181640.79,139941.07999999999,69318.320000000007,null,null,"SMMLV"]
["AgenteProfesionalconexperienciaadicionalTeletrabajoCienciasdelaeducaciónyafinesServicio7x24NAPlatinoZona1","IT-BPO-69-475","Agente Profesional con experiencia adicional","Teletrabajo","Ciencias de la educación y afines","Servicio 7x24","NA","Platino","Zona 1","Mes 7x24",41078911.859999999,64025330,52067588.359999999,46255304.270000003,46952372.229999997,87546345,65331789.890000001,40169636.340000004,null,null,"SMMLV"]
["AgenteProfesionalconexperienciaadicionalTeletrabajoCienciasdelaeducaciónyafinesServicio7x24NAPlatinoZona2","IT-BPO-69-476","Agente Profesional con experiencia adicional","Teletrabajo","Ciencias de la educación y afines","Servicio 7x24","NA","Platino","Zona 2","Mes 7x24",41078911.859999999,64102237.32,53108938.829999998,46255304.270000003,47290962.159999996,87813415.5,65331789.890000001,40169636.340000004,null,null,"SMMLV"]
["AgenteProfesionalconexperienciaadicionalTeletrabajoCienciasdelaeducaciónyafinesServicio7x24NAPlatinoZona3","IT-BPO-69-477","Agente Profesional con experiencia adicional","Teletrabajo","Ciencias de la educación y afines","Servicio 7x24","NA","Platino","Zona 3","Mes 7x24",41078911.859999999,64204780.789999999,54171118.399999999,46255304.270000003,47516688.060000002,87951002.25,65331789.890000001,40169636.340000004,null,null,"SMMLV"]
["AgenteProfesionalconexperienciaadicionalTeletrabajoCienciasdelaeducaciónyafinesServicio7x24NAOroZona1","IT-BPO-69-478","Agente Profesional con experiencia adicional","Teletrabajo","Ciencias de la educación y afines","Servicio 7x24","NA","Oro","Zona 1","Mes 7x24",39122773.200000003,63897150.390000001,56406552.140000001,46255304.270000003,44102106.810000002,86271086.099999994,65331789.890000001,39768603.979999997,null,null,"SMMLV"]
["AgenteProfesionalconexperienciaadicionalTeletrabajoCienciasdelaeducaciónyafinesServicio7x24NAOroZona2","IT-BPO-69-479","Agente Profesional con experiencia adicional","Teletrabajo","Ciencias de la educación y afines","Servicio 7x24","NA","Oro","Zona 2","Mes 7x24",39122773.200000003,63974057.719999999,57534684.649999999,46255304.270000003,46401794.600000001,86534269.349999994,65331789.890000001,39768603.979999997,null,null,"SMMLV"]
["AgenteProfesionalconexperienciaadicionalTeletrabajoCienciasdelaeducaciónyafinesServicio7x24NAOroZona3","IT-BPO-69-480","Agente Profesional con experiencia adicional","Teletrabajo","Ciencias de la educación y afines","Servicio 7x24","NA","Oro","Zona 3","Mes 7x24",39122773.200000003,64076601.18,58685377.439999998,46255304.270000003,46621071.100000001,86669846.780000001,65331789.890000001,39768603.979999997,null,null,"SMMLV"]
["OperaciónportransacciónGestiónvirtualNANANANANA","IT-BPO-100-1","Operación por transacción","Gestión virtual","NA","NA","NA","NA","NA","transacción",473.4,126303.12,2423.81,2399.61,3245,15780,2732.86,3100.56,null,null,"IPC"]
["OperaciónportransacciónGestiónconrecursohumanoPerfilbachillerNANANANA","IT-BPO-100-2","Operación por transacción","Gestión con recurso humano","Perfil bachiller","NA","NA","NA","NA","transacción",4607.76,126303.12,4697.18,7068.39,16529109.539999999,22317.13,2151.75,2876.48,null,null,"IPC"]
["OperaciónportransacciónGestiónconrecursohumanoperfiltécnicoNANANANA","IT-BPO-100-3","Operación por transacción","Gestión con recurso humano","perfil técnico","NA","NA","NA","NA","transacción",5660.81,252606.24,5617.68,8623.24,20152946.199999999,27754.92,2734.03,3359.77,null,null,"IPC"]
["OperaciónportransacciónGestiónconrecursohumanoperfilprofesionalNANANANA","IT-BPO-100-4","Operación por transacción","Gestión con recurso humano","perfil profesional","NA","NA","NA","NA","transacción",7598.6,378909.36,9331.24,11404.73,29899361.190000001,48323.62,3895.1,4213.05,null,null,"IPC"]
["OperaciónportransacciónGestiónconrecursohumanoperfilespecializadoNANANANA","IT-BPO-100-5","Operación por transacción","Gestión con recurso humano","perfil especializado","NA","NA","NA","NA","transacción",9765.7199999999993,631515.6,11310.05,14515.5,36432616.289999999,55203.7,5057.34,5179.63,null,null,"IPC"]

{"sheet":"ServiciosLote2","index":12,"n_rows":6196,"n_cols":17,"rows_kept":4500,"cut":true,"hidden":true,"merged":[],"bounds":{"rows_first":2000,"rows_last":500,"rows_between":2000,"halvings":0}}
["concatenar","Código del servicio","Nombre del servicio","Caracteristica 1","Caracteristica 2","Caracteristica 3","Caracteristica 4","Caracteristica 5","Caracteristica 6","Unidad de facturación","ANDES BPO","LEON & ASOCIADOS","INNOVA TECH IT S.A.S","RST ASOCIADOS SAS",null,null,"INCREMENTO"]
[{"$f":"SUBSTITUTE(C2&D2&E2&F2&G2&H2&I2,\" \",\"\")","v":"TroncalSIPNANANANANANA"},"IT-BPO-1-1","Troncal SIP ","NA","NA","NA","NA","NA","NA","Mes",89625.14,84686,85202.7,55149,null,null,"IPC"]
["MinutoIVR(InteractiveVoiceResponse)-EnrutadorNANANANANANA","IT-BPO-2-1","Minuto IVR (Interactive Voice Response) - Enrutador","NA","NA","NA","NA","NA","NA","Minuto",51.55,24.2,16.75,6.31,null,null,"IPC"]
["MinutoIVR(InteractiveVoiceResponse)-AudiotextoNANANANANANA","IT-BPO-3-1","Minuto IVR (Interactive Voice Response) - Audiotexto        ","NA","NA","NA","NA","NA","NA","Minuto",51.55,24.2,26.34,17.88,null,null,"IPC"]
["MinutoIVR(InteractiveVoiceResponse)TransaccionalNANANANANANA","IT-BPO-4-1","Minuto IVR (Interactive Voice Response) Transaccional        ","NA","NA","NA","NA","NA","NA","Minuto",82.06,36.29,60.83,45.24,null,null,"IPC"]
["MinutoIVRconreconocimientodeVozNANANANANANA","IT-BPO-5-1","Minuto IVR con reconocimiento de Voz","NA","NA","NA","NA","NA","NA","Minuto",263,518.64,933.77,554.4,null,null,"IPC"]
["MinutoIVRMixtoNANANANANANA","IT-BPO-15-1","Minuto IVR Mixto","NA","NA","NA","NA","NA","NA","Minuto",263,650.14,1126.69,108.36,null,null,"IPC"]
["GrabaciónanunciosIVR(InteractiveVoiceResponse)RespuestadeVozInteractivaVozprofesionalNANANANANA","IT-BPO-6-1","Grabación anuncios IVR (Interactive Voice Response) Respuesta de Voz Interactiva        ","Voz profesional ","NA","NA","NA","NA","NA","Anuncio",114587,469486.56,153205.94,63806.96,null,null,"IPC"]
["GrabaciónanunciosIVR(InteractiveVoiceResponse)RespuestadeVozInteractivaVozsintéticaNANANANANA","IT-BPO-6-2","Grabación anuncios IVR (Interactive Voice Response) Respuesta de Voz Interactiva        ","Voz sintética ","NA","NA","NA","NA","NA","Anuncio",52010.879999999997,1180.3399999999999,45769.13,22442.32,null,null,"IPC"]
["Minutosdeconexiónoutbound/InboundOutbounddefijoa01-8000NANANANANA","IT-BPO-7-1","Minutos de conexión outbound/Inbound","Outbound de fijo a 01-8000","NA","NA","NA","NA","NA","Minuto",203.04,131.5,146.69,114.67,null,null,"IPC"]
["Minutosdeconexiónoutbound/InboundOutbounddesdecelulara01-8000NANANANANA","IT-BPO-7-2","Minutos de conexión outbound/Inbound","Outbound desde celular a 01-8000 ","NA","NA","NA","NA","NA","Minuto",341.9,294.56,203.55,185.15,null,null,"IPC"]
["Minutosdeconexiónoutbound/InboundOutboundentrefijosenciudadesprincipalesNANANANANA","IT-BPO-7-3","Minutos de conexión outbound/Inbound","Outbound entre fijos en ciudades principales ","NA","NA","NA","NA","NA","Minuto",73.64,147.28,105.68,39.979999999999997,null,null,"IPC"]
["Minutosdeconexiónoutbound/InboundOutboundentrefijosenelrestodelterritorionacionalNANANANANA","IT-BPO-7-4","Minutos de conexión outbound/Inbound","Outbound entre fijos en el resto del territorio nacional","NA","NA","NA","NA","NA","Minuto",98.89,200.93,316.81,53.65,null,null,"IPC"]
["Minutosdeconexiónoutbound/InboundOutbounddefijoalargadistancianacionalNANANANANA","IT-BPO-7-5","Minutos de conexión outbound/Inbound","Outbound de fijo a larga distancia nacional","NA","NA","NA","NA","NA","Minuto",102.04,32.61,319.89999999999998,53.65,null,null,"IPC"]
["Minutosdeconexiónoutbound/InboundOutbounddefijoacelularNANANANANA","IT-BPO-7-6","Minutos de conexión outbound/Inbound","Outbound de fijo a celular ","NA","NA","NA","NA","NA","Minuto",63.12,32.61,254.56,45.24,null,null,"IPC"]
["Minutosdeconexiónoutbound/InboundInternacionalOutboundafijosymóvilesenEstadosUnidos,CanadáyPuertoRicoNANANANANA","IT-BPO-7-7","Minutos de conexión outbound/Inbound","Internacional Outbound a fijos y móviles en Estados Unidos, Canadá y Puerto Rico","NA","NA","NA","NA","NA","Minuto",105.2,803.73,444.13,274.57,null,null,"IPC"]
["Minutosdeconexiónoutbound/InboundInternacionalOutboundafijosymóvilesenEuropa,Asia,OceaníaNANANANANA","IT-BPO-7-8","Minutos de conexión outbound/Inbound","Internacional Outbound a fijos y móviles en Europa, Asia, Oceanía ","NA","NA","NA","NA","NA","Minuto",1402.32,804.78,1655.92,765.86,null,null,"IPC"]
["Minutosdeconexiónoutbound/InboundInternacionalOutboundafijosymóvileselrestodeAméricaNANANANANA","IT-BPO-7-9","Minutos de conexión outbound/Inbound","Internacional Outbound a fijos y móviles el resto de América","NA","NA","NA","NA","NA","Minuto",925.76,804.78,1641.57,496.54,null,null,"IPC"]
["Minutosdeconexiónoutbound/InboundInternacionalOutboundafijosymóvilesyalrestodelmundoNANANANANA","IT-BPO-7-10","Minutos de conexión outbound/Inbound","Internacional Outbound a fijos y móviles y al resto del mundo","NA","NA","NA","NA","NA","Minuto",3444.25,804.78,5808.94,1758.94,null,null,"IPC"]
["Minutosdeconexiónoutbound/InboundInbounddefijoa018000NANANANANA","IT-BPO-7-11","Minutos de conexión outbound/Inbound","Inbound de fijo a 018000","NA","NA","NA","NA","NA","Minuto",228.28,131.5,220.16,153.59,null,null,"IPC"]
["Minutosdeconexiónoutbound/InboundInbounddecelulara018000NANANANANA","IT-BPO-7-12","Minutos de conexión outbound/Inbound","Inbound de celular a 018000","NA","NA","NA","NA","NA","Minuto",420.8,295.61,651.39,309.29000000000002,null,null,"IPC"]
["TransferenciadellamadasNANANANANANA","IT-BPO-8-1","Transferencia de llamadas","NA","NA","NA","NA","NA","NA","Transferencia",98.89,10.52,41.79,31.56,null,null,"IPC"]
["MensajesdevozoaudioNANANANANANA","IT-BPO-9-1","Mensajes de voz o audio       ","NA","NA","NA","NA","NA","NA","Minuto ",73.64,47.34,69.42,57.86,null,null,"IPC"]
["MinutoVirtualHoldNANANANANANA","IT-BPO-10-1","Minuto Virtual Hold","NA","NA","NA","NA","NA","NA","Minuto",82.06,14.73,84.37,62.07,null,null,"IPC"]
["ClictocallNANANANANANA","IT-BPO-11-1","Clic to call","NA","NA","NA","NA","NA","NA","Licencia Mes",551048.12,132828.68,431365.67,242325.04,null,null,"IPC"]
["WebCallbackNANANANANANA","IT-BPO-12-1","Web Callback ","NA","NA","NA","NA","NA","NA","Licencia Mes",551048.12,128148.33,431365.67,259127.59,null,null,"IPC"]
["MailingNANANANANANA","IT-BPO-13-1","Mailing","NA","NA","NA","NA","NA","NA","Correo",8.42,5.26,8.14,6.31,null,null,"IPC"]
["WhatsAppforBusinessAPIsetupNANANANANA","IT-BPO-14-1","WhatsApp for Business API","setup ","NA","NA","NA","NA","NA","setup",2719772.42,2016393.65,1840505.82,1775144.8,null,null,"IPC"]
["WhatsAppforBusinessAPIAPINANANANANA","IT-BPO-14-2","WhatsApp for Business API","API","NA","NA","NA","NA","NA","Mes",1707370.75,968687.91,1411242.59,614473.19999999995,null,null,"IPC"]
["WhatsAppforBusinessAPIconversacióniniciadaporlaempresa(Entidad)ArgentinamarketingNANANA","IT-BPO-14-3","WhatsApp for Business API","conversación iniciada por la empresa (Entidad)","Argentina","marketing","NA","NA","NA","Conversación",1018.55,355.58,162.74,141.52000000000001,null,null,"IPC"]
["WhatsAppforBusinessAPIconversacióniniciadaporlaempresa(Entidad)BrasilmarketingNANANA","IT-BPO-14-4","WhatsApp for Business API","conversación iniciada por la empresa (Entidad)","Brasil","marketing","NA","NA","NA","Conversación",1030.08,359.78,162.74,141.52000000000001,null,null,"IPC"]
["WhatsAppforBusinessAPIconversacióniniciadaporlaempresa(Entidad)ChilemarketingNANANA","IT-BPO-14-5","WhatsApp for Business API","conversación iniciada por la empresa (Entidad)","Chile","marketing","NA","NA","NA","Conversación",1465.19,513.38,162.74,141.52000000000001,null,null,"IPC"]
["WhatsAppforBusinessAPIconversacióniniciadaporlaempresa(Entidad)ColombiamarketingNANANA","IT-BPO-14-6","WhatsApp for Business API","conversación iniciada por la empresa (Entidad)","Colombia","marketing","NA","NA","NA","Conversación",206.02,71.540000000000006,86.79,141.52000000000001,null,null,"IPC"]
["WhatsAppforBusinessAPIconversacióniniciadaporlaempresa(Entidad)EgiptomarketingNANANA","IT-BPO-14-7","WhatsApp for Business API","conversación iniciada por la empresa (Entidad)","Egipto","marketing","NA","NA","NA","Conversación",1768.45,618.58000000000004,162.74,141.52000000000001,null,null,"IPC"]
["WhatsAppforBusinessAPIconversacióniniciadaporlaempresa(Entidad)FranciamarketingNANANA","IT-BPO-14-8","WhatsApp for Business API","conversación iniciada por la empresa (Entidad)","Francia","marketing","NA","NA","NA","Conversación",2360.13,824.77,162.74,141.52000000000001,null,null,"IPC"]
["WhatsAppforBusinessAPIconversacióniniciadaporlaempresa(Entidad)AlemaniamarketingNANANA","IT-BPO-14-9","WhatsApp for Business API","conversación iniciada por la empresa (Entidad)","Alemania","marketing","NA","NA","NA","Conversación",2249.6999999999998,786.9,162.74,141.52000000000001,null,null,"IPC"]
["WhatsAppforBusinessAPIconversacióniniciadaporlaempresa(Entidad)IndiamarketingNANANA","IT-BPO-14-10","WhatsApp for Business API","conversación iniciada por la empresa (Entidad)","India","marketing","NA","NA","NA","Conversación",163.16999999999999,62.07,162.74,141.52000000000001,null,null,"IPC"]
["WhatsAppforBusinessAPIconversacióniniciadaporlaempresa(Entidad)IndonesiamarketingNANANA","IT-BPO-14-11","WhatsApp for Business API","conversación iniciada por la empresa (Entidad)","Indonesia","marketing","NA","NA","NA","Conversación",677.38,236.7,162.74,141.52000000000001,null,null,"IPC"]
["WhatsAppforBusinessAPIconversacióniniciadaporlaempresa(Entidad)IsraelmarketingNANANA","IT-BPO-14-12","WhatsApp for Business API","conversación iniciada por la empresa (Entidad)","Israel","marketing","NA","NA","NA","Conversación",581.79,204.09,162.74,141.52000000000001,null,null,"IPC"]
["WhatsAppforBusinessAPIconversacióniniciadaporlaempresa(Entidad)ItaliamarketingNANANA","IT-BPO-14-13","WhatsApp for Business API","conversación iniciada por la empresa (Entidad)","Italia","marketing","NA","NA","NA","Conversación",1138.8599999999999,397.66,162.74,141.52000000000001,null,null,"IPC"]
["WhatsAppforBusinessAPIconversacióniniciadaporlaempresa(Entidad)MalasiamarketingNANANA","IT-BPO-14-14","WhatsApp for Business API","conversación iniciada por la empresa (Entidad)","Malasia","marketing","NA","NA","NA","Conversación",1417.39,495.49,162.74,141.52000000000001,null,null,"IPC"]
["WhatsAppforBusinessAPIconversacióniniciadaporlaempresa(Entidad)MéxicomarketingNANANA","IT-BPO-14-15","WhatsApp for Business API","conversación iniciada por la empresa (Entidad)","México","marketing","NA","NA","NA","Conversación",718.59,251.43,162.74,141.52000000000001,null,null,"IPC"]
["WhatsAppforBusinessAPIconversacióniniciadaporlaempresa(Entidad)PaísesBajosmarketingNANANA","IT-BPO-14-16","WhatsApp for Business API","conversación iniciada por la empresa (Entidad)","Países Bajos","marketing","NA","NA","NA","Conversación",2632.07,919.45,162.74,141.52000000000001,null,null,"IPC"]
["WhatsAppforBusinessAPIconversacióniniciadaporlaempresa(Entidad)NigeriamarketingNANANA","IT-BPO-14-17","WhatsApp for Business API","conversación iniciada por la empresa (Entidad)","Nigeria","marketing","NA","NA","NA","Conversación",850.44,297.72000000000003,162.74,141.52000000000001,null,null,"IPC"]
["WhatsAppforBusinessAPIconversacióniniciadaporlaempresa(Entidad)PakistánmarketingNANANA","IT-BPO-14-18","WhatsApp for Business API","conversación iniciada por la empresa (Entidad)","Pakistán","marketing","NA","NA","NA","Conversación",779.57,272.47000000000003,162.74,141.52000000000001,null,null,"IPC"]
["WhatsAppforBusinessAPIconversacióniniciadaporlaempresa(Entidad)PerúmarketingNANANA","IT-BPO-14-19","WhatsApp for Business API","conversación iniciada por la empresa (Entidad)","Perú","marketing","NA","NA","NA","Conversación",1158.6400000000001,405.02,162.74,141.52000000000001,null,null,"IPC"]
["WhatsAppforBusinessAPIconversacióniniciadaporlaempresa(Entidad)RusiamarketingNANANA","IT-BPO-14-20","WhatsApp for Business API","conversación iniciada por la empresa (Entidad)","Rusia","marketing","NA","NA","NA","Conversación",1321.8,462.88,162.74,141.52000000000001,null,null,"IPC"]
["WhatsAppforBusinessAPIconversacióniniciadaporlaempresa(Entidad)ArabiaSaudímarketingNANANA","IT-BPO-14-21","WhatsApp for Business API","conversación iniciada por la empresa (Entidad)","Arabia Saudí","marketing","NA","NA","NA","Conversación",669.14,263,162.74,141.52000000000001,null,null,"IPC"]
["WhatsAppforBusinessAPIconversacióniniciadaporlaempresa(Entidad)SudáfricamarketingNANANA","IT-BPO-14-22","WhatsApp for Business API","conversación iniciada por la empresa (Entidad)","Sudáfrica","marketing","NA","NA","NA","Conversación",624.64,217.76,162.74,141.52000000000001,null,null,"IPC"]
["WhatsAppforBusinessAPIconversacióniniciadaporlaempresa(Entidad)EspañamarketingNANANA","IT-BPO-14-23","WhatsApp for Business API","conversación iniciada por la empresa (Entidad)","España","marketing","NA","NA","NA","Conversación",1013.6,353.47,162.74,141.52000000000001,null,null,"IPC"]
["WhatsAppforBusinessAPIconversacióniniciadaporlaempresa(Entidad)TurquíamarketingNANANA","IT-BPO-14-24","WhatsApp for Business API","conversación iniciada por la empresa (Entidad)","Turquía","marketing","NA","NA","NA","Conversación",179.65,63.12,162.74,141.52000000000001,null,null,"IPC"]
["WhatsAppforBusinessAPIconversacióniniciadaporlaempresa(Entidad)EmiratosÁrabesUnidosmarketingNANANA","IT-BPO-14-25","WhatsApp for Business API","conversación iniciada por la empresa (Entidad)","Emiratos Árabes Unidos","marketing","NA","NA","NA","Conversación",560.37,220.92,162.74,141.52000000000001,null,null,"IPC"]
["WhatsAppforBusinessAPIconversacióniniciadaporlaempresa(Entidad)ReinoUnidomarketingNANANA","IT-BPO-14-26","WhatsApp for Business API","conversación iniciada por la empresa (Entidad)","Reino Unido","marketing","NA","NA","NA","Conversación",1161.93,305.08,162.74,141.52000000000001,null,null,"IPC"]
["WhatsAppforBusinessAPIconversacióniniciadaporlaempresa(Entidad)Norteamérica*marketingNANANA","IT-BPO-14-27","WhatsApp for Business API","conversación iniciada por la empresa (Entidad)","Norteamérica*","marketing","NA","NA","NA","Conversación",412.03,144.12,162.74,141.52000000000001,null,null,"IPC"]
["WhatsAppforBusinessAPIconversacióniniciadaporlaempresa(Entidad)RestodeÁfrica*marketingNANANA","IT-BPO-14-28","WhatsApp for Business API","conversación iniciada por la empresa (Entidad)","Resto de África*","marketing","NA","NA","NA","Conversación",370.83,129.4,162.74,141.52000000000001,null,null,"IPC"]
["WhatsAppforBusinessAPIconversacióniniciadaporlaempresa(Entidad)RestodeAsia-Pacífico*marketingNANANA","IT-BPO-14-29","WhatsApp for Business API","conversación iniciada por la empresa (Entidad)","Resto de Asia-Pacífico*","marketing","NA","NA","NA","Conversación",1206.43,421.85,162.74,141.52000000000001,null,null,"IPC"]
["WhatsAppforBusinessAPIconversacióniniciadaporlaempresa(Entidad)RestodeEuropaCentralyOriental*marketingNANANA","IT-BPO-14-30","WhatsApp for Business API","conversación iniciada por la empresa (Entidad)","Resto de Europa Central y Oriental*","marketing","NA","NA","NA","Conversación",1417.39,495.49,162.74,141.52000000000001,null,null,"IPC"]
["WhatsAppforBusinessAPIconversacióniniciadaporlaempresa(Entidad)RestodeLatinoamérica*marketingNANANA","IT-BPO-14-31","WhatsApp for Business API","conversación iniciada por la empresa (Entidad)","Resto de Latinoamérica*","marketing","NA","NA","NA","Conversación",1219.6199999999999,426.06,162.74,141.52000000000001,null,null,"IPC"]
["WhatsAppforBusinessAPIconversacióniniciadaporlaempresa(Entidad)RestodeOrienteMedio*marketingNANANA","IT-BPO-14-32","WhatsApp for Business API","conversación iniciada por la empresa (Entidad)","Resto de Oriente Medio*","marketing","NA","NA","NA","Conversación",562.01,196.72,162.74,141.52000000000001,null,null,"IPC"]
["WhatsAppforBusinessAPIconversacióniniciadaporlaempresa(Entidad)RestodeEuropaOccidental*marketingNANANA","IT-BPO-14-33","WhatsApp for Business API","conversación iniciada por la empresa (Entidad)","Resto de Europa Occidental*","marketing","NA","NA","NA","Conversación",975.69,341.9,162.74,141.52000000000001,null,null,"IPC"]
["WhatsAppforBusinessAPIconversacióniniciadaporlaempresa(Entidad)Otros*marketingNANANA","IT-BPO-14-34","WhatsApp for Business API","conversación iniciada por la empresa (Entidad)","Otros*","marketing","NA","NA","NA","Conversación",995.47,348.21,162.74,141.52000000000001,null,null,"IPC"]
["WhatsAppforBusinessAPIconversacióniniciadaporlaempresa(Entidad)ArgentinaUtilidadNANANA","IT-BPO-14-35","WhatsApp for Business API","conversación iniciada por la empresa (Entidad)","Argentina","Utilidad","NA","NA","NA","Conversación",536.52,195.67,162.74,95.58,null,null,"IPC"]
["WhatsAppforBusinessAPIconversacióniniciadaporlaempresa(Entidad)BrasilUtilidadNANANA","IT-BPO-14-36","WhatsApp for Business API","conversación iniciada por la empresa (Entidad)","Brasil","Utilidad","NA","NA","NA","Conversación",126.24,46.29,162.74,95.58,null,null,"IPC"]
["WhatsAppforBusinessAPIconversacióniniciadaporlaempresa(Entidad)ChileUtilidadNANANA","IT-BPO-14-37","WhatsApp for Business API","conversación iniciada por la empresa (Entidad)","Chile","Utilidad","NA","NA","NA","Conversación",315.60000000000002,114.67,162.74,95.58,null,null,"IPC"]
["WhatsAppforBusinessAPIconversacióniniciadaporlaempresa(Entidad)ColombiaUtilidadNANANA","IT-BPO-14-38","WhatsApp for Business API","conversación iniciada por la empresa (Entidad)","Colombia","Utilidad","NA","NA","NA","Conversación",3.16,3.16,162.74,95.58,null,null,"IPC"]
["WhatsAppforBusinessAPIconversacióniniciadaporlaempresa(Entidad)EgiptoUtilidadNANANA","IT-BPO-14-39","WhatsApp for Business API","conversación iniciada por la empresa (Entidad)","Egipto","Utilidad","NA","NA","NA","Conversación",82.06,29.46,162.74,95.58,null,null,"IPC"]
["WhatsAppforBusinessAPIconversacióniniciadaporlaempresa(Entidad)FranciaUtilidadNANANA","IT-BPO-14-40","WhatsApp for Business API","conversación iniciada por la empresa (Entidad)","Francia","Utilidad","NA","NA","NA","Conversación",473.4,172.53,162.74,95.58,null,null,"IPC"]
["WhatsAppforBusinessAPIconversacióniniciadaporlaempresa(Entidad)AlemaniaUtilidadNANANA","IT-BPO-14-41","WhatsApp for Business API","conversación iniciada por la empresa (Entidad)","Alemania","Utilidad","NA","NA","NA","Conversación",867.9,317.7,162.74,95.58,null,null,"IPC"]
["WhatsAppforBusinessAPIconversacióniniciadaporlaempresa(Entidad)IndiaUtilidadNANANA","IT-BPO-14-42","WhatsApp for Business API","conversación iniciada por la empresa (Entidad)","India","Utilidad","NA","NA","NA","Conversación",22.09,8.42,162.74,95.58,null,null,"IPC"]
["WhatsAppforBusinessAPIconversacióniniciadaporlaempresa(Entidad)IndonesiaUtilidadNANANA","IT-BPO-14-43","WhatsApp for Business API","conversación iniciada por la empresa (Entidad)","Indonesia","Utilidad","NA","NA","NA","Conversación",315.60000000000002,115.72,162.74,95.58,null,null,"IPC"]
["WhatsAppforBusinessAPIconversacióniniciadaporlaempresa(Entidad)IsraelUtilidadNANANA","IT-BPO-14-44","WhatsApp for Business API","conversación iniciada por la empresa (Entidad)","Israel","Utilidad","NA","NA","NA","Conversación",83.63,30.51,162.74,95.58,null,null,"IPC"]
["WhatsAppforBusinessAPIconversacióniniciadaporlaempresa(Entidad)ItaliaUtilidadNANANA","IT-BPO-14-45","WhatsApp for Business API","conversación iniciada por la empresa (Entidad)","Italia","Utilidad","NA","NA","NA","Conversación",473.4,172.53,162.74,95.58,null,null,"IPC"]
["WhatsAppforBusinessAPIconversacióniniciadaporlaempresa(Entidad)MalasiaUtilidadNANANA","IT-BPO-14-46","WhatsApp for Business API","conversación iniciada por la empresa (Entidad)","Malasia","Utilidad","NA","NA","NA","Conversación",220.92,81,162.74,95.58,null,null,"IPC"]
["WhatsAppforBusinessAPIconversacióniniciadaporlaempresa(Entidad)MéxicoUtilidadNANANA","IT-BPO-14-47","WhatsApp for Business API","conversación iniciada por la empresa (Entidad)","México","Utilidad","NA","NA","NA","Conversación",157.80000000000001,57.86,162.74,95.58,null,null,"IPC"]
["WhatsAppforBusinessAPIconversacióniniciadaporlaempresa(Entidad)PaísesBajosUtilidadNANANA","IT-BPO-14-48","WhatsApp for Business API","conversación iniciada por la empresa (Entidad)","Países Bajos","Utilidad","NA","NA","NA","Conversación",789,288.25,162.74,95.58,null,null,"IPC"]
["WhatsAppforBusinessAPIconversacióniniciadaporlaempresa(Entidad)NigeriaUtilidadNANANA","IT-BPO-14-49","WhatsApp for Business API","conversación iniciada por la empresa (Entidad)","Nigeria","Utilidad","NA","NA","NA","Conversación",105.73,38.92,162.74,95.58,null,null,"IPC"]
["WhatsAppforBusinessAPIconversacióniniciadaporlaempresa(Entidad)PakistánUtilidadNANANA","IT-BPO-14-50","WhatsApp for Business API","conversación iniciada por la empresa (Entidad)","Pakistán","Utilidad","NA","NA","NA","Conversación",85.21,31.56,162.74,95.58,null,null,"IPC"]
["WhatsAppforBusinessAPIconversacióniniciadaporlaempresa(Entidad)PerúUtilidadNANANA","IT-BPO-14-51","WhatsApp for Business API","conversación iniciada por la empresa (Entidad)","Perú","Utilidad","NA","NA","NA","Conversación",315.60000000000002,115.72,162.74,95.58,null,null,"IPC"]
["WhatsAppforBusinessAPIconversacióniniciadaporlaempresa(Entidad)RusiaUtilidadNANANA","IT-BPO-14-52","WhatsApp for Business API","conversación iniciada por la empresa (Entidad)","Rusia","Utilidad","NA","NA","NA","Conversación",631.20000000000005,230.39,162.74,95.58,null,null,"IPC"]
["WhatsAppforBusinessAPIconversacióniniciadaporlaempresa(Entidad)ArabiaSaudíUtilidadNANANA","IT-BPO-14-53","WhatsApp for Business API","conversación iniciada por la empresa (Entidad)","Arabia Saudí","Utilidad","NA","NA","NA","Conversación",181.47,66.28,162.74,95.58,null,null,"IPC"]
["WhatsAppforBusinessAPIconversacióniniciadaporlaempresa(Entidad)SudáfricaUtilidadNANANA","IT-BPO-14-54","WhatsApp for Business API","conversación iniciada por la empresa (Entidad)","Sudáfrica","Utilidad","NA","NA","NA","Conversación",119.93,44.18,162.74,95.58,null,null,"IPC"]
["WhatsAppforBusinessAPIconversacióniniciadaporlaempresa(Entidad)EspañaUtilidadNANANA","IT-BPO-14-55","WhatsApp for Business API","conversación iniciada por la empresa (Entidad)","España","Utilidad","NA","NA","NA","Conversación",315.60000000000002,114.67,162.74,95.58,null,null,"IPC"]
["WhatsAppforBusinessAPIconversacióniniciadaporlaempresa(Entidad)TurquíaUtilidadNANANA","IT-BPO-14-56","WhatsApp for Business API","conversación iniciada por la empresa (Entidad)","Turquía","Utilidad","NA","NA","NA","Conversación",83.63,30.51,162.74,95.58,null,null,"IPC"]
["WhatsAppforBusinessAPIconversacióniniciadaporlaempresa(Entidad)EmiratosÁrabesUnidosUtilidadNANANA","IT-BPO-14-57","WhatsApp for Business API","conversación iniciada por la empresa (Entidad)","Emiratos Árabes Unidos","Utilidad","NA","NA","NA","Conversación",247.75,90.47,162.74,95.58,null,null,"IPC"]
["WhatsAppforBusinessAPIconversacióniniciadaporlaempresa(Entidad)ReinoUnidoUtilidadNANANA","IT-BPO-14-58","WhatsApp for Business API","conversación iniciada por la empresa (Entidad)","Reino Unido","Utilidad","NA","NA","NA","Conversación",347.16,126.24,162.74,95.58,null,null,"IPC"]
["WhatsAppforBusinessAPIconversacióniniciadaporlaempresa(Entidad)Norteamérica*UtilidadNANANA","IT-BPO-14-59","WhatsApp for Business API","conversación iniciada por la empresa (Entidad)","Norteamérica*","Utilidad","NA","NA","NA","Conversación",63.12,23.14,162.74,95.58,null,null,"IPC"]
["WhatsAppforBusinessAPIconversacióniniciadaporlaempresa(Entidad)RestodeÁfrica*UtilidadNANANA","IT-BPO-14-60","WhatsApp for Business API","conversación iniciada por la empresa (Entidad)","Resto de África*","Utilidad","NA","NA","NA","Conversación",96.26,34.72,162.74,95.58,null,null,"IPC"]
["WhatsAppforBusinessAPIconversacióniniciadaporlaempresa(Entidad)RestodeAsia-Pacífico*UtilidadNANANA","IT-BPO-14-61","WhatsApp for Business API","conversación iniciada por la empresa (Entidad)","Resto de Asia-Pacífico*","Utilidad","NA","NA","NA","Conversación",247.75,90.47,162.74,95.58,null,null,"IPC"]
["WhatsAppforBusinessAPIconversacióniniciadaporlaempresa(Entidad)RestodeEuropaCentralyOriental*UtilidadNANANA","IT-BPO-14-62","WhatsApp for Business API","conversación iniciada por la empresa (Entidad)","Resto de Europa Central y Oriental*","Utilidad","NA","NA","NA","Conversación",557.03,203.04,162.74,95.58,null,null,"IPC"]
["WhatsAppforBusinessAPIconversacióniniciadaporlaempresa(Entidad)RestodeLatinoamérica*UtilidadNANANA","IT-BPO-14-63","WhatsApp for Business API","conversación iniciada por la empresa (Entidad)","Resto de Latinoamérica*","Utilidad","NA","NA","NA","Conversación",178.31,65.22,162.74,95.58,null,null,"IPC"]
["WhatsAppforBusinessAPIconversacióniniciadaporlaempresa(Entidad)RestodeOrienteMedio*UtilidadNANANA","IT-BPO-14-64","WhatsApp for Business API","conversación iniciada por la empresa (Entidad)","Resto de Oriente Medio*","Utilidad","NA","NA","NA","Conversación",247.75,90.47,162.74,95.58,null,null,"IPC"]
["WhatsAppforBusinessAPIconversacióniniciadaporlaempresa(Entidad)RestodeEuropaOccidental*UtilidadNANANA","IT-BPO-14-65","WhatsApp for Business API","conversación iniciada por la empresa (Entidad)","Resto de Europa Occidental*","Utilidad","NA","NA","NA","Conversación",473.4,172.53,162.74,95.58,null,null,"IPC"]
["WhatsAppforBusinessAPIconversacióniniciadaporlaempresa(Entidad)Otros*UtilidadNANANA","IT-BPO-14-66","WhatsApp for Business API","conversación iniciada por la empresa (Entidad)","Otros*","Utilidad","NA","NA","NA","Conversación",121.51,44.18,162.74,95.58,null,null,"IPC"]
["WhatsAppforBusinessAPIconversacióniniciadaporlaempresa(Entidad)ArgentinaAutenticaciónNANANA","IT-BPO-14-67","WhatsApp for Business API","conversación iniciada por la empresa (Entidad)","Argentina","Autenticación","NA","NA","NA","Conversación",604.86,211.45,162.74,86.9,null,null,"IPC"]
["WhatsAppforBusinessAPIconversacióniniciadaporlaempresa(Entidad)BrasilAutenticaciónNANANA","IT-BPO-14-68","WhatsApp for Business API","conversación iniciada por la empresa (Entidad)","Brasil","Autenticación","NA","NA","NA","Conversación",519.16,182,162.74,86.9,null,null,"IPC"]
["WhatsAppforBusinessAPIconversacióniniciadaporlaempresa(Entidad)ChileAutenticaciónNANANA","IT-BPO-14-69","WhatsApp for Business API","conversación iniciada por la empresa (Entidad)","Chile","Autenticación","NA","NA","NA","Conversación",868.57,304.02999999999997,162.74,86.9,null,null,"IPC"]
["WhatsAppforBusinessAPIconversacióniniciadaporlaempresa(Entidad)ColombiaAutenticaciónNANANA","IT-BPO-14-70","WhatsApp for Business API","conversación iniciada por la empresa (Entidad)","Colombia","Autenticación","NA","NA","NA","Conversación",126.91,44.18,162.74,86.9,null,null,"IPC"]
["WhatsAppforBusinessAPIconversacióniniciadaporlaempresa(Entidad)EgiptoAutenticaciónNANANA","IT-BPO-14-71","WhatsApp for Business API","conversación iniciada por la empresa (Entidad)","Egipto","Autenticación","NA","NA","NA","Conversación",1018.55,356.63,162.74,86.9,null,null,"IPC"]
["WhatsAppforBusinessAPIconversacióniniciadaporlaempresa(Entidad)FranciaAutenticaciónNANANA","IT-BPO-14-72","WhatsApp for Business API","conversación iniciada por la empresa (Entidad)","Francia","Autenticación","NA","NA","NA","Conversación",1138.8599999999999,398.71,162.74,86.9,null,null,"IPC"]
["WhatsAppforBusinessAPIconversacióniniciadaporlaempresa(Entidad)AlemaniaAutenticaciónNANANA","IT-BPO-14-73","WhatsApp for Business API","conversación iniciada por la empresa (Entidad)","Alemania","Autenticación","NA","NA","NA","Conversación",1265.77,442.89,162.74,86.9,null,null,"IPC"]
["WhatsAppforBusinessAPIconversacióniniciadaporlaempresa(Entidad)IndiaAutenticaciónNANANA","IT-BPO-14-74","WhatsApp for Business API","conversación iniciada por la empresa (Entidad)","India","Autenticación","NA","NA","NA","Conversación",23.07,8.42,162.74,86.9,null,null,"IPC"]
["WhatsAppforBusinessAPIconversacióniniciadaporlaempresa(Entidad)IndonesiaAutenticaciónNANANA","IT-BPO-14-75","WhatsApp for Business API","conversación iniciada por la empresa (Entidad)","Indonesia","Autenticación","NA","NA","NA","Conversación",494.44,172.53,162.74,86.9,null,null,"IPC"]
["WhatsAppforBusinessAPIconversacióniniciadaporlaempresa(Entidad)IsraelAutenticaciónNANANA","IT-BPO-14-76","WhatsApp for Business API","conversación iniciada por la empresa (Entidad)","Israel","Autenticación","NA","NA","NA","Conversación",278.52999999999997,96.78,162.74,86.9,null,null,"IPC"]
["WhatsAppforBusinessAPIconversacióniniciadaporlaempresa(Entidad)ItaliaAutenticaciónNANANA","IT-BPO-14-77","WhatsApp for Business API","conversación iniciada por la empresa (Entidad)","Italia","Autenticación","NA","NA","NA","Conversación",622.99,217.76,162.74,86.9,null,null,"IPC"]
["WhatsAppforBusinessAPIconversacióniniciadaporlaempresa(Entidad)MalasiaAutenticaciónNANANA","IT-BPO-14-78","WhatsApp for Business API","conversación iniciada por la empresa (Entidad)","Malasia","Autenticación","NA","NA","NA","Conversación",296.66000000000003,104.15,162.74,86.9,null,null,"IPC"]
["WhatsAppforBusinessAPIconversacióniniciadaporlaempresa(Entidad)MéxicoAutenticaciónNANANA","IT-BPO-14-79","WhatsApp for Business API","conversación iniciada por la empresa (Entidad)","México","Autenticación","NA","NA","NA","Conversación",393.9,137.81,162.74,86.9,null,null,"IPC"]
["WhatsAppforBusinessAPIconversacióniniciadaporlaempresa(Entidad)PaísesBajosAutenticaciónNANANA","IT-BPO-14-80","WhatsApp for Business API","conversación iniciada por la empresa (Entidad)","Países Bajos","Autenticación","NA","NA","NA","Conversación",1186.6600000000001,415.54,162.74,86.9,null,null,"IPC"]
["WhatsAppforBusinessAPIconversacióniniciadaporlaempresa(Entidad)NigeriaAutenticaciónNANANA","IT-BPO-14-81","WhatsApp for Business API","conversación iniciada por la empresa (Entidad)","Nigeria","Autenticación","NA","NA","NA","Conversación",473.01,165.16,162.74,86.9,null,null,"IPC"]
["WhatsAppforBusinessAPIconversacióniniciadaporlaempresa(Entidad)PakistánAutenticaciónNANANA","IT-BPO-14-82","WhatsApp for Business API","conversación iniciada por la empresa (Entidad)","Pakistán","Autenticación","NA","NA","NA","Conversación",375.77,131.5,162.74,86.9,null,null,"IPC"]
["WhatsAppforBusinessAPIconversacióniniciadaporlaempresa(Entidad)PerúAutenticaciónNANANA","IT-BPO-14-83","WhatsApp for Business API","conversación iniciada por la empresa (Entidad)","Perú","Autenticación","NA","NA","NA","Conversación",621.35,216.71,162.74,86.9,null,null,"IPC"]
["WhatsAppforBusinessAPIconversacióniniciadaporlaempresa(Entidad)RusiaAutenticaciónNANANA","IT-BPO-14-84","WhatsApp for Business API","conversación iniciada por la empresa (Entidad)","Rusia","Autenticación","NA","NA","NA","Conversación",707.05,247.22,162.74,86.9,null,null,"IPC"]
["WhatsAppforBusinessAPIconversacióniniciadaporlaempresa(Entidad)ArabiaSaudíAutenticaciónNANANA","IT-BPO-14-85","WhatsApp for Business API","conversación iniciada por la empresa (Entidad)","Arabia Saudí","Autenticación","NA","NA","NA","Conversación",372.48,130.44999999999999,162.74,86.9,null,null,"IPC"]
["WhatsAppforBusinessAPIconversacióniniciadaporlaempresa(Entidad)SudáfricaAutenticaciónNANANA","IT-BPO-14-86","WhatsApp for Business API","conversación iniciada por la empresa (Entidad)","Sudáfrica","Autenticación","NA","NA","NA","Conversación",296.66000000000003,104.15,162.74,86.9,null,null,"IPC"]
["WhatsAppforBusinessAPIconversacióniniciadaporlaempresa(Entidad)EspañaAutenticaciónNANANA","IT-BPO-14-87","WhatsApp for Business API","conversación iniciada por la empresa (Entidad)","España","Autenticación","NA","NA","NA","Conversación",563.66,196.72,162.74,86.9,null,null,"IPC"]
["WhatsAppforBusinessAPIconversacióniniciadaporlaempresa(Entidad)TurquíaAutenticaciónNANANA","IT-BPO-14-88","WhatsApp for Business API","conversación iniciada por la empresa (Entidad)","Turquía","Autenticación","NA","NA","NA","Conversación",136.80000000000001,48.39,162.74,86.9,null,null,"IPC"]
["WhatsAppforBusinessAPIconversacióniniciadaporlaempresa(Entidad)EmiratosÁrabesUnidosAutenticaciónNANANA","IT-BPO-14-89","WhatsApp for Business API","conversación iniciada por la empresa (Entidad)","Emiratos Árabes Unidos","Autenticación","NA","NA","NA","Conversación",293.37,103.1,162.74,86.9,null,null,"IPC"]
["WhatsAppforBusinessAPIconversacióniniciadaporlaempresa(Entidad)ReinoUnidoAutenticaciónNANANA","IT-BPO-14-90","WhatsApp for Business API","conversación iniciada por la empresa (Entidad)","Reino Unido","Autenticación","NA","NA","NA","Conversación",590.03,206.19,162.74,86.9,null,null,"IPC"]
["WhatsAppforBusinessAPIconversacióniniciadaporlaempresa(Entidad)Norteamérica*AutenticaciónNANANA","IT-BPO-14-91","WhatsApp for Business API","conversación iniciada por la empresa (Entidad)","Norteamérica*","Autenticación","NA","NA","NA","Conversación",222.5,77.849999999999994,162.74,86.9,null,null,"IPC"]
["WhatsAppforBusinessAPIconversacióniniciadaporlaempresa(Entidad)RestodeÁfrica*AutenticaciónNANANA","IT-BPO-14-92","WhatsApp for Business API","conversación iniciada por la empresa (Entidad)","Resto de África*","Autenticación","NA","NA","NA","Conversación",237.33,83.11,162.74,86.9,null,null,"IPC"]
["WhatsAppforBusinessAPIconversacióniniciadaporlaempresa(Entidad)RestodeAsia-Pacífico*AutenticaciónNANANA","IT-BPO-14-93","WhatsApp for Business API","conversación iniciada por la empresa (Entidad)","Resto de Asia-Pacífico*","Autenticación","NA","NA","NA","Conversación",700.46,245.12,162.74,86.9,null,null,"IPC"]
["WhatsAppforBusinessAPIconversacióniniciadaporlaempresa(Entidad)RestodeEuropaCentralyOriental*AutenticaciónNANANA","IT-BPO-14-94","WhatsApp for Business API","conversación iniciada por la empresa (Entidad)","Resto de Europa Central y Oriental*","Autenticación","NA","NA","NA","Conversación",918.01,320.86,162.74,86.9,null,null,"IPC"]
["WhatsAppforBusinessAPIconversacióniniciadaporlaempresa(Entidad)RestodeLatinoamérica*AutenticaciónNANANA","IT-BPO-14-95","WhatsApp for Business API","conversación iniciada por la empresa (Entidad)","Resto de Latinoamérica*","Autenticación","NA","NA","NA","Conversación",733.42,256.69,162.74,86.9,null,null,"IPC"]
["WhatsAppforBusinessAPIconversacióniniciadaporlaempresa(Entidad)RestodeOrienteMedio*AutenticaciónNANANA","IT-BPO-14-96","WhatsApp for Business API","conversación iniciada por la empresa (Entidad)","Resto de Oriente Medi